{"text_format":"2","workbook":"xlsx","n_sheets":31,"sheets":["RESUMO MODULO TOTAL","CRONOGRAMA TOTAL","MOMENTO DE TRANSPORTE - PRINC","MOMENTO DE TRANSPORTE - AUX","Mob"," Canteiro","Adm Local","Projeto Executivo","CPU CODEVASF","CPU SINAPI","BDI","ENC. SOCIAIS","MEDICAO EM TKM","MC MODULO","Material Sicro","Pessoal Sicro","Equipamentos","SINTÉTICO SICRO","INSUMOS SINAPI","COMP Sint. Sinapi","Tabela 1","Tabelas 1 e 2","Material Sicro 04-25","Pessoal Sicro 04-25","Equipamentos 04-25","SINTÉTICO SICRO 04-25","INSUMOS SINAPI 06-25","COMP Sint. Sinapi 06-25","Tabela 1 04-25","Tabelas 1 e 2 04-25","Tabelas 2 e 3 mob"],"not_rendered":{"charts":0,"images":17,"macros":1,"external_links":244,"defined_names":45731,"comments":0,"pivot_tables":0},"unopened":[],"bounds":{"document_bytes":16777216,"sheet_cells":100000,"run_cost":"one","rows_first":2000,"rows_last":500,"rows_between":2000,"halvings":0,"cell_chars":16384,"cell_head_chars":4096},"cells_cut":0,"cells_raw":0,"read":"whole","date_system":"1900"}

{"sheet":"RESUMO MODULO TOTAL","index":0,"n_rows":224,"n_cols":18,"rows_kept":224,"cut":false,"hidden":false,"merged":[[8,1,8,11],[52,1,52,4],[0,0,9,0],[0,4,0,11],[1,4,1,11],[2,4,2,11],[4,2,4,7],[4,8,4,10],[5,2,5,7],[5,8,5,10],[6,1,6,4],[6,8,6,10],[7,5,7,11]]}
[{"$nulls":4},"Ministério do Desenvolvimento Regional"]
[{"$nulls":4},"Companhia de Desenvolvimento dos Vales do São Francisco e do Parnaíba"]
[]
[]
[null,"OBRA: ",{"$f":"B56","v":"CONTRATAÇÃO DE SERVIÇOS DE EXECUÇÃO DE PAVIMENTAÇÃO EM BLOCO INTERTRAVADO DE CONCRETO EM VIAS DE DIVERSOS MUNICÍPIOS INSERIDOS NA ÁREA DE ATUAÇÃO DA 13ª SUPERINTENDÊNCIA REGIONAL DA CODEVASF, NO ESTADO DA PARAÍBA"},{"$nulls":5},"BDI Serviços (%):",null,null,{"$f":"BDI!C14","v":0.2339}]
[null,"DATA:","2025-07-03",{"$nulls":5},"BDI Diferenciado Serviços (%):",null,null,{"$f":"BDI!C69","v":0.15}]
[null,"PRAZO DE EXECUÇÃO: ",{"$nulls":4},"R$/m²",{"$f":"L53/H24","v":181.94884625396824},"BDI Fornecimentos (%):",null,null,{"$f":"L6","v":0.15}]
[{"$nulls":5},"Sistema de Referência: SICRO 04/2025; SINAPI 06/2025; ORSE 05/2025; "]
[null,"PLANILHA DE ORÇAMENTAÇÃO"]
[null,"ITEM","CÓDIGO","FONTE","DISCRIMINAÇÃO","TIPO","UNID.","QUANT.","VR.UNIT.S/BDI","PR. UNIT.C/BDI","C. TOT.S/BDI","P. TOT.C/BDI",{"$f":"L53","v":57313886.569999993}]
[null,1,null,null,"SERVIÇOS PRELIMINARES ",{"$nulls":5},{"$f":"SUM(K12:K13)","v":1337150.74},{"$f":"SUM(L12:L13)","v":1649907},{"$f":"L11/$L$53","v":2.8787211943564418E-2}]
[null,{"$f":"[244]MEMÓRIA!B11","v":"1.1"},"CPU.1","Codevasf","Mobilização","SERV","kmxfrente",{"$f":"Mob!B65*Mob!H6","v":3150},{"$f":"Mob!B62","v":212.24615166666666},{"$f":"TRUNC(_xlfn.IFS(F12=\"SERV\",I12*(1+$L$5),F12=\"SERV DIF\",I12*(1+$L$6),F12=\"FORN\",I12*(1+$L$7)),2)","v":261.89},{"$f":"TRUNC(H12*I12,2)","v":668575.37},{"$f":"TRUNC(H12*J12,2)","v":824953.5},1.4393605971782209E-2,"INCC",null,"TERRAPLENAGEM",{"$f":"(SUMIF(N:N,\"TERRAPLENAGEM\",L:L)/$L$53)","v":1.8282061516108419E-2},{"$f":"(SUMIF(N:N,\"TERRAPLENAGEM\",L:L))","v":1047816}]
[null,{"$f":"[244]MEMÓRIA!B14","v":"1.2"},"CPU.2","Codevasf","Desmobilização","SERV","kmxfrente",{"$f":"Mob!B65*Mob!H6","v":3150},{"$f":"Mob!B62","v":212.24615166666666},{"$f":"TRUNC(_xlfn.IFS(F13=\"SERV\",I13*(1+$L$5),F13=\"SERV DIF\",I13*(1+$L$6),F13=\"FORN\",I13*(1+$L$7)),2)","v":261.89},{"$f":"TRUNC(H13*I13,2)","v":668575.37},{"$f":"TRUNC(H13*J13,2)","v":824953.5},1.4393605971782209E-2,"INCC",null,"PAVIMENTAÇÃO",{"$f":"SUMIF(N:N,\"PAVIMENTAÇÃO\",L:L)/$L$53","v":0.81472120640378365},{"$f":"(SUMIF(N:N,\"PAVIMENTAÇÃO\",L:L))","v":46694838.81000001}]
[null,{"$f":"[244]MEMÓRIA!B34","v":2},null,null,"INSTALAÇÃO DE CANTEIRO",{"$nulls":5},{"$f":"SUM(K15:K16)","v":622454.4},{"$f":"SUM(L15:L16)","v":768045.60000000009},1.3400689535544791E-2,null,null,"CONSULTORIA",null,{"$f":"(SUMIF(N:N,\"CONSULTORIA\",M:M))","v":0}]
[null,{"$f":"[244]MEMÓRIA!B36","v":"2.1"},"Canteiro","Codevasf","Canteiro de Obras","SERV","und",{"$f":"'MC MODULO'!D10","v":45},{"$f":"' Canteiro'!F10","v":6400},{"$f":"TRUNC(_xlfn.IFS(F15=\"SERV\",I15*(1+$L$5),F15=\"SERV DIF\",I15*(1+$L$6),F15=\"FORN\",I15*(1+$L$7)),2)","v":7896.96},{"$f":"TRUNC(H15*I15,2)","v":288000},{"$f":"TRUNC(H15*J15,2)","v":355363.2},6.2002984139974378E-3,"INCC",null,"DRENAGEM",{"$f":"SUMIF(N:N,\"DRENAGEM\",L:L)/$L$53","v":5.0909128216882683E-2},{"$f":"(SUMIF(N:N,\"DRENAGEM\",L:L))","v":2917800}]
[null,{"$f":"[244]MEMÓRIA!B61","v":"2.3"},103689,"SINAPI","Fornecimento e instalação de placa de obra com chapa galvanizada e estrutura de madeira. af_03/2022_ps","SERV","m²",{"$f":"'MC MODULO'!H25","v":720},{"$f":"VLOOKUP(C16,'COMP Sint. Sinapi 06-25'!$A:$D,4,0)","v":464.52},{"$f":"TRUNC(_xlfn.IFS(F16=\"SERV\",I16*(1+$L$5),F16=\"SERV DIF\",I16*(1+$L$6),F16=\"FORN\",I16*(1+$L$7)),2)","v":573.16999999999996},334454.40000000002,412682.4,7.2003911215473533E-3,"INCC",null,"ADMINISTRAÇÃO LOCAL",null,{"$f":"(SUMIF(N:N,\"ADMINISTRAÇÃO LOCAL\",M:M))","v":0}]
[null,{"$f":"[244]MEMÓRIA!B128","v":3},null,null,"ADMINISTRAÇÃO LOCAL DA OBRA",{"$nulls":5},{"$f":"SUM(K18:K18)","v":1384251.97},{"$f":"SUM(L18:L18)","v":1708028.51},2.98013031783128E-2,null,null,"SINALIZAÇÃO VERTICAL",null,{"$f":"(SUMIF(N:N,\"SINALIZAÇÃO VERTICAL\",M:M))","v":0}]
[null,{"$f":"[244]MEMÓRIA!B130","v":"3.1"},"Adm Local","Codevasf","Administração Local da Obra","SERV","und",1,{"$f":"'Adm Local'!J249","v":1384251.9757121645},{"$f":"TRUNC(_xlfn.IFS(F18=\"SERV\",I18*(1+$L$5),F18=\"SERV DIF\",I18*(1+$L$6),F18=\"FORN\",I18*(1+$L$7)),2)","v":1708028.51},{"$f":"TRUNC(H18*I18,2)","v":1384251.97},{"$f":"TRUNC(H18*J18,2)","v":1708028.51},2.98013031783128E-2,"INCC",null,"SINALIZAÇÃO HORIZONTAL",null,{"$f":"(SUMIF(N:N,\"SINALIZAÇÃO HORIZONTAL\",M:M))","v":0}]
[null,{"$f":"[244]MEMÓRIA!B156","v":4},null,null,"TERRAPLANAGEM",{"$nulls":5},{"$f":"SUM(K20:K21)","v":849649.5},{"$f":"SUM(L20:L21)","v":1047816},1.8282061516108419E-2,null,null,"CAP",null,{"$f":"(SUMIF(N:N,\"CAP\",M:M))","v":0}]
[null,{"$f":"[244]MEMÓRIA!B158","v":"4.1"},5502114,"SICRO","Escavação, carga e transporte de material de 1ª categoria - DMT de 1.000 a 1.200 m - caminho de serviço em leito natural - com escavadeira e caminhão basculante de 14 m³","SERV","m³",{"$f":"'MC MODULO'!H37","v":85049.999999999985},{"$f":"ROUND(IF(D20=\"CODEVASF\",VLOOKUP(C20,'CPU CODEVASF'!E:I,5,FALSE),VLOOKUP(C20,'SINTÉTICO SICRO 04-25'!A:D,4,FALSE)),6)","v":8.02},{"$f":"TRUNC(_xlfn.IFS(F20=\"SERV\",I20*(1+$L$5),F20=\"SERV DIF\",I20*(1+$L$6),F20=\"FORN\",I20*(1+$L$7)),2)","v":9.89},{"$f":"TRUNC(H20*I20,2)","v":682101},{"$f":"TRUNC(H20*J20,2)","v":841144.5},1.4676102954083788E-2,"TERRAPLENAGEM",null,"IMPRIMAÇÃO",null,{"$f":"(SUMIF(N:N,\"IMPRIMAÇÃO\",M:M))","v":0}]
[null,{"$f":"[244]MEMÓRIA!B170","v":"4.2"},4413942,"SICRO","Espalhamento de material em bota-fora","SERV","m³",{"$f":"'MC MODULO'!H44","v":85050},{"$f":"ROUND(IF(D21=\"CODEVASF\",VLOOKUP(C21,'CPU CODEVASF'!E:I,5,FALSE),VLOOKUP(C21,'SINTÉTICO SICRO 04-25'!A:D,4,FALSE)),6)","v":1.97},{"$f":"TRUNC(_xlfn.IFS(F21=\"SERV\",I21*(1+$L$5),F21=\"SERV DIF\",I21*(1+$L$6),F21=\"FORN\",I21*(1+$L$7)),2)","v":2.4300000000000002},167548.5,206671.5,3.6059585620246311E-3,"TERRAPLENAGEM",null,"EMULSÃO ASFÁLTICA",null,{"$f":"(SUMIF(N:N,\"EMULSÃO ASFÁLTICA\",M:M))","v":0}]
[null,{"$f":"[244]MEMÓRIA!B363","v":5},null,null,"PAVIMENTAÇÃO",{"$nulls":5},{"$f":"SUM(K23:K30)","v":33181032.149999999},{"$f":"SUM(L23:L30)","v":39412283.399999999},0.68765679242261868,null,null,"OBRAS COMPLEMENTARES",null,{"$f":"(SUMIF(N:N,\"OBRAS COMPLEMENTARES\",M:M))","v":0}]
[null,"5.1",36170,"SINAPI","bloquete/piso intertravado de concreto - modelo onda/16 faces/retangular/t ijolinho/paver/holandes/paralelepipedo, *22 cm x 11* cm, e = 8 cm, resistencia de 35 mpa (nbr 9781), cor natural","FORN","m²",{"$f":"H24*'CPU SINAPI'!E8","v":316260},{"$f":"ROUND(VLOOKUP(C23,'INSUMOS SINAPI 06-25'!$A:$E,5,0),6)","v":57.15},{"$f":"TRUNC(_xlfn.IFS(F23=\"SERV\",I23*(1+$L$5),F23=\"SERV DIF\",I23*(1+$L$6),F23=\"FORN\",I23*(1+$L$7)),2)","v":65.72},{"$f":"TRUNC(H23*I23,2)","v":18074259},{"$f":"TRUNC(H23*J23,2)","v":20784607.199999999},0.3626452234157046,"PAVIMENTAÇÃO",null,"MOBILIZAÇÃO",null,{"$f":"(SUMIF(N:N,\"MOBILIZAÇÃO\",M:M))","v":0}]
[null,"5.2","92404 ADAPTADA","SINAPI","execução de pavimento em piso intertravado, com bloco 16 faces de 22 x 11 cm, espessura 8 cm. af_10/2022 - exclusive fornecimento de bloquete","SERV","m²",{"$f":"'MC MODULO'!H51","v":315000},{"$f":"ROUND('CPU SINAPI'!G15,6)","v":18.78},{"$f":"TRUNC(_xlfn.IFS(F24=\"SERV\",I24*(1+$L$5),F24=\"SERV DIF\",I24*(1+$L$6),F24=\"FORN\",I24*(1+$L$7)),2)","v":23.17},5915700,7298550,0.12734348404528381,"PAVIMENTAÇÃO",0.3,"INCC",{"$f":"(SUMIF(N:N,\"INCC\",L:L))/$L$53","v":0.1160876038632255},{"$f":"(SUMIF(N:N,\"INCC\",L:L))","v":6653431.7599999998}]
[null,"5.3",5914640,"SICRO","Transporte com cavalo mecânico com semirreboque com capacidade de 30 t - rodovia pavimentada","SERV","tkm",{"$f":"'MC MODULO'!H56","v":5544000.0000000009},{"$f":"ROUND(IF(D25=\"CODEVASF\",VLOOKUP(C25,'CPU CODEVASF'!E:I,5,FALSE),VLOOKUP(C25,'SINTÉTICO SICRO 04-25'!A:D,4,FALSE)),6)","v":0.56000000000000005},{"$f":"TRUNC(_xlfn.IFS(F25=\"SERV\",I25*(1+$L$5),F25=\"SERV DIF\",I25*(1+$L$6),F25=\"FORN\",I25*(1+$L$7)),2)","v":0.69},3104640,3825360,6.6744034106427555E-2,"PAVIMENTAÇÃO",{"$f":"H24*O24","v":94500}]
[null,"5.4",5915373,"SICRO","Carga, manobra e descarga de materiais diversos em caminhão carroceria com capacidade de 7 t e com guindauto de 20 t.m","SERV","t",{"$f":"'MC MODULO'!H62","v":55440.000000000007},{"$f":"ROUND(IF(D26=\"CODEVASF\",VLOOKUP(C26,'CPU CODEVASF'!E:I,5,FALSE),VLOOKUP(C26,'SINTÉTICO SICRO 04-25'!A:D,4,FALSE)),6)","v":17.010000000000002},{"$f":"TRUNC(_xlfn.IFS(F26=\"SERV\",I26*(1+$L$5),F26=\"SERV DIF\",I26*(1+$L$6),F26=\"FORN\",I26*(1+$L$7)),2)","v":20.98},943034.4,1163131.2,2.0294055587722466E-2,"PAVIMENTAÇÃO"]
[null,"5.5",5915321,"SICRO","Transporte com caminhão basculante de 14 m³ - rodovia pavimentada (areia)","SERV","tkm",{"$f":"'MC MODULO'!H68","v":1323000},{"$f":"ROUND(IF(D27=\"CODEVASF\",VLOOKUP(C27,'CPU CODEVASF'!E:I,5,FALSE),VLOOKUP(C27,'SINTÉTICO SICRO 04-25'!A:D,4,FALSE)),6)","v":0.65},{"$f":"TRUNC(_xlfn.IFS(F27=\"SERV\",I27*(1+$L$5),F27=\"SERV DIF\",I27*(1+$L$6),F27=\"FORN\",I27*(1+$L$7)),2)","v":0.8},859950,1058400,1.8466728804149918E-2,"PAVIMENTAÇÃO"]
[null,"5.6",5915321,"SICRO","Transporte com caminhão basculante de 14 m³ - rodovia pavimentada (pó de pedra)","SERV","tkm",{"$f":"'MC MODULO'!H73","v":297675},{"$f":"ROUND(IF(D28=\"CODEVASF\",VLOOKUP(C28,'CPU CODEVASF'!E:I,5,FALSE),VLOOKUP(C28,'SINTÉTICO SICRO 04-25'!A:D,4,FALSE)),6)","v":0.65},{"$f":"TRUNC(_xlfn.IFS(F28=\"SERV\",I28*(1+$L$5),F28=\"SERV DIF\",I28*(1+$L$6),F28=\"FORN\",I28*(1+$L$7)),2)","v":0.8},193488.75,238140,4.1550139809337317E-3,"PAVIMENTAÇÃO"]
[null,"5.7",4011320,"SICRO",{"$f":"VLOOKUP(C29,'SINTÉTICO SICRO'!A:D,2,FALSE)","v":"Base ou sub-base estabilizada granulometricamente com mistura solo brita (70% - 30%) na pista com material de jazida e brita comercial - 100% Proctor modificado"},"SERV","m³",{"$f":"'MC MODULO'!H78","v":47250},{"$f":"ROUND(IF(D29=\"CODEVASF\",VLOOKUP(C29,'CPU CODEVASF'!E:I,5,FALSE),VLOOKUP(C29,'SINTÉTICO SICRO 04-25'!A:D,4,FALSE)),6)","v":76.36},{"$f":"TRUNC(_xlfn.IFS(F29=\"SERV\",I29*(1+$L$5),F29=\"SERV DIF\",I29*(1+$L$6),F29=\"FORN\",I29*(1+$L$7)),2)","v":94.22},3608010,4451895,7.7675678032455592E-2,"PAVIMENTAÇÃO",{"$f":"H29*O24","v":14175}]
[null,"5.8",4011209,"SICRO","Regularização do subleito - 100% Proctor intermediário","SERV","m²",{"$f":"'MC MODULO'!H83","v":315000},{"$f":"ROUND(IF(D30=\"CODEVASF\",VLOOKUP(C30,'CPU CODEVASF'!E:I,5,FALSE),VLOOKUP(C30,'SINTÉTICO SICRO 04-25'!A:D,4,FALSE)),6)","v":1.53},{"$f":"TRUNC(_xlfn.IFS(F30=\"SERV\",I30*(1+$L$5),F30=\"SERV DIF\",I30*(1+$L$6),F30=\"FORN\",I30*(1+$L$7)),2)","v":1.88},481950,592200,1.0332574449941026E-2,"PAVIMENTAÇÃO"]
[null,6,null,null,"SINALIZAÇÃO",{"$nulls":5},{"$f":"SUM(K32:K35)","v":427615.19999999995},{"$f":"SUM(L32:L35)","v":527551.65},9.2046043563225773E-3]
[null,"6.1",5213440,"SICRO","Placa de regulamentação em aço D = 0,60 m - película retrorrefletiva tipo I + SI - fornecimento e implantação","SERV","und",{"$f":"'MC MODULO'!H90","v":135},{"$f":"ROUND(IF(D32=\"CODEVASF\",VLOOKUP(C32,'CPU CODEVASF'!E:I,5,FALSE),VLOOKUP(C32,'SINTÉTICO SICRO 04-25'!A:D,4,FALSE)),6)","v":278.02},{"$f":"TRUNC(_xlfn.IFS(F32=\"SERV\",I32*(1+$L$5),F32=\"SERV DIF\",I32*(1+$L$6),F32=\"FORN\",I32*(1+$L$7)),2)","v":343.04},{"$f":"TRUNC(H32*I32,2)","v":37532.699999999997},{"$f":"TRUNC(H32*J32,2)","v":46310.400000000001},8.0801360318566169E-4,"INCC"]
[null,"6.2",5213464,"SICRO","Placa de advertência em aço, lado de 0,60 m - película retrorrefletiva tipo I + SI - fornecimento e implantação","SERV","und",{"$f":"'MC MODULO'!H95","v":135},{"$f":"ROUND(IF(D33=\"CODEVASF\",VLOOKUP(C33,'CPU CODEVASF'!E:I,5,FALSE),VLOOKUP(C33,'SINTÉTICO SICRO 04-25'!A:D,4,FALSE)),6)","v":278.06},{"$f":"TRUNC(_xlfn.IFS(F33=\"SERV\",I33*(1+$L$5),F33=\"SERV DIF\",I33*(1+$L$6),F33=\"FORN\",I33*(1+$L$7)),2)","v":343.09},37538.1,46317.15,8.0813137569079024E-4,"INCC"]
[null,"6.3",5213863,"SICRO","Suporte metálico galvanizado para placa de advertência ou regulamentação - lado ou diâmetro de 0,60 m - fornecimento e implantação","SERV","und",{"$f":"'MC MODULO'!H101","v":270},{"$f":"ROUND(IF(D34=\"CODEVASF\",VLOOKUP(C34,'CPU CODEVASF'!E:I,5,FALSE),VLOOKUP(C34,'SINTÉTICO SICRO 04-25'!A:D,4,FALSE)),6)","v":466.52},{"$f":"TRUNC(_xlfn.IFS(F34=\"SERV\",I34*(1+$L$5),F34=\"SERV DIF\",I34*(1+$L$6),F34=\"FORN\",I34*(1+$L$7)),2)","v":575.63},125960.4,155420.1,2.7117354850849026E-3,"INCC"]
[null,"6.4",5213400,"SICRO","Pintura de faixa com tinta acrílica - espessura de 0,4 mm","SERV","m²",{"$f":"'MC MODULO'!H106+'MC MODULO'!H111","v":10800},{"$f":"ROUND(IF(D35=\"CODEVASF\",VLOOKUP(C35,'CPU CODEVASF'!E:I,5,FALSE),VLOOKUP(C35,'SINTÉTICO SICRO 04-25'!A:D,4,FALSE)),6)","v":20.98},{"$f":"TRUNC(_xlfn.IFS(F35=\"SERV\",I35*(1+$L$5),F35=\"SERV DIF\",I35*(1+$L$6),F35=\"FORN\",I35*(1+$L$7)),2)","v":25.88},226584,279504,4.8767238923612235E-3,"INCC"]
[null,7,null,null,"DRENAGEM",{"$nulls":5},{"$f":"SUM(K37:K38)","v":2385612},{"$f":"SUM(L37:L38)","v":2942964},5.1348184116001755E-2,null,0.15]
[null,"7.1",2003943,"SICRO","Meio-fio de concreto - MFC 03 moldado no local com extrusora e concreto usinado - areia e brita comerciais","SERV","m",{"$f":"'MC MODULO'!H118","v":90000},{"$f":"ROUND(IF(D37=\"CODEVASF\",VLOOKUP(C37,'CPU CODEVASF'!E:I,5,FALSE),VLOOKUP(C37,'SINTÉTICO SICRO 04-25'!A:D,4,FALSE)),6)","v":26.28},{"$f":"TRUNC(_xlfn.IFS(F37=\"SERV\",I37*(1+$L$5),F37=\"SERV DIF\",I37*(1+$L$6),F37=\"FORN\",I37*(1+$L$7)),2)","v":32.42},{"$f":"TRUNC(H37*I37,2)","v":2365200},{"$f":"TRUNC(H37*J37,2)","v":2917800},5.0909128216882683E-2,"DRENAGEM",{"$f":"H37*O36","v":13500}]
[null,"7.2",4915724,"SICRO","Caiação mecanizada com fixador de cal","SERV","m²",{"$f":"'MC MODULO'!H123","v":10800},{"$f":"ROUND(IF(D38=\"CODEVASF\",VLOOKUP(C38,'CPU CODEVASF'!E:I,5,FALSE),VLOOKUP(C38,'SINTÉTICO SICRO 04-25'!A:D,4,FALSE)),6)","v":1.89},{"$f":"TRUNC(_xlfn.IFS(F38=\"SERV\",I38*(1+$L$5),F38=\"SERV DIF\",I38*(1+$L$6),F38=\"FORN\",I38*(1+$L$7)),2)","v":2.33},20412,25164,4.3905589911907459E-4,"INCC"]
[null,8,null,null,"SERVIÇOS COMPLEMENTARES",{"$nulls":5},{"$f":"SUM(K40:K40)","v":68700.009999999995},{"$f":"SUM(L40:L40)","v":84735},1.4784375143798594E-3]
[null,"8.1","CPU-02","Codevasf","Conserto de quebra no ramal na rua sem pavimento com fornecimento de material hidráulico","SERV","m",{"$f":"'MC MODULO'!H130","v":4500},{"$f":"ROUND(IF(D40=\"CODEVASF\",VLOOKUP(C40,'CPU CODEVASF'!E:I,5,FALSE),VLOOKUP(C40,'SINTÉTICO SICRO 04-25'!A:D,4,FALSE)),6)","v":15.26667},{"$f":"TRUNC(_xlfn.IFS(F40=\"SERV\",I40*(1+$L$5),F40=\"SERV DIF\",I40*(1+$L$6),F40=\"FORN\",I40*(1+$L$7)),2)","v":18.829999999999998},{"$f":"TRUNC(H40*I40,2)","v":68700.009999999995},{"$f":"TRUNC(H40*J40,2)","v":84735},1.4784375143798594E-3,"INCC"]
[null,9,null,null,"PROJETO EXECUTIVO",{"$nulls":5},{"$f":"SUM(K42:K42)","v":1532411.68},{"$f":"SUM(L42:L42)","v":1890000},3.2976301435981993E-2]
[null,"9.1","CPU.7","Codevasf","Projeto Executivo","SERV","m²",{"$f":"'MC MODULO'!H137","v":315000},{"$f":"ROUND(('Projeto Executivo'!G29)/(1+$L$5),6)","v":4.8647989999999997},{"$f":"TRUNC(_xlfn.IFS(F42=\"SERV\",I42*(1+$L$5),F42=\"SERV DIF\",I42*(1+$L$6),F42=\"FORN\",I42*(1+$L$7)),2)","v":6},{"$f":"TRUNC(H42*I42,2)","v":1532411.68},{"$f":"TRUNC(H42*J42,2)","v":1890000},3.2976301435981993E-2,"INCC"]
[null,10,null,null,"MOMENTO DE TRANSPORTE",{"$nulls":5},{"$f":"SUM(K44:K52)","v":5909132.6799999988},{"$f":"SUM(L44:L52)","v":7282555.4099999992},0.12706441398116478]
[null,"10.1",5914359,"SICRO","Transporte com caminhão basculante de 10 m³ - rodovia em leito natural","SERV","tkm",{"$f":"SUMIF('MOMENTO DE TRANSPORTE - PRINC'!A:A,'RESUMO MODULO TOTAL'!C44,'MOMENTO DE TRANSPORTE - PRINC'!K:K)+SUMIF('MOMENTO DE TRANSPORTE - AUX'!A:A,'RESUMO MODULO TOTAL'!C44,'MOMENTO DE TRANSPORTE - AUX'!K:K)","v":233749.152},{"$f":"ROUND(IF(D44=\"CODEVASF\",VLOOKUP(C44,'CPU CODEVASF'!E:I,5,FALSE),VLOOKUP(C44,'SINTÉTICO SICRO 04-25'!A:D,4,FALSE)),6)","v":1.18},{"$f":"TRUNC(_xlfn.IFS(F44=\"SERV\",I44*(1+$L$5),F44=\"SERV DIF\",I44*(1+$L$6),F44=\"FORN\",I44*(1+$L$7)),2)","v":1.45},{"$f":"TRUNC(H44*I44,2)","v":275823.99},{"$f":"TRUNC(H44*J44,2)","v":338936.27},5.9136849773054933E-3,"PAVIMENTAÇÃO"]
[null,"10.2",5914374,"SICRO","Transporte com caminhão basculante de 10 m³ - rodovia em revestimento primário","SERV","tkm",{"$f":"SUMIF('MOMENTO DE TRANSPORTE - PRINC'!A:A,'RESUMO MODULO TOTAL'!C45,'MOMENTO DE TRANSPORTE - PRINC'!K:K)+SUMIF('MOMENTO DE TRANSPORTE - AUX'!A:A,'RESUMO MODULO TOTAL'!C45,'MOMENTO DE TRANSPORTE - AUX'!K:K)","v":233749.152},{"$f":"ROUND(IF(D45=\"CODEVASF\",VLOOKUP(C45,'CPU CODEVASF'!E:I,5,FALSE),VLOOKUP(C45,'SINTÉTICO SICRO 04-25'!A:D,4,FALSE)),6)","v":0.94},{"$f":"TRUNC(_xlfn.IFS(F45=\"SERV\",I45*(1+$L$5),F45=\"SERV DIF\",I45*(1+$L$6),F45=\"FORN\",I45*(1+$L$7)),2)","v":1.1499999999999999},219724.2,268811.52000000002,4.6901638693039706E-3,"PAVIMENTAÇÃO"]
[null,"10.3",5914389,"SICRO","Transporte com caminhão basculante de 10 m³ - rodovia pavimentada","SERV","tkm",{"$f":"SUMIF('MOMENTO DE TRANSPORTE - PRINC'!A:A,'RESUMO MODULO TOTAL'!C46,'MOMENTO DE TRANSPORTE - PRINC'!K:K)+SUMIF('MOMENTO DE TRANSPORTE - AUX'!A:A,'RESUMO MODULO TOTAL'!C46,'MOMENTO DE TRANSPORTE - AUX'!K:K)","v":6389797.4280000003},{"$f":"ROUND(IF(D46=\"CODEVASF\",VLOOKUP(C46,'CPU CODEVASF'!E:I,5,FALSE),VLOOKUP(C46,'SINTÉTICO SICRO 04-25'!A:D,4,FALSE)),6)","v":0.77},{"$f":"TRUNC(_xlfn.IFS(F46=\"SERV\",I46*(1+$L$5),F46=\"SERV DIF\",I46*(1+$L$6),F46=\"FORN\",I46*(1+$L$7)),2)","v":0.95},4920144.01,6070307.5499999998,0.10591338178725786,"PAVIMENTAÇÃO"]
[null,"10.4",5914449,"SICRO","Transporte com caminhão carroceria de 15 t - rodovia em leito natural","SERV","tkm",{"$f":"SUMIF('MOMENTO DE TRANSPORTE - PRINC'!A:A,'RESUMO MODULO TOTAL'!C47,'MOMENTO DE TRANSPORTE - PRINC'!K:K)+SUMIF('MOMENTO DE TRANSPORTE - AUX'!A:A,'RESUMO MODULO TOTAL'!C47,'MOMENTO DE TRANSPORTE - AUX'!K:K)","v":5362.2000000000007},{"$f":"ROUND(IF(D47=\"CODEVASF\",VLOOKUP(C47,'CPU CODEVASF'!E:I,5,FALSE),VLOOKUP(C47,'SINTÉTICO SICRO 04-25'!A:D,4,FALSE)),6)","v":1.04},{"$f":"TRUNC(_xlfn.IFS(F47=\"SERV\",I47*(1+$L$5),F47=\"SERV DIF\",I47*(1+$L$6),F47=\"FORN\",I47*(1+$L$7)),2)","v":1.28},5576.68,6863.61,1.1975474724815893E-4,"PAVIMENTAÇÃO"]
[null,"10.5",5914464,"SICRO","Transporte com caminhão carroceria de 15 t - rodovia em revestimento primário","SERV","tkm",{"$f":"SUMIF('MOMENTO DE TRANSPORTE - PRINC'!A:A,'RESUMO MODULO TOTAL'!C48,'MOMENTO DE TRANSPORTE - PRINC'!K:K)+SUMIF('MOMENTO DE TRANSPORTE - AUX'!A:A,'RESUMO MODULO TOTAL'!C48,'MOMENTO DE TRANSPORTE - AUX'!K:K)","v":5362.2000000000007},{"$f":"ROUND(IF(D48=\"CODEVASF\",VLOOKUP(C48,'CPU CODEVASF'!E:I,5,FALSE),VLOOKUP(C48,'SINTÉTICO SICRO 04-25'!A:D,4,FALSE)),6)","v":0.83},{"$f":"TRUNC(_xlfn.IFS(F48=\"SERV\",I48*(1+$L$5),F48=\"SERV DIF\",I48*(1+$L$6),F48=\"FORN\",I48*(1+$L$7)),2)","v":1.02},4450.62,5469.44,9.5429577844453626E-5,"PAVIMENTAÇÃO"]
[null,"10.6",5914479,"SICRO","Transporte com caminhão carroceria de 15 t - rodovia pavimentada","SERV","tkm",{"$f":"SUMIF('MOMENTO DE TRANSPORTE - PRINC'!A:A,'RESUMO MODULO TOTAL'!C49,'MOMENTO DE TRANSPORTE - PRINC'!K:K)+SUMIF('MOMENTO DE TRANSPORTE - AUX'!A:A,'RESUMO MODULO TOTAL'!C49,'MOMENTO DE TRANSPORTE - AUX'!K:K)","v":128692.80000000003},{"$f":"ROUND(IF(D49=\"CODEVASF\",VLOOKUP(C49,'CPU CODEVASF'!E:I,5,FALSE),VLOOKUP(C49,'SINTÉTICO SICRO 04-25'!A:D,4,FALSE)),6)","v":0.68},{"$f":"TRUNC(_xlfn.IFS(F49=\"SERV\",I49*(1+$L$5),F49=\"SERV DIF\",I49*(1+$L$6),F49=\"FORN\",I49*(1+$L$7)),2)","v":0.83},87511.1,106815.02,1.8636848134446803E-3,"PAVIMENTAÇÃO"]
[null,"10.7",5914569,"SICRO","Transporte com caminhão betoneira - rodovia pavimentada","SERV","tkm",{"$f":"SUMIF('MOMENTO DE TRANSPORTE - PRINC'!A:A,'RESUMO MODULO TOTAL'!C50,'MOMENTO DE TRANSPORTE - PRINC'!K:K)+SUMIF('MOMENTO DE TRANSPORTE - AUX'!A:A,'RESUMO MODULO TOTAL'!C50,'MOMENTO DE TRANSPORTE - AUX'!K:K)","v":508032},{"$f":"ROUND(IF(D50=\"CODEVASF\",VLOOKUP(C50,'CPU CODEVASF'!E:I,5,FALSE),VLOOKUP(C50,'SINTÉTICO SICRO 04-25'!A:D,4,FALSE)),6)","v":0.71},{"$f":"TRUNC(_xlfn.IFS(F50=\"SERV\",I50*(1+$L$5),F50=\"SERV DIF\",I50*(1+$L$6),F50=\"FORN\",I50*(1+$L$7)),2)","v":0.87},360702.71999999997,441987.84000000003,7.711705948613006E-3,"PAVIMENTAÇÃO"]
[null,"10.8",5914554,"SICRO","Transporte com caminhão betoneira - rodovia em revestimento primário","SERV","tkm",{"$f":"SUMIF('MOMENTO DE TRANSPORTE - PRINC'!A:A,'RESUMO MODULO TOTAL'!C51,'MOMENTO DE TRANSPORTE - PRINC'!K:K)+SUMIF('MOMENTO DE TRANSPORTE - AUX'!A:A,'RESUMO MODULO TOTAL'!C51,'MOMENTO DE TRANSPORTE - AUX'!K:K)","v":18144},{"$f":"ROUND(IF(D51=\"CODEVASF\",VLOOKUP(C51,'CPU CODEVASF'!E:I,5,FALSE),VLOOKUP(C51,'SINTÉTICO SICRO 04-25'!A:D,4,FALSE)),6)","v":0.86},{"$f":"TRUNC(_xlfn.IFS(F51=\"SERV\",I51*(1+$L$5),F51=\"SERV DIF\",I51*(1+$L$6),F51=\"FORN\",I51*(1+$L$7)),2)","v":1.06},15603.84,19232.64,3.3556684341255278E-4,"PAVIMENTAÇÃO"]
[null,"10.9",5914539,"SICRO","Transporte com caminhão betoneira - rodovia em leito natural","SERV","tkm",{"$f":"SUMIF('MOMENTO DE TRANSPORTE - PRINC'!A:A,'RESUMO MODULO TOTAL'!C52,'MOMENTO DE TRANSPORTE - PRINC'!K:K)+SUMIF('MOMENTO DE TRANSPORTE - AUX'!A:A,'RESUMO MODULO TOTAL'!C52,'MOMENTO DE TRANSPORTE - AUX'!K:K)","v":18144},{"$f":"ROUND(IF(D52=\"CODEVASF\",VLOOKUP(C52,'CPU CODEVASF'!E:I,5,FALSE),VLOOKUP(C52,'SINTÉTICO SICRO 04-25'!A:D,4,FALSE)),6)","v":1.08},{"$f":"TRUNC(_xlfn.IFS(F52=\"SERV\",I52*(1+$L$5),F52=\"SERV DIF\",I52*(1+$L$6),F52=\"FORN\",I52*(1+$L$7)),2)","v":1.33},19595.52,24131.52,4.2104141673461815E-4,"PAVIMENTAÇÃO"]
[null,"TOTAL GERAL DA OBRA COM BDI ",{"$nulls":8},{"$f":"SUM(K11,K14,K17,K19,K22,K31,K36,K39,K41,K43)","v":47698010.329999998},{"$f":"SUM(L11,L14,L17,L19,L22,L31,L36,L39,L41,L43)","v":57313886.569999993}]
[]
[]
[null,"CONTRATAÇÃO DE SERVIÇOS DE EXECUÇÃO DE PAVIMENTAÇÃO EM BLOCO INTERTRAVADO DE CONCRETO EM VIAS DE DIVERSOS MUNICÍPIOS INSERIDOS NA ÁREA DE ATUAÇÃO DA 13ª SUPERINTENDÊNCIA REGIONAL DA CODEVASF, NO ESTADO DA PARAÍBA"]
{"$rows_empty":80}
[{"$nulls":5},{"$f":"99.6*2","v":199.2}]
[]
[{"$nulls":5},{"$f":"1500*2","v":3000}]
[{"$nulls":5},{"$f":"1500*2","v":3000}]
[{"$nulls":5},{"$f":"1500*2","v":3000}]
[{"$nulls":5},{"$f":"1500*2","v":3000}]
[{"$nulls":5},{"$f":"113.18*2","v":226.36}]
[{"$nulls":5},{"$f":"1121.33*2","v":2242.66}]
{"$rows_empty":79}
[{"$nulls":5},{"$f":"H14+H18+H26+H30","v":370441}]

{"sheet":"CRONOGRAMA TOTAL","index":1,"n_rows":224,"n_cols":17,"rows_kept":224,"cut":false,"hidden":false,"merged":[[28,0,28,1],[1,0,1,14],[2,0,2,14],[25,0,25,1],[26,0,26,1],[27,0,27,1]]}
[]
[{"$f":"'RESUMO MODULO TOTAL'!B56","v":"CONTRATAÇÃO DE SERVIÇOS DE EXECUÇÃO DE PAVIMENTAÇÃO EM BLOCO INTERTRAVADO DE CONCRETO EM VIAS DE DIVERSOS MUNICÍPIOS INSERIDOS NA ÁREA DE ATUAÇÃO DA 13ª SUPERINTENDÊNCIA REGIONAL DA CODEVASF, NO ESTADO DA PARAÍBA"}]
["Cronograma Físico e Financeiro "]
["Item","Descrição","Total Por Etapa","30 DIAS","60 DIAS","90 DIAS","120 DIAS","150 DIAS","180 DIAS","210 DIAS","240 DIAS","270 DIAS","300 DIAS","330 DIAS","360 DIAS"]
[null,{"$f":"'RESUMO MODULO TOTAL'!E11","v":"SERVIÇOS PRELIMINARES "},{"$f":"SUM(D5:O5)","v":1},0.5,{"$nulls":10},0.5]
[null,null,{"$f":"'RESUMO MODULO TOTAL'!L11","v":1649907},{"$f":"$C$6*D5","v":824953.5},{"$nulls":10},{"$f":"$C$6*O5","v":824953.5},{"$f":"SUM(D6:O6)","v":1649907},{"$f":"IF(P6=C6,\"OK\",\"\")","v":"OK"}]
[null,{"$f":"'RESUMO MODULO TOTAL'!E14","v":"INSTALAÇÃO DE CANTEIRO"},{"$f":"SUM(D7:O7)","v":1},0.1,0.5,0.4]
[null,null,{"$f":"'RESUMO MODULO TOTAL'!L14","v":768045.60000000009},{"$f":"$C$8*D7","v":76804.560000000012},{"$f":"$C$8*E7","v":384022.80000000005},307218.24000000005,0,0,0,0,0,0,0,0,0,{"$f":"SUM(D8:O8)","v":768045.60000000009},{"$f":"IF(P8=C8,\"OK\",\"\")","v":"OK"}]
[null,{"$f":"'RESUMO MODULO TOTAL'!E17","v":"ADMINISTRAÇÃO LOCAL DA OBRA"},{"$f":"SUM(D9:O9)","v":0.99999999999999989},{"$f":"(D6+D8+D12+D14+D16+D18+D20+D22+D24)/($O$31-$C$10)","v":1.6216961511986424E-2},{"$f":"(E6+E8+E12+E14+E16+E18+E20+E22+E24)/($O$31-$C$10)","v":6.906157253892758E-3},2.3332573693945081E-2,1.7807647890830877E-2,3.4802260202726566E-2,0.15948052095394644,0.13122663143020655,0.13122663143020655,0.13122663143020655,0.13122663143020655,0.15845127201333578,5.809608075850993E-2]
[null,null,{"$f":"'RESUMO MODULO TOTAL'!L17","v":1708028.51},{"$f":"$C$10*D9","v":27699.03260804552},{"$f":"$C$10*E9","v":11795.913484192139},{"$f":"$C$10*F9","v":39852.70108093421},30415.970293580507,59443.252638695354,272397.2765789929,224138.82775405486,224138.82775405486,224138.82775405486,224138.82775405486,270639.29004454263,99229.762254797388,{"$f":"SUM(D10:O10)","v":1708028.5100000002},{"$f":"IF(P10=C10,\"OK\",\"\")","v":"OK"}]
[null,{"$f":"'RESUMO MODULO TOTAL'!E19","v":"TERRAPLANAGEM"},{"$f":"SUM(D11:O11)","v":1},null,null,{"$f":"1/4","v":0.25},{"$f":"1/4","v":0.25},{"$f":"1/4","v":0.25},{"$f":"1/4","v":0.25}]
[null,null,{"$f":"'RESUMO MODULO TOTAL'!L19","v":1047816},{"$f":"$C$14*D11","v":0},{"$f":"$C$12*E11","v":0},261954,261954,261954,261954,0,0,0,0,0,0,{"$f":"SUM(D12:O12)","v":1047816},{"$f":"IF(P12=C12,\"OK\",\"\")","v":"OK"}]
[null,{"$f":"'RESUMO MODULO TOTAL'!E22","v":"PAVIMENTAÇÃO"},{"$f":"SUM(D13:O13)","v":0.99999999999999989},{"$nulls":5},{"$f":"1/6","v":0.16666666666666666},{"$f":"1/6","v":0.16666666666666666},0.16666666666666666,0.16666666666666666,0.16666666666666666,0.16666666666666666]
[null,null,{"$f":"'RESUMO MODULO TOTAL'!L22","v":39412283.399999999},{"$f":"$C$14*D13","v":0},{"$f":"$C$14*E13","v":0},0,0,0,6568713.8999999994,6568713.8999999994,6568713.8999999994,6568713.8999999994,6568713.8999999994,6568713.8999999994,0,{"$f":"SUM(D14:O14)","v":39412283.399999999},{"$f":"IF(P14=C14,\"OK\",\"\")","v":"OK"}]
[null,{"$f":"'RESUMO MODULO TOTAL'!E31","v":"SINALIZAÇÃO"},{"$f":"SUM(D15:O15)","v":1},{"$nulls":11},1]
[null,null,{"$f":"'RESUMO MODULO TOTAL'!L31","v":527551.65},{"$f":"$C$16*D15","v":0},{"$f":"$C$16*E15","v":0},0,0,0,0,0,0,0,0,0,527551.65,{"$f":"SUM(D16:O16)","v":527551.65},{"$f":"IF(P16=C16,\"OK\",\"\")","v":"OK"}]
[null,{"$f":"'RESUMO MODULO TOTAL'!E36","v":"DRENAGEM"},{"$f":"SUM(D17:O17)","v":1},{"$nulls":10},0.5,0.5]
[null,null,{"$f":"'RESUMO MODULO TOTAL'!L36","v":2942964},{"$f":"$C$18*D17","v":0},{"$f":"$C$18*E17","v":0},0,0,0,0,0,0,0,0,1471482,1471482,{"$f":"SUM(D18:O18)","v":2942964},{"$f":"IF(P18=C18,\"OK\",\"\")","v":"OK"}]
[null,{"$f":"'RESUMO MODULO TOTAL'!E39","v":"SERVIÇOS COMPLEMENTARES"},{"$f":"SUM(D19:O19)","v":1},{"$nulls":10},0.5,0.5]
[null,null,{"$f":"'RESUMO MODULO TOTAL'!L39","v":84735},{"$f":"$C$20*D19","v":0},{"$f":"$C$20*E19","v":0},0,0,0,0,0,0,0,0,42367.5,42367.5,{"$f":"SUM(D20:O20)","v":84735},{"$f":"IF(P20=C20,\"OK\",\"\")","v":"OK"}]
[null,{"$f":"'RESUMO MODULO TOTAL'!E41","v":"PROJETO EXECUTIVO"},{"$f":"SUM(D21:O21)","v":1},{"$nulls":4},0.5,0.5]
[null,null,{"$f":"'RESUMO MODULO TOTAL'!L41","v":1890000},{"$f":"$C$22*D21","v":0},{"$f":"$C$22*E21","v":0},0,0,945000,945000,0,0,0,0,0,0,{"$f":"SUM(D22:O22)","v":1890000},{"$f":"IF(P22=C22,\"OK\",\"\")","v":"OK"}]
[null,{"$f":"'RESUMO MODULO TOTAL'!E43","v":"MOMENTO DE TRANSPORTE"},{"$f":"SUM(D23:O23)","v":1},null,null,0.1,0.1,0.1,0.15,0.1,0.1,0.1,0.1,0.1,0.05]
[null,null,{"$f":"'RESUMO MODULO TOTAL'!L43","v":7282555.4099999992},{"$f":"$C$24*D23","v":0},{"$f":"$C$24*E23","v":0},728255.54099999997,728255.54099999997,728255.54099999997,1092383.3114999998,728255.54099999997,728255.54099999997,728255.54099999997,728255.54099999997,728255.54099999997,364127.77049999998,{"$f":"SUM(D24:O24)","v":7282555.4100000001},{"$f":"IF(P24=C24,\"OK\",\"\")","v":"OK"}]
[]
["Porcentagem",null,null,{"$f":"SUM(D6+D8+D10+D12+D14+D16+D18+D20+D22+D24)/$O$31","v":1.6216961511986424E-2},{"$f":"SUM(E6+E8+E10+E12+E14+E16+E18+E20+E22+E24)/$O$31","v":6.9061572538927588E-3},2.3332573693945081E-2,1.7807647890830877E-2,3.4802260202726566E-2,0.15948052095394644,0.13122663143020658,0.13122663143020658,0.13122663143020658,0.13122663143020658,0.15845127201333578,5.809608075850993E-2]
["Custo",null,null,{"$f":"$O$31*D26","v":929457.09260804544},{"$f":"$O$31*E26","v":395818.71348419221},{"$f":"$O$31*F26","v":1337280.4820809341},1020625.5112935805,1994652.7936386953,9140448.4880789928,7521108.2687540557,7521108.2687540557,7521108.2687540557,7521108.2687540557,9081458.231044542,3329712.1827547974]
["Porcentagem Acumulado",null,null,{"$f":"D26","v":1.6216961511986424E-2},{"$f":"D28+E26","v":2.3123118765879185E-2},{"$f":"E28+F26","v":4.6455692459824269E-2},6.4263340350655146E-2,9.9065600553381705E-2,0.25854612150732814,0.38977275293753472,0.52099938436774129,0.65222601579794781,0.78345264722815444,0.9419039192414902,{"$f":"N28+O26","v":1.0000000000000002}]
["Custo Acumulado",null,null,{"$f":"D27","v":929457.09260804544},{"$f":"D29+E27","v":1325275.8060922376},2662556.2881731717,3683181.7994667524,5677834.5931054475,14818283.081184439,22339391.349938497,29860499.618692555,37381607.887446612,44902716.15620067,53984174.387245208,{"$f":"INT(N29+O27)","v":57313886}]
[]
[null,null,null,"Total Geral",{"$nulls":9},"R$",{"$f":"C6+C8+C10+C12+C14+C16+C18+C20+C22+C24","v":57313886.569999993}]
[]
[]
[{"$nulls":14},{"$f":"O29-O31","v":-0.56999999284744263}]
{"$rows_empty":102}
[{"$nulls":5},{"$f":"99.6*2","v":199.2}]
[]
[{"$nulls":5},{"$f":"1500*2","v":3000}]
[{"$nulls":5},{"$f":"1500*2","v":3000}]
[{"$nulls":5},{"$f":"1500*2","v":3000}]
[{"$nulls":5},{"$f":"1500*2","v":3000}]
[{"$nulls":5},{"$f":"113.18*2","v":226.36}]
[{"$nulls":5},{"$f":"1121.33*2","v":2242.66}]
{"$rows_empty":79}
[{"$nulls":5},{"$f":"H14+H18+H26+H30","v":3.4802260202726566E-2}]

{"sheet":"MOMENTO DE TRANSPORTE - PRINC","index":2,"n_rows":224,"n_cols":11,"rows_kept":224,"cut":false,"hidden":false,"merged":[[78,1,79,2],[78,3,79,3],[78,4,79,4],[78,5,78,7],[82,5,82,7],[86,2,86,7],[86,9,86,10],[87,7,87,10],[90,3,90,7],[91,1,92,2],[91,3,92,3],[91,4,92,4],[91,5,91,7],[56,5,56,7],[74,2,74,7],[74,9,74,10],[75,7,75,10],[77,3,77,7],[60,2,60,7],[60,9,60,10],[61,7,61,10],[64,3,64,7],[65,1,66,2],[65,3,66,3],[65,4,66,4],[65,5,65,7],[48,2,48,7],[48,9,48,10],[49,7,49,10],[51,3,51,7],[52,1,53,2],[52,3,53,3],[52,4,53,4],[52,5,52,7],[34,2,34,7],[34,9,34,10],[35,7,35,10],[38,3,38,7],[39,1,40,2],[39,3,40,3],[39,4,40,4],[39,5,39,7],[25,1,26,2],[25,3,26,3],[25,4,26,4],[25,5,25,7],[29,5,29,7],[4,1,4,10],[21,2,21,7],[21,9,21,10],[22,7,22,10],[24,3,24,7]]}
[]
[]
[]
[]
[null,{"$f":"'RESUMO MODULO TOTAL'!B56","v":"CONTRATAÇÃO DE SERVIÇOS DE EXECUÇÃO DE PAVIMENTAÇÃO EM BLOCO INTERTRAVADO DE CONCRETO EM VIAS DE DIVERSOS MUNICÍPIOS INSERIDOS NA ÁREA DE ATUAÇÃO DA 13ª SUPERINTENDÊNCIA REGIONAL DA CODEVASF, NO ESTADO DA PARAÍBA"}]
[null,"DATA BASE:",{"$f":"'MOMENTO DE TRANSPORTE - AUX'!C6","v":"Paraíba - Abril/2025"}]
[]
[null,null,"RESUMO DO TRANSPORTE PRINCIPAL"]
[null,"CODIGO ","DESCRIÇÃO","TKM"]
[null,5914359,{"$f":"VLOOKUP(B10,'SINTÉTICO SICRO'!$A:$D,2,0)","v":"Transporte com caminhão basculante de 10 m³ - rodovia em leito natural"},{"$f":"ROUND(SUMIF('MOMENTO DE TRANSPORTE - PRINC'!A:A,B10,'MOMENTO DE TRANSPORTE - PRINC'!K:K),2)","v":194954.45}]
[null,5914374,{"$f":"VLOOKUP(B11,'SINTÉTICO SICRO'!$A:$D,2,0)","v":"Transporte com caminhão basculante de 10 m³ - rodovia em revestimento primário"},{"$f":"ROUND(SUMIF('MOMENTO DE TRANSPORTE - PRINC'!A:A,B11,'MOMENTO DE TRANSPORTE - PRINC'!K:K),2)","v":194954.45}]
[null,5914389,{"$f":"VLOOKUP(B12,'SINTÉTICO SICRO'!$A:$D,2,0)","v":"Transporte com caminhão basculante de 10 m³ - rodovia pavimentada"},{"$f":"ROUND(SUMIF('MOMENTO DE TRANSPORTE - PRINC'!A:A,B12,'MOMENTO DE TRANSPORTE - PRINC'!K:K),2)","v":5458724.46}]
[null,5914539,{"$f":"VLOOKUP(B13,'SINTÉTICO SICRO'!$A:$D,2,0)","v":"Transporte com caminhão betoneira - rodovia em leito natural"},{"$f":"ROUND(SUMIF('MOMENTO DE TRANSPORTE - PRINC'!A:A,B13,'MOMENTO DE TRANSPORTE - PRINC'!K:K),2)","v":18144}]
[null,5914554,{"$f":"VLOOKUP(B14,'SINTÉTICO SICRO'!$A:$D,2,0)","v":"Transporte com caminhão betoneira - rodovia em revestimento primário"},{"$f":"ROUND(SUMIF('MOMENTO DE TRANSPORTE - PRINC'!A:A,B14,'MOMENTO DE TRANSPORTE - PRINC'!K:K),2)","v":18144}]
[null,5914569,{"$f":"VLOOKUP(B15,'SINTÉTICO SICRO'!$A:$D,2,0)","v":"Transporte com caminhão betoneira - rodovia pavimentada"},{"$f":"ROUND(SUMIF('MOMENTO DE TRANSPORTE - PRINC'!A:A,B15,'MOMENTO DE TRANSPORTE - PRINC'!K:K),2)","v":508032}]
[]
[null,"TIPO (P, RP ou LN)","DMT ESTIMADA (DISTRIBUIÇÃO DO ITEM NA PISTA"]
[null,"P",70]
[]
["","SISTEMA DE CUSTOS REFERENCIAIS DE OBRAS - SICRO"]
["","Custo Unitário de Referência",null,{"$f":"$C$6","v":"Paraíba - Abril/2025"},{"$nulls":4},"Quantitativo",null,"un"]
["",4011320,{"$f":"VLOOKUP(B22,'SINTÉTICO SICRO'!$A$4:$D$1048576,2,0)","v":"Base ou sub-base estabilizada granulometricamente com mistura solo brita (70% - 30%) na pista com material de jazida e brita comercial - 100% Proctor modificado"},{"$nulls":5},{"$f":"SUMIF('RESUMO MODULO TOTAL'!C:C,'MOMENTO DE TRANSPORTE - PRINC'!B22,'RESUMO MODULO TOTAL'!H:H)*0.8","v":37800}]
["","D - ATIVIDADES AUXILIARES",null,"Quantidade","Unidade"]
["",4016096,{"$f":"VLOOKUP(B24,'SINTÉTICO SICRO'!$A$4:$D$1048576,2,0)","v":"Escavação e carga de material de jazida com escavadeira hidráulica de 1,56 m³"},0.77019000000000004,"m³"]
[""]
["","F - MOMENTO DE TRANSPORTE",null,"Quantidade","Unidade","CÓDIGO TRANSPORTE"]
["",{"$nulls":4},"LN","RP","P","TIPO (P, RP ou LN)","DMT ESTIMADA (km)","QUANTITATIVO TOTAL DE TRANSPORTE (tkm)"]
[{"$f":"IF(I28=\"P\",H28,IF(I28=\"RP\",G28,IF(I28=\"LN\",F28,\"\")))","v":5914389},4016096,{"$f":"VLOOKUP(B28,'SINTÉTICO SICRO'!$A$4:$D$1048576,2,0)","v":"Escavação e carga de material de jazida com escavadeira hidráulica de 1,56 m³"},1.44411,"tkm",5914359,5914374,5914389,{"$f":"$B$18","v":"P"},{"$f":"C18","v":70},{"$f":"IF(ISBLANK(J28),\"\",J28*D28)*I22","v":3821115.06}]
[{"$f":"IF(I29=\"P\",H29,IF(I29=\"RP\",G29,IF(I29=\"LN\",F29,\"\")))","v":5914389},"M0191","Brita 1 - Caminhão basculante 10 m³",0.61890000000000001,"tkm",5914359,5914374,5914389,{"$f":"$B$18","v":"P"},{"$f":"C18","v":70},{"$f":"IF(ISBLANK(J29),\"\",J29*D29)*I22","v":1637609.4}]
[""]
["","Obs."]
[]
["","SISTEMA DE CUSTOS REFERENCIAIS DE OBRAS - SICRO"]
["","Custo Unitário de Referência",null,{"$f":"$C$6","v":"Paraíba - Abril/2025"},{"$nulls":4},"Quantitativo",null,"m"]
["",2003943,{"$f":"VLOOKUP(B35,'SINTÉTICO SICRO'!A:D,2,0)","v":"Meio-fio de concreto - MFC 03 moldado no local com extrusora e concreto usinado - areia e brita comerciais"},{"$nulls":5},{"$f":"SUMIF('RESUMO MODULO TOTAL'!C:C,'MOMENTO DE TRANSPORTE - PRINC'!B35,'RESUMO MODULO TOTAL'!H:H)*0.8","v":72000}]
["","D - ATIVIDADES AUXILIARES",null,"Quantidade","Unidade"]
[null,"1107928"," Concreto fck = 20 MPa - confecção em betoneira e lançamento manual - areia e brita comerciais",4.2000000000000003E-2,"m³"]
[null,"4805750","Enchimento de junta de concreto com argamassa asfáltica de densidade 1.700 kg/m³ - espessura de 1 cm",0.03,"kg"]
[""]
["","F - MOMENTO DE TRANSPORTE",null,"Quantidade","Unidade","CÓDIGO TRANSPORTE"]
["",{"$nulls":4},"LN","RP","P","TIPO (P, RP ou LN)","DMT ESTIMADA (km)","QUANTITATIVO TOTAL DE TRANSPORTE (tkm)"]
[{"$f":"IF(I42=\"P\",H42,IF(I42=\"RP\",G42,IF(I42=\"LN\",F42,\"\")))","v":5914569},"1107928","Concreto fck = 20 MPa - confecção em central dosadora de 30 m³/h - areia e brita comerciais - Caminhão betoneira 8 m³",0.1008,"tkm",5914539,5914554,5914569,{"$f":"$B$18","v":"P"},{"$f":"C18","v":70},{"$f":"IF(ISBLANK(J42),\"\",J42*D42)*I35","v":508032}]
[]
[null,"TIPO (P, RP ou LN)","DMT ESTIMADA (DISTRIBUIÇÃO DO ITEM NA PISTA"]
[null,"LN",20]
[]
["","SISTEMA DE CUSTOS REFERENCIAIS DE OBRAS - SICRO"]
["","Custo Unitário de Referência",null,{"$f":"$C$6","v":"Paraíba - Abril/2025"},{"$nulls":4},"Quantitativo",null,"un"]
["",4011320,{"$f":"VLOOKUP(B49,'SINTÉTICO SICRO'!$A$4:$D$1048576,2,0)","v":"Base ou sub-base estabilizada granulometricamente com mistura solo brita (70% - 30%) na pista com material de jazida e brita comercial - 100% Proctor modificado"},{"$nulls":5},{"$f":"SUMIF('RESUMO MODULO TOTAL'!C:C,'MOMENTO DE TRANSPORTE - PRINC'!B49,'RESUMO MODULO TOTAL'!H:H)*0.1","v":4725}]
["","D - ATIVIDADES AUXILIARES",null,"Quantidade","Unidade"]
["",4016096,{"$f":"VLOOKUP(B51,'SINTÉTICO SICRO'!$A$4:$D$1048576,2,0)","v":"Escavação e carga de material de jazida com escavadeira hidráulica de 1,56 m³"},0.77019000000000004,"m³"]
[""]
["","F - MOMENTO DE TRANSPORTE",null,"Quantidade","Unidade","CÓDIGO TRANSPORTE"]
["",{"$nulls":4},"LN","RP","P","TIPO (P, RP ou LN)","DMT ESTIMADA (km)","QUANTITATIVO TOTAL DE TRANSPORTE (tkm)"]
[{"$f":"IF(I55=\"P\",H55,IF(I55=\"RP\",G55,IF(I55=\"LN\",F55,\"\")))","v":5914359},4016096,{"$f":"VLOOKUP(B55,'SINTÉTICO SICRO'!$A$4:$D$1048576,2,0)","v":"Escavação e carga de material de jazida com escavadeira hidráulica de 1,56 m³"},1.44411,"tkm",5914359,5914374,5914389,{"$f":"$B$45","v":"LN"},{"$f":"C45","v":20},{"$f":"IF(ISBLANK(J55),\"\",J55*D55)*I49","v":136468.39500000002}]
[{"$f":"IF(I56=\"P\",H56,IF(I56=\"RP\",G56,IF(I56=\"LN\",F56,\"\")))","v":5914359},"M0191","Brita 1 - Caminhão basculante 10 m³",0.61890000000000001,"tkm",5914359,5914374,5914389,{"$f":"$B$45","v":"LN"},{"$f":"C45","v":20},{"$f":"IF(ISBLANK(J56),\"\",J56*D56)*I49","v":58486.05}]
[""]
["","Obs."]
["","SISTEMA DE CUSTOS REFERENCIAIS DE OBRAS - SICRO"]
["","Custo Unitário de Referência",null,{"$f":"$C$6","v":"Paraíba - Abril/2025"},{"$nulls":4},"Quantitativo",null,"m"]
["",2003943,{"$f":"VLOOKUP(B61,'SINTÉTICO SICRO'!A:D,2,0)","v":"Meio-fio de concreto - MFC 03 moldado no local com extrusora e concreto usinado - areia e brita comerciais"},{"$nulls":5},{"$f":"SUMIF('RESUMO MODULO TOTAL'!C:C,'MOMENTO DE TRANSPORTE - PRINC'!B61,'RESUMO MODULO TOTAL'!H:H)*0.1","v":9000}]
["","D - ATIVIDADES AUXILIARES",null,"Quantidade","Unidade"]
[null,"1107928"," Concreto fck = 20 MPa - confecção em betoneira e lançamento manual - areia e brita comerciais",4.2000000000000003E-2,"m³"]
[null,"4805750","Enchimento de junta de concreto com argamassa asfáltica de densidade 1.700 kg/m³ - espessura de 1 cm",0.03,"kg"]
[""]
["","F - MOMENTO DE TRANSPORTE",null,"Quantidade","Unidade","CÓDIGO TRANSPORTE"]
["",{"$nulls":4},"LN","RP","P","TIPO (P, RP ou LN)","DMT ESTIMADA (km)","QUANTITATIVO TOTAL DE TRANSPORTE (tkm)"]
[{"$f":"IF(I68=\"P\",H68,IF(I68=\"RP\",G68,IF(I68=\"LN\",F68,\"\")))","v":5914539},1107928,{"$f":"VLOOKUP(B68,'SINTÉTICO SICRO'!A:D,2,0)","v":"Concreto fck = 20 MPa - confecção em central dosadora de 30 m³/h - areia e brita comerciais"},0.1008,"tkm",5914539,5914554,5914569,{"$f":"$B$45","v":"LN"},{"$f":"C45","v":20},{"$f":"IF(ISBLANK(J68),\"\",J68*D68)*I61","v":18144}]
[]
[null,"TIPO (P, RP ou LN)","DMT ESTIMADA (DISTRIBUIÇÃO DO ITEM NA PISTA"]
[null,"RP",20]
[]
["","SISTEMA DE CUSTOS REFERENCIAIS DE OBRAS - SICRO"]
["","Custo Unitário de Referência",null,{"$f":"$C$6","v":"Paraíba - Abril/2025"},{"$nulls":4},"Quantitativo",null,"un"]
["",4011320,{"$f":"VLOOKUP(B75,'SINTÉTICO SICRO'!$A$4:$D$1048576,2,0)","v":"Base ou sub-base estabilizada granulometricamente com mistura solo brita (70% - 30%) na pista com material de jazida e brita comercial - 100% Proctor modificado"},{"$nulls":5},{"$f":"SUMIF('RESUMO MODULO TOTAL'!C:C,'MOMENTO DE TRANSPORTE - PRINC'!B75,'RESUMO MODULO TOTAL'!H:H)*0.1","v":4725}]
["","D - ATIVIDADES AUXILIARES",null,"Quantidade","Unidade"]
["",4016096,{"$f":"VLOOKUP(B77,'SINTÉTICO SICRO'!$A$4:$D$1048576,2,0)","v":"Escavação e carga de material de jazida com escavadeira hidráulica de 1,56 m³"},0.77019000000000004,"m³"]
[""]
["","F - MOMENTO DE TRANSPORTE",null,"Quantidade","Unidade","CÓDIGO TRANSPORTE"]
["",{"$nulls":4},"LN","RP","P","TIPO (P, RP ou LN)","DMT ESTIMADA (km)","QUANTITATIVO TOTAL DE TRANSPORTE (tkm)"]
[{"$f":"IF(I81=\"P\",H81,IF(I81=\"RP\",G81,IF(I81=\"LN\",F81,\"\")))","v":5914374},4016096,"Escavação e carga de material de jazida com escavadeira hidráulica de 1,56 m³",1.44411,"tkm",5914359,5914374,5914389,{"$f":"$B$71","v":"RP"},{"$f":"C71","v":20},{"$f":"IF(ISBLANK(J81),\"\",J81*D81)*I75","v":136468.39500000002}]
[{"$f":"IF(I82=\"P\",H82,IF(I82=\"RP\",G82,IF(I82=\"LN\",F82,\"\")))","v":5914374},"M0191","Brita 1 - Caminhão basculante 10 m³",0.61890000000000001,"tkm",5914359,5914374,5914389,{"$f":"$B$71","v":"RP"},{"$f":"C71","v":20},{"$f":"IF(ISBLANK(J82),\"\",J82*D82)*I75","v":58486.05}]
[""]
["","Obs."]
["","SISTEMA DE CUSTOS REFERENCIAIS DE OBRAS - SICRO"]
["","Custo Unitário de Referência",null,{"$f":"$C$6","v":"Paraíba - Abril/2025"},{"$nulls":4},"Quantitativo",null,"m"]
["",2003943,{"$f":"VLOOKUP(B87,'SINTÉTICO SICRO'!A:D,2,0)","v":"Meio-fio de concreto - MFC 03 moldado no local com extrusora e concreto usinado - areia e brita comerciais"},{"$nulls":5},{"$f":"SUMIF('RESUMO MODULO TOTAL'!C:C,'MOMENTO DE TRANSPORTE - PRINC'!B87,'RESUMO MODULO TOTAL'!H:H)*0.1","v":9000}]
["","D - ATIVIDADES AUXILIARES",null,"Quantidade","Unidade"]
[null,"1107928"," Concreto fck = 20 MPa - confecção em betoneira e lançamento manual - areia e brita comerciais",4.2000000000000003E-2,"m³"]
[null,"4805750","Enchimento de junta de concreto com argamassa asfáltica de densidade 1.700 kg/m³ - espessura de 1 cm",0.03,"kg"]
[""]
["","F - MOMENTO DE TRANSPORTE",null,"Quantidade","Unidade","CÓDIGO TRANSPORTE"]
["",{"$nulls":4},"LN","RP","P","TIPO (P, RP ou LN)","DMT ESTIMADA (km)","QUANTITATIVO TOTAL DE TRANSPORTE (tkm)"]
[{"$f":"IF(I94=\"P\",H94,IF(I94=\"RP\",G94,IF(I94=\"LN\",F94,\"\")))","v":5914554},1107928,{"$f":"VLOOKUP(B94,'SINTÉTICO SICRO'!A:D,2,0)","v":"Concreto fck = 20 MPa - confecção em central dosadora de 30 m³/h - areia e brita comerciais"},0.1008,"tkm",5914539,5914554,5914569,{"$f":"$B$71","v":"RP"},{"$f":"C71","v":20},{"$f":"IF(ISBLANK(J94),\"\",J94*D94)*I87","v":18144}]
{"$rows_empty":42}
[{"$nulls":5},{"$f":"99.6*2","v":199.2}]
[]
[{"$nulls":5},{"$f":"1500*2","v":3000}]
[{"$nulls":5},{"$f":"1500*2","v":3000}]
[{"$nulls":5},{"$f":"1500*2","v":3000}]
[{"$nulls":5},{"$f":"1500*2","v":3000}]
[{"$nulls":5},{"$f":"113.18*2","v":226.36}]
[{"$nulls":5},{"$f":"1121.33*2","v":2242.66}]
{"$rows_empty":79}
[{"$nulls":5},{"$f":"H14+H18+H26+H30","v":0}]

{"sheet":"MOMENTO DE TRANSPORTE - AUX","index":3,"n_rows":224,"n_cols":11,"rows_kept":224,"cut":false,"hidden":false,"merged":[[52,5,52,7],[56,2,56,7],[56,9,56,10],[57,1,58,2],[57,3,58,3],[57,4,58,4],[57,5,57,7],[44,2,44,7],[44,9,44,10],[45,1,46,2],[45,3,46,3],[45,4,46,4],[45,5,45,7],[75,5,75,7],[79,2,79,7],[79,9,79,10],[80,1,81,2],[80,3,81,3],[80,4,81,4],[80,5,80,7],[68,5,68,7],[67,2,67,7],[67,9,67,10],[68,1,69,2],[68,3,69,3],[68,4,69,4],[34,4,35,4],[34,5,34,7],[4,1,4,10],[21,2,21,7],[21,9,21,10],[22,1,23,2],[22,3,23,3],[22,4,23,4],[22,5,22,7],[29,5,29,7],[33,2,33,7],[33,9,33,10],[34,1,35,2],[34,3,35,3]]}
[]
[]
[]
[]
[null,{"$f":"'RESUMO MODULO TOTAL'!B56","v":"CONTRATAÇÃO DE SERVIÇOS DE EXECUÇÃO DE PAVIMENTAÇÃO EM BLOCO INTERTRAVADO DE CONCRETO EM VIAS DE DIVERSOS MUNICÍPIOS INSERIDOS NA ÁREA DE ATUAÇÃO DA 13ª SUPERINTENDÊNCIA REGIONAL DA CODEVASF, NO ESTADO DA PARAÍBA"}]
[null,"DATA BASE:",{"$f":"'Material Sicro 04-25'!B2","v":"Paraíba - Abril/2025"}]
[]
[null,null,"RESUMO DO TRANSPORTE AUXILIAR"]
[null,"CODIGO ","DESCRIÇÃO","TKM"]
[null,5914359,{"$f":"VLOOKUP(B10,'SINTÉTICO SICRO'!$A:$D,2,0)","v":"Transporte com caminhão basculante de 10 m³ - rodovia em leito natural"},{"$f":"ROUND(SUMIF($A:$A,B10,$K:$K),2)","v":38794.71}]
[null,5914374,{"$f":"VLOOKUP(B11,'SINTÉTICO SICRO'!$A:$D,2,0)","v":"Transporte com caminhão basculante de 10 m³ - rodovia em revestimento primário"},38794.71]
[null,5914389,{"$f":"VLOOKUP(B12,'SINTÉTICO SICRO'!$A:$D,2,0)","v":"Transporte com caminhão basculante de 10 m³ - rodovia pavimentada"},931072.97]
[null,5914449,{"$f":"VLOOKUP(B13,'SINTÉTICO SICRO'!$A:$D,2,0)","v":"Transporte com caminhão carroceria de 15 t - rodovia em leito natural"},5362.2]
[null,5914464,{"$f":"VLOOKUP(B14,'SINTÉTICO SICRO'!$A:$D,2,0)","v":"Transporte com caminhão carroceria de 15 t - rodovia em revestimento primário"},5362.2]
[null,5914479,{"$f":"VLOOKUP(B15,'SINTÉTICO SICRO'!$A:$D,2,0)","v":"Transporte com caminhão carroceria de 15 t - rodovia pavimentada"},128692.8]
[]
[null,"TIPO (P, RP ou LN)","DMT ATÉ 50 KM NÃO DEVE SER PAGA","SOMENTE DEVE SER ADICIONADO A DISTÂNCIA EXCEDENTE A 50 KM"]
[null,"P",null,150]
[]
["","SISTEMA DE CUSTOS REFERENCIAIS DE OBRAS - SICRO",{"$nulls":6},"Quantitivo"]
["","Custo Unitário de Referência",null,null,{"$f":"$C$6","v":"Paraíba - Abril/2025"},null,null,null,"(Coeficiente na composição principal) x (quantidade da principal no orçamento)",null,"m³"]
["",1107892,{"$f":"VLOOKUP(B22,'SINTÉTICO SICRO'!$A$4:$D$1048576,2,0)","v":"Concreto fck = 20 MPa - confecção em betoneira e lançamento manual - areia e brita comerciais"},{"$nulls":5},{"$f":"('MOMENTO DE TRANSPORTE - PRINC'!$D$37*VLOOKUP(C31,'RESUMO MODULO TOTAL'!$C$11:$L$52,6,0))*0.8","v":3024.0000000000005}]
["","F - MOMENTO DE TRANSPORTE",null,"Quantidade","Unidade","DMT"]
["",{"$nulls":4},"LN","RP","P","TIPO (P, RP ou LN)","DMT ESTIMADA (km)","QUANTITATIVO TOTAL DE TRANSPORTE DE MATERIAL (tkm)"]
[{"$f":"IF(I25=\"P\",H25,IF(I25=\"RP\",G25,IF(I25=\"LN\",F25,\"\")))","v":5914479},"M0030","Aditivo plastificante e retardador de pega para concreto e argamassa - Caminhão carroceria 15 t",8.4999999999999995E-4,"tkm",5914449,5914464,5914479,{"$f":"$B$18","v":"P"},{"$f":"D18","v":150},{"$f":"IF(ISBLANK(J25),\"\",J25*(D25*$I$22))","v":385.56000000000006}]
[{"$f":"IF(I26=\"P\",H26,IF(I26=\"RP\",G26,IF(I26=\"LN\",F26,\"\")))","v":5914389},"M0082","Areia média lavada - Caminhão basculante 10 m³",0.95001000000000002,"tkm",5914359,5914374,5914389,{"$f":"$B$18","v":"P"},{"$f":"J25","v":150},{"$f":"IF(ISBLANK(J26),\"\",J26*(D26*$I$22))","v":430924.53600000008}]
[5914389,"M0191","Brita 1 - Caminhão basculante 10 m³",0.55130999999999997,"tkm",5914359,5914374,5914389,"P",{"$f":"J26","v":150},{"$f":"IF(ISBLANK(J27),\"\",J27*(D27*$I$22))","v":250074.21600000001}]
[5914389,"M0192","Brita 2 - Caminhão basculante 10 m³",0.55130999999999997,"tkm",5914359,5914374,5914389,"P",{"$f":"J27","v":150},{"$f":"IF(ISBLANK(J28),\"\",J28*(D28*$I$22))","v":250074.21600000001}]
[5914479,"M0424","Cimento Portland CP II - 32 - saco - Caminhão carroceria 15 t",0.28215000000000001,"tkm",5914449,5914464,5914479,"P",{"$f":"J28","v":150},{"$f":"IF(ISBLANK(J29),\"\",J29*(D29*$I$22))","v":127983.24000000003}]
[""]
[null,"PRINCIPAL:",2003943]
["","SISTEMA DE CUSTOS REFERENCIAIS DE OBRAS - SICRO",{"$nulls":6},"Quantitivo"]
["","Custo Unitário de Referência",null,null,{"$f":"$C$6","v":"Paraíba - Abril/2025"},null,null,"m²","(Coeficiente na composição principal) x (quantidade da principal no orçamento)",null,"kg"]
["",2003842,"Enchimento de junta de concreto com argamassa asfáltica de densidade 1.700 kg/m³ - espessura de 1 cm",{"$nulls":5},{"$f":"('MOMENTO DE TRANSPORTE - PRINC'!$D$38*VLOOKUP(C39,'RESUMO MODULO TOTAL'!$C$11:$L$52,6,0))*0.8","v":2160}]
["","F - MOMENTO DE TRANSPORTE",null,"Quantidade","Unidade","DMT"]
["",{"$nulls":4},"LN","RP","P","TIPO (P, RP ou LN)","DMT ESTIMADA (km)","QUANTITATIVO TOTAL DE TRANSPORTE DE MATERIAL (tkm)"]
[{"$f":"IF(I37=\"P\",H37,IF(I37=\"RP\",G37,IF(I37=\"LN\",F37,\"\")))","v":5914479},"M2158","Argamassa asfáltica - Caminhão carroceria com capacidade de 15 t - 188 Kw",1E-3,"tkm",5914449,5914464,5914479,{"$f":"$B$18","v":"P"},{"$f":"D18","v":150},{"$f":"IF(ISBLANK(J37),\"\",J37*(D37*$I$34))","v":324}]
[]
[null,"PRINCIPAL:",2003943]
[null,"TIPO (P, RP ou LN)","DMT ATÉ 50 KM NÃO DEVE SER PAGA","SOMENTE DEVE SER ADICIONADO A DISTÂNCIA EXCEDENTE A 50 KM"]
[null,"LN",null,50]
[]
["","SISTEMA DE CUSTOS REFERENCIAIS DE OBRAS - SICRO",{"$nulls":6},"Quantitivo"]
["","Custo Unitário de Referência",null,null,{"$f":"$C$6","v":"Paraíba - Abril/2025"},null,null,null,"(Coeficiente na composição principal) x (quantidade da principal no orçamento)",null,"m³"]
["",1107892,{"$f":"VLOOKUP(B45,'SINTÉTICO SICRO'!$A$4:$D$1048576,2,0)","v":"Concreto fck = 20 MPa - confecção em betoneira e lançamento manual - areia e brita comerciais"},{"$nulls":5},{"$f":"('MOMENTO DE TRANSPORTE - PRINC'!D63*VLOOKUP(C54,'RESUMO MODULO TOTAL'!$C$11:$L$52,6,0))*0.1","v":378.00000000000006}]
["","F - MOMENTO DE TRANSPORTE",null,"Quantidade","Unidade","DMT"]
["",{"$nulls":4},"LN","RP","P","TIPO (P, RP ou LN)","DMT ESTIMADA (km)","QUANTITATIVO TOTAL DE TRANSPORTE DE MATERIAL (tkm)"]
[{"$f":"IF(I48=\"P\",H48,IF(I48=\"RP\",G48,IF(I48=\"LN\",F48,\"\")))","v":5914449},"M0030","Aditivo plastificante e retardador de pega para concreto e argamassa - Caminhão carroceria 15 t",8.4999999999999995E-4,"tkm",5914449,5914464,5914479,{"$f":"$B$41","v":"LN"},{"$f":"D41","v":50},{"$f":"IF(ISBLANK(J48),\"\",J48*(D48*$I$45))","v":16.065000000000001}]
[{"$f":"IF(I49=\"P\",H49,IF(I49=\"RP\",G49,IF(I49=\"LN\",F49,\"\")))","v":5914359},"M0082","Areia média lavada - Caminhão basculante 10 m³",0.95001000000000002,"tkm",5914359,5914374,5914389,{"$f":"$B$41","v":"LN"},{"$f":"J48","v":50},{"$f":"IF(ISBLANK(J49),\"\",J49*(D49*$I$45))","v":17955.189000000006}]
[5914359,"M0191","Brita 1 - Caminhão basculante 10 m³",0.55130999999999997,"tkm",5914359,5914374,5914389,{"$f":"$B$41","v":"LN"},{"$f":"J49","v":50},{"$f":"IF(ISBLANK(J50),\"\",J50*(D50*$I$45))","v":10419.759}]
[5914359,"M0192","Brita 2 - Caminhão basculante 10 m³",0.55130999999999997,"tkm",5914359,5914374,5914389,{"$f":"$B$41","v":"LN"},{"$f":"J50","v":50},{"$f":"IF(ISBLANK(J51),\"\",J51*(D51*$I$45))","v":10419.759}]
[5914449,"M0424","Cimento Portland CP II - 32 - saco - Caminhão carroceria 15 t",0.28215000000000001,"tkm",5914449,5914464,5914479,{"$f":"$B$41","v":"LN"},{"$f":"J51","v":50},{"$f":"IF(ISBLANK(J52),\"\",J52*(D52*$I$45))","v":5332.6350000000011}]
[""]
[null,"PRINCIPAL:",2003943]
["","SISTEMA DE CUSTOS REFERENCIAIS DE OBRAS - SICRO",{"$nulls":6},"Quantitivo"]
["","Custo Unitário de Referência",null,null,{"$f":"$C$6","v":"Paraíba - Abril/2025"},null,null,"m²","(Coeficiente na composição principal) x (quantidade da principal no orçamento)",null,"kg"]
["",2003842,"Enchimento de junta de concreto com argamassa asfáltica de densidade 1.700 kg/m³ - espessura de 1 cm",{"$nulls":5},{"$f":"('MOMENTO DE TRANSPORTE - PRINC'!D64*VLOOKUP(C62,'RESUMO MODULO TOTAL'!$C$11:$L$52,6,0))*0.1","v":270}]
["","F - MOMENTO DE TRANSPORTE",null,"Quantidade","Unidade","DMT"]
["",{"$nulls":4},"LN","RP","P","TIPO (P, RP ou LN)","DMT ESTIMADA (km)","QUANTITATIVO TOTAL DE TRANSPORTE DE MATERIAL (tkm)"]
[{"$f":"IF(I60=\"P\",H60,IF(I60=\"RP\",G60,IF(I60=\"LN\",F60,\"\")))","v":5914449},"M2158","Argamassa asfáltica - Caminhão carroceria com capacidade de 15 t - 188 Kw",1E-3,"tkm",5914449,5914464,5914479,{"$f":"$B$41","v":"LN"},{"$f":"$D$41","v":50},{"$f":"IF(ISBLANK(J60),\"\",J60*(D60*$I$57))","v":13.5}]
[]
[null,"PRINCIPAL:",2003943]
[null,"TIPO (P, RP ou LN)","DMT ATÉ 50 KM NÃO DEVE SER PAGA","SOMENTE DEVE SER ADICIONADO A DISTÂNCIA EXCEDENTE A 50 KM"]
[null,"RP",null,50]
[]
["","SISTEMA DE CUSTOS REFERENCIAIS DE OBRAS - SICRO",{"$nulls":6},"Quantitivo"]
["","Custo Unitário de Referência",null,null,{"$f":"$C$6","v":"Paraíba - Abril/2025"},null,null,null,"(Coeficiente na composição principal) x (quantidade da principal no orçamento)",null,"m³"]
["",1107892,{"$f":"VLOOKUP(B68,'SINTÉTICO SICRO'!$A$4:$D$1048576,2,0)","v":"Concreto fck = 20 MPa - confecção em betoneira e lançamento manual - areia e brita comerciais"},{"$nulls":5},{"$f":"('MOMENTO DE TRANSPORTE - PRINC'!D89*VLOOKUP(C77,'RESUMO MODULO TOTAL'!$C$11:$L$52,6,0))*0.1","v":378.00000000000006}]
["","F - MOMENTO DE TRANSPORTE",null,"Quantidade","Unidade","DMT"]
["",{"$nulls":4},"LN","RP","P","TIPO (P, RP ou LN)","DMT ESTIMADA (km)","QUANTITATIVO TOTAL DE TRANSPORTE DE MATERIAL (tkm)"]
[{"$f":"IF(I71=\"P\",H71,IF(I71=\"RP\",G71,IF(I71=\"LN\",F71,\"\")))","v":5914464},"M0030","Aditivo plastificante e retardador de pega para concreto e argamassa - Caminhão carroceria 15 t",8.4999999999999995E-4,"tkm",5914449,5914464,5914479,{"$f":"$B$64","v":"RP"},{"$f":"D64","v":50},{"$f":"IF(ISBLANK(J71),\"\",J71*(D71*$I$68))","v":16.065000000000001}]
[{"$f":"IF(I72=\"P\",H72,IF(I72=\"RP\",G72,IF(I72=\"LN\",F72,\"\")))","v":5914374},"M0082","Areia média lavada - Caminhão basculante 10 m³",0.95001000000000002,"tkm",5914359,5914374,5914389,{"$f":"$B$64","v":"RP"},{"$f":"D64","v":50},{"$f":"IF(ISBLANK(J72),\"\",J72*(D72*$I$68))","v":17955.189000000006}]
[5914374,"M0191","Brita 1 - Caminhão basculante 10 m³",0.55130999999999997,"tkm",5914359,5914374,5914389,{"$f":"$B$64","v":"RP"},{"$f":"D64","v":50},{"$f":"IF(ISBLANK(J73),\"\",J73*(D73*$I$68))","v":10419.759}]
[5914374,"M0192","Brita 2 - Caminhão basculante 10 m³",0.55130999999999997,"tkm",5914359,5914374,5914389,{"$f":"$B$64","v":"RP"},{"$f":"D64","v":50},{"$f":"IF(ISBLANK(J74),\"\",J74*(D74*$I$68))","v":10419.759}]
[5914464,"M0424","Cimento Portland CP II - 32 - saco - Caminhão carroceria 15 t",0.28215000000000001,"tkm",5914449,5914464,5914479,{"$f":"$B$64","v":"RP"},{"$f":"D64","v":50},{"$f":"IF(ISBLANK(J75),\"\",J75*(D75*$I$68))","v":5332.6350000000011}]
[""]
[null,"PRINCIPAL:",2003943]
["","SISTEMA DE CUSTOS REFERENCIAIS DE OBRAS - SICRO",{"$nulls":6},"Quantitivo"]
["","Custo Unitário de Referência",null,null,{"$f":"$C$6","v":"Paraíba - Abril/2025"},null,null,"m²","(Coeficiente na composição principal) x (quantidade da principal no orçamento)",null,"kg"]
["",2003842,"Enchimento de junta de concreto com argamassa asfáltica de densidade 1.700 kg/m³ - espessura de 1 cm",{"$nulls":5},{"$f":"('MOMENTO DE TRANSPORTE - PRINC'!D90*VLOOKUP(C85,'RESUMO MODULO TOTAL'!$C$11:$L$52,6,0))*0.1","v":270}]
["","F - MOMENTO DE TRANSPORTE",null,"Quantidade","Unidade","DMT"]
["",{"$nulls":4},"LN","RP","P","TIPO (P, RP ou LN)","DMT ESTIMADA (km)","QUANTITATIVO TOTAL DE TRANSPORTE DE MATERIAL (tkm)"]
[{"$f":"IF(I83=\"P\",H83,IF(I83=\"RP\",G83,IF(I83=\"LN\",F83,\"\")))","v":5914464},"M2158","Argamassa asfáltica - Caminhão carroceria com capacidade de 15 t - 188 Kw",1E-3,"tkm",5914449,5914464,5914479,{"$f":"$B$64","v":"RP"},{"$f":"D64","v":50},{"$f":"IF(ISBLANK(J83),\"\",J83*(D83*$I$80))","v":13.5}]
[]
[null,"PRINCIPAL:",2003943]
[]
[{"$f":"IF(I87=\"P\",H87,IF(I87=\"RP\",G87,IF(I87=\"LN\",F87,\"\")))","v":""}]
{"$rows_empty":49}
[{"$nulls":5},{"$f":"99.6*2","v":199.2}]
[]
[{"$nulls":5},{"$f":"1500*2","v":3000}]
[{"$nulls":5},{"$f":"1500*2","v":3000}]
[{"$nulls":5},{"$f":"1500*2","v":3000}]
[{"$nulls":5},{"$f":"1500*2","v":3000}]
[{"$nulls":5},{"$f":"113.18*2","v":226.36}]
[{"$nulls":5},{"$f":"1121.33*2","v":2242.66}]
{"$rows_empty":79}
[{"$nulls":5},{"$f":"H14+H18+H26+H30","v":5914389}]

{"sheet":"Mob","index":4,"n_rows":224,"n_cols":9,"rows_kept":224,"cut":false,"hidden":false,"merged":[[3,0,3,7],[4,0,8,4],[4,5,4,6],[5,5,6,6],[5,7,6,7],[7,5,8,6],[7,7,8,7],[10,6,10,7],[59,0,59,1],[10,0,11,0],[10,1,11,1],[10,2,11,2],[10,3,11,3],[10,4,11,4],[10,5,11,5]]}
[]
[]
[]
[{"$f":"'RESUMO MODULO TOTAL'!B56","v":"CONTRATAÇÃO DE SERVIÇOS DE EXECUÇÃO DE PAVIMENTAÇÃO EM BLOCO INTERTRAVADO DE CONCRETO EM VIAS DE DIVERSOS MUNICÍPIOS INSERIDOS NA ÁREA DE ATUAÇÃO DA 13ª SUPERINTENDÊNCIA REGIONAL DA CODEVASF, NO ESTADO DA PARAÍBA"}]
["MOBILIZAÇÃO/DESMOBILIZAÇÃO (MOB)",{"$nulls":4},"Frentes de serviços",null,{"$f":"'MC MODULO'!G1","v":45}]
[{"$nulls":5},"Distância da Capital ao Canteiro:",null,70,"Fica a cargo de cada SR colocar a distancia adequada de acordo com o historico de mobilização"]
[]
[{"$nulls":5},"Velocidade média de transporte (pavim.):",null,60]
[]
["Transporte dos equipamentos"]
["CODIGO","EQUIPAMENTO","VEÍCULO TRANSPORTADOR","QTDE","K","FU","CUSTO DO TRANSPORTE"]
[{"$nulls":6},"(R$/h)","(R$)/km"]
["E9524",{"$f":"VLOOKUP(A13,'Equipamentos 04-25'!$A:$K,2,FALSE)","v":"Motoniveladora - 93 kW"},{"$f":"IFERROR(INDEX('Tabelas 2 e 3 mob'!A:K,MATCH(A13,'Tabelas 2 e 3 mob'!A:A,0),9),\"ERRO\")","v":"E9665"},1,2,1,{"$f":"IF(C13=\"Veículo(s) da própria frota.\",0,INDEX('Equipamentos 04-25'!B:K,MATCH(C13,'Equipamentos 04-25'!A:A,0),9))","v":404.7552},{"$f":"((D13*E13*F13)/$H$8)*G13","v":13.49184}]
["E9526",{"$f":"VLOOKUP(A14,'Equipamentos 04-25'!$A:$K,2,FALSE)","v":"Retroescavadeira de pneus - capacidade da caçamba da pá-carregadeira de 0,76 m³ e da retroescavadeira de 0,29 m³ - 58 kW "},{"$f":"IFERROR(INDEX('Tabelas 2 e 3 mob'!A:K,MATCH(A14,'Tabelas 2 e 3 mob'!A:A,0),9),\"ERRO\")","v":"E9665"},1,2,1,{"$f":"IF(C14=\"Veículo(s) da própria frota.\",0,INDEX('Equipamentos 04-25'!B:K,MATCH(C14,'Equipamentos 04-25'!A:A,0),9))","v":404.7552},{"$f":"((D14*E14*F14)/$H$8)*G14","v":13.49184}]
["E9577",{"$f":"VLOOKUP(A15,'Equipamentos 04-25'!$A:$K,2,FALSE)","v":"Trator agrícola sobre pneus - 77 kW"},{"$f":"IFERROR(INDEX('Tabelas 2 e 3 mob'!A:K,MATCH(A15,'Tabelas 2 e 3 mob'!A:A,0),9),\"ERRO\")","v":"E9665"},1,2,0.5,{"$f":"IF(C15=\"Veículo(s) da própria frota.\",0,INDEX('Equipamentos 04-25'!B:K,MATCH(C15,'Equipamentos 04-25'!A:A,0),9))","v":404.7552},6.7459199999999999]
["E9518",{"$f":"VLOOKUP(A16,'Equipamentos 04-25'!$A:$K,2,FALSE)","v":"Grade de 24 discos rebocável de D = 60 cm (24\")"},{"$f":"IFERROR(INDEX('Tabelas 2 e 3 mob'!A:K,MATCH(A16,'Tabelas 2 e 3 mob'!A:A,0),9),\"ERRO\")","v":"Veículo(s) da própria frota."},1,2,0,{"$f":"IF(C16=\"Veículo(s) da própria frota.\",0,INDEX(Equipamentos!B:K,MATCH(C16,Equipamentos!A:A,0),9))","v":0},0]
["E9530",{"$f":"VLOOKUP(A17,'Equipamentos 04-25'!$A:$K,2,FALSE)","v":"Rolo compactador liso vibratório autopropelido por pneus de 11 t - 97 kW"},{"$f":"IFERROR(INDEX('Tabelas 2 e 3 mob'!A:K,MATCH(A17,'Tabelas 2 e 3 mob'!A:A,0),9),\"ERRO\")","v":"E9666"},1,2,0.5,{"$f":"IF(C17=\"Veículo(s) da própria frota.\",0,INDEX('Equipamentos 04-25'!B:K,MATCH(C17,'Equipamentos 04-25'!A:A,0),9))","v":447.77780000000001},7.4629633333333336]
["E9558",{"$f":"VLOOKUP(A18,'Equipamentos 04-25'!$A:$K,2,FALSE)","v":"Tanque de estocagem de asfalto com capacidade de 30.000 l"},{"$f":"IFERROR(INDEX('Tabelas 2 e 3 mob'!A:K,MATCH(A18,'Tabelas 2 e 3 mob'!A:A,0),9),\"ERRO\")","v":"E9665"},0,2,1,{"$f":"IF(C18=\"Veículo(s) da própria frota.\",0,INDEX('Equipamentos 04-25'!B:K,MATCH(C18,'Equipamentos 04-25'!A:A,0),9))","v":404.7552},0]
["E9758",{"$f":"VLOOKUP(A19,'Equipamentos 04-25'!$A:$K,2,FALSE)","v":"Vibroacabadora de asfalto sobre pneus - 97 kW"},{"$f":"IFERROR(INDEX('Tabelas 2 e 3 mob'!A:K,MATCH(A19,'Tabelas 2 e 3 mob'!A:A,0),9),\"ERRO\")","v":"E9018"},0,2,0.5,{"$f":"IF(C19=\"Veículo(s) da própria frota.\",0,INDEX('Equipamentos 04-25'!B:K,MATCH(C19,'Equipamentos 04-25'!A:A,0),9))","v":533.22649999999999},0]
["E9685",{"$f":"VLOOKUP(A20,'Equipamentos 04-25'!$A:$K,2,FALSE)","v":"Rolo compactador pé de carneiro vibratório autopropelido por pneus de 11,6 t - 82 kW"},{"$f":"IFERROR(INDEX('Tabelas 2 e 3 mob'!A:K,MATCH(A20,'Tabelas 2 e 3 mob'!A:A,0),9),\"ERRO\")","v":"E9666"},1,2,0.5,{"$f":"IF(C20=\"Veículo(s) da própria frota.\",0,INDEX('Equipamentos 04-25'!B:K,MATCH(C20,'Equipamentos 04-25'!A:A,0),9))","v":447.77780000000001},7.4629633333333336]
["E9605",{"$f":"VLOOKUP(A21,'Equipamentos 04-25'!$A:$K,2,FALSE)","v":"Caminhão tanque com capacidade de 6.000 l - 136 kW"},{"$f":"IFERROR(INDEX('Tabelas 2 e 3 mob'!A:K,MATCH(A21,'Tabelas 2 e 3 mob'!A:A,0),9),\"ERRO\")","v":"E9605"},1,1,1,{"$f":"IF(C21=\"Veículo(s) da própria frota.\",0,INDEX('Equipamentos 04-25'!B:K,MATCH(C21,'Equipamentos 04-25'!A:A,0),9))","v":246.64420000000001},4.1107366666666669]
["E9579",{"$f":"VLOOKUP(A22,'Equipamentos 04-25'!$A:$K,2,FALSE)","v":"Caminhão basculante com capacidade de 10 m³ - 210 kW"},{"$f":"IFERROR(INDEX('Tabelas 2 e 3 mob'!A:K,MATCH(A22,'Tabelas 2 e 3 mob'!A:A,0),9),\"ERRO\")","v":"E9579"},5,1,1,{"$f":"IF(C22=\"Veículo(s) da própria frota.\",0,INDEX('Equipamentos 04-25'!B:K,MATCH(C22,'Equipamentos 04-25'!A:A,0),9))","v":288.01870000000002},24.001558333333335]
["E9509",{"$f":"VLOOKUP(A23,'Equipamentos 04-25'!$A:$K,2,FALSE)","v":"Caminhão tanque distribuidor de asfalto com capacidade de 6.000 l - 7 kW/136 kW"},{"$f":"IFERROR(INDEX('Tabelas 2 e 3 mob'!A:K,MATCH(A23,'Tabelas 2 e 3 mob'!A:A,0),9),\"ERRO\")","v":"E9509"},0,1,1,{"$f":"IF(C23=\"Veículo(s) da própria frota.\",0,INDEX('Equipamentos 04-25'!B:K,MATCH(C23,'Equipamentos 04-25'!A:A,0),9))","v":260.8648},0]
["E9762",{"$f":"VLOOKUP(A24,'Equipamentos 04-25'!$A:$K,2,FALSE)","v":"Rolo compactador de pneus autopropelido de 27 t - 85 kW"},{"$f":"IFERROR(INDEX('Tabelas 2 e 3 mob'!A:K,MATCH(A24,'Tabelas 2 e 3 mob'!A:A,0),9),\"ERRO\")","v":"E9666"},1,2,0.5,{"$f":"IF(C24=\"Veículo(s) da própria frota.\",0,INDEX('Equipamentos 04-25'!B:K,MATCH(C24,'Equipamentos 04-25'!A:A,0),9))","v":447.77780000000001},7.4629633333333336]
["E9681",{"$f":"VLOOKUP(A25,'Equipamentos 04-25'!$A:$K,2,FALSE)","v":"Rolo compactador liso tandem vibratório autopropelido de 10,4 t - 82 kW"},{"$f":"IFERROR(INDEX('Tabelas 2 e 3 mob'!A:K,MATCH(A25,'Tabelas 2 e 3 mob'!A:A,0),9),\"ERRO\")","v":"E9666"},0,2,0.5,{"$f":"IF(C25=\"Veículo(s) da própria frota.\",0,INDEX('Equipamentos 04-25'!B:K,MATCH(C25,'Equipamentos 04-25'!A:A,0),9))","v":447.77780000000001},0]
["E9545",{"$f":"VLOOKUP(A26,'Equipamentos 04-25'!$A:$K,2,FALSE)","v":"Vibroacabadora de asfalto sobre esteiras - 97 kW"},{"$f":"IFERROR(INDEX('Tabelas 2 e 3 mob'!A:K,MATCH(A26,'Tabelas 2 e 3 mob'!A:A,0),9),\"ERRO\")","v":"E9018"},0,2,0.5,{"$f":"IF(C26=\"Veículo(s) da própria frota.\",0,INDEX('Equipamentos 04-25'!B:K,MATCH(C26,'Equipamentos 04-25'!A:A,0),9))","v":533.22649999999999},0]
["E9571",{"$f":"VLOOKUP(A27,'Equipamentos 04-25'!$A:$K,2,FALSE)","v":"Caminhão tanque com capacidade de 10.000 l - 188 kW"},{"$f":"IFERROR(INDEX('Tabelas 2 e 3 mob'!A:K,MATCH(A27,'Tabelas 2 e 3 mob'!A:A,0),9),\"ERRO\")","v":"E9571"},1,1,1,{"$f":"IF(C27=\"Veículo(s) da própria frota.\",0,INDEX('Equipamentos 04-25'!B:K,MATCH(C27,'Equipamentos 04-25'!A:A,0),9))","v":325.0994},5.4183233333333334]
["E9514",{"$f":"VLOOKUP(A28,'Equipamentos 04-25'!$A:$K,2,FALSE)","v":"Distribuidor de agregados sobre pneus autopropelido - 130 kW"},{"$f":"IFERROR(INDEX('Tabelas 2 e 3 mob'!A:K,MATCH(A28,'Tabelas 2 e 3 mob'!A:A,0),9),\"ERRO\")","v":"E9665"},1,2,0.5,{"$f":"IF(C28=\"Veículo(s) da própria frota.\",0,INDEX('Equipamentos 04-25'!B:K,MATCH(C28,'Equipamentos 04-25'!A:A,0),9))","v":404.7552},6.7459199999999999]
["E9511",{"$f":"VLOOKUP(A29,'Equipamentos 04-25'!$A:$K,2,FALSE)","v":"Carregadeira de pneus com capacidade de 3,40 m³ - 195 kW"},{"$f":"IFERROR(INDEX('Tabelas 2 e 3 mob'!A:K,MATCH(A29,'Tabelas 2 e 3 mob'!A:A,0),9),\"ERRO\")","v":"E9665"},1,2,1,{"$f":"IF(C29=\"Veículo(s) da própria frota.\",0,INDEX('Equipamentos 04-25'!B:K,MATCH(C29,'Equipamentos 04-25'!A:A,0),9))","v":404.7552},13.49184]
["E9779",{"$f":"VLOOKUP(A30,'Equipamentos 04-25'!$A:$K,2,FALSE)","v":"Grupo gerador - 113 kVA"},{"$f":"IFERROR(INDEX('Tabelas 2 e 3 mob'!A:K,MATCH(A30,'Tabelas 2 e 3 mob'!A:A,0),9),\"ERRO\")","v":"Veículo(s) da própria frota."},1,2,0,{"$f":"IF(C30=\"Veículo(s) da própria frota.\",0,INDEX('Equipamentos 04-25'!B:K,MATCH(C30,'Equipamentos 04-25'!A:A,0),9))","v":0},0]
["E9559",{"$f":"VLOOKUP(A31,'Equipamentos 04-25'!$A:$K,2,FALSE)","v":"Aquecedor de fluido térmico - 12 kW"},{"$f":"IFERROR(INDEX('Tabelas 2 e 3 mob'!A:K,MATCH(A31,'Tabelas 2 e 3 mob'!A:A,0),9),\"ERRO\")","v":"Veículo(s) da própria frota."},1,2,0,{"$f":"IF(C31=\"Veículo(s) da própria frota.\",0,INDEX('Equipamentos 04-25'!B:K,MATCH(C31,'Equipamentos 04-25'!A:A,0),9))","v":0},0]
["E9584",{"$f":"VLOOKUP(A32,'Equipamentos 04-25'!$A:$K,2,FALSE)","v":"Carregadeira de pneus com capacidade de 1,72 m³ - 113 kW"},{"$f":"IFERROR(INDEX('Tabelas 2 e 3 mob'!A:K,MATCH(A32,'Tabelas 2 e 3 mob'!A:A,0),9),\"ERRO\")","v":"E9665"},1,2,1,{"$f":"IF(C32=\"Veículo(s) da própria frota.\",0,INDEX('Equipamentos 04-25'!B:K,MATCH(C32,'Equipamentos 04-25'!A:A,0),9))","v":404.7552},13.49184]
["E9021",{"$f":"VLOOKUP(A33,'Equipamentos 04-25'!$A:$K,2,FALSE)","v":"Grupo gerador - 456 kVA"},{"$f":"IFERROR(INDEX('Tabelas 2 e 3 mob'!A:K,MATCH(A33,'Tabelas 2 e 3 mob'!A:A,0),9),\"ERRO\")","v":"E9508"},1,2,1,{"$f":"IF(C33=\"Veículo(s) da própria frota.\",0,INDEX('Equipamentos 04-25'!B:K,MATCH(C33,'Equipamentos 04-25'!A:A,0),9))","v":179.91399999999999},5.9971333333333332]
["E9687",{"$f":"VLOOKUP(A34,'Equipamentos 04-25'!$A:$K,2,FALSE)","v":"Caminhão carroceria com capacidade de 5 t - 120 kW"},{"$f":"IFERROR(INDEX('Tabelas 2 e 3 mob'!A:K,MATCH(A34,'Tabelas 2 e 3 mob'!A:A,0),9),\"ERRO\")","v":"E9687"},1,1,1,{"$f":"IF(C34=\"Veículo(s) da própria frota.\",0,INDEX('Equipamentos 04-25'!B:K,MATCH(C34,'Equipamentos 04-25'!A:A,0),9))","v":151.38329999999999},2.5230549999999998]
["E9667",{"$f":"VLOOKUP(A35,'Equipamentos 04-25'!$A:$K,2,FALSE)","v":"Caminhão basculante com capacidade de 14 m³ - 210 kW"},{"$f":"IFERROR(INDEX('Tabelas 2 e 3 mob'!A:K,MATCH(A35,'Tabelas 2 e 3 mob'!A:A,0),9),\"ERRO\")","v":"E9667"},1,1,1,{"$f":"IF(C35=\"Veículo(s) da própria frota.\",0,INDEX('Equipamentos 04-25'!B:K,MATCH(C35,'Equipamentos 04-25'!A:A,0),9))","v":307.17329999999998},5.1195550000000001]
["E9644",{"$f":"VLOOKUP(A36,'Equipamentos 04-25'!$A:$K,2,FALSE)","v":"Caminhão demarcador de faixas com sistema de pintura a frio - 28 kW/129 kW"},{"$f":"IFERROR(INDEX('Tabelas 2 e 3 mob'!A:K,MATCH(A36,'Tabelas 2 e 3 mob'!A:A,0),9),\"ERRO\")","v":"E9644"},1,1,1,{"$f":"IF(C36=\"Veículo(s) da própria frota.\",0,INDEX('Equipamentos 04-25'!B:K,MATCH(C36,'Equipamentos 04-25'!A:A,0),9))","v":394.8272},6.5804533333333337]
["E9592",{"$f":"VLOOKUP(A37,'Equipamentos 04-25'!$A:$K,2,FALSE)","v":"Caminhão carroceria com capacidade de 15 t - 188 kW"},{"$f":"IFERROR(INDEX('Tabelas 2 e 3 mob'!A:K,MATCH(A37,'Tabelas 2 e 3 mob'!A:A,0),9),\"ERRO\")","v":"E9592"},1,1,1,{"$f":"IF(C37=\"Veículo(s) da própria frota.\",0,INDEX('Equipamentos 04-25'!B:K,MATCH(C37,'Equipamentos 04-25'!A:A,0),9))","v":265.2319},4.4205316666666663]
["E9540",{"$f":"VLOOKUP(A38,'Equipamentos 04-25'!$A:$K,2,FALSE)","v":"Trator sobre esteiras com lâmina - 127 kW"},{"$f":"IFERROR(INDEX('Tabelas 2 e 3 mob'!A:K,MATCH(A38,'Tabelas 2 e 3 mob'!A:A,0),9),\"ERRO\")","v":"E9018"},1,2,0.5,{"$f":"IF(C38=\"Veículo(s) da própria frota.\",0,INDEX('Equipamentos 04-25'!B:K,MATCH(C38,'Equipamentos 04-25'!A:A,0),9))","v":533.22649999999999},8.8871083333333338]
["E9515",{"$f":"VLOOKUP(A39,'Equipamentos 04-25'!$A:$K,2,FALSE)","v":"Escavadeira hidráulica sobre esteiras com caçamba com capacidade de 1,56 m³ - 118 kW"},{"$f":"IFERROR(INDEX('Tabelas 2 e 3 mob'!A:K,MATCH(A39,'Tabelas 2 e 3 mob'!A:A,0),9),\"ERRO\")","v":"E9666"},1,2,1,{"$f":"IF(C39=\"Veículo(s) da própria frota.\",0,INDEX('Equipamentos 04-25'!B:K,MATCH(C39,'Equipamentos 04-25'!A:A,0),9))","v":447.77780000000001},14.925926666666667]
["E9506",{"$f":"VLOOKUP(A40,'Equipamentos 04-25'!$A:$K,2,FALSE)","v":"Caminhão basculante com capacidade de 6 m³ - 136 kW"},{"$f":"IFERROR(INDEX('Tabelas 2 e 3 mob'!A:K,MATCH(A40,'Tabelas 2 e 3 mob'!A:A,0),9),\"ERRO\")","v":"E9506"},1,1,1,{"$f":"IF(C40=\"Veículo(s) da própria frota.\",0,INDEX('Equipamentos 04-25'!B:K,MATCH(C40,'Equipamentos 04-25'!A:A,0),9))","v":182.02289999999999},3.0337149999999999]
["E9256",{"$f":"VLOOKUP(A41,'Equipamentos 04-25'!$A:$K,2,FALSE)","v":"Equipamento para pintura com cal rebocável com dois bicos aplicadores e capacidade de 2.200 l"},{"$f":"IFERROR(INDEX('Tabelas 2 e 3 mob'!A:K,MATCH(A41,'Tabelas 2 e 3 mob'!A:A,0),9),\"ERRO\")","v":"Veículo(s) da própria frota."},1,2,0,{"$f":"IF(C41=\"Veículo(s) da própria frota.\",0,INDEX('Equipamentos 04-25'!B:K,MATCH(C41,'Equipamentos 04-25'!A:A,0),9))","v":0},0]
["E9156",{"$f":"VLOOKUP(A42,'Equipamentos 04-25'!$A:$K,2,FALSE)","v":"Soprador de ar costal - 2,6 kW"},{"$f":"IFERROR(INDEX('Tabelas 2 e 3 mob'!A:K,MATCH(A42,'Tabelas 2 e 3 mob'!A:A,0),9),\"ERRO\")","v":"Veículo(s) da própria frota."},1,2,0,{"$f":"IF(C42=\"Veículo(s) da própria frota.\",0,INDEX('Equipamentos 04-25'!B:K,MATCH(C42,'Equipamentos 04-25'!A:A,0),9))","v":0},0]
["E9146",{"$f":"VLOOKUP(A43,'Equipamentos 04-25'!$A:$K,2,FALSE)","v":"Caminhão silo com capacidade de 30 m³ - 368 kW"},{"$f":"IFERROR(INDEX('Tabelas 2 e 3 mob'!A:K,MATCH(A43,'Tabelas 2 e 3 mob'!A:A,0),9),\"ERRO\")","v":"E9146"},1,1,1,{"$f":"IF(C43=\"Veículo(s) da própria frota.\",0,INDEX('Equipamentos 04-25'!B:K,MATCH(C43,'Equipamentos 04-25'!A:A,0),9))","v":597.98109999999997},9.9663516666666663]
["E9599",{"$f":"VLOOKUP(A44,'Equipamentos 04-25'!$A:$K,2,FALSE)","v":"Central de concreto com capacidade de 30 m³/h - dosadora RS"},{"$f":"IFERROR(INDEX('Tabelas 2 e 3 mob'!A:K,MATCH(A44,'Tabelas 2 e 3 mob'!A:A,0),9),\"ERRO\")","v":"E9018"},1,2,1,{"$f":"IF(C44=\"Veículo(s) da própria frota.\",0,INDEX('Equipamentos 04-25'!B:K,MATCH(C44,'Equipamentos 04-25'!A:A,0),9))","v":533.22649999999999},17.774216666666668]
["E9103",{"$f":"VLOOKUP(A45,'Equipamentos 04-25'!$A:$K,2,FALSE)","v":"Extrusora para meio-fio de concreto - 10,44 kW"},{"$f":"IFERROR(INDEX('Tabelas 2 e 3 mob'!A:K,MATCH(A45,'Tabelas 2 e 3 mob'!A:A,0),9),\"ERRO\")","v":"Veículo(s) da própria frota."},1,2,0,{"$f":"IF(C45=\"Veículo(s) da própria frota.\",0,INDEX('Equipamentos 04-25'!B:K,MATCH(C45,'Equipamentos 04-25'!A:A,0),9))","v":0},0]
["E9071",{"$f":"VLOOKUP(A46,'Equipamentos 04-25'!$A:$K,2,FALSE)","v":"Transportador manual carrinho de mão com capacidade de 80 l"},{"$f":"IFERROR(INDEX('Tabelas 2 e 3 mob'!A:K,MATCH(A46,'Tabelas 2 e 3 mob'!A:A,0),9),\"ERRO\")","v":"Veículo(s) da própria frota."},0,2,0,{"$f":"IF(C46=\"Veículo(s) da própria frota.\",0,INDEX('Equipamentos 04-25'!B:K,MATCH(C46,'Equipamentos 04-25'!A:A,0),9))","v":0},0]
["E9064",{"$f":"VLOOKUP(A47,'Equipamentos 04-25'!$A:$K,2,FALSE)","v":"Transportador manual gerica com capacidade de 180 l"},{"$f":"IFERROR(INDEX('Tabelas 2 e 3 mob'!A:K,MATCH(A47,'Tabelas 2 e 3 mob'!A:A,0),9),\"ERRO\")","v":"Veículo(s) da própria frota."},0,2,0,{"$f":"IF(C47=\"Veículo(s) da própria frota.\",0,INDEX('Equipamentos 04-25'!B:K,MATCH(C47,'Equipamentos 04-25'!A:A,0),9))","v":0},0]
["E9066",{"$f":"VLOOKUP(A48,'Equipamentos 04-25'!$A:$K,2,FALSE)","v":"Grupo gerador - 14 kVA"},{"$f":"IFERROR(INDEX('Tabelas 2 e 3 mob'!A:K,MATCH(A48,'Tabelas 2 e 3 mob'!A:A,0),9),\"ERRO\")","v":"Veículo(s) da própria frota."},0,2,0,{"$f":"IF(C48=\"Veículo(s) da própria frota.\",0,INDEX('Equipamentos 04-25'!B:K,MATCH(C48,'Equipamentos 04-25'!A:A,0),9))","v":0},0]
["E9535",{"$f":"VLOOKUP(A49,'Equipamentos 04-25'!$A:$K,2,FALSE)","v":"Serra circular com bancada - D = 30 cm - 4 kW"},{"$f":"IFERROR(INDEX('Tabelas 2 e 3 mob'!A:K,MATCH(A49,'Tabelas 2 e 3 mob'!A:A,0),9),\"ERRO\")","v":"Veículo(s) da própria frota."},0,2,0,{"$f":"IF(C49=\"Veículo(s) da própria frota.\",0,INDEX('Equipamentos 04-25'!B:K,MATCH(C49,'Equipamentos 04-25'!A:A,0),9))","v":0},0]
["E9507",{"$f":"VLOOKUP(A50,'Equipamentos 04-25'!$A:$K,2,FALSE)","v":"Plotadora de recorte com computador e programa computacional"},{"$f":"IFERROR(INDEX('Tabelas 2 e 3 mob'!A:K,MATCH(A50,'Tabelas 2 e 3 mob'!A:A,0),9),\"ERRO\")","v":"Veículo(s) da própria frota."},0,2,0,{"$f":"IF(C50=\"Veículo(s) da própria frota.\",0,INDEX('Equipamentos 04-25'!B:K,MATCH(C50,'Equipamentos 04-25'!A:A,0),9))","v":0},0]
["E9568",{"$f":"VLOOKUP(A51,'Equipamentos 04-25'!$A:$K,2,FALSE)","v":"Furadeira de impacto de 12,5 mm - 0,80 kW"},{"$f":"IFERROR(INDEX('Tabelas 2 e 3 mob'!A:K,MATCH(A51,'Tabelas 2 e 3 mob'!A:A,0),9),\"ERRO\")","v":"Veículo(s) da própria frota."},0,2,0,{"$f":"IF(C51=\"Veículo(s) da própria frota.\",0,INDEX('Equipamentos 04-25'!B:K,MATCH(C51,'Equipamentos 04-25'!A:A,0),9))","v":0},0]
["E9753",{"$f":"VLOOKUP(A52,'Equipamentos 04-25'!$A:$K,2,FALSE)","v":"Grupo gerador - 23 kVA"},{"$f":"IFERROR(INDEX('Tabelas 2 e 3 mob'!A:K,MATCH(A52,'Tabelas 2 e 3 mob'!A:A,0),9),\"ERRO\")","v":"Veículo(s) da própria frota."},0,2,0,{"$f":"IF(C52=\"Veículo(s) da própria frota.\",0,INDEX('Equipamentos 04-25'!B:K,MATCH(C52,'Equipamentos 04-25'!A:A,0),9))","v":0},0]
["E9623",{"$f":"VLOOKUP(A53,'Equipamentos 04-25'!$A:$K,2,FALSE)","v":"Máquina de bancada guilhotina - 4,00 kW"},{"$f":"IFERROR(INDEX('Tabelas 2 e 3 mob'!A:K,MATCH(A53,'Tabelas 2 e 3 mob'!A:A,0),9),\"ERRO\")","v":"Veículo(s) da própria frota."},0,2,0,{"$f":"IF(C53=\"Veículo(s) da própria frota.\",0,INDEX('Equipamentos 04-25'!B:K,MATCH(C53,'Equipamentos 04-25'!A:A,0),9))","v":0},0]
["E9622",{"$f":"VLOOKUP(A54,'Equipamentos 04-25'!$A:$K,2,FALSE)","v":"Máquina de bancada universal para corte de chapa - 1,50 kW"},{"$f":"IFERROR(INDEX('Tabelas 2 e 3 mob'!A:K,MATCH(A54,'Tabelas 2 e 3 mob'!A:A,0),9),\"ERRO\")","v":"Veículo(s) da própria frota."},0,2,0,{"$f":"IF(C54=\"Veículo(s) da própria frota.\",0,INDEX('Equipamentos 04-25'!B:K,MATCH(C54,'Equipamentos 04-25'!A:A,0),9))","v":0},0]
["E9678",{"$f":"VLOOKUP(A55,'Equipamentos 04-25'!$A:$K,2,FALSE)","v":"Fresadora a frio - 455 kW"},{"$f":"IFERROR(INDEX('Tabelas 2 e 3 mob'!A:K,MATCH(A55,'Tabelas 2 e 3 mob'!A:A,0),9),\"ERRO\")","v":"E9666"},0,2,1,{"$f":"IF(C55=\"Veículo(s) da própria frota.\",0,INDEX('Equipamentos 04-25'!B:K,MATCH(C55,'Equipamentos 04-25'!A:A,0),9))","v":447.77780000000001},0]
["E9686",{"$f":"VLOOKUP(A56,'Equipamentos 04-25'!$A:$K,2,FALSE)","v":"Caminhão guindauto com capacidade de elevação de 6,2 t e carroceria de 7 t - 136 kW"},{"$f":"IFERROR(INDEX('Tabelas 2 e 3 mob'!A:K,MATCH(A56,'Tabelas 2 e 3 mob'!A:A,0),9),\"ERRO\")","v":"E9686"},1,2,1,{"$f":"IF(C56=\"Veículo(s) da própria frota.\",0,INDEX('Equipamentos 04-25'!B:K,MATCH(C56,'Equipamentos 04-25'!A:A,0),9))","v":289.18189999999998},{"$f":"((D56*E56*F56)/$H$8)*G56","v":9.6393966666666664}]
[{"$nulls":6},"TOTAL",{"$f":"SUM(H13:H56)","v":212.24615166666666}]
[]
[]
["CUSTO TOTAL MOBILIZAÇÃO E DESMOBILIZAÇÃO"]
["DESCRIÇÃO","VALOR"]
["Custo Mobilização (km)",{"$f":"H57","v":212.24615166666666}]
["BDI (%)",{"$f":"BDI!C14","v":0.2339}]
["Custo Mobilização (R$/km) com BDI",{"$f":"B62+(B62*B63)","v":261.89052654149998}]
["Total de Frentes",{"$f":"'MC MODULO'!G1","v":45}]
["Custo Mobilização (frentes x distancia)",{"$f":"B64*H6*B65","v":824955.15860572504}]
{"$rows_empty":70}
[{"$nulls":5},{"$f":"99.6*2","v":199.2}]
[]
[{"$nulls":5},{"$f":"1500*2","v":3000}]
[{"$nulls":5},{"$f":"1500*2","v":3000}]
[{"$nulls":5},{"$f":"1500*2","v":3000}]
[{"$nulls":5},{"$f":"1500*2","v":3000}]
[{"$nulls":5},{"$f":"113.18*2","v":226.36}]
[{"$nulls":5},{"$f":"1121.33*2","v":2242.66}]
{"$rows_empty":79}
[{"$nulls":5},{"$f":"H14+H18+H26+H30","v":13.49184}]

{"sheet":" Canteiro","index":5,"n_rows":224,"n_cols":6,"rows_kept":224,"cut":false,"hidden":false,"merged":[[3,0,3,5],[3,9,4,9],[4,7,4,8],[9,3,9,4],[11,3,11,4],[11,0,11,2]]}
[]
[]
[]
["CANTEIRO DE OBRAS PARA CONSTRUÇAO RODOVIÁRIA"]
["Descrição dos serviços","Tipo de container","Unidade","Quantidade","Preço unitário (R$)","Total (R$)"]
["Escritório e seção técnica"]
["ALUGUEL DE CONTAINER – ESCRITÓRIO SEM BANHEIRO – 6,20 X 2,40 M, EQUIPADO COM 01 AR-CONDICIONADO;","10490*","mês",2,1400,{"$f":"TRUNC(D7*E7,2)","v":2800}]
["Banheiro e vestiário"]
["ALUGUEL DE CONTAINER – BANHEIRO COM 4 CHUVEIROS, 1 LAVATÓRIO, 1 MICTÓRIO E 4 BACIAS – 6,20 X 2,40 M.","10491*","mês ",2,1800,{"$f":"TRUNC(D9*E9,2)","v":3600}]
[null,null,null,"TOTAL DO CANTEIRO",null,{"$f":"SUM(F7:F9)","v":6400}]
[null,null,null,"BDI",null,{"$f":"BDI!C14","v":0.2339}]
["*O sistema de referência é o ORSE",null,null,"TOTAL DO CANTEIRO (com BDI)",null,{"$f":"F10+(F10*F11)","v":7896.96}]
{"$rows_empty":124}
[{"$nulls":5},{"$f":"99.6*2","v":199.2}]
[]
[{"$nulls":5},{"$f":"1500*2","v":3000}]
[{"$nulls":5},{"$f":"1500*2","v":3000}]
[{"$nulls":5},{"$f":"1500*2","v":3000}]
[{"$nulls":5},{"$f":"1500*2","v":3000}]
[{"$nulls":5},{"$f":"113.18*2","v":226.36}]
[{"$nulls":5},{"$f":"1121.33*2","v":2242.66}]
{"$rows_empty":79}
[{"$nulls":5},{"$f":"H14+H18+H26+H30","v":0}]

{"sheet":"Adm Local","index":6,"n_rows":251,"n_cols":10,"rows_kept":251,"cut":false,"hidden":false,"merged":[[249,3,249,4],[249,5,249,6],[250,3,250,4],[250,5,250,6],[140,3,140,4],[140,5,140,6],[156,3,156,4],[156,5,156,6],[246,7,246,8],[247,3,247,4],[247,5,247,6],[247,7,247,8],[248,3,248,4],[248,5,248,6],[248,7,248,8],[244,3,244,4],[244,5,244,6],[244,7,244,8],[245,3,245,4],[245,5,245,6],[245,7,245,8],[242,3,242,4],[242,5,242,6],[242,7,242,8],[243,3,243,4],[243,5,243,6],[243,7,243,8],[240,3,240,4],[240,5,240,6],[240,7,240,8],[241,3,241,4],[241,5,241,6],[241,7,241,8],[238,3,238,4],[238,5,238,6],[238,7,238,8],[239,3,239,4],[239,5,239,6],[239,7,239,8],[236,3,236,4],[236,5,236,6],[236,7,236,8],[237,3,237,4],[237,5,237,6],[237,7,237,8],[234,3,234,4],[234,5,234,6],[234,7,234,8],[235,3,235,4],[235,5,235,6],[235,7,235,8],[232,3,232,4],[232,5,232,6],[232,7,232,8],[233,3,233,4],[233,5,233,6],[233,7,233,8],[228,3,228,4],[228,5,228,6],[228,7,228,8],[231,3,231,4],[231,5,231,6],[231,7,231,8],[226,3,226,4],[226,5,226,6],[226,7,226,8],[227,3,227,4],[227,5,227,6],[227,7,227,8],[230,3,230,4],[230,5,230,6],[230,7,230,8],[224,3,224,4],[224,5,224,6],[224,7,224,8],[225,3,225,4],[225,5,225,6],[225,7,225,8],[222,3,222,4],[222,5,222,6],[222,7,222,8],[223,3,223,4],[223,5,223,6],[223,7,223,8],[215,3,215,4],[215,5,215,6],[215,7,215,8],[216,7,216,8],[220,0,220,8],[221,3,221,4],[221,5,221,6],[221,7,221,8],[213,3,213,4],[213,5,213,6],[213,7,213,8],[214,3,214,4],[214,5,214,6],[214,7,214,8],[211,3,211,4],[211,5,211,6],[211,7,211,8],[212,3,212,4],[212,5,212,6],[212,7,212,8],[208,3,208,4],[208,5,208,6],[208,7,208,8],[210,3,210,4],[210,5,210,6],[210,7,210,8],[206,3,206,4],[206,5,206,6],[206,7,206,8],[207,3,207,4],[207,5,207,6],[207,7,207,8],[204,3,204,4],[204,5,204,6],[204,7,204,8],[205,3,205,4],[205,5,205,6],[205,7,205,8],[202,3,202,4],[202,5,202,6],[202,7,202,8],[203,3,203,4],[203,5,203,6],[203,7,203,8],[196,0,196,8],[197,1,197,4],[198,1,198,4],[201,0,201,8],[177,0,177,8],[178,1,178,4],[191,0,191,8],[192,1,192,4],[193,1,193,4],[159,5,159,6],[159,7,159,8],[161,0,161,8],[162,0,162,8],[163,1,163,4],[176,0,176,8],[157,3,157,4],[157,5,157,6],[157,7,157,8],[158,3,158,4],[158,5,158,6],[158,7,158,8],[154,3,154,4],[154,5,154,6],[154,7,154,8],[155,3,155,4],[155,5,155,6],[155,7,155,8],[156,7,156,8],[150,5,150,6],[150,7,150,8],[152,0,152,8],[153,3,153,4],[153,5,153,6],[153,7,153,8],[148,3,148,4],[148,5,148,6],[148,7,148,8],[149,3,149,4],[149,5,149,6],[149,7,149,8],[144,5,144,6],[144,7,144,8],[146,0,146,8],[147,3,147,4],[147,5,147,6],[147,7,147,8],[142,3,142,4],[142,5,142,6],[142,7,142,8],[143,3,143,4],[143,5,143,6],[143,7,143,8],[138,3,138,4],[138,5,138,6],[138,7,138,8],[141,3,141,4],[141,5,141,6],[141,7,141,8],[140,7,140,8],[136,3,136,4],[136,5,136,6],[136,7,136,8],[137,3,137,4],[137,5,137,6],[137,7,137,8],[139,3,139,4],[139,5,139,6],[139,7,139,8],[134,3,134,4],[134,5,134,6],[134,7,134,8],[135,3,135,4],[135,5,135,6],[135,7,135,8],[130,3,130,4],[130,5,130,6],[130,7,130,8],[131,5,131,6],[131,7,131,8],[133,0,133,8],[128,3,128,4],[128,5,128,6],[128,7,128,8],[129,3,129,4],[129,5,129,6],[129,7,129,8],[126,3,126,4],[126,5,126,6],[126,7,126,8],[127,3,127,4],[127,5,127,6],[127,7,127,8],[122,3,122,4],[122,5,122,6],[122,7,122,8],[123,5,123,6],[123,7,123,8],[125,0,125,8],[120,3,120,4],[120,5,120,6],[120,7,120,8],[121,3,121,4],[121,5,121,6],[121,7,121,8],[116,5,116,6],[116,7,116,8],[118,0,118,8],[119,3,119,4],[119,5,119,6],[119,7,119,8],[114,3,114,4],[114,5,114,6],[114,7,114,8],[115,3,115,4],[115,5,115,6],[115,7,115,8],[113,3,113,4],[113,5,113,6],[113,7,113,8],[110,3,110,4],[110,5,110,6],[110,7,110,8],[111,3,111,4],[111,5,111,6],[111,7,111,8],[112,3,112,4],[112,5,112,6],[112,7,112,8],[64,3,64,4],[64,5,64,6],[64,7,64,8],[65,5,65,6],[65,7,65,8],[96,0,96,8],[72,0,72,8],[73,3,73,4],[73,5,73,6],[73,7,73,8],[74,3,74,4],[74,5,74,6],[74,7,74,8],[75,3,75,4],[75,5,75,6],[75,7,75,8],[76,3,76,4],[76,5,76,6],[76,7,76,8],[77,5,77,6],[77,7,77,8],[84,0,84,8],[85,3,85,4],[85,5,85,6],[62,3,62,4],[62,5,62,6],[62,7,62,8],[63,3,63,4],[63,5,63,6],[63,7,63,8],[53,5,53,6],[53,7,53,8],[60,0,60,8],[61,3,61,4],[61,5,61,6],[61,7,61,8],[51,3,51,4],[51,5,51,6],[51,7,51,8],[52,3,52,4],[52,5,52,6],[52,7,52,8],[32,0,32,8],[48,0,48,8],[49,3,49,4],[49,5,49,6],[49,7,49,8],[50,3,50,4],[50,5,50,6],[50,7,50,8],[28,3,28,4],[28,5,28,6],[28,7,28,8],[29,3,29,4],[29,5,29,6],[29,7,29,8],[26,3,26,4],[26,5,26,6],[26,7,26,8],[27,3,27,4],[27,5,27,6],[27,7,27,8],[24,3,24,4],[24,5,24,6],[24,7,24,8],[25,3,25,4],[25,5,25,6],[25,7,25,8],[22,3,22,4],[22,5,22,6],[22,7,22,8],[23,3,23,4],[23,5,23,6],[23,7,23,8],[20,3,20,4],[20,5,20,6],[20,7,20,8],[21,3,21,4],[21,5,21,6],[21,7,21,8],[18,3,18,4],[18,5,18,6],[18,7,18,8],[19,3,19,4],[19,5,19,6],[19,7,19,8],[16,3,16,4],[16,5,16,6],[16,7,16,8],[17,3,17,4],[17,5,17,6],[17,7,17,8],[14,3,14,4],[14,5,14,6],[14,7,14,8],[15,3,15,4],[15,5,15,6],[15,7,15,8],[12,3,12,4],[12,5,12,6],[12,7,12,8],[13,3,13,4],[13,5,13,6],[13,7,13,8],[10,3,10,4],[10,5,10,6],[10,7,10,8],[11,3,11,4],[11,5,11,6],[11,7,11,8],[9,3,9,4],[9,5,9,6],[9,7,9,8],[6,3,6,4],[6,5,6,6],[6,7,6,8],[7,3,7,4],[7,5,7,6],[7,7,7,8],[3,0,3,8],[4,3,4,4],[4,5,4,6],[4,7,4,8],[5,3,5,4],[5,5,5,6],[5,7,5,8],[8,3,8,4],[8,5,8,6],[8,7,8,8],[85,7,85,8],[86,3,86,4],[86,5,86,6],[86,7,86,8],[87,3,87,4],[87,5,87,6],[87,7,87,8],[88,3,88,4],[88,5,88,6],[88,7,88,8],[0,0,2,8],[89,5,89,6],[89,7,89,8],[229,3,229,4],[229,5,229,6],[229,7,229,8],[97,3,97,4],[97,5,97,6],[97,7,97,8],[98,3,98,4],[98,5,98,6],[98,7,98,8],[101,3,101,4],[101,5,101,6],[101,7,101,8],[102,5,102,6],[102,7,102,8],[109,0,109,8],[99,3,99,4],[99,5,99,6],[99,7,99,8],[100,3,100,4],[100,5,100,6],[100,7,100,8]]}
[]
[]
[]
["parcela fixa da administração local \n(mão de obra)"]
["Código","Discriminação ","Unidade"," Quantidade ",null,"Custo Unitário (R$)",null," Custo Total (R$)"]
[null,"Mão de Obra"]
[null,"Gerência Técnica"]
[null,"Geral"]
["P9955","Engenheiro chefe","mês",0.5,null,{"$f":"VLOOKUP(A9,'Pessoal Sicro 04-25'!$A$2:$G$118,4,0)","v":31661.8259},null,{"$f":"F9*D9","v":15830.91295}]
["P9840","Encarregado geral","mês",0.5,null,{"$f":"VLOOKUP(A10,'Pessoal Sicro 04-25'!$A$2:$G$118,4,0)","v":11545.5231},null,{"$f":"F10*D10","v":5772.7615500000002}]
["P9897","Técnico de meio ambiente","mês",0,null,{"$f":"VLOOKUP(A11,'Pessoal Sicro 04-25'!$A$2:$G$118,4,0)","v":7648.3333000000002},null,{"$f":"F11*D11","v":0}]
["P9948","Motorista","mês",0,null,{"$f":"VLOOKUP(A12,'Pessoal Sicro 04-25'!$A$2:$G$118,4,0)","v":5381.3995000000004},null,{"$f":"F12*D12","v":0}]
["P9878","Secretária","mês",0,null,{"$f":"VLOOKUP(A13,'Pessoal Sicro 04-25'!$A$2:$G$118,4,0)","v":6484.9723000000004},null,{"$f":"F13*D13","v":0}]
[{"$nulls":5},"Subtotal do Item 1.1",null,{"$f":"SUM(H9:I13)","v":21603.674500000001}]
[null,"Auxiliar"]
["P9946","Engenheiro auxiliar","mês",1,null,{"$f":"VLOOKUP(A16,'Pessoal Sicro 04-25'!$A$2:$G$118,4,0)","v":23677.817800000001},null,{"$f":"D16*F16","v":23677.817800000001}]
["P9903","Auxiliar técnico","mês",0,null,{"$f":"VLOOKUP(A17,'Pessoal Sicro 04-25'!$A$2:$G$118,4,0)","v":4451.2156999999997},null,{"$f":"D17*F17","v":0}]
[{"$nulls":5},"Subtotal do Item 1.2",null,{"$f":"SUM(H16:I17)","v":23677.817800000001}]
[null,"Gerência Administrativa"]
[null,"Geral"]
["P9883","Chefe do setor administrativo","mês",1,null,{"$f":"VLOOKUP(A21,'Pessoal Sicro 04-25'!$A$2:$G$118,4,0)","v":7342.1571999999996},null,{"$f":"F21*D21","v":7342.1571999999996}]
["P9809","Encarregado administrativo","mês",0,null,{"$f":"VLOOKUP(A22,'Pessoal Sicro 04-25'!$A$2:$G$118,4,0)","v":7342.2457000000004},null,{"$f":"F22*D22","v":0}]
["P9896","Porteiro","mês",0,null,{"$f":"VLOOKUP(A23,'Pessoal Sicro 04-25'!$A$2:$G$118,4,0)","v":3792.7152999999998},null,{"$f":"F23*D23","v":0}]
["P9827","Vigia","mês",0,null,{"$f":"VLOOKUP(A24,'Pessoal Sicro 04-25'!$A$2:$G$118,4,0)","v":4467.5468000000001},null,{"$f":"F24*D24","v":0}]
["P9948","Motorista","mês",0,null,{"$f":"VLOOKUP(A25,'Pessoal Sicro 04-25'!$A$2:$G$118,4,0)","v":5381.3995000000004},null,{"$f":"F25*D25","v":0}]
[{"$nulls":5},"Subtotal do Item 1.3",null,{"$f":"SUM(H21:I25)","v":7342.1571999999996}]
[null,"Auxiliar"]
["P9806","Auxiliar administrativo","mês",1,null,{"$f":"VLOOKUP(A28,'Pessoal Sicro 04-25'!$A$2:$G$118,4,0)","v":4191.9021000000002},null,{"$f":"F28*D28","v":4191.9021000000002}]
["P9842","Faxineiro","mês",0,null,{"$f":"VLOOKUP(A29,'Pessoal Sicro 04-25'!$A$2:$G$118,4,0)","v":3799.9827},null,{"$f":"F29*D29","v":0}]
[{"$nulls":5},"Subtotal do Item 1.4",null,{"$f":"SUM(H28:I29)","v":4191.9021000000002}]
[{"$nulls":7},"Total da Mão de Obra da Parcela Fixa",{"$f":"H30+H26+H18+H14","v":56815.551599999999}]
[]
["parcela fixa da administração local \n(veículos)"]
["Código","Discriminação ","Unidade"," Quantidade ","Utilização Produtiva","Utilização Improdutiva","Custo Horário \nProdutivo (R$)","Custo Horário Improdutivo (R$)","Custo Total (R$)"]
[2,"Veículos"]
[null,"Gerência Técnica"]
["2.1","Geral"]
["E9093","Veículo Leve 53 kw","mês",1,44,176,{"$f":"VLOOKUP(A38,'Equipamentos 04-25'!$A$2:$K$541,10,0)","v":37.399799999999999},{"$f":"VLOOKUP(A38,'Equipamentos 04-25'!$A$2:$K$541,11,0)","v":6.6943000000000001},{"$f":"((E38*G38)+(F38*H38))*D38","v":2823.7879999999996}]
["E9560","Ônibus coletivo - 175 kw","mês",0,44,176,{"$f":"VLOOKUP(A39,'Equipamentos 04-25'!$A$2:$K$541,10,0)","v":346.66520000000003},{"$f":"VLOOKUP(A39,'Equipamentos 04-25'!$A$2:$K$541,11,0)","v":98.949299999999994},{"$f":"((E39*G39)+(F39*H39))*D39","v":0}]
[{"$nulls":7},"Subtotal do Item 2",{"$f":"SUM(I38:I39)","v":2823.7879999999996}]
["2.2","Auxiliar"]
["E9093","Veículo Leve 53 kw","mês",0,44,176,{"$f":"G38","v":37.399799999999999},{"$f":"H38","v":6.6943000000000001},{"$f":"((E42*G42)+(F42*H42))*D42","v":0}]
[{"$nulls":7},"Subtotal do Item 2",{"$f":"SUM(I42)","v":0}]
["2.3","Gerência Administrativa"]
["E9093","Veículo Leve 53 kw","mês",0,44,176,{"$f":"G38","v":37.399799999999999},{"$f":"H38","v":6.6943000000000001},{"$f":"((E45*G45)+(F45*H45))*D45","v":0}]
[{"$nulls":7},"Subtotal do Item 2",{"$f":"I45","v":0}]
[{"$nulls":7},"Total dos Veículos da Parcela Fixa",{"$f":"I46+I43+I40","v":2823.7879999999996}]
[]
["Composição de custo da equipe de produção de terraplenagem"]
["Código","Discriminação ","Unidade"," Quantidade ",null,"Custo Unitário (R$)",null," Custo Total (R$)"]
[null,"Equipe de Produção de Terraplenagem"]
["3.1","Mão de Obra"]
[{"$f":"'Pessoal Sicro'!A65","v":"P9892"},"Encarregado de produção ","mês",1,null,{"$f":"VLOOKUP(A53,'Pessoal Sicro 04-25'!$A$2:$G$118,4,0)","v":34.6372},null,{"$f":"F53*D53","v":34.6372}]
[{"$nulls":5},"Subtotal do Item 3.1",null,{"$f":"SUM(H53:H53)","v":34.6372}]
["Código","Discriminação ","Unidade"," Quantidade ","Utilização Produtiva","Utilização Improdutiva","Custo Horário \nProdutivo (R$)","Custo Horário Improdutivo (R$)","Custo Total (R$)"]
["3.2","Veículos"]
[null,"Veículo Leve 53 kw","mês",1,44,176,{"$f":"G38","v":37.399799999999999},{"$f":"H38","v":6.6943000000000001},{"$f":"((E57*G57)+(F57*H57))*D57","v":2823.7879999999996}]
[{"$nulls":7},"Subtotal do Item 3.2",{"$f":"SUM(I57:I57)","v":2823.7879999999996}]
[{"$nulls":7},"Total da Equipe de Produção de Terraplenagem",{"$f":"I58+H54","v":2858.4251999999997}]
[]
["Composição de custo da equipe de produção de pavimentação"]
["Código","Discriminação ","Unidade"," Quantidade ",null,"Custo Unitário (R$)",null," Custo Total (R$)"]
[null,"Equipe de Produção de Pavimentação"]
["3.1","Mão de Obra"]
[{"$f":"'Pessoal Sicro'!A70","v":"P9901"},"Encarregado de produção ","mês",1,null,{"$f":"VLOOKUP(A65,'Pessoal Sicro 04-25'!$A$2:$G$118,4,0)","v":7482.0612000000001},null,{"$f":"F65*D65","v":7482.0612000000001}]
[{"$nulls":5},"Subtotal do Item 3.1",null,{"$f":"SUM(H65:H65)","v":7482.0612000000001}]
["Código","Discriminação ","Unidade"," Quantidade ","Utilização Produtiva","Utilização Improdutiva","Custo Horário \nProdutivo (R$)","Custo Horário Improdutivo (R$)","Custo Total (R$)"]
["3.2","Veículos"]
[null,"Veículo Leve 53 kw","mês",1,44,176,{"$f":"G38","v":37.399799999999999},{"$f":"H38","v":6.6943000000000001},{"$f":"((E69*G69)+(F69*H69))*D69","v":2823.7879999999996}]
[{"$nulls":7},"Subtotal do Item 3.2",{"$f":"SUM(I69:I69)","v":2823.7879999999996}]
[{"$nulls":7},"Total da Equipe de Produção de Pavimentação",{"$f":"I70+H66","v":10305.849200000001}]
[]
["Composição de custo da equipe de produção de drenagem"]
["Código","Discriminação ","Unidade"," Quantidade ",null,"Custo Unitário (R$)",null," Custo Total (R$)"]
[null,"Equipe de Produção de Pavimentação"]
["3.1","Mão de Obra"]
[{"$f":"'Pessoal Sicro'!A70","v":"P9901"},"Encarregado de produção ","mês",1,null,{"$f":"VLOOKUP(A77,'Pessoal Sicro 04-25'!$A$2:$G$118,4,0)","v":7482.0612000000001},null,{"$f":"F77*D77","v":7482.0612000000001}]
[{"$nulls":5},"Subtotal do Item 3.1",null,{"$f":"SUM(H77:H77)","v":7482.0612000000001}]
["Código","Discriminação ","Unidade"," Quantidade ","Utilização Produtiva","Utilização Improdutiva","Custo Horário \nProdutivo (R$)","Custo Horário Improdutivo (R$)","Custo Total (R$)"]
["3.2","Veículos"]
[null,"Veículo Leve 53 kw","mês",1,44,176,{"$f":"G38","v":37.399799999999999},{"$f":"H38","v":6.6943000000000001},{"$f":"((E81*G81)+(F81*H81))*D81","v":2823.7879999999996}]
[{"$nulls":7},"Subtotal do Item 3.2",{"$f":"SUM(I81:I81)","v":2823.7879999999996}]
[{"$nulls":7},"Total da Equipe de Produção de Pavimentação",{"$f":"I82+H78","v":10305.849200000001}]
[]
["Composição de custo da equipe de produção de sinalização"]
["Código","Discriminação ","Unidade"," Quantidade ",null,"Custo Unitário (R$)",null," Custo Total (R$)"]
[null,"Equipe de Produção de Pavimentação"]
["3.1","Mão de Obra"]
[{"$f":"'Pessoal Sicro'!A70","v":"P9901"},"Encarregado de produção ","mês",1,null,{"$f":"VLOOKUP(A89,'Pessoal Sicro 04-25'!$A$2:$G$118,4,0)","v":7482.0612000000001},null,{"$f":"F89*D89","v":7482.0612000000001}]
[{"$nulls":5},"Subtotal do Item 3.1",null,{"$f":"SUM(H89:H89)","v":7482.0612000000001}]
["Código","Discriminação ","Unidade"," Quantidade ","Utilização Produtiva","Utilização Improdutiva","Custo Horário \nProdutivo (R$)","Custo Horário Improdutivo (R$)","Custo Total (R$)"]
["3.2","Veículos"]
[null,"Veículo Leve 53 kw","mês",1,44,176,{"$f":"G38","v":37.399799999999999},{"$f":"H38","v":6.6943000000000001},{"$f":"((E93*G93)+(F93*H93))*D93","v":2823.7879999999996}]
[{"$nulls":7},"Subtotal do Item 3.2",{"$f":"SUM(I93:I93)","v":2823.7879999999996}]
[{"$nulls":7},"Total da Equipe de Produção de Pavimentação",{"$f":"I94+H90","v":10305.849200000001}]
[]
["Composição de custo da equipe topografia"]
["Código","Discriminação ","Unidade"," Quantidade ",null,"Custo Unitário (R$)",null," Custo Total (R$)"]
[null,"Equipe de Topografia"]
["3.1","Mão de Obra"]
["P9949","Topográfo","mês",1,null,{"$f":"VLOOKUP(A101,'Pessoal Sicro 04-25'!$A$2:$G$118,4,0)","v":8523.7927},null,{"$f":"F101*D101","v":8523.7927}]
["P9950","Auxiliar de topografia","mês",1,null,{"$f":"VLOOKUP(A102,'Pessoal Sicro 04-25'!$A$2:$G$118,4,0)","v":5433.6491999999998},null,{"$f":"F102*D102","v":5433.6491999999998}]
[{"$nulls":5},"Subtotal do Item 3.1",null,{"$f":"SUM(H101:I102)","v":13957.4419}]
["Código","Discriminação ","Unidade"," Quantidade ","Utilização Produtiva","Utilização Improdutiva","Custo Horário \nProdutivo (R$)","Custo Horário Improdutivo (R$)","Custo Total (R$)"]
["3.2","Veículos"]
[null,"Veículo Leve 53 kw","mês",1,44,176,{"$f":"G38","v":37.399799999999999},{"$f":"H38","v":6.6943000000000001},{"$f":"((E106*G106)+(F106*H106))*D106","v":2823.7879999999996}]
[{"$nulls":7},"Subtotal do Item 3.2",{"$f":"SUM(I106:I106)","v":2823.7879999999996}]
[{"$nulls":7},"Total da Equipe de Produção de Topografia",{"$f":"I107+H103","v":16781.229899999998}]
[]
["Composição de custo do setor de medicina e segurança do trabalho"]
["Código","Discriminação ","Unidade"," Quantidade ",null,"Custo Unitário (R$)",null," Custo Total (R$)"]
[4,"Setor de Medicina e Segurança do Trabalho"]
["P9876","Técnico de segurança do trabalho","mês",1,null,{"$f":"VLOOKUP(A113,'Pessoal Sicro 04-25'!$A$2:$G$118,4,0)","v":7064.9935999999998},null,{"$f":"F113*D113","v":7064.9935999999998}]
["P9864","Engenheiro de segurança do trabalho","mês",0,null,{"$f":"VLOOKUP(A114,'Pessoal Sicro 04-25'!$A$2:$G$118,4,0)","v":24505.7467},null,{"$f":"F114*D114","v":0}]
["P9851","Médico do trabalho","mês",0,null,{"$f":"VLOOKUP(A115,'Pessoal Sicro 04-25'!$A$2:$G$118,4,0)","v":18660.770400000001},null,{"$f":"F115*D115","v":0}]
["P9951","Médico de câmara hiperbárica","mês",0,null,{"$f":"VLOOKUP(A116,'Pessoal Sicro 04-25'!$A$2:$G$118,4,0)","v":21233.005499999999},null,{"$f":"F116*D116","v":0}]
[{"$nulls":5},"Subtotal do Item 4",null,{"$f":"SUM(H113:I116)","v":7064.9935999999998}]
[]
["Parcela Variável - Composição de custo da equipe de frente de serviço"]
["Código","Discriminação ","Unidade"," Quantidade ",null,"Custo Unitário (R$)",null," Custo Total (R$)"]
[5,"Equipe de Frente de Serviço","equipexmês"]
["P9875","Encarregado de Turma","mês",1,null,{"$f":"VLOOKUP(A122,'Pessoal Sicro 04-25'!$A$2:$G$118,4,0)","v":4868.2110000000002},null,{"$f":"F122*D122","v":4868.2110000000002}]
["P9804","Apontador","mês",0.5,null,{"$f":"VLOOKUP(A123,'Pessoal Sicro 04-25'!$A$2:$G$118,4,0)","v":4207.0956999999999},null,{"$f":"F123*D123","v":2103.5478499999999}]
[{"$nulls":5},"Subtotal do Item 5",null,{"$f":"SUM(H122:I123)","v":6971.7588500000002}]
[]
["Parcela Variável - Composição de custo da equipe de frente de serviço (Terraplenagem) - Somente Compactação "]
["Código","Discriminação ","Unidade"," Quantidade ",null,"Produção Horária \n(und/h)",null,"Efs"]
["5.1","Equipe de Frente de Serviço","equipexmês"]
[null,null,"mês",{"$nulls":4},{"$f":"(D129)/(F129*182.49)","v":{"$error":"#DIV/0!"}}]
[null,null,"mês",{"$nulls":4},{"$f":"(D130)/(F130*182.49)","v":{"$error":"#DIV/0!"}}]
[null,null,"mês",{"$nulls":4},{"$f":"(D131)/(F131*182.49)","v":{"$error":"#DIV/0!"}}]
[{"$nulls":5},"Total de Equipes para Terraplenagem",null,{"$f":"SUM(H131:I131)","v":{"$error":"#DIV/0!"}}]
[]
["Parcela Variável - Composição de custo da acompanhamento das frentes de serviço de pavimentação"]
["Código","Discriminação ","Unidade"," Quantidade ",null,"Produção Horária \n(und/h)",null,"Efs"]
["5.2","Equipe de Frente de Serviço","equipe x mês"]
[{"$f":"'RESUMO MODULO TOTAL'!C23","v":36170},{"$f":"'RESUMO MODULO TOTAL'!E23","v":"bloquete/piso intertravado de concreto - modelo onda/16 faces/retangular/t ijolinho/paver/holandes/paralelepipedo, *22 cm x 11* cm, e = 8 cm, resistencia de 35 mpa (nbr 9781), cor natural"},{"$f":"'RESUMO MODULO TOTAL'!G23","v":"m²"},{"$f":"'RESUMO MODULO TOTAL'!H23","v":316260},null,{"$f":"99.6*2","v":199.2},null,{"$f":"(D137)/(F137*182.49)","v":8.6999320642755134}]
[{"$f":"'RESUMO MODULO TOTAL'!C24","v":"92404 ADAPTADA"},{"$f":"'RESUMO MODULO TOTAL'!E24","v":"execução de pavimento em piso intertravado, com bloco 16 faces de 22 x 11 cm, espessura 8 cm. af_10/2022 - exclusive fornecimento de bloquete"},{"$f":"'RESUMO MODULO TOTAL'!G24","v":"m²"},{"$f":"'RESUMO MODULO TOTAL'!H24","v":315000},null,{"$f":"F137","v":199.2},null,8.6652709803540979]
[{"$f":"'RESUMO MODULO TOTAL'!C25","v":5914640},{"$f":"'RESUMO MODULO TOTAL'!E25","v":"Transporte com cavalo mecânico com semirreboque com capacidade de 30 t - rodovia pavimentada"},{"$f":"'RESUMO MODULO TOTAL'!G25","v":"tkm"},{"$f":"'RESUMO MODULO TOTAL'!H25","v":5544000.0000000009},null,{"$f":"1500*2","v":3000},null,10.126582278481015]
[{"$f":"'RESUMO MODULO TOTAL'!C26","v":5915373},{"$f":"'RESUMO MODULO TOTAL'!E26","v":"Carga, manobra e descarga de materiais diversos em caminhão carroceria com capacidade de 7 t e com guindauto de 20 t.m"},{"$f":"'RESUMO MODULO TOTAL'!G26","v":"t"},{"$f":"'RESUMO MODULO TOTAL'!H26","v":55440.000000000007},null,{"$f":"1500*2","v":3000},null,{"$f":"(D140)/(F140*182.49)","v":0.10126582278481014}]
[{"$f":"'RESUMO MODULO TOTAL'!C27","v":5915321},{"$f":"'RESUMO MODULO TOTAL'!E27","v":"Transporte com caminhão basculante de 14 m³ - rodovia pavimentada (areia)"},{"$f":"'RESUMO MODULO TOTAL'!G27","v":"tkm"},{"$f":"'RESUMO MODULO TOTAL'!H27","v":1323000},null,{"$f":"1500*2","v":3000},null,{"$f":"(D141)/(F141*182.49)","v":2.4165707710011506}]
[{"$f":"'RESUMO MODULO TOTAL'!C28","v":5915321},{"$f":"'RESUMO MODULO TOTAL'!E28","v":"Transporte com caminhão basculante de 14 m³ - rodovia pavimentada (pó de pedra)"},{"$f":"'RESUMO MODULO TOTAL'!G28","v":"tkm"},{"$f":"'RESUMO MODULO TOTAL'!H28","v":297675},null,{"$f":"1500*2","v":3000},null,0.54372842347525896]
[{"$f":"'RESUMO MODULO TOTAL'!C29","v":4011320},{"$f":"'RESUMO MODULO TOTAL'!E29","v":"Base ou sub-base estabilizada granulometricamente com mistura solo brita (70% - 30%) na pista com material de jazida e brita comercial - 100% Proctor modificado"},{"$f":"'RESUMO MODULO TOTAL'!G29","v":"m³"},{"$f":"'RESUMO MODULO TOTAL'!H29","v":47250},null,{"$f":"113.18*2","v":226.36},null,1.1438341442524316]
[{"$f":"'RESUMO MODULO TOTAL'!C30","v":4011209},{"$f":"'RESUMO MODULO TOTAL'!E30","v":"Regularização do subleito - 100% Proctor intermediário"},{"$f":"'RESUMO MODULO TOTAL'!G30","v":"m²"},{"$f":"'RESUMO MODULO TOTAL'!H30","v":315000},null,{"$f":"1121.33","v":1121.33},null,1.5393523577238959]
[{"$nulls":5},"Total de Equipes para Pavimentação",null,{"$f":"SUM(H137:I144)","v":33.236536842348173}]
[]
["Parcela Variável - Composição de custo da acompanhamento das frentes de serviço de drenagem"]
["Código","Discriminação ","Unidade"," Quantidade ",null,"Efsdu",null,"Efs"]
["5.3","Frentes de Serviço para Drenagem","equipe x mês"]
[2003373,{"$f":"VLOOKUP(A150,'SINTÉTICO SICRO'!$A$4:$D$6373,2,0)","v":"Meio-fio de concreto - MFC 03 - areia e brita comerciais - fôrma de madeira"},"m",{"$f":"'RESUMO MODULO TOTAL'!H37","v":90000},null,2.1000000000000001E-4,null,{"$f":"D150*F150","v":18.900000000000002}]
[{"$nulls":5},"Total de Equipes para Drenagem",null,{"$f":"H150","v":18.900000000000002}]
[]
["Parcela Variável - Composição de custo da acompanhamento das frentes de serviço de sinalização"]
["Código","Discriminação ","Unidade"," Quantidade ",null,"Produção Horária (und/h)",null,"Efs"]
["5.4","Frentes de Serviço para Sinalização","equipe x mês"]
[5213440,{"$f":"VLOOKUP(A156,'SINTÉTICO SICRO'!$A$4:$D$6373,2,0)","v":"Placa de regulamentação em aço D = 0,60 m - película retrorrefletiva tipo I + SI - fornecimento e implantação"},{"$f":"'RESUMO MODULO TOTAL'!G32","v":"und"},{"$f":"'RESUMO MODULO TOTAL'!H32","v":135},null,3,null,{"$f":"0.2*((D156)/(F156*182.49))","v":4.9317770836758174E-2}]
[5213464,{"$f":"VLOOKUP(A157,'SINTÉTICO SICRO'!$A$4:$D$6373,2,0)","v":"Placa de advertência em aço, lado de 0,60 m - película retrorrefletiva tipo I + SI - fornecimento e implantação"},{"$f":"'RESUMO MODULO TOTAL'!G33","v":"und"},{"$f":"'RESUMO MODULO TOTAL'!H33","v":135},null,3,null,{"$f":"0.2*((D157)/(F157*182.49))","v":4.9317770836758174E-2}]
[5213863,{"$f":"VLOOKUP(A158,'SINTÉTICO SICRO'!$A$4:$D$6373,2,0)","v":"Suporte metálico galvanizado para placa de advertência ou regulamentação - lado ou diâmetro de 0,60 m - fornecimento e implantação"},{"$f":"'RESUMO MODULO TOTAL'!G34","v":"und"},{"$f":"'RESUMO MODULO TOTAL'!H34","v":270},null,3,null,{"$f":"0.2*((D158)/(F158*182.49))","v":9.8635541673516347E-2}]
[5213400,{"$f":"VLOOKUP(A159,'SINTÉTICO SICRO'!$A$4:$D$6373,2,0)","v":"Pintura de faixa com tinta acrílica - espessura de 0,4 mm"},{"$f":"'RESUMO MODULO TOTAL'!G35","v":"m²"},{"$f":"'RESUMO MODULO TOTAL'!H35","v":10800},null,39.520000000000003,null,0.29950063261189175]
[{"$nulls":5},"Total de Equipes para Sinalização",null,{"$f":"SUM(H156:I159)","v":0.49677171595892444}]
[]
["3. PARCELA VARIÁVEL - EQUIPE DE CONTROLE TECNOLÓGICO"]
["LABORATÓRIO DE SOLOS"]
["Item","Discriminação",null,null,null,"Unidade","Quantidade","Custo Unitário (R$)","Custo Total (R$)"]
[null,"Laboratório de Solos (equipe x mês)"]
[null,"Mão de Obra"]
["P9858","Laboratorista",null,null,null,"func./mês",1,{"$f":"VLOOKUP(A167,'Pessoal Sicro 04-25'!$A$2:$G$118,4,0)","v":7166.0604000000003},{"$f":"TRUNC(G167*H167,2)","v":7166.06}]
["P9833","Auxiliar de laboratório",null,null,null,"func./mês",1,{"$f":"VLOOKUP(A168,'Pessoal Sicro 04-25'!$A$2:$G$118,4,0)","v":5413.4634999999998},{"$f":"TRUNC(G168*H168,2)","v":5413.46}]
[{"$nulls":7},"Subtotal do Item",{"$f":"SUM(I167:I168)","v":12579.52}]
["Item","Discriminação","Und","Quant","Utilização Produtiva","Utilização Improdutiva","Horário Produtivo (R$)","Horário Improdutivo (R$)","Total (R$)"]
[null,"Equipe de Controle Tecnológico"]
[null,"Veículos"]
["E9125","Van furgão a diesel - 93 kW","veic./mês",0.5,44,176,{"$f":"VLOOKUP(A173,'Equipamentos 04-25'!$A$2:$K$533,10,0)","v":85.178200000000004},{"$f":"VLOOKUP(A173,'Equipamentos 04-25'!$A$2:$K$533,11,0)","v":46.528199999999998},{"$f":"D173*((E173*G173)+(F173*H173))","v":5968.402}]
[{"$nulls":7},"Subtotal do Item",{"$f":"SUM(I173:I173)","v":5968.402}]
[{"$nulls":7},"Total da Equipe do Laboratório de Solos",{"$f":"I169+I174","v":18547.921999999999}]
[]
["3. PARCELA VARIÁVEL - EQUIPE DE CONTROLE TECNOLÓGICO"]
["LABORATÓRIO DE CONCRETO"]
["Item","Discriminação",null,null,null,"Unidade","Quantidade","Custo Unitário (R$)","Custo Total (R$)"]
[null,"Laboratório de Solos (equipe x mês)"]
[null,"Mão de Obra"]
["P9858","Laboratorista",null,null,null,"func./mês",1,{"$f":"VLOOKUP(A182,'Pessoal Sicro 04-25'!$A$2:$G$118,4,0)","v":7166.0604000000003},{"$f":"TRUNC(G182*H182,2)","v":7166.06}]
["P9833","Auxiliar de laboratório",null,null,null,"func./mês",1,{"$f":"VLOOKUP(A183,'Pessoal Sicro 04-25'!$A$2:$G$118,4,0)","v":5413.4634999999998},{"$f":"TRUNC(G183*H183,2)","v":5413.46}]
[{"$nulls":7},"Subtotal do Item",{"$f":"SUM(I182:I183)","v":12579.52}]
["Item","Discriminação","Und","Quant","Utilização Produtiva","Utilização Improdutiva","Horário Produtivo (R$)","Horário Improdutivo (R$)","Total (R$)"]
[null,"Equipe de Controle Tecnológico"]
[null,"Veículos"]
["E9125","Van furgão a diesel - 93 kW","veic./mês",0.5,44,176,{"$f":"VLOOKUP(A188,'Equipamentos 04-25'!$A$2:$K$533,10,0)","v":85.178200000000004},{"$f":"VLOOKUP(A188,'Equipamentos 04-25'!$A$2:$K$533,11,0)","v":46.528199999999998},{"$f":"D188*((E188*G188)+(F188*H188))","v":5968.402}]
[{"$nulls":7},"Subtotal do Item",{"$f":"SUM(I188:I188)","v":5968.402}]
[{"$nulls":7},"Total da Equipe do Laboratório de Concreto",{"$f":"I184+I189","v":18547.921999999999}]
[]
["Equipes de laboratório de solos para pavimentação"]
["Item","Discriminação",null,null,null,"Und","Quant","QE","Els"]
[{"$f":"'RESUMO MODULO TOTAL'!C29","v":4011320},{"$f":"VLOOKUP(A194,'SINTÉTICO SICRO'!A:D,2,0)","v":"Base ou sub-base estabilizada granulometricamente com mistura solo brita (70% - 30%) na pista com material de jazida e brita comercial - 100% Proctor modificado"},null,null,null,{"$f":"VLOOKUP(A194,'SINTÉTICO SICRO'!A:D,3,0)","v":"m³"},{"$f":"'RESUMO MODULO TOTAL'!H29","v":47250},21900,{"$f":"G194/H194","v":2.1575342465753424}]
[{"$nulls":7},"Total de equipes de Laboratório de Solos para Pavimentação",{"$f":"I194","v":2.1575342465753424}]
[]
["Equipes de laboratório de Concreto"]
["Item","Discriminação",null,null,null,"Und","Quant","QE","Ela"]
[{"$f":"'RESUMO MODULO TOTAL'!C23","v":36170},"BLOQUETE/PISO INTERTRAVADO DE CONCRETO - MODELO ONDA/16 FACES/RETANGULAR/T IJOLINHO/PAVER/HOLANDES/PARALELEPIPEDO, *22 CM X 11* CM, E = 8 CM, RESISTENCIA DE 35 MPA (NBR 9781), COR NATURAL",null,null,null,{"$f":"'RESUMO MODULO TOTAL'!G23","v":"m²"},{"$f":"'RESUMO MODULO TOTAL'!H24","v":315000},9000,{"$f":"G199/H199","v":35}]
[{"$nulls":7},"Total de equipes de Laboratório de Concreto",{"$f":"SUM(I199:I199)","v":35}]
[]
["manutenção do canteiro de obras e acampamentos"]
["Código","Discriminação ","Unidade"," Quantidade ",null,"Custo Unitário (R$)",null," Custo Total (R$)"]
[null,"Manutenção do Canteiro de Obras e Acampamentos"]
["6.1","Mão de Obra"]
["P9952","Pedreiro","mês",0,null,{"$f":"VLOOKUP(A206,'Pessoal Sicro 04-25'!$A$2:$G$118,4,0)","v":4744.7367000000004},null,{"$f":"F206*D206","v":0}]
["P9954","Servente","mês",0,null,{"$f":"VLOOKUP(A207,'Pessoal Sicro 04-25'!$A$2:$G$118,4,0)","v":3714.4670000000001},null,{"$f":"F207*D207","v":0}]
["P9953","Eletricista","mês",0,null,{"$f":"VLOOKUP(A208,'Pessoal Sicro 04-25'!$A$2:$G$118,4,0)","v":4760.9679999999998},null,{"$f":"F208*D208","v":0}]
[{"$nulls":5},"Subtotal do Item 6.1",null,{"$f":"SUM(H206:I208)","v":0}]
[]
["Código","Discriminação ","Unidade"," Quantidade ",null,"Custo Produtivo (R$)",null," Custo Total (R$)"]
["6.2","Equipamentos"]
[null,"Caminhão guindauto de 6 toneladas","h/mês",0,null,null,null,{"$f":"F213*D213","v":0}]
[null,"Caminhão tanque de 8.000 litros","h/mês",0,null,null,null,{"$f":"F214*D214","v":0}]
["E9524","Motoniveladora","h/mês",0,null,{"$f":"'Equipamentos 04-25'!J174","v":280.5727},null,{"$f":"F215*D215","v":0}]
[{"$nulls":5},"Subtotal do Item 6.2",null,{"$f":"SUM(H213:I215)","v":0}]
[{"$nulls":6},"Total da Manutenção do Canteiro de Obras e Acampamentos",{"$f":"H216+H209","v":0}]
[]
[]
[]
["Resumo das parcelas de administração local"]
["Código","Discriminação ","Unidade"," Quantidade ",null,"Custo Unitário (R$)",null," Custo Total (R$)"]
[null,"Parcela Fixa"]
[null,"Mão de Obra","mês",2,null,{"$f":"H14+H18+H26+H30","v":56815.551599999999},null,{"$f":"F224*D224","v":113631.1032}]
[null,"Veículos","mês",2,null,{"$f":"I47","v":2823.7879999999996},null,{"$f":"F225*D225","v":5647.5759999999991}]
[{"$nulls":5},"Subtotal do Item 1",null,{"$f":"SUM(H224:I225)","v":119278.6792}]
[null,"Parcela Vinculada"]
[null,"Equipe de produção de terraplenagem","mês",2,null,{"$f":"I59","v":2858.4251999999997},null,{"$f":"F228*D228","v":5716.8503999999994}]
[null,"Equipe de produção de pavimentação","mês",3,null,{"$f":"I71","v":10305.849200000001},null,30917.547600000002]
[null,"Equipe de produção de drenagem","mês",1,null,{"$f":"I83","v":10305.849200000001},null,10305.849200000001]
[null,"Equipe de produção de sinalização","mês",1,null,{"$f":"I95","v":10305.849200000001},null,10305.849200000001]
[null,"Equipe de topografia","mês",3,null,{"$f":"I108","v":16781.229899999998},null,50343.689699999995]
[null,"Equipe de medicina e segurança do trabalho","mês",5,null,{"$f":"H117","v":7064.9935999999998},null,35324.968000000001]
[null,"Técnicos especializados","mês",0,null,null,null,0]
[{"$nulls":5},"Subtotal do Item 2",null,{"$f":"SUM(H228:I234)","v":142914.75409999999}]
[null,"Parcela Variável"]
[null,"Acompanhamento da Terraplenagem","equipe x mês","-",null,{"$f":"$H$124","v":6971.7588500000002},null,"-"]
[null,"Acompanhamento da Pavimentação","equipe x mês",{"$f":"H145","v":33.236536842348173},null,{"$f":"$H$124","v":6971.7588500000002},null,{"$f":"F238*D238","v":231717.11987399193}]
[null,"Acompanhamento da Drenagem","equipe x mês",{"$f":"H151","v":18.900000000000002},null,6971.7588500000002,null,{"$f":"F239*D239","v":131766.24226500001}]
[null,"Acompanhamento da Sinalização","equipe x mês",{"$f":"H160","v":0.49677171595892444},null,6971.7588500000002,null,{"$f":"F240*D240","v":3463.3726071663177}]
[null,"Laboratório de Solos","equipe x mês",{"$f":"I195","v":2.1575342465753424},null,{"$f":"I175","v":18547.921999999999},null,{"$f":"F241*D241","v":40017.776917808216}]
[null,"Laboratório de concreto","equipe x mês",{"$f":"I200","v":35},null,{"$f":"I190","v":18547.921999999999},null,{"$f":"F242*D242","v":649177.2699999999}]
[{"$nulls":5},"Subtotal do Item 3",null,{"$f":"SUM(H237:I242)","v":1056141.7816639664}]
[null,"Manutenção dos Canteiros de Obras e Acampamentos"]
[null,"Equipe de manutenção","mês",0,null,{"$f":"H217","v":0},null,{"$f":"F245*D245","v":0}]
[{"$nulls":5},"Subtotal do Item 4",null,{"$f":"SUM(H245:I245)","v":0}]
[{"$nulls":6},"Subtotal",{"$f":"H246+H243+H235+H226","v":1318335.2149639663}]
[null,"Despesas Diversas","%",0.05,null,"-",null,{"$f":"D248*H247","v":65916.760748198314}]
[{"$nulls":5},"TOTAL",null,{"$f":"H247+H248","v":1384251.9757121645},null,{"$f":"H249","v":1384251.9757121645}]
[{"$nulls":5},"BDI",null,null,{"$f":"H249*BDI!C14","v":323776.53711907531}]
[{"$nulls":5},"TOTAL COM BDI",null,null,{"$f":"I250+H249","v":1708028.51283124}]

{"sheet":"Projeto Executivo","index":7,"n_rows":224,"n_cols":7,"rows_kept":224,"cut":false,"hidden":false,"merged":[[26,0,26,1],[27,0,27,1],[3,0,3,6],[4,2,6,4],[5,0,5,1],[16,0,16,1],[20,0,20,1],[25,0,25,1]]}
[]
[]
[]
["COMPOSIÇAO PREÇO PROJETO EXECUTIVO"]
[]
["DISCRIMINAÇAO",{"$nulls":4},"Pr. Unit.","Pr. Total"]
[]
["A· EOUIPE TECNICA",{"$nulls":5},{"$f":"G9+G12","v":17662.805075}]
[null,"A. 1 - Pessoal de Nível Superior","Unidade","Quantitativo","SICRO e Rel.Custos Gerais",null,{"$f":"G10+G11","v":14757.991075}]
[null,"Engenheiro","mês",0.5,"P9812",{"$f":"VLOOKUP(E10,'Pessoal Sicro 04-25'!A:G,4,0)","v":25254.085800000001},{"$f":"F10*D10","v":12627.0429}]
[null,"Topógrafo","mês",0.25,"P9949",{"$f":"VLOOKUP(E11,'Pessoal Sicro 04-25'!A:G,4,0)","v":8523.7927},{"$f":"F11*D11","v":2130.948175}]
[null,"A.2 - Pessoal de Nível Técnico e Aux.",{"$nulls":4},{"$f":"G13+G14","v":2904.8139999999999}]
[null,"Auxiliar de topógrafo","mês",0.125,"P9950",{"$f":"VLOOKUP(E13,'Pessoal Sicro 04-25'!A:G,4,0)","v":5433.6491999999998},{"$f":"F13*D13","v":679.20614999999998}]
[null,"Auxiliar Técnico/Assistente de Engenharia ","mês",0.5,"P9903",{"$f":"VLOOKUP(E14,'Pessoal Sicro 04-25'!A:G,4,0)","v":4451.2156999999997},{"$f":"F14*D14","v":2225.6078499999999}]
["B - ENCARGOS SOCIAIS",{"$nulls":5},{"$f":"G16","v":0}]
[null,{"$f":"CONCATENATE(\"Taxas \",'ENC. SOCIAIS'!E51,\"%\")","v":"Taxas 113,6%"},"JÁ INCLUSAS EM \"A\""]
["C - DESPESAS GERAIS",{"$nulls":5},{"$f":"G18+G20+G19","v":12738.477006075162}]
[null,"C.1 - MATERIAIS DE CONSUMO","Estimativa % como referência de equipe técnica com encargos sociais ",0.03,null,{"$f":"G8+G16","v":17662.805075},{"$f":"F18*D18","v":529.88415224999994}]
[null,"C.2 - VEÍCULOS (Veículo leve picape 4 x 4 com capacidade de 1,10 t - 147 kW)","h",110,"E9684",{"$f":"VLOOKUP(E19,'Equipamentos 04-25'!A:K,10,0)","v":108.286},{"$f":"F19*D19","v":11911.460000000001}]
[null,"C.3 - Estação total eletrônica com alcance máximo de 3.000 m","h",38.098840085287854,"E9553",{"$f":"VLOOKUP(E20,'Equipamentos 04-25'!A:K,10,0)","v":7.7990000000000004},{"$f":"F20*D20","v":297.13285382516}]
["D - ENSAIOS",{"$nulls":5},{"$f":"SUM(G22:G25)","v":3652.3080375000004}]
[null,"Laboratorista","mês",{"$f":"1/4","v":0.25},"P9858",{"$f":"VLOOKUP(E22,'Pessoal Sicro 04-25'!A:G,4,0)","v":7166.0604000000003},{"$f":"F22*D22","v":1791.5151000000001}]
[null,"Auxiliar de Laboratório","mês",{"$f":"1/8","v":0.125},"P9833",{"$f":"VLOOKUP(E23,'Pessoal Sicro 04-25'!A:G,4,0)","v":5413.4634999999998},{"$f":"F23*D23","v":676.68293749999998}]
[null,"Laboratório de solos","mês",{"$f":"1/8","v":0.125},"B8957",{"$f":"'Tabelas 1 e 2 04-25'!F20","v":3520.5},{"$f":"F24*D24","v":440.0625}]
[null,"Laboratório de asfalto","mês",0.125,"B8955",{"$f":"'Tabelas 1 e 2 04-25'!F18","v":5952.38},{"$f":"F25*D25","v":744.04750000000001}]
["I - SOMA (A+B+C+D)",{"$nulls":5},{"$f":"G8+G15+G17+G21","v":34053.590118575165}]
["II - CUSTOS ADMINISTRATIVOS",null,null,{"$f":"BDI!C14","v":0.2339},null,null,{"$f":"D27*G26","v":7965.1347287347307}]
[" TOTAL",{"$nulls":5},{"$f":"G26+G27","v":42018.724847309895}]
[{"$nulls":5},"Por m²:",{"$f":"G28/('MC MODULO'!C1*'MC MODULO'!C2)","v":6.0026749781871276}]
{"$rows_empty":107}
[{"$nulls":5},{"$f":"99.6*2","v":199.2}]
[]
[{"$nulls":5},{"$f":"1500*2","v":3000}]
[{"$nulls":5},{"$f":"1500*2","v":3000}]
[{"$nulls":5},{"$f":"1500*2","v":3000}]
[{"$nulls":5},{"$f":"1500*2","v":3000}]
[{"$nulls":5},{"$f":"113.18*2","v":226.36}]
[{"$nulls":5},{"$f":"1121.33*2","v":2242.66}]
{"$rows_empty":79}
[{"$nulls":5},{"$f":"H14+H18+H26+H30","v":0}]

{"sheet":"CPU CODEVASF","index":8,"n_rows":224,"n_cols":9,"rows_kept":224,"cut":false,"hidden":false,"merged":[[0,0,2,7],[3,0,3,7],[4,0,6,3],[4,6,4,7],[5,4,6,5],[15,4,15,6],[18,5,18,6],[7,0,7,7],[8,7,9,7],[8,5,9,5],[8,6,9,6],[8,0,9,0],[8,1,9,1],[8,2,9,2],[8,3,9,3],[8,4,9,4],[28,5,28,6],[20,6,21,6],[20,7,21,7],[26,4,26,6],[20,0,21,0],[20,1,21,1],[20,2,21,2],[20,3,21,3],[20,4,21,4],[20,5,21,5]]}
[]
[]
[]
[{"$f":"'RESUMO MODULO TOTAL'!B56","v":"CONTRATAÇÃO DE SERVIÇOS DE EXECUÇÃO DE PAVIMENTAÇÃO EM BLOCO INTERTRAVADO DE CONCRETO EM VIAS DE DIVERSOS MUNICÍPIOS INSERIDOS NA ÁREA DE ATUAÇÃO DA 13ª SUPERINTENDÊNCIA REGIONAL DA CODEVASF, NO ESTADO DA PARAÍBA"}]
[{"$nulls":5},"BDI %:",{"$f":"BDI!$C$14","v":0.2339}]
[{"$nulls":4},"Encargos Sociais:",null,"Horista","Mensalista"]
[{"$nulls":6},{"$f":"'ENC. SOCIAIS'!E51/100","v":1.1359999999999999},{"$f":"'ENC. SOCIAIS'!F51/100","v":0.69889999999999997}]
["COMPOSIÇÕES DE CUSTO UNITARIO"]
["CPU-02","CODEVASF",null,"Correção de vazamentos no ramal na rua sem pavimento com fornecimento do material hidráulico","m","COEF.","PRECO UNITÁRIO (R$)","TOTAL (R$)"]
[]
["SICRO","SICRO","P9824",{"$f":"VLOOKUP(C11,'Pessoal Sicro'!$A$5:$G$1048576,2,0)","v":"Servente"},"H",0.2,{"$f":"VLOOKUP(C11,'Pessoal Sicro 04-25'!$A:$G,4,0)","v":20.055900000000001},{"$f":"F11*G11","v":4.0111800000000004}]
["SICRO","SICRO","P9807",{"$f":"VLOOKUP(C12,'Pessoal Sicro'!$A$5:$G$1048576,2,0)","v":"Bombeiro hidráulico"},"H",0.1,{"$f":"VLOOKUP(C12,'Pessoal Sicro 04-25'!$A:$G,4,0)","v":30.0549},3.00549]
["INS. SINAPI","SINAPI",9867,"TUBO PVC, SOLDAVEL, DN 20 MM, AGUA FRIA (NBR-5648)","m",1,{"$f":"IFERROR(VLOOKUP(C13,'INSUMOS SINAPI 06-25'!$A:$E,5,FALSE),VLOOKUP(C13,'COMP Sint. Sinapi 06-25'!A:D,4,FALSE))","v":3.64},3.64]
["INSUMO","ORSE",10585,"Arco de serra","un",0.1,19.899999999999999,1.99]
["INS. SINAPI","SINAPI",3859,"LUVA SOLDAVEL COM ROSCA, PVC, 20 MM X 1/2\", PARA AGUA FRIA PREDIAL","un",2,{"$f":"IFERROR(VLOOKUP(C15,'INSUMOS SINAPI 06-25'!$A:$E,5,FALSE),VLOOKUP(C15,'COMP Sint. Sinapi 06-25'!A:D,4,FALSE))","v":1.31},2.62]
[{"$nulls":4},"Sub total:",null,null,{"$f":"SUM(H11:H15)","v":15.266670000000001}]
[{"$nulls":5},"BDI",{"$f":"BDI!$C$14","v":0.2339},{"$f":"H16*G17","v":3.5708741130000003}]
[{"$nulls":6},"Total Serviços:",{"$f":"H16+H17","v":18.837544113}]
[{"$nulls":4},{"$f":"A9","v":"CPU-02"},"PREÇO UNITÁRIO TOTAL:",null,{"$f":"H18","v":18.837544113},{"$f":"H16","v":15.266670000000001}]
[]
["CPU-04","CODEVASF",null,"CONTROLE TECNOLÓGICO - PROJETO","m²","COEF.","PRECO UNITÁRIO (R$)","TOTAL (R$)"]
[]
["Insumo","SICRO","P9858","Laboratorista","mês",{"$f":"0.15/14000","v":1.0714285714285714E-5},{"$f":"VLOOKUP(C23,'Pessoal Sicro 04-25'!$A:$G,4,0)","v":7166.0604000000003},{"$f":"F23*G23","v":7.6779218571428567E-2}]
["Composição","SICRO","P9833","Auxiliar de Laboratório","mês",{"$f":"0.15/14000","v":1.0714285714285714E-5},{"$f":"VLOOKUP(C24,'Pessoal Sicro 04-25'!$A:$G,4,0)","v":5413.4634999999998},5.800139464285714E-2]
["Composição","SICRO","*B8957","Laboratório de Solos","mês",1.0714285714285714E-5,{"$f":"'Tabelas 1 e 2 04-25'!F20","v":3520.5},3.7719642857142854E-2]
["Composição","SICRO","*B8956","Laboratório de concreto","mês",1.0714285714285714E-5,{"$f":"'Tabelas 1 e 2 04-25'!F19","v":4642.5600000000004},4.9741714285714292E-2]
[null,"*Relatório de Custos Gerais do DNIT, página 1",null,null,"Sub total:",null,null,{"$f":"SUM(H23:H26)","v":0.22224197035714283}]
[{"$nulls":5},"BDI",{"$f":"BDI!$C$14","v":0.2339},{"$f":"H27*G28","v":5.1982396866535704E-2}]
[{"$nulls":4},"CPU-20","PREÇO UNITÁRIO TOTAL:",null,{"$f":"H27+H28","v":0.27422436722367854},{"$f":"H27","v":0.22224197035714283}]
{"$rows_empty":107}
[{"$nulls":5},{"$f":"99.6*2","v":199.2}]
[]
[{"$nulls":5},{"$f":"1500*2","v":3000}]
[{"$nulls":5},{"$f":"1500*2","v":3000}]
[{"$nulls":5},{"$f":"1500*2","v":3000}]
[{"$nulls":5},{"$f":"1500*2","v":3000}]
[{"$nulls":5},{"$f":"113.18*2","v":226.36}]
[{"$nulls":5},{"$f":"1121.33*2","v":2242.66}]
{"$rows_empty":79}
[{"$nulls":5},{"$f":"H14+H18+H26+H30","v":20.877285827285714}]

{"sheet":"CPU SINAPI","index":9,"n_rows":224,"n_cols":7,"rows_kept":224,"cut":false,"hidden":false,"merged":[[15,3,15,4],[16,3,16,5],[0,0,0,4],[1,0,1,1],[1,2,1,4],[2,0,2,4],[14,3,14,5],[0,5,0,6],[1,5,1,6]]}
["SINAPI - SISTEMA NACIONAL DE PESQUISA DE CUSTOS E ÍNDICES DA CONSTRUÇÃO CIVIL"]
["PCI.818.01 - COMPOSIÇÕES ATIVAS ANALÍTICAS COM CUSTO",null,"ABRANGENCIA: NACIONAL                                                                                           DATA DE PREÇO          :   06/2025(JOÃO PESSOA/PB)                                                                                                     DATA REFERENCIA TECNICA: 12/2024"]
["* Composições constantes nos Relatórios publicados de Composições Analíticas para as 27 Unidades da Federação"]
["MACROCLASSE.CLASSE.GRUPO","CÓDIGOS","DESCRIÇÃO","UNIDADE","COEFICIENTE","PREÇO UNITÁRIO","PREÇO TOTAL"]
["03.PAVI.INTE.004/001","92404 ADAPTADA","EXECUÇÃO DE PAVIMENTO EM PISO INTERTRAVADO, COM BLOCO 16 FACES DE 22 X 11 CM, ESPESSURA 8 CM. AF_10/2022 - EXCLUSIVE FORNECIMENTO DE BLOQUETE","M2",null,"Pavimento Intertravado",{"$f":"G17","v":23.17}]
["INSUMO",370,"AREIA MEDIA - POSTO JAZIDA/FORNECEDOR (RETIRADO NA JAZIDA, SEM TRANSPORTE)","M3",5.6800000000000003E-2,{"$f":"VLOOKUP($B6,'INSUMOS SINAPI 06-25'!$A:$E,5,0)","v":140},{"$f":"ROUND(ROUND(E6,5)*ROUND(F6,2),2)","v":7.95}]
["INSUMO",4741,"PO DE PEDRA (POSTO PEDREIRA/FORNECEDOR, SEM FRETE)","M3",9.7999999999999997E-3,{"$f":"VLOOKUP($B7,'INSUMOS SINAPI 06-25'!$A:$E,5,0)","v":93.96},{"$f":"ROUND(ROUND(E7,5)*ROUND(F7,2),2)","v":0.92}]
["INSUMO",36170,"BLOQUETE/PISO INTERTRAVADO DE CONCRETO - MODELO ONDA/16 FACES/RETANGULAR/T IJOLINHO/PAVER/HOLANDES/PARALELEPIPEDO, *22 CM X 11* CM, E = 8 CM, RESISTENCIA DE 35 MPA (NBR 9781), COR NATURAL","M2",1.004,0,0]
["COMPOSICAO",88260,"CALCETEIRO COM ENCARGOS COMPLEMENTARES","H",0.21290000000000001,{"$f":"VLOOKUP($B9,'COMP Sint. Sinapi 06-25'!$A:$D,4,0)","v":25.02},5.33]
["COMPOSICAO",88316,"SERVENTE COM ENCARGOS COMPLEMENTARES","H",0.21290000000000001,{"$f":"VLOOKUP($B10,'COMP Sint. Sinapi 06-25'!$A:$D,4,0)","v":20.27},4.32]
["COMPOSICAO",91277,"PLACA VIBRATÓRIA REVERSÍVEL COM MOTOR 4 TEMPOS A GASOLINA, FORÇA CENTRÍFUG A DE 25 KN (2500 KGF), POTÊNCIA 5,5 CV - CHP DIURNO. AF_08/2015","CHP",5.4999999999999997E-3,{"$f":"VLOOKUP($B11,'COMP Sint. Sinapi 06-25'!$A:$D,4,0)","v":10.08},0.06]
["COMPOSICAO",91278,{"$f":"VLOOKUP($B12,'COMP Sint. Sinapi'!$A:$D,2,0)","v":"PLACA VIBRATÓRIA REVERSÍVEL COM MOTOR 4 TEMPOS A GASOLINA, FORÇA CENTRÍFUGA DE 25 KN (2500 KGF), POTÊNCIA 5,5 CV - CHI DIURNO. AF_08/2015"},"CHP",0.10100000000000001,{"$f":"VLOOKUP($B12,'COMP Sint. Sinapi 06-25'!$A:$D,4,0)","v":0.67},7.0000000000000007E-2]
["COMPOSICAO",91283,{"$f":"VLOOKUP($B13,'COMP Sint. Sinapi'!$A:$D,2,0)","v":"CORTADORA DE PISO COM MOTOR 4 TEMPOS A GASOLINA, POTÊNCIA DE 13 HP, COM DISCO DE CORTE DIAMANTADO SEGMENTADO PARA CONCRETO, DIÂMETRO DE 350 MM, FURO DE 1\" (14 X 1\") - CHP DIURNO. AF_08/2015"},"CHI",3.8E-3,{"$f":"VLOOKUP($B13,'COMP Sint. Sinapi 06-25'!$A:$D,4,0)","v":10.56},{"$f":"ROUND(ROUND(E13,5)*ROUND(F13,2),2)","v":0.04}]
["COMPOSICAO",91285,{"$f":"VLOOKUP($B14,'COMP Sint. Sinapi'!$A:$D,2,0)","v":"CORTADORA DE PISO COM MOTOR 4 TEMPOS A GASOLINA, POTÊNCIA DE 13 HP, COM DISCO DE CORTE DIAMANTADO SEGMENTADO PARA CONCRETO, DIÂMETRO DE 350 MM, FURO DE 1\" (14 X 1\") - CHI DIURNO. AF_08/2015"},"CHI",0.1027,{"$f":"VLOOKUP($B14,'COMP Sint. Sinapi 06-25'!$A:$D,4,0)","v":0.87},0.09]
[null,null,null,"Sub total:",null,null,{"$f":"SUM(G6:G14)","v":18.78}]
[{"$nulls":5},"BDI",{"$f":"BDI!C14","v":0.2339}]
[null,null,null,"Total Serviços:",null,null,{"$f":"ROUND(ROUND(G15,2)*ROUND(1+G16,4),2)","v":23.17}]
{"$rows_empty":119}
[{"$nulls":5},{"$f":"99.6*2","v":199.2}]
[]
[{"$nulls":5},{"$f":"1500*2","v":3000}]
[{"$nulls":5},{"$f":"1500*2","v":3000}]
[{"$nulls":5},{"$f":"1500*2","v":3000}]
[{"$nulls":5},{"$f":"1500*2","v":3000}]
[{"$nulls":5},{"$f":"113.18*2","v":226.36}]
[{"$nulls":5},{"$f":"1121.33*2","v":2242.66}]
{"$rows_empty":79}
[{"$nulls":5},{"$f":"H14+H18+H26+H30","v":0}]

{"sheet":"BDI","index":10,"n_rows":224,"n_cols":6,"rows_kept":224,"cut":false,"hidden":false,"merged":[[57,1,57,2],[2,0,2,2],[1,0,1,2],[55,0,55,2],[56,0,56,2]]}
[]
["DETALHAMENTO DO BDI  - SEM DESONERAÇÃO"]
[{"$f":"'RESUMO MODULO TOTAL'!B56","v":"CONTRATAÇÃO DE SERVIÇOS DE EXECUÇÃO DE PAVIMENTAÇÃO EM BLOCO INTERTRAVADO DE CONCRETO EM VIAS DE DIVERSOS MUNICÍPIOS INSERIDOS NA ÁREA DE ATUAÇÃO DA 13ª SUPERINTENDÊNCIA REGIONAL DA CODEVASF, NO ESTADO DA PARAÍBA"}]
["DESCRIÇÃO DOS SERVIÇOS","PREÇO DE VENDA (%)","CUSTO DIRETO (%)"]
["ADMINISTRAÇÃO CENTRAL",null,0.06]
["DESPESAS FINANCEIRAS",1.0200000000000001E-2]
["SEGUROS E GARANTIAS CONTRATUAIS",2.5000000000000001E-3]
["RISCOS",5.0000000000000001E-3]
["LUCRO OPERACIONAL",null,7.0000000000000007E-2]
["PIS",6.4999999999999997E-3]
["COFINS",0.03]
["ISSQN",0.03]
["Contribuição Previdenciaria",0]
[null,"BDI",{"$f":"ROUND((1+(C5+C9))/(1-(B6+B7+B8+B10+B11+B12+B13))-1,4)","v":0.2339}]
["Observação: O percentual de ISSQN aqui utilizado consiste apenas em um referencial médio."]
[" O valor real do ISSQN a ser adotado deve ser aquele proveniente das alíquotas dos municípios situados na área de  influência das obras."]
{"$rows_empty":39}
["DETALHAMENTO DO BDI DIFERENCIADO  - SEM DESONERAÇÃO"]
[{"$f":"'RESUMO MODULO TOTAL'!B56","v":"CONTRATAÇÃO DE SERVIÇOS DE EXECUÇÃO DE PAVIMENTAÇÃO EM BLOCO INTERTRAVADO DE CONCRETO EM VIAS DE DIVERSOS MUNICÍPIOS INSERIDOS NA ÁREA DE ATUAÇÃO DA 13ª SUPERINTENDÊNCIA REGIONAL DA CODEVASF, NO ESTADO DA PARAÍBA"}]
[]
["DESCRIÇÃO DOS SERVIÇOS","PREÇO DE VENDA (%)","CUSTO DIRETO (%)"]
["ADMINISTRAÇÃO CENTRAL",null,3.7699999999999997E-2]
["DESPESA FINANCEIRAS",1.0200000000000001E-2]
["SEGUROS E GARANTIAS CONTRATUAIS",2.5000000000000001E-3]
["RISCOS",5.0000000000000001E-3]
["LUCRO OPERACIONAL",null,0.05]
["PIS",6.4999999999999997E-3]
["COFINS",0.03]
["ISSQN",0]
["Contribuição Previdenciaria",0]
[null,"BDI",{"$f":"ROUND((1+(C60+C64))/(1-(B61+B62+B63+B65+B66+B67+B68))-1,4)","v":0.15}]
["Fonte da composição, valores de referência e fórmula do BDI:  Instrução Normativa N° 62/DNIT SEDE"]
{"$rows_empty":66}
[{"$nulls":5},{"$f":"99.6*2","v":199.2}]
[]
[{"$nulls":5},{"$f":"1500*2","v":3000}]
[{"$nulls":5},{"$f":"1500*2","v":3000}]
[{"$nulls":5},{"$f":"1500*2","v":3000}]
[{"$nulls":5},{"$f":"1500*2","v":3000}]
[{"$nulls":5},{"$f":"113.18*2","v":226.36}]
[{"$nulls":5},{"$f":"1121.33*2","v":2242.66}]
{"$rows_empty":79}
[{"$nulls":5},{"$f":"H14+H18+H26+H30","v":0}]

{"sheet":"ENC. SOCIAIS","index":11,"n_rows":224,"n_cols":8,"rows_kept":224,"cut":false,"hidden":false,"merged":[[8,0,9,5],[50,0,50,1],[10,0,10,5],[11,2,11,3],[11,4,11,5],[12,0,12,5],[13,0,14,1],[13,2,14,2],[13,3,14,3],[13,4,14,4],[13,5,14,5],[15,0,15,5],[26,0,26,5],[38,0,38,5],[45,0,45,5],[49,0,49,5]]}
[]
[]
[]
[]
[]
["NOME DA CONCORRENTE:"]
["EDITAL:"]
["FOLHA:"]
[{"$f":"'RESUMO MODULO TOTAL'!B56","v":"CONTRATAÇÃO DE SERVIÇOS DE EXECUÇÃO DE PAVIMENTAÇÃO EM BLOCO INTERTRAVADO DE CONCRETO EM VIAS DE DIVERSOS MUNICÍPIOS INSERIDOS NA ÁREA DE ATUAÇÃO DA 13ª SUPERINTENDÊNCIA REGIONAL DA CODEVASF, NO ESTADO DA PARAÍBA"}]
[]
["DETALHAMENTO DOS ENCARGOS SOCIAIS (%)"]
["VIGÊNCIA A PARTIR DE 12/2023",null,"COM DESONERAÇÃO",null,"SEM DESONERAÇÃO"]
[]
[null,null,"HORISTA","MENSALISTA","HORISTA","MENSALISTA"]
[]
["GRUPO A"]
["A1","INSS",0,0,20,20]
["A2","SESI",1.5,1.5,1.5,1.5]
["A3","SENAI",1,1,1,1]
["A4","INCRA",0.2,0.2,0.2,0.2]
["A5","SEBRAE",0.6,0.6,0.6,0.6]
["A6","Salário Educação",2.5,2.5,2.5,2.5]
["A7","Seguro Contra Acidentes de Trabalho",3,3,3,3]
["A8","FGTS",8,8,8,8]
["A9","SECONCI",1,1,0]
["A","Total",{"$f":"SUM(C17:C25)","v":17.8},{"$f":"SUM(D17:D25)","v":17.8},{"$f":"SUM(E17:E25)","v":36.799999999999997},{"$f":"SUM(F17:F25)","v":36.799999999999997}]
["GRUPO B"]
["B1","Repouso Semanal Remunerado",17.88,"-",18.02,"-"]
["B2","Feriados",3.94,"-",4.3099999999999996,"-"]
["B3","Auxílio-enfermidade",0.91,0.69,0.86,0.65]
["B4","13° salário",10.98,8.33,10.96,8.33]
["B5","Licença-paternidade",7.0000000000000007E-2,0.06,7.0000000000000007E-2,0.05]
["B6","Faltas Justificadas",0.73,0.56000000000000005,0.73,0.56000000000000005]
["B7","Dias de chuva",1.45,"-",2.04,"-"]
["B8","Auxílio Acidente de Trabalho",0.11,0.09,0.1,7.0000000000000007E-2]
["B9","Férias Gozadas",11.35,8.6199999999999992,9.76,7.42]
["B10","Salário Maternidade",0.03,0.03,0.03,0.03]
["B","Total ",{"$f":"SUM(C28:C37)","v":47.45},{"$f":"SUM(D28:D37)","v":18.380000000000003},{"$f":"SUM(E28:E37)","v":46.879999999999995},{"$f":"SUM(F28:F37)","v":17.110000000000003}]
["GRUPO C"]
["C1","Aviso Prévio Indenizado",6.76,5.14,4.53,3.45]
["C2","Aviso Prévio Trabalhado",0.16,0.12,0.11,0.08]
["C3","Férias Indenizadas",2.2799999999999998,1.73,4.29,3.26]
["C4","Depósito Rescisão Sem Justa Causa",3.81,2.89,2.96,2.25]
["C5","Indenização Adicional",0.56999999999999995,0.43,0.38,0.28999999999999998]
["C","Total ",{"$f":"SUM(C40:C44)","v":13.58},{"$f":"SUM(D40:D44)","v":10.31},{"$f":"SUM(E40:E44)","v":12.270000000000001},{"$f":"SUM(F40:F44)","v":9.3299999999999983}]
["GRUPO D"]
["D1","Reincidência de A sobre B",8.4499999999999993,3.27,17.25,6.3]
["D2","Reincidência de Grupo A sobre Aviso Prévio Trabalhado e Reincidência do FGTS sobre Aviso Prévio Indenizado",0.56999999999999995,0.43,0.4,0.35]
["D","Total",{"$f":"SUM(C47:C48)","v":9.02},{"$f":"SUM(D47:D48)","v":3.7},{"$f":"SUM(E47:E48)","v":17.649999999999999},{"$f":"SUM(F47:F48)","v":6.6499999999999995}]
[]
["T O T A L (%)",null,{"$f":"C26+C38+C45+C49","v":87.85},{"$f":"D26+D38+D45+D49","v":50.190000000000012},{"$f":"E26+E38+E45+E49","v":113.6},{"$f":"F26+F38+F45+F49","v":69.89}]
[]
[]
[]
[{"$nulls":7},"Fonte: Sinapi Cálculos e Parâmetros 5ª Edição - Atualizada em Agosto 2023"]
{"$rows_empty":81}
[{"$nulls":5},{"$f":"99.6*2","v":199.2}]
[]
[{"$nulls":5},{"$f":"1500*2","v":3000}]
[{"$nulls":5},{"$f":"1500*2","v":3000}]
[{"$nulls":5},{"$f":"1500*2","v":3000}]
[{"$nulls":5},{"$f":"1500*2","v":3000}]
[{"$nulls":5},{"$f":"113.18*2","v":226.36}]
[{"$nulls":5},{"$f":"1121.33*2","v":2242.66}]
{"$rows_empty":79}
[{"$nulls":5},{"$f":"H14+H18+H26+H30","v":0}]

{"sheet":"MEDICAO EM TKM","index":12,"n_rows":61,"n_cols":6,"rows_kept":61,"cut":false,"hidden":false,"merged":[[60,0,61,1],[60,2,61,2],[60,3,61,3],[32,0,33,1],[32,2,33,2],[32,3,33,3],[37,0,38,1],[37,2,38,2],[37,3,38,3],[42,0,43,1],[42,2,43,2],[42,3,43,3],[47,0,48,1],[47,3,48,3],[14,1,14,2],[15,0,16,1],[15,2,16,2],[22,3,23,3],[27,0,28,1],[27,2,28,2],[27,3,28,3],[10,1,10,2],[11,0,12,1],[11,3,12,3],[0,0,3,4],[4,0,4,4],[5,1,5,3],[6,0,7,1],[6,3,7,3]]}
[]
[]
[]
[]
["PLANILHA DE MEDIÇAO DE TKM"]
[5502114,{"$f":"VLOOKUP(A6,'SINTÉTICO SICRO'!A:D,2,0)","v":"Escavação, carga e transporte de material de 1ª categoria - DMT de 1.000 a 1.200 m - caminho de serviço em leito natural - com escavadeira e caminhão basculante de 14 m³"}]
["MOMENTO DE TRANSPORTE",null,null,"Quantidade (tkm)","-"]
[{"$nulls":4},"-"]
[]
[]
[4413942,{"$f":"VLOOKUP(A11,'SINTÉTICO SICRO'!A:D,2,0)","v":"Espalhamento de material em bota-fora"}]
["MOMENTO DE TRANSPORTE",null,null,"Quantidade (tkm)","-"]
[{"$nulls":4},"-"]
[]
[4011320,{"$f":"VLOOKUP(A15,'SINTÉTICO SICRO'!A:D,2,0)","v":"Base ou sub-base estabilizada granulometricamente com mistura solo brita (70% - 30%) na pista com material de jazida e brita comercial - 100% Proctor modificado"}]
["MOMENTO DE TRANSPORTE",null,"Quantidade (tkm)","Área Executada (m2)",{"$f":"('MC MODULO'!C1*'MC MODULO'!C2)*'MC MODULO'!G1","v":315000}]
[null,null,null,"espessura (m)",0.15,{"$f":"(E16*E17)/'RESUMO MODULO TOTAL'!H29","v":1}]
[5914389,{"$f":"VLOOKUP(A18,'SINTÉTICO SICRO'!A:D,2,0)","v":"Transporte com caminhão basculante de 10 m³ - rodovia pavimentada"},{"$f":"SUM('MOMENTO DE TRANSPORTE - PRINC'!K28:K29)","v":5458724.46},{"$f":"C18*$F$17","v":5458724.46}]
[5914359,{"$f":"VLOOKUP(A19,'SINTÉTICO SICRO'!A:D,2,0)","v":"Transporte com caminhão basculante de 10 m³ - rodovia em leito natural"},{"$f":"SUM('MOMENTO DE TRANSPORTE - PRINC'!K55:K56)","v":194954.44500000001},{"$f":"C19*$F$17","v":194954.44500000001}]
[5914374,{"$f":"VLOOKUP(A20,'SINTÉTICO SICRO'!A:D,2,0)","v":"Transporte com caminhão basculante de 10 m³ - rodovia em revestimento primário"},{"$f":"SUM('MOMENTO DE TRANSPORTE - PRINC'!K81:K82)","v":194954.44500000001},{"$f":"C20*$F$17","v":194954.44500000001}]
[]
[4011209,{"$f":"VLOOKUP(A22,'SINTÉTICO SICRO'!A:D,2,0)","v":"Regularização do subleito - 100% Proctor intermediário"}]
["MOMENTO DE TRANSPORTE",null,null,"Quantidade (tkm)"]
[]
[]
[]
[5213440,"Placa de regulamentação em aço D = 0,60 m - película retrorrefletiva tipo I + SI - fornecimento e implantação"]
["MOMENTO DE TRANSPORTE",null,null,"Quantidade (tkm)"]
[]
[]
[]
[5213464,{"$f":"VLOOKUP(A32,'SINTÉTICO SICRO'!A:D,2,0)","v":"Placa de advertência em aço, lado de 0,60 m - película retrorrefletiva tipo I + SI - fornecimento e implantação"}]
["MOMENTO DE TRANSPORTE",null,null,"Quantidade (tkm)"]
[]
[]
[]
[5213863,{"$f":"VLOOKUP(A37,'SINTÉTICO SICRO'!A:D,2,0)","v":"Suporte metálico galvanizado para placa de advertência ou regulamentação - lado ou diâmetro de 0,60 m - fornecimento e implantação"}]
["MOMENTO DE TRANSPORTE",null,null,"Quantidade (tkm)"]
[]
[]
[]
[5213400,{"$f":"VLOOKUP(A42,'SINTÉTICO SICRO'!A:D,2,0)","v":"Pintura de faixa com tinta acrílica - espessura de 0,4 mm"}]
["MOMENTO DE TRANSPORTE",null,null,"Quantidade (tkm)"]
[]
[]
[]
[2003943,{"$f":"VLOOKUP(A47,'SINTÉTICO SICRO'!A:D,2,0)","v":"Meio-fio de concreto - MFC 03 moldado no local com extrusora e concreto usinado - areia e brita comerciais"}]
["MOMENTO DE TRANSPORTE",null,null,"Quantidade (tkm)","Extensao executada (m)"]
[{"$nulls":4},100,{"$f":"E49/('MC MODULO'!C1*2)","v":0.05}]
[5914569,{"$f":"VLOOKUP(A50,'SINTÉTICO SICRO'!A:D,2,0)","v":"Transporte com caminhão betoneira - rodovia pavimentada"},null,{"$f":"'MOMENTO DE TRANSPORTE - PRINC'!K42","v":508032},{"$f":"D50*$F$49","v":25401.600000000002}]
[5914539,{"$f":"VLOOKUP(A51,'SINTÉTICO SICRO'!A:D,2,0)","v":"Transporte com caminhão betoneira - rodovia em leito natural"},null,{"$f":"'MOMENTO DE TRANSPORTE - PRINC'!K68","v":18144},907.2]
[5914554,{"$f":"VLOOKUP(A52,'SINTÉTICO SICRO'!A:D,2,0)","v":"Transporte com caminhão betoneira - rodovia em revestimento primário"},null,{"$f":"'MOMENTO DE TRANSPORTE - PRINC'!K94","v":18144},907.2]
[5914479,{"$f":"VLOOKUP(A53,'SINTÉTICO SICRO'!A:D,2,0)","v":"Transporte com caminhão carroceria de 15 t - rodovia pavimentada"},null,{"$f":"SUMIF('MOMENTO DE TRANSPORTE - AUX'!A25:A29,'MEDICAO EM TKM'!A53,'MOMENTO DE TRANSPORTE - AUX'!K25:K29)+'MOMENTO DE TRANSPORTE - AUX'!K37","v":128692.80000000003},6434.6400000000021]
[5914389,{"$f":"VLOOKUP(A54,'SINTÉTICO SICRO'!A:D,2,0)","v":"Transporte com caminhão basculante de 10 m³ - rodovia pavimentada"},null,{"$f":"SUMIF('MOMENTO DE TRANSPORTE - AUX'!A25:A29,'MEDICAO EM TKM'!A54,'MOMENTO DE TRANSPORTE - AUX'!K25:K29)","v":931072.96800000011},46553.648400000005]
[5914449,{"$f":"VLOOKUP(A55,'SINTÉTICO SICRO'!A:D,2,0)","v":"Transporte com caminhão carroceria de 15 t - rodovia em leito natural"},null,{"$f":"SUMIF('MOMENTO DE TRANSPORTE - AUX'!A48:A53,'MEDICAO EM TKM'!A55,'MOMENTO DE TRANSPORTE - AUX'!K48:K53)+'MOMENTO DE TRANSPORTE - AUX'!K60","v":5362.2000000000007},268.11000000000007]
[5914359,{"$f":"VLOOKUP(A56,'SINTÉTICO SICRO'!A:D,2,0)","v":"Transporte com caminhão basculante de 10 m³ - rodovia em leito natural"},null,{"$f":"SUMIF('MOMENTO DE TRANSPORTE - AUX'!A48:A53,'MEDICAO EM TKM'!A56,'MOMENTO DE TRANSPORTE - AUX'!K48:K53)","v":38794.707000000002},1939.7353500000002]
[5914464,{"$f":"VLOOKUP(A57,'SINTÉTICO SICRO'!A:D,2,0)","v":"Transporte com caminhão carroceria de 15 t - rodovia em revestimento primário"},null,{"$f":"SUMIF('MOMENTO DE TRANSPORTE - AUX'!A71:A75,'MEDICAO EM TKM'!A57,'MOMENTO DE TRANSPORTE - AUX'!K71:K75)+'MOMENTO DE TRANSPORTE - AUX'!K83","v":5362.2000000000007},268.11000000000007]
[5914374,{"$f":"VLOOKUP(A58,'SINTÉTICO SICRO'!A:D,2,0)","v":"Transporte com caminhão basculante de 10 m³ - rodovia em revestimento primário"},null,{"$f":"SUMIF('MOMENTO DE TRANSPORTE - AUX'!A71:A75,'MEDICAO EM TKM'!A57,'MOMENTO DE TRANSPORTE - AUX'!K71:K75)","v":5348.7000000000007},267.43500000000006]
[]
[4915724,{"$f":"VLOOKUP(A60,'SINTÉTICO SICRO'!A:D,2,0)","v":"Caiação mecanizada com fixador de cal"}]
["MOMENTO DE TRANSPORTE",null,null,"Quantidade (tkm)"]

{"sheet":"MC MODULO","index":13,"n_rows":224,"n_cols":21,"rows_kept":224,"cut":false,"hidden":false,"merged":[[150,0,150,4],[16,1,16,4],[21,1,21,4],[86,1,86,4],[74,1,74,5],[79,1,79,4],[52,1,52,5],[64,1,64,5],[91,1,91,4],[69,1,69,5],[58,1,58,5],[6,1,6,4],[11,1,11,4],[47,1,47,5],[28,1,28,4],[33,1,33,4],[40,1,40,4]]}
["Extensão","=",1000,"m",null,"QUANTIDADE DE MODULOS",45]
["Largura","=",7,"m"]
[]
["Extensão","=",1,"km"]
[]
[null,"MOBUILIZAÇÃO"]
[1,"Implantação da obra"]
[]
[null,"Módulos(un)",null,"Módulos(un)"]
[null,{"$f":"G1","v":45},"=",{"$f":"B10","v":45}]
[]
[2,"Administração da obra"]
[]
[null,"Módulos(un)",null,"Módulos(un)"]
[null,{"$f":"G1","v":45},"=",{"$f":"B15","v":45}]
[]
[3,"Canteiro de Obras e Almoxarifado"]
[]
[null,"Módulos(un)",null,"Módulos(un)"]
[null,{"$f":"G1","v":45},"=",{"$f":"B20","v":45}]
[]
[4,"Placa de Obra em Chapa de Aço Galvanizado"]
[]
[null,"Módulos(un)","Comprimento(m)","Largura (m)",null,null,null,"Total de Area de placa (m²)"]
[null,{"$f":"G1","v":45},2,4,null,null,null,{"$f":"C25*D25*B25*2","v":720}]
[]
[null,"TERRAPLENAGEM"]
[]
[5,"serviços topográficos para pavimentação, inclusive notas de serviços, acompanhamento e greide"]
[]
[null,"Extensão (m)",null,"Largura (m)",null,null,null,"area (m2)"]
[null,{"$f":"C1*$G$1","v":45000},"x",{"$f":"$C$2","v":7},null,null,"=",{"$f":"B32*D32","v":315000}]
[]
[6,"Escavação, carga e transporte de material de 1ª categoria - DMT de 1.000 a 1.200 m - caminho de serviço em leito natural - com escavadeira e caminhão basculante de 14 m³"]
[]
[null,"Extensão (m)",null,"Largura (m)",null,"Espessura (m)",null,"Volume (m3)"]
[null,{"$f":"C1*$G$1","v":45000},"x",{"$f":"$C$2","v":7},"x",{"$f":"0.15+0.08+0.04","v":0.26999999999999996},"=",{"$f":"B37*D37*F37","v":85049.999999999985}]
[]
[]
[]
[7,"Espalhamento de material em bota-fora"]
[]
[null,"Extensão (m)",null,"Largura (m)",null,"Espessura (m)",null,"Volume (m3)"]
[null,{"$f":"C1*$G$1","v":45000},"x",{"$f":"$C$2","v":7},"x",0.27,"=",{"$f":"B44*D44*F44","v":85050}]
[]
[null,"PAVIMENTAÇÃO"]
[]
[8,"Execução de Pavimento em Piso Intertravado, com Bloco Sextavado de 25 X 25 cm, espessura 8 cm. AF_12/2015"]
[]
[null,"Extensão (m)","Largura (m)",{"$nulls":4},"area (m2)"]
[null,{"$f":"$C$1*G1","v":45000},{"$f":"$C$2","v":7},null,null,null,"=",{"$f":"C51*B51","v":315000}]
[]
[8,"Transporte com cavalo mecânico com semirreboque com capacidade de 30 t - rodovia pavimentada"]
[]
[null,"Dimensoes (m³)","Densidade bloco Intertravado (t/m³)","Peso total (t)","Distancia (km)",null,null,"TKM"]
[null,{"$f":"H51*0.08","v":25200},2.2000000000000002,{"$f":"C56*B56","v":55440.000000000007},100,null,"=",{"$f":"D56*E56","v":5544000.0000000009}]
[]
[]
[8,"Carga, manobra e descarga de materiais diversos em caminhão carroceria com capacidade de 7 t e com guindauto de 20 t.m"]
[]
[null,"Dimensoes (m³)","Densidade bloco Intertravado (t/m³)","Peso total (t)",null,null,null,"TKM"]
[null,{"$f":"H51*0.08","v":25200},2.2000000000000002,{"$f":"C62*B62","v":55440.000000000007},null,null,"=",{"$f":"D62","v":55440.000000000007}]
[]
[]
[8,"TRANSPORTE COM CAMINHÃO BASCULANTE DE 10 M³, EM VIA URBANA PAVIMENTADA , DMT ATÉ 30 KM (UNIDADE: TXKM). AF_07/2020 (areia)",{"$nulls":18},{"$f":"7*20","v":140}]
[{"$nulls":20},{"$f":"26*5","v":130}]
[null,"Area","Densidade areia (t/m³)","Peso total (t)","Distancia (km)",null,null,"TKM",{"$nulls":12},{"$f":"23*5","v":115}]
[null,{"$f":"H51","v":315000},1.5,{"$f":"B68*C68*0.04","v":18900},70,null,"=",{"$f":"D68*E68","v":1323000},{"$nulls":12},{"$f":"U65+U66+U67","v":385}]
[]
[8,"TRANSPORTE COM CAMINHÃO BASCULANTE DE 10 M³, EM VIA URBANA PAVIMENTADA , DMT ATÉ 30 KM (UNIDADE: TXKM). AF_07/2020 (PO DE PEDRA)",{"$nulls":18},{"$f":"7*20","v":140}]
[null,null,null,8.9999999999999993E-3,{"$nulls":16},{"$f":"26*5","v":130}]
[null,"Area","Densidade pó de pedra (t/m³)","Quantidade total de pó de pedra (m³)","Peso total (t)","Distancia (km)",null,"TKM",{"$nulls":12},{"$f":"23*5","v":115}]
[null,{"$f":"H51","v":315000},1.5,{"$f":"B73*D71","v":2835},{"$f":"D73*C73","v":4252.5},70,"=",{"$f":"E73*F73","v":297675},{"$nulls":12},{"$f":"U70+U71+U72","v":385}]
[]
[9,"Base ou sub-base de brita graduada com brita comercial"]
[]
[null,"Extensão (m)",null,"Largura (m)",null,"Espessura (m)",null,"Volume (m3)"]
[null,{"$f":"C1*$G$1","v":45000},"x",{"$f":"$C$2","v":7},"x",0.15,"=",{"$f":"B78*D78*F78","v":47250}]
[]
[10,"Regularização do subleito"]
[]
[null,"Extensão (m)",null,"Largura (m)",null,null,null,"area (m2)"]
[null,{"$f":"C1*$G$1","v":45000},"x",{"$f":"$C$2","v":7},null,null,"=",{"$f":"B83*D83","v":315000}]
[]
[null,"SINALIZAÇÃO"]
[]
[11,"Fornecimento e implantação de placa de regulamentação em aço D = 0,60 m - película retrorrefletiva tipo I + SI"]
[]
[null,"Extensão (km)",null,"Quant. (un)",null,null,null,"Quant. (un)"]
[null,{"$f":"$C$4*$G$1","v":45},"x",3,null,null,"=",{"$f":"B90*D90","v":135}]
[]
[11,"Fornecimento e implantação de placa de advertencia"]
[]
[null,"Extensão (km)",null,"Quant. (un)",null,null,null,"Quant. (un)"]
[null,{"$f":"$C$4*$G$1","v":45},"x",3,null,null,"=",{"$f":"B95*D95","v":135}]
[]
[]
[12,"Fornecimento e implantação de suporte metálico galvanizado para placa de regulamentação - D = 0,60 m"]
[]
[null,"Extensão (km)",null,"Quant. (un)",null,null,null,"Quant. (un)"]
[null,{"$f":"$C$4*$G$1","v":45},"x",0.5,null,null,"=",{"$f":"H95+H90","v":270}]
[]
[13,"Pintura de faixa com tinta acrílica - espessura de 0,4 mm (bordos)"]
[]
[null,"Extensão (m)",null,"Espessura (m)",null,null,null,"Quant. (m²)"]
[null,{"$f":"C1*G1","v":45000},"x",0.1,null,null,"=",{"$f":"B106*D106*2","v":9000}]
[]
[null,"Pintura de faixa com tinta acrílica - espessura de 0,4 mm (faixa central)"]
[]
[{"$nulls":7},"Quant. (m²)"]
[{"$nulls":7},{"$f":"B106*D106*0.4","v":1800}]
[]
[]
[null,"DRENAGEM"]
[14,"Meio-fio de concreto - MFC 03 - areia e brita comerciais - fôrma de madeira"]
[]
[null,"Extensão (m)",null,"Quant. (un)",null,null,null,"Extensão(m)"]
[null,{"$f":"$C$1*$G$1","v":45000},"x",2,null,null,"=",{"$f":"B118*D118","v":90000}]
[]
[19,"Caiação mecanizada com fixador de cal"]
[]
[null,"Extensão (m)",null,"Perimetro (m)",null,null,null,"Area (m²)"]
[null,{"$f":"$C$1*$G$1","v":45000},"x",{"$f":"0.24","v":0.24},null,null,"=",{"$f":"B123*D123","v":10800}]
[]
[]
[null,"SERVIÇOS COMPLEMENTARES"]
[15]
[]
[null,"Extensão (m)",null,"Largura (m)",null,null,0.1,"extensão (m)"]
[null,{"$f":"$C$1*G1","v":45000},"x",1,"x",null,"=",{"$f":"G129*B130","v":4500}]
[]
[]
[null,"PROJETO EXECUTIVO"]
[16,"Projeto Executivo"]
[]
[null,"Extensão (m)",null,"Largura (m)",null,"Quant. (un)",null,"Área (m²)"]
[null,{"$f":"$C$1*G1","v":45000},"x",{"$f":"C2","v":7},"x",{"$f":"99.6*2","v":199.2},"=",{"$f":"B137*D137","v":315000}]
[]
[null,"CONTROLE TECNOLOGICO - OBRA",null,null,null,{"$f":"1500*2","v":3000}]
[17,"Projeto Executivo",null,null,null,{"$f":"1500*2","v":3000}]
[{"$nulls":5},{"$f":"1500*2","v":3000}]
[null,"Extensão (m)",null,"Largura (m)",null,{"$f":"1500*2","v":3000},null,"meses"]
[{"$nulls":5},{"$f":"113.18*2","v":226.36},"=",{"$f":"0.5*G1","v":22.5}]
[{"$nulls":5},{"$f":"1121.33*2","v":2242.66}]
{"$rows_empty":79}
[{"$nulls":5},{"$f":"H14+H18+H26+H30","v":0}]

{"sheet":"Material Sicro","index":14,"n_rows":6492,"n_cols":4,"rows_kept":6492,"cut":false,"hidden":true,"merged":[[0,1,0,2]]}
["CGCIT","SISTEMA DE CUSTOS REFERENCIAIS DE OBRAS - SICRO",null,"DNIT"]
[null,"Paraíba - Janeiro/2025"]
["Código","Descrição do Serviço","Unidade","Custo Unitário (R$)"]
[307731,"Aparelho de apoio de neoprene fretado para estruturas moldadas no local - fornecimento e instalação","dm³",135.19]
[307732,"Aparelho de apoio de neoprene fretado para estruturas pré-moldadas - fornecimento e instalação","dm³",111.89]
[308308,"Aparelho de apoio metálico elastomérico fixo com capacidade de 1.500 kN - fornecimento e instalação","un",5546.55]
[308313,"Aparelho de apoio metálico elastomérico fixo com capacidade de 10.000 kN - fornecimento e instalação","un",34527.120000000003]
[308309,"Aparelho de apoio metálico elastomérico fixo com capacidade de 2.500 kN - fornecimento e instalação","un",9132.36]
[308310,"Aparelho de apoio metálico elastomérico fixo com capacidade de 4.000 kN - fornecimento e instalação","un",12664.35]
[308311,"Aparelho de apoio metálico elastomérico fixo com capacidade de 5.500 kN - fornecimento e instalação","un",17775.8]
[308312,"Aparelho de apoio metálico elastomérico fixo com capacidade de 7.500 kN - fornecimento e instalação","un",24748.83]
[308307,"Aparelho de apoio metálico elastomérico fixo com capacidade de 700 kN - fornecimento e instalação","un",3426.71]
[308322,"Aparelho de apoio metálico elastomérico multidirecional com capacidade de 1.500 kN - fornecimento e instalação","un",4873.09]
[308327,"Aparelho de apoio metálico elastomérico multidirecional com capacidade de 10.000 kN - fornecimento e instalação","un",29587.16]
[308323,"Aparelho de apoio metálico elastomérico multidirecional com capacidade de 2.500 kN - fornecimento e instalação","un",7495.89]
[308324,"Aparelho de apoio metálico elastomérico multidirecional com capacidade de 4.000 kN - fornecimento e instalação","un",11181.41]
[308325,"Aparelho de apoio metálico elastomérico multidirecional com capacidade de 5.500 kN - fornecimento e instalação","un",15775.74]
[308326,"Aparelho de apoio metálico elastomérico multidirecional com capacidade de 7.500 kN - fornecimento e instalação","un",21888.639999999999]
[308321,"Aparelho de apoio metálico elastomérico multidirecional com capacidade de 700 kN - fornecimento e instalação","un",4483.59]
[308315,"Aparelho de apoio metálico elastomérico unidirecional com capacidade de 1.500 kN - fornecimento e instalação","un",6246.39]
[308320,"Aparelho de apoio metálico elastomérico unidirecional com capacidade de 10.000 kN - fornecimento e instalação","un",43442.09]
[308316,"Aparelho de apoio metálico elastomérico unidirecional com capacidade de 2.500 kN - fornecimento e instalação","un",8956.91]
[308317,"Aparelho de apoio metálico elastomérico unidirecional com capacidade de 4.000 kN - fornecimento e instalação","un",17067.41]
[308318,"Aparelho de apoio metálico elastomérico unidirecional com capacidade de 5.500 kN - fornecimento e instalação","un",22307.08]
[308319,"Aparelho de apoio metálico elastomérico unidirecional com capacidade de 7.500 kN - fornecimento e instalação","un",25333.360000000001]
[308314,"Aparelho de apoio metálico elastomérico unidirecional com capacidade de 700 kN - fornecimento e instalação","un",4491.1099999999997]
[308250,"Aparelho de apoio metálico esférico fixo com capacidade de 1.000 kN - fornecimento e instalação","un",7107.6]
[308251,"Aparelho de apoio metálico esférico fixo com capacidade de 1.500 kN - fornecimento e instalação","un",11059.49]
[308268,"Aparelho de apoio metálico esférico fixo com capacidade de 10.000 kN - fornecimento e instalação","un",72211.64]
[308252,"Aparelho de apoio metálico esférico fixo com capacidade de 2.000 kN - fornecimento e instalação","un",12857.32]
[308253,"Aparelho de apoio metálico esférico fixo com capacidade de 2.500 kN - fornecimento e instalação","un",15584.43]
[308254,"Aparelho de apoio metálico esférico fixo com capacidade de 3.000 kN - fornecimento e instalação","un",18594.53]
[308255,"Aparelho de apoio metálico esférico fixo com capacidade de 3.500 kN - fornecimento e instalação","un",21489.24]
[308256,"Aparelho de apoio metálico esférico fixo com capacidade de 4.000 kN - fornecimento e instalação","un",28778.51]
[308257,"Aparelho de apoio metálico esférico fixo com capacidade de 4.500 kN - fornecimento e instalação","un",30926.12]
[308258,"Aparelho de apoio metálico esférico fixo com capacidade de 5.000 kN - fornecimento e instalação","un",34534.839999999997]
[308259,"Aparelho de apoio metálico esférico fixo com capacidade de 5.500 kN - fornecimento e instalação","un",36505.49]
[308260,"Aparelho de apoio metálico esférico fixo com capacidade de 6.000 kN - fornecimento e instalação","un",41086.94]
[308261,"Aparelho de apoio metálico esférico fixo com capacidade de 6.500 kN - fornecimento e instalação","un",44363.9]
[308262,"Aparelho de apoio metálico esférico fixo com capacidade de 7.000 kN - fornecimento e instalação","un",52579.65]
[308263,"Aparelho de apoio metálico esférico fixo com capacidade de 7.500 kN - fornecimento e instalação","un",56636.41]
[308264,"Aparelho de apoio metálico esférico fixo com capacidade de 8.000 kN - fornecimento e instalação","un",56844.26]
[308265,"Aparelho de apoio metálico esférico fixo com capacidade de 8.500 kN - fornecimento e instalação","un",57370.879999999997]
[308266,"Aparelho de apoio metálico esférico fixo com capacidade de 9.000 kN - fornecimento e instalação","un",64819.68]
[308267,"Aparelho de apoio metálico esférico fixo com capacidade de 9.500 kN - fornecimento e instalação","un",68763.72]
[308288,"Aparelho de apoio metálico esférico multidirecional com capacidade de 1.000 kN - fornecimento e instalação","un",7949.61]
[308289,"Aparelho de apoio metálico esférico multidirecional com capacidade de 1.500 kN - fornecimento e instalação","un",11015.11]
[308306,"Aparelho de apoio metálico esférico multidirecional com capacidade de 10.000 kN - fornecimento e instalação","un",73149.58]
[308290,"Aparelho de apoio metálico esférico multidirecional com capacidade de 2.000 kN - fornecimento e instalação","un",14432.59]
[308291,"Aparelho de apoio metálico esférico multidirecional com capacidade de 2.500 kN - fornecimento e instalação","un",17259.82]
[308292,"Aparelho de apoio metálico esférico multidirecional com capacidade de 3.000 kN - fornecimento e instalação","un",19928.28]
[308293,"Aparelho de apoio metálico esférico multidirecional com capacidade de 3.500 kN - fornecimento e instalação","un",22531.81]
[308294,"Aparelho de apoio metálico esférico multidirecional com capacidade de 4.000 kN - fornecimento e instalação","un",25542.36]
[308295,"Aparelho de apoio metálico esférico multidirecional com capacidade de 4.500 kN - fornecimento e instalação","un",29475.8]
[308296,"Aparelho de apoio metálico esférico multidirecional com capacidade de 5.000 kN - fornecimento e instalação","un",32818.980000000003]
[308297,"Aparelho de apoio metálico esférico multidirecional com capacidade de 5.500 kN - fornecimento e instalação","un",35528.39]
[308298,"Aparelho de apoio metálico esférico multidirecional com capacidade de 6.000 kN - fornecimento e instalação","un",41873.980000000003]
[308299,"Aparelho de apoio metálico esférico multidirecional com capacidade de 6.500 kN - fornecimento e instalação","un",45225.75]
[308300,"Aparelho de apoio metálico esférico multidirecional com capacidade de 7.000 kN - fornecimento e instalação","un",48664.85]
[308301,"Aparelho de apoio metálico esférico multidirecional com capacidade de 7.500 kN - fornecimento e instalação","un",52487.42]
[308302,"Aparelho de apoio metálico esférico multidirecional com capacidade de 8.000 kN - fornecimento e instalação","un",56970.87]
[308303,"Aparelho de apoio metálico esférico multidirecional com capacidade de 8.500 kN - fornecimento e instalação","un",62170.5]
[308304,"Aparelho de apoio metálico esférico multidirecional com capacidade de 9.000 kN - fornecimento e instalação","un",65667.649999999994]
[308305,"Aparelho de apoio metálico esférico multidirecional com capacidade de 9.500 kN - fornecimento e instalação","un",69673.38]
[308269,"Aparelho de apoio metálico esférico unidirecional com capacidade de 1.000 kN - fornecimento e instalação","un",10637.8]
[308270,"Aparelho de apoio metálico esférico unidirecional com capacidade de 1.500 kN - fornecimento e instalação","un",14327.54]
[308287,"Aparelho de apoio metálico esférico unidirecional com capacidade de 10.000 kN - fornecimento e instalação","un",78593.36]
[308271,"Aparelho de apoio metálico esférico unidirecional com capacidade de 2.000 kN - fornecimento e instalação","un",17449.080000000002]
[308272,"Aparelho de apoio metálico esférico unidirecional com capacidade de 2.500 kN - fornecimento e instalação","un",20709.560000000001]
[308273,"Aparelho de apoio metálico esférico unidirecional com capacidade de 3.000 kN - fornecimento e instalação","un",23679.82]
[308274,"Aparelho de apoio metálico esférico unidirecional com capacidade de 3.500 kN - fornecimento e instalação","un",27448.06]
[308275,"Aparelho de apoio metálico esférico unidirecional com capacidade de 4.000 kN - fornecimento e instalação","un",30647.94]
[308276,"Aparelho de apoio metálico esférico unidirecional com capacidade de 4.500 kN - fornecimento e instalação","un",35238.69]
[308277,"Aparelho de apoio metálico esférico unidirecional com capacidade de 5.000 kN - fornecimento e instalação","un",38981.21]
[308278,"Aparelho de apoio metálico esférico unidirecional com capacidade de 5.500 kN - fornecimento e instalação","un",42176.11]
[308279,"Aparelho de apoio metálico esférico unidirecional com capacidade de 6.000 kN - fornecimento e instalação","un",47116.83]
[308280,"Aparelho de apoio metálico esférico unidirecional com capacidade de 6.500 kN - fornecimento e instalação","un",50503.79]
[308281,"Aparelho de apoio metálico esférico unidirecional com capacidade de 7.000 kN - fornecimento e instalação","un",54250.21]
[308282,"Aparelho de apoio metálico esférico unidirecional com capacidade de 7.500 kN - fornecimento e instalação","un",58193.04]
[308283,"Aparelho de apoio metálico esférico unidirecional com capacidade de 8.000 kN - fornecimento e instalação","un",61877.66]
[308284,"Aparelho de apoio metálico esférico unidirecional com capacidade de 8.500 kN - fornecimento e instalação","un",66660.94]
[308285,"Aparelho de apoio metálico esférico unidirecional com capacidade de 9.000 kN - fornecimento e instalação","un",70573.429999999993]
[308286,"Aparelho de apoio metálico esférico unidirecional com capacidade de 9.500 kN - fornecimento e instalação","un",74630.539999999994]
[307733,"Junta de dilatação em elastômero e perfil VV - L = 20 mm e H = 40 mm - fornecimento e instalação","m",263.10000000000002]
[307734,"Junta de dilatação em elastômero e perfil VV - L = 25 mm e H = 50 mm - fornecimento e instalação","m",317.85000000000002]
[307735,"Junta de dilatação em elastômero e perfil VV - L = 35 mm e H = 60 mm - fornecimento e instalação","m",417.29]
[307736,"Junta de dilatação em elastômero e perfil VV - L = 40 mm e H = 70 mm - fornecimento e instalação","m",556.98]
[307737,"Junta de dilatação em elastômero e perfil VV - L = 50 mm e H = 80 mm - fornecimento e instalação","m",587.03]
[307730,"Junta de dilatação em perfil extrudado de borracha vulcanizada","m",0]
[307084,"Lábios poliméricos em junta de pavimento de concreto - L = 20 mm e H = 30 mm - confecção e assentamento","m",33.1]
[407818,"Armação em aço CA-25 - fornecimento, preparo e colocação","kg",12.05]
[407819,"Armação em aço CA-50 - fornecimento, preparo e colocação","kg",12.41]
[407820,"Armação em aço CA-60 - fornecimento, preparo e colocação","kg",13.7]
[407740,"Chumbador tipo espera em aço CA-25 para fixação de estrutura metálica em concreto - fornecimento e instalação","kg",14.65]
[408037,"Luva de emenda com rosca cônica para aço CA-50 - D = 12,5 mm - fornecimento e instalação","un",20.97]
[408038,"Luva de emenda com rosca cônica para aço CA-50 - D = 16 mm - fornecimento e instalação","un",33.020000000000003]
[408039,"Luva de emenda com rosca cônica para aço CA-50 - D = 20 mm - fornecimento e instalação","un",44.67]
[408041,"Luva de emenda com rosca cônica para aço CA-50 - D = 25 mm - fornecimento e instalação","un",57.95]
[408042,"Luva de emenda com rosca cônica para aço CA-50 - D = 32 mm - fornecimento e instalação","un",83.27]
[408031,"Luva de emenda prensada para aço CA-50 - D = 12,5 mm - fornecimento e instalação","un",23.07]
[408032,"Luva de emenda prensada para aço CA-50 - D = 16 mm - fornecimento e instalação","un",31.66]
[408033,"Luva de emenda prensada para aço CA-50 - D = 20 mm - fornecimento e instalação","un",43.4]
[408035,"Luva de emenda prensada para aço CA-50 - D = 25 mm - fornecimento e instalação","un",73.239999999999995]
[408036,"Luva de emenda prensada para aço CA-50 - D = 32 mm - fornecimento e instalação","un",163.63999999999999]
[408067,"Tela de aço eletrossoldada - fornecimento, preparo e colocação","kg",11.99]
[407743,"Treliça nervurada três barras longitudinais interligadas por duas diagonais sinusoidal - fornecimento e instalação","kg",12.23]
[607137,"Arco metálico galvanizado tipo MP 152S - arco alto - vão = 10,08 m e altura = 6,12 m - aterro rodoviário mínimo = 0,90 m e máximo = 5,00 m - areia e brita comerciais","m",60638.81]
[606785,"Arco metálico galvanizado tipo MP 152S - arco alto - vão = 10,08 m e altura = 6,12 m - aterro rodoviário mínimo = 0,90 m e máximo = 5,00 m - areia extraída e brita produzida","m",59974.14]
[607139,"Arco metálico galvanizado tipo MP 152S - arco alto - vão = 10,31 m e altura = 6,17 m - aterro rodoviário mínimo = 0,90 m e máximo = 4,90 m - areia e brita comerciais","m",61450.82]
[606787,"Arco metálico galvanizado tipo MP 152S - arco alto - vão = 10,31 m e altura = 6,17 m - aterro rodoviário mínimo = 0,90 m e máximo = 4,90 m - areia extraída e brita produzida","m",60457.599999999999]
[607140,"Arco metálico galvanizado tipo MP 152S - arco alto - vão = 10,36 m e altura = 5,38 m - aterro rodoviário mínimo = 1,20 m e máximo = 3,60 m - areia e brita comerciais","m",56154.41]
[606788,"Arco metálico galvanizado tipo MP 152S - arco alto - vão = 10,36 m e altura = 5,38 m - aterro rodoviário mínimo = 1,20 m e máximo = 3,60 m - areia extraída e brita produzida","m",55882.94]
[607141,"Arco metálico galvanizado tipo MP 152S - arco alto - vão = 10,54 m e altura = 6,05 m - aterro rodoviário mínimo = 1,20 m e máximo = 4,20 m - areia e brita comerciais","m",62513.8]
[606789,"Arco metálico galvanizado tipo MP 152S - arco alto - vão = 10,54 m e altura = 6,05 m - aterro rodoviário mínimo = 1,20 m e máximo = 4,20 m - areia extraída e brita produzida","m",61823.040000000001]
[607144,"Arco metálico galvanizado tipo MP 152S - arco alto - vão = 10,57 m e altura = 5,41 m - aterro rodoviário mínimo = 1,20 m e máximo = 4,10 m - areia e brita comerciais","m",73324.52]
[606792,"Arco metálico galvanizado tipo MP 152S - arco alto - vão = 10,57 m e altura = 5,41 m - aterro rodoviário mínimo = 1,20 m e máximo = 4,10 m - areia extraída e brita produzida","m",72693.58]
[607142,"Arco metálico galvanizado tipo MP 152S - arco alto - vão = 10,74 m e altura = 6,48 m - aterro rodoviário mínimo = 1,20 m e máximo = 4,70 m - areia e brita comerciais","m",65559.14]
[606790,"Arco metálico galvanizado tipo MP 152S - arco alto - vão = 10,74 m e altura = 6,48 m - aterro rodoviário mínimo = 1,20 m e máximo = 4,70 m - areia extraída e brita produzida","m",64816.15]
[607145,"Arco metálico galvanizado tipo MP 152S - arco alto - vão = 10,77 m e altura = 6,10 m - aterro rodoviário mínimo = 1,20 m e máximo = 4,70 m - areia e brita comerciais","m",80895.039999999994]
[606793,"Arco metálico galvanizado tipo MP 152S - arco alto - vão = 10,77 m e altura = 6,10 m - aterro rodoviário mínimo = 1,20 m e máximo = 4,70 m - areia extraída e brita produzida","m",80189.39]
[607146,"Arco metálico galvanizado tipo MP 152S - arco alto - vão = 10,97 m e altura = 6,53 m - aterro rodoviário mínimo = 1,20 m e máximo = 4,70 m - areia e brita comerciais","m",84397.14]
[606794,"Arco metálico galvanizado tipo MP 152S - arco alto - vão = 10,97 m e altura = 6,53 m - aterro rodoviário mínimo = 1,20 m e máximo = 4,70 m - areia extraída e brita produzida","m",83631.259999999995]
[607143,"Arco metálico galvanizado tipo MP 152S - arco alto - vão = 11,35 m e altura = 7,12 m - aterro rodoviário mínimo = 1,20 m e máximo = 4,70 m - areia e brita comerciais","m",70815.360000000001]
[606791,"Arco metálico galvanizado tipo MP 152S - arco alto - vão = 11,35 m e altura = 7,12 m - aterro rodoviário mínimo = 1,20 m e máximo = 4,70 m - areia extraída e brita produzida","m",69959.97]
[607147,"Arco metálico galvanizado tipo MP 152S - arco alto - vão = 11,58 m e altura = 7,16 m - aterro rodoviário mínimo = 1,20 m e máximo = 6,40 m - areia e brita comerciais","m",91050.25]
[606795,"Arco metálico galvanizado tipo MP 152S - arco alto - vão = 11,58 m e altura = 7,16 m - aterro rodoviário mínimo = 1,20 m e máximo = 6,40 m - areia extraída e brita produzida","m",90167.72]
[607112,"Arco metálico galvanizado tipo MP 152S - arco alto - vão = 6,12 m e altura = 2,77 m - aterro rodoviário mínimo = 0,75 m e máximo = 5,40 m - areia e brita comerciais","m",29659.19]
[606760,"Arco metálico galvanizado tipo MP 152S - arco alto - vão = 6,12 m e altura = 2,77 m - aterro rodoviário mínimo = 0,75 m e máximo = 5,40 m - areia extraída e brita produzida","m",29427.85]
[607113,"Arco metálico galvanizado tipo MP 152S - arco alto - vão = 6,30 m e altura = 3,68 m - aterro rodoviário mínimo = 0,75 m e máximo = 7,50 m - areia e brita comerciais","m",36390.15]
[606761,"Arco metálico galvanizado tipo MP 152S - arco alto - vão = 6,30 m e altura = 3,68 m - aterro rodoviário mínimo = 0,75 m e máximo = 7,50 m - areia extraída e brita produzida","m",36124.22]
[606762,"Arco metálico galvanizado tipo MP 152S - arco alto - vão = 6,55 m e altura = 3,56 m - aterro rodoviário mínimo = 0,75 m e máximo = 4,9 m - areia extraída e brita produzida","m",34357.14]
[607114,"Arco metálico galvanizado tipo MP 152S - arco alto - vão = 6,55 m e altura = 3,56 m - aterro rodoviário mínimo = 0,75 m e máximo = 4,90 m - areia e brita comerciais","m",34628.089999999997]
[607116,"Arco metálico galvanizado tipo MP 152S - arco alto - vão = 6,78 m e altura = 3,61 m - aterro rodoviário mínimo = 0,75 m e máximo = 4,80 m - areia e brita comerciais","m",36540.33]
[606764,"Arco metálico galvanizado tipo MP 152S - arco alto - vão = 6,78 m e altura = 3,61 m - aterro rodoviário mínimo = 0,75 m e máximo = 4,80 m - areia extraída e brita produzida","m",36257.97]
[607115,"Arco metálico galvanizado tipo MP 152S - arco alto - vão = 6,96 m e altura = 4,42 m - aterro rodoviário mínimo = 0,75 m e máximo = 8,10 m - areia e brita comerciais","m",41484.82]
[606763,"Arco metálico galvanizado tipo MP 152S - arco alto - vão = 6,96 m e altura = 4,42 m - aterro rodoviário mínimo = 0,75 m e máximo = 8,10 m - areia extraída e brita produzida","m",41145.129999999997]
[607117,"Arco metálico galvanizado tipo MP 152S - arco alto - vão = 6,99 m e altura = 4,27 m - aterro rodoviário mínimo = 0,75 m e máximo = 5,70 m - areia e brita comerciais","m",41466.1]
[606765,"Arco metálico galvanizado tipo MP 152S - arco alto - vão = 6,99 m e altura = 4,27 m - aterro rodoviário mínimo = 0,75 m e máximo = 5,70 m - areia extraída e brita produzida","m",41135.730000000003]
[607118,"Arco metálico galvanizado tipo MP 152S - arco alto - vão = 7,01 m e altura = 3,63 m - aterro rodoviário mínimo = 0,75 m e máximo = 4,60 m - areia e brita comerciais","m",37181.96]
[606766,"Arco metálico galvanizado tipo MP 152S - arco alto - vão = 7,01 m e altura = 3,63 m - aterro rodoviário mínimo = 0,75 m e máximo = 4,60 m - areia extraída e brita produzida","m",36890.47]
[607120,"Arco metálico galvanizado tipo MP 152S - arco alto - vão = 7,24 m e altura = 3,68 m - aterro rodoviário mínimo = 0,90 m e máximo = 4,4 m - areia e brita comerciais","m",37863.08]
[606768,"Arco metálico galvanizado tipo MP 152S - arco alto - vão = 7,24 m e altura = 3,68 m - aterro rodoviário mínimo = 0,90 m e máximo = 4,40 m - areia extraída e brita produzida","m",37556.120000000003]
[607119,"Arco metálico galvanizado tipo MP 152S - arco alto - vão = 7,42 m e altura = 4,52 m - aterro rodoviário mínimo = 0,90 m e máximo = 6,40 m - areia e brita comerciais","m",43504.55]
[606767,"Arco metálico galvanizado tipo MP 152S - arco alto - vão = 7,42 m e altura = 4,52 m - aterro rodoviário mínimo = 0,90 m e máximo = 6,40 m - areia extraída e brita produzida","m",43130.21]
[607121,"Arco metálico galvanizado tipo MP 152S - arco alto - vão = 7,47 m e altura = 4,19 m - aterro rodoviário mínimo = 0,90 m e máximo = 4,30 m - areia e brita comerciais","m",41000.22]
[606769,"Arco metálico galvanizado tipo MP 152S - arco alto - vão = 7,47 m e altura = 4,19 m - aterro rodoviário mínimo = 0,90 m e máximo = 4,30 m - areia extraída e brita produzida","m",40650.25]
[607123,"Arco metálico galvanizado tipo MP 152S - arco alto - vão = 7,67 m e altura = 3,99 m - aterro rodoviário mínimo = 0,90 m e máximo = 4,10 m - areia e brita comerciais","m",40455.089999999997]
[606771,"Arco metálico galvanizado tipo MP 152S - arco alto - vão = 7,67 m e altura = 3,99 m - aterro rodoviário mínimo = 0,90 m e máximo = 4,10 m - areia extraída e brita produzida","m",40106.43]
[607122,"Arco metálico galvanizado tipo MP 152S - arco alto - vão = 7,85 m e altura = 4,60 m - aterro rodoviário mínimo = 0,90 m e máximo = 6,00 m - areia e brita comerciais","m",44858.06]
[606770,"Arco metálico galvanizado tipo MP 152S - arco alto - vão = 7,85 m e altura = 4,60 m - aterro rodoviário mínimo = 0,90 m e máximo = 6,00 m - areia extraída e brita produzida","m",44455.96]
[607125,"Arco metálico galvanizado tipo MP 152S - arco alto - vão = 7,90 m e altura = 4,04 m - aterro rodoviário mínimo = 0,90 m e máximo = 4,00 m - areia e brita comerciais","m",41807.5]
[606773,"Arco metálico galvanizado tipo MP 152S - arco alto - vão = 7,90 m e altura = 4,04 m - aterro rodoviário mínimo = 0,90 m e máximo = 4,00 m - areia extraída e brita produzida","m",41440.65]
[607124,"Arco metálico galvanizado tipo MP 152S - arco alto - vão = 8,08 m e altura = 4,65 m - aterro rodoviário mínimo = 0,90 m e máximo = 5,80 m - areia e brita comerciais","m",45531.199999999997]
[606772,"Arco metálico galvanizado tipo MP 152S - arco alto - vão = 8,08 m e altura = 4,65 m - aterro rodoviário mínimo = 0,90 m e máximo = 5,80 m - areia extraída e brita produzida","m",45116.23]
[607126,"Arco metálico galvanizado tipo MP 152S - arco alto - vão = 8,31 m e altura = 4,70 m - aterro rodoviário mínimo = 0,90 m e máximo = 5,60 m - areia e brita comerciais","m",46788.83]
[606774,"Arco metálico galvanizado tipo MP 152S - arco alto - vão = 8,31 m e altura = 4,70 m - aterro rodoviário mínimo = 0,90 m e máximo = 5,60 m - areia extraída e brita produzida","m",46353.86]
[607127,"Arco metálico galvanizado tipo MP 152S - arco alto - vão = 8,36 m e altura = 4,11 m - aterro rodoviário mínimo = 0,90 m e máximo = 3,70 m - areia e brita comerciais","m",43098.71]
[606775,"Arco metálico galvanizado tipo MP 152S - arco alto - vão = 8,36 m e altura = 4,11 m - aterro rodoviário mínimo = 0,90 m e máximo = 3,70 m - areia extraída e brita produzida","m",42709.82]
[607129,"Arco metálico galvanizado tipo MP 152S - arco alto - vão = 8,59 m e altura = 4,39 m - aterro rodoviário mínimo = 0,90 m e máximo = 3,60 m - areia e brita comerciais","m",45100.81]
[606777,"Arco metálico galvanizado tipo MP 152S - arco alto - vão = 8,59 m e altura = 4,39 m - aterro rodoviário mínimo = 0,90 m e máximo = 3,60 m - areia extraída e brita produzida","m",44674.91]
[607128,"Arco metálico galvanizado tipo MP 152S - arco alto - vão = 8,97 m e altura = 5,00 m - aterro rodoviário mínimo = 0,90 m e máximo = 5,80 m - areia e brita comerciais","m",49581.59]
[606776,"Arco metálico galvanizado tipo MP 152S - arco alto - vão = 8,97 m e altura = 5,00 m - aterro rodoviário mínimo = 0,90 m e máximo = 5,80 m - areia extraída e brita produzida","m",49083.96]
[607130,"Arco metálico galvanizado tipo MP 152S - arco alto - vão = 9,17 m e altura = 5,49 m - aterro rodoviário mínimo = 0,90 m e máximo = 5,60 m - areia e brita comerciais","m",52847.13]
[606778,"Arco metálico galvanizado tipo MP 152S - arco alto - vão = 9,17 m e altura = 5,49 m - aterro rodoviário mínimo = 0,90 m e máximo = 5,60 m - areia extraída e brita produzida","m",52300.15]
[607131,"Arco metálico galvanizado tipo MP 152S - arco alto - vão = 9,22 m e altura = 4,70 m - aterro rodoviário mínimo = 0,90 m e máximo = 4,10 m - areia e brita comerciais","m",49579.69]
[606779,"Arco metálico galvanizado tipo MP 152S - arco alto - vão = 9,22 m e altura = 4,70 m - aterro rodoviário mínimo = 0,90 m e máximo = 4,10 m - areia extraída e brita produzida","m",49095.79]
[607133,"Arco metálico galvanizado tipo MP 152S - arco alto - vão = 9,45 m e altura = 4,75 m - aterro rodoviário mínimo = 0,90 m e máximo = 4,00 m - areia e brita comerciais","m",50324.160000000003]
[606781,"Arco metálico galvanizado tipo MP 152S - arco alto - vão = 9,45 m e altura = 4,75 m - aterro rodoviário mínimo = 0,90 m e máximo = 4,00 m - areia extraída e brita produzida","m",49825.71]
[607132,"Arco metálico galvanizado tipo MP 152S - arco alto - vão = 9,63 m e altura = 5,59 m - aterro rodoviário mínimo = 0,90 m e máximo = 5,30 m - areia e brita comerciais","m",54881.98]
[606780,"Arco metálico galvanizado tipo MP 152S - arco alto - vão = 9,63 m e altura = 5,59 m - aterro rodoviário mínimo = 0,90 m e máximo = 5,30 m - areia extraída e brita produzida","m",54296.65]
[607134,"Arco metálico galvanizado tipo MP 152S - arco alto - vão = 9,65 m e altura = 5,41 m - aterro rodoviário mínimo = 0,90 m e máximo = 4,70 m - areia e brita comerciais","m",54336.49]
[606782,"Arco metálico galvanizado tipo MP 152S - arco alto - vão = 9,65 m e altura = 5,41 m - aterro rodoviário mínimo = 0,90 m e máximo = 4,70 m - areia extraída e brita produzida","m",53764.55]
[607136,"Arco metálico galvanizado tipo MP 152S - arco alto - vão = 9,68 m e altura = 5,23 m - aterro rodoviário mínimo = 0,90 m e máximo = 3,90 m - areia e brita comerciais","m",53608.45]
[606784,"Arco metálico galvanizado tipo MP 152S - arco alto - vão = 9,68 m e altura = 5,23 m - aterro rodoviário mínimo = 0,90 m e máximo = 3,90 m - areia extraída e brita produzida","m",53054.78]
[607135,"Arco metálico galvanizado tipo MP 152S - arco alto - vão = 9,86 m e altura = 6,07 m - aterro rodoviário mínimo = 0,90 m e máximo = 5,20 m - areia e brita comerciais","m",59778.02]
[606783,"Arco metálico galvanizado tipo MP 152S - arco alto - vão = 9,86 m e altura = 6,07 m - aterro rodoviário mínimo = 0,90 m e máximo = 5,20 m - areia extraída e brita produzida","m",59136.17]
[607138,"Arco metálico galvanizado tipo MP 152S - arco alto - vão = 9,91 m e altura = 5,28 m - aterro rodoviário mínimo = 0,90 m e máximo = 3,80 m - areia e brita comerciais","m",54529.919999999998]
[606786,"Arco metálico galvanizado tipo MP 152S - arco alto - vão = 9,91 m e altura = 5,28 m - aterro rodoviário mínimo = 0,90 m e máximo = 3,80 m - areia extraída e brita produzida","m",53940.1]
[606842,"Arco metálico galvanizado tipo MP 152S - ovoide - vão = 7,21 m e altura = 7,82 m - aterro rodoviário mínimo = 0,75 m e máximo = 6,70 m - areia e brita comerciais","m",67790.320000000007]
[606832,"Arco metálico galvanizado tipo MP 152S - ovoide - vão = 7,21 m e altura = 7,82 m - aterro rodoviário mínimo = 0,75 m e máximo = 6,70 m - areia extraída e brita produzida","m",67422.720000000001]
[606843,"Arco metálico galvanizado tipo MP 152S - ovoide - vão = 7,31 m e altura = 7,87 m - aterro rodoviário mínimo = 0,90 m e máximo = 6,80 m - areia e brita comerciais","m",70432.78]
[606833,"Arco metálico galvanizado tipo MP 152S - ovoide - vão = 7,31 m e altura = 7,87 m - aterro rodoviário mínimo = 0,90 m e máximo = 6,80 m - areia extraída e brita produzida","m",70047.839999999997]
[606845,"Arco metálico galvanizado tipo MP 152S - ovoide - vão = 7,57 m e altura = 8,44 m - aterro rodoviário mínimo = 0,90 m e máximo = 5,60 m - areia e brita comerciais","m",73013.460000000006]
[606835,"Arco metálico galvanizado tipo MP 152S - ovoide - vão = 7,57 m e altura = 8,44 m - aterro rodoviário mínimo = 0,90 m e máximo = 5,60 m - areia extraída e brita produzida","m",72628.679999999993]
[606844,"Arco metálico galvanizado tipo MP 152S - ovoide - vão = 7,77 m e altura = 7,90 m - aterro rodoviário mínimo = 0,90 m e máximo = 6,80 m - areia e brita comerciais","m",71528.27]
[606834,"Arco metálico galvanizado tipo MP 152S - ovoide - vão = 7,77 m e altura = 7,90 m - aterro rodoviário mínimo = 0,90 m e máximo = 6,80 m - areia extraída e brita produzida","m",71132.460000000006]
[606847,"Arco metálico galvanizado tipo MP 152S - ovoide - vão = 8,13 m e altura = 8,01 m - aterro rodoviário mínimo = 0,90 m e máximo = 3,50 m - areia e brita comerciais","m",76364.5]
[606837,"Arco metálico galvanizado tipo MP 152S - ovoide - vão = 8,13 m e altura = 8,01 m - aterro rodoviário mínimo = 0,90 m e máximo = 3,50 m - areia extraída e brita produzida","m",75933.789999999994]
[606846,"Arco metálico galvanizado tipo MP 152S - ovoide - vão = 8,36 m e altura = 8,23 m - aterro rodoviário mínimo = 0,90 m e máximo = 4,30 m - areia e brita comerciais","m",78184.86]
[606836,"Arco metálico galvanizado tipo MP 152S - ovoide - vão = 8,36 m e altura = 8,23 m - aterro rodoviário mínimo = 0,90 m e máximo = 4,30 m - areia extraída e brita produzida","m",77748.95]
[606848,"Arco metálico galvanizado tipo MP 152S - ovoide - vão = 8,56 m e altura = 8,48 m - aterro rodoviário mínimo = 0,90 m e máximo = 5,30 m - areia e brita comerciais","m",77107.899999999994]
[606838,"Arco metálico galvanizado tipo MP 152S - ovoide - vão = 8,56 m e altura = 8,48 m - aterro rodoviário mínimo = 0,90 m e máximo = 5,30 m - areia extraída e brita produzida","m",76655.27]
[606849,"Arco metálico galvanizado tipo MP 152S - ovoide - vão = 8,71 m e altura = 9,32 m - aterro rodoviário mínimo = 0,90 m e máximo = 6,00 m - areia e brita comerciais","m",83299.789999999994]
[606839,"Arco metálico galvanizado tipo MP 152S - ovoide - vão = 8,71 m e altura = 9,32 m - aterro rodoviário mínimo = 0,90 m e máximo = 6,00 m - areia extraída e brita produzida","m",82856.75]
[606850,"Arco metálico galvanizado tipo MP 152S - ovoide - vão = 9,15 m e altura = 9,04 m - aterro rodoviário mínimo = 0,90 m e máximo = 4,70 m - areia e brita comerciais","m",83998.26]
[606840,"Arco metálico galvanizado tipo MP 152S - ovoide - vão = 9,15 m e altura = 9,04 m - aterro rodoviário mínimo = 0,90 m e máximo = 4,70 m - areia extraída e brita produzida","m",83515.78]
[606851,"Arco metálico galvanizado tipo MP 152S - ovoide - vão = 9,15 m e altura = 9,50 m - aterro rodoviário mínimo = 0,90 m e máximo = 5,70 m - areia e brita comerciais","m",84764.22]
[606841,"Arco metálico galvanizado tipo MP 152S - ovoide - vão = 9,15 m e altura = 9,50 m - aterro rodoviário mínimo = 0,90 m e máximo = 5,70 m - areia extraída e brita produzida","m",84300.56]
[605604,"Argamassa de solo-cimento com 10% de cimento e material de jazida - preparo e injeção em tunnel liner","m³",295.10000000000002]
[605695,"Bueiro metálico com chapas múltiplas MP 100 com revestimento em epóxi - D = 0,60 m - brita comercial","m",1617.46]
[605607,"Bueiro metálico com chapas múltiplas MP 100 com revestimento em epóxi - D = 0,60 m - brita produzida","m",1586.95]
[605696,"Bueiro metálico com chapas múltiplas MP 100 com revestimento em epóxi - D = 0,70 m - brita comercial","m",1861.84]
[605608,"Bueiro metálico com chapas múltiplas MP 100 com revestimento em epóxi - D = 0,70 m - brita produzida","m",1829.42]
[605697,"Bueiro metálico com chapas múltiplas MP 100 com revestimento em epóxi - D = 0,80 m - brita comercial","m",2106.2399999999998]
[605609,"Bueiro metálico com chapas múltiplas MP 100 com revestimento em epóxi - D = 0,80 m - brita produzida","m",2071.92]
[605698,"Bueiro metálico com chapas múltiplas MP 100 com revestimento em epóxi - D = 0,90 m - brita comercial","m",2302.9699999999998]
[605610,"Bueiro metálico com chapas múltiplas MP 100 com revestimento em epóxi - D = 0,90 m - brita produzida","m",2266.7399999999998]
[605699,"Bueiro metálico com chapas múltiplas MP 100 com revestimento em epóxi - D = 1,00 m - brita comercial","m",2547.3200000000002]
[605611,"Bueiro metálico com chapas múltiplas MP 100 com revestimento em epóxi - D = 1,00 m - brita produzida","m",2509.1799999999998]
[605700,"Bueiro metálico com chapas múltiplas MP 100 com revestimento em epóxi - D = 1,10 m - brita comercial","m",2887.16]
[605612,"Bueiro metálico com chapas múltiplas MP 100 com revestimento em epóxi - D = 1,10 m - brita produzida","m",2847.12]
[605701,"Bueiro metálico com chapas múltiplas MP 100 com revestimento em epóxi - D = 1,20 m - brita comercial","m",3083.86]
[605613,"Bueiro metálico com chapas múltiplas MP 100 com revestimento em epóxi - D = 1,20 m - brita produzida","m",3041.91]
[605702,"Bueiro metálico com chapas múltiplas MP 100 com revestimento em epóxi - D = 1,30 m - brita comercial","m",3370.25]
[605614,"Bueiro metálico com chapas múltiplas MP 100 com revestimento em epóxi - D = 1,30 m - brita produzida","m",3304.46]
[605703,"Bueiro metálico com chapas múltiplas MP 100 com revestimento em epóxi - D = 1,40 m - brita comercial","m",3571.23]
[605615,"Bueiro metálico com chapas múltiplas MP 100 com revestimento em epóxi - D = 1,40 m - brita produzida","m",3502.58]
[605704,"Bueiro metálico com chapas múltiplas MP 100 com revestimento em epóxi - D = 1,50 m - brita comercial","m",3820.46]
[605616,"Bueiro metálico com chapas múltiplas MP 100 com revestimento em epóxi - D = 1,50 m - brita produzida","m",3748.96]
[605705,"Bueiro metálico com chapas múltiplas MP 100 com revestimento em epóxi - D = 1,60 m - brita comercial","m",4073.27]
[605617,"Bueiro metálico com chapas múltiplas MP 100 com revestimento em epóxi - D = 1,60 m - brita produzida","m",3998.9]
[605706,"Bueiro metálico com chapas múltiplas MP 100 com revestimento em epóxi - D = 1,70 m - brita comercial","m",4279.6400000000003]
[605618,"Bueiro metálico com chapas múltiplas MP 100 com revestimento em epóxi - D = 1,70 m - brita produzida","m",4202.41]
[605707,"Bueiro metálico com chapas múltiplas MP 100 com revestimento em epóxi - D = 1,80 m - brita comercial","m",4737.7700000000004]
[605619,"Bueiro metálico com chapas múltiplas MP 100 com revestimento em epóxi - D = 1,80 m - brita produzida","m",4657.68]
[605708,"Bueiro metálico com chapas múltiplas MP 100 com revestimento em epóxi - D = 1,90 m - brita comercial","m",5554.07]
[605620,"Bueiro metálico com chapas múltiplas MP 100 com revestimento em epóxi - D = 1,90 m - brita produzida","m",5471.12]
[605709,"Bueiro metálico com chapas múltiplas MP 100 com revestimento em epóxi - D = 2,00 m - brita comercial","m",5819.46]
[605621,"Bueiro metálico com chapas múltiplas MP 100 com revestimento em epóxi - D = 2,00 m - brita produzida","m",5733.65]
[605710,"Bueiro metálico com chapas múltiplas MP 100 com revestimento em epóxi - D = 2,10 m - brita comercial","m",6247.28]
[605622,"Bueiro metálico com chapas múltiplas MP 100 com revestimento em epóxi - D = 2,10 m - brita produzida","m",6158.62]
[605711,"Bueiro metálico com chapas múltiplas MP 100 com revestimento em epóxi - D = 2,20 m - brita comercial","m",6454.04]
[605623,"Bueiro metálico com chapas múltiplas MP 100 com revestimento em epóxi - D = 2,20 m - brita produzida","m",6362.51]
[605712,"Bueiro metálico com chapas múltiplas MP 100 com revestimento em epóxi - D = 2,30 m - brita comercial","m",6789.56]
[605624,"Bueiro metálico com chapas múltiplas MP 100 com revestimento em epóxi - D = 2,30 m - brita produzida","m",6695.17]
[605713,"Bueiro metálico com chapas múltiplas MP 100 com revestimento em epóxi - D = 2,40 m - brita comercial","m",9107.27]
[605625,"Bueiro metálico com chapas múltiplas MP 100 com revestimento em epóxi - D = 2,40 m - brita produzida","m",9010.02]
[605714,"Bueiro metálico com chapas múltiplas MP 100 com revestimento em epóxi - D = 2,50 m - brita comercial","m",11468.67]
[605626,"Bueiro metálico com chapas múltiplas MP 100 com revestimento em epóxi - D = 2,50 m - brita produzida","m",11368.57]
[605715,"Bueiro metálico com chapas múltiplas MP 100 com revestimento em epóxi - D = 2,60 m - brita comercial","m",12237.05]
[605627,"Bueiro metálico com chapas múltiplas MP 100 com revestimento em epóxi - D = 2,60 m - brita produzida","m",12134.08]
[605716,"Bueiro metálico com chapas múltiplas MP 100 com revestimento em epóxi - D = 2,70 m - brita comercial","m",12679.95]
[605628,"Bueiro metálico com chapas múltiplas MP 100 com revestimento em epóxi - D = 2,70 m - brita produzida","m",12574.13]
[605717,"Bueiro metálico com chapas múltiplas MP 100 com revestimento em epóxi - D = 2,80 m - brita comercial","m",13497.44]
[605629,"Bueiro metálico com chapas múltiplas MP 100 com revestimento em epóxi - D = 2,80 m - brita produzida","m",13388.76]
[605651,"Bueiro metálico com chapas múltiplas MP 100 galvanizadas - D = 0,60 m - brita comercial","m",1528.35]
[605460,"Bueiro metálico com chapas múltiplas MP 100 galvanizadas - D = 0,60 m - brita produzida","m",1497.84]
[605652,"Bueiro metálico com chapas múltiplas MP 100 galvanizadas - D = 0,70 m - brita comercial","m",1758.8]
[605461,"Bueiro metálico com chapas múltiplas MP 100 galvanizadas - D = 0,70 m - brita produzida","m",1726.38]
[605653,"Bueiro metálico com chapas múltiplas MP 100 galvanizadas - D = 0,80 m - brita comercial","m",1989.28]
[605462,"Bueiro metálico com chapas múltiplas MP 100 galvanizadas - D = 0,80 m - brita produzida","m",1954.96]
[605654,"Bueiro metálico com chapas múltiplas MP 100 galvanizadas - D = 0,90 m - brita comercial","m",2174.88]
[605463,"Bueiro metálico com chapas múltiplas MP 100 galvanizadas - D = 0,90 m - brita produzida","m",2138.65]
[605655,"Bueiro metálico com chapas múltiplas MP 100 galvanizadas - D = 1,00 m - brita comercial","m",2405.29]
[605464,"Bueiro metálico com chapas múltiplas MP 100 galvanizadas - D = 1,00 m - brita produzida","m",2367.16]
[605656,"Bueiro metálico com chapas múltiplas MP 100 galvanizadas - D = 1,10 m - brita comercial","m",2725.64]
[605465,"Bueiro metálico com chapas múltiplas MP 100 galvanizadas - D = 1,10 m - brita produzida","m",2685.59]
[605657,"Bueiro metálico com chapas múltiplas MP 100 galvanizadas - D = 1,20 m - brita comercial","m",2911.2]
[605466,"Bueiro metálico com chapas múltiplas MP 100 galvanizadas - D = 1,20 m - brita produzida","m",2869.25]
[605658,"Bueiro metálico com chapas múltiplas MP 100 galvanizadas - D = 1,30 m - brita comercial","m",3183.67]
[605467,"Bueiro metálico com chapas múltiplas MP 100 galvanizadas - D = 1,30 m - brita produzida","m",3117.88]
[605659,"Bueiro metálico com chapas múltiplas MP 100 galvanizadas - D = 1,40 m - brita comercial","m",3373.51]
[605468,"Bueiro metálico com chapas múltiplas MP 100 galvanizadas - D = 1,40 m - brita produzida","m",3304.86]
[605660,"Bueiro metálico com chapas múltiplas MP 100 galvanizadas - D = 1,50 m - brita comercial","m",3608.82]
[605469,"Bueiro metálico com chapas múltiplas MP 100 galvanizadas - D = 1,50 m - brita produzida","m",3537.32]
[605661,"Bueiro metálico com chapas múltiplas MP 100 galvanizadas - D = 1,60 m - brita comercial","m",3847.7]
[605470,"Bueiro metálico com chapas múltiplas MP 100 galvanizadas - D = 1,60 m - brita produzida","m",3773.34]
[605662,"Bueiro metálico com chapas múltiplas MP 100 galvanizadas - D = 1,70 m - brita comercial","m",4042.93]
[605471,"Bueiro metálico com chapas múltiplas MP 100 galvanizadas - D = 1,70 m - brita produzida","m",3965.71]
[605663,"Bueiro metálico com chapas múltiplas MP 100 galvanizadas - D = 1,80 m - brita comercial","m",4487.12]
[605472,"Bueiro metálico com chapas múltiplas MP 100 galvanizadas - D = 1,80 m - brita produzida","m",4407.04]
[605664,"Bueiro metálico com chapas múltiplas MP 100 galvanizadas - D = 1,90 m - brita comercial","m",5253.7]
[605473,"Bueiro metálico com chapas múltiplas MP 100 galvanizadas - D = 1,90 m - brita produzida","m",5170.75]
[605665,"Bueiro metálico com chapas múltiplas MP 100 galvanizadas - D = 2,00 m - brita comercial","m",5502.86]
[605474,"Bueiro metálico com chapas múltiplas MP 100 galvanizadas - D = 2,00 m - brita produzida","m",5417.05]
[605666,"Bueiro metálico com chapas múltiplas MP 100 galvanizadas - D = 2,10 m - brita comercial","m",5909.04]
[605475,"Bueiro metálico com chapas múltiplas MP 100 galvanizadas - D = 2,10 m - brita produzida","m",5820.37]
[605667,"Bueiro metálico com chapas múltiplas MP 100 galvanizadas - D = 2,20 m - brita comercial","m",6107.67]
[605476,"Bueiro metálico com chapas múltiplas MP 100 galvanizadas - D = 2,20 m - brita produzida","m",6016.14]
[605668,"Bueiro metálico com chapas múltiplas MP 100 galvanizadas - D = 2,30 m - brita comercial","m",6429.67]
[605477,"Bueiro metálico com chapas múltiplas MP 100 galvanizadas - D = 2,30 m - brita produzida","m",6335.28]
[605669,"Bueiro metálico com chapas múltiplas MP 100 galvanizadas - D = 2,40 m - brita comercial","m",8439.64]
[605478,"Bueiro metálico com chapas múltiplas MP 100 galvanizadas - D = 2,40 m - brita produzida","m",8342.39]
[605670,"Bueiro metálico com chapas múltiplas MP 100 galvanizadas - D = 2,50 m - brita comercial","m",10627.34]
[605479,"Bueiro metálico com chapas múltiplas MP 100 galvanizadas - D = 2,50 m - brita produzida","m",10527.24]
[605671,"Bueiro metálico com chapas múltiplas MP 100 galvanizadas - D = 2,60 m - brita comercial","m",11347.83]
[605480,"Bueiro metálico com chapas múltiplas MP 100 galvanizadas - D = 2,60 m - brita produzida","m",11244.87]
[605672,"Bueiro metálico com chapas múltiplas MP 100 galvanizadas - D = 2,70 m - brita comercial","m",11773.63]
[605481,"Bueiro metálico com chapas múltiplas MP 100 galvanizadas - D = 2,70 m - brita produzida","m",11667.8]
[605673,"Bueiro metálico com chapas múltiplas MP 100 galvanizadas - D = 2,80 m - brita comercial","m",12546.67]
[605482,"Bueiro metálico com chapas múltiplas MP 100 galvanizadas - D = 2,80 m - brita produzida","m",12437.98]
[605718,"Bueiro metálico com chapas múltiplas MP 152 com revestimento em epóxi - D = 1,50 m - brita comercial","m",7602.59]
[605630,"Bueiro metálico com chapas múltiplas MP 152 com revestimento em epóxi - D = 1,50 m - brita produzida","m",7531.09]
[605719,"Bueiro metálico com chapas múltiplas MP 152 com revestimento em epóxi - D = 1,80 m - brita comercial","m",9403.4699999999993]
[605631,"Bueiro metálico com chapas múltiplas MP 152 com revestimento em epóxi - D = 1,80 m - brita produzida","m",9323.3799999999992]
[605720,"Bueiro metálico com chapas múltiplas MP 152 com revestimento em epóxi - D = 1,90 m - brita comercial","m",9703.15]
[605632,"Bueiro metálico com chapas múltiplas MP 152 com revestimento em epóxi - D = 1,90 m - brita produzida","m",9620.2000000000007]
[605721,"Bueiro metálico com chapas múltiplas MP 152 com revestimento em epóxi - D = 2,15 m - brita comercial","m",10994.97]
[605633,"Bueiro metálico com chapas múltiplas MP 152 com revestimento em epóxi - D = 2,15 m - brita produzida","m",10904.87]
[605722,"Bueiro metálico com chapas múltiplas MP 152 com revestimento em epóxi - D = 2,30 m - brita comercial","m",11645.93]
[605634,"Bueiro metálico com chapas múltiplas MP 152 com revestimento em epóxi - D = 2,30 m - brita produzida","m",11551.55]
[605723,"Bueiro metálico com chapas múltiplas MP 152 com revestimento em epóxi - D = 2,65 m - brita comercial","m",13627.03]
[605635,"Bueiro metálico com chapas múltiplas MP 152 com revestimento em epóxi - D = 2,65 m - brita produzida","m",13522.63]
[605724,"Bueiro metálico com chapas múltiplas MP 152 com revestimento em epóxi - D = 3,05 m - brita comercial","m",15567.35]
[605636,"Bueiro metálico com chapas múltiplas MP 152 com revestimento em epóxi - D = 3,05 m - brita produzida","m",15422.91]
[605725,"Bueiro metálico com chapas múltiplas MP 152 com revestimento em epóxi - D = 3,20 m - brita comercial","m",16525.599999999999]
[605637,"Bueiro metálico com chapas múltiplas MP 152 com revestimento em epóxi - D = 3,20 m - brita produzida","m",16376.87]
[605726,"Bueiro metálico com chapas múltiplas MP 152 com revestimento em epóxi - D = 3,40 m - brita comercial","m",17490.45]
[605638,"Bueiro metálico com chapas múltiplas MP 152 com revestimento em epóxi - D = 3,40 m - brita produzida","m",17335.990000000002]
[605727,"Bueiro metálico com chapas múltiplas MP 152 com revestimento em epóxi - D = 3,65 m - brita comercial","m",18746.189999999999]
[605639,"Bueiro metálico com chapas múltiplas MP 152 com revestimento em epóxi - D = 3,65 m - brita produzida","m",18584.59]
[605728,"Bueiro metálico com chapas múltiplas MP 152 com revestimento em epóxi - D = 3,80 m - brita comercial","m",19444]
[605640,"Bueiro metálico com chapas múltiplas MP 152 com revestimento em epóxi - D = 3,80 m - brita produzida","m",19278.11]
[605729,"Bueiro metálico com chapas múltiplas MP 152 com revestimento em epóxi - D = 4,20 m - brita comercial","m",21358.17]
[605641,"Bueiro metálico com chapas múltiplas MP 152 com revestimento em epóxi - D = 4,20 m - brita produzida","m",21180.84]
[605730,"Bueiro metálico com chapas múltiplas MP 152 com revestimento em epóxi - D = 4,60 m - brita comercial","m",23324.9]
[605642,"Bueiro metálico com chapas múltiplas MP 152 com revestimento em epóxi - D = 4,60 m - brita produzida","m",23136.13]
[605731,"Bueiro metálico com chapas múltiplas MP 152 com revestimento em epóxi - D = 4,80 m - brita comercial","m",29566.26]
[605643,"Bueiro metálico com chapas múltiplas MP 152 com revestimento em epóxi - D = 4,80 m - brita produzida","m",29371.77]
[605732,"Bueiro metálico com chapas múltiplas MP 152 com revestimento em epóxi - D = 5,00 m - brita comercial","m",30572.1]
[605644,"Bueiro metálico com chapas múltiplas MP 152 com revestimento em epóxi - D = 5,00 m - brita produzida","m",30338.52]
[605733,"Bueiro metálico com chapas múltiplas MP 152 com revestimento em epóxi - D = 5,35 m - brita comercial","m",37233.769999999997]
[605645,"Bueiro metálico com chapas múltiplas MP 152 com revestimento em epóxi - D = 5,35 m - brita produzida","m",36988.51]
[605734,"Bueiro metálico com chapas múltiplas MP 152 com revestimento em epóxi - D = 5,70 m - brita comercial","m",39995.120000000003]
[605646,"Bueiro metálico com chapas múltiplas MP 152 com revestimento em epóxi - D = 5,70 m - brita produzida","m",39738.18]
[605735,"Bueiro metálico com chapas múltiplas MP 152 com revestimento em epóxi - D = 6,10 m - brita comercial","m",49308.86]
[605647,"Bueiro metálico com chapas múltiplas MP 152 com revestimento em epóxi - D = 6,10 m - brita produzida","m",49038.57]
[605736,"Bueiro metálico com chapas múltiplas MP 152 com revestimento em epóxi - D = 6,50 m - brita comercial","m",63016.5]
[605648,"Bueiro metálico com chapas múltiplas MP 152 com revestimento em epóxi - D = 6,50 m - brita produzida","m",62732.86]
[605737,"Bueiro metálico com chapas múltiplas MP 152 com revestimento em epóxi - D = 6,85 m - brita comercial","m",66994.22]
[605649,"Bueiro metálico com chapas múltiplas MP 152 com revestimento em epóxi - D = 6,85 m - brita produzida","m",66698.899999999994]
[605738,"Bueiro metálico com chapas múltiplas MP 152 com revestimento em epóxi - D = 7,25 m - brita comercial","m",71009.62]
[605650,"Bueiro metálico com chapas múltiplas MP 152 com revestimento em epóxi - D = 7,25 m - brita produzida","m",70700.960000000006]
[605674,"Bueiro metálico com chapas múltiplas MP 152 galvanizadas - D = 1,50 m - brita comercial","m",7347.85]
[605483,"Bueiro metálico com chapas múltiplas MP 152 galvanizadas - D = 1,50 m - brita produzida","m",7276.34]
[605675,"Bueiro metálico com chapas múltiplas MP 152 galvanizadas - D = 1,80 m - brita comercial","m",9095.4500000000007]
[605484,"Bueiro metálico com chapas múltiplas MP 152 galvanizadas - D = 1,80 m - brita produzida","m",9015.36]
[605676,"Bueiro metálico com chapas múltiplas MP 152 galvanizadas - D = 1,90 m - brita comercial","m",9385.14]
[605485,"Bueiro metálico com chapas múltiplas MP 152 galvanizadas - D = 1,90 m - brita produzida","m",9302.19]
[605677,"Bueiro metálico com chapas múltiplas MP 152 galvanizadas - D = 2,15 m - brita comercial","m",10633.67]
[605486,"Bueiro metálico com chapas múltiplas MP 152 galvanizadas - D = 2,15 m - brita produzida","m",10543.57]
[605678,"Bueiro metálico com chapas múltiplas MP 152 galvanizadas - D = 2,30 m - brita comercial","m",11264.64]
[605487,"Bueiro metálico com chapas múltiplas MP 152 galvanizadas - D = 2,30 m - brita produzida","m",11170.26]
[605679,"Bueiro metálico com chapas múltiplas MP 152 galvanizadas - D = 2,65 m - brita comercial","m",13180.82]
[605488,"Bueiro metálico com chapas múltiplas MP 152 galvanizadas - D = 2,65 m - brita produzida","m",13076.42]
[605680,"Bueiro metálico com chapas múltiplas MP 152 galvanizadas - D = 3,05 m - brita comercial","m",15057.87]
[605489,"Bueiro metálico com chapas múltiplas MP 152 galvanizadas - D = 3,05 m - brita produzida","m",14913.43]
[605681,"Bueiro metálico com chapas múltiplas MP 152 galvanizadas - D = 3,20 m - brita comercial","m",15984.48]
[605490,"Bueiro metálico com chapas múltiplas MP 152 galvanizadas - D = 3,20 m - brita produzida","m",15835.75]
[605682,"Bueiro metálico com chapas múltiplas MP 152 galvanizadas - D = 3,40 m - brita comercial","m",16917.689999999999]
[605491,"Bueiro metálico com chapas múltiplas MP 152 galvanizadas - D = 3,40 m - brita produzida","m",16763.240000000002]
[605683,"Bueiro metálico com chapas múltiplas MP 152 galvanizadas - D = 3,65 m - brita comercial","m",18131.810000000001]
[605492,"Bueiro metálico com chapas múltiplas MP 152 galvanizadas - D = 3,65 m - brita produzida","m",17970.21]
[605684,"Bueiro metálico com chapas múltiplas MP 152 galvanizadas - D = 3,80 m - brita comercial","m",18807.97]
[605493,"Bueiro metálico com chapas múltiplas MP 152 galvanizadas - D = 3,80 m - brita produzida","m",18642.080000000002]
[605685,"Bueiro metálico com chapas múltiplas MP 152 galvanizadas - D = 4,20 m - brita comercial","m",20657.22]
[605494,"Bueiro metálico com chapas múltiplas MP 152 galvanizadas - D = 4,20 m - brita produzida","m",20479.88]
[605686,"Bueiro metálico com chapas múltiplas MP 152 galvanizadas - D = 4,60 m - brita comercial","m",22560.67]
[605495,"Bueiro metálico com chapas múltiplas MP 152 galvanizadas - D = 4,60 m - brita produzida","m",22371.9]
[605687,"Bueiro metálico com chapas múltiplas MP 152 galvanizadas - D = 4,80 m - brita comercial","m",25790.080000000002]
[605496,"Bueiro metálico com chapas múltiplas MP 152 galvanizadas - D = 4,80 m - brita produzida","m",25595.58]
[605688,"Bueiro metálico com chapas múltiplas MP 152 galvanizadas - D = 5,00 m - brita comercial","m",26689.279999999999]
[605497,"Bueiro metálico com chapas múltiplas MP 152 galvanizadas - D = 5,00 m - brita produzida","m",26455.7]
[605689,"Bueiro metálico com chapas múltiplas MP 152 galvanizadas - D = 5,35 m - brita comercial","m",33468.410000000003]
[605498,"Bueiro metálico com chapas múltiplas MP 152 galvanizadas - D = 5,35 m - brita produzida","m",33223.15]
[605690,"Bueiro metálico com chapas múltiplas MP 152 galvanizadas - D = 5,70 m - brita comercial","m",35960.46]
[605499,"Bueiro metálico com chapas múltiplas MP 152 galvanizadas - D = 5,70 m - brita produzida","m",35703.519999999997]
[605691,"Bueiro metálico com chapas múltiplas MP 152 galvanizadas - D = 6,10 m - brita comercial","m",44174.26]
[605500,"Bueiro metálico com chapas múltiplas MP 152 galvanizadas - D = 6,10 m - brita produzida","m",43903.97]
[605692,"Bueiro metálico com chapas múltiplas MP 152 galvanizadas - D = 6,50 m - brita comercial","m",52942.02]
[605501,"Bueiro metálico com chapas múltiplas MP 152 galvanizadas - D = 6,50 m - brita produzida","m",52658.38]
[605693,"Bueiro metálico com chapas múltiplas MP 152 galvanizadas - D = 6,85 m - brita comercial","m",56329.45]
[605502,"Bueiro metálico com chapas múltiplas MP 152 galvanizadas - D = 6,85 m - brita produzida","m",56034.13]
[605694,"Bueiro metálico com chapas múltiplas MP 152 galvanizadas - D = 7,25 m - brita comercial","m",59754.59]
[605503,"Bueiro metálico com chapas múltiplas MP 152 galvanizadas - D = 7,25 m - brita produzida","m",59445.93]
[606433,"Bueiro metálico com chapas múltiplas MP 152 galvanizadas - lenticular - vão = 1,95 m e altura = 1,40 m - aterro rodoviário mínimo = 0,60 m e máximo = 8,40 m - brita comercial","m",8848.08]
[606343,"Bueiro metálico com chapas múltiplas MP 152 galvanizadas - lenticular - vão = 1,95 m e altura = 1,40 m - aterro rodoviário mínimo = 0,60 m e máximo = 8,40 m - brita produzida","m",8763.7099999999991]
[606434,"Bueiro metálico com chapas múltiplas MP 152 galvanizadas - lenticular - vão = 2,15 m e altura = 1,50 m - aterro rodoviário mínimo = 0,60 m e máximo = 7,50 m - brita comercial","m",9782.01]
[606344,"Bueiro metálico com chapas múltiplas MP 152 galvanizadas - lenticular - vão = 2,15 m e altura = 1,50 m - aterro rodoviário mínimo = 0,60 m e máximo = 7,50 m - brita produzida","m",9691.92]
[606435,"Bueiro metálico com chapas múltiplas MP 152 galvanizadas - lenticular - vão = 2,30 m e altura = 1,60 m - aterro rodoviário mínimo = 0,60 m e máximo = 7,20 m - brita comercial","m",10680.53]
[606345,"Bueiro metálico com chapas múltiplas MP 152 galvanizadas - lenticular - vão = 2,30 m e altura = 1,60 m - aterro rodoviário mínimo = 0,60 m e máximo = 7,20 m - brita produzida","m",10586.14]
[606436,"Bueiro metálico com chapas múltiplas MP 152 galvanizadas - lenticular - vão = 2,55 m e altura = 1,65 m - aterro rodoviário mínimo = 0,60 m e máximo = 6,50 m - brita comercial","m",11354.79]
[606346,"Bueiro metálico com chapas múltiplas MP 152 galvanizadas - lenticular - vão = 2,55 m e altura = 1,65 m - aterro rodoviário mínimo = 0,60 m e máximo = 6,50 m - brita produzida","m",11253.26]
[606437,"Bueiro metálico com chapas múltiplas MP 152 galvanizadas - lenticular - vão = 2,70 m e altura = 1,85 m - aterro rodoviário mínimo = 0,60 m e máximo = 6,60 m - brita comercial","m",12289.16]
[606347,"Bueiro metálico com chapas múltiplas MP 152 galvanizadas - lenticular - vão = 2,70 m e altura = 1,85 m - aterro rodoviário mínimo = 0,60 m e máximo = 6,60 m - brita produzida","m",12183.33]
[606438,"Bueiro metálico com chapas múltiplas MP 152 galvanizadas - lenticular - vão = 2,75 m e altura = 1,90 m - aterro rodoviário mínimo = 0,60 m e máximo = 6,50 m - brita comercial","m",12617.16]
[606348,"Bueiro metálico com chapas múltiplas MP 152 galvanizadas - lenticular - vão = 2,75 m e altura = 1,90 m - aterro rodoviário mínimo = 0,60 m e máximo = 6,50 m - brita produzida","m",12509.9]
[606439,"Bueiro metálico com chapas múltiplas MP 152 galvanizadas - lenticular - vão = 3,00 m e altura = 2,00 m - aterro rodoviário mínimo = 0,60 m e máximo = 6,00 m - brita comercial","m",13306.49]
[606349,"Bueiro metálico com chapas múltiplas MP 152 galvanizadas - lenticular - vão = 3,00 m e altura = 2,00 m - aterro rodoviário mínimo = 0,60 m e máximo = 6,00 m - brita produzida","m",13163.48]
[606440,"Bueiro metálico com chapas múltiplas MP 152 galvanizadas - lenticular - vão = 3,20 m e altura = 2,10 m - aterro rodoviário mínimo = 0,60 m e máximo = 5,60 m - brita comercial","m",13916.71]
[606350,"Bueiro metálico com chapas múltiplas MP 152 galvanizadas - lenticular - vão = 3,20 m e altura = 2,10 m - aterro rodoviário mínimo = 0,60 m e máximo = 5,60 m - brita produzida","m",13767.98]
[606441,"Bueiro metálico com chapas múltiplas MP 152 galvanizadas - lenticular - vão = 3,35 m e altura = 2,15 m - aterro rodoviário mínimo = 0,60 m e máximo = 5,30 m - brita comercial","m",14577.65]
[606351,"Bueiro metálico com chapas múltiplas MP 152 galvanizadas - lenticular - vão = 3,35 m e altura = 2,15 m - aterro rodoviário mínimo = 0,60 m e máximo = 5,30 m - brita produzida","m",14424.62]
[606442,"Bueiro metálico com chapas múltiplas MP 152 galvanizadas - lenticular - vão = 3,55 m e altura = 2,25 m - aterro rodoviário mínimo = 0,60 m e máximo = 5,00 m - brita comercial","m",15214.35]
[606352,"Bueiro metálico com chapas múltiplas MP 152 galvanizadas - lenticular - vão = 3,55 m e altura = 2,25 m - aterro rodoviário mínimo = 0,60 m e máximo = 5,00 m - brita produzida","m",15055.61]
[606443,"Bueiro metálico com chapas múltiplas MP 152 galvanizadas - lenticular - vão = 3,70 m e altura = 2,35 m - aterro rodoviário mínimo = 0,60 m e máximo = 4,90 m - brita comercial","m",16133.07]
[606353,"Bueiro metálico com chapas múltiplas MP 152 galvanizadas - lenticular - vão = 3,70 m e altura = 2,35 m - aterro rodoviário mínimo = 0,60 m e máximo = 4,90 m - brita produzida","m",15970.04]
[606444,"Bueiro metálico com chapas múltiplas MP 152 galvanizadas - lenticular - vão = 3,90 m e altura = 2,45 m - aterro rodoviário mínimo = 0,60 m e máximo = 4,60 m - brita comercial","m",16833.16]
[606354,"Bueiro metálico com chapas múltiplas MP 152 galvanizadas - lenticular - vão = 3,90 m e altura = 2,45 m - aterro rodoviário mínimo = 0,60 m e máximo = 4,60 m - brita produzida","m",16664.400000000001]
[606445,"Bueiro metálico com chapas múltiplas MP 152 galvanizadas - lenticular - vão = 4,00 m e altura = 2,55 m - aterro rodoviário mínimo = 0,60 m e máximo = 4,50 m - brita comercial","m",17488.759999999998]
[606355,"Bueiro metálico com chapas múltiplas MP 152 galvanizadas - lenticular - vão = 4,00 m e altura = 2,55 m - aterro rodoviário mínimo = 0,60 m e máximo = 4,50 m - brita produzida","m",17317.150000000001]
[606446,"Bueiro metálico com chapas múltiplas MP 152 galvanizadas - lenticular - vão = 4,15 m e altura = 2,80 m - aterro rodoviário mínimo = 0,60 m e máximo = 6,80 m - brita comercial","m",18126.13]
[606356,"Bueiro metálico com chapas múltiplas MP 152 galvanizadas - lenticular - vão = 4,15 m e altura = 2,80 m - aterro rodoviário mínimo = 0,60 m e máximo = 6,80 m - brita produzida","m",17950.22]
[606447,"Bueiro metálico com chapas múltiplas MP 152 galvanizadas - lenticular - vão = 4,40 m e altura = 2,90 m - aterro rodoviário mínimo = 0,60 m e máximo = 6,40 m - brita comercial","m",18833.91]
[606357,"Bueiro metálico com chapas múltiplas MP 152 galvanizadas - lenticular - vão = 4,40 m e altura = 2,90 m - aterro rodoviário mínimo = 0,60 m e máximo = 6,40 m - brita produzida","m",18620.349999999999]
[606448,"Bueiro metálico com chapas múltiplas MP 152 galvanizadas - lenticular - vão = 4,60 m e altura = 3,00 m - aterro rodoviário mínimo = 0,60 m e máximo = 6,10 m - brita comercial","m",19815.560000000001]
[606358,"Bueiro metálico com chapas múltiplas MP 152 galvanizadas - lenticular - vão = 4,60 m e altura = 3,00 m - aterro rodoviário mínimo = 0,60 m e máximo = 6,10 m - brita produzida","m",19595.330000000002]
[606449,"Bueiro metálico com chapas múltiplas MP 152 galvanizadas - lenticular - vão = 4,80 m e altura = 3,05 m - aterro rodoviário mínimo = 0,60 m e máximo = 5,80 m - brita comercial","m",24430.27]
[606359,"Bueiro metálico com chapas múltiplas MP 152 galvanizadas - lenticular - vão = 4,80 m e altura = 3,05 m - aterro rodoviário mínimo = 0,60 m e máximo = 5,80 m - brita produzida","m",24203.360000000001]
[606450,"Bueiro metálico com chapas múltiplas MP 152 galvanizadas - lenticular - vão = 5,05 m e altura = 3,15 m - aterro rodoviário mínimo = 0,90 m e máximo = 5,50 m - brita comercial","m",25406.31]
[606360,"Bueiro metálico com chapas múltiplas MP 152 galvanizadas - lenticular - vão = 5,05 m e altura = 3,15 m - aterro rodoviário mínimo = 0,90 m e máximo = 5,50 m - brita produzida","m",25171.05]
[606451,"Bueiro metálico com chapas múltiplas MP 152 galvanizadas - lenticular - vão = 5,25 m e altura = 3,25 m - aterro rodoviário mínimo = 0,90 m e máximo = 5,30 m - brita comercial","m",26222.959999999999]
[606361,"Bueiro metálico com chapas múltiplas MP 152 galvanizadas - lenticular - vão = 5,25 m e altura = 3,25 m - aterro rodoviário mínimo = 0,90 m e máximo = 5,30 m - brita produzida","m",25981.040000000001]
[606452,"Bueiro metálico com chapas múltiplas MP 152 galvanizadas - lenticular - vão = 5,45 m e altura = 3,35 m - aterro rodoviário mínimo = 0,90 m e máximo = 5,10 m - brita comercial","m",29887.26]
[606362,"Bueiro metálico com chapas múltiplas MP 152 galvanizadas - lenticular - vão = 5,45 m e altura = 3,35 m - aterro rodoviário mínimo = 0,90 m e máximo = 5,10 m - brita produzida","m",29638.66]
[606453,"Bueiro metálico com chapas múltiplas MP 152 galvanizadas - lenticular - vão = 5,60 m e altura = 3,40 m - aterro rodoviário mínimo = 0,90 m e máximo = 4,90 m - brita comercial","m",30348.73]
[606363,"Bueiro metálico com chapas múltiplas MP 152 galvanizadas - lenticular - vão = 5,60 m e altura = 3,40 m - aterro rodoviário mínimo = 0,90 m e máximo = 4,90 m - brita produzida","m",30095.13]
[606454,"Bueiro metálico com chapas múltiplas MP 152 galvanizadas - lenticular - vão = 5,80 m e altura = 3,50 m - aterro rodoviário mínimo = 0,90 m e máximo = 4,70 m - brita comercial","m",36235.79]
[606364,"Bueiro metálico com chapas múltiplas MP 152 galvanizadas - lenticular - vão = 5,80 m e altura = 3,50 m - aterro rodoviário mínimo = 0,90 m e máximo = 4,70 m - brita produzida","m",35975.51]
[606455,"Bueiro metálico com chapas múltiplas MP 152 galvanizadas - lenticular - vão = 5,90 m e altura = 3,55 m - aterro rodoviário mínimo = 0,90 m e máximo = 4,70 m - brita comercial","m",36816.28]
[606365,"Bueiro metálico com chapas múltiplas MP 152 galvanizadas - lenticular - vão = 5,90 m e altura = 3,55 m - aterro rodoviário mínimo = 0,90 m e máximo = 4,70 m - brita produzida","m",36552.67]
[606456,"Bueiro metálico com chapas múltiplas MP 152 galvanizadas - lenticular - vão = 6,10 m e altura = 3,65 m - aterro rodoviário mínimo = 0,90 m e máximo = 4,50 m - brita comercial","m",38229.14]
[606366,"Bueiro metálico com chapas múltiplas MP 152 galvanizadas - lenticular - vão = 6,10 m e altura = 3,65 m - aterro rodoviário mínimo = 0,90 m e máximo = 4,50 m - brita produzida","m",37958.85]
[606457,"Bueiro metálico com chapas múltiplas MP 152 galvanizadas - lenticular - vão = 6,25 m e altura = 3,65 m - aterro rodoviário mínimo = 0,90 m e máximo = 4,30 m - brita comercial","m",38842.06]
[606367,"Bueiro metálico com chapas múltiplas MP 152 galvanizadas - lenticular - vão = 6,25 m e altura = 3,65 m - aterro rodoviário mínimo = 0,90 m e máximo = 4,30 m - brita produzida","m",38566.769999999997]
[606458,"Bueiro metálico com chapas múltiplas MP 152 galvanizadas - lenticular - vão = 6,40 m e altura = 3,75 m - aterro rodoviário mínimo = 0,90 m e máximo = 4,30 m - brita comercial","m",52798.25]
[606368,"Bueiro metálico com chapas múltiplas MP 152 galvanizadas - lenticular - vão = 6,40 m e altura = 3,75 m - aterro rodoviário mínimo = 0,90 m e máximo = 4,30 m - brita produzida","m",52517.95]
[606459,"Bueiro metálico com chapas múltiplas MP 152 galvanizadas - lenticular - vão = 6,60 m e altura = 3,85 m - aterro rodoviário mínimo = 0,90 m e máximo = 4,10 m - brita comercial","m",54928.67]
[606369,"Bueiro metálico com chapas múltiplas MP 152 galvanizadas - lenticular - vão = 6,60 m e altura = 3,85 m - aterro rodoviário mínimo = 0,90 m e máximo = 4,10 m - brita produzida","m",54641.69]
[606479,"Bueiro metálico com chapas múltiplas MP 152 galvanizadas - passagem de gado - vão = 2,20 m e altura = 2,25 m -aterro rodoviário mínimo = 0,30 m e máximo = 8,90 m - brita comercial","m",12402.47]
[606460,"Bueiro metálico com chapas múltiplas MP 152 galvanizadas - passagem de gado - vão = 2,20 m e altura = 2,25 m -aterro rodoviário mínimo = 0,30 m e máximo = 8,90 m - brita produzida","m",12295.68]
[606480,"Bueiro metálico com chapas múltiplas MP 152 galvanizadas - passagem de gado - vão = 2,90 m e altura = 3,10 m - aterro rodoviário mínimo = 0,60 m e máximo = 11,40 m - brita comercial","m",16169.94]
[606461,"Bueiro metálico com chapas múltiplas MP 152 galvanizadas - passagem de gado - vão = 2,90 m e altura = 3,10 m - aterro rodoviário mínimo = 0,60 m e máximo = 11,40 m - brita produzida","m",16039.8]
[606481,"Bueiro metálico com chapas múltiplas MP 152 galvanizadas - passagem inferior - vão = 3,70 m e altura = 3,50 m - aterro rodoviário mínimo = 0,60 m e máximo = 10,30 m - brita comercial","m",18823.939999999999]
[606462,"Bueiro metálico com chapas múltiplas MP 152 galvanizadas - passagem inferior - vão = 3,70 m e altura = 3,50 m - aterro rodoviário mínimo = 0,60 m e máximo = 10,30 m - brita produzida","m",18633.740000000002]
[606482,"Bueiro metálico com chapas múltiplas MP 152 galvanizadas - passagem inferior - vão = 3,90 m e altura = 3,60 m - aterro rodoviário mínimo = 0,60 m e máximo = 9,80 m - brita comercial","m",19802.400000000001]
[606463,"Bueiro metálico com chapas múltiplas MP 152 galvanizadas - passagem inferior - vão = 3,90 m e altura = 3,60 m - aterro rodoviário mínimo = 0,60 m e máximo = 9,80 m - brita produzida","m",19605.52]
[606483,"Bueiro metálico com chapas múltiplas MP 152 galvanizadas - passagem inferior - vão = 4,00 m e altura = 3,75 m - aterro rodoviário mínimo = 0,60 m e máximo = 9,50 m - brita comercial","m",20304.84]
[606464,"Bueiro metálico com chapas múltiplas MP 152 galvanizadas - passagem inferior - vão = 4,00 m e altura = 3,75 m - aterro rodoviário mínimo = 0,60 m e máximo = 9,50 m - brita produzida","m",20104.63]
[606484,"Bueiro metálico com chapas múltiplas MP 152 galvanizadas - passagem inferior - vão = 4,20 m e altura = 3,90 m - aterro rodoviário mínimo = 0,60 m e máximo = 9,10 m - brita comercial","m",21002.03]
[606465,"Bueiro metálico com chapas múltiplas MP 152 galvanizadas - passagem inferior - vão = 4,20 m e altura = 3,90 m - aterro rodoviário mínimo = 0,60 m e máximo = 9,10 m - brita produzida","m",20795.14]
[606485,"Bueiro metálico com chapas múltiplas MP 152 galvanizadas - passagem inferior - vão = 4,25 m e altura = 4,10 m - aterro rodoviário mínimo = 0,60 m e máximo = 8,90 m - brita comercial","m",21670.83]
[606466,"Bueiro metálico com chapas múltiplas MP 152 galvanizadas - passagem inferior - vão = 4,25 m e altura = 4,10 m - aterro rodoviário mínimo = 0,60 m e máximo = 8,90 m - brita produzida","m",21462.28]
[606486,"Bueiro metálico com chapas múltiplas MP 152 galvanizadas - passagem inferior - vão = 4,40 m e altura = 4,25 m - aterro rodoviário mínimo = 0,60 m e máximo = 8,60 m - brita comercial","m",22619.29]
[606467,"Bueiro metálico com chapas múltiplas MP 152 galvanizadas - passagem inferior - vão = 4,40 m e altura = 4,25 m - aterro rodoviário mínimo = 0,60 m e máximo = 8,60 m - brita produzida","m",22405.73]
[606487,"Bueiro metálico com chapas múltiplas MP 152 galvanizadas - passagem inferior - vão = 4,50 m e altura = 4,40 m - aterro rodoviário mínimo = 0,60 m e máximo = 8,40 m - brita comercial","m",23274.84]
[606468,"Bueiro metálico com chapas múltiplas MP 152 galvanizadas - passagem inferior - vão = 4,50 m e altura = 4,40 m - aterro rodoviário mínimo = 0,60 m e máximo = 8,40 m - brita produzida","m",23057.94]
[606488,"Bueiro metálico com chapas múltiplas MP 152 galvanizadas - passagem inferior - vão = 4,70 m e altura = 4,50 m - aterro rodoviário mínimo = 0,60 m e máximo = 8,90 m - brita comercial","m",28757.97]
[606469,"Bueiro metálico com chapas múltiplas MP 152 galvanizadas - passagem inferior - vão = 4,70 m e altura = 4,50 m - aterro rodoviário mínimo = 0,60 m e máximo = 8,90 m - brita produzida","m",28534.400000000001]
[606489,"Bueiro metálico com chapas múltiplas MP 152 galvanizadas - passagem inferior - vão = 4,80 m e altura = 4,75 m - aterro rodoviário mínimo = 0,90 m e máximo = 9,00 m - brita comercial","m",30329.77]
[606470,"Bueiro metálico com chapas múltiplas MP 152 galvanizadas - passagem inferior - vão = 4,80 m e altura = 4,75 m - aterro rodoviário mínimo = 0,90 m e máximo = 9,00 m - brita produzida","m",30102.86]
[606490,"Bueiro metálico com chapas múltiplas MP 152 galvanizadas - passagem inferior - vão = 5,00 m e altura = 4,85 m - aterro rodoviário mínimo = 0,90 m e máximo = 8,60 m - brita comercial","m",31215.119999999999]
[606471,"Bueiro metálico com chapas múltiplas MP 152 galvanizadas - passagem inferior - vão = 5,00 m e altura = 4,85 m - aterro rodoviário mínimo = 0,90 m e máximo = 8,60 m - brita produzida","m",30981.54]
[606491,"Bueiro metálico com chapas múltiplas MP 152 galvanizadas - passagem inferior - vão = 5,15 m e altura = 4,90 m - aterro rodoviário mínimo = 0,90 m e máximo = 8,50 m - brita comercial","m",32084.03]
[606472,"Bueiro metálico com chapas múltiplas MP 152 galvanizadas - passagem inferior - vão = 5,15 m e altura = 4,90 m - aterro rodoviário mínimo = 0,90 m e máximo = 8,50 m - brita produzida","m",31845.439999999999]
[606492,"Bueiro metálico com chapas múltiplas MP 152 galvanizadas - passagem inferior - vão = 5,25 m e altura = 5,00 m - aterro rodoviário mínimo = 0,90 m e máximo = 8,40 m - brita comercial","m",32733.39]
[606473,"Bueiro metálico com chapas múltiplas MP 152 galvanizadas - passagem inferior - vão = 5,25 m e altura = 5,00 m - aterro rodoviário mínimo = 0,90 m e máximo = 8,40 m - brita produzida","m",32491.46]
[606493,"Bueiro metálico com chapas múltiplas MP 152 galvanizadas - passagem inferior - vão = 5,30 m e altura = 5,30 m - aterro rodoviário mínimo = 0,90 m e máximo = 9,60 m - brita comercial","m",34482.69]
[606474,"Bueiro metálico com chapas múltiplas MP 152 galvanizadas - passagem inferior - vão = 5,30 m e altura = 5,30 m - aterro rodoviário mínimo = 0,90 m e máximo = 9,60 m - brita produzida","m",34239.1]
[606494,"Bueiro metálico com chapas múltiplas MP 152 galvanizadas - passagem inferior - vão = 5,65 m e altura = 5,25 m - aterro rodoviário mínimo = 0,90 m e máximo = 9,00 m - brita comercial","m",39827.269999999997]
[606475,"Bueiro metálico com chapas múltiplas MP 152 galvanizadas - passagem inferior - vão = 5,65 m e altura = 5,25 m - aterro rodoviário mínimo = 0,90 m e máximo = 9,00 m - brita produzida","m",39572]
[606495,"Bueiro metálico com chapas múltiplas MP 152 galvanizadas - passagem inferior - vão = 5,85 m e altura = 5,30 m - aterro rodoviário mínimo = 0,90 m e máximo = 8,40 m - brita comercial","m",46902.82]
[606476,"Bueiro metálico com chapas múltiplas MP 152 galvanizadas - passagem inferior - vão = 5,85 m e altura = 5,30 m - aterro rodoviário mínimo = 0,90 m e máximo = 8,40 m - brita produzida","m",46640.87]
[606496,"Bueiro metálico com chapas múltiplas MP 152 galvanizadas - passagem inferior - vão = 6,00 m e altura = 5,45 m - aterro rodoviário mínimo = 0,90 m e máximo = 8,30 m - brita comercial","m",48014.91]
[606477,"Bueiro metálico com chapas múltiplas MP 152 galvanizadas - passagem inferior - vão = 6,00 m e altura = 5,45 m - aterro rodoviário mínimo = 0,90 m e máximo = 8,30 m - brita produzida","m",47747.96]
[606497,"Bueiro metálico com chapas múltiplas MP 152 galvanizadas - passagem inferior - vão = 6,25 m e altura = 5,50 m - aterro rodoviário mínimo = 0,90 m e máximo = 7,90 m - brita comercial","m",49309.03]
[606478,"Bueiro metálico com chapas múltiplas MP 152 galvanizadas - passagem inferior - vão = 6,25 m e altura = 5,50 m - aterro rodoviário mínimo = 0,90 m e máximo = 7,90 m - brita produzida","m",49033.74]
[605835,"Bueiro metálico sem interrupção de tráfego - D = 1,20 m - chapa com epóxi - escavado em material de 1ª categoria - aterro ferroviário máximo = 12,90 m","m",7091.48]
[605571,"Bueiro metálico sem interrupção de tráfego - D = 1,20 m - chapa com epóxi - escavado em material de 1ª categoria - aterro rodoviário máximo = 9,00 m","m",6270.85]
[605850,"Bueiro metálico sem interrupção de tráfego - D = 1,20 m - chapa com epóxi - escavado em material de 2ª categoria - aterro ferroviário máximo = 12,90 m","m",7563.57]
[605582,"Bueiro metálico sem interrupção de tráfego - D = 1,20 m - chapa com epóxi - escavado em material de 2ª categoria - aterro rodoviário máximo = 9,00 m","m",6742.95]
[605889,"Bueiro metálico sem interrupção de tráfego - D = 1,20 m - chapa com epóxi - escavado em material de 3ª categoria - aterro ferroviário máximo = 12,90 m","m",8320.27]
[605593,"Bueiro metálico sem interrupção de tráfego - D = 1,20 m - chapa com epóxi - escavado em material de 3ª categoria - aterro rodoviário máximo = 9,00 m","m",7499.64]
[605739,"Bueiro metálico sem interrupção de tráfego - D = 1,20 m - chapa galvanizada - escavado em material de 1ª categoria - aterro ferroviário máximo = 12,90 m","m",6838.15]
[605504,"Bueiro metálico sem interrupção de tráfego - D = 1,20 m - chapa galvanizada - escavado em material de 1ª categoria - aterro rodoviário máximo = 9,00 m","m",5968.28]
[605781,"Bueiro metálico sem interrupção de tráfego - D = 1,20 m - chapa galvanizada - escavado em material de 2ª categoria - aterro ferroviário máximo = 12,90 m","m",7310.25]
[605524,"Bueiro metálico sem interrupção de tráfego - D = 1,20 m - chapa galvanizada - escavado em material de 2ª categoria - aterro rodoviário máximo = 9,00 m","m",6440.38]
[605815,"Bueiro metálico sem interrupção de tráfego - D = 1,20 m - chapa galvanizada - escavado em material de 3ª categoria - aterro ferroviário máximo = 12,90 m","m",8066.94]
[605544,"Bueiro metálico sem interrupção de tráfego - D = 1,20 m - chapa galvanizada - escavado em material de 3ª categoria - aterro rodoviário máximo = 9,00 m","m",7197.07]
[605836,"Bueiro metálico sem interrupção de tráfego - D = 1,40 m - chapa com epóxi - escavado em material de 1ª categoria - aterro ferroviário máximo = 11,00 m","m",8033.71]
[605572,"Bueiro metálico sem interrupção de tráfego - D = 1,40 m - chapa com epóxi - escavado em material de 1ª categoria - aterro rodoviário máximo = 7,70 m","m",7146.78]
[605851,"Bueiro metálico sem interrupção de tráfego - D = 1,40 m - chapa com epóxi - escavado em material de 2ª categoria - aterro ferroviário máximo = 11,00 m","m",8650.32]
[605583,"Bueiro metálico sem interrupção de tráfego - D = 1,40 m - chapa com epóxi - escavado em material de 2ª categoria - aterro rodoviário máximo = 7,70 m","m",7763.4]
[605890,"Bueiro metálico sem interrupção de tráfego - D = 1,40 m - chapa com epóxi - escavado em material de 3ª categoria - aterro ferroviário máximo = 11,00 m","m",9638.66]
[605594,"Bueiro metálico sem interrupção de tráfego - D = 1,40 m - chapa com epóxi - escavado em material de 3ª categoria - aterro rodoviário máximo = 7,70 m","m",8751.73]
[605740,"Bueiro metálico sem interrupção de tráfego - D = 1,40 m - chapa galvanizada - escavado em material de 1ª categoria - aterro ferroviário máximo = 11,00 m","m",7748.18]
[605505,"Bueiro metálico sem interrupção de tráfego - D = 1,40 m - chapa galvanizada - escavado em material de 1ª categoria - aterro rodoviário máximo = 7,70 m","m",6803.25]
[605782,"Bueiro metálico sem interrupção de tráfego - D = 1,40 m - chapa galvanizada - escavado em material de 2ª categoria - aterro ferroviário máximo = 11,00 m","m",8364.7999999999993]
[605525,"Bueiro metálico sem interrupção de tráfego - D = 1,40 m - chapa galvanizada - escavado em material de 2ª categoria - aterro rodoviário máximo = 7,70 m","m",7419.87]
[605816,"Bueiro metálico sem interrupção de tráfego - D = 1,40 m - chapa galvanizada - escavado em material de 3ª categoria - aterro ferroviário máximo = 11,00 m","m",9353.1299999999992]
[605545,"Bueiro metálico sem interrupção de tráfego - D = 1,40 m - chapa galvanizada - escavado em material de 3ª categoria - aterro rodoviário máximo = 7,70 m","m",8408.2000000000007]
[605837,"Bueiro metálico sem interrupção de tráfego - D = 1,60 m - chapa com epóxi - escavado em material de 1ª categoria - aterro ferroviário máximo = 9,60 m","m",9552.06]
[605573,"Bueiro metálico sem interrupção de tráfego - D = 1,60 m - chapa com epóxi - escavado em material de 1ª categoria - aterro rodoviário máximo = 6,70 m","m",8612.42]
[605852,"Bueiro metálico sem interrupção de tráfego - D = 1,60 m - chapa com epóxi - escavado em material de 2ª categoria - aterro ferroviário máximo = 9,60 m","m",10332.459999999999]
[605584,"Bueiro metálico sem interrupção de tráfego - D = 1,60 m - chapa com epóxi - escavado em material de 2ª categoria - aterro rodoviário máximo = 6,70 m","m",9392.83]
[605891,"Bueiro metálico sem interrupção de tráfego - D = 1,60 m - chapa com epóxi - escavado em material de 3ª categoria - aterro ferroviário máximo = 9,60 m","m",11583.32]
[605595,"Bueiro metálico sem interrupção de tráfego - D = 1,60 m - chapa com epóxi - escavado em material de 3ª categoria - aterro rodoviário máximo = 6,70 m","m",10643.69]
[605741,"Bueiro metálico sem interrupção de tráfego - D = 1,60 m - chapa galvanizada - escavado em material de 1ª categoria - aterro ferroviário máximo = 9,60 m","m",9219.2999999999993]
[605506,"Bueiro metálico sem interrupção de tráfego - D = 1,60 m - chapa galvanizada - escavado em material de 1ª categoria - aterro rodoviário máximo = 6,70 m","m",8205.85]
[605783,"Bueiro metálico sem interrupção de tráfego - D = 1,60 m - chapa galvanizada - escavado em material de 2ª categoria - aterro ferroviário máximo = 9,60 m","m",9999.7099999999991]
[605526,"Bueiro metálico sem interrupção de tráfego - D = 1,60 m - chapa galvanizada - escavado em material de 2ª categoria - aterro rodoviário máximo = 6,70 m","m",8986.25]
[605817,"Bueiro metálico sem interrupção de tráfego - D = 1,60 m - chapa galvanizada - escavado em material de 3ª categoria - aterro ferroviário máximo = 9,60 m","m",11250.57]
[605546,"Bueiro metálico sem interrupção de tráfego - D = 1,60 m - chapa galvanizada - escavado em material de 3ª categoria - aterro rodoviário máximo = 6,70 m","m",10237.11]
[605838,"Bueiro metálico sem interrupção de tráfego - D = 1,80 m - chapa com epóxi - escavado em material de 1ª categoria - aterro ferroviário máximo = 8,00 m","m",10875.65]
[605574,"Bueiro metálico sem interrupção de tráfego - D = 1,80 m - chapa com epóxi - escavado em material de 1ª categoria - aterro rodoviário máximo = 6,00 m","m",9806.06]
[605853,"Bueiro metálico sem interrupção de tráfego - D = 1,80 m - chapa com epóxi - escavado em material de 2ª categoria - aterro ferroviário máximo = 8,00 m","m",11839.11]
[605585,"Bueiro metálico sem interrupção de tráfego - D = 1,80 m - chapa com epóxi - escavado em material de 2ª categoria - aterro rodoviário máximo = 6,00 m","m",10769.52]
[605892,"Bueiro metálico sem interrupção de tráfego - D = 1,80 m - chapa com epóxi - escavado em material de 3ª categoria - aterro ferroviário máximo = 8,00 m","m",13383.38]
[605596,"Bueiro metálico sem interrupção de tráfego - D = 1,80 m - chapa com epóxi - escavado em material de 3ª categoria - aterro rodoviário máximo = 6,00 m","m",12313.79]
[605742,"Bueiro metálico sem interrupção de tráfego - D = 1,80 m - chapa galvanizada - escavado em material de 1ª categoria - aterro ferroviário máximo = 8,00 m","m",10495.66]
[605507,"Bueiro metálico sem interrupção de tráfego - D = 1,80 m - chapa galvanizada - escavado em material de 1ª categoria - aterro rodoviário máximo = 6,00 m","m",9342.76]
[605784,"Bueiro metálico sem interrupção de tráfego - D = 1,80 m - chapa galvanizada - escavado em material de 2ª categoria - aterro ferroviário máximo = 8,00 m","m",11459.12]
[605527,"Bueiro metálico sem interrupção de tráfego - D = 1,80 m - chapa galvanizada - escavado em material de 2ª categoria - aterro rodoviário máximo = 6,00 m","m",10306.219999999999]
[605818,"Bueiro metálico sem interrupção de tráfego - D = 1,80 m - chapa galvanizada - escavado em material de 3ª categoria - aterro ferroviário máximo = 8,00 m","m",13003.39]
[605547,"Bueiro metálico sem interrupção de tráfego - D = 1,80 m - chapa galvanizada - escavado em material de 3ª categoria - aterro rodoviário máximo = 6,00 m","m",11850.49]
[605839,"Bueiro metálico sem interrupção de tráfego - D = 2,00 m - chapa com epóxi - escavado em material de 1ª categoria - aterro ferroviário máximo = 6,90 m","m",12235.23]
[605575,"Bueiro metálico sem interrupção de tráfego - D = 2,00 m - chapa com epóxi - escavado em material de 1ª categoria - aterro rodoviário máximo = 5,40 m","m",11059.25]
[605854,"Bueiro metálico sem interrupção de tráfego - D = 2,00 m - chapa com epóxi - escavado em material de 2ª categoria - aterro ferroviário máximo = 6,90 m","m",13401.02]
[605586,"Bueiro metálico sem interrupção de tráfego - D = 2,00 m - chapa com epóxi - escavado em material de 2ª categoria - aterro rodoviário máximo = 5,40 m","m",12225.04]
[605893,"Bueiro metálico sem interrupção de tráfego - D = 2,00 m - chapa com epóxi - escavado em material de 3ª categoria - aterro ferroviário máximo = 6,90 m","m",15269.59]
[605597,"Bueiro metálico sem interrupção de tráfego - D = 2,00 m - chapa com epóxi - escavado em material de 3ª categoria - aterro rodoviário máximo = 5,40 m","m",14093.61]
[605743,"Bueiro metálico sem interrupção de tráfego - D = 2,00 m - chapa galvanizada - escavado em material de 1ª categoria - aterro ferroviário máximo = 6,90 m","m",11816.6]
[605508,"Bueiro metálico sem interrupção de tráfego - D = 2,00 m - chapa galvanizada - escavado em material de 1ª categoria - aterro rodoviário máximo = 5,40 m","m",10548.68]
[605785,"Bueiro metálico sem interrupção de tráfego - D = 2,00 m - chapa galvanizada - escavado em material de 2ª categoria - aterro ferroviário máximo = 6,90 m","m",12982.39]
[605528,"Bueiro metálico sem interrupção de tráfego - D = 2,00 m - chapa galvanizada - escavado em material de 2ª categoria - aterro rodoviário máximo = 5,40 m","m",11714.47]
[605819,"Bueiro metálico sem interrupção de tráfego - D = 2,00 m - chapa galvanizada - escavado em material de 3ª categoria - aterro ferroviário máximo = 6,90 m","m",14850.96]
[605548,"Bueiro metálico sem interrupção de tráfego - D = 2,00 m - chapa galvanizada - escavado em material de 3ª categoria - aterro rodoviário máximo = 5,40 m","m",13583.04]
[605840,"Bueiro metálico sem interrupção de tráfego - D = 2,20 m - chapa com epóxi - escavado em material de 1ª categoria - aterro ferroviário máximo = 7,90 m","m",15881.14]
[605576,"Bueiro metálico sem interrupção de tráfego - D = 2,20 m - chapa com epóxi - escavado em material de 1ª categoria - aterro rodoviário máximo = 4,90 m","m",12471.17]
[605855,"Bueiro metálico sem interrupção de tráfego - D = 2,20 m - chapa com epóxi - escavado em material de 2ª categoria - aterro ferroviário máximo = 7,90 m","m",17268.52]
[605587,"Bueiro metálico sem interrupção de tráfego - D = 2,20 m - chapa com epóxi - escavado em material de 2ª categoria - aterro rodoviário máximo = 4,90 m","m",13858.56]
[605898,"Bueiro metálico sem interrupção de tráfego - D = 2,20 m - chapa com epóxi - escavado em material de 3ª categoria - aterro ferroviário máximo = 7,90 m","m",19492.27]
[605598,"Bueiro metálico sem interrupção de tráfego - D = 2,20 m - chapa com epóxi - escavado em material de 3ª categoria - aterro rodoviário máximo = 4,90 m","m",16082.31]
[605744,"Bueiro metálico sem interrupção de tráfego - D = 2,20 m - chapa galvanizada - escavado em material de 1ª categoria - aterro ferroviário máximo = 7,90 m","m",14999.01]
[605509,"Bueiro metálico sem interrupção de tráfego - D = 2,20 m - chapa galvanizada - escavado em material de 1ª categoria - aterro rodoviário máximo = 4,90 m","m",11907.02]
[605787,"Bueiro metálico sem interrupção de tráfego - D = 2,20 m - chapa galvanizada - escavado em material de 2ª categoria - aterro ferroviário máximo = 7,90 m","m",16386.39]
[605529,"Bueiro metálico sem interrupção de tráfego - D = 2,20 m - chapa galvanizada - escavado em material de 2ª categoria - aterro rodoviário máximo = 4,90 m","m",13294.4]
[605820,"Bueiro metálico sem interrupção de tráfego - D = 2,20 m - chapa galvanizada - escavado em material de 3ª categoria - aterro ferroviário máximo = 7,90 m","m",18610.14]
[605549,"Bueiro metálico sem interrupção de tráfego - D = 2,20 m - chapa galvanizada - escavado em material de 3ª categoria - aterro rodoviário máximo = 4,90 m","m",15518.15]
[605841,"Bueiro metálico sem interrupção de tráfego - D = 2,40 m - chapa com epóxi - escavado em material de 1ª categoria - aterro ferroviário máximo = 7,00 m","m",17364.34]
[605577,"Bueiro metálico sem interrupção de tráfego - D = 2,40 m - chapa com epóxi - escavado em material de 1ª categoria - aterro rodoviário máximo = 4,50 m","m",13637.31]
[605856,"Bueiro metálico sem interrupção de tráfego - D = 2,40 m - chapa com epóxi - escavado em material de 2ª categoria - aterro ferroviário máximo = 7,00 m","m",18992.59]
[605588,"Bueiro metálico sem interrupção de tráfego - D = 2,40 m - chapa com epóxi - escavado em material de 2ª categoria - aterro rodoviário máximo = 4,50 m","m",15265.57]
[605899,"Bueiro metálico sem interrupção de tráfego - D = 2,40 m - chapa com epóxi - escavado em material de 3ª categoria - aterro ferroviário máximo = 7,00 m","m",21602.41]
[605599,"Bueiro metálico sem interrupção de tráfego - D = 2,40 m - chapa com epóxi - escavado em material de 3ª categoria - aterro rodoviário máximo = 4,50 m","m",17875.39]
[605745,"Bueiro metálico sem interrupção de tráfego - D = 2,40 m - chapa galvanizada - escavado em material de 1ª categoria - aterro ferroviário máximo = 7,00 m","m",16409.52]
[605510,"Bueiro metálico sem interrupção de tráfego - D = 2,40 m - chapa galvanizada - escavado em material de 1ª categoria - aterro rodoviário máximo = 4,50 m","m",13029.05]
[605788,"Bueiro metálico sem interrupção de tráfego - D = 2,40 m - chapa galvanizada - escavado em material de 2ª categoria - aterro ferroviário máximo = 7,00 m","m",18037.77]
[605530,"Bueiro metálico sem interrupção de tráfego - D = 2,40 m - chapa galvanizada - escavado em material de 2ª categoria - aterro rodoviário máximo = 4,50 m","m",14657.3]
[605821,"Bueiro metálico sem interrupção de tráfego - D = 2,40 m - chapa galvanizada - escavado em material de 3ª categoria - aterro ferroviário máximo = 7,00 m","m",20647.59]
[605550,"Bueiro metálico sem interrupção de tráfego - D = 2,40 m - chapa galvanizada - escavado em material de 3ª categoria - aterro rodoviário máximo = 4,50 m","m",17267.12]
[605842,"Bueiro metálico sem interrupção de tráfego - D = 2,60 m - chapa com epóxi - escavado em material de 1ª categoria - aterro ferroviário máximo = 6,40 m","m",19171.53]
[605578,"Bueiro metálico sem interrupção de tráfego - D = 2,60 m - chapa com epóxi - escavado em material de 1ª categoria - aterro rodoviário máximo = 4,10 m","m",15091.06]
[605857,"Bueiro metálico sem interrupção de tráfego - D = 2,60 m - chapa com epóxi - escavado em material de 2ª categoria - aterro ferroviário máximo = 6,40 m","m",21059.91]
[605589,"Bueiro metálico sem interrupção de tráfego - D = 2,60 m - chapa com epóxi - escavado em material de 2ª categoria - aterro rodoviário máximo = 4,10 m","m",16979.45]
[605900,"Bueiro metálico sem interrupção de tráfego - D = 2,60 m - chapa com epóxi - escavado em material de 3ª categoria - aterro ferroviário máximo = 6,40 m","m",24086.69]
[605600,"Bueiro metálico sem interrupção de tráfego - D = 2,60 m - chapa com epóxi - escavado em material de 3ª categoria - aterro rodoviário máximo = 4,10 m","m",20006.22]
[605746,"Bueiro metálico sem interrupção de tráfego - D = 2,60 m - chapa galvanizada - escavado em material de 1ª categoria - aterro ferroviário máximo = 6,40 m","m",18130.810000000001]
[605511,"Bueiro metálico sem interrupção de tráfego - D = 2,60 m - chapa galvanizada - escavado em material de 1ª categoria - aterro rodoviário máximo = 4,10 m","m",14429.21]
[605789,"Bueiro metálico sem interrupção de tráfego - D = 2,60 m - chapa galvanizada - escavado em material de 2ª categoria - aterro ferroviário máximo = 6,40 m","m",20019.2]
[605531,"Bueiro metálico sem interrupção de tráfego - D = 2,60 m - chapa galvanizada - escavado em material de 2ª categoria - aterro rodoviário máximo = 4,10 m","m",16317.6]
[605822,"Bueiro metálico sem interrupção de tráfego - D = 2,60 m - chapa galvanizada - escavado em material de 3ª categoria - aterro ferroviário máximo = 6,40 m","m",23045.97]
[605551,"Bueiro metálico sem interrupção de tráfego - D = 2,60 m - chapa galvanizada - escavado em material de 3ª categoria - aterro rodoviário máximo = 4,10 m","m",19344.37]
[605843,"Bueiro metálico sem interrupção de tráfego - D = 2,80 m - chapa com epóxi - escavado em material de 1ª categoria - aterro ferroviário máximo = 5,50 m","m",20631.689999999999]
[605579,"Bueiro metálico sem interrupção de tráfego - D = 2,80 m - chapa com epóxi - escavado em material de 1ª categoria - aterro rodoviário máximo = 3,80 m","m",16281.8]
[605858,"Bueiro metálico sem interrupção de tráfego - D = 2,80 m - chapa com epóxi - escavado em material de 2ª categoria - aterro ferroviário máximo = 5,50 m","m",22799.48]
[605590,"Bueiro metálico sem interrupção de tráfego - D = 2,80 m - chapa com epóxi - escavado em material de 2ª categoria - aterro rodoviário máximo = 3,80 m","m",18449.59]
[605901,"Bueiro metálico sem interrupção de tráfego - D = 2,80 m - chapa com epóxi - escavado em material de 3ª categoria - aterro ferroviário máximo = 5,50 m","m",26274.09]
[605601,"Bueiro metálico sem interrupção de tráfego - D = 2,80 m - chapa com epóxi - escavado em material de 3ª categoria - aterro rodoviário máximo = 3,80 m","m",21924.2]
[605747,"Bueiro metálico sem interrupção de tráfego - D = 2,80 m - chapa galvanizada - escavado em material de 1ª categoria - aterro ferroviário máximo = 5,50 m","m",19518.29]
[605512,"Bueiro metálico sem interrupção de tráfego - D = 2,80 m - chapa galvanizada - escavado em material de 1ª categoria - aterro rodoviário máximo = 3,80 m","m",15572.67]
[605790,"Bueiro metálico sem interrupção de tráfego - D = 2,80 m - chapa galvanizada - escavado em material de 2ª categoria - aterro ferroviário máximo = 5,50 m","m",21686.080000000002]
[605532,"Bueiro metálico sem interrupção de tráfego - D = 2,80 m - chapa galvanizada - escavado em material de 2ª categoria - aterro rodoviário máximo = 3,80 m","m",17740.46]
[605823,"Bueiro metálico sem interrupção de tráfego - D = 2,80 m - chapa galvanizada - escavado em material de 3ª categoria - aterro ferroviário máximo = 5,50 m","m",25160.69]
[605552,"Bueiro metálico sem interrupção de tráfego - D = 2,80 m - chapa galvanizada - escavado em material de 3ª categoria - aterro rodoviário máximo = 3,80 m","m",21215.07]
[605844,"Bueiro metálico sem interrupção de tráfego - D = 3,00 m - chapa com epóxi - escavado em material de 1ª categoria - aterro ferroviário máximo = 4,70 m","m",22502.36]
[605580,"Bueiro metálico sem interrupção de tráfego - D = 3,00 m - chapa com epóxi - escavado em material de 1ª categoria - aterro rodoviário máximo = 3,60 m","m",17847.5]
[605887,"Bueiro metálico sem interrupção de tráfego - D = 3,00 m - chapa com epóxi - escavado em material de 2ª categoria - aterro ferroviário máximo = 4,70 m","m",24968.83]
[605591,"Bueiro metálico sem interrupção de tráfego - D = 3,00 m - chapa com epóxi - escavado em material de 2ª categoria - aterro rodoviário máximo = 3,60 m","m",20313.96]
[605902,"Bueiro metálico sem interrupção de tráfego - D = 3,00 m - chapa com epóxi - escavado em material de 3ª categoria - aterro ferroviário máximo = 4,70 m","m",28922.17]
[605602,"Bueiro metálico sem interrupção de tráfego - D = 3,00 m - chapa com epóxi - escavado em material de 3ª categoria - aterro rodoviário máximo = 3,60 m","m",24267.3]
[605748,"Bueiro metálico sem interrupção de tráfego - D = 3,00 m - chapa galvanizada - escavado em material de 1ª categoria - aterro ferroviário máximo = 4,70 m","m",21303.07]
[605513,"Bueiro metálico sem interrupção de tráfego - D = 3,00 m - chapa galvanizada - escavado em material de 1ª categoria - aterro rodoviário máximo = 3,60 m","m",17081.64]
[605804,"Bueiro metálico sem interrupção de tráfego - D = 3,00 m - chapa galvanizada - escavado em material de 2ª categoria - aterro ferroviário máximo = 4,70 m","m",23769.53]
[605533,"Bueiro metálico sem interrupção de tráfego - D = 3,00 m - chapa galvanizada - escavado em material de 2ª categoria - aterro rodoviário máximo = 3,60 m","m",19548.099999999999]
[605824,"Bueiro metálico sem interrupção de tráfego - D = 3,00 m - chapa galvanizada - escavado em material de 3ª categoria - aterro ferroviário máximo = 4,70 m","m",27722.87]
[605553,"Bueiro metálico sem interrupção de tráfego - D = 3,00 m - chapa galvanizada - escavado em material de 3ª categoria - aterro rodoviário máximo = 3,60 m","m",23501.439999999999]
[605845,"Bueiro metálico sem interrupção de tráfego - D = 3,20 m - chapa com epóxi - escavado em material de 1ª categoria - aterro ferroviário máximo = 4,00 m","m",24377.22]
[605581,"Bueiro metálico sem interrupção de tráfego - D = 3,20 m - chapa com epóxi - escavado em material de 1ª categoria - aterro rodoviário máximo = 4,80 m","m",21346.39]
[605888,"Bueiro metálico sem interrupção de tráfego - D = 3,20 m - chapa com epóxi - escavado em material de 2ª categoria - aterro ferroviário máximo = 4,00 m","m",27161.62]
[605592,"Bueiro metálico sem interrupção de tráfego - D = 3,20 m - chapa com epóxi - escavado em material de 2ª categoria - aterro rodoviário máximo = 4,80 m","m",24130.799999999999]
[605903,"Bueiro metálico sem interrupção de tráfego - D = 3,20 m - chapa com epóxi - escavado em material de 3ª categoria - aterro ferroviário máximo = 4,00 m","m",31624.57]
[605603,"Bueiro metálico sem interrupção de tráfego - D = 3,20 m - chapa com epóxi - escavado em material de 3ª categoria - aterro rodoviário máximo = 4,80 m","m",28593.74]
[605771,"Bueiro metálico sem interrupção de tráfego - D = 3,20 m - chapa galvanizada - escavado em material de 1ª categoria - aterro ferroviário máximo = 4,00 m","m",23105.23]
[605514,"Bueiro metálico sem interrupção de tráfego - D = 3,20 m - chapa galvanizada - escavado em material de 1ª categoria - aterro rodoviário máximo = 4,80 m","m",20678.73]
[605805,"Bueiro metálico sem interrupção de tráfego - D = 3,20 m - chapa galvanizada - escavado em material de 2ª categoria - aterro ferroviário máximo = 4,00 m","m",25889.64]
[605534,"Bueiro metálico sem interrupção de tráfego - D = 3,20 m - chapa galvanizada - escavado em material de 2ª categoria - aterro rodoviário máximo = 4,80 m","m",23463.14]
[605825,"Bueiro metálico sem interrupção de tráfego - D = 3,20 m - chapa galvanizada - escavado em material de 3ª categoria - aterro ferroviário máximo = 4,00 m","m",30352.58]
[605554,"Bueiro metálico sem interrupção de tráfego - D = 3,20 m - chapa galvanizada - escavado em material de 3ª categoria - aterro rodoviário máximo = 4,80 m","m",27926.09]
[605772,"Bueiro metálico sem interrupção de tráfego - D = 3,40 m - chapa galvanizada - escavado em material de 1ª categoria - aterro ferroviário máximo = 7,00 m","m",27021.63]
[605515,"Bueiro metálico sem interrupção de tráfego - D = 3,40 m - chapa galvanizada - escavado em material de 1ª categoria - aterro rodoviário máximo = 4,50 m","m",22472.1]
[605806,"Bueiro metálico sem interrupção de tráfego - D = 3,40 m - chapa galvanizada - escavado em material de 2ª categoria - aterro ferroviário máximo = 7,00 m","m",30143.25]
[605535,"Bueiro metálico sem interrupção de tráfego - D = 3,40 m - chapa galvanizada - escavado em material de 2ª categoria - aterro rodoviário máximo = 4,50 m","m",25593.72]
[605826,"Bueiro metálico sem interrupção de tráfego - D = 3,40 m - chapa galvanizada - escavado em material de 3ª categoria - aterro ferroviário máximo = 7,00 m","m",35146.69]
[605555,"Bueiro metálico sem interrupção de tráfego - D = 3,40 m - chapa galvanizada - escavado em material de 3ª categoria - aterro rodoviário máximo = 4,50 m","m",30597.16]
[605773,"Bueiro metálico sem interrupção de tráfego - D = 3,60 m - chapa galvanizada - escavado em material de 1ª categoria - aterro ferroviário máximo = 6,60 m","m",28670.43]
[605516,"Bueiro metálico sem interrupção de tráfego - D = 3,60 m - chapa galvanizada - escavado em material de 1ª categoria - aterro rodoviário máximo = 4,30 m","m",23818.66]
[605807,"Bueiro metálico sem interrupção de tráfego - D = 3,60 m - chapa galvanizada - escavado em material de 2ª categoria - aterro ferroviário máximo = 6,60 m","m",32148.53]
[605536,"Bueiro metálico sem interrupção de tráfego - D = 3,60 m - chapa galvanizada - escavado em material de 2ª categoria - aterro rodoviário máximo = 4,30 m","m",27296.76]
[605827,"Bueiro metálico sem interrupção de tráfego - D = 3,60 m - chapa galvanizada - escavado em material de 3ª categoria - aterro ferroviário máximo = 6,60 m","m",37723.360000000001]
[605556,"Bueiro metálico sem interrupção de tráfego - D = 3,60 m - chapa galvanizada - escavado em material de 3ª categoria - aterro rodoviário máximo = 4,30 m","m",32871.589999999997]
[605774,"Bueiro metálico sem interrupção de tráfego - D = 3,80 m - chapa galvanizada - escavado em material de 1ª categoria - aterro ferroviário máximo = 6,20 m","m",30816.15]
[605517,"Bueiro metálico sem interrupção de tráfego - D = 3,80 m - chapa galvanizada - escavado em material de 1ª categoria - aterro rodoviário máximo = 4,00 m","m",25592.79]
[605808,"Bueiro metálico sem interrupção de tráfego - D = 3,80 m - chapa galvanizada - escavado em material de 2ª categoria - aterro ferroviário máximo = 6,20 m","m",34670]
[605537,"Bueiro metálico sem interrupção de tráfego - D = 3,80 m - chapa galvanizada - escavado em material de 2ª categoria - aterro rodoviário máximo = 4,00 m","m",29446.639999999999]
[605828,"Bueiro metálico sem interrupção de tráfego - D = 3,80 m - chapa galvanizada - escavado em material de 3ª categoria - aterro ferroviário máximo = 6,20 m","m",40847.089999999997]
[605557,"Bueiro metálico sem interrupção de tráfego - D = 3,80 m - chapa galvanizada - escavado em material de 3ª categoria - aterro rodoviário máximo = 4,00 m","m",35623.730000000003]
[605775,"Bueiro metálico sem interrupção de tráfego - D = 4,00 m - chapa galvanizada - escavado em material de 1ª categoria - aterro ferroviário máximo = 5,10 m","m",32441.96]
[605518,"Bueiro metálico sem interrupção de tráfego - D = 4,00 m - chapa galvanizada - escavado em material de 1ª categoria - aterro rodoviário máximo = 3,10 m","m",27052.63]
[605809,"Bueiro metálico sem interrupção de tráfego - D = 4,00 m - chapa galvanizada - escavado em material de 2ª categoria - aterro ferroviário máximo = 5,10 m","m",36690.83]
[605538,"Bueiro metálico sem interrupção de tráfego - D = 4,00 m - chapa galvanizada - escavado em material de 2ª categoria - aterro rodoviário máximo = 3,10 m","m",31301.5]
[605829,"Bueiro metálico sem interrupção de tráfego - D = 4,00 m - chapa galvanizada - escavado em material de 3ª categoria - aterro ferroviário máximo = 5,10 m","m",43501.07]
[605558,"Bueiro metálico sem interrupção de tráfego - D = 4,00 m - chapa galvanizada - escavado em material de 3ª categoria - aterro rodoviário máximo = 3,10 m","m",38111.74]
[605776,"Bueiro metálico sem interrupção de tráfego - D = 4,20 m - chapa galvanizada - escavado em material de 1ª categoria - aterro ferroviário máximo = 4,80 m","m",34575.14]
[605519,"Bueiro metálico sem interrupção de tráfego - D = 4,20 m - chapa galvanizada - escavado em material de 1ª categoria - aterro rodoviário máximo = 4,40 m","m",32143.91]
[605810,"Bueiro metálico sem interrupção de tráfego - D = 4,20 m - chapa galvanizada - escavado em material de 2ª categoria - aterro ferroviário máximo = 4,80 m","m",39238.300000000003]
[605539,"Bueiro metálico sem interrupção de tráfego - D = 4,20 m - chapa galvanizada - escavado em material de 2ª categoria - aterro rodoviário máximo = 4,40 m","m",36807.07]
[605830,"Bueiro metálico sem interrupção de tráfego - D = 4,20 m - chapa galvanizada - escavado em material de 3ª categoria - aterro ferroviário máximo = 4,80 m","m",46712.58]
[605559,"Bueiro metálico sem interrupção de tráfego - D = 4,20 m - chapa galvanizada - escavado em material de 3ª categoria - aterro rodoviário máximo = 4,40 m","m",44281.35]
[605777,"Bueiro metálico sem interrupção de tráfego - D = 4,40 m - chapa galvanizada - escavado em material de 1ª categoria - aterro ferroviário máximo = 4,20 m","m",36860.58]
[605520,"Bueiro metálico sem interrupção de tráfego - D = 4,40 m - chapa galvanizada - escavado em material de 1ª categoria - aterro rodoviário máximo = 4,20 m","m",34262.06]
[605811,"Bueiro metálico sem interrupção de tráfego - D = 4,40 m - chapa galvanizada - escavado em material de 2ª categoria - aterro ferroviário máximo = 4,20 m","m",41957.3]
[605540,"Bueiro metálico sem interrupção de tráfego - D = 4,40 m - chapa galvanizada - escavado em material de 2ª categoria - aterro rodoviário máximo = 4,20 m","m",39358.78]
[605831,"Bueiro metálico sem interrupção de tráfego - D = 4,40 m - chapa galvanizada - escavado em material de 3ª categoria - aterro ferroviário máximo = 4,20 m","m",50126.51]
[605560,"Bueiro metálico sem interrupção de tráfego - D = 4,40 m - chapa galvanizada - escavado em material de 3ª categoria - aterro rodoviário máximo = 4,20 m","m",47527.98]
[605778,"Bueiro metálico sem interrupção de tráfego - D = 4,60 m - chapa galvanizada - escavado em material de 1ª categoria - aterro ferroviário máximo = 4,00 m","m",39046.559999999998]
[605521,"Bueiro metálico sem interrupção de tráfego - D = 4,60 m - chapa galvanizada - escavado em material de 1ª categoria - aterro rodoviário máximo = 4,00 m","m",36405.129999999997]
[605812,"Bueiro metálico sem interrupção de tráfego - D = 4,60 m - chapa galvanizada - escavado em material de 2ª categoria - aterro ferroviário máximo = 4,00 m","m",44596.1]
[605541,"Bueiro metálico sem interrupção de tráfego - D = 4,60 m - chapa galvanizada - escavado em material de 2ª categoria - aterro rodoviário máximo = 4,00 m","m",41954.67]
[605832,"Bueiro metálico sem interrupção de tráfego - D = 4,60 m - chapa galvanizada - escavado em material de 3ª categoria - aterro ferroviário máximo = 4,00 m","m",53491.11]
[605561,"Bueiro metálico sem interrupção de tráfego - D = 4,60 m - chapa galvanizada - escavado em material de 3ª categoria - aterro rodoviário máximo = 4,00 m","m",50849.68]
[605779,"Bueiro metálico sem interrupção de tráfego - D = 4,80 m - chapa galvanizada - escavado em material de 1ª categoria - aterro ferroviário máximo = 5,10 m","m",45277.72]
[605522,"Bueiro metálico sem interrupção de tráfego - D = 4,80 m - chapa galvanizada - escavado em material de 1ª categoria - aterro rodoviário máximo = 5,50 m","m",40908.43]
[605813,"Bueiro metálico sem interrupção de tráfego - D = 4,80 m - chapa galvanizada - escavado em material de 2ª categoria - aterro ferroviário máximo = 5,10 m","m",51299.360000000001]
[605542,"Bueiro metálico sem interrupção de tráfego - D = 4,80 m - chapa galvanizada - escavado em material de 2ª categoria - aterro rodoviário máximo = 5,50 m","m",46930.07]
[605833,"Bueiro metálico sem interrupção de tráfego - D = 4,80 m - chapa galvanizada - escavado em material de 3ª categoria - aterro ferroviário máximo = 5,10 m","m",60951.06]
[605562,"Bueiro metálico sem interrupção de tráfego - D = 4,80 m - chapa galvanizada - escavado em material de 3ª categoria - aterro rodoviário máximo = 5,50 m","m",56581.77]
[605780,"Bueiro metálico sem interrupção de tráfego - D = 5,00 m - chapa galvanizada - escavado em material de 1ª categoria - aterro ferroviário máximo = 4,80 m","m",47874.46]
[605523,"Bueiro metálico sem interrupção de tráfego - D = 5,00 m - chapa galvanizada - escavado em material de 1ª categoria - aterro rodoviário máximo = 5,30 m","m",43276.97]
[605814,"Bueiro metálico sem interrupção de tráfego - D = 5,00 m - chapa galvanizada - escavado em material de 2ª categoria - aterro ferroviário máximo = 4,80 m","m",54387.47]
[605543,"Bueiro metálico sem interrupção de tráfego - D = 5,00 m - chapa galvanizada - escavado em material de 2ª categoria - aterro rodoviário máximo = 5,30 m","m",49789.98]
[605834,"Bueiro metálico sem interrupção de tráfego - D = 5,00 m - chapa galvanizada - escavado em material de 3ª categoria - aterro ferroviário máximo = 4,80 m","m",64826.75]
[605563,"Bueiro metálico sem interrupção de tráfego - D = 5,00 m - chapa galvanizada - escavado em material de 3ª categoria - aterro rodoviário máximo = 5,30 m","m",60229.27]
[605606,"Sistema de escoramento telescópico regulável para tunnel liner","m³",14.29]
[705314,"Boca de BDCC 1,50 x 1,50 m - esconsidade 0° - areia e brita comerciais","un",13789.73]
[705312,"Boca de BDCC 1,50 x 1,50 m - esconsidade 0° - areia extraída e brita produzida","un",12604.31]
[705316,"Boca de BDCC 1,50 x 1,50 m - esconsidade 15° - areia e brita comerciais","un",15112.18]
[705315,"Boca de BDCC 1,50 x 1,50 m - esconsidade 15° - areia extraída e brita produzida","un",13835.29]
[705318,"Boca de BDCC 1,50 x 1,50 m - esconsidade 30° - areia e brita comerciais","un",16141.05]
[705317,"Boca de BDCC 1,50 x 1,50 m - esconsidade 30° - areia extraída e brita produzida","un",14701.91]
[705320,"Boca de BDCC 1,50 x 1,50 m - esconsidade 45° - areia e brita comerciais","un",20239.47]
[705319,"Boca de BDCC 1,50 x 1,50 m - esconsidade 45° - areia extraída e brita produzida","un",18478.23]
[705322,"Boca de BDCC 2,00 x 2,00 m - esconsidade 0° - areia e brita comerciais","un",21278.47]
[705321,"Boca de BDCC 2,00 x 2,00 m - esconsidade 0° - areia extraída e brita produzida","un",19286.39]
[705324,"Boca de BDCC 2,00 x 2,00 m - esconsidade 15° - areia e brita comerciais","un",23355.14]
[705323,"Boca de BDCC 2,00 x 2,00 m - esconsidade 15° - areia extraída e brita produzida","un",21223.08]
[705326,"Boca de BDCC 2,00 x 2,00 m - esconsidade 30° - areia e brita comerciais","un",25099.47]
[705325,"Boca de BDCC 2,00 x 2,00 m - esconsidade 30° - areia extraída e brita produzida","un",22765.69]
[705328,"Boca de BDCC 2,00 x 2,00 m - esconsidade 45° - areia e brita comerciais","un",31849.86]
[705327,"Boca de BDCC 2,00 x 2,00 m - esconsidade 45° - areia extraída e brita produzida","un",28954.54]
[705330,"Boca de BDCC 2,50 x 2,50 m - esconsidade 0° - areia e brita comerciais","un",29709.3]
[705329,"Boca de BDCC 2,50 x 2,50 m - esconsidade 0° - areia extraída e brita produzida","un",26810.51]
[705332,"Boca de BDCC 2,50 x 2,50 m - esconsidade 15° - areia e brita comerciais","un",32136.62]
[705331,"Boca de BDCC 2,50 x 2,50 m - esconsidade 15° - areia extraída e brita produzida","un",29184.53]
[705334,"Boca de BDCC 2,50 x 2,50 m - esconsidade 30° - areia e brita comerciais","un",34135.39]
[705333,"Boca de BDCC 2,50 x 2,50 m - esconsidade 30° - areia extraída e brita produzida","un",31210.68]
[705336,"Boca de BDCC 2,50 x 2,50 m - esconsidade 45° - areia e brita comerciais","un",45988.14]
[705335,"Boca de BDCC 2,50 x 2,50 m - esconsidade 45° - areia extraída e brita produzida","un",41911.07]
[705338,"Boca de BDCC 3,00 x 3,00 m - esconsidade 0° - areia e brita comerciais","un",42835.32]
[705337,"Boca de BDCC 3,00 x 3,00 m - esconsidade 0° - areia extraída e brita produzida","un",38611.22]
[705340,"Boca de BDCC 3,00 x 3,00 m - esconsidade 15° - areia e brita comerciais","un",46184.06]
[705339,"Boca de BDCC 3,00 x 3,00 m - esconsidade 15° - areia extraída e brita produzida","un",41921.629999999997]
[705342,"Boca de BDCC 3,00 x 3,00 m - esconsidade 30° - areia e brita comerciais","un",52400.480000000003]
[705341,"Boca de BDCC 3,00 x 3,00 m - esconsidade 30° - areia extraída e brita produzida","un",47659.57]
[705344,"Boca de BDCC 3,00 x 3,00 m - esconsidade 45° - areia e brita comerciais","un",66384.61]
[705343,"Boca de BDCC 3,00 x 3,00 m - esconsidade 45° - areia extraída e brita produzida","un",60577.32]
[705225,"Boca de BSCC 1,50 x 1,50 m - esconsidade 0° - areia e brita comerciais","un",11826.22]
[705224,"Boca de BSCC 1,50 x 1,50 m - esconsidade 0° - areia extraída e brita produzida","un",10731.93]
[705227,"Boca de BSCC 1,50 x 1,50 m - esconsidade 15° - areia e brita comerciais","un",12227.48]
[705226,"Boca de BSCC 1,50 x 1,50 m - esconsidade 15° - areia extraída e brita produzida","un",11227.78]
[705229,"Boca de BSCC 1,50 x 1,50 m - esconsidade 30° - areia e brita comerciais","un",13169.52]
[705228,"Boca de BSCC 1,50 x 1,50 m - esconsidade 30° - areia extraída e brita produzida","un",12015.36]
[705231,"Boca de BSCC 1,50 x 1,50 m - esconsidade 45° - areia e brita comerciais","un",16400.71]
[705230,"Boca de BSCC 1,50 x 1,50 m - esconsidade 45° - areia extraída e brita produzida","un",15049.71]
[705233,"Boca de BSCC 2,00 x 2,00 m - esconsidade 0° - areia e brita comerciais","un",18367.560000000001]
[705232,"Boca de BSCC 2,00 x 2,00 m - esconsidade 0° - areia extraída e brita produzida","un",16627.099999999999]
[705235,"Boca de BSCC 2,00 x 2,00 m - esconsidade 15° - areia e brita comerciais","un",18849.73]
[705234,"Boca de BSCC 2,00 x 2,00 m - esconsidade 15° - areia extraída e brita produzida","un",17230.95]
[705237,"Boca de BSCC 2,00 x 2,00 m - esconsidade 30° - areia e brita comerciais","un",20414.27]
[705236,"Boca de BSCC 2,00 x 2,00 m - esconsidade 30° - areia extraída e brita produzida","un",18597.43]
[705239,"Boca de BSCC 2,00 x 2,00 m - esconsidade 45° - areia e brita comerciais","un",26053.200000000001]
[705238,"Boca de BSCC 2,00 x 2,00 m - esconsidade 45° - areia extraída e brita produzida","un",23781.71]
[705241,"Boca de BSCC 2,50 x 2,50 m - esconsidade 0° - areia e brita comerciais","un",24799.279999999999]
[705240,"Boca de BSCC 2,50 x 2,50 m - esconsidade 0° - areia extraída e brita produzida","un",22409.21]
[705243,"Boca de BSCC 2,50 x 2,50 m - esconsidade 15° - areia e brita comerciais","un",26252.14]
[705242,"Boca de BSCC 2,50 x 2,50 m - esconsidade 15° - areia extraída e brita produzida","un",23862.82]
[705245,"Boca de BSCC 2,50 x 2,50 m - esconsidade 30° - areia e brita comerciais","un",29107.200000000001]
[705244,"Boca de BSCC 2,50 x 2,50 m - esconsidade 30° - areia extraída e brita produzida","un",26558.33]
[705247,"Boca de BSCC 2,50 x 2,50 m - esconsidade 45° - areia e brita comerciais","un",36829.07]
[705246,"Boca de BSCC 2,50 x 2,50 m - esconsidade 45° - areia extraída e brita produzida","un",33706.39]
[705249,"Boca de BSCC 3,00 x 3,00 m - esconsidade 0° - areia e brita comerciais","un",35154.730000000003]
[705248,"Boca de BSCC 3,00 x 3,00 m - esconsidade 0° - areia extraída e brita produzida","un",31687.83]
[705251,"Boca de BSCC 3,00 x 3,00 m - esconsidade 15° - areia e brita comerciais","un",37166.480000000003]
[705250,"Boca de BSCC 3,00 x 3,00 m - esconsidade 15° - areia extraída e brita produzida","un",33699.96]
[705253,"Boca de BSCC 3,00 x 3,00 m - esconsidade 30° - areia e brita comerciais","un",40670.17]
[705252,"Boca de BSCC 3,00 x 3,00 m - esconsidade 30° - areia extraída e brita produzida","un",36900.04]
[705255,"Boca de BSCC 3,00 x 3,00 m - esconsidade 45° - areia e brita comerciais","un",51402.58]
[705254,"Boca de BSCC 3,00 x 3,00 m - esconsidade 45° - areia extraída e brita produzida","un",46844.32]
[705403,"Boca de BTCC 1,50 x 1,50 m - esconsidade 0° - areia e brita comerciais","un",17219.11]
[705402,"Boca de BTCC 1,50 x 1,50 m - esconsidade 0° - areia extraída e brita produzida","un",15631.36]
[705405,"Boca de BTCC 1,50 x 1,50 m - esconsidade 15° - areia e brita comerciais","un",18621.63]
[705404,"Boca de BTCC 1,50 x 1,50 m - esconsidade 15° - areia extraída e brita produzida","un",17017.310000000001]
[705407,"Boca de BTCC 1,50 x 1,50 m - esconsidade 30° - areia e brita comerciais","un",19529.29]
[705406,"Boca de BTCC 1,50 x 1,50 m - esconsidade 30° - areia extraída e brita produzida","un",17742.29]
[705409,"Boca de BTCC 1,50 x 1,50 m - esconsidade 45° - areia e brita comerciais","un",24585.279999999999]
[705408,"Boca de BTCC 1,50 x 1,50 m - esconsidade 45° - areia extraída e brita produzida","un",22383.93]
[705411,"Boca de BTCC 2,00 x 2,00 m - esconsidade 0° - areia e brita comerciais","un",26058.85]
[705410,"Boca de BTCC 2,00 x 2,00 m - esconsidade 0° - areia extraída e brita produzida","un",23499.29]
[705413,"Boca de BTCC 2,00 x 2,00 m - esconsidade 15° - areia e brita comerciais","un",28058.34]
[705412,"Boca de BTCC 2,00 x 2,00 m - esconsidade 15° - areia extraída e brita produzida","un",25498.29]
[705415,"Boca de BTCC 2,00 x 2,00 m - esconsidade 30° - areia e brita comerciais","un",30907.02]
[705414,"Boca de BTCC 2,00 x 2,00 m - esconsidade 30° - areia extraída e brita produzida","un",28022.33]
[705417,"Boca de BTCC 2,00 x 2,00 m - esconsidade 45° - areia e brita comerciais","un",39130.559999999998]
[705416,"Boca de BTCC 2,00 x 2,00 m - esconsidade 45° - areia extraída e brita produzida","un",35580.080000000002]
[705419,"Boca de BTCC 2,50 x 2,50 m - esconsidade 0° - areia e brita comerciais","un",36838.83]
[705418,"Boca de BTCC 2,50 x 2,50 m - esconsidade 0° - areia extraída e brita produzida","un",33262.129999999997]
[705421,"Boca de BTCC 2,50 x 2,50 m - esconsidade 15° - areia e brita comerciais","un",39662.78]
[705420,"Boca de BTCC 2,50 x 2,50 m - esconsidade 15° - areia extraída e brita produzida","un",36072.32]
[705423,"Boca de BTCC 2,50 x 2,50 m - esconsidade 30° - areia e brita comerciais","un",45127.4]
[705422,"Boca de BTCC 2,50 x 2,50 m - esconsidade 30° - areia extraída e brita produzida","un",41110.03]
[705425,"Boca de BTCC 2,50 x 2,50 m - esconsidade 45° - areia e brita comerciais","un",57113.71]
[705424,"Boca de BTCC 2,50 x 2,50 m - esconsidade 45° - areia extraída e brita produzida","un",52184.2]
[705427,"Boca de BTCC 3,00 x 3,00 m - esconsidade 0° - areia e brita comerciais","un",51972.86]
[705426,"Boca de BTCC 3,00 x 3,00 m - esconsidade 0° - areia extraída e brita produzida","un",46799.49]
[705429,"Boca de BTCC 3,00 x 3,00 m - esconsidade 15° - areia e brita comerciais","un",53832.800000000003]
[705428,"Boca de BTCC 3,00 x 3,00 m - esconsidade 15° - areia extraída e brita produzida","un",48747.5]
[705431,"Boca de BTCC 3,00 x 3,00 m - esconsidade 30° - areia e brita comerciais","un",64730.42]
[705430,"Boca de BTCC 3,00 x 3,00 m - esconsidade 30° - areia extraída e brita produzida","un",59055.34]
[705433,"Boca de BTCC 3,00 x 3,00 m - esconsidade 45° - areia e brita comerciais","un",82054.600000000006]
[705432,"Boca de BTCC 3,00 x 3,00 m - esconsidade 45° - areia extraída e brita produzida","un",75025.52]
[705257,"Corpo de BDCC 1,50 x 1,50 m - moldado no local - altura do aterro 0,00 a 1,00 m - areia e brita comerciais","m",4027.04]
[705256,"Corpo de BDCC 1,50 x 1,50 m - moldado no local - altura do aterro 0,00 a 1,00 m - areia extraída e brita produzida","m",3705.16]
[705259,"Corpo de BDCC 1,50 x 1,50 m - moldado no local - altura do aterro 1,00 a 2,50 m - areia e brita comerciais","m",3515.81]
[705258,"Corpo de BDCC 1,50 x 1,50 m - moldado no local - altura do aterro 1,00 a 2,50 m - areia extraída e brita produzida","m",3193.93]
[705267,"Corpo de BDCC 1,50 x 1,50 m - moldado no local - altura do aterro 10,00 a 12,50 m - areia e brita comerciais","m",5048.8]
[705266,"Corpo de BDCC 1,50 x 1,50 m - moldado no local - altura do aterro 10,00 a 12,50 m - areia extraída e brita produzida","m",4622.6099999999997]
[705269,"Corpo de BDCC 1,50 x 1,50 m - moldado no local - altura do aterro 12,50 a 15,00 m - areia e brita comerciais","m",5298.66]
[705268,"Corpo de BDCC 1,50 x 1,50 m - moldado no local - altura do aterro 12,50 a 15,00 m - areia extraída e brita produzida","m",4872.4799999999996]
[705261,"Corpo de BDCC 1,50 x 1,50 m - moldado no local - altura do aterro 2,50 a 5,00 m - areia e brita comerciais","m",3753.56]
[705260,"Corpo de BDCC 1,50 x 1,50 m - moldado no local - altura do aterro 2,50 a 5,00 m - areia extraída e brita produzida","m",3431.68]
[705263,"Corpo de BDCC 1,50 x 1,50 m - moldado no local - altura do aterro 5,00 a 7,50 m - areia e brita comerciais","m",4223.46]
[705262,"Corpo de BDCC 1,50 x 1,50 m - moldado no local - altura do aterro 5,00 a 7,50 m - areia extraída e brita produzida","m",3901.58]
[705265,"Corpo de BDCC 1,50 x 1,50 m - moldado no local - altura do aterro 7,50 a 10,00 m - areia e brita comerciais","m",4627.3500000000004]
[705264,"Corpo de BDCC 1,50 x 1,50 m - moldado no local - altura do aterro 7,50 a 10,00 m - areia extraída e brita produzida","m",4305.47]
[705271,"Corpo de BDCC 2,00 x 2,00 m - moldado no local - altura do aterro 0,00 a 1,00 m - areia e brita comerciais","m",5784.37]
[705270,"Corpo de BDCC 2,00 x 2,00 m - moldado no local - altura do aterro 0,00 a 1,00 m - areia extraída e brita produzida","m",5368.24]
[705273,"Corpo de BDCC 2,00 x 2,00 m - moldado no local - altura do aterro 1,00 a 2,50 m - areia e brita comerciais","m",5158.5200000000004]
[705272,"Corpo de BDCC 2,00 x 2,00 m - moldado no local - altura do aterro 1,00 a 2,50 m - areia extraída e brita produzida","m",4742.3900000000003]
[705281,"Corpo de BDCC 2,00 x 2,00 m - moldado no local - altura do aterro 10,00 a 12,50 m - areia e brita comerciais","m",7917.89]
[705280,"Corpo de BDCC 2,00 x 2,00 m - moldado no local - altura do aterro 10,00 a 12,50 m - areia extraída e brita produzida","m",7246.67]
[705283,"Corpo de BDCC 2,00 x 2,00 m - moldado no local - altura do aterro 12,50 a 15,00 m - areia e brita comerciais","m",8113.72]
[705282,"Corpo de BDCC 2,00 x 2,00 m - moldado no local - altura do aterro 12,50 a 15,00 m - areia extraída e brita produzida","m",7442.5]
[705275,"Corpo de BDCC 2,00 x 2,00 m - moldado no local - altura do aterro 2,50 a 5,00 m - areia e brita comerciais","m",5773.88]
[705274,"Corpo de BDCC 2,00 x 2,00 m - moldado no local - altura do aterro 2,50 a 5,00 m - areia extraída e brita produzida","m",5357.76]
[705277,"Corpo de BDCC 2,00 x 2,00 m - moldado no local - altura do aterro 5,00 a 7,50 m - areia e brita comerciais","m",6485.99]
[705276,"Corpo de BDCC 2,00 x 2,00 m - moldado no local - altura do aterro 5,00 a 7,50 m - areia extraída e brita produzida","m",5941.58]
[705279,"Corpo de BDCC 2,00 x 2,00 m - moldado no local - altura do aterro 7,50 a 10,00 m - areia e brita comerciais","m",7347.44]
[705278,"Corpo de BDCC 2,00 x 2,00 m - moldado no local - altura do aterro 7,50 a 10,00 m - areia extraída e brita produzida","m",6803.04]
[705285,"Corpo de BDCC 2,50 x 2,50 m - moldado no local - altura do aterro 0,00 a 1,00 m - areia e brita comerciais","m",7443.29]
[705284,"Corpo de BDCC 2,50 x 2,50 m - moldado no local - altura do aterro 0,00 a 1,00 m - areia extraída e brita produzida","m",6920.22]
[705287,"Corpo de BDCC 2,50 x 2,50 m - moldado no local - altura do aterro 1,00 a 2,50 m - areia e brita comerciais","m",6824.58]
[705286,"Corpo de BDCC 2,50 x 2,50 m - moldado no local - altura do aterro 1,00 a 2,50 m - areia extraída e brita produzida","m",6301.51]
[705295,"Corpo de BDCC 2,50 x 2,50 m - moldado no local - altura do aterro 10,00 a 12,50 m - areia e brita comerciais","m",10373.07]
[705294,"Corpo de BDCC 2,50 x 2,50 m - moldado no local - altura do aterro 10,00 a 12,50 m - areia extraída e brita produzida","m",9565.2999999999993]
[705297,"Corpo de BDCC 2,50 x 2,50 m - moldado no local - altura do aterro 12,50 a 15,00 m - areia e brita comerciais","m",11183.42]
[705296,"Corpo de BDCC 2,50 x 2,50 m - moldado no local - altura do aterro 12,50 a 15,00 m - areia extraída e brita produzida","m",10375.64]
[705289,"Corpo de BDCC 2,50 x 2,50 m - moldado no local - altura do aterro 2,50 a 5,00 m - areia e brita comerciais","m",7696.26]
[705288,"Corpo de BDCC 2,50 x 2,50 m - moldado no local - altura do aterro 2,50 a 5,00 m - areia extraída e brita produzida","m",7033.63]
[705291,"Corpo de BDCC 2,50 x 2,50 m - moldado no local - altura do aterro 5,00 a 7,50 m - areia e brita comerciais","m",8733.2000000000007]
[705290,"Corpo de BDCC 2,50 x 2,50 m - moldado no local - altura do aterro 5,00 a 7,50 m - areia extraída e brita produzida","m",8070.57]
[705293,"Corpo de BDCC 2,50 x 2,50 m - moldado no local - altura do aterro 7,50 a 10,00 m - areia e brita comerciais","m",9420.08]
[705292,"Corpo de BDCC 2,50 x 2,50 m - moldado no local - altura do aterro 7,50 a 10,00 m - areia extraída e brita produzida","m",8612.31]
[705299,"Corpo de BDCC 3,00 x 3,00 m - moldado no local - altura do aterro 0,00 a 1,00 m - areia e brita comerciais","m",9581.41]
[705298,"Corpo de BDCC 3,00 x 3,00 m - moldado no local - altura do aterro 0,00 a 1,00 m - areia extraída e brita produzida","m",8800.57]
[705301,"Corpo de BDCC 3,00 x 3,00 m - moldado no local - altura do aterro 1,00 a 2,50 m - areia e brita comerciais","m",8992.01]
[705300,"Corpo de BDCC 3,00 x 3,00 m - moldado no local - altura do aterro 1,00 a 2,50 m - areia extraída e brita produzida","m",8211.17]
[705309,"Corpo de BDCC 3,00 x 3,00 m - moldado no local - altura do aterro 10,00 a 12,50 m - areia e brita comerciais","m",14386.52]
[705308,"Corpo de BDCC 3,00 x 3,00 m - moldado no local - altura do aterro 10,00 a 12,50 m - areia extraída e brita produzida","m",13218.03]
[705311,"Corpo de BDCC 3,00 x 3,00 m - moldado no local - altura do aterro 12,50 a 15,00 m - areia e brita comerciais","m",14293.92]
[705310,"Corpo de BDCC 3,00 x 3,00 m - moldado no local - altura do aterro 12,50 a 15,00 m - areia extraída e brita produzida","m",13125.43]
[705303,"Corpo de BDCC 3,00 x 3,00 m - moldado no local - altura do aterro 2,50 a 5,00 m - areia e brita comerciais","m",9670.82]
[705302,"Corpo de BDCC 3,00 x 3,00 m - moldado no local - altura do aterro 2,50 a 5,00 m - areia extraída e brita produzida","m",8719.4500000000007]
[705305,"Corpo de BDCC 3,00 x 3,00 m - moldado no local - altura do aterro 5,00 a 7,50 m - areia e brita comerciais","m",11714.71]
[705304,"Corpo de BDCC 3,00 x 3,00 m - moldado no local - altura do aterro 5,00 a 7,50 m - areia extraída e brita produzida","m",10763.34]
[705307,"Corpo de BDCC 3,00 x 3,00 m - moldado no local - altura do aterro 7,50 a 10,00 m - areia e brita comerciais","m",12914.27]
[705306,"Corpo de BDCC 3,00 x 3,00 m - moldado no local - altura do aterro 7,50 a 10,00 m - areia extraída e brita produzida","m",11745.78]
[705169,"Corpo de BSCC 1,50 x 1,50 m - moldado no local - altura do aterro 0,00 a 1,00 m - areia e brita comerciais","m",2414.15]
[705168,"Corpo de BSCC 1,50 x 1,50 m - moldado no local - altura do aterro 0,00 a 1,00 m - areia extraída e brita produzida","m",2233.6799999999998]
[705171,"Corpo de BSCC 1,50 x 1,50 m - moldado no local - altura do aterro 1,00 a 2,50 m - areia e brita comerciais","m",2142.5100000000002]
[705170,"Corpo de BSCC 1,50 x 1,50 m - moldado no local - altura do aterro 1,00 a 2,50 m - areia extraída e brita produzida","m",1962.04]
[705179,"Corpo de BSCC 1,50 x 1,50 m - moldado no local - altura do aterro 10,00 a 12,50 m - areia e brita comerciais","m",3027.18]
[705178,"Corpo de BSCC 1,50 x 1,50 m - moldado no local - altura do aterro 10,00 a 12,50 m - areia extraída e brita produzida","m",2788.94]
[705181,"Corpo de BSCC 1,50 x 1,50 m - moldado no local - altura do aterro 12,50 a 15,00 m - areia e brita comerciais","m",3160.51]
[705180,"Corpo de BSCC 1,50 x 1,50 m - moldado no local - altura do aterro 12,50 a 15,00 m - areia extraída e brita produzida","m",2922.27]
[705173,"Corpo de BSCC 1,50 x 1,50 m - moldado no local - altura do aterro 2,50 a 5,00 m - areia e brita comerciais","m",2331.96]
[705172,"Corpo de BSCC 1,50 x 1,50 m - moldado no local - altura do aterro 2,50 a 5,00 m - areia extraída e brita produzida","m",2151.4899999999998]
[705175,"Corpo de BSCC 1,50 x 1,50 m - moldado no local - altura do aterro 5,00 a 7,50 m - areia e brita comerciais","m",2592.9299999999998]
[705174,"Corpo de BSCC 1,50 x 1,50 m - moldado no local - altura do aterro 5,00 a 7,50 m - areia extraída e brita produzida","m",2412.46]
[705177,"Corpo de BSCC 1,50 x 1,50 m - moldado no local - altura do aterro 7,50 a 10,00 m - areia e brita comerciais","m",2916.63]
[705176,"Corpo de BSCC 1,50 x 1,50 m - moldado no local - altura do aterro 7,50 a 10,00 m - areia extraída e brita produzida","m",2678.39]
[705183,"Corpo de BSCC 2,00 x 2,00 m - moldado no local - altura do aterro 0,00 a 1,00 m - areia e brita comerciais","m",3371.11]
[705182,"Corpo de BSCC 2,00 x 2,00 m - moldado no local - altura do aterro 0,00 a 1,00 m - areia extraída e brita produzida","m",3139.16]
[705185,"Corpo de BSCC 2,00 x 2,00 m - moldado no local - altura do aterro 1,00 a 2,50 m - areia e brita comerciais","m",3056.25]
[705184,"Corpo de BSCC 2,00 x 2,00 m - moldado no local - altura do aterro 1,00 a 2,50 m - areia extraída e brita produzida","m",2824.3]
[705193,"Corpo de BSCC 2,00 x 2,00 m - moldado no local - altura do aterro 10,00 a 12,50 m - areia e brita comerciais","m",4610.6000000000004]
[705192,"Corpo de BSCC 2,00 x 2,00 m - moldado no local - altura do aterro 10,00 a 12,50 m - areia extraída e brita produzida","m",4236.32]
[705195,"Corpo de BSCC 2,00 x 2,00 m - moldado no local - altura do aterro 12,50 a 15,00 m - areia e brita comerciais","m",4930.21]
[705194,"Corpo de BSCC 2,00 x 2,00 m - moldado no local - altura do aterro 12,50 a 15,00 m - areia extraída e brita produzida","m",4555.93]
[705187,"Corpo de BSCC 2,00 x 2,00 m - moldado no local - altura do aterro 2,50 a 5,00 m - areia e brita comerciais","m",3464.37]
[705186,"Corpo de BSCC 2,00 x 2,00 m - moldado no local - altura do aterro 2,50 a 5,00 m - areia extraída e brita produzida","m",3160.55]
[705189,"Corpo de BSCC 2,00 x 2,00 m - moldado no local - altura do aterro 5,00 a 7,50 m - areia e brita comerciais","m",3879.62]
[705188,"Corpo de BSCC 2,00 x 2,00 m - moldado no local - altura do aterro 5,00 a 7,50 m - areia extraída e brita produzida","m",3575.8]
[705191,"Corpo de BSCC 2,00 x 2,00 m - moldado no local - altura do aterro 7,50 a 10,00 m - areia e brita comerciais","m",4248.25]
[705190,"Corpo de BSCC 2,00 x 2,00 m - moldado no local - altura do aterro 7,50 a 10,00 m - areia extraída e brita produzida","m",3873.98]
[705197,"Corpo de BSCC 2,50 x 2,50 m - moldado no local - altura do aterro 0,00 a 1,00 m - areia e brita comerciais","m",4600.6499999999996]
[705196,"Corpo de BSCC 2,50 x 2,50 m - moldado no local - altura do aterro 0,00 a 1,00 m - areia extraída e brita produzida","m",4230.08]
[705199,"Corpo de BSCC 2,50 x 2,50 m - moldado no local - altura do aterro 1,00 a 2,50 m - areia e brita comerciais","m",4362.46]
[705198,"Corpo de BSCC 2,50 x 2,50 m - moldado no local - altura do aterro 1,00 a 2,50 m - areia extraída e brita produzida","m",3991.9]
[705207,"Corpo de BSCC 2,50 x 2,50 m - moldado no local - altura do aterro 10,00 a 12,50 m - areia e brita comerciais","m",6520.05]
[705206,"Corpo de BSCC 2,50 x 2,50 m - moldado no local - altura do aterro 10,00 a 12,50 m - areia extraída e brita produzida","m",5967.67]
[705209,"Corpo de BSCC 2,50 x 2,50 m - moldado no local - altura do aterro 12,50 a 15,00 m - areia e brita comerciais","m",7387.48]
[705208,"Corpo de BSCC 2,50 x 2,50 m - moldado no local - altura do aterro 12,50 a 15,00 m - areia extraída e brita produzida","m",6743.49]
[705201,"Corpo de BSCC 2,50 x 2,50 m - moldado no local - altura do aterro 2,50 a 5,00 m - areia e brita comerciais","m",4988.4799999999996]
[705200,"Corpo de BSCC 2,50 x 2,50 m - moldado no local - altura do aterro 2,50 a 5,00 m - areia extraída e brita produzida","m",4617.92]
[705203,"Corpo de BSCC 2,50 x 2,50 m - moldado no local - altura do aterro 5,00 a 7,50 m - areia e brita comerciais","m",5478.08]
[705202,"Corpo de BSCC 2,50 x 2,50 m - moldado no local - altura do aterro 5,00 a 7,50 m - areia extraída e brita produzida","m",5022.95]
[705205,"Corpo de BSCC 2,50 x 2,50 m - moldado no local - altura do aterro 7,50 a 10,00 m - areia e brita comerciais","m",5979.79]
[705204,"Corpo de BSCC 2,50 x 2,50 m - moldado no local - altura do aterro 7,50 a 10,00 m - areia extraída e brita produzida","m",5524.66]
[705211,"Corpo de BSCC 3,00 x 3,00 m - moldado no local - altura do aterro 0,00 a 1,00 m - areia e brita comerciais","m",5880.68]
[705210,"Corpo de BSCC 3,00 x 3,00 m - moldado no local - altura do aterro 0,00 a 1,00 m - areia extraída e brita produzida","m",5345.88]
[705213,"Corpo de BSCC 3,00 x 3,00 m - moldado no local - altura do aterro 1,00 a 2,50 m - areia e brita comerciais","m",5809.03]
[705212,"Corpo de BSCC 3,00 x 3,00 m - moldado no local - altura do aterro 1,00 a 2,50 m - areia extraída e brita produzida","m",5274.22]
[705221,"Corpo de BSCC 3,00 x 3,00 m - moldado no local - altura do aterro 10,00 a 12,50 m - areia e brita comerciais","m",8954.9699999999993]
[705220,"Corpo de BSCC 3,00 x 3,00 m - moldado no local - altura do aterro 10,00 a 12,50 m - areia extraída e brita produzida","m",8203.1]
[705223,"Corpo de BSCC 3,00 x 3,00 m - moldado no local - altura do aterro 12,50 a 15,00 m - areia e brita comerciais","m",9673.6299999999992]
[705222,"Corpo de BSCC 3,00 x 3,00 m - moldado no local - altura do aterro 12,50 a 15,00 m - areia extraída e brita produzida","m",8807.58]
[705215,"Corpo de BSCC 3,00 x 3,00 m - moldado no local - altura do aterro 2,50 a 5,00 m - areia e brita comerciais","m",6860.77]
[705214,"Corpo de BSCC 3,00 x 3,00 m - moldado no local - altura do aterro 2,50 a 5,00 m - areia extraída e brita produzida","m",6213.2]
[705217,"Corpo de BSCC 3,00 x 3,00 m - moldado no local - altura do aterro 5,00 a 7,50 m - areia e brita comerciais","m",7601.48]
[705216,"Corpo de BSCC 3,00 x 3,00 m - moldado no local - altura do aterro 5,00 a 7,50 m - areia extraída e brita produzida","m",6953.91]
[705219,"Corpo de BSCC 3,00 x 3,00 m - moldado no local - altura do aterro 7,50 a 10,00 m - areia e brita comerciais","m",8271.31]
[705218,"Corpo de BSCC 3,00 x 3,00 m - moldado no local - altura do aterro 7,50 a 10,00 m - areia extraída e brita produzida","m",7519.44]
[705346,"Corpo de BTCC 1,50 x 1,50 m - moldado no local - altura do aterro 0,00 a 1,00 m - areia e brita comerciais","m",5539.93]
[705345,"Corpo de BTCC 1,50 x 1,50 m - moldado no local - altura do aterro 0,00 a 1,00 m - areia extraída e brita produzida","m",5076.84]
[705348,"Corpo de BTCC 1,50 x 1,50 m - moldado no local - altura do aterro 1,00 a 2,50 m - areia e brita comerciais","m",4989.3100000000004]
[705347,"Corpo de BTCC 1,50 x 1,50 m - moldado no local - altura do aterro 1,00 a 2,50 m - areia extraída e brita produzida","m",4526.22]
[705356,"Corpo de BTCC 1,50 x 1,50 m - moldado no local - altura do aterro 10,00 a 12,50 m - areia e brita comerciais","m",7347.85]
[705355,"Corpo de BTCC 1,50 x 1,50 m - moldado no local - altura do aterro 10,00 a 12,50 m - areia extraída e brita produzida","m",6731.15]
[705358,"Corpo de BTCC 1,50 x 1,50 m - moldado no local - altura do aterro 12,50 a 15,00 m - areia e brita comerciais","m",7459.48]
[705357,"Corpo de BTCC 1,50 x 1,50 m - moldado no local - altura do aterro 12,50 a 15,00 m - areia extraída e brita produzida","m",6842.78]
[705350,"Corpo de BTCC 1,50 x 1,50 m - moldado no local - altura do aterro 2,50 a 5,00 m - areia e brita comerciais","m",5439.35]
[705349,"Corpo de BTCC 1,50 x 1,50 m - moldado no local - altura do aterro 2,50 a 5,00 m - areia extraída e brita produzida","m",4976.26]
[705352,"Corpo de BTCC 1,50 x 1,50 m - moldado no local - altura do aterro 5,00 a 7,50 m - areia e brita comerciais","m",5823.72]
[705351,"Corpo de BTCC 1,50 x 1,50 m - moldado no local - altura do aterro 5,00 a 7,50 m - areia extraída e brita produzida","m",5360.63]
[705354,"Corpo de BTCC 1,50 x 1,50 m - moldado no local - altura do aterro 7,50 a 10,00 m - areia e brita comerciais","m",6404.76]
[705353,"Corpo de BTCC 1,50 x 1,50 m - moldado no local - altura do aterro 7,50 a 10,00 m - areia extraída e brita produzida","m",5941.67]
[705360,"Corpo de BTCC 2,00 x 2,00 m - moldado no local - altura do aterro 0,00 a 1,00 m - areia e brita comerciais","m",7962.44]
[705359,"Corpo de BTCC 2,00 x 2,00 m - moldado no local - altura do aterro 0,00 a 1,00 m - areia extraída e brita produzida","m",7364.91]
[705362,"Corpo de BTCC 2,00 x 2,00 m - moldado no local - altura do aterro 1,00 a 2,50 m - areia e brita comerciais","m",7251.92]
[705361,"Corpo de BTCC 2,00 x 2,00 m - moldado no local - altura do aterro 1,00 a 2,50 m - areia extraída e brita produzida","m",6654.39]
[705370,"Corpo de BTCC 2,00 x 2,00 m - moldado no local - altura do aterro 10,00 a 12,50 m - areia e brita comerciais","m",10787.54]
[705369,"Corpo de BTCC 2,00 x 2,00 m - moldado no local - altura do aterro 10,00 a 12,50 m - areia extraída e brita produzida","m",9832.02]
[705372,"Corpo de BTCC 2,00 x 2,00 m - moldado no local - altura do aterro 12,50 a 15,00 m - areia e brita comerciais","m",11483.33]
[705371,"Corpo de BTCC 2,00 x 2,00 m - moldado no local - altura do aterro 12,50 a 15,00 m - areia extraída e brita produzida","m",10527.81]
[705364,"Corpo de BTCC 2,00 x 2,00 m - moldado no local - altura do aterro 2,50 a 5,00 m - areia e brita comerciais","m",8202.2800000000007]
[705363,"Corpo de BTCC 2,00 x 2,00 m - moldado no local - altura do aterro 2,50 a 5,00 m - areia extraída e brita produzida","m",7604.75]
[705366,"Corpo de BTCC 2,00 x 2,00 m - moldado no local - altura do aterro 5,00 a 7,50 m - areia e brita comerciais","m",8956.25]
[705365,"Corpo de BTCC 2,00 x 2,00 m - moldado no local - altura do aterro 5,00 a 7,50 m - areia extraída e brita produzida","m",8169.85]
[705368,"Corpo de BTCC 2,00 x 2,00 m - moldado no local - altura do aterro 7,50 a 10,00 m - areia e brita comerciais","m",10031.129999999999]
[705367,"Corpo de BTCC 2,00 x 2,00 m - moldado no local - altura do aterro 7,50 a 10,00 m - areia extraída e brita produzida","m",9244.73]
[705374,"Corpo de BTCC 2,50 x 2,50 m - moldado no local - altura do aterro 0,00 a 1,00 m - areia e brita comerciais","m",10523.71]
[705373,"Corpo de BTCC 2,50 x 2,50 m - moldado no local - altura do aterro 0,00 a 1,00 m - areia extraída e brita produzida","m",9765.18]
[705376,"Corpo de BTCC 2,50 x 2,50 m - moldado no local - altura do aterro 1,00 a 2,50 m - areia e brita comerciais","m",9444.49]
[705375,"Corpo de BTCC 2,50 x 2,50 m - moldado no local - altura do aterro 1,00 a 2,50 m - areia extraída e brita produzida","m",8685.9599999999991]
[705384,"Corpo de BTCC 2,50 x 2,50 m - moldado no local - altura do aterro 10,00 a 12,50 m - areia e brita comerciais","m",14283.13]
[705383,"Corpo de BTCC 2,50 x 2,50 m - moldado no local - altura do aterro 10,00 a 12,50 m - areia extraída e brita produzida","m",13121.49]
[705386,"Corpo de BTCC 2,50 x 2,50 m - moldado no local - altura do aterro 12,50 a 15,00 m - areia e brita comerciais","m",15387.87]
[705385,"Corpo de BTCC 2,50 x 2,50 m - moldado no local - altura do aterro 12,50 a 15,00 m - areia extraída e brita produzida","m",14226.23]
[705378,"Corpo de BTCC 2,50 x 2,50 m - moldado no local - altura do aterro 2,50 a 5,00 m - areia e brita comerciais","m",10718.19]
[705377,"Corpo de BTCC 2,50 x 2,50 m - moldado no local - altura do aterro 2,50 a 5,00 m - areia extraída e brita produzida","m",9760.92]
[705380,"Corpo de BTCC 2,50 x 2,50 m - moldado no local - altura do aterro 5,00 a 7,50 m - areia e brita comerciais","m",12143.19]
[705379,"Corpo de BTCC 2,50 x 2,50 m - moldado no local - altura do aterro 5,00 a 7,50 m - areia extraída e brita produzida","m",11185.93]
[705382,"Corpo de BTCC 2,50 x 2,50 m - moldado no local - altura do aterro 7,50 a 10,00 m - areia e brita comerciais","m",13366.25]
[705381,"Corpo de BTCC 2,50 x 2,50 m - moldado no local - altura do aterro 7,50 a 10,00 m - areia extraída e brita produzida","m",12204.61]
[705388,"Corpo de BTCC 3,00 x 3,00 m - moldado no local - altura do aterro 0,00 a 1,00 m - areia e brita comerciais","m",13238.14]
[705387,"Corpo de BTCC 3,00 x 3,00 m - moldado no local - altura do aterro 0,00 a 1,00 m - areia extraída e brita produzida","m",12111.18]
[705390,"Corpo de BTCC 3,00 x 3,00 m - moldado no local - altura do aterro 1,00 a 2,50 m - areia e brita comerciais","m",12474.68]
[705389,"Corpo de BTCC 3,00 x 3,00 m - moldado no local - altura do aterro 1,00 a 2,50 m - areia extraída e brita produzida","m",11347.72]
[705399,"Corpo de BTCC 3,00 x 3,00 m - moldado no local - altura do aterro 10,00 a 12,50 m - areia e brita comerciais","m",19156.13]
[705398,"Corpo de BTCC 3,00 x 3,00 m - moldado no local - altura do aterro 10,00 a 12,50 m - areia extraída e brita produzida","m",17465.310000000001]
[705401,"Corpo de BTCC 3,00 x 3,00 m - moldado no local - altura do aterro 12,50 a 15,00 m - areia e brita comerciais","m",20652.259999999998]
[705400,"Corpo de BTCC 3,00 x 3,00 m - moldado no local - altura do aterro 12,50 a 15,00 m - areia extraída e brita produzida","m",18961.43]
[705392,"Corpo de BTCC 3,00 x 3,00 m - moldado no local - altura do aterro 2,50 a 5,00 m - areia e brita comerciais","m",14206.86]
[705391,"Corpo de BTCC 3,00 x 3,00 m - moldado no local - altura do aterro 2,50 a 5,00 m - areia extraída e brita produzida","m",12840.27]
[705395,"Corpo de BTCC 3,00 x 3,00 m - moldado no local - altura do aterro 5,00 a 7,50 m - areia e brita comerciais","m",16191.62]
[705394,"Corpo de BTCC 3,00 x 3,00 m - moldado no local - altura do aterro 5,00 a 7,50 m - areia extraída e brita produzida","m",14825.03]
[705397,"Corpo de BTCC 3,00 x 3,00 m - moldado no local - altura do aterro 7,50 a 10,00 m - areia e brita comerciais","m",17727.810000000001]
[705396,"Corpo de BTCC 3,00 x 3,00 m - moldado no local - altura do aterro 7,50 a 10,00 m - areia extraída e brita produzida","m",16036.99]
[804213,"Boca de BDTC D = 0,80 m - esconsidade 0° - areia e brita comerciais - alas retas","un",1585.24]
[804212,"Boca de BDTC D = 0,80 m - esconsidade 0° - areia extraída e brita produzida - alas retas","un",1309.29]
[804217,"Boca de BDTC D = 0,80 m - esconsidade 10° - areia e brita comerciais - alas retas","un",1594.57]
[804216,"Boca de BDTC D = 0,80 m - esconsidade 10° - areia extraída e brita produzida - alas retas","un",1318.04]
[804219,"Boca de BDTC D = 0,80 m - esconsidade 15° - areia e brita comerciais - alas retas","un",1606.38]
[804218,"Boca de BDTC D = 0,80 m - esconsidade 15° - areia extraída e brita produzida - alas retas","un",1329.3]
[804221,"Boca de BDTC D = 0,80 m - esconsidade 20° - areia e brita comerciais - alas retas","un",1625.39]
[804220,"Boca de BDTC D = 0,80 m - esconsidade 20° - areia extraída e brita produzida - alas retas","un",1347.32]
[804223,"Boca de BDTC D = 0,80 m - esconsidade 25° - areia e brita comerciais - alas retas","un",1650.31]
[804222,"Boca de BDTC D = 0,80 m - esconsidade 25° - areia extraída e brita produzida - alas retas","un",1370.97]
[804225,"Boca de BDTC D = 0,80 m - esconsidade 30° - areia e brita comerciais - alas retas","un",1683.18]
[804224,"Boca de BDTC D = 0,80 m - esconsidade 30° - areia extraída e brita produzida - alas retas","un",1402.43]
[804227,"Boca de BDTC D = 0,80 m - esconsidade 35° - areia e brita comerciais - alas retas","un",1727.77]
[804226,"Boca de BDTC D = 0,80 m - esconsidade 35° - areia extraída e brita produzida - alas retas","un",1445.33]
[804229,"Boca de BDTC D = 0,80 m - esconsidade 40° - areia e brita comerciais - alas retas","un",1786.12]
[804228,"Boca de BDTC D = 0,80 m - esconsidade 40° - areia extraída e brita produzida - alas retas","un",1501.84]
[804231,"Boca de BDTC D = 0,80 m - esconsidade 45° - areia e brita comerciais - alas retas","un",1866.18]
[804230,"Boca de BDTC D = 0,80 m - esconsidade 45° - areia extraída e brita produzida - alas retas","un",1579.79]
[804215,"Boca de BDTC D = 0,80 m - esconsidade 5° - areia e brita comerciais - alas retas","un",1587.37]
[804214,"Boca de BDTC D = 0,80 m - esconsidade 5° - areia extraída e brita produzida - alas retas","un",1311.27]
[804417,"Boca de BDTC D = 1,00 m - esconsidade 0° - areia e brita comerciais - alas esconsas","un",4099.05]
[804233,"Boca de BDTC D = 1,00 m - esconsidade 0° - areia e brita comerciais - alas retas","un",2352.59]
[804416,"Boca de BDTC D = 1,00 m - esconsidade 0° - areia extraída e brita produzida - alas esconsas","un",3379.06]
[804232,"Boca de BDTC D = 1,00 m - esconsidade 0° - areia extraída e brita produzida - alas retas","un",1924.35]
[804237,"Boca de BDTC D = 1,00 m - esconsidade 10° - areia e brita comerciais - alas retas","un",2366.62]
[804236,"Boca de BDTC D = 1,00 m - esconsidade 10° - areia extraída e brita produzida - alas retas","un",1937.39]
[804419,"Boca de BDTC D = 1,00 m - esconsidade 15° - areia e brita comerciais - alas esconsas","un",4287.67]
[804239,"Boca de BDTC D = 1,00 m - esconsidade 15° - areia e brita comerciais - alas retas","un",2384.89]
[804418,"Boca de BDTC D = 1,00 m - esconsidade 15° - areia extraída e brita produzida - alas esconsas","un",3533.27]
[804238,"Boca de BDTC D = 1,00 m - esconsidade 15° - areia extraída e brita produzida - alas retas","un",1954.39]
[804241,"Boca de BDTC D = 1,00 m - esconsidade 20° - areia e brita comerciais - alas retas","un",2411.19]
[804240,"Boca de BDTC D = 1,00 m - esconsidade 20° - areia extraída e brita produzida - alas retas","un",1978.99]
[804243,"Boca de BDTC D = 1,00 m - esconsidade 25° - areia e brita comerciais - alas retas","un",2447.1799999999998]
[804242,"Boca de BDTC D = 1,00 m - esconsidade 25° - areia extraída e brita produzida - alas retas","un",2012.87]
[804421,"Boca de BDTC D = 1,00 m - esconsidade 30° - areia e brita comerciais - alas esconsas","un",4784.1000000000004]
[804245,"Boca de BDTC D = 1,00 m - esconsidade 30° - areia e brita comerciais - alas retas","un",2495.8200000000002]
[804420,"Boca de BDTC D = 1,00 m - esconsidade 30° - areia extraída e brita produzida - alas esconsas","un",3939.87]
[804244,"Boca de BDTC D = 1,00 m - esconsidade 30° - areia extraída e brita produzida - alas retas","un",2058.83]
[804247,"Boca de BDTC D = 1,00 m - esconsidade 35° - areia e brita comerciais - alas retas","un",2559.5100000000002]
[804246,"Boca de BDTC D = 1,00 m - esconsidade 35° - areia extraída e brita produzida - alas retas","un",2119.56]
[804249,"Boca de BDTC D = 1,00 m - esconsidade 40° - areia e brita comerciais - alas retas","un",2645]
[804248,"Boca de BDTC D = 1,00 m - esconsidade 40° - areia extraída e brita produzida - alas retas","un",2201.52]
[804423,"Boca de BDTC D = 1,00 m - esconsidade 45° - areia e brita comerciais - alas esconsas","un",5922.05]
[804251,"Boca de BDTC D = 1,00 m - esconsidade 45° - areia e brita comerciais - alas retas","un",2759.21]
[804422,"Boca de BDTC D = 1,00 m - esconsidade 45° - areia extraída e brita produzida - alas esconsas","un",4868.71]
[804250,"Boca de BDTC D = 1,00 m - esconsidade 45° - areia extraída e brita produzida - alas retas","un",2312.06]
[804235,"Boca de BDTC D = 1,00 m - esconsidade 5° - areia e brita comerciais - alas retas","un",2356.0100000000002]
[804234,"Boca de BDTC D = 1,00 m - esconsidade 5° - areia extraída e brita produzida - alas retas","un",1927.48]
[804425,"Boca de BDTC D = 1,20 m - esconsidade 0° - areia e brita comerciais - alas esconsas","un",5932.53]
[804253,"Boca de BDTC D = 1,20 m - esconsidade 0° - areia e brita comerciais - alas retas","un",3266.15]
[804424,"Boca de BDTC D = 1,20 m - esconsidade 0° - areia extraída e brita produzida - alas esconsas","un",4820.1000000000004]
[804252,"Boca de BDTC D = 1,20 m - esconsidade 0° - areia extraída e brita produzida - alas retas","un",2644.57]
[804257,"Boca de BDTC D = 1,20 m - esconsidade 10° - areia e brita comerciais - alas retas","un",3286.71]
[804256,"Boca de BDTC D = 1,20 m - esconsidade 10° - areia extraída e brita produzida - alas retas","un",2663.17]
[804427,"Boca de BDTC D = 1,20 m - esconsidade 15° - areia e brita comerciais - alas esconsas","un",6219.44]
[804259,"Boca de BDTC D = 1,20 m - esconsidade 15° - areia e brita comerciais - alas retas","un",3312.82]
[804426,"Boca de BDTC D = 1,20 m - esconsidade 15° - areia extraída e brita produzida - alas esconsas","un",5050.6099999999997]
[804258,"Boca de BDTC D = 1,20 m - esconsidade 15° - areia extraída e brita produzida - alas retas","un",2686.87]
[804261,"Boca de BDTC D = 1,20 m - esconsidade 20° - areia e brita comerciais - alas retas","un",3351.28]
[804260,"Boca de BDTC D = 1,20 m - esconsidade 20° - areia extraída e brita produzida - alas retas","un",2721.95]
[804263,"Boca de BDTC D = 1,20 m - esconsidade 25° - areia e brita comerciais - alas retas","un",3403.77]
[804262,"Boca de BDTC D = 1,20 m - esconsidade 25° - areia extraída e brita produzida - alas retas","un",2770.07]
[804429,"Boca de BDTC D = 1,20 m - esconsidade 30° - areia e brita comerciais - alas esconsas","un",6941.54]
[804265,"Boca de BDTC D = 1,20 m - esconsidade 30° - areia e brita comerciais - alas retas","un",3473.98]
[804428,"Boca de BDTC D = 1,20 m - esconsidade 30° - areia extraída e brita produzida - alas esconsas","un",5632.26]
[804264,"Boca de BDTC D = 1,20 m - esconsidade 30° - areia extraída e brita produzida - alas retas","un",2835.07]
[804267,"Boca de BDTC D = 1,20 m - esconsidade 35° - areia e brita comerciais - alas retas","un",3563.95]
[804266,"Boca de BDTC D = 1,20 m - esconsidade 35° - areia extraída e brita produzida - alas retas","un",2919.12]
[804269,"Boca de BDTC D = 1,20 m - esconsidade 40° - areia e brita comerciais - alas retas","un",3683.75]
[804268,"Boca de BDTC D = 1,20 m - esconsidade 40° - areia extraída e brita produzida - alas retas","un",3032]
[804431,"Boca de BDTC D = 1,20 m - esconsidade 45° - areia e brita comerciais - alas esconsas","un",8605.56]
[804271,"Boca de BDTC D = 1,20 m - esconsidade 45° - areia e brita comerciais - alas retas","un",3844.08]
[804430,"Boca de BDTC D = 1,20 m - esconsidade 45° - areia extraída e brita produzida - alas esconsas","un",6968.85]
[804270,"Boca de BDTC D = 1,20 m - esconsidade 45° - areia extraída e brita produzida - alas retas","un",3184.72]
[804255,"Boca de BDTC D = 1,20 m - esconsidade 5° - areia e brita comerciais - alas retas","un",3271.31]
[804254,"Boca de BDTC D = 1,20 m - esconsidade 5° - areia extraída e brita produzida - alas retas","un",2649.17]
[804433,"Boca de BDTC D = 1,50 m - esconsidade 0° - areia e brita comerciais - alas esconsas","un",10460.19]
[804273,"Boca de BDTC D = 1,50 m - esconsidade 0° - areia e brita comerciais - alas retas","un",5598.96]
[804432,"Boca de BDTC D = 1,50 m - esconsidade 0° - areia extraída e brita produzida - alas esconsas","un",8325.58]
[804272,"Boca de BDTC D = 1,50 m - esconsidade 0° - areia extraída e brita produzida - alas retas","un",4487.09]
[804277,"Boca de BDTC D = 1,50 m - esconsidade 10° - areia e brita comerciais - alas retas","un",5629.94]
[804276,"Boca de BDTC D = 1,50 m - esconsidade 10° - areia extraída e brita produzida - alas retas","un",4514.6899999999996]
[804435,"Boca de BDTC D = 1,50 m - esconsidade 15° - areia e brita comerciais - alas esconsas","un",10978]
[804279,"Boca de BDTC D = 1,50 m - esconsidade 15° - areia e brita comerciais - alas retas","un",5668.67]
[804434,"Boca de BDTC D = 1,50 m - esconsidade 15° - areia extraída e brita produzida - alas esconsas","un",8734.25]
[804278,"Boca de BDTC D = 1,50 m - esconsidade 15° - areia extraída e brita produzida - alas retas","un",4549.1899999999996]
[804281,"Boca de BDTC D = 1,50 m - esconsidade 20° - areia e brita comerciais - alas retas","un",5725.76]
[804280,"Boca de BDTC D = 1,50 m - esconsidade 20° - areia extraída e brita produzida - alas retas","un",4600.5]
[804283,"Boca de BDTC D = 1,50 m - esconsidade 25° - areia e brita comerciais - alas retas","un",5803.69]
[804282,"Boca de BDTC D = 1,50 m - esconsidade 25° - areia extraída e brita produzida - alas retas","un",4671.1000000000004]
[804437,"Boca de BDTC D = 1,50 m - esconsidade 30° - areia e brita comerciais - alas esconsas","un",12293.76]
[804285,"Boca de BDTC D = 1,50 m - esconsidade 30° - areia e brita comerciais - alas retas","un",5906.27]
[804436,"Boca de BDTC D = 1,50 m - esconsidade 30° - areia extraída e brita produzida - alas esconsas","un",9773.07]
[804284,"Boca de BDTC D = 1,50 m - esconsidade 30° - areia extraída e brita produzida - alas retas","un",4764.6499999999996]
[804287,"Boca de BDTC D = 1,50 m - esconsidade 35° - areia e brita comerciais - alas retas","un",6039.58]
[804286,"Boca de BDTC D = 1,50 m - esconsidade 35° - areia extraída e brita produzida - alas retas","un",4887.67]
[804289,"Boca de BDTC D = 1,50 m - esconsidade 40° - areia e brita comerciais - alas retas","un",6214.53]
[804288,"Boca de BDTC D = 1,50 m - esconsidade 40° - areia extraída e brita produzida - alas retas","un",5050.78]
[804439,"Boca de BDTC D = 1,50 m - esconsidade 45° - areia e brita comerciais - alas esconsas","un",15307.4]
[804291,"Boca de BDTC D = 1,50 m - esconsidade 45° - areia e brita comerciais - alas retas","un",6446.37]
[804438,"Boca de BDTC D = 1,50 m - esconsidade 45° - areia extraída e brita produzida - alas esconsas","un",12145.67]
[804290,"Boca de BDTC D = 1,50 m - esconsidade 45° - areia extraída e brita produzida - alas retas","un",5269.64]
[804275,"Boca de BDTC D = 1,50 m - esconsidade 5° - areia e brita comerciais - alas retas","un",5606.7]
[804274,"Boca de BDTC D = 1,50 m - esconsidade 5° - areia extraída e brita produzida - alas retas","un",4493.99]
[804061,"Boca de BSTC D = 0,40 m - esconsidade 0° - areia e brita comerciais - alas retas","un",384.78]
[804060,"Boca de BSTC D = 0,40 m - esconsidade 0° - areia extraída e brita produzida - alas retas","un",325.13]
[804065,"Boca de BSTC D = 0,40 m - esconsidade 10° - areia e brita comerciais - alas retas","un",386.44]
[804064,"Boca de BSTC D = 0,40 m - esconsidade 10° - areia extraída e brita produzida - alas retas","un",326.8]
[804067,"Boca de BSTC D = 0,40 m - esconsidade 15° - areia e brita comerciais - alas retas","un",388.11]
[804066,"Boca de BSTC D = 0,40 m - esconsidade 15° - areia extraída e brita produzida - alas retas","un",328.46]
[804069,"Boca de BSTC D = 0,40 m - esconsidade 20° - areia e brita comerciais - alas retas","un",391.06]
[804068,"Boca de BSTC D = 0,40 m - esconsidade 20° - areia extraída e brita produzida - alas retas","un",331.27]
[804071,"Boca de BSTC D = 0,40 m - esconsidade 25° - areia e brita comerciais - alas retas","un",395.22]
[804070,"Boca de BSTC D = 0,40 m - esconsidade 25° - areia extraída e brita produzida - alas retas","un",335.43]
[804073,"Boca de BSTC D = 0,40 m - esconsidade 30° - areia e brita comerciais - alas retas","un",400.66]
[804072,"Boca de BSTC D = 0,40 m - esconsidade 30° - areia extraída e brita produzida - alas retas","un",340.74]
[804075,"Boca de BSTC D = 0,40 m - esconsidade 35° - areia e brita comerciais - alas retas","un",408.15]
[804074,"Boca de BSTC D = 0,40 m - esconsidade 35° - areia extraída e brita produzida - alas retas","un",348.22]
[804077,"Boca de BSTC D = 0,40 m - esconsidade 40° - areia e brita comerciais - alas retas","un",417.75]
[804076,"Boca de BSTC D = 0,40 m - esconsidade 40° - areia extraída e brita produzida - alas retas","un",357.68]
[804079,"Boca de BSTC D = 0,40 m - esconsidade 45° - areia e brita comerciais - alas retas","un",432.35]
[804078,"Boca de BSTC D = 0,40 m - esconsidade 45° - areia extraída e brita produzida - alas retas","un",372.13]
[804063,"Boca de BSTC D = 0,40 m - esconsidade 5° - areia e brita comerciais - alas retas","un",385.61]
[804062,"Boca de BSTC D = 0,40 m - esconsidade 5° - areia extraída e brita produzida - alas retas","un",325.95999999999998]
[804377,"Boca de BSTC D = 0,60 m - esconsidade 0° - areia e brita comerciais - alas esconsas","un",1149.25]
[804081,"Boca de BSTC D = 0,60 m - esconsidade 0° - areia e brita comerciais - alas retas","un",774.99]
[804376,"Boca de BSTC D = 0,60 m - esconsidade 0° - areia extraída e brita produzida - alas esconsas","un",986.67]
[804080,"Boca de BSTC D = 0,60 m - esconsidade 0° - areia extraída e brita produzida - alas retas","un",643.57000000000005]
[804085,"Boca de BSTC D = 0,60 m - esconsidade 10° - areia e brita comerciais - alas retas","un",777.95]
[804084,"Boca de BSTC D = 0,60 m - esconsidade 10° - areia extraída e brita produzida - alas retas","un",646.39]
[804379,"Boca de BSTC D = 0,60 m - esconsidade 15° - areia e brita comerciais - alas esconsas","un",960.47]
[804087,"Boca de BSTC D = 0,60 m - esconsidade 15° - areia e brita comerciais - alas retas","un",781.27]
[804378,"Boca de BSTC D = 0,60 m - esconsidade 15° - areia extraída e brita produzida - alas esconsas","un",788.72]
[804086,"Boca de BSTC D = 0,60 m - esconsidade 15° - areia extraída e brita produzida - alas retas","un",649.71]
[804089,"Boca de BSTC D = 0,60 m - esconsidade 20° - areia e brita comerciais - alas retas","un",786.72]
[804088,"Boca de BSTC D = 0,60 m - esconsidade 20° - areia extraída e brita produzida - alas retas","un",655.02]
[804091,"Boca de BSTC D = 0,60 m - esconsidade 25° - areia e brita comerciais - alas retas","un",793.83]
[804090,"Boca de BSTC D = 0,60 m - esconsidade 25° - areia extraída e brita produzida - alas retas","un",661.99]
[804381,"Boca de BSTC D = 0,60 m - esconsidade 30° - areia e brita comerciais - alas esconsas","un",1358.33]
[804093,"Boca de BSTC D = 0,60 m - esconsidade 30° - areia e brita comerciais - alas retas","un",803.9]
[804380,"Boca de BSTC D = 0,60 m - esconsidade 30° - areia extraída e brita produzida - alas esconsas","un",1163.73]
[804092,"Boca de BSTC D = 0,60 m - esconsidade 30° - areia extraída e brita produzida - alas retas","un",671.77]
[804095,"Boca de BSTC D = 0,60 m - esconsidade 35° - areia e brita comerciais - alas retas","un",817.66]
[804094,"Boca de BSTC D = 0,60 m - esconsidade 35° - areia extraída e brita produzida - alas retas","un",685.39]
[804097,"Boca de BSTC D = 0,60 m - esconsidade 40° - areia e brita comerciais - alas retas","un",835.21]
[804096,"Boca de BSTC D = 0,60 m - esconsidade 40° - areia extraída e brita produzida - alas retas","un",702.66]
[804383,"Boca de BSTC D = 0,60 m - esconsidade 45° - areia e brita comerciais - alas esconsas","un",1679.28]
[804099,"Boca de BSTC D = 0,60 m - esconsidade 45° - areia e brita comerciais - alas retas","un",860.24]
[804382,"Boca de BSTC D = 0,60 m - esconsidade 45° - areia extraída e brita produzida - alas esconsas","un",1436.46]
[804098,"Boca de BSTC D = 0,60 m - esconsidade 45° - areia extraída e brita produzida - alas retas","un",727.4]
[804083,"Boca de BSTC D = 0,60 m - esconsidade 5° - areia e brita comerciais - alas retas","un",775.83]
[804082,"Boca de BSTC D = 0,60 m - esconsidade 5° - areia extraída e brita produzida - alas retas","un",644.4]
[804385,"Boca de BSTC D = 0,80 m - esconsidade 0° - areia e brita comerciais - alas esconsas","un",1912.11]
[804101,"Boca de BSTC D = 0,80 m - esconsidade 0° - areia e brita comerciais - alas retas","un",1311.86]
[804384,"Boca de BSTC D = 0,80 m - esconsidade 0° - areia extraída e brita produzida - alas esconsas","un",1610.35]
[804100,"Boca de BSTC D = 0,80 m - esconsidade 0° - areia extraída e brita produzida - alas retas","un",1083.56]
[804105,"Boca de BSTC D = 0,80 m - esconsidade 10° - areia e brita comerciais - alas retas","un",1316.47]
[804104,"Boca de BSTC D = 0,80 m - esconsidade 10° - areia extraída e brita produzida - alas retas","un",1088.04]
[804387,"Boca de BSTC D = 0,80 m - esconsidade 15° - areia e brita comerciais - alas esconsas","un",2014.73]
[804107,"Boca de BSTC D = 0,80 m - esconsidade 15° - areia e brita comerciais - alas retas","un",1322.75]
[804386,"Boca de BSTC D = 0,80 m - esconsidade 15° - areia extraída e brita produzida - alas esconsas","un",1695.77]
[804106,"Boca de BSTC D = 0,80 m - esconsidade 15° - areia extraída e brita produzida - alas retas","un",1094.18]
[804109,"Boca de BSTC D = 0,80 m - esconsidade 20° - areia e brita comerciais - alas retas","un",1332.36]
[804108,"Boca de BSTC D = 0,80 m - esconsidade 20° - areia extraída e brita produzida - alas retas","un",1103.6400000000001]
[804111,"Boca de BSTC D = 0,80 m - esconsidade 25° - areia e brita comerciais - alas retas","un",1344.92]
[804110,"Boca de BSTC D = 0,80 m - esconsidade 25° - areia extraída e brita produzida - alas retas","un",1115.92]
[804389,"Boca de BSTC D = 0,80 m - esconsidade 30° - areia e brita comerciais - alas esconsas","un",2250.11]
[804113,"Boca de BSTC D = 0,80 m - esconsidade 30° - areia e brita comerciais - alas retas","un",1362.09]
[804388,"Boca de BSTC D = 0,80 m - esconsidade 30° - areia extraída e brita produzida - alas esconsas","un",1892.09]
[804112,"Boca de BSTC D = 0,80 m - esconsidade 30° - areia extraída e brita produzida - alas retas","un",1132.67]
[804115,"Boca de BSTC D = 0,80 m - esconsidade 35° - areia e brita comerciais - alas retas","un",1385.92]
[804114,"Boca de BSTC D = 0,80 m - esconsidade 35° - areia extraída e brita produzida - alas retas","un",1156.07]
[804117,"Boca de BSTC D = 0,80 m - esconsidade 40° - areia e brita comerciais - alas retas","un",1417.23]
[804116,"Boca de BSTC D = 0,80 m - esconsidade 40° - areia extraída e brita produzida - alas retas","un",1186.96]
[804391,"Boca de BSTC D = 0,80 m - esconsidade 45° - areia e brita comerciais - alas esconsas","un",2792.79]
[804119,"Boca de BSTC D = 0,80 m - esconsidade 45° - areia e brita comerciais - alas retas","un",1460.18]
[804390,"Boca de BSTC D = 0,80 m - esconsidade 45° - areia extraída e brita produzida - alas esconsas","un",2343.25]
[804118,"Boca de BSTC D = 0,80 m - esconsidade 45° - areia extraída e brita produzida - alas retas","un",1229.48]
[804103,"Boca de BSTC D = 0,80 m - esconsidade 5° - areia e brita comerciais - alas retas","un",1313.52]
[804102,"Boca de BSTC D = 0,80 m - esconsidade 5° - areia extraída e brita produzida - alas retas","un",1085.23]
[804393,"Boca de BSTC D = 1,00 m - esconsidade 0° - areia e brita comerciais - alas esconsas","un",2942.85]
[804121,"Boca de BSTC D = 1,00 m - esconsidade 0° - areia e brita comerciais - alas retas","un",1960.1]
[804392,"Boca de BSTC D = 1,00 m - esconsidade 0° - areia extraída e brita produzida - alas esconsas","un",2439.87]
[804120,"Boca de BSTC D = 1,00 m - esconsidade 0° - areia extraída e brita produzida - alas retas","un",1605.6]
[804125,"Boca de BSTC D = 1,00 m - esconsidade 10° - areia e brita comerciais - alas retas","un",1966.38]
[804124,"Boca de BSTC D = 1,00 m - esconsidade 10° - areia extraída e brita produzida - alas retas","un",1611.74]
[804395,"Boca de BSTC D = 1,00 m - esconsidade 15° - areia e brita comerciais - alas esconsas","un",3090.86]
[804127,"Boca de BSTC D = 1,00 m - esconsidade 15° - areia e brita comerciais - alas retas","un",1975.62]
[804394,"Boca de BSTC D = 1,00 m - esconsidade 15° - areia extraída e brita produzida - alas esconsas","un",2561.08]
[804126,"Boca de BSTC D = 1,00 m - esconsidade 15° - areia extraída e brita produzida - alas retas","un",1620.69]
[804129,"Boca de BSTC D = 1,00 m - esconsidade 20° - areia e brita comerciais - alas retas","un",1988.63]
[804128,"Boca de BSTC D = 1,00 m - esconsidade 20° - areia extraída e brita produzida - alas retas","un",1633.29]
[804131,"Boca de BSTC D = 1,00 m - esconsidade 25° - areia e brita comerciais - alas retas","un",2006.64]
[804130,"Boca de BSTC D = 1,00 m - esconsidade 25° - areia extraída e brita produzida - alas retas","un",1650.87]
[804397,"Boca de BSTC D = 1,00 m - esconsidade 30° - areia e brita comerciais - alas esconsas","un",3444.72]
[804133,"Boca de BSTC D = 1,00 m - esconsidade 30° - areia e brita comerciais - alas retas","un",2031.76]
[804396,"Boca de BSTC D = 1,00 m - esconsidade 30° - areia extraída e brita produzida - alas esconsas","un",2851.78]
[804132,"Boca de BSTC D = 1,00 m - esconsidade 30° - areia extraída e brita produzida - alas retas","un",1675.43]
[804135,"Boca de BSTC D = 1,00 m - esconsidade 35° - areia e brita comerciais - alas retas","un",2064.36]
[804134,"Boca de BSTC D = 1,00 m - esconsidade 35° - areia extraída e brita produzida - alas retas","un",1707.46]
[804137,"Boca de BSTC D = 1,00 m - esconsidade 40° - areia e brita comerciais - alas retas","un",2026.75]
[804136,"Boca de BSTC D = 1,00 m - esconsidade 40° - areia extraída e brita produzida - alas retas","un",1669.15]
[804399,"Boca de BSTC D = 1,00 m - esconsidade 45° - areia e brita comerciais - alas esconsas","un",4286.42]
[804139,"Boca de BSTC D = 1,00 m - esconsidade 45° - areia e brita comerciais - alas retas","un",2171.6799999999998]
[804398,"Boca de BSTC D = 1,00 m - esconsidade 45° - areia extraída e brita produzida - alas esconsas","un",3540.05]
[804138,"Boca de BSTC D = 1,00 m - esconsidade 45° - areia extraída e brita produzida - alas retas","un",1813.23]
[804123,"Boca de BSTC D = 1,00 m - esconsidade 5° - areia e brita comerciais - alas retas","un",1960.94]
[804122,"Boca de BSTC D = 1,00 m - esconsidade 5° - areia extraída e brita produzida - alas retas","un",1606.44]
[804401,"Boca de BSTC D = 1,20 m - esconsidade 0° - areia e brita comerciais - alas esconsas","un",4247.12]
[804141,"Boca de BSTC D = 1,20 m - esconsidade 0° - areia e brita comerciais - alas retas","un",2720.24]
[804400,"Boca de BSTC D = 1,20 m - esconsidade 0° - areia extraída e brita produzida - alas esconsas","un",3470.72]
[804140,"Boca de BSTC D = 1,20 m - esconsidade 0° - areia extraída e brita produzida - alas retas","un",2207.2399999999998]
[804145,"Boca de BSTC D = 1,20 m - esconsidade 10° - areia e brita comerciais - alas retas","un",2730.39]
[804144,"Boca de BSTC D = 1,20 m - esconsidade 10° - areia extraída e brita produzida - alas retas","un",2216.83]
[804403,"Boca de BSTC D = 1,20 m - esconsidade 15° - areia e brita comerciais - alas esconsas","un",4472.4399999999996]
[804147,"Boca de BSTC D = 1,20 m - esconsidade 15° - areia e brita comerciais - alas retas","un",2743.04]
[804402,"Boca de BSTC D = 1,20 m - esconsidade 15° - areia extraída e brita produzida - alas esconsas","un",3651.9]
[804146,"Boca de BSTC D = 1,20 m - esconsidade 15° - areia extraída e brita produzida - alas retas","un",2228.91]
[804149,"Boca de BSTC D = 1,20 m - esconsidade 20° - areia e brita comerciais - alas retas","un",2762.05]
[804148,"Boca de BSTC D = 1,20 m - esconsidade 20° - areia extraída e brita produzida - alas retas","un",2246.94]
[804151,"Boca de BSTC D = 1,20 m - esconsidade 25° - areia e brita comerciais - alas retas","un",2788.17]
[804150,"Boca de BSTC D = 1,20 m - esconsidade 25° - areia extraída e brita produzida - alas retas","un",2271.94]
[804405,"Boca de BSTC D = 1,20 m - esconsidade 30° - areia e brita comerciais - alas esconsas","un",4998.9799999999996]
[804153,"Boca de BSTC D = 1,20 m - esconsidade 30° - areia e brita comerciais - alas retas","un",2823.53]
[804404,"Boca de BSTC D = 1,20 m - esconsidade 30° - areia extraída e brita produzida - alas esconsas","un",4077.34]
[804152,"Boca de BSTC D = 1,20 m - esconsidade 30° - areia extraída e brita produzida - alas retas","un",2305.88]
[804155,"Boca de BSTC D = 1,20 m - esconsidade 35° - areia e brita comerciais - alas retas","un",2869.33]
[804154,"Boca de BSTC D = 1,20 m - esconsidade 35° - areia extraída e brita produzida - alas retas","un",2350.13]
[804157,"Boca de BSTC D = 1,20 m - esconsidade 40° - areia e brita comerciais - alas retas","un",2932.67]
[804156,"Boca de BSTC D = 1,20 m - esconsidade 40° - areia extraída e brita produzida - alas retas","un",2411.63]
[804407,"Boca de BSTC D = 1,20 m - esconsidade 45° - areia e brita comerciais - alas esconsas","un",6227.4]
[804159,"Boca de BSTC D = 1,20 m - esconsidade 45° - areia e brita comerciais - alas retas","un",3017.25]
[804406,"Boca de BSTC D = 1,20 m - esconsidade 45° - areia extraída e brita produzida - alas esconsas","un",5065.05]
[804158,"Boca de BSTC D = 1,20 m - esconsidade 45° - areia extraída e brita produzida - alas retas","un",2494.25]
[804143,"Boca de BSTC D = 1,20 m - esconsidade 5° - areia e brita comerciais - alas retas","un",2723.19]
[804142,"Boca de BSTC D = 1,20 m - esconsidade 5° - areia extraída e brita produzida - alas retas","un",2210.06]
[804409,"Boca de BSTC D = 1,50 m - esconsidade 0° - areia e brita comerciais - alas esconsas","un",7673.11]
[804161,"Boca de BSTC D = 1,50 m - esconsidade 0° - areia e brita comerciais - alas retas","un",4676.33]
[804408,"Boca de BSTC D = 1,50 m - esconsidade 0° - areia extraída e brita produzida - alas esconsas","un",6148.79]
[804160,"Boca de BSTC D = 1,50 m - esconsidade 0° - areia extraída e brita produzida - alas retas","un",3761.59]
[804165,"Boca de BSTC D = 1,50 m - esconsidade 10° - areia e brita comerciais - alas retas","un",4690.26]
[804164,"Boca de BSTC D = 1,50 m - esconsidade 10° - areia extraída e brita produzida - alas retas","un",3774.83]
[804411,"Boca de BSTC D = 1,50 m - esconsidade 15° - areia e brita comerciais - alas esconsas","un",8092.35]
[804167,"Boca de BSTC D = 1,50 m - esconsidade 15° - areia e brita comerciais - alas retas","un",4708.4399999999996]
[804410,"Boca de BSTC D = 1,50 m - esconsidade 15° - areia extraída e brita produzida - alas esconsas","un",6480.46]
[804166,"Boca de BSTC D = 1,50 m - esconsidade 15° - areia extraída e brita produzida - alas retas","un",3792.02]
[804169,"Boca de BSTC D = 1,50 m - esconsidade 20° - areia e brita comerciais - alas retas","un",4735.03]
[804168,"Boca de BSTC D = 1,50 m - esconsidade 20° - areia extraída e brita produzida - alas retas","un",3817.34]
[804171,"Boca de BSTC D = 1,50 m - esconsidade 25° - areia e brita comerciais - alas retas","un",4771.3100000000004]
[804170,"Boca de BSTC D = 1,50 m - esconsidade 25° - areia extraída e brita produzida - alas retas","un",3851.92]
[804413,"Boca de BSTC D = 1,50 m - esconsidade 30° - areia e brita comerciais - alas esconsas","un",9068.65]
[804173,"Boca de BSTC D = 1,50 m - esconsidade 30° - areia e brita comerciais - alas retas","un",4820.1400000000003]
[804412,"Boca de BSTC D = 1,50 m - esconsidade 30° - areia extraída e brita produzida - alas esconsas","un",7254.14]
[804172,"Boca de BSTC D = 1,50 m - esconsidade 30° - areia extraída e brita produzida - alas retas","un",3898.78]
[804175,"Boca de BSTC D = 1,50 m - esconsidade 35° - areia e brita comerciais - alas retas","un",4885.6899999999996]
[804174,"Boca de BSTC D = 1,50 m - esconsidade 35° - areia extraída e brita produzida - alas retas","un",3962.08]
[804177,"Boca de BSTC D = 1,50 m - esconsidade 40° - areia e brita comerciais - alas retas","un",4973.41]
[804176,"Boca de BSTC D = 1,50 m - esconsidade 40° - areia extraída e brita produzida - alas retas","un",4047.11]
[804415,"Boca de BSTC D = 1,50 m - esconsidade 45° - areia e brita comerciais - alas esconsas","un",11366.37]
[804179,"Boca de BSTC D = 1,50 m - esconsidade 45° - areia e brita comerciais - alas retas","un",5093.63]
[804414,"Boca de BSTC D = 1,50 m - esconsidade 45° - areia extraída e brita produzida - alas esconsas","un",9067.48]
[804178,"Boca de BSTC D = 1,50 m - esconsidade 45° - areia extraída e brita produzida - alas retas","un",4164.38]
[804163,"Boca de BSTC D = 1,50 m - esconsidade 5° - areia e brita comerciais - alas retas","un",4680.1099999999997]
[804162,"Boca de BSTC D = 1,50 m - esconsidade 5° - areia extraída e brita produzida - alas retas","un",3765.24]
[804441,"Boca de BTTC D = 1,00 m - esconsidade 0° - areia e brita comerciais - alas esconsas","un",5255.26]
[804317,"Boca de BTTC D = 1,00 m - esconsidade 0° - areia e brita comerciais - alas retas","un",2860.43]
[804440,"Boca de BTTC D = 1,00 m - esconsidade 0° - areia extraída e brita produzida - alas esconsas","un",4318.25]
[804316,"Boca de BTTC D = 1,00 m - esconsidade 0° - areia extraída e brita produzida - alas retas","un",2323.04]
[804321,"Boca de BTTC D = 1,00 m - esconsidade 10° - areia e brita comerciais - alas retas","un",2880.91]
[804320,"Boca de BTTC D = 1,00 m - esconsidade 10° - areia extraída e brita produzida - alas retas","un",2341.83]
[804443,"Boca de BTTC D = 1,00 m - esconsidade 15° - areia e brita comerciais - alas esconsas","un",5484.03]
[804323,"Boca de BTTC D = 1,00 m - esconsidade 15° - areia e brita comerciais - alas retas","un",2908.22]
[804442,"Boca de BTTC D = 1,00 m - esconsidade 15° - areia extraída e brita produzida - alas esconsas","un",4505.1400000000003]
[804322,"Boca de BTTC D = 1,00 m - esconsidade 15° - areia extraída e brita produzida - alas retas","un",2366.88]
[804325,"Boca de BTTC D = 1,00 m - esconsidade 20° - areia e brita comerciais - alas retas","un",2947.8]
[804324,"Boca de BTTC D = 1,00 m - esconsidade 20° - areia extraída e brita produzida - alas retas","un",2403.5]
[804327,"Boca de BTTC D = 1,00 m - esconsidade 25° - areia e brita comerciais - alas retas","un",3002.24]
[804326,"Boca de BTTC D = 1,00 m - esconsidade 25° - areia extraída e brita produzida - alas retas","un",2453.9899999999998]
[804445,"Boca de BTTC D = 1,00 m - esconsidade 30° - areia e brita comerciais - alas esconsas","un",6119.6]
[804329,"Boca de BTTC D = 1,00 m - esconsidade 30° - areia e brita comerciais - alas retas","un",3074.77]
[804444,"Boca de BTTC D = 1,00 m - esconsidade 30° - areia extraída e brita produzida - alas esconsas","un",5024.5200000000004]
[804328,"Boca de BTTC D = 1,00 m - esconsidade 30° - areia extraída e brita produzida - alas retas","un",2521.87]
[804331,"Boca de BTTC D = 1,00 m - esconsidade 35° - areia e brita comerciais - alas retas","un",3168.72]
[804330,"Boca de BTTC D = 1,00 m - esconsidade 35° - areia extraída e brita produzida - alas retas","un",2610.46]
[804333,"Boca de BTTC D = 1,00 m - esconsidade 40° - areia e brita comerciais - alas retas","un",3294.53]
[804332,"Boca de BTTC D = 1,00 m - esconsidade 40° - areia extraída e brita produzida - alas retas","un",2730.07]
[804447,"Boca de BTTC D = 1,00 m - esconsidade 45° - areia e brita comerciais - alas esconsas","un",7569.58]
[804335,"Boca de BTTC D = 1,00 m - esconsidade 45° - areia e brita comerciais - alas retas","un",3461.25]
[804446,"Boca de BTTC D = 1,00 m - esconsidade 45° - areia extraída e brita produzida - alas esconsas","un",6208.41]
[804334,"Boca de BTTC D = 1,00 m - esconsidade 45° - areia extraída e brita produzida - alas retas","un",2890.02]
[804319,"Boca de BTTC D = 1,00 m - esconsidade 5° - areia e brita comerciais - alas retas","un",2865.14]
[804318,"Boca de BTTC D = 1,00 m - esconsidade 5° - areia extraída e brita produzida - alas retas","un",2327.3200000000002]
[804449,"Boca de BTTC D = 1,20 m - esconsidade 0° - areia e brita comerciais - alas esconsas","un",7617.1]
[804337,"Boca de BTTC D = 1,20 m - esconsidade 0° - areia e brita comerciais - alas retas","un",3911.26]
[804448,"Boca de BTTC D = 1,20 m - esconsidade 0° - areia extraída e brita produzida - alas esconsas","un",6168.64]
[804336,"Boca de BTTC D = 1,20 m - esconsidade 0° - areia extraída e brita produzida - alas retas","un",3136.13]
[804341,"Boca de BTTC D = 1,20 m - esconsidade 10° - areia e brita comerciais - alas retas","un",3942.24]
[804340,"Boca de BTTC D = 1,20 m - esconsidade 10° - areia extraída e brita produzida - alas retas","un",3163.73]
[804451,"Boca de BTTC D = 1,20 m - esconsidade 15° - areia e brita comerciais - alas esconsas","un",7966.44]
[804343,"Boca de BTTC D = 1,20 m - esconsidade 15° - areia e brita comerciais - alas retas","un",3981.8]
[804450,"Boca de BTTC D = 1,20 m - esconsidade 15° - areia extraída e brita produzida - alas esconsas","un",6449.31]
[804342,"Boca de BTTC D = 1,20 m - esconsidade 15° - areia extraída e brita produzida - alas retas","un",3199.05]
[804345,"Boca de BTTC D = 1,20 m - esconsidade 20° - areia e brita comerciais - alas retas","un",4039.72]
[804344,"Boca de BTTC D = 1,20 m - esconsidade 20° - areia extraída e brita produzida - alas retas","un",3251.19]
[804347,"Boca de BTTC D = 1,20 m - esconsidade 25° - areia e brita comerciais - alas retas","un",4118.95]
[804346,"Boca de BTTC D = 1,20 m - esconsidade 25° - areia extraída e brita produzida - alas retas","un",3322.95]
[804453,"Boca de BTTC D = 1,20 m - esconsidade 30° - areia e brita comerciais - alas esconsas","un",8880.57]
[804349,"Boca de BTTC D = 1,20 m - esconsidade 30° - areia e brita comerciais - alas retas","un",4223.18]
[804452,"Boca de BTTC D = 1,20 m - esconsidade 30° - areia extraída e brita produzida - alas esconsas","un",7182.95]
[804348,"Boca de BTTC D = 1,20 m - esconsidade 30° - areia extraída e brita produzida - alas retas","un",3418.16]
[804351,"Boca de BTTC D = 1,20 m - esconsidade 35° - areia e brita comerciais - alas retas","un",4357.79]
[804350,"Boca de BTTC D = 1,20 m - esconsidade 35° - areia extraída e brita produzida - alas retas","un",3542.33]
[804353,"Boca de BTTC D = 1,20 m - esconsidade 40° - areia e brita comerciais - alas retas","un",4535.24]
[804352,"Boca de BTTC D = 1,20 m - esconsidade 40° - areia extraída e brita produzida - alas retas","un",3707.93]
[804455,"Boca de BTTC D = 1,20 m - esconsidade 45° - areia e brita comerciais - alas esconsas","un",10991.72]
[804355,"Boca de BTTC D = 1,20 m - esconsidade 45° - areia e brita comerciais - alas retas","un",4769.66]
[804454,"Boca de BTTC D = 1,20 m - esconsidade 45° - areia extraída e brita produzida - alas esconsas","un",8878.9699999999993]
[804354,"Boca de BTTC D = 1,20 m - esconsidade 45° - areia extraída e brita produzida - alas retas","un",3929.1]
[804339,"Boca de BTTC D = 1,20 m - esconsidade 5° - areia e brita comerciais - alas retas","un",3919]
[804338,"Boca de BTTC D = 1,20 m - esconsidade 5° - areia extraída e brita produzida - alas retas","un",3143.03]
[804457,"Boca de BTTC D = 1,50 m - esconsidade 0° - areia e brita comerciais - alas esconsas","un",13297.68]
[804357,"Boca de BTTC D = 1,50 m - esconsidade 0° - areia e brita comerciais - alas retas","un",6587.88]
[804456,"Boca de BTTC D = 1,50 m - esconsidade 0° - areia extraída e brita produzida - alas esconsas","un",10545.73]
[804356,"Boca de BTTC D = 1,50 m - esconsidade 0° - areia extraída e brita produzida - alas retas","un",5215.43]
[804361,"Boca de BTTC D = 1,50 m - esconsidade 10° - areia e brita comerciais - alas retas","un",6635.45]
[804360,"Boca de BTTC D = 1,50 m - esconsidade 10° - areia extraída e brita produzida - alas retas","un",5257.08]
[804459,"Boca de BTTC D = 1,50 m - esconsidade 15° - areia e brita comerciais - alas esconsas","un",13916.28]
[804363,"Boca de BTTC D = 1,50 m - esconsidade 15° - areia e brita comerciais - alas retas","un",6696.39]
[804458,"Boca de BTTC D = 1,50 m - esconsidade 15° - areia extraída e brita produzida - alas esconsas","un",11033.19]
[804362,"Boca de BTTC D = 1,50 m - esconsidade 15° - areia extraída e brita produzida - alas retas","un",5310.54]
[804365,"Boca de BTTC D = 1,50 m - esconsidade 20° - areia e brita comerciais - alas retas","un",6784.44]
[804364,"Boca de BTTC D = 1,50 m - esconsidade 20° - areia extraída e brita produzida - alas retas","un",5388.15]
[804367,"Boca de BTTC D = 1,50 m - esconsidade 25° - areia e brita comerciais - alas retas","un",6904.12]
[804366,"Boca de BTTC D = 1,50 m - esconsidade 25° - areia extraída e brita produzida - alas retas","un",5494.59]
[804461,"Boca de BTTC D = 1,50 m - esconsidade 30° - areia e brita comerciais - alas esconsas","un",15558.9]
[804369,"Boca de BTTC D = 1,50 m - esconsidade 30° - areia e brita comerciais - alas retas","un",7060.44]
[804460,"Boca de BTTC D = 1,50 m - esconsidade 30° - areia extraída e brita produzida - alas esconsas","un",12327.65]
[804371,"Boca de BTTC D = 1,50 m - esconsidade 35° - areia e brita comerciais - alas retas","un",7262.43]
[804370,"Boca de BTTC D = 1,50 m - esconsidade 35° - areia extraída e brita produzida - alas retas","un",5818.21]
[804373,"Boca de BTTC D = 1,50 m - esconsidade 40° - areia e brita comerciais - alas retas","un",7523.79]
[804372,"Boca de BTTC D = 1,50 m - esconsidade 40° - areia extraída e brita produzida - alas retas","un",6058.56]
[804463,"Boca de BTTC D = 1,50 m - esconsidade 45° - areia e brita comerciais - alas esconsas","un",19321.13]
[804375,"Boca de BTTC D = 1,50 m - esconsidade 45° - areia e brita comerciais - alas retas","un",7868.62]
[804462,"Boca de BTTC D = 1,50 m - esconsidade 45° - areia extraída e brita produzida - alas esconsas","un",15285.99]
[804374,"Boca de BTTC D = 1,50 m - esconsidade 45° - areia extraída e brita produzida - alas retas","un",6379.98]
[804359,"Boca de BTTC D = 1,50 m - esconsidade 5° - areia e brita comerciais - alas retas","un",6599.96]
[804358,"Boca de BTTC D = 1,50 m - esconsidade 5° - areia extraída e brita produzida - alas retas","un",5226.1000000000004]
[804368,"Boca de BTTC D = 1,50 m esconsidade 30° - areia extraída e brita produzida - alas retas","un",5634.83]
[804465,"Confecção de tubos de concreto armado D = 0,60 m PA1 - areia e brita comerciais","m",128.83000000000001]
[804464,"Confecção de tubos de concreto armado D = 0,60 m PA1 - areia extraída e brita produzida","m",109.81]
[804475,"Confecção de tubos de concreto armado D = 0,60 m PA2 - areia e brita comerciais","m",142.47999999999999]
[804474,"Confecção de tubos de concreto armado D = 0,60 m PA2 - areia extraída e brita produzida","m",123.47]
[804485,"Confecção de tubos de concreto armado D = 0,60 m PA3 - areia e brita comerciais","m",210.68]
[804484,"Confecção de tubos de concreto armado D = 0,60 m PA3 - areia extraída e brita produzida","m",191.77]
[804495,"Confecção de tubos de concreto armado D = 0,60 m PA4 - areia e brita comerciais","m",263.22000000000003]
[804494,"Confecção de tubos de concreto armado D = 0,60 m PA4 - areia extraída e brita produzida","m",240.79]
[804467,"Confecção de tubos de concreto armado D = 0,80 m PA1 - areia e brita comerciais","m",196.36]
[804466,"Confecção de tubos de concreto armado D = 0,80 m PA1 - areia extraída e brita produzida","m",166.06]
[804477,"Confecção de tubos de concreto armado D = 0,80 m PA2 - areia e brita comerciais","m",250.92]
[804476,"Confecção de tubos de concreto armado D = 0,80 m PA2 - areia extraída e brita produzida","m",220.7]
[804487,"Confecção de tubos de concreto armado D = 0,80 m PA3 - areia e brita comerciais","m",358.57]
[804486,"Confecção de tubos de concreto armado D = 0,80 m PA3 - areia extraída e brita produzida","m",324.74]
[804497,"Confecção de tubos de concreto armado D = 0,80 m PA4 - areia e brita comerciais","m",422.9]
[804496,"Confecção de tubos de concreto armado D = 0,80 m PA4 - areia extraída e brita produzida","m",381.94]
[804469,"Confecção de tubos de concreto armado D = 1,00 m PA1 - areia e brita comerciais","m",347.36]
[804468,"Confecção de tubos de concreto armado D = 1,00 m PA1 - areia extraída e brita produzida","m",305.82]
[804479,"Confecção de tubos de concreto armado D = 1,00 m PA2 - areia e brita comerciais","m",401.93]
[804478,"Confecção de tubos de concreto armado D = 1,00 m PA2 - areia extraída e brita produzida","m",360.46]
[804489,"Confecção de tubos de concreto armado D = 1,00 m PA3 - areia e brita comerciais","m",507.77]
[804488,"Confecção de tubos de concreto armado D = 1,00 m PA3 - areia extraída e brita produzida","m",454.84]
[804499,"Confecção de tubos de concreto armado D = 1,00 m PA4 - areia e brita comerciais","m",646.05999999999995]
[804498,"Confecção de tubos de concreto armado D = 1,00 m PA4 - areia extraída e brita produzida","m",584.33000000000004]
[804471,"Confecção de tubos de concreto armado D = 1,20 m PA1 - areia e brita comerciais","m",471.08]
[804470,"Confecção de tubos de concreto armado D = 1,20 m PA1 - areia extraída e brita produzida","m",410.59]
[804481,"Confecção de tubos de concreto armado D = 1,20 m PA2 - areia e brita comerciais","m",593.85]
[804480,"Confecção de tubos de concreto armado D = 1,20 m PA2 - areia extraída e brita produzida","m",533.52]
[804491,"Confecção de tubos de concreto armado D = 1,20 m PA3 - areia e brita comerciais","m",783.14]
[804490,"Confecção de tubos de concreto armado D = 1,20 m PA3 - areia extraída e brita produzida","m",702.57]
[804501,"Confecção de tubos de concreto armado D = 1,20 m PA4 - areia e brita comerciais","m",941.53]
[804500,"Confecção de tubos de concreto armado D = 1,20 m PA4 - areia extraída e brita produzida","m",850.19]
[804473,"Confecção de tubos de concreto armado D = 1,50 m PA1 - areia e brita comerciais","m",762.13]
[804472,"Confecção de tubos de concreto armado D = 1,50 m PA1 - areia extraída e brita produzida","m",667.65]
[804483,"Confecção de tubos de concreto armado D = 1,50 m PA2 - areia e brita comerciais","m",953.11]
[804482,"Confecção de tubos de concreto armado D = 1,50 m PA2 - areia extraída e brita produzida","m",858.89]
[804493,"Confecção de tubos de concreto armado D = 1,50 m PA3 - areia e brita comerciais","m",1258]
[804492,"Confecção de tubos de concreto armado D = 1,50 m PA3 - areia extraída e brita produzida","m",1133.28]
[804503,"Confecção de tubos de concreto armado D = 1,50 m PA4 - areia e brita comerciais","m",1504.6]
[804502,"Confecção de tubos de concreto armado D = 1,50 m PA4 - areia extraída e brita produzida","m",1375.67]
[804180,"Corpo de BDTC D = 0,80 m PA1 - areia extraída e brita e pedra de mão produzidas","m",972.52]
[804181,"Corpo de BDTC D = 0,80 m PA1 - areia, brita e pedra de mão comerciais","m",1066.68]
[804182,"Corpo de BDTC D = 0,80 m PA2 - areia extraída e brita e pedra de mão produzidas","m",1011.86]
[804183,"Corpo de BDTC D = 0,80 m PA2 - areia, brita e pedra de mão comerciais","m",1106.01]
[804184,"Corpo de BDTC D = 0,80 m PA3 - areia extraída e brita e pedra de mão produzidas","m",1116.9000000000001]
[804185,"Corpo de BDTC D = 0,80 m PA3 - areia, brita e pedra de mão comerciais","m",1211.05]
[804186,"Corpo de BDTC D = 0,80 m PA4 - areia extraída e brita e pedra de mão produzidas","m",1228.04]
[804187,"Corpo de BDTC D = 0,80 m PA4 - areia, brita e pedra de mão comerciais","m",1322.19]
[804188,"Corpo de BDTC D = 1,00 m PA1 - areia extraída e brita e pedra de mão produzidas","m",1310.23]
[804189,"Corpo de BDTC D = 1,00 m PA1 - areia, brita e pedra de mão comerciais","m",1436.17]
[804190,"Corpo de BDTC D = 1,00 m PA2 - areia extraída e brita e pedra de mão produzidas","m",1384.98]
[804191,"Corpo de BDTC D = 1,00 m PA2 - areia, brita e pedra de mão comerciais","m",1510.92]
[804192,"Corpo de BDTC D = 1,00 m PA3 - areia extraída e brita e pedra de mão produzidas","m",1474.94]
[804193,"Corpo de BDTC D = 1,00 m PA3 - areia, brita e pedra de mão comerciais","m",1600.87]
[804194,"Corpo de BDTC D = 1,00 m PA4 - areia extraída e brita e pedra de mão produzidas","m",1528.95]
[804195,"Corpo de BDTC D = 1,00 m PA4 - areia, brita e pedra de mão comerciais","m",1654.89]
[804196,"Corpo de BDTC D = 1,20 m PA1 - areia extraída e brita e pedra de mão produzidas","m",1775.96]
[804197,"Corpo de BDTC D = 1,20 m PA1 - areia, brita e pedra de mão comerciais","m",1936.35]
[804198,"Corpo de BDTC D = 1,20 m PA2 - areia extraída e brita e pedra de mão produzidas","m",1913.9]
[804199,"Corpo de BDTC D = 1,20 m PA2 - areia, brita e pedra de mão comerciais","m",2074.29]
[804200,"Corpo de BDTC D = 1,20 m PA3 - areia extraída e brita e pedra de mão produzidas","m",2206.34]
[804201,"Corpo de BDTC D = 1,20 m PA3 - areia, brita e pedra de mão comerciais","m",2366.73]
[804202,"Corpo de BDTC D = 1,20 m PA4 - areia extraída e brita e pedra de mão produzidas","m",2392.4]
[804203,"Corpo de BDTC D = 1,20 m PA4 - areia, brita e pedra de mão comerciais","m",2552.79]
[804204,"Corpo de BDTC D = 1,50 m PA1 - areia extraída e brita e pedra de mão produzidas","m",2927.32]
[804205,"Corpo de BDTC D = 1,50 m PA1 - areia, brita e pedra de mão comerciais","m",3134.19]
[804206,"Corpo de BDTC D = 1,50 m PA2 - areia extraída e brita e pedra de mão produzidas","m",3007.74]
[804207,"Corpo de BDTC D = 1,50 m PA2 - areia, brita e pedra de mão comerciais","m",3214.61]
[804208,"Corpo de BDTC D = 1,50 m PA3 - areia extraída e brita e pedra de mão produzidas","m",3155.31]
[804209,"Corpo de BDTC D = 1,50 m PA3 - areia, brita e pedra de mão comerciais","m",3362.18]
[804210,"Corpo de BDTC D = 1,50 m PA4 - areia extraída e brita e pedra de mão produzidas","m",3237.49]
[804211,"Corpo de BDTC D = 1,50 m PA4 - areia, brita e pedra de mão comerciais","m",3444.37]
[804012,"Corpo de BSTC D = 0,40 m PA1 - areia extraída e brita e pedra de mão produzidas","m",224.4]
[804013,"Corpo de BSTC D = 0,40 m PA1 - areia, brita e pedra de mão comerciais","m",247.34]
[804014,"Corpo de BSTC D = 0,40 m PA2 - areia extraída e brita e pedra de mão produzidas","m",233.46]
[804015,"Corpo de BSTC D = 0,40 m PA2 - areia, brita e pedra de mão comerciais","m",256.39999999999998]
[804016,"Corpo de BSTC D = 0,40 m PA3 - areia extraída e brita e pedra de mão produzidas","m",238.14]
[804017,"Corpo de BSTC D = 0,40 m PA3 - areia, brita e pedra de mão comerciais","m",261.08]
[804018,"Corpo de BSTC D = 0,40 m PA4 - areia extraída e brita e pedra de mão produzidas","m",286.02999999999997]
[804019,"Corpo de BSTC D = 0,40 m PA4 - areia, brita e pedra de mão comerciais","m",308.97000000000003]
[804020,"Corpo de BSTC D = 0,60 m PA1 - areia extraída e brita e pedra de mão produzidas","m",350.76]
[804021,"Corpo de BSTC D = 0,60 m PA1 - areia, brita e pedra de mão comerciais","m",385.19]
[804022,"Corpo de BSTC D = 0,60 m PA2 - areia extraída e brita e pedra de mão produzidas","m",379.88]
[804023,"Corpo de BSTC D = 0,60 m PA2 - areia, brita e pedra de mão comerciais","m",414.3]
[804024,"Corpo de BSTC D = 0,60 m PA3 - areia extraída e brita e pedra de mão produzidas","m",392.26]
[804025,"Corpo de BSTC D = 0,60 m PA3 - areia, brita e pedra de mão comerciais","m",426.69]
[804026,"Corpo de BSTC D = 0,60 m PA4 - areia extraída e brita e pedra de mão produzidas","m",431.14]
[804027,"Corpo de BSTC D = 0,60 m PA4 - areia, brita e pedra de mão comerciais","m",465.57]
[804028,"Corpo de BSTC D = 0,80 m PA1 - areia extraída e brita e pedra de mão produzidas","m",515.36]
[804029,"Corpo de BSTC D = 0,80 m PA1 - areia, brita e pedra de mão comerciais","m",562.42999999999995]
[804030,"Corpo de BSTC D = 0,80 m PA2 - areia extraída e brita e pedra de mão produzidas","m",535.03]
[804031,"Corpo de BSTC D = 0,80 m PA2 - areia, brita e pedra de mão comerciais","m",582.1]
[804032,"Corpo de BSTC D = 0,80 m PA3 - areia extraída e brita e pedra de mão produzidas","m",587.54999999999995]
[804033,"Corpo de BSTC D = 0,80 m PA3 - areia, brita e pedra de mão comerciais","m",634.62]
[804034,"Corpo de BSTC D = 0,80 m PA4 - areia extraída e brita e pedra de mão produzidas","m",643.12]
[804035,"Corpo de BSTC D = 0,80 m PA4 - areia, brita e pedra de mão comerciais","m",690.19]
[804036,"Corpo de BSTC D = 1,00 m PA1 - areia extraída e brita e pedra de mão produzidas","m",685.8]
[804037,"Corpo de BSTC D = 1,00 m PA1 - areia, brita e pedra de mão comerciais","m",747.27]
[804038,"Corpo de BSTC D = 1,00 m PA2 - areia extraída e brita e pedra de mão produzidas","m",723.18]
[804039,"Corpo de BSTC D = 1,00 m PA2 - areia, brita e pedra de mão comerciais","m",784.64]
[804040,"Corpo de BSTC D = 1,00 m PA3 - areia extraída e brita e pedra de mão produzidas","m",768.15]
[804041,"Corpo de BSTC D = 1,00 m PA3 - areia, brita e pedra de mão comerciais","m",829.62]
[804042,"Corpo de BSTC D = 1,00 m PA4 - areia extraída e brita e pedra de mão produzidas","m",795.16]
[804043,"Corpo de BSTC D = 1,00 m PA4 - areia, brita e pedra de mão comerciais","m",856.63]
[804044,"Corpo de BSTC D = 1,20 m PA1 - areia extraída e brita e pedra de mão produzidas","m",919.48]
[804045,"Corpo de BSTC D = 1,20 m PA1 - areia, brita e pedra de mão comerciais","m",996.21]
[804046,"Corpo de BSTC D = 1,20 m PA2 - areia extraída e brita e pedra de mão produzidas","m",988.45]
[804047,"Corpo de BSTC D = 1,20 m PA2 - areia, brita e pedra de mão comerciais","m",1065.18]
[804048,"Corpo de BSTC D = 1,20 m PA3 - areia extraída e brita e pedra de mão produzidas","m",1134.67]
[804049,"Corpo de BSTC D = 1,20 m PA3 - areia, brita e pedra de mão comerciais","m",1211.4000000000001]
[804050,"Corpo de BSTC D = 1,20 m PA4 - areia extraída e brita e pedra de mão produzidas","m",1227.7]
[804051,"Corpo de BSTC D = 1,20 m PA4 - areia, brita e pedra de mão comerciais","m",1304.43]
[804052,"Corpo de BSTC D = 1,50 m PA1 - areia extraída e brita e pedra de mão produzidas","m",1498.8]
[804053,"Corpo de BSTC D = 1,50 m PA1 - areia, brita e pedra de mão comerciais","m",1598.47]
[804054,"Corpo de BSTC D = 1,50 m PA2 - areia extraída e brita e pedra de mão produzidas","m",1539.01]
[804055,"Corpo de BSTC D = 1,50 m PA2 - areia, brita e pedra de mão comerciais","m",1638.68]
[804056,"Corpo de BSTC D = 1,50 m PA3 - areia extraída e brita e pedra de mão produzidas","m",1612.79]
[804057,"Corpo de BSTC D = 1,50 m PA3 - areia, brita e pedra de mão comerciais","m",1712.47]
[804058,"Corpo de BSTC D = 1,50 m PA4 - areia extraída e brita e pedra de mão produzidas","m",1653.89]
[804059,"Corpo de BSTC D = 1,50 m PA4 - areia, brita e pedra de mão comerciais","m",1753.56]
[804292,"Corpo de BTTC D = 1,00 m PA1 - areia extraída e brita e pedra de mão produzidas","m",1934.66]
[804293,"Corpo de BTTC D = 1,00 m PA1 - areia, brita e pedra de mão comerciais","m",2125.08]
[804294,"Corpo de BTTC D = 1,00 m PA2 - areia extraída e brita e pedra de mão produzidas","m",2046.79]
[804295,"Corpo de BTTC D = 1,00 m PA2 - areia, brita e pedra de mão comerciais","m",2237.21]
[804296,"Corpo de BTTC D = 1,00 m PA3 - areia extraída e brita e pedra de mão produzidas","m",2181.7199999999998]
[804297,"Corpo de BTTC D = 1,00 m PA3 - areia, brita e pedra de mão comerciais","m",2372.13]
[804298,"Corpo de BTTC D = 1,00 m PA4 - areia extraída e brita e pedra de mão produzidas","m",2262.75]
[804299,"Corpo de BTTC D = 1,00 m PA4 - areia, brita e pedra de mão comerciais","m",2453.16]
[804300,"Corpo de BTTC D = 1,20 m PA1 - areia extraída e brita e pedra de mão produzidas","m",2632.19]
[804301,"Corpo de BTTC D = 1,20 m PA1 - areia, brita e pedra de mão comerciais","m",2876.08]
[804302,"Corpo de BTTC D = 1,20 m PA2 - areia extraída e brita e pedra de mão produzidas","m",2839.1]
[804303,"Corpo de BTTC D = 1,20 m PA2 - areia, brita e pedra de mão comerciais","m",3082.99]
[804304,"Corpo de BTTC D = 1,20 m PA3 - areia extraída e brita e pedra de mão produzidas","m",3277.75]
[804305,"Corpo de BTTC D = 1,20 m PA3 - areia, brita e pedra de mão comerciais","m",3521.65]
[804306,"Corpo de BTTC D = 1,20 m PA4 - areia extraída e brita e pedra de mão produzidas","m",3556.84]
[804307,"Corpo de BTTC D = 1,20 m PA4 - areia, brita e pedra de mão comerciais","m",3800.74]
[804308,"Corpo de BTTC D = 1,50 m PA1 - areia extraída e brita e pedra de mão produzidas","m",4356.09]
[804309,"Corpo de BTTC D = 1,50 m PA1 - areia, brita e pedra de mão comerciais","m",4670.3100000000004]
[804310,"Corpo de BTTC D = 1,50 m PA2 - areia extraída e brita e pedra de mão produzidas","m",4476.7299999999996]
[804311,"Corpo de BTTC D = 1,50 m PA2 - areia, brita e pedra de mão comerciais","m",4790.95]
[804312,"Corpo de BTTC D = 1,50 m PA3 - areia extraída e brita e pedra de mão produzidas","m",4698.07]
[804313,"Corpo de BTTC D = 1,50 m PA3 - areia, brita e pedra de mão comerciais","m",5012.3]
[804314,"Corpo de BTTC D = 1,50 m PA4 - areia extraída e brita e pedra de mão produzidas","m",4821.3599999999997]
[804315,"Corpo de BTTC D = 1,50 m PA4 - areia, brita e pedra de mão comerciais","m",5135.58]
[805446,"Dentes para bueiros duplos D = 0,80 m - areia extraída e brita e pedra de mão produzidas","un",40.200000000000003]
[805447,"Dentes para bueiros duplos D = 0,80 m - areia, brita e pedra de mão comerciais","un",54.65]
[805448,"Dentes para bueiros duplos D = 1,00 m - areia extraída e brita e pedra de mão produzidas","un",48.19]
[805449,"Dentes para bueiros duplos D = 1,00 m - areia, brita e pedra de mão comerciais","un",65.5]
[805450,"Dentes para bueiros duplos D = 1,20 m - areia extraída e brita e pedra de mão produzidas","un",55.92]
[805451,"Dentes para bueiros duplos D = 1,20 m - areia, brita e pedra de mão comerciais","un",75.94]
[805452,"Dentes para bueiros duplos D = 1,50 m - areia extraída e brita e pedra de mão produzidas","un",65.45]
[805453,"Dentes para bueiros duplos D = 1,50 m - areia, brita e pedra de mão comerciais","un",89.24]
[805434,"Dentes para bueiros simples D = 0,40 m - areia extraída e brita e pedra de mão produzidas","un",13.66]
[805435,"Dentes para bueiros simples D = 0,40 m - areia, brita e pedra de mão comerciais","un",18.03]
[805436,"Dentes para bueiros simples D = 0,60 m - areia extraída e brita e pedra de mão produzidas","un",15.98]
[805437,"Dentes para bueiros simples D = 0,60 m - areia, brita e pedra de mão comerciais","un",21.7]
[805438,"Dentes para bueiros simples D = 0,80 m - areia extraída e brita e pedra de mão produzidas","un",21.65]
[805439,"Dentes para bueiros simples D = 0,80 m - areia, brita e pedra de mão comerciais","un",28.88]
[805440,"Dentes para bueiros simples D = 1,00 m - areia extraída e brita e pedra de mão produzidas","un",24.22]
[805441,"Dentes para bueiros simples D = 1,00 m - areia, brita e pedra de mão comerciais","un",32.950000000000003]
[805442,"Dentes para bueiros simples D = 1,20 m - areia extraída e brita e pedra de mão produzidas","un",29.38]
[805443,"Dentes para bueiros simples D = 1,20 m - areia, brita e pedra de mão comerciais","un",39.32]
[805444,"Dentes para bueiros simples D = 1,50 m - areia extraída e brita e pedra de mão produzidas","un",32.72]
[805445,"Dentes para bueiros simples D = 1,50 m - areia, brita e pedra de mão comerciais","un",44.62]
[805454,"Dentes para bueiros triplos D = 1,00 m - areia extraída e brita e pedra de mão produzidas","un",72.41]
[805455,"Dentes para bueiros triplos D = 1,00 m - areia, brita e pedra de mão comerciais","un",98.45]
[805456,"Dentes para bueiros triplos D = 1,20 m - areia extraída e brita e pedra de mão produzidas","un",82.2]
[805457,"Dentes para bueiros triplos D = 1,20 m - areia, brita e pedra de mão comerciais","un",112.16]
[805458,"Dentes para bueiros triplos D = 1,50 m - areia extraída e brita e pedra de mão produzidas","un",98.43]
[805459,"Dentes para bueiros triplos D = 1,50 m - areia, brita e pedra de mão comerciais","un",134.26]
[909620,"Alvenaria de blocos de concreto 19 x 19 x 39 cm com espessura de 20 cm com argamassa traço 1:0,5:3,5 - areia comercial","m²",130.02000000000001]
[909621,"Alvenaria de blocos de concreto 19 x 19 x 39 cm com espessura de 20 cm com argamassa traço 1:0,5:3,5 - areia extraída","m²",128.58000000000001]
[903802,"Bacia de contenção para tanque de emulsão de 30.000 l - inclusive demolição","un",14593.91]
[919113,"Canaleta perfil cartola 50 x 70 x 3 mm - aba 20 mm","m",145.41]
[903788,"Chapisco com argamassa de cimento e areia 1:3 - aplicação manual","m²",4.09]
[919247,"Cobertura em chapas zincadas com espessura de 0,43 mm - utilização 2 vezes","m²",35.549999999999997]
[919016,"Depósito de óleo para oficina - inclusive demolição","un",7656.82]
[919078,"Dique de contenção para usina de asfalto a quente - inclusive demolição","un",35137.269999999997]
[903789,"Emboço com argamassa de cimento, cal hidratada e areia 1:2:8 com espessura de 2 cm - aplicação manual","m²",30.13]
[919250,"Fornecimento e instalação de extintor de espuma 10 l","un",618.82000000000005]
[903807,"Instalação da central de britagem com capacidade de 80 m³/h","un",107868.65]
[903806,"Instalação da central de concreto com capacidade de 150 m³/h","un",183726.58]
[903804,"Instalação da central de concreto com capacidade de 30 m³/h","un",68515.34]
[903805,"Instalação da central de concreto com capacidade de 40 m³/h","un",79293.67]
[903810,"Instalação da usina de asfalto a quente capacidade de 120 t/h","un",193884.52]
[903809,"Instalação da usina de pré-misturado a frio com capacidade de 60 t/h","un",124130.9]
[903808,"Instalação da usina misturadora de solos com capacidade de 300 t/h","un",116119.15]
[903845,"Lastro de brita comercial - espalhamento mecânico","m³",151.93]
[919009,"Montagem e desmontagem da central de britagem com capacidade de 80 m³/h - inclusive construção de aterro, construção e demolição de rampa e bases","un",63109.2]
[919007,"Montagem e desmontagem da central de concreto com capacidade de 150 m³/h - inclusive construção e demolição de bases, rampas e depósitos de agregados","un",119911.54]
[919011,"Montagem e desmontagem da central de concreto com capacidade de 30 m³/h - inclusive construção e demolição de bases, rampas e depósitos de agregados","un",34152.6]
[919246,"Montagem e desmontagem da central de concreto com capacidade de 40 m³/h - inclusive construção e demolição de bases, rampas e depósitos de agregados","un",46888.51]
[919013,"Montagem e desmontagem da usina de asfalto a quente com capacidade de 120 t/h - inclusive construção e demolição de bases, rampas, depósitos de agregados e dique de contenção","un",129358.53]
[919008,"Montagem e desmontagem da usina de pré-misturado a frio com capacidade de 60 t/h - inclusive construção e demolição de bases, rampas, depósitos de agregados e bacia de contenção","un",93699.93]
[919012,"Montagem e desmontagem da usina misturadora de solos com capacidade de 300 t/h - inclusive construção e demolição de bases, rampas e depósitos de agregados","un",61808.959999999999]
[903848,"Muro em alvenaria de blocos de concreto com espessura de 0,20 m h = 1,0 m","m",173.99]
[919002,"Posto de combustível - com reaproveitamento de 2 vezes do tanque/bomba/cobertura - inclusive demolição","un",39279.11]
[919210,"Rampa de lavagem - inclusive demolição","un",22724.19]
[909612,"Rampa para acesso do misturador de agregados para centrais de 30 m³ e 40 m³ - inclusive demolição","un",13041.4]
[909613,"Rampa para acesso do misturador de agregados para central de 150 m³ - inclusive demolição","un",21419.53]
[909614,"Rampa para acesso do misturador de agregados para central de britagem - inclusive demolição","un",46719.08]
[909616,"Rampa para acesso do misturador de agregados para PMF - inclusive demolição","un",37345.78]
[909617,"Rampa para acesso do misturador de agregados para usina de asfalto a quente - inclusive demolição","un",22084.240000000002]
[909615,"Rampa para acesso do misturador de agregados para usina de solos - inclusive demolição","un",16954.439999999999]
[903860,"Selador acrílico - camada de fundo com aplicação manual","m²",2.85]
[919101,"Sistema separador água e óleo, inclusive demolição","un",1855.02]
[903818,"Tinta látex - duas camadas com aplicação manual","m²",14.75]
[1100657,"Adensamento de concreto por vibrador de imersão","m³",3.2]
[1108055,"Argamassa autoadensável para reparos e grauteamento - confecção em misturador e lançamento manual","m³",3844]
[1109665,"Argamassa de cimento e areia 1:1 - confecção em betoneira e lançamento manual - areia comercial","m³",781.81]
[1109664,"Argamassa de cimento e areia 1:1 - confecção em betoneira e lançamento manual - areia extraída","m³",725.5]
[1109667,"Argamassa de cimento e areia 1:2 - confecção em betoneira e lançamento manual - areia comercial","m³",593.6]
[1109666,"Argamassa de cimento e areia 1:2 - confecção em betoneira e lançamento manual - areia extraída","m³",496.02]
[1109669,"Argamassa de cimento e areia 1:3 - confecção em betoneira e lançamento manual - areia comercial","m³",501.2]
[1109668,"Argamassa de cimento e areia 1:3 - confecção em betoneira e lançamento manual - areia extraída","m³",384.14]
[1108060,"Argamassa de cimento e areia 1:3 com 8% de microssílica - confecção em betoneira e lançamento manual - areia comercial","m³",607.33000000000004]
[1109626,"Argamassa de cimento e areia 1:3 com 8% de microssílica - confecção em betoneira e lançamento manual - areia extraída","m³",487.62]
[1109671,"Argamassa de cimento e areia 1:4 - confecção em betoneira e lançamento manual - areia comercial","m³",454.39]
[1109670,"Argamassa de cimento e areia 1:4 - confecção em betoneira e lançamento manual - areia extraída","m³",325.99]
[1109672,"Argamassa de cimento e areia com aditivo aglutinante 1:8 - confecção em betoneira e lançamento manual - areia comercial","m³",364.91]
[1109624,"Argamassa de cimento e areia com aditivo aglutinante 1:8 - confecção em betoneira e lançamento manual - areia extraída","m³",216.96]
[1109622,"Argamassa de cimento, cal hidratada e areia 1:0,5:3,5 - confecção em betoneira e lançamento manual - areia comercial","m³",458.72]
[1109623,"Argamassa de cimento, cal hidratada e areia 1:0,5:3,5 - confecção em betoneira e lançamento manual - areia extraída","m³",363.07]
[1109697,"Argamassa de cimento, cal hidratada e areia 1:0,5:8 - confecção em betoneira e lançamento manual - areia comercial","m³",340.51]
[1109698,"Argamassa de cimento, cal hidratada e areia 1:0,5:8 - confecção em betoneira e lançamento manual - areia extraída","m³",219.36]
[1109679,"Argamassa de cimento, cal hidratada e areia 1:1:6 - confecção em betoneira e lançamento manual - areia comercial","m³",397.35]
[1109625,"Argamassa de cimento, cal hidratada e areia 1:1:6 - confecção em betoneira e lançamento manual - areia extraída","m³",287.47000000000003]
[1109678,"Argamassa de cimento, cal hidratada e areia 1:2:10 - confecção em betoneira e lançamento manual - areia comercial","m³",364.79]
[1109694,"Argamassa de cimento, cal hidratada e areia 1:2:10 - confecção em betoneira e lançamento manual - areia extraída","m³",246.98]
[1109673,"Argamassa de cimento, cal hidratada e areia 1:2:6 - confecção em betoneira e lançamento manual - areia comercial","m³",439.95]
[1109690,"Argamassa de cimento, cal hidratada e areia 1:2:6 - confecção em betoneira e lançamento manual - areia extraída","m³",337.35]
[1109674,"Argamassa de cimento, cal hidratada e areia 1:2:7 - confecção em betoneira e lançamento manual - areia comercial","m³",414.65]
[1109691,"Argamassa de cimento, cal hidratada e areia 1:2:7 - confecção em betoneira e lançamento manual - areia extraída","m³",306.92]
[1109675,"Argamassa de cimento, cal hidratada e areia 1:2:8 - confecção em betoneira e lançamento manual - areia comercial","m³",394.49]
[1109692,"Argamassa de cimento, cal hidratada e areia 1:2:8 - confecção em betoneira e lançamento manual - areia extraída","m³",282.7]
[1109676,"Argamassa de cimento, cal hidratada e areia 1:2:9 - confecção em betoneira e lançamento manual - areia comercial","m³",378.18]
[1109693,"Argamassa de cimento, cal hidratada e areia 1:2:9 - confecção em betoneira e lançamento manual - areia extraída","m³",263.10000000000002]
[1109680,"Argamassa para reparos e grauteamento - confecção em misturador e lançamento manual","m³",3843.65]
[1107748,"Argamassa polimérica de alto desempenho projetada para reparos superficiais e reforços estruturais - confecção em misturador e lançamento projetado","m³",12941.68]
[1110000,"Concreto","m³",0]
[1106059,"Concreto autoadensável com silicato de alumínio fck = 20 MPa - confecção em betoneira e lançamento manual - areia e brita comerciais","m³",609.02]
[1106060,"Concreto autoadensável com silicato de alumínio fck = 20 MPa - confecção em betoneira e lançamento manual - areia extraída e brita produzida","m³",468.95]
[1100658,"Concreto autoadensável com silicato de alumínio fck = 20 MPa - confecção em central dosadora de 30 m³/h - areia e brita comerciais","m³",531.16]
[1106159,"Concreto autoadensável com silicato de alumínio fck = 25 MPa - confecção em central dosadora de 30 m³/h - areia e brita comerciais","m³",566.6]
[1107902,"Concreto autoadensável com silicato de alumínio fck = 30 MPa - confecção em central dosadora de 30 m³/h - areia e brita comerciais","m³",606.16999999999996]
[1107906,"Concreto autoadensável com silicato de alumínio fck = 35 MPa - confecção em central dosadora de 30 m³/h - areia e brita comerciais","m³",650.39]
[1107910,"Concreto autoadensável com silicato de alumínio fck = 40 MPa - confecção em central dosadora de 30 m³/h - areia e brita comerciais","m³",699.81]
[1107911,"Concreto autoadensável com silicato de alumínio fck = 45 MPa - confecção em central dosadora de 30 m³/h - areia e brita comerciais","m³",755.05]
[1107912,"Concreto autoadensável com silicato de alumínio fck = 50 MPa - confecção em central dosadora de 30 m³/h - areia e brita comerciais","m³",832.66]
[1106164,"Concreto ciclópico fck = 20 MPa - confecção em betoneira e lançamento manual - areia extraída, brita e pedra de mão produzidas","m³",257.14]
[1106165,"Concreto ciclópico fck = 20 MPa - confecção em betoneira e lançamento manual - areia, brita e pedra de mão comerciais","m³",407.69]
[1106156,"Concreto com 10% de microssílica fck = 45 MPa - confecção em central dosadora de 30 m³/h - areia e brita comerciais","m³",585.28]
[1107932,"Concreto com 10% de microssílica fck = 50 MPa - confecção em central dosadora de 30 m³/h - areia e brita comerciais","m³",626.66999999999996]
[1108111,"Concreto com 8% de microssílica fck = 25 MPa - confecção em central dosadora de 30 m³/h - areia e brita comerciais","m³",466.58]
[1108112,"Concreto com 8% de microssílica fck = 30 MPa - confecção em central dosadora de 30 m³/h - areia e brita comerciais","m³",477.64]
[1108113,"Concreto com 8% de microssílica fck = 35 MPa - confecção em central dosadora de 30 m³/h - areia e brita comerciais","m³",506.38]
[1108114,"Concreto com 8% de microssílica fck = 40 MPa - confecção em central dosadora de 30 m³/h - areia e brita comerciais","m³",538.45000000000005]
[1108061,"Concreto com látex SBR fck = 25 MPa - confecção em betoneira e lançamento manual - areia e brita comerciais","m³",949.44]
[1108064,"Concreto com látex SBR fck = 30 MPa - confecção em betoneira e lançamento manual - areia e brita comerciais","m³",1028.3800000000001]
[1107888,"Concreto fck = 15 MPa - confecção em betoneira e lançamento manual - areia e brita comerciais","m³",440.43]
[1107889,"Concreto fck = 15 MPa - confecção em betoneira e lançamento manual - areia extraída e brita produzida","m³",297.45999999999998]
[1107892,"Concreto fck = 20 MPa - confecção em betoneira e lançamento manual - areia e brita comerciais","m³",459.55]
[1107891,"Concreto fck = 20 MPa - confecção em betoneira e lançamento manual - areia extraída e brita produzida","m³",318.54000000000002]
[1107928,"Concreto fck = 20 MPa - confecção em central dosadora de 30 m³/h - areia e brita comerciais","m³",402.87]
[1107929,"Concreto fck = 20 MPa - confecção em central dosadora de 30 m³/h - areia extraída e brita produzida","m³",261.37]
[1106109,"Concreto fck = 20 MPa - confecção em central dosadora de 40 m³/h - areia e brita comerciais","m³",383.37]
[1106117,"Concreto fck = 20 MPa - confecção em central dosadora de 40 m³/h - areia extraída e brita produzida","m³",241.87]
[1107896,"Concreto fck = 25 MPa - confecção em betoneira e lançamento manual - areia e brita comerciais","m³",480.98]
[1107895,"Concreto fck = 25 MPa - confecção em betoneira e lançamento manual - areia extraída e brita produzida","m³",342.16]
[1119528,"Concreto fck = 25 MPa - confecção em central dosadora de 30 m³/h - areia e brita comerciais","m³",417.22]
[1106135,"Concreto fck = 25 MPa - confecção em central dosadora de 30 m³/h - areia extraída e brita produzida","m³",277.22000000000003]
[1106136,"Concreto fck = 25 MPa - confecção em central dosadora de 40 m³/h - areia e brita comerciais","m³",396.44]
[1106137,"Concreto fck = 25 MPa - confecção em central dosadora de 40 m³/h - areia extraída e brita produzida","m³",256.44]
[1116127,"Concreto fck = 25 MPa para pré-moldados (mourões) - confecção em betoneira e lançamento manual - areia e brita comerciais","m³",499.08]
[1116126,"Concreto fck = 25 MPa para pré-moldados (mourões) - confecção em betoneira e lançamento manual - areia extraída e brita produzida","m³",368.02]
[1107900,"Concreto fck = 30 MPa - confecção em betoneira e lançamento manual - areia e brita comerciais","m³",504.86]
[1107899,"Concreto fck = 30 MPa - confecção em betoneira e lançamento manual - areia extraída e brita produzida","m³",368.48]
[1107890,"Concreto fck = 30 MPa - confecção em central dosadora de 30 m³/h - areia e brita comerciais","m³",435.94]
[1106138,"Concreto fck = 30 MPa - confecção em central dosadora de 30 m³/h - areia extraída e brita produzida","m³",297.91000000000003]
[1106139,"Concreto fck = 30 MPa - confecção em central dosadora de 40 m³/h - areia e brita comerciais","m³",413.57]
[1106140,"Concreto fck = 30 MPa - confecção em central dosadora de 40 m³/h - areia extraída e brita produzida","m³",275.55]
[1107904,"Concreto fck = 35 MPa - confecção em betoneira e lançamento manual - areia e brita comerciais","m³",531.6]
[1107903,"Concreto fck = 35 MPa - confecção em betoneira e lançamento manual - areia extraída e brita produzida","m³",397.94]
[1107908,"Concreto fck = 40 MPa - confecção em betoneira e lançamento manual - areia e brita comerciais","m³",561.39]
[1107907,"Concreto fck = 40 MPa - confecção em betoneira e lançamento manual - areia extraída e brita produzida","m³",430.79]
[1107871,"Concreto fctm,k = 4,5 MPa - confecção em central dosadora de 30 m³/h - areia e brita comerciais","m³",468.45]
[1107870,"Concreto fctm,k = 4,5 MPa - confecção em central dosadora de 30 m³/h - areia extraída e brita produzida","m³",334.23]
[1106057,"Concreto magro - confecção em betoneira e lançamento manual - areia e brita comerciais","m³",447.11]
[1106058,"Concreto magro - confecção em betoneira e lançamento manual - areia extraída e brita produzida","m³",310.5]
[1106380,"Concreto para bombeamento fck = 25 MPa - confecção em central dosadora de 30 m³/h - areia e brita comerciais","m³",442.92]
[1106378,"Concreto para bombeamento fck = 25 MPa - confecção em central dosadora de 30 m³/h - areia extraída e brita produzida","m³",310.5]
[1116263,"Concreto para bombeamento fck = 25 MPa - confecção em central dosadora de 40 m³/h - areia e brita comerciais","m³",419.48]
[1116267,"Concreto para bombeamento fck = 25 MPa - confecção em central dosadora de 40 m³/h - areia extraída e brita produzida","m³",287.06]
[1106280,"Concreto para bombeamento fck = 30 MPa - confecção em central dosadora de 30 m³/h - areia e brita comerciais","m³",464.96]
[1106289,"Concreto para bombeamento fck = 30 MPa - confecção em central dosadora de 30 m³/h - areia extraída e brita produzida","m³",334.83]
[1116264,"Concreto para bombeamento fck = 30 MPa - confecção em central dosadora de 40 m³/h - areia e brita comerciais","m³",439.66]
[1116268,"Concreto para bombeamento fck = 30 MPa - confecção em central dosadora de 40 m³/h - areia extraída e brita produzida","m³",309.54000000000002]
[1106281,"Concreto para bombeamento fck = 35 MPa - confecção em central dosadora de 30 m³/h - areia e brita comerciais","m³",493.35]
[1106382,"Concreto para bombeamento fck = 35 MPa - confecção em central dosadora de 30 m³/h - areia extraída e brita produzida","m³",366.18]
[1116265,"Concreto para bombeamento fck = 35 MPa - confecção em central dosadora de 40 m³/h - areia e brita comerciais","m³",465.59]
[1116269,"Concreto para bombeamento fck = 35 MPa - confecção em central dosadora de 40 m³/h - areia extraída e brita produzida","m³",338.42]
[1106282,"Concreto para bombeamento fck = 40 MPa - confecção em central dosadora de 30 m³/h - areia e brita comerciais","m³",525.04]
[1106384,"Concreto para bombeamento fck = 40 MPa - confecção em central dosadora de 30 m³/h - areia extraída e brita produzida","m³",401.16]
[1116266,"Concreto para bombeamento fck = 40 MPa - confecção em central dosadora de 40 m³/h - areia e brita comerciais","m³",494.56]
[1116270,"Concreto para bombeamento fck = 40 MPa - confecção em central dosadora de 40 m³/h - areia extraída e brita produzida","m³",370.69]
[1107868,"Concreto para sub-base adensado por vibração fck = 7,5 MPa - confecção em central dosadora de 30 m³/h - areia e brita comerciais","m³",355.26]
[1107869,"Concreto para sub-base adensado por vibração fck = 7,5 MPa - confecção em central dosadora de 30 m³/h - areia extraída e brita produzida","m³",208.74]
[1103853,"Concreto poroso para tubos de drenagem fck = 25 MPa - confecção em betoneira e lançamento manual - areia e brita comerciais","m³",453.37]
[1103852,"Concreto poroso para tubos de drenagem fck = 25 MPa - confecção em betoneira e lançamento manual - areia extraída e brita produzida","m³",356.17]
[1106284,"Concreto submerso fck = 20 MPa - confecção em central dosadora de 30 m³/h - areia e brita comerciais","m³",466.94]
[1108116,"Concreto submerso fck = 25 MPa - confecção em central dosadora de 30 m³/h - areia e brita comerciais","m³",471.81]
[1108118,"Concreto submerso fck = 30 MPa - confecção em central dosadora de 30 m³/h - areia e brita comerciais","m³",494.76]
[1106158,"Concreto submerso fck = 35 MPa - confecção em central dosadora de 30 m³/h - areia e brita comerciais","m³",526.34]
[1108120,"Concreto submerso fck = 40 MPa - confecção em central dosadora de 30 m³/h - areia e brita comerciais","m³",561.63]
[1106050,"Lançamento livre de concreto usinado por meio de caminhão betoneira - confecção em central dosadora de 30 m³/h","m³",45.74]
[1106051,"Lançamento livre de concreto usinado por meio de caminhão betoneira - confecção em central dosadora de 40 m³/h","m³",38.28]
[1106061,"Lançamento manual de concreto usinado - confecção em central dosadora de 30 m³/h","m³",52.7]
[1106087,"Lançamento manual de concreto usinado - confecção em central dosadora de 40 m³/h","m³",45.46]
[1107860,"Lançamento mecânico de concreto com bomba lança sobre chassi com capacidade de 50 m³/h - confecção em central dosadora de 40 m³/h","m³",53.82]
[1106088,"Lançamento mecânico de concreto com bomba rebocável com capacidade de 30 m³/h - confecção em central dosadora de 30 m³/h","m³",56.42]
[1106128,"Lançamento mecânico de concreto com bomba rebocável com capacidade de 41 m³/h - confecção em central dosadora de 40 m³/h","m³",46.49]
[1108056,"Microconcreto autoadensável para reparos e grauteamento - confecção em misturador e lançamento manual","m³",3324.28]
[1108059,"Microconcreto para reparos e grauteamento - confecção em misturador e lançamento manual","m³",3475.5]
[1207700,"Concreto fck = 20 MPa para projeção via seca - confecção em betoneira - areia e brita comerciais","m³",579.16999999999996]
[1207701,"Concreto fck = 25 MPa para projeção via seca - confecção em betoneira - areia e brita comerciais","m³",616.17999999999995]
[1207702,"Concreto fck = 30 MPa para projeção via seca - confecção em betoneira - areia e brita comerciais","m³",657.58]
[1207708,"Concreto fck = 30 MPa para projeção via úmida - confecção em central dosadora de 30 m³/h - areia e brita comerciais","m³",599.83000000000004]
[1207703,"Concreto fck = 40 MPa para projeção via seca - confecção em betoneira - areia e brita comerciais","m³",755.64]
[1207709,"Concreto fck = 40 MPa para projeção via úmida - confecção em central dosadora de 30 m³/h - areia e brita comerciais","m³",689.89]
[1207710,"Concreto projetado via seca fck = 20 MPa aplicado em pisos","m³",890.9]
[1207711,"Concreto projetado via seca fck = 20 MPa aplicado em superfícies inclinadas e verticais","m³",1110.9000000000001]
[1207713,"Concreto projetado via seca fck = 20 MPa aplicado em teto","m³",1680.46]
[1207714,"Concreto projetado via seca fck = 25 MPa aplicado em pisos","m³",934.44]
[1207715,"Concreto projetado via seca fck = 25 MPa aplicado em superfícies inclinadas e verticais","m³",1163.78]
[1207717,"Concreto projetado via seca fck = 25 MPa aplicado em teto","m³",1754.48]
[1207718,"Concreto projetado via seca fck = 30 MPa aplicado em pisos","m³",983.15]
[1207719,"Concreto projetado via seca fck = 30 MPa aplicado em superfícies inclinadas e verticais","m³",1222.92]
[1207721,"Concreto projetado via seca fck = 30 MPa aplicado em teto","m³",1837.28]
[1207722,"Concreto projetado via seca fck = 40 MPa aplicado em pisos","m³",1098.51]
[1207723,"Concreto projetado via seca fck = 40 MPa aplicado em superfícies inclinadas e verticais","m³",1363]
[1207725,"Concreto projetado via seca fck = 40 MPa via seca aplicado em teto","m³",2033.4]
[1207728,"Concreto projetado via úmida fck = 30 MPa aplicado em túneis classe I com seção de 20 a 40 m²","m³",857.06]
[1207727,"Concreto projetado via úmida fck = 30 MPa aplicado em túneis classe I com seção de 40 a 60 m²","m³",841.05]
[1207726,"Concreto projetado via úmida fck = 30 MPa aplicado em túneis classe I com seção de 60 a 90 m²","m³",828.26]
[1208329,"Concreto projetado via úmida fck = 30 MPa aplicado em túneis classe I com seção superior a 90 m²","m³",813.52]
[1207685,"Concreto projetado via úmida fck = 30 MPa aplicado em túneis classe II com seção de 20 a 40 m²","m³",897.99]
[1207684,"Concreto projetado via úmida fck = 30 MPa aplicado em túneis classe II com seção de 40 a 60 m²","m³",876.85]
[1207683,"Concreto projetado via úmida fck = 30 MPa aplicado em túneis classe II com seção de 60 a 90 m²","m³",860.73]
[1208337,"Concreto projetado via úmida fck = 30 MPa aplicado em túneis classe II com seção superior a 90 m²","m³",843.6]
[1207691,"Concreto projetado via úmida fck = 30 MPa aplicado em túneis classe III com seção de 20 a 40 m²","m³",946.62]
[1207690,"Concreto projetado via úmida fck = 30 MPa aplicado em túneis classe III com seção de 40 a 60 m²","m³",917.83]
[1207689,"Concreto projetado via úmida fck = 30 MPa aplicado em túneis classe III com seção de 60 a 90 m²","m³",893.62]
[1208345,"Concreto projetado via úmida fck = 30 MPa aplicado em túneis classe III com seção superior a 90 m²","m³",873.67]
[1207697,"Concreto projetado via úmida fck = 30 MPa aplicado em túneis classe IV com seção de 20 a 40 m²","m³",1006.87]
[1207696,"Concreto projetado via úmida fck = 30 MPa aplicado em túneis classe IV com seção de 40 a 60 m²","m³",965.72]
[1207695,"Concreto projetado via úmida fck = 30 MPa aplicado em túneis classe IV com seção de 60 a 90 m²","m³",937.73]
[1208353,"Concreto projetado via úmida fck = 30 MPa aplicado em túneis classe IV com seção superior a 90 m²","m³",909.59]
[1207663,"Concreto projetado via úmida fck = 30 MPa aplicado em túneis classe V com seção de 20 a 40 m²","m³",1188.8699999999999]
[1207662,"Concreto projetado via úmida fck = 30 MPa aplicado em túneis classe V com seção de 40 a 60 m²","m³",1159.68]
[1207661,"Concreto projetado via úmida fck = 30 MPa aplicado em túneis classe V com seção de 60 a 90 m²","m³",1136.3399999999999]
[1208361,"Concreto projetado via úmida fck = 30 MPa aplicado em túneis classe V com seção superior a 90 m²","m³",1101.31]
[1207669,"Concreto projetado via úmida fck = 30 MPa aplicado em túneis classe VI com seção de 20 a 40 m²","m³",1320.45]
[1207668,"Concreto projetado via úmida fck = 30 MPa aplicado em túneis classe VI com seção de 40 a 60 m²","m³",1284.21]
[1207667,"Concreto projetado via úmida fck = 30 MPa aplicado em túneis classe VI com seção de 60 a 90 m²","m³",1229.8699999999999]
[1208369,"Concreto projetado via úmida fck = 30 MPa aplicado em túneis classe VI com seção superior a 90 m²","m³",1175.52]
[1207682,"Concreto projetado via úmida fck = 40 MPa aplicado em túneis classe I com seção de 20 a 40 m²","m³",963.01]
[1207681,"Concreto projetado via úmida fck = 40 MPa aplicado em túneis classe I com seção de 40 a 60 m²","m³",947]
[1207729,"Concreto projetado via úmida fck = 40 MPa aplicado em túneis classe I com seção de 60 a 90 m²","m³",934.21]
[1208333,"Concreto projetado via úmida fck = 40 MPa aplicado em túneis classe I com seção superior a 90 m²","m³",919.47]
[1207688,"Concreto projetado via úmida fck = 40 MPa aplicado em túneis classe II com seção de 20 a 40 m²","m³",1007.16]
[1207687,"Concreto projetado via úmida fck = 40 MPa aplicado em túneis classe II com seção de 40 a 60 m²","m³",986.01]
[1207686,"Concreto projetado via úmida fck = 40 MPa aplicado em túneis classe II com seção de 60 a 90 m²","m³",969.9]
[1208341,"Concreto projetado via úmida fck = 40 MPa aplicado em túneis classe II com seção superior a 90 m²","m³",952.76]
[1207694,"Concreto projetado via úmida fck = 40 MPa aplicado em túneis classe III com seção de 20 a 40 m²","m³",1059.19]
[1207693,"Concreto projetado via úmida fck = 40 MPa aplicado em túneis classe III com seção de 40 a 60 m²","m³",1030.4000000000001]
[1207692,"Concreto projetado via úmida fck = 40 MPa aplicado em túneis classe III com seção de 60 a 90 m²","m³",1006.2]
[1208349,"Concreto projetado via úmida fck = 40 MPa aplicado em túneis classe III com seção superior a 90 m²","m³",986.24]
[1207660,"Concreto projetado via úmida fck = 40 MPa aplicado em túneis classe IV com seção de 20 a 40 m²","m³",1123.08]
[1207699,"Concreto projetado via úmida fck = 40 MPa aplicado em túneis classe IV com seção de 40 a 60 m²","m³",1081.93]
[1207698,"Concreto projetado via úmida fck = 40 MPa aplicado em túneis classe IV com seção de 60 a 90 m²","m³",1053.94]
[1208357,"Concreto projetado via úmida fck = 40 MPa aplicado em túneis classe IV com seção superior a 90 m²","m³",1025.8]
[1207666,"Concreto projetado via úmida fck = 40 MPa aplicado em túneis classe V com seção de 20 a 40 m²","m³",1308.95]
[1207665,"Concreto projetado via úmida fck = 40 MPa aplicado em túneis classe V com seção de 40 a 60 m²","m³",1279.76]
[1207664,"Concreto projetado via úmida fck = 40 MPa aplicado em túneis classe V com seção de 60 a 90 m²","m³",1256.4100000000001]
[1208365,"Concreto projetado via úmida fck = 40 MPa aplicado em túneis classe V com seção superior a 90 m²","m³",1221.3900000000001]
[1207672,"Concreto projetado via úmida fck = 40 MPa aplicado em túneis classe VI com seção de 20 a 40 m²","m³",1444.67]
[1207671,"Concreto projetado via úmida fck = 40 MPa aplicado em túneis classe VI com seção de 40 a 60 m²","m³",1408.43]
[1207670,"Concreto projetado via úmida fck = 40 MPa aplicado em túneis classe VI com seção de 60 a 90 m²","m³",1354.09]
[1208373,"Concreto projetado via úmida fck = 40 MPa aplicado em túneis classe VI com seção superior a 90 m²","m³",1299.74]
[1400976,"Corte a plasma CNC em chapa com espessura de 6,3 a 10 mm","m",5.95]
[1400970,"Corte a plasma manual em chapa de aço-carbono com espessura de 4 a 8 mm","m",2.15]
[1400971,"Corte a plasma manual em chapa de aço-carbono com espessura de 9 a 25 mm","m",9.39]
[1400972,"Corte a plasma manual em chapa de alumínio com espessura de 1,5 mm","m",2.0699999999999998]
[1416201,"Corte de barras de aço CA-50 com maçarico oxiacetileno","cm²",0.28000000000000003]
[1400969,"Corte de cantoneira de alumínio","un",0.14000000000000001]
[1400975,"Corte de chapa de aço com guilhotina hidráulica","m",4.08]
[1416141,"Corte de chapas de aço com espessura de 12,5 mm com maçarico oxiacetileno","m",4.34]
[1416142,"Corte de chapas de aço com espessura de 16 mm com maçarico oxiacetileno","m",6.78]
[1400973,"Corte de chapas de aço com espessura de 3 mm com maçarico oxiacetileno","m",1.76]
[1400974,"Corte de chapas de aço com espessura de 5 mm com maçarico oxiacetileno","m",2.09]
[1416139,"Corte de chapas de aço com espessura de 6,3 mm com maçarico oxiacetileno","m",2.35]
[1416202,"Corte de chapas de aço com espessura de 8 mm com maçarico oxiacetileno","m",2.74]
[1416140,"Corte de chapas de aço com espessura de 9,5 mm com maçarico oxiacetileno","m",3.17]
[1419543,"Corte de perfil metálico com máquina policorte com espessura de até 1/8\"","un",0.17]
[1408173,"Corte de perfis metálicos com maçarico oxiacetileno","cm²",7.0000000000000007E-2]
[1407063,"Corte de trilho TR45 com utilização de equipamento leve","un",7.78]
[1407064,"Corte de trilho TR57 com utilização de equipamento leve","un",8.0299999999999994]
[1407065,"Corte de trilho TR68 com utilização de equipamento leve","un",8.2100000000000009]
[1407066,"Corte de trilho UIC60 com utilização de equipamento leve","un",8.08]
[1400977,"Dobramento de chapas metálicas com espessuras de até 10 mm","m",3.45]
[1407067,"Furação de trilho TR45 com utilização de equipamento leve","un",2.91]
[1407068,"Furação de trilho TR57 com utilização de equipamento leve","un",3.27]
[1407069,"Furação de trilho TR68 com utilização de equipamento leve","un",3.55]
[1407070,"Furação de trilho UIC60 com utilização de equipamento leve","un",3.39]
[1400987,"Perfuração de chapas metálicas com espessura de até 3 mm - D = 25 mm","un",1.34]
[1416257,"Solda com maçarico oxiacetileno de chapas de aço de 12,5 mm","m",336.5]
[1416253,"Solda com maçarico oxiacetileno de chapas de aço de 16 mm","m",798.77]
[1416254,"Solda com maçarico oxiacetileno de chapas de aço de 6,3 mm","m",60.71]
[1416255,"Solda com maçarico oxiacetileno de chapas de aço de 8 mm","m",108.69]
[1416256,"Solda com maçarico oxiacetileno de chapas de aço de 9,5 mm","m",170.63]
[1408028,"Solda elétrica manual de perfis metálicos e chapas de aço com eletrodo E70XX para beneficiamento de aço naval","kg",202.39]
[1408027,"Solda tipo MIG/MAG automatizada","kg",112.16]
[1400978,"Solda tipo MIG/MAG manual","kg",179.44]
[1513941,"Contenção em areia-cimento ensacada com mistura de areia com 8% de cimento - confecção e assentamento","m³",503.94]
[1513940,"Contenção em solo-cimento ensacado com mistura de solo de jazida com 8% de cimento - confecção e assentamento","m³",348.99]
[1505879,"Enrocamento de pedra arrumada manualmente - pedra de mão comercial - fornecimento e assentamento","m³",285.58999999999997]
[1505878,"Enrocamento de pedra arrumada manualmente - pedra de mão produzida - confecção e assentamento","m³",167.31]
[1505877,"Enrocamento de pedra espalhada e compactada mecanicamente - pedra de mão comercial - fornecimento e assentamento","m³",191.9]
[1505860,"Enrocamento de pedra jogada - pedra de mão comercial - fornecimento e assentamento","m³",190.46]
[1505859,"Enrocamento de pedra jogada - pedra de mão produzida - confecção e assentamento","m³",91.9]
[1516204,"Fabricação de blocos segmentais de face pré-moldados - C = 40 cm, L = 40 cm e H = 20 cm - massa de 25 kg","un",6.03]
[1516312,"Geocélula em PEAD, paredes perfuradas, soldadas - altura de 100 mm e 1.206 cm² de área de célula - fornecimento e instalação","m²",43.08]
[1516304,"Geocélula em PEAD, paredes perfuradas, soldadas - altura de 100 mm e 289 cm² de área de célula - fornecimento e instalação","m²",54.02]
[1516308,"Geocélula em PEAD, paredes perfuradas, soldadas - altura de 100 mm e 460 cm² de área de célula - fornecimento e instalação","m²",44.1]
[1516313,"Geocélula em PEAD, paredes perfuradas, soldadas - altura de 150 mm e 1.206 cm² de área de célula - fornecimento e instalação","m²",49.53]
[1516305,"Geocélula em PEAD, paredes perfuradas, soldadas - altura de 150 mm e 289 cm² de área de célula - fornecimento e instalação","m²",65.02]
[1516309,"Geocélula em PEAD, paredes perfuradas, soldadas - altura de 150 mm e 460 cm² de área de célula - fornecimento e instalação","m²",53.1]
[1516314,"Geocélula em PEAD, paredes perfuradas, soldadas - altura de 200 mm e 1.206 cm² de área de célula - fornecimento e instalação","m²",58.36]
[1516306,"Geocélula em PEAD, paredes perfuradas, soldadas - altura de 200 mm e 289 cm² de área de célula - fornecimento e instalação","m²",77.13]
[1516310,"Geocélula em PEAD, paredes perfuradas, soldadas - altura de 200 mm e 460 cm² de área de célula - fornecimento e instalação","m²",62.62]
[1516311,"Geocélula em PEAD, paredes perfuradas, soldadas - altura de 75 mm e 1.206 cm² de área de célula - fornecimento e instalação","m²",31.89]
[1516303,"Geocélula em PEAD, paredes perfuradas, soldadas - altura de 75 mm e 289 cm² de área de célula - fornecimento e instalação","m²",43.06]
[1516307,"Geocélula em PEAD, paredes perfuradas, soldadas - altura de 75 mm e 460 cm² de área de célula - fornecimento e instalação","m²",35.590000000000003]
[1516298,"Geogrelha unidirecional com resistência à tração de 100 kN/m - fornecimento e instalação","m²",32.58]
[1516299,"Geogrelha unidirecional com resistência à tração de 150 kN/m - fornecimento e instalação","m²",34.799999999999997]
[1516300,"Geogrelha unidirecional com resistência à tração de 200 kN/m - fornecimento e instalação","m²",45.39]
[1516301,"Geogrelha unidirecional com resistência à tração de 300 kN/m - fornecimento e instalação","m²",66.650000000000006]
[1516302,"Geogrelha unidirecional com resistência à tração de 400 kN/m - fornecimento e instalação","m²",87.78]
[1516296,"Geogrelha unidirecional com resistência à tração de 50 kN/m - fornecimento e instalação","m²",24.72]
[1516297,"Geogrelha unidirecional com resistência à tração de 90 kN/m - fornecimento e instalação","m²",31.53]
[1505847,"Muro em blocos segmentais de face pré-moldados - C = 40 cm, L = 40 cm, e H = 20 cm com altura de 4 a 6 m - confecção e assentamento","m²",180.81]
[1505848,"Muro em blocos segmentais de face pré-moldados - C = 40 cm, L = 40 cm, e H = 20 cm com altura de 6 a 8 m - confecção e assentamento","m²",176.39]
[1505849,"Muro em blocos segmentais de face pré-moldados - C = 40 cm, L = 40 cm, e H = 20 cm com altura de 8 a 10 m - confecção e assentamento","m²",173.93]
[1505930,"Muro em blocos segmentais de face pré-moldados - C = 40 cm, L = 40 cm, e H = 20 cm com altura de até 4 m - confecção e assentamento","m²",204.04]
[1506055,"Pedra argamassada com cimento e areia 1:3 - areia e pedra de mão comercial - fornecimento e assentamento","m³",436.41]
[1506056,"Pedra argamassada com cimento e areia 1:3 - areia extraída e pedra de mão produzida - confecção e assentamento","m³",281.19]
[1513943,"Proteção de taludes rochosos com telas metálicas - resistência longitudinal à tração de 121 kN/m - fornecimento e posicionamento - inclusive cabos de aço, grampos e clipes de junção","m²",203.14]
[1516318,"Tela metálica dobrada em L para muro em solo reforçado - C = 200 cm, L = 40 cm e H = 40 cm - fornecimento e instalação","m²",541.13]
[1516317,"Tela metálica dobrada em L para muro em solo reforçado - C = 200 cm, L = 50 cm e H = 50 cm - fornecimento e instalação","m²",472.87]
[1600965,"Abertura em muro de alvenaria de pedra argamassada com martelete","m³",95.23]
[1600408,"Apicoamento manual de concreto","m²",17.12]
[1600990,"Demolição de concreto armado com martelete e corte oxiacetileno","m³",755.3]
[1600989,"Demolição de concreto simples com martelete","m³",388.65]
[1600438,"Demolição manual de concreto armado","m³",545.67999999999995]
[1600436,"Demolição manual de concreto simples","m³",374]
[1600895,"Demolição manual de construções provisórias de madeira - sem reaproveitamento","m²",13.03]
[1600897,"Demolição manual de construções provisórias de madeira, sem fechamento lateral e sem pavimentação","m²",3.5]
[1619004,"Demolição mecânica de alvenaria com carregadeira de pneus","m³",7.56]
[1600896,"Demolição mecânica de alvenaria com escavadeira hidráulica","m²",15.29]
[1619003,"Demolição mecânica de concreto armado com escavadeira hidráulica","m³",63.27]
[1619006,"Demolição mecânica de concreto simples com escavadeira hidráulica","m³",44.18]
[1600414,"Fresagem de piso de concreto","m²",1.0900000000000001]
[1608148,"Perfuração em concreto com coroa diamantada - D = 100 mm","m",209.9]
[1608021,"Perfuração em concreto com coroa diamantada - D = 16 mm","m",67.040000000000006]
[1608024,"Perfuração em concreto com coroa diamantada - D = 20 mm","m",70.36]
[1608026,"Perfuração em concreto com coroa diamantada - D = 25 mm","m",80.08]
[1608142,"Perfuração em concreto com coroa diamantada - D = 32 mm","m",91.55]
[1608143,"Perfuração em concreto com coroa diamantada - D = 38 mm","m",94.85]
[1608144,"Perfuração em concreto com coroa diamantada - D = 44 mm","m",102.37]
[1608145,"Perfuração em concreto com coroa diamantada - D = 50 mm","m",108.76]
[1608146,"Perfuração em concreto com coroa diamantada - D = 63 mm","m",126.09]
[1608147,"Perfuração em concreto com coroa diamantada - D = 75 mm","m",160.43]
[1608019,"Perfuração em concreto com martelete elétrico - D = 10 mm","m",18]
[1608020,"Perfuração em concreto com martelete elétrico - D = 13,0 mm","m",28.98]
[1608025,"Perfuração em concreto com martelete elétrico - D = 14 mm","m",35.46]
[1600966,"Remoção de cerca com mourões de concreto","m",0.7]
[1600898,"Remoção de painel publicitário, tipo outdoor, com estrutura e suportes em madeira","m²",11.49]
[1600441,"Remoção de paralelepípedos","m²",3.73]
[1600404,"Remoção de tubos de concreto com diâmetro de 0,40 m a 1,00 m em valas e bueiros","m",9.59]
[1600405,"Remoção de tubos de concreto com diâmetro de 1,20 m a 1,50 m em valas e bueiros","m",10.62]
[1716605,"Derrocagem subaquática de material de 3ª categoria - carga e limpeza - plataforma com clamshell - flutuante e batelão rebocado de 100 t montado na obra - DMT até 200 m","m³",114.31]
[1716610,"Derrocagem subaquática de material de 3ª categoria - carga e limpeza - plataforma com clamshell - flutuante e batelão rebocado de 100 t montado na obra - DMT de 1.000 a 1200 m","m³",118.69]
[1716611,"Derrocagem subaquática de material de 3ª categoria - carga e limpeza - plataforma com clamshell - flutuante e batelão rebocado de 100 t montado na obra - DMT de 1.200 a 1.400 m","m³",119.24]
[1716612,"Derrocagem subaquática de material de 3ª categoria - carga e limpeza - plataforma com clamshell - flutuante e batelão rebocado de 100 t montado na obra - DMT de 1.400 a 1.600 m","m³",119.79]
[1716613,"Derrocagem subaquática de material de 3ª categoria - carga e limpeza - plataforma com clamshell - flutuante e batelão rebocado de 100 t montado na obra - DMT de 1.600 a 1.800 m","m³",120.33]
[1716614,"Derrocagem subaquática de material de 3ª categoria - carga e limpeza - plataforma com clamshell - flutuante e batelão rebocado de 100 t montado na obra - DMT de 1.800 a 2.000 m","m³",121.43]
[1716615,"Derrocagem subaquática de material de 3ª categoria - carga e limpeza - plataforma com clamshell - flutuante e batelão rebocado de 100 t montado na obra - DMT de 2.000 a 2.500 m","m³",122.52]
[1716616,"Derrocagem subaquática de material de 3ª categoria - carga e limpeza - plataforma com clamshell - flutuante e batelão rebocado de 100 t montado na obra - DMT de 2.500 a 3.000 m","m³",124.17]
[1716606,"Derrocagem subaquática de material de 3ª categoria - carga e limpeza - plataforma com clamshell - flutuante e batelão rebocado de 100 t montado na obra - DMT de 200 a 400 m","m³",115.96]
[1716617,"Derrocagem subaquática de material de 3ª categoria - carga e limpeza - plataforma com clamshell - flutuante e batelão rebocado de 100 t montado na obra - DMT de 3.000 m","m³",125.26]
[1716607,"Derrocagem subaquática de material de 3ª categoria - carga e limpeza - plataforma com clamshell - flutuante e batelão rebocado de 100 t montado na obra - DMT de 400 a 600 m","m³",116.5]
[1716608,"Derrocagem subaquática de material de 3ª categoria - carga e limpeza - plataforma com clamshell - flutuante e batelão rebocado de 100 t montado na obra - DMT de 600 a 800 m","m³",117.6]
[1716609,"Derrocagem subaquática de material de 3ª categoria - carga e limpeza - plataforma com clamshell - flutuante e batelão rebocado de 100 t montado na obra - DMT de 800 a 1.000 m","m³",118.14]
[1716604,"Derrocagem subaquática de material de 3ª categoria - carga e limpeza - plataforma com clamshell - flutuante montado na obra - sem transporte","m³",65.569999999999993]
[1716623,"Derrocagem subaquática de material de 3ª categoria - carga e limpeza - plataforma flutuante com clamshell - sem transporte","m³",64.260000000000005]
[1716624,"Derrocagem subaquática de material de 3ª categoria - carga e limpeza - plataforma flutuante com clamshell e batelão rebocado de 100 t - DMT até 200 m","m³",113]
[1716629,"Derrocagem subaquática de material de 3ª categoria - carga e limpeza - plataforma flutuante com clamshell e batelão rebocado de 100 t - DMT de 1.000 a 1.200 m","m³",117.38]
[1716630,"Derrocagem subaquática de material de 3ª categoria - carga e limpeza - plataforma flutuante com clamshell e batelão rebocado de 100 t - DMT de 1.200 a 1.400 m","m³",117.93]
[1716631,"Derrocagem subaquática de material de 3ª categoria - carga e limpeza - plataforma flutuante com clamshell e batelão rebocado de 100 t - DMT de 1.400 a 1.600 m","m³",118.48]
[1716632,"Derrocagem subaquática de material de 3ª categoria - carga e limpeza - plataforma flutuante com clamshell e batelão rebocado de 100 t - DMT de 1.600 a 1.800 m","m³",119.02]
[1716633,"Derrocagem subaquática de material de 3ª categoria - carga e limpeza - plataforma flutuante com clamshell e batelão rebocado de 100 t - DMT de 1.800 a 2.000 m","m³",120.12]
[1716634,"Derrocagem subaquática de material de 3ª categoria - carga e limpeza - plataforma flutuante com clamshell e batelão rebocado de 100 t - DMT de 2.000 a 2.500 m","m³",121.21]
[1716635,"Derrocagem subaquática de material de 3ª categoria - carga e limpeza - plataforma flutuante com clamshell e batelão rebocado de 100 t - DMT de 2.500 a 3.000 m","m³",122.86]
[1716625,"Derrocagem subaquática de material de 3ª categoria - carga e limpeza - plataforma flutuante com clamshell e batelão rebocado de 100 t - DMT de 200 a 400 m","m³",114.64]
[1716636,"Derrocagem subaquática de material de 3ª categoria - carga e limpeza - plataforma flutuante com clamshell e batelão rebocado de 100 t - DMT de 3.000 m","m³",123.95]
[1716626,"Derrocagem subaquática de material de 3ª categoria - carga e limpeza - plataforma flutuante com clamshell e batelão rebocado de 100 t - DMT de 400 a 600 m","m³",115.19]
[1716627,"Derrocagem subaquática de material de 3ª categoria - carga e limpeza - plataforma flutuante com clamshell e batelão rebocado de 100 t - DMT de 600 a 800 m","m³",116.29]
[1716628,"Derrocagem subaquática de material de 3ª categoria - carga e limpeza - plataforma flutuante com clamshell e batelão rebocado de 100 t - DMT de 800 a 1.000 m","m³",116.83]
[1716640,"Derrocagem subaquática de material de 3ª categoria - carga e limpeza com draga backhoe de 7 m³ - sem transporte","m³",42.15]
[1716641,"Derrocagem subaquática de material de 3ª categoria - carga e limpeza com draga backhoe de 7 m³ - transporte com batelão autopropelido de 300 m³ - DMT até 200 m","m³",51.57]
[1716646,"Derrocagem subaquática de material de 3ª categoria - carga e limpeza com draga backhoe de 7 m³ - transporte com batelão autopropelido de 300 m³ - DMT de 1.000 a 1.200 m","m³",52.17]
[1716647,"Derrocagem subaquática de material de 3ª categoria - carga e limpeza com draga backhoe de 7 m³ - transporte com batelão autopropelido de 300 m³ - DMT de 1.200 a 1.400 m","m³",52.23]
[1716648,"Derrocagem subaquática de material de 3ª categoria - carga e limpeza com draga backhoe de 7 m³ - transporte com batelão autopropelido de 300 m³ - DMT de 1.400 a 1.600 m","m³",52.35]
[1716649,"Derrocagem subaquática de material de 3ª categoria - carga e limpeza com draga backhoe de 7 m³ - transporte com batelão autopropelido de 300 m³ - DMT de 1.600 a 1.800 m","m³",52.41]
[1716650,"Derrocagem subaquática de material de 3ª categoria - carga e limpeza com draga backhoe de 7 m³ - transporte com batelão autopropelido de 300 m³ - DMT de 1.800 a 2.000 m","m³",52.53]
[1716651,"Derrocagem subaquática de material de 3ª categoria - carga e limpeza com draga backhoe de 7 m³ - transporte com batelão autopropelido de 300 m³ - DMT de 2.000 a 2.500 m","m³",52.65]
[1716652,"Derrocagem subaquática de material de 3ª categoria - carga e limpeza com draga backhoe de 7 m³ - transporte com batelão autopropelido de 300 m³ - DMT de 2.500 a 3.000 m","m³",52.89]
[1716642,"Derrocagem subaquática de material de 3ª categoria - carga e limpeza com draga backhoe de 7 m³ - transporte com batelão autopropelido de 300 m³ - DMT de 200 a 400 m","m³",51.75]
[1716653,"Derrocagem subaquática de material de 3ª categoria - carga e limpeza com draga backhoe de 7 m³ - transporte com batelão autopropelido de 300 m³ - DMT de 3.000 m","m³",53.08]
[1716643,"Derrocagem subaquática de material de 3ª categoria - carga e limpeza com draga backhoe de 7 m³ - transporte com batelão autopropelido de 300 m³ - DMT de 400 a 600 m","m³",51.87]
[1716644,"Derrocagem subaquática de material de 3ª categoria - carga e limpeza com draga backhoe de 7 m³ - transporte com batelão autopropelido de 300 m³ - DMT de 600 a 800 m","m³",51.99]
[1716645,"Derrocagem subaquática de material de 3ª categoria - carga e limpeza com draga backhoe de 7 m³ - transporte com batelão autopropelido de 300 m³ - DMT de 800 a 1.000 m","m³",52.05]
[1716622,"Derrocagem subaquática de material de 3ª categoria - malha de 1,5 m² - perfuração e detonação - plataforma autoelevatória com três torres de perfuração","m³",90.79]
[1716603,"Derrocagem subaquática de material de 3ª categoria - malha de 1,5 m² - perfuração e detonação - plataforma autoelevatória montada na obra com três torres de perfuração","m³",90.79]
[1716620,"Derrocagem subaquática de material de 3ª categoria - malha de 1,5 m² - perfuração e detonação - plataforma flutuante com duas torres de perfuração","m³",123.29]
[1716621,"Derrocagem subaquática de material de 3ª categoria - malha de 1,5 m² - perfuração e detonação - plataforma flutuante com três torres de perfuração","m³",97.32]
[1716619,"Derrocagem subaquática de material de 3ª categoria - malha de 1,5 m² - perfuração e detonação - plataforma flutuante com uma torre de perfuração","m³",201.26]
[1716601,"Derrocagem subaquática de material de 3ª categoria - malha de 1,5 m² - perfuração e detonação - plataforma montada na obra com duas torres de perfuração","m³",125.05]
[1716602,"Derrocagem subaquática de material de 3ª categoria - malha de 1,5 m² - perfuração e detonação - plataforma montada na obra com três torres de perfuração","m³",98.49]
[1716600,"Derrocagem subaquática de material de 3ª categoria - malha de 1,5 m² - perfuração e detonação - plataforma montada na obra com uma torre de perfuração","m³",204.77]
[1716655,"Derrocagem subaquática de material de 3ª categoria - malha de 2,5 m² - perfuração e detonação - plataforma com duas torres de perfuração","m³",72.7]
[1716639,"Derrocagem subaquática de material de 3ª categoria - malha de 4,0 m² - perfuração e detonação - plataforma com duas torres de perfuração","m³",51.42]
[1801636,"Levantamento batimétrico monofeixe longitudinal","km",19.63]
[1801637,"Levantamento batimétrico monofeixe transversal","km",26.17]
[1817720,"Levantamento batimétrico multifeixe","km",99.36]
[1817723,"Levantamento hidrométrico com ADCP em rios com velocidade de corrente acima de 1,5 m/s","km",47.67]
[1817721,"Levantamento hidrométrico com ADCP em rios com velocidade de corrente de 0,5 a 1,0 m/s","km",143]
[1817722,"Levantamento hidrométrico com ADCP em rios com velocidade de corrente de 1,0 a 1,5 m/s","km",71.5]
[1917483,"Dragagem de areia fina com draga de sucção e recalque - bomba de 1.350 kW e cortador de 170 kW - distância de recalque de 1.100 a 1.300 m","m³",4.9800000000000004]
[1917484,"Dragagem de areia fina com draga de sucção e recalque - bomba de 1.350 kW e cortador de 170 kW - distância de recalque de 1.300 a 1.500 m","m³",5.17]
[1917485,"Dragagem de areia fina com draga de sucção e recalque - bomba de 1.350 kW e cortador de 170 kW - distância de recalque de 1.500 a 1.700 m","m³",5.74]
[1917486,"Dragagem de areia fina com draga de sucção e recalque - bomba de 1.350 kW e cortador de 170 kW - distância de recalque de 1.700 a 1.900 m","m³",5.97]
[1917487,"Dragagem de areia fina com draga de sucção e recalque - bomba de 1.350 kW e cortador de 170 kW - distância de recalque de 1.900 a 2.100 m","m³",6.28]
[1917528,"Dragagem de areia fina com draga de sucção e recalque - bomba de 1.350 kW e cortador de 170 kW - distância de recalque de 10.100 a 10.300 m","m³",32.799999999999997]
[1917529,"Dragagem de areia fina com draga de sucção e recalque - bomba de 1.350 kW e cortador de 170 kW - distância de recalque de 10.300 a 10.500 m","m³",33.89]
[1917530,"Dragagem de areia fina com draga de sucção e recalque - bomba de 1.350 kW e cortador de 170 kW - distância de recalque de 10.500 a 10.700 m","m³",35.67]
[1917531,"Dragagem de areia fina com draga de sucção e recalque - bomba de 1.350 kW e cortador de 170 kW - distância de recalque de 10.700 a 10.900 m","m³",37.53]
[1917532,"Dragagem de areia fina com draga de sucção e recalque - bomba de 1.350 kW e cortador de 170 kW - distância de recalque de 10.900 a 11.100 m","m³",39.619999999999997]
[1917533,"Dragagem de areia fina com draga de sucção e recalque - bomba de 1.350 kW e cortador de 170 kW - distância de recalque de 11.100 a 11.300 m","m³",40.75]
[1917534,"Dragagem de areia fina com draga de sucção e recalque - bomba de 1.350 kW e cortador de 170 kW - distância de recalque de 11.300 a 11.500 m","m³",41.92]
[1917535,"Dragagem de areia fina com draga de sucção e recalque - bomba de 1.350 kW e cortador de 170 kW - distância de recalque de 11.500 a 11.700 m","m³",43.49]
[1917536,"Dragagem de areia fina com draga de sucção e recalque - bomba de 1.350 kW e cortador de 170 kW - distância de recalque de 11.700 a 11.900 m","m³",44.82]
[1917537,"Dragagem de areia fina com draga de sucção e recalque - bomba de 1.350 kW e cortador de 170 kW - distância de recalque de 11.900 a 12.100 m","m³",46.19]
[1917488,"Dragagem de areia fina com draga de sucção e recalque - bomba de 1.350 kW e cortador de 170 kW - distância de recalque de 2.100 a 2.300 m","m³",6.52]
[1917489,"Dragagem de areia fina com draga de sucção e recalque - bomba de 1.350 kW e cortador de 170 kW - distância de recalque de 2.300 a 2.500 m","m³",6.82]
[1917490,"Dragagem de areia fina com draga de sucção e recalque - bomba de 1.350 kW e cortador de 170 kW - distância de recalque de 2.500 a 2.700 m","m³",7.35]
[1917491,"Dragagem de areia fina com draga de sucção e recalque - bomba de 1.350 kW e cortador de 170 kW - distância de recalque de 2.700 a 2.900 m","m³",7.68]
[1917492,"Dragagem de areia fina com draga de sucção e recalque - bomba de 1.350 kW e cortador de 170 kW - distância de recalque de 2.900 a 3.100 m","m³",7.94]
[1917493,"Dragagem de areia fina com draga de sucção e recalque - bomba de 1.350 kW e cortador de 170 kW - distância de recalque de 3.100 a 3.300 m","m³",8.2899999999999991]
[1917494,"Dragagem de areia fina com draga de sucção e recalque - bomba de 1.350 kW e cortador de 170 kW - distância de recalque de 3.300 a 3.500 m","m³",8.65]
[1917495,"Dragagem de areia fina com draga de sucção e recalque - bomba de 1.350 kW e cortador de 170 kW - distância de recalque de 3.500 a 3.700 m","m³",9.23]
[1917496,"Dragagem de areia fina com draga de sucção e recalque - bomba de 1.350 kW e cortador de 170 kW - distância de recalque de 3.700 a 3.900 m","m³",9.57]
[1917497,"Dragagem de areia fina com draga de sucção e recalque - bomba de 1.350 kW e cortador de 170 kW - distância de recalque de 3.900 a 4.100 m","m³",9.91]
[1917498,"Dragagem de areia fina com draga de sucção e recalque - bomba de 1.350 kW e cortador de 170 kW - distância de recalque de 4.100 a 4.300 m","m³",10.26]
[1917499,"Dragagem de areia fina com draga de sucção e recalque - bomba de 1.350 kW e cortador de 170 kW - distância de recalque de 4.300 a 4.500 m","m³",10.54]
[1917500,"Dragagem de areia fina com draga de sucção e recalque - bomba de 1.350 kW e cortador de 170 kW - distância de recalque de 4.500 a 4.700 m","m³",11.19]
[1917501,"Dragagem de areia fina com draga de sucção e recalque - bomba de 1.350 kW e cortador de 170 kW - distância de recalque de 4.700 a 4.900 m","m³",11.55]
[1917502,"Dragagem de areia fina com draga de sucção e recalque - bomba de 1.350 kW e cortador de 170 kW - distância de recalque de 4.900 a 5.100 m","m³",11.91]
[1917503,"Dragagem de areia fina com draga de sucção e recalque - bomba de 1.350 kW e cortador de 170 kW - distância de recalque de 5.100 a 5.300 m","m³",12.28]
[1917504,"Dragagem de areia fina com draga de sucção e recalque - bomba de 1.350 kW e cortador de 170 kW - distância de recalque de 5.300 a 5.500 m","m³",12.66]
[1917505,"Dragagem de areia fina com draga de sucção e recalque - bomba de 1.350 kW e cortador de 170 kW - distância de recalque de 5.500 a 5.700 m","m³",13.33]
[1917506,"Dragagem de areia fina com draga de sucção e recalque - bomba de 1.350 kW e cortador de 170 kW - distância de recalque de 5.700 a 5.900 m","m³",13.7]
[1917507,"Dragagem de areia fina com draga de sucção e recalque - bomba de 1.350 kW e cortador de 170 kW - distância de recalque de 5.900 a 6.100 m","m³",14.08]
[1917480,"Dragagem de areia fina com draga de sucção e recalque - bomba de 1.350 kW e cortador de 170 kW - distância de recalque de 500 a 700 m","m³",4.34]
[1917508,"Dragagem de areia fina com draga de sucção e recalque - bomba de 1.350 kW e cortador de 170 kW - distância de recalque de 6.100 a 6.300 m","m³",14.47]
[1917509,"Dragagem de areia fina com draga de sucção e recalque - bomba de 1.350 kW e cortador de 170 kW - distância de recalque de 6.300 a 6.500 m","m³",14.95]
[1917510,"Dragagem de areia fina com draga de sucção e recalque - bomba de 1.350 kW e cortador de 170 kW - distância de recalque de 6.500 a 6.700 m","m³",15.66]
[1917511,"Dragagem de areia fina com draga de sucção e recalque - bomba de 1.350 kW e cortador de 170 kW - distância de recalque de 6.700 a 6.900 m","m³",16.09]
[1917512,"Dragagem de areia fina com draga de sucção e recalque - bomba de 1.350 kW e cortador de 170 kW - distância de recalque de 6.900 a 7.100 m","m³",16.61]
[1917513,"Dragagem de areia fina com draga de sucção e recalque - bomba de 1.350 kW e cortador de 170 kW - distância de recalque de 7.100 a 7.300 m","m³",17.079999999999998]
[1917514,"Dragagem de areia fina com draga de sucção e recalque - bomba de 1.350 kW e cortador de 170 kW - distância de recalque de 7.300 a 7.500 m","m³",17.66]
[1917515,"Dragagem de areia fina com draga de sucção e recalque - bomba de 1.350 kW e cortador de 170 kW - distância de recalque de 7.500 a 7.700 m","m³",18.55]
[1917516,"Dragagem de areia fina com draga de sucção e recalque - bomba de 1.350 kW e cortador de 170 kW - distância de recalque de 7.700 a 7.900 m","m³",19.16]
[1917517,"Dragagem de areia fina com draga de sucção e recalque - bomba de 1.350 kW e cortador de 170 kW - distância de recalque de 7.900 a 8.100 m","m³",20.02]
[1917481,"Dragagem de areia fina com draga de sucção e recalque - bomba de 1.350 kW e cortador de 170 kW - distância de recalque de 700 a 900 m","m³",4.53]
[1917518,"Dragagem de areia fina com draga de sucção e recalque - bomba de 1.350 kW e cortador de 170 kW - distância de recalque de 8.100 a 8.300 m","m³",20.84]
[1917519,"Dragagem de areia fina com draga de sucção e recalque - bomba de 1.350 kW e cortador de 170 kW - distância de recalque de 8.300 a 8.500 m","m³",21.89]
[1917520,"Dragagem de areia fina com draga de sucção e recalque - bomba de 1.350 kW e cortador de 170 kW - distância de recalque de 8.500 a 8.700 m","m³",23.12]
[1917521,"Dragagem de areia fina com draga de sucção e recalque - bomba de 1.350 kW e cortador de 170 kW - distância de recalque de 8.700 a 8.900 m","m³",24.12]
[1917522,"Dragagem de areia fina com draga de sucção e recalque - bomba de 1.350 kW e cortador de 170 kW - distância de recalque de 8.900 a 9.100 m","m³",25.23]
[1917523,"Dragagem de areia fina com draga de sucção e recalque - bomba de 1.350 kW e cortador de 170 kW - distância de recalque de 9.100 a 9.300 m","m³",26.36]
[1917524,"Dragagem de areia fina com draga de sucção e recalque - bomba de 1.350 kW e cortador de 170 kW - distância de recalque de 9.300 a 9.500 m","m³",27.57]
[1917525,"Dragagem de areia fina com draga de sucção e recalque - bomba de 1.350 kW e cortador de 170 kW - distância de recalque de 9.500 a 9.700 m","m³",29.07]
[1917526,"Dragagem de areia fina com draga de sucção e recalque - bomba de 1.350 kW e cortador de 170 kW - distância de recalque de 9.700 a 9.900 m","m³",30.19]
[1917527,"Dragagem de areia fina com draga de sucção e recalque - bomba de 1.350 kW e cortador de 170 kW - distância de recalque de 9.900 a 10.100 m","m³",31.31]
[1917482,"Dragagem de areia fina com draga de sucção e recalque - bomba de 1.350 kW e cortador de 170 kW - distância de recalque de 900 a 1.100 m","m³",4.71]
[1917737,"Dragagem de areia fina com draga de sucção e recalque - bomba de 1.350 kW e cortador de 170 kW - distância de recalque de até 500 m","m³",4.3099999999999996]
[1917220,"Dragagem de areia fina com draga de sucção e recalque - bomba de 294 kW e cortador de 30 kW - distância de recalque de 1.100 a 1.300 m","m³",7.02]
[1917221,"Dragagem de areia fina com draga de sucção e recalque - bomba de 294 kW e cortador de 30 kW - distância de recalque de 1.300 a 1.500 m","m³",7.52]
[1917222,"Dragagem de areia fina com draga de sucção e recalque - bomba de 294 kW e cortador de 30 kW - distância de recalque de 1.500 a 1.700 m","m³",8.1300000000000008]
[1917223,"Dragagem de areia fina com draga de sucção e recalque - bomba de 294 kW e cortador de 30 kW - distância de recalque de 1.700 a 1.900 m","m³",8.5]
[1917224,"Dragagem de areia fina com draga de sucção e recalque - bomba de 294 kW e cortador de 30 kW - distância de recalque de 1.900 a 2.100 m","m³",8.91]
[1917225,"Dragagem de areia fina com draga de sucção e recalque - bomba de 294 kW e cortador de 30 kW - distância de recalque de 2.100 a 2.300 m","m³",9.3800000000000008]
[1917226,"Dragagem de areia fina com draga de sucção e recalque - bomba de 294 kW e cortador de 30 kW - distância de recalque de 2.300 a 2.500 m","m³",9.83]
[1917227,"Dragagem de areia fina com draga de sucção e recalque - bomba de 294 kW e cortador de 30 kW - distância de recalque de 2.500 a 2.700 m","m³",10.47]
[1917228,"Dragagem de areia fina com draga de sucção e recalque - bomba de 294 kW e cortador de 30 kW - distância de recalque de 2.700 a 2.900 m","m³",11.01]
[1917229,"Dragagem de areia fina com draga de sucção e recalque - bomba de 294 kW e cortador de 30 kW - distância de recalque de 2.900 a 3.100 m","m³",11.47]
[1917230,"Dragagem de areia fina com draga de sucção e recalque - bomba de 294 kW e cortador de 30 kW - distância de recalque de 3.100 a 3.300 m","m³",12]
[1917231,"Dragagem de areia fina com draga de sucção e recalque - bomba de 294 kW e cortador de 30 kW - distância de recalque de 3.300 a 3.500 m","m³",12.55]
[1917232,"Dragagem de areia fina com draga de sucção e recalque - bomba de 294 kW e cortador de 30 kW - distância de recalque de 3.500 a 3.700 m","m³",13.3]
[1917233,"Dragagem de areia fina com draga de sucção e recalque - bomba de 294 kW e cortador de 30 kW - distância de recalque de 3.700 a 3.900 m","m³",13.88]
[1917234,"Dragagem de areia fina com draga de sucção e recalque - bomba de 294 kW e cortador de 30 kW - distância de recalque de 3.900 a 4.100 m","m³",14.56]
[1917217,"Dragagem de areia fina com draga de sucção e recalque - bomba de 294 kW e cortador de 30 kW - distância de recalque de 500 a 700 m","m³",5.72]
[1917218,"Dragagem de areia fina com draga de sucção e recalque - bomba de 294 kW e cortador de 30 kW - distância de recalque de 700 a 900 m","m³",5.96]
[1917219,"Dragagem de areia fina com draga de sucção e recalque - bomba de 294 kW e cortador de 30 kW - distância de recalque de 900 a 1.100 m","m³",6.43]
[1917724,"Dragagem de areia fina com draga de sucção e recalque - bomba de 294 kW e cortador de 30 kW - distância de recalque de até 500 m","m³",5.58]
[1917274,"Dragagem de areia fina com draga de sucção e recalque - bomba de 483 kW e cortador de 55 kW - distância de recalque de 1.100 a 1.300 m","m³",5.23]
[1917275,"Dragagem de areia fina com draga de sucção e recalque - bomba de 483 kW e cortador de 55 kW - distância de recalque de 1.300 a 1.500 m","m³",5.56]
[1917276,"Dragagem de areia fina com draga de sucção e recalque - bomba de 483 kW e cortador de 55 kW - distância de recalque de 1.500 a 1.700 m","m³",6.13]
[1917277,"Dragagem de areia fina com draga de sucção e recalque - bomba de 483 kW e cortador de 55 kW - distância de recalque de 1.700 a 1.900 m","m³",6.56]
[1917278,"Dragagem de areia fina com draga de sucção e recalque - bomba de 483 kW e cortador de 55 kW - distância de recalque de 1.900 a 2.100 m","m³",6.8]
[1917279,"Dragagem de areia fina com draga de sucção e recalque - bomba de 483 kW e cortador de 55 kW - distância de recalque de 2.100 a 2.300 m","m³",7.23]
[1917280,"Dragagem de areia fina com draga de sucção e recalque - bomba de 483 kW e cortador de 55 kW - distância de recalque de 2.300 a 2.500 m","m³",7.64]
[1917281,"Dragagem de areia fina com draga de sucção e recalque - bomba de 483 kW e cortador de 55 kW - distância de recalque de 2.500 a 2.700 m","m³",8.24]
[1917282,"Dragagem de areia fina com draga de sucção e recalque - bomba de 483 kW e cortador de 55 kW - distância de recalque de 2.700 a 2.900 m","m³",8.65]
[1917283,"Dragagem de areia fina com draga de sucção e recalque - bomba de 483 kW e cortador de 55 kW - distância de recalque de 2.900 a 3.100 m","m³",9.08]
[1917284,"Dragagem de areia fina com draga de sucção e recalque - bomba de 483 kW e cortador de 55 kW - distância de recalque de 3.100 a 3.300 m","m³",9.4600000000000009]
[1917285,"Dragagem de areia fina com draga de sucção e recalque - bomba de 483 kW e cortador de 55 kW - distância de recalque de 3.300 a 3.500 m","m³",9.9]
[1917286,"Dragagem de areia fina com draga de sucção e recalque - bomba de 483 kW e cortador de 55 kW - distância de recalque de 3.500 a 3.700 m","m³",10.65]
[1917287,"Dragagem de areia fina com draga de sucção e recalque - bomba de 483 kW e cortador de 55 kW - distância de recalque de 3.700 a 3.900 m","m³",11.13]
[1917288,"Dragagem de areia fina com draga de sucção e recalque - bomba de 483 kW e cortador de 55 kW - distância de recalque de 3.900 a 4.100 m","m³",11.62]
[1917289,"Dragagem de areia fina com draga de sucção e recalque - bomba de 483 kW e cortador de 55 kW - distância de recalque de 4.100 a 4.300 m","m³",12.18]
[1917290,"Dragagem de areia fina com draga de sucção e recalque - bomba de 483 kW e cortador de 55 kW - distância de recalque de 4.300 a 4.500 m","m³",12.75]
[1917291,"Dragagem de areia fina com draga de sucção e recalque - bomba de 483 kW e cortador de 55 kW - distância de recalque de 4.500 a 4.700 m","m³",13.58]
[1917292,"Dragagem de areia fina com draga de sucção e recalque - bomba de 483 kW e cortador de 55 kW - distância de recalque de 4.700 a 4.900 m","m³",14.21]
[1917293,"Dragagem de areia fina com draga de sucção e recalque - bomba de 483 kW e cortador de 55 kW - distância de recalque de 4.900 a 5.100 m","m³",14.87]
[1917294,"Dragagem de areia fina com draga de sucção e recalque - bomba de 483 kW e cortador de 55 kW - distância de recalque de 5.100 a 5.300 m","m³",15.75]
[1917295,"Dragagem de areia fina com draga de sucção e recalque - bomba de 483 kW e cortador de 55 kW - distância de recalque de 5.300 a 5.500 m","m³",16.61]
[1917296,"Dragagem de areia fina com draga de sucção e recalque - bomba de 483 kW e cortador de 55 kW - distância de recalque de 5.500 a 5.700 m","m³",17.829999999999998]
[1917297,"Dragagem de areia fina com draga de sucção e recalque - bomba de 483 kW e cortador de 55 kW - distância de recalque de 5.700 a 5.900 m","m³",18.96]
[1917298,"Dragagem de areia fina com draga de sucção e recalque - bomba de 483 kW e cortador de 55 kW - distância de recalque de 5.900 a 6.100 m","m³",20.170000000000002]
[1917271,"Dragagem de areia fina com draga de sucção e recalque - bomba de 483 kW e cortador de 55 kW - distância de recalque de 500 a 700 m","m³",4.3899999999999997]
[1917299,"Dragagem de areia fina com draga de sucção e recalque - bomba de 483 kW e cortador de 55 kW - distância de recalque de 6.100 a 6.300 m","m³",21.62]
[1917300,"Dragagem de areia fina com draga de sucção e recalque - bomba de 483 kW e cortador de 55 kW - distância de recalque de 6.300 a 6.500 m","m³",23.2]
[1917301,"Dragagem de areia fina com draga de sucção e recalque - bomba de 483 kW e cortador de 55 kW - distância de recalque de 6.500 a 6.700 m","m³",25.31]
[1917302,"Dragagem de areia fina com draga de sucção e recalque - bomba de 483 kW e cortador de 55 kW - distância de recalque de 6.700 a 6.900 m","m³",27.31]
[1917303,"Dragagem de areia fina com draga de sucção e recalque - bomba de 483 kW e cortador de 55 kW - distância de recalque de 6.900 a 7.100 m","m³",29.18]
[1917304,"Dragagem de areia fina com draga de sucção e recalque - bomba de 483 kW e cortador de 55 kW - distância de recalque de 7.100 a 7.300 m","m³",31.03]
[1917305,"Dragagem de areia fina com draga de sucção e recalque - bomba de 483 kW e cortador de 55 kW - distância de recalque de 7.300 a 7.500 m","m³",33.08]
[1917306,"Dragagem de areia fina com draga de sucção e recalque - bomba de 483 kW e cortador de 55 kW - distância de recalque de 7.500 a 7.700 m","m³",35.590000000000003]
[1917307,"Dragagem de areia fina com draga de sucção e recalque - bomba de 483 kW e cortador de 55 kW - distância de recalque de 7.700 a 7.900 m","m³",37.46]
[1917272,"Dragagem de areia fina com draga de sucção e recalque - bomba de 483 kW e cortador de 55 kW - distância de recalque de 700 a 900 m","m³",4.62]
[1917273,"Dragagem de areia fina com draga de sucção e recalque - bomba de 483 kW e cortador de 55 kW - distância de recalque de 900 a 1.100 m","m³",4.8600000000000003]
[1917729,"Dragagem de areia fina com draga de sucção e recalque - bomba de 483 kW e cortador de 55 kW - distância de recalque de até 500 m","m³",4.33]
[1917367,"Dragagem de areia fina com draga de sucção e recalque - bomba de 746 kW e cortador de 110 kW - distância de recalque de 1.100 a 1.300 m","m³",4.97]
[1917368,"Dragagem de areia fina com draga de sucção e recalque - bomba de 746 kW e cortador de 110 kW - distância de recalque de 1.300 a 1.500 m","m³",5.31]
[1917369,"Dragagem de areia fina com draga de sucção e recalque - bomba de 746 kW e cortador de 110 kW - distância de recalque de 1.500 a 1.700 m","m³",5.82]
[1917370,"Dragagem de areia fina com draga de sucção e recalque - bomba de 746 kW e cortador de 110 kW - distância de recalque de 1.700 a 1.900 m","m³",6.13]
[1917371,"Dragagem de areia fina com draga de sucção e recalque - bomba de 746 kW e cortador de 110 kW - distância de recalque de 1.900 a 2.100 m","m³",6.43]
[1917372,"Dragagem de areia fina com draga de sucção e recalque - bomba de 746 kW e cortador de 110 kW - distância de recalque de 2.100 a 2.300 m","m³",6.73]
[1917373,"Dragagem de areia fina com draga de sucção e recalque - bomba de 746 kW e cortador de 110 kW - distância de recalque de 2.300 a 2.500 m","m³",6.96]
[1917374,"Dragagem de areia fina com draga de sucção e recalque - bomba de 746 kW e cortador de 110 kW - distância de recalque de 2.500 a 2.700 m","m³",7.54]
[1917375,"Dragagem de areia fina com draga de sucção e recalque - bomba de 746 kW e cortador de 110 kW - distância de recalque de 2.700 a 2.900 m","m³",7.81]
[1917376,"Dragagem de areia fina com draga de sucção e recalque - bomba de 746 kW e cortador de 110 kW - distância de recalque de 2.900 a 3.100 m","m³",8.1]
[1917377,"Dragagem de areia fina com draga de sucção e recalque - bomba de 746 kW e cortador de 110 kW - distância de recalque de 3.100 a 3.300 m","m³",8.3800000000000008]
[1917378,"Dragagem de areia fina com draga de sucção e recalque - bomba de 746 kW e cortador de 110 kW - distância de recalque de 3.300 a 3.500 m","m³",8.67]
[1917379,"Dragagem de areia fina com draga de sucção e recalque - bomba de 746 kW e cortador de 110 kW - distância de recalque de 3.500 a 3.700 m","m³",9.27]
[1917380,"Dragagem de areia fina com draga de sucção e recalque - bomba de 746 kW e cortador de 110 kW - distância de recalque de 3.700 a 3.900 m","m³",9.6199999999999992]
[1917381,"Dragagem de areia fina com draga de sucção e recalque - bomba de 746 kW e cortador de 110 kW - distância de recalque de 3.900 a 4.100 m","m³",9.99]
[1917382,"Dragagem de areia fina com draga de sucção e recalque - bomba de 746 kW e cortador de 110 kW - distância de recalque de 4.100 a 4.300 m","m³",10.44]
[1917383,"Dragagem de areia fina com draga de sucção e recalque - bomba de 746 kW e cortador de 110 kW - distância de recalque de 4.300 a 4.500 m","m³",10.83]
[1917384,"Dragagem de areia fina com draga de sucção e recalque - bomba de 746 kW e cortador de 110 kW - distância de recalque de 4.500 a 4.700 m","m³",11.49]
[1917385,"Dragagem de areia fina com draga de sucção e recalque - bomba de 746 kW e cortador de 110 kW - distância de recalque de 4.700 a 4.900 m","m³",11.99]
[1917386,"Dragagem de areia fina com draga de sucção e recalque - bomba de 746 kW e cortador de 110 kW - distância de recalque de 4.900 a 5.100 m","m³",12.5]
[1917387,"Dragagem de areia fina com draga de sucção e recalque - bomba de 746 kW e cortador de 110 kW - distância de recalque de 5.100 a 5.300 m","m³",13.04]
[1917388,"Dragagem de areia fina com draga de sucção e recalque - bomba de 746 kW e cortador de 110 kW - distância de recalque de 5.300 a 5.500 m","m³",13.6]
[1917389,"Dragagem de areia fina com draga de sucção e recalque - bomba de 746 kW e cortador de 110 kW - distância de recalque de 5.500 a 5.700 m","m³",14.45]
[1917390,"Dragagem de areia fina com draga de sucção e recalque - bomba de 746 kW e cortador de 110 kW - distância de recalque de 5.700 a 5.900 m","m³",15.23]
[1917391,"Dragagem de areia fina com draga de sucção e recalque - bomba de 746 kW e cortador de 110 kW - distância de recalque de 5.900 a 6.100 m","m³",16.05]
[1917364,"Dragagem de areia fina com draga de sucção e recalque - bomba de 746 kW e cortador de 110 kW - distância de recalque de 500 a 700 m","m³",3.97]
[1917392,"Dragagem de areia fina com draga de sucção e recalque - bomba de 746 kW e cortador de 110 kW - distância de recalque de 6.100 a 6.300 m","m³",17.09]
[1917393,"Dragagem de areia fina com draga de sucção e recalque - bomba de 746 kW e cortador de 110 kW - distância de recalque de 6.300 a 6.500 m","m³",18.18]
[1917394,"Dragagem de areia fina com draga de sucção e recalque - bomba de 746 kW e cortador de 110 kW - distância de recalque de 6.500 a 6.700 m","m³",19.72]
[1917395,"Dragagem de areia fina com draga de sucção e recalque - bomba de 746 kW e cortador de 110 kW - distância de recalque de 6.700 a 6.900 m","m³",20.79]
[1917396,"Dragagem de areia fina com draga de sucção e recalque - bomba de 746 kW e cortador de 110 kW - distância de recalque de 6.900 a 7.100 m","m³",22.03]
[1917397,"Dragagem de areia fina com draga de sucção e recalque - bomba de 746 kW e cortador de 110 kW - distância de recalque de 7.100 a 7.300 m","m³",23.46]
[1917398,"Dragagem de areia fina com draga de sucção e recalque - bomba de 746 kW e cortador de 110 kW - distância de recalque de 7.300 a 7.500 m","m³",24.71]
[1917399,"Dragagem de areia fina com draga de sucção e recalque - bomba de 746 kW e cortador de 110 kW - distância de recalque de 7.500 a 7.700 m","m³",26.47]
[1917400,"Dragagem de areia fina com draga de sucção e recalque - bomba de 746 kW e cortador de 110 kW - distância de recalque de 7.700 a 7.900 m","m³",28.09]
[1917401,"Dragagem de areia fina com draga de sucção e recalque - bomba de 746 kW e cortador de 110 kW - distância de recalque de 7.900 a 8.100 m","m³",29.55]
[1917365,"Dragagem de areia fina com draga de sucção e recalque - bomba de 746 kW e cortador de 110 kW - distância de recalque de 700 a 900 m","m³",4.3600000000000003]
[1917402,"Dragagem de areia fina com draga de sucção e recalque - bomba de 746 kW e cortador de 110 kW - distância de recalque de 8.100 a 8.300 m","m³",31.28]
[1917403,"Dragagem de areia fina com draga de sucção e recalque - bomba de 746 kW e cortador de 110 kW - distância de recalque de 8.300 a 8.500 m","m³",33.21]
[1917404,"Dragagem de areia fina com draga de sucção e recalque - bomba de 746 kW e cortador de 110 kW - distância de recalque de 8.500 a 8.700 m","m³",35.18]
[1917405,"Dragagem de areia fina com draga de sucção e recalque - bomba de 746 kW e cortador de 110 kW - distância de recalque de 8.700 a 8.900 m","m³",37.07]
[1917406,"Dragagem de areia fina com draga de sucção e recalque - bomba de 746 kW e cortador de 110 kW - distância de recalque de 8.900 a 9.100 m","m³",39.18]
[1917407,"Dragagem de areia fina com draga de sucção e recalque - bomba de 746 kW e cortador de 110 kW - distância de recalque de 9.100 a 9.300 m","m³",41.6]
[1917408,"Dragagem de areia fina com draga de sucção e recalque - bomba de 746 kW e cortador de 110 kW - distância de recalque de 9.300 a 9.500 m","m³",44.27]
[1917409,"Dragagem de areia fina com draga de sucção e recalque - bomba de 746 kW e cortador de 110 kW - distância de recalque de 9.500 a 9.700 m","m³",46.4]
[1917410,"Dragagem de areia fina com draga de sucção e recalque - bomba de 746 kW e cortador de 110 kW - distância de recalque de 9.700 a 9.900 m","m³",48.36]
[1917411,"Dragagem de areia fina com draga de sucção e recalque - bomba de 746 kW e cortador de 110 kW - distância de recalque de 9.900 a 10.100 m","m³",50.56]
[1917366,"Dragagem de areia fina com draga de sucção e recalque - bomba de 746 kW e cortador de 110 kW - distância de recalque de 900 a 1.100 m","m³",4.63]
[1917732,"Dragagem de areia fina com draga de sucção e recalque - bomba de 746 kW e cortador de 110 kW - distância de recalque de até 500 m","m³",3.72]
[1917043,"Dragagem de areia fina com draga hopper - capacidade da cisterna de 1.000 m³ - DMT de 1.500 a 1.800 m","m³",18.010000000000002]
[1917044,"Dragagem de areia fina com draga hopper - capacidade da cisterna de 1.000 m³ - DMT de 1.800 a 2.100 m","m³",18.32]
[1917045,"Dragagem de areia fina com draga hopper - capacidade da cisterna de 1.000 m³ - DMT de 2.100 a 2.400 m","m³",18.64]
[1917046,"Dragagem de areia fina com draga hopper - capacidade da cisterna de 1.000 m³ - DMT de 2.400 a 2.700 m","m³",18.98]
[1917047,"Dragagem de areia fina com draga hopper - capacidade da cisterna de 1.000 m³ - DMT de 2.700 a 3.000 m","m³",19.34]
[1917048,"Dragagem de areia fina com draga hopper - capacidade da cisterna de 1.000 m³ - DMT de 3.000 m","m³",19.52]
[1901518,"Dragagem de areia fina com draga hopper - capacidade da cisterna de 10.000 m³ - DMT de 1.500 a 1.800 m","m³",11.15]
[1901519,"Dragagem de areia fina com draga hopper - capacidade da cisterna de 10.000 m³ - DMT de 1.800 a 2.100 m","m³",11.23]
[1901520,"Dragagem de areia fina com draga hopper - capacidade da cisterna de 10.000 m³ - DMT de 2.100 a 2.400 m","m³",11.32]
[1901521,"Dragagem de areia fina com draga hopper - capacidade da cisterna de 10.000 m³ - DMT de 2.400 a 2.700 m","m³",11.41]
[1901522,"Dragagem de areia fina com draga hopper - capacidade da cisterna de 10.000 m³ - DMT de 2.700 a 3.000 m","m³",11.51]
[1901517,"Dragagem de areia fina com draga hopper - capacidade da cisterna de 10.000 m³ - DMT de 3.000 m","m³",11.56]
[1901523,"Dragagem de areia fina com draga hopper - capacidade da cisterna de 15.000 m³ - DMT de 1.500 a 1.800 m","m³",14.74]
[1901524,"Dragagem de areia fina com draga hopper - capacidade da cisterna de 15.000 m³ - DMT de 1.800 a 2.100 m","m³",14.82]
[1901525,"Dragagem de areia fina com draga hopper - capacidade da cisterna de 15.000 m³ - DMT de 2.100 a 2.400 m","m³",14.9]
[1901526,"Dragagem de areia fina com draga hopper - capacidade da cisterna de 15.000 m³ - DMT de 2.400 a 2.700 m","m³",14.99]
[1901527,"Dragagem de areia fina com draga hopper - capacidade da cisterna de 15.000 m³ - DMT de 2.700 a 3.000 m","m³",15.08]
[1901528,"Dragagem de areia fina com draga hopper - capacidade da cisterna de 15.000 m³ - DMT de 3.000 m","m³",15.13]
[1917079,"Dragagem de areia fina com draga hopper - capacidade da cisterna de 2.000 m³ - DMT de 1.500 a 1.800 m","m³",12.32]
[1917080,"Dragagem de areia fina com draga hopper - capacidade da cisterna de 2.000 m³ - DMT de 1.800 a 2.100 m","m³",12.5]
[1917081,"Dragagem de areia fina com draga hopper - capacidade da cisterna de 2.000 m³ - DMT de 2.100 a 2.400 m","m³",12.7]
[1917082,"Dragagem de areia fina com draga hopper - capacidade da cisterna de 2.000 m³ - DMT de 2.400 a 2.700 m","m³",12.9]
[1917083,"Dragagem de areia fina com draga hopper - capacidade da cisterna de 2.000 m³ - DMT de 2.700 a 3.000 m","m³",13.12]
[1917084,"Dragagem de areia fina com draga hopper - capacidade da cisterna de 2.000 m³ - DMT de 3.000 m","m³",13.23]
[1901529,"Dragagem de areia fina com draga hopper - capacidade da cisterna de 20.000 m³ - DMT de 1.500 a 1.800 m","m³",18.41]
[1901530,"Dragagem de areia fina com draga hopper - capacidade da cisterna de 20.000 m³ - DMT de 1.800 a 2.100 m","m³",18.489999999999998]
[1901531,"Dragagem de areia fina com draga hopper - capacidade da cisterna de 20.000 m³ - DMT de 2.100 a 2.400 m","m³",18.57]
[1901532,"Dragagem de areia fina com draga hopper - capacidade da cisterna de 20.000 m³ - DMT de 2.400 a 2.700 m","m³",18.649999999999999]
[1901533,"Dragagem de areia fina com draga hopper - capacidade da cisterna de 20.000 m³ - DMT de 2.700 a 3.000 m","m³",18.739999999999998]
[1901534,"Dragagem de areia fina com draga hopper - capacidade da cisterna de 20.000 m³ - DMT de 3.000 m","m³",18.79]
[1917115,"Dragagem de areia fina com draga hopper - capacidade da cisterna de 3.000 m³ - DMT de 1.500 a 1.800 m","m³",11.55]
[1917116,"Dragagem de areia fina com draga hopper - capacidade da cisterna de 3.000 m³ - DMT de 1.800 a 2.100 m","m³",11.7]
[1917117,"Dragagem de areia fina com draga hopper - capacidade da cisterna de 3.000 m³ - DMT de 2.100 a 2.400 m","m³",11.86]
[1917118,"Dragagem de areia fina com draga hopper - capacidade da cisterna de 3.000 m³ - DMT de 2.400 a 2.700 m","m³",12.02]
[1917119,"Dragagem de areia fina com draga hopper - capacidade da cisterna de 3.000 m³ - DMT de 2.700 a 3.000 m","m³",12.19]
[1917120,"Dragagem de areia fina com draga hopper - capacidade da cisterna de 3.000 m³ - DMT de 3.000 m","m³",12.28]
[1917151,"Dragagem de areia fina com draga hopper - capacidade da cisterna de 4.000 m³ - DMT de 1.500 a 1.800 m","m³",10.89]
[1917152,"Dragagem de areia fina com draga hopper - capacidade da cisterna de 4.000 m³ - DMT de 1.800 a 2.100 m","m³",11.02]
[1917153,"Dragagem de areia fina com draga hopper - capacidade da cisterna de 4.000 m³ - DMT de 2.100 a 2.400 m","m³",11.15]
[1917154,"Dragagem de areia fina com draga hopper - capacidade da cisterna de 4.000 m³ - DMT de 2.400 a 2.700 m","m³",11.29]
[1917155,"Dragagem de areia fina com draga hopper - capacidade da cisterna de 4.000 m³ - DMT de 2.700 a 3.000 m","m³",11.44]
[1917156,"Dragagem de areia fina com draga hopper - capacidade da cisterna de 4.000 m³ - DMT de 3.000 m","m³",11.52]
[1917187,"Dragagem de areia fina com draga hopper - capacidade da cisterna de 5.000 m³ - DMT de 1.500 a 1.800 m","m³",12.03]
[1917188,"Dragagem de areia fina com draga hopper - capacidade da cisterna de 5.000 m³ - DMT de 1.800 a 2.100 m","m³",12.15]
[1917189,"Dragagem de areia fina com draga hopper - capacidade da cisterna de 5.000 m³ - DMT de 2.100 a 2.400 m","m³",12.27]
[1917190,"Dragagem de areia fina com draga hopper - capacidade da cisterna de 5.000 m³ - DMT de 2.400 a 2.700 m","m³",12.39]
[1917191,"Dragagem de areia fina com draga hopper - capacidade da cisterna de 5.000 m³ - DMT de 2.700 a 3.000 m","m³",12.52]
[1917192,"Dragagem de areia fina com draga hopper - capacidade da cisterna de 5.000 m³ - DMT de 3.000 m","m³",12.59]
[1917007,"Dragagem de areia fina com draga hopper - capacidade da cisterna de 750 m³ - DMT de 1.500 a 1.800 m","m³",24.8]
[1917008,"Dragagem de areia fina com draga hopper - capacidade da cisterna de 750 m³ - DMT de 1.800 a 2.100 m","m³",25.25]
[1917009,"Dragagem de areia fina com draga hopper - capacidade da cisterna de 750 m³ - DMT de 2.100 a 2.400 m","m³",25.72]
[1917010,"Dragagem de areia fina com draga hopper - capacidade da cisterna de 750 m³ - DMT de 2.400 a 2.700 m","m³",26.21]
[1917011,"Dragagem de areia fina com draga hopper - capacidade da cisterna de 750 m³ - DMT de 2.700 a 3.000 m","m³",26.72]
[1917012,"Dragagem de areia fina com draga hopper - capacidade da cisterna de 750 m³ - DMT de 3.000 m","m³",27]
[1917578,"Dragagem de areia grossa com draga de sucção e recalque - bomba de 1.350 kW e cortador de 170 kW - distância de recalque de 1.100 a 1.300 m","m³",6.95]
[1917579,"Dragagem de areia grossa com draga de sucção e recalque - bomba de 1.350 kW e cortador de 170 kW - distância de recalque de 1.300 a 1.500 m","m³",7.44]
[1917580,"Dragagem de areia grossa com draga de sucção e recalque - bomba de 1.350 kW e cortador de 170 kW - distância de recalque de 1.500 a 1.700 m","m³",7.83]
[1917581,"Dragagem de areia grossa com draga de sucção e recalque - bomba de 1.350 kW e cortador de 170 kW - distância de recalque de 1.700 a 1.900 m","m³",8.3000000000000007]
[1917582,"Dragagem de areia grossa com draga de sucção e recalque - bomba de 1.350 kW e cortador de 170 kW - distância de recalque de 1.900 a 2.100 m","m³",8.98]
[1917583,"Dragagem de areia grossa com draga de sucção e recalque - bomba de 1.350 kW e cortador de 170 kW - distância de recalque de 2.100 a 2.300 m","m³",9.5]
[1917584,"Dragagem de areia grossa com draga de sucção e recalque - bomba de 1.350 kW e cortador de 170 kW - distância de recalque de 2.300 a 2.500 m","m³",9.9499999999999993]
[1917585,"Dragagem de areia grossa com draga de sucção e recalque - bomba de 1.350 kW e cortador de 170 kW - distância de recalque de 2.500 a 2.700 m","m³",10.62]
[1917586,"Dragagem de areia grossa com draga de sucção e recalque - bomba de 1.350 kW e cortador de 170 kW - distância de recalque de 2.700 a 2.900 m","m³",11.63]
[1917587,"Dragagem de areia grossa com draga de sucção e recalque - bomba de 1.350 kW e cortador de 170 kW - distância de recalque de 2.900 a 3.100 m","m³",12.39]
[1917588,"Dragagem de areia grossa com draga de sucção e recalque - bomba de 1.350 kW e cortador de 170 kW - distância de recalque de 3.100 a 3.300 m","m³",13.24]
[1917589,"Dragagem de areia grossa com draga de sucção e recalque - bomba de 1.350 kW e cortador de 170 kW - distância de recalque de 3.300 a 3.500 m","m³",14.94]
[1917590,"Dragagem de areia grossa com draga de sucção e recalque - bomba de 1.350 kW e cortador de 170 kW - distância de recalque de 3.500 a 3.700 m","m³",17.34]
[1917591,"Dragagem de areia grossa com draga de sucção e recalque - bomba de 1.350 kW e cortador de 170 kW - distância de recalque de 3.700 a 3.900 m","m³",19.46]
[1917592,"Dragagem de areia grossa com draga de sucção e recalque - bomba de 1.350 kW e cortador de 170 kW - distância de recalque de 3.900 a 4.100 m","m³",22.17]
[1917593,"Dragagem de areia grossa com draga de sucção e recalque - bomba de 1.350 kW e cortador de 170 kW - distância de recalque de 4.100 a 4.300 m","m³",24.98]
[1917594,"Dragagem de areia grossa com draga de sucção e recalque - bomba de 1.350 kW e cortador de 170 kW - distância de recalque de 4.300 a 4.500 m","m³",28.41]
[1917595,"Dragagem de areia grossa com draga de sucção e recalque - bomba de 1.350 kW e cortador de 170 kW - distância de recalque de 4.500 a 4.700 m","m³",32.07]
[1917596,"Dragagem de areia grossa com draga de sucção e recalque - bomba de 1.350 kW e cortador de 170 kW - distância de recalque de 4.700 a 4.900 m","m³",35.4]
[1917597,"Dragagem de areia grossa com draga de sucção e recalque - bomba de 1.350 kW e cortador de 170 kW - distância de recalque de 4.900 a 5.100 m","m³",40]
[1917598,"Dragagem de areia grossa com draga de sucção e recalque - bomba de 1.350 kW e cortador de 170 kW - distância de recalque de 5.100 a 5.300 m","m³",44.25]
[1917599,"Dragagem de areia grossa com draga de sucção e recalque - bomba de 1.350 kW e cortador de 170 kW - distância de recalque de 5.300 a 5.500 m","m³",49.09]
[1917600,"Dragagem de areia grossa com draga de sucção e recalque - bomba de 1.350 kW e cortador de 170 kW - distância de recalque de 5.500 a 5.700 m","m³",55.3]
[1917601,"Dragagem de areia grossa com draga de sucção e recalque - bomba de 1.350 kW e cortador de 170 kW - distância de recalque de 5.700 a 5.900 m","m³",58.12]
[1917575,"Dragagem de areia grossa com draga de sucção e recalque - bomba de 1.350 kW e cortador de 170 kW - distância de recalque de 500 a 700 m","m³",5.42]
[1917576,"Dragagem de areia grossa com draga de sucção e recalque - bomba de 1.350 kW e cortador de 170 kW - distância de recalque de 700 a 900 m","m³",5.79]
[1917577,"Dragagem de areia grossa com draga de sucção e recalque - bomba de 1.350 kW e cortador de 170 kW - distância de recalque de 900 a 1.100 m","m³",6.26]
[1917739,"Dragagem de areia grossa com draga de sucção e recalque - bomba de 1.350 kW e cortador de 170 kW - distância de recalque de até 500 m","m³",5.33]
[1917253,"Dragagem de areia grossa com draga de sucção e recalque - bomba de 294 kW e cortador de 30 kW - distância de recalque de 1.100 a 1.300 m","m³",8.3800000000000008]
[1917254,"Dragagem de areia grossa com draga de sucção e recalque - bomba de 294 kW e cortador de 30 kW - distância de recalque de 1.300 a 1.500 m","m³",8.99]
[1917255,"Dragagem de areia grossa com draga de sucção e recalque - bomba de 294 kW e cortador de 30 kW - distância de recalque de 1.500 a 1.700 m","m³",9.75]
[1917256,"Dragagem de areia grossa com draga de sucção e recalque - bomba de 294 kW e cortador de 30 kW - distância de recalque de 1.700 a 1.900 m","m³",10.55]
[1917257,"Dragagem de areia grossa com draga de sucção e recalque - bomba de 294 kW e cortador de 30 kW - distância de recalque de 1.900 a 2.100 m","m³",11.65]
[1917258,"Dragagem de areia grossa com draga de sucção e recalque - bomba de 294 kW e cortador de 30 kW - distância de recalque de 2.100 a 2.300 m","m³",12.76]
[1917259,"Dragagem de areia grossa com draga de sucção e recalque - bomba de 294 kW e cortador de 30 kW - distância de recalque de 2.300 a 2.500 m","m³",15.93]
[1917250,"Dragagem de areia grossa com draga de sucção e recalque - bomba de 294 kW e cortador de 30 kW - distância de recalque de 500 a 700 m","m³",6.27]
[1917251,"Dragagem de areia grossa com draga de sucção e recalque - bomba de 294 kW e cortador de 30 kW - distância de recalque de 700 a 900 m","m³",6.64]
[1917252,"Dragagem de areia grossa com draga de sucção e recalque - bomba de 294 kW e cortador de 30 kW - distância de recalque de 900 a 1.100 m","m³",7.44]
[1917726,"Dragagem de areia grossa com draga de sucção e recalque - bomba de 294 kW e cortador de 30 kW - distância de recalque de até 500 m","m³",6.12]
[1917335,"Dragagem de areia grossa com draga de sucção e recalque - bomba de 483 kW e cortador de 55 kW - distância de recalque de 1.100 a 1.300 m","m³",6.19]
[1917336,"Dragagem de areia grossa com draga de sucção e recalque - bomba de 483 kW e cortador de 55 kW - distância de recalque de 1.300 a 1.500 m","m³",7.05]
[1917337,"Dragagem de areia grossa com draga de sucção e recalque - bomba de 483 kW e cortador de 55 kW - distância de recalque de 1.500 a 1.700 m","m³",7.69]
[1917338,"Dragagem de areia grossa com draga de sucção e recalque - bomba de 483 kW e cortador de 55 kW - distância de recalque de 1.700 a 1.900 m","m³",8.5]
[1917339,"Dragagem de areia grossa com draga de sucção e recalque - bomba de 483 kW e cortador de 55 kW - distância de recalque de 1.900 a 2.100 m","m³",9.5]
[1917340,"Dragagem de areia grossa com draga de sucção e recalque - bomba de 483 kW e cortador de 55 kW - distância de recalque de 2.100 a 2.300 m","m³",11.07]
[1917341,"Dragagem de areia grossa com draga de sucção e recalque - bomba de 483 kW e cortador de 55 kW - distância de recalque de 2.300 a 2.500 m","m³",14.1]
[1917342,"Dragagem de areia grossa com draga de sucção e recalque - bomba de 483 kW e cortador de 55 kW - distância de recalque de 2.500 a 2.700 m","m³",17.55]
[1917343,"Dragagem de areia grossa com draga de sucção e recalque - bomba de 483 kW e cortador de 55 kW - distância de recalque de 2.700 a 2.900 m","m³",21.95]
[1917344,"Dragagem de areia grossa com draga de sucção e recalque - bomba de 483 kW e cortador de 55 kW - distância de recalque de 2.900 a 3.100 m","m³",26.61]
[1917345,"Dragagem de areia grossa com draga de sucção e recalque - bomba de 483 kW e cortador de 55 kW - distância de recalque de 3.100 a 3.300 m","m³",33.159999999999997]
[1917346,"Dragagem de areia grossa com draga de sucção e recalque - bomba de 483 kW e cortador de 55 kW - distância de recalque de 3.300 a 3.500 m","m³",39.619999999999997]
[1917347,"Dragagem de areia grossa com draga de sucção e recalque - bomba de 483 kW e cortador de 55 kW - distância de recalque de 3.500 a 3.700 m","m³",51.88]
[1917332,"Dragagem de areia grossa com draga de sucção e recalque - bomba de 483 kW e cortador de 55 kW - distância de recalque de 500 a 700 m","m³",5.0599999999999996]
[1917333,"Dragagem de areia grossa com draga de sucção e recalque - bomba de 483 kW e cortador de 55 kW - distância de recalque de 700 a 900 m","m³",5.39]
[1917334,"Dragagem de areia grossa com draga de sucção e recalque - bomba de 483 kW e cortador de 55 kW - distância de recalque de 900 a 1.100 m","m³",5.73]
[1917331,"Dragagem de areia grossa com draga de sucção e recalque - bomba de 483 kW e cortador de 55 kW - distância de recalque de até 500 m","m³",4.6399999999999997]
[1917443,"Dragagem de areia grossa com draga de sucção e recalque - bomba de 746 kW e cortador de 110 kW - distância de recalque de 1.100 a 1.300 m","m³",6.9]
[1917444,"Dragagem de areia grossa com draga de sucção e recalque - bomba de 746 kW e cortador de 110 kW - distância de recalque de 1.300 a 1.500 m","m³",7.45]
[1917445,"Dragagem de areia grossa com draga de sucção e recalque - bomba de 746 kW e cortador de 110 kW - distância de recalque de 1.500 a 1.700 m","m³",8.07]
[1917446,"Dragagem de areia grossa com draga de sucção e recalque - bomba de 746 kW e cortador de 110 kW - distância de recalque de 1.700 a 1.900 m","m³",8.6999999999999993]
[1917447,"Dragagem de areia grossa com draga de sucção e recalque - bomba de 746 kW e cortador de 110 kW - distância de recalque de 1.900 a 2.100 m","m³",9.67]
[1917448,"Dragagem de areia grossa com draga de sucção e recalque - bomba de 746 kW e cortador de 110 kW - distância de recalque de 2.100 a 2.300 m","m³",10.49]
[1917449,"Dragagem de areia grossa com draga de sucção e recalque - bomba de 746 kW e cortador de 110 kW - distância de recalque de 2.300 a 2.500 m","m³",11.57]
[1917450,"Dragagem de areia grossa com draga de sucção e recalque - bomba de 746 kW e cortador de 110 kW - distância de recalque de 2.500 a 2.700 m","m³",12.88]
[1917451,"Dragagem de areia grossa com draga de sucção e recalque - bomba de 746 kW e cortador de 110 kW - distância de recalque de 2.700 a 2.900 m","m³",15.77]
[1917452,"Dragagem de areia grossa com draga de sucção e recalque - bomba de 746 kW e cortador de 110 kW - distância de recalque de 2.900 a 3.100 m","m³",18.62]
[1917453,"Dragagem de areia grossa com draga de sucção e recalque - bomba de 746 kW e cortador de 110 kW - distância de recalque de 3.100 a 3.300 m","m³",22.06]
[1917454,"Dragagem de areia grossa com draga de sucção e recalque - bomba de 746 kW e cortador de 110 kW - distância de recalque de 3.300 a 3.500 m","m³",25.83]
[1917455,"Dragagem de areia grossa com draga de sucção e recalque - bomba de 746 kW e cortador de 110 kW - distância de recalque de 3.500 a 3.700 m","m³",30.68]
[1917456,"Dragagem de areia grossa com draga de sucção e recalque - bomba de 746 kW e cortador de 110 kW - distância de recalque de 3.700 a 3.900 m","m³",35.92]
[1917457,"Dragagem de areia grossa com draga de sucção e recalque - bomba de 746 kW e cortador de 110 kW - distância de recalque de 3.900 a 4.100 m","m³",40.61]
[1917458,"Dragagem de areia grossa com draga de sucção e recalque - bomba de 746 kW e cortador de 110 kW - distância de recalque de 4.100 a 4.300 m","m³",46.85]
[1917459,"Dragagem de areia grossa com draga de sucção e recalque - bomba de 746 kW e cortador de 110 kW - distância de recalque de 4.300 a 4.500 m","m³",49.36]
[1917440,"Dragagem de areia grossa com draga de sucção e recalque - bomba de 746 kW e cortador de 110 kW - distância de recalque de 500 a 700 m","m³",4.82]
[1917441,"Dragagem de areia grossa com draga de sucção e recalque - bomba de 746 kW e cortador de 110 kW - distância de recalque de 700 a 900 m","m³",5.44]
[1917442,"Dragagem de areia grossa com draga de sucção e recalque - bomba de 746 kW e cortador de 110 kW - distância de recalque de 900 a 1.100 m","m³",6.05]
[1917734,"Dragagem de areia grossa com draga de sucção e recalque - bomba de 746 kW e cortador de 110 kW - distância de recalque de até 500 m","m³",4.47]
[1917055,"Dragagem de areia grossa com draga hopper - capacidade da cisterna de 1.000 m³ - DMT de 1.500 a 1.800 m","m³",16.41]
[1917056,"Dragagem de areia grossa com draga hopper - capacidade da cisterna de 1.000 m³ - DMT de 1.800 a 2.100 m","m³",16.71]
[1917057,"Dragagem de areia grossa com draga hopper - capacidade da cisterna de 1.000 m³ - DMT de 2.100 a 2.400 m","m³",17.03]
[1917058,"Dragagem de areia grossa com draga hopper - capacidade da cisterna de 1.000 m³ - DMT de 2.400 a 2.700 m","m³",17.350000000000001]
[1917059,"Dragagem de areia grossa com draga hopper - capacidade da cisterna de 1.000 m³ - DMT de 2.700 a 3.000 m","m³",17.7]
[1917060,"Dragagem de areia grossa com draga hopper - capacidade da cisterna de 1.000 m³ - DMT de 3.000 m","m³",17.89]
[1901536,"Dragagem de areia grossa com draga hopper - capacidade da cisterna de 10.000 m³ - DMT de 1.500 a 1.800 m","m³",10.02]
[1901537,"Dragagem de areia grossa com draga hopper - capacidade da cisterna de 10.000 m³ - DMT de 1.800 a 2.100 m","m³",10.1]
[1901538,"Dragagem de areia grossa com draga hopper - capacidade da cisterna de 10.000 m³ - DMT de 2.100 a 2.400 m","m³",10.18]
[1901539,"Dragagem de areia grossa com draga hopper - capacidade da cisterna de 10.000 m³ - DMT de 2.400 a 2.700 m","m³",10.27]
[1901540,"Dragagem de areia grossa com draga hopper - capacidade da cisterna de 10.000 m³ - DMT de 2.700 a 3.000 m","m³",10.37]
[1901535,"Dragagem de areia grossa com draga hopper - capacidade da cisterna de 10.000 m³ - DMT de 3.000 m","m³",10.42]
[1901542,"Dragagem de areia grossa com draga hopper - capacidade da cisterna de 15.000 m³ - DMT de 1.500 a 1.800 m","m³",13.16]
[1901543,"Dragagem de areia grossa com draga hopper - capacidade da cisterna de 15.000 m³ - DMT de 1.800 a 2.100 m","m³",13.24]
[1901544,"Dragagem de areia grossa com draga hopper - capacidade da cisterna de 15.000 m³ - DMT de 2.100 a 2.400 m","m³",13.32]
[1901545,"Dragagem de areia grossa com draga hopper - capacidade da cisterna de 15.000 m³ - DMT de 2.400 a 2.700 m","m³",13.41]
[1901546,"Dragagem de areia grossa com draga hopper - capacidade da cisterna de 15.000 m³ - DMT de 2.700 a 3.000 m","m³",13.49]
[1901541,"Dragagem de areia grossa com draga hopper - capacidade da cisterna de 15.000 m³ - DMT de 3.000 m","m³",13.54]
[1917091,"Dragagem de areia grossa com draga hopper - capacidade da cisterna de 2.000 m³ - DMT de 1.500 a 1.800 m","m³",11.2]
[1917092,"Dragagem de areia grossa com draga hopper - capacidade da cisterna de 2.000 m³ - DMT de 1.800 a 2.100 m","m³",11.39]
[1917093,"Dragagem de areia grossa com draga hopper - capacidade da cisterna de 2.000 m³ - DMT de 2.100 a 2.400 m","m³",11.58]
[1917094,"Dragagem de areia grossa com draga hopper - capacidade da cisterna de 2.000 m³ - DMT de 2.400 a 2.700 m","m³",11.77]
[1917095,"Dragagem de areia grossa com draga hopper - capacidade da cisterna de 2.000 m³ - DMT de 2.700 a 3.000 m","m³",11.98]
[1917096,"Dragagem de areia grossa com draga hopper - capacidade da cisterna de 2.000 m³ - DMT de 3.000 m","m³",12.1]
[1901548,"Dragagem de areia grossa com draga hopper - capacidade da cisterna de 20.000 m³ - DMT de 1.500 a 1.800 m","m³",16.39]
[1901549,"Dragagem de areia grossa com draga hopper - capacidade da cisterna de 20.000 m³ - DMT de 1.800 a 2.100 m","m³",16.47]
[1901550,"Dragagem de areia grossa com draga hopper - capacidade da cisterna de 20.000 m³ - DMT de 2.100 a 2.400 m","m³",16.55]
[1901551,"Dragagem de areia grossa com draga hopper - capacidade da cisterna de 20.000 m³ - DMT de 2.400 a 2.700 m","m³",16.63]
[1901552,"Dragagem de areia grossa com draga hopper - capacidade da cisterna de 20.000 m³ - DMT de 2.700 a 3.000 m","m³",16.71]
[1901547,"Dragagem de areia grossa com draga hopper - capacidade da cisterna de 20.000 m³ - DMT de 3.000 m","m³",16.760000000000002]
[1917127,"Dragagem de areia grossa com draga hopper - capacidade da cisterna de 3.000 m³ - DMT de 1.500 a 1.800 m","m³",10.47]
[1917128,"Dragagem de areia grossa com draga hopper - capacidade da cisterna de 3.000 m³ - DMT de 1.800 a 2.100 m","m³",10.62]
[1917129,"Dragagem de areia grossa com draga hopper - capacidade da cisterna de 3.000 m³ - DMT de 2.100 a 2.400 m","m³",10.77]
[1917130,"Dragagem de areia grossa com draga hopper - capacidade da cisterna de 3.000 m³ - DMT de 2.400 a 2.700 m","m³",10.93]
[1917131,"Dragagem de areia grossa com draga hopper - capacidade da cisterna de 3.000 m³ - DMT de 2.700 a 3.000 m","m³",11.09]
[1917132,"Dragagem de areia grossa com draga hopper - capacidade da cisterna de 3.000 m³ - DMT de 3.000 m","m³",11.18]
[1917163,"Dragagem de areia grossa com draga hopper - capacidade da cisterna de 4.000 m³ - DMT de 1.500 a 1.800 m","m³",9.85]
[1917164,"Dragagem de areia grossa com draga hopper - capacidade da cisterna de 4.000 m³ - DMT de 1.800 a 2.100 m","m³",9.98]
[1917165,"Dragagem de areia grossa com draga hopper - capacidade da cisterna de 4.000 m³ - DMT de 2.100 a 2.400 m","m³",10.11]
[1917166,"Dragagem de areia grossa com draga hopper - capacidade da cisterna de 4.000 m³ - DMT de 2.400 a 2.700 m","m³",10.25]
[1917167,"Dragagem de areia grossa com draga hopper - capacidade da cisterna de 4.000 m³ - DMT de 2.700 a 3.000 m","m³",10.4]
[1917168,"Dragagem de areia grossa com draga hopper - capacidade da cisterna de 4.000 m³ - DMT de 3.000 m","m³",10.48]
[1917199,"Dragagem de areia grossa com draga hopper - capacidade da cisterna de 5.000 m³ - DMT de 1.500 a 1.800 m","m³",10.84]
[1917200,"Dragagem de areia grossa com draga hopper - capacidade da cisterna de 5.000 m³ - DMT de 1.800 a 2.100 m","m³",10.95]
[1917201,"Dragagem de areia grossa com draga hopper - capacidade da cisterna de 5.000 m³ - DMT de 2.100 a 2.400 m","m³",11.07]
[1917202,"Dragagem de areia grossa com draga hopper - capacidade da cisterna de 5.000 m³ - DMT de 2.400 a 2.700 m","m³",11.19]
[1917203,"Dragagem de areia grossa com draga hopper - capacidade da cisterna de 5.000 m³ - DMT de 2.700 a 3.000 m","m³",11.32]
[1917204,"Dragagem de areia grossa com draga hopper - capacidade da cisterna de 5.000 m³ - DMT de 3.000 m","m³",11.39]
[1917019,"Dragagem de areia grossa com draga hopper - capacidade da cisterna de 750 m³ - DMT de 1.500 a 1.800 m","m³",22.55]
[1917020,"Dragagem de areia grossa com draga hopper - capacidade da cisterna de 750 m³ - DMT de 1.800 a 2.100 m","m³",23]
[1917021,"Dragagem de areia grossa com draga hopper - capacidade da cisterna de 750 m³ - DMT de 2.100 a 2.400 m","m³",23.45]
[1917022,"Dragagem de areia grossa com draga hopper - capacidade da cisterna de 750 m³ - DMT de 2.400 a 2.700 m","m³",23.92]
[1917023,"Dragagem de areia grossa com draga hopper - capacidade da cisterna de 750 m³ - DMT de 2.700 a 3.000 m","m³",24.43]
[1917024,"Dragagem de areia grossa com draga hopper - capacidade da cisterna de 750 m³ - DMT de 3.000 m","m³",24.69]
[1917541,"Dragagem de areia média com draga de sucção e recalque - bomba de 1.350 kW e cortador de 170 kW - distância de recalque de 1.100 a 1.300 m","m³",5.92]
[1917542,"Dragagem de areia média com draga de sucção e recalque - bomba de 1.350 kW e cortador de 170 kW - distância de recalque de 1.300 a 1.500 m","m³",6.61]
[1917543,"Dragagem de areia média com draga de sucção e recalque - bomba de 1.350 kW e cortador de 170 kW - distância de recalque de 1.500 a 1.700 m","m³",6.93]
[1917544,"Dragagem de areia média com draga de sucção e recalque - bomba de 1.350 kW e cortador de 170 kW - distância de recalque de 1.700 a 1.900 m","m³",7.25]
[1917545,"Dragagem de areia média com draga de sucção e recalque - bomba de 1.350 kW e cortador de 170 kW - distância de recalque de 1.900 a 2.100 m","m³",7.68]
[1917546,"Dragagem de areia média com draga de sucção e recalque - bomba de 1.350 kW e cortador de 170 kW - distância de recalque de 2.100 a 2.300 m","m³",8.02]
[1917547,"Dragagem de areia média com draga de sucção e recalque - bomba de 1.350 kW e cortador de 170 kW - distância de recalque de 2.300 a 2.500 m","m³",8.76]
[1917548,"Dragagem de areia média com draga de sucção e recalque - bomba de 1.350 kW e cortador de 170 kW - distância de recalque de 2.500 a 2.700 m","m³",9.2100000000000009]
[1917549,"Dragagem de areia média com draga de sucção e recalque - bomba de 1.350 kW e cortador de 170 kW - distância de recalque de 2.700 a 2.900 m","m³",9.67]
[1917550,"Dragagem de areia média com draga de sucção e recalque - bomba de 1.350 kW e cortador de 170 kW - distância de recalque de 2.900 a 3.100 m","m³",10.17]
[1917551,"Dragagem de areia média com draga de sucção e recalque - bomba de 1.350 kW e cortador de 170 kW - distância de recalque de 3.100 a 3.300 m","m³",10.99]
[1917552,"Dragagem de areia média com draga de sucção e recalque - bomba de 1.350 kW e cortador de 170 kW - distância de recalque de 3.300 a 3.500 m","m³",11.54]
[1917553,"Dragagem de areia média com draga de sucção e recalque - bomba de 1.350 kW e cortador de 170 kW - distância de recalque de 3.500 a 3.700 m","m³",11.35]
[1917554,"Dragagem de areia média com draga de sucção e recalque - bomba de 1.350 kW e cortador de 170 kW - distância de recalque de 3.700 a 3.900 m","m³",12.57]
[1917555,"Dragagem de areia média com draga de sucção e recalque - bomba de 1.350 kW e cortador de 170 kW - distância de recalque de 3.900 a 4.100 m","m³",13.16]
[1917556,"Dragagem de areia média com draga de sucção e recalque - bomba de 1.350 kW e cortador de 170 kW - distância de recalque de 4.100 a 4.300 m","m³",14.14]
[1917557,"Dragagem de areia média com draga de sucção e recalque - bomba de 1.350 kW e cortador de 170 kW - distância de recalque de 4.300 a 4.500 m","m³",14.79]
[1917558,"Dragagem de areia média com draga de sucção e recalque - bomba de 1.350 kW e cortador de 170 kW - distância de recalque de 4.500 a 4.700 m","m³",15.73]
[1917559,"Dragagem de areia média com draga de sucção e recalque - bomba de 1.350 kW e cortador de 170 kW - distância de recalque de 4.700 a 4.900 m","m³",17.309999999999999]
[1917560,"Dragagem de areia média com draga de sucção e recalque - bomba de 1.350 kW e cortador de 170 kW - distância de recalque de 4.900 a 5.100 m","m³",19.329999999999998]
[1917561,"Dragagem de areia média com draga de sucção e recalque - bomba de 1.350 kW e cortador de 170 kW - distância de recalque de 5.100 a 5.300 m","m³",21.31]
[1917562,"Dragagem de areia média com draga de sucção e recalque - bomba de 1.350 kW e cortador de 170 kW - distância de recalque de 5.300 a 5.500 m","m³",23.58]
[1917563,"Dragagem de areia média com draga de sucção e recalque - bomba de 1.350 kW e cortador de 170 kW - distância de recalque de 5.500 a 5.700 m","m³",25.66]
[1917564,"Dragagem de areia média com draga de sucção e recalque - bomba de 1.350 kW e cortador de 170 kW - distância de recalque de 5.700 a 5.900 m","m³",27.89]
[1917565,"Dragagem de areia média com draga de sucção e recalque - bomba de 1.350 kW e cortador de 170 kW - distância de recalque de 5.900 a 6.100 m","m³",30.9]
[1917538,"Dragagem de areia média com draga de sucção e recalque - bomba de 1.350 kW e cortador de 170 kW - distância de recalque de 500 a 700 m","m³",4.92]
[1917566,"Dragagem de areia média com draga de sucção e recalque - bomba de 1.350 kW e cortador de 170 kW - distância de recalque de 6.100 a 6.300 m","m³",33.92]
[1917567,"Dragagem de areia média com draga de sucção e recalque - bomba de 1.350 kW e cortador de 170 kW - distância de recalque de 6.300 a 6.500 m","m³",37.119999999999997]
[1917568,"Dragagem de areia média com draga de sucção e recalque - bomba de 1.350 kW e cortador de 170 kW - distância de recalque de 6.500 a 6.700 m","m³",40.200000000000003]
[1917569,"Dragagem de areia média com draga de sucção e recalque - bomba de 1.350 kW e cortador de 170 kW - distância de recalque de 6.700 a 6.900 m","m³",44.01]
[1917570,"Dragagem de areia média com draga de sucção e recalque - bomba de 1.350 kW e cortador de 170 kW - distância de recalque de 6.900 a 7.100 m","m³",47.51]
[1917571,"Dragagem de areia média com draga de sucção e recalque - bomba de 1.350 kW e cortador de 170 kW - distância de recalque de 7.100 a 7.300 m","m³",51.66]
[1917572,"Dragagem de areia média com draga de sucção e recalque - bomba de 1.350 kW e cortador de 170 kW - distância de recalque de 7.300 a 7.500 m","m³",56.3]
[1917573,"Dragagem de areia média com draga de sucção e recalque - bomba de 1.350 kW e cortador de 170 kW - distância de recalque de 7.500 a 7.700 m","m³",61.34]
[1917574,"Dragagem de areia média com draga de sucção e recalque - bomba de 1.350 kW e cortador de 170 kW - distância de recalque de 7.700 a 7.900 m","m³",65.98]
[1917539,"Dragagem de areia média com draga de sucção e recalque - bomba de 1.350 kW e cortador de 170 kW - distância de recalque de 700 a 900 m","m³",5.22]
[1917540,"Dragagem de areia média com draga de sucção e recalque - bomba de 1.350 kW e cortador de 170 kW - distância de recalque de 900 a 1.100 m","m³",5.61]
[1917738,"Dragagem de areia média com draga de sucção e recalque - bomba de 1.350 kW e cortador de 170 kW - distância de recalque de até 500 m","m³",4.84]
[1917238,"Dragagem de areia média com draga de sucção e recalque - bomba de 294 kW e cortador de 30 kW - distância de recalque de 1.100 a 1.300 m","m³",7.46]
[1917239,"Dragagem de areia média com draga de sucção e recalque - bomba de 294 kW e cortador de 30 kW - distância de recalque de 1.300 a 1.500 m","m³",8.18]
[1917240,"Dragagem de areia média com draga de sucção e recalque - bomba de 294 kW e cortador de 30 kW - distância de recalque de 1.500 a 1.700 m","m³",8.75]
[1917241,"Dragagem de areia média com draga de sucção e recalque - bomba de 294 kW e cortador de 30 kW - distância de recalque de 1.700 a 1.900 m","m³",9.2799999999999994]
[1917242,"Dragagem de areia média com draga de sucção e recalque - bomba de 294 kW e cortador de 30 kW - distância de recalque de 1.900 a 2.100 m","m³",9.7899999999999991]
[1917243,"Dragagem de areia média com draga de sucção e recalque - bomba de 294 kW e cortador de 30 kW - distância de recalque de 2.100 a 2.300 m","m³",10.28]
[1917244,"Dragagem de areia média com draga de sucção e recalque - bomba de 294 kW e cortador de 30 kW - distância de recalque de 2.300 a 2.500 m","m³",10.96]
[1917245,"Dragagem de areia média com draga de sucção e recalque - bomba de 294 kW e cortador de 30 kW - distância de recalque de 2.500 a 2.700 m","m³",11.55]
[1917246,"Dragagem de areia média com draga de sucção e recalque - bomba de 294 kW e cortador de 30 kW - distância de recalque de 2.700 a 2.900 m","m³",12.17]
[1917247,"Dragagem de areia média com draga de sucção e recalque - bomba de 294 kW e cortador de 30 kW - distância de recalque de 2.900 a 3.100 m","m³",13.19]
[1917248,"Dragagem de areia média com draga de sucção e recalque - bomba de 294 kW e cortador de 30 kW - distância de recalque de 3.100 a 3.300 m","m³",15.11]
[1917249,"Dragagem de areia média com draga de sucção e recalque - bomba de 294 kW e cortador de 30 kW - distância de recalque de 3.300 a 3.500 m","m³",18.14]
[1917235,"Dragagem de areia média com draga de sucção e recalque - bomba de 294 kW e cortador de 30 kW - distância de recalque de 500 a 700 m","m³",5.91]
[1917236,"Dragagem de areia média com draga de sucção e recalque - bomba de 294 kW e cortador de 30 kW - distância de recalque de 700 a 900 m","m³",6.32]
[1917237,"Dragagem de areia média com draga de sucção e recalque - bomba de 294 kW e cortador de 30 kW - distância de recalque de 900 a 1.100 m","m³",6.83]
[1917725,"Dragagem de areia média com draga de sucção e recalque - bomba de 294 kW e cortador de 30 kW - distância de recalque de até 500 m","m³",5.76]
[1917311,"Dragagem de areia média com draga de sucção e recalque - bomba de 483 kW e cortador de 55 kW - distância de recalque de 1.100 a 1.300 m","m³",5.88]
[1917312,"Dragagem de areia média com draga de sucção e recalque - bomba de 483 kW e cortador de 55 kW - distância de recalque de 1.300 a 1.500 m","m³",6.65]
[1917313,"Dragagem de areia média com draga de sucção e recalque - bomba de 483 kW e cortador de 55 kW - distância de recalque de 1.500 a 1.700 m","m³",7.15]
[1917314,"Dragagem de areia média com draga de sucção e recalque - bomba de 483 kW e cortador de 55 kW - distância de recalque de 1.700 a 1.900 m","m³",7.62]
[1917315,"Dragagem de areia média com draga de sucção e recalque - bomba de 483 kW e cortador de 55 kW - distância de recalque de 1.900 a 2.100 m","m³",8.19]
[1917316,"Dragagem de areia média com draga de sucção e recalque - bomba de 483 kW e cortador de 55 kW - distância de recalque de 2.100 a 2.300 m","m³",8.75]
[1917317,"Dragagem de areia média com draga de sucção e recalque - bomba de 483 kW e cortador de 55 kW - distância de recalque de 2.300 a 2.500 m","m³",9.65]
[1917318,"Dragagem de areia média com draga de sucção e recalque - bomba de 483 kW e cortador de 55 kW - distância de recalque de 2.500 a 2.700 m","m³",10.44]
[1917319,"Dragagem de areia média com draga de sucção e recalque - bomba de 483 kW e cortador de 55 kW - distância de recalque de 2.700 a 2.900 m","m³",11.17]
[1917320,"Dragagem de areia média com draga de sucção e recalque - bomba de 483 kW e cortador de 55 kW - distância de recalque de 2.900 a 3.100 m","m³",11.96]
[1917321,"Dragagem de areia média com draga de sucção e recalque - bomba de 483 kW e cortador de 55 kW - distância de recalque de 3.100 a 3.300 m","m³",14.66]
[1917322,"Dragagem de areia média com draga de sucção e recalque - bomba de 483 kW e cortador de 55 kW - distância de recalque de 3.300 a 3.500 m","m³",16.989999999999998]
[1917323,"Dragagem de areia média com draga de sucção e recalque - bomba de 483 kW e cortador de 55 kW - distância de recalque de 3.500 a 3.700 m","m³",19.989999999999998]
[1917324,"Dragagem de areia média com draga de sucção e recalque - bomba de 483 kW e cortador de 55 kW - distância de recalque de 3.700 a 3.900 m","m³",23.16]
[1917325,"Dragagem de areia média com draga de sucção e recalque - bomba de 483 kW e cortador de 55 kW - distância de recalque de 3.900 a 4.100 m","m³",26.91]
[1917326,"Dragagem de areia média com draga de sucção e recalque - bomba de 483 kW e cortador de 55 kW - distância de recalque de 4.100 a 4.300 m","m³",32.01]
[1917327,"Dragagem de areia média com draga de sucção e recalque - bomba de 483 kW e cortador de 55 kW - distância de recalque de 4.300 a 4.500 m","m³",37.18]
[1917328,"Dragagem de areia média com draga de sucção e recalque - bomba de 483 kW e cortador de 55 kW - distância de recalque de 4.500 a 4.700 m","m³",43.13]
[1917329,"Dragagem de areia média com draga de sucção e recalque - bomba de 483 kW e cortador de 55 kW - distância de recalque de 4.700 a 4.900 m","m³",47.23]
[1917330,"Dragagem de areia média com draga de sucção e recalque - bomba de 483 kW e cortador de 55 kW - distância de recalque de 4.900 a 5.100 m","m³",52.28]
[1917308,"Dragagem de areia média com draga de sucção e recalque - bomba de 483 kW e cortador de 55 kW - distância de recalque de 500 a 700 m","m³",4.83]
[1917309,"Dragagem de areia média com draga de sucção e recalque - bomba de 483 kW e cortador de 55 kW - distância de recalque de 700 a 900 m","m³",5.13]
[1917310,"Dragagem de areia média com draga de sucção e recalque - bomba de 483 kW e cortador de 55 kW - distância de recalque de 900 a 1.100 m","m³",5.45]
[1917730,"Dragagem de areia média com draga de sucção e recalque - bomba de 483 kW e cortador de 55 kW - distância de recalque de até 500 m","m³",4.76]
[1917415,"Dragagem de areia média com draga de sucção e recalque - bomba de 746 kW e cortador de 110 kW - distância de recalque de 1.100 a 1.300 m","m³",5.88]
[1917416,"Dragagem de areia média com draga de sucção e recalque - bomba de 746 kW e cortador de 110 kW - distância de recalque de 1.300 a 1.500 m","m³",6.59]
[1917417,"Dragagem de areia média com draga de sucção e recalque - bomba de 746 kW e cortador de 110 kW - distância de recalque de 1.500 a 1.700 m","m³",7.06]
[1917418,"Dragagem de areia média com draga de sucção e recalque - bomba de 746 kW e cortador de 110 kW - distância de recalque de 1.700 a 1.900 m","m³",7.5]
[1917419,"Dragagem de areia média com draga de sucção e recalque - bomba de 746 kW e cortador de 110 kW - distância de recalque de 1.900 a 2.100 m","m³",7.88]
[1917420,"Dragagem de areia média com draga de sucção e recalque - bomba de 746 kW e cortador de 110 kW - distância de recalque de 2.100 a 2.300 m","m³",8.35]
[1917421,"Dragagem de areia média com draga de sucção e recalque - bomba de 746 kW e cortador de 110 kW - distância de recalque de 2.300 a 2.500 m","m³",9.09]
[1917422,"Dragagem de areia média com draga de sucção e recalque - bomba de 746 kW e cortador de 110 kW - distância de recalque de 2.500 a 2.700 m","m³",9.5299999999999994]
[1917423,"Dragagem de areia média com draga de sucção e recalque - bomba de 746 kW e cortador de 110 kW - distância de recalque de 2.700 a 2.900 m","m³",9.98]
[1917424,"Dragagem de areia média com draga de sucção e recalque - bomba de 746 kW e cortador de 110 kW - distância de recalque de 2.900 a 3.100 m","m³",10.45]
[1917425,"Dragagem de areia média com draga de sucção e recalque - bomba de 746 kW e cortador de 110 kW - distância de recalque de 3.100 a 3.300 m","m³",11.37]
[1917426,"Dragagem de areia média com draga de sucção e recalque - bomba de 746 kW e cortador de 110 kW - distância de recalque de 3.300 a 3.500 m","m³",12.35]
[1917427,"Dragagem de areia média com draga de sucção e recalque - bomba de 746 kW e cortador de 110 kW - distância de recalque de 3.500 a 3.700 m","m³",14.11]
[1917428,"Dragagem de areia média com draga de sucção e recalque - bomba de 746 kW e cortador de 110 kW - distância de recalque de 3.700 a 3.900 m","m³",16.18]
[1917429,"Dragagem de areia média com draga de sucção e recalque - bomba de 746 kW e cortador de 110 kW - distância de recalque de 3.900 a 4.100 m","m³",18.350000000000001]
[1917430,"Dragagem de areia média com draga de sucção e recalque - bomba de 746 kW e cortador de 110 kW - distância de recalque de 4.100 a 4.300 m","m³",21.25]
[1917431,"Dragagem de areia média com draga de sucção e recalque - bomba de 746 kW e cortador de 110 kW - distância de recalque de 4.300 a 4.500 m","m³",23.8]
[1917432,"Dragagem de areia média com draga de sucção e recalque - bomba de 746 kW e cortador de 110 kW - distância de recalque de 4.500 a 4.700 m","m³",27.09]
[1917433,"Dragagem de areia média com draga de sucção e recalque - bomba de 746 kW e cortador de 110 kW - distância de recalque de 4.700 a 4.900 m","m³",30.49]
[1917434,"Dragagem de areia média com draga de sucção e recalque - bomba de 746 kW e cortador de 110 kW - distância de recalque de 4.900 a 5.100 m","m³",34.520000000000003]
[1917435,"Dragagem de areia média com draga de sucção e recalque - bomba de 746 kW e cortador de 110 kW - distância de recalque de 5.100 a 5.300 m","m³",39.35]
[1917436,"Dragagem de areia média com draga de sucção e recalque - bomba de 746 kW e cortador de 110 kW - distância de recalque de 5.300 a 5.500 m","m³",43.72]
[1917437,"Dragagem de areia média com draga de sucção e recalque - bomba de 746 kW e cortador de 110 kW - distância de recalque de 5.500 a 5.700 m","m³",49.33]
[1917438,"Dragagem de areia média com draga de sucção e recalque - bomba de 746 kW e cortador de 110 kW - distância de recalque de 5.700 a 5.900 m","m³",53.25]
[1917439,"Dragagem de areia média com draga de sucção e recalque - bomba de 746 kW e cortador de 110 kW - distância de recalque de 5.900 a 6.100 m","m³",56.73]
[1917412,"Dragagem de areia média com draga de sucção e recalque - bomba de 746 kW e cortador de 110 kW - distância de recalque de 500 a 700 m","m³",4.45]
[1917413,"Dragagem de areia média com draga de sucção e recalque - bomba de 746 kW e cortador de 110 kW - distância de recalque de 700 a 900 m","m³",4.97]
[1917414,"Dragagem de areia média com draga de sucção e recalque - bomba de 746 kW e cortador de 110 kW - distância de recalque de 900 a 1.100 m","m³",5.48]
[1917733,"Dragagem de areia média com draga de sucção e recalque - bomba de 746 kW e cortador de 110 kW - distância de recalque de até 500 m","m³",4.1500000000000004]
[1917049,"Dragagem de areia média com draga hopper - capacidade da cisterna de 1.000 m³ - DMT de 1.500 a 1.800 m","m³",16.95]
[1917050,"Dragagem de areia média com draga hopper - capacidade da cisterna de 1.000 m³ - DMT de 1.800 a 2.100 m","m³",17.260000000000002]
[1917051,"Dragagem de areia média com draga hopper - capacidade da cisterna de 1.000 m³ - DMT de 2.100 a 2.400 m","m³",17.579999999999998]
[1917052,"Dragagem de areia média com draga hopper - capacidade da cisterna de 1.000 m³ - DMT de 2.400 a 2.700 m","m³",17.91]
[1917053,"Dragagem de areia média com draga hopper - capacidade da cisterna de 1.000 m³ - DMT de 2.700 a 3.000 m","m³",18.260000000000002]
[1917054,"Dragagem de areia média com draga hopper - capacidade da cisterna de 1.000 m³ - DMT de 3.000 m","m³",18.45]
[1901553,"Dragagem de areia média com draga hopper - capacidade da cisterna de 10.000 m³ - DMT de 1.500 a 1.800 m","m³",10.4]
[1901554,"Dragagem de areia média com draga hopper - capacidade da cisterna de 10.000 m³ - DMT de 1.800 a 2.100 m","m³",10.48]
[1901555,"Dragagem de areia média com draga hopper - capacidade da cisterna de 10.000 m³ - DMT de 2.100 a 2.400 m","m³",10.57]
[1901556,"Dragagem de areia média com draga hopper - capacidade da cisterna de 10.000 m³ - DMT de 2.400 a 2.700 m","m³",10.66]
[1901557,"Dragagem de areia média com draga hopper - capacidade da cisterna de 10.000 m³ - DMT de 2.700 a 3.000 m","m³",10.75]
[1901558,"Dragagem de areia média com draga hopper - capacidade da cisterna de 10.000 m³ - DMT de 3.000 m","m³",10.8]
[1901560,"Dragagem de areia média com draga hopper - capacidade da cisterna de 15.000 m³ - DMT de 1.500 a 1.800 m","m³",13.69]
[1901561,"Dragagem de areia média com draga hopper - capacidade da cisterna de 15.000 m³ - DMT de 1.800 a 2.100 m","m³",13.77]
[1901562,"Dragagem de areia média com draga hopper - capacidade da cisterna de 15.000 m³ - DMT de 2.100 a 2.400 m","m³",13.85]
[1901563,"Dragagem de areia média com draga hopper - capacidade da cisterna de 15.000 m³ - DMT de 2.400 a 2.700 m","m³",13.94]
[1901564,"Dragagem de areia média com draga hopper - capacidade da cisterna de 15.000 m³ - DMT de 2.700 a 3.000 m","m³",14.03]
[1901559,"Dragagem de areia média com draga hopper - capacidade da cisterna de 15.000 m³ - DMT de 3.000 m","m³",14.08]
[1917085,"Dragagem de areia média com draga hopper - capacidade da cisterna de 2.000 m³ - DMT de 1.500 a 1.800 m","m³",11.58]
[1917086,"Dragagem de areia média com draga hopper - capacidade da cisterna de 2.000 m³ - DMT de 1.800 a 2.100 m","m³",11.77]
[1917087,"Dragagem de areia média com draga hopper - capacidade da cisterna de 2.000 m³ - DMT de 2.100 a 2.400 m","m³",11.96]
[1917088,"Dragagem de areia média com draga hopper - capacidade da cisterna de 2.000 m³ - DMT de 2.400 a 2.700 m","m³",12.16]
[1917089,"Dragagem de areia média com draga hopper - capacidade da cisterna de 2.000 m³ - DMT de 2.700 a 3.000 m","m³",12.37]
[1917090,"Dragagem de areia média com draga hopper - capacidade da cisterna de 2.000 m³ - DMT de 3.000 m","m³",12.48]
[1901566,"Dragagem de areia média com draga hopper - capacidade da cisterna de 20.000 m³ - DMT de 1.500 a 1.800 m","m³",17.07]
[1901567,"Dragagem de areia média com draga hopper - capacidade da cisterna de 20.000 m³ - DMT de 1.800 a 2.100 m","m³",17.149999999999999]
[1901568,"Dragagem de areia média com draga hopper - capacidade da cisterna de 20.000 m³ - DMT de 2.100 a 2.400 m","m³",17.22]
[1901569,"Dragagem de areia média com draga hopper - capacidade da cisterna de 20.000 m³ - DMT de 2.400 a 2.700 m","m³",17.309999999999999]
[1901570,"Dragagem de areia média com draga hopper - capacidade da cisterna de 20.000 m³ - DMT de 2.700 a 3.000 m","m³",17.39]
[1901565,"Dragagem de areia média com draga hopper - capacidade da cisterna de 20.000 m³ - DMT de 3.000 m","m³",17.440000000000001]
[1917121,"Dragagem de areia média com draga hopper - capacidade da cisterna de 3.000 m³ - DMT de 1.500 a 1.800 m","m³",10.84]
[1917122,"Dragagem de areia média com draga hopper - capacidade da cisterna de 3.000 m³ - DMT de 1.800 a 2.100 m","m³",10.99]
[1917123,"Dragagem de areia média com draga hopper - capacidade da cisterna de 3.000 m³ - DMT de 2.100 a 2.400 m","m³",11.14]
[1917124,"Dragagem de areia média com draga hopper - capacidade da cisterna de 3.000 m³ - DMT de 2.400 a 2.700 m","m³",11.3]
[1917125,"Dragagem de areia média com draga hopper - capacidade da cisterna de 3.000 m³ - DMT de 2.700 a 3.000 m","m³",11.47]
[1917126,"Dragagem de areia média com draga hopper - capacidade da cisterna de 3.000 m³ - DMT de 3.000 m","m³",11.56]
[1917157,"Dragagem de areia média com draga hopper - capacidade da cisterna de 4.000 m³ - DMT de 1.500 a 1.800 m","m³",10.210000000000001]
[1917158,"Dragagem de areia média com draga hopper - capacidade da cisterna de 4.000 m³ - DMT de 1.800 a 2.100 m","m³",10.33]
[1917159,"Dragagem de areia média com draga hopper - capacidade da cisterna de 4.000 m³ - DMT de 2.100 a 2.400 m","m³",10.47]
[1917160,"Dragagem de areia média com draga hopper - capacidade da cisterna de 4.000 m³ - DMT de 2.400 a 2.700 m","m³",10.61]
[1917161,"Dragagem de areia média com draga hopper - capacidade da cisterna de 4.000 m³ - DMT de 2.700 a 3.000 m","m³",10.75]
[1917162,"Dragagem de areia média com draga hopper - capacidade da cisterna de 4.000 m³ - DMT de 3.000 m","m³",10.83]
[1917193,"Dragagem de areia média com draga hopper - capacidade da cisterna de 5.000 m³ - DMT de 1.500 a 1.800 m","m³",11.24]
[1917194,"Dragagem de areia média com draga hopper - capacidade da cisterna de 5.000 m³ - DMT de 1.800 a 2.100 m","m³",11.36]
[1917195,"Dragagem de areia média com draga hopper - capacidade da cisterna de 5.000 m³ - DMT de 2.100 a 2.400 m","m³",11.47]
[1917196,"Dragagem de areia média com draga hopper - capacidade da cisterna de 5.000 m³ - DMT de 2.400 a 2.700 m","m³",11.6]
[1917197,"Dragagem de areia média com draga hopper - capacidade da cisterna de 5.000 m³ - DMT de 2.700 a 3.000 m","m³",11.73]
[1917198,"Dragagem de areia média com draga hopper - capacidade da cisterna de 5.000 m³ - DMT de 3.000 m","m³",11.8]
[1917013,"Dragagem de areia média com draga hopper - capacidade da cisterna de 750 m³ - DMT de 1.500 a 1.800 m","m³",23.32]
[1917014,"Dragagem de areia média com draga hopper - capacidade da cisterna de 750 m³ - DMT de 1.800 a 2.100 m","m³",23.77]
[1917015,"Dragagem de areia média com draga hopper - capacidade da cisterna de 750 m³ - DMT de 2.100 a 2.400 m","m³",24.22]
[1917016,"Dragagem de areia média com draga hopper - capacidade da cisterna de 750 m³ - DMT de 2.400 a 2.700 m","m³",24.7]
[1917017,"Dragagem de areia média com draga hopper - capacidade da cisterna de 750 m³ - DMT de 2.700 a 3.000 m","m³",25.21]
[1917018,"Dragagem de areia média com draga hopper - capacidade da cisterna de 750 m³ - DMT de 3.000 m","m³",25.48]
[1917623,"Dragagem de cascalho com draga de sucção e recalque - bomba de 1.350 kW e cortador de 170 kW - distância de recalque de 1.100 a 1.300 m","m³",20.48]
[1917624,"Dragagem de cascalho com draga de sucção e recalque - bomba de 1.350 kW e cortador de 170 kW - distância de recalque de 1.300 a 1.500 m","m³",25.84]
[1917625,"Dragagem de cascalho com draga de sucção e recalque - bomba de 1.350 kW e cortador de 170 kW - distância de recalque de 1.500 a 1.700 m","m³",32.42]
[1917626,"Dragagem de cascalho com draga de sucção e recalque - bomba de 1.350 kW e cortador de 170 kW - distância de recalque de 1.700 a 1.900 m","m³",39.68]
[1917627,"Dragagem de cascalho com draga de sucção e recalque - bomba de 1.350 kW e cortador de 170 kW - distância de recalque de 1.900 a 2.100 m","m³",47.74]
[1917628,"Dragagem de cascalho com draga de sucção e recalque - bomba de 1.350 kW e cortador de 170 kW - distância de recalque de 2.100 a 2.300 m","m³",55.88]
[1917620,"Dragagem de cascalho com draga de sucção e recalque - bomba de 1.350 kW e cortador de 170 kW - distância de recalque de 500 a 700 m","m³",9.59]
[1917621,"Dragagem de cascalho com draga de sucção e recalque - bomba de 1.350 kW e cortador de 170 kW - distância de recalque de 700 a 900 m","m³",11.15]
[1917622,"Dragagem de cascalho com draga de sucção e recalque - bomba de 1.350 kW e cortador de 170 kW - distância de recalque de 900 a 1.100 m","m³",13.91]
[1917741,"Dragagem de cascalho com draga de sucção e recalque - bomba de 1.350 kW e cortador de 170 kW - distância de recalque de até 500 m","m³",8.8699999999999992]
[1917269,"Dragagem de cascalho com draga de sucção e recalque - bomba de 294 kW e cortador de 30 kW - distância de recalque de 1.100 a 1.300 m","m³",24.48]
[1917270,"Dragagem de cascalho com draga de sucção e recalque - bomba de 294 kW e cortador de 30 kW - distância de recalque de 1.300 a 1.500 m","m³",33.03]
[1917266,"Dragagem de cascalho com draga de sucção e recalque - bomba de 294 kW e cortador de 30 kW - distância de recalque de 500 a 700 m","m³",8.01]
[1917267,"Dragagem de cascalho com draga de sucção e recalque - bomba de 294 kW e cortador de 30 kW - distância de recalque de 700 a 900 m","m³",11.63]
[1917268,"Dragagem de cascalho com draga de sucção e recalque - bomba de 294 kW e cortador de 30 kW - distância de recalque de 900 a 1.100 m","m³",17.75]
[1917728,"Dragagem de cascalho com draga de sucção e recalque - bomba de 294 kW e cortador de 30 kW - distância de recalque de até 500 m","m³",7.39]
[1917358,"Dragagem de cascalho com draga de sucção e recalque - bomba de 483 kW e cortador de 55 kW - distância de recalque até 500 m","m³",7.54]
[1917362,"Dragagem de cascalho com draga de sucção e recalque - bomba de 483 kW e cortador de 55 kW - distância de recalque de 1.100 a 1.300 m","m³",36.36]
[1917363,"Dragagem de cascalho com draga de sucção e recalque - bomba de 483 kW e cortador de 55 kW - distância de recalque de 1.300 a 1.500 m","m³",44.35]
[1917359,"Dragagem de cascalho com draga de sucção e recalque - bomba de 483 kW e cortador de 55 kW - distância de recalque de 500 a 700 m","m³",10.62]
[1917360,"Dragagem de cascalho com draga de sucção e recalque - bomba de 483 kW e cortador de 55 kW - distância de recalque de 700 a 900 m","m³",17.39]
[1917361,"Dragagem de cascalho com draga de sucção e recalque - bomba de 483 kW e cortador de 55 kW - distância de recalque de 900 a 1.100 m","m³",26.05]
[1917476,"Dragagem de cascalho com draga de sucção e recalque - bomba de 746 kW e cortador de 110 kW - distância de recalque de 1.100 a 1.300 m","m³",27.37]
[1917477,"Dragagem de cascalho com draga de sucção e recalque - bomba de 746 kW e cortador de 110 kW - distância de recalque de 1.300 a 1.500 m","m³",35.29]
[1917478,"Dragagem de cascalho com draga de sucção e recalque - bomba de 746 kW e cortador de 110 kW - distância de recalque de 1.500 a 1.700 m","m³",45.37]
[1917479,"Dragagem de cascalho com draga de sucção e recalque - bomba de 746 kW e cortador de 110 kW - distância de recalque de 1.700 a 1.900 m","m³",49.37]
[1917473,"Dragagem de cascalho com draga de sucção e recalque - bomba de 746 kW e cortador de 110 kW - distância de recalque de 500 a 700 m","m³",12.51]
[1917474,"Dragagem de cascalho com draga de sucção e recalque - bomba de 746 kW e cortador de 110 kW - distância de recalque de 700 a 900 m","m³",16.079999999999998]
[1917475,"Dragagem de cascalho com draga de sucção e recalque - bomba de 746 kW e cortador de 110 kW - distância de recalque de 900 a 1.100 m","m³",20.62]
[1917736,"Dragagem de cascalho com draga de sucção e recalque - bomba de 746 kW e cortador de 110 kW - distância de recalque de até 500 m","m³",9]
[1917067,"Dragagem de cascalho com draga hopper - capacidade da cisterna de 1.000 m³ - DMT de 1.500 a 1.800 m","m³",15.84]
[1917068,"Dragagem de cascalho com draga hopper - capacidade da cisterna de 1.000 m³ - DMT de 1.800 a 2.100 m","m³",16.149999999999999]
[1917069,"Dragagem de cascalho com draga hopper - capacidade da cisterna de 1.000 m³ - DMT de 2.100 a 2.400 m","m³",16.48]
[1917070,"Dragagem de cascalho com draga hopper - capacidade da cisterna de 1.000 m³ - DMT de 2.400 a 2.700 m","m³",16.82]
[1917071,"Dragagem de cascalho com draga hopper - capacidade da cisterna de 1.000 m³ - DMT de 2.700 a 3.000 m","m³",17.18]
[1917072,"Dragagem de cascalho com draga hopper - capacidade da cisterna de 1.000 m³ - DMT de 3.000 m","m³",17.37]
[1901572,"Dragagem de cascalho com draga hopper - capacidade da cisterna de 10.000 m³ - DMT de 1.500 a 1.800 m","m³",9.52]
[1901573,"Dragagem de cascalho com draga hopper - capacidade da cisterna de 10.000 m³ - DMT de 1.800 a 2.100 m","m³",9.6]
[1901574,"Dragagem de cascalho com draga hopper - capacidade da cisterna de 10.000 m³ - DMT de 2.100 a 2.400 m","m³",9.69]
[1901575,"Dragagem de cascalho com draga hopper - capacidade da cisterna de 10.000 m³ - DMT de 2.400 a 2.700 m","m³",9.7799999999999994]
[1901576,"Dragagem de cascalho com draga hopper - capacidade da cisterna de 10.000 m³ - DMT de 2.700 a 3.000 m","m³",9.8800000000000008]
[1901571,"Dragagem de cascalho com draga hopper - capacidade da cisterna de 10.000 m³ - DMT de 3.000 m","m³",9.93]
[1901578,"Dragagem de cascalho com draga hopper - capacidade da cisterna de 15.000 m³ - DMT de 1.500 a 1.800 m","m³",12.42]
[1901579,"Dragagem de cascalho com draga hopper - capacidade da cisterna de 15.000 m³ - DMT de 1.800 a 2.100 m","m³",12.5]
[1901580,"Dragagem de cascalho com draga hopper - capacidade da cisterna de 15.000 m³ - DMT de 2.100 a 2.400 m","m³",12.59]
[1901581,"Dragagem de cascalho com draga hopper - capacidade da cisterna de 15.000 m³ - DMT de 2.400 a 2.700 m","m³",12.67]
[1901582,"Dragagem de cascalho com draga hopper - capacidade da cisterna de 15.000 m³ - DMT de 2.700 a 3.000 m","m³",12.76]
[1901577,"Dragagem de cascalho com draga hopper - capacidade da cisterna de 15.000 m³ - DMT de 3.000 m","m³",12.81]
[1917103,"Dragagem de cascalho com draga hopper - capacidade da cisterna de 2.000 m³ - DMT de 1.500 a 1.800 m","m³",10.8]
[1917104,"Dragagem de cascalho com draga hopper - capacidade da cisterna de 2.000 m³ - DMT de 1.800 a 2.100 m","m³",10.99]
[1917105,"Dragagem de cascalho com draga hopper - capacidade da cisterna de 2.000 m³ - DMT de 2.100 a 2.400 m","m³",11.18]
[1917106,"Dragagem de cascalho com draga hopper - capacidade da cisterna de 2.000 m³ - DMT de 2.400 a 2.700 m","m³",11.39]
[1917107,"Dragagem de cascalho com draga hopper - capacidade da cisterna de 2.000 m³ - DMT de 2.700 a 3.000 m","m³",11.6]
[1917108,"Dragagem de cascalho com draga hopper - capacidade da cisterna de 2.000 m³ - DMT de 3.000 m","m³",11.72]
[1901583,"Dragagem de cascalho com draga hopper - capacidade da cisterna de 20.000 m³ - DMT de 1.500 a 1.800 m","m³",15.41]
[1901584,"Dragagem de cascalho com draga hopper - capacidade da cisterna de 20.000 m³ - DMT de 1.800 a 2.100 m","m³",15.49]
[1901585,"Dragagem de cascalho com draga hopper - capacidade da cisterna de 20.000 m³ - DMT de 2.100 a 2.400 m","m³",15.57]
[1901586,"Dragagem de cascalho com draga hopper - capacidade da cisterna de 20.000 m³ - DMT de 2.400 a 2.700 m","m³",15.65]
[1901587,"Dragagem de cascalho com draga hopper - capacidade da cisterna de 20.000 m³ - DMT de 2.700 a 3.000 m","m³",15.74]
[1901588,"Dragagem de cascalho com draga hopper - capacidade da cisterna de 20.000 m³ - DMT de 3.000 m","m³",15.79]
[1917139,"Dragagem de cascalho com draga hopper - capacidade da cisterna de 3.000 m³ - DMT de 1.500 a 1.800 m","m³",10.050000000000001]
[1917140,"Dragagem de cascalho com draga hopper - capacidade da cisterna de 3.000 m³ - DMT de 1.800 a 2.100 m","m³",10.199999999999999]
[1917141,"Dragagem de cascalho com draga hopper - capacidade da cisterna de 3.000 m³ - DMT de 2.100 a 2.400 m","m³",10.36]
[1917142,"Dragagem de cascalho com draga hopper - capacidade da cisterna de 3.000 m³ - DMT de 2.400 a 2.700 m","m³",10.52]
[1917143,"Dragagem de cascalho com draga hopper - capacidade da cisterna de 3.000 m³ - DMT de 2.700 a 3.000 m","m³",10.69]
[1917144,"Dragagem de cascalho com draga hopper - capacidade da cisterna de 3.000 m³ - DMT de 3.000 m","m³",10.79]
[1917175,"Dragagem de cascalho com draga hopper - capacidade da cisterna de 4.000 m³ - DMT de 1.500 a 1.800 m","m³",9.44]
[1917176,"Dragagem de cascalho com draga hopper - capacidade da cisterna de 4.000 m³ - DMT de 1.800 a 2.100 m","m³",9.58]
[1917177,"Dragagem de cascalho com draga hopper - capacidade da cisterna de 4.000 m³ - DMT de 2.100 a 2.400 m","m³",9.7100000000000009]
[1917178,"Dragagem de cascalho com draga hopper - capacidade da cisterna de 4.000 m³ - DMT de 2.400 a 2.700 m","m³",9.85]
[1917179,"Dragagem de cascalho com draga hopper - capacidade da cisterna de 4.000 m³ - DMT de 2.700 a 3.000 m","m³",10]
[1917180,"Dragagem de cascalho com draga hopper - capacidade da cisterna de 4.000 m³ - DMT de 3.000 m","m³",10.09]
[1917211,"Dragagem de cascalho com draga hopper - capacidade da cisterna de 5.000 m³ - DMT de 1.500 a 1.800 m","m³",10.33]
[1917212,"Dragagem de cascalho com draga hopper - capacidade da cisterna de 5.000 m³ - DMT de 1.800 a 2.100 m","m³",10.45]
[1917213,"Dragagem de cascalho com draga hopper - capacidade da cisterna de 5.000 m³ - DMT de 2.100 a 2.400 m","m³",10.57]
[1917214,"Dragagem de cascalho com draga hopper - capacidade da cisterna de 5.000 m³ - DMT de 2.400 a 2.700 m","m³",10.69]
[1917215,"Dragagem de cascalho com draga hopper - capacidade da cisterna de 5.000 m³ - DMT de 2.700 a 3.000 m","m³",10.83]
[1917216,"Dragagem de cascalho com draga hopper - capacidade da cisterna de 5.000 m³ - DMT de 3.000 m","m³",10.9]
[1917031,"Dragagem de cascalho com draga hopper - capacidade da cisterna de 750 m³ - DMT de 1.500 a 1.800 m","m³",21.72]
[1917032,"Dragagem de cascalho com draga hopper - capacidade da cisterna de 750 m³ - DMT de 1.800 a 2.100 m","m³",22.18]
[1917033,"Dragagem de cascalho com draga hopper - capacidade da cisterna de 750 m³ - DMT de 2.100 a 2.400 m","m³",22.65]
[1917034,"Dragagem de cascalho com draga hopper - capacidade da cisterna de 750 m³ - DMT de 2.400 a 2.700 m","m³",23.14]
[1917035,"Dragagem de cascalho com draga hopper - capacidade da cisterna de 750 m³ - DMT de 2.700 a 3.000 m","m³",23.66]
[1917036,"Dragagem de cascalho com draga hopper - capacidade da cisterna de 750 m³ - DMT de 3.000 m","m³",23.94]
[1917605,"Dragagem de cascalho fino com draga de sucção e recalque - bomba de 1.350 kW e cortador de 170 kW - distância de recalque de 1.100 a 1.300 m","m³",8.98]
[1917606,"Dragagem de cascalho fino com draga de sucção e recalque - bomba de 1.350 kW e cortador de 170 kW - distância de recalque de 1.300 a 1.500 m","m³",9.68]
[1917607,"Dragagem de cascalho fino com draga de sucção e recalque - bomba de 1.350 kW e cortador de 170 kW - distância de recalque de 1.500 a 1.700 m","m³",10.37]
[1917608,"Dragagem de cascalho fino com draga de sucção e recalque - bomba de 1.350 kW e cortador de 170 kW - distância de recalque de 1.700 a 1.900 m","m³",11.56]
[1917609,"Dragagem de cascalho fino com draga de sucção e recalque - bomba de 1.350 kW e cortador de 170 kW - distância de recalque de 1.900 a 2.100 m","m³",13.19]
[1917610,"Dragagem de cascalho fino com draga de sucção e recalque - bomba de 1.350 kW e cortador de 170 kW - distância de recalque de 2.100 a 2.300 m","m³",15.64]
[1917611,"Dragagem de cascalho fino com draga de sucção e recalque - bomba de 1.350 kW e cortador de 170 kW - distância de recalque de 2.300 a 2.500 m","m³",18.399999999999999]
[1917612,"Dragagem de cascalho fino com draga de sucção e recalque - bomba de 1.350 kW e cortador de 170 kW - distância de recalque de 2.500 a 2.700 m","m³",21.66]
[1917613,"Dragagem de cascalho fino com draga de sucção e recalque - bomba de 1.350 kW e cortador de 170 kW - distância de recalque de 2.700 a 2.900 m","m³",25.28]
[1917614,"Dragagem de cascalho fino com draga de sucção e recalque - bomba de 1.350 kW e cortador de 170 kW - distância de recalque de 2.900 a 3.100 m","m³",29.27]
[1917615,"Dragagem de cascalho fino com draga de sucção e recalque - bomba de 1.350 kW e cortador de 170 kW - distância de recalque de 3.100 a 3.300 m","m³",33.79]
[1917616,"Dragagem de cascalho fino com draga de sucção e recalque - bomba de 1.350 kW e cortador de 170 kW - distância de recalque de 3.300 a 3.500 m","m³",39.229999999999997]
[1917617,"Dragagem de cascalho fino com draga de sucção e recalque - bomba de 1.350 kW e cortador de 170 kW - distância de recalque de 3.500 a 3.700 m","m³",44.04]
[1917618,"Dragagem de cascalho fino com draga de sucção e recalque - bomba de 1.350 kW e cortador de 170 kW - distância de recalque de 3.700 a 3.900 m","m³",50.28]
[1917619,"Dragagem de cascalho fino com draga de sucção e recalque - bomba de 1.350 kW e cortador de 170 kW - distância de recalque de 3.900 a 4.100 m","m³",54.55]
[1917602,"Dragagem de cascalho fino com draga de sucção e recalque - bomba de 1.350 kW e cortador de 170 kW - distância de recalque de 500 a 700 m","m³",6.62]
[1917603,"Dragagem de cascalho fino com draga de sucção e recalque - bomba de 1.350 kW e cortador de 170 kW - distância de recalque de 700 a 900 m","m³",7.35]
[1917604,"Dragagem de cascalho fino com draga de sucção e recalque - bomba de 1.350 kW e cortador de 170 kW - distância de recalque de 900 a 1.100 m","m³",7.98]
[1917740,"Dragagem de cascalho fino com draga de sucção e recalque - bomba de 1.350 kW e cortador de 170 kW - distância de recalque de até 500 m","m³",6.37]
[1917263,"Dragagem de cascalho fino com draga de sucção e recalque - bomba de 294 kW e cortador de 30 kW - distância de recalque de 1.100 a 1.300 m","m³",11.3]
[1917264,"Dragagem de cascalho fino com draga de sucção e recalque - bomba de 294 kW e cortador de 30 kW - distância de recalque de 1.300 a 1.500 m","m³",14.03]
[1917265,"Dragagem de cascalho fino com draga de sucção e recalque - bomba de 294 kW e cortador de 30 kW - distância de recalque de 1.500 a 1.700 m","m³",18.2]
[1917260,"Dragagem de cascalho fino com draga de sucção e recalque - bomba de 294 kW e cortador de 30 kW - distância de recalque de 500 a 700 m","m³",6.86]
[1917261,"Dragagem de cascalho fino com draga de sucção e recalque - bomba de 294 kW e cortador de 30 kW - distância de recalque de 700 a 900 m","m³",7.64]
[1917262,"Dragagem de cascalho fino com draga de sucção e recalque - bomba de 294 kW e cortador de 30 kW - distância de recalque de 900 a 1.100 m","m³",9.0500000000000007]
[1917727,"Dragagem de cascalho fino com draga de sucção e recalque - bomba de 294 kW e cortador de 30 kW - distância de recalque de até 500 m","m³",6.63]
[1917351,"Dragagem de cascalho fino com draga de sucção e recalque - bomba de 483 kW e cortador de 55 kW - distância de recalque de 1.100 a 1.300 m","m³",9.91]
[1917352,"Dragagem de cascalho fino com draga de sucção e recalque - bomba de 483 kW e cortador de 55 kW - distância de recalque de 1.300 a 1.500 m","m³",13.11]
[1917353,"Dragagem de cascalho fino com draga de sucção e recalque - bomba de 483 kW e cortador de 55 kW - distância de recalque de 1.500 a 1.700 m","m³",16.87]
[1917354,"Dragagem de cascalho fino com draga de sucção e recalque - bomba de 483 kW e cortador de 55 kW - distância de recalque de 1.700 a 1.900 m","m³",21.96]
[1917355,"Dragagem de cascalho fino com draga de sucção e recalque - bomba de 483 kW e cortador de 55 kW - distância de recalque de 1.900 a 2.100 m","m³",28.34]
[1917356,"Dragagem de cascalho fino com draga de sucção e recalque - bomba de 483 kW e cortador de 55 kW - distância de recalque de 2.100 a 2.300 m","m³",34.78]
[1917357,"Dragagem de cascalho fino com draga de sucção e recalque - bomba de 483 kW e cortador de 55 kW - distância de recalque de 2.300 a 2.500 m","m³",39.78]
[1917348,"Dragagem de cascalho fino com draga de sucção e recalque - bomba de 483 kW e cortador de 55 kW - distância de recalque de 500 a 700 m","m³",6]
[1917349,"Dragagem de cascalho fino com draga de sucção e recalque - bomba de 483 kW e cortador de 55 kW - distância de recalque de 700 a 900 m","m³",6.49]
[1917350,"Dragagem de cascalho fino com draga de sucção e recalque - bomba de 483 kW e cortador de 55 kW - distância de recalque de 900 a 1.100 m","m³",7.37]
[1917731,"Dragagem de cascalho fino com draga de sucção e recalque - bomba de 483 kW e cortador de 55 kW - distância de recalque de até 500 m","m³",5.87]
[1917463,"Dragagem de cascalho fino com draga de sucção e recalque - bomba de 746 kW e cortador de 110 kW - distância de recalque de 1.100 a 1.300 m","m³",10.15]
[1917464,"Dragagem de cascalho fino com draga de sucção e recalque - bomba de 746 kW e cortador de 110 kW - distância de recalque de 1.300 a 1.500 m","m³",11.75]
[1917465,"Dragagem de cascalho fino com draga de sucção e recalque - bomba de 746 kW e cortador de 110 kW - distância de recalque de 1.500 a 1.700 m","m³",13.55]
[1917466,"Dragagem de cascalho fino com draga de sucção e recalque - bomba de 746 kW e cortador de 110 kW - distância de recalque de 1.700 a 1.900 m","m³",16.14]
[1917467,"Dragagem de cascalho fino com draga de sucção e recalque - bomba de 746 kW e cortador de 110 kW - distância de recalque de 1.900 a 2.100 m","m³",20.03]
[1917468,"Dragagem de cascalho fino com draga de sucção e recalque - bomba de 746 kW e cortador de 110 kW - distância de recalque de 2.100 a 2.300 m","m³",24.48]
[1917469,"Dragagem de cascalho fino com draga de sucção e recalque - bomba de 746 kW e cortador de 110 kW - distância de recalque de 2.300 a 2.500 m","m³",29.38]
[1917470,"Dragagem de cascalho fino com draga de sucção e recalque - bomba de 746 kW e cortador de 110 kW - distância de recalque de 2.500 a 2.700 m","m³",35.11]
[1917471,"Dragagem de cascalho fino com draga de sucção e recalque - bomba de 746 kW e cortador de 110 kW - distância de recalque de 2.700 a 2.900 m","m³",41.9]
[1917472,"Dragagem de cascalho fino com draga de sucção e recalque - bomba de 746 kW e cortador de 110 kW - distância de recalque de 2.900 a 3.100 m","m³",44.86]
[1917460,"Dragagem de cascalho fino com draga de sucção e recalque - bomba de 746 kW e cortador de 110 kW - distância de recalque de 500 a 700 m","m³",5.9]
[1917461,"Dragagem de cascalho fino com draga de sucção e recalque - bomba de 746 kW e cortador de 110 kW - distância de recalque de 700 a 900 m","m³",6.99]
[1917462,"Dragagem de cascalho fino com draga de sucção e recalque - bomba de 746 kW e cortador de 110 kW - distância de recalque de 900 a 1.100 m","m³",8.31]
[1917735,"Dragagem de cascalho fino com draga de sucção e recalque - bomba de 746 kW e cortador de 110 kW - distância de recalque de até 500 m","m³",5.25]
[1917061,"Dragagem de cascalho fino com draga hopper - capacidade da cisterna de 1.000 m³ - DMT de 1.500 a 1.800 m","m³",16.010000000000002]
[1917062,"Dragagem de cascalho fino com draga hopper - capacidade da cisterna de 1.000 m³ - DMT de 1.800 a 2.100 m","m³",16.329999999999998]
[1917063,"Dragagem de cascalho fino com draga hopper - capacidade da cisterna de 1.000 m³ - DMT de 2.100 a 2.400 m","m³",16.64]
[1917064,"Dragagem de cascalho fino com draga hopper - capacidade da cisterna de 1.000 m³ - DMT de 2.400 a 2.700 m","m³",16.98]
[1917065,"Dragagem de cascalho fino com draga hopper - capacidade da cisterna de 1.000 m³ - DMT de 2.700 a 3.000 m","m³",17.329999999999998]
[1917066,"Dragagem de cascalho fino com draga hopper - capacidade da cisterna de 1.000 m³ - DMT de 3.000 m","m³",17.52]
[1901590,"Dragagem de cascalho fino com draga hopper - capacidade da cisterna de 10.000 m³ - DMT de 1.500 a 1.800 m","m³",9.69]
[1901591,"Dragagem de cascalho fino com draga hopper - capacidade da cisterna de 10.000 m³ - DMT de 1.800 a 2.100 m","m³",9.77]
[1901592,"Dragagem de cascalho fino com draga hopper - capacidade da cisterna de 10.000 m³ - DMT de 2.100 a 2.400 m","m³",9.86]
[1901593,"Dragagem de cascalho fino com draga hopper - capacidade da cisterna de 10.000 m³ - DMT de 2.400 a 2.700 m","m³",9.9499999999999993]
[1901594,"Dragagem de cascalho fino com draga hopper - capacidade da cisterna de 10.000 m³ - DMT de 2.700 a 3.000 m","m³",10.050000000000001]
[1901589,"Dragagem de cascalho fino com draga hopper - capacidade da cisterna de 10.000 m³ - DMT de 3.000 m","m³",10.1]
[1901596,"Dragagem de cascalho fino com draga hopper - capacidade da cisterna de 15.000 m³ - DMT de 1.500 a 1.800 m","m³",12.69]
[1901597,"Dragagem de cascalho fino com draga hopper - capacidade da cisterna de 15.000 m³ - DMT de 1.800 a 2.100 m","m³",12.77]
[1901598,"Dragagem de cascalho fino com draga hopper - capacidade da cisterna de 15.000 m³ - DMT de 2.100 a 2.400 m","m³",12.85]
[1901599,"Dragagem de cascalho fino com draga hopper - capacidade da cisterna de 15.000 m³ - DMT de 2.400 a 2.700 m","m³",12.93]
[1901600,"Dragagem de cascalho fino com draga hopper - capacidade da cisterna de 15.000 m³ - DMT de 2.700 a 3.000 m","m³",13.02]
[1901595,"Dragagem de cascalho fino com draga hopper - capacidade da cisterna de 15.000 m³ - DMT de 3.000 m","m³",13.07]
[1917097,"Dragagem de cascalho fino com draga hopper - capacidade da cisterna de 2.000 m³ - DMT de 1.500 a 1.800 m","m³",10.93]
[1917098,"Dragagem de cascalho fino com draga hopper - capacidade da cisterna de 2.000 m³ - DMT de 1.800 a 2.100 m","m³",11.11]
[1917099,"Dragagem de cascalho fino com draga hopper - capacidade da cisterna de 2.000 m³ - DMT de 2.100 a 2.400 m","m³",11.31]
[1917100,"Dragagem de cascalho fino com draga hopper - capacidade da cisterna de 2.000 m³ - DMT de 2.400 a 2.700 m","m³",11.51]
[1917101,"Dragagem de cascalho fino com draga hopper - capacidade da cisterna de 2.000 m³ - DMT de 2.700 a 3.000 m","m³",11.72]
[1917102,"Dragagem de cascalho fino com draga hopper - capacidade da cisterna de 2.000 m³ - DMT de 3.000 m","m³",11.83]
[1901601,"Dragagem de cascalho fino com draga hopper - capacidade da cisterna de 20.000 m³ - DMT de 1.500 a 1.800 m","m³",15.77]
[1901602,"Dragagem de cascalho fino com draga hopper - capacidade da cisterna de 20.000 m³ - DMT de 1.800 a 2.100 m","m³",15.84]
[1901603,"Dragagem de cascalho fino com draga hopper - capacidade da cisterna de 20.000 m³ - DMT de 2.100 a 2.400 m","m³",15.92]
[1901604,"Dragagem de cascalho fino com draga hopper - capacidade da cisterna de 20.000 m³ - DMT de 2.400 a 2.700 m","m³",16]
[1901605,"Dragagem de cascalho fino com draga hopper - capacidade da cisterna de 20.000 m³ - DMT de 2.700 a 3.000 m","m³",16.09]
[1901606,"Dragagem de cascalho fino com draga hopper - capacidade da cisterna de 20.000 m³ - DMT de 3.000 m","m³",16.14]
[1917133,"Dragagem de cascalho fino com draga hopper - capacidade da cisterna de 3.000 m³ - DMT de 1.500 a 1.800 m","m³",10.19]
[1917134,"Dragagem de cascalho fino com draga hopper - capacidade da cisterna de 3.000 m³ - DMT de 1.800 a 2.100 m","m³",10.34]
[1917135,"Dragagem de cascalho fino com draga hopper - capacidade da cisterna de 3.000 m³ - DMT de 2.100 a 2.400 m","m³",10.49]
[1917136,"Dragagem de cascalho fino com draga hopper - capacidade da cisterna de 3.000 m³ - DMT de 2.400 a 2.700 m","m³",10.65]
[1917137,"Dragagem de cascalho fino com draga hopper - capacidade da cisterna de 3.000 m³ - DMT de 2.700 a 3.000 m","m³",10.82]
[1917138,"Dragagem de cascalho fino com draga hopper - capacidade da cisterna de 3.000 m³ - DMT de 3.000 m","m³",10.91]
[1917169,"Dragagem de cascalho fino com draga hopper - capacidade da cisterna de 4.000 m³ - DMT de 1.500 a 1.800 m","m³",9.58]
[1917170,"Dragagem de cascalho fino com draga hopper - capacidade da cisterna de 4.000 m³ - DMT de 1.800 a 2.100 m","m³",9.7100000000000009]
[1917171,"Dragagem de cascalho fino com draga hopper - capacidade da cisterna de 4.000 m³ - DMT de 2.100 a 2.400 m","m³",9.84]
[1917172,"Dragagem de cascalho fino com draga hopper - capacidade da cisterna de 4.000 m³ - DMT de 2.400 a 2.700 m","m³",9.98]
[1917173,"Dragagem de cascalho fino com draga hopper - capacidade da cisterna de 4.000 m³ - DMT de 2.700 a 3.000 m","m³",10.130000000000001]
[1917174,"Dragagem de cascalho fino com draga hopper - capacidade da cisterna de 4.000 m³ - DMT de 3.000 m","m³",10.210000000000001]
[1917205,"Dragagem de cascalho fino com draga hopper - capacidade da cisterna de 5.000 m³ - DMT de 1.500 a 1.800 m","m³",10.51]
[1917206,"Dragagem de cascalho fino com draga hopper - capacidade da cisterna de 5.000 m³ - DMT de 1.800 a 2.100 m","m³",10.62]
[1917207,"Dragagem de cascalho fino com draga hopper - capacidade da cisterna de 5.000 m³ - DMT de 2.100 a 2.400 m","m³",10.74]
[1917208,"Dragagem de cascalho fino com draga hopper - capacidade da cisterna de 5.000 m³ - DMT de 2.400 a 2.700 m","m³",10.86]
[1917209,"Dragagem de cascalho fino com draga hopper - capacidade da cisterna de 5.000 m³ - DMT de 2.700 a 3.000 m","m³",10.99]
[1917210,"Dragagem de cascalho fino com draga hopper - capacidade da cisterna de 5.000 m³ - DMT de 3.000 m","m³",11.06]
[1917025,"Dragagem de cascalho fino com draga hopper - capacidade da cisterna de 750 m³ - DMT de 1.500 a 1.800 m","m³",21.99]
[1917026,"Dragagem de cascalho fino com draga hopper - capacidade da cisterna de 750 m³ - DMT de 1.800 a 2.100 m","m³",22.44]
[1917027,"Dragagem de cascalho fino com draga hopper - capacidade da cisterna de 750 m³ - DMT de 2.100 a 2.400 m","m³",22.9]
[1917028,"Dragagem de cascalho fino com draga hopper - capacidade da cisterna de 750 m³ - DMT de 2.400 a 2.700 m","m³",23.38]
[1917029,"Dragagem de cascalho fino com draga hopper - capacidade da cisterna de 750 m³ - DMT de 2.700 a 3.000 m","m³",23.89]
[1917030,"Dragagem de cascalho fino com draga hopper - capacidade da cisterna de 750 m³ - DMT de 3.000 m","m³",24.16]
[1917629,"Dragagem de material de 1ª categoria com clamshell sobre pontão flutuante - capacidade da caçamba de 4,6 m³ - transporte com batelão sem propulsão com capacidade de 100 t - DMT 0 a 300 m","m³",14.1]
[1917633,"Dragagem de material de 1ª categoria com clamshell sobre pontão flutuante - capacidade da caçamba de 4,6 m³ - transporte com batelão sem propulsão com capacidade de 100 t - DMT 1.200 a 1.500 m","m³",15.8]
[1917634,"Dragagem de material de 1ª categoria com clamshell sobre pontão flutuante - capacidade da caçamba de 4,6 m³ - transporte com batelão sem propulsão com capacidade de 100 t - DMT 1.500 a 1.800 m","m³",16.100000000000001]
[1917635,"Dragagem de material de 1ª categoria com clamshell sobre pontão flutuante - capacidade da caçamba de 4,6 m³ - transporte com batelão sem propulsão com capacidade de 100 t - DMT 1.800 a 2.100 m","m³",16.41]
[1917636,"Dragagem de material de 1ª categoria com clamshell sobre pontão flutuante - capacidade da caçamba de 4,6 m³ - transporte com batelão sem propulsão com capacidade de 100 t - DMT 2.100 a 2.400 m","m³",18.309999999999999]
[1917637,"Dragagem de material de 1ª categoria com clamshell sobre pontão flutuante - capacidade da caçamba de 4,6 m³ - transporte com batelão sem propulsão com capacidade de 100 t - DMT 2.400 a 2.700 m","m³",18.72]
[1917638,"Dragagem de material de 1ª categoria com clamshell sobre pontão flutuante - capacidade da caçamba de 4,6 m³ - transporte com batelão sem propulsão com capacidade de 100 t - DMT 2.700 a 3.000 m","m³",19.13]
[1917630,"Dragagem de material de 1ª categoria com clamshell sobre pontão flutuante - capacidade da caçamba de 4,6 m³ - transporte com batelão sem propulsão com capacidade de 100 t - DMT 300 a 600 m","m³",14.64]
[1917631,"Dragagem de material de 1ª categoria com clamshell sobre pontão flutuante - capacidade da caçamba de 4,6 m³ - transporte com batelão sem propulsão com capacidade de 100 t - DMT 600 a 900 m","m³",15.1]
[1917632,"Dragagem de material de 1ª categoria com clamshell sobre pontão flutuante - capacidade da caçamba de 4,6 m³ - transporte com batelão sem propulsão com capacidade de 100 t - DMT 900 a 1.200 m","m³",15.41]
[1917639,"Dragagem de material de 1ª categoria com clamshell sobre pontão flutuante - capacidade da caçamba de 4,6 m³ - transporte com batelão sem propulsão com capacidade de 100 t - DMT de 3.000 m","m³",19.34]
[1917646,"Dragagem de material de 1ª categoria com dragline - caçamba de 2,1 m³ - caminho de serviço em leito natural - DMT 1.000 a 1.200 m - com caminhão de 14 m³ e carregadeira","m³",19.64]
[1917647,"Dragagem de material de 1ª categoria com dragline - caçamba de 2,1 m³ - caminho de serviço em leito natural - DMT 1.200 a 1.400 m - com caminhão de 14 m³ e carregadeira","m³",19.93]
[1917648,"Dragagem de material de 1ª categoria com dragline - caçamba de 2,1 m³ - caminho de serviço em leito natural - DMT 1.400 a 1.600 m - com caminhão de 14 m³ e carregadeira","m³",20.16]
[1917649,"Dragagem de material de 1ª categoria com dragline - caçamba de 2,1 m³ - caminho de serviço em leito natural - DMT 1.600 a 1.800 m - com caminhão de 14 m³ e carregadeira","m³",20.45]
[1917650,"Dragagem de material de 1ª categoria com dragline - caçamba de 2,1 m³ - caminho de serviço em leito natural - DMT 1.800 a 2.000 m - com caminhão de 14 m³ e carregadeira","m³",20.75]
[1917651,"Dragagem de material de 1ª categoria com dragline - caçamba de 2,1 m³ - caminho de serviço em leito natural - DMT 2.000 a 2.500 m - com caminhão de 14 m³ e carregadeira","m³",21.19]
[1917652,"Dragagem de material de 1ª categoria com dragline - caçamba de 2,1 m³ - caminho de serviço em leito natural - DMT 2.500 a 3.000 m - com caminhão de 14 m³ e carregadeira","m³",23.5]
[1917642,"Dragagem de material de 1ª categoria com dragline - caçamba de 2,1 m³ - caminho de serviço em leito natural - DMT 200 a 400 m - com caminhão de 14 m³ e carregadeira","m³",18.38]
[1917643,"Dragagem de material de 1ª categoria com dragline - caçamba de 2,1 m³ - caminho de serviço em leito natural - DMT 400 a 600 m - com caminhão de 14 m³ e carregadeira","m³",18.75]
[1917641,"Dragagem de material de 1ª categoria com dragline - caçamba de 2,1 m³ - caminho de serviço em leito natural - DMT 50 a 200 m - com caminhão de 14 m³ e carregadeira","m³",16.440000000000001]
[1917644,"Dragagem de material de 1ª categoria com dragline - caçamba de 2,1 m³ - caminho de serviço em leito natural - DMT 600 a 800 m - com caminhão de 14 m³ e carregadeira","m³",19.12]
[1917645,"Dragagem de material de 1ª categoria com dragline - caçamba de 2,1 m³ - caminho de serviço em leito natural - DMT 800 a 1.000 m - com caminhão de 14 m³ e carregadeira","m³",19.34]
[1917653,"Dragagem de material de 1ª categoria com dragline - caçamba de 2,1 m³ - caminho de serviço em leito natural - DMT de 3.000 m - com caminhão de 14 m³ e carregadeira","m³",23.83]
[1917659,"Dragagem de material de 1ª categoria com dragline - caçamba de 2,1 m³ - caminho de serviço em revestimento primário - DMT 1.000 a 1.200 m - com caminhão de 14 m³ e carregadeira","m³",18.82]
[1917660,"Dragagem de material de 1ª categoria com dragline - caçamba de 2,1 m³ - caminho de serviço em revestimento primário - DMT 1.200 a 1.400 m - com caminhão de 14 m³ e carregadeira","m³",18.97]
[1917661,"Dragagem de material de 1ª categoria com dragline - caçamba de 2,1 m³ - caminho de serviço em revestimento primário - DMT 1.400 a 1.600 m - com caminhão de 14 m³ e carregadeira","m³",19.12]
[1917662,"Dragagem de material de 1ª categoria com dragline - caçamba de 2,1 m³ - caminho de serviço em revestimento primário - DMT 1.600 a 1.800 m - com caminhão de 14 m³ e carregadeira","m³",19.27]
[1917663,"Dragagem de material de 1ª categoria com dragline - caçamba de 2,1 m³ - caminho de serviço em revestimento primário - DMT 1.800 a 2.000 m - com caminhão de 14 m³ e carregadeira","m³",19.489999999999998]
[1917664,"Dragagem de material de 1ª categoria com dragline - caçamba de 2,1 m³ - caminho de serviço em revestimento primário - DMT 2.000 a 2.500 m - com caminhão de 14 m³ e carregadeira","m³",19.78]
[1917665,"Dragagem de material de 1ª categoria com dragline - caçamba de 2,1 m³ - caminho de serviço em revestimento primário - DMT 2.500 a 3.000 m - com caminhão de 14 m³ e carregadeira","m³",20.23]
[1917655,"Dragagem de material de 1ª categoria com dragline - caçamba de 2,1 m³ - caminho de serviço em revestimento primário - DMT 200 a 400 m - com caminhão de 14 m³ e carregadeira","m³",16.440000000000001]
[1917656,"Dragagem de material de 1ª categoria com dragline - caçamba de 2,1 m³ - caminho de serviço em revestimento primário - DMT 400 a 600 m - com caminhão de 14 m³ e carregadeira","m³",18.23]
[1917654,"Dragagem de material de 1ª categoria com dragline - caçamba de 2,1 m³ - caminho de serviço em revestimento primário - DMT 50 a 200 m - com caminhão de 14 m³ e carregadeira","m³",16.190000000000001]
[1917657,"Dragagem de material de 1ª categoria com dragline - caçamba de 2,1 m³ - caminho de serviço em revestimento primário - DMT 600 a 800 m - com caminhão de 14 m³ e carregadeira","m³",18.45]
[1917658,"Dragagem de material de 1ª categoria com dragline - caçamba de 2,1 m³ - caminho de serviço em revestimento primário - DMT 800 a 1.000 m - com caminhão de 14 m³ e carregadeira","m³",18.600000000000001]
[1917666,"Dragagem de material de 1ª categoria com dragline - caçamba de 2,1 m³ - caminho de serviço em revestimento primário - DMT de 3.000 m - com caminhão de 14 m³ e carregadeira","m³",20.53]
[1917672,"Dragagem de material de 1ª categoria com dragline - caçamba de 2,1 m³ - caminho de serviço pavimentado - DMT 1.000 a 1.200 m - com caminhão de 14 m³ e carregadeira","m³",18.75]
[1917673,"Dragagem de material de 1ª categoria com dragline - caçamba de 2,1 m³ - caminho de serviço pavimentado - DMT 1.200 a 1.400 m - com caminhão de 14 m³ e carregadeira","m³",18.97]
[1917674,"Dragagem de material de 1ª categoria com dragline - caçamba de 2,1 m³ - caminho de serviço pavimentado - DMT 1.400 a 1.600 m - com caminhão de 14 m³ e carregadeira","m³",19.12]
[1917675,"Dragagem de material de 1ª categoria com dragline - caçamba de 2,1 m³ - caminho de serviço pavimentado - DMT 1.600 a 1.800 m - com caminhão de 14 m³ e carregadeira","m³",19.27]
[1917676,"Dragagem de material de 1ª categoria com dragline - caçamba de 2,1 m³ - caminho de serviço pavimentado - DMT 1.800 a 2.000 m - com caminhão de 14 m³ e carregadeira","m³",19.41]
[1917677,"Dragagem de material de 1ª categoria com dragline - caçamba de 2,1 m³ - caminho de serviço pavimentado - DMT 2.000 a 2.500 m - com caminhão de 14 m³ e carregadeira","m³",19.71]
[1917678,"Dragagem de material de 1ª categoria com dragline - caçamba de 2,1 m³ - caminho de serviço pavimentado - DMT 2.500 a 3.000 m - com caminhão de 14 m³ e carregadeira","m³",20.16]
[1917668,"Dragagem de material de 1ª categoria com dragline - caçamba de 2,1 m³ - caminho de serviço pavimentado - DMT 200 a 400 m - com caminhão de 14 m³ e carregadeira","m³",18.079999999999998]
[1917669,"Dragagem de material de 1ª categoria com dragline - caçamba de 2,1 m³ - caminho de serviço pavimentado - DMT 400 a 600 m - com caminhão de 14 m³ e carregadeira","m³",18.23]
[1917667,"Dragagem de material de 1ª categoria com dragline - caçamba de 2,1 m³ - caminho de serviço pavimentado - DMT 50 a 200 m - com caminhão de 14 m³ e carregadeira","m³",16.260000000000002]
[1917670,"Dragagem de material de 1ª categoria com dragline - caçamba de 2,1 m³ - caminho de serviço pavimentado - DMT 600 a 800 m - com caminhão de 14 m³ e carregadeira","m³",18.45]
[1917671,"Dragagem de material de 1ª categoria com dragline - caçamba de 2,1 m³ - caminho de serviço pavimentado - DMT 800 a 1.000 m - com caminhão de 14 m³ e carregadeira","m³",18.600000000000001]
[1917679,"Dragagem de material de 1ª categoria com dragline - caçamba de 2,1 m³ - caminho de serviço pavimentado - DMT de 3.000 m - com caminhão de 14 m³ e carregadeira","m³",20.38]
[1917640,"Dragagem de material de 1ª categoria com dragline - caçamba de 2,1 m³ - DMT até 50 m","m³",8.65]
[1917686,"Dragagem de material de 1ª categoria com escavadeira hidráulica - capacidade de caçamba de 1,56 m³ - caminho de serviço em leito natural - DMT 1.000 a 1.200 m","m³",10.49]
[1917687,"Dragagem de material de 1ª categoria com escavadeira hidráulica - capacidade de caçamba de 1,56 m³ - caminho de serviço em leito natural - DMT 1.200 a 1.400 m","m³",10.78]
[1917688,"Dragagem de material de 1ª categoria com escavadeira hidráulica - capacidade de caçamba de 1,56 m³ - caminho de serviço em leito natural - DMT 1.400 a 1.600 m","m³",11.81]
[1917689,"Dragagem de material de 1ª categoria com escavadeira hidráulica - capacidade de caçamba de 1,56 m³ - caminho de serviço em leito natural - DMT 1.600 a 1.800 m","m³",12.12]
[1917690,"Dragagem de material de 1ª categoria com escavadeira hidráulica - capacidade de caçamba de 1,56 m³ - caminho de serviço em leito natural - DMT 1.800 a 2.000 m","m³",12.35]
[1917691,"Dragagem de material de 1ª categoria com escavadeira hidráulica - capacidade de caçamba de 1,56 m³ - caminho de serviço em leito natural - DMT 2.000 a 2.500 m","m³",12.82]
[1917692,"Dragagem de material de 1ª categoria com escavadeira hidráulica - capacidade de caçamba de 1,56 m³ - caminho de serviço em leito natural - DMT 2.500 a 3.000 m","m³",14.41]
[1917682,"Dragagem de material de 1ª categoria com escavadeira hidráulica - capacidade de caçamba de 1,56 m³ - caminho de serviço em leito natural - DMT 200 a 400 m","m³",9.27]
[1917693,"Dragagem de material de 1ª categoria com escavadeira hidráulica - capacidade de caçamba de 1,56 m³ - caminho de serviço em leito natural - DMT 3.000 m","m³",14.8]
[1917683,"Dragagem de material de 1ª categoria com escavadeira hidráulica - capacidade de caçamba de 1,56 m³ - caminho de serviço em leito natural - DMT 400 a 600 m","m³",9.61]
[1917681,"Dragagem de material de 1ª categoria com escavadeira hidráulica - capacidade de caçamba de 1,56 m³ - caminho de serviço em leito natural - DMT 50 a 200 m","m³",8]
[1917684,"Dragagem de material de 1ª categoria com escavadeira hidráulica - capacidade de caçamba de 1,56 m³ - caminho de serviço em leito natural - DMT 600 a 800 m","m³",9.91]
[1917685,"Dragagem de material de 1ª categoria com escavadeira hidráulica - capacidade de caçamba de 1,56 m³ - caminho de serviço em leito natural - DMT 800 a 1.000 m","m³",10.199999999999999]
[1917699,"Dragagem de material de 1ª categoria com escavadeira hidráulica - capacidade de caçamba de 1,56 m³ - caminho de serviço em revestimento primário - DMT 1.000 a 1.200 m","m³",9.61]
[1917700,"Dragagem de material de 1ª categoria com escavadeira hidráulica - capacidade de caçamba de 1,56 m³ - caminho de serviço em revestimento primário - DMT 1.200 a 1.400 m","m³",9.7899999999999991]
[1917701,"Dragagem de material de 1ª categoria com escavadeira hidráulica - capacidade de caçamba de 1,56 m³ - caminho de serviço em revestimento primário - DMT 1.400 a 1.600 m","m³",9.9600000000000009]
[1917702,"Dragagem de material de 1ª categoria com escavadeira hidráulica - capacidade de caçamba de 1,56 m³ - caminho de serviço em revestimento primário - DMT 1.600 a 1.800 m","m³",10.14]
[1917703,"Dragagem de material de 1ª categoria com escavadeira hidráulica - capacidade de caçamba de 1,56 m³ - caminho de serviço em revestimento primário - DMT 1.800 a 2.000 m","m³",10.31]
[1917704,"Dragagem de material de 1ª categoria com escavadeira hidráulica - capacidade de caçamba de 1,56 m³ - caminho de serviço em revestimento primário - DMT 2.000 a 2.500 m","m³",10.6]
[1917705,"Dragagem de material de 1ª categoria com escavadeira hidráulica - capacidade de caçamba de 1,56 m³ - caminho de serviço em revestimento primário - DMT 2.500 a 3.000 m","m³",11.89]
[1917695,"Dragagem de material de 1ª categoria com escavadeira hidráulica - capacidade de caçamba de 1,56 m³ - caminho de serviço em revestimento primário - DMT 200 a 400 m","m³",8]
[1917706,"Dragagem de material de 1ª categoria com escavadeira hidráulica - capacidade de caçamba de 1,56 m³ - caminho de serviço em revestimento primário - DMT 3.000 m","m³",12.2]
[1917696,"Dragagem de material de 1ª categoria com escavadeira hidráulica - capacidade de caçamba de 1,56 m³ - caminho de serviço em revestimento primário - DMT 400 a 600 m","m³",9.0299999999999994]
[1917694,"Dragagem de material de 1ª categoria com escavadeira hidráulica - capacidade de caçamba de 1,56 m³ - caminho de serviço em revestimento primário - DMT 50 a 200 m","m³",7.73]
[1917697,"Dragagem de material de 1ª categoria com escavadeira hidráulica - capacidade de caçamba de 1,56 m³ - caminho de serviço em revestimento primário - DMT 600 a 800 m","m³",9.27]
[1917698,"Dragagem de material de 1ª categoria com escavadeira hidráulica - capacidade de caçamba de 1,56 m³ - caminho de serviço em revestimento primário - DMT 800 a 1.000 m","m³",9.44]
[1917712,"Dragagem de material de 1ª categoria com escavadeira hidráulica - capacidade de caçamba de 1,56 m³ - caminho de serviço pavimentado - DMT 1.000 a 1.200 m","m³",9.61]
[1917713,"Dragagem de material de 1ª categoria com escavadeira hidráulica - capacidade de caçamba de 1,56 m³ - caminho de serviço pavimentado - DMT 1.200 a 1.400 m","m³",9.7899999999999991]
[1917714,"Dragagem de material de 1ª categoria com escavadeira hidráulica - capacidade de caçamba de 1,56 m³ - caminho de serviço pavimentado - DMT 1.400 a 1.600 m","m³",9.9600000000000009]
[1917715,"Dragagem de material de 1ª categoria com escavadeira hidráulica - capacidade de caçamba de 1,56 m³ - caminho de serviço pavimentado - DMT 1.600 a 1.800 m","m³",10.08]
[1917716,"Dragagem de material de 1ª categoria com escavadeira hidráulica - capacidade de caçamba de 1,56 m³ - caminho de serviço pavimentado - DMT 1.800 a 2.000 m","m³",10.25]
[1917717,"Dragagem de material de 1ª categoria com escavadeira hidráulica - capacidade de caçamba de 1,56 m³ - caminho de serviço pavimentado - DMT 2.000 a 2.500 m","m³",10.55]
[1917718,"Dragagem de material de 1ª categoria com escavadeira hidráulica - capacidade de caçamba de 1,56 m³ - caminho de serviço pavimentado - DMT 2.500 a 3.000 m","m³",11.73]
[1917708,"Dragagem de material de 1ª categoria com escavadeira hidráulica - capacidade de caçamba de 1,56 m³ - caminho de serviço pavimentado - DMT 200 a 400 m","m³",8.86]
[1917719,"Dragagem de material de 1ª categoria com escavadeira hidráulica - capacidade de caçamba de 1,56 m³ - caminho de serviço pavimentado - DMT 3.000 m","m³",12.04]
[1917709,"Dragagem de material de 1ª categoria com escavadeira hidráulica - capacidade de caçamba de 1,56 m³ - caminho de serviço pavimentado - DMT 400 a 600 m","m³",9.09]
[1917707,"Dragagem de material de 1ª categoria com escavadeira hidráulica - capacidade de caçamba de 1,56 m³ - caminho de serviço pavimentado - DMT 50 a 200 m","m³",7.85]
[1917710,"Dragagem de material de 1ª categoria com escavadeira hidráulica - capacidade de caçamba de 1,56 m³ - caminho de serviço pavimentado - DMT 600 a 800 m","m³",9.27]
[1917711,"Dragagem de material de 1ª categoria com escavadeira hidráulica - capacidade de caçamba de 1,56 m³ - caminho de serviço pavimentado - DMT 800 a 1.000 m","m³",9.44]
[1917680,"Dragagem de material de 1ª categoria com escavadeira hidráulica - capacidade de caçamba de 1,56 m³ - DMT 0 a 50 m","m³",2.57]
[1901607,"Dragagem de material de 1ª categoria com escavadeira hidráulica sobre pontão flutuante - capacidade da caçamba de 1,56 m³ - transporte com batelão sem propulsão com capacidade de 100 t - DMT 0 a 300 m","m³",14.33]
[1901611,"Dragagem de material de 1ª categoria com escavadeira hidráulica sobre pontão flutuante - capacidade da caçamba de 1,56 m³ - transporte com batelão sem propulsão com capacidade de 100 t - DMT 1.200 a 1.500 m","m³",18.04]
[1901612,"Dragagem de material de 1ª categoria com escavadeira hidráulica sobre pontão flutuante - capacidade da caçamba de 1,56 m³ - transporte com batelão sem propulsão com capacidade de 100 t - DMT 1.500 a 1.800 m","m³",18.46]
[1901613,"Dragagem de material de 1ª categoria com escavadeira hidráulica sobre pontão flutuante - capacidade da caçamba de 1,56 m³ - transporte com batelão sem propulsão com capacidade de 100 t - DMT 1.800 a 2.100 m","m³",18.78]
[1901614,"Dragagem de material de 1ª categoria com escavadeira hidráulica sobre pontão flutuante - capacidade da caçamba de 1,56 m³ - transporte com batelão sem propulsão com capacidade de 100 t - DMT 2.100 a 2.400 m","m³",19.09]
[1901615,"Dragagem de material de 1ª categoria com escavadeira hidráulica sobre pontão flutuante - capacidade da caçamba de 1,56 m³ - transporte com batelão sem propulsão com capacidade de 100 t - DMT 2.400 a 2.700 m","m³",19.52]
[1901616,"Dragagem de material de 1ª categoria com escavadeira hidráulica sobre pontão flutuante - capacidade da caçamba de 1,56 m³ - transporte com batelão sem propulsão com capacidade de 100 t - DMT 2.700 a 3.000 m","m³",19.829999999999998]
[1901608,"Dragagem de material de 1ª categoria com escavadeira hidráulica sobre pontão flutuante - capacidade da caçamba de 1,56 m³ - transporte com batelão sem propulsão com capacidade de 100 t - DMT 300 a 600 m","m³",14.82]
[1901609,"Dragagem de material de 1ª categoria com escavadeira hidráulica sobre pontão flutuante - capacidade da caçamba de 1,56 m³ - transporte com batelão sem propulsão com capacidade de 100 t - DMT 600 a 900 m","m³",15.24]
[1901610,"Dragagem de material de 1ª categoria com escavadeira hidráulica sobre pontão flutuante - capacidade da caçamba de 1,56 m³ - transporte com batelão sem propulsão com capacidade de 100 t - DMT 900 a 1.200 m","m³",17.72]
[1901617,"Dragagem de material de 1ª categoria com escavadeira hidráulica sobre pontão flutuante - capacidade da caçamba de 1,56 m³ - transporte com batelão sem propulsão com capacidade de 100 t - DMT de 3.000 m","m³",20.05]
[1917037,"Dragagem de silte com draga hopper - capacidade da cisterna de 1.000 m³ - DMT de 1.500 a 1.800 m","m³",26.65]
[1917038,"Dragagem de silte com draga hopper - capacidade da cisterna de 1.000 m³ - DMT de 1.800 a 2.100 m","m³",27.55]
[1917039,"Dragagem de silte com draga hopper - capacidade da cisterna de 1.000 m³ - DMT de 2.100 a 2.400 m","m³",28.47]
[1917040,"Dragagem de silte com draga hopper - capacidade da cisterna de 1.000 m³ - DMT de 2.400 a 2.700 m","m³",29.43]
[1917041,"Dragagem de silte com draga hopper - capacidade da cisterna de 1.000 m³ - DMT de 2.700 a 3.000 m","m³",30.46]
[1917042,"Dragagem de silte com draga hopper - capacidade da cisterna de 1.000 m³ - DMT de 3.000 m","m³",31]
[1901619,"Dragagem de silte com draga hopper - capacidade da cisterna de 10.000 m³ - DMT de 1.500 a 1.800 m","m³",13.41]
[1901620,"Dragagem de silte com draga hopper - capacidade da cisterna de 10.000 m³ - DMT de 1.800 a 2.100 m","m³",13.65]
[1901621,"Dragagem de silte com draga hopper - capacidade da cisterna de 10.000 m³ - DMT de 2.100 a 2.400 m","m³",13.9]
[1901622,"Dragagem de silte com draga hopper - capacidade da cisterna de 10.000 m³ - DMT de 2.400 a 2.700 m","m³",14.16]
[1901623,"Dragagem de silte com draga hopper - capacidade da cisterna de 10.000 m³ - DMT de 2.700 a 3.000 m","m³",14.44]
[1901618,"Dragagem de silte com draga hopper - capacidade da cisterna de 10.000 m³ - DMT de 3.000 m","m³",14.59]
[1901625,"Dragagem de silte com draga hopper - capacidade da cisterna de 15.000 m³ - DMT de 1.500 a 1.800 m","m³",16.03]
[1901626,"Dragagem de silte com draga hopper - capacidade da cisterna de 15.000 m³ - DMT de 1.800 a 2.100 m","m³",16.25]
[1901627,"Dragagem de silte com draga hopper - capacidade da cisterna de 15.000 m³ - DMT de 2.100 a 2.400 m","m³",16.489999999999998]
[1901628,"Dragagem de silte com draga hopper - capacidade da cisterna de 15.000 m³ - DMT de 2.400 a 2.700 m","m³",16.739999999999998]
[1901629,"Dragagem de silte com draga hopper - capacidade da cisterna de 15.000 m³ - DMT de 2.700 a 3.000 m","m³",17]
[1901624,"Dragagem de silte com draga hopper - capacidade da cisterna de 15.000 m³ - DMT de 3.000 m","m³",17.14]
[1917073,"Dragagem de silte com draga hopper - capacidade da cisterna de 2.000 m³ - DMT de 1.500 a 1.800 m","m³",17.850000000000001]
[1917074,"Dragagem de silte com draga hopper - capacidade da cisterna de 2.000 m³ - DMT de 1.800 a 2.100 m","m³",18.39]
[1917075,"Dragagem de silte com draga hopper - capacidade da cisterna de 2.000 m³ - DMT de 2.100 a 2.400 m","m³",18.95]
[1917076,"Dragagem de silte com draga hopper - capacidade da cisterna de 2.000 m³ - DMT de 2.400 a 2.700 m","m³",19.53]
[1917077,"Dragagem de silte com draga hopper - capacidade da cisterna de 2.000 m³ - DMT de 2.700 a 3.000 m","m³",20.149999999999999]
[1917078,"Dragagem de silte com draga hopper - capacidade da cisterna de 2.000 m³ - DMT de 3.000 m","m³",20.47]
[1901631,"Dragagem de silte com draga hopper - capacidade da cisterna de 20.000 m³ - DMT de 1.500 a 1.800 m","m³",18.84]
[1901632,"Dragagem de silte com draga hopper - capacidade da cisterna de 20.000 m³ - DMT de 1.800 a 2.100 m","m³",19.059999999999999]
[1901633,"Dragagem de silte com draga hopper - capacidade da cisterna de 20.000 m³ - DMT de 2.100 a 2.400 m","m³",19.29]
[1901634,"Dragagem de silte com draga hopper - capacidade da cisterna de 20.000 m³ - DMT de 2.400 a 2.700 m","m³",19.53]
[1901635,"Dragagem de silte com draga hopper - capacidade da cisterna de 20.000 m³ - DMT de 2.700 a 3.000 m","m³",19.79]
[1901630,"Dragagem de silte com draga hopper - capacidade da cisterna de 20.000 m³ - DMT de 3.000 m","m³",19.920000000000002]
[1917109,"Dragagem de silte com draga hopper - capacidade da cisterna de 3.000 m³ - DMT de 1.500 a 1.800 m","m³",15.93]
[1917110,"Dragagem de silte com draga hopper - capacidade da cisterna de 3.000 m³ - DMT de 1.800 a 2.100 m","m³",16.36]
[1917111,"Dragagem de silte com draga hopper - capacidade da cisterna de 3.000 m³ - DMT de 2.100 a 2.400 m","m³",16.8]
[1917112,"Dragagem de silte com draga hopper - capacidade da cisterna de 3.000 m³ - DMT de 2.400 a 2.700 m","m³",17.27]
[1917113,"Dragagem de silte com draga hopper - capacidade da cisterna de 3.000 m³ - DMT de 2.700 a 3.000 m","m³",17.760000000000002]
[1917114,"Dragagem de silte com draga hopper - capacidade da cisterna de 3.000 m³ - DMT de 3.000 m","m³",18.02]
[1917145,"Dragagem de silte com draga hopper - capacidade da cisterna de 4.000 m³ - DMT de 1.500 a 1.800 m","m³",14.71]
[1917146,"Dragagem de silte com draga hopper - capacidade da cisterna de 4.000 m³ - DMT de 1.800 a 2.100 m","m³",15.09]
[1917147,"Dragagem de silte com draga hopper - capacidade da cisterna de 4.000 m³ - DMT de 2.100 a 2.400 m","m³",15.47]
[1917148,"Dragagem de silte com draga hopper - capacidade da cisterna de 4.000 m³ - DMT de 2.400 a 2.700 m","m³",15.88]
[1917149,"Dragagem de silte com draga hopper - capacidade da cisterna de 4.000 m³ - DMT de 2.700 a 3.000 m","m³",16.309999999999999]
[1917150,"Dragagem de silte com draga hopper - capacidade da cisterna de 4.000 m³ - DMT de 3.000 m","m³",16.54]
[1917181,"Dragagem de silte com draga hopper - capacidade da cisterna de 5.000 m³ - DMT de 1.500 a 1.800 m","m³",15.15]
[1917182,"Dragagem de silte com draga hopper - capacidade da cisterna de 5.000 m³ - DMT de 1.800 a 2.100 m","m³",15.48]
[1917183,"Dragagem de silte com draga hopper - capacidade da cisterna de 5.000 m³ - DMT de 2.100 a 2.400 m","m³",15.82]
[1917184,"Dragagem de silte com draga hopper - capacidade da cisterna de 5.000 m³ - DMT de 2.400 a 2.700 m","m³",16.170000000000002]
[1917185,"Dragagem de silte com draga hopper - capacidade da cisterna de 5.000 m³ - DMT de 2.700 a 3.000 m","m³",16.55]
[1917186,"Dragagem de silte com draga hopper - capacidade da cisterna de 5.000 m³ - DMT de 3.000 m","m³",16.75]
[1917001,"Dragagem de silte com draga hopper - capacidade da cisterna de 750 m³ - DMT de 1.500 a 1.800 m","m³",35.74]
[1917002,"Dragagem de silte com draga hopper - capacidade da cisterna de 750 m³ - DMT de 1.800 a 2.100 m","m³",37.049999999999997]
[1917003,"Dragagem de silte com draga hopper - capacidade da cisterna de 750 m³ - DMT de 2.100 a 2.400 m","m³",38.369999999999997]
[1917004,"Dragagem de silte com draga hopper - capacidade da cisterna de 750 m³ - DMT de 2.400 a 2.700 m","m³",39.78]
[1917005,"Dragagem de silte com draga hopper - capacidade da cisterna de 750 m³ - DMT de 2.700 a 3.000 m","m³",41.25]
[1917006,"Dragagem de silte com draga hopper - capacidade da cisterna de 750 m³ - DMT de 3.000 m","m³",42.04]
[2009619,"Alvenaria de blocos de concreto 19 x 19 x 39 cm com espessura de 20 cm - areia comercial","m²",128.25]
[2009618,"Alvenaria de blocos de concreto 19 x 19 x 39 cm com espessura de 20 cm - areia extraída","m²",126.43]
[2003866,"Aplicação de geotêxtil não-tecido agulhado com resistência à tração longitudinal de 14 kN/m","m²",8.2200000000000006]
[2003867,"Aplicação de geotêxtil não-tecido agulhado com resistência à tração longitudinal de 31 kN/m","m²",17.47]
[2003622,"Boca de lobo combinada - chapéu e grelha simples - BLC 01 - areia e brita comerciais","un",2499.4699999999998]
[2003621,"Boca de lobo combinada - chapéu e grelha simples - BLC 01 - areia extraída e brita produzida","un",2394.87]
[2003624,"Boca de lobo combinada - chapéu e grelha simples - BLC 02 - areia e brita comerciais","un",2916.98]
[2003623,"Boca de lobo combinada - chapéu e grelha simples - BLC 02 - areia extraída e brita produzida","un",2800.95]
[2003634,"Boca de lobo dupla - grelha de concreto - BLDG 01 - areia e brita comerciais","un",1876.5]
[2003633,"Boca de lobo dupla - grelha de concreto - BLDG 01 - areia extraída e brita produzida","un",1771.89]
[2003636,"Boca de lobo dupla - grelha de concreto - BLDG 02 - areia e brita comerciais","un",2294]
[2003635,"Boca de lobo dupla - grelha de concreto - BLDG 02 - areia extraída e brita produzida","un",2177.98]
[2003638,"Boca de lobo dupla - grelha de concreto - BLDG 03 - areia e brita comerciais","un",2716.52]
[2003637,"Boca de lobo dupla - grelha de concreto - BLDG 03 - areia extraída e brita produzida","un",2587.9]
[2003640,"Boca de lobo dupla - grelha de concreto - BLDG 04 - areia e brita comerciais","un",3134.03]
[2003639,"Boca de lobo dupla - grelha de concreto - BLDG 04 - areia extraída e brita produzida","un",2993.98]
[2003618,"Boca de lobo simples - BLS 01 - areia e brita comerciais","un",1045.48]
[2003617,"Boca de lobo simples - BLS 01 - areia extraída e brita produzida","un",987.94]
[2003620,"Boca de lobo simples - BLS 02 - areia e brita comerciais","un",1300.3399999999999]
[2003619,"Boca de lobo simples - BLS 02 - areia extraída e brita produzida","un",1235.8900000000001]
[2003626,"Boca de lobo simples - grelha de concreto - BLSG 01 - areia e brita comerciais","un",973.06]
[2003625,"Boca de lobo simples - grelha de concreto - BLSG 01 - areia extraída e brita produzida","un",915.53]
[2003628,"Boca de lobo simples - grelha de concreto - BLSG 02 - areia e brita comerciais","un",1227.93]
[2003627,"Boca de lobo simples - grelha de concreto - BLSG 02 - areia extraída e brita produzida","un",1163.47]
[2003630,"Boca de lobo simples - grelha de concreto - BLSG 03 - areia e brita comerciais","un",1482.79]
[2003629,"Boca de lobo simples - grelha de concreto - BLSG 03 - areia extraída e brita produzida","un",1411.42]
[2003632,"Boca de lobo simples - grelha de concreto - BLSG 04 - areia e brita comerciais","un",1737.66]
[2003631,"Boca de lobo simples - grelha de concreto - BLSG 04 - areia extraída e brita produzida","un",1659.37]
[2003599,"Boca de saída para dreno longitudinal profundo - BSD 01 - tubo de concreto perfurado - areia e brita comerciais","un",218.02]
[2003598,"Boca de saída para dreno longitudinal profundo - BSD 01 - tubo de concreto perfurado - areia extraída e brita produzida","un",196.02]
[2003919,"Boca de saída para dreno longitudinal profundo - BSD 01 - tubo de PEAD - areia e brita comerciais","un",218.02]
[2003918,"Boca de saída para dreno longitudinal profundo - BSD 01 - tubo de PEAD - areia extraída e brita produzida","un",196.02]
[2003601,"Boca de saída para dreno longitudinal profundo - BSD 02 - tubo de concreto perfurado - areia e brita comerciais","un",273.33]
[2003600,"Boca de saída para dreno longitudinal profundo - BSD 02 - tubo de concreto perfurado - areia extraída e brita produzida","un",244.56]
[2003921,"Boca de saída para dreno longitudinal profundo - BSD 02 - tubo de PEAD - areia e brita comerciais","un",273.33]
[2003920,"Boca de saída para dreno longitudinal profundo - BSD 02 - tubo de PEAD - areia extraída e brita produzida","un",244.56]
[2003616,"Boca de saída para dreno sub-horizontal em material de 1ª categoria - BSD 04 - areia e brita comerciais","un",22.95]
[2003615,"Boca de saída para dreno sub-horizontal em material de 1ª categoria - BSD 04 - areia extraída e brita produzida","un",19.850000000000001]
[2003927,"Boca de saída para dreno sub-horizontal em material de 2ª categoria - BSD 04 - areia e brita comerciais","un",23.77]
[2003926,"Boca de saída para dreno sub-horizontal em material de 2ª categoria - BSD 04 - areia extraída e brita produzida","un",20.66]
[2003613,"Boca de saída para dreno subsuperficial - BSD 03 - areia e brita comerciais","un",156.36000000000001]
[2003612,"Boca de saída para dreno subsuperficial - BSD 03 - areia extraída e brita produzida","un",142.82]
[2003477,"Caixa coletora de sarjeta - CCS 200-60 A - com grelha de concreto - areia e brita comerciais","un",4773.2299999999996]
[2003476,"Caixa coletora de sarjeta - CCS 200-60 A - com grelha de concreto - areia extraída e brita produzida","un",4402.75]
[2003517,"Caixa coletora de sarjeta - CCS 200-60 B - com grelha de aço - areia e brita comerciais","un",4961.7700000000004]
[2003516,"Caixa coletora de sarjeta - CCS 200-60 B - com grelha de aço - areia extraída e brita produzida","un",4601.6400000000003]
[2003479,"Caixa coletora de sarjeta - CCS 200-80 A - com grelha de concreto - areia e brita comerciais","un",4741.8999999999996]
[2003478,"Caixa coletora de sarjeta - CCS 200-80 A - com grelha de concreto - areia extraída e brita produzida","un",4377.62]
[2003519,"Caixa coletora de sarjeta - CCS 200-80 B - com grelha de aço - areia e brita comerciais","un",4930.43]
[2003518,"Caixa coletora de sarjeta - CCS 200-80 B - com grelha de aço - areia extraída e brita produzida","un",4576.51]
[2003489,"Caixa coletora de sarjeta - CCS 250-100 A - com grelha de concreto - areia e brita comerciais","un",5791.65]
[2003488,"Caixa coletora de sarjeta - CCS 250-100 A - com grelha de concreto - areia extraída e brita produzida","un",5343.53]
[2003529,"Caixa coletora de sarjeta - CCS 250-100 B - com grelha de aço - areia e brita comerciais","un",5980.18]
[2003528,"Caixa coletora de sarjeta - CCS 250-100 B - com grelha de aço - areia extraída e brita produzida","un",5542.43]
[2003491,"Caixa coletora de sarjeta - CCS 250-120 A - com grelha de concreto - areia e brita comerciais","un",6583.51]
[2003490,"Caixa coletora de sarjeta - CCS 250-120 A - com grelha de concreto - areia extraída e brita produzida","un",6070.57]
[2003531,"Caixa coletora de sarjeta - CCS 250-120 B - com grelha de aço - areia e brita comerciais","un",6800.86]
[2003530,"Caixa coletora de sarjeta - CCS 250-120 B - com grelha de aço - areia extraída e brita produzida","un",6300.8]
[2003485,"Caixa coletora de sarjeta - CCS 250-60 A - com grelha de concreto - areia e brita comerciais","un",5863.27]
[2003484,"Caixa coletora de sarjeta - CCS 250-60 A - com grelha de concreto - areia extraída e brita produzida","un",5400.98]
[2003525,"Caixa coletora de sarjeta - CCS 250-60 B - com grelha de aço - areia e brita comerciais","un",6051.81]
[2003524,"Caixa coletora de sarjeta - CCS 250-60 B - com grelha de aço - areia extraída e brita produzida","un",5599.87]
[2003487,"Caixa coletora de sarjeta - CCS 250-80 A - com grelha de concreto - areia e brita comerciais","un",5831.94]
[2003486,"Caixa coletora de sarjeta - CCS 250-80 A - com grelha de concreto - areia extraída e brita produzida","un",5375.85]
[2003527,"Caixa coletora de sarjeta - CCS 250-80 B - com grelha de aço - areia e brita comerciais","un",6020.47]
[2003526,"Caixa coletora de sarjeta - CCS 250-80 B - com grelha de aço - areia extraída e brita produzida","un",5574.74]
[2003497,"Caixa coletora de sarjeta - CCS 300-100 A - com grelha de concreto - areia e brita comerciais","un",6838.95]
[2003496,"Caixa coletora de sarjeta - CCS 300-100 A - com grelha de concreto - areia extraída e brita produzida","un",6316.1]
[2003537,"Caixa coletora de sarjeta - CCS 300-100 B - com grelha de aço - areia e brita comerciais","un",7027.48]
[2003536,"Caixa coletora de sarjeta - CCS 300-100 B - com grelha de aço - areia extraída e brita produzida","un",6514.99]
[2003499,"Caixa coletora de sarjeta - CCS 300-120 A - com grelha de concreto - areia e brita comerciais","un",7760.1]
[2003498,"Caixa coletora de sarjeta - CCS 300-120 A - com grelha de concreto - areia extraída e brita produzida","un",7162.55]
[2003539,"Caixa coletora de sarjeta - CCS 300-120 B - com grelha de aço - areia e brita comerciais","un",7977.45]
[2003538,"Caixa coletora de sarjeta - CCS 300-120 B - com grelha de aço - areia extraída e brita produzida","un",7392.78]
[2003493,"Caixa coletora de sarjeta - CCS 300-60 A - com grelha de concreto - areia e brita comerciais","un",6910.57]
[2003492,"Caixa coletora de sarjeta - CCS 300-60 A - com grelha de concreto - areia extraída e brita produzida","un",6373.54]
[2003533,"Caixa coletora de sarjeta - CCS 300-60 B - com grelha de aço - areia e brita comerciais","un",7099.11]
[2003532,"Caixa coletora de sarjeta - CCS 300-60 B - com grelha de aço - areia extraída e brita produzida","un",6572.43]
[2003495,"Caixa coletora de sarjeta - CCS 300-80 A - com grelha de concreto - areia e brita comerciais","un",6879.24]
[2003494,"Caixa coletora de sarjeta - CCS 300-80 A - com grelha de concreto - areia extraída e brita produzida","un",6348.41]
[2003535,"Caixa coletora de sarjeta - CCS 300-80 B - com grelha de aço - areia e brita comerciais","un",7067.77]
[2003534,"Caixa coletora de sarjeta - CCS 300-80 B - com grelha de aço - areia extraída e brita produzida","un",6547.3]
[2003505,"Caixa coletora de sarjeta - CCS 350-100 A - com grelha de concreto - areia e brita comerciais","un",7824.21]
[2003504,"Caixa coletora de sarjeta - CCS 350-100 A - com grelha de concreto - areia extraída e brita produzida","un",7226.62]
[2003545,"Caixa coletora de sarjeta - CCS 350-100 B - com grelha de aço - areia e brita comerciais","un",8012.74]
[2003544,"Caixa coletora de sarjeta - CCS 350-100 B - com grelha de aço - areia extraída e brita produzida","un",7425.52]
[2003507,"Caixa coletora de sarjeta - CCS 350-120 A - com grelha de concreto - areia e brita comerciais","un",8870.2800000000007]
[2003506,"Caixa coletora de sarjeta - CCS 350-120 A - com grelha de concreto - areia extraída e brita produzida","un",8188.13]
[2003547,"Caixa coletora de sarjeta - CCS 350-120 B - com grelha de aço - areia e brita comerciais","un",9087.6299999999992]
[2003546,"Caixa coletora de sarjeta - CCS 350-120 B - com grelha de aço - areia extraída e brita produzida","un",8418.36]
[2003501,"Caixa coletora de sarjeta - CCS 350-60 A - com grelha de concreto - areia e brita comerciais","un",7895.84]
[2003500,"Caixa coletora de sarjeta - CCS 350-60 A - com grelha de concreto - areia extraída e brita produzida","un",7284.07]
[2003541,"Caixa coletora de sarjeta - CCS 350-60 B - com grelha de aço - areia e brita comerciais","un",8084.37]
[2003540,"Caixa coletora de sarjeta - CCS 350-60 B - com grelha de aço - areia extraída e brita produzida","un",7482.96]
[2003503,"Caixa coletora de sarjeta - CCS 350-80 A - com grelha de concreto - areia e brita comerciais","un",7864.5]
[2003502,"Caixa coletora de sarjeta - CCS 350-80 A - com grelha de concreto - areia extraída e brita produzida","un",7258.94]
[2003543,"Caixa coletora de sarjeta - CCS 350-80 B - com grelha de aço - areia e brita comerciais","un",8053.04]
[2003542,"Caixa coletora de sarjeta - CCS 350-80 B - com grelha de aço - areia extraída e brita produzida","un",7457.83]
[2003513,"Caixa coletora de sarjeta - CCS 400-100 A - com grelha de concreto - areia e brita comerciais","un",8871.51]
[2003512,"Caixa coletora de sarjeta - CCS 400-100 A - com grelha de concreto - areia extraída e brita produzida","un",8199.19]
[2003553,"Caixa coletora de sarjeta - CCS 400-100 B - com grelha de aço - areia e brita comerciais","un",9060.0400000000009]
[2003552,"Caixa coletora de sarjeta - CCS 400-100 B - com grelha de aço - areia extraída e brita produzida","un",8398.08]
[2003515,"Caixa coletora de sarjeta - CCS 400-120 A - com grelha de concreto - areia e brita comerciais","un",10046.870000000001]
[2003514,"Caixa coletora de sarjeta - CCS 400-120 A - com grelha de concreto - areia extraída e brita produzida","un",9280.11]
[2003555,"Caixa coletora de sarjeta - CCS 400-120 B - com grelha de aço - areia e brita comerciais","un",10264.23]
[2003554,"Caixa coletora de sarjeta - CCS 400-120 B - com grelha de aço - areia extraída e brita produzida","un",9510.34]
[2003509,"Caixa coletora de sarjeta - CCS 400-60 A - com grelha de concreto - areia e brita comerciais","un",8943.1299999999992]
[2003508,"Caixa coletora de sarjeta - CCS 400-60 A - com grelha de concreto - areia extraída e brita produzida","un",8256.6299999999992]
[2003549,"Caixa coletora de sarjeta - CCS 400-60 B - com grelha de aço - areia e brita comerciais","un",9131.67]
[2003548,"Caixa coletora de sarjeta - CCS 400-60 B - com grelha de aço - areia extraída e brita produzida","un",8455.52]
[2003511,"Caixa coletora de sarjeta - CCS 400-80 A - com grelha de concreto - areia e brita comerciais","un",8911.7999999999993]
[2003510,"Caixa coletora de sarjeta - CCS 400-80 A - com grelha de concreto - areia extraída e brita produzida","un",8231.5]
[2003551,"Caixa coletora de sarjeta - CCS 400-80 B - com grelha de aço - areia e brita comerciais","un",9100.33]
[2003550,"Caixa coletora de sarjeta - CCS 400-80 B - com grelha de aço - areia extraída e brita produzida","un",8430.39]
[2003728,"Caixa coletora de talvegue - CCT 01 - areia e brita comerciais","un",3637.83]
[2003727,"Caixa coletora de talvegue - CCT 01 - areia extraída e brita produzida","un",3319.14]
[2003730,"Caixa coletora de talvegue - CCT 02 - areia e brita comerciais","un",3591.87]
[2003729,"Caixa coletora de talvegue - CCT 02 - areia extraída e brita produzida","un",3287.29]
[2003732,"Caixa coletora de talvegue - CCT 03 - areia e brita comerciais","un",3550.51]
[2003731,"Caixa coletora de talvegue - CCT 03 - areia extraída e brita produzida","un",3258.62]
[2003734,"Caixa coletora de talvegue - CCT 04 - areia e brita comerciais","un",3499.96]
[2003733,"Caixa coletora de talvegue - CCT 04 - areia extraída e brita produzida","un",3223.58]
[2003736,"Caixa coletora de talvegue - CCT 05 - areia e brita comerciais","un",4757.1400000000003]
[2003735,"Caixa coletora de talvegue - CCT 05 - areia extraída e brita produzida","un",4360.8999999999996]
[2003738,"Caixa coletora de talvegue - CCT 06 - areia e brita comerciais","un",4711.18]
[2003737,"Caixa coletora de talvegue - CCT 06 - areia extraída e brita produzida","un",4329.05]
[2003740,"Caixa coletora de talvegue - CCT 07 - areia e brita comerciais","un",4669.83]
[2003739,"Caixa coletora de talvegue - CCT 07 - areia extraída e brita produzida","un",4300.38]
[2003742,"Caixa coletora de talvegue - CCT 08 - areia e brita comerciais","un",4803.09]
[2003741,"Caixa coletora de talvegue - CCT 08 - areia extraída e brita produzida","un",4392.76]
[2003744,"Caixa coletora de talvegue - CCT 09 - areia e brita comerciais","un",5724.2]
[2003743,"Caixa coletora de talvegue - CCT 09 - areia extraída e brita produzida","un",5250.41]
[2003746,"Caixa coletora de talvegue - CCT 10 - areia e brita comerciais","un",5678.25]
[2003745,"Caixa coletora de talvegue - CCT 10 - areia extraída e brita produzida","un",5218.5600000000004]
[2003748,"Caixa coletora de talvegue - CCT 11 - areia e brita comerciais","un",5636.89]
[2003747,"Caixa coletora de talvegue - CCT 11 - areia extraída e brita produzida","un",5189.8900000000003]
[2003750,"Caixa coletora de talvegue - CCT 12 - areia e brita comerciais","un",5586.34]
[2003749,"Caixa coletora de talvegue - CCT 12 - areia extraída e brita produzida","un",5154.8500000000004]
[2003752,"Caixa coletora de talvegue - CCT 13 - areia e brita comerciais","un",6894.51]
[2003751,"Caixa coletora de talvegue - CCT 13 - areia extraída e brita produzida","un",6343.16]
[2003754,"Caixa coletora de talvegue - CCT 14 - areia e brita comerciais","un",6848.55]
[2003753,"Caixa coletora de talvegue - CCT 14 - areia extraída e brita produzida","un",6311.31]
[2003756,"Caixa coletora de talvegue - CCT 15 - areia e brita comerciais","un",6807.19]
[2003755,"Caixa coletora de talvegue - CCT 15 - areia extraída e brita produzida","un",6282.64]
[2003758,"Caixa coletora de talvegue - CCT 16 - areia e brita comerciais","un",6756.64]
[2003757,"Caixa coletora de talvegue - CCT 16 - areia extraída e brita produzida","un",6247.6]
[2003760,"Caixa coletora de talvegue - CCT 17 - areia e brita comerciais","un",6891.2]
[2003759,"Caixa coletora de talvegue - CCT 17 - areia extraída e brita produzida","un",6572.52]
[2003762,"Caixa coletora de talvegue - CCT 18 - areia e brita comerciais","un",7856.26]
[2003761,"Caixa coletora de talvegue - CCT 18 - areia extraída e brita produzida","un",7241.45]
[2003764,"Caixa coletora de talvegue - CCT 19 - areia e brita comerciais","un",7814.9]
[2003763,"Caixa coletora de talvegue - CCT 19 - areia extraída e brita produzida","un",7212.79]
[2003766,"Caixa coletora de talvegue - CCT 20 - areia e brita comerciais","un",7764.35]
[2003765,"Caixa coletora de talvegue - CCT 20 - areia extraída e brita produzida","un",7177.75]
[2003642,"Caixa de ligação e passagem - CLP 01 - areia e brita comerciais","un",1696]
[2003641,"Caixa de ligação e passagem - CLP 01 - areia extraída e brita produzida","un",1497.17]
[2003644,"Caixa de ligação e passagem - CLP 02 - areia e brita comerciais","un",1668.42]
[2003643,"Caixa de ligação e passagem - CLP 02 - areia extraída e brita produzida","un",1478.06]
[2003646,"Caixa de ligação e passagem - CLP 03 - areia e brita comerciais","un",2279.86]
[2003645,"Caixa de ligação e passagem - CLP 03 - areia extraída e brita produzida","un",2006.3]
[2003648,"Caixa de ligação e passagem - CLP 04 - areia e brita comerciais","un",2941.09]
[2003647,"Caixa de ligação e passagem - CLP 04 - areia extraída e brita produzida","un",2597.0300000000002]
[2003650,"Caixa de ligação e passagem - CLP 05 - areia e brita comerciais","un",3504.25]
[2003649,"Caixa de ligação e passagem - CLP 05 - areia extraída e brita produzida","un",3106.6]
[2003652,"Caixa de ligação e passagem - CLP 06 - areia e brita comerciais","un",4507.68]
[2003651,"Caixa de ligação e passagem - CLP 06 - areia extraída e brita produzida","un",4026.84]
[2003654,"Caixa de ligação e passagem - CLP 07 - areia e brita comerciais","un",2027.92]
[2003653,"Caixa de ligação e passagem - CLP 07 - areia extraída e brita produzida","un",1791.03]
[2003656,"Caixa de ligação e passagem - CLP 08 - areia e brita comerciais","un",1995.76]
[2003655,"Caixa de ligação e passagem - CLP 08 - areia extraída e brita produzida","un",1768.73]
[2003658,"Caixa de ligação e passagem - CLP 09 - areia e brita comerciais","un",2660.14]
[2003657,"Caixa de ligação e passagem - CLP 09 - areia extraída e brita produzida","un",2340.0500000000002]
[2003660,"Caixa de ligação e passagem - CLP 10 - areia e brita comerciais","un",3347.2]
[2003659,"Caixa de ligação e passagem - CLP 10 - areia extraída e brita produzida","un",2953.78]
[2003662,"Caixa de ligação e passagem - CLP 11 - areia e brita comerciais","un",3940.77]
[2003661,"Caixa de ligação e passagem - CLP 11 - areia extraída e brita produzida","un",3489.54]
[2003664,"Caixa de ligação e passagem - CLP 12 - areia e brita comerciais","un",4872.3599999999997]
[2003663,"Caixa de ligação e passagem - CLP 12 - areia extraída e brita produzida","un",4333.7]
[2003666,"Caixa de ligação e passagem - CLP 13 - areia e brita comerciais","un",2364.4499999999998]
[2003665,"Caixa de ligação e passagem - CLP 13 - areia extraída e brita produzida","un",2088.0700000000002]
[2003668,"Caixa de ligação e passagem - CLP 14 - areia e brita comerciais","un",2336.88]
[2003667,"Caixa de ligação e passagem - CLP 14 - areia extraída e brita produzida","un",2068.96]
[2003670,"Caixa de ligação e passagem - CLP 15 - areia e brita comerciais","un",3054.22]
[2003669,"Caixa de ligação e passagem - CLP 15 - areia extraída e brita produzida","un",2683.36]
[2003672,"Caixa de ligação e passagem - CLP 16 - areia e brita comerciais","un",3776.28]
[2003671,"Caixa de ligação e passagem - CLP 16 - areia extraída e brita produzida","un",3326.46]
[2003674,"Caixa de ligação e passagem - CLP 17 - areia e brita comerciais","un",4395.67]
[2003673,"Caixa de ligação e passagem - CLP 17 - areia extraída e brita produzida","un",3885.22]
[2003676,"Caixa de ligação e passagem - CLP 18 - areia e brita comerciais","un",5375.18]
[2003675,"Caixa de ligação e passagem - CLP 18 - areia extraída e brita produzida","un",4770.24]
[2003854,"Camada drenante para proteção de muros de contenção - areia comercial","m³",134.52000000000001]
[2003855,"Camada drenante para proteção de muros de contenção - areia extraída","m³",16.73]
[2003856,"Camada drenante para proteção de muros de contenção - brita comercial","m³",171.13]
[2003857,"Camada drenante para proteção de muros de contenção - brita produzida","m³",69.900000000000006]
[2019782,"Canal em polietileno e polipropileno com efeito autolimpante e abertura de captação em ferro fundido dúctil - carga de controle de 900 kN - 100,0 x 21,0 x 57,9 cm - fornecimento e instalação em pavimento de asfalto","m",1177.29]
[2019783,"Canal em polietileno e polipropileno com efeito autolimpante e abertura de captação em ferro fundido dúctil - carga de controle de 900 kN - 100,0 x 25,2 x 66,5 cm - fornecimento e instalação em pavimento de asfalto","m",1837.84]
[2019784,"Canal em polietileno e polipropileno com efeito autolimpante e abertura de captação em ferro fundido dúctil - carga de controle de 900 kN - 100,0 x 42,0 x 95,0 cm - fornecimento e instalação em pavimento de asfalto","m",2370.5500000000002]
[2019785,"Canal em polietileno e polipropileno com efeito autolimpante e abertura de captação em ferro fundido dúctil - carga de controle de 900 kN - 114,2 x 78,0 x 106,0 cm - fornecimento e instalação em pavimento de asfalto","m",3147.26]
[2019776,"Canal em polietileno e polipropileno com efeito autolimpante e grelha de encaixe em ferro fundido dúctil - carga de controle de 400 kN - 100,0 x 14,7 x 18,6 cm - fornecimento e instalação em pavimento de asfalto","m",536.02]
[2019777,"Canal em polietileno e polipropileno com efeito autolimpante e grelha de encaixe em ferro fundido dúctil - carga de controle de 400 kN - 100,0 x 24,7 x 23,6 cm - fornecimento e instalação em pavimento de asfalto","m",1378.97]
[2019778,"Canal em polietileno e polipropileno com efeito autolimpante e grelha de encaixe em ferro fundido dúctil - carga de controle de 400 kN - 100,0 x 34,9 x 29,4 cm - fornecimento e instalação em pavimento de asfalto","m",2316.64]
[2019779,"Canal em polietileno e polipropileno com efeito autolimpante e grelha de encaixe em ferro fundido dúctil - carga de controle de 600 kN - 100,0 x 16,0 x 15,0 cm - fornecimento e instalação em pavimento de asfalto","m",816.58]
[2019780,"Canal em polietileno e polipropileno com efeito autolimpante e grelha de encaixe em ferro fundido dúctil - carga de controle de 600 kN - 100,0 x 21,2 x 21,0 cm - fornecimento e instalação em pavimento de asfalto","m",998.08]
[2019781,"Canal em polietileno e polipropileno com efeito autolimpante e grelha de encaixe em ferro fundido dúctil - carga de controle de 600 kN - 100,0 x 26,2 x 20,0 cm - fornecimento e instalação em pavimento de asfalto","m",1257.54]
[2019773,"Canal em polietileno e polipropileno com efeito autolimpante e grelha de encaixe em poliamida reforçada - carga de controle de 250 kN - 100,0 x 16,0 x 15,0 cm - fornecimento e instalação em pavimento de asfalto","m",357.54]
[2019774,"Canal em polietileno e polipropileno com efeito autolimpante e grelha de encaixe em poliamida reforçada - carga de controle de 250 kN - 100,0 x 16,0 x 20,0 cm - fornecimento e instalação em pavimento de asfalto","m",382.84]
[2019775,"Canal em polietileno e polipropileno com efeito autolimpante e grelha de encaixe em poliamida reforçada - carga de controle de 250 kN - 100,0 x 16,0 x 7,5 cm - fornecimento e instalação em pavimento de asfalto","m",331.3]
[2019755,"Canal monobloco com corpo e grelha em concreto polímero com efeito autolimpante - carga de controle de 400 kN - 100,0 x 15,0 x 23,0 cm - fornecimento e instalação em pavimento de asfalto","m",453.27]
[2019764,"Canal monobloco com corpo e grelha em concreto polímero com efeito autolimpante - carga de controle de 400 kN - 100,0 x 15,0 x 23,0 cm - fornecimento e instalação em pavimento de concreto","m",477.63]
[2019756,"Canal monobloco com corpo e grelha em concreto polímero com efeito autolimpante - carga de controle de 400 kN - 100,0 x 25,0 x 32,0 cm - fornecimento e instalação em pavimento de asfalto","m",830.4]
[2019765,"Canal monobloco com corpo e grelha em concreto polímero com efeito autolimpante - carga de controle de 400 kN - 100,0 x 25,0 x 32,0 cm - fornecimento e instalação em pavimento de concreto","m",854.77]
[2019757,"Canal monobloco com corpo e grelha em concreto polímero com efeito autolimpante - carga de controle de 900 kN - 100,0 x 16,0 x 26,5 cm - fornecimento e instalação em pavimento de asfalto","m",836.91]
[2019766,"Canal monobloco com corpo e grelha em concreto polímero com efeito autolimpante - carga de controle de 900 kN - 100,0 x 16,0 x 26,5 cm - fornecimento e instalação em pavimento de concreto","m",896.6]
[2019758,"Canal monobloco com corpo e grelha em concreto polímero com efeito autolimpante - carga de controle de 900 kN - 100,0 x 21,0 x 28,0 cm - fornecimento e instalação em pavimento de asfalto","m",891.15]
[2019767,"Canal monobloco com corpo e grelha em concreto polímero com efeito autolimpante - carga de controle de 900 kN - 100,0 x 21,0 x 28,0 cm - fornecimento e instalação em pavimento de concreto","m",951.32]
[2019759,"Canal monobloco com corpo e grelha em concreto polímero com efeito autolimpante - carga de controle de 900 kN - 100,0 x 21,0 x 38,0 cm - fornecimento e instalação em pavimento de asfalto","m",1009.03]
[2019768,"Canal monobloco com corpo e grelha em concreto polímero com efeito autolimpante - carga de controle de 900 kN - 100,0 x 21,0 x 38,0 cm - fornecimento e instalação em pavimento de concreto","m",1078.81]
[2019760,"Canal monobloco com corpo e grelha em concreto polímero com efeito autolimpante - carga de controle de 900 kN - 100,0 x 21,0 x 48,0 cm - fornecimento e instalação em pavimento de asfalto","m",1254.08]
[2019769,"Canal monobloco com corpo e grelha em concreto polímero com efeito autolimpante - carga de controle de 900 kN - 100,0 x 21,0 x 48,0 cm - fornecimento e instalação em pavimento de concreto","m",1333.49]
[2019761,"Canal monobloco com corpo e grelha em concreto polímero com efeito autolimpante - carga de controle de 900 kN - 100,0 x 26,0 x 33,0 cm - fornecimento e instalação em pavimento de asfalto","m",1243.99]
[2019770,"Canal monobloco com corpo e grelha em concreto polímero com efeito autolimpante - carga de controle de 900 kN - 100,0 x 26,0 x 33,0 cm - fornecimento e instalação em pavimento de concreto","m",1308.97]
[2019762,"Canal monobloco com corpo e grelha em concreto polímero com efeito autolimpante - carga de controle de 900 kN - 100,0 x 26,0 x 53,0 cm - fornecimento e instalação em pavimento de asfalto","m",1432.43]
[2019771,"Canal monobloco com corpo e grelha em concreto polímero com efeito autolimpante - carga de controle de 900 kN - 100,0 x 26,0 x 53,0 cm - fornecimento e instalação em pavimento de concreto","m",1516.65]
[2019763,"Canal monobloco com corpo e grelha em concreto polímero com efeito autolimpante - carga de controle de 900 kN - 200,0 x 40,0 x 59,5 cm - fornecimento e instalação em pavimento de asfalto","m",4950.84]
[2019772,"Canal monobloco com corpo e grelha em concreto polímero com efeito autolimpante - carga de controle de 900 kN - 200,0 x 40,0 x 59,5 cm - fornecimento e instalação em pavimento de concreto","m",5033.6099999999997]
[2003811,"Canaleta de concreto - CAU 01 - seção de 20 x 20 cm - espessura de 10 cm - apoiada em toda a extensão","m",146.38]
[2003812,"Canaleta de concreto - CAU 02 - seção de 25 x 25 cm - espessura de 10 cm - apoiada em toda a extensão","m",173.41]
[2003813,"Canaleta de concreto - CAU 03 - seção de 30 x 30 cm - espessura de 10 cm - apoiada em toda a extensão","m",206.78]
[2003814,"Canaleta de concreto - CAU 04 - seção de 35 x 35 cm - espessura de 10 cm - apoiada em toda a extensão","m",235.92]
[2003815,"Canaleta de concreto - CAU 05 - seção de 40 x 40 cm - espessura de 10 cm - apoiada em toda a extensão","m",265.07]
[2003816,"Canaleta de concreto - CAU 06 - seção de 50 x 50 cm - espessura de 10 cm - apoiada em toda a extensão","m",327.58]
[2003817,"Canaleta de concreto - CAU 07 - seção de 60 x 60 cm - espessura de 10 cm - apoiada em toda a extensão","m",383.76]
[2003799,"Canaleta meia cana D = 0,30 m assente sobre lastro de areia - areia e brita comerciais - fornecimento e instalação","m",56.7]
[2003798,"Canaleta meia cana D = 0,30 m assente sobre lastro de areia - areia extraída e brita produzida - fornecimento e instalação","m",48.07]
[2003801,"Canaleta meia cana D = 0,40 m assente sobre lastro de areia - areia e brita comerciais - fornecimento e instalação","m",71.959999999999994]
[2003800,"Canaleta meia cana D = 0,40 m assente sobre lastro de areia - areia extraída e brita produzida - fornecimento e instalação","m",59.77]
[2003714,"Chaminé dos poços de visita - CPV 01 - areia e brita comerciais","un",1565.1]
[2003713,"Chaminé dos poços de visita - CPV 01 - areia extraída e brita produzida","un",1524.13]
[2003716,"Chaminé dos poços de visita - CPV 02 - areia e brita comerciais","un",1838.78]
[2003715,"Chaminé dos poços de visita - CPV 02 - areia extraída e brita produzida","un",1791.31]
[2003718,"Chaminé dos poços de visita - CPV 03 - areia e brita comerciais","un",2106.16]
[2003717,"Chaminé dos poços de visita - CPV 03 - areia extraída e brita produzida","un",2053.39]
[2003720,"Chaminé dos poços de visita - CPV 04 - areia e brita comerciais","un",2379.8000000000002]
[2003719,"Chaminé dos poços de visita - CPV 04 - areia extraída e brita produzida","un",2320.54]
[2003722,"Chaminé dos poços de visita - CPV 05 - areia e brita comerciais","un",2647.19]
[2003721,"Chaminé dos poços de visita - CPV 05 - areia extraída e brita produzida","un",2582.61]
[2003724,"Chaminé dos poços de visita - CPV 06 - areia e brita comerciais","un",2920.87]
[2003723,"Chaminé dos poços de visita - CPV 06 - areia extraída e brita produzida","un",2849.8]
[2003726,"Chaminé dos poços de visita - CPV 07 - areia e brita comerciais","un",3188.26]
[2003725,"Chaminé dos poços de visita - CPV 07 - areia extraída e brita produzida","un",3111.88]
[2003859,"Colchão drenante com espalhamento e compactação mecânicos - brita produzida","m³",67]
[2003861,"Coluna drenante D = 20 cm - areia comercial","m",23.71]
[2003862,"Coluna drenante D = 20 cm - areia extraída","m",20.350000000000001]
[2003411,"Descida d'água de aterros em degraus - DAD 110-26 - areia e brita comerciais","m",782.32]
[2003410,"Descida d'água de aterros em degraus - DAD 110-26 - areia extraída e brita produzida","m",722.96]
[2003415,"Descida d'água de aterros em degraus - DAD 125-30 - areia e brita comerciais","m",859.6]
[2003414,"Descida d'água de aterros em degraus - DAD 125-30 - areia extraída e brita produzida","m",793.84]
[2003419,"Descida d'água de aterros em degraus - DAD 170-35 - areia e brita comerciais","m",1040.0899999999999]
[2003418,"Descida d'água de aterros em degraus - DAD 170-35 - areia extraída e brita produzida","m",957.52]
[2003423,"Descida d'água de aterros em degraus - DAD 200-40 - areia e brita comerciais","m",1192.51]
[2003422,"Descida d'água de aterros em degraus - DAD 200-40 - areia extraída e brita produzida","m",1098.1600000000001]
[2003427,"Descida d'água de aterros em degraus - DAD 240-54 - areia e brita comerciais","m",1417.69]
[2003426,"Descida d'água de aterros em degraus - DAD 240-54 - areia extraída e brita produzida","m",1305.1500000000001]
[2003431,"Descida d'água de aterros em degraus - DAD 320-35 - areia e brita comerciais","m",1565.29]
[2003430,"Descida d'água de aterros em degraus - DAD 320-35 - areia extraída e brita produzida","m",1432.29]
[2003435,"Descida d'água de aterros em degraus - DAD 370-45 - areia e brita comerciais","m",1810]
[2003434,"Descida d'água de aterros em degraus - DAD 370-45 - areia extraída e brita produzida","m",1656.81]
[2003439,"Descida d'água de aterros em degraus - DAD 435-55 - areia e brita comerciais","m",2116.8200000000002]
[2003438,"Descida d'água de aterros em degraus - DAD 435-55 - areia extraída e brita produzida","m",1938.4]
[2003167,"Descida d'água de aterros em degraus - DAD 470-35 - areia e brita comerciais","m",2076.79]
[2003168,"Descida d'água de aterros em degraus - DAD 470-35 - areia extraída e brita produzida","m",1893.38]
[2003407,"Descida d'água de aterros em degraus - DAD 60-36 - areia e brita comerciais","m",672.29]
[2003406,"Descida d'água de aterros em degraus - DAD 60-36 - areia extraída e brita produzida","m",626.35]
[2003169,"Descida d'água de aterros em degraus - DAD 608-50 - areia e brita comerciais","m",2681.67]
[2003170,"Descida d'água de aterros em degraus - DAD 608-50 - areia extraída e brita produzida","m",2446.79]
[2003389,"Descida d'água de aterros tipo rápido - DAR 40-20 - areia e brita comerciais","m",220.54]
[2003388,"Descida d'água de aterros tipo rápido - DAR 40-20 - areia extraída e brita produzida","m",200.91]
[2003393,"Descida d'água de aterros tipo rápido - DAR 60-30 - areia e brita comerciais","m",363.17]
[2003392,"Descida d'água de aterros tipo rápido - DAR 60-30 - areia extraída e brita produzida","m",336.36]
[2003173,"Descida d'água de cortes em degraus - DCD 100-50 - areia e brita comerciais","m",873.19]
[2003174,"Descida d'água de cortes em degraus - DCD 100-50 - areia extraída e brita produzida","m",812.02]
[2003171,"Descida d'água de cortes em degraus - DCD 40-40 - areia e brita comerciais","m",606.91999999999996]
[2003172,"Descida d'água de cortes em degraus - DCD 40-40 - areia extraída e brita produzida","m",568.62]
[2003399,"Descida d'água de cortes em degraus - DCD 60-30 - areia e brita comerciais","m",613.54]
[2003398,"Descida d'água de cortes em degraus - DCD 60-30 - areia extraída e brita produzida","m",571.95000000000005]
[2003403,"Descida d'água de cortes em degraus - DCD 80-40 - areia e brita comerciais","m",748.41]
[2003402,"Descida d'água de cortes em degraus - DCD 80-40 - areia extraída e brita produzida","m",697.01]
[2003452,"Dissipador de energia - DEB 180-263 - areia extraída e brita e pedra de mão produzidas","un",786]
[2003453,"Dissipador de energia - DEB 180-263 - areia, brita e pedra de mão comerciais","un",963.8]
[2003454,"Dissipador de energia - DEB 240-316 - areia extraída e brita e pedra de mão produzidas","un",1096.23]
[2003455,"Dissipador de energia - DEB 240-316 - areia, brita e pedra de mão comerciais","un",1368.57]
[2003456,"Dissipador de energia - DEB 300-366 - areia extraída e brita e pedra de mão produzidas","un",1443.22]
[2003457,"Dissipador de energia - DEB 300-366 - areia, brita e pedra de mão comerciais","un",1826.88]
[2003462,"Dissipador de energia - DEB 300-511 - areia extraída e brita e pedra de mão produzidas","un",1841.3]
[2003463,"Dissipador de energia - DEB 300-511 - areia, brita e pedra de mão comerciais","un",2363.86]
[2003468,"Dissipador de energia - DEB 300-666 - areia extraída e brita e pedra de mão produzidas","un",2266.66]
[2003469,"Dissipador de energia - DEB 300-666 - areia, brita e pedra de mão comerciais","un",2937.58]
[2003458,"Dissipador de energia - DEB 360-414 - areia extraída e brita e pedra de mão produzidas","un",1824.76]
[2003459,"Dissipador de energia - DEB 360-414 - areia, brita e pedra de mão comerciais","un",2335.13]
[2003464,"Dissipador de energia - DEB 360-584 - areia extraída e brita e pedra de mão produzidas","un",2362.85]
[2003465,"Dissipador de energia - DEB 360-584 - areia, brita e pedra de mão comerciais","un",3066.4]
[2003470,"Dissipador de energia - DEB 360-754 - areia extraída e brita e pedra de mão produzidas","un",2902.72]
[2003471,"Dissipador de energia - DEB 360-754 - areia, brita e pedra de mão comerciais","un",3800.19]
[2003460,"Dissipador de energia - DEB 450-551 - areia extraída e brita e pedra de mão produzidas","un",2722.15]
[2003461,"Dissipador de energia - DEB 450-551 - areia, brita e pedra de mão comerciais","un",3547.66]
[2003466,"Dissipador de energia - DEB 450-746 - areia extraída e brita e pedra de mão produzidas","un",3465.34]
[2003467,"Dissipador de energia - DEB 450-746 - areia, brita e pedra de mão comerciais","un",4565.67]
[2003472,"Dissipador de energia - DEB 450-956 - areia extraída e brita e pedra de mão produzidas","un",4264.92]
[2003473,"Dissipador de energia - DEB 450-956 - areia, brita e pedra de mão comerciais","un",5661.64]
[2003176,"Dissipador de energia - DED 01 A - areia extraída e brita e pedra de mão produzidas","un",582.01]
[2003175,"Dissipador de energia - DED 01 A - areia, brita e pedra de mão comerciais","un",689.73]
[2003201,"Dissipador de energia - DED 01 B - areia e brita comerciais","un",671.23]
[2003202,"Dissipador de energia - DED 01 B - areia extraída e brita produzida","un",603.87]
[2003178,"Dissipador de energia - DED 02 A - areia extraída e brita e pedra de mão produzidas","un",370.29]
[2003177,"Dissipador de energia - DED 02 A - areia, brita e pedra de mão comerciais","un",428.21]
[2003203,"Dissipador de energia - DED 02 B - areia e brita comerciais","un",481.62]
[2003204,"Dissipador de energia - DED 02 B - areia extraída e brita produzida","un",434.09]
[2003180,"Dissipador de energia - DED 03 A - areia extraída e brita e pedra de mão produzidas","un",580.87]
[2003179,"Dissipador de energia - DED 03 A - areia, brita e pedra de mão comerciais","un",688.15]
[2003205,"Dissipador de energia - DED 03 B - areia e brita comerciais","un",1580.47]
[2003206,"Dissipador de energia - DED 03 B - areia extraída e brita produzida","un",1459.88]
[2003182,"Dissipador de energia - DED 04 A - areia extraída e brita e pedra de mão produzidas","un",715.1]
[2003181,"Dissipador de energia - DED 04 A - areia, brita e pedra de mão comerciais","un",863.64]
[2003207,"Dissipador de energia - DED 04 B - areia e brita comerciais","un",1808.84]
[2003208,"Dissipador de energia - DED 04 B - areia extraída e brita produzida","un",1668.58]
[2003184,"Dissipador de energia - DED 05 A - areia extraída e brita e pedra de mão produzidas","un",925.96]
[2003183,"Dissipador de energia - DED 05 A - areia, brita e pedra de mão comerciais","un",1132.22]
[2003209,"Dissipador de energia - DED 05 B - areia e brita comerciais","un",2800.01]
[2003210,"Dissipador de energia - DED 05 B - areia extraída e brita produzida","un",2574.91]
[2003186,"Dissipador de energia - DED 06 A - areia extraída e brita e pedra de mão produzidas","un",1185.3499999999999]
[2003185,"Dissipador de energia - DED 06 A - areia, brita e pedra de mão comerciais","un",1471.73]
[2003211,"Dissipador de energia - DED 06 B - areia e brita comerciais","un",3538.12]
[2003212,"Dissipador de energia - DED 06 B - areia extraída e brita produzida","un",3242.61]
[2003188,"Dissipador de energia - DED 07 A - areia extraída e brita e pedra de mão produzidas","un",1458.9]
[2003187,"Dissipador de energia - DED 07 A - areia, brita e pedra de mão comerciais","un",1830.23]
[2003213,"Dissipador de energia - DED 07 B - areia e brita comerciais","un",5115.78]
[2003214,"Dissipador de energia - DED 07 B - areia extraída e brita produzida","un",4668.72]
[2003190,"Dissipador de energia - DED 08 A - areia extraída e brita e pedra de mão produzidas","un",1812.5]
[2003189,"Dissipador de energia - DED 08 A - areia, brita e pedra de mão comerciais","un",2298.34]
[2003215,"Dissipador de energia - DED 08 B - areia e brita comerciais","un",8448.4]
[2003216,"Dissipador de energia - DED 08 B - areia extraída e brita produzida","un",7678.76]
[2003192,"Dissipador de energia - DED 09 A - areia extraída e brita e pedra de mão produzidas","un",1959.54]
[2003191,"Dissipador de energia - DED 09 A - areia, brita e pedra de mão comerciais","un",2491.73]
[2003217,"Dissipador de energia - DED 09 B - areia e brita comerciais","un",5850.57]
[2003218,"Dissipador de energia - DED 09 B - areia extraída e brita produzida","un",5315.29]
[2003194,"Dissipador de energia - DED 10 A - areia extraída e brita e pedra de mão produzidas","un",2382.08]
[2003193,"Dissipador de energia - DED 10 A - areia, brita e pedra de mão comerciais","un",3054.62]
[2003219,"Dissipador de energia - DED 10 B - areia e brita comerciais","un",7919.17]
[2003220,"Dissipador de energia - DED 10 B - areia extraída e brita produzida","un",7166.4]
[2003196,"Dissipador de energia - DED 11 A - areia extraída e brita e pedra de mão produzidas","un",2927.12]
[2003195,"Dissipador de energia - DED 11 A - areia, brita e pedra de mão comerciais","un",3783.79]
[2003221,"Dissipador de energia - DED 11 B - areia e brita comerciais","un",11947.33]
[2003222,"Dissipador de energia - DED 11 B - areia extraída e brita produzida","un",10764.17]
[2003198,"Dissipador de energia - DED 12 A - areia extraída e brita e pedra de mão produzidas","un",2735]
[2003197,"Dissipador de energia - DED 12 A - areia, brita e pedra de mão comerciais","un",3512.33]
[2003223,"Dissipador de energia - DED 12 B - areia e brita comerciais","un",8123.97]
[2003224,"Dissipador de energia - DED 12 B - areia extraída e brita produzida","un",7364.74]
[2003200,"Dissipador de energia - DED 13 A - areia extraída e brita e pedra de mão produzidas","un",3169.54]
[2003199,"Dissipador de energia - DED 13 A - areia, brita e pedra de mão comerciais","un",4131.51]
[2003225,"Dissipador de energia - DED 13 B - areia e brita comerciais","un",11624.64]
[2003226,"Dissipador de energia - DED 13 B - areia extraída e brita produzida","un",10482.34]
[2003238,"Dissipador de energia - DES 100-300 - areia extraída e brita e pedra de mão produzidas","un",679.06]
[2003237,"Dissipador de energia - DES 100-300 - areia, brita e pedra de mão comerciais","un",809.82]
[2003236,"Dissipador de energia - DES 108-324 - areia extraída e brita e pedra de mão produzidas","un",753.33]
[2003235,"Dissipador de energia - DES 108-324 - areia, brita e pedra de mão comerciais","un",903.58]
[2003234,"Dissipador de energia - DES 120-360 - areia extraída e brita e pedra de mão produzidas","un",876.81]
[2003233,"Dissipador de energia - DES 120-360 - areia, brita e pedra de mão comerciais","un",1062.31]
[2003232,"Dissipador de energia - DES 125-375 - areia extraída e brita e pedra de mão produzidas","un",921.73]
[2003231,"Dissipador de energia - DES 125-375 - areia, brita e pedra de mão comerciais","un",1117.8800000000001]
[2003230,"Dissipador de energia - DES 150-450 - areia extraída e brita e pedra de mão produzidas","un",1195.49]
[2003229,"Dissipador de energia - DES 150-450 - areia, brita e pedra de mão comerciais","un",1469.76]
[2003228,"Dissipador de energia - DES 160-480 - areia extraída e brita e pedra de mão produzidas","un",1321.04]
[2003227,"Dissipador de energia - DES 160-480 - areia, brita e pedra de mão comerciais","un",1634.83]
[2003248,"Dissipador de energia - DES 60-180 - areia extraída e brita e pedra de mão produzidas","un",355.3]
[2003247,"Dissipador de energia - DES 60-180 - areia, brita e pedra de mão comerciais","un",411.3]
[2003246,"Dissipador de energia - DES 73-219 - areia extraída e brita e pedra de mão produzidas","un",450.39]
[2003245,"Dissipador de energia - DES 73-219 - areia, brita e pedra de mão comerciais","un",525.66]
[2003244,"Dissipador de energia - DES 80-240 - areia extraída e brita e pedra de mão produzidas","un",507.24]
[2003243,"Dissipador de energia - DES 80-240 - areia, brita e pedra de mão comerciais","un",595.14]
[2003242,"Dissipador de energia - DES 88-264 - areia extraída e brita e pedra de mão produzidas","un",572.84]
[2003241,"Dissipador de energia - DES 88-264 - areia, brita e pedra de mão comerciais","un",677.2]
[2003240,"Dissipador de energia - DES 90-270 - areia extraída e brita e pedra de mão produzidas","un",594.6]
[2003239,"Dissipador de energia - DES 90-270 - areia, brita e pedra de mão comerciais","un",706.85]
[2004516,"Dreno de pavimento em microvala com geocomposto drenante H = 0,40 m - inclusive corte, enchimento com areia e selo asfáltico","m",35.18]
[2004517,"Dreno de pavimento em microvala com geocomposto drenante H = 0,60 m - inclusive corte, enchimento com areia e selo asfáltico","m",70.86]
[2007971,"Dreno de PVC D = 100 mm para OAE - fornecimento e instalação","m",84.55]
[2008091,"Dreno de PVC D = 150 mm para OAE - fornecimento e instalação","m",90.73]
[2006408,"Dreno de PVC D = 75 mm para OAE - fornecimento e instalação","m",69.58]
[2015642,"Dreno em tubo de aço galvanizado D = 100 mm em OAE - fornecimento e instalação","m",153.57]
[2015641,"Dreno em tubo de aço galvanizado D = 80 mm em OAE - fornecimento e instalação","m",140.97]
[2004509,"Dreno longitudinal de pavimento H = 0,40 m - com geocomposto drenante","m",40.15]
[2004510,"Dreno longitudinal de pavimento H = 0,60 m - com geocomposto drenante","m",49.35]
[2004511,"Dreno longitudinal de pavimento H = 1,00 m - com geocomposto drenante","m",67.72]
[2004512,"Dreno longitudinal de pavimento H = 1,50 m - com geocomposto drenante","m",90.68]
[2003843,"Dreno longitudinal profundo em tubo de concreto D = 0,40 m em vala de H = 1,10 m e L = 1,00 m com brita envolta em geotêxtil","m",335.1]
[2003915,"Dreno longitudinal profundo para corte em rocha - DPR 01 - tubo de concreto perfurado e brita comercial","m",111.37]
[2003914,"Dreno longitudinal profundo para corte em rocha - DPR 01 - tubo de concreto perfurado e brita produzida","m",95.36]
[2003589,"Dreno longitudinal profundo para corte em rocha - DPR 01 - tubo PEAD e brita comercial","m",124.8]
[2003588,"Dreno longitudinal profundo para corte em rocha - DPR 01 - tubo PEAD e brita produzida","m",112]
[2003917,"Dreno longitudinal profundo para corte em rocha - DPR 02 - tubo de concreto perfurado e brita comercial","m",126.39]
[2003916,"Dreno longitudinal profundo para corte em rocha - DPR 02 - tubo de concreto perfurado e brita produzida","m",110.39]
[2003591,"Dreno longitudinal profundo para corte em rocha - DPR 02 - tubo PEAD e brita comercial","m",139.82]
[2003590,"Dreno longitudinal profundo para corte em rocha - DPR 02 - tubo PEAD e brita produzida","m",127.02]
[2003593,"Dreno longitudinal profundo para corte em rocha - DPR 03 - brita comercial","m",87.09]
[2003592,"Dreno longitudinal profundo para corte em rocha - DPR 03 - brita produzida","m",68.81]
[2003595,"Dreno longitudinal profundo para corte em rocha - DPR 04 - brita comercial","m",72.069999999999993]
[2003594,"Dreno longitudinal profundo para corte em rocha - DPR 04 - brita produzida","m",53.79]
[2003597,"Dreno longitudinal profundo para corte em rocha - DPR 05 - tubo de concreto poroso e areia comercial","m",106.47]
[2003596,"Dreno longitudinal profundo para corte em rocha - DPR 05 - tubo de concreto poroso e areia extraída","m",89.01]
[2003572,"Dreno longitudinal profundo para corte em solo - DPS 01 - tubo PEAD e areia comercial","m",121.49]
[2003580,"Dreno longitudinal profundo para corte em solo - DPS 01 - tubo PEAD e areia extraída","m",65.73]
[2003573,"Dreno longitudinal profundo para corte em solo - DPS 02 - tubo PEAD e areia comercial","m",128.51]
[2003581,"Dreno longitudinal profundo para corte em solo - DPS 02 - tubo PEAD e areia extraída","m",64.03]
[2003561,"Dreno longitudinal profundo para corte em solo - DPS 03 - tubo de concreto perfurado, areia e brita comerciais - madeira com utilização de 5 vezes","m",196.61]
[2003560,"Dreno longitudinal profundo para corte em solo - DPS 03 - tubo de concreto perfurado, areia extraída e brita produzida - madeira com utilização de 5 vezes","m",117.2]
[2003574,"Dreno longitudinal profundo para corte em solo - DPS 03 - tubo PEAD, areia e brita comerciais - madeira com utilização de 5 vezes","m",182.97]
[2003582,"Dreno longitudinal profundo para corte em solo - DPS 03 - tubo PEAD, areia extraída e brita produzida - madeira com utilização de 5 vezes","m",125.38]
[2003563,"Dreno longitudinal profundo para corte em solo - DPS 04 - tubo de concreto perfurado, areia e brita comerciais - madeira com utilização de 5 vezes","m",206.98]
[2003562,"Dreno longitudinal profundo para corte em solo - DPS 04 - tubo de concreto perfurado, areia extraída e brita produzida - madeira com utilização de 5 vezes","m",114.49]
[2003575,"Dreno longitudinal profundo para corte em solo - DPS 04 - tubo PEAD, areia e brita comerciais - madeira com utilização de 5 vezes","m",190.23]
[2003583,"Dreno longitudinal profundo para corte em solo - DPS 04 - tubo PEAD, areia extraída e brita produzida - madeira com utilização de 5 vezes","m",123.49]
[2003565,"Dreno longitudinal profundo para corte em solo - DPS 05 - dreno cego - brita comercial","m",141.22999999999999]
[2003564,"Dreno longitudinal profundo para corte em solo - DPS 05 - dreno cego - brita produzida","m",84.55]
[2003567,"Dreno longitudinal profundo para corte em solo - DPS 06 - dreno cego - brita comercial","m",161.08000000000001]
[2003566,"Dreno longitudinal profundo para corte em solo - DPS 06 - dreno cego - brita produzida","m",92.52]
[2003569,"Dreno longitudinal profundo para corte em solo - DPS 07 - tubo de concreto perfurado e brita comercial","m",180.33]
[2003568,"Dreno longitudinal profundo para corte em solo - DPS 07 - tubo de concreto perfurado e brita produzida","m",125.93]
[2003578,"Dreno longitudinal profundo para corte em solo - DPS 07 - tubo PEAD e brita comercial","m",180.01]
[2003586,"Dreno longitudinal profundo para corte em solo - DPS 07 - tubo PEAD e brita produzida","m",135.02000000000001]
[2003571,"Dreno longitudinal profundo para corte em solo - DPS 08 - tubo de concreto perfurado e brita comercial","m",200.18]
[2003570,"Dreno longitudinal profundo para corte em solo - DPS 08 - tubo de concreto perfurado e brita produzida","m",133.9]
[2003579,"Dreno longitudinal profundo para corte em solo - DPS 08 - tubo PEAD e brita comercial","m",196.34]
[2003587,"Dreno longitudinal profundo para corte em solo - DPS 08 - tubo PEAD e brita produzida","m",142.21]
[2004506,"Dreno profundo H = 1,0 m - com geocomposto drenante - inclusive escavação e reaterro","m",74.44]
[2004507,"Dreno profundo H = 1,5 m - com geocomposto drenante - inclusive escavação e reaterro","m",100.83]
[2003614,"Dreno sub-horizontal - DSH 01 - material de 1ª categoria","m",128.83000000000001]
[2003865,"Dreno sub-horizontal - DSH 01 - material de 2ª categoria","m",144.47999999999999]
[2003923,"Dreno subsuperficial - DSS 01 - tubo de concreto perfurado e areia comercial","m",55.57]
[2003922,"Dreno subsuperficial - DSS 01 - tubo de concreto perfurado e areia extraída","m",34.94]
[2003605,"Dreno subsuperficial - DSS 01 - tubo PEAD e areia comercial","m",43.98]
[2003604,"Dreno subsuperficial - DSS 01 - tubo PEAD e areia extraída","m",26.56]
[2003607,"Dreno subsuperficial - DSS 02 - brita comercial","m",43.59]
[2003606,"Dreno subsuperficial - DSS 02 - brita produzida","m",28.96]
[2003609,"Dreno subsuperficial - DSS 03 - brita comercial","m",27.44]
[2003608,"Dreno subsuperficial - DSS 03 - brita produzida","m",12.82]
[2003925,"Dreno subsuperficial - DSS 04 - tubo de concreto perfurado e brita comercial","m",78.650000000000006]
[2003924,"Dreno subsuperficial - DSS 04 - tubo de concreto perfurado e brita produzida","m",60.82]
[2003611,"Dreno subsuperficial - DSS 04 - tubo PEAD e brita comercial","m",67.069999999999993]
[2003610,"Dreno subsuperficial - DSS 04 - tubo PEAD e brita produzida","m",52.44]
[2003820,"Dreno tipo barbacã - DRB 01 - D = 75 mm em estrutura de contenção de encosta - excluso o tubo de drenagem","un",18.87]
[2003821,"Dreno tipo barbacã - DRB 02 - D = 50 mm em estrutura de contenção de encosta - excluso o tubo de drenagem","un",16.48]
[2003842,"Enchimento de junta de concreto com argamassa asfáltica de densidade 1.700 kg/m³ - espessura de 1 cm","kg",67.459999999999994]
[2003103,"Entrada para descida d'água - EDA 01 A - areia e brita comerciais","un",199.61]
[2003104,"Entrada para descida d'água - EDA 01 A - areia extraída e brita produzida","un",174.35]
[2003115,"Entrada para descida d'água - EDA 01 B - areia e brita comerciais","un",293.87]
[2003116,"Entrada para descida d'água - EDA 01 B - areia extraída e brita produzida","un",255.15]
[2003105,"Entrada para descida d'água - EDA 02 A - areia e brita comerciais","un",212.16]
[2003106,"Entrada para descida d'água - EDA 02 A - areia extraída e brita produzida","un",185.84]
[2003117,"Entrada para descida d'água - EDA 02 B - areia e brita comerciais","un",311.60000000000002]
[2003118,"Entrada para descida d'água - EDA 02 B - areia extraída e brita produzida","un",271.37]
[2003107,"Entrada para descida d'água - EDA 03 A - areia e brita comerciais","un",187.18]
[2003108,"Entrada para descida d'água - EDA 03 A - areia extraída e brita produzida","un",164.72]
[2003119,"Entrada para descida d'água - EDA 03 B - areia e brita comerciais","un",271.36]
[2003120,"Entrada para descida d'água - EDA 03 B - areia extraída e brita produzida","un",238.16]
[2003109,"Entrada para descida d'água - EDA 04 A - areia e brita comerciais","un",197.62]
[2003110,"Entrada para descida d'água - EDA 04 A - areia extraída e brita produzida","un",174.35]
[2003121,"Entrada para descida d'água - EDA 04 B - areia e brita comerciais","un",286.18]
[2003122,"Entrada para descida d'água - EDA 04 B - areia extraída e brita produzida","un",251.85]
[2003111,"Entrada para descida d'água - EDA 05 A - areia e brita comerciais","un",210.08]
[2003112,"Entrada para descida d'água - EDA 05 A - areia extraída e brita produzida","un",185.86]
[2003123,"Entrada para descida d'água - EDA 05 B - areia e brita comerciais","un",304]
[2003124,"Entrada para descida d'água - EDA 05 B - areia extraída e brita produzida","un",268.31]
[2003113,"Entrada para descida d'água - EDA 06 A - areia e brita comerciais","un",220.51]
[2003114,"Entrada para descida d'água - EDA 06 A - areia extraída e brita produzida","un",195.49]
[2003125,"Entrada para descida d'água - EDA 06 B - areia e brita comerciais","un",318.82]
[2003126,"Entrada para descida d'água - EDA 06 B - areia extraída e brita produzida","un",282]
[2003127,"Entrada para descida d'água - EDA 07 A - areia e brita comerciais","un",830.37]
[2003128,"Entrada para descida d'água - EDA 07 A - areia extraída e brita produzida","un",705.97]
[2003147,"Entrada para descida d'água - EDA 07 B - areia e brita comerciais","un",1135.3]
[2003148,"Entrada para descida d'água - EDA 07 B - areia extraída e brita produzida","un",956.71]
[2003129,"Entrada para descida d'água - EDA 08 A - areia e brita comerciais","un",835.44]
[2003130,"Entrada para descida d'água - EDA 08 A - areia extraída e brita produzida","un",709.75]
[2003149,"Entrada para descida d'água - EDA 08 B - areia e brita comerciais","un",1144.1500000000001]
[2003150,"Entrada para descida d'água - EDA 08 B - areia extraída e brita produzida","un",963.32]
[2003131,"Entrada para descida d'água - EDA 09 A - areia e brita comerciais","un",850.85]
[2003132,"Entrada para descida d'água - EDA 09 A - areia extraída e brita produzida","un",721.27]
[2003151,"Entrada para descida d'água - EDA 09 B - areia e brita comerciais","un",1171.08]
[2003152,"Entrada para descida d'água - EDA 09 B - areia extraída e brita produzida","un",983.42]
[2003133,"Entrada para descida d'água - EDA 10 A - areia e brita comerciais","un",853.96]
[2003134,"Entrada para descida d'água - EDA 10 A - areia extraída e brita produzida","un",723.58]
[2003153,"Entrada para descida d'água - EDA 10 B - areia e brita comerciais","un",1176.47]
[2003154,"Entrada para descida d'água - EDA 10 B - areia extraída e brita produzida","un",987.45]
[2003135,"Entrada para descida d'água - EDA 11 A - areia e brita comerciais","un",860.92]
[2003136,"Entrada para descida d'água - EDA 11 A - areia extraída e brita produzida","un",728.78]
[2003155,"Entrada para descida d'água - EDA 11 B - areia e brita comerciais","un",1188.6600000000001]
[2003156,"Entrada para descida d'água - EDA 11 B - areia extraída e brita produzida","un",996.55]
[2003137,"Entrada para descida d'água - EDA 12 A - areia e brita comerciais","un",1118.73]
[2003138,"Entrada para descida d'água - EDA 12 A - areia extraída e brita produzida","un",974.24]
[2003157,"Entrada para descida d'água - EDA 12 B - areia e brita comerciais","un",1506.29]
[2003158,"Entrada para descida d'água - EDA 12 B - areia extraída e brita produzida","un",1301.81]
[2003139,"Entrada para descida d'água - EDA 13 A - areia e brita comerciais","un",1123.8]
[2003140,"Entrada para descida d'água - EDA 13 A - areia extraída e brita produzida","un",978.02]
[2003159,"Entrada para descida d'água - EDA 13 B - areia e brita comerciais","un",1515.14]
[2003160,"Entrada para descida d'água - EDA 13 B - areia extraída e brita produzida","un",1308.42]
[2003141,"Entrada para descida d'água - EDA 14 A - areia e brita comerciais","un",1139.21]
[2003142,"Entrada para descida d'água - EDA 14 A - areia extraída e brita produzida","un",989.53]
[2003161,"Entrada para descida d'água - EDA 14 B - areia e brita comerciais","un",1542.07]
[2003162,"Entrada para descida d'água - EDA 14 B - areia extraída e brita produzida","un",1328.52]
[2003143,"Entrada para descida d'água - EDA 15 A - areia e brita comerciais","un",1142.32]
[2003144,"Entrada para descida d'água - EDA 15 A - areia extraída e brita produzida","un",991.85]
[2003163,"Entrada para descida d'água - EDA 15 B - areia e brita comerciais","un",1547.47]
[2003164,"Entrada para descida d'água - EDA 15 B - areia extraída e brita produzida","un",1332.55]
[2003145,"Entrada para descida d'água - EDA 16 A - areia e brita comerciais","un",1149.28]
[2003146,"Entrada para descida d'água - EDA 16 A - areia extraída e brita produzida","un",997.05]
[2003165,"Entrada para descida d'água - EDA 16 B - areia e brita comerciais","un",1559.65]
[2003166,"Entrada para descida d'água - EDA 16 B - areia extraída e brita produzida","un",1341.65]
[2003819,"Envelope de brita para tubos com diâmetro externo de 75 a 110 mm - L = 15 cm e H = 15 cm","m",6.78]
[2004504,"Escavação mecânica de vala para drenagem com valetadeira em material de 1ª categoria","m³",17.75]
[2004519,"Escavação mecânica de vala trapezoidal ou triangular em material de 1ª categoria para drenagem superficial com retroescavadeira - 0,10 m² ≤ seção < 0,15 m²","m³",25.63]
[2004520,"Escavação mecânica de vala trapezoidal ou triangular em material de 1ª categoria para drenagem superficial com retroescavadeira - 0,15 m² ≤ seção < 0,20 m²","m³",21.15]
[2004521,"Escavação mecânica de vala trapezoidal ou triangular em material de 1ª categoria para drenagem superficial com retroescavadeira - 0,20 m² ≤ seção < 0,30 m²","m³",14.46]
[2004522,"Escavação mecânica de vala trapezoidal ou triangular em material de 1ª categoria para drenagem superficial com retroescavadeira - 0,30 m² ≤ seção < 0,50 m²","m³",10.57]
[2004518,"Escavação mecânica de vala trapezoidal ou triangular em material de 1ª categoria para drenagem superficial com retroescavadeira - seção < 0,10 m²","m³",44.52]
[2003864,"Esgotamento de água com bomba submersa","h",13.39]
[2003863,"Esgotamento de dreno horizontal profundo a vácuo","h",22.54]
[2004508,"Geodreno vertical para tratamento de solos moles","m",12.21]
[2003316,"Grelha de concreto 54 x 100 cm para boca-de-lobo - areia e brita comerciais - sobrecarga do trem tipo TB 45","un",107.78]
[2003317,"Grelha de concreto 54 x 100 cm para boca-de-lobo - areia extraída e brita produzida - sobrecarga do trem tipo TB 45","un",102.61]
[2003767,"Lastro de areia comercial - espalhamento manual","m³",121.74]
[2003844,"Lastro de areia comercial - espalhamento mecânico","m³",119.1]
[2003576,"Lastro de areia extraída - espalhamento manual","m³",14.66]
[2003858,"Lastro de areia extraída - espalhamento mecânico","m³",12.02]
[2003850,"Lastro de brita comercial compactado com soquete vibratório - espalhamento manual","m³",169.16]
[2003849,"Lastro de brita produzida compactado com soquete vibratório - espalhamento manual","m³",73.819999999999993]
[2003868,"Lastro de pedra de mão ou rachão - espalhamento manual","m³",156.22]
[2003369,"Meio-fio de concreto - MFC 01 - areia e brita comerciais - fôrma de madeira","m",112.27]
[2003368,"Meio-fio de concreto - MFC 01 - areia extraída e brita produzida - fôrma de madeira","m",97.81]
[2003939,"Meio-fio de concreto - MFC 01 moldado no local com extrusora e concreto usinado - areia e brita comerciais","m",64.53]
[2003940,"Meio-fio de concreto - MFC 01 moldado no local com extrusora e concreto usinado - areia extraída e brita produzida","m",50.03]
[2003371,"Meio-fio de concreto - MFC 02 - areia e brita comerciais - fôrma de madeira","m",81.33]
[2003370,"Meio-fio de concreto - MFC 02 - areia extraída e brita produzida - fôrma de madeira","m",69.11]
[2003941,"Meio-fio de concreto - MFC 02 moldado no local com extrusora e concreto usinado - areia e brita comerciais","m",55.14]
[2003942,"Meio-fio de concreto - MFC 02 moldado no local com extrusora e concreto usinado - areia extraída e brita produzida","m",42.88]
[2003373,"Meio-fio de concreto - MFC 03 - areia e brita comerciais - fôrma de madeira","m",67.25]
[2003372,"Meio-fio de concreto - MFC 03 - areia extraída e brita produzida - fôrma de madeira","m",61.32]
[2003943,"Meio-fio de concreto - MFC 03 moldado no local com extrusora e concreto usinado - areia e brita comerciais","m",26.04]
[2003944,"Meio-fio de concreto - MFC 03 moldado no local com extrusora e concreto usinado - areia extraída e brita produzida","m",20.100000000000001]
[2003375,"Meio-fio de concreto - MFC 04 - areia e brita comerciais - fôrma de madeira","m",42.84]
[2003374,"Meio-fio de concreto - MFC 04 - areia extraída e brita produzida - fôrma de madeira","m",38.47]
[2003945,"Meio-fio de concreto - MFC 04 moldado no local com extrusora e concreto usinado - areia e brita comerciais","m",19.48]
[2003946,"Meio-fio de concreto - MFC 04 moldado no local com extrusora e concreto usinado - areia extraída e brita produzida","m",15.11]
[2003377,"Meio-fio de concreto - MFC 05 - areia e brita comerciais - fôrma de madeira","m",58.87]
[2003376,"Meio-fio de concreto - MFC 05 - areia extraída e brita produzida - fôrma de madeira","m",54.15]
[2003947,"Meio-fio de concreto - MFC 05 moldado no local com extrusora e concreto usinado - areia e brita comerciais","m",20.47]
[2003948,"Meio-fio de concreto - MFC 05 moldado no local com extrusora e concreto usinado - areia extraída e brita produzida","m",15.74]
[2003379,"Meio-fio de concreto - MFC 06 - areia e brita comerciais - fôrma de madeira","m",33.58]
[2003378,"Meio-fio de concreto - MFC 06 - areia extraída e brita produzida - fôrma de madeira","m",30.39]
[2003949,"Meio-fio de concreto - MFC 06 moldado no local com extrusora e concreto usinado - areia e brita comerciais","m",14.03]
[2003950,"Meio-fio de concreto - MFC 06 moldado no local com extrusora e concreto usinado - areia extraída e brita produzida","m",10.84]
[2003381,"Meio-fio de concreto - MFC 07 - areia e brita comerciais - fôrma de madeira","m",56.26]
[2003380,"Meio-fio de concreto - MFC 07 - areia extraída e brita produzida - fôrma de madeira","m",50.81]
[2003951,"Meio-fio de concreto - MFC 07 moldado no local com extrusora e concreto usinado - areia e brita comerciais","m",23.88]
[2003952,"Meio-fio de concreto - MFC 07 moldado no local com extrusora e concreto usinado - areia extraída e brita produzida","m",18.420000000000002]
[2003383,"Meio-fio de concreto - MFC 08 - areia e brita comerciais - fôrma de madeira","m",94.31]
[2003382,"Meio-fio de concreto - MFC 08 - areia extraída e brita produzida - fôrma de madeira","m",84.13]
[2003953,"Meio-fio de concreto - MFC 08 moldado no local com extrusora e concreto usinado - areia e brita comerciais","m",43.46]
[2003954,"Meio-fio de concreto - MFC 08 moldado no local com extrusora e concreto usinado - areia extraída e brita produzida","m",33.26]
[2004514,"Microvala para dreno de pavimento com geocomposto drenante H = 0,4 m","m",15.03]
[2004515,"Microvala para dreno de pavimento com geocomposto drenante H = 0,6 m","m",39.57]
[2005759,"Perfuração para dreno sub-horizontal em material de 1ª categoria com D = 75 mm (linha NW)","m",54.75]
[2005764,"Perfuração para dreno sub-horizontal em material de 2ª categoria com D = 75 mm (linha NW)","m",70.400000000000006]
[2003678,"Poço de visita - PVI 01 - areia e brita comerciais","un",2283.77]
[2003677,"Poço de visita - PVI 01 - areia extraída e brita produzida","un",2038.42]
[2003680,"Poço de visita - PVI 02 - areia e brita comerciais","un",2251.61]
[2003679,"Poço de visita - PVI 02 - areia extraída e brita produzida","un",2016.12]
[2003682,"Poço de visita - PVI 03 - areia e brita comerciais","un",2578.23]
[2003681,"Poço de visita - PVI 03 - areia extraída e brita produzida","un",2284.9299999999998]
[2003684,"Poço de visita - PVI 04 - areia e brita comerciais","un",3086.28]
[2003683,"Poço de visita - PVI 04 - areia extraída e brita produzida","un",2736.58]
[2003686,"Poço de visita - PVI 05 - areia e brita comerciais","un",3643.96]
[2003685,"Poço de visita - PVI 05 - areia extraída e brita produzida","un",3236.44]
[2003688,"Poço de visita - PVI 06 - areia e brita comerciais","un",4551.34]
[2003687,"Poço de visita - PVI 06 - areia extraída e brita produzida","un",4057.81]
[2003690,"Poço de visita - PVI 07 - areia e brita comerciais","un",2649.84]
[2003689,"Poço de visita - PVI 07 - areia extraída e brita produzida","un",2363.59]
[2003692,"Poço de visita - PVI 08 - areia e brita comerciais","un",2622.26]
[2003691,"Poço de visita - PVI 08 - areia extraída e brita produzida","un",2344.4699999999998]
[2003694,"Poço de visita - PVI 09 - areia e brita comerciais","un",2971.43]
[2003693,"Poço de visita - PVI 09 - areia extraída e brita produzida","un",2630.18]
[2003696,"Poço de visita - PVI 10 - areia e brita comerciais","un",3329.04]
[2003695,"Poço de visita - PVI 10 - areia extraída e brita produzida","un",2928.57]
[2003698,"Poço de visita - PVI 11 - areia e brita comerciais","un",4080.48]
[2003697,"Poço de visita - PVI 11 - areia extraída e brita produzida","un",3619.37]
[2003700,"Poço de visita - PVI 12 - areia e brita comerciais","un",5031.1899999999996]
[2003699,"Poço de visita - PVI 12 - areia extraída e brita produzida","un",4478.43]
[2003702,"Poço de visita - PVI 13 - areia e brita comerciais","un",3034.28]
[2003701,"Poço de visita - PVI 13 - areia extraída e brita produzida","un",2701.5]
[2003704,"Poço de visita - PVI 14 - areia e brita comerciais","un",3006.71]
[2003703,"Poço de visita - PVI 14 - areia extraída e brita produzida","un",2682.38]
[2003706,"Poço de visita - PVI 15 - areia e brita comerciais","un",3383.01]
[2003705,"Poço de visita - PVI 15 - areia extraída e brita produzida","un",2988.18]
[2003708,"Poço de visita - PVI 16 - areia e brita comerciais","un",3926.07]
[2003707,"Poço de visita - PVI 16 - areia extraída e brita produzida","un",3469.2]
[2003710,"Poço de visita - PVI 17 - areia e brita comerciais","un",4535.38]
[2003709,"Poço de visita - PVI 17 - areia extraída e brita produzida","un",4015.05]
[2003712,"Poço de visita - PVI 18 - areia e brita comerciais","un",5529.41]
[2003711,"Poço de visita - PVI 18 - areia extraída e brita produzida","un",4911.79]
[2004505,"Reaterro e compactação em vala de dreno com geocomposto","m³",17.510000000000002]
[2003353,"Sarjeta trapezoidal de canteiro central de concreto - SZCC 100-25 - areia e brita comerciais","m",69.069999999999993]
[2003352,"Sarjeta trapezoidal de canteiro central de concreto - SZCC 100-25 - areia extraída e brita produzida","m",49.46]
[2003979,"Sarjeta trapezoidal de canteiro central de concreto - SZCC 100-25 moldada no local com extrusora e concreto usinado - areia e brita comerciais","m",79.959999999999994]
[2003980,"Sarjeta trapezoidal de canteiro central de concreto - SZCC 100-25 moldada no local com extrusora e concreto usinado - areia extraída e brita produzida","m",60.29]
[2003355,"Sarjeta trapezoidal de canteiro central de concreto - SZCC 140-35 - areia e brita comerciais","m",92.9]
[2003354,"Sarjeta trapezoidal de canteiro central de concreto - SZCC 140-35 - areia extraída e brita produzida","m",66.459999999999994]
[2003981,"Sarjeta trapezoidal de canteiro central de concreto - SZCC 140-35 moldada no local com extrusora e concreto usinado - areia e brita comerciais","m",107.74]
[2003982,"Sarjeta trapezoidal de canteiro central de concreto - SZCC 140-35 moldada no local com extrusora e concreto usinado - areia extraída e brita produzida","m",81.239999999999995]
[2003345,"Sarjeta trapezoidal de concreto - SZC 60-20 - escavação mecânica - areia e brita comerciais","m",55.72]
[2003344,"Sarjeta trapezoidal de concreto - SZC 60-20 - escavação mecânica - areia extraída e brita produzida","m",42.33]
[2003973,"Sarjeta trapezoidal de concreto - SZC 60-20 moldada no local com extrusora e concreto usinado - escavação mecânica - areia e brita comerciais","m",63.38]
[2003974,"Sarjeta trapezoidal de concreto - SZC 60-20 moldada no local com extrusora e concreto usinado - escavação mecânica - areia extraída e brita produzida","m",49.95]
[2003343,"Sarjeta trapezoidal de concreto - SZC 90-30 - escavação mecânica - areia e brita comerciais","m",75.72]
[2003342,"Sarjeta trapezoidal de concreto - SZC 90-30 - escavação mecânica - areia extraída e brita produzida","m",56.94]
[2003971,"Sarjeta trapezoidal de concreto - SZC 90-30 moldada no local com extrusora e concreto usinado - escavação mecânica - areia e brita comerciais","m",86.69]
[2003972,"Sarjeta trapezoidal de concreto - SZC 90-30 moldada no local com extrusora e concreto usinado - escavação mecânica - areia extraída e brita produzida","m",67.849999999999994]
[2003347,"Sarjeta trapezoidal de grama - SZG 60-20 - escavação mecânica","m",14.45]
[2003346,"Sarjeta trapezoidal de grama - SZG 90-30 - escavação mecânica","m",20.14]
[2003933,"Sarjeta trapezoidal sem revestimento - SZT 60-20 - escavação mecânica","m",7.01]
[2003932,"Sarjeta trapezoidal sem revestimento - SZT 90-30 - escavação mecânica","m",8.98]
[2003349,"Sarjeta triangular de canteiro central de concreto - STCC 100-25 - areia e brita comerciais","m",53.45]
[2003348,"Sarjeta triangular de canteiro central de concreto - STCC 100-25 - areia extraída e brita produzida","m",38.58]
[2003975,"Sarjeta triangular de canteiro central de concreto - STCC 100-25 moldada no local com extrusora e concreto usinado - areia e brita comerciais","m",60.63]
[2003976,"Sarjeta triangular de canteiro central de concreto - STCC 100-25 moldada no local com extrusora e concreto usinado - areia extraída e brita produzida","m",45.71]
[2003351,"Sarjeta triangular de canteiro central de concreto - STCC 140-35 - areia e brita comerciais","m",71.37]
[2003350,"Sarjeta triangular de canteiro central de concreto - STCC 140-35 - areia extraída e brita produzida","m",51.44]
[2003977,"Sarjeta triangular de canteiro central de concreto - STCC 140-35 moldada no local com extrusora e concreto usinado - areia e brita comerciais","m",81.22]
[2003978,"Sarjeta triangular de canteiro central de concreto - STCC 140-35 moldada no local com extrusora e concreto usinado - areia extraída e brita produzida","m",61.24]
[2003291,"Sarjeta triangular de canteiro central de grama - STCG 100-25 - escavação mecânica","m",10.87]
[2003292,"Sarjeta triangular de canteiro central de grama - STCG 140-35 - escavação mecânica","m",15.21]
[2003293,"Sarjeta triangular de canteiro central de grama - STCG 200-25 - escavação mecânica","m",20.04]
[2003294,"Sarjeta triangular de canteiro central de grama - STCG 300-37,5 - escavação mecânica","m",30.06]
[2003257,"Sarjeta triangular de concreto - STC 100-20 - escavação mecânica - areia e brita comerciais","m",57.42]
[2003258,"Sarjeta triangular de concreto - STC 100-20 - escavação mecânica - areia extraída e brita produzida","m",44.06]
[2003259,"Sarjeta triangular de concreto - STC 100-20 moldada no local com extrusora e concreto usinado - escavação mecânica - areia e brita comerciais","m",64.19]
[2003260,"Sarjeta triangular de concreto - STC 100-20 moldada no local com extrusora e concreto usinado - escavação mecânica - areia extraída e brita produzida","m",50.81]
[2003281,"Sarjeta triangular de concreto - STC 100-21 - escavação mecânica - areia e brita comerciais","m",57.43]
[2003282,"Sarjeta triangular de concreto - STC 100-21 - escavação mecânica - areia extraída e brita produzida","m",43.76]
[2003283,"Sarjeta triangular de concreto - STC 100-21 moldada no local com extrusora e concreto usinado - escavação mecânica - areia e brita comerciais","m",64.38]
[2003284,"Sarjeta triangular de concreto - STC 100-21 moldada no local com extrusora e concreto usinado - escavação mecânica - areia extraída e brita produzida","m",50.68]
[2003327,"Sarjeta triangular de concreto - STC 108-25 - escavação mecânica - areia e brita comerciais","m",65.260000000000005]
[2003326,"Sarjeta triangular de concreto - STC 108-25 - escavação mecânica - areia extraída e brita produzida","m",49.78]
[2003963,"Sarjeta triangular de concreto - STC 108-25 moldada no local com extrusora e concreto usinado - escavação mecânica - areia e brita comerciais","m",73.16]
[2003964,"Sarjeta triangular de concreto - STC 108-25 moldada no local com extrusora e concreto usinado - escavação mecânica - areia extraída e brita produzida","m",57.64]
[2003319,"Sarjeta triangular de concreto - STC 125-25 - escavação mecânica - areia e brita comerciais","m",69.599999999999994]
[2003318,"Sarjeta triangular de concreto - STC 125-25 - escavação mecânica - areia extraída e brita produzida","m",53.12]
[2003955,"Sarjeta triangular de concreto - STC 125-25 moldada no local com extrusora e concreto usinado - escavação mecânica - areia e brita comerciais","m",78.040000000000006]
[2003956,"Sarjeta triangular de concreto - STC 125-25 moldada no local com extrusora e concreto usinado - escavação mecânica - areia extraída e brita produzida","m",61.51]
[2003277,"Sarjeta triangular de concreto - STC 125-27 - escavação mecânica - areia e brita comerciais","m",71.650000000000006]
[2003278,"Sarjeta triangular de concreto - STC 125-27 - escavação mecânica - areia extraída e brita produzida","m",54.7]
[2003279,"Sarjeta triangular de concreto - STC 125-27 moldada no local com extrusora e concreto usinado - escavação mecânica - areia e brita comerciais","m",80.34]
[2003280,"Sarjeta triangular de concreto - STC 125-27 moldada no local com extrusora e concreto usinado - escavação mecânica - areia extraída e brita produzida","m",63.35]
[2003253,"Sarjeta triangular de concreto - STC 150-30 - escavação mecânica - areia e brita comerciais","m",81.81]
[2003254,"Sarjeta triangular de concreto - STC 150-30 - escavação mecânica - areia extraída e brita produzida","m",62.21]
[2003255,"Sarjeta triangular de concreto - STC 150-30 moldada no local com extrusora e concreto usinado - escavação mecânica - areia e brita comerciais","m",91.9]
[2003256,"Sarjeta triangular de concreto - STC 150-30 moldada no local com extrusora e concreto usinado - escavação mecânica - areia extraída e brita produzida","m",72.239999999999995]
[2003273,"Sarjeta triangular de concreto - STC 150-32 - escavação mecânica - areia e brita comerciais","m",83.98]
[2003274,"Sarjeta triangular de concreto - STC 150-32 - escavação mecânica - areia extraída e brita produzida","m",63.88]
[2003275,"Sarjeta triangular de concreto - STC 150-32 moldada no local com extrusora e concreto usinado - escavação mecânica - areia e brita comerciais","m",94.35]
[2003276,"Sarjeta triangular de concreto - STC 150-32 moldada no local com extrusora e concreto usinado - escavação mecânica - areia extraída e brita produzida","m",74.19]
[2003269,"Sarjeta triangular de concreto - STC 73-15 - escavação mecânica - areia e brita comerciais","m",44.42]
[2003270,"Sarjeta triangular de concreto - STC 73-15 - escavação mecânica - areia extraída e brita produzida","m",34.14]
[2003271,"Sarjeta triangular de concreto - STC 73-15 moldada no local com extrusora e concreto usinado - escavação mecânica - areia e brita comerciais","m",49.57]
[2003272,"Sarjeta triangular de concreto - STC 73-15 moldada no local com extrusora e concreto usinado - escavação mecânica - areia extraída e brita produzida","m",39.270000000000003]
[2003261,"Sarjeta triangular de concreto - STC 80-15 - escavação mecânica - areia e brita comerciais","m",46.61]
[2003262,"Sarjeta triangular de concreto - STC 80-15 - escavação mecânica - areia extraída e brita produzida","m",35.840000000000003]
[2003263,"Sarjeta triangular de concreto - STC 80-15 moldada no local com extrusora e concreto usinado - escavação mecânica - areia e brita comerciais","m",52.02]
[2003264,"Sarjeta triangular de concreto - STC 80-15 moldada no local com extrusora e concreto usinado - escavação mecânica - areia extraída e brita produzida","m",41.22]
[2003285,"Sarjeta triangular de concreto - STC 80-17 - escavação mecânica - areia e brita comerciais","m",48.13]
[2003286,"Sarjeta triangular de concreto - STC 80-17 - escavação mecânica - areia extraída e brita produzida","m",37.03]
[2003287,"Sarjeta triangular de concreto - STC 80-17 moldada no local com extrusora e concreto usinado - escavação mecânica - areia e brita comerciais","m",53.72]
[2003288,"Sarjeta triangular de concreto - STC 80-17 moldada no local com extrusora e concreto usinado - escavação mecânica - areia extraída e brita produzida","m",42.6]
[2003265,"Sarjeta triangular de concreto - STC 88-20 - escavação mecânica - areia e brita comerciais","m",54.1]
[2003266,"Sarjeta triangular de concreto - STC 88-20 - escavação mecânica - areia extraída e brita produzida","m",41.49]
[2003267,"Sarjeta triangular de concreto - STC 88-20 moldada no local com extrusora e concreto usinado - escavação mecânica - areia e brita comerciais","m",60.48]
[2003268,"Sarjeta triangular de concreto - STC 88-20 moldada no local com extrusora e concreto usinado - escavação mecânica - areia extraída e brita produzida","m",47.84]
[2003289,"Sarjeta triangular de grama - STG 100-20 - escavação mecânica","m",18.309999999999999]
[2003338,"Sarjeta triangular de grama - STG 125-25 - escavação mecânica","m",22.99]
[2003290,"Sarjeta triangular de grama - STG 80-15 - escavação mecânica","m",15.17]
[2003300,"Sarjeta triangular sem revestimento - STT 100-20 - escavação mecânica","m",7.55]
[2003299,"Sarjeta triangular sem revestimento - STT 125-25 - escavação mecânica","m",9.5399999999999991]
[2003301,"Sarjeta triangular sem revestimento - STT 80-15 - escavação mecânica","m",6.63]
[2004513,"Selo asfáltico de microvala para dreno de pavimento com geocomposto","m",0.12]
[2003365,"Transposição de segmentos de sarjeta - TSS 120 - areia e brita comerciais","m",1057.28]
[2003364,"Transposição de segmentos de sarjeta - TSS 120 - areia extraída e brita produzida","m",915.43]
[2003097,"Transposição de segmentos de sarjeta - TSS 130 - areia e brita comerciais","m",1108.48]
[2003098,"Transposição de segmentos de sarjeta - TSS 130 - areia extraída e brita produzida","m",962.72]
[2003363,"Transposição de segmentos de sarjeta - TSS 140 - areia e brita comerciais","m",1148.1199999999999]
[2003362,"Transposição de segmentos de sarjeta - TSS 140 - areia extraída e brita produzida","m",1001.78]
[2003099,"Transposição de segmentos de sarjeta - TSS 150 - areia e brita comerciais","m",1203.43]
[2003100,"Transposição de segmentos de sarjeta - TSS 150 - areia extraída e brita produzida","m",1052.02]
[2003361,"Transposição de segmentos de sarjeta - TSS 170 - areia e brita comerciais","m",1371.06]
[2003360,"Transposição de segmentos de sarjeta - TSS 170 - areia extraída e brita produzida","m",1213.81]
[2003101,"Transposição de segmentos de sarjeta - TSS 200 - areia e brita comerciais","m",1533.68]
[2003102,"Transposição de segmentos de sarjeta - TSS 200 - areia extraída e brita produzida","m",1365.53]
[2003869,"Tubo de concreto PA1 comercial para drenagem - D = 0,50 m - fornecimento e instalação","m",195.64]
[2003822,"Tubo de concreto PA1 comercial para drenagem - D = 0,60 m - fornecimento e instalação","m",232.27]
[2003826,"Tubo de concreto PA1 comercial para drenagem - D = 0,80 m - fornecimento e instalação","m",353.88]
[2003830,"Tubo de concreto PA1 comercial para drenagem - D = 1,00 m - fornecimento e instalação","m",478.62]
[2003834,"Tubo de concreto PA1 comercial para drenagem - D = 1,20 m - fornecimento e instalação","m",666.41]
[2003838,"Tubo de concreto PA1 comercial para drenagem - D = 1,50 m - fornecimento e instalação","m",1181.33]
[2003768,"Tubo de concreto PA1 produzido na obra para drenagem - D = 0,60 m - areia e brita comerciais - fornecimento e instalação","m",177.7]
[2003873,"Tubo de concreto PA1 produzido na obra para drenagem - D = 0,60 m - areia extraída e brita produzida - fornecimento e instalação","m",158.16999999999999]
[2003772,"Tubo de concreto PA1 produzido na obra para drenagem - D = 0,80 m - areia e brita comerciais - fornecimento e instalação","m",261.39999999999998]
[2003877,"Tubo de concreto PA1 produzido na obra para drenagem - D = 0,80 m - areia extraída e brita produzida - fornecimento e instalação","m",230.46]
[2003776,"Tubo de concreto PA1 produzido na obra para drenagem - D = 1,00 m - areia e brita comerciais - fornecimento e instalação","m",428.9]
[2003881,"Tubo de concreto PA1 produzido na obra para drenagem - D = 1,00 m - areia extraída e brita produzida - fornecimento e instalação","m",386.5]
[2003780,"Tubo de concreto PA1 produzido na obra para drenagem - D = 1,20 m - areia e brita comerciais - fornecimento e instalação","m",570.78]
[2003885,"Tubo de concreto PA1 produzido na obra para drenagem - D = 1,20 m - areia extraída e brita produzida - fornecimento e instalação","m",508.82]
[2003784,"Tubo de concreto PA1 produzido na obra para drenagem - D = 1,50 m - areia e brita comerciais - fornecimento e instalação","m",889.52]
[2003889,"Tubo de concreto PA1 produzido na obra para drenagem - D = 1,50 m - areia extraída e brita produzida - fornecimento e instalação","m",792.56]
[2003870,"Tubo de concreto PA2 comercial para drenagem - D = 0,50 m - fornecimento e instalação","m",207.25]
[2003823,"Tubo de concreto PA2 comercial para drenagem - D = 0,60 m - fornecimento e instalação","m",261.38]
[2003827,"Tubo de concreto PA2 comercial para drenagem - D = 0,80 m - fornecimento e instalação","m",373.54]
[2003831,"Tubo de concreto PA2 comercial para drenagem - D = 1,00 m - fornecimento e instalação","m",515.99]
[2003835,"Tubo de concreto PA2 comercial para drenagem - D = 1,20 m - fornecimento e instalação","m",735.38]
[2003839,"Tubo de concreto PA2 comercial para drenagem - D = 1,50 m - fornecimento e instalação","m",1221.54]
[2003769,"Tubo de concreto PA2 produzido na obra para drenagem - D = 0,60 m - areia e brita comerciais - fornecimento e instalação","m",191.35]
[2003874,"Tubo de concreto PA2 produzido na obra para drenagem - D = 0,60 m - areia extraída e brita produzida - fornecimento e instalação","m",171.83]
[2003773,"Tubo de concreto PA2 produzido na obra para drenagem - D = 0,80 m - areia e brita comerciais - fornecimento e instalação","m",315.95999999999998]
[2003878,"Tubo de concreto PA2 produzido na obra para drenagem - D = 0,80 m - areia extraída e brita produzida - fornecimento e instalação","m",285.10000000000002]
[2003777,"Tubo de concreto PA2 produzido na obra para drenagem - D = 1,00 m - areia e brita comerciais - fornecimento e instalação","m",483.47]
[2003882,"Tubo de concreto PA2 produzido na obra para drenagem - D = 1,00 m - areia extraída e brita produzida - fornecimento e instalação","m",441.14]
[2003781,"Tubo de concreto PA2 produzido na obra para drenagem - D = 1,20 m - areia e brita comerciais - fornecimento e instalação","m",693.55]
[2003886,"Tubo de concreto PA2 produzido na obra para drenagem - D = 1,20 m - areia extraída e brita produzida - fornecimento e instalação","m",631.75]
[2003785,"Tubo de concreto PA2 produzido na obra para drenagem - D = 1,50 m - areia e brita comerciais - fornecimento e instalação","m",1080.5]
[2003890,"Tubo de concreto PA2 produzido na obra para drenagem - D = 1,50 m - areia extraída e brita produzida - fornecimento e instalação","m",983.8]
[2003871,"Tubo de concreto PA3 comercial para drenagem - D = 0,50 m - fornecimento e instalação","m",216.91]
[2003824,"Tubo de concreto PA3 comercial para drenagem - D = 0,60 m - fornecimento e instalação","m",273.76]
[2003828,"Tubo de concreto PA3 comercial para drenagem - D = 0,80 m - fornecimento e instalação","m",426.36]
[2003832,"Tubo de concreto PA3 comercial para drenagem - D = 1,00 m - fornecimento e instalação","m",562.01]
[2003836,"Tubo de concreto PA3 comercial para drenagem - D = 1,20 m - fornecimento e instalação","m",883.82]
[2003840,"Tubo de concreto PA3 comercial para drenagem - D = 1,50 m - fornecimento e instalação","m",1299.44]
[2003770,"Tubo de concreto PA3 produzido na obra para drenagem - D = 0,60 m - areia e brita comerciais - fornecimento e instalação","m",259.55]
[2003875,"Tubo de concreto PA3 produzido na obra para drenagem - D = 0,60 m - areia extraída e brita produzida - fornecimento e instalação","m",240.13]
[2003774,"Tubo de concreto PA3 produzido na obra para drenagem - D = 0,80 m - areia e brita comerciais - fornecimento e instalação","m",423.91]
[2003879,"Tubo de concreto PA3 produzido na obra para drenagem - D = 0,80 m - areia extraída e brita produzida - fornecimento e instalação","m",389.36]
[2003778,"Tubo de concreto PA3 produzido na obra para drenagem - D = 1,00 m - areia e brita comerciais - fornecimento e instalação","m",590.34]
[2003883,"Tubo de concreto PA3 produzido na obra para drenagem - D = 1,00 m - areia extraída e brita produzida - fornecimento e instalação","m",536.30999999999995]
[2003782,"Tubo de concreto PA3 produzido na obra para drenagem - D = 1,20 m - areia e brita comerciais - fornecimento e instalação","m",885.06]
[2003887,"Tubo de concreto PA3 produzido na obra para drenagem - D = 1,20 m - areia extraída e brita produzida - fornecimento e instalação","m",802.51]
[2003786,"Tubo de concreto PA3 produzido na obra para drenagem - D = 1,50 m - areia e brita comerciais - fornecimento e instalação","m",1389.51]
[2003891,"Tubo de concreto PA3 produzido na obra para drenagem - D = 1,50 m - areia extraída e brita produzida - fornecimento e instalação","m",1261.3499999999999]
[2003872,"Tubo de concreto PA4 comercial para drenagem - D = 0,50 m - fornecimento e instalação","m",297.27999999999997]
[2003825,"Tubo de concreto PA4 comercial para drenagem - D = 0,60 m - fornecimento e instalação","m",313.52]
[2003829,"Tubo de concreto PA4 comercial para drenagem - D = 0,80 m - fornecimento e instalação","m",482.58]
[2003833,"Tubo de concreto PA4 comercial para drenagem - D = 1,00 m - fornecimento e instalação","m",589.98]
[2003837,"Tubo de concreto PA4 comercial para drenagem - D = 1,20 m - fornecimento e instalação","m",978.28]
[2003841,"Tubo de concreto PA4 comercial para drenagem - D = 1,50 m - fornecimento e instalação","m",1341.23]
[2003771,"Tubo de concreto PA4 produzido na obra para drenagem - D = 0,60 m - areia e brita comerciais - fornecimento e instalação","m",312.95999999999998]
[2003876,"Tubo de concreto PA4 produzido na obra para drenagem - D = 0,60 m - areia extraída e brita produzida - fornecimento e instalação","m",289.83]
[2003775,"Tubo de concreto PA4 produzido na obra para drenagem - D = 0,80 m - areia e brita comerciais - fornecimento e instalação","m",488.89]
[2003880,"Tubo de concreto PA4 produzido na obra para drenagem - D = 0,80 m - areia extraída e brita produzida - fornecimento e instalação","m",447.06]
[2003779,"Tubo de concreto PA4 produzido na obra para drenagem - D = 1,00 m - areia e brita comerciais - fornecimento e instalação","m",729.6]
[2003884,"Tubo de concreto PA4 produzido na obra para drenagem - D = 1,00 m - areia extraída e brita produzida - fornecimento e instalação","m",666.54]
[2003783,"Tubo de concreto PA4 produzido na obra para drenagem - D = 1,20 m - areia e brita comerciais - fornecimento e instalação","m",1044.8900000000001]
[2003888,"Tubo de concreto PA4 produzido na obra para drenagem - D = 1,20 m - areia extraída e brita produzida - fornecimento e instalação","m",951.23]
[2003787,"Tubo de concreto PA4 produzido na obra para drenagem - D = 1,50 m - areia e brita comerciais - fornecimento e instalação","m",1636.8]
[2003892,"Tubo de concreto PA4 produzido na obra para drenagem - D = 1,50 m - areia extraída e brita produzida - fornecimento e instalação","m",1504.27]
[2003851,"Tubo de concreto perfurado produzido na obra para drenagem - D = 0,40 m - fornecimento e instalação","m",89.59]
[2003935,"Tubo de PVC para dreno tipo barbacã - D = 50 mm - fornecimento e instalação","m",9.83]
[2003934,"Tubo de PVC para dreno tipo barbacã - D = 75 mm - fornecimento e instalação","m",14.22]
[2003990,"Tubo PEAD para drenagem - D = 1.000 mm - fornecimento e instalação","m",1615.19]
[2003991,"Tubo PEAD para drenagem - D = 1.050 mm - fornecimento e instalação","m",1659.33]
[2003992,"Tubo PEAD para drenagem - D = 1.200 mm - fornecimento e instalação","m",2277.65]
[2003993,"Tubo PEAD para drenagem - D = 1.500 mm - fornecimento e instalação","m",2573.84]
[2003983,"Tubo PEAD para drenagem - D = 400 mm - fornecimento e instalação","m",254.86]
[2003984,"Tubo PEAD para drenagem - D = 450 mm - fornecimento e instalação","m",326.64]
[2003985,"Tubo PEAD para drenagem - D = 500 mm - fornecimento e instalação","m",421.76]
[2003986,"Tubo PEAD para drenagem - D = 600 mm - fornecimento e instalação","m",613.91999999999996]
[2003987,"Tubo PEAD para drenagem - D = 750 mm - fornecimento e instalação","m",861.04]
[2003988,"Tubo PEAD para drenagem - D = 800 mm - fornecimento e instalação","m",919.76]
[2003989,"Tubo PEAD para drenagem - D = 900 mm - fornecimento e instalação","m",1160.4100000000001]
[2003298,"Valeta de proteção de aterro sem revestimento - VPAT 120-30 - escavação mecânica","m",12.15]
[2003297,"Valeta de proteção de aterro sem revestimento - VPAT 160-30 - escavação mecânica","m",14.94]
[2003315,"Valeta de proteção de aterros com revestimento de concreto - VPAC 120-30 - escavação mecânica - areia e brita comerciais","m",95.89]
[2003314,"Valeta de proteção de aterros com revestimento de concreto - VPAC 120-30 - escavação mecânica - areia extraída e brita produzida","m",77.88]
[2003313,"Valeta de proteção de aterros com revestimento de concreto - VPAC 160-30 - escavação mecânica - areia e brita comerciais","m",120.17]
[2003312,"Valeta de proteção de aterros com revestimento de concreto - VPAC 160-30 - escavação mecânica - areia extraída e brita produzida","m",97.65]
[2003311,"Valeta de proteção de aterros com revestimento vegetal - VPAG 120-30 - escavação mecânica","m",40.31]
[2003310,"Valeta de proteção de aterros com revestimento vegetal - VPAG 160-30 - escavação mecânica","m",50.87]
[2003296,"Valeta de proteção de corte sem revestimento - VPCT 120-30 - escavação mecânica","m",12.15]
[2003295,"Valeta de proteção de corte sem revestimento - VPCT 160-30 - escavação mecânica","m",14.94]
[2003309,"Valeta de proteção de cortes com revestimento de concreto - VPCC 120-30 - escavação mecânica - areia e brita comerciais","m",95.89]
[2003308,"Valeta de proteção de cortes com revestimento de concreto - VPCC 120-30 - escavação mecânica - areia extraída e brita produzida","m",77.88]
[2003307,"Valeta de proteção de cortes com revestimento de concreto - VPCC 160-30 - escavação mecânica - areia e brita comerciais","m",120.17]
[2003306,"Valeta de proteção de cortes com revestimento de concreto - VPCC 160-30 - escavação mecânica - areia extraída e brita produzida","m",97.65]
[2003305,"Valeta de proteção de cortes com revestimento vegetal - VPCG 120-30 - escavação mecânica","m",40.31]
[2003304,"Valeta de proteção de cortes com revestimento vegetal - VPCG 160-30 - escavação mecânica","m",50.87]
[2105846,"Escoramento com estacas de perfis metálicos W 250 x 38,5 kg/m, espaçadas em 1,5 m, intercaladas com prancha de madeira com espessura de 5 cm e ficha de 0 a 0,2 H - sem reaproveitamento - fornecimento e instalação","m²",536.39]
[2105929,"Escoramento com estacas de perfis metálicos W 250 x 38,5 kg/m, espaçadas em 1,5 m, intercaladas com prancha de madeira com espessura de 5 cm e ficha de 0,20 a 0,4 H - sem reaproveitamento - fornecimento e instalação","m²",606.53]
[2105933,"Escoramento com estacas de perfis metálicos W 250 x 38,5 kg/m, espaçadas em 1,5 m, intercaladas com prancha de madeira com espessura de 5 cm e ficha de 0,40 a 0,6 H - sem reaproveitamento - fornecimento e instalação","m²",676.68]
[2106293,"Escoramento com perfis metálicos W 150 x 18,0 kg/m a cada metro e chapas de aço - estroncas a cada 2 m não incluídas - profundidade de até 10 m - aço com utilização de 20 vezes - fornecimento, instalação e retirada","m²",196.24]
[2108165,"Escoramento com pontaletes D = 10 cm - utilização de 1 vez - confecção, instalação e retirada","m³",35.68]
[2108166,"Escoramento com pontaletes D = 10 cm - utilização de 2 vezes - confecção, instalação e retirada","m³",24.47]
[2108167,"Escoramento com pontaletes D = 10 cm - utilização de 3 vezes - confecção, instalação e retirada","m³",21.52]
[2108168,"Escoramento com pontaletes D = 10 cm - utilização de 5 vezes - confecção, instalação e retirada","m³",20.58]
[2108169,"Escoramento com pontaletes D = 15 cm - utilização de 1 vez - confecção e instalação","m³",62.95]
[2108170,"Escoramento com pontaletes D = 15 cm - utilização de 2 vezes - confecção, instalação e retirada","m³",42.45]
[2108171,"Escoramento com pontaletes D = 15 cm - utilização de 3 vezes - confecção, instalação e retirada","m³",37.24]
[2108172,"Escoramento com pontaletes D = 15 cm - utilização de 5 vezes - confecção, instalação e retirada","m³",35.85]
[2106292,"Escoramento contínuo de valas com tábuas de 2,5 x 30 cm e longarinas de 6 x 16 cm - estroncas a cada metro não incluídas - profundidade de até 4 m - madeira com utilização de 3 vezes - confecção, instalação e retirada","m²",143.21]
[2106291,"Escoramento contínuo de valas com tábuas de 2,5 x 30 cm e longarinas de 6 x 16 cm - estroncas a cada metro não incluídas - profundidade de até 4 m - madeira sem reaproveitamento - confecção e instalação","m²",214.06]
[2106235,"Escoramento metálico com quadro tubular contraventado - capacidade de carga até 3,8 t/m² - quadro de 1,0 x 1,0 x 1,25 m - utilização de 50 vezes - fornecimento, instalação e retirada","m³",3.15]
[2106232,"Escoramento metálico tubular galvanizado para formas com capacidade de 2.100 a 750 kg por unidade - regulável de 3,0 a 4,5 m - utilização de 20 vezes - fornecimento, instalação e retirada","un",18.46]
[2106233,"Escoramento metálico tubular galvanizado para formas com capacidade de 3.200 a 1.600 kg por unidade - regulável de 1,8 a 3,0 m - utilização de 20 vezes - fornecimento, instalação e retirada","un",14.29]
[2105605,"Escoramento para corpo de bueiros celulares - utilização de 3 vezes - confecção, instalação e retirada","m³",63.46]
[2106298,"Estroncas em perfil metálico W 150 x 18,0 kg/m - utilização de 20 vezes","m",34.36]
[2106295,"Estroncas para valas com D = 15 cm - madeira com utilização de 3 vezes","m",17.93]
[2106294,"Estroncas para valas com D = 15 cm - madeira sem reaproveitamento","m",24.26]
[2106297,"Estroncas para valas com D = 20 cm - madeira com utilização de 3 vezes","m",29.15]
[2106296,"Estroncas para valas com D = 20 cm - madeira sem reaproveitamento","m",48.65]
[2306731,"Apoio náutico para a colocação da armação em camisa metálica","kg",0.65]
[2306728,"Apoio náutico para a escavação com perfuratriz tipo Wirth em rocha com média dureza e média abrasão - resistência à compressão menor que 80 MPa - D = 600 a 1.800 mm","m",1609.99]
[2306729,"Apoio náutico para a escavação com perfuratriz tipo Wirth em rocha de alta dureza e alta abrasão - resistência à compressão acima de 80 MPa - D = 600 a 1.800 mm","m",1961.46]
[2306727,"Apoio náutico para a escavação com perfuratriz tipo Wirth em solo D = 600 a 1.800 mm","m",376.74]
[2306730,"Apoio náutico para a execução da concretagem de camisas metálicas","m³",127.35]
[2306726,"Apoio náutico para a execução da cravação de camisa metálica D = 600 a 1.800 mm","m",246.22]
[2306076,"Armação de estaca escavada ou estaca barrete em aço CA-50 com apoio de guindaste - fornecimento, preparo e colocação","kg",12.12]
[2306247,"Arrasamento de estacas de concreto com seção de até 900 cm²","m³",229.07]
[2306248,"Arrasamento de estacas de concreto com seção superior à 900 cm²","m³",534.83000000000004]
[2306279,"Berço para pré-moldagem de estacas protendidas com capacidade de 19 m³, inclusive formas metálicas - utilização de 100 vezes","m³",88.35]
[2306651,"Camisa metálica com espessura de 12,5 mm D = 1.400 mm - cravada com martelo vibratório - sem escavação - cravação","m",7158.11]
[2306678,"Camisa metálica com espessura de 12,5 mm D = 1.400 mm - para passagem de lâmina d'água - posicionamento","m",6897.15]
[2306652,"Camisa metálica com espessura de 12,5 mm D = 1.500 mm - cravada com martelo vibratório - sem escavação - cravação","m",7231.21]
[2306679,"Camisa metálica com espessura de 12,5 mm D = 1.500 mm - para passagem de lâmina d'água - posicionamento","m",6960.59]
[2306653,"Camisa metálica com espessura de 12,5 mm D = 1.600 mm - cravada com martelo vibratório - sem escavação - cravação","m",7307.17]
[2306680,"Camisa metálica com espessura de 12,5 mm D = 1.600 mm - para passagem de lâmina d'água - posicionamento","m",7026.14]
[2306654,"Camisa metálica com espessura de 12,5 mm D = 1.700 mm - cravada com martelo vibratório - sem escavação - cravação","m",7381.99]
[2306681,"Camisa metálica com espessura de 12,5 mm D = 1.700 mm - para passagem de lâmina d'água - posicionamento","m",7089.72]
[2306655,"Camisa metálica com espessura de 12,5 mm D = 1.800 mm - cravada com martelo vibratório - sem escavação - cravação","m",7457.91]
[2306682,"Camisa metálica com espessura de 12,5 mm D = 1.800 mm - para passagem de lâmina d'água - posicionamento","m",7153.46]
[2306656,"Camisa metálica com espessura de 16 mm D = 1.500 mm - cravada com martelo vibratório - sem escavação - cravação","m",10509.41]
[2306683,"Camisa metálica com espessura de 16 mm D = 1.500 mm - para passagem de lâmina d'água - posicionamento","m",10238.790000000001]
[2306657,"Camisa metálica com espessura de 16 mm D = 1.600 mm - cravada com martelo vibratório - sem escavação - cravação","m",10668.04]
[2306684,"Camisa metálica com espessura de 16 mm D = 1.600 mm - para passagem de lâmina d'água - posicionamento","m",10387.02]
[2306658,"Camisa metálica com espessura de 16 mm D = 1.700 mm - cravada com martelo vibratório - sem escavação - cravação","m",10822.97]
[2306685,"Camisa metálica com espessura de 16 mm D = 1.700 mm - para passagem de lâmina d'água - posicionamento","m",10530.7]
[2306659,"Camisa metálica com espessura de 16 mm D = 1.800 mm - cravada com martelo vibratório - sem escavação - cravação","m",10983.53]
[2306686,"Camisa metálica com espessura de 16 mm D = 1.800 mm - para passagem de lâmina d'água - posicionamento","m",10679.08]
[2306637,"Camisa metálica com espessura de 6,3 mm D = 1.000 mm - cravada com martelo vibratório - sem escavação - cravação","m",2372.12]
[2306664,"Camisa metálica com espessura de 6,3 mm D = 1.000 mm - para passagem de lâmina d'água - posicionamento","m",2143.79]
[2306732,"Camisa metálica com espessura de 6,3 mm D = 400 mm - cravada com martelo vibratório - sem escavação - cravação","m",991.72]
[2306733,"Camisa metálica com espessura de 6,3 mm D = 400 mm - para passagem de lâmina d'água - posicionamento","m",799.44]
[2306734,"Camisa metálica com espessura de 6,3 mm D = 500 mm - cravada com martelo vibratório - sem escavação - cravação","m",1190.9100000000001]
[2306735,"Camisa metálica com espessura de 6,3 mm D = 500 mm - para passagem de lâmina d'água - posicionamento","m",993.43]
[2306633,"Camisa metálica com espessura de 6,3 mm D = 600 mm - cravada com martelo vibratório - sem escavação - cravação","m",1345.61]
[2306660,"Camisa metálica com espessura de 6,3 mm D = 600 mm - para passagem de lâmina d'água - posicionamento","m",1142.6500000000001]
[2306634,"Camisa metálica com espessura de 6,3 mm D = 700 mm - cravada com martelo vibratório - sem escavação - cravação","m",1554.86]
[2306661,"Camisa metálica com espessura de 6,3 mm D = 700 mm - para passagem de lâmina d'água - posicionamento","m",1346.1]
[2306635,"Camisa metálica com espessura de 6,3 mm D = 800 mm - cravada com martelo vibratório - sem escavação - cravação","m",1858.05]
[2306662,"Camisa metálica com espessura de 6,3 mm D = 800 mm - para passagem de lâmina d'água - posicionamento","m",1643.15]
[2306636,"Camisa metálica com espessura de 6,3 mm D = 900 mm - cravada com martelo vibratório - sem escavação - cravação","m",1880.02]
[2306663,"Camisa metálica com espessura de 6,3 mm D = 900 mm - para passagem de lâmina d'água - posicionamento","m",1658.6]
[2306641,"Camisa metálica com espessura de 8 mm D = 1.000 mm - cravada com martelo vibratório - sem escavação - cravação","m",3014.94]
[2306668,"Camisa metálica com espessura de 8 mm D = 1.000 mm - para passagem de lâmina d'água - posicionamento","m",2786.6]
[2306642,"Camisa metálica com espessura de 8 mm D = 1.100 mm - cravada com martelo vibratório - sem escavação - cravação","m",3046.41]
[2306669,"Camisa metálica com espessura de 8 mm D = 1.100 mm - para passagem de lâmina d'água - posicionamento","m",2810.71]
[2306643,"Camisa metálica com espessura de 8 mm D = 1.200 mm - cravada com martelo vibratório - sem escavação - cravação","m",3077.92]
[2306670,"Camisa metálica com espessura de 8 mm D = 1.200 mm - para passagem de lâmina d'água - posicionamento","m",2834.36]
[2306638,"Camisa metálica com espessura de 8 mm D = 700 mm - cravada com martelo vibratório - sem escavação - cravação","m",1969.11]
[2306665,"Camisa metálica com espessura de 8 mm D = 700 mm - para passagem de lâmina d'água - posicionamento","m",1760.34]
[2306639,"Camisa metálica com espessura de 8 mm D = 800 mm - cravada com martelo vibratório - sem escavação - cravação","m",2356.9299999999998]
[2306666,"Camisa metálica com espessura de 8 mm D = 800 mm - para passagem de lâmina d'água - posicionamento","m",2142.0300000000002]
[2306640,"Camisa metálica com espessura de 8 mm D = 900 mm - cravada com martelo vibratório - sem escavação - cravação","m",2387.48]
[2306667,"Camisa metálica com espessura de 8 mm D = 900 mm - para passagem de lâmina d'água - posicionamento","m",2166.06]
[2306645,"Camisa metálica com espessura de 9,5 mm D = 1.000 mm - cravada com martelo vibratório - sem escavação - cravação","m",3637.61]
[2306672,"Camisa metálica com espessura de 9,5 mm D = 1.000 mm - para passagem de lâmina d'água - posicionamento","m",3409.27]
[2306646,"Camisa metálica com espessura de 9,5 mm D = 1.100 mm - cravada com martelo vibratório - sem escavação - cravação","m",3680.32]
[2306673,"Camisa metálica com espessura de 9,5 mm D = 1.100 mm - para passagem de lâmina d'água - posicionamento","m",3444.62]
[2306647,"Camisa metálica com espessura de 9,5 mm D = 1.200 mm - cravada com martelo vibratório - sem escavação - cravação","m",3722.59]
[2306674,"Camisa metálica com espessura de 9,5 mm D = 1.200 mm - para passagem de lâmina d'água - posicionamento","m",3479.04]
[2306648,"Camisa metálica com espessura de 9,5 mm D = 1.300 mm - cravada com martelo vibratório - sem escavação - cravação","m",5183.3]
[2306675,"Camisa metálica com espessura de 9,5 mm D = 1.300 mm - para passagem de lâmina d'água - posicionamento","m",4931.34]
[2306649,"Camisa metálica com espessura de 9,5 mm D = 1.400 mm - cravada com martelo vibratório - sem escavação - cravação","m",5227.8599999999997]
[2306676,"Camisa metálica com espessura de 9,5 mm D = 1.400 mm - para passagem de lâmina d'água - posicionamento","m",4966.91]
[2306650,"Camisa metálica com espessura de 9,5 mm D = 1.500 mm - cravada com martelo vibratório - sem escavação - cravação","m",5272.05]
[2306677,"Camisa metálica com espessura de 9,5 mm D = 1.500 mm - para passagem de lâmina d'água - posicionamento","m",5001.43]
[2306644,"Camisa metálica com espessura de 9,5 mm D = 900 mm - cravada com martelo vibratório - sem escavação - cravação","m",2887.4]
[2306671,"Camisa metálica com espessura de 9,5 mm D = 900 mm - para passagem de lâmina d'água - posicionamento","m",2665.98]
[2306141,"Coluna de brita D = 50 cm executada com perfuratriz tipo bottom feed - brita comercial - confecção e cravação","m",79.25]
[2306145,"Coluna de brita D = 50 cm executada com perfuratriz tipo bottom feed - brita produzida - confecção e cravação","m",59.64]
[2306142,"Coluna de brita D = 60 cm executada com perfuratriz tipo bottom feed - brita comercial - confecção e cravação","m",97.62]
[2306146,"Coluna de brita D = 60 cm executada com perfuratriz tipo bottom feed - brita produzida - confecção e cravação","m",69.38]
[2306143,"Coluna de brita D = 70 cm executada com perfuratriz tipo bottom feed - brita comercial - confecção e cravação","m",118.97]
[2306147,"Coluna de brita D = 70 cm executada com perfuratriz tipo bottom feed - brita produzida - confecção e cravação","m",80.540000000000006]
[2306144,"Coluna de brita D = 80 cm executada com perfuratriz tipo bottom feed - brita comercial - confecção e cravação","m",144.33000000000001]
[2306148,"Coluna de brita D = 80 cm executada com perfuratriz tipo bottom feed - brita produzida - confecção e cravação","m",94.13]
[2306624,"Confecção de camisa metálica em aço ASTM A36 com espessura de 12,5 mm - D = 1.400 mm","m",6857.58]
[2306625,"Confecção de camisa metálica em aço ASTM A36 com espessura de 12,5 mm - D = 1.500 mm","m",6919.04]
[2306626,"Confecção de camisa metálica em aço ASTM A36 com espessura de 12,5 mm - D = 1.600 mm","m",6982.51]
[2306627,"Confecção de camisa metálica em aço ASTM A36 com espessura de 12,5 mm - D = 1.700 mm","m",7043.97]
[2306628,"Confecção de camisa metálica em aço ASTM A36 com espessura de 12,5 mm - D = 1.800 mm","m",7105.5]
[2306629,"Confecção de camisa metálica em aço ASTM A36 com espessura de 16 mm - D = 1.500 mm","m",10189.67]
[2306630,"Confecção de camisa metálica em aço ASTM A36 com espessura de 16 mm - D = 1.600 mm","m",10335.32]
[2306631,"Confecção de camisa metálica em aço ASTM A36 com espessura de 16 mm - D = 1.700 mm","m",10476.4]
[2306632,"Confecção de camisa metálica em aço ASTM A36 com espessura de 16 mm - D = 1.800 mm","m",10622.04]
[2306610,"Confecção de camisa metálica em aço ASTM A36 com espessura de 6,3 mm - D = 1.000 mm","m",2118.8000000000002]
[2306604,"Confecção de camisa metálica em aço ASTM A36 com espessura de 6,3 mm - D = 400 mm","m",780.27]
[2306605,"Confecção de camisa metálica em aço ASTM A36 com espessura de 6,3 mm - D = 500 mm","m",973.37]
[2306606,"Confecção de camisa metálica em aço ASTM A36 com espessura de 6,3 mm - D = 600 mm","m",1121.67]
[2306607,"Confecção de camisa metálica em aço ASTM A36 com espessura de 6,3 mm - D = 700 mm","m",1324.16]
[2306608,"Confecção de camisa metálica em aço ASTM A36 com espessura de 6,3 mm - D = 800 mm","m",1620.23]
[2306609,"Confecção de camisa metálica em aço ASTM A36 com espessura de 6,3 mm - D = 900 mm","m",1634.66]
[2306614,"Confecção de camisa metálica em aço ASTM A36 com espessura de 8 mm - D = 1.000 mm","m",2759.9]
[2306615,"Confecção de camisa metálica em aço ASTM A36 com espessura de 8 mm - D = 1.100 mm","m",2782.73]
[2306616,"Confecção de camisa metálica em aço ASTM A36 com espessura de 8 mm - D = 1.200 mm","m",2805.09]
[2306611,"Confecção de camisa metálica em aço ASTM A36 com espessura de 8 mm - D = 700 mm","m",1737.19]
[2306612,"Confecção de camisa metálica em aço ASTM A36 com espessura de 8 mm - D = 800 mm","m",2117.73]
[2306613,"Confecção de camisa metálica em aço ASTM A36 com espessura de 8 mm - D = 900 mm","m",2140.5700000000002]
[2306618,"Confecção de camisa metálica em aço ASTM A36 com espessura de 9,5 mm - D = 1.000 mm","m",3380.91]
[2306619,"Confecção de camisa metálica em aço ASTM A36 com espessura de 9,5 mm - D = 1.100 mm","m",3414.82]
[2306620,"Confecção de camisa metálica em aço ASTM A36 com espessura de 9,5 mm - D = 1.200 mm","m",3447.78]
[2306621,"Confecção de camisa metálica em aço ASTM A36 com espessura de 9,5 mm - D = 1.300 mm","m",4898.58]
[2306622,"Confecção de camisa metálica em aço ASTM A36 com espessura de 9,5 mm - D = 1.400 mm","m",4932.5600000000004]
[2306623,"Confecção de camisa metálica em aço ASTM A36 com espessura de 9,5 mm - D = 1.500 mm","m",4965.46]
[2306617,"Confecção de camisa metálica em aço ASTM A36 com espessura de 9,5 mm - D = 900 mm","m",2638.99]
[2306014,"Contraventamento de grupo de estacas submersas em aço ASTM A36 - confecção e instalação","kg",13.08]
[2306700,"Escavação com perfuratriz tipo Wirth em rocha com média dureza e média abrasão - resistência à compressão menor que 80 MPa - D = 1.000 mm","m",2222.06]
[2306703,"Escavação com perfuratriz tipo Wirth em rocha com média dureza e média abrasão - resistência à compressão menor que 80 MPa - D = 1.100 mm","m",2304.9899999999998]
[2306706,"Escavação com perfuratriz tipo Wirth em rocha com média dureza e média abrasão - resistência à compressão menor que 80 MPa - D = 1.200 mm","m",2424.9899999999998]
[2306709,"Escavação com perfuratriz tipo Wirth em rocha com média dureza e média abrasão - resistência à compressão menor que 80 MPa - D = 1.300 mm","m",2623.87]
[2306712,"Escavação com perfuratriz tipo Wirth em rocha com média dureza e média abrasão - resistência à compressão menor que 80 MPa - D = 1.400 mm","m",2713.42]
[2306715,"Escavação com perfuratriz tipo Wirth em rocha com média dureza e média abrasão - resistência à compressão menor que 80 MPa - D = 1.500 mm","m",2839.46]
[2306718,"Escavação com perfuratriz tipo Wirth em rocha com média dureza e média abrasão - resistência à compressão menor que 80 MPa - D = 1.600 mm","m",3024.66]
[2306721,"Escavação com perfuratriz tipo Wirth em rocha com média dureza e média abrasão - resistência à compressão menor que 80 MPa - D = 1.700 mm","m",3111.12]
[2306724,"Escavação com perfuratriz tipo Wirth em rocha com média dureza e média abrasão - resistência à compressão menor que 80 MPa - D = 1.800 mm","m",3279.16]
[2306688,"Escavação com perfuratriz tipo Wirth em rocha com média dureza e média abrasão - resistência à compressão menor que 80 MPa - D = 600 mm","m",1758.86]
[2306691,"Escavação com perfuratriz tipo Wirth em rocha com média dureza e média abrasão - resistência à compressão menor que 80 MPa - D = 700 mm","m",1859.9]
[2306694,"Escavação com perfuratriz tipo Wirth em rocha com média dureza e média abrasão - resistência à compressão menor que 80 MPa - D = 800 mm","m",1992.67]
[2306697,"Escavação com perfuratriz tipo Wirth em rocha com média dureza e média abrasão - resistência à compressão menor que 80 MPa - D = 900 mm","m",2085.59]
[2306701,"Escavação com perfuratriz tipo Wirth em rocha de alta dureza e alta abrasão - resistência à compressão acima de 80 MPa - D = 1.000 mm","m",4420.42]
[2306704,"Escavação com perfuratriz tipo Wirth em rocha de alta dureza e alta abrasão - resistência à compressão acima de 80 MPa - D = 1.100 mm","m",4702.93]
[2306707,"Escavação com perfuratriz tipo Wirth em rocha de alta dureza e alta abrasão - resistência à compressão acima de 80 MPa - D = 1.200 mm","m",4882.53]
[2306710,"Escavação com perfuratriz tipo Wirth em rocha de alta dureza e alta abrasão - resistência à compressão acima de 80 MPa - D = 1.300 mm","m",5134.03]
[2306713,"Escavação com perfuratriz tipo Wirth em rocha de alta dureza e alta abrasão - resistência à compressão acima de 80 MPa - D = 1.400 mm","m",5268.33]
[2306716,"Escavação com perfuratriz tipo Wirth em rocha de alta dureza e alta abrasão - resistência à compressão acima de 80 MPa - D = 1.500 mm","m",5577.17]
[2306719,"Escavação com perfuratriz tipo Wirth em rocha de alta dureza e alta abrasão - resistência à compressão acima de 80 MPa - D = 1.600 mm","m",6084.96]
[2306722,"Escavação com perfuratriz tipo Wirth em rocha de alta dureza e alta abrasão - resistência à compressão acima de 80 MPa - D = 1.700 mm","m",6352.67]
[2306725,"Escavação com perfuratriz tipo Wirth em rocha de alta dureza e alta abrasão - resistência à compressão acima de 80 MPa - D = 1.800 mm","m",6669.76]
[2306689,"Escavação com perfuratriz tipo Wirth em rocha de alta dureza e alta abrasão - resistência à compressão acima de 80 MPa - D = 600 mm","m",3482.08]
[2306692,"Escavação com perfuratriz tipo Wirth em rocha de alta dureza e alta abrasão - resistência à compressão acima de 80 MPa - D = 700 mm","m",3670.99]
[2306695,"Escavação com perfuratriz tipo Wirth em rocha de alta dureza e alta abrasão - resistência à compressão acima de 80 MPa - D = 800 mm","m",3864.9]
[2306698,"Escavação com perfuratriz tipo Wirth em rocha de alta dureza e alta abrasão - resistência à compressão acima de 80 MPa - D = 900 mm","m",4092.11]
[2306699,"Escavação com perfuratriz tipo Wirth em solo - D = 1.000 mm","m",335.86]
[2306702,"Escavação com perfuratriz tipo Wirth em solo - D = 1.100 mm","m",347.14]
[2306705,"Escavação com perfuratriz tipo Wirth em solo - D = 1.200 mm","m",365.58]
[2306708,"Escavação com perfuratriz tipo Wirth em solo - D = 1.300 mm","m",378.99]
[2306711,"Escavação com perfuratriz tipo Wirth em solo - D = 1.400 mm","m",393.43]
[2306714,"Escavação com perfuratriz tipo Wirth em solo - D = 1.500 mm","m",409.01]
[2306717,"Escavação com perfuratriz tipo Wirth em solo - D = 1.600 mm","m",426.98]
[2306720,"Escavação com perfuratriz tipo Wirth em solo - D = 1.700 mm","m",445.39]
[2306723,"Escavação com perfuratriz tipo Wirth em solo - D = 1.800 mm","m",455.21]
[2306687,"Escavação com perfuratriz tipo Wirth em solo - D = 600 mm","m",279.60000000000002]
[2306690,"Escavação com perfuratriz tipo Wirth em solo - D = 700 mm","m",292.45999999999998]
[2306693,"Escavação com perfuratriz tipo Wirth em solo - D = 800 mm","m",305.44]
[2306696,"Escavação com perfuratriz tipo Wirth em solo - D = 900 mm","m",319.61]
[2306239,"Estaca barrete escavada com uso de fluido estabilizante - confecção","m³",269.89]
[2306090,"Estaca broca manual D = 25 cm - confecção","m",39.39]
[2306091,"Estaca broca manual D = 30 cm - confecção","m",52.52]
[2306072,"Estaca circular tipo estacão escavada com uso de fluido estabilizante - confecção","m³",891.12]
[2306133,"Estaca duplo perfil metálico W 250 x 17,9 - com emenda - fornecimento e cravação","m",520.61]
[2306114,"Estaca duplo trilho TR 25 - com emenda - fornecimento e cravação","m",302.29000000000002]
[2306115,"Estaca duplo trilho TR 37 - com emenda - fornecimento e cravação","m",440.94]
[2306116,"Estaca duplo trilho TR 45 - com emenda - fornecimento e cravação","m",525.48]
[2306118,"Estaca duplo trilho TR 57 - com emenda - fornecimento e cravação","m",660.56]
[2306122,"Estaca duplo trilho TR 68 - com emenda - fornecimento e cravação","m",782.76]
[2306078,"Estaca Franki com fuste apiloado D = 35 cm - confecção","m",125.67]
[2306080,"Estaca Franki com fuste apiloado D = 40 cm - confecção","m",137.09]
[2306082,"Estaca Franki com fuste apiloado D = 45 cm - confecção","m",150.80000000000001]
[2306084,"Estaca Franki com fuste apiloado D = 52 cm - confecção","m",175.35]
[2306086,"Estaca Franki com fuste apiloado D = 60 cm - confecção","m",215.43]
[2309088,"Estaca Franki com fuste apiloado D = 70 cm - confecção","m",301.61]
[2306074,"Estaca hélice contínua - confecção","m³",238.4]
[2306095,"Estaca hélice de deslocamento - confecção","m³",285.85000000000002]
[2306132,"Estaca perfil metálico W 150 x 22,5 (H) - fornecimento e cravação","m",334.49]
[2306015,"Estaca prancha metálica - fornecimento e cravação até 12 metros","kg",17.690000000000001]
[2306019,"Estaca prancha metálica com apoio de flutuante - fornecimento e cravação de 12 metros","kg",18.29]
[2306018,"Estaca prancha metálica com apoio de flutuante e utilização de 10 vezes - fornecimento, cravação até 12 metros","kg",2.98]
[2306016,"Estaca prancha metálica com utilização de 10 vezes - fornecimento, cravação até 12 metros","kg",2.09]
[2305999,"Estaca pré-moldada de concreto armado centrifugado com compressão admissível de 100 t - sem emenda - fornecimento e cravação","m",390.58]
[2306000,"Estaca pré-moldada de concreto armado centrifugado com compressão admissível de 125 t - sem emenda - fornecimento e cravação","m",459.1]
[2306001,"Estaca pré-moldada de concreto armado centrifugado com compressão admissível de 170 t - sem emenda - fornecimento e cravação","m",636.77]
[2306002,"Estaca pré-moldada de concreto armado centrifugado com compressão admissível de 230 t - sem emenda - fornecimento e cravação","m",877.77]
[2306003,"Estaca pré-moldada de concreto armado centrifugado com compressão admissível de 300 t - sem emenda - fornecimento e cravação","m",977]
[2305997,"Estaca pré-moldada de concreto armado centrifugado com compressão admissível de 55 t - sem emenda - fornecimento e cravação","m",266.16000000000003]
[2305998,"Estaca pré-moldada de concreto armado centrifugado com compressão admissível de 80 t - sem emenda - fornecimento e cravação","m",333.84]
[2306101,"Estaca pré-moldada de concreto protendido 15 x 15 cm - produzida - sem emenda - cravação","m",71.47]
[2306102,"Estaca pré-moldada de concreto protendido 17 x 17 cm - produzida - sem emenda - cravação","m",76.12]
[2306103,"Estaca pré-moldada de concreto protendido 20 x 20 cm - produzida - sem emenda - cravação","m",85.89]
[2306104,"Estaca pré-moldada de concreto protendido 21 x 21 cm - produzida - sem emenda - cravação","m",91.22]
[2306105,"Estaca pré-moldada de concreto protendido 23 x 23 cm - produzida - sem emenda - cravação","m",96.87]
[2306106,"Estaca pré-moldada de concreto protendido 25 x 25 cm - produzida - sem emenda - cravação","m",105.59]
[2306107,"Estaca pré-moldada de concreto protendido 26 x 26 cm - produzida - sem emenda - cravação","m",108.63]
[2306269,"Estaca pré-moldada de concreto protendido 30 x 30 cm - produzida - sem emenda - cravação","m",122.43]
[2306270,"Estaca pré-moldada de concreto protendido 33 x 33 cm - produzida - sem emenda - cravação","m",136.84]
[2306271,"Estaca pré-moldada de concreto protendido 35 x 35 cm - produzida - sem emenda - cravação","m",150.51]
[2306272,"Estaca pré-moldada de concreto protendido 38 x 38 cm - produzida - sem emenda - cravação","m",159.21]
[2306273,"Estaca pré-moldada de concreto protendido 40 x 40 cm - produzida - sem emenda - cravação","m",178.7]
[2306274,"Estaca pré-moldada de concreto protendido 42 x 42 cm - produzida - sem emenda - cravação","m",191.41]
[2306275,"Estaca pré-moldada de concreto protendido 45 x 45 cm - produzida - sem emenda - cravação","m",221.77]
[2306100,"Estaca pré-moldada de concreto protendido com compressão admissível de 100 t - comercial - sem emenda - fornecimento e cravação","m",360.19]
[2306004,"Estaca pré-moldada de concreto protendido com compressão admissível de 25 t - comercial - sem emenda - fornecimento e cravação","m",129.82]
[2306097,"Estaca pré-moldada de concreto protendido com compressão admissível de 35 t - comercial - sem emenda - fornecimento e cravação","m",162.33000000000001]
[2306098,"Estaca pré-moldada de concreto protendido com compressão admissível de 60 t - comercial - sem emenda - fornecimento e cravação","m",174.68]
[2306007,"Estaca pré-moldada de concreto protendido com compressão admissível de 75 t - comercial - sem emenda - fornecimento e cravação","m",256.64999999999998]
[2306067,"Estaca raiz perfurada na rocha com D = 16 cm - confecção","m",497.7]
[2306068,"Estaca raiz perfurada na rocha com D = 20 cm - confecção","m",628.46]
[2306069,"Estaca raiz perfurada na rocha com D = 25 cm - confecção","m",850.93]
[2306070,"Estaca raiz perfurada na rocha com D = 31 cm - confecção","m",1307.31]
[2306071,"Estaca raiz perfurada na rocha com D = 40 cm - confecção","m",1967.92]
[2306181,"Estaca raiz perfurada na rocha com D = 45 cm - confecção","m",1981.72]
[2306062,"Estaca raiz perfurada no solo com D = 16 cm - confecção","m",87.96]
[2306063,"Estaca raiz perfurada no solo com D = 20 cm - confecção","m",105.87]
[2306064,"Estaca raiz perfurada no solo com D = 25 cm - confecção","m",130.65]
[2306065,"Estaca raiz perfurada no solo com D = 31 cm - confecção","m",169.34]
[2306066,"Estaca raiz perfurada no solo com D = 40 cm - confecção","m",238.79]
[2306180,"Estaca raiz perfurada no solo com D = 45 cm - confecção","m",269.83999999999997]
[2306009,"Estaca Strauss D = 25 cm - confecção","m",15.73]
[2306010,"Estaca Strauss D = 32 cm - confecção","m",19.600000000000001]
[2306011,"Estaca Strauss D = 38 cm - confecção","m",22.32]
[2306012,"Estaca Strauss D = 45 cm - confecção","m",26.13]
[2306108,"Estaca trilho TR 25 - fornecimento e cravação","m",161.09]
[2306110,"Estaca trilho TR 37 - fornecimento e cravação","m",230.63]
[2306111,"Estaca trilho TR 45 - fornecimento e cravação","m",272.52999999999997]
[2306112,"Estaca trilho TR 57 - fornecimento e cravação","m",339.87]
[2306113,"Estaca trilho TR 68 - fornecimento e cravação","m",400.82]
[2306123,"Estaca triplo trilho TR 25 - com emenda - fornecimento e cravação","m",442.17]
[2306124,"Estaca triplo trilho TR 37 - com emenda - fornecimento e cravação","m",649.54]
[2306125,"Estaca triplo trilho TR 45 - com emenda - fornecimento e cravação","m",775.92]
[2306126,"Estaca triplo trilho TR 57 - com emenda - fornecimento e cravação","m",977.96]
[2306127,"Estaca triplo trilho TR 68 - com emenda - fornecimento e cravação","m",1160.6099999999999]
[2306300,"Fabricação de estaca pré-moldada de concreto protendida seção 15 x 15 cm","m",34.11]
[2306301,"Fabricação de estaca pré-moldada de concreto protendida seção 17 x 17 cm","m",36.86]
[2306302,"Fabricação de estaca pré-moldada de concreto protendida seção 20 x 20 cm","m",44.36]
[2306303,"Fabricação de estaca pré-moldada de concreto protendida seção 21 x 21 cm","m",48.13]
[2306304,"Fabricação de estaca pré-moldada de concreto protendida seção 23 x 23 cm","m",51.43]
[2306305,"Fabricação de estaca pré-moldada de concreto protendida seção 25 x 25 cm","m",57.87]
[2306306,"Fabricação de estaca pré-moldada de concreto protendida seção 26 x 26 cm","m",59.32]
[2306307,"Fabricação de estaca pré-moldada de concreto protendida seção 30 x 30 cm","m",69.03]
[2306308,"Fabricação de estaca pré-moldada de concreto protendida seção 33 x 33 cm","m",77.930000000000007]
[2306309,"Fabricação de estaca pré-moldada de concreto protendida seção 35 x 35 cm","m",88.21]
[2306310,"Fabricação de estaca pré-moldada de concreto protendida seção 38 x 38 cm","m",93.44]
[2306311,"Fabricação de estaca pré-moldada de concreto protendida seção 40 x 40 cm","m",107.79]
[2306312,"Fabricação de estaca pré-moldada de concreto protendida seção 42 x 42 cm","m",116.62]
[2306313,"Fabricação de estaca pré-moldada de concreto protendida seção 45 x 45 cm","m",140.84]
[2306013,"Gabarito de cravação de estacas submersas em aço ASTM A36 - confecção e instalação","kg",12.98]
[2306243,"Muro guia para estaca barrete com duas cortinas de 10 x 110 cm","m",634.04999999999995]
[2408149,"Estrutura em perfil de aço ASTM A36 corte, solda e montagem - fornecimento e instalação","kg",16.37]
[2407972,"Fornecimento e aplicação de adesivo estrutural à base de resina epóxi","kg",70.2]
[2407973,"Hidrojateamento em superfície de aço grau WJ-2","m²",29.83]
[2408075,"Jateamento abrasivo em chapa de aço por esteira contínua","m²",5.99]
[2408069,"Jateamento de chapa de aço com o uso de granalhas de aço grau Sa 2","m²",5.77]
[2419790,"Jateamento de chapa de aço com o uso de granalhas de aço grau Sa 2 1/2","m²",10.41]
[2407976,"Jateamento de chapa de aço com o uso de granalhas de aço grau Sa 2 1/2 - em espaço confinado","m²",11.93]
[2408068,"Jateamento de chapa de aço com o uso de granalhas de aço grau Sa 3","m²",16.22]
[2419705,"Pintura com epóxi de dois componentes com pistola a ar comprimido, uma demão, espessura de 120 µm","m²",11.16]
[2419704,"Pintura com primer epóxi de dois componentes com pistola a ar comprimido, uma demão, espessura de 70 µm","m²",13.15]
[2407981,"Pintura com selante epóxi vinílico com pistola airless, uma demão, espessura de 80 µm","m²",18.93]
[2407982,"Pintura com tinta anti-incrustante com pistola airless, uma demão, espessura de 125 µm","m²",39.799999999999997]
[2419703,"Pintura com tinta anticorrosiva à base de epóxi poliamida de dois componentes com pistola a ar comprimido, uma demão, espessura de 150 µm","m²",16.13]
[2408080,"Pintura de acabamento com esmalte epóxi com pistola a ar comprimido, uma demão, espessura de 40 µm","m²",7.92]
[2408078,"Pintura de acabamento com esmalte sintético com pistola a ar comprimido, uma demão, espessura de 30 µm","m²",3.08]
[2407979,"Pintura de acabamento com tinta de poliuretano acrílico de dois componentes com pistola airless, uma demão, espessura de 70 µm","m²",14.29]
[2407980,"Pintura de acabamento com tinta de poliuretano acrílico de dois componentes com pistola airless, uma demão, espessura de 70 µm - em espaço confinado","m²",14.33]
[2408077,"Pintura de fundo com tinta alquídica com pistola a ar comprimido, uma demão, espessura de 30 µm","m²",7.6]
[2407983,"Pintura de fundo com tinta anticorrosiva à base de epóxi poliamida de dois componentes com pistola airless, uma demão, espessura de 100 µm - em espaço confinado","m²",8.73]
[2407977,"Pintura de fundo com tinta anticorrosiva à base de epóxi poliamida de dois componentes com pistola airless, uma demão, espessura de 160 µm","m²",17.02]
[2407978,"Pintura de fundo com tinta anticorrosiva à base de epóxi poliamida de dois componentes com pistola airless, uma demão, espessura de 160 µm - em espaço confinado","m²",17.059999999999999]
[2408079,"Pintura de fundo com tinta epóxi com pistola a ar comprimido, uma demão, espessura de 120 µm","m²",49.47]
[2408076,"Pintura shop primer em chapa de aço por esteira contínua","m²",10.46]
[2408057,"Solda elétrica de perfis metálicos e chapas de aço com eletrodo E60XX","kg",94.61]
[2408058,"Solda elétrica de perfis metálicos e chapas de aço com eletrodo E70XX","kg",62.75]
[2407974,"Tratamento de superfície de aço com ferramenta mecânica grau SP-11","m²",356.59]
[2407975,"Tratamento de superfície de aço com ferramenta mecânica grau SP-11 - em espaço confinado","m²",363.59]
[2419789,"Tratamento em chapa de aço por esteira contínua","m²",9.58]
[2607183,"Alinhamento manual da grade do AMV para qualquer abertura e qualquer bitola","un",300.45999999999998]
[2607226,"Assentamento dos materiais metálicos do AMV 1:10, TR 45, bitola larga","un",477698.77]
[2607209,"Assentamento dos materiais metálicos do AMV 1:10, TR 45, bitola métrica","un",416706.68]
[2607161,"Assentamento dos materiais metálicos do AMV 1:10, TR 45, bitola mista","un",577061.63]
[2607148,"Assentamento dos materiais metálicos do AMV 1:10, TR 57, bitola larga","un",607922.63]
[2607213,"Assentamento dos materiais metálicos do AMV 1:10, TR 57, bitola métrica","un",530578.6]
[2607165,"Assentamento dos materiais metálicos do AMV 1:10, TR 57, bitola mista","un",734891.47]
[2607152,"Assentamento dos materiais metálicos do AMV 1:10, TR 68, bitola larga","un",729534.53]
[2607217,"Assentamento dos materiais metálicos do AMV 1:10, TR 68, bitola métrica","un",624269.5]
[2607169,"Assentamento dos materiais metálicos do AMV 1:10, TR 68, bitola mista","un",871938.11]
[2607156,"Assentamento dos materiais metálicos do AMV 1:10, UIC 60, bitola larga","un",633620.88]
[2607221,"Assentamento dos materiais metálicos do AMV 1:10, UIC 60, bitola métrica","un",552135]
[2607173,"Assentamento dos materiais metálicos do AMV 1:10, UIC 60, bitola mista","un",763980.31]
[2607227,"Assentamento dos materiais metálicos do AMV 1:12, TR 45, bitola larga","un",524578.1]
[2607210,"Assentamento dos materiais metálicos do AMV 1:12, TR 45, bitola métrica","un",457453.97]
[2607162,"Assentamento dos materiais metálicos do AMV 1:12, TR 45, bitola mista","un",633400.07999999996]
[2607149,"Assentamento dos materiais metálicos do AMV 1:12, TR 57, bitola larga","un",667300.99]
[2607214,"Assentamento dos materiais metálicos do AMV 1:12, TR 57, bitola métrica","un",577085.35]
[2607166,"Assentamento dos materiais metálicos do AMV 1:12, TR 57, bitola mista","un",806279.79]
[2607153,"Assentamento dos materiais metálicos do AMV 1:12, TR 68, bitola larga","un",791890.16]
[2607218,"Assentamento dos materiais metálicos do AMV 1:12, TR 68, bitola métrica","un",690918.56]
[2607170,"Assentamento dos materiais metálicos do AMV 1:12, TR 68, bitola mista","un",948693.63]
[2607157,"Assentamento dos materiais metálicos do AMV 1:12, UIC 60, bitola larga","un",701250.01]
[2607222,"Assentamento dos materiais metálicos do AMV 1:12, UIC 60, bitola métrica","un",606457.56999999995]
[2607174,"Assentamento dos materiais metálicos do AMV 1:12, UIC 60, bitola mista","un",839128.04]
[2607228,"Assentamento dos materiais metálicos do AMV 1:14, TR 45, bitola larga","un",576118.93999999994]
[2607211,"Assentamento dos materiais metálicos do AMV 1:14, TR 45, bitola métrica","un",507834.12]
[2607163,"Assentamento dos materiais metálicos do AMV 1:14, TR 45, bitola mista","un",703224.12]
[2607150,"Assentamento dos materiais metálicos do AMV 1:14, TR 57, bitola larga","un",740541.97]
[2607215,"Assentamento dos materiais metálicos do AMV 1:14, TR 57, bitola métrica","un",633823.24]
[2607167,"Assentamento dos materiais metálicos do AMV 1:14, TR 57, bitola mista","un",876386.1]
[2607154,"Assentamento dos materiais metálicos do AMV 1:14, TR 68, bitola larga","un",878024.83]
[2607219,"Assentamento dos materiais metálicos do AMV 1:14, TR 68, bitola métrica","un",758588.82]
[2607171,"Assentamento dos materiais metálicos do AMV 1:14, TR 68, bitola mista","un",1057584.8999999999]
[2607158,"Assentamento dos materiais metálicos do AMV 1:14, UIC 60, bitola larga","un",769989.92]
[2607223,"Assentamento dos materiais metálicos do AMV 1:14, UIC 60, bitola métrica","un",666186.4]
[2607175,"Assentamento dos materiais metálicos do AMV 1:14, UIC 60, bitola mista","un",921734.53]
[2607151,"Assentamento dos materiais metálicos do AMV 1:20, TR 57, bitola larga","un",884365.52]
[2607216,"Assentamento dos materiais metálicos do AMV 1:20, TR 57, bitola métrica","un",771833.92]
[2607168,"Assentamento dos materiais metálicos do AMV 1:20, TR 57, bitola mista","un",1081505.72]
[2607155,"Assentamento dos materiais metálicos do AMV 1:20, TR 68, bitola larga","un",1056282.04]
[2607220,"Assentamento dos materiais metálicos do AMV 1:20, TR 68, bitola métrica","un",907683.89]
[2607172,"Assentamento dos materiais metálicos do AMV 1:20, TR 68, bitola mista","un",1263926.76]
[2607159,"Assentamento dos materiais metálicos do AMV 1:20, UIC 60, bitola larga","un",921510.01]
[2607224,"Assentamento dos materiais metálicos do AMV 1:20, UIC 60, bitola métrica","un",802903.58]
[2607176,"Assentamento dos materiais metálicos do AMV 1:20, UIC 60, bitola mista","un",1119234.22]
[2607225,"Assentamento dos materiais metálicos do AMV 1:8, TR 45, bitola larga","un",435057.83]
[2607208,"Assentamento dos materiais metálicos do AMV 1:8, TR 45, bitola métrica","un",379646.45]
[2607160,"Assentamento dos materiais metálicos do AMV 1:8, TR 45, bitola mista","un",525806.59]
[2607229,"Assentamento dos materiais metálicos do AMV 1:8, TR 57, bitola larga","un",553874.02]
[2607212,"Assentamento dos materiais metálicos do AMV 1:8, TR 57, bitola métrica","un",483645.15]
[2607164,"Assentamento dos materiais metálicos do AMV 1:8, TR 57, bitola mista","un",662050.43999999994]
[2607207,"Lançamento manual de lastro em AMV com descarga da brita por caminhão","m³",179.79]
[2607206,"Lançamento mecânico de lastro em AMV com descarga da brita por caminhão e espalhamento com carregadeira de pneus","m³",175.76]
[2607344,"Nivelamento de AMV com socaria com grupo vibrador e levante de até 10 cm, abertura 1:10, bitola larga, dormente de madeira ou concreto","un",220.8]
[2607339,"Nivelamento de AMV com socaria com grupo vibrador e levante de até 10 cm, abertura 1:10, bitola métrica, dormente de madeira ou concreto","un",151.69]
[2607349,"Nivelamento de AMV com socaria com grupo vibrador e levante de até 10 cm, abertura 1:10, bitola mista, dormente de madeira ou concreto","un",337.09]
[2607345,"Nivelamento de AMV com socaria com grupo vibrador e levante de até 10 cm, abertura 1:12, bitola larga, dormente de madeira ou concreto","un",251.95]
[2607340,"Nivelamento de AMV com socaria com grupo vibrador e levante de até 10 cm, abertura 1:12, bitola métrica, dormente de madeira ou concreto","un",173.18]
[2607350,"Nivelamento de AMV com socaria com grupo vibrador e levante de até 10 cm, abertura 1:12, bitola mista, dormente de madeira ou concreto","un",385.04]
[2607346,"Nivelamento de AMV com socaria com grupo vibrador e levante de até 10 cm, abertura 1:14, bitola larga, dormente de madeira ou concreto","un",292.64]
[2607341,"Nivelamento de AMV com socaria com grupo vibrador e levante de até 10 cm, abertura 1:14, bitola métrica, dormente de madeira ou concreto","un",204.31]
[2607351,"Nivelamento de AMV com socaria com grupo vibrador e levante de até 10 cm, abertura 1:14, bitola mista, dormente de madeira ou concreto","un",447.26]
[2607347,"Nivelamento de AMV com socaria com grupo vibrador e levante de até 10 cm, abertura 1:20, bitola larga, dormente de madeira ou concreto","un",386.1]
[2607342,"Nivelamento de AMV com socaria com grupo vibrador e levante de até 10 cm, abertura 1:20, bitola métrica, dormente de madeira ou concreto","un",251.95]
[2607352,"Nivelamento de AMV com socaria com grupo vibrador e levante de até 10 cm, abertura 1:20, bitola mista, dormente de madeira ou concreto","un",588.48]
[2607343,"Nivelamento de AMV com socaria com grupo vibrador e levante de até 10 cm, abertura 1:8, bitola larga, dormente de madeira","un",177.26]
[2607338,"Nivelamento de AMV com socaria com grupo vibrador e levante de até 10 cm, abertura 1:8, bitola métrica, dormente de madeira","un",129.69999999999999]
[2607348,"Nivelamento de AMV com socaria com grupo vibrador e levante de até 10 cm, abertura 1:8, bitola mista, dormente de madeira","un",270.81]
[2607329,"Nivelamento de AMV com socaria manual e levante de até 10 cm, abertura 1:10, bitola larga, dormente de madeira ou concreto","un",499.56]
[2607324,"Nivelamento de AMV com socaria manual e levante de até 10 cm, abertura 1:10, bitola métrica, dormente de madeira ou concreto","un",341.06]
[2607334,"Nivelamento de AMV com socaria manual e levante de até 10 cm, abertura 1:10, bitola mista, dormente de madeira ou concreto","un",724.3]
[2607330,"Nivelamento de AMV com socaria manual e levante de até 10 cm, abertura 1:12, bitola larga, dormente de madeira ou concreto","un",571.24]
[2607325,"Nivelamento de AMV com socaria manual e levante de até 10 cm, abertura 1:12, bitola métrica, dormente de madeira ou concreto","un",391.68]
[2607335,"Nivelamento de AMV com socaria manual e levante de até 10 cm, abertura 1:12, bitola mista, dormente de madeira ou concreto","un",827.65]
[2607331,"Nivelamento de AMV com socaria manual e levante de até 10 cm, abertura 1:14, bitola larga, dormente de madeira ou concreto","un",664.09]
[2607326,"Nivelamento de AMV com socaria manual e levante de até 10 cm, abertura 1:14, bitola métrica, dormente de madeira ou concreto","un",463.36]
[2607336,"Nivelamento de AMV com socaria manual e levante de até 10 cm, abertura 1:14, bitola mista, dormente de madeira ou concreto","un",962.74]
[2607332,"Nivelamento de AMV com socaria manual e levante de até 10 cm, abertura 1:20, bitola larga, dormente de madeira ou concreto","un",879.18]
[2607327,"Nivelamento de AMV com socaria manual e levante de até 10 cm, abertura 1:20, bitola métrica, dormente de madeira ou concreto","un",571.24]
[2607337,"Nivelamento de AMV com socaria manual e levante de até 10 cm, abertura 1:20, bitola mista, dormente de madeira ou concreto","un",1272.8699999999999]
[2607328,"Nivelamento de AMV com socaria manual e levante de até 10 cm, abertura 1:8, bitola larga, dormente de madeira","un",400.74]
[2607323,"Nivelamento de AMV com socaria manual e levante de até 10 cm, abertura 1:8, bitola métrica, dormente de madeira","un",292.8]
[2607333,"Nivelamento de AMV com socaria manual e levante de até 10 cm, abertura 1:8, bitola mista, dormente de madeira","un",580.23]
[2607106,"Posicionamento de jogo de dormentes de concreto para AMV 1:10, bitola larga","jg",101582.53]
[2607102,"Posicionamento de jogo de dormentes de concreto para AMV 1:10, bitola métrica","jg",49904.09]
[2607261,"Posicionamento de jogo de dormentes de concreto para AMV 1:10, bitola mista","jg",101582.53]
[2607107,"Posicionamento de jogo de dormentes de concreto para AMV 1:12, bitola larga","jg",115937.28]
[2607103,"Posicionamento de jogo de dormentes de concreto para AMV 1:12, bitola métrica","jg",56795.31]
[2607262,"Posicionamento de jogo de dormentes de concreto para AMV 1:12, bitola mista","jg",115937.28]
[2607108,"Posicionamento de jogo de dormentes de concreto para AMV 1:14, bitola larga","jg",135054.13]
[2607104,"Posicionamento de jogo de dormentes de concreto para AMV 1:14, bitola métrica","jg",67109.210000000006]
[2607263,"Posicionamento de jogo de dormentes de concreto para AMV 1:14, bitola mista","jg",135054.13]
[2607109,"Posicionamento de jogo de dormentes de concreto para AMV 1:20, bitola larga","jg",178072.72]
[2607105,"Posicionamento de jogo de dormentes de concreto para AMV 1:20, bitola métrica","jg",83458.649999999994]
[2607264,"Posicionamento de jogo de dormentes de concreto para AMV 1:20, bitola mista","jg",178072.72]
[2607093,"Posicionamento de jogo de dormentes de madeira para AMV 1:10, bitola larga","jg",53742.5]
[2607088,"Posicionamento de jogo de dormentes de madeira para AMV 1:10, bitola métrica","jg",22123.14]
[2607098,"Posicionamento de jogo de dormentes de madeira para AMV 1:10, bitola mista","jg",54063.38]
[2607094,"Posicionamento de jogo de dormentes de madeira para AMV 1:12, bitola larga","jg",60574.35]
[2607089,"Posicionamento de jogo de dormentes de madeira para AMV 1:12, bitola métrica","jg",25328.99]
[2607099,"Posicionamento de jogo de dormentes de madeira para AMV 1:12, bitola mista","jg",60939.91]
[2607095,"Posicionamento de jogo de dormentes de madeira para AMV 1:14, bitola larga","jg",71158.47]
[2607090,"Posicionamento de jogo de dormentes de madeira para AMV 1:14, bitola métrica","jg",30846.76]
[2607260,"Posicionamento de jogo de dormentes de madeira para AMV 1:14, bitola mista","jg",71583.039999999994]
[2607096,"Posicionamento de jogo de dormentes de madeira para AMV 1:20, bitola larga","jg",93805.68]
[2607091,"Posicionamento de jogo de dormentes de madeira para AMV 1:20, bitola métrica","jg",38755.85]
[2607101,"Posicionamento de jogo de dormentes de madeira para AMV 1:20, bitola mista","jg",94365.25]
[2607092,"Posicionamento de jogo de dormentes de madeira para AMV 1:8, bitola larga","jg",42763.74]
[2607087,"Posicionamento de jogo de dormentes de madeira para AMV 1:8, bitola métrica","jg",18464.79]
[2607097,"Posicionamento de jogo de dormentes de madeira para AMV 1:8, bitola mista","jg",43020.639999999999]
[2607198,"Regularização manual do lastro do AMV para qualquer abertura e qualquer bitola","un",302.05]
[2809170,"Demolição de AMV 1:10 TR 37, em bitola métrica, dormente de madeira, com separação e empilhamento","un",1903.14]
[2809183,"Demolição de AMV 1:10 TR 45, em bitola larga, dormente de madeira, com separação e empilhamento","un",2767.85]
[2809174,"Demolição de AMV 1:10 TR 45, em bitola métrica, dormente de madeira, com separação e empilhamento","un",2000.54]
[2809196,"Demolição de AMV 1:10 TR 45, em bitola mista, dormente de madeira, com separação e empilhamento","un",2910.71]
[2809187,"Demolição de AMV 1:10 TR 57, em bitola larga, dormente de madeira, com separação e empilhamento","un",2915.68]
[2809178,"Demolição de AMV 1:10 TR 57, em bitola métrica, dormente de madeira, com separação e empilhamento","un",2146.5]
[2809200,"Demolição de AMV 1:10 TR 57, em bitola mista, dormente de madeira, com separação e empilhamento","un",3064.67]
[2809191,"Demolição de AMV 1:10 TR 68, em bitola larga, dormente de madeira, com separação e empilhamento","un",3051.24]
[2809204,"Demolição de AMV 1:10 TR 68, em bitola mista, dormente de madeira, com separação e empilhamento","un",3205.62]
[2809171,"Demolição de AMV 1:12 TR 37, em bitola métrica, dormente de madeira, com separação e empilhamento","un",2147.69]
[2809184,"Demolição de AMV 1:12 TR 45, em bitola larga, dormente de madeira, com separação e empilhamento","un",3121.08]
[2809175,"Demolição de AMV 1:12 TR 45, em bitola métrica, dormente de madeira, com separação e empilhamento","un",2254.83]
[2809197,"Demolição de AMV 1:12 TR 45, em bitola mista, dormente de madeira, com separação e empilhamento","un",3278.77]
[2809188,"Demolição de AMV 1:12 TR 57, em bitola larga, dormente de madeira, com separação e empilhamento","un",3283.69]
[2809179,"Demolição de AMV 1:12 TR 57, em bitola métrica, dormente de madeira, com separação e empilhamento","un",2415.38]
[2809201,"Demolição de AMV 1:12 TR 57, em bitola mista, dormente de madeira, com separação e empilhamento","un",3448.13]
[2809192,"Demolição de AMV 1:12 TR 68, em bitola larga, dormente de madeira, com separação e empilhamento","un",3432.81]
[2809205,"Demolição de AMV 1:12 TR 68, em bitola mista, dormente de madeira, com separação e empilhamento","un",3603.17]
[2809172,"Demolição de AMV 1:14 TR 37, em bitola métrica, dormente de madeira, com separação e empilhamento","un",2509.73]
[2809185,"Demolição de AMV 1:14 TR 45, em bitola larga, dormente de madeira, com separação e empilhamento","un",3591.94]
[2809176,"Demolição de AMV 1:14 TR 45, em bitola métrica, dormente de madeira, com separação e empilhamento","un",2627.58]
[2809198,"Demolição de AMV 1:14 TR 45, em bitola mista, dormente de madeira, com separação e empilhamento","un",3768.51]
[2809189,"Demolição de AMV 1:14 TR 57, em bitola larga, dormente de madeira, com separação e empilhamento","un",3770.8]
[2809180,"Demolição de AMV 1:14 TR 57, em bitola métrica, dormente de madeira, com separação e empilhamento","un",2804.19]
[2809202,"Demolição de AMV 1:14 TR 57, em bitola mista, dormente de madeira, com separação e empilhamento","un",3954.8]
[2809193,"Demolição de AMV 1:14 TR 68, em bitola larga, dormente de madeira, com separação e empilhamento","un",3934.84]
[2809206,"Demolição de AMV 1:14 TR 68, em bitola mista, dormente de madeira, com separação e empilhamento","un",4125.3500000000004]
[2809190,"Demolição de AMV 1:20 TR 57, em bitola larga, dormente de madeira, com separação e empilhamento","un",4879.12]
[2809181,"Demolição de AMV 1:20 TR 57, em bitola métrica, dormente de madeira, com separação e empilhamento","un",3446.05]
[2809203,"Demolição de AMV 1:20 TR 57, em bitola mista, dormente de madeira, com separação e empilhamento","un",5102.18]
[2809194,"Demolição de AMV 1:20 TR 68, em bitola larga, dormente de madeira, com separação e empilhamento","un",5075.96]
[2809207,"Demolição de AMV 1:20 TR 68, em bitola mista, dormente de madeira, com separação e empilhamento","un",5306.84]
[2809169,"Demolição de AMV 1:8 TR 37, em bitola métrica, dormente de madeira, com separação e empilhamento","un",1637.51]
[2809182,"Demolição de AMV 1:8 TR 45, em bitola larga, dormente de madeira, com separação e empilhamento","un",2281.98]
[2809173,"Demolição de AMV 1:8 TR 45, em bitola métrica, dormente de madeira, com separação e empilhamento","un",1726.05]
[2809195,"Demolição de AMV 1:8 TR 45, em bitola mista, dormente de madeira, com separação e empilhamento","un",2389.27]
[2809186,"Demolição de AMV 1:8 TR 57, em bitola larga, dormente de madeira, com separação e empilhamento","un",2416.37]
[2809177,"Demolição de AMV 1:8 TR 57, em bitola métrica, dormente de madeira, com separação e empilhamento","un",1858.74]
[2809199,"Demolição de AMV 1:8 TR 57, em bitola mista, dormente de madeira, com separação e empilhamento","un",2529.2399999999998]
[2809219,"Demolição de via, bitola larga, 1.667 dormentes de madeira/km, trilho TR 45, barra com 12 m de comprimento, com separação e empilhamento","km",22761.33]
[2809220,"Demolição de via, bitola larga, 1.667 dormentes de madeira/km, trilho TR 57, barra com 12 m de comprimento, com separação e empilhamento","km",24305.61]
[2809221,"Demolição de via, bitola larga, 1.667 dormentes de madeira/km, trilho TR 68, barra com 12 m de comprimento, com separação e empilhamento","km",25057.439999999999]
[2809163,"Demolição de via, bitola larga, 1.750 dormentes de madeira/km, trilho TR 45, barra com 12 m de comprimento, com separação e empilhamento","km",23762.93]
[2809164,"Demolição de via, bitola larga, 1.750 dormentes de madeira/km, trilho TR 57, barra com 12 m de comprimento, com separação e empilhamento","km",25363.99]
[2809165,"Demolição de via, bitola larga, 1.750 dormentes de madeira/km, trilho TR 68, barra com 12 m de comprimento, com separação e empilhamento","km",26136.959999999999]
[2809216,"Demolição de via, bitola métrica, 1.667 dormentes de madeira/km, trilho TR 37, barra com 12 m de comprimento, com separação e empilhamento","km",20989.64]
[2809217,"Demolição de via, bitola métrica, 1.667 dormentes de madeira/km, trilho TR 45, barra com 12 m de comprimento, com separação e empilhamento","km",21380.42]
[2809218,"Demolição de via, bitola métrica, 1.667 dormentes de madeira/km, trilho TR 57, barra com 12 m de comprimento, com separação e empilhamento","km",22902.19]
[2809160,"Demolição de via, bitola métrica, 1.750 dormentes de madeira/km, trilho TR 37, barra com 12 m de comprimento, com separação e empilhamento","km",21922.21]
[2809161,"Demolição de via, bitola métrica, 1.750 dormentes de madeira/km, trilho TR 45, barra com 12 m de comprimento, com separação e empilhamento","km",22315.83]
[2809162,"Demolição de via, bitola métrica, 1.750 dormentes de madeira/km, trilho TR 57, barra com 12 m de comprimento, com separação e empilhamento","km",23893.919999999998]
[2809222,"Demolição de via, bitola mista, 1.667 dormentes de madeira/km, trilho TR 45, barra com 12 m de comprimento, com separação e empilhamento","km",20901.47]
[2809223,"Demolição de via, bitola mista, 1.667 dormentes de madeira/km, trilho TR 57, barra com 12 m de comprimento, com separação e empilhamento","km",26761.13]
[2809224,"Demolição de via, bitola mista, 1.667 dormentes de madeira/km, trilho TR 68, barra com 12 m de comprimento, com separação e empilhamento","km",27888.880000000001]
[2809166,"Demolição de via, bitola mista, 1.750 dormentes de madeira/km, trilho TR 45, barra com 12 m de comprimento, com separação e empilhamento","km",21747.040000000001]
[2809167,"Demolição de via, bitola mista, 1.750 dormentes de madeira/km, trilho TR 57, barra com 12 m de comprimento, com separação e empilhamento","km",27892.080000000002]
[2809168,"Demolição de via, bitola mista, 1.750 dormentes de madeira/km, trilho TR 68, barra com 12 m de comprimento, com separação e empilhamento","km",29051.52]
[2809158,"Retirada manual de dormente de madeira, bitola larga ou mista, com separação e empilhamento","un",10.199999999999999]
[2809159,"Retirada manual de dormente de madeira, bitola métrica, com separação e empilhamento","un",7.68]
[2909152,"Aferição da geometria da via com carro controle","km",119.6]
[2909153,"Capina química da plataforma ferroviária","km",164.82]
[2909151,"Estabilização dinâmica da via","km",72]
[2909145,"Nivelamento de junta com socaria manual da via","un",10.02]
[2909379,"Nivelamento de via com grupo gerador/vibrador e levante de até 10 cm - bitola métrica ou larga com dormente de madeira ou concreto e taxa de dormentação de 1.667 un/km","km",5615]
[2909381,"Nivelamento de via com grupo gerador/vibrador e levante de até 10 cm - bitola métrica ou larga com dormente de madeira ou concreto e taxa de dormentação de 1.750 un/km","km",5875.59]
[2909388,"Nivelamento de via com grupo gerador/vibrador e levante de até 10 cm - bitola métrica ou larga com dormente de madeira ou concreto e taxa de dormentação de 1.850 un/km","km",6190.51]
[2909380,"Nivelamento de via com grupo gerador/vibrador e levante de até 10 cm - bitola mista com dormente de madeira ou concreto e taxa de dormentação de 1.667 un/km","km",8230.44]
[2909382,"Nivelamento de via com grupo gerador/vibrador e levante de até 10 cm - bitola mista com dormente de madeira ou concreto e taxa de dormentação de 1.750 un/km","km",8620.4699999999993]
[2909387,"Nivelamento de via com grupo gerador/vibrador e levante de até 10 cm - bitola mista com dormente de madeira ou concreto e taxa de dormentação de 1.850 un/km","km",9094.8700000000008]
[2909375,"Nivelamento de via com socaria manual e levante de até 10 cm - bitola métrica ou larga com dormente de madeira ou concreto e taxa de dormentação de 1.667 un/km","km",8936.9599999999991]
[2909377,"Nivelamento de via com socaria manual e levante de até 10 cm - bitola métrica ou larga com dormente de madeira ou concreto e taxa de dormentação de 1.750 un/km","km",9354.31]
[2909386,"Nivelamento de via com socaria manual e levante de até 10 cm - bitola métrica ou larga com dormente de madeira ou concreto e taxa de dormentação de 1.850 un/km","km",9857.6299999999992]
[2909376,"Nivelamento de via com socaria manual e levante de até 10 cm - bitola mista com dormente de madeira ou concreto e taxa de dormentação de 1.667 un/km","km",13126.28]
[2909378,"Nivelamento de via com socaria manual e levante de até 10 cm - bitola mista com dormente de madeira ou concreto e taxa de dormentação de 1.750 un/km","km",13757.35]
[2909385,"Nivelamento de via com socaria manual e levante de até 10 cm - bitola mista com dormente de madeira ou concreto e taxa de dormentação de 1.850 un/km","km",14507.99]
[2909383,"Nivelamento e alinhamento de via com socadora automática e levante de até 10 cm - qualquer bitola ou dormente e taxa de dormentação de 1.667 un/km","km",6155.78]
[2909384,"Nivelamento e alinhamento de via com socadora automática e levante de até 10 cm - qualquer bitola ou dormente e taxa de dormentação de 1.750 un/km","km",6462.3]
[2909148,"Regularização do lastro com reguladora de lastro","km",435.69]
[2909389,"Regularização manual do lastro em via corrida, bitola larga, com qualquer tipo de dormente","km",3250.68]
[2909390,"Regularização manual do lastro em via corrida, bitola métrica, com qualquer tipo de dormente","km",2289.2199999999998]
[2909391,"Regularização manual do lastro em via corrida, bitola mista, com qualquer tipo de dormente","km",3901.07]
[3009336,"Alívio de tensão, com martelo de bronze, em TLS com 120 de comprimento de TR45, taxa de dormentação de 1.667 un/km, para qualquer bitola e fixação elástica","un",91.17]
[3009337,"Alívio de tensão, com martelo de bronze, em TLS com 120 de comprimento de TR45, taxa de dormentação de 1.750 un/km, para qualquer bitola e fixação elástica","un",93.58]
[3009340,"Alívio de tensão, com martelo de bronze, em TLS com 120 de comprimento de TR57, taxa de dormentação de 1.667 un/km, para qualquer bitola e fixação elástica","un",173.89]
[3009341,"Alívio de tensão, com martelo de bronze, em TLS com 120 de comprimento de TR57, taxa de dormentação de 1.750 un/km, para qualquer bitola e fixação elástica","un",178.7]
[3009344,"Alívio de tensão, com martelo de bronze, em TLS com 120 de comprimento de TR68, taxa de dormentação de 1.667 un/km, para qualquer bitola e fixação elástica","un",91.6]
[3009345,"Alívio de tensão, com martelo de bronze, em TLS com 120 de comprimento de TR68, taxa de dormentação de 1.750 un/km, para qualquer bitola e fixação elástica","un",94.01]
[3009348,"Alívio de tensão, com martelo de bronze, em TLS com 120 de comprimento de UIC60, taxa de dormentação de 1.667 un/km, para qualquer bitola e fixação elástica","un",173.94]
[3009349,"Alívio de tensão, com martelo de bronze, em TLS com 120 de comprimento de UIC60, taxa de dormentação de 1.750 un/km, para qualquer bitola e fixação elástica","un",178.75]
[3009338,"Alívio de tensão, com martelo de bronze, em TLS com 240 de comprimento de TR45, taxa de dormentação de 1.667 un/km, para qualquer bitola e fixação elástica","un",91.17]
[3009339,"Alívio de tensão, com martelo de bronze, em TLS com 240 de comprimento de TR45, taxa de dormentação de 1.750 un/km, para qualquer bitola e fixação elástica","un",93.58]
[3009342,"Alívio de tensão, com martelo de bronze, em TLS com 240 de comprimento de TR57, taxa de dormentação de 1.667 un/km, para qualquer bitola e fixação elástica","un",173.89]
[3009343,"Alívio de tensão, com martelo de bronze, em TLS com 240 de comprimento de TR57, taxa de dormentação de 1.750 un/km, para qualquer bitola e fixação elástica","un",178.7]
[3009346,"Alívio de tensão, com martelo de bronze, em TLS com 240 de comprimento de TR68, taxa de dormentação de 1.667 un/km, para qualquer bitola e fixação elástica","un",91.6]
[3009347,"Alívio de tensão, com martelo de bronze, em TLS com 240 de comprimento de TR68, taxa de dormentação de 1.750 un/km, para qualquer bitola e fixação elástica","un",94.01]
[3009350,"Alívio de tensão, com martelo de bronze, em TLS com 240 de comprimento de UIC60, taxa de dormentação de 1.667 un/km, para qualquer bitola e fixação elástica","un",173.94]
[3009351,"Alívio de tensão, com martelo de bronze, em TLS com 240 de comprimento de UIC60, taxa de dormentação de 1.750 un/km, para qualquer bitola e fixação elástica","un",178.75]
[3009080,"Colocação manual de grampo elástico Pandrol","un",0.13]
[3009075,"Colocação manual de retensor para trilho TR45","un",55.62]
[3009076,"Colocação manual de retensor para trilho TR57","un",57.44]
[3009077,"Colocação manual de retensor para trilho TR68","un",60.64]
[3009078,"Colocação manual de retensor para trilho UIC60","un",63.08]
[3009087,"Colocação mecanizada de grampo elástico Pandrol","un",0.09]
[3009085,"Contratrilho TR45, comprimento de 12 m, sobre dormente de madeira, taxa de dormentação de 1.750 un/km, tala de junção de 6 furos e fixação rígida - posicionamento e assentamento manual","m",1058.3399999999999]
[3009086,"Contratrilho TR57, comprimento de 12 m, sobre dormente de madeira, taxa de dormentação de 1.750 un/km, tala de junção de 6 furos e fixação rígida - posicionamento e assentamento manual","m",1397.15]
[3009089,"Contratrilho TR68, comprimento de 12 m, sobre dormente de madeira, taxa de dormentação de 1.750 un/km, tala de junção de 6 furos e fixação rígida - posicionamento e assentamento manual","m",1706.96]
[3009090,"Contratrilho UIC60, comprimento de 12 m, sobre dormente de madeira, taxa de dormentação de 1.750 un/km, tala de junção de 6 furos e fixação rígida - posicionamento e assentamento manual","m",1543.69]
[3009004,"Dormente de concreto monobloco protendido bitola larga - confecção","un",447.21]
[3009002,"Dormente de concreto monobloco protendido bitola métrica - confecção","un",337.93]
[3009006,"Dormente de concreto monobloco protendido bitola mista - confecção","un",608.23]
[3009335,"Dormente de concreto monobloco protendido para AMV bitola larga ou mista - confecção","un",1170.29]
[3009334,"Dormente de concreto monobloco protendido para AMV bitola métrica - confecção","un",834.05]
[3009280,"Dormente de concreto monobloco, bitola larga, taxa de dormentação de 1.667 un/km, fixação elástica Pandrol - posicionamento mecanizado com carregadeira","km",768749.79]
[3009281,"Dormente de concreto monobloco, bitola larga, taxa de dormentação de 1.667 un/km, fixação elástica Pandrol - posicionamento mecanizado com pórtico","km",760991.6]
[3009061,"Dormente de concreto monobloco, bitola larga, taxa de dormentação de 1.750 un/km, fixação elástica Pandrol - posicionamento mecanizado com carregadeira","km",807026.89]
[3009062,"Dormente de concreto monobloco, bitola larga, taxa de dormentação de 1.750 un/km, fixação elástica Pandrol - posicionamento mecanizado com pórtico","km",798881.34]
[3009278,"Dormente de concreto monobloco, bitola métrica, taxa de dormentação de 1.667 un/km, fixação elástica Pandrol - posicionamento mecanizado com carregadeira","km",581467.84]
[3009279,"Dormente de concreto monobloco, bitola métrica, taxa de dormentação de 1.667 un/km, fixação elástica Pandrol - posicionamento mecanizado com pórtico","km",575761.27]
[3009059,"Dormente de concreto monobloco, bitola métrica, taxa de dormentação de 1.750 un/km, fixação elástica Pandrol - posicionamento mecanizado com carregadeira","km",610420.16]
[3009060,"Dormente de concreto monobloco, bitola métrica, taxa de dormentação de 1.750 un/km, fixação elástica Pandrol - posicionamento mecanizado com pórtico","km",604428.4]
[3009282,"Dormente de concreto monobloco, bitola mista, taxa de dormentação de 1.667 un/km, fixação elástica Pandrol - posicionamento mecanizado com carregadeira","km",1037170.96]
[3009283,"Dormente de concreto monobloco, bitola mista, taxa de dormentação de 1.667 un/km, fixação elástica Pandrol - posicionamento mecanizado com pórtico","km",1029409.1]
[3009063,"Dormente de concreto monobloco, bitola mista, taxa de dormentação de 1.750 un/km, fixação elástica Pandrol - posicionamento mecanizado com carregadeira","km",1088812.76]
[3009064,"Dormente de concreto monobloco, bitola mista, taxa de dormentação de 1.750 un/km, fixação elástica Pandrol - posicionamento mecanizado com pórtico","km",1080663.3700000001]
[3009081,"Dormente de madeira para ponte, bitola métrica ou larga, para TR45, fixação rígida - posicionamento e assentamento mecanizado","un",817.92]
[3009082,"Dormente de madeira para ponte, bitola métrica ou larga, para TR57, fixação rígida - posicionamento e assentamento mecanizado","un",915.67]
[3009083,"Dormente de madeira para ponte, bitola métrica ou larga, para TR68, fixação rígida - posicionamento e assentamento mecanizado","un",956.77]
[3009084,"Dormente de madeira para ponte, bitola métrica ou larga, para UIC60, fixação rígida - posicionamento e assentamento mecanizado","un",982.22]
[3009070,"Dormente de madeira, bitola larga ou mista - posicionamento manual","un",472.69]
[3009285,"Dormente de madeira, bitola larga ou mista, taxa de dormentação de 1.667 un/km - posicionamento mecanizado com carregadeira","km",770169.95]
[3009072,"Dormente de madeira, bitola larga ou mista, taxa de dormentação de 1.750 un/km - posicionamento mecanizado com carregadeira","km",808517.75]
[3009069,"Dormente de madeira, bitola métrica - posicionamento manual","un",269.81]
[3009284,"Dormente de madeira, bitola métrica, taxa de dormentação de 1.667 un/km - posicionamento mecanizado com carregadeira","km",436425.15]
[3009071,"Dormente de madeira, bitola métrica, taxa de dormentação de 1.750 un/km - posicionamento mecanizado com carregadeira","km",458155.79]
[3009091,"Lançamento de lastro, 10 cm de altura, primeiro levante, descarga de pedra britada de caminhões","m³",190.26]
[3009058,"Lubrificador de trilhos e de flanges de rodas","un",92736.52]
[3009229,"Posicionamento mecanizado de trilhos","km",199.02]
[3009132,"Pré-alinhamento manual da grade com dormente de madeira","km",1201.8399999999999]
[3009133,"Pré-alinhamento mecanizado da grade","km",1756.07]
[3009321,"Solda aluminotérmica para TR45 com cadinho descartável, executada no campo, para formação de trilho longo soldado (TLS)","un",1532.42]
[3009322,"Solda aluminotérmica para TR57 com cadinho descartável, executada no campo, para formação de trilho longo soldado (TLS)","un",1572.34]
[3009323,"Solda aluminotérmica para TR68 com cadinho descartável, executada no campo, para formação de trilho longo soldado (TLS)","un",1641.89]
[3009324,"Solda aluminotérmica para UIC60 com cadinho descartável, executada no campo, para formação de trilho longo soldado (TLS)","un",1589.57]
[3009096,"Solda elétrica por caldeamento para qualquer perfil de trilho, comprimento de 12 m, em estaleiro para formação de trilho longo soldado","un",271.47000000000003]
[3009330,"Solda elétrica por caldeamento para trilho TR45, comprimento de até 24 m, em via com dormente de concreto para formação de barra ou trilho longo soldado","un",222.3]
[3009326,"Solda elétrica por caldeamento para trilho TR45, comprimento de até 24 m, em via com dormente de madeira para formação de barra ou trilho longo soldado","un",228.3]
[3009234,"Trilho TR45, comprimento de 12 m, sobre dormente de concreto, bitola métrica ou larga, taxa de dormentação de 1.667 un/km, tala de junção de 6 furos e fixação elástica Pandrol - posicionamento e assentamento manual","km",1103004.53]
[3009022,"Trilho TR45, comprimento de 12 m, sobre dormente de concreto, bitola métrica ou larga, taxa de dormentação de 1.750 un/km, tala de junção de 6 furos e fixação elástica Pandrol - posicionamento e assentamento manual","km",1109730.23]
[3009230,"Trilho TR45, comprimento de 12 m, sobre dormente de concreto, bitola mista, taxa de dormentação de 1.667 un/km, tala de junção de 6 furos e fixação elástica Pandrol - posicionamento e assentamento manual","km",1654657.14]
[3009018,"Trilho TR45, comprimento de 12 m, sobre dormente de concreto, bitola mista, taxa de dormentação de 1.750 un/km, tala de junção de 6 furos e fixação elástica Pandrol - posicionamento e assentamento manual","km",1664745.7]
[3009288,"Trilho TR45, comprimento de 12 m, sobre dormente de madeira, bitola métrica ou larga, taxa de dormentação de 1.667 un/km, tala de junção de 6 furos e fixação rígida - posicionamento e assentamento manual","km",1403522.31]
[3009013,"Trilho TR45, comprimento de 12 m, sobre dormente de madeira, bitola métrica ou larga, taxa de dormentação de 1.750 un/km, tala de junção de 6 furos e fixação rígida - posicionamento e assentamento manual","km",1425012.46]
[3009292,"Trilho TR45, comprimento de 12 m, sobre dormente de madeira, bitola mista, taxa de dormentação de 1.667 un/km, tala de junção de 6 furos e fixação rígida - posicionamento e assentamento manual","km",2105286]
[3009225,"Trilho TR45, comprimento de 12 m, sobre dormente de madeira, bitola mista, taxa de dormentação de 1.750 un/km, tala de junção de 6 furos e fixação rígida - posicionamento e assentamento manual","km",2137521.38]
[3009100,"Trilho TR45, comprimento de 120 m (TLS), formado por trilhos curtos de 12 m soldados por caldeamento - confecção em estaleiro","un",49800.46]
[3009238,"Trilho TR45, comprimento de 120 m (TLS), sobre dormente de concreto, bitola métrica ou larga, taxa de dormentação de 1.667 un/km, tala de junção de 6 furos e fixação elástica Pandrol - posicionamento e assentamento mecanizado","km",986129.44]
[3009304,"Trilho TR45, comprimento de 120 m (TLS), sobre dormente de concreto, bitola mista, taxa de dormentação de 1.667 un/km, tala de junção de 6 furos e fixação elástica Pandrol - posicionamento e assentamento mecanizado","km",1479094.47]
[3009030,"Trilho TR45, comprimento de 120 m (TLS), sobre dormente de concreto, bitola mista, taxa de dormentação de 1.750 un/km, tala de junção de 6 furos e fixação elástica Pandrol - posicionamento e assentamento mecanizado","km",1489175.68]
[3009254,"Trilho TR45, comprimento de 120 m (TLS), sobre dormente de madeira, bitola métrica ou larga, taxa de dormentação de 1.667 un/km, tala de junção de 6 furos e fixação elástica Pandrol - posicionamento e assentamento mecanizado","km",1483195.04]
[3009262,"Trilho TR45, comprimento de 120 m (TLS), sobre dormente de madeira, bitola métrica ou larga, taxa de dormentação de 1.667 un/km, tala de junção de 6 furos e fixação rígida - posicionamento e assentamento mecanizado","km",1285281.8500000001]
[3009034,"Trilho TR45, comprimento de 120 m (TLS), sobre dormente de madeira, bitola métrica ou larga, taxa de dormentação de 1.750 un/km, tala de junção de 6 furos e fixação elástica Pandrol - posicionamento e assentamento mecanizado","km",1514925.38]
[3009042,"Trilho TR45, comprimento de 120 m (TLS), sobre dormente de madeira, bitola métrica ou larga, taxa de dormentação de 1.750 un/km, tala de junção de 6 furos e fixação rígida - posicionamento e assentamento mecanizado","km",1307157.93]
[3009270,"Trilho TR45, comprimento de 120 m (TLS), sobre dormente de madeira, bitola mista, taxa de dormentação de 1.667 un/km, tala de junção de 6 furos e fixação elástica Pandrol - posicionamento e assentamento mecanizado","km",2225418.81]
[3009050,"Trilho TR45, comprimento de 120 m (TLS), sobre dormente de madeira, bitola mista, taxa de dormentação de 1.750 un/km, tala de junção de 6 furos e fixação elástica Pandrol - posicionamento e assentamento mecanizado","km",2273050.89]
[3009101,"Trilho TR45, comprimento de 240 m (TLS), formado por trilhos curtos de 12 m soldados por caldeamento - confecção em estaleiro","un",99872.4]
[3009246,"Trilho TR45, comprimento de 240 m (TLS), sobre dormente de concreto, bitola métrica ou larga, taxa de dormentação de 1.667 un/km, tala de junção de 6 furos e fixação elástica Pandrol - posicionamento e assentamento mecanizado","km",980100.69]
[3009208,"Trilho TR45, comprimento de 240 m (TLS), sobre dormente de concreto, bitola métrica ou larga, taxa de dormentação de 1.750 un/km, tala de junção de 6 furos e fixação elástica Pandrol - posicionamento e assentamento mecanizado","km",986821.69]
[3009308,"Trilho TR45, comprimento de 240 m (TLS), sobre dormente de concreto, bitola mista, taxa de dormentação de 1.667 un/km, tala de junção de 6 furos e fixação elástica Pandrol - posicionamento e assentamento mecanizado","km",1470052.03]
[3009212,"Trilho TR45, comprimento de 240 m (TLS), sobre dormente de concreto, bitola mista, taxa de dormentação de 1.750 un/km, tala de junção de 6 furos e fixação elástica Pandrol - posicionamento e assentamento mecanizado","km",1480133.52]
[3009258,"Trilho TR45, comprimento de 240 m (TLS), sobre dormente de madeira, bitola métrica ou larga, taxa de dormentação de 1.667 un/km, tala de junção de 6 furos e fixação elástica Pandrol - posicionamento e assentamento mecanizado","km",1477221.4]
[3009266,"Trilho TR45, comprimento de 240 m (TLS), sobre dormente de madeira, bitola métrica ou larga, taxa de dormentação de 1.667 un/km, tala de junção de 6 furos e fixação rígida - posicionamento e assentamento mecanizado","km",1279308.21]
[3009038,"Trilho TR45, comprimento de 240 m (TLS), sobre dormente de madeira, bitola métrica ou larga, taxa de dormentação de 1.750 un/km, tala de junção de 6 furos e fixação elástica Pandrol - posicionamento e assentamento mecanizado","km",1508951.74]
[3009046,"Trilho TR45, comprimento de 240 m (TLS), sobre dormente de madeira, bitola métrica ou larga, taxa de dormentação de 1.750 un/km, tala de junção de 6 furos e fixação rígida - posicionamento e assentamento mecanizado","km",1301184.3]
[3009274,"Trilho TR45, comprimento de 240 m (TLS), sobre dormente de madeira, bitola mista, taxa de dormentação de 1.667 un/km, tala de junção de 6 furos e fixação elástica Pandrol - posicionamento e assentamento mecanizado","km",2216459.11]
[3009054,"Trilho TR45, comprimento de 240 m (TLS), sobre dormente de madeira, bitola mista, taxa de dormentação de 1.750 un/km, tala de junção de 6 furos e fixação elástica Pandrol - posicionamento e assentamento mecanizado","km",2264091.19]
[3009235,"Trilho TR57, comprimento de 12 m, sobre dormente de concreto, bitola métrica ou larga, taxa de dormentação de 1.667 un/km, tala de junção de 6 furos e fixação elástica Pandrol - posicionamento e assentamento manual","km",1442284.58]
[3009023,"Trilho TR57, comprimento de 12 m, sobre dormente de concreto, bitola métrica ou larga, taxa de dormentação de 1.750 un/km, tala de junção de 6 furos e fixação elástica Pandrol - posicionamento e assentamento manual","km",1448809.98]
[3009231,"Trilho TR57, comprimento de 12 m, sobre dormente de concreto, bitola mista, taxa de dormentação de 1.667 un/km, tala de junção de 6 furos e fixação elástica Pandrol - posicionamento e assentamento manual","km",2161739.7400000002]
[3009019,"Trilho TR57, comprimento de 12 m, sobre dormente de concreto, bitola mista, taxa de dormentação de 1.750 un/km, tala de junção de 6 furos e fixação elástica Pandrol - posicionamento e assentamento manual","km",2173816.04]
[3009289,"Trilho TR57, comprimento de 12 m, sobre dormente de madeira, bitola métrica ou larga, taxa de dormentação de 1.667 un/km, tala de junção de 6 furos e fixação rígida - posicionamento e assentamento manual","km",1905496.94]
[3009014,"Trilho TR57, comprimento de 12 m, sobre dormente de madeira, bitola métrica ou larga, taxa de dormentação de 1.750 un/km, tala de junção de 6 furos e fixação rígida - posicionamento e assentamento manual","km",1935366.09]
[3009293,"Trilho TR57, comprimento de 12 m, sobre dormente de madeira, bitola mista, taxa de dormentação de 1.667 un/km, tala de junção de 6 furos e fixação rígida - posicionamento e assentamento manual","km",2858248.03]
[3009226,"Trilho TR57, comprimento de 12 m, sobre dormente de madeira, bitola mista, taxa de dormentação de 1.750 un/km, tala de junção de 6 furos e fixação rígida - posicionamento e assentamento manual","km",2903052.02]
[3009102,"Trilho TR57, comprimento de 120 m (TLS), formado por trilhos curtos de 12 m soldados por caldeamento - confecção em estaleiro","un",69655.210000000006]
[3009297,"Trilho TR57, comprimento de 120 m (TLS), sobre dormente de concreto, bitola métrica ou larga, taxa de dormentação de 1.667 un/km, tala de junção de 6 furos e fixação elástica Pandrol - posicionamento e assentamento mecanizado","km",1317801.04]
[3009027,"Trilho TR57, comprimento de 120 m (TLS), sobre dormente de concreto, bitola métrica ou larga, taxa de dormentação de 1.750 un/km, tala de junção de 6 furos e fixação elástica Pandrol - posicionamento e assentamento mecanizado","km",1324521.95]
[3009305,"Trilho TR57, comprimento de 120 m (TLS), sobre dormente de concreto, bitola mista, taxa de dormentação de 1.667 un/km, tala de junção de 6 furos e fixação elástica Pandrol - posicionamento e assentamento mecanizado","km",1976601.77]
[3009031,"Trilho TR57, comprimento de 120 m (TLS), sobre dormente de concreto, bitola mista, taxa de dormentação de 1.750 un/km, tala de junção de 6 furos e fixação elástica Pandrol - posicionamento e assentamento mecanizado","km",1986682.98]
[3009255,"Trilho TR57, comprimento de 120 m (TLS), sobre dormente de madeira, bitola métrica ou larga, taxa de dormentação de 1.667 un/km, tala de junção de 6 furos e fixação elástica Pandrol - posicionamento e assentamento mecanizado","km",1885274.64]
[3009263,"Trilho TR57, comprimento de 120 m (TLS), sobre dormente de madeira, bitola métrica ou larga, taxa de dormentação de 1.667 un/km, tala de junção de 6 furos e fixação rígida - posicionamento e assentamento mecanizado","km",1779907.45]
[3009035,"Trilho TR57, comprimento de 120 m (TLS), sobre dormente de madeira, bitola métrica ou larga, taxa de dormentação de 1.750 un/km, tala de junção de 6 furos e fixação elástica Pandrol - posicionamento e assentamento mecanizado","km",1920510.6]
[3009043,"Trilho TR57, comprimento de 120 m (TLS), sobre dormente de madeira, bitola métrica ou larga, taxa de dormentação de 1.750 un/km, tala de junção de 6 furos e fixação rígida - posicionamento e assentamento mecanizado","km",1809897.02]
[3009271,"Trilho TR57, comprimento de 120 m (TLS), sobre dormente de madeira, bitola mista, taxa de dormentação de 1.667 un/km, tala de junção de 6 furos e fixação elástica Pandrol - posicionamento e assentamento mecanizado","km",2828538.11]
[3009051,"Trilho TR57, comprimento de 120 m (TLS), sobre dormente de madeira, bitola mista, taxa de dormentação de 1.750 un/km, tala de junção de 6 furos e fixação elástica Pandrol - posicionamento e assentamento mecanizado","km",2881428.62]
[3009103,"Trilho TR57, comprimento de 240 m (TLS), formado por trilhos curtos de 12 m soldados por caldeamento - confecção em estaleiro","un",139581.9]
[3009247,"Trilho TR57, comprimento de 240 m (TLS), sobre dormente de concreto, bitola métrica ou larga, taxa de dormentação de 1.667 un/km, tala de junção de 6 furos e fixação elástica Pandrol - posicionamento e assentamento mecanizado","km",1311392.72]
[3009209,"Trilho TR57, comprimento de 240 m (TLS), sobre dormente de concreto, bitola métrica ou larga, taxa de dormentação de 1.750 un/km, tala de junção de 6 furos e fixação elástica Pandrol - posicionamento e assentamento mecanizado","km",1318113.72]
[3009309,"Trilho TR57, comprimento de 240 m (TLS), sobre dormente de concreto, bitola mista, taxa de dormentação de 1.667 un/km, tala de junção de 6 furos e fixação elástica Pandrol - posicionamento e assentamento mecanizado","km",1966990.27]
[3009213,"Trilho TR57, comprimento de 240 m (TLS), sobre dormente de concreto, bitola mista, taxa de dormentação de 1.750 un/km, tala de junção de 6 furos e fixação elástica Pandrol - posicionamento e assentamento mecanizado","km",1977071.77]
[3009259,"Trilho TR57, comprimento de 240 m (TLS), sobre dormente de madeira, bitola métrica ou larga, taxa de dormentação de 1.667 un/km, tala de junção de 6 furos e fixação elástica Pandrol - posicionamento e assentamento mecanizado","km",1878921.44]
[3009267,"Trilho TR57, comprimento de 240 m (TLS), sobre dormente de madeira, bitola métrica ou larga, taxa de dormentação de 1.667 un/km, tala de junção de 6 furos e fixação rígida - posicionamento e assentamento mecanizado","km",1773554.25]
[3009039,"Trilho TR57, comprimento de 240 m (TLS), sobre dormente de madeira, bitola métrica ou larga, taxa de dormentação de 1.750 un/km, tala de junção de 6 furos e fixação elástica Pandrol - posicionamento e assentamento mecanizado","km",1914157.4]
[3009047,"Trilho TR57, comprimento de 240 m (TLS), sobre dormente de madeira, bitola métrica ou larga, taxa de dormentação de 1.750 un/km, tala de junção de 6 furos e fixação rígida - posicionamento e assentamento mecanizado","km",1803543.82]
[3009275,"Trilho TR57, comprimento de 240 m (TLS), sobre dormente de madeira, bitola mista, taxa de dormentação de 1.667 un/km, tala de junção de 6 furos e fixação elástica Pandrol - posicionamento e assentamento mecanizado","km",2819009.36]
[3009055,"Trilho TR57, comprimento de 240 m (TLS), sobre dormente de madeira, bitola mista, taxa de dormentação de 1.750 un/km, tala de junção de 6 furos e fixação elástica Pandrol - posicionamento e assentamento mecanizado","km",2871899.87]
[3009236,"Trilho TR68, comprimento de 12 m, sobre dormente de concreto, bitola métrica ou larga, taxa de dormentação de 1.667 un/km, tala de junção de 6 furos e fixação elástica Pandrol - posicionamento e assentamento manual","km",1753450.43]
[3009024,"Trilho TR68, comprimento de 12 m, sobre dormente de concreto, bitola métrica ou larga, taxa de dormentação de 1.750 un/km, tala de junção de 6 furos e fixação elástica Pandrol - posicionamento e assentamento manual","km",1758488.87]
[3009232,"Trilho TR68, comprimento de 12 m, sobre dormente de concreto, bitola mista, taxa de dormentação de 1.667 un/km, tala de junção de 6 furos e fixação elástica Pandrol - posicionamento e assentamento manual","km",2626458.38]
[3009020,"Trilho TR68, comprimento de 12 m, sobre dormente de concreto, bitola mista, taxa de dormentação de 1.750 un/km, tala de junção de 6 furos e fixação elástica Pandrol - posicionamento e assentamento manual","km",2636196.4]
[3009290,"Trilho TR68, comprimento de 12 m, sobre dormente de madeira, bitola métrica ou larga, taxa de dormentação de 1.667 un/km, tala de junção de 6 furos e fixação rígida - posicionamento e assentamento manual","km",2283687.87]
[3009015,"Trilho TR68, comprimento de 12 m, sobre dormente de madeira, bitola métrica ou larga, taxa de dormentação de 1.750 un/km, tala de junção de 6 furos e fixação rígida - posicionamento e assentamento manual","km",2316968.23]
[3009294,"Trilho TR68, comprimento de 12 m, sobre dormente de madeira, bitola mista, taxa de dormentação de 1.667 un/km, tala de junção de 6 furos e fixação rígida - posicionamento e assentamento manual","km",3425534.42]
[3009227,"Trilho TR68, comprimento de 12 m, sobre dormente de madeira, bitola mista, taxa de dormentação de 1.750 un/km, tala de junção de 6 furos e fixação rígida - posicionamento e assentamento manual","km",3475455.23]
[3009104,"Trilho TR68, comprimento de 120 m (TLS), formado por trilhos curtos de 12 m soldados por caldeamento - confecção em estaleiro","un",86312.88]
[3009240,"Trilho TR68, comprimento de 120 m (TLS), sobre dormente de concreto, bitola métrica ou larga, taxa de dormentação de 1.667 un/km, tala de junção de 6 furos e fixação elástica Pandrol - posicionamento e assentamento mecanizado","km",1598527.23]
[3009028,"Trilho TR68, comprimento de 120 m (TLS), sobre dormente de concreto, bitola métrica ou larga, taxa de dormentação de 1.750 un/km, tala de junção de 6 furos e fixação elástica Pandrol - posicionamento e assentamento mecanizado","km",1605248.14]
[3009306,"Trilho TR68, comprimento de 120 m (TLS), sobre dormente de concreto, bitola mista, taxa de dormentação de 1.667 un/km, tala de junção de 6 furos e fixação elástica Pandrol - posicionamento e assentamento mecanizado","km",2397690.98]
[3009032,"Trilho TR68, comprimento de 120 m (TLS), sobre dormente de concreto, bitola mista, taxa de dormentação de 1.750 un/km, tala de junção de 6 furos e fixação elástica Pandrol - posicionamento e assentamento mecanizado","km",2407772.19]
[3009256,"Trilho TR68, comprimento de 120 m (TLS), sobre dormente de madeira, bitola métrica ou larga, taxa de dormentação de 1.667 un/km, tala de junção de 6 furos e fixação elástica Pandrol - posicionamento e assentamento mecanizado","km",2231458.34]
[3009264,"Trilho TR68, comprimento de 120 m (TLS), sobre dormente de madeira, bitola métrica ou larga, taxa de dormentação de 1.667 un/km, tala de junção de 6 furos e fixação rígida - posicionamento e assentamento mecanizado","km",2129145.6800000002]
[3009036,"Trilho TR68, comprimento de 120 m (TLS), sobre dormente de madeira, bitola métrica ou larga, taxa de dormentação de 1.750 un/km, tala de junção de 6 furos e fixação elástica Pandrol - posicionamento e assentamento mecanizado","km",2269953.4300000002]
[3009044,"Trilho TR68, comprimento de 120 m (TLS), sobre dormente de madeira, bitola métrica ou larga, taxa de dormentação de 1.750 un/km, tala de junção de 6 furos e fixação rígida - posicionamento e assentamento mecanizado","km",2162546.46]
[3009272,"Trilho TR68, comprimento de 120 m (TLS), sobre dormente de madeira, bitola mista, taxa de dormentação de 1.667 un/km, tala de junção de 6 furos e fixação elástica Pandrol - posicionamento e assentamento mecanizado","km",3347813.58]
[3009052,"Trilho TR68, comprimento de 120 m (TLS), sobre dormente de madeira, bitola mista, taxa de dormentação de 1.750 un/km, tala de junção de 6 furos e fixação elástica Pandrol - posicionamento e assentamento mecanizado","km",3405592.79]
[3009105,"Trilho TR68, comprimento de 240 m (TLS), formado por trilhos curtos de 12 m soldados por caldeamento - confecção em estaleiro","un",172897.24]
[3009248,"Trilho TR68, comprimento de 240 m (TLS), sobre dormente de concreto, bitola métrica ou larga, taxa de dormentação de 1.667 un/km, tala de junção de 6 furos e fixação elástica Pandrol - posicionamento e assentamento mecanizado","km",1590575]
[3009210,"Trilho TR68, comprimento de 240 m (TLS), sobre dormente de concreto, bitola métrica ou larga, taxa de dormentação de 1.750 un/km, tala de junção de 6 furos e fixação elástica Pandrol - posicionamento e assentamento mecanizado","km",1597296]
[3009310,"Trilho TR68, comprimento de 240 m (TLS), sobre dormente de concreto, bitola mista, taxa de dormentação de 1.667 un/km, tala de junção de 6 furos e fixação elástica Pandrol - posicionamento e assentamento mecanizado","km",2385763.86]
[3009214,"Trilho TR68, comprimento de 240 m (TLS), sobre dormente de concreto, bitola mista, taxa de dormentação de 1.750 un/km, tala de junção de 6 furos e fixação elástica Pandrol - posicionamento e assentamento mecanizado","km",2395845.36]
[3009260,"Trilho TR68, comprimento de 240 m (TLS), sobre dormente de madeira, bitola métrica ou larga, taxa de dormentação de 1.667 un/km, tala de junção de 6 furos e fixação elástica Pandrol - posicionamento e assentamento mecanizado","km",2223561.23]
[3009268,"Trilho TR68, comprimento de 240 m (TLS), sobre dormente de madeira, bitola métrica ou larga, taxa de dormentação de 1.667 un/km, tala de junção de 6 furos e fixação rígida - posicionamento e assentamento mecanizado","km",2121248.56]
[3009040,"Trilho TR68, comprimento de 240 m (TLS), sobre dormente de madeira, bitola métrica ou larga, taxa de dormentação de 1.750 un/km, tala de junção de 6 furos e fixação elástica Pandrol - posicionamento e assentamento mecanizado","km",2262056.3199999998]
[3009048,"Trilho TR68, comprimento de 240 m (TLS), sobre dormente de madeira, bitola métrica ou larga, taxa de dormentação de 1.750 un/km, tala de junção de 6 furos e fixação rígida - posicionamento e assentamento mecanizado","km",2154649.35]
[3009276,"Trilho TR68, comprimento de 240 m (TLS), sobre dormente de madeira, bitola mista, taxa de dormentação de 1.667 un/km, tala de junção de 6 furos e fixação elástica Pandrol - posicionamento e assentamento mecanizado","km",3335969.21]
[3009056,"Trilho TR68, comprimento de 240 m (TLS), sobre dormente de madeira, bitola mista, taxa de dormentação de 1.750 un/km, tala de junção de 6 furos e fixação elástica Pandrol - posicionamento e assentamento mecanizado","km",3393748.42]
[3009237,"Trilho UIC60, comprimento de 12 m, sobre dormente de concreto, bitola métrica ou larga, taxa de dormentação de 1.667 un/km, tala de junção de 6 furos e fixação elástica Pandrol - posicionamento e assentamento manual","km",1590242.72]
[3009025,"Trilho UIC60, comprimento de 12 m, sobre dormente de concreto, bitola métrica ou larga, taxa de dormentação de 1.750 un/km, tala de junção de 6 furos e fixação elástica Pandrol - posicionamento e assentamento manual","km",1595381.32]
[3009319,"Trilho UIC60, comprimento de 12 m, sobre dormente de concreto, bitola mista, taxa de dormentação de 1.667 un/km, tala de junção de 6 furos e fixação elástica Pandrol - posicionamento e assentamento manual","km",2383584.48]
[3009021,"Trilho UIC60, comprimento de 12 m, sobre dormente de concreto, bitola mista, taxa de dormentação de 1.750 un/km, tala de junção de 6 furos e fixação elástica Pandrol - posicionamento e assentamento manual","km",2391585.14]
[3009291,"Trilho UIC60, comprimento de 12 m, sobre dormente de madeira, bitola métrica ou larga, taxa de dormentação de 1.667 un/km, tala de junção de 6 furos e fixação rígida - posicionamento e assentamento manual","km",2162905.86]
[3009016,"Trilho UIC60, comprimento de 12 m, sobre dormente de madeira, bitola métrica ou larga, taxa de dormentação de 1.750 un/km, tala de junção de 6 furos e fixação rígida - posicionamento e assentamento manual","km",2198298.6]
[3009295,"Trilho UIC60, comprimento de 12 m, sobre dormente de madeira, bitola mista, taxa de dormentação de 1.667 un/km, tala de junção de 6 furos e fixação rígida - posicionamento e assentamento manual","km",3244361.41]
[3009228,"Trilho UIC60, comprimento de 12 m, sobre dormente de madeira, bitola mista, taxa de dormentação de 1.750 un/km, tala de junção de 6 furos e fixação rígida - posicionamento e assentamento manual","km",3297450.79]
[3009106,"Trilho UIC60, comprimento de 120 m (TLS), formado por trilhos curtos de 12 m soldados por caldeamento - confecção em estaleiro","un",77349.899999999994]
[3009299,"Trilho UIC60, comprimento de 120 m (TLS), sobre dormente de concreto, bitola métrica ou larga, taxa de dormentação de 1.667 un/km, tala de junção de 6 furos e fixação elástica Pandrol - posicionamento e assentamento mecanizado","km",1447811.06]
[3009029,"Trilho UIC60, comprimento de 120 m (TLS), sobre dormente de concreto, bitola métrica ou larga, taxa de dormentação de 1.750 un/km, tala de junção de 6 furos e fixação elástica Pandrol - posicionamento e assentamento mecanizado","km",1454531.97]
[3009245,"Trilho UIC60, comprimento de 120 m (TLS), sobre dormente de concreto, bitola mista, taxa de dormentação de 1.667 un/km, tala de junção de 6 furos e fixação elástica Pandrol - posicionamento e assentamento mecanizado","km",2171616.7599999998]
[3009033,"Trilho UIC60, comprimento de 120 m (TLS), sobre dormente de concreto, bitola mista, taxa de dormentação de 1.750 un/km, tala de junção de 6 furos e fixação elástica Pandrol - posicionamento e assentamento mecanizado","km",2181697.9700000002]
[3009257,"Trilho UIC60, comprimento de 120 m (TLS), sobre dormente de madeira, bitola métrica ou larga, taxa de dormentação de 1.667 un/km, tala de junção de 6 furos e fixação elástica Pandrol - posicionamento e assentamento mecanizado","km",2063984.32]
[3009265,"Trilho UIC60, comprimento de 120 m (TLS), sobre dormente de madeira, bitola métrica ou larga, taxa de dormentação de 1.667 un/km, tala de junção de 6 furos e fixação rígida - posicionamento e assentamento mecanizado","km",2020855.21]
[3009037,"Trilho UIC60, comprimento de 120 m (TLS), sobre dormente de madeira, bitola métrica ou larga, taxa de dormentação de 1.750 un/km, tala de junção de 6 furos e fixação elástica Pandrol - posicionamento e assentamento mecanizado","km",2101645.0299999998]
[3009045,"Trilho UIC60, comprimento de 120 m (TLS), sobre dormente de madeira, bitola métrica ou larga, taxa de dormentação de 1.750 un/km, tala de junção de 6 furos e fixação rígida - posicionamento e assentamento mecanizado","km",2056368.37]
[3009273,"Trilho UIC60, comprimento de 120 m (TLS), sobre dormente de madeira, bitola mista, taxa de dormentação de 1.667 un/km, tala de junção de 6 furos e fixação elástica Pandrol - posicionamento e assentamento mecanizado","km",3096602.59]
[3009053,"Trilho UIC60, comprimento de 120 m (TLS), sobre dormente de madeira, bitola mista, taxa de dormentação de 1.750 un/km, tala de junção de 6 furos e fixação elástica Pandrol - posicionamento e assentamento mecanizado","km",3153130.24]
[3009107,"Trilho UIC60, comprimento de 240 m (TLS), formado por trilhos curtos de 12 m soldados por caldeamento - confecção em estaleiro","un",154971.28]
[3009249,"Trilho UIC60, comprimento de 240 m (TLS), sobre dormente de concreto, bitola métrica ou larga, taxa de dormentação de 1.667 un/km, tala de junção de 6 furos e fixação elástica Pandrol - posicionamento e assentamento mecanizado","km",1440525.66]
[3009211,"Trilho UIC60, comprimento de 240 m (TLS), sobre dormente de concreto, bitola métrica ou larga, taxa de dormentação de 1.750 un/km, tala de junção de 6 furos e fixação elástica Pandrol - posicionamento e assentamento mecanizado","km",1447246.65]
[3009253,"Trilho UIC60, comprimento de 240 m (TLS), sobre dormente de concreto, bitola mista, taxa de dormentação de 1.667 un/km, tala de junção de 6 furos e fixação elástica Pandrol - posicionamento e assentamento mecanizado","km",2160689.75]
[3009215,"Trilho UIC60, comprimento de 240 m (TLS), sobre dormente de concreto, bitola mista, taxa de dormentação de 1.750 un/km, tala de junção de 6 furos e fixação elástica Pandrol - posicionamento e assentamento mecanizado","km",2170771.25]
[3009261,"Trilho UIC60, comprimento de 240 m (TLS), sobre dormente de madeira, bitola métrica ou larga, taxa de dormentação de 1.667 un/km, tala de junção de 6 furos e fixação elástica Pandrol - posicionamento e assentamento mecanizado","km",2056754.03]
[3009269,"Trilho UIC60, comprimento de 240 m (TLS), sobre dormente de madeira, bitola métrica ou larga, taxa de dormentação de 1.667 un/km, tala de junção de 6 furos e fixação rígida - posicionamento e assentamento mecanizado","km",2013624.92]
[3009041,"Trilho UIC60, comprimento de 240 m (TLS), sobre dormente de madeira, bitola métrica ou larga, taxa de dormentação de 1.750 un/km, tala de junção de 6 furos e fixação elástica Pandrol - posicionamento e assentamento mecanizado","km",2094414.75]
[3009049,"Trilho UIC60, comprimento de 240 m (TLS), sobre dormente de madeira, bitola métrica ou larga, taxa de dormentação de 1.750 un/km, tala de junção de 6 furos e fixação rígida - posicionamento e assentamento mecanizado","km",2049138.08]
[3009277,"Trilho UIC60, comprimento de 240 m (TLS), sobre dormente de madeira, bitola mista, taxa de dormentação de 1.667 un/km, tala de junção de 6 furos e fixação elástica Pandrol - posicionamento e assentamento mecanizado","km",3085758.32]
[3009057,"Trilho UIC60, comprimento de 240 m (TLS), sobre dormente de madeira, bitola mista, taxa de dormentação de 1.750 un/km, tala de junção de 6 furos e fixação elástica Pandrol - posicionamento e assentamento mecanizado","km",3142285.97]
[3108073,"Confecção de fôrma metálica em chapa 1/8\" para poita trapezoidal","m²",321.7]
[3107965,"Confecção de forma metálica em chapa 3/16\" para poita trapezoidal","m²",523.95000000000005]
[3105941,"Fôrma em chapa metálica 1/8\" para cabeça de tirantes - utilização de 50 vezes - confecção, instalação e retirada","m²",27.18]
[3108150,"Fôrma metálica curva em chapa 3/16\" reforçada com nervuras de 40 mm x 3/16\" dispostas em grelhas de 40 x 60 cm - utilização de 100 vezes - confecção, instalação e retirada","m²",17.68]
[3108071,"Fôrma metálica em chapa 1/8\" para poita trapezoidal - utilização de 50 vezes - montagem, instalação e retirada","m²",12.91]
[3107967,"Fôrma metálica em chapa 1/8\" reforçada com nervuras de 40 mm x 1/8\" dispostas em grelhas de 40 x 60 cm - utilização de 100 vezes - confecção, instalação e retirada","m²",9.8000000000000007]
[3107966,"Fôrma metálica em chapa 3/16\" para poita trapezoidal - utilização de 50 vezes - montagem, instalação e retirada","m²",25.76]
[3108072,"Fôrma metálica em chapa 3/16\" reforçada com nervuras de 40 mm x 3/16\" dispostas em grelhas de 40 x 60 cm - utilização de 100 vezes - confecção, instalação e retirada","m²",14.44]
[3117750,"Fôrma metálica para aduelas de bueiros celulares de concreto pré-moldados - utilização de 100 vezes - confecção, instalação e retirada","m²",17.28]
[3117749,"Fôrma metálica para guarda-corpo de concreto - utilização de 50 vezes - confecção","m²",14.47]
[3107964,"Fôrma metálica para pavimento de concreto - utilização de 100 vezes - confecção, instalação e retirada","m²",15.15]
[3106551,"Fôrma metálica para tetrápode - utilização de 100 vezes - confecção, instalação e retirada","m²",10.81]
[3106427,"Fôrma metálica para viga de concreto pré-moldada protendida para OAE - utilização de 20 vezes - confecção, instalação e retirada","m²",38.26]
[3106552,"Fôrma metálica para Xbloc - utilização de 100 vezes - confecção, instalação e retirada","m²",10.06]
[3107969,"Fôrmas curvas de compensado plastificado 10 mm - uso geral - utilização de 2 vezes - confecção, instalação e retirada","m²",126.03]
[3107970,"Fôrmas curvas de compensado resinado 10 mm - uso geral - utilização de 2 vezes - confecção, instalação e retirada","m²",119.74]
[3108007,"Fôrmas de compensado plastificado 10 mm - uso geral - utilização de 1 vez - confecção, instalação e retirada","m²",154.25]
[3108008,"Fôrmas de compensado plastificado 10 mm - uso geral - utilização de 2 vezes - confecção, instalação e retirada","m²",98.27]
[3108009,"Fôrmas de compensado plastificado 10 mm - uso geral - utilização de 3 vezes - confecção, instalação e retirada","m²",80.97]
[3108011,"Fôrmas de compensado plastificado 12 mm - uso geral - utilização de 1 vez - confecção, instalação e retirada","m²",160.9]
[3108012,"Fôrmas de compensado plastificado 12 mm - uso geral - utilização de 2 vezes - confecção, instalação e retirada","m²",101.76]
[3108013,"Fôrmas de compensado plastificado 12 mm - uso geral - utilização de 3 vezes - confecção, instalação e retirada","m²",83.41]
[3108015,"Fôrmas de compensado plastificado 14 mm - uso geral - utilização de 1 vez - confecção, instalação e retirada","m²",168.39]
[3108016,"Fôrmas de compensado plastificado 14 mm - uso geral - utilização de 2 vezes - confecção, instalação e retirada","m²",105.69]
[3108017,"Fôrmas de compensado plastificado 14 mm - uso geral - utilização de 3 vezes - confecção, instalação e retirada","m²",86.16]
[3107995,"Fôrmas de compensado resinado 10 mm - uso geral - utilização de 1 vez - confecção, instalação e retirada","m²",143.21]
[3107996,"Fôrmas de compensado resinado 10 mm - uso geral - utilização de 2 vezes - confecção, instalação e retirada","m²",92.52]
[3107997,"Fôrmas de compensado resinado 10 mm - uso geral - utilização de 3 vezes - confecção, instalação e retirada","m²",76.97]
[3107999,"Fôrmas de compensado resinado 12 mm - uso geral - utilização de 1 vez - confecção, instalação e retirada","m²",149.72999999999999]
[3108000,"Fôrmas de compensado resinado 12 mm - uso geral - utilização de 2 vezes - confecção, instalação e retirada","m²",95.94]
[3108001,"Fôrmas de compensado resinado 12 mm - uso geral - utilização de 3 vezes - confecção, instalação e retirada","m²",79.37]
[3108003,"Fôrmas de compensado resinado 14 mm - uso geral - utilização de 1 vez - confecção, instalação e retirada","m²",154.80000000000001]
[3108004,"Fôrmas de compensado resinado 14 mm - uso geral - utilização de 2 vezes - confecção, instalação e retirada","m²",98.6]
[3108005,"Fôrmas de compensado resinado 14 mm - uso geral - utilização de 3 vezes - confecção, instalação e retirada","m²",81.23]
[3106119,"Fôrmas de tábuas de pinho - utilização de 1 vez - confecção, instalação e retirada","m²",198.38]
[3106120,"Fôrmas de tábuas de pinho - utilização de 2 vezes - confecção, instalação e retirada","m²",128.46]
[3106121,"Fôrmas de tábuas de pinho - utilização de 3 vezes - confecção, instalação e retirada","m²",106.81]
[3103302,"Fôrmas de tábuas de pinho para dispositivos de drenagem - utilização de 3 vezes - confecção, instalação e retirada","m²",83.14]
[3103303,"Fôrmas de tábuas de pinho para drenos - utilização de 5 vezes - confecção, instalação e retirada","m²",43.71]
[3106759,"Fôrmas de tábuas de pinho para elementos estruturais dos arcos metálicos - utilização de 3 vezes - confecção, instalação e retirada","m²",127.38]
[3108023,"Guia de madeira de 2,5 x 10,0 cm - confecção e instalação","m",8.07]
[3108018,"Guia de madeira de 2,5 x 7,0 cm - confecção e instalação","m",5.78]
[3108022,"Guia de madeira de 2,5 x 8,0 cm - confecção e instalação","m",6.54]
[3205864,"Gabião caixa 2 x 1 x 0,50 m - Zn/Al + PVC - D = 2,4 mm - pedra de mão comercial - fornecimento e assentamento","m³",1011.28]
[3205863,"Gabião caixa 2 x 1 x 0,50 m - Zn/Al + PVC - D = 2,4 mm - pedra de mão produzida - confecção e assentamento","m³",897.94]
[3205868,"Gabião caixa 2 x 1 x 0,50 m Zn/Al - D = 2,7 mm - pedra de mão comercial - fornecimento e assentamento","m³",862.24]
[3205867,"Gabião caixa 2 x 1 x 0,50 m Zn/Al - D = 2,7 mm - pedra de mão produzida - confecção e assentamento","m³",748.89]
[3205866,"Gabião caixa 2 x 1 x 1,00 m - Zn/Al + PVC - D = 2,4 mm - pedra de mão comercial - fornecimento e assentamento","m³",779.58]
[3205865,"Gabião caixa 2 x 1 x 1,00 m - Zn/Al + PVC - D = 2,4 mm - pedra de mão produzida - confecção e assentamento","m³",666.24]
[3205870,"Gabião caixa 2 x 1 x 1,00 m Zn/Al - D = 2,7 mm - pedra de mão comercial - fornecimento e assentamento","m³",706.27]
[3205869,"Gabião caixa 2 x 1 x 1,00 m Zn/Al - D = 2,7 mm - pedra de mão produzida - confecção e assentamento","m³",592.91999999999996]
[3205872,"Gabião colchão espessura 0,17 m - Zn/Al + PVC - D = 2,0 mm - pedra de mão comercial - fornecimento e assentamento","m²",245.59]
[3205871,"Gabião colchão espessura 0,17 m - Zn/Al + PVC - D = 2,0 mm - pedra de mão produzida - confecção e assentamento","m²",226.32]
[3205874,"Gabião colchão espessura 0,23 m - Zn/Al + PVC - D = 2,0 mm - pedra de mão comercial - fornecimento e assentamento","m²",270.05]
[3205873,"Gabião colchão espessura 0,23 m - Zn/Al + PVC - D = 2,0 mm - pedra de mão produzida - confecção e assentamento","m²",243.99]
[3205876,"Gabião colchão espessura 0,30 m - Zn/Al + PVC - D = 2,0 mm - pedra de mão comercial - fornecimento e assentamento","m²",315.5]
[3205875,"Gabião colchão espessura 0,30 m - Zn/Al + PVC - D = 2,0 mm - pedra de mão produzida - confecção e assentamento","m²",281.49]
[3205862,"Gabião saco - diâmetro = 0,65 m - Zn/Al + PVC - D = 2,4 mm - pedra de mão comercial - fornecimento e assentamento","m³",802.35]
[3205861,"Gabião saco - diâmetro = 0,65 m - Zn/Al + PVC - D = 2,4 mm - pedra de mão produzida - confecção e assentamento","m³",689.01]
[3606579,"Carga, transporte e descarga de material pétreo para molhes com o uso de batelões e escavadeira hidráulica - DMT de 0 a 300 m","m³",22.02]
[3606583,"Carga, transporte e descarga de material pétreo para molhes com o uso de batelões e escavadeira hidráulica - DMT de 1.200 a 1.500 m","m³",22.86]
[3606584,"Carga, transporte e descarga de material pétreo para molhes com o uso de batelões e escavadeira hidráulica - DMT de 1.500 a 1.800 m","m³",22.98]
[3606585,"Carga, transporte e descarga de material pétreo para molhes com o uso de batelões e escavadeira hidráulica - DMT de 1.800 a 2.100 m","m³",23.1]
[3606586,"Carga, transporte e descarga de material pétreo para molhes com o uso de batelões e escavadeira hidráulica - DMT de 2.100 a 2.400 m","m³",23.34]
[3606587,"Carga, transporte e descarga de material pétreo para molhes com o uso de batelões e escavadeira hidráulica - DMT de 2.400 a 2.700 m","m³",23.58]
[3606588,"Carga, transporte e descarga de material pétreo para molhes com o uso de batelões e escavadeira hidráulica - DMT de 2.700 a 3.000 m","m³",23.7]
[3606589,"Carga, transporte e descarga de material pétreo para molhes com o uso de batelões e escavadeira hidráulica - DMT de 3.000 m","m³",23.82]
[3606580,"Carga, transporte e descarga de material pétreo para molhes com o uso de batelões e escavadeira hidráulica - DMT de 300 a 600 m","m³",22.26]
[3606581,"Carga, transporte e descarga de material pétreo para molhes com o uso de batelões e escavadeira hidráulica - DMT de 600 a 900 m","m³",22.5]
[3606582,"Carga, transporte e descarga de material pétreo para molhes com o uso de batelões e escavadeira hidráulica - DMT de 900 a 1.200 m","m³",22.62]
[3606527,"Escavação, carga e transporte de material pétreo para a subcarapaça - caminho de serviço em leito natural - DMT de 1.000 a 1.200 m - com caminhão basculante de 8 m³","m³",52.45]
[3606528,"Escavação, carga e transporte de material pétreo para a subcarapaça - caminho de serviço em leito natural - DMT de 1.200 a 1.400 m - com caminhão basculante de 8 m³","m³",53.21]
[3606529,"Escavação, carga e transporte de material pétreo para a subcarapaça - caminho de serviço em leito natural - DMT de 1.400 a 1.600 m - com caminhão basculante de 8 m³","m³",53.83]
[3606530,"Escavação, carga e transporte de material pétreo para a subcarapaça - caminho de serviço em leito natural - DMT de 1.600 a 1.800 m - com caminhão basculante de 8 m³","m³",54.59]
[3606531,"Escavação, carga e transporte de material pétreo para a subcarapaça - caminho de serviço em leito natural - DMT de 1.800 a 2.000 m - com caminhão basculante de 8 m³","m³",55.36]
[3606532,"Escavação, carga e transporte de material pétreo para a subcarapaça - caminho de serviço em leito natural - DMT de 2.000 a 2.500 m - com caminhão basculante de 8 m³","m³",56.58]
[3606533,"Escavação, carga e transporte de material pétreo para a subcarapaça - caminho de serviço em leito natural - DMT de 2.500 a 3.000 m - com caminhão basculante de 8 m³","m³",60.58]
[3606534,"Escavação, carga e transporte de material pétreo para a subcarapaça - caminho de serviço em leito natural - DMT de 3.000 m - com caminhão basculante de 8 m³","m³",61.6]
[3606535,"Escavação, carga e transporte de material pétreo para a subcarapaça - caminho de serviço em revestimento primário - DMT de 1.000 a 1.200 m - com caminhão basculante de 8 m³","m³",48.2]
[3606536,"Escavação, carga e transporte de material pétreo para a subcarapaça - caminho de serviço em revestimento primário - DMT de 1.200 a 1.400 m - com caminhão basculante de 8 m³","m³",48.6]
[3606537,"Escavação, carga e transporte de material pétreo para a subcarapaça - caminho de serviço em revestimento primário - DMT de 1.400 a 1.600 m - com caminhão basculante de 8 m³","m³",49.12]
[3606538,"Escavação, carga e transporte de material pétreo para a subcarapaça - caminho de serviço em revestimento primário - DMT de 1.600 a 1.800 m - com caminhão basculante de 8 m³","m³",49.52]
[3606539,"Escavação, carga e transporte de material pétreo para a subcarapaça - caminho de serviço em revestimento primário - DMT de 1.800 a 2.000 m - com caminhão basculante de 8 m³","m³",50.04]
[3606540,"Escavação, carga e transporte de material pétreo para a subcarapaça - caminho de serviço em revestimento primário - DMT de 2.000 a 2.500 m - com caminhão basculante de 8 m³","m³",52.75]
[3606541,"Escavação, carga e transporte de material pétreo para a subcarapaça - caminho de serviço em revestimento primário - DMT de 2.500 a 3.000 m - com caminhão basculante de 8 m³","m³",54.13]
[3606542,"Escavação, carga e transporte de material pétreo para a subcarapaça - caminho de serviço em revestimento primário - DMT de 3.000 m - com caminhão basculante de 8 m³","m³",54.75]
[3606543,"Escavação, carga e transporte de material pétreo para a subcarapaça - caminho de serviço pavimentado - DMT de 1.000 a 1.200 m - com caminhão basculante de 8 m³","m³",47.48]
[3606544,"Escavação, carga e transporte de material pétreo para a subcarapaça - caminho de serviço pavimentado - DMT de 1.200 a 1.400 m - com caminhão basculante de 8 m³","m³",47.79]
[3606545,"Escavação, carga e transporte de material pétreo para a subcarapaça - caminho de serviço pavimentado - DMT de 1.400 a 1.600 m - com caminhão basculante de 8 m³","m³",48.2]
[3606546,"Escavação, carga e transporte de material pétreo para a subcarapaça - caminho de serviço pavimentado - DMT de 1.600 a 1.800 m - com caminhão basculante de 8 m³","m³",48.6]
[3606547,"Escavação, carga e transporte de material pétreo para a subcarapaça - caminho de serviço pavimentado - DMT de 1.800 a 2.000 m - com caminhão basculante de 8 m³","m³",48.91]
[3606548,"Escavação, carga e transporte de material pétreo para a subcarapaça - caminho de serviço pavimentado - DMT de 2.000 a 2.500 m - com caminhão basculante de 8 m³","m³",49.63]
[3606549,"Escavação, carga e transporte de material pétreo para a subcarapaça - caminho de serviço pavimentado - DMT de 2.500 a 3.000 m - com caminhão basculante de 8 m³","m³",52.6]
[3606550,"Escavação, carga e transporte de material pétreo para a subcarapaça - caminho de serviço pavimentado - DMT de 3.000 m - com caminhão basculante de 8 m³","m³",53.21]
[3606500,"Escavação, carga e transporte de material pétreo para o núcleo - caminho de serviço em leito natural - DMT de 1.000 a 1.200 m - com caminhão basculante de 8 m³","m³",48.36]
[3606501,"Escavação, carga e transporte de material pétreo para o núcleo - caminho de serviço em leito natural - DMT de 1.200 a 1.400 m - com caminhão basculante de 8 m³","m³",49.13]
[3606502,"Escavação, carga e transporte de material pétreo para o núcleo - caminho de serviço em leito natural - DMT de 1.400 a 1.600 m - com caminhão basculante de 8 m³","m³",49.74]
[3606503,"Escavação, carga e transporte de material pétreo para o núcleo - caminho de serviço em leito natural - DMT de 1.600 a 1.800 m - com caminhão basculante de 8 m³","m³",50.51]
[3606504,"Escavação, carga e transporte de material pétreo para o núcleo - caminho de serviço em leito natural - DMT de 1.800 a 2.000 m - com caminhão basculante de 8 m³","m³",51.27]
[3606505,"Escavação, carga e transporte de material pétreo para o núcleo - caminho de serviço em leito natural - DMT de 2.000 a 2.500 m - com caminhão basculante de 8 m³","m³",52.5]
[3606506,"Escavação, carga e transporte de material pétreo para o núcleo - caminho de serviço em leito natural - DMT de 2.500 a 3.000 m - com caminhão basculante de 8 m³","m³",56.39]
[3606507,"Escavação, carga e transporte de material pétreo para o núcleo - caminho de serviço em leito natural - DMT de 3.000 m - com caminhão basculante de 8 m³","m³",57.62]
[3606509,"Escavação, carga e transporte de material pétreo para o núcleo - caminho de serviço em revestimento primário - DMT de 1.000 a 1.200 m - com caminhão basculante de 8 m³","m³",44.11]
[3606510,"Escavação, carga e transporte de material pétreo para o núcleo - caminho de serviço em revestimento primário - DMT de 1.200 a 1.400 m - com caminhão basculante de 8 m³","m³",44.62]
[3606511,"Escavação, carga e transporte de material pétreo para o núcleo - caminho de serviço em revestimento primário - DMT de 1.400 a 1.600 m - com caminhão basculante de 8 m³","m³",45.03]
[3606512,"Escavação, carga e transporte de material pétreo para o núcleo - caminho de serviço em revestimento primário - DMT de 1.600 a 1.800 m - com caminhão basculante de 8 m³","m³",45.44]
[3606513,"Escavação, carga e transporte de material pétreo para o núcleo - caminho de serviço em revestimento primário - DMT de 1.800 a 2.000 m - com caminhão basculante de 8 m³","m³",47.9]
[3606514,"Escavação, carga e transporte de material pétreo para o núcleo - caminho de serviço em revestimento primário - DMT de 2.000 a 2.500 m - com caminhão basculante de 8 m³","m³",48.82]
[3606515,"Escavação, carga e transporte de material pétreo para o núcleo - caminho de serviço em revestimento primário - DMT de 2.500 a 3.000 m - com caminhão basculante de 8 m³","m³",50.05]
[3606516,"Escavação, carga e transporte de material pétreo para o núcleo - caminho de serviço em revestimento primário - DMT de 3.000 m - com caminhão basculante de 8 m³","m³",50.66]
[3606518,"Escavação, carga e transporte de material pétreo para o núcleo - caminho de serviço pavimentado - DMT de 1.000 a 1.200 m - com caminhão basculante de 8 m³","m³",43.39]
[3606519,"Escavação, carga e transporte de material pétreo para o núcleo - caminho de serviço pavimentado - DMT de 1.200 a 1.400 m - com caminhão basculante de 8 m³","m³",43.8]
[3606520,"Escavação, carga e transporte de material pétreo para o núcleo - caminho de serviço pavimentado - DMT de 1.400 a 1.600 m - com caminhão basculante de 8 m³","m³",44.11]
[3606521,"Escavação, carga e transporte de material pétreo para o núcleo - caminho de serviço pavimentado - DMT de 1.600 a 1.800 m - com caminhão basculante de 8 m³","m³",44.52]
[3606522,"Escavação, carga e transporte de material pétreo para o núcleo - caminho de serviço pavimentado - DMT de 1.800 a 2.000 m - com caminhão basculante de 8 m³","m³",44.82]
[3606523,"Escavação, carga e transporte de material pétreo para o núcleo - caminho de serviço pavimentado - DMT de 2.000 a 2.500 m - com caminhão basculante de 8 m³","m³",45.54]
[3606524,"Escavação, carga e transporte de material pétreo para o núcleo - caminho de serviço pavimentado - DMT de 2.500 a 3.000 m - com caminhão basculante de 8 m³","m³",48.67]
[3606525,"Escavação, carga e transporte de material pétreo para o núcleo - caminho de serviço pavimentado - DMT de 3.000 m - com caminhão basculante de 8 m³","m³",49.13]
[3606577,"Espalhamento e conformação de material pétreo para núcleo","m³",11.16]
[3606576,"Espalhamento e conformação de material pétreo para subcarapaça","m³",4.22]
[3606561,"Fabricação de tetrápode de 10 t - concreto fck = 20 MPa - areia e brita comerciais","un",2173.4899999999998]
[3606556,"Fabricação de tetrápode de 10 t - concreto fck = 20 MPa - areia extraída e brita produzida","un",1583.91]
[3606562,"Fabricação de tetrápode de 11 t - concreto fck = 20 MPa - areia e brita comerciais","un",2377.5]
[3606557,"Fabricação de tetrápode de 11 t - concreto fck = 20 MPa - areia extraída e brita produzida","un",1728.96]
[3606563,"Fabricação de tetrápode de 12 t - concreto fck = 20 MPa - areia e brita comerciais","un",2590.0700000000002]
[3606558,"Fabricação de tetrápode de 12 t - concreto fck = 20 MPa - areia extraída e brita produzida","un",1882.57]
[3606559,"Fabricação de tetrápode de 8 t - concreto fck = 20 MPa - areia e brita comerciais","un",1739.36]
[3606554,"Fabricação de tetrápode de 8 t - concreto fck = 20 MPa - areia extraída e brita produzida","un",1267.7]
[3606560,"Fabricação de tetrápode de 9 t - concreto fck = 20 MPa - areia e brita comerciais","un",1944.2]
[3606555,"Fabricação de tetrápode de 9 t - concreto fck = 20 MPa - areia extraída e brita produzida","un",1413.58]
[3606571,"Fabricação de Xbloc de 10 t - concreto fck = 20 MPa - areia e brita comerciais","un",2140.33]
[3606566,"Fabricação de Xbloc de 10 t - concreto fck = 20 MPa - areia extraída e brita produzida","un",1550.74]
[3606572,"Fabricação de Xbloc de 11 t - concreto fck = 20 MPa - areia e brita comerciais","un",2347.02]
[3606567,"Fabricação de Xbloc de 11 t - concreto fck = 20 MPa - areia extraída e brita produzida","un",1698.48]
[3606573,"Fabricação de Xbloc de 12 t - concreto fck = 20 MPa - areia e brita comerciais","un",2553.3000000000002]
[3606568,"Fabricação de Xbloc de 12 t - concreto fck = 20 MPa - areia extraída e brita produzida","un",1845.8]
[3606569,"Fabricação de Xbloc de 8 t - concreto fck = 20 MPa - areia e brita comerciais","un",1725.43]
[3606564,"Fabricação de Xbloc de 8 t - concreto fck = 20 MPa - areia extraída e brita produzida","un",1253.77]
[3606570,"Fabricação de Xbloc de 9 t - concreto fck = 20 MPa - areia e brita comerciais","un",1933.15]
[3606565,"Fabricação de Xbloc de 9 t - concreto fck = 20 MPa - areia extraída e brita produzida","un",1402.53]
[3606578,"Lançamento de blocos artificias de concreto","un",119.81]
[3606575,"Seleção de material pétreo para a carapaça e subcarapaça","m³",1.65]
[3606574,"Seleção de material pétreo para o núcleo","m³",0.82]
[3713603,"Ancoragem de defensa maleável dupla - fornecimento e implantação","m",1041.7]
[3713601,"Ancoragem de defensa maleável simples - fornecimento e implantação","m",792.24]
[3713607,"Ancoragem de defensa semimaleável dupla - fornecimento e implantação","m",664.56]
[3713605,"Ancoragem de defensa semimaleável simples - fornecimento e implantação","m",434.41]
[3719530,"Barreira dupla de concreto, armada, pré-moldada (perfil New Jersey) - L > 3,00 m e H = 1.070 mm","m",311.76]
[3713828,"Barreira dupla de concreto, armada, pré-moldada (perfil New Jersey) - L > 3,00 m e H = 810 mm","m",232.65]
[3713875,"Barreira dupla de concreto, não armada, moldada no local (perfil F) - H = 810 + 100 mm","m",66.38]
[3713619,"Barreira dupla de concreto, não armada, moldada no local (perfil New Jersey) - H = 810 + 100 mm","m",66.8]
[3713876,"Barreira dupla de concreto, não armada, moldada no local, com extrusora (perfil F) - H = 810 + 100 mm","m",92.61]
[3713827,"Barreira dupla de concreto, não armada, moldada no local, com extrusora (perfil New Jersey) - H = 810 + 100 mm","m",90.99]
[3713904,"Barreira simples de concreto, armada, pré-moldada (perfil New Jersey) - L > 3,00 m e H = 1.070 mm","m",269.45999999999998]
[3719529,"Barreira simples de concreto, armada, pré-moldada (perfil New Jersey) - L > 3,00 m e H = 810 mm","m",196.55]
[3713878,"Barreira simples de concreto, não armada, moldada no local (perfil F) - H = 810 + 100 mm","m",66.010000000000005]
[3713617,"Barreira simples de concreto, não armada, moldada no local (perfil New Jersey) - H = 810 + 100 mm","m",66.22]
[3713879,"Barreira simples de concreto, não armada, moldada no local, com extrusora (perfil F) - H = 810 + 100 mm","m",82.79]
[3713826,"Barreira simples de concreto, não armada, moldada no local, com extrusora (perfil New Jersey) - H = 810 + 100 mm","m",78.83]
[3713610,"Cerca com 4 fios de arame farpado e mourão de concreto de seção quadrada de 11 cm a cada 2,5 m e esticador de 15 cm a cada 50 m - areia e brita comerciais","m",32.18]
[3713609,"Cerca com 4 fios de arame farpado e mourão de concreto de seção quadrada de 11 cm a cada 2,5 m e esticador de 15 cm a cada 50 m - areia extraída e brita produzida","m",30.65]
[3713612,"Cerca com 4 fios de arame farpado e mourão de concreto de seção triangular de 11 cm a cada 2,5 m e esticador de 15 cm a cada 50 m - areia e brita comerciais","m",26.14]
[3713611,"Cerca com 4 fios de arame farpado e mourão de concreto de seção triangular de 11 cm a cada 2,5 m e esticador de 15 cm a cada 50 m - areia extraída e brita produzida","m",25.48]
[3713608,"Cerca com 4 fios de arame farpado e mourão de madeira a cada 2,5 m e esticador a cada 50 m","m",21.12]
[3713613,"Cerca com 4 fios de arame liso galvanizado e mourão de madeira a cada 2,5 m e esticador a cada 50 m","m",19.38]
[3713822,"Confecção de barreira dupla de concreto, armada, pré-moldada (perfil New Jersey) - L > 3,00 m e H = 1.070 mm","m",305.26]
[3713824,"Confecção de barreira dupla de concreto, armada, pré-moldada (perfil New Jersey) - L > 3,00 m e H = 810 mm","m",226.15]
[3713825,"Confecção de barreira simples de concreto, armada, pré-moldada (perfil New Jersey) - L > 3,00 m e H = 1.070 mm","m",262.95999999999998]
[3713823,"Confecção de barreira simples de concreto, armada, pré-moldada (perfil New Jersey) - L > 3,00 m e H = 810 mm","m",190.05]
[3713602,"Defensa maleável dupla - fornecimento e implantação","m",964.55]
[3713600,"Defensa maleável simples - fornecimento e implantação","m",728.37]
[3713606,"Defensa semimaleável dupla - fornecimento e implantação","m",587.41]
[3713604,"Defensa semimaleável simples - fornecimento e implantação","m",381.56]
[3716129,"Fabricação de mourão de concreto esticador - seção quadrada de 15 cm - areia e brita comerciais","un",50.55]
[3716128,"Fabricação de mourão de concreto esticador - seção quadrada de 15 cm - areia extraída e brita produzida","un",44.07]
[3716133,"Fabricação de mourão de concreto esticador - seção triangular de 15 cm - areia e brita comercias","un",30]
[3716132,"Fabricação de mourão de concreto esticador - seção triangular de 15 cm - areia extraída e brita produzida","un",27.19]
[3716131,"Fabricação de mourão de concreto suporte - seção quadrada de 11 cm - areia e brita comerciais","un",33.01]
[3716130,"Fabricação de mourão de concreto suporte - seção quadrada de 11 cm - areia extraída e brita produzida","un",29.68]
[3716135,"Fabricação de mourão de concreto suporte - seção triangular de 11 cm - areia e brita comerciais","un",20.82]
[3716134,"Fabricação de mourão de concreto suporte - seção triangular de 11 cm - areia extraída e brita produzida","un",19.38]
[3713698,"Fornecimento e implantação de amortecedor retrátil (v <= 100 km/h) tipo TAU II afunilado - fixado em barreira de concreto, com largura de âncora traseira de 1.830 mm","un",327760.36]
[3713699,"Fornecimento e implantação de amortecedor retrátil (v <= 100 km/h) tipo TAU II afunilado - fixado em barreira de concreto, com largura de âncora traseira de 1.980 mm","un",329154.78999999998]
[3713700,"Fornecimento e implantação de amortecedor retrátil (v <= 100 km/h) tipo TAU II afunilado - fixado em barreira de concreto, com largura de âncora traseira de 2.130 mm","un",330154.65000000002]
[3713701,"Fornecimento e implantação de amortecedor retrátil (v <= 100 km/h) tipo TAU II afunilado - fixado em barreira de concreto, com largura de âncora traseira de 2.290 mm","un",336088.42]
[3713702,"Fornecimento e implantação de amortecedor retrátil (v <= 100 km/h) tipo TAU II afunilado - fixado em barreira de concreto, com largura de âncora traseira de 2.440 mm","un",342125.88]
[3713693,"Fornecimento e implantação de amortecedor retrátil (v <= 100 km/h) tipo TAU II combinado - fixado em barreira de concreto, com largura de âncora traseira de 1.060 mm","un",270213.17]
[3713694,"Fornecimento e implantação de amortecedor retrátil (v <= 100 km/h) tipo TAU II combinado - fixado em barreira de concreto, com largura de âncora traseira de 1.220 mm","un",284373.44]
[3713695,"Fornecimento e implantação de amortecedor retrátil (v <= 100 km/h) tipo TAU II combinado - fixado em barreira de concreto, com largura de âncora traseira de 1.370 mm","un",302891.87]
[3713696,"Fornecimento e implantação de amortecedor retrátil (v <= 100 km/h) tipo TAU II combinado - fixado em barreira de concreto, com largura de âncora traseira de 1.520 mm","un",311108.07]
[3713697,"Fornecimento e implantação de amortecedor retrátil (v <= 100 km/h) tipo TAU II combinado - fixado em barreira de concreto, com largura de âncora traseira de 1.680 mm","un",317482.23999999999]
[3713692,"Fornecimento e implantação de amortecedor retrátil (v <= 100 km/h) tipo TAU II combinado - fixado em barreira de concreto, com largura de âncora traseira de 900 mm","un",229529.28]
[3713691,"Fornecimento e implantação de amortecedor retrátil (v <= 100 km/h) tipo TAU II paralelo - fixado em barreira de concreto, com largura de âncora traseira de até 700 mm","un",215478.97]
[3713873,"Módulo de transição de defensa metálica para barreira rígida - fornecimento e implantação","un",6949.96]
[3713705,"Remoção de defensa metálica","m",21.96]
[3713902,"Terminal absorvedor de energia de abertura com nível de contenção TL3 para defensa metálica - fornecimento e implantação","un",16047.26]
[3713903,"Terminal absorvedor de energia de não abertura com nível de contenção TL3 para defensa metálica - fornecimento e implantação","un",64442.01]
[3713689,"Terminal aéreo de defensa metálica - tipo A - fornecimento e implantação","un",395.45]
[3713690,"Terminal de ancoragem de defensa metálica em barreira New Jersey - fornecimento e implantação","un",489]
[3713897,"Terminal de ancoragem para barreira dupla de concreto, moldada no local (perfil F) - H = 810 + 250 mm","m",290.94]
[3713893,"Terminal de ancoragem para barreira dupla de concreto, moldada no local (perfil New Jersey) - H = 810 + 250 mm","m",294.94]
[3713898,"Terminal de ancoragem para barreira dupla de concreto, moldada no local, com extrusora (perfil F) - H = 810 + 250 mm","m",311.24]
[3713894,"Terminal de ancoragem para barreira dupla de concreto, moldada no local, com extrusora (perfil New Jersey) - H = 810 + 250 mm","m",312.66000000000003]
[3713895,"Terminal de ancoragem para barreira simples de concreto, moldada no local (perfil F) - H = 810 + 250 mm","m",270.23]
[3713891,"Terminal de ancoragem para barreira simples de concreto, moldada no local (perfil New Jersey) - H = 810 + 250 mm","m",269.01]
[3713896,"Terminal de ancoragem para barreira simples de concreto, moldada no local, com extrusora (perfil F) - H = 810 + 250 mm","m",283.64999999999998]
[3713892,"Terminal de ancoragem para barreira simples de concreto, moldada no local, com extrusora (perfil New Jersey) - H = 810 + 250 mm","m",278.32]
[3806412,"Abertura de janela em estrutura de concreto existente para inspeção com espessura até 0,20 m e seção 0,49 m²","un",61.81]
[3806413,"Apicoamento mecanizado de concreto","m²",21.5]
[3807863,"Chumbador de expansão controlada por torque para concreto D = 12,5 mm - fornecimento e instalação","un",12.42]
[3807864,"Chumbador de expansão controlada por torque para concreto D = 16 mm - fornecimento e instalação","un",13.55]
[3807865,"Chumbador de expansão controlada por torque para concreto D = 20 mm - fornecimento e instalação","un",18.71]
[3807861,"Chumbador de expansão controlada por torque para concreto D = 6,3 mm - fornecimento e instalação","un",2.94]
[3807862,"Chumbador de expansão controlada por torque para concreto D = 8 mm - fornecimento e instalação","un",4.26]
[3807752,"Corte linear em superfície de concreto para fixação de barras de aço de 10 mm - L = 12 mm e H = 12 mm","m",8.15]
[3807753,"Corte linear em superfície de concreto para fixação de barras de aço de 12,5 mm - L = 15 mm e H = 15 mm","m",11.7]
[3807750,"Corte linear em superfície de concreto para fixação de barras de aço de 6,3 mm - L = 8 mm e H = 8 mm","m",4.78]
[3807751,"Corte linear em superfície de concreto para fixação de barras de aço de 8 mm - L = 10 mm e H = 10 mm","m",6.26]
[3806415,"Demolição controlada de concreto com martelete","m³",634.91]
[3806416,"Elevação de estruturas até 496 kN para substituição de aparelho de apoio com a utilização de macaco hidráulico","un",76.709999999999994]
[3806419,"Elevação de estruturas de 1.390 a 1.859 kN para substituição de aparelho de apoio com a utilização de macaco hidráulico","un",103.56]
[3806417,"Elevação de estruturas de 496 a 929 kN para substituição de aparelho de apoio com a utilização de macaco hidráulico","un",86.64]
[3806418,"Elevação de estruturas de 929 a 1.390 kN para substituição de aparelho de apoio com a utilização de macaco hidráulico","un",102.26]
[3808207,"Escada tubular multidirecional em aço galvanizado - utilização de 100 vezes - fornecimento, instalação e retirada","m",160.97]
[3806400,"Fabricação de superestrutura metálica para passarela PL-15 - exceto piso de concreto","un",161703.37]
[3806399,"Fabricação de superestrutura metálica para passarela PL-20 - exceto piso de concreto","un",230063.25]
[3806387,"Fabricação de superestrutura metálica para passarela PL-25 - exceto piso de concreto","un",287799]
[3806397,"Fabricação de superestrutura metálica para passarela PL-30 - exceto piso de concreto","un",386015.34]
[3806396,"Fabricação de superestrutura metálica para passarela PL-35 - exceto piso de concreto","un",444493.42]
[3816118,"Guarda-corpo de concreto - fabricação - areia e brita comerciais","m",98.06]
[3816117,"Guarda-corpo de concreto - fabricação - areia extraída e brita produzida","m",90.38]
[3806386,"Guarda-corpo e corrimão metálico para passarelas para pedestres - fornecimento e instalação","m",684.34]
[3816196,"Injeção de nata de cimento","m³",1048.8399999999999]
[3806426,"Lançamento de pré-laje com utilização de guindauto","t",59.28]
[3806401,"Lançamento de superestrutura de passarela metálica de 12 a 24 t com utilização de guindaste","un",16854.04]
[3806423,"Lançamento de viga pré-moldada de 1.000 a 1.250 kN com utilização de guindaste","un",11459.66]
[3806421,"Lançamento de viga pré-moldada de 500 a 750 kN com utilização de guindaste","un",5686.63]
[3806422,"Lançamento de viga pré-moldada de 750 a 1.000 kN com utilização de guindaste","un",10313.719999999999]
[3806425,"Lançamento de viga pré-moldada de 980 a 1.225 kN com utilização de treliça lançadeira","un",3277.74]
[3806424,"Lançamento de viga pré-moldada de 980 a 1.225 kN com utilização de treliça lançadeira e carrelone","un",5430.19]
[3806420,"Lançamento de viga pré-moldada de até 500 kN com utilização de guindaste","un",4975.82]
[3806405,"Limpeza de aparelhos de apoio em obras de arte especiais - exclusa a plataforma","un",131.91]
[3806404,"Limpeza de material retido em fundações submersas de obras de arte especiais","m³",131.62]
[3806406,"Limpeza em junta de dilatação","m",5.71]
[3806403,"Limpeza em superfície de concreto com jateamento abrasivo com uso de granalhas de aço","m²",9.1199999999999992]
[3806402,"Limpeza em superfície de concreto com jateamento d'água sob pressão","m²",2.2799999999999998]
[3806407,"Pingadeira de elastômero perfil 40 x 40 mm com aba inclinada e fixada com adesivo estrutural e pinos - fornecimento e instalação - exclusa a plataforma","m",183.46]
[3808043,"Pintura manual com nata de cimento - 3 demãos","m²",4.01]
[3806431,"Placa de aço de apoio para protensão externa em reforço de viga de OAE - confecção e instalação","un",5571.77]
[3806432,"Placa de aço de desvio para protensão externa em reforço de viga de OAE - confecção e instalação","un",2926.22]
[3806429,"Plataforma de trabalho em aço tubular apoiada no solo - altura de 4 a 6 m - utilização de 100 vezes - fornecimento, instalação e retirada","m³",17]
[3806430,"Plataforma de trabalho em aço tubular apoiada no solo - altura de 6 a 8 m - utilização de 100 vezes - fornecimento, instalação e retirada","m³",10.58]
[3806428,"Plataforma de trabalho em aço tubular apoiada no solo - altura de até 4 m - utilização de 100 vezes - fornecimento, instalação e retirada","m³",39.6]
[3816198,"Plataforma de trabalho em madeira apoiada no solo - altura de 6 a 12 m - utilização de 5 vezes - confecção, instalação e retirada","m³",72.87]
[3816197,"Plataforma de trabalho em madeira apoiada no solo - altura de até 6 m - utilização de 5 vezes - confecção, instalação e retirada","m³",68.22]
[3806410,"Plataforma de trabalho suspensa sob tabuleiro de pontes com treliças metálicas e tábuas - utilização de 100 vezes - confecção, instalação e retirada","m²",61.65]
[3806411,"Plataforma mecanizada de inspeção sob pontes com capacidade de 500 kg e alcance de 15 m","h",749.77]
[3815644,"Recomposição de dreno em tubo de aço galvanizado D = 100 mm em OAE - fornecimento e instalação","un",101.54]
[3815643,"Recomposição de dreno em tubo de aço galvanizado D = 80 mm em OAE - fornecimento e instalação","un",94.86]
[3815706,"Recomposição de guarda-corpo com agregados comerciais - instalação","m",130.4]
[3815597,"Recomposição de guarda-corpo com agregados produzidos - instalação","m",122.72]
[3815600,"Recuperação de guarda-corpo metálico em ambiente agressivo","m²",75.72]
[3815601,"Recuperação de guarda-corpo metálico em ambiente muito agressivo","m²",71.040000000000006]
[3815599,"Recuperação de guarda-corpo metálico em ambiente pouco agressivo","m²",28.52]
[3806414,"Remoção de concreto com jateamento d'água sob alta pressão","m³",586.95000000000005]
[3806409,"Restauração de berços de apoio para junta de dilatação - fornecimento e instalação","m",62.25]
[3815602,"Substituição de junta de dilatação e lábios poliméricos - fornecimento e instalação","m",33.1]
[4011444,"Areia asfalto a quente - faixa A - areia comercial","t",192.69]
[4011443,"Areia asfalto a quente - faixa A - areia extraída","t",127.82]
[4011446,"Areia asfalto a quente - faixa B - areia comercial","t",182.19]
[4011445,"Areia asfalto a quente - faixa B - areia extraída","t",115.9]
[4011448,"Areia asfalto a quente com asfalto polímero - faixa A - areia comercial","t",184.83]
[4011447,"Areia asfalto a quente com asfalto polímero - faixa A - areia extraída","t",116.67]
[4011450,"Areia asfalto a quente com asfalto polímero - faixa B - areia comercial","t",190.76]
[4011449,"Areia asfalto a quente com asfalto polímero - faixa B - areia extraída","t",123.82]
[4011452,"Areia asfalto a quente com asfalto polímero - faixa C - areia comercial","t",194.62]
[4011451,"Areia asfalto a quente com asfalto polímero - faixa C - areia extraída","t",128.53]
[4011219,"Base de solo estabilizado granulometricamente sem mistura com material de jazida - 100% Proctor modificado","m³",14.58]
[4011291,"Base de solo melhorado com 3% de cimento e mistura em usina com material de jazida - 100% Proctor modificado","m³",67.819999999999993]
[4011287,"Base de solo melhorado com 3% de cimento e mistura na pista com material de jazida - 100% Proctor modificado","m³",57.97]
[4011305,"Base de solo-cal com 7% de cal e mistura na pista com material de jazida - 100% Proctor intermediário","m³",91.89]
[4011221,"Base estabilizada granulometricamente com mistura de solos na pista com material de jazida - 100% Proctor modificado","m³",15.37]
[4011226,"Base estabilizada granulometricamente com mistura solo areia (70% - 30%) em usina com material de jazida e areia extraída - 100% Proctor modificado","m³",34.32]
[4011276,"Base ou sub-base de brita graduada com brita comercial - 100% Proctor modificado","m³",252.82]
[4011275,"Base ou sub-base de brita graduada com brita produzida - 100% Proctor modificado","m³",113.35]
[4011549,"Base ou sub-base de brita graduada executada com vibroacabadora - brita comercial - 100% Proctor modificado","m³",253.4]
[4011548,"Base ou sub-base de brita graduada executada com vibroacabadora - brita produzida - 100% Proctor modificado","m³",113.93]
[4011278,"Base ou sub-base de brita graduada tratada com cimento com brita comercial - 100% Proctor modificado","m³",302.64999999999998]
[4011277,"Base ou sub-base de brita graduada tratada com cimento com brita produzida - 100% Proctor modificado","m³",164.82]
[4011561,"Base ou sub-base de brita graduada tratada com cimento executada com vibroacabadora - brita comercial - 100% Proctor modificado","m³",303.23]
[4011560,"Base ou sub-base de brita graduada tratada com cimento executada com vibroacabadora - brita produzida - 100% Proctor modificado","m³",165.4]
[4011282,"Base ou sub-base de macadame hidráulico com brita comercial - 100% Proctor modificado","m³",222.36]
[4011281,"Base ou sub-base de macadame hidráulico com brita produzida - 100% Proctor modificado","m³",101.64]
[4011279,"Base ou sub-base de macadame seco com brita comercial - 100% Proctor modificado","m³",214.49]
[4011280,"Base ou sub-base de macadame seco com brita produzida - 100% Proctor modificado","m³",93.76]
[4011314,"Base ou sub-base de solo-cimento com 7% de cimento e mistura em usina com material de jazida - 100% Proctor normal","m³",116.51]
[4011315,"Base ou sub-base de solo-cimento com 7% de cimento e mistura na pista com material de jazida - 100% Proctor normal","m³",111.61]
[4011316,"Base ou sub-base estabilizada granulometricamente com mistura solo brita (70% - 30%) com 3% de cimento em usina com material de jazida e brita comercial - 100% Proctor modificado","m³",130.5]
[4011317,"Base ou sub-base estabilizada granulometricamente com mistura solo brita (70% - 30%) com 3% de cimento em usina com material de jazida e brita produzida - 100% Proctor modificado","m³",93.66]
[4011318,"Base ou sub-base estabilizada granulometricamente com mistura solo brita (70% - 30%) em usina com material de jazida e brita comercial - 100% Proctor modificado","m³",90.46]
[4011319,"Base ou sub-base estabilizada granulometricamente com mistura solo brita (70% - 30%) em usina com material de jazida e brita produzida - 100% Proctor modificado","m³",52.49]
[4011320,"Base ou sub-base estabilizada granulometricamente com mistura solo brita (70% - 30%) na pista com material de jazida e brita comercial - 100% Proctor modificado","m³",76.39]
[4011321,"Base ou sub-base estabilizada granulometricamente com mistura solo brita (70% - 30%) na pista com material de jazida e brita produzida - 100% Proctor modificado","m³",38.42]
[4011327,"Base ou sub-base estabilizada granulometricamente com mistura solo escória de aciaria (50%-50%) em usina com material de jazida - 100% Proctor intermediário","m³",39.35]
[4011325,"Base ou sub-base estabilizada granulometricamente com mistura solo escória de aciaria (50%-50%) na pista com material de jazida - 100% Proctor intermediário","m³",25.26]
[4011454,"Concreto asfáltico - faixa A-25 - areia e brita comerciais","t",193.67]
[4011453,"Concreto asfáltico - faixa A-25 - areia extraída e brita produzida","t",133.6]
[4011455,"Concreto asfáltico - faixa A-25 - massa comercial","t",17.45]
[4011459,"Concreto asfáltico - faixa B-19 - areia e brita comerciais","t",193.38]
[4011458,"Concreto asfáltico - faixa B-19 - areia extraída e brita produzida","t",133.72999999999999]
[4011494,"Concreto asfáltico - faixa B-19 - massa comercial","t",17.940000000000001]
[4011463,"Concreto asfáltico - faixa C-12,5 - areia e brita comerciais","t",192.65]
[4011462,"Concreto asfáltico - faixa C-12,5 - areia extraída e brita produzida","t",133.34]
[4011464,"Concreto asfáltico - faixa C-12,5 - massa comercial","t",17.940000000000001]
[4011495,"Concreto asfáltico - faixa D-9,5 - areia e brita comerciais","t",191.34]
[4011496,"Concreto asfáltico - faixa D-9,5 - areia extraída e brita produzida","t",133.38]
[4011497,"Concreto asfáltico - faixa D-9,5 - massa comercial","t",17.940000000000001]
[4011457,"Concreto asfáltico com asfalto polímero - faixa A - areia e brita comerciais","t",204.34]
[4011456,"Concreto asfáltico com asfalto polímero - faixa A - areia extraída e brita produzida","t",139.27000000000001]
[4011461,"Concreto asfáltico com asfalto polímero - faixa B - areia e brita comerciais","t",205.6]
[4011460,"Concreto asfáltico com asfalto polímero - faixa B - areia extraída e brita produzida","t",142.06]
[4011466,"Concreto asfáltico com asfalto polímero - faixa C - areia e brita comerciais","t",208.82]
[4011465,"Concreto asfáltico com asfalto polímero - faixa C - areia extraída e brita produzida","t",144.71]
[4011469,"Concreto asfáltico com borracha - faixa A - brita comercial","t",248.73]
[4011473,"Concreto asfáltico com borracha - faixa A - brita produzida","t",192.11]
[4011470,"Concreto asfáltico com borracha - faixa B - brita comercial","t",252.56]
[4011474,"Concreto asfáltico com borracha - faixa B - brita produzida","t",196.39]
[4011471,"Concreto asfáltico com borracha - faixa C - brita comercial","t",253.82]
[4011475,"Concreto asfáltico com borracha - faixa C - brita produzida","t",198.51]
[4011472,"Concreto asfáltico com borracha - faixa GAP GRADED - brita comercial","t",252.01]
[4011476,"Concreto asfáltico com borracha - faixa GAP GRADED - brita produzida","t",191.94]
[4011478,"Concreto asfáltico reciclado em usina com adição de asfalto - brita comercial","t",180.05]
[4011477,"Concreto asfáltico reciclado em usina com adição de asfalto - brita produzida","t",143.29]
[4011539,"Cura com pintura asfáltica para camadas granulares com adição de cimento","m²",0.21]
[4011538,"Cura com pintura asfáltica para pavimento de concreto compactado com rolo","m²",0.32]
[4016096,"Escavação e carga de material de jazida com escavadeira hidráulica de 1,56 m³","m³",1.35]
[4016008,"Escavação e carga de material de jazida com trator de 127 kW e carregadeira de 3,4 m³","m³",4.42]
[4016007,"Escavação e carga de material de jazida com trator de 97 kW e carregadeira de 1,72 m³","m³",5.05]
[4015612,"Execução de revestimento primário com material de jazida - 100% Proctor intermediário","m³",13.42]
[4011562,"Geogrelha bidirecional com resistência à tração de 30 kN/m - deformação < 5% - malha de 36 x 34 mm - para reforço de base granular","m²",39.72]
[4011351,"Imprimação com asfalto diluído","m²",0.37]
[4011352,"Imprimação com emulsão asfáltica","m²",0.4]
[4011402,"Lama asfáltica - faixa I - areia e brita comerciais","m²",0.9]
[4011401,"Lama asfáltica - faixa I - areia extraída e brita produzida","m²",0.59]
[4011404,"Lama asfáltica - faixa II - areia e brita comerciais","m²",0.63]
[4011403,"Lama asfáltica - faixa II - areia extraída e brita produzida","m²",0.41]
[4011406,"Lama asfáltica - faixa III - areia e brita comerciais","m²",1.18]
[4011405,"Lama asfáltica - faixa III - areia extraída e brita produzida","m²",0.78]
[4011392,"Macadame betuminoso por penetração - faixa A - brita comercial","m³",245.74]
[4011391,"Macadame betuminoso por penetração - faixa A - brita produzida","m³",128.24]
[4011394,"Macadame betuminoso por penetração - faixa B - brita comercial","m³",246.29]
[4011393,"Macadame betuminoso por penetração - faixa B - brita produzida","m³",128.84]
[4011396,"Macadame betuminoso por penetração - faixa C - brita comercial","m³",249.96]
[4011395,"Macadame betuminoso por penetração - faixa C - brita produzida","m³",129.53]
[4011398,"Macadame betuminoso por penetração - faixa D - brita comercial","m³",252.82]
[4011397,"Macadame betuminoso por penetração - faixa D - brita produzida","m³",129.81]
[4011400,"Macadame betuminoso por penetração com asfalto com polímero - faixa A - brita comercial","m³",262.33999999999997]
[4011399,"Macadame betuminoso por penetração com asfalto com polímero - faixa A - brita produzida","m³",147.38]
[4011490,"Manta sintética para recapeamento asfáltico com geotêxtil RT - 09 - fornecimento e aplicação","m²",5.82]
[4011536,"Membrana plástica isolante e impermeabilizante com espessura de 0,2 mm - fornecimento e instalação","m²",1.74]
[4011415,"Micro pré-misturado a quente com asfalto polímero - brita comercial","t",197.43]
[4011416,"Micro pré-misturado a quente com asfalto polímero - brita produzida","t",142.09]
[4011408,"Microrrevestimento a frio com emulsão modificada com polímero de 0,8 cm - faixa II - brita comercial","m²",2.4700000000000002]
[4011407,"Microrrevestimento a frio com emulsão modificada com polímero de 0,8 cm - faixa II - brita produzida","m²",1.76]
[4011410,"Microrrevestimento a frio com emulsão modificada com polímero de 1,5 cm - faixa III - brita comercial","m²",4.7699999999999996]
[4011409,"Microrrevestimento a frio com emulsão modificada com polímero de 1,5 cm - faixa III - brita produzida","m²",3.44]
[4011412,"Microrrevestimento a frio com emulsão modificada com polímero de 2,0 cm - faixa III - brita comercial","m²",6.36]
[4011411,"Microrrevestimento a frio com emulsão modificada com polímero de 2,0 cm - faixa III - brita produzida","m²",4.59]
[4011520,"Pavimento de concreto com equipamento de pequeno porte - areia e brita comerciais","m³",567.54]
[4011507,"Pavimento de concreto com equipamento de pequeno porte - areia extraída e brita produzida","m³",433.32]
[4011535,"Pavimento de concreto com equipamento fôrma-trilho - areia e brita comerciais","m³",442.53]
[4011534,"Pavimento de concreto com equipamento fôrma-trilho - areia extraída e brita produzida","m³",318.5]
[4011533,"Pavimento de concreto com fôrmas deslizantes - areia e brita comerciais","m³",452.33]
[4011532,"Pavimento de concreto com fôrmas deslizantes - areia extraída e brita produzida","m³",328.3]
[4011492,"Pavimento de concreto compactado com rolo - brita comercial","m³",372.91]
[4011491,"Pavimento de concreto compactado com rolo - brita produzida","m³",238.37]
[4011353,"Pintura de ligação","m²",0.28000000000000003]
[4011354,"Pintura de ligação - emulsão com polímero","m²",0.28000000000000003]
[4011418,"Pré-misturado a frio - faixa A - areia e brita comerciais","m³",338.74]
[4011417,"Pré-misturado a frio - faixa A - areia extraída e brita produzida","m³",190.6]
[4011420,"Pré-misturado a frio - faixa B - areia e brita comerciais","m³",343.31]
[4011419,"Pré-misturado a frio - faixa B - areia extraída e brita produzida","m³",187.32]
[4011422,"Pré-misturado a frio - faixa C - areia e brita comerciais","m³",350.84]
[4011421,"Pré-misturado a frio - faixa C - areia extraída e brita produzida","m³",202.55]
[4011424,"Pré-misturado a frio - faixa D - areia e brita comerciais","m³",356.12]
[4011423,"Pré-misturado a frio - faixa D - areia extraída e brita produzida","m³",199.27]
[4011426,"Pré-misturado a frio com emulsão asfáltica com polímero - faixa A - areia e brita comerciais","m³",338.74]
[4011425,"Pré-misturado a frio com emulsão asfáltica com polímero - faixa A - areia extraída e brita produzida","m³",190.6]
[4011428,"Pré-misturado a frio com emulsão asfáltica com polímero - faixa B - areia e brita comerciais","m³",343.31]
[4011427,"Pré-misturado a frio com emulsão asfáltica com polímero - faixa B - areia extraída e brita produzida","m³",187.32]
[4011430,"Pré-misturado a frio com emulsão asfáltica com polímero - faixa C - areia e brita comerciais","m³",349.58]
[4011429,"Pré-misturado a frio com emulsão asfáltica com polímero - faixa C - areia extraída e brita produzida","m³",201.99]
[4011432,"Pré-misturado a frio com emulsão asfáltica com polímero - faixa D - areia e brita comerciais","m³",354.84]
[4011431,"Pré-misturado a frio com emulsão asfáltica com polímero - faixa D - areia extraída e brita produzida","m³",198.73]
[4011434,"Pré-misturado a quente com asfalto polímero - faixa I - camada porosa de atrito - areia e brita comerciais","t",205.81]
[4011433,"Pré-misturado a quente com asfalto polímero - faixa I - camada porosa de atrito - areia extraída e brita produzida","t",138.52000000000001]
[4011436,"Pré-misturado a quente com asfalto polímero - faixa II - camada porosa de atrito - areia e brita comerciais","t",197.6]
[4011435,"Pré-misturado a quente com asfalto polímero - faixa II - camada porosa de atrito - areia extraída e brita produzida","t",128.74]
[4011438,"Pré-misturado a quente com asfalto polímero - faixa III - camada porosa de atrito - areia e brita comerciais","t",204.15]
[4011437,"Pré-misturado a quente com asfalto polímero - faixa III - camada porosa de atrito - areia extraída e brita produzida","t",136.69999999999999]
[4011440,"Pré-misturado a quente com asfalto polímero - faixa IV - camada porosa de atrito - areia e brita comerciais","t",210.13]
[4011439,"Pré-misturado a quente com asfalto polímero - faixa IV - camada porosa de atrito - areia extraída e brita produzida","t",143.11000000000001]
[4011442,"Pré-misturado a quente com asfalto polímero - faixa V - camada porosa de atrito - areia e brita comerciais","t",208.32]
[4011441,"Pré-misturado a quente com asfalto polímero - faixa V - camada porosa de atrito - areia extraída e brita produzida","t",142.68]
[4011482,"Reciclagem com incorporação do revestimento asfáltico à base e adição de 3% de cimento - 100% Proctor modificado","m³",80.48]
[4011486,"Reciclagem com incorporação do revestimento asfáltico à base e adição de 3% de cimento e de brita comercial - 100% Proctor modificado","m³",121.94]
[4011485,"Reciclagem com incorporação do revestimento asfáltico à base e adição de 3% de cimento e de brita produzida - 100% Proctor modificado","m³",98.94]
[4011484,"Reciclagem com incorporação do revestimento asfáltico à base e adição de brita comercial - 100% Proctor modificado","m³",78.28]
[4011483,"Reciclagem com incorporação do revestimento asfáltico à base e adição de brita produzida - 100% Proctor modificado","m³",55.27]
[4011488,"Reciclagem com incorporação do revestimento asfáltico à base e adição de espuma asfáltica e cimento - 100% Proctor modificado","m³",57.25]
[4011487,"Reciclagem com incorporação do revestimento asfáltico à base e adição de espuma asfáltica, cimento e pó de pedra comercial - 100% Proctor modificado","m³",89.06]
[4011489,"Reciclagem de revestimento asfáltico em usina com adição de espuma asfáltica, pó de pedra comercial e cimento - 100% Proctor modificado","m³",151.58000000000001]
[4011493,"Reciclagem de revestimento asfáltico em usina com adição de espuma asfáltica, pó de pedra produzido e cimento - 100% Proctor modificado","m³",103.87]
[4011481,"Reciclagem simples com incorporação do revestimento asfáltico à base - 100% Proctor modificado","m³",36.81]
[4011347,"Reestabilização de camada de base com adição de 3% de cimento - 100% Proctor modificado","m³",67.48]
[4011342,"Reestabilização de camada de base com adição de 30% de brita comercial - 100% Proctor modificado","m³",92.37]
[4011344,"Reestabilização de camada de base com adição de 30% de brita produzida - 100% Proctor modificado","m³",54.4]
[4011341,"Reestabilização de camada de base com adição de 30% de material fresado retirado da pista - 100% Proctor modificado","m³",14.9]
[4011346,"Reestabilização de camada de base sem adição de material - 100% Proctor modificado","m³",11.19]
[4011211,"Reforço do subleito com material de jazida - 100% Proctor intermediário","m³",13.42]
[4011304,"Reforço do subleito de solo melhorado com 4% de cal e mistura na pista com material de jazida - 100% Proctor intermediário","m³",59.32]
[4011209,"Regularização do subleito - 100% Proctor intermediário","m²",1.53]
[4011210,"Regularização do subleito com fresagem corte e controle automático de greide - 100% Proctor intermediário","m²",1.63]
[4011537,"Serragem de juntas em pavimento de concreto, limpeza e enchimento com selante a frio","m",19.690000000000001]
[4011218,"Sub-base de concreto adensado por vibração - areia e brita comerciais","m³",448.17]
[4011217,"Sub-base de concreto adensado por vibração - areia extraída e brita produzida","m³",301.64999999999998]
[4011214,"Sub-base de concreto compactado com rolo - brita comercial","m³",320.54000000000002]
[4011213,"Sub-base de concreto compactado com rolo - brita produzida","m³",179.88]
[4011227,"Sub-base de solo estabilizado granulometricamente sem mistura com material de jazida - 100% Proctor intermediário","m³",13.42]
[4011302,"Sub-base de solo melhorado com 3% de cimento e mistura em usina com material de jazida - 100% Proctor intermediário","m³",65.56]
[4011300,"Sub-base de solo melhorado com 3% de cimento e mistura na pista com material de jazida - 100% Proctor intermediário","m³",57.59]
[4011306,"Sub-base de solo-cal com 7% de cal e mistura na pista com material de jazida - 100% Proctor normal","m³",90.02]
[4011228,"Sub-base estabilizada granulometricamente com mistura de solos na pista com material de jazida - 100% Proctor intermediário","m³",14.99]
[4011229,"Sub-base estabilizada granulometricamente com mistura solo areia (70% - 30%) em usina com material de jazida e areia extraída - 100% Proctor intermediário","m³",32.06]
[4011372,"Tratamento superficial duplo com banho diluído - brita comercial","m²",6.22]
[4011371,"Tratamento superficial duplo com banho diluído - brita produzida","m²",4.0199999999999996]
[4011378,"Tratamento superficial duplo com banho diluído com emulsão com polímero - brita comercial","m²",6.22]
[4011377,"Tratamento superficial duplo com banho diluído com emulsão com polímero - brita produzida","m²",4.0199999999999996]
[4011368,"Tratamento superficial duplo com CAP - brita comercial","m²",5.09]
[4011367,"Tratamento superficial duplo com CAP - brita produzida","m²",2.9]
[4011374,"Tratamento superficial duplo com CAP com polímero - brita comercial","m²",5.09]
[4011373,"Tratamento superficial duplo com CAP com polímero - brita produzida","m²",2.9]
[4011370,"Tratamento superficial duplo com emulsão - brita comercial","m²",5.7]
[4011369,"Tratamento superficial duplo com emulsão - brita produzida","m²",3.51]
[4011376,"Tratamento superficial duplo com emulsão com polímero - brita comercial","m²",5.7]
[4011375,"Tratamento superficial duplo com emulsão com polímero - brita produzida","m²",3.51]
[4011360,"Tratamento superficial simples com banho diluído - brita comercial","m²",2.2000000000000002]
[4011359,"Tratamento superficial simples com banho diluído - brita produzida","m²",1.46]
[4011366,"Tratamento superficial simples com banho diluído com emulsão com polímero - brita comercial","m²",2.2000000000000002]
[4011365,"Tratamento superficial simples com banho diluído com emulsão com polímero - brita produzida","m²",1.46]
[4011356,"Tratamento superficial simples com CAP - brita comercial","m²",1.74]
[4011355,"Tratamento superficial simples com CAP - brita produzida","m²",1]
[4011362,"Tratamento superficial simples com CAP com polímero - brita comercial","m²",1.74]
[4011361,"Tratamento superficial simples com CAP com polímero - brita produzida","m²",1]
[4011358,"Tratamento superficial simples com emulsão - brita comercial","m²",1.98]
[4011357,"Tratamento superficial simples com emulsão - brita produzida","m²",1.24]
[4011364,"Tratamento superficial simples com emulsão com polímero - brita comercial","m²",1.98]
[4011363,"Tratamento superficial simples com emulsão com polímero - brita produzida","m²",1.24]
[4011384,"Tratamento superficial triplo com banho diluído - brita comercial","m²",6.91]
[4011383,"Tratamento superficial triplo com banho diluído - brita produzida","m²",4.41]
[4011390,"Tratamento superficial triplo com banho diluído - emulsão com polímero - brita comercial","m²",6.91]
[4011389,"Tratamento superficial triplo com banho diluído - emulsão com polímero - brita produzida","m²",4.41]
[4011380,"Tratamento superficial triplo com CAP - brita comercial","m²",5.79]
[4011379,"Tratamento superficial triplo com CAP - brita produzida","m²",3.28]
[4011386,"Tratamento superficial triplo com CAP com polímero - brita comercial","m²",5.79]
[4011385,"Tratamento superficial triplo com CAP com polímero - brita produzida","m²",3.28]
[4011382,"Tratamento superficial triplo com emulsão - brita comercial","m²",6.4]
[4011381,"Tratamento superficial triplo com emulsão - brita produzida","m²",3.9]
[4011388,"Tratamento superficial triplo com emulsão com polímero - brita comercial","m²",6.4]
[4011387,"Tratamento superficial triplo com emulsão com polímero - brita produzida","m²",3.9]
[4011212,"Varredura da superfície para execução de revestimento asfáltico","m²",7.0000000000000007E-2]
[4208197,"Ancoragem fixa para estais de 12 cordoalhas D = 15,7 mm - inclusive injeção de cera","un",13745.47]
[4208158,"Ancoragem fixa para estais de 19 cordoalhas D = 15,7 mm - inclusive injeção de cera","un",18133.439999999999]
[4208198,"Ancoragem fixa para estais de 22 cordoalhas D = 15,7 mm - inclusive injeção de cera","un",21507.25]
[4208159,"Ancoragem fixa para estais de 31 cordoalhas D = 15,7 mm - inclusive injeção de cera","un",29052.6]
[4208160,"Ancoragem fixa para estais de 37 cordoalhas D = 15,7 mm - inclusive injeção de cera","un",34444.06]
[4208199,"Ancoragem fixa para estais de 43 cordoalhas D = 15,7 mm - inclusive injeção de cera","un",39847.53]
[4208161,"Ancoragem fixa para estais de 55 cordoalhas D = 15,7 mm - inclusive injeção de cera","un",50312.54]
[4208162,"Ancoragem fixa para estais de 61 cordoalhas D = 15,7 mm - inclusive injeção de cera","un",55490.18]
[4208163,"Ancoragem fixa para estais de 73 cordoalhas D = 15,7 mm - inclusive injeção de cera","un",66012.929999999993]
[4208200,"Ancoragem fixa para estais de 85 cordoalhas D = 15,7 mm - inclusive injeção de cera","un",76908.41]
[4208164,"Ancoragem fixa para estais de 91 cordoalhas D = 15,7 mm - inclusive injeção de cera","un",81919.25]
[4208201,"Ancoragem regulável para estais de 12 cordoalhas D = 15,7 mm - inclusive protensão, injeção de cera e regulagem final","un",24062.41]
[4208151,"Ancoragem regulável para estais de 19 cordoalhas D = 15,7 mm - inclusive protensão, injeção de cera e regulagem final","un",31454.34]
[4208202,"Ancoragem regulável para estais de 22 cordoalhas D = 15,7 mm - inclusive protensão, injeção de cera e regulagem final","un",37314.769999999997]
[4208152,"Ancoragem regulável para estais de 31 cordoalhas D = 15,7 mm - inclusive protensão, injeção de cera e regulagem final","un",50255.86]
[4208153,"Ancoragem regulável para estais de 37 cordoalhas D = 15,7 mm - inclusive protensão, injeção de cera e regulagem final","un",59583.99]
[4208203,"Ancoragem regulável para estais de 43 cordoalhas D = 15,7 mm - inclusive protensão, injeção de cera e regulagem final","un",68991.63]
[4208154,"Ancoragem regulável para estais de 55 cordoalhas D = 15,7 mm - inclusive protensão, injeção de cera e regulagem final","un",87097.82]
[4208155,"Ancoragem regulável para estais de 61 cordoalhas D = 15,7 mm - inclusive protensão, injeção de cera e regulagem final","un",96636.15]
[4208156,"Ancoragem regulável para estais de 73 cordoalhas D = 15,7 mm - inclusive protensão, injeção de cera e regulagem final","un",115037.25]
[4208204,"Ancoragem regulável para estais de 85 cordoalhas D = 15,7 mm - inclusive protensão, injeção de cera e regulagem final","un",133863.87]
[4208157,"Ancoragem regulável para estais de 91 cordoalhas D = 15,7 mm - inclusive protensão, injeção de cera e regulagem final","un",142955.26]
[4208127,"Cordoalha para estais CP 177 RB D = 15,7 mm - fornecimento, preparo e colocação","kg",28.12]
[4208196,"Elevador de cremalheira - ascensão e ancoragem da torre a partir de 16 m com cada elevação de até 9 m - utilização de 50 vezes - inclusive desmontagem","un",2526.09]
[4208209,"Elevador de cremalheira - montagem e desmontagem até a altura de 16 m - exceto fundações","un",11538.33]
[4208206,"Elevador de cremalheira com cabine simples, com capacidade de 1.500 kg e altura de até 100 m - operação","h",124.84]
[4208210,"Grua fixa - montagem e desmontagem até a altura de 60 m - exceto fundações","un",25730.25]
[4208195,"Grua fixa - telescopagem e ancoragem da torre a partir de 60 m com cada elevação de até 18 m - inclusive desmontagem","un",13731.4]
[4208208,"Grua fixa com altura de 60 a 102 m, com alcance de 60 m e capacidade de 1.500 kg na ponta da lança - operação","h",607.79999999999995]
[4208135,"Tubo antivandalismo em aço galvanizado para estais de 12 cordoalhas D = 15,7 mm - fornecimento e instalação","m",1768.41]
[4208136,"Tubo antivandalismo em aço galvanizado para estais de 19 cordoalhas D = 15,7 mm - fornecimento e instalação","m",2016.17]
[4208137,"Tubo antivandalismo em aço galvanizado para estais de 22 cordoalhas D = 15,7 mm - fornecimento e instalação","m",2314.6999999999998]
[4208138,"Tubo antivandalismo em aço galvanizado para estais de 31 cordoalhas D = 15,7 mm - fornecimento e instalação","m",2607.2600000000002]
[4208139,"Tubo antivandalismo em aço galvanizado para estais de 37 cordoalhas D = 15,7 mm - fornecimento e instalação","m",2614.4299999999998]
[4208140,"Tubo antivandalismo em aço galvanizado para estais de 43 cordoalhas D = 15,7 mm - fornecimento e instalação","m",3250.57]
[4208141,"Tubo antivandalismo em aço galvanizado para estais de 55 cordoalhas D = 15,7 mm - fornecimento e instalação","m",3267.29]
[4208212,"Tubo antivandalismo em aço galvanizado para estais de 61 cordoalhas D = 15,7 mm - fornecimento e instalação","m",3268.87]
[4208213,"Tubo antivandalismo em aço galvanizado para estais de 73 cordoalhas D = 15,7 mm - fornecimento e instalação","m",3761.55]
[4208214,"Tubo antivandalismo em aço galvanizado para estais de 85 cordoalhas D = 15,7 mm - fornecimento e instalação","m",4251.6899999999996]
[4208215,"Tubo antivandalismo em aço galvanizado para estais de 91 cordoalhas D = 15,7 mm - fornecimento e instalação","m",4265.5600000000004]
[4208216,"Tubo fôrma lado fixo em aço galvanizado para estais de 12 cordoalhas D = 15,7 mm - fornecimento e instalação","m",2369.66]
[4208217,"Tubo fôrma lado fixo em aço galvanizado para estais de 19 cordoalhas D = 15,7 mm - fornecimento e instalação","m",2700.28]
[4208218,"Tubo fôrma lado fixo em aço galvanizado para estais de 22 cordoalhas D = 15,7 mm - fornecimento e instalação","m",3527.17]
[4208219,"Tubo fôrma lado fixo em aço galvanizado para estais de 31 cordoalhas D = 15,7 mm - fornecimento e instalação","m",4555.6400000000003]
[4208220,"Tubo fôrma lado fixo em aço galvanizado para estais de 37 cordoalhas D = 15,7 mm - fornecimento e instalação","m",4835.75]
[4208221,"Tubo fôrma lado fixo em aço galvanizado para estais de 43 cordoalhas D = 15,7 mm - fornecimento e instalação","m",6364.91]
[4208222,"Tubo fôrma lado fixo em aço galvanizado para estais de 55 cordoalhas D = 15,7 mm - fornecimento e instalação","m",8021.12]
[4208223,"Tubo fôrma lado fixo em aço galvanizado para estais de 61 cordoalhas D = 15,7 mm - fornecimento e instalação","m",8023.55]
[4208224,"Tubo fôrma lado fixo em aço galvanizado para estais de 73 cordoalhas D = 15,7 mm - fornecimento e instalação","m",9372.92]
[4208225,"Tubo fôrma lado fixo em aço galvanizado para estais de 85 cordoalhas D = 15,7 mm - fornecimento e instalação","m",10525.17]
[4208226,"Tubo fôrma lado fixo em aço galvanizado para estais de 91 cordoalhas D = 15,7 mm - fornecimento e instalação","m",10774.12]
[4208227,"Tubo fôrma lado regulável em aço galvanizado para estais de 12 cordoalhas D = 15,7 mm - fornecimento e instalação","m",1546.8]
[4208228,"Tubo fôrma lado regulável em aço galvanizado para estais de 19 cordoalhas D = 15,7 mm - fornecimento e instalação","m",1787.51]
[4208229,"Tubo fôrma lado regulável em aço galvanizado para estais de 22 cordoalhas D = 15,7 mm - fornecimento e instalação","m",2318.7399999999998]
[4208230,"Tubo fôrma lado regulável em aço galvanizado para estais de 31 cordoalhas D = 15,7 mm - fornecimento e instalação","m",2996.05]
[4208231,"Tubo fôrma lado regulável em aço galvanizado para estais de 37 cordoalhas D = 15,7 mm - fornecimento e instalação","m",3185.02]
[4208232,"Tubo fôrma lado regulável em aço galvanizado para estais de 43 cordoalhas D = 15,7 mm - fornecimento e instalação","m",4185.38]
[4208233,"Tubo fôrma lado regulável em aço galvanizado para estais de 55 cordoalhas D = 15,7 mm - fornecimento e instalação","m",5265.97]
[4208234,"Tubo fôrma lado regulável em aço galvanizado para estais de 61 cordoalhas D = 15,7 mm - fornecimento e instalação","m",5268.2]
[4208235,"Tubo fôrma lado regulável em aço galvanizado para estais de 73 cordoalhas D = 15,7 mm - fornecimento e instalação","m",6171.27]
[4208236,"Tubo fôrma lado regulável em aço galvanizado para estais de 85 cordoalhas D = 15,7 mm - fornecimento e instalação","m",7026.13]
[4208237,"Tubo fôrma lado regulável em aço galvanizado para estais de 91 cordoalhas D = 15,7 mm - fornecimento e instalação","m",7113.53]
[4208128,"Tubo PEAD para estais - D = 110 mm - fornecimento e instalação","m",258.83]
[4208129,"Tubo PEAD para estais - D = 140 mm - fornecimento e instalação","m",288.02999999999997]
[4208130,"Tubo PEAD para estais - D = 160 mm - fornecimento e instalação","m",331.61]
[4208131,"Tubo PEAD para estais - D = 180 mm - fornecimento e instalação","m",385.85]
[4208132,"Tubo PEAD para estais - D = 200 mm - fornecimento e instalação","m",440.19]
[4208133,"Tubo PEAD para estais - D = 225 mm - fornecimento e instalação","m",500.07]
[4208134,"Tubo PEAD para estais - D = 250 mm - fornecimento e instalação","m",560.74]
[4208238,"Tubo PEAD para estais - D = 280 mm - fornecimento e instalação","m",592.51]
[4208239,"Tubo PEAD para estais - D = 315 mm - fornecimento e instalação","m",644.29999999999995]
[4413920,"Adubação de cobertura por equipamento de hidrossemeadura em áreas de semeadura via seca ou de hidrossemeadura","m²",0.47]
[4413024,"Adubação manual de cobertura em áreas de enleivamento ou de plantio de mudas de gramíneas","m²",0.36]
[4413022,"Adubação manual de cobertura em áreas de semeadura via seca ou de hidrossemeadura","m²",0.54]
[4413020,"Barreira arbórea para tratamento acústico das áreas lindeiras da faixa de domínio – densidade de plantio de 1,0 m entre mudas","m",38.82]
[4413013,"Cerca de passagem de fauna com tela de alambrado sobre mureta de blocos de concreto - H = 20 cm - mourões de madeira a cada 2,5 m e esticador a cada 50 m","m",81.59]
[4413019,"Cerca viva para tratamento acústico das áreas lindeiras da faixa de domínio – densidade de plantio de 1,0 m entre mudas","m",34.270000000000003]
[4413026,"Dique de bambu para controle de erosão de taludes","m²",277.13]
[4413996,"Enleivamento","m²",9.7200000000000006]
[4413942,"Espalhamento de material em bota-fora","m³",1.96]
[4413018,"Fixação de tela eletrossoldada em talude para lançamento de argamassa ou concreto projetado","kg",13.45]
[4413905,"Hidrossemeadura","m²",6.33]
[4413987,"Irrigação de área plantada para proteção vegetal do corpo estradal","m²",0.34]
[4413995,"Obtenção de grama para replantio","m²",2.74]
[4413994,"Passagem aérea de animais com rede de cabos de aço e sisal apoiadas em 6 postes de concreto de 15 m - extensão total de 100 m","m",678.15]
[4413200,"Plantio de grama comercial em placas","m²",16.53]
[4413990,"Plantio de muda de arbusto com altura até 0,50 m em cova de 0,40 x 0,40 x 0,40 m","un",34.270000000000003]
[4413989,"Plantio de muda de árvore com altura de 0,30 a 0,80 m em cova de 0,60 x 0,60 x 0,60 m","un",38.82]
[4413951,"Plantio de muda de árvore frutífera com altura até 1,00 m em cova de 0,60 x 0,60 x 0,60 m","un",52.65]
[4413950,"Plantio de muda de árvore frutífera com altura de 1,00 a 2,00 m em cova de 0,60 x 0,60 x 0,60 m","un",101.64]
[4413949,"Plantio de muda de árvore frutífera com altura de 2,00 a 3,00 m em cova de 0,60 x 0,60 x 0,60 m","un",241.03]
[4413948,"Plantio de muda de árvore ornamental com altura até 1,00 m em cova de 0,60 x 0,60 x 0,60 m","un",54.68]
[4413947,"Plantio de muda de árvore ornamental com altura de 1,00 a 2,00 m em cova de 0,60 x 0,60 x 0,60 m","un",93.15]
[4413946,"Plantio de muda de árvore ornamental com altura de 2,00 a 3,00 m em cova de 0,60 x 0,60 x 0,60 m","un",122.29]
[4413952,"Plantio de tapete de floríferas com altura até 0,50 m","m²",72.67]
[4413012,"Preenchimento de erosão em talude com terra vegetal e sementes de gramíneas ensacadas","m³",362.26]
[4413014,"Recuperação ambiental de pedreiras ou áreas degradadas com biomanta vegetal de fibras de coco","m²",16.149999999999999]
[4413016,"Recuperação ambiental de pedreiras ou áreas degradadas com biomanta vegetal de fibras de palha em áreas com inclinação máxima de 1:1,5","m²",10.1]
[4413984,"Regularização de bota-fora com espalhamento e compactação","m³",3.8]
[4413986,"Regularização de superfície com motoniveladora","m²",7.0000000000000007E-2]
[4413985,"Regularização manual de taludes de cortes e aterros","m²",20.309999999999999]
[4413017,"Retentores de sedimentos em fibras vegetais - D = 20 cm","m",70.430000000000007]
[4415673,"Revestimento vegetal com grama em mudas em superfícies inclinadas","m²",7.37]
[4415684,"Revestimento vegetal com grama em mudas em superfícies planas","m²",4.17]
[4413993,"Revestimento vegetal por semeadura a lanço manual de gramíneas e leguminosas","m²",0.52]
[4507754,"Ancoragem ativa com 10 cordoalhas aderentes D = 12,7 mm - fornecimento e instalação","un",892.18]
[4507738,"Ancoragem ativa com 10 cordoalhas aderentes D = 15,2 mm - fornecimento e instalação","un",1208.1500000000001]
[4507755,"Ancoragem ativa com 12 cordoalhas aderentes D = 12,7 mm - fornecimento e instalação","un",1116.3699999999999]
[4507756,"Ancoragem ativa com 12 cordoalhas aderentes D = 15,2 mm - fornecimento e instalação","un",1465.89]
[4507757,"Ancoragem ativa com 15 cordoalhas aderentes D = 12,7 mm - fornecimento e instalação","un",1550.38]
[4507758,"Ancoragem ativa com 15 cordoalhas aderentes D = 15,2 mm - fornecimento e instalação","un",1923.82]
[4507759,"Ancoragem ativa com 19 cordoalhas aderentes D = 12,7 mm - fornecimento e instalação","un",1955.31]
[4507760,"Ancoragem ativa com 19 cordoalhas aderentes D = 15,2 mm - fornecimento e instalação","un",2485.09]
[4507761,"Ancoragem ativa com 22 cordoalhas aderentes D = 12,7 mm - fornecimento e instalação","un",2522.2399999999998]
[4507762,"Ancoragem ativa com 22 cordoalhas aderentes D = 15,2 mm - fornecimento e instalação","un",3210.99]
[4507763,"Ancoragem ativa com 27 cordoalhas aderentes D = 12,7 mm - fornecimento e instalação","un",3063.22]
[4507764,"Ancoragem ativa com 27 cordoalhas aderentes D = 15,2 mm - fornecimento e instalação","un",4178.32]
[4507765,"Ancoragem ativa com 31 cordoalhas aderentes D = 12,7 mm - fornecimento e instalação","un",3242.89]
[4508192,"Ancoragem ativa com 31 cordoalhas aderentes D = 15,2 mm - fornecimento e instalação","un",5495.33]
[4507766,"Ancoragem ativa com 4 cordoalhas aderentes D = 12,7 mm - fornecimento e instalação","un",421.54]
[4507767,"Ancoragem ativa com 4 cordoalhas aderentes D = 15,2 mm - fornecimento e instalação","un",515.35]
[4507768,"Ancoragem ativa com 6 cordoalhas aderentes D = 12,7 mm - fornecimento e instalação","un",538.57000000000005]
[4507769,"Ancoragem ativa com 6 cordoalhas aderentes D = 15,2 mm - fornecimento e instalação","un",678.51]
[4507770,"Ancoragem ativa com 7 cordoalhas aderentes D = 12,7 mm - fornecimento e instalação","un",616.82000000000005]
[4507771,"Ancoragem ativa com 7 cordoalhas aderentes D = 15,2 mm - fornecimento e instalação","un",791.64]
[4507772,"Ancoragem ativa com 8 cordoalhas aderentes D = 12,7 mm - fornecimento e instalação","un",791.05]
[4508193,"Ancoragem ativa com 8 cordoalhas aderentes D = 15,2 mm - fornecimento e instalação","un",912.06]
[4507773,"Ancoragem ativa com 9 cordoalhas aderentes D = 12,7 mm - fornecimento e instalação","un",808.5]
[4507774,"Ancoragem ativa com 9 cordoalhas aderentes D = 15,2 mm - fornecimento e instalação","un",1081.6300000000001]
[4507775,"Ancoragem ativa para lajes com 1 cordoalha aderente D = 12,7 mm - fornecimento e instalação","un",95.54]
[4507776,"Ancoragem ativa para lajes com 1 cordoalha aderente D = 15,2 mm - fornecimento e instalação","un",106.58]
[4507783,"Ancoragem ativa para lajes com 1 cordoalha engraxada D = 12,7 mm - fornecimento e instalação","un",81.23]
[4507784,"Ancoragem ativa para lajes com 1 cordoalha engraxada D = 15,2 mm - fornecimento e instalação","un",114.07]
[4507777,"Ancoragem ativa para lajes com 2 cordoalhas aderentes D = 12,7 mm - fornecimento e instalação","un",188.24]
[4507778,"Ancoragem ativa para lajes com 2 cordoalhas aderentes D = 15,2 mm - fornecimento e instalação","un",233.7]
[4507779,"Ancoragem ativa para lajes com 3 cordoalhas aderentes D = 12,7 mm - fornecimento e instalação","un",262.52999999999997]
[4507780,"Ancoragem ativa para lajes com 3 cordoalhas aderentes D = 15,2 mm - fornecimento e instalação","un",285.43]
[4507781,"Ancoragem ativa para lajes com 4 cordoalhas aderentes D = 12,7 mm - fornecimento e instalação","un",343.1]
[4507782,"Ancoragem ativa para lajes com 4 cordoalhas aderentes D = 15,2 mm - fornecimento e instalação","un",410.14]
[4507785,"Ancoragem passiva com 10 cordoalhas aderentes D = 12,7 mm - fornecimento e instalação","un",148.03]
[4508194,"Ancoragem passiva com 10 cordoalhas aderentes D = 15,2 mm - fornecimento e instalação","un",169.57]
[4507786,"Ancoragem passiva com 12 cordoalhas aderentes D = 12,7 mm - fornecimento e instalação","un",171.59]
[4507787,"Ancoragem passiva com 12 cordoalhas aderentes D = 15,2 mm - fornecimento e instalação","un",196.08]
[4507788,"Ancoragem passiva com 15 cordoalhas aderentes D = 12,7 mm - fornecimento e instalação","un",232.91]
[4507789,"Ancoragem passiva com 15 cordoalhas aderentes D = 15,2 mm - fornecimento e instalação","un",271.37]
[4507790,"Ancoragem passiva com 19 cordoalhas aderentes D = 12,7 mm - fornecimento e instalação","un",285.47000000000003]
[4507791,"Ancoragem passiva com 19 cordoalhas aderentes D = 15,2 mm - fornecimento e instalação","un",288.89]
[4507792,"Ancoragem passiva com 22 cordoalhas aderentes D = 12,7 mm - fornecimento e instalação","un",347.56]
[4507793,"Ancoragem passiva com 22 cordoalhas aderentes D = 15,2 mm - fornecimento e instalação","un",380.67]
[4507794,"Ancoragem passiva com 27 cordoalhas aderentes D = 12,7 mm - fornecimento e instalação","un",474.29]
[4507795,"Ancoragem passiva com 27 cordoalhas aderentes D = 15,2 mm - fornecimento e instalação","un",536.59]
[4507796,"Ancoragem passiva com 31 cordoalhas aderentes D = 12,7 mm - fornecimento e instalação","un",546.72]
[4508190,"Ancoragem passiva com 31 cordoalhas aderentes D = 15,2 mm - fornecimento e instalação","un",655.42]
[4507797,"Ancoragem passiva com 4 cordoalhas aderentes D = 12,7 mm - fornecimento e instalação","un",65.3]
[4507798,"Ancoragem passiva com 4 cordoalhas aderentes D = 15,2 mm - fornecimento e instalação","un",67.91]
[4507799,"Ancoragem passiva com 6 cordoalhas aderentes D = 12,7 mm - fornecimento e instalação","un",95.6]
[4507800,"Ancoragem passiva com 6 cordoalhas aderentes D = 15,2 mm - fornecimento e instalação","un",99.46]
[4507801,"Ancoragem passiva com 7 cordoalhas aderentes D = 12,7 mm - fornecimento e instalação","un",114.75]
[4507802,"Ancoragem passiva com 7 cordoalhas aderentes D = 15,2 mm - fornecimento e instalação","un",118.62]
[4507803,"Ancoragem passiva com 8 cordoalhas aderentes D = 12,7 mm - fornecimento e instalação","un",115.15]
[4508191,"Ancoragem passiva com 8 cordoalhas aderentes D = 15,2 mm - fornecimento e instalação","un",119.02]
[4507804,"Ancoragem passiva com 9 cordoalhas aderentes D = 12,7 mm - fornecimento e instalação","un",142.91999999999999]
[4507805,"Ancoragem passiva com 9 cordoalhas aderentes D = 15,2 mm - fornecimento e instalação","un",145.29]
[4507806,"Ancoragem passiva para lajes com 1 cordoalha aderente D = 12,7 mm - fornecimento e instalação","un",27.12]
[4507807,"Ancoragem passiva para lajes com 1 cordoalha aderente D = 15,2 mm - fornecimento e instalação","un",32.69]
[4507866,"Ancoragem passiva para lajes com 1 cordoalha engraxada D = 12,7 mm - fornecimento e instalação","un",76.06]
[4507867,"Ancoragem passiva para lajes com 1 cordoalha engraxada D = 15,2 mm - fornecimento e instalação","un",108.9]
[4507808,"Ancoragem passiva para lajes com 2 cordoalhas aderentes D = 12,7 mm - fornecimento e instalação","un",29.62]
[4507809,"Ancoragem passiva para lajes com 2 cordoalhas aderentes D = 15,2 mm - fornecimento e instalação","un",36.43]
[4507810,"Ancoragem passiva para lajes com 3 cordoalhas aderentes D = 12,7 mm - fornecimento e instalação","un",50.32]
[4507811,"Ancoragem passiva para lajes com 3 cordoalhas aderentes D = 15,2 mm - fornecimento e instalação","un",58.11]
[4507812,"Ancoragem passiva para lajes com 4 cordoalhas aderentes D = 12,7 mm - fornecimento e instalação","un",55.79]
[4507813,"Ancoragem passiva para lajes com 4 cordoalhas aderentes D = 15,2 mm - fornecimento e instalação","un",66.33]
[4507851,"Bainha metálica ovalizada seção 19 x 36 mm para 1 cordoalha D = 12,7 mm - fornecimento, instalação e injeção de nata de cimento","m",23.04]
[4507852,"Bainha metálica ovalizada seção 19 x 36 mm para 2 cordoalhas D = 12,7 mm - fornecimento, instalação e injeção de nata de cimento","m",22.89]
[4507853,"Bainha metálica ovalizada seção 19 x 48 mm para 3 cordoalhas D = 12,7 mm - fornecimento, instalação e injeção de nata de cimento","m",26.19]
[4507854,"Bainha metálica ovalizada seção 19 x 62 mm para 4 cordoalhas D = 12,7 mm - fornecimento, instalação e injeção de nata de cimento","m",27.9]
[4507855,"Bainha metálica ovalizada seção 22 x 32 mm para 1 cordoalha D = 15,2 mm - fornecimento, instalação e injeção de nata de cimento","m",23.13]
[4507856,"Bainha metálica ovalizada seção 22 x 32 mm para 2 cordoalhas D = 15,2 mm - fornecimento, instalação e injeção de nata de cimento","m",22.93]
[4507857,"Bainha metálica ovalizada seção 22 x 55 mm para 3 cordoalhas D = 15,2 mm - fornecimento, instalação e injeção de nata de cimento","m",27.78]
[4507858,"Bainha metálica ovalizada seção 22 x 73 mm para 4 cordoalhas D = 15,2 mm - fornecimento, instalação e injeção de nata de cimento","m",30.71]
[4508177,"Bainha metálica redonda D = 100 mm para 21 cordoalhas D = 15,2 mm - fornecimento, instalação e injeção de nata de cimento","m",59.9]
[4508178,"Bainha metálica redonda D = 100 mm para 22 cordoalhas D = 15,2 mm - fornecimento, instalação e injeção de nata de cimento","m",59.69]
[4507821,"Bainha metálica redonda D = 100 mm para 24 cordoalhas D = 15,2 mm - fornecimento, instalação e injeção de nata de cimento","m",59.28]
[4507822,"Bainha metálica redonda D = 100 mm para 25 cordoalhas D = 15,2 mm - fornecimento, instalação e injeção de nata de cimento","m",59.08]
[4507823,"Bainha metálica redonda D = 100 mm para 30 cordoalhas D = 12,7 mm - fornecimento, instalação e injeção de nata de cimento","m",59.91]
[4508188,"Bainha metálica redonda D = 100 mm para 31 cordoalhas D = 12,7 mm - fornecimento, instalação e injeção de nata de cimento","m",59.77]
[4507824,"Bainha metálica redonda D = 110 mm para 27 cordoalhas D = 15,2 mm - fornecimento, instalação e injeção de nata de cimento","m",66.040000000000006]
[4507825,"Bainha metálica redonda D = 110 mm para 37 cordoalhas D = 12,7 mm - fornecimento, instalação e injeção de nata de cimento","m",66.28]
[4507826,"Bainha metálica redonda D = 120 mm para 30 cordoalhas D = 15,2 mm - fornecimento, instalação e injeção de nata de cimento","m",71.7]
[4508179,"Bainha metálica redonda D = 120 mm para 31 cordoalhas D = 15,2 mm - fornecimento, instalação e injeção de nata de cimento","m",71.489999999999995]
[4507827,"Bainha metálica redonda D = 130 mm para 37 cordoalhas D = 15,2 mm - fornecimento, instalação e injeção de nata de cimento","m",76.44]
[4508180,"Bainha metálica redonda D = 30 mm para 2 cordoalhas D = 12,7 mm - fornecimento, instalação e injeção de nata de cimento","m",22.57]
[4507739,"Bainha metálica redonda D = 35 mm para 2 cordoalhas D = 15,2 mm - fornecimento, instalação e injeção de nata de cimento","m",23.89]
[4508181,"Bainha metálica redonda D = 35 mm para 3 cordoalhas D = 12,7 mm - fornecimento, instalação e injeção de nata de cimento","m",23.87]
[4508125,"Bainha metálica redonda D = 40 mm para 3 cordoalhas D = 15,2 mm - fornecimento, instalação e injeção de nata de cimento","m",25.84]
[4507828,"Bainha metálica redonda D = 40 mm para 4 cordoalhas D = 12,7 mm - fornecimento, instalação e injeção de nata de cimento","m",25.89]
[4507829,"Bainha metálica redonda D = 45 mm para 4 cordoalhas D = 15,2 mm - fornecimento, instalação e injeção de nata de cimento","m",28.07]
[4508182,"Bainha metálica redonda D = 45 mm para 5 cordoalhas D = 12,7 mm - fornecimento, instalação e injeção de nata de cimento","m",28.18]
[4508092,"Bainha metálica redonda D = 50 mm para 5 cordoalhas D = 15,2 mm - fornecimento, instalação e injeção de nata de cimento","m",30.15]
[4507830,"Bainha metálica redonda D = 50 mm para 6 cordoalhas D = 12,7 mm - fornecimento, instalação e injeção de nata de cimento","m",30.31]
[4508183,"Bainha metálica redonda D = 55 mm para 7 cordoalhas D = 12,7 mm - fornecimento, instalação e injeção de nata de cimento","m",35.54]
[4507831,"Bainha metálica redonda D = 55 mm para 8 cordoalhas D = 12,7 mm - fornecimento, instalação e injeção de nata de cimento","m",32.630000000000003]
[4507832,"Bainha metálica redonda D = 60 mm para 6 cordoalhas D = 15,2 mm - fornecimento, instalação e injeção de nata de cimento","m",36.17]
[4507833,"Bainha metálica redonda D = 60 mm para 9 cordoalhas D = 12,7 mm - fornecimento, instalação e injeção de nata de cimento","m",36.11]
[4507834,"Bainha metálica redonda D = 65 mm para 10 cordoalhas D = 12,7 mm - fornecimento, instalação e injeção de nata de cimento","m",38.18]
[4508184,"Bainha metálica redonda D = 65 mm para 11 cordoalhas D = 12,7 mm - fornecimento, instalação e injeção de nata de cimento","m",38.04]
[4507835,"Bainha metálica redonda D = 65 mm para 12 cordoalhas D = 12,7 mm - fornecimento, instalação e injeção de nata de cimento","m",37.89]
[4508174,"Bainha metálica redonda D = 65 mm para 7 cordoalhas D = 15,2 mm - fornecimento, instalação e injeção de nata de cimento","m",38.18]
[4507836,"Bainha metálica redonda D = 65 mm para 8 cordoalhas D = 15,2 mm - fornecimento, instalação e injeção de nata de cimento","m",37.97]
[4507837,"Bainha metálica redonda D = 70 mm para 15 cordoalhas D = 12,7 mm - fornecimento, instalação e injeção de nata de cimento","m",40.49]
[4507838,"Bainha metálica redonda D = 70 mm para 9 cordoalhas D = 15,2 mm - fornecimento, instalação e injeção de nata de cimento","m",40.799999999999997]
[4507839,"Bainha metálica redonda D = 75 mm para 10 cordoalhas D = 15,2 mm - fornecimento, instalação e injeção de nata de cimento","m",42.68]
[4508175,"Bainha metálica redonda D = 75 mm para 11 cordoalhas D = 15,2 mm - fornecimento, instalação e injeção de nata de cimento","m",42.47]
[4507840,"Bainha metálica redonda D = 75 mm para 16 cordoalhas D = 12,7 mm - fornecimento, instalação e injeção de nata de cimento","m",42.44]
[4507841,"Bainha metálica redonda D = 75 mm para 18 cordoalhas D = 12,7 mm - fornecimento, instalação e injeção de nata de cimento","m",42.15]
[4507842,"Bainha metálica redonda D = 80 mm para 12 cordoalhas D = 15,2 mm - fornecimento, instalação e injeção de nata de cimento","m",46.04]
[4508185,"Bainha metálica redonda D = 80 mm para 19 cordoalhas D = 12,7 mm - fornecimento, instalação e injeção de nata de cimento","m",45.79]
[4507843,"Bainha metálica redonda D = 80 mm para 20 cordoalhas D = 12,7 mm - fornecimento, instalação e injeção de nata de cimento","m",45.64]
[4507844,"Bainha metálica redonda D = 85 mm para 15 cordoalhas D = 15,2 mm - fornecimento, instalação e injeção de nata de cimento","m",48.57]
[4508186,"Bainha metálica redonda D = 85 mm para 21 cordoalhas D = 12,7 mm - fornecimento, instalação e injeção de nata de cimento","m",48.64]
[4508187,"Bainha metálica redonda D = 85 mm para 22 cordoalhas D = 12,7 mm - fornecimento, instalação e injeção de nata de cimento","m",48.49]
[4507845,"Bainha metálica redonda D = 85 mm para 24 cordoalhas D = 12,7 mm - fornecimento, instalação e injeção de nata de cimento","m",48.21]
[4507846,"Bainha metálica redonda D = 85 mm para 25 cordoalhas D = 12,7 mm - fornecimento, instalação e injeção de nata de cimento","m",48.06]
[4507847,"Bainha metálica redonda D = 90 mm para 16 cordoalhas D = 15,2 mm - fornecimento, instalação e injeção de nata de cimento","m",54.19]
[4507848,"Bainha metálica redonda D = 90 mm para 18 cordoalhas D = 15,2 mm - fornecimento, instalação e injeção de nata de cimento","m",53.78]
[4507849,"Bainha metálica redonda D = 90 mm para 27 cordoalhas D = 12,7 mm - fornecimento, instalação e injeção de nata de cimento","m",53.6]
[4508176,"Bainha metálica redonda D = 95 mm para 19 cordoalhas D = 15,2 mm - fornecimento, instalação e injeção de nata de cimento","m",55.45]
[4507850,"Bainha metálica redonda D = 95 mm para 20 cordoalhas D = 15,2 mm - fornecimento, instalação e injeção de nata de cimento","m",55.24]
[4507956,"Cordoalha CP 190 RB D = 12,7 mm - fornecimento e instalação","kg",11.38]
[4507957,"Cordoalha CP 190 RB D = 15,2 mm - fornecimento e instalação","kg",11.37]
[4507958,"Cordoalha engraxada CP 190 RB D = 12,7 mm - fornecimento e instalação","kg",15.71]
[4507959,"Cordoalha engraxada CP 190 RB D = 15,2 mm - fornecimento e instalação","kg",15.71]
[4516138,"Gaiola metálica em cantoneira para armazenamento e manipulação de cordoalha - confecção","kg",9.76]
[4516137,"Nicho de madeira para dispositivo de ancoragem de protensão - confecção e instalação","m²",134.44]
[4805755,"Apiloamento manual","m³",29.99]
[4805756,"Apiloamento manual de superfície com espessura de 15 cm","m²",4.5]
[4816020,"Areia extraída com draga de sucção tipo bomba","m³",11.53]
[4816019,"Areia extraída com escavadeira hidráulica de longo alcance","m³",7.24]
[4816018,"Areia extraída com trator e carregadeira","m³",4.95]
[4816012,"Brita produzida em central de britagem de 80 m³/h","m³",55.57]
[4815805,"Calandragem de chapa metálica com espessura de 3 mm","m²",13.6]
[4815802,"Calandragem de chapa metálica com espessura de 5 mm","m²",20.079999999999998]
[4805754,"Compactação manual com soquete vibratório","m³",6.4]
[4816145,"Confecção de canaleta meia cana D = 0,30 m - areia e brita comerciais","m",26.13]
[4816144,"Confecção de canaleta meia cana D = 0,30 m - areia extraída e brita produzida","m",23.84]
[4816147,"Confecção de canaleta meia cana D = 0,40 m - areia e brita comerciais","m",36.299999999999997]
[4816146,"Confecção de canaleta meia cana D = 0,40 m - areia extraída e brita produzida","m",32.17]
[4816121,"Confecção de tubos de concreto D = 0,20 m - areia e brita comerciais","m",30.33]
[4816120,"Confecção de tubos de concreto D = 0,20 m - areia extraída e brita produzida","m",27.12]
[4816123,"Confecção de tubos de concreto D = 0,30 m - areia e brita comerciais","m",39.93]
[4816122,"Confecção de tubos de concreto D = 0,30 m - areia extraída e brita produzida","m",35.340000000000003]
[4816125,"Confecção de tubos de concreto D = 0,40 m - areia e brita comerciais","m",56.81]
[4816124,"Confecção de tubos de concreto D = 0,40 m - areia extraída e brita produzida","m",48.55]
[4816022,"Confecção de tubos de concreto D = 0,50 m - areia e brita comerciais","m",76.45]
[4816021,"Confecção de tubos de concreto D = 0,50 m - areia extraída e brita produzida","m",63.63]
[4816106,"Confecção de tubos de concreto perfurado D = 0,20 m - areia e brita comerciais","m",31.33]
[4816105,"Confecção de tubos de concreto perfurado D = 0,20 m - areia extraída e brita produzida","m",28.12]
[4816108,"Confecção de tubos de concreto perfurado D = 0,30 m - areia e brita comerciais","m",40.93]
[4816107,"Confecção de tubos de concreto perfurado D = 0,30 m - areia extraída e brita produzida","m",36.340000000000003]
[4816110,"Confecção de tubos de concreto perfurado D = 0,40 m - areia e brita comerciais","m",57.81]
[4816109,"Confecção de tubos de concreto perfurado D = 0,40 m - areia extraída e brita produzida","m",49.55]
[4816100,"Confecção de tubos de concreto poroso D = 0,20 m - areia e brita comerciais","m",31.19]
[4816099,"Confecção de tubos de concreto poroso D = 0,20 m - areia extraída e brita produzida","m",28.97]
[4816102,"Confecção de tubos de concreto poroso D = 0,30 m - areia e brita comerciais","m",39.85]
[4816101,"Confecção de tubos de concreto poroso D = 0,30 m - areia extraída e brita produzida","m",37.57]
[4816104,"Confecção de tubos de concreto poroso D = 0,40 m - areia e brita comerciais","m",56.76]
[4816103,"Confecção de tubos de concreto poroso D = 0,40 m - areia extraída e brita produzida","m",51.07]
[4815804,"Dobramento de chapas de alumínio com espessura de 1,5 mm e comprimento de dobra de até 500 mm","un",0.5]
[4816002,"Escavação de tunnel liner em material de 3ª categoria","m³",1264.99]
[4805765,"Escavação de vala em material de 3ª categoria","m³",192.09]
[4816000,"Escavação manual de tunnel liner em material de 1ª categoria","m³",429.84]
[4816001,"Escavação manual de tunnel liner em material de 2ª categoria","m³",730.73]
[4805749,"Escavação manual de vala em material de 1ª categoria","m³",67.69]
[4805751,"Escavação manual em material de 1ª categoria na profundidade de 1 a 2 m","m³",50.77]
[4805752,"Escavação manual em material de 1ª categoria na profundidade de 2 a 3 m","m³",60.92]
[4805753,"Escavação manual em material de 1ª categoria na profundidade de 3 a 4 m","m³",71.08]
[4805750,"Escavação manual em material de 1ª categoria na profundidade de até 1 m","m³",40.619999999999997]
[4805767,"Escavação manual em material de 2ª categoria na profundidade de 1 a 2 m","m³",70.34]
[4805769,"Escavação manual em material de 2ª categoria na profundidade de 2 a 3 m","m³",83.73]
[4805770,"Escavação manual em material de 2ª categoria na profundidade de 3 a 4 m","m³",97.13]
[4805760,"Escavação manual em material de 2ª categoria na profundidade de até 1 m","m³",56.94]
[4805757,"Escavação mecânica de vala em material de 1ª categoria","m³",6.48]
[4805762,"Escavação mecânica de vala em material de 2ª categoria","m³",8.02]
[4806395,"Fixação de parafuso em estrutura metálica","un",5.13]
[4816003,"Iluminação provisória para tunnel liner","m",41.99]
[4816017,"Material pétreo produzido em britador de mandíbulas móvel - camada final de aterro em rocha","m³",22.21]
[4816023,"Operação de mergulho autônomo em profundidade de até 20 m","h",247.81]
[4816025,"Operação de mergulho dependente em profundidade de 30 a 50 m - inclusive descompressão","h",456.51]
[4816024,"Operação de mergulho dependente em profundidade de até 30 m - inclusive descompressão","h",320.29000000000002]
[4816005,"Pedra de mão produzida manualmente","m³",81.38]
[4800400,"Preparo e regularização de terreno em desnível","m²",4.72]
[4816016,"Rachão ou pedra de mão produzida","m³",41.4]
[4800412,"Raspagem e limpeza de terreno plano","m²",4.0599999999999996]
[4815671,"Reaterro e compactação com soquete vibratório","m³",15.87]
[4815803,"Rebordeamento de chapa metálica com espessura de 5 mm","m",7.5]
[4816011,"Recarga de cilindro com ar respirável para atividades de mergulho","m³",1580.28]
[4816014,"Rocha para britagem com perfuratriz manual","m³",49.88]
[4816010,"Rocha para britagem com perfuratriz sobre esteira","m³",37.28]
[4816015,"Rocha para britagem com perfuratriz sobre esteira - camada final de aterro em rocha","m³",22.33]
[4816119,"Selo de argila apiloado (solo local)","m³",33.979999999999997]
[4816004,"Ventilação provisória para tunnel liner","m",52.16]
[4915652,"Bico de adesão para injeção de adesivo estrutural à base de resina epóxi - fornecimento, instalação e retirada","un",7.98]
[4915651,"Bico de perfuração para injeção de adesivo estrutural à base de resina epóxi - fornecimento, instalação e retirada","un",9.4499999999999993]
[4915723,"Caiação manual com fixador de cal","m²",3]
[4915724,"Caiação mecanizada com fixador de cal","m²",1.87]
[4915637,"Capa selante - areia comercial","m²",0.96]
[4915779,"Capa selante - areia extraída","m²",0.64]
[4915638,"Capa selante - brita produzida","m²",0.76]
[4915636,"Capa selante - pedrisco comercial","m²",1.07]
[4915744,"Capina manual","m²",0.68]
[4915700,"Combate à exsudação - areia comercial","m²",1.1200000000000001]
[4915590,"Combate à exsudação - areia extraída","m²",0.77]
[4915591,"Combate à exsudação - brita produzida","m²",0.9]
[4915701,"Combate à exsudação - pedrisco comercial","m²",1.23]
[4915703,"Correção de defeitos com mistura betuminosa","m³",100.15]
[4915705,"Correção de defeitos por fresagem descontínua do revestimento asfáltico - espessura de 5 cm","m³",118.26]
[4915743,"Corte e limpeza de áreas gramadas","m²",0.08]
[4915768,"Corte e remoção de árvores","m³",14.3]
[4915713,"Desobstrução de bueiro","m³",59.97]
[4915655,"Fresagem contínua de revestimento asfáltico - espessura de 3 cm","m³",85.77]
[4915656,"Fresagem contínua de revestimento asfáltico - espessura de 4 cm","m³",67.42]
[4915657,"Fresagem contínua de revestimento asfáltico - espessura de 5 cm","m³",56.4]
[4915658,"Fresagem contínua de revestimento asfáltico - espessura de 6 cm","m³",49.22]
[4915659,"Fresagem contínua de revestimento asfáltico - espessura de 7 cm","m³",44.2]
[4915660,"Fresagem contínua de revestimento asfáltico - espessura de 8 cm","m³",40.64]
[4915661,"Fresagem descontínua de revestimento asfáltico - espessura de 3 cm","m³",111.78]
[4915662,"Fresagem descontínua de revestimento asfáltico - espessura de 4 cm","m³",88.36]
[4915663,"Fresagem descontínua de revestimento asfáltico - espessura de 5 cm","m³",73.19]
[4915664,"Fresagem descontínua de revestimento asfáltico - espessura de 6 cm","m³",64.39]
[4915665,"Fresagem descontínua de revestimento asfáltico - espessura de 7 cm","m³",58.38]
[4915666,"Fresagem descontínua de revestimento asfáltico - espessura de 8 cm","m³",54.03]
[4915650,"Injeção de adesivo estrutural à base de resina epóxi de baixa viscosidade para tratamento de fissuras em estruturas de concreto - fornecimento e aplicação manual","kg",277.62]
[4915645,"Injeção de adesivo estrutural à base de resina epóxi de baixa viscosidade para tratamento de fissuras em estruturas de concreto - fornecimento e aplicação mecanizada","kg",206.1]
[4915712,"Limpeza de bueiro","m³",19.989999999999998]
[4915711,"Limpeza de descida d'água","m",1.33]
[4915790,"Limpeza de emulsão asfáltica ou asfalto diluído derramados na pista - remoção com minicarregadeira com vassoura e descarga livre","t",225.68]
[4915793,"Limpeza de líquidos combustíveis derramados na pista - remoção com minicarregadeira com vassoura e descarga livre","t",175.82]
[4915792,"Limpeza de material asfáltico derramado fora da pista - remoção com escavadeira hidráulica e caminhão basculante","t",73.69]
[4915718,"Limpeza de placa de sinalização","m²",8.64]
[4915672,"Limpeza de ponte","m",4]
[4915708,"Limpeza de sarjeta e meio-fio","m",0.67]
[4915710,"Limpeza de vala de drenagem","m",4]
[4915709,"Limpeza de valeta de corte","m",1]
[4915686,"Limpeza e desobstrução de dispositivos de drenagem em OAE","un",4]
[4915687,"Limpeza e desobstrução de drenos de obras de contenção","un",2.5]
[4915634,"Limpeza e desobstrução mecanizada de bueiros com diâmetro acima de 1,00 até 1,50 m","m",58.92]
[4915633,"Limpeza e desobstrução mecanizada de bueiros com diâmetro de até 1,00 m","m",19.440000000000001]
[4915714,"Limpeza e enchimento com resina epóxi de fissuras niveladas com abertura máxima de 0,4 mm e profundidade de 20 mm em pavimento de concreto que não atravessam toda a espessura da placa","m",2.85]
[4915759,"Limpeza e remoção de vegetação junto aos aparelhos de apoio de OAE com o uso de herbicida","un",6.75]
[4915758,"Limpeza e remoção de vegetação nas juntas de dilatação com o uso de herbicida","m",4.0199999999999996]
[4915640,"Limpeza e remoção manual de material retido em terra firme em OAE","m³",19.989999999999998]
[4915639,"Limpeza em superfície de concreto com escova de aço","m²",4]
[4915695,"Limpeza, serragem e enchimento de fissuras niveladas com abertura entre 0,4 mm e 1,0 mm e profundidade de 25 mm em pavimento de concreto com CAP","m",6.81]
[4915696,"Limpeza, serragem e enchimento de fissuras niveladas com abertura entre 0,4 mm e 1,0 mm e profundidade de 25 mm em pavimento de concreto com CAP com polímero","m",6.81]
[4915694,"Limpeza, serragem e enchimento de fissuras niveladas com abertura entre 0,4 mm e 1,0 mm e profundidade de 25 mm em pavimento de concreto com selante elástico a frio","m",29.43]
[4915654,"Lixamento mecanizado em superfície de concreto","m²",11.57]
[4900001,"Material de base","m³",0]
[4915801,"Mistura betuminosa","m³",0]
[4916290,"Mistura betuminosa a frio executada em betoneira - faixa C - areia e brita comerciais","m³",366.97]
[4915765,"Poda de árvores com 5,0 m a 7,5 m de altura","m³",196.65]
[4915766,"Poda de árvores com 7,5 m a 10 m de altura","m³",115.43]
[4915764,"Poda de árvores com até 5 m de altura","m³",353.98]
[4915767,"Poda de árvores com mais de 10 m de altura","m³",75.849999999999994]
[4915777,"Reassentamento manual de meio-fio com material arrancado da pista","m",13.05]
[4915618,"Recomposição de camada granular do pavimento com material de jazida - 100% Proctor modificado","m²",4.0599999999999996]
[4915774,"Recomposição de erosão em corte ou aterro com material de jazida","m³",22.34]
[4915719,"Recomposição de placa de sinalização","m²",32.229999999999997]
[4915611,"Recomposição de revestimento primário com material de jazida - 100% Proctor intermediário","m³",10.29]
[4915733,"Recomposição manual de aterro com material de jazida","m³",36.78]
[4915734,"Recomposição mecanizada de aterro com material de jazida","m³",11.65]
[4915727,"Recomposição parcial de cerca com mourão de concreto - arame","m",9.8000000000000007]
[4915726,"Recomposição parcial de cerca com mourão de concreto seção quadrada - mourão - areia e brita comerciais","m",23.99]
[4915594,"Recomposição parcial de cerca com mourão de concreto seção quadrada - mourão - areia extraída e brita produzida","m",22.46]
[4915729,"Recomposição parcial de cerca com mourão de concreto seção triangular - mourão - areia e brita comerciais","m",18.46]
[4915596,"Recomposição parcial de cerca com mourão de concreto seção triangular - mourão - areia extraída e brita comercial","m",17.8]
[4915732,"Recomposição parcial de cerca com mourão de madeira - arame","m",7.51]
[4915731,"Recomposição parcial de cerca com mourão de madeira - mourão","m",17.48]
[4915725,"Recomposição total de cerca com mourão de concreto seção quadrada - areia e brita comerciais","m",28.61]
[4915593,"Recomposição total de cerca com mourão de concreto seção quadrada - areia extraída e brita produzida","m",27.09]
[4915728,"Recomposição total de cerca com mourão de concreto seção triangular - areia e brita comerciais","m",27.89]
[4915595,"Recomposição total de cerca com mourão de concreto seção triangular - areia extraída e brita produzida","m",27.23]
[4915730,"Recomposição total de cerca com mourão de madeira","m",24.22]
[4915598,"Reconformação da plataforma","m²",0.1]
[4915748,"Recuperação de desgaste superficial em pavimentos de concreto","m²",232.64]
[4915608,"Regularização de taludes e valas com soquete vibratório","m²",2.42]
[4915613,"Regularização mecânica da faixa de domínio","m²",0.17]
[4915692,"Remendo profundo com imprimação com asfalto diluído - demolição manual","m³",343.85]
[4915746,"Remendo profundo com imprimação com asfalto diluído - demolição mecânica e corte com serra","m³",269.02999999999997]
[4915630,"Remendo profundo com imprimação com emulsão asfáltica - demolição manual","m³",343.85]
[4915631,"Remendo profundo com imprimação com emulsão asfáltica - demolição mecânica e corte com serra","m³",269.02999999999997]
[4915785,"Remoção de animais de grande porte mortos em rodovia - carga e descarga com guindauto","t",382.14]
[4915786,"Remoção de animais de pequeno porte mortos em rodovia - carga manual","t",153.78]
[4915795,"Remoção de emborrachados de pneus em rodovia","t",328.7]
[4915800,"Remoção de espécimes arbóreos de 20 a 40 m tombados na pista","t",49.98]
[4915799,"Remoção de espécimes arbóreos de até 20 m tombados na pista","t",39.29]
[4915698,"Remoção de grãos, agregados e solos derramados na pista em rodovias","t",18.77]
[4915794,"Remoção de sucatas derramadas em rodovia - cinta com utilização de 100 vezes","t",576.1]
[4915789,"Remoção de veículos de grande porte incendiados em rodovia - carga e descarga com guindaste - cinta com utilização de 100 vezes","un",1803.97]
[4915798,"Remoção de veículos de grande porte tombados em rodovia - cinta com utilização de 100 vezes","un",1551.14]
[4915788,"Remoção de veículos de médio porte incendiados em rodovia - carga e descarga com guindaste - cinta com utilização de 100 vezes","un",1636.09]
[4915797,"Remoção de veículos de médio porte tombados em rodovia - cinta com utilização de 100 vezes","un",757.09]
[4915787,"Remoção de veículos de pequeno porte incendiados em rodovia - carga e descarga com guindauto - cinta com utilização de 100 vezes","un",862.72]
[4915796,"Remoção de veículos de pequeno porte tombados em rodovia - cinta com utilização de 100 vezes","un",302.02]
[4915760,"Remoção de vestígios de óleo ou graxa na superfície do revestimento do pavimento","m²",53.29]
[4915699,"Remoção de vidros, caixas e engradados derramados na pista em rodovia","t",29.07]
[4915736,"Remoção manual de barreira em rocha","m³",15.03]
[4915735,"Remoção manual de barreira em solo","m³",12.18]
[4915670,"Remoção manual de camada granular do pavimento","m³",178.72]
[4915668,"Remoção manual de revestimento asfáltico","m³",279.92]
[4915761,"Remoção manual de vegetação daninha","m²",4]
[4915762,"Remoção manual de vegetação daninha em frestas","m",2]
[4915738,"Remoção mecanizada de barreira em rocha","m³",5.68]
[4915737,"Remoção mecanizada de barreira em solo","m³",4.7300000000000004]
[4915669,"Remoção mecanizada de camada granular do pavimento","m³",7.51]
[4915667,"Remoção mecanizada de revestimento asfáltico","m³",12.05]
[4915632,"Reparo localizado com pintura de ligação - demolição mecânica e corte com serra","m³",400.15]
[4915753,"Reparo no interior de placa de pavimento de concreto","m³",1370.67]
[4915776,"Roçada com roçadeira costal","ha",729.9]
[4915740,"Roçada manual","ha",1692.32]
[4915741,"Roçada manual de capim colonião","ha",4061.57]
[4915775,"Roçada mecanizada com roçadeira articulada","ha",727.6]
[4915742,"Roçada mecanizada com roçadeira de arraste","ha",450.11]
[4915626,"Selagem de trincas mecanizada em pavimento flexível com emulsão - areia comercial","m",2.0099999999999998]
[4915653,"Selagem superficial de fissuras com adesivo estrutural à base de resina epóxi de alta viscosidade, inclusive limpeza superficial - fornecimento e aplicação","kg",72.19]
[4915623,"Solo brita para base de remendo profundo - brita comercial","m³",65.87]
[4915625,"Solo melhorado com cimento para base de remendo profundo","m³",46.29]
[4915621,"Solo para base de remendo profundo","m³",4.5]
[4915720,"Substituição de balizador - areia e brita comerciais","un",29.99]
[4915592,"Substituição de balizador - areia extraída e brita produzida","un",29.26]
[4913703,"Substituição de cartucho de absorção de energia tipo A - fornecimento e instalação, e reposicionamento do amortecedor retrátil","un",5582.83]
[4913704,"Substituição de cartucho de absorção de energia tipo B - fornecimento, instalação e reposicionamento do amortecedor retrátil","un",5462.85]
[4915757,"Tapa buraco com pintura de ligação - demolição com serra corta piso","m³",412.56]
[4915678,"Tapa buraco com pintura de ligação - demolição manual","m³",350.69]
[4919547,"Tela de proteção para roçada em tubo galvanizado 4,0 X 1,5 m - confecção","un",503.9]
[4915716,"Tratamento de fissuras do tipo rendilhado em pavimentos de concreto","m²",12.32]
[4915750,"Tratamento de fissuras transversais com abertura maior que 1,0 mm em pavimentos de concreto","m",203.72]
[4915769,"Trituração de galhos e troncos com diâmetro de até 350 mm","m³",31.8]
[5213836,"Balizador cônico refletivo em polietileno semiflexível de 114 x 11 x 40 cm - utilização de 150 ciclos - fornecimento, 01 implantação e 01 retirada diária","un.dia",1.28]
[5213368,"Balizador de concreto - areia e brita comerciais - fornecimento e implantação","un",19.34]
[5213367,"Balizador de concreto - areia extraída e brita produzida - fornecimento e implantação","un",18.07]
[5213385,"Barreira de sinalização tipo I de direcionamento ou bloqueio - confecção","un",372.54]
[5213343,"Barreira de sinalização tipo I de direcionamento ou bloqueio - utilização de 150 ciclos - fornecimento, 01 implantação e 01 retirada diária","un.dia",3.92]
[5213390,"Barreira de sinalização tipo I de direcionamento ou bloqueio contínua - confecção","m",320.36]
[5213344,"Barreira de sinalização tipo I de direcionamento ou bloqueio contínua - utilização de 150 ciclos - fornecimento, 01 implantação e 01 retirada diária","m.dia",3.43]
[5213386,"Barreira de sinalização tipo II de direcionamento ou bloqueio - confecção","un",606.88]
[5213345,"Barreira de sinalização tipo II de direcionamento ou bloqueio - utilização de 150 ciclos - fornecimento, 01 implantação e 01 retirada diária","un.dia",5.81]
[5213387,"Barreira de sinalização tipo III de direcionamento ou bloqueio - confecção","un",869.7]
[5213346,"Barreira de sinalização tipo III de direcionamento ou bloqueio - utilização de 150 ciclos - fornecimento, 01 implantação e 01 retirada diária","un.dia",8.15]
[5213843,"Barreira plástica articulável modular 240 x 100 cm na cor amarela - utilização de 600 ciclos - fornecimento, 01 implantação e 01 retirada diária","m.dia",1]
[5213833,"Barreira plástica monobloco para canalização de trânsito - 101 x 50 x 55 cm - utilização de 600 ciclos - fornecimento, 01 implantação e 01 retirada diária","un.dia",9.89]
[5213834,"Barreira plástica para canalização de trânsito - 60 x 45 x 60 cm - utilização de 600 ciclos - fornecimento, 01 implantação e 01 retirada diária","un.dia",6.52]
[5219544,"Cavalete em perfil metálico para placa de sinalização - 1,00 m x 1,00 m - confecção","un",226.89]
[5213383,"Cavalete em polietileno zebrado com faixa refletiva - H = 1,00 m - utilização de 600 ciclos - fornecimento, 01 implantação e 01 retirada diária","un.dia",0.8]
[5213380,"Cavalete em polietileno zebrado com faixa refletiva e com sinalizador a LED com bateria - H = 1,00 m - utilização de 600 ciclos - fornecimento, 01 implantação e 01 retirada diária","un.dia",1.9]
[5213838,"Cilindro canalizador de tráfego com base quadrada de 111 x 56 x 56 cm - utilização de 600 ciclos - fornecimento, 01 implantação e 01 retirada diária","un.dia",4.45]
[5213837,"Cilindro flexível delimitador de tráfego com duas faixas refletivas e chumbador - D = 20 cm e H = 80 cm","un",180.07]
[5213835,"Cone plástico para canalização de trânsito - utilização de 150 ciclos - fornecimento, 01 implantação e 01 retirada diária","un.dia",0.77]
[5213839,"Dispositivo de direcionamento ou bloqueio tipo tapume - confecção","m²",340.66]
[5213347,"Dispositivo de direcionamento ou bloqueio tipo tapume - utilização de 150 ciclos - fornecimento, 01 implantação e 01 retirada diária","m².dia",7.12]
[5213840,"Dispositivo de direcionamento ou bloqueio tipo tela plástica com suporte fixo - confecção","m²",44.17]
[5213349,"Dispositivo de direcionamento ou bloqueio tipo tela plástica com suporte fixo - utilização de 150 ciclos - fornecimento, 01 implantação e 01 retirada diária","m².dia",0.71]
[5213841,"Dispositivo de direcionamento ou bloqueio tipo tela plástica com suporte móvel afixado em bloco de concreto - confecção","m²",75.38]
[5213348,"Dispositivo de direcionamento ou bloqueio tipo tela plástica com suporte móvel afixado em bloco de concreto - utilização de 150 ciclos - fornecimento, 01 implantação e 01 retirada diária","m².dia",0.83]
[5216116,"Fabricação de balizador de concreto - seção circular de 10 cm - areia e brita comerciais","un",16.62]
[5216115,"Fabricação de balizador de concreto - seção circular de 10 cm - areia extraída e brita produzida","un",15.89]
[5213842,"Fita zebrada para dispositivos de canalização de trânsito - fornecimento, implantação e retirada","m",0.12]
[5213358,"Laminado elastoplástico para sinalização horizontal - espessura de 1,5 mm - fornecimento e implantação","m²",210.49]
[5213848,"Luz de advertência e bateria para dispositivos de sinalização - utilização de 200 ciclos - fornecimento, 01 implantação e 01 retirada diária","un.dia",1.1000000000000001]
[5214012,"Manutenção/recomposição de sinalização - pintura de faixa com tinta acrílica - espessura de 0,4 mm","m²",21.98]
[5213356,"Manutenção/recomposição de sinalização - pintura de faixa com tinta acrílica - espessura de 0,6 mm","m²",30.41]
[5214011,"Manutenção/recomposição de sinalização - pintura de faixa com tinta acrílica emulsionada em água - espessura de 0,3 mm","m²",13.34]
[5213354,"Manutenção/recomposição de sinalização - pintura de faixa com tinta acrílica emulsionada em água - espessura de 0,4 mm","m²",16.02]
[5213355,"Manutenção/recomposição de sinalização - pintura de faixa com tinta acrílica emulsionada em água - espessura de 0,5 mm","m²",18.73]
[5213850,"Operação de sinalização por bandeirola de tecido ou com placa metálica","h",19.989999999999998]
[5213846,"Painel com seta luminosa montado em chassi de caminhão com prancha","h",5.56]
[5213847,"Painel com seta luminosa montado em chassi de caminhão com prancha e amortecedor retrátil","h",98.73]
[5213845,"Painel de mensagens variáveis, portátil móvel, LED, com banco fotovoltaico de energia e montado em chassi com engate","h",27.34]
[5213412,"Pintura de faixa com plástico a frio bicomponente à base de resinas metacrílicas por dispersão (estrutura)","m²",119.08]
[5213411,"Pintura de faixa com plástico a frio bicomponente à base de resinas metacrílicas por extrusão (alto relevo)","m²",211.7]
[5214009,"Pintura de faixa com plástico a frio bicomponente à base de resinas metacrílicas por extrusão (plano) - espessura de 1,5 mm","m²",119.08]
[5214010,"Pintura de faixa com plástico a frio bicomponente à base de resinas metacrílicas por extrusão (plano) - espessura de 3,0 mm","m²",219.76]
[5213413,"Pintura de faixa com plástico a frio tricomponente à base de resinas metacrílicas por aspersão - espessura de 0,6 mm","m²",69.69]
[5213410,"Pintura de faixa com termoplástico em alto relevo tipo I por extrusão - relevo duplo com base","m²",143.13999999999999]
[5214004,"Pintura de faixa com termoplástico em alto relevo tipo II por extrusão - relevo simples ranhurado com base","m²",173.41]
[5214005,"Pintura de faixa com termoplástico em alto relevo tipo III por extrusão - relevo simples com base","m²",154.76]
[5214006,"Pintura de faixa com termoplástico em alto relevo tipo IV por extrusão - relevo simples sem base","m²",96.94]
[5214007,"Pintura de faixa com termoplástico em alto relevo tipo V por extrusão - relevo multipontos sem base (gotas)","m²",81.8]
[5214008,"Pintura de faixa com termoplástico em alto relevo tipo VI por extrusão - relevo multipontos sem base (calotas)","m²",80.180000000000007]
[5213408,"Pintura de faixa com termoplástico por aspersão - espessura de 1,5 mm","m²",48.14]
[5213400,"Pintura de faixa com tinta acrílica - espessura de 0,4 mm","m²",22.23]
[5213401,"Pintura de faixa com tinta acrílica - espessura de 0,6 mm","m²",30.71]
[5214001,"Pintura de faixa com tinta acrílica emulsionada em água - espessura de 0,3 mm","m²",13.58]
[5213402,"Pintura de faixa com tinta acrílica emulsionada em água - espessura de 0,4 mm","m²",16.27]
[5213403,"Pintura de faixa com tinta acrílica emulsionada em água - espessura de 0,5 mm","m²",19]
[5214003,"Pintura de setas e zebrados com termoplástico por aspersão - espessura de 1,5 mm","m²",58.21]
[5213409,"Pintura de setas e zebrados com termoplástico por extrusão - espessura de 3,0 mm","m²",102.39]
[5213404,"Pintura de setas e zebrados com tinta acrílica - espessura de 0,4 mm","m²",35.119999999999997]
[5213405,"Pintura de setas e zebrados com tinta acrílica - espessura de 0,6 mm","m²",43.11]
[5214002,"Pintura de setas e zebrados com tinta acrílica emulsionada em água - espessura de 0,3 mm","m²",26.66]
[5213406,"Pintura de setas e zebrados com tinta acrílica emulsionada em água - espessura de 0,4 mm","m²",29.16]
[5213407,"Pintura de setas e zebrados com tinta acrílica emulsionada em água - espessura de 0,5 mm","m²",31.66]
[5212552,"Pintura eletrostática a pó com tinta poliéster em chapa de aço","m²",17.16]
[5213464,"Placa de advertência em aço, lado de 0,60 m - película retrorrefletiva tipo I + SI - fornecimento e implantação","un",266.58999999999997]
[5213465,"Placa de advertência em aço, lado de 0,80 m - película retrorrefletiva tipo I + SI - fornecimento e implantação","un",461.64]
[5213466,"Placa de advertência em aço, lado de 1,00 m - película retrorrefletiva tipo I + SI - fornecimento e implantação","un",649.82000000000005]
[5213467,"Placa de advertência em aço, lado de 1,20 m - película retrorrefletiva tipo III + SI - fornecimento e implantação","un",1016.56]
[5213468,"Placa de advertência em fibra, lado de 0,60 m - película retrorrefletiva tipo I + SI - fornecimento e implantação","un",256.14999999999998]
[5213469,"Placa de advertência em fibra, lado de 0,80 m - película retrorrefletiva tipo I + SI - fornecimento e implantação","un",441.76]
[5213470,"Placa de advertência em fibra, lado de 1,00 m - película retrorrefletiva tipo I + SI - fornecimento e implantação","un",620.83000000000004]
[5213471,"Placa de advertência em fibra, lado de 1,20 m - película retrorrefletiva tipo III + SI - fornecimento e implantação","un",974.82]
[5212560,"Placa de advertência para sinalização de obras montada em suporte metálico móvel, lado 1,00 m - utilização de 600 ciclos - fornecimento, 01 implantação e 01 retirada diária","un.dia",3.84]
[5213472,"Placa de marco quilométrico em aço - 0,60 x 0,865 m - película retrorrefletiva tipo I + I - fornecimento e implantação","un",298.02999999999997]
[5213473,"Placa de marco quilométrico em aço - 0,70 x 1,00 m - película retrorrefletiva tipo I + III - fornecimento e implantação","un",393.63]
[5213474,"Placa de marco quilométrico em fibra - 0,60 x 0,865 m - película retrorrefletiva tipo I + I - fornecimento e implantação","un",280.64]
[5213475,"Placa de marco quilométrico em fibra - 0,70 x 1,00 m - película retrorrefletiva tipo I + III - fornecimento e implantação","un",371.89]
[5213440,"Placa de regulamentação em aço D = 0,60 m - película retrorrefletiva tipo I + SI - fornecimento e implantação","un",266.56]
[5213441,"Placa de regulamentação em aço D = 0,80 m - película retrorrefletiva tipo I + SI - fornecimento e implantação","un",461.68]
[5213442,"Placa de regulamentação em aço D = 1,00 m - película retrorrefletiva tipo I + SI - fornecimento e implantação","un",649.82000000000005]
[5213443,"Placa de regulamentação em aço D = 1,20 m - película retrorrefletiva tipo III + SI - fornecimento e implantação","un",1016.58]
[5213444,"Placa de regulamentação em aço, R1 lado 0,248 m - película retrorrefletiva tipo I + SI - fornecimento e implantação","un",266.62]
[5213445,"Placa de regulamentação em aço, R1 lado 0,331 m - película retrorrefletiva tipo I + SI - fornecimento e implantação","un",461.6]
[5213446,"Placa de regulamentação em aço, R1 lado 0,414 m - película retrorrefletiva tipo I + SI - fornecimento e implantação","un",649.82000000000005]
[5213447,"Placa de regulamentação em aço, R1 lado 0,497 m - película retrorrefletiva tipo III + SI - fornecimento e implantação","un",1016.63]
[5213448,"Placa de regulamentação em aço, R2 lado 0,60 m - película retrorrefletiva tipo I + SI - fornecimento e implantação","un",181.68]
[5213449,"Placa de regulamentação em aço, R2 lado 0,80 m - película retrorrefletiva tipo I + SI - fornecimento e implantação","un",290.52]
[5213450,"Placa de regulamentação em aço, R2 lado 1,00 m - película retrorrefletiva tipo I + SI - fornecimento e implantação","un",410.28]
[5213451,"Placa de regulamentação em aço, R2 lado 1,20 m - película retrorrefletiva tipo III + SI - fornecimento e implantação","un",587.41]
[5213452,"Placa de regulamentação em fibra, D = 0,60 m - película retrorrefletiva tipo I + SI - fornecimento e implantação","un",256.12]
[5213453,"Placa de regulamentação em fibra, D = 0,80 m - película retrorrefletiva tipo I + SI - fornecimento e implantação","un",441.8]
[5213454,"Placa de regulamentação em fibra, D = 1,00 m - película retrorrefletiva tipo I + SI - fornecimento e implantação","un",620.83000000000004]
[5213455,"Placa de regulamentação em fibra, D = 1,20 m - película retrorrefletiva tipo III + SI - fornecimento e implantação","un",974.83]
[5213456,"Placa de regulamentação em fibra, R1 lado 0,248 m - película retrorrefletiva tipo I + SI - fornecimento e implantação","un",256.18]
[5213457,"Placa de regulamentação em fibra, R1 lado 0,331 m - película retrorrefletiva tipo I + SI - fornecimento e implantação","un",441.73]
[5213458,"Placa de regulamentação em fibra, R1 lado 0,414 m - película retrorrefletiva tipo I + SI - fornecimento e implantação","un",620.83000000000004]
[5213459,"Placa de regulamentação em fibra, R1 lado 0,497 m - película retrorrefletiva tipo III + SI - fornecimento e implantação","un",974.89]
[5213460,"Placa de regulamentação em fibra, R2 lado 0,60 m - película retrorrefletiva tipo I + SI - fornecimento e implantação","un",175.35]
[5213461,"Placa de regulamentação em fibra, R2 lado 0,80 m - película retrorrefletiva tipo I + SI - fornecimento e implantação","un",278.93]
[5213462,"Placa de regulamentação em fibra, R2 lado 1,00 m - película retrorrefletiva tipo I + SI - fornecimento e implantação","un",392.89]
[5213463,"Placa de regulamentação em fibra, R2 lado 1,20 m - película retrorrefletiva tipo I + SI - fornecimento e implantação","un",506.85]
[5212557,"Placa de regulamentação para sinalização de obras montada em suporte metálico móvel - D = 1,00 m - utilização de 600 ciclos - fornecimento, 01 implantação e 01 retirada diária","un.dia",3.61]
[5212558,"Placa de regulamentação para sinalização de obras montada em suporte metálico móvel, R1 lado 0,414 m - utilização de 600 ciclos - fornecimento, 01 implantação e 01 retirada diária","un.dia",3.66]
[5212559,"Placa de regulamentação para sinalização de obras montada em suporte metálico móvel, R2 lado 1,00 m - utilização de 600 ciclos - fornecimento, 01 implantação e 01 retirada diária","un.dia",3.23]
[5213477,"Placa delineador em aço - 0,30 x 0,90 m - película retrorrefletiva tipo I + IV - fornecimento e implantação","un",160.47]
[5213476,"Placa delineador em aço - 0,50 x 0,60 m - película retrorrefletiva tipo I + IV - fornecimento e implantação","un",172.63]
[5213479,"Placa delineador em fibra - 0,30 x 0,90 m - película retrorrefletiva tipo I + IV - fornecimento e implantação","un",152.63999999999999]
[5213478,"Placa delineador em fibra - 0,50 x 0,60 m - película retrorrefletiva tipo I + IV - fornecimento e implantação","un",163.93]
[5213489,"Placa em aço - 2,00 x 1,00 m - película retrorrefletiva tipo I + I - fornecimento e implantação","un",899.9]
[5213498,"Placa em aço - 2,00 x 1,00 m - película retrorrefletiva tipo I + III - fornecimento e implantação","un",990.12]
[5213365,"Placa em aço - 2,00 x 1,00 m - película retrorrefletiva tipo I + X - fornecimento e implantação","un",1130.3599999999999]
[5213507,"Placa em aço - 2,00 x 1,00 m - película retrorrefletiva tipo III + III - fornecimento e implantação","un",1215.68]
[5213372,"Placa em aço - 2,00 x 1,00 m - película retrorrefletiva tipo III + X - fornecimento e implantação","un",1355.9]
[5213490,"Placa em aço - 3,00 x 1,50 m - película retrorrefletiva tipo I + I - fornecimento e implantação","un",1929.1]
[5213499,"Placa em aço - 3,00 x 1,50 m - película retrorrefletiva tipo I + III - fornecimento e implantação","un",2132.09]
[5213366,"Placa em aço - 3,00 x 1,50 m - película retrorrefletiva tipo I + X - fornecimento e implantação","un",2447.63]
[5213508,"Placa em aço - 3,00 x 1,50 m - película retrorrefletiva tipo III + III - fornecimento e implantação","un",2639.6]
[5213373,"Placa em aço - 3,00 x 1,50 m - película retrorrefletiva tipo III + X - fornecimento e implantação","un",2955.1]
[5213491,"Placa em aço - 3,00 x 2,00 m - película retrorrefletiva tipo I + I - fornecimento e implantação","un",2546.62]
[5213500,"Placa em aço - 3,00 x 2,00 m - película retrorrefletiva tipo I + III - fornecimento e implantação","un",2817.28]
[5213369,"Placa em aço - 3,00 x 2,00 m - película retrorrefletiva tipo I + X - fornecimento e implantação","un",3238]
[5213509,"Placa em aço - 3,00 x 2,00 m - película retrorrefletiva tipo III + III - fornecimento e implantação","un",3493.96]
[5213374,"Placa em aço - 3,00 x 2,00 m - película retrorrefletiva tipo III + X - fornecimento e implantação","un",3914.62]
[5213492,"Placa em aço - 4,00 x 2,00 m - película retrorrefletiva tipo I + I - fornecimento e implantação","un",3446.52]
[5213501,"Placa em aço - 4,00 x 2,00 m - película retrorrefletiva tipo I + III - fornecimento e implantação","un",3807.4]
[5213370,"Placa em aço - 4,00 x 2,00 m - película retrorrefletiva tipo I + X - fornecimento e implantação","un",4368.3599999999997]
[5213510,"Placa em aço - 4,00 x 2,00 m - película retrorrefletiva tipo III + III - fornecimento e implantação","un",4709.6400000000003]
[5213375,"Placa em aço - 4,00 x 2,00 m - película retrorrefletiva tipo III + X - fornecimento e implantação","un",5270.52]
[5213494,"Placa em aço - 4,00 x 3,00 m - película retrorrefletiva tipo I + I - fornecimento e implantação","un",5093.24]
[5213503,"Placa em aço - 4,00 x 3,00 m - película retrorrefletiva tipo I + III - fornecimento e implantação","un",5634.56]
[5213371,"Placa em aço - 4,00 x 3,00 m - película retrorrefletiva tipo I + X - fornecimento e implantação","un",6476]
[5213512,"Placa em aço - 4,00 x 3,00 m - película retrorrefletiva tipo III + III - fornecimento e implantação","un",6987.92]
[5213376,"Placa em aço - 4,00 x 3,00 m - película retrorrefletiva tipo III + X - fornecimento e implantação","un",7829.24]
[5213377,"Placa em aço - película I + I - chapa recuperada - fornecimento e implantação","m²",318.64]
[5213570,"Placa em aço - película I + I - fornecimento e implantação","m²",462.71]
[5213378,"Placa em aço - película I + III - chapa recuperada - fornecimento e implantação","m²",363.75]
[5213571,"Placa em aço - película I + III - fornecimento e implantação","m²",507.82]
[5213379,"Placa em aço - película III + III - chapa recuperada - fornecimento e implantação","m²",476.53]
[5213572,"Placa em aço - película III + III - fornecimento e implantação","m²",620.6]
[5212553,"Placa em aço nº 16 galvanizado com película retrorrefletiva tipo I + I - chapa recuperada - confecção","m²",267.61]
[5213416,"Placa em aço nº 16 galvanizado com película retrorrefletiva tipo I + I - confecção","m²",411.68]
[5212554,"Placa em aço nº 16 galvanizado com película retrorrefletiva tipo I + III - chapa recuperada - confecção","m²",312.72000000000003]
[5213417,"Placa em aço nº 16 galvanizado com película retrorrefletiva tipo I + III - confecção","m²",456.79]
[5213421,"Placa em aço nº 16 galvanizado com película retrorrefletiva tipo I + IV - confecção","m²",405.35]
[5213414,"Placa em aço nº 16 galvanizado com película retrorrefletiva tipo I + SI - confecção","m²",598.79]
[5213419,"Placa em aço nº 16 galvanizado com película retrorrefletiva tipo I + X - confecção","m²",526.91]
[5212555,"Placa em aço nº 16 galvanizado com película retrorrefletiva tipo III + III - chapa recuperada - confecção","m²",425.5]
[5213418,"Placa em aço nº 16 galvanizado com película retrorrefletiva tipo III + III - confecção","m²",569.57000000000005]
[5213415,"Placa em aço nº 16 galvanizado com película retrorrefletiva tipo III + SI - confecção","m²",670.51]
[5213420,"Placa em aço nº 16 galvanizado com película retrorrefletiva tipo III + X - confecção","m²",639.67999999999995]
[5213543,"Placa em aço, modulada - 2,00 x 1,00 m - película retrorrefletiva tipo I + I - fornecimento e implantação","un",1126.78]
[5213552,"Placa em aço, modulada - 2,00 x 1,00 m - película retrorrefletiva tipo I + III - fornecimento e implantação","un",1217]
[5213561,"Placa em aço, modulada - 2,00 x 1,00 m - película retrorrefletiva tipo III + III - fornecimento e implantação","un",1442.54]
[5213544,"Placa em aço, modulada - 3,00 x 1,50 m - película retrorrefletiva tipo I + I - fornecimento e implantação","un",2439.58]
[5213553,"Placa em aço, modulada - 3,00 x 1,50 m - película retrorrefletiva tipo I + III - fornecimento e implantação","un",2642.57]
[5213562,"Placa em aço, modulada - 3,00 x 1,50 m - película retrorrefletiva tipo III + III - fornecimento e implantação","un",3150.04]
[5213545,"Placa em aço, modulada - 3,00 x 2,00 m - película retrorrefletiva tipo I + I - fornecimento e implantação","un",3227.26]
[5213554,"Placa em aço, modulada - 3,00 x 2,00 m - película retrorrefletiva tipo I + III - fornecimento e implantação","un",3497.92]
[5213563,"Placa em aço, modulada - 3,00 x 2,00 m - película retrorrefletiva tipo III + III - fornecimento e implantação","un",4174.54]
[5213546,"Placa em aço, modulada - 4,00 x 2,00 m - película retrorrefletiva tipo I + I - fornecimento e implantação","un",4354.04]
[5213555,"Placa em aço, modulada - 4,00 x 2,00 m - película retrorrefletiva tipo I + III - fornecimento e implantação","un",4714.92]
[5213564,"Placa em aço, modulada - 4,00 x 2,00 m - película retrorrefletiva tipo III + III - fornecimento e implantação","un",5617.08]
[5213548,"Placa em aço, modulada - 4,00 x 3,00 m - película retrorrefletiva tipo I + I - fornecimento e implantação","un",6454.52]
[5213557,"Placa em aço, modulada - 4,00 x 3,00 m - película retrorrefletiva tipo I + III - fornecimento e implantação","un",6995.84]
[5213566,"Placa em aço, modulada - 4,00 x 3,00 m - película retrorrefletiva tipo III + III - fornecimento e implantação","un",8349.08]
[5213576,"Placa em aço, modulada - acima de 2 m² - película I + I - fornecimento e implantação","m²",576.15]
[5213577,"Placa em aço, modulada - acima de 2 m² - película I + III - fornecimento e implantação","m²",621.26]
[5213578,"Placa em aço, modulada - acima de 2 m² - película III + III - fornecimento e implantação","m²",734.03]
[5213425,"Placa em alumínio composto de 3 mm, modulada, aérea, com película retrorrefletiva tipo I + III - confecção","m²",612]
[5213426,"Placa em alumínio composto de 3 mm, modulada, aérea, com película retrorrefletiva tipo III + III - confecção","m²",724.77]
[5213427,"Placa em alumínio composto de 3 mm, modulada, aérea, com película retrorrefletiva tipo III + X - confecção","m²",794.88]
[5213567,"Placa em alumínio composto de 3 mm, modulada, aérea, com película retrorrefletiva tipo X + SI - confecção","m²",930.7]
[5213486,"Placa em alumínio composto, espessura de 3,0 mm, modulada, aérea - película retrorrefletiva tipo I + III - fornecimento e implantação","m²",958.08]
[5213487,"Placa em alumínio composto, espessura de 3,0 mm, modulada, aérea - película retrorrefletiva tipo III + III - fornecimento e implantação","m²",1070.8499999999999]
[5213488,"Placa em alumínio composto, espessura de 3,0 mm, modulada, aérea - película retrorrefletiva tipo III + X - fornecimento e implantação","m²",1140.96]
[5213568,"Placa em alumínio composto, espessura de 3,0 mm, modulada, aérea - película retrorrefletiva tipo X + SI - fornecimento e implantação","m²",1276.78]
[5213483,"Placa em alumínio, espessura de 1,5 mm, modulada, aérea - película retrorrefletiva tipo I + III - fornecimento e implantação","m²",972.31]
[5213484,"Placa em alumínio, espessura de 1,5 mm, modulada, aérea - película retrorrefletiva tipo III + III - fornecimento e implantação","m²",1085.0899999999999]
[5213485,"Placa em alumínio, espessura de 1,5 mm, modulada, aérea - película retrorrefletiva tipo III + X - fornecimento e implantação","m²",1155.2]
[5213434,"Placa em alumínio, espessura de 1,5 mm, modulada, aérea, com película retrorrefletiva tipo I + III - confecção","m²",626.23]
[5213435,"Placa em alumínio, espessura de 1,5 mm, modulada, aérea, com película retrorrefletiva tipo III + III - confecção","m²",739.01]
[5213436,"Placa em alumínio, espessura de 1,5 mm, modulada, aérea, com película retrorrefletiva tipo III + X - confecção","m²",809.12]
[5213430,"Placa em chapa de poliéster reforçada com fibra de vidro com película retrorrefletiva tipo I + I - confecção","m²",382.69]
[5213431,"Placa em chapa de poliéster reforçada com fibra de vidro com película retrorrefletiva tipo I + III - confecção","m²",427.8]
[5213433,"Placa em chapa de poliéster reforçada com fibra de vidro com película retrorrefletiva tipo I + IV - confecção","m²",376.36]
[5213428,"Placa em chapa de poliéster reforçada com fibra de vidro com película retrorrefletiva tipo I + SI - confecção","m²",569.79999999999995]
[5213432,"Placa em chapa de poliéster reforçada com fibra de vidro com película retrorrefletiva tipo III + III - confecção","m²",540.58000000000004]
[5213429,"Placa em chapa de poliéster reforçada com fibra de vidro com película retrorrefletiva tipo III + SI - confecção","m²",641.52]
[5213516,"Placa em fibra - 2,00 x 1,00 m - película retrorrefletiva tipo I + I - fornecimento e implantação","un",841.92]
[5213525,"Placa em fibra - 2,00 x 1,00 m - película retrorrefletiva tipo I + III - fornecimento e implantação","un",932.14]
[5213534,"Placa em fibra - 2,00 x 1,00 m - película retrorrefletiva tipo III + III - fornecimento e implantação","un",1157.7]
[5213517,"Placa em fibra - 3,00 x 1,50 m - película retrorrefletiva tipo I + I - fornecimento e implantação","un",1798.64]
[5213526,"Placa em fibra - 3,00 x 1,50 m - película retrorrefletiva tipo I + III - fornecimento e implantação","un",2001.64]
[5213535,"Placa em fibra - 3,00 x 1,50 m - película retrorrefletiva tipo III + III - fornecimento e implantação","un",2509.15]
[5213518,"Placa em fibra - 3,00 x 2,00 m - película retrorrefletiva tipo I + I - fornecimento e implantação","un",2372.6799999999998]
[5213527,"Placa em fibra - 3,00 x 2,00 m - película retrorrefletiva tipo I + III - fornecimento e implantação","un",2643.34]
[5213536,"Placa em fibra - 3,00 x 2,00 m - película retrorrefletiva tipo III + III - fornecimento e implantação","un",3320.02]
[5213519,"Placa em fibra - 4,00 x 2,00 m - película retrorrefletiva tipo I + I - fornecimento e implantação","un",3214.6]
[5213528,"Placa em fibra - 4,00 x 2,00 m - película retrorrefletiva tipo I + III - fornecimento e implantação","un",3575.48]
[5213537,"Placa em fibra - 4,00 x 2,00 m - película retrorrefletiva tipo III + III - fornecimento e implantação","un",4477.72]
[5213521,"Placa em fibra - 4,00 x 3,00 m - película retrorrefletiva tipo I + I - fornecimento e implantação","un",4745.3599999999997]
[5213530,"Placa em fibra - 4,00 x 3,00 m - película retrorrefletiva tipo I + III - fornecimento e implantação","un",5286.68]
[5213539,"Placa em fibra - 4,00 x 3,00 m - película retrorrefletiva tipo III + III - fornecimento e implantação","un",6640.04]
[5213573,"Placa em fibra - película I + I - fornecimento e implantação","m²",433.72]
[5213574,"Placa em fibra - película I + III - fornecimento e implantação","m²",478.83]
[5213575,"Placa em fibra - película III + III - fornecimento e implantação","m²",591.61]
[5213480,"Placa em fibra, modulada, aérea - película retrorrefletiva tipo I + III - fornecimento e implantação","m²",883.82]
[5213481,"Placa em fibra, modulada, aérea - película retrorrefletiva tipo III + III - fornecimento e implantação","m²",996.6]
[5213482,"Placa em fibra, modulada, aérea - película retrorrefletiva tipo III + X - fornecimento e implantação","m²",1066.71]
[5213422,"Placa modulada em aço nº 18 galvanizado com película retrorrefletiva tipo I + I - confecção","m²",525.12]
[5213423,"Placa modulada em aço nº 18 galvanizado com película retrorrefletiva tipo I + III - confecção","m²",570.23]
[5213424,"Placa modulada em aço nº 18 galvanizado com película retrorrefletiva tipo III + III - confecção","m²",683]
[5213437,"Placa modulada em chapa de poliéster reforçada com fibra de vidro, aérea, com película retrorrefletiva tipo I + III - confecção","m²",537.74]
[5213438,"Placa modulada em chapa de poliéster reforçada com fibra de vidro, aérea, com película retrorrefletiva tipo III + III - confecção","m²",650.52]
[5213439,"Placa modulada em chapa de poliéster reforçada com fibra de vidro, aérea, com película retrorrefletiva tipo III + X - confecção","m²",720.63]
[5212556,"Placa para sinalização de obras montada em cavalete metálico - 1,00 x 1,00 m - utilização de 600 ciclos - fornecimento, 01 implantação e 01 retirada diária","un.dia",1.91]
[5213649,"Pórtico metálico com vão de 15,9 m, vento de 35 m/s e área de exposição de até 23,85 m² - fornecimento e implantação - areia e brita comerciais","un",102795.88]
[5213591,"Pórtico metálico com vão de 15,9 m, vento de 35 m/s e área de exposição de até 23,85 m² - fornecimento e implantação - areia extraída e brita produzida","un",102795.88]
[5213718,"Pórtico metálico com vão de 15,9 m, vento de 40 m/s e área de exposição de até 23,85 m² - fornecimento e implantação - areia e brita comerciais","un",113600.79]
[5213741,"Pórtico metálico com vão de 15,9 m, vento de 40 m/s e área de exposição de até 23,85 m² - fornecimento e implantação - areia extraída e brita produzida","un",113600.79]
[5213776,"Pórtico metálico com vão de 15,9 m, vento de 45 m/s e área de exposição de até 23,85 m² - fornecimento e implantação - areia e brita comerciais","un",121032.76]
[5213799,"Pórtico metálico com vão de 15,9 m, vento de 45 m/s e área de exposição de até 23,85 m² - fornecimento e implantação - areia extraída e brita produzida","un",121032.76]
[5213363,"Recuperação de chapa em aço para placa de sinalização","m²",34.22]
[5213667,"Remoção da estrutura de pórtico metálico","un",330.18]
[5213683,"Remoção da estrutura de semipórtico duplo metálico","un",235.64]
[5213660,"Remoção da estrutura de semipórtico metálico","un",196.37]
[5213364,"Remoção de placa de sinalização","m²",19.399999999999999]
[5213832,"Remoção de sinalização horizontal com maçarico","m²",3.63]
[5213830,"Remoção de sinalização horizontal por fresagem","m²",4.8600000000000003]
[5213831,"Remoção de sinalização horizontal tipo pintura acrílica por jateamento abrasivo úmido com vidro - utilização de 3 vezes","m²",61.73]
[5213849,"Semáforo móvel com 3 lentes D = 200 mm","h",3.27]
[5213636,"Semipórtico duplo metálico com vão de 2 x 8,3 m, vento de 35 m/s e área de exposição de até 2 x 12,45 m² - fornecimento e implantação - areia e brita comerciais","un",100381.73]
[5213642,"Semipórtico duplo metálico com vão de 2 x 8,3 m, vento de 35 m/s e área de exposição de até 2 x 12,45 m² - fornecimento e implantação - areia extraída e brita produzida","un",100381.73]
[5213757,"Semipórtico duplo metálico com vão de 2 x 8,3 m, vento de 40 m/s e área de exposição de até 2 x 12,45 m² - fornecimento e implantação - areia e brita comerciais","un",111218.14]
[5213763,"Semipórtico duplo metálico com vão de 2 x 8,3 m, vento de 40 m/s e área de exposição de até 2 x 12,45 m² - fornecimento e implantação - areia extraída e brita produzida","un",111218.14]
[5213815,"Semipórtico duplo metálico com vão de 2 x 8,3 m, vento de 45 m/s e área de exposição de até 2 x 12,45 m² - fornecimento e implantação - areia e brita comerciais","un",122054.56]
[5213821,"Semipórtico duplo metálico com vão de 2 x 8,3 m, vento de 45 m/s e área de exposição de até 2 x 12,45 m² - fornecimento e implantação - areia extraída e brita produzida","un",122054.56]
[5213630,"Semipórtico metálico com vão de 8,3 m, vento de 35 m/s e área de exposição de até 12,45 m² - fornecimento e implantação - areia e brita comerciais","un",62700.08]
[5213584,"Semipórtico metálico com vão de 8,3 m, vento de 35 m/s e área de exposição de até 12,45 m² - fornecimento e implantação - areia extraída e brita produzida","un",62700.08]
[5213711,"Semipórtico metálico com vão de 8,3 m, vento de 40 m/s e área de exposição de até 12,45 m² - fornecimento e implantação - areia e brita comerciais","un",66841.2]
[5213734,"Semipórtico metálico com vão de 8,3 m, vento de 40 m/s e área de exposição de até 12,45 m² - fornecimento e implantação - areia extraída e brita produzida","un",66841.2]
[5213769,"Semipórtico metálico com vão de 8,3 m, vento de 45 m/s e área de exposição de até 12,45 m² - fornecimento e implantação - areia e brita comerciais","un",73386.880000000005]
[5213792,"Semipórtico metálico com vão de 8,3 m, vento de 45 m/s e área de exposição de até 12,45 m² - fornecimento e implantação - areia extraída e brita produzida","un",73386.880000000005]
[5213844,"Sinalizador direcional móvel, LED, com banco fotovoltaico de energia e montado em chassi com engate","h",3.62]
[5213869,"Suporte duplo metálico galvanizado para placas - 3,00 x 1,50 m - fornecimento e implantação","un",2457]
[5213870,"Suporte duplo metálico galvanizado para placas - 3,00 x 2,00 m - fornecimento e implantação","un",3378.51]
[5213871,"Suporte duplo metálico galvanizado para placas - 4,00 x 2,00 m - fornecimento e implantação","un",3453.76]
[5213872,"Suporte duplo metálico galvanizado para placas - 4,00 x 3,00 m - fornecimento e implantação","un",5471]
[5213867,"Suporte metálico galvanizado para marco quilométrico - fornecimento e implantação","un",576.38]
[5213863,"Suporte metálico galvanizado para placa de advertência ou regulamentação - lado ou diâmetro de 0,60 m - fornecimento e implantação","un",461.4]
[5213864,"Suporte metálico galvanizado para placa de advertência ou regulamentação - lado ou diâmetro de 0,80 m - fornecimento e implantação","un",491.43]
[5213865,"Suporte metálico galvanizado para placa de advertência ou regulamentação - lado ou diâmetro de 1,00 m - fornecimento e implantação","un",521.63]
[5213866,"Suporte metálico galvanizado para placa de advertência ou regulamentação - lado ou diâmetro de 1,20 m - fornecimento e implantação","un",589.14]
[5213855,"Suporte metálico galvanizado para placa de regulamentação - R1 - lado de 0,248 m - fornecimento e implantação","un",414.71]
[5213856,"Suporte metálico galvanizado para placa de regulamentação - R1 - lado de 0,331 m - fornecimento e implantação","un",430.15]
[5213857,"Suporte metálico galvanizado para placa de regulamentação - R1 - lado de 0,414 m - fornecimento e implantação","un",445]
[5213858,"Suporte metálico galvanizado para placa de regulamentação - R1 - lado de 0,497 m - fornecimento e implantação","un",460.63]
[5213859,"Suporte metálico galvanizado para placa de regulamentação - R2 - lado de 0,60 m - fornecimento e implantação","un",456.66]
[5213860,"Suporte metálico galvanizado para placa de regulamentação - R2 - lado de 0,80 m - fornecimento e implantação","un",472.05]
[5213861,"Suporte metálico galvanizado para placa de regulamentação - R2 - lado de 1,00 m - fornecimento e implantação","un",501.06]
[5213862,"Suporte metálico galvanizado para placa de regulamentação - R2 - lado de 1,20 m - fornecimento e implantação","un",568.23]
[5213868,"Suporte metálico galvanizado para placas - 2,00 x 1,00 m - fornecimento e implantação","un",1134.6199999999999]
[5219546,"Suporte metálico móvel para placa de sinalização - confecção","un",348.58]
[5216111,"Suporte para placa de sinalização em madeira de lei tratada 8 x 8 cm - fornecimento e implantação","un",114.64]
[5213351,"Suporte polimérico ecológico maciço colapsível D = 6,5 cm para placa de sinalização - fornecimento e implantação","un",756.53]
[5213350,"Suporte polimérico ecológico maciço colapsível quadrado de 10 cm para placa de sinalização - fornecimento e implantação","un",1892.72]
[5213352,"Suporte polimérico ecológico maciço colapsível quadrado de 8 cm para placa de sinalização - fornecimento e implantação","un",1117.72]
[5213353,"Suporte polimérico ecológico maciço colapsível retangular de 7 x 15 cm para placa de sinalização - fornecimento e implantação","un",3201.92]
[5213360,"Tacha refletiva em plástico injetado - bidirecional tipo I - com um pino - fornecimento e colocação","un",31.13]
[5219605,"Tacha refletiva em plástico injetado - bidirecional tipo I - fornecimento e colocação","un",28.04]
[5219606,"Tacha refletiva em plástico injetado - bidirecional tipo II - com um pino - fornecimento e colocação","un",37.89]
[5219607,"Tacha refletiva em plástico injetado - bidirecional tipo II - fornecimento e colocação","un",31.51]
[5219608,"Tacha refletiva em plástico injetado - bidirecional tipo III - com um pino - fornecimento e colocação","un",37.89]
[5219609,"Tacha refletiva em plástico injetado - bidirecional tipo III - fornecimento e colocação","un",31.51]
[5219610,"Tacha refletiva em plástico injetado - bidirecional tipo IV - com um pino - fornecimento e colocação","un",40.369999999999997]
[5219611,"Tacha refletiva em plástico injetado - bidirecional tipo IV - fornecimento e colocação","un",36.65]
[5213359,"Tacha refletiva em plástico injetado - monodirecional tipo I - com um pino - fornecimento e colocação","un",27.38]
[5219612,"Tacha refletiva em plástico injetado - monodirecional tipo I - fornecimento e colocação","un",25.02]
[5219613,"Tacha refletiva em plástico injetado - monodirecional tipo II - com um pino - fornecimento e colocação","un",31.3]
[5219614,"Tacha refletiva em plástico injetado - monodirecional tipo II - fornecimento e colocação","un",29.02]
[5219615,"Tacha refletiva em plástico injetado - monodirecional tipo III - com um pino - fornecimento e colocação","un",32.15]
[5219616,"Tacha refletiva em plástico injetado - monodirecional tipo III - fornecimento e colocação","un",29.49]
[5219617,"Tacha refletiva em plástico injetado - monodirecional tipo IV - com um pino - fornecimento e colocação","un",37.99]
[5219618,"Tacha refletiva em plástico injetado - monodirecional tipo IV - fornecimento e colocação","un",35.64]
[5219619,"Tacha refletiva em resina sintética - bidirecional tipo I - com um pino - fornecimento e colocação","un",40.71]
[5219620,"Tacha refletiva em resina sintética - bidirecional tipo I - fornecimento e colocação","un",38.380000000000003]
[5219621,"Tacha refletiva em resina sintética - bidirecional tipo II - com um pino - fornecimento e colocação","un",48.64]
[5219622,"Tacha refletiva em resina sintética - bidirecional tipo II - fornecimento e colocação","un",46.36]
[5219623,"Tacha refletiva em resina sintética - bidirecional tipo III - com um pino - fornecimento e colocação","un",52.65]
[5219624,"Tacha refletiva em resina sintética - bidirecional tipo III - fornecimento e colocação","un",50.28]
[5219625,"Tacha refletiva em resina sintética - bidirecional tipo IV - com um pino - fornecimento e colocação","un",52.91]
[5219626,"Tacha refletiva em resina sintética - bidirecional tipo IV - fornecimento e colocação","un",50.28]
[5219627,"Tacha refletiva em resina sintética - monodirecional tipo I - com um pino - fornecimento e colocação","un",37.82]
[5219628,"Tacha refletiva em resina sintética - monodirecional tipo I - fornecimento e colocação","un",35.409999999999997]
[5219629,"Tacha refletiva em resina sintética - monodirecional tipo II - com um pino - fornecimento e colocação","un",43.94]
[5219630,"Tacha refletiva em resina sintética - monodirecional tipo II - fornecimento e colocação","un",41.52]
[5219631,"Tacha refletiva em resina sintética - monodirecional tipo III - com um pino - fornecimento e colocação","un",47.61]
[5219632,"Tacha refletiva em resina sintética - monodirecional tipo III - fornecimento e colocação","un",45.11]
[5219633,"Tacha refletiva em resina sintética - monodirecional tipo IV - com um pino - fornecimento e colocação","un",51.58]
[5219634,"Tacha refletiva em resina sintética - monodirecional tipo IV - fornecimento e colocação","un",48.99]
[5213395,"Tacha refletiva metálica - bidirecional tipo II - com dois pinos - fornecimento e colocação","un",38.78]
[5213394,"Tacha refletiva metálica - bidirecional tipo II - com um pino - fornecimento e colocação","un",34.340000000000003]
[5219635,"Tacha refletiva metálica - bidirecional tipo III - com dois pinos - fornecimento e colocação","un",35.79]
[5219636,"Tacha refletiva metálica - bidirecional tipo III - com um pino - fornecimento e colocação","un",30.94]
[5219637,"Tacha refletiva metálica - bidirecional tipo IV - com dois pinos - fornecimento e colocação","un",69.34]
[5219638,"Tacha refletiva metálica - bidirecional tipo IV - com um pino - fornecimento e colocação","un",66.2]
[5213393,"Tacha refletiva metálica - monodirecional tipo II - com dois pinos - fornecimento e colocação","un",33.729999999999997]
[5213392,"Tacha refletiva metálica - monodirecional tipo II - com um pino - fornecimento e colocação","un",28.36]
[5219639,"Tacha refletiva metálica - monodirecional tipo III - com dois pinos - fornecimento e colocação","un",32.24]
[5219640,"Tacha refletiva metálica - monodirecional tipo III - com um pino - fornecimento e colocação","un",27.29]
[5219641,"Tacha refletiva metálica - monodirecional tipo IV - com dois pinos - fornecimento e colocação","un",61.36]
[5219642,"Tacha refletiva metálica - monodirecional tipo IV - com um pino - fornecimento e colocação","un",61.42]
[5213362,"Tachão refletivo em plástico injetado - bidirecional - fornecimento e colocação","un",87.59]
[5213361,"Tachão refletivo em plástico injetado - monodirecional - fornecimento e colocação","un",86.32]
[5219643,"Tachão refletivo em resina sintética - bidirecional - fornecimento e colocação","un",77.36]
[5219644,"Tachão refletivo em resina sintética - monodirecional - fornecimento e colocação","un",76.36]
[5214000,"Termoplástico pré-formado para sinalização horizontal - espessura de 2 mm - fornecimento e implantação","m²",352.14]
[5301014,"Comboio balizador em deslocamento","km",144.59]
[5300995,"Confecção de corpo de boia flutuante cilíndrico D = 1,10m","un",2603.0500000000002]
[5300996,"Confecção de corpo de boia flutuante cilíndrico D = 1,10m - com lastro","un",3405.2]
[5300998,"Confecção de corpo de boia flutuante cilíndrico D = 1,42m - boia de amarração","un",6686.95]
[5300997,"Confecção de corpo de boia flutuante cilíndrico D = 1,43m - com lastro","un",5577.88]
[5300999,"Confecção de mangrulho H = 0,90m","un",879.14]
[5301000,"Confecção de mangrulho H = 1,50m","un",1327.41]
[5301001,"Confecção de marca de tope de bombordo","un",618.16]
[5301002,"Confecção de marca de tope de boreste","un",386.46]
[5301003,"Confecção de marca de tope especial","un",379.07]
[5301064,"Fornecimento e implantação de suporte duplo em madeira com travessa para placa de sinalização náutica em margem - altura total de 4,0 m","un",613.54999999999995]
[5301046,"Fornecimento e implantação de suporte duplo em madeira com travessa para placa de sinalização náutica em margem - altura total de 4,0 m - com embarcação","un",1273.3499999999999]
[5301065,"Fornecimento e implantação de suporte duplo em madeira com travessa para placa de sinalização náutica em margem - altura total de 5,0 m","un",1082.9100000000001]
[5301047,"Fornecimento e implantação de suporte duplo em madeira com travessa para placa de sinalização náutica em margem - altura total de 5,0 m - com embarcação","un",2166.5]
[5301066,"Fornecimento e implantação de suporte duplo em madeira com travessa para placa de sinalização náutica em margem - altura total de 5,5 m","un",1213.6500000000001]
[5301048,"Fornecimento e implantação de suporte duplo em madeira com travessa para placa de sinalização náutica em margem - altura total de 5,5 m - com embarcação","un",2358.3200000000002]
[5301040,"Fornecimento e implantação de suporte duplo metálico galvanizado para placa de sinalização náutica em margem - altura total de 4 m - com embarcação","un",2306.17]
[5301058,"Fornecimento e implantação de suporte duplo metálico galvanizado para placa de sinalização náutica em margem - altura total de 4,0 m","un",1639.47]
[5301041,"Fornecimento e implantação de suporte duplo metálico galvanizado para placa de sinalização náutica em margem - altura total de 5 m - com embarcação","un",5142.74]
[5301059,"Fornecimento e implantação de suporte duplo metálico galvanizado para placa de sinalização náutica em margem - altura total de 5,0 m","un",4038.92]
[5301060,"Fornecimento e implantação de suporte duplo metálico galvanizado para placa de sinalização náutica em margem - altura total de 5,5 m","un",4470.57]
[5301042,"Fornecimento e implantação de suporte duplo metálico galvanizado para placa de sinalização náutica em margem - altura total de 5,5 m - com embarcação","un",5637.1]
[5301072,"Fornecimento e implantação de suporte duplo polimérico ecológico maciço quadrado de 10 cm para placa de sinalização náutica em margem - altura total de 5,5 m","un",5332.45]
[5301054,"Fornecimento e implantação de suporte duplo polimérico ecológico maciço quadrado de 10 cm para placa de sinalização náutica em margem - altura total de 5,5 m - com embarcação","un",5888.29]
[5301070,"Fornecimento e implantação de suporte duplo polimérico ecológico maciço quadrado de 8 cm para placa de sinalização náutica em margem - altura total de 4,0 m","un",2568.66]
[5301052,"Fornecimento e implantação de suporte duplo polimérico ecológico maciço quadrado de 8 cm para placa de sinalização náutica em margem - altura total de 4,0 m - com embarcação","un",3099.08]
[5301071,"Fornecimento e implantação de suporte duplo polimérico ecológico maciço quadrado de 8 cm para placa de sinalização náutica em margem - altura total de 5,0 m","un",3406.18]
[5301053,"Fornecimento e implantação de suporte duplo polimérico ecológico maciço quadrado de 8 cm para placa de sinalização náutica em margem - altura total de 5,0 m - com embarcação","un",3936.96]
[5301061,"Fornecimento e implantação de suporte simples em madeira com travessa para placa de sinalização náutica em margem - altura total de 4 m","un",187.49]
[5301043,"Fornecimento e implantação de suporte simples em madeira com travessa para placa de sinalização náutica em margem - altura total de 4 m - com embarcação","un",711.91]
[5301062,"Fornecimento e implantação de suporte simples em madeira com travessa para placa de sinalização náutica em margem - altura total de 5 m","un",314.81]
[5301044,"Fornecimento e implantação de suporte simples em madeira com travessa para placa de sinalização náutica em margem - altura total de 5 m - com embarcação","un",1061.53]
[5301063,"Fornecimento e implantação de suporte simples em madeira com travessa para placa de sinalização náutica em margem - altura total de 5,5 m","un",365.08]
[5301045,"Fornecimento e implantação de suporte simples em madeira com travessa para placa de sinalização náutica em margem - altura total de 5,5 m - com embarcação","un",1164.49]
[5301037,"Fornecimento e implantação de suporte simples metálico galvanizado para placa de sinalização náutica em margem - altura total de 4 m - com embarcação","un",1216.17]
[5301055,"Fornecimento e implantação de suporte simples metálico galvanizado para placa de sinalização náutica em margem - altura total de 4,0 m","un",688.21]
[5301038,"Fornecimento e implantação de suporte simples metálico galvanizado para placa de sinalização náutica em margem - altura total de 5 m - com embarcação","un",2524.7199999999998]
[5301056,"Fornecimento e implantação de suporte simples metálico galvanizado para placa de sinalização náutica em margem - altura total de 5,0 m","un",1767.54]
[5301057,"Fornecimento e implantação de suporte simples metálico galvanizado para placa de sinalização náutica em margem - altura total de 5,5 m","un",1965.2]
[5301039,"Fornecimento e implantação de suporte simples metálico galvanizado para placa de sinalização náutica em margem - altura total de 5,5 m - com embarcação","un",2776.5]
[5301069,"Fornecimento e implantação de suporte simples polimérico ecológico maciço quadrado de 10 cm para placa de sinalização náutica em margem - altura total de 5,5 m","un",2413.67]
[5301051,"Fornecimento e implantação de suporte simples polimérico ecológico maciço quadrado de 10 cm para placa de sinalização náutica em margem - altura total de 5,5 m - com embarcação","un",2869.29]
[5301067,"Fornecimento e implantação de suporte simples polimérico ecológico maciço quadrado de 8 cm para placa de sinalização náutica em margem - altura total de 4 m","un",1163.7]
[5301049,"Fornecimento e implantação de suporte simples polimérico ecológico maciço quadrado de 8 cm para placa de sinalização náutica em margem - altura total de 4 m - com embarcação","un",1618.49]
[5301068,"Fornecimento e implantação de suporte simples polimérico ecológico maciço quadrado de 8 cm para placa de sinalização náutica em margem - altura total de 5 m","un",1472.06]
[5301050,"Fornecimento e implantação de suporte simples polimérico ecológico maciço quadrado de 8 cm para placa de sinalização náutica em margem - altura total de 5 m - com embarcação","un",1927.03]
[5301022,"Fornecimento e instalação de conjunto de acessórios para sistema de fundeio de boia de amarração náutica com 4 manilhas","un",976.02]
[5301021,"Fornecimento e instalação de conjunto de acessórios para sistema de fundeio de boia de sinalização náutica com 7 manilhas","un",619.89]
[5301020,"Fornecimento e instalação de corrente 1\" para sistema de fundeio de boia de sinalização náutica","m",314.35000000000002]
[5301018,"Fornecimento e instalação de corrente 1/2\" para sistema de fundeio de boia de sinalização náutica","m",88.18]
[5301019,"Fornecimento e instalação de corrente 3/4\" para sistema de fundeio de boia de sinalização náutica","m",205.45]
[5301077,"Fornecimento e instalação de lanterna de sinalização náutica com alcance luminoso de 2 MN em obra de arte especial - com embarcação","un",5272.88]
[5301078,"Fornecimento e instalação de lanterna de sinalização náutica com alcance luminoso de 3 MN em obra de arte especial - com embarcação","un",5881.52]
[5301079,"Fornecimento e instalação de lanterna de sinalização náutica com alcance luminoso de 4 MN em obra de arte especial - com embarcação","un",8354.92]
[5301080,"Fornecimento e instalação de lanterna de sinalização náutica com alcance luminoso de 5 MN em obra de arte especial - com embarcação","un",9997.52]
[5301081,"Fornecimento e instalação de lanterna de sinalização náutica com alcance luminoso de 8 MN em obra de arte especial - com embarcação","un",12236.21]
[5301023,"Fornecimento e instalação de suporte e lanterna de sinalização náutica com alcance luminoso de 2 MN em boia","un",4079.65]
[5301024,"Fornecimento e instalação de suporte e lanterna de sinalização náutica com alcance luminoso de 3 MN em boia","un",4688.28]
[5301025,"Fornecimento e instalação de suporte e lanterna de sinalização náutica com alcance luminoso de 4 MN em boia","un",7161.68]
[5301026,"Fornecimento e instalação de suporte e lanterna de sinalização náutica com alcance luminoso de 5 MN em boia","un",8804.2800000000007]
[5301027,"Fornecimento e instalação de suporte e lanterna de sinalização náutica com alcance luminoso de 8 MN em boia","un",11042.97]
[5301028,"Fornecimento e substituição de lanterna de sinalização náutica com alcance luminoso de 2 MN em boia","un",4019.93]
[5301082,"Fornecimento e substituição de lanterna de sinalização náutica com alcance luminoso de 2 MN em obra de arte especial - com embarcação","un",5118.71]
[5301029,"Fornecimento e substituição de lanterna de sinalização náutica com alcance luminoso de 3 MN em boia","un",4628.5600000000004]
[5301083,"Fornecimento e substituição de lanterna de sinalização náutica com alcance luminoso de 3 MN em obra de arte especial - com embarcação","un",5727.35]
[5301030,"Fornecimento e substituição de lanterna de sinalização náutica com alcance luminoso de 4 MN em boia","un",7101.96]
[5301084,"Fornecimento e substituição de lanterna de sinalização náutica com alcance luminoso de 4 MN em obra de arte especial - com embarcação","un",8200.74]
[5301031,"Fornecimento e substituição de lanterna de sinalização náutica com alcance luminoso de 5 MN em boia","un",8744.56]
[5301085,"Fornecimento e substituição de lanterna de sinalização náutica com alcance luminoso de 5 MN em obra de arte especial - com embarcação","un",9843.34]
[5301032,"Fornecimento e substituição de lanterna de sinalização náutica com alcance luminoso de 8 MN em boia","un",10983.26]
[5301086,"Fornecimento e substituição de lanterna de sinalização náutica com alcance luminoso de 8 MN em obra de arte especial - com embarcação","un",12082.04]
[5301033,"Implantação de placa de sinalização náutica em margem - equipamentos e mão de obra","un",71.73]
[5301034,"Implantação de placa de sinalização náutica em margem - equipamentos e mão de obra - com embarcação","un",579.91999999999996]
[5301073,"Implantação de placa de sinalização náutica em obra de arte especial - equipamentos e mão de obra","un",442.46]
[5301074,"Implantação de placa de sinalização náutica em obra de arte especial - equipamentos e mão de obra - com embarcação","un",1675.06]
[5301015,"Lançamento de boia de sinalização náutica com sistema de fundeio - equipamentos e mão de obra","un",1059.51]
[5300992,"Pintura com epóxi óxido de ferro em chapa metálica com pistola a ar comprimido, uma demão, espessura de 35 µm","m²",15.03]
[5300994,"Pintura com esmalte poliuretano de dois componentes em chapa metálica com pistola a ar comprimido, uma demão, espessura de 35 µm","m²",14.13]
[5300993,"Pintura com fundo fosfatizante, uma demão, em chapa de alumínio com pistola a ar comprimido","m²",10.82]
[5301088,"Poita de concreto com 1.000 kg para boia de sinalização náutica","un",346.49]
[5301004,"Poita de concreto com 1.500 kg para boia de sinalização náutica","un",494.04]
[5301087,"Poita de concreto com 500 kg para boia de sinalização náutica","un",202.8]
[5301005,"Reforma de corpo de boia flutuante cilíndrico D = 1,10m","un",406.03]
[5301006,"Reforma de corpo de boia flutuante cilíndrico D = 1,10m - com lastro","un",501.59]
[5301008,"Reforma de corpo de boia flutuante cilíndrico D = 1,42m - boia de amarração","un",909.7]
[5301007,"Reforma de corpo de boia flutuante cilíndrico D = 1,43m - com lastro","un",830.45]
[5301009,"Reforma de mangrulho H = 0,90m","un",253.59]
[5301010,"Reforma de mangrulho H = 1,50m","un",387.67]
[5301011,"Reforma de marca de tope de bombordo","un",315.05]
[5301012,"Reforma de marca de tope de boreste","un",221.29]
[5301013,"Reforma de marca de tope especial","un",189.04]
[5301016,"Substituição de boia de sinalização náutica com sistema de fundeio - equipamentos e mão de obra","un",1757.69]
[5301017,"Substituição de boia de sinalização náutica sem sistema de fundeio - equipamentos e mão de obra","un",1282.9000000000001]
[5301035,"Substituição de placa de sinalização náutica em margem - equipamentos e mão de obra","un",102.05]
[5301036,"Substituição de placa de sinalização náutica em margem - equipamentos e mão de obra - com embarcação","un",1159.8399999999999]
[5301075,"Substituição de placa de sinalização náutica em obra de arte especial - equipamentos e mão de obra","un",508.81]
[5301076,"Substituição de placa de sinalização náutica em obra de arte especial - equipamentos e mão de obra - com embarcação","un",1854.9]
[5405977,"Aterro compactado em solo reforçado com fita metálica galvanizada - taxa 1,65 kg/m³ - material de jazida","m³",37.86]
[5406044,"Aterro compactado em solo reforçado com fita metálica galvanizada - taxa 12,40 kg/m³ - material de jazida","m³",214.7]
[5406045,"Aterro compactado em solo reforçado com fita metálica galvanizada - taxa 13,23 kg/m³ - material de jazida","m³",228.35]
[5406046,"Aterro compactado em solo reforçado com fita metálica galvanizada - taxa 14,88 kg/m³ - material de jazida","m³",255.49]
[5406047,"Aterro compactado em solo reforçado com fita metálica galvanizada - taxa 19,84 kg/m³ - material de jazida","m³",337.08]
[5405978,"Aterro compactado em solo reforçado com fita metálica galvanizada - taxa 3,31 kg/m³ - material de jazida","m³",65.17]
[5405982,"Aterro compactado em solo reforçado com fita metálica galvanizada - taxa 4,13 kg/m³ - material de jazida","m³",78.66]
[5405983,"Aterro compactado em solo reforçado com fita metálica galvanizada - taxa 4,96 kg/m³ - material de jazida","m³",92.31]
[5405984,"Aterro compactado em solo reforçado com fita metálica galvanizada - taxa 6,61 kg/m³ - material de jazida","m³",119.45]
[5405985,"Aterro compactado em solo reforçado com fita metálica galvanizada - taxa 8,27 kg/m³ - material de jazida","m³",146.76]
[5406043,"Aterro compactado em solo reforçado com fita metálica galvanizada - taxa 9,92 kg/m³ - material de jazida","m³",173.9]
[5405975,"Escoramento da primeira linha de escamas de concreto armado em solo reforçado com fita metálica – utilização de 3 vezes - confecção, instalação e retirada","m²",38.49]
[5405970,"Fabricação de escama de concreto armado para solo reforçado com fita metálica - 2 a 5 ligações - areia e brita comerciais","m³",1466.02]
[5405972,"Fabricação de escama de concreto armado para solo reforçado com fita metálica - 2 a 5 ligações - areia extraída e brita produzida","m³",1327.2]
[5405971,"Fabricação de escama de concreto armado para solo reforçado com fita metálica - 6 a 8 ligações - areia e brita comerciais","m³",1662.09]
[5405973,"Fabricação de escama de concreto armado para solo reforçado com fita metálica - 6 a 8 ligações - areia extraída e brita produzida","m³",1523.27]
[5405986,"Moldes metálicos para escama de concreto armado para solo reforçado com fita metálica - formato cruciforme de 1,50 x 1,50 m - utilização de 100 vezes","m²",9.11]
[5405976,"Montagem das escamas de concreto armado em solo reforçado com fita metálica","m²",123.58]
[5406023,"Muro de escama de concreto armado em solo reforçado com fita metálica com altura até 4 m - tipo 1 - areia e brita comerciais","m²",350.47]
[5406033,"Muro de escama de concreto armado em solo reforçado com fita metálica com altura até 4 m - tipo 1 - areia extraída e brita produzida","m²",331.04]
[5406024,"Muro de escama de concreto armado em solo reforçado com fita metálica com altura até 4 m - tipo 2 - areia e brita comerciais","m²",377.92]
[5406034,"Muro de escama de concreto armado em solo reforçado com fita metálica com altura até 4 m - tipo 2 - areia extraída e brita produzida","m²",358.49]
[5406031,"Muro de escama de concreto armado em solo reforçado com fita metálica com altura de 10,0 a 12 m - tipo 1 - areia e brita comerciais","m²",332.76]
[5406041,"Muro de escama de concreto armado em solo reforçado com fita metálica com altura de 10,0 a 12 m - tipo 1 - areia extraída e brita produzida","m²",313.32]
[5406032,"Muro de escama de concreto armado em solo reforçado com fita metálica com altura de 10,0 a 12 m - tipo 2 - areia e brita comerciais","m²",360.21]
[5406042,"Muro de escama de concreto armado em solo reforçado com fita metálica com altura de 10,0 a 12 m - tipo 2 - areia extraída e brita produzida","m²",340.77]
[5406025,"Muro de escama de concreto armado em solo reforçado com fita metálica com altura de 4,0 a 6 m - tipo 1 - areia e brita comerciais","m²",337.48]
[5406035,"Muro de escama de concreto armado em solo reforçado com fita metálica com altura de 4,0 a 6 m - tipo 1 - areia extraída e brita produzida","m²",318.05]
[5406026,"Muro de escama de concreto armado em solo reforçado com fita metálica com altura de 4,0 a 6 m - tipo 2 - areia e brita comerciais","m²",364.93]
[5406036,"Muro de escama de concreto armado em solo reforçado com fita metálica com altura de 4,0 a 6 m - tipo 2 - areia extraída e brita produzida","m²",345.5]
[5406027,"Muro de escama de concreto armado em solo reforçado com fita metálica com altura de 6,0 a 8 m - tipo 1 - areia e brita comerciais","m²",335.01]
[5406037,"Muro de escama de concreto armado em solo reforçado com fita metálica com altura de 6,0 a 8 m - tipo 1 - areia extraída e brita produzida","m²",315.57]
[5406028,"Muro de escama de concreto armado em solo reforçado com fita metálica com altura de 6,0 a 8 m - tipo 2 - areia e brita comerciais","m²",362.46]
[5406038,"Muro de escama de concreto armado em solo reforçado com fita metálica com altura de 6,0 a 8 m - tipo 2 - areia extraída e brita produzida","m²",343.02]
[5406029,"Muro de escama de concreto armado em solo reforçado com fita metálica com altura de 8,0 a 10 m - tipo 1 - areia e brita comerciais","m²",333.63]
[5406039,"Muro de escama de concreto armado em solo reforçado com fita metálica com altura de 8,0 a 10 m - tipo 1 - areia extraída e brita produzida","m²",314.2]
[5406030,"Muro de escama de concreto armado em solo reforçado com fita metálica com altura de 8,0 a 10 m - tipo 2 - areia e brita comerciais","m²",361.08]
[5406040,"Muro de escama de concreto armado em solo reforçado com fita metálica com altura de 8,0 a 10 m - tipo 2 - areia extraída e brita produzida","m²",341.65]
[5405987,"Travador de madeira para escama de concreto armado - utilização de 10 vezes","un",8.68]
[5405979,"Travamento e nivelamento de escama de concreto armado em solo reforçado com fita metálica","m²",15.08]
[5502806,"Camada drenante com conformação de trator de esteira - areia comercial","m³",132.82]
[5502807,"Camada drenante com conformação de trator de esteira - areia extraída","m³",15.03]
[5503041,"Compactação de aterros a 100% do Proctor intermediário","m³",5.69]
[5502978,"Compactação de aterros a 100% do Proctor normal","m³",4.9400000000000004]
[5502822,"Compactação de camada final de aterro de rocha","m³",40.619999999999997]
[5502979,"Construção de corpo de aterro com material de 3ª categoria oriundo de corte","m³",16.489999999999998]
[5501700,"Desmatamento, destocamento e limpeza de área com árvores de diâmetro até 0,15 m","m²",0.53]
[5500991,"Desmonte de blocos de rocha com martelete pneumático","m³",151.31]
[5515739,"Desmonte de matacões ou bloco de rocha por meio de explosivos","m³",43.47]
[5505766,"Desmonte de material de 3ª categoria a frio com argamassa expansiva a céu aberto","m³",352.86]
[5501701,"Destocamento de árvores com diâmetro de 0,15 a 0,30 m","un",38.85]
[5501702,"Destocamento de árvores com diâmetro maior que 0,30 m","un",97.12]
[5502972,"Escavação de vala em material de 3ª categoria - resistência à compressão acima de 110 MPa - com escavadeira e rompedor hidráulico 1.700 kg","m³",205.33]
[5502968,"Escavação de vala em material de 3ª categoria - resistência à compressão até 50 MPa - com escavadeira e rompedor hidráulico 1.700 kg","m³",23.17]
[5502969,"Escavação de vala em material de 3ª categoria - resistência à compressão de 50 a 70 MPa - com escavadeira e rompedor hidráulico 1.700 kg","m³",29.23]
[5502970,"Escavação de vala em material de 3ª categoria - resistência à compressão de 70 a 90 MPa - com escavadeira e rompedor hidráulico 1.700 kg","m³",53.54]
[5502971,"Escavação de vala em material de 3ª categoria - resistência à compressão de 90 a 110 MPa - com escavadeira e rompedor hidráulico 1.700 kg","m³",99.67]
[5502663,"Escavação e transporte de material de 3ª categoria - DMT de 0 a 50 m","m³",33.909999999999997]
[5502993,"Escavação em material de 3ª categoria","m³",25.46]
[5502967,"Escavação em material de 3ª categoria - resistência à compressão acima de 110 MPa - com escavadeira e rompedor hidráulico 1.700 kg","m³",113.62]
[5502963,"Escavação em material de 3ª categoria - resistência à compressão até 50 MPa - com escavadeira e rompedor hidráulico 1.700 kg","m³",13.87]
[5502964,"Escavação em material de 3ª categoria - resistência à compressão de 50 a 70 MPa - com escavadeira e rompedor hidráulico 1.700 kg","m³",17.37]
[5502965,"Escavação em material de 3ª categoria - resistência à compressão de 70 a 90 MPa - com escavadeira e rompedor hidráulico 1.700 kg","m³",31.27]
[5502966,"Escavação em material de 3ª categoria - resistência à compressão de 90 a 110 MPa - com escavadeira e rompedor hidráulico 1.700 kg","m³",57.33]
[5501706,"Escavação mecânica com retroescavadeira em material de 1ª categoria","m³",6.48]
[5501880,"Escavação, carga e transporte de material de 1ª categoria - DMT de 1.000 a 1.200 m - caminho de serviço em leito natural - com carregadeira e caminhão basculante de 14 m³","m³",11.94]
[5502114,"Escavação, carga e transporte de material de 1ª categoria - DMT de 1.000 a 1.200 m - caminho de serviço em leito natural - com escavadeira e caminhão basculante de 14 m³","m³",7.92]
[5501906,"Escavação, carga e transporte de material de 1ª categoria - DMT de 1.000 a 1.200 m - caminho de serviço em revestimento primário - com carregadeira e caminhão basculante de 14 m³","m³",10.67]
[5502140,"Escavação, carga e transporte de material de 1ª categoria - DMT de 1.000 a 1.200 m - caminho de serviço em revestimento primário - com escavadeira e caminhão basculante de 14 m³","m³",6.65]
[5501932,"Escavação, carga e transporte de material de 1ª categoria - DMT de 1.000 a 1.200 m - caminho de serviço pavimentado - com carregadeira e caminhão basculante de 14 m³","m³",10.67]
[5502166,"Escavação, carga e transporte de material de 1ª categoria - DMT de 1.000 a 1.200 m - caminho de serviço pavimentado - com escavadeira e caminhão basculante de 14 m³","m³",7.06]
[5501881,"Escavação, carga e transporte de material de 1ª categoria - DMT de 1.200 a 1.400 m - caminho de serviço em leito natural - com carregadeira e caminhão basculante de 14 m³","m³",12.21]
[5502115,"Escavação, carga e transporte de material de 1ª categoria - DMT de 1.200 a 1.400 m - caminho de serviço em leito natural - com escavadeira e caminhão basculante de 14 m³","m³",8.6]
[5501907,"Escavação, carga e transporte de material de 1ª categoria - DMT de 1.200 a 1.400 m - caminho de serviço em revestimento primário - com carregadeira e caminhão basculante de 14 m³","m³",10.85]
[5502141,"Escavação, carga e transporte de material de 1ª categoria - DMT de 1.200 a 1.400 m - caminho de serviço em revestimento primário - com escavadeira e caminhão basculante de 14 m³","m³",7.2]
[5501933,"Escavação, carga e transporte de material de 1ª categoria - DMT de 1.200 a 1.400 m - caminho de serviço pavimentado - com carregadeira e caminhão basculante de 14 m³","m³",10.85]
[5502167,"Escavação, carga e transporte de material de 1ª categoria - DMT de 1.200 a 1.400 m - caminho de serviço pavimentado - com escavadeira e caminhão basculante de 14 m³","m³",7.2]
[5501882,"Escavação, carga e transporte de material de 1ª categoria - DMT de 1.400 a 1.600 m - caminho de serviço em leito natural - com carregadeira e caminhão basculante de 14 m³","m³",12.48]
[5502116,"Escavação, carga e transporte de material de 1ª categoria - DMT de 1.400 a 1.600 m - caminho de serviço em leito natural - com escavadeira e caminhão basculante de 14 m³","m³",8.83]
[5501908,"Escavação, carga e transporte de material de 1ª categoria - DMT de 1.400 a 1.600 m - caminho de serviço em revestimento primário - com carregadeira e caminhão basculante de 14 m³","m³",11.03]
[5502142,"Escavação, carga e transporte de material de 1ª categoria - DMT de 1.400 a 1.600 m - caminho de serviço em revestimento primário - com escavadeira e caminhão basculante de 14 m³","m³",7.39]
[5501934,"Escavação, carga e transporte de material de 1ª categoria - DMT de 1.400 a 1.600 m - caminho de serviço pavimentado - com carregadeira e caminhão basculante de 14 m³","m³",10.99]
[5502168,"Escavação, carga e transporte de material de 1ª categoria - DMT de 1.400 a 1.600 m - caminho de serviço pavimentado - com escavadeira e caminhão basculante de 14 m³","m³",7.35]
[5501883,"Escavação, carga e transporte de material de 1ª categoria - DMT de 1.600 a 1.800 m - caminho de serviço em leito natural - com carregadeira e caminhão basculante de 14 m³","m³",12.75]
[5502117,"Escavação, carga e transporte de material de 1ª categoria - DMT de 1.600 a 1.800 m - caminho de serviço em leito natural - com escavadeira e caminhão basculante de 14 m³","m³",9.1199999999999992]
[5501909,"Escavação, carga e transporte de material de 1ª categoria - DMT de 1.600 a 1.800 m - caminho de serviço em revestimento primário - com carregadeira e caminhão basculante de 14 m³","m³",11.22]
[5502143,"Escavação, carga e transporte de material de 1ª categoria - DMT de 1.600 a 1.800 m - caminho de serviço em revestimento primário - com escavadeira e caminhão basculante de 14 m³","m³",7.59]
[5501935,"Escavação, carga e transporte de material de 1ª categoria - DMT de 1.600 a 1.800 m - caminho de serviço pavimentado - com carregadeira e caminhão basculante de 14 m³","m³",11.17]
[5502169,"Escavação, carga e transporte de material de 1ª categoria - DMT de 1.600 a 1.800 m - caminho de serviço pavimentado - com escavadeira e caminhão basculante de 14 m³","m³",7.54]
[5501884,"Escavação, carga e transporte de material de 1ª categoria - DMT de 1.800 a 2.000 m - caminho de serviço em leito natural - com carregadeira e caminhão basculante de 14 m³","m³",13.39]
[5502118,"Escavação, carga e transporte de material de 1ª categoria - DMT de 1.800 a 2.000 m - caminho de serviço em leito natural - com escavadeira e caminhão basculante de 14 m³","m³",9.41]
[5501910,"Escavação, carga e transporte de material de 1ª categoria - DMT de 1.800 a 2.000 m - caminho de serviço em revestimento primário - com carregadeira e caminhão basculante de 14 m³","m³",11.4]
[5502144,"Escavação, carga e transporte de material de 1ª categoria - DMT de 1.800 a 2.000 m - caminho de serviço em revestimento primário - com escavadeira e caminhão basculante de 14 m³","m³",7.73]
[5501936,"Escavação, carga e transporte de material de 1ª categoria - DMT de 1.800 a 2.000 m - caminho de serviço pavimentado - com carregadeira e caminhão basculante de 14 m³","m³",11.31]
[5502170,"Escavação, carga e transporte de material de 1ª categoria - DMT de 1.800 a 2.000 m - caminho de serviço pavimentado - com escavadeira e caminhão basculante de 14 m³","m³",7.68]
[5501885,"Escavação, carga e transporte de material de 1ª categoria - DMT de 2.000 a 2.500 m - caminho de serviço em leito natural - com carregadeira e caminhão basculante de 14 m³","m³",13.89]
[5502119,"Escavação, carga e transporte de material de 1ª categoria - DMT de 2.000 a 2.500 m - caminho de serviço em leito natural - com escavadeira e caminhão basculante de 14 m³","m³",10.28]
[5501911,"Escavação, carga e transporte de material de 1ª categoria - DMT de 2.000 a 2.500 m - caminho de serviço em revestimento primário - com carregadeira e caminhão basculante de 14 m³","m³",12.05]
[5502145,"Escavação, carga e transporte de material de 1ª categoria - DMT de 2.000 a 2.500 m - caminho de serviço em revestimento primário - com escavadeira e caminhão basculante de 14 m³","m³",8.06]
[5501937,"Escavação, carga e transporte de material de 1ª categoria - DMT de 2.000 a 2.500 m - caminho de serviço pavimentado - com carregadeira e caminhão basculante de 14 m³","m³",11.99]
[5502171,"Escavação, carga e transporte de material de 1ª categoria - DMT de 2.000 a 2.500 m - caminho de serviço pavimentado - com escavadeira e caminhão basculante de 14 m³","m³",7.97]
[5501886,"Escavação, carga e transporte de material de 1ª categoria - DMT de 2.500 a 3.000 m - caminho de serviço em leito natural - com carregadeira e caminhão basculante de 14 m³","m³",15]
[5502120,"Escavação, carga e transporte de material de 1ª categoria - DMT de 2.500 a 3.000 m - caminho de serviço em leito natural - com escavadeira e caminhão basculante de 14 m³","m³",11.4]
[5501912,"Escavação, carga e transporte de material de 1ª categoria - DMT de 2.500 a 3.000 m - caminho de serviço em revestimento primário - com carregadeira e caminhão basculante de 14 m³","m³",12.54]
[5502146,"Escavação, carga e transporte de material de 1ª categoria - DMT de 2.500 a 3.000 m - caminho de serviço em revestimento primário - com escavadeira e caminhão basculante de 14 m³","m³",8.9499999999999993]
[5501938,"Escavação, carga e transporte de material de 1ª categoria - DMT de 2.500 a 3.000 m - caminho de serviço pavimentado - com carregadeira e caminhão basculante de 14 m³","m³",12.43]
[5502172,"Escavação, carga e transporte de material de 1ª categoria - DMT de 2.500 a 3.000 m - caminho de serviço pavimentado - com escavadeira e caminhão basculante de 14 m³","m³",8.83]
[5501876,"Escavação, carga e transporte de material de 1ª categoria - DMT de 200 a 400 m - caminho de serviço em leito natural - com carregadeira e caminhão basculante de 14 m³","m³",9.93]
[5502110,"Escavação, carga e transporte de material de 1ª categoria - DMT de 200 a 400 m - caminho de serviço em leito natural - com escavadeira e caminhão basculante de 14 m³","m³",6.26]
[5501902,"Escavação, carga e transporte de material de 1ª categoria - DMT de 200 a 400 m - caminho de serviço em revestimento primário - com carregadeira e caminhão basculante de 14 m³","m³",9.5]
[5502136,"Escavação, carga e transporte de material de 1ª categoria - DMT de 200 a 400 m - caminho de serviço em revestimento primário - com escavadeira e caminhão basculante de 14 m³","m³",5.84]
[5501928,"Escavação, carga e transporte de material de 1ª categoria - DMT de 200 a 400 m - caminho de serviço pavimentado - com carregadeira e caminhão basculante de 14 m³","m³",9.57]
[5502162,"Escavação, carga e transporte de material de 1ª categoria - DMT de 200 a 400 m - caminho de serviço pavimentado - com escavadeira e caminhão basculante de 14 m³","m³",5.92]
[5501877,"Escavação, carga e transporte de material de 1ª categoria - DMT de 400 a 600 m - caminho de serviço em leito natural - com carregadeira e caminhão basculante de 14 m³","m³",10.67]
[5502111,"Escavação, carga e transporte de material de 1ª categoria - DMT de 400 a 600 m - caminho de serviço em leito natural - com escavadeira e caminhão basculante de 14 m³","m³",6.65]
[5501903,"Escavação, carga e transporte de material de 1ª categoria - DMT de 400 a 600 m - caminho de serviço em revestimento primário - com carregadeira e caminhão basculante de 14 m³","m³",9.75]
[5502137,"Escavação, carga e transporte de material de 1ª categoria - DMT de 400 a 600 m - caminho de serviço em revestimento primário - com escavadeira e caminhão basculante de 14 m³","m³",6.07]
[5501929,"Escavação, carga e transporte de material de 1ª categoria - DMT de 400 a 600 m - caminho de serviço pavimentado - com carregadeira e caminhão basculante de 14 m³","m³",9.7899999999999991]
[5502163,"Escavação, carga e transporte de material de 1ª categoria - DMT de 400 a 600 m - caminho de serviço pavimentado - com escavadeira e caminhão basculante de 14 m³","m³",6.11]
[5501875,"Escavação, carga e transporte de material de 1ª categoria - DMT de 50 a 200 m - caminho de serviço em leito natural - com carregadeira e caminhão basculante de 14 m³","m³",9.5]
[5502109,"Escavação, carga e transporte de material de 1ª categoria - DMT de 50 a 200 m - caminho de serviço em leito natural - com escavadeira e caminhão basculante de 14 m³","m³",5.84]
[5501901,"Escavação, carga e transporte de material de 1ª categoria - DMT de 50 a 200 m - caminho de serviço em revestimento primário - com carregadeira e caminhão basculante de 14 m³","m³",8.84]
[5502135,"Escavação, carga e transporte de material de 1ª categoria - DMT de 50 a 200 m - caminho de serviço em revestimento primário - com escavadeira e caminhão basculante de 14 m³","m³",5.15]
[5501927,"Escavação, carga e transporte de material de 1ª categoria - DMT de 50 a 200 m - caminho de serviço pavimentado - com carregadeira e caminhão basculante de 14 m³","m³",9.32]
[5502161,"Escavação, carga e transporte de material de 1ª categoria - DMT de 50 a 200 m - caminho de serviço pavimentado - com escavadeira e caminhão basculante de 14 m³","m³",5.24]
[5501878,"Escavação, carga e transporte de material de 1ª categoria - DMT de 600 a 800 m - caminho de serviço em leito natural - com carregadeira e caminhão basculante de 14 m³","m³",10.99]
[5502112,"Escavação, carga e transporte de material de 1ª categoria - DMT de 600 a 800 m - caminho de serviço em leito natural - com escavadeira e caminhão basculante de 14 m³","m³",7.35]
[5501904,"Escavação, carga e transporte de material de 1ª categoria - DMT de 600 a 800 m - caminho de serviço em revestimento primário - com carregadeira e caminhão basculante de 14 m³","m³",9.93]
[5502138,"Escavação, carga e transporte de material de 1ª categoria - DMT de 600 a 800 m - caminho de serviço em revestimento primário - com escavadeira e caminhão basculante de 14 m³","m³",6.3]
[5501930,"Escavação, carga e transporte de material de 1ª categoria - DMT de 600 a 800 m - caminho de serviço pavimentado - com carregadeira e caminhão basculante de 14 m³","m³",9.9700000000000006]
[5502164,"Escavação, carga e transporte de material de 1ª categoria - DMT de 600 a 800 m - caminho de serviço pavimentado - com escavadeira e caminhão basculante de 14 m³","m³",6.3]
[5501879,"Escavação, carga e transporte de material de 1ª categoria - DMT de 800 a 1.000 m - caminho de serviço em leito natural - com carregadeira e caminhão basculante de 14 m³","m³",11.31]
[5502113,"Escavação, carga e transporte de material de 1ª categoria - DMT de 800 a 1.000 m - caminho de serviço em leito natural - com escavadeira e caminhão basculante de 14 m³","m³",7.63]
[5501905,"Escavação, carga e transporte de material de 1ª categoria - DMT de 800 a 1.000 m - caminho de serviço em revestimento primário - com carregadeira e caminhão basculante de 14 m³","m³",10.15]
[5502139,"Escavação, carga e transporte de material de 1ª categoria - DMT de 800 a 1.000 m - caminho de serviço em revestimento primário - com escavadeira e caminhão basculante de 14 m³","m³",6.49]
[5501931,"Escavação, carga e transporte de material de 1ª categoria - DMT de 800 a 1.000 m - caminho de serviço pavimentado - com carregadeira e caminhão basculante de 14 m³","m³",10.54]
[5502165,"Escavação, carga e transporte de material de 1ª categoria - DMT de 800 a 1.000 m - caminho de serviço pavimentado - com escavadeira e caminhão basculante de 14 m³","m³",6.49]
[5502825,"Escavação, carga e transporte de material de 1ª categoria na distância de 3.000 m - caminho de serviço em leito natural - com carregadeira e caminhão basculante de 14 m³","m³",15.82]
[5502834,"Escavação, carga e transporte de material de 1ª categoria na distância de 3.000 m - caminho de serviço em leito natural - com escavadeira e caminhão basculante de 14 m³","m³",11.86]
[5502826,"Escavação, carga e transporte de material de 1ª categoria na distância de 3.000 m - caminho de serviço em revestimento primário - com carregadeira e caminhão basculante de 14 m³","m³",12.81]
[5502835,"Escavação, carga e transporte de material de 1ª categoria na distância de 3.000 m - caminho de serviço em revestimento primário - com escavadeira e caminhão basculante de 14 m³","m³",9.23]
[5502827,"Escavação, carga e transporte de material de 1ª categoria na distância de 3.000 m - caminho de serviço pavimentado - com carregadeira e caminhão basculante de 14 m³","m³",12.64]
[5502836,"Escavação, carga e transporte de material de 1ª categoria na distância de 3.000 m - caminho de serviço pavimentado - com escavadeira e caminhão basculante de 14 m³","m³",9.06]
[5502356,"Escavação, carga e transporte de material de 2ª categoria - DMT de 1.000 a 1.200 m - caminho de serviço em leito natural - com carregadeira e caminhão basculante de 14 m³","m³",18.3]
[5502590,"Escavação, carga e transporte de material de 2ª categoria - DMT de 1.000 a 1.200 m - caminho de serviço em leito natural - com escavadeira e caminhão basculante de 14 m³","m³",10.71]
[5502382,"Escavação, carga e transporte de material de 2ª categoria - DMT de 1.000 a 1.200 m - caminho de serviço em revestimento primário - com carregadeira e caminhão basculante de 14 m³","m³",16.84]
[5502616,"Escavação, carga e transporte de material de 2ª categoria - DMT de 1.000 a 1.200 m - caminho de serviço em revestimento primário - com escavadeira e caminhão basculante de 14 m³","m³",9.11]
[5502408,"Escavação, carga e transporte de material de 2ª categoria - DMT de 1.000 a 1.200 m - caminho de serviço pavimentado - com carregadeira e caminhão basculante de 14 m³","m³",16.84]
[5502642,"Escavação, carga e transporte de material de 2ª categoria - DMT de 1.000 a 1.200 m - caminho de serviço pavimentado - com escavadeira e caminhão basculante de 14 m³","m³",9.06]
[5502357,"Escavação, carga e transporte de material de 2ª categoria - DMT de 1.200 a 1.400 m - caminho de serviço em leito natural - com carregadeira e caminhão basculante de 14 m³","m³",18.600000000000001]
[5502591,"Escavação, carga e transporte de material de 2ª categoria - DMT de 1.200 a 1.400 m - caminho de serviço em leito natural - com escavadeira e caminhão basculante de 14 m³","m³",11.04]
[5502383,"Escavação, carga e transporte de material de 2ª categoria - DMT de 1.200 a 1.400 m - caminho de serviço em revestimento primário - com carregadeira e caminhão basculante de 14 m³","m³",17.04]
[5502617,"Escavação, carga e transporte de material de 2ª categoria - DMT de 1.200 a 1.400 m - caminho de serviço em revestimento primário - com escavadeira e caminhão basculante de 14 m³","m³",9.26]
[5502409,"Escavação, carga e transporte de material de 2ª categoria - DMT de 1.200 a 1.400 m - caminho de serviço pavimentado - com carregadeira e caminhão basculante de 14 m³","m³",16.989999999999998]
[5502643,"Escavação, carga e transporte de material de 2ª categoria - DMT de 1.200 a 1.400 m - caminho de serviço pavimentado - com escavadeira e caminhão basculante de 14 m³","m³",9.26]
[5502358,"Escavação, carga e transporte de material de 2ª categoria - DMT de 1.400 a 1.600 m - caminho de serviço em leito natural - com carregadeira e caminhão basculante de 14 m³","m³",18.91]
[5502592,"Escavação, carga e transporte de material de 2ª categoria - DMT de 1.400 a 1.600 m - caminho de serviço em leito natural - com escavadeira e caminhão basculante de 14 m³","m³",11.3]
[5502384,"Escavação, carga e transporte de material de 2ª categoria - DMT de 1.400 a 1.600 m - caminho de serviço em revestimento primário - com carregadeira e caminhão basculante de 14 m³","m³",17.239999999999998]
[5502618,"Escavação, carga e transporte de material de 2ª categoria - DMT de 1.400 a 1.600 m - caminho de serviço em revestimento primário - com escavadeira e caminhão basculante de 14 m³","m³",10.18]
[5502410,"Escavação, carga e transporte de material de 2ª categoria - DMT de 1.400 a 1.600 m - caminho de serviço pavimentado - com carregadeira e caminhão basculante de 14 m³","m³",17.190000000000001]
[5502644,"Escavação, carga e transporte de material de 2ª categoria - DMT de 1.400 a 1.600 m - caminho de serviço pavimentado - com escavadeira e caminhão basculante de 14 m³","m³",10.11]
[5502359,"Escavação, carga e transporte de material de 2ª categoria - DMT de 1.600 a 1.800 m - caminho de serviço em leito natural - com carregadeira e caminhão basculante de 14 m³","m³",19.22]
[5502593,"Escavação, carga e transporte de material de 2ª categoria - DMT de 1.600 a 1.800 m - caminho de serviço em leito natural - com escavadeira e caminhão basculante de 14 m³","m³",11.64]
[5502385,"Escavação, carga e transporte de material de 2ª categoria - DMT de 1.600 a 1.800 m - caminho de serviço em revestimento primário - com carregadeira e caminhão basculante de 14 m³","m³",17.43]
[5502619,"Escavação, carga e transporte de material de 2ª categoria - DMT de 1.600 a 1.800 m - caminho de serviço em revestimento primário - com escavadeira e caminhão basculante de 14 m³","m³",10.38]
[5502411,"Escavação, carga e transporte de material de 2ª categoria - DMT de 1.600 a 1.800 m - caminho de serviço pavimentado - com carregadeira e caminhão basculante de 14 m³","m³",17.38]
[5502645,"Escavação, carga e transporte de material de 2ª categoria - DMT de 1.600 a 1.800 m - caminho de serviço pavimentado - com escavadeira e caminhão basculante de 14 m³","m³",10.31]
[5502360,"Escavação, carga e transporte de material de 2ª categoria - DMT de 1.800 a 2.000 m - caminho de serviço em leito natural - com carregadeira e caminhão basculante de 14 m³","m³",19.989999999999998]
[5502594,"Escavação, carga e transporte de material de 2ª categoria - DMT de 1.800 a 2.000 m - caminho de serviço em leito natural - com escavadeira e caminhão basculante de 14 m³","m³",12.63]
[5502386,"Escavação, carga e transporte de material de 2ª categoria - DMT de 1.800 a 2.000 m - caminho de serviço em revestimento primário - com carregadeira e caminhão basculante de 14 m³","m³",18.11]
[5502620,"Escavação, carga e transporte de material de 2ª categoria - DMT de 1.800 a 2.000 m - caminho de serviço em revestimento primário - com escavadeira e caminhão basculante de 14 m³","m³",10.51]
[5502412,"Escavação, carga e transporte de material de 2ª categoria - DMT de 1.800 a 2.000 m - caminho de serviço pavimentado - com carregadeira e caminhão basculante de 14 m³","m³",18.05]
[5502646,"Escavação, carga e transporte de material de 2ª categoria - DMT de 1.800 a 2.000 m - caminho de serviço pavimentado - com escavadeira e caminhão basculante de 14 m³","m³",10.44]
[5502361,"Escavação, carga e transporte de material de 2ª categoria - DMT de 2.000 a 2.500 m - caminho de serviço em leito natural - com carregadeira e caminhão basculante de 14 m³","m³",20.51]
[5502595,"Escavação, carga e transporte de material de 2ª categoria - DMT de 2.000 a 2.500 m - caminho de serviço em leito natural - com escavadeira e caminhão basculante de 14 m³","m³",13.13]
[5502387,"Escavação, carga e transporte de material de 2ª categoria - DMT de 2.000 a 2.500 m - caminho de serviço em revestimento primário - com carregadeira e caminhão basculante de 14 m³","m³",18.48]
[5502621,"Escavação, carga e transporte de material de 2ª categoria - DMT de 2.000 a 2.500 m - caminho de serviço em revestimento primário - com escavadeira e caminhão basculante de 14 m³","m³",10.91]
[5502413,"Escavação, carga e transporte de material de 2ª categoria - DMT de 2.000 a 2.500 m - caminho de serviço pavimentado - com carregadeira e caminhão basculante de 14 m³","m³",18.36]
[5502647,"Escavação, carga e transporte de material de 2ª categoria - DMT de 2.000 a 2.500 m - caminho de serviço pavimentado - com escavadeira e caminhão basculante de 14 m³","m³",10.77]
[5502362,"Escavação, carga e transporte de material de 2ª categoria - DMT de 2.500 a 3.000 m - caminho de serviço em leito natural - com carregadeira e caminhão basculante de 14 m³","m³",21.91]
[5502596,"Escavação, carga e transporte de material de 2ª categoria - DMT de 2.500 a 3.000 m - caminho de serviço em leito natural - com escavadeira e caminhão basculante de 14 m³","m³",13.96]
[5502388,"Escavação, carga e transporte de material de 2ª categoria - DMT de 2.500 a 3.000 m - caminho de serviço em revestimento primário - com carregadeira e caminhão basculante de 14 m³","m³",18.97]
[5502622,"Escavação, carga e transporte de material de 2ª categoria - DMT de 2.500 a 3.000 m - caminho de serviço em revestimento primário - com escavadeira e caminhão basculante de 14 m³","m³",11.44]
[5502414,"Escavação, carga e transporte de material de 2ª categoria - DMT de 2.500 a 3.000 m - caminho de serviço pavimentado - com carregadeira e caminhão basculante de 14 m³","m³",18.850000000000001]
[5502648,"Escavação, carga e transporte de material de 2ª categoria - DMT de 2.500 a 3.000 m - caminho de serviço pavimentado - com escavadeira e caminhão basculante de 14 m³","m³",11.3]
[5502352,"Escavação, carga e transporte de material de 2ª categoria - DMT de 200 a 400 m - caminho de serviço em leito natural - com carregadeira e caminhão basculante de 14 m³","m³",16.399999999999999]
[5502586,"Escavação, carga e transporte de material de 2ª categoria - DMT de 200 a 400 m - caminho de serviço em leito natural - com escavadeira e caminhão basculante de 14 m³","m³",8.67]
[5502378,"Escavação, carga e transporte de material de 2ª categoria - DMT de 200 a 400 m - caminho de serviço em revestimento primário - com carregadeira e caminhão basculante de 14 m³","m³",15.41]
[5502612,"Escavação, carga e transporte de material de 2ª categoria - DMT de 200 a 400 m - caminho de serviço em revestimento primário - com escavadeira e caminhão basculante de 14 m³","m³",8.17]
[5502404,"Escavação, carga e transporte de material de 2ª categoria - DMT de 200 a 400 m - caminho de serviço pavimentado - com carregadeira e caminhão basculante de 14 m³","m³",15.49]
[5502638,"Escavação, carga e transporte de material de 2ª categoria - DMT de 200 a 400 m - caminho de serviço pavimentado - com escavadeira e caminhão basculante de 14 m³","m³",8.27]
[5502353,"Escavação, carga e transporte de material de 2ª categoria - DMT de 400 a 600 m - caminho de serviço em leito natural - com carregadeira e caminhão basculante de 14 m³","m³",16.79]
[5502587,"Escavação, carga e transporte de material de 2ª categoria - DMT de 400 a 600 m - caminho de serviço em leito natural - com escavadeira e caminhão basculante de 14 m³","m³",9.06]
[5502379,"Escavação, carga e transporte de material de 2ª categoria - DMT de 400 a 600 m - caminho de serviço em revestimento primário - com carregadeira e caminhão basculante de 14 m³","m³",15.71]
[5502613,"Escavação, carga e transporte de material de 2ª categoria - DMT de 400 a 600 m - caminho de serviço em revestimento primário - com escavadeira e caminhão basculante de 14 m³","m³",8.4700000000000006]
[5502405,"Escavação, carga e transporte de material de 2ª categoria - DMT de 400 a 600 m - caminho de serviço pavimentado - com carregadeira e caminhão basculante de 14 m³","m³",16.25]
[5502639,"Escavação, carga e transporte de material de 2ª categoria - DMT de 400 a 600 m - caminho de serviço pavimentado - com escavadeira e caminhão basculante de 14 m³","m³",8.52]
[5502351,"Escavação, carga e transporte de material de 2ª categoria - DMT de 50 a 200 m - caminho de serviço em leito natural - com carregadeira e caminhão basculante de 14 m³","m³",15.41]
[5502585,"Escavação, carga e transporte de material de 2ª categoria - DMT de 50 a 200 m - caminho de serviço em leito natural - com escavadeira e caminhão basculante de 14 m³","m³",8.17]
[5502377,"Escavação, carga e transporte de material de 2ª categoria - DMT de 50 a 200 m - caminho de serviço em revestimento primário - com carregadeira e caminhão basculante de 14 m³","m³",15.12]
[5502611,"Escavação, carga e transporte de material de 2ª categoria - DMT de 50 a 200 m - caminho de serviço em revestimento primário - com escavadeira e caminhão basculante de 14 m³","m³",7.87]
[5502403,"Escavação, carga e transporte de material de 2ª categoria - DMT de 50 a 200 m - caminho de serviço pavimentado - com carregadeira e caminhão basculante de 14 m³","m³",15.23]
[5502637,"Escavação, carga e transporte de material de 2ª categoria - DMT de 50 a 200 m - caminho de serviço pavimentado - com escavadeira e caminhão basculante de 14 m³","m³",7.97]
[5502187,"Escavação, carga e transporte de material de 2ª categoria - DMT de 50 m","m³",7.19]
[5502354,"Escavação, carga e transporte de material de 2ª categoria - DMT de 600 a 800 m - caminho de serviço em leito natural - com carregadeira e caminhão basculante de 14 m³","m³",17.190000000000001]
[5502588,"Escavação, carga e transporte de material de 2ª categoria - DMT de 600 a 800 m - caminho de serviço em leito natural - com escavadeira e caminhão basculante de 14 m³","m³",10.11]
[5502380,"Escavação, carga e transporte de material de 2ª categoria - DMT de 600 a 800 m - caminho de serviço em revestimento primário - com carregadeira e caminhão basculante de 14 m³","m³",16.45]
[5502614,"Escavação, carga e transporte de material de 2ª categoria - DMT de 600 a 800 m - caminho de serviço em revestimento primário - com escavadeira e caminhão basculante de 14 m³","m³",8.67]
[5502406,"Escavação, carga e transporte de material de 2ª categoria - DMT de 600 a 800 m - caminho de serviço pavimentado - com carregadeira e caminhão basculante de 14 m³","m³",16.45]
[5502640,"Escavação, carga e transporte de material de 2ª categoria - DMT de 600 a 800 m - caminho de serviço pavimentado - com escavadeira e caminhão basculante de 14 m³","m³",8.7200000000000006]
[5502355,"Escavação, carga e transporte de material de 2ª categoria - DMT de 800 a 1.000 m - caminho de serviço em leito natural - com carregadeira e caminhão basculante de 14 m³","m³",17.48]
[5502589,"Escavação, carga e transporte de material de 2ª categoria - DMT de 800 a 1.000 m - caminho de serviço em leito natural - com escavadeira e caminhão basculante de 14 m³","m³",10.44]
[5502381,"Escavação, carga e transporte de material de 2ª categoria - DMT de 800 a 1.000 m - caminho de serviço em revestimento primário - com carregadeira e caminhão basculante de 14 m³","m³",16.649999999999999]
[5502615,"Escavação, carga e transporte de material de 2ª categoria - DMT de 800 a 1.000 m - caminho de serviço em revestimento primário - com escavadeira e caminhão basculante de 14 m³","m³",8.92]
[5502407,"Escavação, carga e transporte de material de 2ª categoria - DMT de 800 a 1.000 m - caminho de serviço pavimentado - com carregadeira e caminhão basculante de 14 m³","m³",16.649999999999999]
[5502641,"Escavação, carga e transporte de material de 2ª categoria - DMT de 800 a 1.000 m - caminho de serviço pavimentado - com escavadeira e caminhão basculante de 14 m³","m³",8.92]
[5502880,"Escavação, carga e transporte de material de 2ª categoria na distância de 3.000 m - caminho de serviço em leito natural - com escavadeira e caminhão basculante de 14 m³","m³",15.09]
[5502857,"Escavação, carga e transporte de material de 2ª categoria na distância de 3.000 m - caminho de serviço em leito natural com carregadeira e caminhão basculante de 14 m³","m³",22.35]
[5502881,"Escavação, carga e transporte de material de 2ª categoria na distância de 3.000 m - caminho de serviço em revestimento primário - com escavadeira e caminhão basculante de 14 m³","m³",11.7]
[5502859,"Escavação, carga e transporte de material de 2ª categoria na distância de 3.000 m - caminho de serviço pavimentado - com carregadeira e caminhão basculante de 14 m³","m³",19.09]
[5502882,"Escavação, carga e transporte de material de 2ª categoria na distância de 3.000 m - caminho de serviço pavimentado - com escavadeira e caminhão basculante de 14 m³","m³",11.57]
[5502858,"Escavação, carga e transporte de material de 2ª categoria na distância de 3.000 m -caminho de serviço com revestimento primário com carregadeira e caminhão basculante de 14 m³","m³",19.77]
[5502747,"Escavação, carga e transporte de material de 3ª categoria - DMT de 1.000 a 1.200 m - caminho de serviço em leito natural com caminhão basculante de 12 m³","m³",46.8]
[5502773,"Escavação, carga e transporte de material de 3ª categoria - DMT de 1.000 a 1.200 m - caminho de serviço em revestimento primário - com caminhão basculante de 12 m³","m³",45.26]
[5502799,"Escavação, carga e transporte de material de 3ª categoria - DMT de 1.000 a 1.200 m - caminho de serviço pavimentado - com caminhão basculante de 12 m³","m³",44.78]
[5502748,"Escavação, carga e transporte de material de 3ª categoria - DMT de 1.200 a 1.400 m - caminho de serviço em leito natural com caminhão basculante de 12 m³","m³",47.29]
[5502774,"Escavação, carga e transporte de material de 3ª categoria - DMT de 1.200 a 1.400 m - caminho de serviço em revestimento primário - com caminhão basculante de 12 m³","m³",45.55]
[5502800,"Escavação, carga e transporte de material de 3ª categoria - DMT de 1.200 a 1.400 m - caminho de serviço pavimentado - com caminhão basculante de 12 m³","m³",45.07]
[5502749,"Escavação, carga e transporte de material de 3ª categoria - DMT de 1.400 a 1.600 m - caminho de serviço em leito natural com caminhão basculante de 12 m³","m³",47.67]
[5502775,"Escavação, carga e transporte de material de 3ª categoria - DMT de 1.400 a 1.600 m - caminho de serviço em revestimento primário - com caminhão basculante de 12 m³","m³",45.84]
[5502801,"Escavação, carga e transporte de material de 3ª categoria - DMT de 1.400 a 1.600 m - caminho de serviço pavimentado - com caminhão basculante de 12 m³","m³",45.26]
[5502750,"Escavação, carga e transporte de material de 3ª categoria - DMT de 1.600 a 1.800 m - caminho de serviço em leito natural com caminhão basculante de 12 m³","m³",49.71]
[5502776,"Escavação, carga e transporte de material de 3ª categoria - DMT de 1.600 a 1.800 m - caminho de serviço em revestimento primário - com caminhão basculante de 12 m³","m³",46.13]
[5502802,"Escavação, carga e transporte de material de 3ª categoria - DMT de 1.600 a 1.800 m - caminho de serviço pavimentado - com caminhão basculante de 12 m³","m³",45.55]
[5502751,"Escavação, carga e transporte de material de 3ª categoria - DMT de 1.800 a 2.000 m - caminho de serviço em leito natural com caminhão basculante de 12 m³","m³",50.22]
[5502777,"Escavação, carga e transporte de material de 3ª categoria - DMT de 1.800 a 2.000 m - caminho de serviço em revestimento primário - com caminhão basculante de 12 m³","m³",46.42]
[5502803,"Escavação, carga e transporte de material de 3ª categoria - DMT de 1.800 a 2.000 m - caminho de serviço pavimentado - com caminhão basculante de 12 m³","m³",45.74]
[5502752,"Escavação, carga e transporte de material de 3ª categoria - DMT de 2.000 a 2.500 m - caminho de serviço em leito natural com caminhão basculante de 12 m³","m³",51]
[5502778,"Escavação, carga e transporte de material de 3ª categoria - DMT de 2.000 a 2.500 m - caminho de serviço em revestimento primário - com caminhão basculante de 12 m³","m³",47]
[5502804,"Escavação, carga e transporte de material de 3ª categoria - DMT de 2.000 a 2.500 m - caminho de serviço pavimentado - com caminhão basculante de 12 m³","m³",46.22]
[5502753,"Escavação, carga e transporte de material de 3ª categoria - DMT de 2.500 a 3.000 m - caminho de serviço em leito natural com caminhão basculante de 12 m³","m³",52.28]
[5502779,"Escavação, carga e transporte de material de 3ª categoria - DMT de 2.500 a 3.000 m - caminho de serviço em revestimento primário - com caminhão basculante de 12 m³","m³",49.45]
[5502805,"Escavação, carga e transporte de material de 3ª categoria - DMT de 2.500 a 3.000 m - caminho de serviço pavimentado - com caminhão basculante de 12 m³","m³",46.9]
[5502743,"Escavação, carga e transporte de material de 3ª categoria - DMT de 200 a 400 m - caminho de serviço em leito natural com caminhão basculante de 12 m³","m³",44.58]
[5502769,"Escavação, carga e transporte de material de 3ª categoria - DMT de 200 a 400 m - caminho de serviço em revestimento primário - com caminhão basculante de 12 m³","m³",42.29]
[5502795,"Escavação, carga e transporte de material de 3ª categoria - DMT de 200 a 400 m - caminho de serviço pavimentado - com caminhão basculante de 12 m³","m³",42.1]
[5502744,"Escavação, carga e transporte de material de 3ª categoria - DMT de 400 a 600 m - caminho de serviço em leito natural com caminhão basculante de 12 m³","m³",45.26]
[5502770,"Escavação, carga e transporte de material de 3ª categoria - DMT de 400 a 600 m - caminho de serviço em revestimento primário - com caminhão basculante de 12 m³","m³",42.74]
[5502796,"Escavação, carga e transporte de material de 3ª categoria - DMT de 400 a 600 m - caminho de serviço pavimentado - com caminhão basculante de 12 m³","m³",42.42]
[5502742,"Escavação, carga e transporte de material de 3ª categoria - DMT de 50 a 200 m - caminho de serviço em leito natural com caminhão basculante de 12 m³","m³",42.29]
[5502768,"Escavação, carga e transporte de material de 3ª categoria - DMT de 50 a 200 m - caminho de serviço em revestimento primário - com caminhão basculante de 12 m³","m³",41.84]
[5502794,"Escavação, carga e transporte de material de 3ª categoria - DMT de 50 a 200 m - caminho de serviço pavimentado - com caminhão basculante de 12 m³","m³",41.65]
[5502745,"Escavação, carga e transporte de material de 3ª categoria - DMT de 600 a 800 m - caminho de serviço em leito natural com caminhão basculante de 12 m³","m³",45.84]
[5502771,"Escavação, carga e transporte de material de 3ª categoria - DMT de 600 a 800 m - caminho de serviço em revestimento primário - com caminhão basculante de 12 m³","m³",44.68]
[5502797,"Escavação, carga e transporte de material de 3ª categoria - DMT de 600 a 800 m - caminho de serviço pavimentado - com caminhão basculante de 12 m³","m³",42.67]
[5502746,"Escavação, carga e transporte de material de 3ª categoria - DMT de 800 a 1.000 m - caminho de serviço em leito natural com caminhão basculante de 12 m³","m³",46.32]
[5502772,"Escavação, carga e transporte de material de 3ª categoria - DMT de 800 a 1.000 m - caminho de serviço em revestimento primário - com caminhão basculante de 12 m³","m³",44.97]
[5502798,"Escavação, carga e transporte de material de 3ª categoria - DMT de 800 a 1.000 m - caminho de serviço pavimentado - com caminhão basculante de 12 m³","m³",43]
[5502886,"Escavação, carga e transporte de material de 3ª categoria na distância de 3.000 m - caminho de serviço em leito natural com caminhão basculante de 12 m³","m³",54.58]
[5502887,"Escavação, carga e transporte de material de 3ª categoria na distância de 3.000 m - caminho de serviço em revestimento primário - com caminhão basculante de 12 m³","m³",49.84]
[5502888,"Escavação, carga e transporte de material de 3ª categoria na distância de 3.000 m - caminho de serviço pavimentado - com caminhão basculante de 12 m³","m³",47.29]
[5502820,"Escavação, carga e transporte de solos moles - DMT de 0 a 50 m","m³",6.6]
[5502904,"Escavação, carga e transporte de solos moles - DMT de 1.000 a 1.200 m - caminho de serviço em leito natural - com caminhão basculante de 14 m³","m³",19.97]
[5502930,"Escavação, carga e transporte de solos moles - DMT de 1.000 a 1.200 m - caminho de serviço em revestimento primário - com caminhão basculante de 14 m³","m³",18.91]
[5502956,"Escavação, carga e transporte de solos moles - DMT de 1.000 a 1.200 m - caminho de serviço pavimentado - com caminhão basculante de 14 m³","m³",18.52]
[5502905,"Escavação, carga e transporte de solos moles - DMT de 1.200 a 1.400 m - caminho de serviço em leito natural - com caminhão basculante de 14 m³","m³",22.3]
[5502931,"Escavação, carga e transporte de solos moles - DMT de 1.200 a 1.400 m - caminho de serviço em revestimento primário - com caminhão basculante de 14 m³","m³",19.100000000000001]
[5502957,"Escavação, carga e transporte de solos moles - DMT de 1.200 a 1.400 m - caminho de serviço pavimentado - com caminhão basculante de 14 m³","m³",18.71]
[5502906,"Escavação, carga e transporte de solos moles - DMT de 1.400 a 1.600 m - caminho de serviço em leito natural - com caminhão basculante de 14 m³","m³",22.59]
[5502932,"Escavação, carga e transporte de solos moles - DMT de 1.400 a 1.600 m - caminho de serviço em revestimento primário - com caminhão basculante de 14 m³","m³",19.29]
[5502958,"Escavação, carga e transporte de solos moles - DMT de 1.400 a 1.600 m - caminho de serviço pavimentado - com caminhão basculante de 14 m³","m³",18.91]
[5502907,"Escavação, carga e transporte de solos moles - DMT de 1.600 a 1.800 m - caminho de serviço em leito natural - com caminhão basculante de 14 m³","m³",23.03]
[5502933,"Escavação, carga e transporte de solos moles - DMT de 1.600 a 1.800 m - caminho de serviço em revestimento primário - com caminhão basculante de 14 m³","m³",19.579999999999998]
[5502959,"Escavação, carga e transporte de solos moles - DMT de 1.600 a 1.800 m - caminho de serviço pavimentado - com caminhão basculante de 14 m³","m³",19.100000000000001]
[5502908,"Escavação, carga e transporte de solos moles - DMT de 1.800 a 2.000 m - caminho de serviço em leito natural - com caminhão basculante de 14 m³","m³",23.32]
[5502934,"Escavação, carga e transporte de solos moles - DMT de 1.800 a 2.000 m - caminho de serviço em revestimento primário - com caminhão basculante de 14 m³","m³",19.78]
[5502960,"Escavação, carga e transporte de solos moles - DMT de 1.800 a 2.000 m - caminho de serviço pavimentado - com caminhão basculante de 14 m³","m³",19.2]
[5502909,"Escavação, carga e transporte de solos moles - DMT de 2.000 a 2.500 m - caminho de serviço em leito natural - com caminhão basculante de 14 m³","m³",23.9]
[5502935,"Escavação, carga e transporte de solos moles - DMT de 2.000 a 2.500 m - caminho de serviço em revestimento primário - com caminhão basculante de 14 m³","m³",20.16]
[5502961,"Escavação, carga e transporte de solos moles - DMT de 2.000 a 2.500 m - caminho de serviço pavimentado - com caminhão basculante de 14 m³","m³",19.579999999999998]
[5502910,"Escavação, carga e transporte de solos moles - DMT de 2.500 a 3.000 m - caminho de serviço em leito natural - com caminhão basculante de 14 m³","m³",24.92]
[5502936,"Escavação, carga e transporte de solos moles - DMT de 2.500 a 3.000 m - caminho de serviço em revestimento primário - com caminhão basculante de 14 m³","m³",22.74]
[5502962,"Escavação, carga e transporte de solos moles - DMT de 2.500 a 3.000 m - caminho de serviço pavimentado - com caminhão basculante de 14 m³","m³",20.07]
[5502900,"Escavação, carga e transporte de solos moles - DMT de 200 a 400 m - caminho de serviço em leito natural - com caminhão basculante de 14 m³","m³",18.420000000000002]
[5502926,"Escavação, carga e transporte de solos moles - DMT de 200 a 400 m - caminho de serviço em revestimento primário - com caminhão basculante de 14 m³","m³",17.84]
[5502952,"Escavação, carga e transporte de solos moles - DMT de 200 a 400 m - caminho de serviço pavimentado - com caminhão basculante de 14 m³","m³",17.649999999999999]
[5502901,"Escavação, carga e transporte de solos moles - DMT de 400 a 600 m - caminho de serviço em leito natural - com caminhão basculante de 14 m³","m³",18.809999999999999]
[5502927,"Escavação, carga e transporte de solos moles - DMT de 400 a 600 m - caminho de serviço em revestimento primário - com caminhão basculante de 14 m³","m³",18.13]
[5502953,"Escavação, carga e transporte de solos moles - DMT de 400 a 600 m - caminho de serviço pavimentado - com caminhão basculante de 14 m³","m³",17.940000000000001]
[5502899,"Escavação, carga e transporte de solos moles - DMT de 50 a 200 m - caminho de serviço em leito natural - com caminhão basculante de 14 m³","m³",17.84]
[5502925,"Escavação, carga e transporte de solos moles - DMT de 50 a 200 m - caminho de serviço em revestimento primário - com caminhão basculante de 14 m³","m³",17.55]
[5502951,"Escavação, carga e transporte de solos moles - DMT de 50 a 200 m - caminho de serviço pavimentado - com caminhão basculante de 14 m³","m³",17.36]
[5502902,"Escavação, carga e transporte de solos moles - DMT de 600 a 800 m - caminho de serviço em leito natural - com caminhão basculante de 14 m³","m³",19.29]
[5502928,"Escavação, carga e transporte de solos moles - DMT de 600 a 800 m - caminho de serviço em revestimento primário - com caminhão basculante de 14 m³","m³",18.420000000000002]
[5502954,"Escavação, carga e transporte de solos moles - DMT de 600 a 800 m - caminho de serviço pavimentado - com caminhão basculante de 14 m³","m³",18.13]
[5502903,"Escavação, carga e transporte de solos moles - DMT de 800 a 1.000 m - caminho de serviço em leito natural - com caminhão basculante de 14 m³","m³",19.579999999999998]
[5502929,"Escavação, carga e transporte de solos moles - DMT de 800 a 1.000 m - caminho de serviço em revestimento primário - com caminhão basculante de 14 m³","m³",18.62]
[5502955,"Escavação, carga e transporte de solos moles - DMT de 800 a 1.000 m - caminho de serviço pavimentado - com caminhão basculante de 14 m³","m³",18.32]
[5502889,"Escavação, carga e transporte de solos moles na distância de 3.000 m - caminho de serviço em leito natural - com caminhão basculante de 14 m³","m³",25.35]
[5502996,"Escavação, carga e transporte de solos moles na distância de 3.000 m - caminho de serviço em revestimento primário - com caminhão basculante de 14 m³","m³",23.03]
[5502997,"Escavação, carga e transporte de solos moles na distância de 3.000 m - caminho de serviço pavimentado - com caminhão basculante de 14 m³","m³",22.3]
[5501716,"Escavação, carga e transporte em material de 1ª categoria - DMT de 1.000 a 1.200 m com motoscraper","m³",20.9]
[5501717,"Escavação, carga e transporte em material de 1ª categoria - DMT de 1.200 a 1.400 m com motoscraper","m³",23.57]
[5501712,"Escavação, carga e transporte em material de 1ª categoria - DMT de 200 a 400 m com motoscraper","m³",12.1]
[5501713,"Escavação, carga e transporte em material de 1ª categoria - DMT de 400 a 600 m com motoscraper","m³",13.42]
[5501711,"Escavação, carga e transporte em material de 1ª categoria - DMT de 50 a 200 m com motoscraper","m³",9.68]
[5501710,"Escavação, carga e transporte em material de 1ª categoria - DMT de 50 m","m³",2.78]
[5501714,"Escavação, carga e transporte em material de 1ª categoria - DMT de 600 a 800 m com motoscraper","m³",15.81]
[5501715,"Escavação, carga e transporte em material de 1ª categoria - DMT de 800 a 1.000 m com motoscraper","m³",18.23]
[5502986,"Expurgo de jazida","m³",3.15]
[5502977,"Fragmentação de blocos de rocha com escavadeira e rompedor hidráulico 1.700 kg","m³",8.93]
[5502985,"Limpeza mecanizada da camada vegetal","m²",0.56000000000000005]
[5503018,"Manutenção de caminho de serviço","km",65.790000000000006]
[5505768,"Pré-fissuramento de material de 3ª categoria","m²",87.62]
[5503020,"Umedecimento de caminho de serviço","km",287.51]
[5605798,"Chumbador de aço CA-50 - D = 20 mm com perfuratriz sobre pneus - ancorado na rocha com cartucho de cimento - fornecimento, perfuração e instalação","m",92.21]
[5605925,"Chumbador de aço CA-50 - D = 20 mm com perfuratriz sobre pneus - ancorado na rocha com injeção de nata de cimento - fornecimento, perfuração e instalação","m",85.97]
[5605799,"Chumbador de aço CA-50 - D = 22 mm com perfuratriz sobre pneus - ancorado na rocha com cartucho de cimento - fornecimento, perfuração e instalação","m",102.93]
[5605800,"Chumbador de aço CA-50 - D = 25 mm com perfuratriz sobre pneus - ancorado na rocha com cartucho de cimento - fornecimento, perfuração e instalação","m",116.86]
[5613944,"Chumbador de aço CA-50 - D = 32 mm com martelete perfurador manual - ancorado na rocha com cartucho de cimento - fornecimento, perfuração e instalação","m",136.26]
[5605894,"Grampo de aço CA-50 D = 12,5 mm para solo grampeado com capacidade de 30 kN - fornecimento, perfuração e instalação","m",51.66]
[5605895,"Grampo de aço CA-50 D = 16 mm para solo grampeado com capacidade de 50 kN - fornecimento, perfuração e instalação","m",55.85]
[5605896,"Grampo de aço CA-50 D = 20 mm para solo grampeado com capacidade de 80 kN - fornecimento, perfuração e instalação","m",62.17]
[5605911,"Perfuração para tirante permanente protendido autoinjetável em material de 1ª categoria com diâmetro de até 120 mm","m",41.57]
[5605912,"Perfuração para tirante permanente protendido autoinjetável em material de 2ª categoria com diâmetro de até 87 mm","m",68.48]
[5605938,"Perfuração para tirantes em material de 1ª categoria com diâmetro de até 120 mm","m",23.99]
[5605939,"Perfuração para tirantes em material de 2ª categoria com diâmetro de até 120 mm","m",28.83]
[5605940,"Perfuração para tirantes em material de 3ª categoria com diâmetro de até 120 mm","m",64.760000000000005]
[5605942,"Pintura eletrostática com tinta em pó à base de resina epóxi - E = 200 µm","m²",52]
[5605955,"Protensão de tirante com 10 cordoalhas D = 12,7 mm aço CP 190 RB, com capacidade de 860 kN - inclusive ancoragem e grauteamento da cabeça","un",705.22]
[5605956,"Protensão de tirante com 12 cordoalhas D = 12,7 mm aço CP 190 RB, com capacidade de 1.040 kN - inclusive ancoragem e grauteamento da cabeça","un",848.36]
[5605953,"Protensão de tirante com 6 cordoalhas D = 12,7 mm aço CP 190 RB, com capacidade de 520 kN - inclusive ancoragem e grauteamento da cabeça","un",499.98]
[5605954,"Protensão de tirante com 8 cordoalhas D = 12,7 mm aço CP 190 RB, com capacidade de 690 kN - inclusive ancoragem e grauteamento da cabeça","un",609.55999999999995]
[5605909,"Protensão de tirante permanente autoinjetável de aço D = 40 mm, seção de 684 mm², tensão de escoamento = 440 MPa e tensão de ruptura = 580 MPa - inclusive ancoragem e grauteamento da cabeça","un",470.2]
[5605908,"Protensão de tirante permanente autoinjetável de aço D = 40 mm, seção de 822 mm², tensão de escoamento = 470 MPa e tensão de ruptura = 600 MPa - inclusive ancoragem e grauteamento da cabeça","un",470.2]
[5605907,"Protensão de tirante permanente autoinjetável de aço D = 40 mm, seção de 936 mm², tensão de escoamento = 700 MPa e tensão de ruptura = 830 MPa - inclusive ancoragem e grauteamento da cabeça","un",501.92]
[5605906,"Protensão de tirante permanente autoinjetável de aço D = 50 mm, seção de 1.330 mm², tensão de escoamento = 630 MPa e tensão de ruptura = 740 MPa - inclusive ancoragem e grauteamento da cabeça","un",605]
[5605905,"Protensão de tirante permanente autoinjetável de aço D = 50 mm, seção de 1.569 mm², tensão de escoamento = 630 MPa e tensão de ruptura = 740 MP - inclusive ancoragem e grauteamento da cabeça","un",704.25]
[5605944,"Protensão de tirante permanente protendido de aço D = 30 mm, tensão de escoamento = 600 MPa e tensão de ruptura = 720 MPa - inclusive ancoragem e grauteamento da cabeça","un",422.08]
[5605910,"Protensão de tirante permanente protendido de aço D = 32 mm, tensão de escoamento = 520 MPa e tensão de ruptura = 690 MPa - inclusive ancoragem e grauteamento da cabeça","un",496.51]
[5605945,"Protensão de tirante permanente protendido de aço D = 32 mm, tensão de escoamento = 950 MPa e tensão de ruptura = 1.050 MPa - inclusive ancoragem e grauteamento da cabeça","un",527.77]
[5605946,"Protensão de tirante permanente protendido de aço D = 40 mm, tensão de escoamento = 600 MPa e tensão de ruptura = 720 MPa - inclusive ancoragem e grauteamento da cabeça","un",501.92]
[5605947,"Protensão de tirante permanente protendido de aço D = 44 mm, tensão de escoamento = 680 MPa e tensão de ruptura = 870 MPa - inclusive ancoragem e grauteamento da cabeça","un",563.59]
[5605948,"Protensão de tirante permanente protendido de aço D = 50 mm, tensão de escoamento = 600 MPa e tensão de ruptura = 720 MPa - inclusive ancoragem e grauteamento da cabeça","un",704.25]
[5605949,"Protensão de tirante permanente protendido de aço D = 53 mm, tensão de escoamento = 600 MPa e tensão de ruptura = 720 MPa - inclusive ancoragem e grauteamento da cabeça","un",1003.25]
[5605950,"Protensão de tirante permanente protendido de aço D = 57 mm, tensão de escoamento = 600 MPa e tensão de ruptura = 720 MPa - inclusive ancoragem e grauteamento da cabeça","un",1028.26]
[5605951,"Protensão de tirante permanente protendido de aço D = 63 mm, tensão de escoamento = 600 MPa e tensão de ruptura = 720 MPa - inclusive ancoragem e grauteamento da cabeça","un",1628.44]
[5605952,"Protensão de tirante permanente protendido de aço D = 69 mm, tensão de escoamento = 600 MPa e tensão de ruptura = 720 MPa - inclusive ancoragem e grauteamento da cabeça","un",2474.91]
[5605932,"Tirante de barra de aço ancorado na rocha com resina de poliéster, D = 19 mm, tensão de escoamento = 700 MPa e tensão de ruptura = 800 MPa - fornecimento, perfuração e instalação","m",131.16]
[5605934,"Tirante de barra de aço ancorado na rocha com resina de poliéster, D = 22 mm, tensão de escoamento = 700 MPa e tensão de ruptura = 800 MPa - fornecimento, perfuração e instalação","m",141.79]
[5605928,"Tirante de barra de aço ancorado na rocha com resina de poliéster, D = 25 mm, tensão de escoamento = 520 MPa e tensão de ruptura = 690 MPa - fornecimento, perfuração e instalação","m",169.25]
[5605935,"Tirante de barra de aço ancorado na rocha com resina de poliéster, D = 25 mm, tensão de escoamento = 700 MPa, tensão de ruptura = 800 MPa - fornecimento, perfuração e instalação","m",155.66]
[5605936,"Tirante de barra de aço ancorado na rocha com resina de poliéster, D = 32 mm, tensão de escoamento = 700 MPa, tensão de ruptura = 800 MPa - fornecimento, perfuração e instalação","m",236.54]
[5605937,"Tirante de barra de aço ancorado na rocha com resina de poliéster, D = 36 mm, tensão de escoamento = 700 MPa e tensão de ruptura = 800 MPa - fornecimento, perfuração e instalação","m",292.37]
[5605957,"Tirante permanente protendido autoinjetável de aço D = 40 mm, seção de 684 mm², tensão de escoamento = 440 MPa e tensão de ruptura = 580 MPa - exceto perfuração","m",212.15]
[5605958,"Tirante permanente protendido autoinjetável de aço D = 40 mm, seção de 822 mm², tensão de escoamento = 470 MPa e tensão de ruptura = 600 MPa - exceto perfuração","m",243.27]
[5605959,"Tirante permanente protendido autoinjetável de aço D = 40 mm, seção de 936 mm², tensão de escoamento = 700 MPa e tensão de ruptura = 830 MPa - exceto perfuração","m",295.33999999999997]
[5605960,"Tirante permanente protendido autoinjetável de aço D = 50 mm, seção de 1.330 mm², tensão de escoamento = 630 MPa e tensão de ruptura = 740 MPa - exceto perfuração","m",387.21]
[5605961,"Tirante permanente protendido autoinjetável de aço D = 50 mm, seção de 1.569 mm², tensão de escoamento = 630 MPa e tensão de ruptura = 740 MPa - exceto perfuração","m",441.97]
[5605885,"Tirante permanente protendido com 10 cordoalhas D = 12,7 mm, aço CP 190 RB, com capacidade de 860 kN - exceto perfuração","m",225.63]
[5605886,"Tirante permanente protendido com 12 cordoalhas D = 12,7 mm, aço CP 190 RB, com capacidade de 1.030 kN - exceto perfuração","m",244.82]
[5605883,"Tirante permanente protendido com 6 cordoalhas D = 12,7 mm, aço CP 190 RB, com capacidade de 510 kN - exceto perfuração","m",182.56]
[5605884,"Tirante permanente protendido com 8 cordoalhas D = 12,7 mm, aço CP 190 RB, com capacidade de 690 kN - exceto perfuração","m",201.74]
[5605962,"Tirante permanente protendido de aço D = 30 mm, tensão de escoamento = 600 MPa e tensão de ruptura = 720 MPa - exceto perfuração","m",153.34]
[5605881,"Tirante permanente protendido de aço D = 32 mm, tensão de escoamento = 520 MPa e tensão de ruptura = 690 MPa - exceto perfuração","m",223.19]
[5605882,"Tirante permanente protendido de aço D = 32 mm, tensão de escoamento = 950 MPa e tensão de ruptura = 1.050 MPa - exceto perfuração","m",376.78]
[5605963,"Tirante permanente protendido de aço D = 40 mm, tensão de escoamento = 600 MPa e tensão de ruptura = 720 MPa - exceto perfuração","m",241.97]
[5605964,"Tirante permanente protendido de aço D = 44 mm, tensão de escoamento = 680 MPa e tensão de ruptura = 870 MPa - exceto perfuração","m",309.74]
[5605965,"Tirante permanente protendido de aço D = 50 mm, tensão de escoamento = 600 MPa e tensão de ruptura = 720 MPa - exceto perfuração","m",366.09]
[5605966,"Tirante permanente protendido de aço D = 53mm, tensão de escoamento = 600 MPa e tensão de ruptura = 720 MPa - exceto perfuração","m",407.72]
[5605967,"Tirante permanente protendido de aço D = 57 mm, tensão de escoamento = 600 MPa e tensão de ruptura = 720 MPa - exceto perfuração","m",458.52]
[5605968,"Tirante permanente protendido de aço D = 63 mm, tensão de escoamento = 600 MPa e tensão de ruptura = 720 MPa - exceto perfuração","m",561.4]
[5605969,"Tirante permanente protendido de aço D = 69 mm, tensão de escoamento = 600 MPa e tensão de ruptura = 720 MPa - exceto perfuração","m",679.88]
[5909130,"Carga e manobra de aduelas de concreto pré-moldadas em cavalo mecânico com semirreboque 22 t - carga com caminhão guindauto de 45 t.m","t",25.16]
[5914703,"Carga e manobra de brita para lastro com locomotiva diesel-elétrica em vagão hopper aberto com capacidade de 45 m³ - carga com carregadeira e descarga automática - bitola métrica","t",5.65]
[5914704,"Carga e manobra de brita para lastro com locomotiva diesel-elétrica em vagão hopper aberto com capacidade de 63 m³ - carga com carregadeira e descarga automática - bitola larga","t",5.75]
[5914710,"Carga e manobra de dormentes de concreto de bitola larga com locomotiva diesel-elétrica e vagão plataforma com capacidade de 98 t - carga com carregadeira - bitola larga","t",11.03]
[5914711,"Carga e manobra de dormentes de concreto de bitola métrica com locomotiva diesel-elétrica e vagão plataforma com capacidade de 82 t - carga com carregadeira - bitola métrica","t",9.8800000000000008]
[5914712,"Carga e manobra de dormentes de concreto de bitola mista com locomotiva diesel-elétrica e vagão plataforma com capacidade de 98 t - carga com carregadeira - bitola larga","t",10]
[5915369,"Carga, descarga e manobra de vigas pré-moldadas de 1.000 a 1.250 kN em cavalo mecânico com reboques de 5 e 4 eixos com capacidade de 130 t","un",7988.93]
[5915401,"Carga, descarga e manobra de vigas pré-moldadas de 500 a 750 kN em cavalo mecânico com dollys de 3 e 4 eixos com capacidade de 77 t","un",7344.2]
[5915402,"Carga, descarga e manobra de vigas pré-moldadas de 750 a 1.000 kN em cavalo mecânico com dollys de 5 e 4 eixos com capacidade de 111 t","un",4320.3500000000004]
[5915400,"Carga, descarga e manobra de vigas pré-moldadas de até 500 kN em cavalo mecânico com dolly de 4 eixos com capacidade de 57 t","un",3879.94]
[5914651,"Carga, manobra e descarga de agregados ou solos em caminhão basculante de 10 m³ - carga com carregadeira de 3,40 m³ (exclusa) e descarga em distribuidor autopropelido","t",2.6]
[5914648,"Carga, manobra e descarga de agregados ou solos em caminhão basculante de 10 m³ - carga com carregadeira de 3,40 m³ (exclusa) e descarga em distribuidor rebocável","t",7.85]
[5914647,"Carga, manobra e descarga de agregados ou solos em caminhão basculante de 10 m³ - carga com carregadeira de 3,40 m³ (exclusa) e descarga livre","t",1.81]
[5915411,"Carga, manobra e descarga de agregados ou solos em caminhão basculante de 10 m³ - carga com carregadeira de 3,40 m³ e descarga em distribuidor autopropelido","t",3.59]
[5915409,"Carga, manobra e descarga de agregados ou solos em caminhão basculante de 10 m³ - carga com carregadeira de 3,40 m³ e descarga em distribuidor rebocável","t",8.84]
[5915407,"Carga, manobra e descarga de agregados ou solos em caminhão basculante de 10 m³ - carga com carregadeira de 3,40 m³ e descarga livre","t",2.8]
[5914354,"Carga, manobra e descarga de agregados ou solos em caminhão basculante de 10 m³ - carga com escavadeira de 1,56 m³ (exclusa) e descarga livre","t",1.88]
[5915406,"Carga, manobra e descarga de agregados ou solos em caminhão basculante de 10 m³ - carga em usina de 60 t/h (PMF) e descarga livre","t",9.57]
[5914652,"Carga, manobra e descarga de agregados ou solos em caminhão basculante de 10 m³ - carga em usina de solos de 300 t/h e descarga em distribuidor autopropelido","t",3.47]
[5915417,"Carga, manobra e descarga de agregados ou solos em caminhão basculante de 10 m³ - carga em usina de solos de 300 t/h e descarga em vibroacabadora","t",5.48]
[5915414,"Carga, manobra e descarga de agregados ou solos em caminhão basculante de 10 m³ - carga em usina de solos de 300 t/h e descarga livre","t",2.87]
[5914351,"Carga, manobra e descarga de agregados ou solos em caminhão basculante de 14 m³ - carga com carregadeira de 3,40 m³ e descarga livre","t",2.67]
[5914645,"Carga, manobra e descarga de agregados ou solos em caminhão basculante de 6 m³ - carga com carregadeira de 1,72 m³ (exclusa) e descarga em distribuidor autopropelido","t",2.81]
[5914642,"Carga, manobra e descarga de agregados ou solos em caminhão basculante de 6 m³ - carga com carregadeira de 1,72 m³ (exclusa) e descarga em distribuidor rebocável","t",5.46]
[5914641,"Carga, manobra e descarga de agregados ou solos em caminhão basculante de 6 m³ - carga com carregadeira de 1,72 m³ (exclusa) e descarga livre","t",1.95]
[5915456,"Carga, manobra e descarga de agregados ou solos em caminhão basculante de 6 m³ - carga com carregadeira de 1,72 m³ e descarga em distribuidor autopropelido","t",3.71]
[5915454,"Carga, manobra e descarga de agregados ou solos em caminhão basculante de 6 m³ - carga com carregadeira de 1,72 m³ e descarga em distribuidor rebocável","t",6.36]
[5915399,"Carga, manobra e descarga de agregados ou solos em caminhão basculante de 6 m³ - carga com carregadeira de 1,72 m³ e descarga livre","t",2.85]
[5914353,"Carga, manobra e descarga de agregados ou solos em caminhão basculante de 6 m³ - carga com escavadeira de 1,56 m³ (exclusa) e descarga livre","t",1.46]
[5915470,"Carga, manobra e descarga de agregados ou solos em caminhão basculante de 6 m³ - carga com escavadeira de 1,56 m³ e descarga livre","t",2.13]
[5915459,"Carga, manobra e descarga de agregados ou solos em caminhão basculante de 6 m³ - carga com minicarregadeira de 0,45 m³ e descarga livre","t",7.32]
[5915476,"Carga, manobra e descarga de agregados ou solos em caminhão basculante de 6 m³ - carga manual e descarga livre","t",27.57]
[5914702,"Carga, manobra e descarga de barras de trilho de 12 m com locomotiva diesel-elétrica em vagão plataforma com capacidade de 82 t - carga e descarga com carregadeira - bitola métrica","t",14.68]
[5914701,"Carga, manobra e descarga de barras de trilho de 12 m com locomotiva diesel-elétrica em vagão plataforma com capacidade de 98 t - carga e descarga com carregadeira - bitola larga","t",15.21]
[5915018,"Carga, manobra e descarga de barras de trilho de 12 m em cavalo mecânico com semirreboque com capacidade de 30 t - carga e descarga com carregadeira","t",9.64]
[5906592,"Carga, manobra e descarga de blocos artificiais de concreto com 10 a 12 t para molhe em cavalo mecânico com semirreboque com capacidade de 30 t - carga e descarga com guindaste com pinça","un",32.81]
[5906591,"Carga, manobra e descarga de blocos artificiais de concreto com 8 a 9 t para molhe em cavalo mecânico com semirreboque com capacidade de 30 t - carga e descarga com guindaste com pinça","un",31.2]
[5914653,"Carga, manobra e descarga de blocos de rocha em caminhão basculante de 8 m³ - carga com carregadeira de 1,72 m³ (exclusa) e descarga livre","t",3.46]
[5915405,"Carga, manobra e descarga de blocos de rocha em caminhão basculante de 8 m³ - carga com carregadeira de 1,72 m³ e descarga livre","t",5.62]
[5914657,"Carga, manobra e descarga de blocos de rocha em caminhão basculante de 8 m³ - carga com retroescavadeira de 0,29 m³ e descarga livre","t",17.09]
[5914363,"Carga, manobra e descarga de cimento ou cal hidratada a granel em caminhão silo de 30 m³","t",17.41]
[5914646,"Carga, manobra e descarga de concreto asfáltico com borracha em caminhão basculante de 10 m³ - carga em usina de asfalto 100/140 t/h e descarga em vibroacabadora","t",8.9]
[5919535,"Carga, manobra e descarga de concreto com caminhão betoneira - carga em central de concreto de 30 m³/h e descarga em extrusora de barreira de concreto","t",19.07]
[5919533,"Carga, manobra e descarga de concreto com caminhão betoneira - carga em central de concreto de 30 m³/h e descarga em extrusora de meio-fio","t",63.79]
[5919534,"Carga, manobra e descarga de concreto com caminhão betoneira - carga em central de concreto de 30 m³/h e descarga em extrusora de sarjeta","t",58.25]
[5909007,"Carga, manobra e descarga de concreto com caminhão betoneira - carga em central de concreto de 30 m³/h e descarga livre","t",17.63]
[5919538,"Carga, manobra e descarga de concreto com caminhão betoneira - carga em central de concreto de 40 m³/h e descarga livre","t",14.88]
[5919540,"Carga, manobra e descarga de concreto de cimento em caminhão basculante de 7 m³ - carga em central de concreto de 150 m³/h e descarga em vibroacabadora","t",3.38]
[5914705,"Carga, manobra e descarga de dormentes de concreto de bitola larga com locomotiva diesel-elétrica e vagão plataforma com capacidade de 98 t - carga e descarga com carregadeira - bitola larga","t",22.05]
[5914706,"Carga, manobra e descarga de dormentes de concreto de bitola métrica com locomotiva diesel-elétrica e vagão plataforma com capacidade de 82 t - carga e descarga com carregadeira - bitola métrica","t",19.760000000000002]
[5914707,"Carga, manobra e descarga de dormentes de concreto de bitola mista com locomotiva diesel-elétrica e vagão plataforma com capacidade de 98 t - carga e descarga com carregadeira - bitola larga","t",20]
[5914677,"Carga, manobra e descarga de dormentes de madeira com locomotiva diesel-elétrica em vagão plataforma com capacidade de 82 t - carga e descarga com carregadeira - bitola métrica","t",29.47]
[5914676,"Carga, manobra e descarga de dormentes de madeira com locomotiva diesel-elétrica em vagão plataforma com capacidade de 98 t - carga e descarga com carregadeira - bitola larga","t",25.1]
[5915016,"Carga, manobra e descarga de dormentes de madeira de bitola larga ou mista em cavalo mecânico com semirreboque com capacidade de 30 t - carga e descarga com carregadeira","t",15.5]
[5915017,"Carga, manobra e descarga de dormentes de madeira de bitola métrica em cavalo mecânico com semirreboque com capacidade de 30 t - carga e descarga com carregadeira","t",18.75]
[5914678,"Carga, manobra e descarga de jogo de dormentes de concreto para AMV de bitola larga ou mista, qualquer abertura, com locomotiva diesel-elétrica em vagão plataforma com capacidade de 98 t - carga e descarga com carregadeira - bitola larga","t",35.65]
[5914679,"Carga, manobra e descarga de jogo de dormentes de concreto para AMV de bitola métrica, qualquer abertura, com locomotiva diesel-elétrica em vagão plataforma com capacidade de 82 t - carga e descarga com carregadeira - bitola métrica","t",56.19]
[5914681,"Carga, manobra e descarga de jogo de dormentes de madeira para AMV bitola métrica, qualquer abertura, com locomotiva diesel-elétrica em vagão plataforma com capacidade de 82 t - carga e descarga com carregadeira - bitola métrica","t",67.040000000000006]
[5914680,"Carga, manobra e descarga de jogo de dormentes de madeira para AMV de bitola larga ou mista, qualquer abertura, com locomotiva diesel-elétrica em vagão plataforma com capacidade de 98 t - carga e descarga com carregadeira - bitola larga","t",47.16]
[5915015,"Carga, manobra e descarga de materiais diversos em caminhão carroceria com capacidade de 11 t e com guindauto de 45 t.m","t",20.05]
[5915373,"Carga, manobra e descarga de materiais diversos em caminhão carroceria com capacidade de 7 t e com guindauto de 20 t.m","t",17.489999999999998]
[5914333,"Carga, manobra e descarga de materiais diversos em caminhão carroceria de 15 t - carga e descarga com caminhão guindauto de 20 t.m","t",31.73]
[5914655,"Carga, manobra e descarga de materiais diversos em caminhão carroceria de 15 t - carga e descarga manuais","t",31.55]
[5915474,"Carga, manobra e descarga de materiais diversos em caminhão carroceria de 5 t - carga e descarga manuais","t",28.97]
[5914654,"Carga, manobra e descarga de materiais diversos em caminhão carroceria de 9 t - carga e descarga manuais","t",26.19]
[5914686,"Carga, manobra e descarga de materiais metálicos e acessórios diversos com locomotiva diesel-elétrica em vagão fechado com capacidade de 64 t - carga e descarga com carregadeira - bitola métrica","t",24.83]
[5914685,"Carga, manobra e descarga de materiais metálicos e acessórios diversos com locomotiva diesel-elétrica em vagão fechado com capacidade de 99 t - carga e descarga com carregadeira - bitola larga","t",25.26]
[5914682,"Carga, manobra e descarga de materiais metálicos para AMV de bitola larga, qualquer abertura, com locomotiva diesel-elétrica em vagão plataforma com capacidade de 98 t - carga e descarga com carregadeira - bitola larga","t",32.450000000000003]
[5915019,"Carga, manobra e descarga de materiais metálicos para AMV de bitola larga, qualquer abertura, em cavalo mecânico com semirreboque com capacidade de 30 t - carga e descarga com carregadeira","t",13.14]
[5914683,"Carga, manobra e descarga de materiais metálicos para AMV de bitola métrica, qualquer abertura, com locomotiva diesel-elétrica em vagão plataforma com capacidade de 82 t - carga e descarga com carregadeira - bitola métrica","t",36.869999999999997]
[5915020,"Carga, manobra e descarga de materiais metálicos para AMV de bitola métrica, qualquer abertura, em cavalo mecânico com semirreboque com capacidade de 30 t - carga e descarga com carregadeira","t",15.11]
[5914684,"Carga, manobra e descarga de materiais metálicos para AMV de bitola mista, qualquer abertura, com locomotiva diesel-elétrica e vagão plataforma com capacidade de 98 t - carga e descarga com carregadeira","t",28.12]
[5915021,"Carga, manobra e descarga de materiais metálicos para AMV de bitola mista, qualquer abertura, em cavalo mecânico com semirreboque com capacidade de 30 t - carga e descarga com carregadeira","t",11.39]
[5914675,"Carga, manobra e descarga de material demolido em caminhão basculante de 6 m³ - carga com carregadeira de 1,72 m³ e descarga livre","t",3.02]
[5915433,"Carga, manobra e descarga de material demolido em caminhão basculante de 6 m³ - carga manual e descarga livre","t",33.340000000000003]
[5914304,"Carga, manobra e descarga de material fresado em caminhão basculante de 10 m³ - fresagem contínua em espessura de 3 cm - carga com fresadora e descarga livre","t",3.64]
[5914305,"Carga, manobra e descarga de material fresado em caminhão basculante de 10 m³ - fresagem contínua em espessura de 4 cm - carga com fresadora e descarga livre","t",3.58]
[5915440,"Carga, manobra e descarga de material fresado em caminhão basculante de 10 m³ - fresagem contínua em espessura de 5 cm - carga com fresadora e descarga livre","t",3.2]
[5914306,"Carga, manobra e descarga de material fresado em caminhão basculante de 10 m³ - fresagem contínua em espessura de 6 cm - carga com fresadora e descarga livre","t",2.98]
[5914307,"Carga, manobra e descarga de material fresado em caminhão basculante de 10 m³ - fresagem contínua em espessura de 7 cm - carga com fresadora e descarga livre","t",2.82]
[5914308,"Carga, manobra e descarga de material fresado em caminhão basculante de 10 m³ - fresagem contínua em espessura de 8 cm - carga com fresadora e descarga livre","t",2.73]
[5914309,"Carga, manobra e descarga de material fresado em caminhão basculante de 10 m³ - fresagem descontínua em espessura de 3 cm - carga com fresadora e descarga livre","t",6.04]
[5914310,"Carga, manobra e descarga de material fresado em caminhão basculante de 10 m³ - fresagem descontínua em espessura de 4 cm - carga com fresadora e descarga livre","t",5.04]
[5914352,"Carga, manobra e descarga de material fresado em caminhão basculante de 10 m³ - fresagem descontínua em espessura de 5 cm - carga com fresadora e descarga livre","t",4.49]
[5914311,"Carga, manobra e descarga de material fresado em caminhão basculante de 10 m³ - fresagem descontínua em espessura de 6 cm - carga com fresadora e descarga livre","t",4.13]
[5914312,"Carga, manobra e descarga de material fresado em caminhão basculante de 10 m³ - fresagem descontínua em espessura de 7 cm - carga com fresadora e descarga livre","t",3.91]
[5914313,"Carga, manobra e descarga de material fresado em caminhão basculante de 10 m³ - fresagem descontínua em espessura de 8 cm - carga com fresadora e descarga livre","t",3.74]
[5914339,"Carga, manobra e descarga de material fresado em caminhão basculante de 6 m³ - fresagem descontínua em espessura de 5 cm - carga com fresadora e descarga livre","t",9.24]
[5914650,"Carga, manobra e descarga de mistura betuminosa a frio em caminhão basculante de 10 m³ - carga em usina de 60 t/h (PMF) e descarga em vibroacabadora","t",11.48]
[5914358,"Carga, manobra e descarga de mistura betuminosa a frio em caminhão basculante de 6 m³ - carga em usina de 60 t/h (PMF) e descarga em vibroacabadora","t",8.7100000000000009]
[5915421,"Carga, manobra e descarga de mistura betuminosa a frio em caminhão basculante de 6 m³ - carga em usina de 60 t/h (PMF) e descarga manual","t",24.91]
[5914649,"Carga, manobra e descarga de mistura betuminosa a quente em caminhão basculante de 10 m³ - carga em usina de asfalto 100/140 t/h e descarga em vibroacabadora","t",7.96]
[5914643,"Carga, manobra e descarga de mistura betuminosa a quente em caminhão basculante de 6 m³ - carga em usina de asfalto 100/140 t/h e descarga em vibroacabadora","t",5.27]
[5914328,"Carga, manobra e descarga de mistura betuminosa a quente em caminhão basculante de 6 m³ - carga em usina de asfalto 100/140 t/h e descarga manual","t",25.76]
[5914610,"Carga, manobra e descarga de mistura betuminosa a quente em caminhão com caçamba térmica de 6 m³ - carga em usina de asfalto de 100/140 t/h e descarga manual","t",35.15]
[5915408,"Carga, manobra e descarga de mistura reciclada com espuma de asfalto em caminhão basculante de 10 m³ - carga em usina de reciclagem a frio e descarga em vibroacabadora","t",5.74]
[5915306,"Carga, manobra e descarga de tetrápodes em cavalo mecânico com semirreboque com capacidade de 30 t - carga e descarga com guindaste","un",35.83]
[5914708,"Carga, manobra e descarga de TLS de TR45 de 120 m com locomotiva diesel-elétrica em vagão plataforma com capacidade de 82 t - carga e descarga com manipulador de TLS - bitola métrica","t",41.13]
[5914687,"Carga, manobra e descarga de TLS de TR45 de 120 m com locomotiva diesel-elétrica em vagão plataforma com capacidade de 98 t - carga e descarga com manipulador de TLS - bitola larga","t",41.57]
[5914709,"Carga, manobra e descarga de TLS de TR45 de 240 m com locomotiva diesel-elétrica em vagão plataforma com capacidade de 82 t - carga e descarga com manipulador de TLS - bitola métrica","t",45.27]
[5914688,"Carga, manobra e descarga de TLS de TR45 de 240 m com locomotiva diesel-elétrica em vagão plataforma com capacidade de 98 t - carga e descarga com manipulador de TLS - bitola larga","t",45.18]
[5914695,"Carga, manobra e descarga de TLS de TR57 de 120 m com locomotiva diesel-elétrica em vagão plataforma com capacidade de 82 t - carga e descarga com manipulador de TLS - bitola métrica","t",32.28]
[5914689,"Carga, manobra e descarga de TLS de TR57 de 120 m com locomotiva diesel-elétrica em vagão plataforma com capacidade de 98 t - carga e descarga com manipulador de TLS - bitola larga","t",32.619999999999997]
[5914696,"Carga, manobra e descarga de TLS de TR57 de 240 m com locomotiva diesel-elétrica em vagão plataforma com capacidade de 82 t - carga e descarga com manipulador de TLS - bitola métrica","t",35.520000000000003]
[5914690,"Carga, manobra e descarga de TLS de TR57 de 240 m com locomotiva diesel-elétrica em vagão plataforma com capacidade de 98 t - carga e descarga com manipulador de TLS - bitola larga","t",35.450000000000003]
[5914697,"Carga, manobra e descarga de TLS de TR68 de 120 m com locomotiva diesel-elétrica em vagão plataforma com capacidade de 82 t - carga e descarga com manipulador de TLS - bitola métrica","t",27.25]
[5914691,"Carga, manobra e descarga de TLS de TR68 de 120 m com locomotiva diesel-elétrica em vagão plataforma com capacidade de 98 t - carga e descarga com manipulador de TLS - bitola larga","t",27.54]
[5914698,"Carga, manobra e descarga de TLS de TR68 de 240 m com locomotiva diesel-elétrica em vagão plataforma com capacidade de 82 t - carga e descarga com manipulador de TLS - bitola métrica","t",29.98]
[5914692,"Carga, manobra e descarga de TLS de TR68 de 240 m com locomotiva diesel-elétrica em vagão plataforma com capacidade de 98 t - carga e descarga com manipulador de TLS - bitola larga","t",29.93]
[5914699,"Carga, manobra e descarga de TLS de UIC60 de 120 m com locomotiva diesel-elétrica em vagão plataforma com capacidade de 82 t - carga e descarga com manipulador de TLS - bitola métrica","t",30.5]
[5914693,"Carga, manobra e descarga de TLS de UIC60 de 120 m com locomotiva diesel-elétrica em vagão plataforma com capacidade de 98 t - carga e descarga com manipulador de TLS - bitola larga","t",30.83]
[5914700,"Carga, manobra e descarga de TLS de UIC60 de 240 m com locomotiva diesel-elétrica em vagão plataforma com capacidade de 82 t - carga e descarga com manipulador de TLS - bitola métrica","t",33.57]
[5914694,"Carga, manobra e descarga de TLS de UIC60 de 240 m com locomotiva diesel-elétrica em vagão plataforma com capacidade de 98 t - carga e descarga com manipulador de TLS - bitola larga","t",33.51]
[5915441,"Carga, manobra e descarga de trituração de galhos e troncos em caminhão basculante de 6 m³ - carga com trituradora e descarga livre","t",97.85]
[5901639,"Transporte com caminhão basculante com caçamba estanque com capacidade de 14 m³ - rodovia em leito natural","tkm",0.89]
[5901638,"Transporte com caminhão basculante com caçamba estanque com capacidade de 14 m³ - rodovia em revestimento primário","tkm",0.71]
[5901640,"Transporte com caminhão basculante com caçamba estanque com capacidade de 14 m³ - rodovia pavimentada","tkm",0.65]
[5914359,"Transporte com caminhão basculante de 10 m³ - rodovia em leito natural","tkm",1.25]
[5914374,"Transporte com caminhão basculante de 10 m³ - rodovia em revestimento primário","tkm",1]
[5914389,"Transporte com caminhão basculante de 10 m³ - rodovia pavimentada","tkm",0.82]
[5915319,"Transporte com caminhão basculante de 14 m³ - rodovia em leito natural","tkm",0.89]
[5915320,"Transporte com caminhão basculante de 14 m³ - rodovia em revestimento primário","tkm",0.71]
[5915321,"Transporte com caminhão basculante de 14 m³ - rodovia pavimentada","tkm",0.65]
[5914314,"Transporte com caminhão basculante de 6 m³ - rodovia em leito natural","tkm",1.24]
[5914329,"Transporte com caminhão basculante de 6 m³ - rodovia em revestimento primário","tkm",0.99]
[5914344,"Transporte com caminhão basculante de 6 m³ - rodovia pavimentada","tkm",0.81]
[5914539,"Transporte com caminhão betoneira - rodovia em leito natural","tkm",0.97]
[5914554,"Transporte com caminhão betoneira - rodovia em revestimento primário","tkm",0.78]
[5914569,"Transporte com caminhão betoneira - rodovia pavimentada","tkm",0.64]
[5915012,"Transporte com caminhão carroceria com capacidade de 11 t e com guindauto de 45 t.m - rodovia em leito natural","tkm",2.02]
[5915013,"Transporte com caminhão carroceria com capacidade de 11 t e com guindauto de 45 t.m - rodovia em revestimento primário","tkm",1.61]
[5915014,"Transporte com caminhão carroceria com capacidade de 11 t e com guindauto de 45 t.m - rodovia pavimentada","tkm",1.32]
[5914584,"Transporte com caminhão carroceria com capacidade de 7 t e com guindauto de 20 t.m - rodovia em leito natural","tkm",2.61]
[5914599,"Transporte com caminhão carroceria com capacidade de 7 t e com guindauto de 20 t.m - rodovia em revestimento primário","tkm",2.09]
[5914614,"Transporte com caminhão carroceria com capacidade de 7 t e com guindauto de 20 t.m - rodovia pavimentada","tkm",1.72]
[5914581,"Transporte com caminhão carroceria com capacidade de 9 t e com guindauto de 10 t.m - rodovia em leito natural","tkm",2.3199999999999998]
[5914582,"Transporte com caminhão carroceria com capacidade de 9 t e com guindauto de 10 t.m - rodovia em revestimento primário","tkm",1.85]
[5914583,"Transporte com caminhão carroceria com capacidade de 9 t e com guindauto de 10 t.m - rodovia pavimentada","tkm",1.52]
[5914449,"Transporte com caminhão carroceria de 15 t - rodovia em leito natural","tkm",1.04]
[5914464,"Transporte com caminhão carroceria de 15 t - rodovia em revestimento primário","tkm",0.83]
[5914479,"Transporte com caminhão carroceria de 15 t - rodovia pavimentada","tkm",0.68]
[5915322,"Transporte com caminhão carroceria de 5 t - rodovia em leito natural","tkm",1.76]
[5915323,"Transporte com caminhão carroceria de 5 t - rodovia em revestimento primário","tkm",1.41]
[5915324,"Transporte com caminhão carroceria de 5 t - rodovia pavimentada","tkm",1.1499999999999999]
[5914404,"Transporte com caminhão carroceria de 9 t - rodovia em leito natural","tkm",1.1200000000000001]
[5914419,"Transporte com caminhão carroceria de 9 t - rodovia em revestimento primário","tkm",0.89]
[5914434,"Transporte com caminhão carroceria de 9 t - rodovia pavimentada","tkm",0.73]
[5914635,"Transporte com cavalo mecânico com semirreboque com capacidade de 22 t - rodovia em leito natural","tkm",1.08]
[5914636,"Transporte com cavalo mecânico com semirreboque com capacidade de 22 t - rodovia em revestimento primário","tkm",0.86]
[5914637,"Transporte com cavalo mecânico com semirreboque com capacidade de 22 t - rodovia pavimentada","tkm",0.71]
[5914638,"Transporte com cavalo mecânico com semirreboque com capacidade de 30 t - rodovia em leito natural","tkm",0.86]
[5914639,"Transporte com cavalo mecânico com semirreboque com capacidade de 30 t - rodovia em revestimento primário","tkm",0.69]
[5914640,"Transporte com cavalo mecânico com semirreboque com capacidade de 30 t - rodovia pavimentada","tkm",0.56000000000000005]
[5915466,"Transporte de água com caminhão tanque de 10.000 l - rodovia em leito natural","tkm",1.95]
[5915467,"Transporte de água com caminhão tanque de 10.000 l - rodovia em revestimento primário","tkm",1.56]
[5915468,"Transporte de água com caminhão tanque de 10.000 l - rodovia pavimentada","tkm",1.28]
[5914617,"Transporte de água com caminhão tanque de 13.000 l - rodovia em leito natural","tkm",1.51]
[5914618,"Transporte de água com caminhão tanque de 13.000 l - rodovia em revestimento primário","tkm",1.21]
[5914619,"Transporte de água com caminhão tanque de 13.000 l - rodovia pavimentada","tkm",0.99]
[5915451,"Transporte de água com caminhão tanque de 6.000 l - rodovia em leito natural","tkm",2.5099999999999998]
[5915452,"Transporte de água com caminhão tanque de 6.000 l - rodovia em revestimento primário","tkm",2.0099999999999998]
[5915453,"Transporte de água com caminhão tanque de 6.000 l - rodovia pavimentada","tkm",1.65]
[5915448,"Transporte de água com caminhão tanque de 8.000 l - rodovia em leito natural","tkm",1.93]
[5915449,"Transporte de água com caminhão tanque de 8.000 l - rodovia em revestimento primário","tkm",1.54]
[5915450,"Transporte de água com caminhão tanque de 8.000 l - rodovia pavimentada","tkm",1.26]
[5901641,"Transporte de areia fina com draga hopper - capacidade da cisterna de 1.000 m³","m³km",1.29]
[5901642,"Transporte de areia fina com draga hopper - capacidade da cisterna de 10.000 m³","m³km",0.35]
[5901643,"Transporte de areia fina com draga hopper - capacidade da cisterna de 15.000 m³","m³km",0.33]
[5901644,"Transporte de areia fina com draga hopper - capacidade da cisterna de 2.000 m³","m³km",0.78]
[5901645,"Transporte de areia fina com draga hopper - capacidade da cisterna de 20.000 m³","m³km",0.32]
[5901646,"Transporte de areia fina com draga hopper - capacidade da cisterna de 3.000 m³","m³km",0.62]
[5901647,"Transporte de areia fina com draga hopper - capacidade da cisterna de 4.000 m³","m³km",0.54]
[5901648,"Transporte de areia fina com draga hopper - capacidade da cisterna de 5.000 m³","m³km",0.48]
[5901649,"Transporte de areia fina com draga hopper - capacidade da cisterna de 750 m³","m³km",1.86]
[5901650,"Transporte de areia grossa com draga hopper - capacidade da cisterna de 1.000 m³","m³km",1.26]
[5901651,"Transporte de areia grossa com draga hopper - capacidade da cisterna de 10.000 m³","m³km",0.34]
[5901652,"Transporte de areia grossa com draga hopper - capacidade da cisterna de 15.000 m³","m³km",0.32]
[5901653,"Transporte de areia grossa com draga hopper - capacidade da cisterna de 2.000 m³","m³km",0.76]
[5901654,"Transporte de areia grossa com draga hopper - capacidade da cisterna de 20.000 m³","m³km",0.31]
[5901655,"Transporte de areia grossa com draga hopper - capacidade da cisterna de 3.000 m³","m³km",0.61]
[5901656,"Transporte de areia grossa com draga hopper - capacidade da cisterna de 4.000 m³","m³km",0.53]
[5901657,"Transporte de areia grossa com draga hopper - capacidade da cisterna de 5.000 m³","m³km",0.47]
[5901658,"Transporte de areia grossa com draga hopper - capacidade da cisterna de 750 m³","m³km",1.81]
[5901659,"Transporte de areia média com draga hopper - capacidade da cisterna de 1.000 m³","m³km",1.27]
[5901660,"Transporte de areia média com draga hopper - capacidade da cisterna de 10.000 m³","m³km",0.35]
[5901661,"Transporte de areia média com draga hopper - capacidade da cisterna de 15.000 m³","m³km",0.33]
[5901662,"Transporte de areia média com draga hopper - capacidade da cisterna de 2.000 m³","m³km",0.77]
[5901663,"Transporte de areia média com draga hopper - capacidade da cisterna de 20.000 m³","m³km",0.32]
[5901664,"Transporte de areia média com draga hopper - capacidade da cisterna de 3.000 m³","m³km",0.61]
[5901665,"Transporte de areia média com draga hopper - capacidade da cisterna de 4.000 m³","m³km",0.53]
[5901666,"Transporte de areia média com draga hopper - capacidade da cisterna de 5.000 m³","m³km",0.47]
[5901667,"Transporte de areia média com draga hopper - capacidade da cisterna de 750 m³","m³km",1.83]
[5914511,"Transporte de barras de trilho de 12 m com locomotiva diesel-elétrica em vagão plataforma com capacidade de 82 t - bitola métrica","tkm",0.27]
[5914510,"Transporte de barras de trilho de 12 m com locomotiva diesel-elétrica em vagão plataforma com capacidade de 98 t - bitola larga","tkm",0.25]
[5906597,"Transporte de blocos artificiais de concreto com 10 a 12 t para a execução de molhe com cavalo mecânico com semirreboque com capacidade de 30 t - rodovia em leito natural","unkm",12.65]
[5906598,"Transporte de blocos artificiais de concreto com 10 a 12 t para a execução de molhe com cavalo mecânico com semirreboque com capacidade de 30 t - rodovia em revestimento primário","unkm",10.119999999999999]
[5906599,"Transporte de blocos artificiais de concreto com 10 a 12 t para a execução de molhe com cavalo mecânico com semirreboque com capacidade de 30 t - rodovia pavimentada","unkm",8.3000000000000007]
[5906594,"Transporte de blocos artificiais de concreto com 8 a 9 t para a execução de molhe com cavalo mecânico com semirreboque com capacidade de 30 t - rodovia em leito natural","unkm",8.43]
[5906595,"Transporte de blocos artificiais de concreto com 8 a 9 t para a execução de molhe com cavalo mecânico com semirreboque com capacidade de 30 t - rodovia em revestimento primário","unkm",6.75]
[5906596,"Transporte de blocos artificiais de concreto com 8 a 9 t para a execução de molhe com cavalo mecânico com semirreboque com capacidade de 30 t - rodovia pavimentada","unkm",5.53]
[5901668,"Transporte de cascalho com draga hopper - capacidade da cisterna de 1.000 m³","m³km",1.3]
[5901669,"Transporte de cascalho com draga hopper - capacidade da cisterna de 10.000 m³","m³km",0.36]
[5901670,"Transporte de cascalho com draga hopper - capacidade da cisterna de 15.000 m³","m³km",0.33]
[5901671,"Transporte de cascalho com draga hopper - capacidade da cisterna de 2.000 m³","m³km",0.79]
[5901672,"Transporte de cascalho com draga hopper - capacidade da cisterna de 20.000 m³","m³km",0.33]
[5901673,"Transporte de cascalho com draga hopper - capacidade da cisterna de 3.000 m³","m³km",0.63]
[5901674,"Transporte de cascalho com draga hopper - capacidade da cisterna de 4.000 m³","m³km",0.55000000000000004]
[5901675,"Transporte de cascalho com draga hopper - capacidade da cisterna de 5.000 m³","m³km",0.48]
[5901676,"Transporte de cascalho com draga hopper - capacidade da cisterna de 750 m³","m³km",1.88]
[5901677,"Transporte de cascalho fino com draga hopper - capacidade da cisterna de 1.000 m³","m³km",1.28]
[5901678,"Transporte de cascalho fino com draga hopper - capacidade da cisterna de 10.000 m³","m³km",0.35]
[5901679,"Transporte de cascalho fino com draga hopper - capacidade da cisterna de 15.000 m³","m³km",0.33]
[5901680,"Transporte de cascalho fino com draga hopper - capacidade da cisterna de 2.000 m³","m³km",0.77]
[5901681,"Transporte de cascalho fino com draga hopper - capacidade da cisterna de 20.000 m³","m³km",0.32]
[5901682,"Transporte de cascalho fino com draga hopper - capacidade da cisterna de 3.000 m³","m³km",0.62]
[5901683,"Transporte de cascalho fino com draga hopper - capacidade da cisterna de 4.000 m³","m³km",0.54]
[5901684,"Transporte de cascalho fino com draga hopper - capacidade da cisterna de 5.000 m³","m³km",0.47]
[5901685,"Transporte de cascalho fino com draga hopper - capacidade da cisterna de 750 m³","m³km",1.84]
[5914360,"Transporte de cimento com caminhão distribuidor de 17 m³ - rodovia em leito natural","tkm",1.1399999999999999]
[5914361,"Transporte de cimento com caminhão distribuidor de 17 m³ - rodovia em revestimento primário","tkm",0.91]
[5914362,"Transporte de cimento com caminhão distribuidor de 17 m³ - rodovia pavimentada","tkm",0.75]
[5914364,"Transporte de cimento ou cal hidratada a granel com caminhão silo de 30 m³ - rodovia em leito natural","tkm",0.88]
[5914365,"Transporte de cimento ou cal hidratada a granel com caminhão silo de 30 m³ - rodovia em revestimento primário","tkm",0.71]
[5914366,"Transporte de cimento ou cal hidratada a granel com caminhão silo de 30 m³ - rodovia pavimentada","tkm",0.57999999999999996]
[5914315,"Transporte de concreto com caminhão basculante de 7 m³ - rodovia em leito natural","tkm",1.1100000000000001]
[5914330,"Transporte de concreto com caminhão basculante de 7 m³ - rodovia em revestimento primário","tkm",0.89]
[5914345,"Transporte de concreto com caminhão basculante de 7 m³ - rodovia pavimentada","tkm",0.73]
[5914367,"Transporte de detritos com caminhão de hidrojateamento de alta pressão e vácuo de 9 m³ - rodovia em leito natural","tkm",1.65]
[5914368,"Transporte de detritos com caminhão de hidrojateamento de alta pressão e vácuo de 9 m³ - rodovia em revestimento primário","tkm",1.32]
[5914369,"Transporte de detritos com caminhão de hidrojateamento de alta pressão e vácuo de 9 m³ - rodovia pavimentada","tkm",1.08]
[5914489,"Transporte de dormentes de concreto monobloco protendido de bitola larga com locomotiva diesel-elétrica em vagão plataforma com capacidade de 98 t - bitola larga","tkm",0.25]
[5914491,"Transporte de dormentes de concreto monobloco protendido de bitola métrica com locomotiva diesel-elétrica em vagão plataforma com capacidade de 82 t - bitola métrica","tkm",0.28000000000000003]
[5914490,"Transporte de dormentes de concreto monobloco protendido de bitola mista com locomotiva diesel-elétrica em vagão plataforma com capacidade de 98 t - bitola larga","tkm",0.25]
[5914495,"Transporte de dormentes de concreto monobloco protendido para AMV de bitola larga ou mista com locomotiva diesel-elétrica em vagão plataforma com capacidade de 98 t - bitola larga","tkm",1.61]
[5914494,"Transporte de dormentes de concreto monobloco protendido para AMV de bitola métrica com locomotiva diesel-elétrica em vagão plataforma com capacidade de 82 t - bitola métrica","tkm",3.54]
[5914487,"Transporte de dormentes de madeira de bitola larga com locomotiva diesel-elétrica em vagão plataforma com capacidade de 98 t - bitola larga","tkm",0.25]
[5914488,"Transporte de dormentes de madeira de bitola métrica com locomotiva diesel-elétrica em vagão plataforma com capacidade de 82 t - bitola métrica","tkm",0.28000000000000003]
[5914493,"Transporte de dormentes de madeira para AMV de bitola larga ou mista com locomotiva diesel-elétrica em vagão plataforma com capacidade de 98 t - bitola larga","tkm",5.95]
[5914492,"Transporte de dormentes de madeira para AMV de bitola métrica com locomotiva diesel-elétrica em vagão plataforma com capacidade de 82 t - bitola métrica","tkm",14.07]
[5914482,"Transporte de lastro de brita com locomotiva diesel-elétrica em vagão hopper aberto com capacidade de 45 m³ - bitola métrica","tkm",0.63]
[5914483,"Transporte de lastro de brita com locomotiva diesel-elétrica em vagão hopper aberto com capacidade de 63 m³ - bitola larga","tkm",0.46]
[5914480,"Transporte de materiais metálicos e acessórios diversos com locomotiva diesel-elétrica em vagão fechado com capacidade de 64 t - bitola métrica","tkm",0.65]
[5914481,"Transporte de materiais metálicos e acessórios diversos com locomotiva diesel-elétrica em vagão fechado com capacidade de 99 t - bitola larga","tkm",0.43]
[5914485,"Transporte de materiais metálicos para AMV de bitola larga com locomotiva diesel-elétrica em vagão plataforma com capacidade de 98 t - bitola larga","tkm",4.0999999999999996]
[5914486,"Transporte de materiais metálicos para AMV de bitola métrica com locomotiva diesel-elétrica em vagão plataforma com capacidade de 82 t - bitola métrica","tkm",5.0599999999999996]
[5914484,"Transporte de materiais metálicos para AMV de bitola mista com locomotiva diesel-elétrica em vagão plataforma com capacidade de 98 t - bitola larga","tkm",3.55]
[5914620,"Transporte de material betuminoso com caminhão tanque distribuidor - rodovia em leito natural","tkm",2.62]
[5914621,"Transporte de material betuminoso com caminhão tanque distribuidor - rodovia em revestimento primário","tkm",2.1]
[5914622,"Transporte de material betuminoso com caminhão tanque distribuidor - rodovia pavimentada","tkm",1.72]
[5901695,"Transporte de material de 1ª categoria com batelão autopropelido com capacidade de 300 m³","m³km",0.77]
[5901696,"Transporte de material de 1ª categoria com batelão autopropelido com capacidade de 500 m³","m³km",0.56999999999999995]
[5901697,"Transporte de material de 1ª categoria com batelão rebocado com capacidade de 66 m³","m³km",2.3199999999999998]
[5901698,"Transporte de material de 1ª categoria com batelão rebocado montado na obra com capacidade de 66 m³","m³km",2.3199999999999998]
[5916654,"Transporte de material de 3ª categoria com batelão autopropelido com capacidade de 300 m³","m³km",1.38]
[5916637,"Transporte de material de 3ª categoria com batelão rebocado com capacidade de 66 m³","m³km",6.83]
[5916618,"Transporte de material de 3ª categoria com batelão rebocado montado na obra com capacidade de 66 m³","m³km",6.83]
[5914334,"Transporte de material de 3ª categoria com caminhão basculante de 12 m³ para rocha - rodovia em leito natural","tkm",1.17]
[5914335,"Transporte de material de 3ª categoria com caminhão basculante de 12 m³ para rocha - rodovia em revestimento primário","tkm",0.93]
[5914336,"Transporte de material de 3ª categoria com caminhão basculante de 12 m³ para rocha - rodovia pavimentada","tkm",0.77]
[5914346,"Transporte de material de 3ª categoria com caminhão basculante de 8 m³ para rocha - rodovia em leito natural","tkm",1.66]
[5914347,"Transporte de material de 3ª categoria com caminhão basculante de 8 m³ para rocha - rodovia em revestimento primário","tkm",1.33]
[5914348,"Transporte de material de 3ª categoria com caminhão basculante de 8 m³ para rocha - rodovia pavimentada","tkm",1.0900000000000001]
[5914611,"Transporte de mistura betuminosa a quente com caminhão com caçamba térmica de 6 m³ - rodovia em leito natural","tkm",1.78]
[5914613,"Transporte de mistura betuminosa a quente com caminhão com caçamba térmica de 6 m³ - rodovia em revestimento primário","tkm",1.43]
[5914612,"Transporte de mistura betuminosa a quente com caminhão com caçamba térmica de 6 m³ - rodovia pavimentada","tkm",1.17]
[5901686,"Transporte de silte com draga hopper - capacidade da cisterna de 1.000 m³","m³km",3.7]
[5901687,"Transporte de silte com draga hopper - capacidade da cisterna de 10.000 m³","m³km",1.01]
[5901688,"Transporte de silte com draga hopper - capacidade da cisterna de 15.000 m³","m³km",0.95]
[5901689,"Transporte de silte com draga hopper - capacidade da cisterna de 2.000 m³","m³km",2.23]
[5901690,"Transporte de silte com draga hopper - capacidade da cisterna de 20.000 m³","m³km",0.92]
[5901691,"Transporte de silte com draga hopper - capacidade da cisterna de 3.000 m³","m³km",1.78]
[5901692,"Transporte de silte com draga hopper - capacidade da cisterna de 4.000 m³","m³km",1.56]
[5901693,"Transporte de silte com draga hopper - capacidade da cisterna de 5.000 m³","m³km",1.37]
[5901694,"Transporte de silte com draga hopper - capacidade da cisterna de 750 m³","m³km",5.33]
[5914512,"Transporte de TLS TR45 de 120 m com locomotiva diesel-elétrica em vagão plataforma com capacidade de 82 t - bitola métrica","tkm",1.49]
[5914496,"Transporte de TLS TR45 de 120 m com locomotiva diesel-elétrica em vagão plataforma com capacidade de 98 t - bitola larga","tkm",1.18]
[5914513,"Transporte de TLS TR45 de 240 m com locomotiva diesel-elétrica em vagão plataforma com capacidade de 82 t - bitola métrica","tkm",0.83]
[5914497,"Transporte de TLS TR45 de 240 m com locomotiva diesel-elétrica em vagão plataforma com capacidade de 98 t - bitola larga","tkm",0.65]
[5914500,"Transporte de TLS TR57 de 120 m com locomotiva diesel-elétrica em vagão plataforma com capacidade de 82 t - bitola métrica","tkm",1.17]
[5914498,"Transporte de TLS TR57 de 120 m com locomotiva diesel-elétrica em vagão plataforma com capacidade de 98 t - bitola larga","tkm",0.92]
[5914501,"Transporte de TLS TR57 de 240 m com locomotiva diesel-elétrica em vagão plataforma com capacidade de 82 t - bitola métrica","tkm",0.65]
[5914499,"Transporte de TLS TR57 de 240 m com locomotiva diesel-elétrica em vagão plataforma com capacidade de 98 t - bitola larga","tkm",0.51]
[5914504,"Transporte de TLS TR68 de 120 m com locomotiva diesel-elétrica em vagão plataforma com capacidade de 82 t - bitola métrica","tkm",0.99]
[5914502,"Transporte de TLS TR68 de 120 m com locomotiva diesel-elétrica em vagão plataforma com capacidade de 98 t - bitola larga","tkm",0.78]
[5914505,"Transporte de TLS TR68 de 240 m com locomotiva diesel-elétrica em vagão plataforma com capacidade de 82 t - bitola métrica","tkm",0.55000000000000004]
[5914503,"Transporte de TLS TR68 de 240 m com locomotiva diesel-elétrica em vagão plataforma com capacidade de 98 t - bitola larga","tkm",0.43]
[5914508,"Transporte de TLS UIC60 de 120 m com locomotiva diesel-elétrica em vagão plataforma com capacidade de 82 t - bitola métrica","tkm",1.1100000000000001]
[5914506,"Transporte de TLS UIC60 de 120 m com locomotiva diesel-elétrica em vagão plataforma com capacidade de 98 t - bitola larga","tkm",0.87]
[5914509,"Transporte de TLS UIC60 de 240 m com locomotiva diesel-elétrica em vagão plataforma com capacidade de 82 t - bitola métrica","tkm",0.62]
[5914507,"Transporte de TLS UIC60 de 240 m com locomotiva diesel-elétrica em vagão plataforma com capacidade de 98 t - bitola larga","tkm",0.48]
[5915491,"Transporte de veículos de médio porte com guincho de resgate de 20 t - rodovia em leito natural","km",17.88]
[5915492,"Transporte de veículos de médio porte com guincho de resgate de 20 t - rodovia em revestimento primário","km",14.3]
[5915493,"Transporte de veículos de médio porte com guincho de resgate de 20 t - rodovia pavimentada","km",11.73]
[5915488,"Transporte de veículos leves com guincho de resgate de 4 t - rodovia em leito natural","km",12.8]
[5915489,"Transporte de veículos leves com guincho de resgate de 4 t - rodovia em revestimento primário","km",10.24]
[5915490,"Transporte de veículos leves com guincho de resgate de 4 t - rodovia pavimentada","km",8.4]
[5915494,"Transporte de veículos pesados com guincho de resgate de 35 t - rodovia em leito natural","km",30.41]
[5915495,"Transporte de veículos pesados com guincho de resgate de 35 t - rodovia em revestimento primário","km",24.33]
[5915496,"Transporte de veículos pesados com guincho de resgate de 35 t - rodovia pavimentada","km",19.96]
[5915325,"Transporte em cavalo mecânico com dolly de 4 eixos com capacidade de 57 t - rodovia em leito natural","km",66.19]
[5915326,"Transporte em cavalo mecânico com dolly de 4 eixos com capacidade de 57 t - rodovia em revestimento primário","km",52.93]
[5915327,"Transporte em cavalo mecânico com dolly de 4 eixos com capacidade de 57 t - rodovia pavimentada","km",43.44]
[5915328,"Transporte em cavalo mecânico com dollys de 3 e 4 eixos com capacidade de 77 t - rodovia em leito natural","km",79.31]
[5915329,"Transporte em cavalo mecânico com dollys de 3 e 4 eixos com capacidade de 77 t - rodovia em revestimento primário","km",63.42]
[5915330,"Transporte em cavalo mecânico com dollys de 3 e 4 eixos com capacidade de 77 t - rodovia pavimentada","km",52.05]
[5915331,"Transporte em cavalo mecânico com dollys de 5 e 4 eixos com capacidade de 111 t - rodovia em leito natural","km",155.66999999999999]
[5915332,"Transporte em cavalo mecânico com dollys de 5 e 4 eixos com capacidade de 111 t - rodovia em revestimento primário","km",124.48]
[5915333,"Transporte em cavalo mecânico com dollys de 5 e 4 eixos com capacidade de 111 t - rodovia pavimentada","km",102.16]
[5915364,"Transporte em cavalo mecânico com reboques de 5 e 4 eixos com capacidade de 130 t - rodovia em leito natural","km",188.47]
[5915365,"Transporte em cavalo mecânico com reboques de 5 e 4 eixos com capacidade de 130 t - rodovia em revestimento primário","km",150.71]
[5915361,"Transporte em cavalo mecânico com reboques de 5 e 4 eixos com capacidade de 130 t - rodovia pavimentada","km",123.69]
[5919716,"Transporte fluvial de materiais diversos com pontão flutuante - capacidade de 500 t","km",200.02]
[5919717,"Transporte fluvial do flutuante","km",173.7]
[6106220,"Armação de fuste de tubulão em aço CA-50 com apoio de guindaste - fornecimento, preparo e colocação","kg",11.97]
[6106183,"Escavação manual de base alargada de tubulão a céu aberto em material de 1ª categoria na profundidade de 10 a 15 m","m³",286.93]
[6106182,"Escavação manual de base alargada de tubulão a céu aberto em material de 1ª categoria na profundidade de até 10 m","m³",245.94]
[6106194,"Escavação manual de base alargada de tubulão a céu aberto em material de 2ª categoria na profundidade até 10 m","m³",706.35]
[6106195,"Escavação manual de base alargada de tubulão a céu aberto em material de 2ª categoria na profundidade de 10 a 15 m","m³",782.95]
[6106331,"Escavação manual de base alargada de tubulão a céu aberto em material de 3ª categoria a frio na profundidade até 10 m","m³",1769.12]
[6106332,"Escavação manual de base alargada de tubulão a céu aberto em material de 3ª categoria a frio na profundidade de 10 a 15 m","m³",1881.81]
[6106206,"Escavação manual de base alargada de tubulão a céu aberto em material de 3ª categoria na profundidade até 10 m","m³",2073.29]
[6106207,"Escavação manual de base alargada de tubulão a céu aberto em material de 3ª categoria na profundidade de 10 a 15 m","m³",2209.0300000000002]
[6106222,"Escavação manual de fuste de tubulão a céu aberto em material de 1ª categoria na profundidade de 10 a 15 m","m³",286.93]
[6106221,"Escavação manual de fuste de tubulão a céu aberto em material de 1ª categoria na profundidade de até 10 m","m³",245.94]
[6106224,"Escavação manual de fuste de tubulão a céu aberto em material de 2ª categoria na profundidade até 10 m","m³",706.35]
[6106225,"Escavação manual de fuste de tubulão a céu aberto em material de 2ª categoria na profundidade de 10 a 15 m","m³",782.95]
[6106228,"Escavação manual de fuste de tubulão a céu aberto em material de 3ª categoria na profundidade até 10 m","m³",1847.32]
[6106229,"Escavação manual de fuste de tubulão a céu aberto em material de 3ª categoria na profundidade de 10 a 15 m","m³",1966.92]
[6106328,"Escavação mecânica de fuste de tubulão com caçamba para rocha em material de 2ª categoria","m³",139.63999999999999]
[6106330,"Escavação mecânica de fuste de tubulão com caçamba para rocha em material de 3ª categoria","m³",694.13]
[6106326,"Escavação mecânica de fuste de tubulão com caçamba para solos em material de 1ª categoria","m³",57.62]
[6106324,"Escavação mecânica de fuste de tubulão com Hammer Grab em material de 1ª categoria","m³",35.03]
[6106327,"Escavação mecânica de fuste de tubulão com trado para rocha em material de 2ª categoria","m³",139.35]
[6106329,"Escavação mecânica de fuste de tubulão com trado para rocha em material de 3ª categoria","m³",693.83]
[6106325,"Escavação mecânica de fuste de tubulão com trado para solos em material de 1ª categoria","m³",57.66]
[6208126,"Armação de tela de aço eletrossoldada em túneis com auxílio de plataforma pantográfica - confecção e instalação","kg",21]
[6205797,"Cambotas metálicas treliçadas - confecção e instalação","kg",12.93]
[6205791,"Coluna de jet grouting horizontal CCPH em solo - D = 40 cm - perfuração e injeção","m",397]
[6205792,"Coluna de jet grouting horizontal CCPH em solo - D = 50 cm - perfuração e injeção","m",476.13]
[6205793,"Coluna de jet grouting horizontal CCPH em solo - D = 60 cm - perfuração e injeção","m",559.54]
[6205796,"Coluna de jet grouting vertical em solo - D = 100 cm - perfuração e injeção","m",993.38]
[6219451,"Coluna de jet grouting vertical em solo - D = 110 cm - perfuração e injeção","m",1068.0999999999999]
[6219452,"Coluna de jet grouting vertical em solo - D = 120 cm - perfuração e injeção","m",1147.0999999999999]
[6205794,"Coluna de jet grouting vertical em solo - D = 80 cm - perfuração e injeção","m",856.74]
[6205795,"Coluna de jet grouting vertical em solo - D = 90 cm - perfuração e injeção","m",922.92]
[6219521,"Desmonte a frio e carga de rocha em túnel com cunha hidráulica - DMT de 0 a 200 m","m³",164.48]
[6219527,"Drenagem de túnel com manta drenante de malha de polietileno e geotêxtil em face revestida com argamassa polimérica com espessura de 25 mm","m²",480.99]
[6219526,"Dreno filtrante em tubos de PVC D = 40 mm aplicado em paredes e tetos de túnel - fornecimento e instalação","m",57.56]
[6219525,"Dreno não filtrante em tubos de PVC D = 40 mm aplicado em paredes e tetos de túnel - fornecimento e instalação","m",53.63]
[6219508,"Enfilagem tubular sistema autoperfurante - D = 76 mm","m",399.87]
[6219511,"Enfilagem tubular sistema convencional schedule 40 - D = 65 mm","m",271.07]
[6219500,"Escavação subterrânea e carregamento do material da calota em túnel classe I - DMT de 0 a 200 m - seção acima de 90 m²","m³",145.54]
[6219418,"Escavação subterrânea e carregamento do material da calota em túnel classe I - DMT de 0 a 200 m - seção de 20 a 40 m²","m³",318.19]
[6219412,"Escavação subterrânea e carregamento do material da calota em túnel classe I - DMT de 0 a 200 m - seção de 40 a 60 m²","m³",222.83]
[6219406,"Escavação subterrânea e carregamento do material da calota em túnel classe I - DMT de 0 a 200 m - seção de 60 a 90 m²","m³",156.4]
[6219501,"Escavação subterrânea e carregamento do material da calota em túnel classe II - DMT de 0 a 200 m - seção acima de 90 m²","m³",157.59]
[6219419,"Escavação subterrânea e carregamento do material da calota em túnel classe II - DMT de 0 a 200 m - seção de 20 a 40 m²","m³",350.42]
[6219413,"Escavação subterrânea e carregamento do material da calota em túnel classe II - DMT de 0 a 200 m - seção de 40 a 60 m²","m³",243.43]
[6219407,"Escavação subterrânea e carregamento do material da calota em túnel classe II - DMT de 0 a 200 m - seção de 60 a 90 m²","m³",169.57]
[6219502,"Escavação subterrânea e carregamento do material da calota em túnel classe III - DMT de 0 a 200 m - seção acima de 90 m²","m³",170.36]
[6219420,"Escavação subterrânea e carregamento do material da calota em túnel classe III - DMT de 0 a 200 m - seção de 20 a 40 m²","m³",392.57]
[6219414,"Escavação subterrânea e carregamento do material da calota em túnel classe III - DMT de 0 a 200 m - seção de 40 a 60 m²","m³",267.85000000000002]
[6219408,"Escavação subterrânea e carregamento do material da calota em túnel classe III - DMT de 0 a 200 m - seção de 60 a 90 m²","m³",183.26]
[6219503,"Escavação subterrânea e carregamento do material da calota em túnel classe IV - DMT de 0 a 200 m - seção acima de 90 m²","m³",197.3]
[6219421,"Escavação subterrânea e carregamento do material da calota em túnel classe IV - DMT de 0 a 200 m - seção de 20 a 40 m²","m³",467.06]
[6219415,"Escavação subterrânea e carregamento do material da calota em túnel classe IV - DMT de 0 a 200 m - seção de 40 a 60 m²","m³",313.19]
[6219409,"Escavação subterrânea e carregamento do material da calota em túnel classe IV - DMT de 0 a 200 m - seção de 60 a 90 m²","m³",213.81]
[6219518,"Escavação subterrânea e carregamento do material do rebaixo em túnel classe I a IV - DMT de 0 a 200 m","m³",53.87]
[6219504,"Escavação subterrânea e carregamento em túnel classe V - DMT de 0 a 200 m - seção acima de 90 m²","m³",106.84]
[6219422,"Escavação subterrânea e carregamento em túnel classe V - DMT de 0 a 200 m - seção de 20 a 40 m²","m³",238.16]
[6219416,"Escavação subterrânea e carregamento em túnel classe V - DMT de 0 a 200 m - seção de 40 a 60 m²","m³",182.82]
[6219410,"Escavação subterrânea e carregamento em túnel classe V - DMT de 0 a 200 m - seção de 60 a 90 m²","m³",127.53]
[6219505,"Escavação subterrânea e carregamento em túnel classe VI - DMT de 0 a 200 m - seção acima de 90 m²","m³",100.57]
[6219423,"Escavação subterrânea e carregamento em túnel classe VI - DMT de 0 a 200 m - seção de 20 a 40 m²","m³",236.08]
[6219417,"Escavação subterrânea e carregamento em túnel classe VI - DMT de 0 a 200 m - seção de 40 a 60 m²","m³",178.86]
[6219411,"Escavação subterrânea e carregamento em túnel classe VI - DMT de 0 a 200 m - seção de 60 a 90 m²","m³",121.73]
[6219520,"Pré-fissuramento em túnel","m²",58.94]
[6219433,"Pregagem da frente com vergalhão de fibra de vidro D = 25 mm com perfuração em D = 75 mm e injeção de calda de cimento","m",117.28]
[6205801,"Pregagem da frente em tubo de PVC D = 50 mm com perfuração em D = 100 mm e injeção de argamassa de cimento e areia 1:1","m",77.849999999999994]
[6219524,"Prego guia para controle de espessura de concreto projetado D = 16 mm em túnel - fornecimento e instalação","un",11.62]
[6416036,"Usinagem de agregados para microrrevestimento a frio - faixa II - brita comercial","m³",157.87]
[6416038,"Usinagem de agregados para microrrevestimento a frio - faixa II - brita produzida","m³",70.069999999999993]
[6416037,"Usinagem de agregados para microrrevestimento a frio - faixa III - brita comercial","m³",167.25]
[6416035,"Usinagem de agregados para microrrevestimento a frio - faixa III - brita produzida","m³",78.989999999999995]
[6416076,"Usinagem de areia-asfalto a quente - faixa A - areia comercial","t",174.24]
[6416075,"Usinagem de areia-asfalto a quente - faixa A - areia extraída","t",109.37]
[6416226,"Usinagem de areia-asfalto a quente - faixa B - areia comercial","t",163.74]
[6416225,"Usinagem de areia-asfalto a quente - faixa B - areia extraída","t",97.45]
[6416084,"Usinagem de areia-asfalto a quente com asfalto polímero - faixa A - areia comercial","t",166.38]
[6416083,"Usinagem de areia-asfalto a quente com asfalto polímero - faixa A - areia extraída","t",98.22]
[6416234,"Usinagem de areia-asfalto a quente com asfalto polímero - faixa B - areia comercial","t",172.31]
[6416233,"Usinagem de areia-asfalto a quente com asfalto polímero - faixa B - areia extraída","t",105.37]
[6416236,"Usinagem de areia-asfalto a quente com asfalto polímero - faixa C - areia comercial","t",176.17]
[6416235,"Usinagem de areia-asfalto a quente com asfalto polímero - faixa C - areia extraída","t",110.08]
[6416040,"Usinagem de brita graduada com brita comercial em usina de 300 t/h","m³",236.75]
[6416039,"Usinagem de brita graduada com brita produzida em usina de 300 t/h","m³",97.28]
[6416042,"Usinagem de brita graduada tratada com cimento e brita comercial em usina de 300 t/h","m³",286.58]
[6416041,"Usinagem de brita graduada tratada com cimento e brita produzida em usina de 300 t/h","m³",148.75]
[6416080,"Usinagem de concreto asfáltico - faixa A-25 - areia e brita comerciais","t",176.22]
[6416079,"Usinagem de concreto asfáltico - faixa A-25 - areia extraída e brita produzida","t",116.15]
[6416143,"Usinagem de concreto asfáltico - faixa B-19 - areia e brita comerciais","t",175.44]
[6416262,"Usinagem de concreto asfáltico - faixa B-19 - areia extraída e brita produzida","t",115.79]
[6416078,"Usinagem de concreto asfáltico - faixa C-12,5 - areia e brita comerciais","t",174.71]
[6416077,"Usinagem de concreto asfáltico - faixa C-12,5 - areia extraída e brita produzida","t",115.4]
[6416071,"Usinagem de concreto asfáltico - faixa D-9,5 - areia e brita comerciais","t",173.4]
[6416072,"Usinagem de concreto asfáltico - faixa D-9,5 - areia extraída e brita produzida","t",115.44]
[6416088,"Usinagem de concreto asfáltico com asfalto polímero - faixa A - areia e brita comerciais","t",186.4]
[6416087,"Usinagem de concreto asfáltico com asfalto polímero - faixa A - areia extraída e brita produzida","t",121.33]
[6416246,"Usinagem de concreto asfáltico com asfalto polímero - faixa B - areia e brita comerciais","t",187.66]
[6416245,"Usinagem de concreto asfáltico com asfalto polímero - faixa B - areia extraída e brita produzida","t",124.12]
[6416248,"Usinagem de concreto asfáltico com asfalto polímero - faixa C - areia e brita comerciais","t",190.88]
[6416247,"Usinagem de concreto asfáltico com asfalto polímero - faixa C - areia extraída e brita produzida","t",126.77]
[6416214,"Usinagem de concreto asfáltico com borracha (Gap Graded) - brita comercial","t",231.42]
[6416218,"Usinagem de concreto asfáltico com borracha (Gap Graded) - brita produzida","t",171.35]
[6416211,"Usinagem de concreto asfáltico com borracha - faixa A - brita comercial","t",228.54]
[6416215,"Usinagem de concreto asfáltico com borracha - faixa A - brita produzida","t",171.92]
[6416212,"Usinagem de concreto asfáltico com borracha - faixa B - brita comercial","t",232.37]
[6416216,"Usinagem de concreto asfáltico com borracha - faixa B - brita produzida","t",176.2]
[6416213,"Usinagem de concreto asfáltico com borracha - faixa C - brita comercial","t",233.63]
[6416217,"Usinagem de concreto asfáltico com borracha - faixa C - brita produzida","t",178.32]
[6416289,"Usinagem de concreto asfáltico reciclado a frio com espuma de asfalto, agregado comercial e cimento","m³",127.16]
[6416288,"Usinagem de concreto asfáltico reciclado a frio com espuma de asfalto, agregado produzido e cimento","m³",79.45]
[6416098,"Usinagem de concreto asfáltico reciclado em usina fixa com adição de material fresado e brita comercial","t",162.11000000000001]
[6416097,"Usinagem de concreto asfáltico reciclado em usina fixa com adição de material fresado e brita produzida","t",125.35]
[6416258,"Usinagem de micro pré-misturado a quente com asfalto polímero - brita comercial","t",179.49]
[6416259,"Usinagem de micro pré-misturado a quente com asfalto polímero - brita produzida","t",124.15]
[6416074,"Usinagem de pré-misturado a frio - faixa A - areia e brita comerciais","m³",271.76]
[6416073,"Usinagem de pré-misturado a frio - faixa A - areia extraída e brita produzida","m³",123.62]
[6416220,"Usinagem de pré-misturado a frio - faixa B - areia e brita comerciais","m³",276.33]
[6416219,"Usinagem de pré-misturado a frio - faixa B - areia extraída e brita produzida","m³",120.34]
[6416222,"Usinagem de pré-misturado a frio - faixa C - areia e brita comerciais","m³",283.86]
[6416221,"Usinagem de pré-misturado a frio - faixa C - areia extraída e brita produzida","m³",135.57]
[6416224,"Usinagem de pré-misturado a frio - faixa D - areia e brita comerciais","m³",289.14]
[6416223,"Usinagem de pré-misturado a frio - faixa D - areia extraída e brita produzida","m³",132.29]
[6416082,"Usinagem de pré-misturado a frio com asfalto polímero - faixa A - areia e brita comerciais","m³",271.76]
[6416081,"Usinagem de pré-misturado a frio com asfalto polímero - faixa A - areia extraída e brita produzida","m³",123.62]
[6416228,"Usinagem de pré-misturado a frio com asfalto polímero - faixa B - areia e brita comerciais","m³",276.33]
[6416227,"Usinagem de pré-misturado a frio com asfalto polímero - faixa B - areia extraída e brita produzida","m³",120.34]
[6416230,"Usinagem de pré-misturado a frio com asfalto polímero - faixa C - areia e brita comerciais","m³",282.60000000000002]
[6416229,"Usinagem de pré-misturado a frio com asfalto polímero - faixa C - areia extraída e brita produzida","m³",135.01]
[6416232,"Usinagem de pré-misturado a frio com asfalto polímero - faixa D - areia e brita comerciais","m³",287.86]
[6416231,"Usinagem de pré-misturado a frio com asfalto polímero - faixa D - areia extraída e brita produzida","m³",131.75]
[6416086,"Usinagem de pré-misturado a quente com asfalto polímero - faixa I - camada porosa de atrito - areia e brita comerciais","t",188.31]
[6416085,"Usinagem de pré-misturado a quente com asfalto polímero - faixa I - camada porosa de atrito - areia extraída e brita produzida","t",121.02]
[6416238,"Usinagem de pré-misturado a quente com asfalto polímero - faixa II - camada porosa de atrito - areia e brita comerciais","t",180.1]
[6416237,"Usinagem de pré-misturado a quente com asfalto polímero - faixa II - camada porosa de atrito - areia extraída e brita produzida","t",111.24]
[6416240,"Usinagem de pré-misturado a quente com asfalto polímero - faixa III - camada porosa de atrito - areia e brita comerciais","t",186.65]
[6416239,"Usinagem de pré-misturado a quente com asfalto polímero - faixa III - camada porosa de atrito - areia extraída e brita produzida","t",119.2]
[6416242,"Usinagem de pré-misturado a quente com asfalto polímero - faixa IV - camada porosa de atrito - areia e brita comerciais","t",192.63]
[6416241,"Usinagem de pré-misturado a quente com asfalto polímero - faixa IV - camada porosa de atrito - areia extraída e brita produzida","t",125.61]
[6416244,"Usinagem de pré-misturado a quente com asfalto polímero - faixa V - camada porosa de atrito - areia e brita comerciais","t",190.82]
[6416243,"Usinagem de pré-misturado a quente com asfalto polímero - faixa V - camada porosa de atrito - areia extraída e brita produzida","t",125.18]
[6416250,"Usinagem de solo areia (70% - 30%) - material de jazida e areia comercial","m³",62.78]
[6416153,"Usinagem de solo areia (70% - 30%) - material de jazida e areia extraída","m³",17.14]
[6416185,"Usinagem de solo brita (70% - 30%) com 3% cimento - material de jazida e brita comercial","m³",113.32]
[6416184,"Usinagem de solo brita (70% - 30%) com 3% cimento - material de jazida e brita produzida","m³",76.48]
[6416030,"Usinagem de solo brita (70% - 30%) com material de jazida e brita comercial em usina de 300 t/h","m³",73.28]
[6416029,"Usinagem de solo brita (70% - 30%) com material de jazida e brita produzida em usina de 300 t/h","m³",35.31]
[6416056,"Usinagem de solo cimento com 7% de cimento com material de jazida em usina de 300 t/h","m³",101.97]
[6416278,"Usinagem de solo escória de aciaria (50% - 50%) com material de jazida em usina de 300 t/h","m³",24.43]
[6416047,"Usinagem de solo melhorado com 3% de cimento com material de jazida em usina de 300 t/h","m³",50.64]
[6416090,"Usinagem para pavimento de concreto com fôrmas deslizantes - areia e brita comerciais","m³",416.14]
[6416089,"Usinagem para pavimento de concreto com fôrmas deslizantes - areia extraída e brita produzida","m³",292.11]
[6416094,"Usinagem para pavimento de concreto compactado com rolo - brita comercial","m³",359.17]
[6416093,"Usinagem para pavimento de concreto compactado com rolo - brita produzida","m³",224.63]
[6416092,"Usinagem para sub-base de concreto compactado com rolo - brita comercial","m³",306.82]
[6416091,"Usinagem para sub-base de concreto compactado com rolo - brita produzida","m³",166.16]
[6817809,"Confecção de BSCC - seção canal de 1,5 x 1,5 m - areia e brita comerciais","m",1063.0999999999999]
[6817810,"Confecção de BSCC - seção canal de 1,5 x 1,5 m - areia extraída e brita produzida","m",956.7]
[6817811,"Confecção de BSCC - seção canal de 2,0 x 1,5 m - areia e brita comerciais","m",1136.8900000000001]
[6817812,"Confecção de BSCC - seção canal de 2,0 x 1,5 m - areia extraída e brita produzida","m",1019.29]
[6817813,"Confecção de BSCC - seção canal de 2,0 x 2,0 m - tipo I - areia e brita comerciais","m",1777.69]
[6817814,"Confecção de BSCC - seção canal de 2,0 x 2,0 m - tipo I - areia extraída e brita produzida","m",1592.89]
[6817815,"Confecção de BSCC - seção canal de 2,0 x 2,0 m - tipo II - areia e brita comerciais","m",1502.78]
[6817816,"Confecção de BSCC - seção canal de 2,0 x 2,0 m - tipo II - areia extraída e brita produzida","m",1317.98]
[6817817,"Confecção de BSCC - seção canal de 2,5 x 1,5 m - areia e brita comerciais","m",1221.74]
[6817818,"Confecção de BSCC - seção canal de 2,5 x 1,5 m - areia extraída e brita produzida","m",1094.3399999999999]
[6817819,"Confecção de BSCC - seção canal de 2,5 x 2,0 m - tipo I - areia e brita comerciais","m",1868.05]
[6817820,"Confecção de BSCC - seção canal de 2,5 x 2,0 m - tipo I - areia extraída e brita produzida","m",1669.25]
[6817821,"Confecção de BSCC - seção canal de 2,5 x 2,0 m - tipo II - areia e brita comerciais","m",1602.22]
[6817822,"Confecção de BSCC - seção canal de 2,5 x 2,0 m - tipo II - areia extraída e brita produzida","m",1403.42]
[6817823,"Confecção de BSCC - seção canal de 3,0 x 1,5 m - areia e brita comerciais","m",1311.22]
[6817824,"Confecção de BSCC - seção canal de 3,0 x 1,5 m - areia extraída e brita produzida","m",1172.6199999999999]
[6817825,"Confecção de BSCC - seção canal de 3,0 x 2,0 m - tipo I - areia e brita comerciais","m",1898.18]
[6817826,"Confecção de BSCC - seção canal de 3,0 x 2,0 m - tipo I - areia extraída e brita produzida","m",1685.38]
[6817827,"Confecção de BSCC - seção canal de 3,0 x 2,0 m - tipo II - areia e brita comerciais","m",1701.64]
[6817828,"Confecção de BSCC - seção canal de 3,0 x 2,0 m - tipo II - areia extraída e brita produzida","m",1488.84]
[6817753,"Confecção de BSCC - seção fechada de 1,5 x 1,5 m - altura do aterro de 0,25 a 1,00 m - areia e brita comerciais","m",1442.48]
[6817754,"Confecção de BSCC - seção fechada de 1,5 x 1,5 m - altura do aterro de 0,25 a 1,00 m - areia extraída e brita produzida","m",1292.68]
[6817755,"Confecção de BSCC - seção fechada de 1,5 x 1,5 m - altura do aterro de 1,00 a 2,50 m - areia e brita comerciais","m",1381.75]
[6817756,"Confecção de BSCC - seção fechada de 1,5 x 1,5 m - altura do aterro de 1,00 a 2,50 m - areia extraída e brita produzida","m",1231.95]
[6817763,"Confecção de BSCC - seção fechada de 1,5 x 1,5 m - altura do aterro de 10,00 a 12,50 m - areia e brita comerciais","m",1741.42]
[6817764,"Confecção de BSCC - seção fechada de 1,5 x 1,5 m - altura do aterro de 10,00 a 12,50 m - areia extraída e brita produzida","m",1542.66]
[6817765,"Confecção de BSCC - seção fechada de 1,5 x 1,5 m - altura do aterro de 12,50 a 15,00 m - areia e brita comerciais","m",2018.94]
[6817766,"Confecção de BSCC - seção fechada de 1,5 x 1,5 m - altura do aterro de 12,50 a 15,00 m - areia extraída e brita produzida","m",1835.81]
[6817757,"Confecção de BSCC - seção fechada de 1,5 x 1,5 m - altura do aterro de 2,50 a 5,00 m - areia e brita comerciais","m",1381.75]
[6817758,"Confecção de BSCC - seção fechada de 1,5 x 1,5 m - altura do aterro de 2,50 a 5,00 m - areia extraída e brita produzida","m",1231.95]
[6817759,"Confecção de BSCC - seção fechada de 1,5 x 1,5 m - altura do aterro de 5,00 a 7,50 m - areia e brita comerciais","m",1502.69]
[6817760,"Confecção de BSCC - seção fechada de 1,5 x 1,5 m - altura do aterro de 5,00 a 7,50 m - areia extraída e brita produzida","m",1355]
[6817761,"Confecção de BSCC - seção fechada de 1,5 x 1,5 m - altura do aterro de 7,50 a 10,00 m - areia e brita comerciais","m",1842.22]
[6817762,"Confecção de BSCC - seção fechada de 1,5 x 1,5 m - altura do aterro de 7,50 a 10,00 m - areia extraída e brita produzida","m",1643.46]
[6817767,"Confecção de BSCC - seção fechada de 2,0 x 2,0 m - altura do aterro de 0,25 a 1,00 m - areia e brita comerciais","m",2100.48]
[6817768,"Confecção de BSCC - seção fechada de 2,0 x 2,0 m - altura do aterro de 0,25 a 1,00 m - areia extraída e brita produzida","m",1908.68]
[6817769,"Confecção de BSCC - seção fechada de 2,0 x 2,0 m - altura do aterro de 1,00 a 2,50 m - areia e brita comerciais","m",1774.17]
[6817770,"Confecção de BSCC - seção fechada de 2,0 x 2,0 m - altura do aterro de 1,00 a 2,50 m - areia extraída e brita produzida","m",1582.37]
[6817777,"Confecção de BSCC - seção fechada de 2,0 x 2,0 m - altura do aterro de 10,00 a 12,50 m - areia e brita comerciais","m",2907.08]
[6817778,"Confecção de BSCC - seção fechada de 2,0 x 2,0 m - altura do aterro de 10,00 a 12,50 m - areia extraída e brita produzida","m",2679.15]
[6817779,"Confecção de BSCC - seção fechada de 2,0 x 2,0 m - altura do aterro de 12,50 a 15,00 m - areia e brita comerciais","m",3433.5]
[6817780,"Confecção de BSCC - seção fechada de 2,0 x 2,0 m - altura do aterro de 12,50 a 15,00 m - areia extraída e brita produzida","m",3144.86]
[6817771,"Confecção de BSCC - seção fechada de 2,0 x 2,0 m - altura do aterro de 2,50 a 5,00 m - areia e brita comerciais","m",2030.6]
[6817772,"Confecção de BSCC - seção fechada de 2,0 x 2,0 m - altura do aterro de 2,50 a 5,00 m - areia extraída e brita produzida","m",1841.49]
[6817773,"Confecção de BSCC - seção fechada de 2,0 x 2,0 m - altura do aterro de 5,00 a 7,50 m - areia e brita comerciais","m",2439.91]
[6817774,"Confecção de BSCC - seção fechada de 2,0 x 2,0 m - altura do aterro de 5,00 a 7,50 m - areia extraída e brita produzida","m",2185.94]
[6817775,"Confecção de BSCC - seção fechada de 2,0 x 2,0 m - altura do aterro de 7,50 a 10,00 m - areia e brita comerciais","m",2674.14]
[6817776,"Confecção de BSCC - seção fechada de 2,0 x 2,0 m - altura do aterro de 7,50 a 10,00 m - areia extraída e brita produzida","m",2440.15]
[6817781,"Confecção de BSCC - seção fechada de 2,5 x 2,5 m - altura do aterro de 0,25 a 1,00 m - areia e brita comerciais","m",2864.13]
[6817782,"Confecção de BSCC - seção fechada de 2,5 x 2,5 m - altura do aterro de 0,25 a 1,00 m - areia extraída e brita produzida","m",2630.33]
[6817783,"Confecção de BSCC - seção fechada de 2,5 x 2,5 m - altura do aterro de 1,00 a 2,50 m - areia e brita comerciais","m",2345.12]
[6817784,"Confecção de BSCC - seção fechada de 2,5 x 2,5 m - altura do aterro de 1,00 a 2,50 m - areia extraída e brita produzida","m",2111.3200000000002]
[6817791,"Confecção de BSCC - seção fechada de 2,5 x 2,5 m - altura do aterro de 10,00 a 12,50 m - areia e brita comerciais","m",4253.0200000000004]
[6817792,"Confecção de BSCC - seção fechada de 2,5 x 2,5 m - altura do aterro de 10,00 a 12,50 m - areia extraída e brita produzida","m",3902.44]
[6817793,"Confecção de BSCC - seção fechada de 2,5 x 2,5 m - altura do aterro de 12,50 a 15,00 m - areia e brita comerciais","m",4824.91]
[6817794,"Confecção de BSCC - seção fechada de 2,5 x 2,5 m - altura do aterro de 12,50 a 15,00 m - areia extraída e brita produzida","m",4474.33]
[6817785,"Confecção de BSCC - seção fechada de 2,5 x 2,5 m - altura do aterro de 2,50 a 5,00 m - areia e brita comerciais","m",2988.97]
[6817786,"Confecção de BSCC - seção fechada de 2,5 x 2,5 m - altura do aterro de 2,50 a 5,00 m - areia extraída e brita produzida","m",2679.79]
[6817787,"Confecção de BSCC - seção fechada de 2,5 x 2,5 m - altura do aterro de 5,00 a 7,50 m - areia e brita comerciais","m",3454.94]
[6817788,"Confecção de BSCC - seção fechada de 2,5 x 2,5 m - altura do aterro de 5,00 a 7,50 m - areia extraída e brita produzida","m",3170.08]
[6817789,"Confecção de BSCC - seção fechada de 2,5 x 2,5 m - altura do aterro de 7,50 a 10,00 m - areia e brita comerciais","m",3858.52]
[6817790,"Confecção de BSCC - seção fechada de 2,5 x 2,5 m - altura do aterro de 7,50 a 10,00 m - areia extraída e brita produzida","m",3581.03]
[6817795,"Confecção de BSCC - seção fechada de 3,0 x 3,0 m - altura do aterro de 0,25 a 1,00 m - areia e brita comerciais","m",3685.12]
[6817796,"Confecção de BSCC - seção fechada de 3,0 x 3,0 m - altura do aterro de 0,25 a 1,00 m - areia extraída e brita produzida","m",3413.2]
[6817797,"Confecção de BSCC - seção fechada de 3,0 x 3,0 m - altura do aterro de 1,00 a 2,50 m - areia e brita comerciais","m",3145.21]
[6817798,"Confecção de BSCC - seção fechada de 3,0 x 3,0 m - altura do aterro de 1,00 a 2,50 m - areia extraída e brita produzida","m",2873.29]
[6817805,"Confecção de BSCC - seção fechada de 3,0 x 3,0 m - altura do aterro de 10,00 a 12,50 m - areia e brita comerciais","m",5971.4]
[6817806,"Confecção de BSCC - seção fechada de 3,0 x 3,0 m - altura do aterro de 10,00 a 12,50 m - areia extraída e brita produzida","m",5558.88]
[6817807,"Confecção de BSCC - seção fechada de 3,0 x 3,0 m - altura do aterro de 12,50 a 15,00 m - areia e brita comerciais","m",6604.91]
[6817808,"Confecção de BSCC - seção fechada de 3,0 x 3,0 m - altura do aterro de 12,50 a 15,00 m - areia extraída e brita produzida","m",6192.38]
[6817799,"Confecção de BSCC - seção fechada de 3,0 x 3,0 m - altura do aterro de 2,50 a 5,00 m - areia e brita comerciais","m",3933.12]
[6817800,"Confecção de BSCC - seção fechada de 3,0 x 3,0 m - altura do aterro de 2,50 a 5,00 m - areia extraída e brita produzida","m",3568.72]
[6817801,"Confecção de BSCC - seção fechada de 3,0 x 3,0 m - altura do aterro de 5,00 a 7,50 m - areia e brita comerciais","m",4777.3500000000004]
[6817802,"Confecção de BSCC - seção fechada de 3,0 x 3,0 m - altura do aterro de 5,00 a 7,50 m - areia extraída e brita produzida","m",4450.3]
[6817803,"Confecção de BSCC - seção fechada de 3,0 x 3,0 m - altura do aterro de 7,50 a 10,00 m - areia e brita comerciais","m",5406.73]
[6817804,"Confecção de BSCC - seção fechada de 3,0 x 3,0 m - altura do aterro de 7,50 a 10,00 m - areia extraída e brita produzida","m",4994.21]
[6817885,"Corpo de BSCC - seção canal de 1,5 x 1,5 m - pré-moldado - areia e brita comerciais","m",1325.53]
[6817886,"Corpo de BSCC - seção canal de 1,5 x 1,5 m - pré-moldado - areia extraída e brita produzida","m",1180.18]
[6817887,"Corpo de BSCC - seção canal de 2,0 x 1,5 m - pré-moldado - areia e brita comerciais","m",1442.56]
[6817888,"Corpo de BSCC - seção canal de 2,0 x 1,5 m - pré-moldado - areia extraída e brita produzida","m",1276.78]
[6817889,"Corpo de BSCC - seção canal de 2,0 x 2,0 m - pré-moldado - tipo I - areia e brita comerciais","m",2126.5300000000002]
[6817890,"Corpo de BSCC - seção canal de 2,0 x 2,0 m - pré-moldado - tipo I - areia extraída e brita produzida","m",1891.93]
[6817891,"Corpo de BSCC - seção canal de 2,0 x 2,0 m - pré-moldado - tipo II - areia e brita comerciais","m",1851.62]
[6817892,"Corpo de BSCC - seção canal de 2,0 x 2,0 m - pré-moldado - tipo II - areia extraída e brita produzida","m",1617.02]
[6817893,"Corpo de BSCC - seção canal de 2,5 x 1,5 m - pré-moldado - areia e brita comerciais","m",1612]
[6817894,"Corpo de BSCC - seção canal de 2,5 x 1,5 m - pré-moldado - areia extraída e brita produzida","m",1424.65]
[6817895,"Corpo de BSCC - seção canal de 2,5 x 2,0 m - pré-moldado - tipo I - areia e brita comerciais","m",2286.39]
[6817896,"Corpo de BSCC - seção canal de 2,5 x 2,0 m - pré-moldado - tipo I - areia extraída e brita produzida","m",2027.39]
[6817897,"Corpo de BSCC - seção canal de 2,5 x 2,0 m - pré-moldado - tipo II - areia e brita comerciais","m",2020.56]
[6817898,"Corpo de BSCC - seção canal de 2,5 x 2,0 m - pré-moldado - tipo II - areia extraída e brita produzida","m",1761.56]
[6817899,"Corpo de BSCC - seção canal de 3,0 x 1,5 m - pré-moldado - areia e brita comerciais","m",1770.43]
[6817900,"Corpo de BSCC - seção canal de 3,0 x 1,5 m - pré-moldado - areia extraída e brita produzida","m",1561.29]
[6817901,"Corpo de BSCC - seção canal de 3,0 x 2,0 m - pré-moldado - tipo I - areia e brita comerciais","m",2389.9499999999998]
[6817902,"Corpo de BSCC - seção canal de 3,0 x 2,0 m - pré-moldado - tipo I - areia extraída e brita produzida","m",2104.9899999999998]
[6817903,"Corpo de BSCC - seção canal de 3,0 x 2,0 m - pré-moldado - tipo II - areia e brita comerciais","m",2193.41]
[6817904,"Corpo de BSCC - seção canal de 3,0 x 2,0 m - pré-moldado - tipo II - areia extraída e brita produzida","m",1908.45]
[6817829,"Corpo de BSCC - seção fechada de 1,5 x 1,5 m - pré-moldado - altura do aterro de 0,25 a 1,00 m - areia e brita comerciais","m",1770.51]
[6817830,"Corpo de BSCC - seção fechada de 1,5 x 1,5 m - pré-moldado - altura do aterro de 0,25 a 1,00 m - areia extraída e brita produzida","m",1581.41]
[6817831,"Corpo de BSCC - seção fechada de 1,5 x 1,5 m - pré-moldado - altura do aterro de 1,00 a 2,50 m - areia e brita comerciais","m",1709.78]
[6817832,"Corpo de BSCC - seção fechada de 1,5 x 1,5 m - pré-moldado - altura do aterro de 1,00 a 2,50 m - areia extraída e brita produzida","m",1520.68]
[6817839,"Corpo de BSCC - seção fechada de 1,5 x 1,5 m - pré-moldado - altura do aterro de 10,00 a 12,50 m - areia e brita comerciais","m",2075.64]
[6817840,"Corpo de BSCC - seção fechada de 1,5 x 1,5 m - pré-moldado - altura do aterro de 10,00 a 12,50 m - areia extraída e brita produzida","m",1836.18]
[6817841,"Corpo de BSCC - seção fechada de 1,5 x 1,5 m - pré-moldado - altura do aterro de 12,50 a 15,00 m - areia e brita comerciais","m",2353.16]
[6817842,"Corpo de BSCC - seção fechada de 1,5 x 1,5 m - pré-moldado - altura do aterro de 12,50 a 15,00 m - areia extraída e brita produzida","m",2129.33]
[6817833,"Corpo de BSCC - seção fechada de 1,5 x 1,5 m - pré-moldado - altura do aterro de 2,50 a 5,00 m - areia e brita comerciais","m",1709.78]
[6817834,"Corpo de BSCC - seção fechada de 1,5 x 1,5 m - pré-moldado - altura do aterro de 2,50 a 5,00 m - areia extraída e brita produzida","m",1520.68]
[6817835,"Corpo de BSCC - seção fechada de 1,5 x 1,5 m - pré-moldado - altura do aterro de 5,00 a 7,50 m - areia e brita comerciais","m",1830.72]
[6817836,"Corpo de BSCC - seção fechada de 1,5 x 1,5 m - pré-moldado - altura do aterro de 5,00 a 7,50 m - areia extraída e brita produzida","m",1643.73]
[6817837,"Corpo de BSCC - seção fechada de 1,5 x 1,5 m - pré-moldado - altura do aterro de 7,50 a 10,00 m - areia e brita comerciais","m",2176.44]
[6817838,"Corpo de BSCC - seção fechada de 1,5 x 1,5 m - pré-moldado - altura do aterro de 7,50 a 10,00 m - areia extraída e brita produzida","m",1936.98]
[6817843,"Corpo de BSCC - seção fechada de 2,0 x 2,0 m - pré-moldado - altura do aterro de 0,25 a 1,00 m - areia e brita comerciais","m",2497.0100000000002]
[6817844,"Corpo de BSCC - seção fechada de 2,0 x 2,0 m - pré-moldado - altura do aterro de 0,25 a 1,00 m - areia extraída e brita produzida","m",2256.34]
[6817845,"Corpo de BSCC - seção fechada de 2,0 x 2,0 m - pré-moldado - altura do aterro de 1,00 a 2,50 m - areia e brita comerciais","m",2170.6999999999998]
[6817846,"Corpo de BSCC - seção fechada de 2,0 x 2,0 m - pré-moldado - altura do aterro de 1,00 a 2,50 m - areia extraída e brita produzida","m",1930.03]
[6817853,"Corpo de BSCC - seção fechada de 2,0 x 2,0 m - pré-moldado - altura do aterro de 10,00 a 12,50 m - areia e brita comerciais","m",3314.27]
[6817854,"Corpo de BSCC - seção fechada de 2,0 x 2,0 m - pré-moldado - altura do aterro de 10,00 a 12,50 m - areia extraída e brita produzida","m",3034.7]
[6817855,"Corpo de BSCC - seção fechada de 2,0 x 2,0 m - pré-moldado - altura do aterro de 12,50 a 15,00 m - areia e brita comerciais","m",3842.41]
[6817856,"Corpo de BSCC - seção fechada de 2,0 x 2,0 m - pré-moldado - altura do aterro de 12,50 a 15,00 m - areia extraída e brita produzida","m",3502.1]
[6817847,"Corpo de BSCC - seção fechada de 2,0 x 2,0 m - pré-moldado - altura do aterro de 2,50 a 5,00 m - areia e brita comerciais","m",2431.6]
[6817848,"Corpo de BSCC - seção fechada de 2,0 x 2,0 m - pré-moldado - altura do aterro de 2,50 a 5,00 m - areia extraída e brita produzida","m",2192.2600000000002]
[6817849,"Corpo de BSCC - seção fechada de 2,0 x 2,0 m - pré-moldado - altura do aterro de 5,00 a 7,50 m - areia e brita comerciais","m",2842.63]
[6817850,"Corpo de BSCC - seção fechada de 2,0 x 2,0 m - pré-moldado - altura do aterro de 5,00 a 7,50 m - areia extraída e brita produzida","m",2538.39]
[6817851,"Corpo de BSCC - seção fechada de 2,0 x 2,0 m - pré-moldado - altura do aterro de 7,50 a 10,00 m - areia e brita comerciais","m",3081.33]
[6817852,"Corpo de BSCC - seção fechada de 2,0 x 2,0 m - pré-moldado - altura do aterro de 7,50 a 10,00 m - areia extraída e brita produzida","m",2795.7]
[6817857,"Corpo de BSCC - seção fechada de 2,5 x 2,5 m - pré-moldado - altura do aterro de 0,25 a 1,00 m - areia e brita comerciais","m",3338.65]
[6817858,"Corpo de BSCC - seção fechada de 2,5 x 2,5 m - pré-moldado - altura do aterro de 0,25 a 1,00 m - areia extraída e brita produzida","m",3043.87]
[6817859,"Corpo de BSCC - seção fechada de 2,5 x 2,5 m - pré-moldado - altura do aterro de 1,00 a 2,50 m - areia e brita comerciais","m",2819.64]
[6817860,"Corpo de BSCC - seção fechada de 2,5 x 2,5 m - pré-moldado - altura do aterro de 1,00 a 2,50 m - areia extraída e brita produzida","m",2524.86]
[6817867,"Corpo de BSCC - seção fechada de 2,5 x 2,5 m - pré-moldado - altura do aterro de 10,00 a 12,50 m - areia e brita comerciais","m",4739.92]
[6817868,"Corpo de BSCC - seção fechada de 2,5 x 2,5 m - pré-moldado - altura do aterro de 10,00 a 12,50 m - areia extraída e brita produzida","m",4325.5600000000004]
[6817869,"Corpo de BSCC - seção fechada de 2,5 x 2,5 m - pré-moldado - altura do aterro de 12,50 a 15,00 m - areia e brita comerciais","m",5316.28]
[6817870,"Corpo de BSCC - seção fechada de 2,5 x 2,5 m - pré-moldado - altura do aterro de 12,50 a 15,00 m - areia extraída e brita produzida","m",4900.55]
[6817861,"Corpo de BSCC - seção fechada de 2,5 x 2,5 m - pré-moldado - altura do aterro de 2,50 a 5,00 m - areia e brita comerciais","m",3465.21]
[6817862,"Corpo de BSCC - seção fechada de 2,5 x 2,5 m - pré-moldado - altura do aterro de 2,50 a 5,00 m - areia extraída e brita produzida","m",3095.01]
[6817863,"Corpo de BSCC - seção fechada de 2,5 x 2,5 m - pré-moldado - altura do aterro de 5,00 a 7,50 m - areia e brita comerciais","m",3935.65]
[6817864,"Corpo de BSCC - seção fechada de 2,5 x 2,5 m - pré-moldado - altura do aterro de 5,00 a 7,50 m - areia extraída e brita produzida","m",3588.41]
[6817865,"Corpo de BSCC - seção fechada de 2,5 x 2,5 m - pré-moldado - altura do aterro de 7,50 a 10,00 m - areia e brita comerciais","m",4339.2299999999996]
[6817866,"Corpo de BSCC - seção fechada de 2,5 x 2,5 m - pré-moldado - altura do aterro de 7,50 a 10,00 m - areia extraída e brita produzida","m",3999.36]
[6817871,"Corpo de BSCC - seção fechada de 3,0 x 3,0 m - pré-moldado - altura do aterro de 0,25 a 1,00 m - areia e brita comerciais","m",4259.16]
[6817872,"Corpo de BSCC - seção fechada de 3,0 x 3,0 m - pré-moldado - altura do aterro de 0,25 a 1,00 m - areia extraída e brita produzida","m",3915.32]
[6817873,"Corpo de BSCC - seção fechada de 3,0 x 3,0 m - pré-moldado - altura do aterro de 1,00 a 2,50 m - areia e brita comerciais","m",3719.25]
[6817874,"Corpo de BSCC - seção fechada de 3,0 x 3,0 m - pré-moldado - altura do aterro de 1,00 a 2,50 m - areia extraída e brita produzida","m",3375.41]
[6817881,"Corpo de BSCC - seção fechada de 3,0 x 3,0 m - pré-moldado - altura do aterro de 10,00 a 12,50 m - areia e brita comerciais","m",6557.7]
[6817882,"Corpo de BSCC - seção fechada de 3,0 x 3,0 m - pré-moldado - altura do aterro de 10,00 a 12,50 m - areia extraída e brita produzida","m",6070.49]
[6817883,"Corpo de BSCC - seção fechada de 3,0 x 3,0 m - pré-moldado - altura do aterro de 12,50 a 15,00 m - areia e brita comerciais","m",7195.68]
[6817884,"Corpo de BSCC - seção fechada de 3,0 x 3,0 m - pré-moldado - altura do aterro de 12,50 a 15,00 m - areia extraída e brita produzida","m",6707.1]
[6817875,"Corpo de BSCC - seção fechada de 3,0 x 3,0 m - pré-moldado - altura do aterro de 2,50 a 5,00 m - areia e brita comerciais","m",4513.3500000000004]
[6817876,"Corpo de BSCC - seção fechada de 3,0 x 3,0 m - pré-moldado - altura do aterro de 2,50 a 5,00 m - areia extraída e brita produzida","m",4075.63]
[6817877,"Corpo de BSCC - seção fechada de 3,0 x 3,0 m - pré-moldado - altura do aterro de 5,00 a 7,50 m - areia e brita comerciais","m",5357.58]
[6817878,"Corpo de BSCC - seção fechada de 3,0 x 3,0 m - pré-moldado - altura do aterro de 5,00 a 7,50 m - areia extraída e brita produzida","m",4957.21]
[6817879,"Corpo de BSCC - seção fechada de 3,0 x 3,0 m - pré-moldado - altura do aterro de 7,50 a 10,00 m - areia e brita comerciais","m",5993.15]
[6817880,"Corpo de BSCC - seção fechada de 3,0 x 3,0 m - pré-moldado - altura do aterro de 7,50 a 10,00 m - areia extraída e brita produzida","m",5505.91]
[7119788,"Administração local do Estaleiro Padrão","mês",280527.09999999998]
[7119714,"Amarração do sistema de fundeio - profundidade de até 50 m","un",2231.7800000000002]
[7119715,"Ânodo de sacrifício para proteção do casco - fornecimento e instalação","un",1508.37]
[7119678,"Beneficiamento de aço naval para construção de instalações portuárias de pequeno porte - excluso o aço naval","t",8612.74]
[7119712,"Cabo de segurança para conexão da ponte - fornecimento e instalação","un",11309.61]
[7119694,"Confecção de morto de concreto de 13 t","un",8445.19]
[7119695,"Confecção de morto de concreto de 14 t","un",9144.4500000000007]
[7119696,"Confecção de morto de concreto de 22 t","un",14416.02]
[7119697,"Confecção de morto de concreto de 36 t","un",22829.919999999998]
[7119698,"Confecção de morto de concreto de 48 t","un",29161.26]
[7119688,"Confecção de poita de concreto com garras metálicas de 13,3 t (peso submerso = 8 t)","un",8378.8799999999992]
[7119689,"Confecção de poita de concreto com garras metálicas de 25 t (peso submerso = 15 t)","un",16107.08]
[7119690,"Confecção de poita de concreto com garras metálicas de 30 t (peso submerso = 18 t)","un",19227.29]
[7119691,"Confecção de poita de concreto com garras metálicas de 41,7 t (peso submerso = 25 t)","un",26642.51]
[7119692,"Confecção de poita de concreto com garras metálicas de 45,8 t (peso submerso = 27,5 t)","un",29288.66]
[7119693,"Confecção de poita de concreto com garras metálicas de 58,3 t (peso submerso = 35 t)","un",37219.19]
[7119687,"Confecção de poita de concreto com garras metálicas de 6,7 t (peso submerso = 4 t)","un",4398.1899999999996]
[7119681,"Confecção de poita de concreto de 13,3 t (peso submerso = 8 t)","un",9079.01]
[7119682,"Confecção de poita de concreto de 25 t (peso submerso = 15 t)","un",17376.98]
[7119683,"Confecção de poita de concreto de 30 t (peso submerso = 18 t)","un",20741.09]
[7119684,"Confecção de poita de concreto de 41,7 t (peso submerso = 25 t)","un",28716.81]
[7119685,"Confecção de poita de concreto de 45,8 t (peso submerso = 27,5 t)","un",31562.5]
[7119686,"Confecção de poita de concreto de 58,3 t (peso submerso = 35 t)","un",40094.620000000003]
[7119680,"Confecção de poita de concreto de 6,7 t (peso submerso = 4 t)","un",4761.53]
[7119710,"Defensa de pneus para proteção do flutuante - confecção e instalação","un",731.48]
[7107375,"Fornecimento e instalação de reservatório metálico tipo taça de 10.000 litros pintura interna e externa com escada de acesso e base de concreto armado - areia e brita comerciais","un",28857.56]
[7107376,"Fornecimento e instalação de reservatório metálico tipo taça de 20.000 litros pintura interna e externa com escada de acesso e base de concreto armado - areia e brita comerciais","un",46283.64]
[7107377,"Fornecimento e instalação de reservatório metálico tipo taça de 30.000 litros pintura interna e externa com escada de acesso e base de concreto armado - areia e brita comerciais","un",64089.06]
[7107374,"Fornecimento e instalação de reservatório metálico tipo taça de 5.000 litros pintura interna e externa com escada de acesso e base de concreto armado - areia e brita comerciais","un",20474.03]
[7119708,"Guincho manual para sistema de fundeio com capacidade de tração de 100 kN - fornecimento e instalação","un",173027.32]
[7119709,"Guincho manual para sistema de fundeio com capacidade de tração de 200 kN - fornecimento e instalação","un",260342.56]
[7119706,"Implantação do sistema naval tipo I - ponte móvel e flutuante principal","un",51929.45]
[7119707,"Implantação do sistema naval tipo II - pontes móveis, flutuante intermediário e flutuante principal","un",123992.77]
[7119787,"Instalações do Estaleiro Padrão para o beneficiamento de estruturas navais, inclusive mobiliário, equipamentos de informática e de segurança","m²",366.3]
[7119647,"Lançamento da embarcação sobre carreira em água","un",2607]
[7119679,"Lançamento de poita de concreto - peso submerso","t",47.27]
[7119711,"Mancal de conexão - confecção e instalação","un",877.96]
[7107379,"Manutenção de tratamento superficial e pintura da área interna do flutuante (tanques de reserva de flutuabilidade)","m²",52.05]
[7107381,"Manutenção de tratamento superficial e pintura da parte externa do flutuante (costados e espelhos de proa e popa) - exceto fundo","m²",54.1]
[7107380,"Manutenção de tratamento superficial e pintura da ponte, convés, casarias e demais estruturas metálicas navais sobre os flutuantes","m²",58.74]
[7107382,"Manutenção de tratamento superficial e pintura do fundo do flutuante","m²",138.34]
[7119713,"Molinete manual para sistema de fundeio com capacidade de tração de 70 kN - fornecimento e instalação","un",284106.42]
[7119646,"Transporte interno em estaleiro para movimentação de peças","t",1156.6300000000001]
[7107384,"Tratamento superficial e pintura da ponte e demais estruturas metálicas navais - exceto fundo do flutuante","m²",92.45]
[7107378,"Tratamento superficial e pintura do fundo do flutuante","m²",162.4]

{"sheet":"Pessoal Sicro","index":15,"n_rows":106,"n_cols":7,"rows_kept":106,"cut":false,"hidden":true,"merged":[[0,0,1,0],[0,1,1,5],[0,6,1,6],[2,0,2,6],[3,0,3,6]]}
["CGCIT","SISTEMA DE CUSTOS REFERENCIAIS DE OBRAS - SICRO",{"$nulls":4},"DNIT"]
[]
["Paraíba - Janeiro/2025"]
["Sem desoneração"]
["Código","Descrição","Unidade","Salário (R$)","Encargos Totais","Custo (R$)","Periculosidade/\nInsalubridade"]
["P9801","Ajudante","h",7.3925999999999998,1.8457710000000001,21.037600000000001,0]
["P9802","Ajudante especializado","h",8.8529,1.796854,24.760200000000001,0]
["P9803","Almoxarife","mês",2835.8,1.106997,5975.0219999999999,0]
["P9804","Apontador","mês",1783.6781000000001,1.340306,4174.3525,0]
["P9805","Armador","h",11.35,1.5933980000000001,29.434999999999999,0]
["P9806","Auxiliar administrativo","mês",1837.3706,1.307841,4240.3591999999999,0]
["P9807","Bombeiro hidráulico","h",11.35,1.6418250000000001,29.9847,0]
["P9808","Carpinteiro","h",9.2914999999999992,1.7017800000000001,25.1035,0]
["P9809","Encarregado administrativo","mês",3628.6176999999998,1.00966,7292.2878000000001,0]
["P9810","Eletricista","h",9.4322999999999997,1.727236,25.7241,0]
["P9811","Encarregado especializado","mês",3619.9926,1.044079,7399.5508,0]
["P9812","Engenheiro","mês",13535.763000000001,0.83107600000000004,24785.010699999999,0]
["P9814","Operacional","mês",1647.8095000000001,1.470899,4071.5708,0]
["P9815","Jardineiro","h",10.47,1.622053,27.4528,0]
["P9819","Engenheiro supervisor","mês",13535.763000000001,0.83107600000000004,24785.010699999999,0]
["P9821","Pedreiro","h",9.3927999999999994,1.691479,25.2805,0]
["P9822","Pintor","h",11.35,1.5919700000000001,29.418800000000001,0]
["P9823","Serralheiro","h",10.3103,1.638209,27.200700000000001,0]
["P9824","Servente","h",6.9,1.8971990000000001,19.990600000000001,0]
["P9825","Soldador","h",13.2103,1.5235369999999999,33.336599999999997,0]
["P9826","Chefe setor de finanças","mês",13669.115100000001,0.82886899999999997,24999.020799999998,0]
["P9827","Vigia","mês",1518,1.634288,4454.2491,0.3]
["P9830","Montador","h",11.4499,1.64646,30.3017,0]
["P9833","Auxiliar de laboratório","mês",2497,1.161994,5398.4989999999998,0]
["P9837","Oceanógrafo","mês",5819.6023999999998,0.95760699999999999,11392.4943,0]
["P9840","Encarregado geral","mês",6006.4395000000004,0.935303,11624.2803,0]
["P9842","Faxineiro","mês",1584,1.3891469999999999,3784.4088000000002,0]
["P9843","Operador de equipamento leve","h",8.7975999999999992,1.7137929999999999,23.8748,0]
["P9845","Operador de equipamento pesado","h",12.9147,1.5156879999999999,32.4893,0]
["P9846","Operador de equipamento especial","h",18.259499999999999,1.3866879999999999,43.579700000000003,0]
["P9847","Perfurador de tubulão","h",7.3875999999999999,1.842681,21.000499999999999,0]
["P9848","Desenhista","mês",3673.5963999999999,1.0181739999999999,7413.9566999999997,0]
["P9849","Condutor maquinista fluvial","mês",2555.7737000000002,1.204828,5635.0414000000001,0]
["P9850","Copeiro","mês",1681.8345999999999,1.341037,3937.2370000000001,0]
["P9851","Médico do trabalho","mês",9917.7777000000006,0.85651999999999995,18412.552599999999,0]
["P9852","Blaster","h",12.2456,1.886358,39.018799999999999,0.3]
["P9853","Pré-marcador","h",7.3867000000000003,1.82589,20.873999999999999,0]
["P9854","Recepcionista","mês",1671.3906999999999,1.313186,3866.2375000000002,0]
["P9855","Marinheiro de máquinas","mês",2318.7188000000001,1.2460070000000001,5207.8585999999996,0]
["P9856","Marinheiro de convés","h",10.447800000000001,1.69032,28.107900000000001,0]
["P9857","Marinheiro de convés - mensalista","mês",2298.5100000000002,1.250135,5171.9576999999999,0]
["P9858","Laboratorista","mês",3487,1.0510409999999999,7151.9799000000003,0]
["P9859","Trabalhador de via","h",6.9,1.903014,20.0307,0]
["P9861","Selecionador de material pétreo","h",7.3867000000000003,1.8327830000000001,20.924900000000001,0]
["P9864","Engenheiro de segurança do trabalho","mês",13058.052900000001,0.83848900000000004,24007.086599999999,0]
["P9866","Motorista de caminhão","h",10.711499999999999,1.5868150000000001,27.708600000000001,0]
["P9867","Técnico especializado - mensalista","mês",3268.3658999999998,1.065383,6750.4273000000003,0]
["P9869","Encarregado de obras de artes especiais","mês",3619.9926,1.044079,7399.5508,0]
["P9870","Motorista de veículo leve","h",11.35,1.558972,29.0443,0]
["P9871","Motorista de veículo especial","h",11.886699999999999,1.537884,30.167000000000002,0]
["P9875","Encarregado de turma","mês",2133.585,1.2348129999999999,4768.1634000000004,0]
["P9876","Técnico de segurança do trabalho","mês",3425.4,1.057418,7047.4795999999997,0]
["P9878","Secretária","mês",2977.0504999999998,1.075231,6178.0673999999999,0]
["P9880","Piloto fluvial","mês",3456.53,1.0836889999999999,7202.3334999999997,0]
["P9882","Técnico especializado","h",14.856199999999999,1.4575750000000001,36.510199999999998,0]
["P9883","Chefe do setor administrativo","mês",3628.5511000000001,1.0096639999999999,7292.1684999999998,0]
["P9884","Encarregado de terraplenagem","mês",3619.9926,1.044079,7399.5508,0]
["P9885","Frentista de túnel","h",7.3867000000000003,1.895019,21.384599999999999,0]
["P9889","Técnico da qualidade","mês",3726.8067000000001,1.027666,7556.7191999999995,0]
["P9892","Auxiliar de blaster","h",10.5107,1.9624969999999999,34.2911,0.3]
["P9893","Encarregado de pavimentação","mês",3619.9926,1.044079,7399.5508,0]
["P9896","Porteiro","mês",1584,1.3867499999999999,3780.6120000000001,0]
["P9897","Técnico de meio ambiente","mês",3732.7073999999998,1.0429489999999999,7625.7308000000003,0]
["P9900","Comprador","mês",3455.7721999999999,1.0417479999999999,7055.8158999999996,0]
["P9901","Encarregado de superestrutura ferroviária","mês",3619.9926,1.044079,7399.5508,0]
["P9903","Auxiliar técnico","mês",1911.3576,1.2795589999999999,4357.0523999999996,0]
["P9907","Comandante de longo curso","mês",10759.712799999999,0.86147300000000004,20028.914799999999,0]
["P9908","Imediato","mês",9084.0419000000002,0.88087300000000002,17085.929100000001,0]
["P9909","Oficial de náutica","mês",3014.8499000000002,1.135845,6439.2520000000004,0]
["P9910","Oficial de máquinas","mês",2953.1482999999998,1.138509,6315.3342000000002,0]
["P9913","Draguista","mês",3093.9553999999998,1.122055,6565.5434999999998,0]
["P9915","Maquinista","h",13.0562,1.5040100000000001,32.692799999999998,0]
["P9916","Encarregado de conservação rodoviária","mês",3619.9926,1.044079,7399.5508,0]
["P9920","Mestre fluvial","mês",4310.1304,1.018851,8701.5110000000004,0]
["P9921","Mergulhador raso autônomo de emergência","h",10.6046,2.4188399999999999,39.015799999999999,0.26029999999999998]
["P9922","Mergulhador raso dependente de emergência","h",10.569599999999999,2.475228,39.9026,0.3]
["P9924","Mergulhador raso dependente","h",10.569599999999999,3.6234959999999998,52.039299999999997,0.3]
["P9925","Mergulhador raso autônomo","h",10.6046,3.35589,48.952800000000003,0.26029999999999998]
["P9926","Mergulhador raso auxiliar de superfície","h",10.6046,2.2207669999999999,36.915300000000002,0.26029999999999998]
["P9927","Frentista de túnel com periculosidade","h",7.3867000000000003,2.2239979999999999,26.0307,0.3]
["P9930","Eletricista com periculosidade","h",9.4322999999999997,2.0549270000000002,31.644600000000001,0.3]
["P9931","Operador de equipamento de mergulho","h",18.902200000000001,1.802613,55.735199999999999,0.14599999999999999]
["P9932","Operador de equipamento pesado com periculosidade","h",12.9147,1.8442480000000001,40.606999999999999,0.3]
["P9933","Supervisor de mergulho raso","mês",4158.4736999999996,1.3257509999999999,10278.711499999999,0.14599999999999999]
["P9934","Motorista de veículo especial com periculosidade","h",11.886699999999999,1.865453,37.6267,0.3]
["P9938","Operador de equipamento leve com periculosidade","h",8.7975999999999992,2.0423550000000001,29.404699999999998,0.3]
["P9939","Operador de equipamento leve com insalubridade","h",8.7975999999999992,2.2729629999999998,31.553999999999998,0.31369999999999998]
["P9942","Marinheiro de convés com periculosidade","h",10.447800000000001,2.019355,34.679900000000004,0.3]
["P9944","Operador de equipamento especial com periculosidade","h",18.259499999999999,1.7152449999999999,55.056800000000003,0.3]
["P9946","Engenheiro auxiliar","mês",12903,0.83449799999999996,23670.527600000001,0]
["P9947","Técnico florestal","mês",3732.7073999999998,1.0429489999999999,7625.7308000000003,0]
["P9948","Motorista de veículo leve - mensalista","mês",2497,1.1492720000000001,5366.7321000000002,0]
["P9949","Topógrafo","mês",4239.3999999999996,1.0090079999999999,8516.9884999999995,0]
["P9950","Auxiliar de topografia","mês",2497,1.1723680000000001,5424.4027999999998,0]
["P9951","Médico de câmara hiperbárica","mês",9917.7777000000006,1.0520849999999999,20959.090800000002,6.1199999999999997E-2]
["P9952","Pedreiro - mensalista","mês",2066.4277999999999,1.267763,4686.1684999999998,0]
["P9953","Eletricista - mensalista","mês",2075.0967999999998,1.2897650000000001,4751.4840000000004,0]
["P9954","Servente - mensalista","mês",1518,1.4399470000000001,3703.8395,0]
["P9955","Engenheiro chefe","mês",17057.9277,0.81666899999999998,30988.608400000001,0]
["P9956","Motorista de caminhão com periculosidade","h",10.711499999999999,1.91438,34.430799999999998,0.3]
["P9972","Técnico de batimetria","mês",3125.5509999999999,1.1218809999999999,6632.0472,0]

{"sheet":"Equipamentos","index":16,"n_rows":541,"n_cols":11,"rows_kept":541,"cut":false,"hidden":true,"merged":[[419,2,419,8],[1,1,1,9],[0,1,0,9],[382,2,382,8],[407,2,407,8],[417,2,417,8],[410,2,410,8],[413,2,413,8],[415,2,415,8],[385,2,385,8],[389,2,389,8],[392,2,392,8],[395,2,395,8],[404,2,404,8],[399,2,399,8],[472,2,472,8],[475,2,475,8],[478,2,478,8],[481,2,481,8],[434,2,434,8],[445,2,445,8],[448,2,448,8],[451,2,451,8],[454,2,454,8],[457,2,457,8],[460,2,460,8],[463,2,463,8],[466,2,466,8],[469,2,469,8],[422,2,422,8],[425,2,425,8],[429,2,429,8],[439,2,439,8],[442,2,442,8],[484,2,484,8],[488,2,488,8],[491,2,491,8],[494,2,494,8],[497,2,497,8],[532,2,532,8],[535,2,535,8],[538,2,538,8],[500,2,500,8],[503,2,503,8],[514,2,514,8],[517,2,517,8],[529,2,529,8],[524,2,524,8],[506,2,506,8],[509,2,509,8],[521,2,521,8]]}
["CGCIT","SISTEMA DE CUSTOS REFERENCIAIS DE OBRAS - SICRO",{"$nulls":8},"DNIT"]
[null,"Paraíba - Janeiro/2025"]
["Código","Descrição","Valor de Aquisição (R$)","Depreciação (R$/h)","Oportunidade de Capital (R$/h)","Seguros e Impostos (R$/h)","Manutenção (R$/h)","Operação (R$/h)","Mão de Obra de Operação (R$/h)","Custo Produtivo (R$/h)","Custo Improdutivo (R$/h)"]
["E9001","Conjunto vibratório para tubos de concreto com encaixe PB e 3 jogos de fôrmas - D = 0,60 m - 2,20 kW",65210.586199999998,8.6946999999999992,2.0116999999999998,0,6.5210999999999997,0,0,17.227499999999999,10.7064]
["E9002","Conjunto vibratório para tubos de concreto com encaixe PB e 3 jogos de fôrmas - D = 0,80 m - 2,20 kW",88645.446200000006,11.8194,2.7347000000000001,0,8.8644999999999996,0,0,23.418600000000001,14.5541]
["E9003","Conjunto vibratório para tubos de concreto com encaixe PB e 3 jogos de fôrmas - D = 1,00 m - 2,20 kW",106203.56170000001,14.160500000000001,3.2764000000000002,0,10.6204,0,0,28.057300000000001,17.436900000000001]
["E9004","Conjunto vibratório para tubos de concreto com encaixe PB e 3 jogos de fôrmas - D = 1,20 m - 2,20 kW",112601.17389999999,15.013500000000001,3.4737,0,11.2601,0,0,29.747299999999999,18.487200000000001]
["E9005","Conjunto vibratório para tubos de concreto com encaixe PB e 3 jogos de fôrmas - D = 1,50 m - 2,20 kW",133701.04070000001,17.826799999999999,4.1246999999999998,0,13.370100000000001,0,0,35.321599999999997,21.951499999999999]
["E9006","Equipamento para sondagem manual",4547.3984,0.77310000000000001,0.16830000000000001,0,0.45469999999999999,0,0,1.3960999999999999,0.94140000000000001]
["E9007","Bomba de pistão triplex com capacidade de 7,80 m³/h (130 l/min) - 8,20 kW",159085.8659,12.726900000000001,2.9447000000000001,0,11.135999999999999,8.4082000000000008,0,35.215800000000002,15.6716]
["E9008","Transportador manual de tubos de concreto com capacidade de 1 t",1626.1677,1.4636,0.1003,0,0.81310000000000004,0,0,2.3769999999999998,1.5639000000000001]
["E9009","Embarcação rebocadora - 268 kW",672328.36510000005,8.7543000000000006,3.9009999999999998,0,19.453900000000001,274.80509999999998,135.2063,442.12060000000002,147.86160000000001]
["E9010","Balança plataforma digital à bateria, com mesa de 75 x 75 cm e capacidade de 500 kg",4757.5671000000002,0.71360000000000001,9.7799999999999998E-2,0,0.39650000000000002,0,0,1.2079,0.81140000000000001]
["E9011","Carro manual modelo plataforma de 200 x 80 cm com capacidade de 800 kg",1878.7174,0.3382,6.9599999999999995E-2,0,0.18790000000000001,0,0,0.59570000000000001,0.4078]
["E9014","Deflectômetro de impacto (FWD) instalado em picape com reboque e faixa de carga de 7 a 120 kN - 147 kW",2247904.4284000001,179.83240000000001,41.608699999999999,0,112.3952,0,30.167000000000002,364.00330000000002,251.60810000000001]
["E9015","Elevador de obra com capacidade de 1.000 kg - 9 kW",66725.776199999993,5.3380999999999998,1.2351000000000001,0,4.6707999999999998,0,23.8748,35.1188,30.448]
["E9016","Usina misturadora móvel de reciclagem a frio com sistema de espuma de asfalto - 129,40 kW",9905973.1929000001,577.84839999999997,178.2662,0,742.94799999999998,97.7684,43.579700000000003,1640.4106999999999,799.6943]
["E9017","Escavadeira hidráulica sobre esteira com capacidade de 0,4 m³ - 64 kW",719727.19149999996,50.380899999999997,13.3222,0,50.380899999999997,44.901400000000002,32.4893,191.47470000000001,96.192400000000006]
["E9020","Recicladora a frio - 455 kW",5255717.7825999996,306.58350000000002,94.581000000000003,0,437.97649999999999,491.10879999999997,43.579700000000003,1373.8295000000001,444.74419999999998]
["E9021","Grupo gerador - 456 kVA",353440.30690000003,17.672000000000001,6.2305999999999999,0,12.6229,374.2681,0,410.79360000000003,23.9026]
["E9022","Pórtico metálico rolante com capacidade de 25 t - 30 kW",856384.51939999999,38.537300000000002,14.5307,0,29.973500000000001,0,23.8748,106.91630000000001,76.942800000000005]
["E9023","Guindaste móvel sobre esteiras com dragline com capacidade de 1,9 a 2,3 m³ - 270 kW",3827087.7755,133.94810000000001,64.936099999999996,0,191.3544,72.856800000000007,43.579700000000003,506.67509999999999,242.4639]
["E9024","Misturador de nata cimento - 1,50 kW",8854.89,0.70840000000000003,0.16389999999999999,0,0.61980000000000002,0,23.8748,25.366900000000001,24.7471]
["E9025","Conjunto bomba e macaco hidráulico para protensão com capacidade de 7.000 kN - 15 kW",104875.2951,5.9928999999999997,1.8488,0,5.9928999999999997,0,43.579700000000003,57.414299999999997,51.421399999999998]
["E9026","Bomba para injeção de nata de cimento com capacidade de 2 MPa - 2,20 kW",33238.628100000002,2.6591,0.61519999999999997,0,2.3267000000000002,0,0,5.601,3.2743000000000002]
["E9028","Bomba de alta pressão para hidrojateamento com capacidade de 18 MPa - 5,20 kW",5632.6151,0.4506,0.1043,0,0.50690000000000002,9.5731999999999999,23.8748,34.509799999999998,24.4297]
["E9029","Conjunto bomba e macaco hidráulico para protensão com capacidade de 8.000 kN - 20 kW",133360.7769,7.6205999999999996,2.351,0,7.6205999999999996,0,43.579700000000003,61.171900000000001,53.551299999999998]
["E9030","Bomba de protensão com leitura digital para tensionamento de estais - 3 kW",14592.5749,0.83389999999999997,0.25719999999999998,0,0.83389999999999997,0,0,1.925,1.0911]
["E9031","Elevador de cremalheira com cabine simples, com capacidade de 1.500 kg e altura de até 100 m - 15 kW",339009.77669999999,27.120799999999999,6.2751000000000001,0,23.730699999999999,0,23.8748,81.001400000000004,57.270699999999998]
["E9032","Equipamento para regulagem final de estais com até 37 cordoalhas - D = 15,7 mm - 20 kW",78190.503599999996,4.468,1.3784000000000001,0,4.468,0,43.579700000000003,53.894100000000002,49.426099999999998]
["E9033","Equipamento para regulagem final de estais de 38 a 55 cordoalhas - D = 15,7 mm - 30 kW",111684.5159,6.3819999999999997,1.9688000000000001,0,6.3819999999999997,0,43.579700000000003,58.3125,51.930500000000002]
["E9034","Equipamento para regulagem final de estais de 56 a 73 cordoalhas - D = 15,7 mm - 40 kW",167478.57620000001,9.5701999999999998,2.9523999999999999,0,9.5701999999999998,0,43.579700000000003,65.672499999999999,56.1023]
["E9035","Equipamento para regulagem final de estais de 74 a 91 cordoalhas - D = 15,7 mm - 50 kW",223273.47260000001,12.7585,3.9359999999999999,0,12.7585,0,43.579700000000003,73.032700000000006,60.2742]
["E9036","Grua fixa para alturas de 60 a 102 m, com alcance de 60 m com capacidade de 1.500 kg na ponta da lança - 37 kW",3677416.4160000002,183.8708,64.827600000000004,0,210.13810000000001,0,43.579700000000003,502.4162,292.27809999999999]
["E9038","Macaco hidráulico monocordoalha para tensionamento de estais - 3 kW",18263.829399999999,1.0436000000000001,0.32200000000000001,0,1.0436000000000001,0,43.579700000000003,45.988900000000001,44.945300000000003]
["E9039","Máquina de solda por termofusão para tubos PEAD com gerador de 4 kW",118932.2822,6.7961,2.0966,0,6.7961,4.1016000000000004,43.579700000000003,63.370100000000001,52.4724]
["E9040","Serra mármore - 1,45 kW",472.27539999999999,4.2500000000000003E-2,8.6999999999999994E-3,0,2.3599999999999999E-2,0,0,7.4800000000000005E-2,5.1200000000000002E-2]
["E9042","Trator sobre esteiras com lâmina - 97 kW",1334313.1239,51.89,22.868600000000001,0,74.128500000000003,73.288499999999999,32.4893,254.66489999999999,107.2479]
["E9043","Embarcação de alumínio com comprimento de 6 m e motor de popa - 18,60 kW",26285.4287,0.41070000000000001,0.15490000000000001,0,0.45629999999999998,39.134399999999999,39.466999999999999,79.6233,40.032600000000002]
["E9044","Central de concreto com capacidade de 150 m³/h - dosadora e misturadora",1978922.0453000001,113.0813,34.885599999999997,0,98.946100000000001,0,43.579700000000003,290.49270000000001,191.54660000000001]
["E9045","Conjunto bomba e macaco hidráulico para elevação com capacidade de 496 kN",67739.643899999995,5.4192,1.2539,0,5.4192,6.0594999999999999,43.579700000000003,61.731499999999997,50.252800000000001]
["E9046","Conjunto bomba e macaco hidráulico para elevação com capacidade de 929 kN",85652.172900000005,6.8521999999999998,1.5853999999999999,0,6.8521999999999998,6.0594999999999999,43.579700000000003,64.929000000000002,52.017299999999999]
["E9047","Conjunto bomba e macaco hidráulico para elevação com capacidade de 1.390 kN",115768.4844,9.2614999999999998,2.1429,0,9.2614999999999998,6.0594999999999999,43.579700000000003,70.305099999999996,54.984099999999998]
["E9048","Conjunto bomba e macaco hidráulico para elevação com capacidade de 1.859 kN",134019.36129999999,10.721500000000001,2.4807000000000001,0,10.721500000000001,6.0594999999999999,43.579700000000003,73.562899999999999,56.7819]
["E9049","Bomba de alta pressão para hidrojateamento com capacidade de 250 MPa - 72 kW",713279.08810000005,57.0623,13.2028,0,64.195099999999996,58.285400000000003,23.8748,216.62039999999999,94.139899999999997]
["E9050","Guindaste móvel sobre pneus com 2 eixos com capacidade de 18 t - 97 kW",3234925.9079,161.74629999999999,57.027099999999997,0,207.95949999999999,26.174499999999998,30.167000000000002,483.07440000000003,248.94040000000001]
["E9051","Máquina levantadora e posicionadora de via - 7,40 kW",993951.36560000002,79.516099999999994,18.398,0,69.576599999999999,10.8987,23.8748,202.26419999999999,121.7889]
["E9052","Empilhadeira a diesel com capacidade de 10 t - 82 kW",780961.45810000005,62.476900000000001,14.4556,0,54.667299999999997,66.380600000000001,23.8748,221.8552,100.8073]
["E9053","Perfuratriz hidráulica montada em flutuante - 32 kW",457254.80839999998,14.289199999999999,2.9388000000000001,0,12.701499999999999,17.2698,29.404699999999998,76.603999999999999,46.6327]
["E9054","Equipamento sobre forma-trilho para execução e acabamento de pavimento de concreto - 13,40 kW",1592451.5160999999,127.3961,29.476299999999998,0,79.622600000000006,19.735499999999998,23.8748,280.1053,180.74719999999999]
["E9055","Guincho pneumático com capacidade de 2,5 t",524251.98450000002,47.182699999999997,9.7039000000000009,0,26.212599999999998,0,0,83.099199999999996,56.886600000000001]
["E9056","Plataforma autoelevatória de 12 x 24 m com capacidade de 150 t",806546.25139999995,6.3010999999999999,4.5358000000000001,0,14.0025,0,108.37860000000001,133.21799999999999,119.21550000000001]
["E9057","Batelão sem propulsão com capacidade de 66 m³",215682.6825,1.6850000000000001,1.2129000000000001,0,2.8083999999999998,0,28.107900000000001,33.8142,31.005800000000001]
["E9058","Plataforma flutuante de 12 x 24 x 1,8 m com capacidade de 150 t",645070.20920000004,5.0396000000000001,3.6276999999999999,0,8.3994,0,28.107900000000001,45.174599999999998,36.775199999999998]
["E9059","Plataforma autoelevatória de 12 x 24 m montada na obra com capacidade de 150 t",806546.25139999995,6.3010999999999999,4.5358000000000001,0,14.0025,0,108.37860000000001,133.21799999999999,119.21550000000001]
["E9060","Perfuratriz pneumática rotopercussiva montada em flutuante com pressão de 0,70 MPa e capacidade de 2.500 gpm",37605.861199999999,1.1752,0.2417,0,1.0446,0,58.809399999999997,61.270899999999997,60.226300000000002]
["E9061","Lixadeira elétrica manual angular - 2 kW",1476.7820999999999,0.1181,2.7300000000000001E-2,0,7.3800000000000004E-2,0,0,0.21920000000000001,0.1454]
["E9062","Soprador de ar quente manual - 1,60 kW",5269.6413000000002,0.7026,0.1084,0,0.43909999999999999,0,0,1.2501,0.81100000000000005]
["E9063","Equipamento de estabilização dinâmica da via - 300 kW",28362475.7311,1134.499,481.24029999999999,0,1134.499,194.28479999999999,43.579700000000003,2988.1028000000001,1659.319]
["E9064","Transportador manual gerica com capacidade de 180 l",1094.9235000000001,1.0949,6.7599999999999993E-2,0,0.54749999999999999,0,0,1.71,1.1625000000000001]
["E9065","Carro controle ferroviário - 186 kW",30200192.9421,1208.0077000000001,512.42179999999996,0,1057.0068000000001,120.45659999999999,43.579700000000003,2941.4726000000001,1764.0092]
["E9066","Grupo gerador - 14 kVA",69515.562699999995,3.4758,1.2255,0,2.4826999999999999,11.279299999999999,0,18.4633,4.7012999999999998]
["E9067","Veículo ferroviário para capina química com capacidade de 12.000 l - 115 kW",1702925.5001000001,68.117000000000004,28.894400000000001,0,42.573099999999997,74.475800000000007,23.8748,237.93510000000001,120.8862]
["E9068","Perfuratriz hidráulica rotopercussiva para CCPH - 123 kW",4589751.3536,305.98340000000002,82.596400000000003,0,305.98340000000002,99.570999999999998,32.4893,826.62350000000004,421.06909999999999]
["E9069","Vibrador de imersão para concreto - 4,10 kW",4185.6382000000003,0.66969999999999996,0.155,0,0.41860000000000003,7.5480999999999998,0,8.7913999999999994,0.82469999999999999]
["E9070","Ponte rolante com capacidade de 5 t e vão de até 15 m - 10 kW",414322.4069,16.572900000000001,7.03,0,10.3581,0,23.8748,57.835799999999999,47.477699999999999]
["E9071","Transportador manual carrinho de mão com capacidade de 80 l",465.20249999999999,0.4652,2.87E-2,0,0.2326,0,0,0.72650000000000003,0.49390000000000001]
["E9072","Martelo hidráulico vibratório com unidade hidráulica - 486 kW",3163818.9194,210.9213,56.935600000000001,0,184.55609999999999,393.42669999999998,43.579700000000003,889.4194,311.4366]
["E9073","Bomba de concreto rebocável com capacidade de 30 m³/h - 74 kW",483429.10690000001,38.674300000000002,8.9482999999999997,0,38.674300000000002,75.879000000000005,23.8748,186.05070000000001,71.497399999999999]
["E9074","Tanque de estocagem de asfalto com agitadores de 60.000 l",898460.40319999994,37.435899999999997,12.992599999999999,0,23.397400000000001,0,0,73.825900000000004,50.4285]
["E9075","Trado cavadeira de 12\"",154.20079999999999,7.7100000000000002E-2,7.1000000000000004E-3,0,3.8600000000000002E-2,0,0,0.12280000000000001,8.4199999999999997E-2]
["E9076","Equipamento para pintura eletrostática com cabine dupla de 7,00 kW e estufa de 80.000 kCal",162097.05470000001,10.420500000000001,2.8574999999999999,0,5.7892000000000001,0,23.8748,42.942,37.152799999999999]
["E9077","Perfuratriz de circulação reversa tipo Wirth ou similar com unidade hidráulica (Power Pack) - 273 kW",4451377.2637,296.75850000000003,80.106200000000001,0,296.75850000000003,147.33260000000001,32.4893,853.44510000000002,409.35399999999998]
["E9078","Treliça lançadeira com capacidade de carga de 100 a 120 t e vão máximo de 45 m - 110 kW",3547484.4213,94.599599999999995,58.367899999999999,0,59.124699999999997,0,43.579700000000003,255.67189999999999,196.5472]
["E9079","Bomba submersível com capacidade de 360 m³/h - 23 kW",179378.31589999999,14.350300000000001,3.3203,0,12.5565,0,0,30.2271,17.6706]
["E9080","Carrelone com capacidade máxima de 70 t",1833927.7486,82.526700000000005,31.1172,0,45.848199999999999,0,23.8748,183.36689999999999,137.5187]
["E9081","Fischietti simples com capacidade de 70 t",107613.1404,4.8426,1.8259000000000001,0,2.6903000000000001,0,23.8748,33.233600000000003,30.543299999999999]
["E9083","Vagão fechado FLT com capacidade de 99 t",845000,13.379200000000001,13.4686,0,7.0416999999999996,0,0,33.889499999999998,26.847799999999999]
["E9084","Vagão tanque convencional TCT com capacidade de 97 t e 103.000 l",1230000,19.475000000000001,19.6052,0,10.25,0,0,49.330199999999998,39.080199999999998]
["E9085","Vagão gôndola GDE com capacidade de 93,5 t / 29 m³",620000,9.8167000000000009,9.8823000000000008,0,5.1666999999999996,0,0,24.8657,19.699000000000002]
["E9086","Bomba de concreto rebocável com capacidade de 41 m³/h - 74 kW",533579.10690000001,42.686300000000003,9.8765000000000001,0,42.686300000000003,75.879000000000005,23.8748,195.00290000000001,76.437600000000003]
["E9089","Roçadeira costal - 1,40 kW",3114.5122000000001,0.4672,6.4100000000000004E-2,0,0.3634,8.1004000000000005,0,8.9951000000000008,0.53129999999999999]
["E9093","Veículo leve - 53 kW (sem motorista)",74530.815400000007,4.4718,1.3795999999999999,0.55900000000000005,4.4718,25.090199999999999,0,35.9724,6.4104000000000001]
["E9094","Guindaste móvel sobre pneus com 6 eixos com capacidade máxima de 350 t - 450 kW",19836168.194800001,991.80840000000001,349.68329999999997,141.68690000000001,1275.1822,121.428,30.167000000000002,2909.9558000000002,1513.3456000000001]
["E9095","Guindaste móvel sobre pneus com 8 eixos com capacidade máxima de 500 t - 500 kW",32725338.8554,1636.2669000000001,576.90099999999995,233.75239999999999,2103.7718,134.91999999999999,30.167000000000002,4715.7790999999997,2477.0873000000001]
["E9096","Minicarregadeira de pneus - 45,50 kW",407246.7769,28.507300000000001,7.5381,0,28.507300000000001,61.388599999999997,32.4893,158.4306,68.534700000000001]
["E9101","Removedora de faixas de sinalização viária - 9,69 kW",50895.868199999997,4.0716999999999999,0.94210000000000005,0,3.5627,17.839300000000001,0,26.415800000000001,5.0137999999999998]
["E9102","Extrusora para sarjeta de concreto - 10,44 kW",82168.829199999993,6.5735000000000001,1.5208999999999999,0,5.7518000000000002,8.4513999999999996,23.8748,46.172400000000003,31.969200000000001]
["E9103","Extrusora para meio-fio de concreto - 10,44 kW",67123.829199999993,5.3699000000000003,1.2424999999999999,0,4.6986999999999997,8.4513999999999996,23.8748,43.637300000000003,30.487200000000001]
["E9105","Embarcação empurradora multipropósito - 2 x 186 kW",5459623.2845999999,71.088800000000006,31.678000000000001,0,157.9752,381.44580000000002,135.2063,777.39409999999998,237.97309999999999]
["E9106","Balsa de convés com capacidade de 200 t",1846636.4990000001,14.4268,10.3849,0,24.044699999999999,0,28.107900000000001,76.964299999999994,52.919600000000003]
["E9107","Compactador manual com soquete vibratório - 2,24 kW",11442.839400000001,0.76290000000000002,0.2059,0,0.76290000000000002,4.1238000000000001,0,5.8555000000000001,0.96879999999999999]
["E9108","Soldadora de trilho por caldeamento na via - 400 kW",10000000,160,160.41999999999999,0,200,259.04640000000001,87.159400000000005,866.62580000000003,407.57940000000002]
["E9110","Escavadeira hidráulica sobre esteiras para rocha com caçamba com capacidade de 1,56 m³ - 118 kW",1083494.9199000001,108.34950000000001,21.488,0,108.34950000000001,120.99630000000001,32.4893,391.67259999999999,162.32679999999999]
["E9111","Jateador abrasivo úmido com capacidade de 350 kg de abrasivo",284551.61560000002,25.6096,5.2671000000000001,0,25.6096,0,23.8748,80.361099999999993,54.7515]
["E9112","Sinalizador direcional móvel com sistema fotovoltaico de energia e montado em chassi sobre pneus",22845.172600000002,2.0560999999999998,0.4229,0,1.1423000000000001,0,0,3.6213000000000002,2.4790000000000001]
["E9113","Painel de Mensagem Variável - PMV móvel, com sistema fotovoltaico de energia e montado em chassi sobre pneus",172499.10690000001,15.524900000000001,3.1930000000000001,0,8.625,0,0,27.3429,18.7179]
["E9116","Semáforo móvel com 3 lentes e bateria - D = 200 mm",8021.3705,0.72189999999999999,0.14849999999999999,0,0.40110000000000001,0,0,1.2715000000000001,0.87039999999999995]
["E9117","Carregadeira de pneus para rocha com capacidade de 2,50 m³ - 105 kW",1002302.0699,100.2302,19.877800000000001,0,100.2302,107.6662,32.4893,360.49369999999999,152.59729999999999]
["E9118","Cortadora de pavimento com disco diamantado de 450 a 1.500 mm - 55,40 kW",485942.85159999999,38.875399999999999,8.9947999999999997,0,38.875399999999999,44.8474,23.8748,155.46780000000001,71.745000000000005]
["E9119","Minicarregadeira sobre pneus com valetadeira - 55,40 kW",712238.48199999996,49.856699999999996,13.1835,0,49.856699999999996,74.745699999999999,32.4893,220.1319,95.529499999999999]
["E9120","Equipamento de cravação sobre esteira para geodreno com haste para profundidade de até 20 m - 258 kW",2620095.0362999998,183.4067,48.497999999999998,0,183.4067,181.0087,23.8748,620.19489999999996,255.77950000000001]
["E9122","Perfuratriz tipo Bottom Feed para coluna de brita - 194 kW",5922548.7231000001,394.83659999999998,106.5812,0,394.83659999999998,104.6979,32.4893,1033.4416000000001,533.90710000000001]
["E9125","Veículo tipo van furgão com capacidade de 1,54 t - 93 kW",230055.70240000001,11.502800000000001,4.1399999999999997,1.6775,11.502800000000001,25.095099999999999,29.0443,82.962500000000006,46.364600000000003]
["E9126","Draga backhoe com capacidade de 7 m³ - 1.000 kW",122317428.8576,1376.0710999999999,990.54179999999997,0,3057.9357,1025.3920000000001,64.085400000000007,6514.0259999999998,2430.6983]
["E9127","Escavadeira hidráulica com martelo hidráulico de 520 kg - 75 kW",898512.05240000004,102.6871,17.819400000000002,0,128.35890000000001,52.6188,32.4893,333.9735,152.9958]
["E9134","Miniônibus com capacidade para 30 passageiros - 111 kW",655395.17220000003,28.0884,11.553699999999999,4.6814,42.1325,113.8185,27.708600000000001,227.98310000000001,72.0321]
["E9141","Rebarbador hidráulico com bomba manual com capacidade de força de 9.000 kgf",96006.430999999997,7.6805000000000003,1.7770999999999999,0,4.8003,0,0,14.257899999999999,9.4575999999999993]
["E9144","Pórtico metálico rolante com talha com capacidade de 5 t - 10 kW",304073.11580000003,12.1629,5.1593999999999998,0,7.6017999999999999,0,23.8748,48.798900000000003,41.197099999999999]
["E9148","Macaco de protensão de fios com bomba - 3,72 kW",100938.2895,5.7679,1.7794000000000001,0,5.7679,0,43.579700000000003,56.8949,51.127000000000002]
["E9149","Máquina de aplicação e extração de grampo elástico tipo Pandrol - 6,70 kW",265414.05310000002,21.2331,4.9127999999999998,0,21.2331,9.8678000000000008,0,57.2468,26.145900000000001]
["E9151","Britador de mandíbulas móvel sobre esteiras, sem peneira, com capacidade de 140 m³/h - 170 kW",2978132.0773,170.179,52.5002,0,170.179,165.1421,43.579700000000003,601.58000000000004,266.25889999999998]
["E9152","Ferramenta de fixação à pólvora de ação direta",1052.5047,8.9499999999999996E-2,1.95E-2,0,8.4199999999999997E-2,0,0,0.19320000000000001,0.109]
["E9153","Ferramenta de fixação à pólvora e sistema à pistão",994.04690000000005,8.4500000000000006E-2,1.84E-2,0,7.9500000000000001E-2,0,0,0.18240000000000001,0.10290000000000001]
["E9154","Equipamento para selagem com material asfáltico rebocável com capacidade de 370 l - 35 kW",462884.35629999998,29.756900000000002,8.16,0,9.9190000000000005,28.333200000000001,23.8748,100.04389999999999,61.791699999999999]
["E9155","Caldeira de asfalto rebocável com capacidade de 600 l - 5,20 kW",141091.71969999999,9.0701999999999998,2.4872000000000001,0,3.0234000000000001,3.9289000000000001,0,18.509699999999999,11.557399999999999]
["E9156","Soprador de ar costal - 2,6 kW",2677.3312000000001,0.4284,9.9099999999999994E-2,0,0.37480000000000002,4.7866,0,5.6889000000000003,0.52749999999999997]
["E9157","Locomotiva diesel-elétrica CC - bitola métrica - 2.237 kW",8678657.7232000008,138.85849999999999,139.22300000000001,0,173.57320000000001,1448.7170000000001,32.692799999999998,1933.0645,310.77429999999998]
["E9158","Locomotiva diesel-elétrica CC - bitola larga - 2.237 kW",9062356.3775999993,144.99770000000001,145.3783,0,181.24709999999999,1448.7170000000001,32.692799999999998,1953.0328999999999,323.06880000000001]
["E9159","Vagão plataforma PNE com capacidade de 82 t - bitola métrica",736000,11.6533,11.731199999999999,0,6.1333000000000002,0,0,29.517800000000001,23.384499999999999]
["E9160","Vagão plataforma PNT com capacidade de 98 t - bitola larga",960000,15.2,15.301600000000001,0,8,0,0,38.501600000000003,30.5016]
["E9161","Vagão fechado com porta para carga e descarga de paletes FLD com capacidade de 64 t - bitola métrica",730000,11.558299999999999,11.6356,0,6.0833000000000004,0,0,29.277200000000001,23.193899999999999]
["E9162","Vagão fechado com porta para carga e descarga de paletes FLT com capacidade de 99 t - bitola larga",845000,13.379200000000001,13.4686,0,7.0416999999999996,0,0,33.889499999999998,26.847799999999999]
["E9163","Vagão hopper aberto com descarga automática HNE com capacidade de 45 m³ - bitola métrica",880000,13.933299999999999,14.0265,0,7.3333000000000004,0,0,35.293100000000003,27.959800000000001]
["E9164","Vagão hopper aberto com descarga automática HNT com capacidade de 63 m³ - bitola larga",1001925,15.863799999999999,15.969799999999999,0,8.3493999999999993,0,0,40.183,31.833600000000001]
["E9167","Equipamento para carga e descarga de TLS de até 250 m - 90 kW",2825882.4194,45.214100000000002,45.332799999999999,0,56.517600000000002,58.285400000000003,43.579700000000003,248.92959999999999,134.1266]
["E9168","Carregadeira de pneus com implemento de garfo - 195 kW",1652947.7054999999,115.7063,30.5961,0,115.7063,84.190100000000001,32.4893,378.68810000000002,178.79169999999999]
["E9200","Carregadeira de pneus para rocha com capacidade de 2,50 m³ - 105 kW com periculosidade",1002302.0699,100.2302,19.877800000000001,0,100.2302,107.6662,40.606999999999999,368.6114,160.715]
["E9203","Escavadeira hidráulica com martelo hidráulico de 1.700 kg - 103 kW com periculosidade",2002859.6879,228.89830000000001,39.720999999999997,0,286.12279999999998,72.263199999999998,40.606999999999999,667.6123,309.22629999999998]
["E9204","Perfuratriz sobre esteiras - 145 kW com periculosidade",2044197.7079,136.27979999999999,36.786999999999999,0,136.27979999999999,117.38039999999999,40.606999999999999,467.334,213.6738]
["E9205","Equipamento de corte a plasma CNC - 12.000 x 5.500 mm - 19,5 kW",1085511.1973000001,86.840900000000005,20.0928,0,65.130700000000004,0,0,172.06440000000001,106.9337]
["E9206","Equipamento de solda MIG automática com acessórios - 14,6 kVA",84973.504000000001,6.7979000000000003,1.5729,0,6.7979000000000003,0,0,15.168699999999999,8.3707999999999991]
["E9207","Máquina de solda elétrica retificadora 425 A - 18,70 kW",6967.8472000000002,0.55740000000000001,0.129,0,0.55740000000000001,0,0,1.2438,0.68640000000000001]
["E9209","Martelete perfurador/rompedor a ar comprimido de 25 kg para rocha, com insalubridade, com capacidade de 2.040 gpm",29559.0131,2.3647,0.54710000000000003,0,2.3647,0,31.553999999999998,36.830500000000001,34.465800000000002]
["E9213","Jumbo eletro-hidráulico com 3 braços - 155 kW/237 kW com periculosidade",13256261.261399999,883.75080000000003,238.5575,0,1104.6884,175.66579999999999,55.056800000000003,2457.7193000000002,1177.3651]
["E9231","Maçarico lança-chamas a gás liquefeito de petróleo (GLP)",88.814499999999995,7.1000000000000004E-3,1.6000000000000001E-3,0,7.1000000000000004E-3,0,0,1.5800000000000002E-2,8.6999999999999994E-3]
["E9242","Estação transmissora de superfície para televisionamento",13674.4182,0.87909999999999999,0.24110000000000001,0,0.4884,0,0,1.6086,1.1202000000000001]
["E9243","Câmara hiperbárica com filtro, serpentina e reservatório de ar para mergulho raso - D = 1,80 m e H = 2,22 m",535493.68339999998,9.3711000000000002,8.673,0,13.3873,0,55.735199999999999,87.166600000000003,73.779300000000006]
["E9244","Estação transmissora de superfície para comunicação sem fio",39573.794900000001,2.544,0.6976,0,1.4133,0,0,4.6548999999999996,3.2416]
["E9245","Estação transmissora de superfície para comunicação com fio",6632.7565000000004,0.4264,0.1169,0,0.2369,0,0,0.7802,0.54330000000000001]
["E9246","Painel de controle de ar com manômetros e pneufatômetros",12728.3827,0.81830000000000003,0.22439999999999999,0,0.4546,0,0,1.4973000000000001,1.0427]
["E9247","Sistema de Sino aberto (sinete) para mergulho até 50 m - 33,50 kW",515180.2585,13.738099999999999,8.4763999999999999,0,13.738099999999999,0,55.735199999999999,91.687799999999996,77.949700000000007]
["E9248","Sistema de ar comprimido para mergulho até 30 m com pressão de trabalho de 1,4 MPa - 7,46 kW",51865.3753,3.4577,0.93340000000000001,0,3.4577,6.8441999999999998,0,14.693,4.3910999999999998]
["E9249","Sistema de ar comprimido para mergulho até 50 m com pressão de trabalho de 1,7 MPa - 16,18 kW",80750.698000000004,5.3834,1.4532,0,5.3834,14.8444,0,27.064399999999999,6.8365999999999998]
["E9251","Fonte de plasma para corte manual - 65A - 15 kW",32638.627,2.6111,0.60409999999999997,0,2.6111,0,0,5.8262999999999998,3.2151999999999998]
["E9252","Serra de esquadria com braço telescópico - D = 250 mm (10\") - 1,80 kW",5313.0230000000001,0.47820000000000001,9.8299999999999998E-2,0,0.26569999999999999,0,0,0.84219999999999995,0.57650000000000001]
["E9253","Rebordeadeira diâmetro máximo 3,00 m - 4,85 kW",66629.224499999997,2.6652,1.1305000000000001,0,2.3319999999999999,0,0,6.1276999999999999,3.7957000000000001]
["E9254","Dobradeira viradeira manual comprimento máximo de dobra de até 2.000 mm",19072.942299999999,0.76290000000000002,0.3236,0,0.66759999999999997,0,0,1.7541,1.0865]
["E9255","Fonte de plasma para corte manual - 45A - 10 kW",21818.1888,1.7455000000000001,0.40389999999999998,0,1.7455000000000001,0,0,3.8948999999999998,2.1494]
["E9256","Equipamento para pintura com cal rebocável com dois bicos aplicadores e capacidade de 2.200 l",68611.028999999995,3.9205999999999999,1.2095,0,3.9205999999999999,0,23.8748,32.9255,29.004899999999999]
["E9259","Ventilador centrífugo média pressão com capacidade de 38 m³/min - 2,21 kW",17116.120299999999,1.5405,0.31680000000000003,0,1.0269999999999999,0,0,2.8843000000000001,1.8573]
["E9260","Detector de gases com bomba elétrica para espaço confinado",4178.2470000000003,0.33429999999999999,7.7299999999999994E-2,0,0.2089,0,0,0.62050000000000005,0.41160000000000002]
["E9261","Equipamento de pintura com pistola airless - 0,90 kW",2291.5893999999998,0.20619999999999999,4.24E-2,0,0.11459999999999999,0,0,0.36320000000000002,0.24859999999999999]
["E9262","Escova rotativa com cerdas de aço para tratamento de superfície - 0,91 kW",20072.922900000001,1.6057999999999999,0.3715,0,1.0036,0,23.8748,26.855699999999999,25.8521]
["E9263","Tripé com guincho para espaço confinado",9869.8171000000002,0.78959999999999997,0.1827,0,0.59219999999999995,0,0,1.5645,0.97230000000000005]
["E9264","Respirador purificador de ar motorizado",8835.3603999999996,0.70679999999999998,0.16350000000000001,0,0.44180000000000003,0,0,1.3121,0.87029999999999996]
["E9265","Respirador de adução de ar tipo linha de ar comprimido para jateamento",18035.927299999999,1.4429000000000001,0.33379999999999999,0,0.90180000000000005,0,0,2.6785000000000001,1.7766999999999999]
["E9267","Exaustor centrífugo alta pressão com capacidade de 35 m³/min - 1,47 kW",5679.1611000000003,0.5111,0.1051,0,0.3407,0,0,0.95689999999999997,0.61619999999999997]
["E9501","Ventilador axial para ventilação forçada com velocidade de saída de 32,8 m/s - D = 1.000 mm - 30 kW",458466.44050000003,41.262,8.4862000000000002,0,27.507999999999999,0,0,77.256200000000007,49.748199999999997]
["E9502","Bate-estaca de gravidade para 6 t - 119 kW",964387.06480000005,55.107799999999997,17.000800000000002,0,41.3309,83.488500000000002,32.4893,229.41730000000001,104.5979]
["E9503","Guilhotina hidráulica 16 x 6.100 mm - 30 kW",1331093.5386000001,53.243699999999997,22.5853,0,46.588299999999997,0,23.8748,146.2921,99.703800000000001]
["E9505","Prensa dobradeira capacidade 320 t - comprimento até 3.100 mm - 30 kW",909336.31740000006,36.3735,15.4292,0,31.826799999999999,0,23.8748,107.5043,75.677499999999995]
["E9507","Plotadora de recorte com computador e programa computacional",94215.1921,14.132300000000001,1.9377,0,9.4215,0,0,25.491499999999998,16.07]
["E9510","Ventilador centrífugo baixa pressão com capacidade de 58 m³/min - 3,68 kW",13985.867099999999,1.2586999999999999,0.25890000000000002,0,0.83919999999999995,0,0,2.3567999999999998,1.5176000000000001]
["E9511","Carregadeira de pneus com capacidade de 3,40 m³ - 195 kW",2119047.2313999999,148.33330000000001,39.223599999999998,0,148.33330000000001,84.190100000000001,32.4893,452.56959999999998,220.0462]
["E9512","Veículo leve - 53 kW",74530.815400000007,4.4718,1.3795999999999999,0.55900000000000005,4.4718,25.090199999999999,29.0443,65.0167,35.454700000000003]
["E9513","Compressor de ar portátil de 160,46 l/s (340 PCM) - 81 kW",318160.20439999999,21.210699999999999,5.7256,0,21.210699999999999,74.313900000000004,0,122.4609,26.936299999999999]
["E9514","Distribuidor de agregados sobre pneus autopropelido - 130 kW",991449.4031,56.654299999999999,17.477799999999998,0,49.572499999999998,133.30099999999999,32.4893,289.49489999999997,106.62139999999999]
["E9515","Escavadeira hidráulica sobre esteiras com caçamba com capacidade de 1,56 m³ - 118 kW",1083494.9199000001,75.8446,20.055499999999999,0,75.8446,82.786900000000003,32.4893,287.02089999999998,128.38939999999999]
["E9516","Perfuratriz hidráulica sobre esteiras - 283 kW",6534824.5098000001,435.65499999999997,117.5996,0,435.65499999999997,152.7294,32.4893,1174.1283000000001,585.74390000000005]
["E9518","Grade de 24 discos rebocável de D = 60 cm (24\")",43084.2477,2.7696999999999998,0.75949999999999995,0,1.5387,0,0,5.0678999999999998,3.5291999999999999]
["E9519","Betoneira com motor a gasolina com capacidade de 600 l - 10 kW",39602.740700000002,3.1682000000000001,0.73299999999999998,0,2.3761999999999999,18.41,23.8748,48.562199999999997,27.776]
["E9521","Grupo gerador - 3,2 kVA",3562.8924000000002,0.17810000000000001,6.2799999999999995E-2,0,0.12720000000000001,4.3762999999999996,0,4.7443999999999997,0.2409]
["E9522","Caldeira de asfalto rebocável com capacidade de 1.500 l - 6,5 kW",185825.87779999999,11.9459,3.2757999999999998,0,3.9820000000000002,4.9111000000000002,0,24.114799999999999,15.2217]
["E9523","Motoscraper - 304 kW",6100188.2107999995,287.0677,105.16549999999999,0,322.9511,262.50040000000001,32.4893,1010.174,424.72250000000003]
["E9524","Motoniveladora - 93 kW",1356260.1177000001,67.813000000000002,23.908899999999999,0,87.188199999999995,75.285399999999996,32.4893,286.6848,124.21120000000001]
["E9525","Ponte rolante com capacidade de 15 t e vão de até 15 m - 20 kW",3483969.2305000001,139.3588,59.114199999999997,0,87.099199999999996,0,47.749600000000001,333.3218,246.2226]
["E9526","Retroescavadeira de pneus - capacidade da caçamba da pá-carregadeira de 0,76 m³ e da retroescavadeira de 0,29 m³ - 58 kW ",458665.64980000001,32.1066,8.4899000000000004,0,32.1066,40.691899999999997,32.4893,145.8843,73.085800000000006]
["E9527","Martelete perfurador/rompedor a ar comprimido de 25 kg para rocha com capacidade de 2.040 gpm",30449.140100000001,2.4359000000000002,0.56359999999999999,0,2.4359000000000002,0,23.8748,29.310199999999998,26.874300000000002]
["E9528","Empilhadeira a diesel com capacidade de 4 t - 60 kW",567808.98239999998,45.424700000000001,10.5101,0,39.746600000000001,48.571199999999997,23.8748,168.12739999999999,79.809600000000003]
["E9529","Jateador para estruturas metálicas com transportador a roletes - 22 kW",4524906.6036,301.66039999999998,81.429500000000004,0,226.24529999999999,0,23.8748,633.21,406.96469999999999]
["E9530","Rolo compactador liso vibratório autopropelido por pneus de 11 t - 97 kW",941565.89789999998,62.771099999999997,16.944299999999998,0,62.771099999999997,83.758300000000006,32.4893,258.73410000000001,112.2047]
["E9532","Equipamento de solda MIG com acessórios - 14,6 kVA",81549.378500000006,6.524,1.5095000000000001,0,6.524,0,0,14.557499999999999,8.0335000000000001]
["E9535","Serra circular com bancada - D = 30 cm - 4 kW",7201.9516999999996,0.6482,0.1333,0,0.36009999999999998,0,23.8748,25.016400000000001,24.656300000000002]
["E9536","Embarcação de transporte de pessoal e apoio logístico - 30 kW",136659.81969999999,2.1353,0.80510000000000004,0,2.3725999999999998,63.12,39.466999999999999,107.9,42.407400000000003]
["E9538","Conjunto vibratório para meio tubo de concreto com encaixe PB e 3 jogos de fôrmas - D = 0,30 m - 2,20 kW",15906.349200000001,2.1208,0.49070000000000003,0,1.5906,0,0,4.2020999999999997,2.6114999999999999]
["E9539","Equipamento de batimetria monofeixe",108512.9863,6.9757999999999996,1.9129,0,3.8755000000000002,0,36.341900000000003,49.106099999999998,45.230600000000003]
["E9540","Trator sobre esteiras com lâmina - 127 kW",1727440.9798999999,67.178299999999993,29.606400000000001,0,95.968900000000005,95.955100000000002,32.4893,321.19799999999998,129.274]
["E9541","Trator sobre esteiras com lâmina - 259 kW",4801850.6218999997,186.73859999999999,82.298400000000001,0,266.76949999999999,195.68799999999999,32.4893,763.98379999999997,301.52629999999999]
["E9543","Compressor de ar respirável com capacidade de até 35 MPa e 3,58 l/s - 5,52 kW",67124.651599999997,4.4749999999999996,1.208,0,4.4749999999999996,0,0,10.157999999999999,5.6829999999999998]
["E9544","Vassoura mecânica rebocável com largura de 2,44 m",80008.959000000003,7.2008000000000001,1.4810000000000001,0,4.8005000000000004,0,0,13.4823,8.6818000000000008]
["E9545","Vibroacabadora de asfalto sobre esteiras - 97 kW",1602988.8966000001,80.1494,28.258400000000002,0,103.0493,99.462999999999994,43.579700000000003,354.49979999999999,151.98750000000001]
["E9547","Máquina de solda elétrica transformadora 250 A - 9,20 kW",1259.7324000000001,0.1008,2.3300000000000001E-2,0,0.1008,0,0,0.22489999999999999,0.1241]
["E9548","Bomba centrífuga com capacidade de 7,1 a 22 m³/h - 1,50 kW",2494.2129,0.19950000000000001,4.6199999999999998E-2,0,0.17460000000000001,0,0,0.42030000000000001,0.2457]
["E9551","Obturador mecânico simples com extensão de 12 m",4894.1540000000005,0.4405,9.06E-2,0,0.2447,0,0,0.77580000000000005,0.53110000000000002]
["E9552","Nível ótico com capacidade de aumento de 32x",13194.1783,1.0555000000000001,0.2442,0,0.65969999999999995,0,0,1.9594,1.2997000000000001]
["E9553","Estação total eletrônica com alcance máximo de 3.000 m",45253.938800000004,4.0728999999999997,0.8377,0,2.2627000000000002,0,0,7.1733000000000002,4.9105999999999996]
["E9556","Compactador manual de placa vibratória - 3,00 kW",10780.1873,0.71870000000000001,0.19400000000000001,0,0.71870000000000001,5.5229999999999997,0,7.1543999999999999,0.91269999999999996]
["E9558","Tanque de estocagem de asfalto com capacidade de 30.000 l",720585.02260000003,30.0244,10.420299999999999,0,18.7652,0,0,59.209899999999998,40.444699999999997]
["E9559","Aquecedor de fluido térmico - 12 kW",687866.21569999994,30.954000000000001,9.5493000000000006,0,20.635999999999999,9.7141999999999999,0,70.853499999999997,40.503300000000003]
["E9560","Ônibus com capacidade para 80 passageiros - 175 kW",1014758.5566,43.489699999999999,17.8887,7.2483000000000004,65.234499999999997,179.4436,27.708600000000001,341.01339999999999,96.335300000000004]
["E9561","GPS geodésico de simples frequência (L1)",42532.864500000003,3.4026000000000001,0.7873,0,2.1265999999999998,0,0,6.3164999999999996,4.1898999999999997]
["E9562","GPS geodésico de dupla frequência (L1/L2)",106856.0659,8.5485000000000007,1.9779,0,5.3428000000000004,0,0,15.869199999999999,10.526400000000001]
["E9563","Perfuratriz hidráulica sobre esteiras com clamshell - 220 kW",3915287.8810999999,261.01920000000001,70.4589,0,261.01920000000001,118.7296,32.4893,743.71619999999996,363.9674]
["E9565","Trator sobre esteiras com lâmina e escarificador - 259 kW",4865708.6228999998,189.22200000000001,83.392799999999994,0,270.31709999999998,195.68799999999999,32.4893,771.10919999999999,305.10410000000002]
["E9566","Guindaste móvel sobre esteiras com clamshell de 1,9 m³ - 220 kW",4250416.2927000001,148.7646,72.118899999999996,0,212.52080000000001,59.364800000000002,43.579700000000003,536.34879999999998,264.46319999999997]
["E9567","Fresadora de piso de concreto - 6,7 kW",18190.661499999998,1.4553,0.3367,0,1.4553,12.3347,0,15.582000000000001,1.792]
["E9568","Furadeira de impacto de 12,5 mm - 0,80 kW",1454.4313,0.1164,2.69E-2,0,7.2700000000000001E-2,0,0,0.216,0.14330000000000001]
["E9569","Guindaste móvel sobre esteiras com clamshell de 4,6 m³ - 403 kW",7095601.4313000003,86.231300000000005,41.803699999999999,0,123.1875,108.74550000000001,87.159400000000005,447.12740000000002,215.1944]
["E9570","Furadeira com base magnética - 1,20 kW",6321.0582999999997,0.36120000000000002,0.1114,0,0.27089999999999997,0,0,0.74350000000000005,0.47260000000000002]
["E9574","Perfuratriz sobre esteiras - 145 kW",2044197.7079,136.27979999999999,36.786999999999999,0,136.27979999999999,117.38039999999999,32.4893,459.21629999999999,205.55609999999999]
["E9576","Escavadeira hidráulica de longo alcance sobre esteiras - 103 kW",1077847.0268999999,75.449299999999994,19.950900000000001,0,75.449299999999994,72.263199999999998,32.4893,275.60199999999998,127.8895]
["E9577","Trator agrícola sobre pneus - 77 kW",364414.62319999997,24.2943,6.5579000000000001,0,21.2575,74.799599999999998,23.8748,150.7841,54.726999999999997]
["E9578","Conjunto vibratório para meio tubo de concreto com encaixe PB e 3 jogos de fôrmas - D = 0,40 m - 2,20 kW",17030.6698,2.2707999999999999,0.52539999999999998,0,1.7031000000000001,0,0,4.4992999999999999,2.7961999999999998]
["E9580","Fresadora e distribuidora com controle de greide - 287 kW",3472173.5789000001,202.54349999999999,62.484699999999997,0,289.34780000000001,278.7987,43.579700000000003,876.75440000000003,308.60789999999997]
["E9581","Carregadeira de pneus para rocha com capacidade de 1,72 m³ - 113 kW",797568.70689999999,79.756900000000002,15.817500000000001,0,79.756900000000002,115.8693,32.4893,323.68990000000002,128.06370000000001]
["E9583","Distribuidor de agregados rebocável com capacidade de 1,9 m³",88983.081000000006,8.0084999999999997,1.6471,0,5.3390000000000004,0,0,14.9946,9.6555999999999997]
["E9584","Carregadeira de pneus com capacidade de 1,72 m³ - 113 kW",797568.70689999999,55.829799999999999,14.763,0,55.829799999999999,48.787100000000002,32.4893,207.69900000000001,103.0821]
["E9585","Motosserra com motor a gasolina - 2,30 kW",2029.7672,1.5223,0.2087,0,1.5223,4.2343000000000002,23.8748,31.362400000000001,25.605799999999999]
["E9586","Régua vibratória dupla com 4 m - 4,10 kW",5885.4560000000001,0.52969999999999995,0.1089,0,0.41199999999999998,7.5480999999999998,0,8.5986999999999991,0.63859999999999995]
["E9587","Serra para corte de concreto - 4 kW",13527.4699,1.0822000000000001,0.25040000000000001,0,0.94689999999999996,7.3639999999999999,0,9.6434999999999995,1.3326]
["E9588","Vibroacabadora de concreto sobre esteiras com fôrmas deslizantes - 205 kW",6527905.9198000003,326.39530000000002,115.07769999999999,0,419.65109999999999,210.2054,43.579700000000003,1114.9092000000001,485.05270000000002]
["E9589","Máquina texturizadora e aplicadora de cura química em pavimento de concreto - 44,80 kW",1636460.5177,81.822999999999993,28.848500000000001,0,81.822999999999993,36.266500000000001,32.4893,261.25029999999998,143.16079999999999]
["E9590","Central de concreto com capacidade de 40 m³/h - dosadora fixa",440164.61040000001,25.1523,7.7595000000000001,0,22.008199999999999,0,43.579700000000003,98.499700000000004,76.491500000000002]
["E9591","Serra para corte de concreto e asfalto - 10 kW",20829.8714,1.6664000000000001,0.3856,0,1.4581,18.41,0,21.920100000000001,2.052]
["E9593","Draga hopper com capacidade de 750 m³",182029924.75299999,1422.1088,1023.6813,0,3160.2417,647.61599999999999,166.79740000000001,6420.4452000000001,2612.5875000000001]
["E9594","Draga hopper com capacidade de 1.000 m³",198584431.62310001,1551.4409000000001,1116.7789,0,3447.6464000000001,777.13919999999996,194.90530000000001,7087.9107000000004,2863.1251000000002]
["E9595","Draga hopper com capacidade de 2.000 m³",264802459.1036,2068.7692000000002,1489.1690000000001,0,4597.2649000000001,1359.9936,194.90530000000001,9710.1020000000008,3752.8434999999999]
["E9596","Draga hopper com capacidade de 3.000 m³",331020486.58410001,2586.0976000000001,1861.5591999999999,0,5746.8833999999997,1942.848,351.24619999999999,12488.634400000001,4798.9030000000002]
["E9597","Draga hopper com capacidade de 4.000 m³",397238514.06459999,3103.4259000000002,2233.9494,0,6896.5020000000004,2525.7024000000001,410.23270000000002,15169.812400000001,5747.6080000000002]
["E9598","Draga hopper com capacidade de 5.000 m³",463456541.54500002,3620.7541999999999,2606.3395999999998,0,8046.1205,3108.5567999999998,410.23270000000002,17792.003799999999,6637.3265000000001]
["E9599","Central de concreto com capacidade de 30 m³/h - dosadora RS",308221.24579999998,17.6126,5.4335000000000004,0,15.411099999999999,0,43.579700000000003,82.036900000000003,66.625799999999998]
["E9601","Embarcação de transporte de pessoal e apoio logístico - 130 kW",603106.9682,9.4235000000000007,3.5531999999999999,0,10.470599999999999,273.52,39.466999999999999,336.43430000000001,52.4437]
["E9603","Embarcação empurradora multipropósito com guindaste hidráulico de 74 kN.m - 165 kW",2251329.1124,29.3142,13.0627,0,65.142600000000002,169.18969999999999,135.2063,411.91550000000001,177.58320000000001]
["E9606","Embarcação rebocadora - 2 x 268 kW",1164479.9893,15.1625,6.7565999999999997,0,33.694400000000002,550.63549999999998,135.2063,741.45529999999997,157.12540000000001]
["E9607","Conjunto de britagem para rachão com capacidade de 80 m³/h - 224 kW",2335266.5597000001,133.44380000000001,41.167400000000001,0,100.0829,0,43.579700000000003,318.27379999999999,218.1909]
["E9609","Draga de sucção para extração de areia com tubo de descarga de 150 mm - 100 kW",661011.13630000001,5.1641000000000004,3.7172999999999998,0,11.475899999999999,80.951999999999998,35.977499999999999,137.2868,44.858899999999998]
["E9610","Compressor de ar portátil de 42,48 l/s (90 PCM) - 18,50 kW",118645.76730000001,7.9097,2.1351,0,7.9097,16.972899999999999,0,34.927399999999999,10.0448]
["E9611","Conjunto de britagem com capacidade de 80 m³/h - 313 kW",8492691.3828999996,485.29669999999999,149.714,0,363.97250000000003,0,43.579700000000003,1042.5628999999999,678.59040000000005]
["E9612","Plataforma flutuante montada na obra de 12 x 24 x 1,8 m com capacidade de 150 t",645070.20920000004,5.0396000000000001,3.6276999999999999,0,8.3994,0,56.215800000000002,73.282499999999999,64.883099999999999]
["E9613","Guindaste móvel sobre esteiras com pinça com capacidade de 40 t - 186 kW",7445930.8871999998,260.60759999999999,126.33880000000001,0,372.29649999999998,50.190199999999997,43.579700000000003,853.01279999999997,430.52609999999999]
["E9614","Bomba com capacidade de 136 m³/h e câmara de vácuo - 5,60 kW",11281.5344,0.90249999999999997,0.20880000000000001,0,0.78969999999999996,0,0,1.901,1.1113]
["E9615","Usina misturadora de solos com capacidade de 300 t/h - 44 kW",1490105.2323,85.148899999999998,26.2684,0,74.505300000000005,0,32.4893,218.4119,143.9066]
["E9617","Usina misturadora de pré-misturado a frio com capacidade de 60 t/h - 23,50 kW",256473.66279999999,14.6556,4.5213000000000001,0,12.823700000000001,0,32.4893,64.489900000000006,51.666200000000003]
["E9618","Batelão autopropelido com capacidade de 300 m³ - 224 kW",22579610.1316,176.4032,126.98090000000001,0,392.00709999999998,72.533000000000001,104.32769999999999,872.25189999999998,407.71179999999998]
["E9619","Batelão autopropelido com capacidade de 500 m³ - 373 kW",27699894.433899999,216.40539999999999,155.7758,0,480.90089999999998,120.7804,104.32769999999999,1078.1902,476.50889999999998]
["E9620","Pontão flutuante de 15 x 30 x 1,8 m com capacidade de 500 t",3183733.8670999999,24.872900000000001,17.904399999999999,0,41.454900000000002,0,28.107900000000001,112.34010000000001,70.885199999999998]
["E9621","Bomba de injeção de argamassa e nata com capacidade de 1,08 m³/h (18 l/min) e misturador com tambor de 0,100 m³ - 6,20 kW",51380.354200000002,4.1104000000000003,0.95109999999999995,0,4.1104000000000003,0,23.8748,33.046700000000001,28.936299999999999]
["E9622","Máquina de bancada universal para corte de chapa - 1,50 kW",108639.83130000001,6.2080000000000002,1.9152,0,4.6559999999999997,0,0,12.779199999999999,8.1232000000000006]
["E9623","Máquina de bancada guilhotina - 4,00 kW",128381.88830000001,7.3361000000000001,2.2631999999999999,0,5.5021000000000004,0,0,15.1014,9.5992999999999995]
["E9624","Draga hopper com capacidade de 10.000 m³",794546678.94749999,6207.3959000000004,4468.2905000000001,0,13794.2132,5310.4512000000004,542.66830000000004,30323.019100000001,11218.3547]
["E9625","Draga hopper com capacidade de 15.000 m³",1125636816.3499,8794.0375999999997,6330.2413999999999,0,19542.305799999998,7641.8688000000002,571.20600000000002,42879.659599999999,15695.485000000001]
["E9626","Draga hopper com capacidade de 20.000 m³",1456726953.7523,11380.6793,8192.1923000000006,0,25290.398499999999,10038.048000000001,599.31389999999999,55500.631999999998,20172.1855]
["E9627","Embarcação hotel com capacidade para 15 pessoas - 199 kW",2454034.7858000002,25.562899999999999,11.3911,0,56.806399999999996,204.053,58.986499999999999,356.79989999999998,95.9405]
["E9628","Fábrica de pré-moldado de concreto para balizador - 2,20 kW",14135.684999999999,1.8848,0.43609999999999999,0,1.4136,0,0,3.7345000000000002,2.3209]
["E9629","Compressor de ar portátil de 185,95 l/s (394 PCM) - 81,50 kW",345641.94309999997,23.0428,6.2201000000000004,0,23.0428,74.7727,0,127.0784,29.262899999999998]
["E9630","Bomba submersível com capacidade de 75 m³/h - 3,6 kW",6038.4295000000002,0.48309999999999997,0.1118,0,0.42270000000000002,0,0,1.0176000000000001,0.59489999999999998]
["E9631","Bomba para concreto projetado via seca com capacidade de 6 m³/h - 7,5 kW",266705.8861,21.336500000000001,4.9367000000000001,0,18.6694,0,43.579700000000003,88.522300000000001,69.852900000000005]
["E9632","Conjunto vibratório para tubos de concreto com encaixe PB e 3 jogos de fôrmas - D = 0,20 m - 2,20 kW",49810.799200000001,6.6414,1.5367,0,4.9810999999999996,0,0,13.1592,8.1781000000000006]
["E9633","Conjunto vibratório para tubos de concreto com encaixe PB e 3 jogos de fôrmas - D = 0,30 m - 2,20 kW",57021.959199999998,7.6029,1.7591000000000001,0,5.7022000000000004,0,0,15.0642,9.3620000000000001]
["E9634","Conjunto vibratório para tubos de concreto com encaixe PB e 3 jogos de fôrmas - D = 0,40 m - 2,20 kW",62643.562400000003,8.3524999999999991,1.9326000000000001,0,6.2644000000000002,0,0,16.549499999999998,10.2851]
["E9635","Draga de sucção e recalque com potência da bomba de 294 kW e cortador de 30 kW",6009852.3783,46.951999999999998,33.797600000000003,0,104.3377,237.99889999999999,64.085400000000007,487.17160000000001,144.83500000000001]
["E9636","Draga de sucção e recalque com potência da bomba de 483 kW e cortador de 55 kW",10089431.209899999,78.823700000000002,56.739899999999999,0,175.16370000000001,390.9982,64.085400000000007,765.81089999999995,199.649]
["E9637","Draga de sucção e recalque com potência da bomba de 746 kW e cortador de 110 kW",18911546.596099999,147.7465,106.3528,0,328.32549999999998,603.90189999999996,92.193299999999994,1278.52,346.29259999999999]
["E9638","Draga de sucção e recalque com potência da bomba de 1.350 kW e cortador de 170 kW",28884567.076499999,225.66069999999999,162.43809999999999,0,501.46820000000002,1092.8520000000001,92.193299999999994,2074.6122999999998,480.2921]
["E9639","Embarcação hotel com capacidade para 30 pessoas - 2 x 112 kW",3916604.0776999998,40.798000000000002,18.18,0,90.662099999999995,229.68780000000001,135.2063,514.53420000000006,194.18430000000001]
["E9640","Compressor de ar portátil de 33,51 l/s (71 PCM) - 14 kW",102616.1909,6.8411,1.8467,0,6.8411,12.8444,0,28.3733,8.6877999999999993]
["E9641","Compressor de ar portátil de 75,04 l/s (159 PCM) - 33 kW",152965.60889999999,10.197699999999999,2.7526999999999999,0,10.197699999999999,30.276,0,53.424100000000003,12.9504]
["E9642","Perfuratriz hidráulica sobre esteiras para estaca raiz - 56 kW",1733811.4580999999,115.5874,31.2014,0,115.5874,30.222100000000001,32.4893,325.08760000000001,179.27809999999999]
["E9643","Equipamento para pintura a ar comprimido de pistola com caneca com capacidade de 1.000 ml e compressor de 1,50 kW",3093.5131000000001,0.27839999999999998,5.7299999999999997E-2,0,0.1547,0,0,0.4904,0.3357]
["E9646","Compressor de ar portátil de 58,52 l/s (124 PCM) - 27 kW",123421.3159,8.2280999999999995,2.2210999999999999,0,8.2280999999999995,24.7713,0,43.448599999999999,10.449199999999999]
["E9647","Compactador manual com soquete vibratório - 4,10 kW",12335.614,0.82240000000000002,0.222,0,0.82240000000000002,7.5480999999999998,0,9.4148999999999994,1.0444]
["E9648","Compressor de ar portátil de 422,86 l/s (896 PCM) - 213 kW",810308.61230000004,54.020600000000002,14.5822,0,54.020600000000002,195.41810000000001,0,318.04149999999998,68.602800000000002]
["E9649","Compressor de ar portátil de 94,39 l/s (200 PCM) - 36 kW",196512.3524,13.1008,3.5364,0,13.1008,33.028399999999998,0,62.766399999999997,16.6372]
["E9651","Guindaste móvel sobre esteiras com Hammer Grab - 186 kW",4037600.2385,141.316,68.507999999999996,0,201.88,50.190199999999997,43.579700000000003,505.47390000000001,253.40369999999999]
["E9652","Compressor de ar portátil de 540,85 l/s (1.146 PCM) - 331,10 kW",919282.75690000004,61.285499999999999,16.543299999999999,0,61.285499999999999,303.7697,0,442.88400000000001,77.828800000000001]
["E9653","Guindaste móvel sobre esteiras com trado para escavação em solos - 186 kW",5669786.9166000001,198.4425,96.202100000000002,0,283.48930000000001,50.190199999999997,43.579700000000003,671.90380000000005,338.22430000000003]
["E9654","Guindaste móvel sobre esteiras com trado com bits escavação em rocha - 186 kW",5669786.9166000001,198.4425,96.202100000000002,0,283.48930000000001,50.190199999999997,43.579700000000003,671.90380000000005,338.22430000000003]
["E9656","Guindaste móvel sobre esteiras com caçamba para escavação em solos - 186 kW",5665159.5888,198.28059999999999,96.123599999999996,0,283.25799999999998,50.190199999999997,43.579700000000003,671.43209999999999,337.98390000000001]
["E9657","Guindaste móvel sobre esteiras com caçamba para escavação em rocha - 186 kW",5665159.5888,198.28059999999999,96.123599999999996,0,283.25799999999998,50.190199999999997,43.579700000000003,671.43209999999999,337.98390000000001]
["E9660","Guindaste móvel sobre esteiras com capacidade de 40 t - 186 kW",3678980.7788999998,128.76429999999999,62.423099999999998,0,183.94900000000001,50.190199999999997,43.579700000000003,468.90629999999999,234.7671]
["E9661","Compressor de ar portátil de 89,67 l/s (190 PCM) - 36 kW",167861.86869999999,11.190799999999999,3.0207999999999999,0,11.190799999999999,33.028399999999998,0,58.430799999999998,14.211600000000001]
["E9662","Equipamento para solda e corte com oxiacetileno",2999.6561999999999,0.24,5.5500000000000001E-2,0,0.24,0,0,0.53549999999999998,0.29549999999999998]
["E9664","Guindaste móvel sobre esteiras com capacidade de 80 t - 212 kW",6308536.9132000003,220.7988,107.0401,0,315.42680000000001,57.206099999999999,43.579700000000003,744.05150000000003,371.41860000000003]
["E9668","Mesa vibratória - 2,20 kW",13227.452799999999,1.7637,0.40810000000000002,0,1.3227,0,0,3.4944999999999999,2.1718000000000002]
["E9671","Compressor de ar portátil de 363,87 l/s (771 PCM) - 158,13 kW",566096.36690000002,37.739800000000002,10.1874,0,37.739800000000002,145.07730000000001,0,230.74430000000001,47.927199999999999]
["E9673","Equipamento de batimetria multifeixe",2097067.5404999999,67.405699999999996,18.484200000000001,0,74.895300000000006,0,72.683800000000005,233.46899999999999,158.5737]
["E9674","Equipamento de medição de descarga líquida com ADCP",431084.5405,13.856299999999999,3.7997000000000001,0,15.395899999999999,0,72.683800000000005,105.73569999999999,90.339799999999997]
["E9675","Martelete perfurador/rompedor elétrico - 1,50 kW",6929.8597,0.5544,0.1283,0,0.5544,0,0,1.2371000000000001,0.68269999999999997]
["E9676","Embarcação de transporte de pessoal e apoio logístico - 90 kW",568337.55579999997,8.8803000000000001,3.3483999999999998,0,9.8670000000000009,189.36,39.466999999999999,250.92269999999999,51.695700000000002]
["E9677","Martelete perfurador/rompedor a ar comprimido de 10 kg com capacidade de 1.800 gpm",24478.2124,1.9582999999999999,0.4531,0,1.9582999999999999,0,23.8748,28.244499999999999,26.286200000000001]
["E9678","Fresadora a frio - 455 kW",5781413.5236999998,337.2491,104.0414,0,481.78449999999998,441.99790000000002,43.579700000000003,1408.6525999999999,484.87020000000001]
["E9681","Rolo compactador liso tandem vibratório autopropelido de 10,4 t - 82 kW",930610.73270000005,62.040700000000001,16.7471,0,62.040700000000001,119.48520000000001,32.4893,292.803,111.2771]
["E9682","Rolo compactador liso tandem vibratório autopropelido de 1,6 t - 18 kW",296463.22440000001,19.764199999999999,5.3350999999999997,0,19.764199999999999,26.228400000000001,32.4893,103.5812,57.5886]
["E9683","Martelete perfurador/rompedor elétrico - 0,90 kW",5300.2851000000001,0.42399999999999999,9.8100000000000007E-2,0,0.42399999999999999,0,0,0.94610000000000005,0.52210000000000001]
["E9684","Veículo leve picape 4 x 4 com capacidade de 1,10 t - 147 kW",266592.73599999998,15.9956,4.9345999999999997,1.9994000000000001,15.9956,39.666499999999999,29.0443,107.636,51.9739]
["E9685","Rolo compactador pé de carneiro vibratório autopropelido por pneus de 11,6 t - 82 kW",785680.51780000003,52.378700000000002,14.138999999999999,0,52.378700000000002,70.805999999999997,32.4893,222.1917,99.007000000000005]
["E9689","Usina de asfalto a quente gravimétrica com capacidade de 100/140 t/h - 260 kW",9092695.8457999993,454.63479999999998,160.2912,0,584.53039999999999,0,43.579700000000003,1243.0361,658.50570000000005]
["E9691","Guincho tracionador de cordoalhas - 7,50 kW",386532.81150000001,30.922599999999999,7.1547000000000001,0,19.326599999999999,0,23.8748,81.278700000000001,61.952100000000002]
["E9692","Caldeira para aquecimento e injeção de cera - 1 kW",116282.6881,7.4752999999999998,2.0499000000000001,0,2.4918,0,23.8748,35.891800000000003,33.4]
["E9694","Misturador de argamassa de alta turbulência com capacidade de 220 l - 13 kW",33464.597199999997,2.6772,0.61939999999999995,0,2.3424999999999998,0,23.8748,29.5139,27.171399999999998]
["E9697","Minicarregadeira de pneus com vassoura de 1,68 m - 45,50 kW",426978.71100000001,29.888500000000001,7.9034000000000004,0,29.888500000000001,61.388599999999997,32.4893,161.5583,70.281199999999998]
["E9699","Trituradora de galhos e troncos rebocável com capacidade de até 350 mm de diâmetro com guincho - 96,94 kW",419356.0797,47.177599999999998,14.5543,0,52.419499999999999,78.474900000000005,23.8748,216.50110000000001,85.606700000000004]
["E9700","Fresadora a frio - 155 kW",3083665.3864000002,179.88050000000001,55.493099999999998,0,256.97210000000001,150.57069999999999,43.579700000000003,686.49609999999996,278.95330000000001]
["E9701","Jateador pressurizado multiabrasivo com capacidade de 280 l",27137.6276,2.4424000000000001,0.50229999999999997,0,2.4424000000000001,0,23.8748,29.261900000000001,26.819500000000001]
["E9703","Fábrica de pré-moldado de concreto para mourão - 2,20 kW",14135.684999999999,1.8848,0.43609999999999999,0,1.4136,0,0,3.7345000000000002,2.3209]
["E9704","Batelão sem propulsão montado na obra com capacidade de 66 m³",215682.6825,1.6850000000000001,1.2129000000000001,0,2.8083999999999998,0,28.107900000000001,33.8142,31.005800000000001]
["E9705","Misturador de lama bentonítica - 4 kW",17649.2932,1.4118999999999999,0.32669999999999999,0,1.2355,0,23.8748,26.8489,25.613399999999999]
["E9706","Martelete perfurador/rompedor a ar comprimido de 28 kg para concreto com capacidade de 1.230 gpm",26912.991000000002,2.153,0.49819999999999998,0,2.153,0,23.8748,28.678999999999998,26.526]
["E9707","Desarenador - 15 kW",14268.1026,1.1414,0.2641,0,1.1414,0,23.8748,26.421700000000001,25.2803]
["E9708","Microtrator com roçadeira - 10 kW",51431.343699999998,3.4287999999999998,0.92549999999999999,0,3.0002,8.0952000000000002,23.8748,39.3245,28.229099999999999]
["E9710","Socadora automática de linha - 253 kW",34928052.966600001,1397.1221,592.64170000000001,0,1397.1221,163.8468,87.159400000000005,3637.8921,2076.9232000000002]
["E9712","Reguladora e distribuidora de lastro - 300 kW",15330830.082900001,613.23320000000001,260.1259,0,613.23320000000001,194.28479999999999,87.159400000000005,1768.0364999999999,960.51850000000002]
["E9714","Bate-estaca com martelo hidráulico - 450 kW",3350436.3591999998,191.45349999999999,59.063400000000001,0,143.59010000000001,315.71280000000002,32.4893,742.30909999999994,283.00619999999998]
["E9716","Conjunto bomba e macaco hidráulico para protensão com capacidade de 590 kN - 3,70 kW",15731.2922,0.89890000000000003,0.27729999999999999,0,0.89890000000000003,0,43.579700000000003,45.654800000000002,44.755899999999997]
["E9717","Máquina policorte - 2,20 kW",968.69770000000005,8.72E-2,1.7899999999999999E-2,0,4.8399999999999999E-2,0,0,0.1535,0.1051]
["E9718","Pórtico duplo de descarga e posicionamento de dormente - 89 kW",10137421.1533,405.49680000000001,172.0067,0,304.12259999999998,57.637799999999999,87.159400000000005,1026.4232999999999,664.66290000000004]
["E9719","Talha manual com capacidade de 3 t",8045.6450000000004,0.32179999999999997,0.13650000000000001,0,0.2011,0,0,0.65939999999999999,0.45829999999999999]
["E9720","Conjunto bomba e macaco hidráulico para protensão com capacidade de 250 kN - 3,70 kW",12432.8017,0.71040000000000003,0.21920000000000001,0,0.71040000000000003,0,43.579700000000003,45.219700000000003,44.509300000000003]
["E9721","Conjunto bomba e macaco hidráulico para protensão com capacidade de 1.150 kN - 5 kW",25880.4604,1.4789000000000001,0.45619999999999999,0,1.4789000000000001,0,43.579700000000003,46.993699999999997,45.514800000000001]
["E9722","Conjunto bomba e macaco hidráulico para protensão com capacidade de 2.000 kN - 5 kW",41273.504999999997,2.3584999999999998,0.72760000000000002,0,2.3584999999999998,0,43.579700000000003,49.024299999999997,46.665799999999997]
["E9723","Conjunto bomba e macaco hidráulico para protensão com capacidade de 2.500 kN - 7 kW",48716.269699999997,2.7837999999999998,0.85880000000000001,0,2.7837999999999998,0,43.579700000000003,50.006100000000004,47.222299999999997]
["E9724","Conjunto bomba e macaco hidráulico para protensão com capacidade de 4.000 kN - 10 kW",52099.332699999999,2.9771000000000001,0.91839999999999999,0,2.9771000000000001,0,43.579700000000003,50.452300000000001,47.475200000000001]
["E9725","Conjunto bomba e macaco hidráulico para protensão com capacidade de 5.400 kN - 10 kW",55651.570800000001,3.1800999999999999,0.98109999999999997,0,3.1800999999999999,0,43.579700000000003,50.920999999999999,47.740900000000003]
["E9726","Bate-estaca Strauss - 15 kW",127352.2691,7.2773000000000003,2.2450000000000001,0,5.4580000000000002,10.5238,32.4893,57.993400000000001,42.011600000000001]
["E9727","Posicionadora de trilhos - 7,40 kW",699653.26939999999,39.980200000000004,12.3339,0,34.982700000000001,4.7923999999999998,0,92.089200000000005,52.314100000000003]
["E9728","Tirefonadora/parafusadora portátil - 3,10 kW",51968.3465,4.1574999999999998,0.96189999999999998,0,4.1574999999999998,4.5656999999999996,0,13.842599999999999,5.1193999999999997]
["E9729","Equipamento para pintura eletrostática com cabine simples de 5,50 kW e estufa de 2x120.000 kCal",153763.3272,11.715299999999999,3.1623999999999999,0,11.715299999999999,0,0,26.593,14.877700000000001]
["E9730","Grupo vibrador com gerador - 2,80 kW",84826.535999999993,4.2412999999999998,1.4954000000000001,0,3.0295000000000001,4.1238000000000001,0,12.89,5.7366999999999999]
["E9731","Máquina de furar dormente portátil - 1,50 kW",80350.595000000001,6.4279999999999999,1.4873000000000001,0,6.4279999999999999,2.2092000000000001,0,16.552499999999998,7.9153000000000002]
["E9732","Máquina para furar dormente - 6,70 kW",82137.7693,6.5709999999999997,1.5204,0,6.5709999999999997,9.8678000000000008,0,24.530200000000001,8.0914000000000001]
["E9733","Máquina tirefonadora e parafusadora - 6,70 kW",84327.380499999999,6.7462,1.5609,0,6.7462,9.8678000000000008,0,24.921099999999999,8.3071000000000002]
["E9734","Bomba projetora de argamassa com capacidade de 2 m³/h - 5,50 kW",177226.76420000001,14.178100000000001,3.2805,0,12.405900000000001,0,23.8748,53.7393,41.333399999999997]
["E9735","Máquina para serrar trilho - 5,00 kW",32223.0828,2.5777999999999999,0.59640000000000004,0,2.5777999999999999,7.3639999999999999,0,13.116,3.1741999999999999]
["E9736","Máquina para furar trilho - 1,20 kW",42893.696100000001,3.4315000000000002,0.79400000000000004,0,3.4315000000000002,1.7674000000000001,0,9.4244000000000003,4.2255000000000003]
["E9737","Conjunto para pré-aquecimento de trilho em solda aluminotérmica",4102.1513999999997,0.32819999999999999,7.5899999999999995E-2,0,0.32819999999999999,0,0,0.73229999999999995,0.40410000000000001]
["E9738","Máquina de esmerilhar topo e lateral de boleto - 5,20 kW",86719.295499999993,6.9375,1.6052,0,6.9375,7.6585999999999999,0,23.1388,8.5427]
["E9742","Trator agrícola sobre pneus com roçadeira articulada e capacidade de 1,12 m - 77 kW",671224.07380000001,44.7483,12.0792,0,39.154699999999998,74.799599999999998,23.8748,194.6566,80.702299999999994]
["E9745","Trator agrícola sobre pneus com roçadeira de arraste e capacidade de 1,50 m - 77 kW",389839.91440000001,25.9893,7.0155000000000003,0,22.7407,74.799599999999998,23.8748,154.41990000000001,56.879600000000003]
["E9746","Conjunto bomba e prensa para luva de emenda de 25 mm",26218.770199999999,2.0975000000000001,0.48530000000000001,0,1.3109,0,23.8748,27.7685,26.457599999999999]
["E9747","Conjunto bomba e prensa para luva de emenda de 32 mm",27529.6993,2.2023999999999999,0.50960000000000005,0,1.3765000000000001,0,23.8748,27.9633,26.5868]
["E9748","Rosqueadeira para rosca cônica - 0,75 kW",6077.6032999999998,0.3473,0.1071,0,0.3473,0,23.8748,24.676500000000001,24.3292]
["E9749","Jateador portátil multiabrasivo com capacidade de 300 kg",8057.0362999999998,0.72509999999999997,0.14910000000000001,0,0.72509999999999997,0,23.8748,25.4741,24.748999999999999]
["E9750","Bomba de injeção de argamassa com capacidade de 50 l/min",44594.013400000003,3.5674999999999999,0.82540000000000002,0,3.1215999999999999,0,0,7.5145,4.3929]
["E9753","Grupo gerador - 23 kVA",84733.716899999999,4.2366999999999999,1.4937,0,3.0261999999999998,18.457100000000001,0,27.213699999999999,5.7304000000000004]
["E9754","Grupo gerador - 68 kVA",116100.9072,5.8049999999999997,2.0467,0,4.1464999999999996,55.371200000000002,0,67.369399999999999,7.8517000000000001]
["E9755","Bomba de alta pressão para jet grouting de até 45 MPa - 150 kW",1818452.2112,145.47620000000001,33.659599999999998,0,145.47620000000001,153.80879999999999,23.8748,502.29559999999998,203.01060000000001]
["E9756","Calandra para chapas de aço até 25 mm - 22 kW",1056659.6610000001,42.266399999999997,17.928899999999999,0,36.9831,0,23.8748,121.0532,84.070099999999996]
["E9758","Vibroacabadora de asfalto sobre pneus - 97 kW",1192542.1258,68.145300000000006,21.0228,0,76.663399999999996,99.462999999999994,43.579700000000003,308.87419999999997,132.74780000000001]
["E9760","Perfuratriz manual para coroa diamantada - 1,60 kW",20551.304100000001,1.6440999999999999,0.38040000000000002,0,1.6440999999999999,0,0,3.6686000000000001,2.0245000000000002]
["E9761","Guincho de coluna com capacidade de 200 kg - 0,92 kW",5102.2255999999998,0.40820000000000001,9.4399999999999998E-2,0,0.30609999999999998,0,0,0.80869999999999997,0.50260000000000005]
["E9762","Rolo compactador de pneus autopropelido de 27 t - 85 kW",1078605.0141,71.906999999999996,19.410399999999999,0,71.906999999999996,59.634599999999999,32.4893,255.34829999999999,123.80670000000001]
["E9763","Grupo gerador - 40 kVA",106651.62940000001,5.3326000000000002,1.8801000000000001,0,3.8090000000000002,32.8125,0,43.834200000000003,7.2126999999999999]
["E9764","Grupo gerador - 7,2 kVA",7455.9870000000001,0.37280000000000002,0.13139999999999999,0,0.26629999999999998,9.8467000000000002,0,10.6172,0.50419999999999998]
["E9765","Grupo gerador - 569 kVA",431523.3444,21.5762,7.6071,0,15.4115,466.55340000000001,0,511.14819999999997,29.183299999999999]
["E9766","Prensa hidráulica para fabricação de blocos pré-moldados - 20 kW",655122.89289999998,44.454799999999999,11.5489,0,37.435600000000001,0,23.8748,117.3141,79.878500000000003]
["E9767","Compressor de ar portátil de 9,44 l/s (20 PCM) a gasolina - 5,22 kW",13573.3573,0.90490000000000004,0.24429999999999999,0,0.90490000000000004,9.61,0,11.664099999999999,1.1492]
["E9768","Compressor de ar portátil de 373,78 l/s (792 PCM) - 213,30 kW",663658.15390000003,44.243899999999996,11.943099999999999,0,44.243899999999996,195.6934,0,296.12430000000001,56.186999999999998]
["E9769","Cunha hidráulica com três cilindros e acessórios com capacidade de 3.000 kN - 5,60 kW",254040.9558,20.3233,4.7023000000000001,0,20.3233,5.7422000000000004,23.8748,74.965900000000005,48.900399999999998]
["E9770","Retroescavadeira de pneus com caçamba de escavação trapezoidal ou triangular com seção de corte inferior a 0,10 m² - 58 kW",458665.64980000001,32.1066,8.4899000000000004,0,32.1066,40.691899999999997,32.4893,145.8843,73.085800000000006]
["E9771","Retroescavadeira de pneus com caçamba de escavação trapezoidal ou triangular com seção de corte de 0,10 a 0,15 m² - 58 kW",458665.64980000001,32.1066,8.4899000000000004,0,32.1066,40.691899999999997,32.4893,145.8843,73.085800000000006]
["E9772","Retroescavadeira de pneus com caçamba de escavação trapezoidal ou triangular com seção de corte de 0,15 a 0,20 m² - 58 kW",458665.64980000001,32.1066,8.4899000000000004,0,32.1066,40.691899999999997,32.4893,145.8843,73.085800000000006]
["E9773","Retroescavadeira de pneus com caçamba de escavação trapezoidal ou triangular com seção de corte de 0,20 a 0,30 m² - 58 kW",458665.64980000001,32.1066,8.4899000000000004,0,32.1066,40.691899999999997,32.4893,145.8843,73.085800000000006]
["E9774","Retroescavadeira de pneus com caçamba de escavação trapezoidal ou triangular com seção de corte de 0,30 a 0,50 m² - 58 kW",458665.64980000001,32.1066,8.4899000000000004,0,32.1066,40.691899999999997,32.4893,145.8843,73.085800000000006]
["E9775","Escavadeira hidráulica com martelo hidráulico de 1.700 kg - 103 kW",2002859.6879,228.89830000000001,39.720999999999997,0,286.12279999999998,72.263199999999998,32.4893,659.49459999999999,301.10860000000002]
["E9776","Grupo gerador - 174 kVA",192740.3958,9.6370000000000005,3.3976999999999999,0,6.8836000000000004,142.52950000000001,0,162.4478,13.034700000000001]
["E9777","Extrusora de barreira de concreto - 74 kW",5616571.9918999998,393.16,103.9627,0,505.49149999999997,59.904499999999999,32.4893,1095.008,529.61199999999997]
["E9778","Grupo gerador - 338 kVA",260976.37669999999,13.0488,4.6006,0,9.3206000000000007,276.85579999999999,0,303.82580000000002,17.6494]
["E9779","Grupo gerador - 113 kVA",126774.9767,6.3387000000000002,2.2349000000000001,0,4.5277000000000003,92.285300000000007,0,105.3866,8.5736000000000008]
["E9780","Misturador automático para grauteamento com capacidade de 20 m³/h - 7 kW",270884.80239999999,21.6708,5.0141,0,21.6708,7.1776999999999997,23.8748,79.408199999999994,50.559699999999999]
["E9781","Misturador com bomba para grauteamento tipo Flex E ou similar - 25 kW",614037.05330000003,49.122999999999998,11.3658,0,49.122999999999998,0,23.8748,133.48660000000001,84.363600000000005]
["E9782","Perfuratriz pneumática com avanço de coluna de 33,5 kg com capacidade de 2.280 gpm",54849.293899999997,4.3879000000000001,1.0153000000000001,0,4.3879000000000001,0,23.8748,33.665900000000001,29.277999999999999]
["E9784","Plataforma autopropelida com alcance de 12 m com capacidade de 700 kg - 24 kW",632967.17929999996,42.197800000000001,11.3908,0,42.197800000000001,19.4285,23.8748,139.08969999999999,77.463399999999993]
["E9785","Guindaste móvel sobre pneus com 2 eixos com capacidade máxima de 55 t - 186 kW",2469643.9289000002,123.48220000000001,43.536299999999997,17.6403,158.7628,50.190199999999997,30.167000000000002,423.77879999999999,214.82579999999999]
["E9788","Misturador de argamassa com capacidade de 0,250 m³ - 3,70 kW",23408.964100000001,1.8727,0.43330000000000002,0,1.8727,3.794,23.8748,31.8475,26.180800000000001]
["E9789","Carro manual modelo plataforma de 150 x 80 cm com capacidade de 800 kg",1554.7275,0.27989999999999998,5.7599999999999998E-2,0,0.1555,0,0,0.49299999999999999,0.33750000000000002]
["E9790","Bomba para concreto projetado via úmida com capacidade de 10 m³/h - 14,70 kW",337696.64559999999,27.015699999999999,6.2507999999999999,0,27.015699999999999,15.0733,43.579700000000003,118.93519999999999,76.846199999999996]
["E9791","Bomba pneumática para injeção de resina com capacidade de 0,18 m³/h",52552.957399999999,4.2042000000000002,0.9728,0,3.6787000000000001,0,0,8.8557000000000006,5.1769999999999996]
["E9793","Robot para concreto projetado com capacidade de 30 m³/h - 70 kW - com compressor diesel",4896629.1069,391.7303,90.636600000000001,0,391.7303,71.7774,43.579700000000003,989.45429999999999,525.94659999999999]
["E9795","Perfuratriz de superfície sobre pneus com martelo de topo e controle remoto via rádio - 60 kW",1901718.4097,126.7812,34.222999999999999,0,126.7812,48.571199999999997,32.4893,368.84589999999997,193.49350000000001]
["E9797","Jumbo eletro-hidráulico com 3 braços - 155 kW/237 kW",13256261.261399999,883.75080000000003,238.5575,0,1104.6884,175.66579999999999,43.579700000000003,2446.2422000000001,1165.8879999999999]
["E9798","Perfuratriz hidráulica rotopercussiva - 123 kW",2040715.878,136.04769999999999,36.724400000000003,0,136.04769999999999,99.570999999999998,32.4893,440.88010000000003,205.26140000000001]
["E9013","Caminhão tanque de asfalto com capacidade de 31.000 l - 265 kW",{"$nulls":7},439.71120000000002,101.2667]
["A9335","Cavalo mecânico estradeiro 6 x 2, PBT 23.000 kg - 265 kW - condição de trabalho severa - motorista de caminhão",859957.97210000001,36.8553,15.159800000000001,6.1425999999999998,55.283000000000001,271.72890000000001,27.708600000000001,412.87819999999999,85.866299999999995]
["A9364","Tanque isotérmico de asfalto com capacidade de 31.000 l",285814.88,11.432600000000001,3.9678,0,11.432600000000001,0,0,26.832999999999998,15.400399999999999]
["E9018","Cavalo mecânico com dolly intermediário e semirreboque de 4 eixos com capacidade de 53 t - 323 kW",{"$nulls":7},500.99369999999999,152.44159999999999]
["A9324","Cavalo mecânico estradeiro 6 x 4, PBT 23.000 kg - 323 kW - motorista de veículo especial",946679.05169999995,40.572000000000003,16.688600000000001,6.7619999999999996,60.857900000000001,244.04329999999999,30.167000000000002,399.0908,94.189599999999999]
["A9355","Semirreboque com 4 eixos",491470,32.764699999999998,16.4253,0,36.860300000000002,0,0,86.050299999999993,49.19]
["A9382","Dolly intermediário com 2 eixos para semirreboque",90540.81,6.0361000000000002,3.0259,0,6.7906000000000004,0,0,15.852600000000001,9.0619999999999994]
["E9027","Caminhão distribuidor de cimento e cal com capacidade de 17 m³ - 210 kW",{"$nulls":7},444.33139999999997,132.08959999999999]
["A9333","Caminhão plataforma 8 x 2, PBTC 36.000 kg e distância entre eixos 4,8 m - 210 kW - motorista de caminhão",791459.53139999998,33.919699999999999,13.952299999999999,5.6532999999999998,50.8795,215.3323,27.708600000000001,347.44569999999999,81.233900000000006]
["A9365","Distribuidor de cimento montado sobre chassi com capacidade de 17 m³",542130.527,40.915500000000002,9.9402000000000008,0,46.03,0,0,96.8857,50.855699999999999]
["E9037","Plataforma de inspeção sob pontes montada em caminhão com capacidade de 500 kg e alcance de 15 m - 188 kW",{"$nulls":7},749.77440000000001,321.88819999999998]
["A9334","Caminhão plataforma 8 x 2, PBT 29.000 kg e distância entre eixos 4,8 m - 188 kW - condição de trabalho severa - motorista de veículo especial",786177.74580000003,33.693300000000001,13.8592,5.6155999999999997,50.54,192.77369999999999,30.167000000000002,326.64879999999999,83.335099999999997]
["A9378","Plataforma telescópica para inspeção de pontes montada sobre chassi com capacidade de 500 kg",2871127.8576000002,164.06440000000001,50.613900000000001,0,184.57249999999999,0,23.8748,423.12560000000002,238.5531]
["E9041","Caminhão carroceria com guindauto com capacidade de 45 t.m - 188 kW",{"$nulls":7},373.33690000000001,121.17619999999999]
["A9313","Caminhão plataforma 6 x 2, PBT 23.000 kg e distância entre eixos 5,4 m - 188 kW - motorista de veículo especial",579043.5773,24.816199999999998,10.207700000000001,4.1360000000000001,37.224200000000003,192.77369999999999,30.167000000000002,299.32479999999998,69.326899999999995]
["A9351","Carroceria de madeira com capacidade de 11 t",36108,2.4902000000000002,0.65300000000000002,0,2.4902000000000002,0,0,5.6334,3.1432000000000002]
["A9373","Guindaste articulado montado sobre chassi com capacidade de 45 t.m",285253.2,19.672599999999999,5.1586999999999996,0,19.672599999999999,0,23.8748,68.378699999999995,48.706099999999999]
["E9082","Bate-estaca hidráulico para defensas montado em caminhão guindauto com capacidade de 20 t.m e carroceria de 4 t - 136 kW",{"$nulls":7},345.37569999999999,146.41679999999999]
["A9323","Caminhão plataforma 4 x 2, PBT 14.300 kg e distância entre eixos 4,8 m - 136 kW - condição de trabalho severa - motorista de caminhão",489282.60190000001,20.9693,8.6254000000000008,3.4948999999999999,31.453900000000001,139.45330000000001,27.708600000000001,231.7054,60.798200000000001]
["A9347","Carroceria de madeira com capacidade de 4 t",27081,1.8676999999999999,0.48970000000000002,0,1.8676999999999999,0,0,4.2251000000000003,2.3574000000000002]
["A9372","Guindaste articulado montado sobre chassi com capacidade de 20 t.m",220660,15.2179,3.9904999999999999,0,15.2179,0,23.8748,58.301099999999998,43.083199999999998]
["A9379","Bate-estaca hidráulico para defensas metálicas montada sobre chassi",205615,11.6515,4.6516999999999999,0,10.966100000000001,0,23.8748,51.144100000000002,40.177999999999997]
["E9097","Caminhão de resgate de veículos leves com plataforma com capacidade de 4 t - 115 kW",{"$nulls":7},209.16720000000001,61.739400000000003]
["A9326","Caminhão plataforma 4 x 2 PBT 9.600 kg e distância entre eixos 3,7 m - 115 kW - motorista de veículo especial",384787.5637,16.4909,6.7832999999999997,2.7484999999999999,24.7363,117.92010000000001,30.167000000000002,198.84610000000001,56.189700000000002]
["A9374","Plataforma hidráulica para resgate de veículos montada sobre chassi com capacidade de 4 t",74222,4.2412999999999998,1.3084,0,4.7713999999999999,0,0,10.321099999999999,5.5496999999999996]
["E9098","Caminhão de resgate de veículos de porte médio com capacidade do guincho de 20 t - 136 kW",{"$nulls":7},292.1336,105.386]
["A9306","Caminhão plataforma 4 x 2, PBT 16.000 kg e distância entre eixos 3,6 m - 136 kW - motorista de veículo especial",513024.06069999997,21.986699999999999,9.0439000000000007,3.6644999999999999,32.9801,139.45330000000001,30.167000000000002,237.2955,64.862099999999998]
["A9375","Guincho rebocador para resgate de veículos montada sobre chassi com capacidade de 20 t",222666,12.723800000000001,3.9253,0,14.3142,0,23.8748,54.838099999999997,40.523899999999998]
["E9099","Caminhão de resgate de veículos pesados com dois guinchos com capacidade de 35 t - 240 kW",{"$nulls":7},496.8809,156.9845]
["A9320","Caminhão plataforma 6 x 2, PBT 23.000 kg e distância entre eixos 4,8 m - 240 kW - motorista de veículo especial",862360.75509999995,36.958300000000001,15.202199999999999,6.1597,55.4375,246.0941,30.167000000000002,390.0188,88.487200000000001]
["A9376","Guincho rebocador para resgate de veículos montada sobre chassi com capacidade de 35 t",596785,34.101999999999997,10.5205,0,38.364800000000002,0,23.8748,106.8621,68.497299999999996]
["E9100","Cavalo mecânico sem reboque - 210 kW",{"$nulls":7},265.90199999999999,68.48]
["A9310","Cavalo mecânico 4 x 2, PBT 16.000 kg - 210 kW - motorista de caminhão",602872.06949999998,25.837399999999999,10.627800000000001,4.3061999999999996,38.756100000000004,158.66589999999999,27.708600000000001,265.90199999999999,68.48]
["E9114","Painel com seta luminosa para montagem em caminhão",{"$nulls":7},5.5564,3.8037000000000001]
["A9380","Painel com seta luminosa montado sobre chassi",35054.005299999997,3.1549,0.64880000000000004,0,1.7526999999999999,0,0,5.5564,3.8037000000000001]
["E9115","Amortecedor retrátil (AMC) para montagem em caminhão",{"$nulls":7},93.176199999999994,50.932200000000002]
["A9381","Amortecedor retrátil montado em caminhão",469378.3273,42.244,8.6882000000000001,0,42.244,0,0,93.176199999999994,50.932200000000002]
["E9145","Caminhão basculante para concreto com capacidade de 7 m³ - 210 kW",{"$nulls":7},304.06400000000002,88.215599999999995]
["A9316","Caminhão plataforma 8 x 4, PBT 29.000 kg e distância entre eixos 4,6 m - 210 kW - motorista de caminhão",786177.74580000003,33.693300000000001,13.8592,5.6155999999999997,50.54,158.66589999999999,27.708600000000001,290.08260000000001,80.8767]
["A9340","Caçamba basculante para concreto com capacidade de 7 m³",78234,5.9044999999999996,1.4343999999999999,0,6.6425000000000001,0,0,13.981400000000001,7.3388999999999998]
["E9146","Caminhão silo com capacidade de 30 m³ - 265 kW",{"$nulls":7},455.28519999999997,109.52760000000001]
["A9335","Cavalo mecânico estradeiro 6 x 2, PBT 23.000 kg - 265 kW - condição de trabalho severa - motorista de caminhão",859957.97210000001,36.8553,15.159800000000001,6.1425999999999998,55.283000000000001,271.72890000000001,27.708600000000001,412.87819999999999,85.866299999999995]
["A9357","Semirreboque silo para cimento com capacidade de 30 m³",271813,18.745699999999999,4.9156000000000004,0,18.745699999999999,0,0,42.406999999999996,23.661300000000001]
["E9169","Cavalo mecânico com dolly pneumático de 4 eixos e mesas de giro com capacidade de 57 t - 323 kW",{"$nulls":7},540.81979999999999,175.208]
["A9324","Cavalo mecânico estradeiro 6 x 4, PBT 23.000 kg - 323 kW - motorista de veículo especial",946679.05169999995,40.572000000000003,16.688600000000001,6.7619999999999996,60.857900000000001,244.04329999999999,30.167000000000002,399.0908,94.189599999999999]
["A9385","Conjunto de duas mesas de giro para quinta roda ou reboque com capacidade de 100 t cada",329003,21.933499999999999,10.9956,0,24.6752,0,0,57.604300000000002,32.929099999999998]
["A9389","Dolly pneumático com capacidade de 48 t e 4 eixos",480472.51120000001,32.031500000000001,16.0578,0,36.035400000000003,0,0,84.124700000000004,48.089300000000001]
["E9170","Cavalo mecânico com dois dollys pneumáticos de 3 e 4 eixos e mesas de giro com capacidade de 77 t - 323 kW",{"$nulls":7},648.00670000000002,233.96799999999999]
["A9385","Conjunto de duas mesas de giro para quinta roda ou reboque com capacidade de 100 t cada",329003,21.933499999999999,10.9956,0,24.6752,0,0,57.604300000000002,32.929099999999998]
["A9386","Cavalo mecânico estradeiro 6 x 4, CMT 123.000 kg - 323 kW - motorista de veículo especial",1269663.6233000001,54.414200000000001,22.382400000000001,9.0690000000000008,81.621200000000002,244.04329999999999,30.167000000000002,441.69709999999998,116.0326]
["A9387","Dolly pneumático com capacidade de 28,5 t e 3 eixos",368847.37770000001,24.5898,12.327199999999999,0,27.663599999999999,0,0,64.580600000000004,36.917000000000002]
["A9389","Dolly pneumático com capacidade de 48 t e 4 eixos",480472.51120000001,32.031500000000001,16.0578,0,36.035400000000003,0,0,84.124700000000004,48.089300000000001]
["E9171","Cavalo mecânico com dois dollys pneumáticos de 4 e 5 eixos e mesas de giro com capacidade de 111 t - 440 kW",{"$nulls":7},1271.8987999999999,510.80439999999999]
["A9325","Cavalo mecânico 8 x 8, PBT 26.000 kg - 440 kW -  motorista de veículo especial",5032745.3543999996,215.6891,88.720100000000002,35.9482,323.53359999999998,332.44290000000001,30.167000000000002,1026.5009,370.52440000000001]
["A9385","Conjunto de duas mesas de giro para quinta roda ou reboque com capacidade de 100 t cada",329003,21.933499999999999,10.9956,0,24.6752,0,0,57.604300000000002,32.929099999999998]
["A9388","Dolly pneumático com capacidade de 60 t e 5 eixos",592097.64469999995,39.473199999999999,19.788399999999999,0,44.407299999999999,0,0,103.66889999999999,59.261600000000001]
["A9389","Dolly pneumático com capacidade de 48 t e 4 eixos",480472.51120000001,32.031500000000001,16.0578,0,36.035400000000003,0,0,84.124700000000004,48.089300000000001]
["E9199","Caminhão com sistema de hidrojateamento de alta pressão e vácuo para limpeza e desobstrução de bueiros com capacidade total de 15.600 l - 188 kW",{"$nulls":7},338.22820000000002,92.182299999999998]
["A9299","Equipamento com sistema de hidrojateamento de alta pressão e vácuo para limpeza e desobstrução de bueiros com diâmetro de até 1.500 mm com capacidade total de 15.600 l",401200,16.047999999999998,6.8074000000000003,0,16.047999999999998,0,0,38.903399999999998,22.855399999999999]
["A9313","Caminhão plataforma 6 x 2, PBT 23.000 kg e distância entre eixos 5,4 m - 188 kW - motorista de veículo especial",579043.5773,24.816199999999998,10.207700000000001,4.1360000000000001,37.224200000000003,192.77369999999999,30.167000000000002,299.32479999999998,69.326899999999995]
["E9201","Caminhão basculante para rocha com capacidade de 12 m³ - 188 kW com periculosidade",{"$nulls":7},316.06400000000002,107.9515]
["A9327","Caminhão plataforma 8 x 2 PBT 29.000 kg e distância entre eixos 4,8 m - 188 kW - motorista de veículo especial com periculosidade",786177.74580000003,33.693300000000001,13.8592,5.6155999999999997,50.54,142.0438,37.6267,283.37860000000001,90.794799999999995]
["A9343","Caçamba basculante para rocha com capacidade de 12 m³",182894.041,13.8033,3.3534000000000002,0,15.528700000000001,0,0,32.685400000000001,17.156700000000001]
["E9202","Plataforma pantográfica montada em caminhão - 115 kW com periculosidade",{"$nulls":7},306.2971,132.65049999999999]
["A9300","Caminhão plataforma 4 x 2, PBT 8.300 kg e distância entre eixos 3,7 m - 115 kW - motorista de veículo especial com periculosidade",367585.06599999999,15.7536,6.48,2.6255999999999999,23.630500000000001,117.92010000000001,37.6267,204.03649999999999,62.485900000000001]
["A9383","Plataforma pantográfica hidráulica montada sobre chassi com capacidade de 600 kg - com periculosidade",481440,32.095999999999997,8.6638999999999999,0,32.095999999999997,0,29.404699999999998,102.2606,70.164599999999993]
["E9506","Caminhão basculante com capacidade de 6 m³ - 136 kW",{"$nulls":7},181.65389999999999,69.161100000000005]
["A9307","Caminhão plataforma 4 x 2, PBT 16.000 kg e distância entre eixos 3,6 m - 136 kW - motorista de caminhão",513024.06069999997,21.986699999999999,9.0439000000000007,3.6644999999999999,32.9801,73.396500000000003,27.708600000000001,168.78030000000001,62.403700000000001]
["A9338","Caçamba basculante com capacidade de 6 m³",72035.460000000006,5.4366000000000003,1.3208,0,6.1162000000000001,0,0,12.8736,6.7573999999999996]
["E9508","Caminhão carroceria com capacidade de 9 t - 136 kW",{"$nulls":7},176.8158,66.778400000000005]
["A9309","Caminhão plataforma 4 x 2, PBT 16.000 kg e distância entre eixos 4,8 m - 136 kW - motorista de caminhão",531233.74369999999,22.767199999999999,9.3649000000000004,3.7945000000000002,34.150700000000001,73.396500000000003,27.708600000000001,171.1824,63.635199999999998]
["A9350","Carroceria de madeira com capacidade de 9 t",36108,2.4902000000000002,0.65300000000000002,0,2.4902000000000002,0,0,5.6334,3.1432000000000002]
["E9509","Caminhão tanque distribuidor de asfalto com capacidade de 6.000 l - 7 kW/136 kW",{"$nulls":7},257.15210000000002,71.066599999999994]
["A9323","Caminhão plataforma 4 x 2, PBT 14.300 kg e distância entre eixos 4,8 m - 136 kW - condição de trabalho severa - motorista de caminhão",489282.60190000001,20.9693,8.6254000000000008,3.4948999999999999,31.453900000000001,139.45330000000001,27.708600000000001,231.7054,60.798200000000001]
["A9363","Tanque espargidor de asfalto com capacidade de 6.000 l - 7 kW",190570,7.6227999999999998,2.6456,0,7.6227999999999998,7.5555000000000003,0,25.4467,10.2684]
["E9520","Caminhão com caçamba térmica com capacidade de 6 m³ - 188 kW",{"$nulls":7},262.3734,75.537000000000006]
["A9311","Caminhão plataforma 6 x 2, PBT 23.000 kg e distância entre eixos 4,8 m - 188 kW - motorista de caminhão",621164.54680000001,26.621300000000002,10.950200000000001,4.4368999999999996,39.932000000000002,142.0438,27.708600000000001,251.69280000000001,69.716999999999999]
["A9339","Caçamba térmica com capacidade de 6 m³",86409.787299999996,4.3205,1.4995000000000001,0,4.8605999999999998,0,0,10.6806,5.82]
["E9571","Caminhão tanque com capacidade de 10.000 l - 188 kW",{"$nulls":7},319.16629999999998,79.059200000000004]
["A9332","Caminhão plataforma 6 x 2, PBT 23.000 kg e distância entre eixos 4,8 m - 188 kW - condição de trabalho severa - motorista de caminhão",621164.54680000001,26.621300000000002,10.950200000000001,4.4368999999999996,39.932000000000002,192.77369999999999,27.708600000000001,302.42270000000002,69.716999999999999]
["A9360","Tanque para transporte de água com capacidade de 10.000 l",107321,7.4013999999999998,1.9408000000000001,0,7.4013999999999998,0,0,16.743600000000001,9.3422000000000001]
["E9575","Caminhão basculante com caçamba estanque com capacidade de 14 m³ - 210 kW",{"$nulls":7},306.22570000000002,89.350300000000004]
["A9316","Caminhão plataforma 8 x 4, PBT 29.000 kg e distância entre eixos 4,6 m - 210 kW - motorista de caminhão",786177.74580000003,33.693300000000001,13.8592,5.6155999999999997,50.54,158.66589999999999,27.708600000000001,290.08260000000001,80.8767]
["A9345","Caçamba basculante estanque com capacidade de 14 m³",90330.18,6.8174000000000001,1.6561999999999999,0,7.6695000000000002,0,0,16.1431,8.4735999999999994]
["E9579","Caminhão basculante com capacidade de 10 m³ - 210 kW",{"$nulls":7},305.40839999999997,88.921300000000002]
["A9316","Caminhão plataforma 8 x 4, PBT 29.000 kg e distância entre eixos 4,6 m - 210 kW - motorista de caminhão",786177.74580000003,33.693300000000001,13.8592,5.6155999999999997,50.54,158.66589999999999,27.708600000000001,290.08260000000001,80.8767]
["A9342","Caçamba basculante com capacidade de 10 m³",85756.5,6.4722,1.5724,0,7.2812000000000001,0,0,15.325799999999999,8.0446000000000009]
["E9592","Caminhão carroceria com capacidade de 15 t - 188 kW",{"$nulls":7},253.6163,71.041899999999998]
["A9314","Caminhão plataforma 6 x 2, PBT 23.000 kg e distância entre eixos 5,4 m - 188 kW - motorista de caminhão",579043.5773,24.816199999999998,10.207700000000001,4.1360000000000001,37.224200000000003,142.0438,27.708600000000001,246.13650000000001,66.868499999999997]
["A9352","Carroceria de madeira com capacidade de 15 t",47943.4,3.3064,0.86699999999999999,0,3.3064,0,0,7.4798,4.1734]
["E9600","Caminhão betoneira com capacidade de 8 m³ - 188 kW",{"$nulls":7},304.59879999999998,98.389300000000006]
["A9317","Caminhão plataforma 8 x 2, PBT 29.000 kg e distância entre eixos 4,8 m - 188 kW - motorista de veículo especial",786177.74580000003,33.693300000000001,13.8592,5.6155999999999997,50.54,142.0438,30.167000000000002,275.91890000000001,83.335099999999997]
["A9346","Misturador de concreto para montagem em chassi de caminhão com capacidade de 8 m³",160480,12.111700000000001,2.9424999999999999,0,13.6257,0,0,28.6799,15.0542]
["E9604","Caminhão basculante para rocha com capacidade de 8 m³ - 210 kW",{"$nulls":7},293.21469999999999,82.619699999999995]
["A9315","Caminhão basculante 6 x 4, PBT 23.000 kg e distância entre eixos 3,6 m - 210 kW -  motorista de caminhão",724859.84129999997,31.0654,12.7782,5.1776,46.598100000000002,158.66589999999999,27.708600000000001,281.99380000000002,76.729799999999997]
["A9341","Caçamba basculante para rocha com capacidade de 8 m³",62787.8,4.7386999999999997,1.1512,0,5.3310000000000004,0,0,11.2209,5.8898999999999999]
["E9605","Caminhão tanque com capacidade de 6.000 l - 136 kW",{"$nulls":7},245.78890000000001,68.656199999999998]
["A9323","Caminhão plataforma 4 x 2, PBT 14.300 kg e distância entre eixos 4,8 m - 136 kW - condição de trabalho severa - motorista de caminhão",489282.60190000001,20.9693,8.6254000000000008,3.4948999999999999,31.453900000000001,139.45330000000001,27.708600000000001,231.7054,60.798200000000001]
["A9358","Tanque para transporte de água com capacidade de 6.000 l",90270,6.2255000000000003,1.6325000000000001,0,6.2255000000000003,0,0,14.083500000000001,7.8579999999999997]
["E9644","Caminhão demarcador de faixas com sistema de pintura a frio - 28 kW/115 kW",{"$nulls":7},367.99939999999998,150.94380000000001]
["A9302","Caminhão plataforma 4 x 2, PBT 8.300 kg e distância entre eixos 4,4 m - 115 kW - motorista de veículo especial",371407.6214,15.9175,6.5473999999999997,2.6528999999999998,23.876200000000001,117.92010000000001,30.167000000000002,197.08109999999999,55.284799999999997]
["A9368","Equipamento demarcador de faixas a frio montado sobre chassi com capacidade de 800 l - 28 kW",697085,52.668599999999998,19.115600000000001,0,49.570500000000003,25.688800000000001,23.8748,170.91829999999999,95.659000000000006]
["E9645","Caminhão demarcador de faixas com sistema de pintura a quente - 5 kW/30,10 kW/136 kW",{"$nulls":7},558.65170000000001,244.87190000000001]
["A9305","Caminhão plataforma 4 x 2, PBT 14.300 kg e distância entre eixos 4,8 m - 136 kW - motorista de veículo especial",489282.60190000001,20.9693,8.6254000000000008,3.4948999999999999,31.453900000000001,139.45330000000001,30.167000000000002,234.16380000000001,63.256599999999999]
["A9328","Compressor de ar portátil de 70,79 l/s (150 PCM) sem reboque - 30,10 kW",146625.99540000001,9.7751000000000001,2.6387,0,9.7751000000000001,27.615400000000001,0,49.804299999999998,12.4138]
["A9369","Equipamento demarcador de faixas a quente montado sobre chassi com capacidade de 500 l - 5,0 kW",1411243.6459999999,106.62730000000001,38.699399999999997,0,100.35509999999999,5.1269999999999998,23.8748,274.68360000000001,169.20150000000001]
["E9663","Caminhão basculante com capacidade de 4 m³ - 136 kW",{"$nulls":7},175.86580000000001,66.161299999999997]
["A9304","Caminhão plataforma 4 x 2, PBT 14.300 kg e distância entre eixos 4,8 m - 136 kW - motorista de caminhão",489282.60190000001,20.9693,8.6254000000000008,3.4948999999999999,31.453900000000001,73.396500000000003,27.708600000000001,165.64859999999999,60.798200000000001]
["A9336","Caçamba basculante com capacidade de 4 m³",57171,4.3148,1.0483,0,4.8540999999999999,0,0,10.2172,5.3631000000000002]
["E9665","Cavalo mecânico com semirreboque com capacidade de 22 t - 240 kW",{"$nulls":7},388.29559999999998,124.4298]
["A9318","Cavalo mecânico 4 x 2, PBT 16.000 kg - 240 kW - motorista de veículo especial",874291.93839999998,37.469700000000003,15.4125,6.2449000000000003,56.204500000000003,181.33250000000001,30.167000000000002,326.83109999999999,89.2941]
["A9353","Semirreboque com 2 eixos",351050,23.403300000000002,11.7324,0,26.328800000000001,0,0,61.464500000000001,35.1357]
["E9666","Cavalo mecânico com semirreboque com capacidade de 30 t - 265 kW",{"$nulls":7},413.37180000000001,127.0252]
["A9321","Cavalo mecânico estradeiro 6 x 2, PBT 23.000 kg - 265 kW - motorista de caminhão",859957.97210000001,36.8553,15.159800000000001,6.1425999999999998,55.283000000000001,200.22130000000001,27.708600000000001,341.37060000000002,85.866299999999995]
["A9354","Semirreboque com 3 eixos",411230,27.415299999999998,13.743600000000001,0,30.842300000000002,0,0,72.001199999999997,41.158900000000003]
["E9667","Caminhão basculante com capacidade de 14 m³ - 210 kW",{"$nulls":7},306.22570000000002,89.350300000000004]
["A9316","Caminhão plataforma 8 x 4, PBT 29.000 kg e distância entre eixos 4,6 m - 210 kW - motorista de caminhão",786177.74580000003,33.693300000000001,13.8592,5.6155999999999997,50.54,158.66589999999999,27.708600000000001,290.08260000000001,80.8767]
["A9344","Caçamba basculante com capacidade de 14 m³",90330.18,6.8174000000000001,1.6561999999999999,0,7.6695000000000002,0,0,16.1431,8.4735999999999994]
["E9669","Caminhão tanque com capacidade de 8.000 l - 136 kW",{"$nulls":7},251.9486,71.842399999999998]
["A9331","Caminhão plataforma 4 x 2, PBT 16.000 kg e distância entre eixos 4,8 m - 136 kW - condição de trabalho severa - motorista de caminhão",531233.74369999999,22.767199999999999,9.3649000000000004,3.7945000000000002,34.150700000000001,139.45330000000001,27.708600000000001,237.23920000000001,63.635199999999998]
["A9359","Tanque para transporte de água com capacidade de 8.000 l",94282,6.5022000000000002,1.7050000000000001,0,6.5022000000000002,0,0,14.7094,8.2072000000000003]
["E9670","Usina móvel de lama asfáltica ou microrrevestimento com cavalo mecânico com capacidade de 12 m³ - 95,6 kW/240 kW",{"$nulls":7},766.62019999999995,262.25630000000001]
["A9319","Cavalo mecânico 4 x 2, PBT 16.000 kg - 240 kW - condição de trabalho severa - motorista de veículo especial",874291.93839999998,37.469700000000003,15.4125,6.2449000000000003,56.204500000000003,246.0941,30.167000000000002,391.59269999999998,89.2941]
["A9367","Usina de lama asfáltica ou microrrevestimento asfáltico rebocável com capacidade de 12 m³ - 95,6 kW",1538109.527,98.878500000000003,30.504000000000001,0,98.878500000000003,103.18680000000001,43.579700000000003,375.02749999999997,172.9622]
["E9672","Caminhão basculante para rocha com capacidade de 12 m³ - 188 kW",{"$nulls":7},308.60430000000002,100.4918]
["A9317","Caminhão plataforma 8 x 2, PBT 29.000 kg e distância entre eixos 4,8 m - 188 kW - motorista de veículo especial",786177.74580000003,33.693300000000001,13.8592,5.6155999999999997,50.54,142.0438,30.167000000000002,275.91890000000001,83.335099999999997]
["A9343","Caçamba basculante para rocha com capacidade de 12 m³",182894.041,13.8033,3.3534000000000002,0,15.528700000000001,0,0,32.685400000000001,17.156700000000001]
["E9679","Cavalo mecânico com dois reboques hidropneumáticos de 5 e 4 eixos e mesas de giro com capacidade de 130 t - 440 kW",{"$nulls":7},1539.8886,663.99879999999996]
["A9325","Cavalo mecânico 8 x 8, PBT 26.000 kg - 440 kW -  motorista de veículo especial",5032745.3543999996,215.6891,88.720100000000002,35.9482,323.53359999999998,332.44290000000001,30.167000000000002,1026.5009,370.52440000000001]
["A9384","Reboque hidropneumático com capacidade de 166 t e 4 eixos",1247047.4524999999,83.136499999999998,41.677399999999999,0,93.528599999999997,0,0,218.3425,124.8139]
["A9385","Conjunto de duas mesas de giro para quinta roda ou reboque com capacidade de 100 t cada",329003,21.933499999999999,10.9956,0,24.6752,0,0,57.604300000000002,32.929099999999998]
["A9390","Reboque hidropneumático com capacidade de 117 t e 5 eixos",1356127.213,90.408500000000004,45.322899999999997,0,101.70950000000001,0,0,237.4409,135.73140000000001]
["E9680","Caminhão tanque com capacidade de 13.000 l - 188 kW",{"$nulls":7},321.07319999999999,80.123199999999997]
["A9332","Caminhão plataforma 6 x 2, PBT 23.000 kg e distância entre eixos 4,8 m - 188 kW - condição de trabalho severa - motorista de caminhão",621164.54680000001,26.621300000000002,10.950200000000001,4.4368999999999996,39.932000000000002,192.77369999999999,27.708600000000001,302.42270000000002,69.716999999999999]
["A9361","Tanque para transporte de água com capacidade de 13.000 l",119542.05349999999,8.2443000000000008,2.1619000000000002,0,8.2443000000000008,0,0,18.650500000000001,10.4062]
["E9686","Caminhão carroceria com guindauto com capacidade de 20 t.m - 136 kW",{"$nulls":7},302.45839999999998,111.6651]
["A9308","Caminhão plataforma 4 x 2, PBT 16.000 kg e distância entre eixos 4,8 m - 136 kW - motorista de veículo especial",531233.74369999999,22.767199999999999,9.3649000000000004,3.7945000000000002,34.150700000000001,139.45330000000001,30.167000000000002,239.69759999999999,66.093599999999995]
["A9349","Carroceria de madeira com capacidade de 7 t",28585,1.9714,0.51690000000000003,0,1.9714,0,0,4.4596999999999998,2.4883000000000002]
["A9372","Guindaste articulado montado sobre chassi com capacidade de 20 t.m",220660,15.2179,3.9904999999999999,0,15.2179,0,23.8748,58.301099999999998,43.083199999999998]
["E9687","Caminhão carroceria com capacidade de 5 t - 115 kW",{"$nulls":7},144.91229999999999,56.176000000000002]
["A9303","Caminhão plataforma 4 x 2, PBT 9.600 kg e distância entre eixos 3,7 m - 115 kW - motorista de caminhão",384787.5637,16.4909,6.7832999999999997,2.7484999999999999,24.7363,62.063200000000002,27.708600000000001,140.5308,53.731299999999997]
["A9348","Carroceria de madeira com capacidade de 5 t",28084,1.9368000000000001,0.50790000000000002,0,1.9368000000000001,0,0,4.3815,2.4447000000000001]
["E9690","Caminhão carroceria com guindauto e cesto aéreo com capacidade de 10 t.m - 136 kW",{"$nulls":7},319.41719999999998,131.68109999999999]
["A9308","Caminhão plataforma 4 x 2, PBT 16.000 kg e distância entre eixos 4,8 m - 136 kW - motorista de veículo especial",531233.74369999999,22.767199999999999,9.3649000000000004,3.7945000000000002,34.150700000000001,139.45330000000001,30.167000000000002,239.69759999999999,66.093599999999995]
["A9329","Cesto aéreo simples isolado com capacidade para 135 kg",24327.764999999999,1.6778,0.44,0,1.6778,0,0,3.7955999999999999,2.1177999999999999]
["A9330","Guindaste articulado montado sobre chassi com capacidade de 10 t.m",144479,9.9641000000000002,2.6128,0,9.9641000000000002,0,47.749600000000001,70.290599999999998,60.326500000000003]
["A9350","Carroceria de madeira com capacidade de 9 t",36108,2.4902000000000002,0.65300000000000002,0,2.4902000000000002,0,0,5.6334,3.1432000000000002]
["E9693","Caminhão demarcador de faixas com sistema de pintura Spray - 115 kW",{"$nulls":7},781.85550000000001,409.80189999999999]
["A9322","Caminhão plataforma 4 x 2, PBT 9.600 kg e distância entre eixos 3,7 m - 115 kW - condição de trabalho severa - motorista de caminhão",384787.5637,16.4909,6.7832999999999997,2.7484999999999999,24.7363,117.92010000000001,27.708600000000001,196.3877,53.731299999999997]
["A9370","Equipamento demarcador de faixas sistema spray montado sobre chassi com capacidade 1.080 l",3225898,243.7345,88.461299999999994,0,229.3972,0,23.8748,585.46780000000001,356.07060000000001]
["E9783","Plataforma pantográfica montada em caminhão - 115 kW",{"$nulls":7},293.3075,119.6609]
["A9301","Caminhão plataforma 4 x 2, PBT 8.300 kg e distância entre eixos 3,7 m - 115 kW - motorista de veículo especial",367585.06599999999,15.7536,6.48,2.6255999999999999,23.630500000000001,117.92010000000001,30.167000000000002,196.57679999999999,55.026200000000003]
["A9377","Plataforma pantográfica hidráulica montada sobre chassi com capacidade de 600 kg",481440,32.095999999999997,8.6638999999999999,0,32.095999999999997,0,23.8748,96.730699999999999,64.634699999999995]
["E9787","Bomba para concreto com lança montada sobre chassi com capacidade de 50 m³/h - 136 kW",{"$nulls":7},554.95500000000004,259.59750000000003]
["A9308","Caminhão plataforma 4 x 2, PBT 16.000 kg e distância entre eixos 4,8 m - 136 kW - motorista de veículo especial",531233.74369999999,22.767199999999999,9.3649000000000004,3.7945000000000002,34.150700000000001,139.45330000000001,30.167000000000002,239.69759999999999,66.093599999999995]
["A9371","Bomba para concreto com lança montada sobre chassi com capacidade de 50 m³/h",1521918.1381000001,121.7535,28.1707,0,121.7535,0,43.579700000000003,315.25740000000002,193.50389999999999]
["E9792","Caminhão para hidrossemeadura com capacidade de 7.500 l - 136 kW",{"$nulls":7},340.72340000000003,129.36500000000001]
["A9323","Caminhão plataforma 4 x 2, PBT 14.300 kg e distância entre eixos 4,8 m - 136 kW - condição de trabalho severa - motorista de caminhão",489282.60190000001,20.9693,8.6254000000000008,3.4948999999999999,31.453900000000001,139.45330000000001,27.708600000000001,231.7054,60.798200000000001]
["A9362","Tanque para hidrossemeadura com capacidade de 7.500 l",476425,35.956600000000002,8.7354000000000003,0,40.4512,0,23.8748,109.018,68.566800000000001]

{"sheet":"SINTÉTICO SICRO","index":17,"n_rows":6492,"n_cols":4,"rows_kept":6492,"cut":false,"hidden":true,"merged":[[0,1,0,2]]}
["CGCIT","SISTEMA DE CUSTOS REFERENCIAIS DE OBRAS - SICRO",null,"DNIT"]
[null,"Paraíba - Janeiro/2025"]
["Código","Descrição do Serviço","Unidade","Custo Unitário (R$)"]
[307731,"Aparelho de apoio de neoprene fretado para estruturas moldadas no local - fornecimento e instalação","dm³",135.19]
[307732,"Aparelho de apoio de neoprene fretado para estruturas pré-moldadas - fornecimento e instalação","dm³",111.89]
[308308,"Aparelho de apoio metálico elastomérico fixo com capacidade de 1.500 kN - fornecimento e instalação","un",5546.55]
[308313,"Aparelho de apoio metálico elastomérico fixo com capacidade de 10.000 kN - fornecimento e instalação","un",34527.120000000003]
[308309,"Aparelho de apoio metálico elastomérico fixo com capacidade de 2.500 kN - fornecimento e instalação","un",9132.36]
[308310,"Aparelho de apoio metálico elastomérico fixo com capacidade de 4.000 kN - fornecimento e instalação","un",12664.35]
[308311,"Aparelho de apoio metálico elastomérico fixo com capacidade de 5.500 kN - fornecimento e instalação","un",17775.8]
[308312,"Aparelho de apoio metálico elastomérico fixo com capacidade de 7.500 kN - fornecimento e instalação","un",24748.83]
[308307,"Aparelho de apoio metálico elastomérico fixo com capacidade de 700 kN - fornecimento e instalação","un",3426.71]
[308322,"Aparelho de apoio metálico elastomérico multidirecional com capacidade de 1.500 kN - fornecimento e instalação","un",4873.09]
[308327,"Aparelho de apoio metálico elastomérico multidirecional com capacidade de 10.000 kN - fornecimento e instalação","un",29587.16]
[308323,"Aparelho de apoio metálico elastomérico multidirecional com capacidade de 2.500 kN - fornecimento e instalação","un",7495.89]
[308324,"Aparelho de apoio metálico elastomérico multidirecional com capacidade de 4.000 kN - fornecimento e instalação","un",11181.41]
[308325,"Aparelho de apoio metálico elastomérico multidirecional com capacidade de 5.500 kN - fornecimento e instalação","un",15775.74]
[308326,"Aparelho de apoio metálico elastomérico multidirecional com capacidade de 7.500 kN - fornecimento e instalação","un",21888.639999999999]
[308321,"Aparelho de apoio metálico elastomérico multidirecional com capacidade de 700 kN - fornecimento e instalação","un",4483.59]
[308315,"Aparelho de apoio metálico elastomérico unidirecional com capacidade de 1.500 kN - fornecimento e instalação","un",6246.39]
[308320,"Aparelho de apoio metálico elastomérico unidirecional com capacidade de 10.000 kN - fornecimento e instalação","un",43442.09]
[308316,"Aparelho de apoio metálico elastomérico unidirecional com capacidade de 2.500 kN - fornecimento e instalação","un",8956.91]
[308317,"Aparelho de apoio metálico elastomérico unidirecional com capacidade de 4.000 kN - fornecimento e instalação","un",17067.41]
[308318,"Aparelho de apoio metálico elastomérico unidirecional com capacidade de 5.500 kN - fornecimento e instalação","un",22307.08]
[308319,"Aparelho de apoio metálico elastomérico unidirecional com capacidade de 7.500 kN - fornecimento e instalação","un",25333.360000000001]
[308314,"Aparelho de apoio metálico elastomérico unidirecional com capacidade de 700 kN - fornecimento e instalação","un",4491.1099999999997]
[308250,"Aparelho de apoio metálico esférico fixo com capacidade de 1.000 kN - fornecimento e instalação","un",7107.6]
[308251,"Aparelho de apoio metálico esférico fixo com capacidade de 1.500 kN - fornecimento e instalação","un",11059.49]
[308268,"Aparelho de apoio metálico esférico fixo com capacidade de 10.000 kN - fornecimento e instalação","un",72211.64]
[308252,"Aparelho de apoio metálico esférico fixo com capacidade de 2.000 kN - fornecimento e instalação","un",12857.32]
[308253,"Aparelho de apoio metálico esférico fixo com capacidade de 2.500 kN - fornecimento e instalação","un",15584.43]
[308254,"Aparelho de apoio metálico esférico fixo com capacidade de 3.000 kN - fornecimento e instalação","un",18594.53]
[308255,"Aparelho de apoio metálico esférico fixo com capacidade de 3.500 kN - fornecimento e instalação","un",21489.24]
[308256,"Aparelho de apoio metálico esférico fixo com capacidade de 4.000 kN - fornecimento e instalação","un",28778.51]
[308257,"Aparelho de apoio metálico esférico fixo com capacidade de 4.500 kN - fornecimento e instalação","un",30926.12]
[308258,"Aparelho de apoio metálico esférico fixo com capacidade de 5.000 kN - fornecimento e instalação","un",34534.839999999997]
[308259,"Aparelho de apoio metálico esférico fixo com capacidade de 5.500 kN - fornecimento e instalação","un",36505.49]
[308260,"Aparelho de apoio metálico esférico fixo com capacidade de 6.000 kN - fornecimento e instalação","un",41086.94]
[308261,"Aparelho de apoio metálico esférico fixo com capacidade de 6.500 kN - fornecimento e instalação","un",44363.9]
[308262,"Aparelho de apoio metálico esférico fixo com capacidade de 7.000 kN - fornecimento e instalação","un",52579.65]
[308263,"Aparelho de apoio metálico esférico fixo com capacidade de 7.500 kN - fornecimento e instalação","un",56636.41]
[308264,"Aparelho de apoio metálico esférico fixo com capacidade de 8.000 kN - fornecimento e instalação","un",56844.26]
[308265,"Aparelho de apoio metálico esférico fixo com capacidade de 8.500 kN - fornecimento e instalação","un",57370.879999999997]
[308266,"Aparelho de apoio metálico esférico fixo com capacidade de 9.000 kN - fornecimento e instalação","un",64819.68]
[308267,"Aparelho de apoio metálico esférico fixo com capacidade de 9.500 kN - fornecimento e instalação","un",68763.72]
[308288,"Aparelho de apoio metálico esférico multidirecional com capacidade de 1.000 kN - fornecimento e instalação","un",7949.61]
[308289,"Aparelho de apoio metálico esférico multidirecional com capacidade de 1.500 kN - fornecimento e instalação","un",11015.11]
[308306,"Aparelho de apoio metálico esférico multidirecional com capacidade de 10.000 kN - fornecimento e instalação","un",73149.58]
[308290,"Aparelho de apoio metálico esférico multidirecional com capacidade de 2.000 kN - fornecimento e instalação","un",14432.59]
[308291,"Aparelho de apoio metálico esférico multidirecional com capacidade de 2.500 kN - fornecimento e instalação","un",17259.82]
[308292,"Aparelho de apoio metálico esférico multidirecional com capacidade de 3.000 kN - fornecimento e instalação","un",19928.28]
[308293,"Aparelho de apoio metálico esférico multidirecional com capacidade de 3.500 kN - fornecimento e instalação","un",22531.81]
[308294,"Aparelho de apoio metálico esférico multidirecional com capacidade de 4.000 kN - fornecimento e instalação","un",25542.36]
[308295,"Aparelho de apoio metálico esférico multidirecional com capacidade de 4.500 kN - fornecimento e instalação","un",29475.8]
[308296,"Aparelho de apoio metálico esférico multidirecional com capacidade de 5.000 kN - fornecimento e instalação","un",32818.980000000003]
[308297,"Aparelho de apoio metálico esférico multidirecional com capacidade de 5.500 kN - fornecimento e instalação","un",35528.39]
[308298,"Aparelho de apoio metálico esférico multidirecional com capacidade de 6.000 kN - fornecimento e instalação","un",41873.980000000003]
[308299,"Aparelho de apoio metálico esférico multidirecional com capacidade de 6.500 kN - fornecimento e instalação","un",45225.75]
[308300,"Aparelho de apoio metálico esférico multidirecional com capacidade de 7.000 kN - fornecimento e instalação","un",48664.85]
[308301,"Aparelho de apoio metálico esférico multidirecional com capacidade de 7.500 kN - fornecimento e instalação","un",52487.42]
[308302,"Aparelho de apoio metálico esférico multidirecional com capacidade de 8.000 kN - fornecimento e instalação","un",56970.87]
[308303,"Aparelho de apoio metálico esférico multidirecional com capacidade de 8.500 kN - fornecimento e instalação","un",62170.5]
[308304,"Aparelho de apoio metálico esférico multidirecional com capacidade de 9.000 kN - fornecimento e instalação","un",65667.649999999994]
[308305,"Aparelho de apoio metálico esférico multidirecional com capacidade de 9.500 kN - fornecimento e instalação","un",69673.38]
[308269,"Aparelho de apoio metálico esférico unidirecional com capacidade de 1.000 kN - fornecimento e instalação","un",10637.8]
[308270,"Aparelho de apoio metálico esférico unidirecional com capacidade de 1.500 kN - fornecimento e instalação","un",14327.54]
[308287,"Aparelho de apoio metálico esférico unidirecional com capacidade de 10.000 kN - fornecimento e instalação","un",78593.36]
[308271,"Aparelho de apoio metálico esférico unidirecional com capacidade de 2.000 kN - fornecimento e instalação","un",17449.080000000002]
[308272,"Aparelho de apoio metálico esférico unidirecional com capacidade de 2.500 kN - fornecimento e instalação","un",20709.560000000001]
[308273,"Aparelho de apoio metálico esférico unidirecional com capacidade de 3.000 kN - fornecimento e instalação","un",23679.82]
[308274,"Aparelho de apoio metálico esférico unidirecional com capacidade de 3.500 kN - fornecimento e instalação","un",27448.06]
[308275,"Aparelho de apoio metálico esférico unidirecional com capacidade de 4.000 kN - fornecimento e instalação","un",30647.94]
[308276,"Aparelho de apoio metálico esférico unidirecional com capacidade de 4.500 kN - fornecimento e instalação","un",35238.69]
[308277,"Aparelho de apoio metálico esférico unidirecional com capacidade de 5.000 kN - fornecimento e instalação","un",38981.21]
[308278,"Aparelho de apoio metálico esférico unidirecional com capacidade de 5.500 kN - fornecimento e instalação","un",42176.11]
[308279,"Aparelho de apoio metálico esférico unidirecional com capacidade de 6.000 kN - fornecimento e instalação","un",47116.83]
[308280,"Aparelho de apoio metálico esférico unidirecional com capacidade de 6.500 kN - fornecimento e instalação","un",50503.79]
[308281,"Aparelho de apoio metálico esférico unidirecional com capacidade de 7.000 kN - fornecimento e instalação","un",54250.21]
[308282,"Aparelho de apoio metálico esférico unidirecional com capacidade de 7.500 kN - fornecimento e instalação","un",58193.04]
[308283,"Aparelho de apoio metálico esférico unidirecional com capacidade de 8.000 kN - fornecimento e instalação","un",61877.66]
[308284,"Aparelho de apoio metálico esférico unidirecional com capacidade de 8.500 kN - fornecimento e instalação","un",66660.94]
[308285,"Aparelho de apoio metálico esférico unidirecional com capacidade de 9.000 kN - fornecimento e instalação","un",70573.429999999993]
[308286,"Aparelho de apoio metálico esférico unidirecional com capacidade de 9.500 kN - fornecimento e instalação","un",74630.539999999994]
[307733,"Junta de dilatação em elastômero e perfil VV - L = 20 mm e H = 40 mm - fornecimento e instalação","m",263.10000000000002]
[307734,"Junta de dilatação em elastômero e perfil VV - L = 25 mm e H = 50 mm - fornecimento e instalação","m",317.85000000000002]
[307735,"Junta de dilatação em elastômero e perfil VV - L = 35 mm e H = 60 mm - fornecimento e instalação","m",417.29]
[307736,"Junta de dilatação em elastômero e perfil VV - L = 40 mm e H = 70 mm - fornecimento e instalação","m",556.98]
[307737,"Junta de dilatação em elastômero e perfil VV - L = 50 mm e H = 80 mm - fornecimento e instalação","m",587.03]
[307730,"Junta de dilatação em perfil extrudado de borracha vulcanizada","m",0]
[307084,"Lábios poliméricos em junta de pavimento de concreto - L = 20 mm e H = 30 mm - confecção e assentamento","m",33.1]
[407818,"Armação em aço CA-25 - fornecimento, preparo e colocação","kg",12.05]
[407819,"Armação em aço CA-50 - fornecimento, preparo e colocação","kg",12.41]
[407820,"Armação em aço CA-60 - fornecimento, preparo e colocação","kg",13.7]
[407740,"Chumbador tipo espera em aço CA-25 para fixação de estrutura metálica em concreto - fornecimento e instalação","kg",14.65]
[408037,"Luva de emenda com rosca cônica para aço CA-50 - D = 12,5 mm - fornecimento e instalação","un",20.97]
[408038,"Luva de emenda com rosca cônica para aço CA-50 - D = 16 mm - fornecimento e instalação","un",33.020000000000003]
[408039,"Luva de emenda com rosca cônica para aço CA-50 - D = 20 mm - fornecimento e instalação","un",44.67]
[408041,"Luva de emenda com rosca cônica para aço CA-50 - D = 25 mm - fornecimento e instalação","un",57.95]
[408042,"Luva de emenda com rosca cônica para aço CA-50 - D = 32 mm - fornecimento e instalação","un",83.27]
[408031,"Luva de emenda prensada para aço CA-50 - D = 12,5 mm - fornecimento e instalação","un",23.07]
[408032,"Luva de emenda prensada para aço CA-50 - D = 16 mm - fornecimento e instalação","un",31.66]
[408033,"Luva de emenda prensada para aço CA-50 - D = 20 mm - fornecimento e instalação","un",43.4]
[408035,"Luva de emenda prensada para aço CA-50 - D = 25 mm - fornecimento e instalação","un",73.239999999999995]
[408036,"Luva de emenda prensada para aço CA-50 - D = 32 mm - fornecimento e instalação","un",163.63999999999999]
[408067,"Tela de aço eletrossoldada - fornecimento, preparo e colocação","kg",11.99]
[407743,"Treliça nervurada três barras longitudinais interligadas por duas diagonais sinusoidal - fornecimento e instalação","kg",12.23]
[607137,"Arco metálico galvanizado tipo MP 152S - arco alto - vão = 10,08 m e altura = 6,12 m - aterro rodoviário mínimo = 0,90 m e máximo = 5,00 m - areia e brita comerciais","m",60638.81]
[606785,"Arco metálico galvanizado tipo MP 152S - arco alto - vão = 10,08 m e altura = 6,12 m - aterro rodoviário mínimo = 0,90 m e máximo = 5,00 m - areia extraída e brita produzida","m",59974.14]
[607139,"Arco metálico galvanizado tipo MP 152S - arco alto - vão = 10,31 m e altura = 6,17 m - aterro rodoviário mínimo = 0,90 m e máximo = 4,90 m - areia e brita comerciais","m",61450.82]
[606787,"Arco metálico galvanizado tipo MP 152S - arco alto - vão = 10,31 m e altura = 6,17 m - aterro rodoviário mínimo = 0,90 m e máximo = 4,90 m - areia extraída e brita produzida","m",60457.599999999999]
[607140,"Arco metálico galvanizado tipo MP 152S - arco alto - vão = 10,36 m e altura = 5,38 m - aterro rodoviário mínimo = 1,20 m e máximo = 3,60 m - areia e brita comerciais","m",56154.41]
[606788,"Arco metálico galvanizado tipo MP 152S - arco alto - vão = 10,36 m e altura = 5,38 m - aterro rodoviário mínimo = 1,20 m e máximo = 3,60 m - areia extraída e brita produzida","m",55882.94]
[607141,"Arco metálico galvanizado tipo MP 152S - arco alto - vão = 10,54 m e altura = 6,05 m - aterro rodoviário mínimo = 1,20 m e máximo = 4,20 m - areia e brita comerciais","m",62513.8]
[606789,"Arco metálico galvanizado tipo MP 152S - arco alto - vão = 10,54 m e altura = 6,05 m - aterro rodoviário mínimo = 1,20 m e máximo = 4,20 m - areia extraída e brita produzida","m",61823.040000000001]
[607144,"Arco metálico galvanizado tipo MP 152S - arco alto - vão = 10,57 m e altura = 5,41 m - aterro rodoviário mínimo = 1,20 m e máximo = 4,10 m - areia e brita comerciais","m",73324.52]
[606792,"Arco metálico galvanizado tipo MP 152S - arco alto - vão = 10,57 m e altura = 5,41 m - aterro rodoviário mínimo = 1,20 m e máximo = 4,10 m - areia extraída e brita produzida","m",72693.58]
[607142,"Arco metálico galvanizado tipo MP 152S - arco alto - vão = 10,74 m e altura = 6,48 m - aterro rodoviário mínimo = 1,20 m e máximo = 4,70 m - areia e brita comerciais","m",65559.14]
[606790,"Arco metálico galvanizado tipo MP 152S - arco alto - vão = 10,74 m e altura = 6,48 m - aterro rodoviário mínimo = 1,20 m e máximo = 4,70 m - areia extraída e brita produzida","m",64816.15]
[607145,"Arco metálico galvanizado tipo MP 152S - arco alto - vão = 10,77 m e altura = 6,10 m - aterro rodoviário mínimo = 1,20 m e máximo = 4,70 m - areia e brita comerciais","m",80895.039999999994]
[606793,"Arco metálico galvanizado tipo MP 152S - arco alto - vão = 10,77 m e altura = 6,10 m - aterro rodoviário mínimo = 1,20 m e máximo = 4,70 m - areia extraída e brita produzida","m",80189.39]
[607146,"Arco metálico galvanizado tipo MP 152S - arco alto - vão = 10,97 m e altura = 6,53 m - aterro rodoviário mínimo = 1,20 m e máximo = 4,70 m - areia e brita comerciais","m",84397.14]
[606794,"Arco metálico galvanizado tipo MP 152S - arco alto - vão = 10,97 m e altura = 6,53 m - aterro rodoviário mínimo = 1,20 m e máximo = 4,70 m - areia extraída e brita produzida","m",83631.259999999995]
[607143,"Arco metálico galvanizado tipo MP 152S - arco alto - vão = 11,35 m e altura = 7,12 m - aterro rodoviário mínimo = 1,20 m e máximo = 4,70 m - areia e brita comerciais","m",70815.360000000001]
[606791,"Arco metálico galvanizado tipo MP 152S - arco alto - vão = 11,35 m e altura = 7,12 m - aterro rodoviário mínimo = 1,20 m e máximo = 4,70 m - areia extraída e brita produzida","m",69959.97]
[607147,"Arco metálico galvanizado tipo MP 152S - arco alto - vão = 11,58 m e altura = 7,16 m - aterro rodoviário mínimo = 1,20 m e máximo = 6,40 m - areia e brita comerciais","m",91050.25]
[606795,"Arco metálico galvanizado tipo MP 152S - arco alto - vão = 11,58 m e altura = 7,16 m - aterro rodoviário mínimo = 1,20 m e máximo = 6,40 m - areia extraída e brita produzida","m",90167.72]
[607112,"Arco metálico galvanizado tipo MP 152S - arco alto - vão = 6,12 m e altura = 2,77 m - aterro rodoviário mínimo = 0,75 m e máximo = 5,40 m - areia e brita comerciais","m",29659.19]
[606760,"Arco metálico galvanizado tipo MP 152S - arco alto - vão = 6,12 m e altura = 2,77 m - aterro rodoviário mínimo = 0,75 m e máximo = 5,40 m - areia extraída e brita produzida","m",29427.85]
[607113,"Arco metálico galvanizado tipo MP 152S - arco alto - vão = 6,30 m e altura = 3,68 m - aterro rodoviário mínimo = 0,75 m e máximo = 7,50 m - areia e brita comerciais","m",36390.15]
[606761,"Arco metálico galvanizado tipo MP 152S - arco alto - vão = 6,30 m e altura = 3,68 m - aterro rodoviário mínimo = 0,75 m e máximo = 7,50 m - areia extraída e brita produzida","m",36124.22]
[606762,"Arco metálico galvanizado tipo MP 152S - arco alto - vão = 6,55 m e altura = 3,56 m - aterro rodoviário mínimo = 0,75 m e máximo = 4,9 m - areia extraída e brita produzida","m",34357.14]
[607114,"Arco metálico galvanizado tipo MP 152S - arco alto - vão = 6,55 m e altura = 3,56 m - aterro rodoviário mínimo = 0,75 m e máximo = 4,90 m - areia e brita comerciais","m",34628.089999999997]
[607116,"Arco metálico galvanizado tipo MP 152S - arco alto - vão = 6,78 m e altura = 3,61 m - aterro rodoviário mínimo = 0,75 m e máximo = 4,80 m - areia e brita comerciais","m",36540.33]
[606764,"Arco metálico galvanizado tipo MP 152S - arco alto - vão = 6,78 m e altura = 3,61 m - aterro rodoviário mínimo = 0,75 m e máximo = 4,80 m - areia extraída e brita produzida","m",36257.97]
[607115,"Arco metálico galvanizado tipo MP 152S - arco alto - vão = 6,96 m e altura = 4,42 m - aterro rodoviário mínimo = 0,75 m e máximo = 8,10 m - areia e brita comerciais","m",41484.82]
[606763,"Arco metálico galvanizado tipo MP 152S - arco alto - vão = 6,96 m e altura = 4,42 m - aterro rodoviário mínimo = 0,75 m e máximo = 8,10 m - areia extraída e brita produzida","m",41145.129999999997]
[607117,"Arco metálico galvanizado tipo MP 152S - arco alto - vão = 6,99 m e altura = 4,27 m - aterro rodoviário mínimo = 0,75 m e máximo = 5,70 m - areia e brita comerciais","m",41466.1]
[606765,"Arco metálico galvanizado tipo MP 152S - arco alto - vão = 6,99 m e altura = 4,27 m - aterro rodoviário mínimo = 0,75 m e máximo = 5,70 m - areia extraída e brita produzida","m",41135.730000000003]
[607118,"Arco metálico galvanizado tipo MP 152S - arco alto - vão = 7,01 m e altura = 3,63 m - aterro rodoviário mínimo = 0,75 m e máximo = 4,60 m - areia e brita comerciais","m",37181.96]
[606766,"Arco metálico galvanizado tipo MP 152S - arco alto - vão = 7,01 m e altura = 3,63 m - aterro rodoviário mínimo = 0,75 m e máximo = 4,60 m - areia extraída e brita produzida","m",36890.47]
[607120,"Arco metálico galvanizado tipo MP 152S - arco alto - vão = 7,24 m e altura = 3,68 m - aterro rodoviário mínimo = 0,90 m e máximo = 4,4 m - areia e brita comerciais","m",37863.08]
[606768,"Arco metálico galvanizado tipo MP 152S - arco alto - vão = 7,24 m e altura = 3,68 m - aterro rodoviário mínimo = 0,90 m e máximo = 4,40 m - areia extraída e brita produzida","m",37556.120000000003]
[607119,"Arco metálico galvanizado tipo MP 152S - arco alto - vão = 7,42 m e altura = 4,52 m - aterro rodoviário mínimo = 0,90 m e máximo = 6,40 m - areia e brita comerciais","m",43504.55]
[606767,"Arco metálico galvanizado tipo MP 152S - arco alto - vão = 7,42 m e altura = 4,52 m - aterro rodoviário mínimo = 0,90 m e máximo = 6,40 m - areia extraída e brita produzida","m",43130.21]
[607121,"Arco metálico galvanizado tipo MP 152S - arco alto - vão = 7,47 m e altura = 4,19 m - aterro rodoviário mínimo = 0,90 m e máximo = 4,30 m - areia e brita comerciais","m",41000.22]
[606769,"Arco metálico galvanizado tipo MP 152S - arco alto - vão = 7,47 m e altura = 4,19 m - aterro rodoviário mínimo = 0,90 m e máximo = 4,30 m - areia extraída e brita produzida","m",40650.25]
[607123,"Arco metálico galvanizado tipo MP 152S - arco alto - vão = 7,67 m e altura = 3,99 m - aterro rodoviário mínimo = 0,90 m e máximo = 4,10 m - areia e brita comerciais","m",40455.089999999997]
[606771,"Arco metálico galvanizado tipo MP 152S - arco alto - vão = 7,67 m e altura = 3,99 m - aterro rodoviário mínimo = 0,90 m e máximo = 4,10 m - areia extraída e brita produzida","m",40106.43]
[607122,"Arco metálico galvanizado tipo MP 152S - arco alto - vão = 7,85 m e altura = 4,60 m - aterro rodoviário mínimo = 0,90 m e máximo = 6,00 m - areia e brita comerciais","m",44858.06]
[606770,"Arco metálico galvanizado tipo MP 152S - arco alto - vão = 7,85 m e altura = 4,60 m - aterro rodoviário mínimo = 0,90 m e máximo = 6,00 m - areia extraída e brita produzida","m",44455.96]
[607125,"Arco metálico galvanizado tipo MP 152S - arco alto - vão = 7,90 m e altura = 4,04 m - aterro rodoviário mínimo = 0,90 m e máximo = 4,00 m - areia e brita comerciais","m",41807.5]
[606773,"Arco metálico galvanizado tipo MP 152S - arco alto - vão = 7,90 m e altura = 4,04 m - aterro rodoviário mínimo = 0,90 m e máximo = 4,00 m - areia extraída e brita produzida","m",41440.65]
[607124,"Arco metálico galvanizado tipo MP 152S - arco alto - vão = 8,08 m e altura = 4,65 m - aterro rodoviário mínimo = 0,90 m e máximo = 5,80 m - areia e brita comerciais","m",45531.199999999997]
[606772,"Arco metálico galvanizado tipo MP 152S - arco alto - vão = 8,08 m e altura = 4,65 m - aterro rodoviário mínimo = 0,90 m e máximo = 5,80 m - areia extraída e brita produzida","m",45116.23]
[607126,"Arco metálico galvanizado tipo MP 152S - arco alto - vão = 8,31 m e altura = 4,70 m - aterro rodoviário mínimo = 0,90 m e máximo = 5,60 m - areia e brita comerciais","m",46788.83]
[606774,"Arco metálico galvanizado tipo MP 152S - arco alto - vão = 8,31 m e altura = 4,70 m - aterro rodoviário mínimo = 0,90 m e máximo = 5,60 m - areia extraída e brita produzida","m",46353.86]
[607127,"Arco metálico galvanizado tipo MP 152S - arco alto - vão = 8,36 m e altura = 4,11 m - aterro rodoviário mínimo = 0,90 m e máximo = 3,70 m - areia e brita comerciais","m",43098.71]
[606775,"Arco metálico galvanizado tipo MP 152S - arco alto - vão = 8,36 m e altura = 4,11 m - aterro rodoviário mínimo = 0,90 m e máximo = 3,70 m - areia extraída e brita produzida","m",42709.82]
[607129,"Arco metálico galvanizado tipo MP 152S - arco alto - vão = 8,59 m e altura = 4,39 m - aterro rodoviário mínimo = 0,90 m e máximo = 3,60 m - areia e brita comerciais","m",45100.81]
[606777,"Arco metálico galvanizado tipo MP 152S - arco alto - vão = 8,59 m e altura = 4,39 m - aterro rodoviário mínimo = 0,90 m e máximo = 3,60 m - areia extraída e brita produzida","m",44674.91]
[607128,"Arco metálico galvanizado tipo MP 152S - arco alto - vão = 8,97 m e altura = 5,00 m - aterro rodoviário mínimo = 0,90 m e máximo = 5,80 m - areia e brita comerciais","m",49581.59]
[606776,"Arco metálico galvanizado tipo MP 152S - arco alto - vão = 8,97 m e altura = 5,00 m - aterro rodoviário mínimo = 0,90 m e máximo = 5,80 m - areia extraída e brita produzida","m",49083.96]
[607130,"Arco metálico galvanizado tipo MP 152S - arco alto - vão = 9,17 m e altura = 5,49 m - aterro rodoviário mínimo = 0,90 m e máximo = 5,60 m - areia e brita comerciais","m",52847.13]
[606778,"Arco metálico galvanizado tipo MP 152S - arco alto - vão = 9,17 m e altura = 5,49 m - aterro rodoviário mínimo = 0,90 m e máximo = 5,60 m - areia extraída e brita produzida","m",52300.15]
[607131,"Arco metálico galvanizado tipo MP 152S - arco alto - vão = 9,22 m e altura = 4,70 m - aterro rodoviário mínimo = 0,90 m e máximo = 4,10 m - areia e brita comerciais","m",49579.69]
[606779,"Arco metálico galvanizado tipo MP 152S - arco alto - vão = 9,22 m e altura = 4,70 m - aterro rodoviário mínimo = 0,90 m e máximo = 4,10 m - areia extraída e brita produzida","m",49095.79]
[607133,"Arco metálico galvanizado tipo MP 152S - arco alto - vão = 9,45 m e altura = 4,75 m - aterro rodoviário mínimo = 0,90 m e máximo = 4,00 m - areia e brita comerciais","m",50324.160000000003]
[606781,"Arco metálico galvanizado tipo MP 152S - arco alto - vão = 9,45 m e altura = 4,75 m - aterro rodoviário mínimo = 0,90 m e máximo = 4,00 m - areia extraída e brita produzida","m",49825.71]
[607132,"Arco metálico galvanizado tipo MP 152S - arco alto - vão = 9,63 m e altura = 5,59 m - aterro rodoviário mínimo = 0,90 m e máximo = 5,30 m - areia e brita comerciais","m",54881.98]
[606780,"Arco metálico galvanizado tipo MP 152S - arco alto - vão = 9,63 m e altura = 5,59 m - aterro rodoviário mínimo = 0,90 m e máximo = 5,30 m - areia extraída e brita produzida","m",54296.65]
[607134,"Arco metálico galvanizado tipo MP 152S - arco alto - vão = 9,65 m e altura = 5,41 m - aterro rodoviário mínimo = 0,90 m e máximo = 4,70 m - areia e brita comerciais","m",54336.49]
[606782,"Arco metálico galvanizado tipo MP 152S - arco alto - vão = 9,65 m e altura = 5,41 m - aterro rodoviário mínimo = 0,90 m e máximo = 4,70 m - areia extraída e brita produzida","m",53764.55]
[607136,"Arco metálico galvanizado tipo MP 152S - arco alto - vão = 9,68 m e altura = 5,23 m - aterro rodoviário mínimo = 0,90 m e máximo = 3,90 m - areia e brita comerciais","m",53608.45]
[606784,"Arco metálico galvanizado tipo MP 152S - arco alto - vão = 9,68 m e altura = 5,23 m - aterro rodoviário mínimo = 0,90 m e máximo = 3,90 m - areia extraída e brita produzida","m",53054.78]
[607135,"Arco metálico galvanizado tipo MP 152S - arco alto - vão = 9,86 m e altura = 6,07 m - aterro rodoviário mínimo = 0,90 m e máximo = 5,20 m - areia e brita comerciais","m",59778.02]
[606783,"Arco metálico galvanizado tipo MP 152S - arco alto - vão = 9,86 m e altura = 6,07 m - aterro rodoviário mínimo = 0,90 m e máximo = 5,20 m - areia extraída e brita produzida","m",59136.17]
[607138,"Arco metálico galvanizado tipo MP 152S - arco alto - vão = 9,91 m e altura = 5,28 m - aterro rodoviário mínimo = 0,90 m e máximo = 3,80 m - areia e brita comerciais","m",54529.919999999998]
[606786,"Arco metálico galvanizado tipo MP 152S - arco alto - vão = 9,91 m e altura = 5,28 m - aterro rodoviário mínimo = 0,90 m e máximo = 3,80 m - areia extraída e brita produzida","m",53940.1]
[606842,"Arco metálico galvanizado tipo MP 152S - ovoide - vão = 7,21 m e altura = 7,82 m - aterro rodoviário mínimo = 0,75 m e máximo = 6,70 m - areia e brita comerciais","m",67790.320000000007]
[606832,"Arco metálico galvanizado tipo MP 152S - ovoide - vão = 7,21 m e altura = 7,82 m - aterro rodoviário mínimo = 0,75 m e máximo = 6,70 m - areia extraída e brita produzida","m",67422.720000000001]
[606843,"Arco metálico galvanizado tipo MP 152S - ovoide - vão = 7,31 m e altura = 7,87 m - aterro rodoviário mínimo = 0,90 m e máximo = 6,80 m - areia e brita comerciais","m",70432.78]
[606833,"Arco metálico galvanizado tipo MP 152S - ovoide - vão = 7,31 m e altura = 7,87 m - aterro rodoviário mínimo = 0,90 m e máximo = 6,80 m - areia extraída e brita produzida","m",70047.839999999997]
[606845,"Arco metálico galvanizado tipo MP 152S - ovoide - vão = 7,57 m e altura = 8,44 m - aterro rodoviário mínimo = 0,90 m e máximo = 5,60 m - areia e brita comerciais","m",73013.460000000006]
[606835,"Arco metálico galvanizado tipo MP 152S - ovoide - vão = 7,57 m e altura = 8,44 m - aterro rodoviário mínimo = 0,90 m e máximo = 5,60 m - areia extraída e brita produzida","m",72628.679999999993]
[606844,"Arco metálico galvanizado tipo MP 152S - ovoide - vão = 7,77 m e altura = 7,90 m - aterro rodoviário mínimo = 0,90 m e máximo = 6,80 m - areia e brita comerciais","m",71528.27]
[606834,"Arco metálico galvanizado tipo MP 152S - ovoide - vão = 7,77 m e altura = 7,90 m - aterro rodoviário mínimo = 0,90 m e máximo = 6,80 m - areia extraída e brita produzida","m",71132.460000000006]
[606847,"Arco metálico galvanizado tipo MP 152S - ovoide - vão = 8,13 m e altura = 8,01 m - aterro rodoviário mínimo = 0,90 m e máximo = 3,50 m - areia e brita comerciais","m",76364.5]
[606837,"Arco metálico galvanizado tipo MP 152S - ovoide - vão = 8,13 m e altura = 8,01 m - aterro rodoviário mínimo = 0,90 m e máximo = 3,50 m - areia extraída e brita produzida","m",75933.789999999994]
[606846,"Arco metálico galvanizado tipo MP 152S - ovoide - vão = 8,36 m e altura = 8,23 m - aterro rodoviário mínimo = 0,90 m e máximo = 4,30 m - areia e brita comerciais","m",78184.86]
[606836,"Arco metálico galvanizado tipo MP 152S - ovoide - vão = 8,36 m e altura = 8,23 m - aterro rodoviário mínimo = 0,90 m e máximo = 4,30 m - areia extraída e brita produzida","m",77748.95]
[606848,"Arco metálico galvanizado tipo MP 152S - ovoide - vão = 8,56 m e altura = 8,48 m - aterro rodoviário mínimo = 0,90 m e máximo = 5,30 m - areia e brita comerciais","m",77107.899999999994]
[606838,"Arco metálico galvanizado tipo MP 152S - ovoide - vão = 8,56 m e altura = 8,48 m - aterro rodoviário mínimo = 0,90 m e máximo = 5,30 m - areia extraída e brita produzida","m",76655.27]
[606849,"Arco metálico galvanizado tipo MP 152S - ovoide - vão = 8,71 m e altura = 9,32 m - aterro rodoviário mínimo = 0,90 m e máximo = 6,00 m - areia e brita comerciais","m",83299.789999999994]
[606839,"Arco metálico galvanizado tipo MP 152S - ovoide - vão = 8,71 m e altura = 9,32 m - aterro rodoviário mínimo = 0,90 m e máximo = 6,00 m - areia extraída e brita produzida","m",82856.75]
[606850,"Arco metálico galvanizado tipo MP 152S - ovoide - vão = 9,15 m e altura = 9,04 m - aterro rodoviário mínimo = 0,90 m e máximo = 4,70 m - areia e brita comerciais","m",83998.26]
[606840,"Arco metálico galvanizado tipo MP 152S - ovoide - vão = 9,15 m e altura = 9,04 m - aterro rodoviário mínimo = 0,90 m e máximo = 4,70 m - areia extraída e brita produzida","m",83515.78]
[606851,"Arco metálico galvanizado tipo MP 152S - ovoide - vão = 9,15 m e altura = 9,50 m - aterro rodoviário mínimo = 0,90 m e máximo = 5,70 m - areia e brita comerciais","m",84764.22]
[606841,"Arco metálico galvanizado tipo MP 152S - ovoide - vão = 9,15 m e altura = 9,50 m - aterro rodoviário mínimo = 0,90 m e máximo = 5,70 m - areia extraída e brita produzida","m",84300.56]
[605604,"Argamassa de solo-cimento com 10% de cimento e material de jazida - preparo e injeção em tunnel liner","m³",295.10000000000002]
[605695,"Bueiro metálico com chapas múltiplas MP 100 com revestimento em epóxi - D = 0,60 m - brita comercial","m",1617.46]
[605607,"Bueiro metálico com chapas múltiplas MP 100 com revestimento em epóxi - D = 0,60 m - brita produzida","m",1586.95]
[605696,"Bueiro metálico com chapas múltiplas MP 100 com revestimento em epóxi - D = 0,70 m - brita comercial","m",1861.84]
[605608,"Bueiro metálico com chapas múltiplas MP 100 com revestimento em epóxi - D = 0,70 m - brita produzida","m",1829.42]
[605697,"Bueiro metálico com chapas múltiplas MP 100 com revestimento em epóxi - D = 0,80 m - brita comercial","m",2106.2399999999998]
[605609,"Bueiro metálico com chapas múltiplas MP 100 com revestimento em epóxi - D = 0,80 m - brita produzida","m",2071.92]
[605698,"Bueiro metálico com chapas múltiplas MP 100 com revestimento em epóxi - D = 0,90 m - brita comercial","m",2302.9699999999998]
[605610,"Bueiro metálico com chapas múltiplas MP 100 com revestimento em epóxi - D = 0,90 m - brita produzida","m",2266.7399999999998]
[605699,"Bueiro metálico com chapas múltiplas MP 100 com revestimento em epóxi - D = 1,00 m - brita comercial","m",2547.3200000000002]
[605611,"Bueiro metálico com chapas múltiplas MP 100 com revestimento em epóxi - D = 1,00 m - brita produzida","m",2509.1799999999998]
[605700,"Bueiro metálico com chapas múltiplas MP 100 com revestimento em epóxi - D = 1,10 m - brita comercial","m",2887.16]
[605612,"Bueiro metálico com chapas múltiplas MP 100 com revestimento em epóxi - D = 1,10 m - brita produzida","m",2847.12]
[605701,"Bueiro metálico com chapas múltiplas MP 100 com revestimento em epóxi - D = 1,20 m - brita comercial","m",3083.86]
[605613,"Bueiro metálico com chapas múltiplas MP 100 com revestimento em epóxi - D = 1,20 m - brita produzida","m",3041.91]
[605702,"Bueiro metálico com chapas múltiplas MP 100 com revestimento em epóxi - D = 1,30 m - brita comercial","m",3370.25]
[605614,"Bueiro metálico com chapas múltiplas MP 100 com revestimento em epóxi - D = 1,30 m - brita produzida","m",3304.46]
[605703,"Bueiro metálico com chapas múltiplas MP 100 com revestimento em epóxi - D = 1,40 m - brita comercial","m",3571.23]
[605615,"Bueiro metálico com chapas múltiplas MP 100 com revestimento em epóxi - D = 1,40 m - brita produzida","m",3502.58]
[605704,"Bueiro metálico com chapas múltiplas MP 100 com revestimento em epóxi - D = 1,50 m - brita comercial","m",3820.46]
[605616,"Bueiro metálico com chapas múltiplas MP 100 com revestimento em epóxi - D = 1,50 m - brita produzida","m",3748.96]
[605705,"Bueiro metálico com chapas múltiplas MP 100 com revestimento em epóxi - D = 1,60 m - brita comercial","m",4073.27]
[605617,"Bueiro metálico com chapas múltiplas MP 100 com revestimento em epóxi - D = 1,60 m - brita produzida","m",3998.9]
[605706,"Bueiro metálico com chapas múltiplas MP 100 com revestimento em epóxi - D = 1,70 m - brita comercial","m",4279.6400000000003]
[605618,"Bueiro metálico com chapas múltiplas MP 100 com revestimento em epóxi - D = 1,70 m - brita produzida","m",4202.41]
[605707,"Bueiro metálico com chapas múltiplas MP 100 com revestimento em epóxi - D = 1,80 m - brita comercial","m",4737.7700000000004]
[605619,"Bueiro metálico com chapas múltiplas MP 100 com revestimento em epóxi - D = 1,80 m - brita produzida","m",4657.68]
[605708,"Bueiro metálico com chapas múltiplas MP 100 com revestimento em epóxi - D = 1,90 m - brita comercial","m",5554.07]
[605620,"Bueiro metálico com chapas múltiplas MP 100 com revestimento em epóxi - D = 1,90 m - brita produzida","m",5471.12]
[605709,"Bueiro metálico com chapas múltiplas MP 100 com revestimento em epóxi - D = 2,00 m - brita comercial","m",5819.46]
[605621,"Bueiro metálico com chapas múltiplas MP 100 com revestimento em epóxi - D = 2,00 m - brita produzida","m",5733.65]
[605710,"Bueiro metálico com chapas múltiplas MP 100 com revestimento em epóxi - D = 2,10 m - brita comercial","m",6247.28]
[605622,"Bueiro metálico com chapas múltiplas MP 100 com revestimento em epóxi - D = 2,10 m - brita produzida","m",6158.62]
[605711,"Bueiro metálico com chapas múltiplas MP 100 com revestimento em epóxi - D = 2,20 m - brita comercial","m",6454.04]
[605623,"Bueiro metálico com chapas múltiplas MP 100 com revestimento em epóxi - D = 2,20 m - brita produzida","m",6362.51]
[605712,"Bueiro metálico com chapas múltiplas MP 100 com revestimento em epóxi - D = 2,30 m - brita comercial","m",6789.56]
[605624,"Bueiro metálico com chapas múltiplas MP 100 com revestimento em epóxi - D = 2,30 m - brita produzida","m",6695.17]
[605713,"Bueiro metálico com chapas múltiplas MP 100 com revestimento em epóxi - D = 2,40 m - brita comercial","m",9107.27]
[605625,"Bueiro metálico com chapas múltiplas MP 100 com revestimento em epóxi - D = 2,40 m - brita produzida","m",9010.02]
[605714,"Bueiro metálico com chapas múltiplas MP 100 com revestimento em epóxi - D = 2,50 m - brita comercial","m",11468.67]
[605626,"Bueiro metálico com chapas múltiplas MP 100 com revestimento em epóxi - D = 2,50 m - brita produzida","m",11368.57]
[605715,"Bueiro metálico com chapas múltiplas MP 100 com revestimento em epóxi - D = 2,60 m - brita comercial","m",12237.05]
[605627,"Bueiro metálico com chapas múltiplas MP 100 com revestimento em epóxi - D = 2,60 m - brita produzida","m",12134.08]
[605716,"Bueiro metálico com chapas múltiplas MP 100 com revestimento em epóxi - D = 2,70 m - brita comercial","m",12679.95]
[605628,"Bueiro metálico com chapas múltiplas MP 100 com revestimento em epóxi - D = 2,70 m - brita produzida","m",12574.13]
[605717,"Bueiro metálico com chapas múltiplas MP 100 com revestimento em epóxi - D = 2,80 m - brita comercial","m",13497.44]
[605629,"Bueiro metálico com chapas múltiplas MP 100 com revestimento em epóxi - D = 2,80 m - brita produzida","m",13388.76]
[605651,"Bueiro metálico com chapas múltiplas MP 100 galvanizadas - D = 0,60 m - brita comercial","m",1528.35]
[605460,"Bueiro metálico com chapas múltiplas MP 100 galvanizadas - D = 0,60 m - brita produzida","m",1497.84]
[605652,"Bueiro metálico com chapas múltiplas MP 100 galvanizadas - D = 0,70 m - brita comercial","m",1758.8]
[605461,"Bueiro metálico com chapas múltiplas MP 100 galvanizadas - D = 0,70 m - brita produzida","m",1726.38]
[605653,"Bueiro metálico com chapas múltiplas MP 100 galvanizadas - D = 0,80 m - brita comercial","m",1989.28]
[605462,"Bueiro metálico com chapas múltiplas MP 100 galvanizadas - D = 0,80 m - brita produzida","m",1954.96]
[605654,"Bueiro metálico com chapas múltiplas MP 100 galvanizadas - D = 0,90 m - brita comercial","m",2174.88]
[605463,"Bueiro metálico com chapas múltiplas MP 100 galvanizadas - D = 0,90 m - brita produzida","m",2138.65]
[605655,"Bueiro metálico com chapas múltiplas MP 100 galvanizadas - D = 1,00 m - brita comercial","m",2405.29]
[605464,"Bueiro metálico com chapas múltiplas MP 100 galvanizadas - D = 1,00 m - brita produzida","m",2367.16]
[605656,"Bueiro metálico com chapas múltiplas MP 100 galvanizadas - D = 1,10 m - brita comercial","m",2725.64]
[605465,"Bueiro metálico com chapas múltiplas MP 100 galvanizadas - D = 1,10 m - brita produzida","m",2685.59]
[605657,"Bueiro metálico com chapas múltiplas MP 100 galvanizadas - D = 1,20 m - brita comercial","m",2911.2]
[605466,"Bueiro metálico com chapas múltiplas MP 100 galvanizadas - D = 1,20 m - brita produzida","m",2869.25]
[605658,"Bueiro metálico com chapas múltiplas MP 100 galvanizadas - D = 1,30 m - brita comercial","m",3183.67]
[605467,"Bueiro metálico com chapas múltiplas MP 100 galvanizadas - D = 1,30 m - brita produzida","m",3117.88]
[605659,"Bueiro metálico com chapas múltiplas MP 100 galvanizadas - D = 1,40 m - brita comercial","m",3373.51]
[605468,"Bueiro metálico com chapas múltiplas MP 100 galvanizadas - D = 1,40 m - brita produzida","m",3304.86]
[605660,"Bueiro metálico com chapas múltiplas MP 100 galvanizadas - D = 1,50 m - brita comercial","m",3608.82]
[605469,"Bueiro metálico com chapas múltiplas MP 100 galvanizadas - D = 1,50 m - brita produzida","m",3537.32]
[605661,"Bueiro metálico com chapas múltiplas MP 100 galvanizadas - D = 1,60 m - brita comercial","m",3847.7]
[605470,"Bueiro metálico com chapas múltiplas MP 100 galvanizadas - D = 1,60 m - brita produzida","m",3773.34]
[605662,"Bueiro metálico com chapas múltiplas MP 100 galvanizadas - D = 1,70 m - brita comercial","m",4042.93]
[605471,"Bueiro metálico com chapas múltiplas MP 100 galvanizadas - D = 1,70 m - brita produzida","m",3965.71]
[605663,"Bueiro metálico com chapas múltiplas MP 100 galvanizadas - D = 1,80 m - brita comercial","m",4487.12]
[605472,"Bueiro metálico com chapas múltiplas MP 100 galvanizadas - D = 1,80 m - brita produzida","m",4407.04]
[605664,"Bueiro metálico com chapas múltiplas MP 100 galvanizadas - D = 1,90 m - brita comercial","m",5253.7]
[605473,"Bueiro metálico com chapas múltiplas MP 100 galvanizadas - D = 1,90 m - brita produzida","m",5170.75]
[605665,"Bueiro metálico com chapas múltiplas MP 100 galvanizadas - D = 2,00 m - brita comercial","m",5502.86]
[605474,"Bueiro metálico com chapas múltiplas MP 100 galvanizadas - D = 2,00 m - brita produzida","m",5417.05]
[605666,"Bueiro metálico com chapas múltiplas MP 100 galvanizadas - D = 2,10 m - brita comercial","m",5909.04]
[605475,"Bueiro metálico com chapas múltiplas MP 100 galvanizadas - D = 2,10 m - brita produzida","m",5820.37]
[605667,"Bueiro metálico com chapas múltiplas MP 100 galvanizadas - D = 2,20 m - brita comercial","m",6107.67]
[605476,"Bueiro metálico com chapas múltiplas MP 100 galvanizadas - D = 2,20 m - brita produzida","m",6016.14]
[605668,"Bueiro metálico com chapas múltiplas MP 100 galvanizadas - D = 2,30 m - brita comercial","m",6429.67]
[605477,"Bueiro metálico com chapas múltiplas MP 100 galvanizadas - D = 2,30 m - brita produzida","m",6335.28]
[605669,"Bueiro metálico com chapas múltiplas MP 100 galvanizadas - D = 2,40 m - brita comercial","m",8439.64]
[605478,"Bueiro metálico com chapas múltiplas MP 100 galvanizadas - D = 2,40 m - brita produzida","m",8342.39]
[605670,"Bueiro metálico com chapas múltiplas MP 100 galvanizadas - D = 2,50 m - brita comercial","m",10627.34]
[605479,"Bueiro metálico com chapas múltiplas MP 100 galvanizadas - D = 2,50 m - brita produzida","m",10527.24]
[605671,"Bueiro metálico com chapas múltiplas MP 100 galvanizadas - D = 2,60 m - brita comercial","m",11347.83]
[605480,"Bueiro metálico com chapas múltiplas MP 100 galvanizadas - D = 2,60 m - brita produzida","m",11244.87]
[605672,"Bueiro metálico com chapas múltiplas MP 100 galvanizadas - D = 2,70 m - brita comercial","m",11773.63]
[605481,"Bueiro metálico com chapas múltiplas MP 100 galvanizadas - D = 2,70 m - brita produzida","m",11667.8]
[605673,"Bueiro metálico com chapas múltiplas MP 100 galvanizadas - D = 2,80 m - brita comercial","m",12546.67]
[605482,"Bueiro metálico com chapas múltiplas MP 100 galvanizadas - D = 2,80 m - brita produzida","m",12437.98]
[605718,"Bueiro metálico com chapas múltiplas MP 152 com revestimento em epóxi - D = 1,50 m - brita comercial","m",7602.59]
[605630,"Bueiro metálico com chapas múltiplas MP 152 com revestimento em epóxi - D = 1,50 m - brita produzida","m",7531.09]
[605719,"Bueiro metálico com chapas múltiplas MP 152 com revestimento em epóxi - D = 1,80 m - brita comercial","m",9403.4699999999993]
[605631,"Bueiro metálico com chapas múltiplas MP 152 com revestimento em epóxi - D = 1,80 m - brita produzida","m",9323.3799999999992]
[605720,"Bueiro metálico com chapas múltiplas MP 152 com revestimento em epóxi - D = 1,90 m - brita comercial","m",9703.15]
[605632,"Bueiro metálico com chapas múltiplas MP 152 com revestimento em epóxi - D = 1,90 m - brita produzida","m",9620.2000000000007]
[605721,"Bueiro metálico com chapas múltiplas MP 152 com revestimento em epóxi - D = 2,15 m - brita comercial","m",10994.97]
[605633,"Bueiro metálico com chapas múltiplas MP 152 com revestimento em epóxi - D = 2,15 m - brita produzida","m",10904.87]
[605722,"Bueiro metálico com chapas múltiplas MP 152 com revestimento em epóxi - D = 2,30 m - brita comercial","m",11645.93]
[605634,"Bueiro metálico com chapas múltiplas MP 152 com revestimento em epóxi - D = 2,30 m - brita produzida","m",11551.55]
[605723,"Bueiro metálico com chapas múltiplas MP 152 com revestimento em epóxi - D = 2,65 m - brita comercial","m",13627.03]
[605635,"Bueiro metálico com chapas múltiplas MP 152 com revestimento em epóxi - D = 2,65 m - brita produzida","m",13522.63]
[605724,"Bueiro metálico com chapas múltiplas MP 152 com revestimento em epóxi - D = 3,05 m - brita comercial","m",15567.35]
[605636,"Bueiro metálico com chapas múltiplas MP 152 com revestimento em epóxi - D = 3,05 m - brita produzida","m",15422.91]
[605725,"Bueiro metálico com chapas múltiplas MP 152 com revestimento em epóxi - D = 3,20 m - brita comercial","m",16525.599999999999]
[605637,"Bueiro metálico com chapas múltiplas MP 152 com revestimento em epóxi - D = 3,20 m - brita produzida","m",16376.87]
[605726,"Bueiro metálico com chapas múltiplas MP 152 com revestimento em epóxi - D = 3,40 m - brita comercial","m",17490.45]
[605638,"Bueiro metálico com chapas múltiplas MP 152 com revestimento em epóxi - D = 3,40 m - brita produzida","m",17335.990000000002]
[605727,"Bueiro metálico com chapas múltiplas MP 152 com revestimento em epóxi - D = 3,65 m - brita comercial","m",18746.189999999999]
[605639,"Bueiro metálico com chapas múltiplas MP 152 com revestimento em epóxi - D = 3,65 m - brita produzida","m",18584.59]
[605728,"Bueiro metálico com chapas múltiplas MP 152 com revestimento em epóxi - D = 3,80 m - brita comercial","m",19444]
[605640,"Bueiro metálico com chapas múltiplas MP 152 com revestimento em epóxi - D = 3,80 m - brita produzida","m",19278.11]
[605729,"Bueiro metálico com chapas múltiplas MP 152 com revestimento em epóxi - D = 4,20 m - brita comercial","m",21358.17]
[605641,"Bueiro metálico com chapas múltiplas MP 152 com revestimento em epóxi - D = 4,20 m - brita produzida","m",21180.84]
[605730,"Bueiro metálico com chapas múltiplas MP 152 com revestimento em epóxi - D = 4,60 m - brita comercial","m",23324.9]
[605642,"Bueiro metálico com chapas múltiplas MP 152 com revestimento em epóxi - D = 4,60 m - brita produzida","m",23136.13]
[605731,"Bueiro metálico com chapas múltiplas MP 152 com revestimento em epóxi - D = 4,80 m - brita comercial","m",29566.26]
[605643,"Bueiro metálico com chapas múltiplas MP 152 com revestimento em epóxi - D = 4,80 m - brita produzida","m",29371.77]
[605732,"Bueiro metálico com chapas múltiplas MP 152 com revestimento em epóxi - D = 5,00 m - brita comercial","m",30572.1]
[605644,"Bueiro metálico com chapas múltiplas MP 152 com revestimento em epóxi - D = 5,00 m - brita produzida","m",30338.52]
[605733,"Bueiro metálico com chapas múltiplas MP 152 com revestimento em epóxi - D = 5,35 m - brita comercial","m",37233.769999999997]
[605645,"Bueiro metálico com chapas múltiplas MP 152 com revestimento em epóxi - D = 5,35 m - brita produzida","m",36988.51]
[605734,"Bueiro metálico com chapas múltiplas MP 152 com revestimento em epóxi - D = 5,70 m - brita comercial","m",39995.120000000003]
[605646,"Bueiro metálico com chapas múltiplas MP 152 com revestimento em epóxi - D = 5,70 m - brita produzida","m",39738.18]
[605735,"Bueiro metálico com chapas múltiplas MP 152 com revestimento em epóxi - D = 6,10 m - brita comercial","m",49308.86]
[605647,"Bueiro metálico com chapas múltiplas MP 152 com revestimento em epóxi - D = 6,10 m - brita produzida","m",49038.57]
[605736,"Bueiro metálico com chapas múltiplas MP 152 com revestimento em epóxi - D = 6,50 m - brita comercial","m",63016.5]
[605648,"Bueiro metálico com chapas múltiplas MP 152 com revestimento em epóxi - D = 6,50 m - brita produzida","m",62732.86]
[605737,"Bueiro metálico com chapas múltiplas MP 152 com revestimento em epóxi - D = 6,85 m - brita comercial","m",66994.22]
[605649,"Bueiro metálico com chapas múltiplas MP 152 com revestimento em epóxi - D = 6,85 m - brita produzida","m",66698.899999999994]
[605738,"Bueiro metálico com chapas múltiplas MP 152 com revestimento em epóxi - D = 7,25 m - brita comercial","m",71009.62]
[605650,"Bueiro metálico com chapas múltiplas MP 152 com revestimento em epóxi - D = 7,25 m - brita produzida","m",70700.960000000006]
[605674,"Bueiro metálico com chapas múltiplas MP 152 galvanizadas - D = 1,50 m - brita comercial","m",7347.85]
[605483,"Bueiro metálico com chapas múltiplas MP 152 galvanizadas - D = 1,50 m - brita produzida","m",7276.34]
[605675,"Bueiro metálico com chapas múltiplas MP 152 galvanizadas - D = 1,80 m - brita comercial","m",9095.4500000000007]
[605484,"Bueiro metálico com chapas múltiplas MP 152 galvanizadas - D = 1,80 m - brita produzida","m",9015.36]
[605676,"Bueiro metálico com chapas múltiplas MP 152 galvanizadas - D = 1,90 m - brita comercial","m",9385.14]
[605485,"Bueiro metálico com chapas múltiplas MP 152 galvanizadas - D = 1,90 m - brita produzida","m",9302.19]
[605677,"Bueiro metálico com chapas múltiplas MP 152 galvanizadas - D = 2,15 m - brita comercial","m",10633.67]
[605486,"Bueiro metálico com chapas múltiplas MP 152 galvanizadas - D = 2,15 m - brita produzida","m",10543.57]
[605678,"Bueiro metálico com chapas múltiplas MP 152 galvanizadas - D = 2,30 m - brita comercial","m",11264.64]
[605487,"Bueiro metálico com chapas múltiplas MP 152 galvanizadas - D = 2,30 m - brita produzida","m",11170.26]
[605679,"Bueiro metálico com chapas múltiplas MP 152 galvanizadas - D = 2,65 m - brita comercial","m",13180.82]
[605488,"Bueiro metálico com chapas múltiplas MP 152 galvanizadas - D = 2,65 m - brita produzida","m",13076.42]
[605680,"Bueiro metálico com chapas múltiplas MP 152 galvanizadas - D = 3,05 m - brita comercial","m",15057.87]
[605489,"Bueiro metálico com chapas múltiplas MP 152 galvanizadas - D = 3,05 m - brita produzida","m",14913.43]
[605681,"Bueiro metálico com chapas múltiplas MP 152 galvanizadas - D = 3,20 m - brita comercial","m",15984.48]
[605490,"Bueiro metálico com chapas múltiplas MP 152 galvanizadas - D = 3,20 m - brita produzida","m",15835.75]
[605682,"Bueiro metálico com chapas múltiplas MP 152 galvanizadas - D = 3,40 m - brita comercial","m",16917.689999999999]
[605491,"Bueiro metálico com chapas múltiplas MP 152 galvanizadas - D = 3,40 m - brita produzida","m",16763.240000000002]
[605683,"Bueiro metálico com chapas múltiplas MP 152 galvanizadas - D = 3,65 m - brita comercial","m",18131.810000000001]
[605492,"Bueiro metálico com chapas múltiplas MP 152 galvanizadas - D = 3,65 m - brita produzida","m",17970.21]
[605684,"Bueiro metálico com chapas múltiplas MP 152 galvanizadas - D = 3,80 m - brita comercial","m",18807.97]
[605493,"Bueiro metálico com chapas múltiplas MP 152 galvanizadas - D = 3,80 m - brita produzida","m",18642.080000000002]
[605685,"Bueiro metálico com chapas múltiplas MP 152 galvanizadas - D = 4,20 m - brita comercial","m",20657.22]
[605494,"Bueiro metálico com chapas múltiplas MP 152 galvanizadas - D = 4,20 m - brita produzida","m",20479.88]
[605686,"Bueiro metálico com chapas múltiplas MP 152 galvanizadas - D = 4,60 m - brita comercial","m",22560.67]
[605495,"Bueiro metálico com chapas múltiplas MP 152 galvanizadas - D = 4,60 m - brita produzida","m",22371.9]
[605687,"Bueiro metálico com chapas múltiplas MP 152 galvanizadas - D = 4,80 m - brita comercial","m",25790.080000000002]
[605496,"Bueiro metálico com chapas múltiplas MP 152 galvanizadas - D = 4,80 m - brita produzida","m",25595.58]
[605688,"Bueiro metálico com chapas múltiplas MP 152 galvanizadas - D = 5,00 m - brita comercial","m",26689.279999999999]
[605497,"Bueiro metálico com chapas múltiplas MP 152 galvanizadas - D = 5,00 m - brita produzida","m",26455.7]
[605689,"Bueiro metálico com chapas múltiplas MP 152 galvanizadas - D = 5,35 m - brita comercial","m",33468.410000000003]
[605498,"Bueiro metálico com chapas múltiplas MP 152 galvanizadas - D = 5,35 m - brita produzida","m",33223.15]
[605690,"Bueiro metálico com chapas múltiplas MP 152 galvanizadas - D = 5,70 m - brita comercial","m",35960.46]
[605499,"Bueiro metálico com chapas múltiplas MP 152 galvanizadas - D = 5,70 m - brita produzida","m",35703.519999999997]
[605691,"Bueiro metálico com chapas múltiplas MP 152 galvanizadas - D = 6,10 m - brita comercial","m",44174.26]
[605500,"Bueiro metálico com chapas múltiplas MP 152 galvanizadas - D = 6,10 m - brita produzida","m",43903.97]
[605692,"Bueiro metálico com chapas múltiplas MP 152 galvanizadas - D = 6,50 m - brita comercial","m",52942.02]
[605501,"Bueiro metálico com chapas múltiplas MP 152 galvanizadas - D = 6,50 m - brita produzida","m",52658.38]
[605693,"Bueiro metálico com chapas múltiplas MP 152 galvanizadas - D = 6,85 m - brita comercial","m",56329.45]
[605502,"Bueiro metálico com chapas múltiplas MP 152 galvanizadas - D = 6,85 m - brita produzida","m",56034.13]
[605694,"Bueiro metálico com chapas múltiplas MP 152 galvanizadas - D = 7,25 m - brita comercial","m",59754.59]
[605503,"Bueiro metálico com chapas múltiplas MP 152 galvanizadas - D = 7,25 m - brita produzida","m",59445.93]
[606433,"Bueiro metálico com chapas múltiplas MP 152 galvanizadas - lenticular - vão = 1,95 m e altura = 1,40 m - aterro rodoviário mínimo = 0,60 m e máximo = 8,40 m - brita comercial","m",8848.08]
[606343,"Bueiro metálico com chapas múltiplas MP 152 galvanizadas - lenticular - vão = 1,95 m e altura = 1,40 m - aterro rodoviário mínimo = 0,60 m e máximo = 8,40 m - brita produzida","m",8763.7099999999991]
[606434,"Bueiro metálico com chapas múltiplas MP 152 galvanizadas - lenticular - vão = 2,15 m e altura = 1,50 m - aterro rodoviário mínimo = 0,60 m e máximo = 7,50 m - brita comercial","m",9782.01]
[606344,"Bueiro metálico com chapas múltiplas MP 152 galvanizadas - lenticular - vão = 2,15 m e altura = 1,50 m - aterro rodoviário mínimo = 0,60 m e máximo = 7,50 m - brita produzida","m",9691.92]
[606435,"Bueiro metálico com chapas múltiplas MP 152 galvanizadas - lenticular - vão = 2,30 m e altura = 1,60 m - aterro rodoviário mínimo = 0,60 m e máximo = 7,20 m - brita comercial","m",10680.53]
[606345,"Bueiro metálico com chapas múltiplas MP 152 galvanizadas - lenticular - vão = 2,30 m e altura = 1,60 m - aterro rodoviário mínimo = 0,60 m e máximo = 7,20 m - brita produzida","m",10586.14]
[606436,"Bueiro metálico com chapas múltiplas MP 152 galvanizadas - lenticular - vão = 2,55 m e altura = 1,65 m - aterro rodoviário mínimo = 0,60 m e máximo = 6,50 m - brita comercial","m",11354.79]
[606346,"Bueiro metálico com chapas múltiplas MP 152 galvanizadas - lenticular - vão = 2,55 m e altura = 1,65 m - aterro rodoviário mínimo = 0,60 m e máximo = 6,50 m - brita produzida","m",11253.26]
[606437,"Bueiro metálico com chapas múltiplas MP 152 galvanizadas - lenticular - vão = 2,70 m e altura = 1,85 m - aterro rodoviário mínimo = 0,60 m e máximo = 6,60 m - brita comercial","m",12289.16]
[606347,"Bueiro metálico com chapas múltiplas MP 152 galvanizadas - lenticular - vão = 2,70 m e altura = 1,85 m - aterro rodoviário mínimo = 0,60 m e máximo = 6,60 m - brita produzida","m",12183.33]
[606438,"Bueiro metálico com chapas múltiplas MP 152 galvanizadas - lenticular - vão = 2,75 m e altura = 1,90 m - aterro rodoviário mínimo = 0,60 m e máximo = 6,50 m - brita comercial","m",12617.16]
[606348,"Bueiro metálico com chapas múltiplas MP 152 galvanizadas - lenticular - vão = 2,75 m e altura = 1,90 m - aterro rodoviário mínimo = 0,60 m e máximo = 6,50 m - brita produzida","m",12509.9]
[606439,"Bueiro metálico com chapas múltiplas MP 152 galvanizadas - lenticular - vão = 3,00 m e altura = 2,00 m - aterro rodoviário mínimo = 0,60 m e máximo = 6,00 m - brita comercial","m",13306.49]
[606349,"Bueiro metálico com chapas múltiplas MP 152 galvanizadas - lenticular - vão = 3,00 m e altura = 2,00 m - aterro rodoviário mínimo = 0,60 m e máximo = 6,00 m - brita produzida","m",13163.48]
[606440,"Bueiro metálico com chapas múltiplas MP 152 galvanizadas - lenticular - vão = 3,20 m e altura = 2,10 m - aterro rodoviário mínimo = 0,60 m e máximo = 5,60 m - brita comercial","m",13916.71]
[606350,"Bueiro metálico com chapas múltiplas MP 152 galvanizadas - lenticular - vão = 3,20 m e altura = 2,10 m - aterro rodoviário mínimo = 0,60 m e máximo = 5,60 m - brita produzida","m",13767.98]
[606441,"Bueiro metálico com chapas múltiplas MP 152 galvanizadas - lenticular - vão = 3,35 m e altura = 2,15 m - aterro rodoviário mínimo = 0,60 m e máximo = 5,30 m - brita comercial","m",14577.65]
[606351,"Bueiro metálico com chapas múltiplas MP 152 galvanizadas - lenticular - vão = 3,35 m e altura = 2,15 m - aterro rodoviário mínimo = 0,60 m e máximo = 5,30 m - brita produzida","m",14424.62]
[606442,"Bueiro metálico com chapas múltiplas MP 152 galvanizadas - lenticular - vão = 3,55 m e altura = 2,25 m - aterro rodoviário mínimo = 0,60 m e máximo = 5,00 m - brita comercial","m",15214.35]
[606352,"Bueiro metálico com chapas múltiplas MP 152 galvanizadas - lenticular - vão = 3,55 m e altura = 2,25 m - aterro rodoviário mínimo = 0,60 m e máximo = 5,00 m - brita produzida","m",15055.61]
[606443,"Bueiro metálico com chapas múltiplas MP 152 galvanizadas - lenticular - vão = 3,70 m e altura = 2,35 m - aterro rodoviário mínimo = 0,60 m e máximo = 4,90 m - brita comercial","m",16133.07]
[606353,"Bueiro metálico com chapas múltiplas MP 152 galvanizadas - lenticular - vão = 3,70 m e altura = 2,35 m - aterro rodoviário mínimo = 0,60 m e máximo = 4,90 m - brita produzida","m",15970.04]
[606444,"Bueiro metálico com chapas múltiplas MP 152 galvanizadas - lenticular - vão = 3,90 m e altura = 2,45 m - aterro rodoviário mínimo = 0,60 m e máximo = 4,60 m - brita comercial","m",16833.16]
[606354,"Bueiro metálico com chapas múltiplas MP 152 galvanizadas - lenticular - vão = 3,90 m e altura = 2,45 m - aterro rodoviário mínimo = 0,60 m e máximo = 4,60 m - brita produzida","m",16664.400000000001]
[606445,"Bueiro metálico com chapas múltiplas MP 152 galvanizadas - lenticular - vão = 4,00 m e altura = 2,55 m - aterro rodoviário mínimo = 0,60 m e máximo = 4,50 m - brita comercial","m",17488.759999999998]
[606355,"Bueiro metálico com chapas múltiplas MP 152 galvanizadas - lenticular - vão = 4,00 m e altura = 2,55 m - aterro rodoviário mínimo = 0,60 m e máximo = 4,50 m - brita produzida","m",17317.150000000001]
[606446,"Bueiro metálico com chapas múltiplas MP 152 galvanizadas - lenticular - vão = 4,15 m e altura = 2,80 m - aterro rodoviário mínimo = 0,60 m e máximo = 6,80 m - brita comercial","m",18126.13]
[606356,"Bueiro metálico com chapas múltiplas MP 152 galvanizadas - lenticular - vão = 4,15 m e altura = 2,80 m - aterro rodoviário mínimo = 0,60 m e máximo = 6,80 m - brita produzida","m",17950.22]
[606447,"Bueiro metálico com chapas múltiplas MP 152 galvanizadas - lenticular - vão = 4,40 m e altura = 2,90 m - aterro rodoviário mínimo = 0,60 m e máximo = 6,40 m - brita comercial","m",18833.91]
[606357,"Bueiro metálico com chapas múltiplas MP 152 galvanizadas - lenticular - vão = 4,40 m e altura = 2,90 m - aterro rodoviário mínimo = 0,60 m e máximo = 6,40 m - brita produzida","m",18620.349999999999]
[606448,"Bueiro metálico com chapas múltiplas MP 152 galvanizadas - lenticular - vão = 4,60 m e altura = 3,00 m - aterro rodoviário mínimo = 0,60 m e máximo = 6,10 m - brita comercial","m",19815.560000000001]
[606358,"Bueiro metálico com chapas múltiplas MP 152 galvanizadas - lenticular - vão = 4,60 m e altura = 3,00 m - aterro rodoviário mínimo = 0,60 m e máximo = 6,10 m - brita produzida","m",19595.330000000002]
[606449,"Bueiro metálico com chapas múltiplas MP 152 galvanizadas - lenticular - vão = 4,80 m e altura = 3,05 m - aterro rodoviário mínimo = 0,60 m e máximo = 5,80 m - brita comercial","m",24430.27]
[606359,"Bueiro metálico com chapas múltiplas MP 152 galvanizadas - lenticular - vão = 4,80 m e altura = 3,05 m - aterro rodoviário mínimo = 0,60 m e máximo = 5,80 m - brita produzida","m",24203.360000000001]
[606450,"Bueiro metálico com chapas múltiplas MP 152 galvanizadas - lenticular - vão = 5,05 m e altura = 3,15 m - aterro rodoviário mínimo = 0,90 m e máximo = 5,50 m - brita comercial","m",25406.31]
[606360,"Bueiro metálico com chapas múltiplas MP 152 galvanizadas - lenticular - vão = 5,05 m e altura = 3,15 m - aterro rodoviário mínimo = 0,90 m e máximo = 5,50 m - brita produzida","m",25171.05]
[606451,"Bueiro metálico com chapas múltiplas MP 152 galvanizadas - lenticular - vão = 5,25 m e altura = 3,25 m - aterro rodoviário mínimo = 0,90 m e máximo = 5,30 m - brita comercial","m",26222.959999999999]
[606361,"Bueiro metálico com chapas múltiplas MP 152 galvanizadas - lenticular - vão = 5,25 m e altura = 3,25 m - aterro rodoviário mínimo = 0,90 m e máximo = 5,30 m - brita produzida","m",25981.040000000001]
[606452,"Bueiro metálico com chapas múltiplas MP 152 galvanizadas - lenticular - vão = 5,45 m e altura = 3,35 m - aterro rodoviário mínimo = 0,90 m e máximo = 5,10 m - brita comercial","m",29887.26]
[606362,"Bueiro metálico com chapas múltiplas MP 152 galvanizadas - lenticular - vão = 5,45 m e altura = 3,35 m - aterro rodoviário mínimo = 0,90 m e máximo = 5,10 m - brita produzida","m",29638.66]
[606453,"Bueiro metálico com chapas múltiplas MP 152 galvanizadas - lenticular - vão = 5,60 m e altura = 3,40 m - aterro rodoviário mínimo = 0,90 m e máximo = 4,90 m - brita comercial","m",30348.73]
[606363,"Bueiro metálico com chapas múltiplas MP 152 galvanizadas - lenticular - vão = 5,60 m e altura = 3,40 m - aterro rodoviário mínimo = 0,90 m e máximo = 4,90 m - brita produzida","m",30095.13]
[606454,"Bueiro metálico com chapas múltiplas MP 152 galvanizadas - lenticular - vão = 5,80 m e altura = 3,50 m - aterro rodoviário mínimo = 0,90 m e máximo = 4,70 m - brita comercial","m",36235.79]
[606364,"Bueiro metálico com chapas múltiplas MP 152 galvanizadas - lenticular - vão = 5,80 m e altura = 3,50 m - aterro rodoviário mínimo = 0,90 m e máximo = 4,70 m - brita produzida","m",35975.51]
[606455,"Bueiro metálico com chapas múltiplas MP 152 galvanizadas - lenticular - vão = 5,90 m e altura = 3,55 m - aterro rodoviário mínimo = 0,90 m e máximo = 4,70 m - brita comercial","m",36816.28]
[606365,"Bueiro metálico com chapas múltiplas MP 152 galvanizadas - lenticular - vão = 5,90 m e altura = 3,55 m - aterro rodoviário mínimo = 0,90 m e máximo = 4,70 m - brita produzida","m",36552.67]
[606456,"Bueiro metálico com chapas múltiplas MP 152 galvanizadas - lenticular - vão = 6,10 m e altura = 3,65 m - aterro rodoviário mínimo = 0,90 m e máximo = 4,50 m - brita comercial","m",38229.14]
[606366,"Bueiro metálico com chapas múltiplas MP 152 galvanizadas - lenticular - vão = 6,10 m e altura = 3,65 m - aterro rodoviário mínimo = 0,90 m e máximo = 4,50 m - brita produzida","m",37958.85]
[606457,"Bueiro metálico com chapas múltiplas MP 152 galvanizadas - lenticular - vão = 6,25 m e altura = 3,65 m - aterro rodoviário mínimo = 0,90 m e máximo = 4,30 m - brita comercial","m",38842.06]
[606367,"Bueiro metálico com chapas múltiplas MP 152 galvanizadas - lenticular - vão = 6,25 m e altura = 3,65 m - aterro rodoviário mínimo = 0,90 m e máximo = 4,30 m - brita produzida","m",38566.769999999997]
[606458,"Bueiro metálico com chapas múltiplas MP 152 galvanizadas - lenticular - vão = 6,40 m e altura = 3,75 m - aterro rodoviário mínimo = 0,90 m e máximo = 4,30 m - brita comercial","m",52798.25]
[606368,"Bueiro metálico com chapas múltiplas MP 152 galvanizadas - lenticular - vão = 6,40 m e altura = 3,75 m - aterro rodoviário mínimo = 0,90 m e máximo = 4,30 m - brita produzida","m",52517.95]
[606459,"Bueiro metálico com chapas múltiplas MP 152 galvanizadas - lenticular - vão = 6,60 m e altura = 3,85 m - aterro rodoviário mínimo = 0,90 m e máximo = 4,10 m - brita comercial","m",54928.67]
[606369,"Bueiro metálico com chapas múltiplas MP 152 galvanizadas - lenticular - vão = 6,60 m e altura = 3,85 m - aterro rodoviário mínimo = 0,90 m e máximo = 4,10 m - brita produzida","m",54641.69]
[606479,"Bueiro metálico com chapas múltiplas MP 152 galvanizadas - passagem de gado - vão = 2,20 m e altura = 2,25 m -aterro rodoviário mínimo = 0,30 m e máximo = 8,90 m - brita comercial","m",12402.47]
[606460,"Bueiro metálico com chapas múltiplas MP 152 galvanizadas - passagem de gado - vão = 2,20 m e altura = 2,25 m -aterro rodoviário mínimo = 0,30 m e máximo = 8,90 m - brita produzida","m",12295.68]
[606480,"Bueiro metálico com chapas múltiplas MP 152 galvanizadas - passagem de gado - vão = 2,90 m e altura = 3,10 m - aterro rodoviário mínimo = 0,60 m e máximo = 11,40 m - brita comercial","m",16169.94]
[606461,"Bueiro metálico com chapas múltiplas MP 152 galvanizadas - passagem de gado - vão = 2,90 m e altura = 3,10 m - aterro rodoviário mínimo = 0,60 m e máximo = 11,40 m - brita produzida","m",16039.8]
[606481,"Bueiro metálico com chapas múltiplas MP 152 galvanizadas - passagem inferior - vão = 3,70 m e altura = 3,50 m - aterro rodoviário mínimo = 0,60 m e máximo = 10,30 m - brita comercial","m",18823.939999999999]
[606462,"Bueiro metálico com chapas múltiplas MP 152 galvanizadas - passagem inferior - vão = 3,70 m e altura = 3,50 m - aterro rodoviário mínimo = 0,60 m e máximo = 10,30 m - brita produzida","m",18633.740000000002]
[606482,"Bueiro metálico com chapas múltiplas MP 152 galvanizadas - passagem inferior - vão = 3,90 m e altura = 3,60 m - aterro rodoviário mínimo = 0,60 m e máximo = 9,80 m - brita comercial","m",19802.400000000001]
[606463,"Bueiro metálico com chapas múltiplas MP 152 galvanizadas - passagem inferior - vão = 3,90 m e altura = 3,60 m - aterro rodoviário mínimo = 0,60 m e máximo = 9,80 m - brita produzida","m",19605.52]
[606483,"Bueiro metálico com chapas múltiplas MP 152 galvanizadas - passagem inferior - vão = 4,00 m e altura = 3,75 m - aterro rodoviário mínimo = 0,60 m e máximo = 9,50 m - brita comercial","m",20304.84]
[606464,"Bueiro metálico com chapas múltiplas MP 152 galvanizadas - passagem inferior - vão = 4,00 m e altura = 3,75 m - aterro rodoviário mínimo = 0,60 m e máximo = 9,50 m - brita produzida","m",20104.63]
[606484,"Bueiro metálico com chapas múltiplas MP 152 galvanizadas - passagem inferior - vão = 4,20 m e altura = 3,90 m - aterro rodoviário mínimo = 0,60 m e máximo = 9,10 m - brita comercial","m",21002.03]
[606465,"Bueiro metálico com chapas múltiplas MP 152 galvanizadas - passagem inferior - vão = 4,20 m e altura = 3,90 m - aterro rodoviário mínimo = 0,60 m e máximo = 9,10 m - brita produzida","m",20795.14]
[606485,"Bueiro metálico com chapas múltiplas MP 152 galvanizadas - passagem inferior - vão = 4,25 m e altura = 4,10 m - aterro rodoviário mínimo = 0,60 m e máximo = 8,90 m - brita comercial","m",21670.83]
[606466,"Bueiro metálico com chapas múltiplas MP 152 galvanizadas - passagem inferior - vão = 4,25 m e altura = 4,10 m - aterro rodoviário mínimo = 0,60 m e máximo = 8,90 m - brita produzida","m",21462.28]
[606486,"Bueiro metálico com chapas múltiplas MP 152 galvanizadas - passagem inferior - vão = 4,40 m e altura = 4,25 m - aterro rodoviário mínimo = 0,60 m e máximo = 8,60 m - brita comercial","m",22619.29]
[606467,"Bueiro metálico com chapas múltiplas MP 152 galvanizadas - passagem inferior - vão = 4,40 m e altura = 4,25 m - aterro rodoviário mínimo = 0,60 m e máximo = 8,60 m - brita produzida","m",22405.73]
[606487,"Bueiro metálico com chapas múltiplas MP 152 galvanizadas - passagem inferior - vão = 4,50 m e altura = 4,40 m - aterro rodoviário mínimo = 0,60 m e máximo = 8,40 m - brita comercial","m",23274.84]
[606468,"Bueiro metálico com chapas múltiplas MP 152 galvanizadas - passagem inferior - vão = 4,50 m e altura = 4,40 m - aterro rodoviário mínimo = 0,60 m e máximo = 8,40 m - brita produzida","m",23057.94]
[606488,"Bueiro metálico com chapas múltiplas MP 152 galvanizadas - passagem inferior - vão = 4,70 m e altura = 4,50 m - aterro rodoviário mínimo = 0,60 m e máximo = 8,90 m - brita comercial","m",28757.97]
[606469,"Bueiro metálico com chapas múltiplas MP 152 galvanizadas - passagem inferior - vão = 4,70 m e altura = 4,50 m - aterro rodoviário mínimo = 0,60 m e máximo = 8,90 m - brita produzida","m",28534.400000000001]
[606489,"Bueiro metálico com chapas múltiplas MP 152 galvanizadas - passagem inferior - vão = 4,80 m e altura = 4,75 m - aterro rodoviário mínimo = 0,90 m e máximo = 9,00 m - brita comercial","m",30329.77]
[606470,"Bueiro metálico com chapas múltiplas MP 152 galvanizadas - passagem inferior - vão = 4,80 m e altura = 4,75 m - aterro rodoviário mínimo = 0,90 m e máximo = 9,00 m - brita produzida","m",30102.86]
[606490,"Bueiro metálico com chapas múltiplas MP 152 galvanizadas - passagem inferior - vão = 5,00 m e altura = 4,85 m - aterro rodoviário mínimo = 0,90 m e máximo = 8,60 m - brita comercial","m",31215.119999999999]
[606471,"Bueiro metálico com chapas múltiplas MP 152 galvanizadas - passagem inferior - vão = 5,00 m e altura = 4,85 m - aterro rodoviário mínimo = 0,90 m e máximo = 8,60 m - brita produzida","m",30981.54]
[606491,"Bueiro metálico com chapas múltiplas MP 152 galvanizadas - passagem inferior - vão = 5,15 m e altura = 4,90 m - aterro rodoviário mínimo = 0,90 m e máximo = 8,50 m - brita comercial","m",32084.03]
[606472,"Bueiro metálico com chapas múltiplas MP 152 galvanizadas - passagem inferior - vão = 5,15 m e altura = 4,90 m - aterro rodoviário mínimo = 0,90 m e máximo = 8,50 m - brita produzida","m",31845.439999999999]
[606492,"Bueiro metálico com chapas múltiplas MP 152 galvanizadas - passagem inferior - vão = 5,25 m e altura = 5,00 m - aterro rodoviário mínimo = 0,90 m e máximo = 8,40 m - brita comercial","m",32733.39]
[606473,"Bueiro metálico com chapas múltiplas MP 152 galvanizadas - passagem inferior - vão = 5,25 m e altura = 5,00 m - aterro rodoviário mínimo = 0,90 m e máximo = 8,40 m - brita produzida","m",32491.46]
[606493,"Bueiro metálico com chapas múltiplas MP 152 galvanizadas - passagem inferior - vão = 5,30 m e altura = 5,30 m - aterro rodoviário mínimo = 0,90 m e máximo = 9,60 m - brita comercial","m",34482.69]
[606474,"Bueiro metálico com chapas múltiplas MP 152 galvanizadas - passagem inferior - vão = 5,30 m e altura = 5,30 m - aterro rodoviário mínimo = 0,90 m e máximo = 9,60 m - brita produzida","m",34239.1]
[606494,"Bueiro metálico com chapas múltiplas MP 152 galvanizadas - passagem inferior - vão = 5,65 m e altura = 5,25 m - aterro rodoviário mínimo = 0,90 m e máximo = 9,00 m - brita comercial","m",39827.269999999997]
[606475,"Bueiro metálico com chapas múltiplas MP 152 galvanizadas - passagem inferior - vão = 5,65 m e altura = 5,25 m - aterro rodoviário mínimo = 0,90 m e máximo = 9,00 m - brita produzida","m",39572]
[606495,"Bueiro metálico com chapas múltiplas MP 152 galvanizadas - passagem inferior - vão = 5,85 m e altura = 5,30 m - aterro rodoviário mínimo = 0,90 m e máximo = 8,40 m - brita comercial","m",46902.82]
[606476,"Bueiro metálico com chapas múltiplas MP 152 galvanizadas - passagem inferior - vão = 5,85 m e altura = 5,30 m - aterro rodoviário mínimo = 0,90 m e máximo = 8,40 m - brita produzida","m",46640.87]
[606496,"Bueiro metálico com chapas múltiplas MP 152 galvanizadas - passagem inferior - vão = 6,00 m e altura = 5,45 m - aterro rodoviário mínimo = 0,90 m e máximo = 8,30 m - brita comercial","m",48014.91]
[606477,"Bueiro metálico com chapas múltiplas MP 152 galvanizadas - passagem inferior - vão = 6,00 m e altura = 5,45 m - aterro rodoviário mínimo = 0,90 m e máximo = 8,30 m - brita produzida","m",47747.96]
[606497,"Bueiro metálico com chapas múltiplas MP 152 galvanizadas - passagem inferior - vão = 6,25 m e altura = 5,50 m - aterro rodoviário mínimo = 0,90 m e máximo = 7,90 m - brita comercial","m",49309.03]
[606478,"Bueiro metálico com chapas múltiplas MP 152 galvanizadas - passagem inferior - vão = 6,25 m e altura = 5,50 m - aterro rodoviário mínimo = 0,90 m e máximo = 7,90 m - brita produzida","m",49033.74]
[605835,"Bueiro metálico sem interrupção de tráfego - D = 1,20 m - chapa com epóxi - escavado em material de 1ª categoria - aterro ferroviário máximo = 12,90 m","m",7091.48]
[605571,"Bueiro metálico sem interrupção de tráfego - D = 1,20 m - chapa com epóxi - escavado em material de 1ª categoria - aterro rodoviário máximo = 9,00 m","m",6270.85]
[605850,"Bueiro metálico sem interrupção de tráfego - D = 1,20 m - chapa com epóxi - escavado em material de 2ª categoria - aterro ferroviário máximo = 12,90 m","m",7563.57]
[605582,"Bueiro metálico sem interrupção de tráfego - D = 1,20 m - chapa com epóxi - escavado em material de 2ª categoria - aterro rodoviário máximo = 9,00 m","m",6742.95]
[605889,"Bueiro metálico sem interrupção de tráfego - D = 1,20 m - chapa com epóxi - escavado em material de 3ª categoria - aterro ferroviário máximo = 12,90 m","m",8320.27]
[605593,"Bueiro metálico sem interrupção de tráfego - D = 1,20 m - chapa com epóxi - escavado em material de 3ª categoria - aterro rodoviário máximo = 9,00 m","m",7499.64]
[605739,"Bueiro metálico sem interrupção de tráfego - D = 1,20 m - chapa galvanizada - escavado em material de 1ª categoria - aterro ferroviário máximo = 12,90 m","m",6838.15]
[605504,"Bueiro metálico sem interrupção de tráfego - D = 1,20 m - chapa galvanizada - escavado em material de 1ª categoria - aterro rodoviário máximo = 9,00 m","m",5968.28]
[605781,"Bueiro metálico sem interrupção de tráfego - D = 1,20 m - chapa galvanizada - escavado em material de 2ª categoria - aterro ferroviário máximo = 12,90 m","m",7310.25]
[605524,"Bueiro metálico sem interrupção de tráfego - D = 1,20 m - chapa galvanizada - escavado em material de 2ª categoria - aterro rodoviário máximo = 9,00 m","m",6440.38]
[605815,"Bueiro metálico sem interrupção de tráfego - D = 1,20 m - chapa galvanizada - escavado em material de 3ª categoria - aterro ferroviário máximo = 12,90 m","m",8066.94]
[605544,"Bueiro metálico sem interrupção de tráfego - D = 1,20 m - chapa galvanizada - escavado em material de 3ª categoria - aterro rodoviário máximo = 9,00 m","m",7197.07]
[605836,"Bueiro metálico sem interrupção de tráfego - D = 1,40 m - chapa com epóxi - escavado em material de 1ª categoria - aterro ferroviário máximo = 11,00 m","m",8033.71]
[605572,"Bueiro metálico sem interrupção de tráfego - D = 1,40 m - chapa com epóxi - escavado em material de 1ª categoria - aterro rodoviário máximo = 7,70 m","m",7146.78]
[605851,"Bueiro metálico sem interrupção de tráfego - D = 1,40 m - chapa com epóxi - escavado em material de 2ª categoria - aterro ferroviário máximo = 11,00 m","m",8650.32]
[605583,"Bueiro metálico sem interrupção de tráfego - D = 1,40 m - chapa com epóxi - escavado em material de 2ª categoria - aterro rodoviário máximo = 7,70 m","m",7763.4]
[605890,"Bueiro metálico sem interrupção de tráfego - D = 1,40 m - chapa com epóxi - escavado em material de 3ª categoria - aterro ferroviário máximo = 11,00 m","m",9638.66]
[605594,"Bueiro metálico sem interrupção de tráfego - D = 1,40 m - chapa com epóxi - escavado em material de 3ª categoria - aterro rodoviário máximo = 7,70 m","m",8751.73]
[605740,"Bueiro metálico sem interrupção de tráfego - D = 1,40 m - chapa galvanizada - escavado em material de 1ª categoria - aterro ferroviário máximo = 11,00 m","m",7748.18]
[605505,"Bueiro metálico sem interrupção de tráfego - D = 1,40 m - chapa galvanizada - escavado em material de 1ª categoria - aterro rodoviário máximo = 7,70 m","m",6803.25]
[605782,"Bueiro metálico sem interrupção de tráfego - D = 1,40 m - chapa galvanizada - escavado em material de 2ª categoria - aterro ferroviário máximo = 11,00 m","m",8364.7999999999993]
[605525,"Bueiro metálico sem interrupção de tráfego - D = 1,40 m - chapa galvanizada - escavado em material de 2ª categoria - aterro rodoviário máximo = 7,70 m","m",7419.87]
[605816,"Bueiro metálico sem interrupção de tráfego - D = 1,40 m - chapa galvanizada - escavado em material de 3ª categoria - aterro ferroviário máximo = 11,00 m","m",9353.1299999999992]
[605545,"Bueiro metálico sem interrupção de tráfego - D = 1,40 m - chapa galvanizada - escavado em material de 3ª categoria - aterro rodoviário máximo = 7,70 m","m",8408.2000000000007]
[605837,"Bueiro metálico sem interrupção de tráfego - D = 1,60 m - chapa com epóxi - escavado em material de 1ª categoria - aterro ferroviário máximo = 9,60 m","m",9552.06]
[605573,"Bueiro metálico sem interrupção de tráfego - D = 1,60 m - chapa com epóxi - escavado em material de 1ª categoria - aterro rodoviário máximo = 6,70 m","m",8612.42]
[605852,"Bueiro metálico sem interrupção de tráfego - D = 1,60 m - chapa com epóxi - escavado em material de 2ª categoria - aterro ferroviário máximo = 9,60 m","m",10332.459999999999]
[605584,"Bueiro metálico sem interrupção de tráfego - D = 1,60 m - chapa com epóxi - escavado em material de 2ª categoria - aterro rodoviário máximo = 6,70 m","m",9392.83]
[605891,"Bueiro metálico sem interrupção de tráfego - D = 1,60 m - chapa com epóxi - escavado em material de 3ª categoria - aterro ferroviário máximo = 9,60 m","m",11583.32]
[605595,"Bueiro metálico sem interrupção de tráfego - D = 1,60 m - chapa com epóxi - escavado em material de 3ª categoria - aterro rodoviário máximo = 6,70 m","m",10643.69]
[605741,"Bueiro metálico sem interrupção de tráfego - D = 1,60 m - chapa galvanizada - escavado em material de 1ª categoria - aterro ferroviário máximo = 9,60 m","m",9219.2999999999993]
[605506,"Bueiro metálico sem interrupção de tráfego - D = 1,60 m - chapa galvanizada - escavado em material de 1ª categoria - aterro rodoviário máximo = 6,70 m","m",8205.85]
[605783,"Bueiro metálico sem interrupção de tráfego - D = 1,60 m - chapa galvanizada - escavado em material de 2ª categoria - aterro ferroviário máximo = 9,60 m","m",9999.7099999999991]
[605526,"Bueiro metálico sem interrupção de tráfego - D = 1,60 m - chapa galvanizada - escavado em material de 2ª categoria - aterro rodoviário máximo = 6,70 m","m",8986.25]
[605817,"Bueiro metálico sem interrupção de tráfego - D = 1,60 m - chapa galvanizada - escavado em material de 3ª categoria - aterro ferroviário máximo = 9,60 m","m",11250.57]
[605546,"Bueiro metálico sem interrupção de tráfego - D = 1,60 m - chapa galvanizada - escavado em material de 3ª categoria - aterro rodoviário máximo = 6,70 m","m",10237.11]
[605838,"Bueiro metálico sem interrupção de tráfego - D = 1,80 m - chapa com epóxi - escavado em material de 1ª categoria - aterro ferroviário máximo = 8,00 m","m",10875.65]
[605574,"Bueiro metálico sem interrupção de tráfego - D = 1,80 m - chapa com epóxi - escavado em material de 1ª categoria - aterro rodoviário máximo = 6,00 m","m",9806.06]
[605853,"Bueiro metálico sem interrupção de tráfego - D = 1,80 m - chapa com epóxi - escavado em material de 2ª categoria - aterro ferroviário máximo = 8,00 m","m",11839.11]
[605585,"Bueiro metálico sem interrupção de tráfego - D = 1,80 m - chapa com epóxi - escavado em material de 2ª categoria - aterro rodoviário máximo = 6,00 m","m",10769.52]
[605892,"Bueiro metálico sem interrupção de tráfego - D = 1,80 m - chapa com epóxi - escavado em material de 3ª categoria - aterro ferroviário máximo = 8,00 m","m",13383.38]
[605596,"Bueiro metálico sem interrupção de tráfego - D = 1,80 m - chapa com epóxi - escavado em material de 3ª categoria - aterro rodoviário máximo = 6,00 m","m",12313.79]
[605742,"Bueiro metálico sem interrupção de tráfego - D = 1,80 m - chapa galvanizada - escavado em material de 1ª categoria - aterro ferroviário máximo = 8,00 m","m",10495.66]
[605507,"Bueiro metálico sem interrupção de tráfego - D = 1,80 m - chapa galvanizada - escavado em material de 1ª categoria - aterro rodoviário máximo = 6,00 m","m",9342.76]
[605784,"Bueiro metálico sem interrupção de tráfego - D = 1,80 m - chapa galvanizada - escavado em material de 2ª categoria - aterro ferroviário máximo = 8,00 m","m",11459.12]
[605527,"Bueiro metálico sem interrupção de tráfego - D = 1,80 m - chapa galvanizada - escavado em material de 2ª categoria - aterro rodoviário máximo = 6,00 m","m",10306.219999999999]
[605818,"Bueiro metálico sem interrupção de tráfego - D = 1,80 m - chapa galvanizada - escavado em material de 3ª categoria - aterro ferroviário máximo = 8,00 m","m",13003.39]
[605547,"Bueiro metálico sem interrupção de tráfego - D = 1,80 m - chapa galvanizada - escavado em material de 3ª categoria - aterro rodoviário máximo = 6,00 m","m",11850.49]
[605839,"Bueiro metálico sem interrupção de tráfego - D = 2,00 m - chapa com epóxi - escavado em material de 1ª categoria - aterro ferroviário máximo = 6,90 m","m",12235.23]
[605575,"Bueiro metálico sem interrupção de tráfego - D = 2,00 m - chapa com epóxi - escavado em material de 1ª categoria - aterro rodoviário máximo = 5,40 m","m",11059.25]
[605854,"Bueiro metálico sem interrupção de tráfego - D = 2,00 m - chapa com epóxi - escavado em material de 2ª categoria - aterro ferroviário máximo = 6,90 m","m",13401.02]
[605586,"Bueiro metálico sem interrupção de tráfego - D = 2,00 m - chapa com epóxi - escavado em material de 2ª categoria - aterro rodoviário máximo = 5,40 m","m",12225.04]
[605893,"Bueiro metálico sem interrupção de tráfego - D = 2,00 m - chapa com epóxi - escavado em material de 3ª categoria - aterro ferroviário máximo = 6,90 m","m",15269.59]
[605597,"Bueiro metálico sem interrupção de tráfego - D = 2,00 m - chapa com epóxi - escavado em material de 3ª categoria - aterro rodoviário máximo = 5,40 m","m",14093.61]
[605743,"Bueiro metálico sem interrupção de tráfego - D = 2,00 m - chapa galvanizada - escavado em material de 1ª categoria - aterro ferroviário máximo = 6,90 m","m",11816.6]
[605508,"Bueiro metálico sem interrupção de tráfego - D = 2,00 m - chapa galvanizada - escavado em material de 1ª categoria - aterro rodoviário máximo = 5,40 m","m",10548.68]
[605785,"Bueiro metálico sem interrupção de tráfego - D = 2,00 m - chapa galvanizada - escavado em material de 2ª categoria - aterro ferroviário máximo = 6,90 m","m",12982.39]
[605528,"Bueiro metálico sem interrupção de tráfego - D = 2,00 m - chapa galvanizada - escavado em material de 2ª categoria - aterro rodoviário máximo = 5,40 m","m",11714.47]
[605819,"Bueiro metálico sem interrupção de tráfego - D = 2,00 m - chapa galvanizada - escavado em material de 3ª categoria - aterro ferroviário máximo = 6,90 m","m",14850.96]
[605548,"Bueiro metálico sem interrupção de tráfego - D = 2,00 m - chapa galvanizada - escavado em material de 3ª categoria - aterro rodoviário máximo = 5,40 m","m",13583.04]
[605840,"Bueiro metálico sem interrupção de tráfego - D = 2,20 m - chapa com epóxi - escavado em material de 1ª categoria - aterro ferroviário máximo = 7,90 m","m",15881.14]
[605576,"Bueiro metálico sem interrupção de tráfego - D = 2,20 m - chapa com epóxi - escavado em material de 1ª categoria - aterro rodoviário máximo = 4,90 m","m",12471.17]
[605855,"Bueiro metálico sem interrupção de tráfego - D = 2,20 m - chapa com epóxi - escavado em material de 2ª categoria - aterro ferroviário máximo = 7,90 m","m",17268.52]
[605587,"Bueiro metálico sem interrupção de tráfego - D = 2,20 m - chapa com epóxi - escavado em material de 2ª categoria - aterro rodoviário máximo = 4,90 m","m",13858.56]
[605898,"Bueiro metálico sem interrupção de tráfego - D = 2,20 m - chapa com epóxi - escavado em material de 3ª categoria - aterro ferroviário máximo = 7,90 m","m",19492.27]
[605598,"Bueiro metálico sem interrupção de tráfego - D = 2,20 m - chapa com epóxi - escavado em material de 3ª categoria - aterro rodoviário máximo = 4,90 m","m",16082.31]
[605744,"Bueiro metálico sem interrupção de tráfego - D = 2,20 m - chapa galvanizada - escavado em material de 1ª categoria - aterro ferroviário máximo = 7,90 m","m",14999.01]
[605509,"Bueiro metálico sem interrupção de tráfego - D = 2,20 m - chapa galvanizada - escavado em material de 1ª categoria - aterro rodoviário máximo = 4,90 m","m",11907.02]
[605787,"Bueiro metálico sem interrupção de tráfego - D = 2,20 m - chapa galvanizada - escavado em material de 2ª categoria - aterro ferroviário máximo = 7,90 m","m",16386.39]
[605529,"Bueiro metálico sem interrupção de tráfego - D = 2,20 m - chapa galvanizada - escavado em material de 2ª categoria - aterro rodoviário máximo = 4,90 m","m",13294.4]
[605820,"Bueiro metálico sem interrupção de tráfego - D = 2,20 m - chapa galvanizada - escavado em material de 3ª categoria - aterro ferroviário máximo = 7,90 m","m",18610.14]
[605549,"Bueiro metálico sem interrupção de tráfego - D = 2,20 m - chapa galvanizada - escavado em material de 3ª categoria - aterro rodoviário máximo = 4,90 m","m",15518.15]
[605841,"Bueiro metálico sem interrupção de tráfego - D = 2,40 m - chapa com epóxi - escavado em material de 1ª categoria - aterro ferroviário máximo = 7,00 m","m",17364.34]
[605577,"Bueiro metálico sem interrupção de tráfego - D = 2,40 m - chapa com epóxi - escavado em material de 1ª categoria - aterro rodoviário máximo = 4,50 m","m",13637.31]
[605856,"Bueiro metálico sem interrupção de tráfego - D = 2,40 m - chapa com epóxi - escavado em material de 2ª categoria - aterro ferroviário máximo = 7,00 m","m",18992.59]
[605588,"Bueiro metálico sem interrupção de tráfego - D = 2,40 m - chapa com epóxi - escavado em material de 2ª categoria - aterro rodoviário máximo = 4,50 m","m",15265.57]
[605899,"Bueiro metálico sem interrupção de tráfego - D = 2,40 m - chapa com epóxi - escavado em material de 3ª categoria - aterro ferroviário máximo = 7,00 m","m",21602.41]
[605599,"Bueiro metálico sem interrupção de tráfego - D = 2,40 m - chapa com epóxi - escavado em material de 3ª categoria - aterro rodoviário máximo = 4,50 m","m",17875.39]
[605745,"Bueiro metálico sem interrupção de tráfego - D = 2,40 m - chapa galvanizada - escavado em material de 1ª categoria - aterro ferroviário máximo = 7,00 m","m",16409.52]
[605510,"Bueiro metálico sem interrupção de tráfego - D = 2,40 m - chapa galvanizada - escavado em material de 1ª categoria - aterro rodoviário máximo = 4,50 m","m",13029.05]
[605788,"Bueiro metálico sem interrupção de tráfego - D = 2,40 m - chapa galvanizada - escavado em material de 2ª categoria - aterro ferroviário máximo = 7,00 m","m",18037.77]
[605530,"Bueiro metálico sem interrupção de tráfego - D = 2,40 m - chapa galvanizada - escavado em material de 2ª categoria - aterro rodoviário máximo = 4,50 m","m",14657.3]
[605821,"Bueiro metálico sem interrupção de tráfego - D = 2,40 m - chapa galvanizada - escavado em material de 3ª categoria - aterro ferroviário máximo = 7,00 m","m",20647.59]
[605550,"Bueiro metálico sem interrupção de tráfego - D = 2,40 m - chapa galvanizada - escavado em material de 3ª categoria - aterro rodoviário máximo = 4,50 m","m",17267.12]
[605842,"Bueiro metálico sem interrupção de tráfego - D = 2,60 m - chapa com epóxi - escavado em material de 1ª categoria - aterro ferroviário máximo = 6,40 m","m",19171.53]
[605578,"Bueiro metálico sem interrupção de tráfego - D = 2,60 m - chapa com epóxi - escavado em material de 1ª categoria - aterro rodoviário máximo = 4,10 m","m",15091.06]
[605857,"Bueiro metálico sem interrupção de tráfego - D = 2,60 m - chapa com epóxi - escavado em material de 2ª categoria - aterro ferroviário máximo = 6,40 m","m",21059.91]
[605589,"Bueiro metálico sem interrupção de tráfego - D = 2,60 m - chapa com epóxi - escavado em material de 2ª categoria - aterro rodoviário máximo = 4,10 m","m",16979.45]
[605900,"Bueiro metálico sem interrupção de tráfego - D = 2,60 m - chapa com epóxi - escavado em material de 3ª categoria - aterro ferroviário máximo = 6,40 m","m",24086.69]
[605600,"Bueiro metálico sem interrupção de tráfego - D = 2,60 m - chapa com epóxi - escavado em material de 3ª categoria - aterro rodoviário máximo = 4,10 m","m",20006.22]
[605746,"Bueiro metálico sem interrupção de tráfego - D = 2,60 m - chapa galvanizada - escavado em material de 1ª categoria - aterro ferroviário máximo = 6,40 m","m",18130.810000000001]
[605511,"Bueiro metálico sem interrupção de tráfego - D = 2,60 m - chapa galvanizada - escavado em material de 1ª categoria - aterro rodoviário máximo = 4,10 m","m",14429.21]
[605789,"Bueiro metálico sem interrupção de tráfego - D = 2,60 m - chapa galvanizada - escavado em material de 2ª categoria - aterro ferroviário máximo = 6,40 m","m",20019.2]
[605531,"Bueiro metálico sem interrupção de tráfego - D = 2,60 m - chapa galvanizada - escavado em material de 2ª categoria - aterro rodoviário máximo = 4,10 m","m",16317.6]
[605822,"Bueiro metálico sem interrupção de tráfego - D = 2,60 m - chapa galvanizada - escavado em material de 3ª categoria - aterro ferroviário máximo = 6,40 m","m",23045.97]
[605551,"Bueiro metálico sem interrupção de tráfego - D = 2,60 m - chapa galvanizada - escavado em material de 3ª categoria - aterro rodoviário máximo = 4,10 m","m",19344.37]
[605843,"Bueiro metálico sem interrupção de tráfego - D = 2,80 m - chapa com epóxi - escavado em material de 1ª categoria - aterro ferroviário máximo = 5,50 m","m",20631.689999999999]
[605579,"Bueiro metálico sem interrupção de tráfego - D = 2,80 m - chapa com epóxi - escavado em material de 1ª categoria - aterro rodoviário máximo = 3,80 m","m",16281.8]
[605858,"Bueiro metálico sem interrupção de tráfego - D = 2,80 m - chapa com epóxi - escavado em material de 2ª categoria - aterro ferroviário máximo = 5,50 m","m",22799.48]
[605590,"Bueiro metálico sem interrupção de tráfego - D = 2,80 m - chapa com epóxi - escavado em material de 2ª categoria - aterro rodoviário máximo = 3,80 m","m",18449.59]
[605901,"Bueiro metálico sem interrupção de tráfego - D = 2,80 m - chapa com epóxi - escavado em material de 3ª categoria - aterro ferroviário máximo = 5,50 m","m",26274.09]
[605601,"Bueiro metálico sem interrupção de tráfego - D = 2,80 m - chapa com epóxi - escavado em material de 3ª categoria - aterro rodoviário máximo = 3,80 m","m",21924.2]
[605747,"Bueiro metálico sem interrupção de tráfego - D = 2,80 m - chapa galvanizada - escavado em material de 1ª categoria - aterro ferroviário máximo = 5,50 m","m",19518.29]
[605512,"Bueiro metálico sem interrupção de tráfego - D = 2,80 m - chapa galvanizada - escavado em material de 1ª categoria - aterro rodoviário máximo = 3,80 m","m",15572.67]
[605790,"Bueiro metálico sem interrupção de tráfego - D = 2,80 m - chapa galvanizada - escavado em material de 2ª categoria - aterro ferroviário máximo = 5,50 m","m",21686.080000000002]
[605532,"Bueiro metálico sem interrupção de tráfego - D = 2,80 m - chapa galvanizada - escavado em material de 2ª categoria - aterro rodoviário máximo = 3,80 m","m",17740.46]
[605823,"Bueiro metálico sem interrupção de tráfego - D = 2,80 m - chapa galvanizada - escavado em material de 3ª categoria - aterro ferroviário máximo = 5,50 m","m",25160.69]
[605552,"Bueiro metálico sem interrupção de tráfego - D = 2,80 m - chapa galvanizada - escavado em material de 3ª categoria - aterro rodoviário máximo = 3,80 m","m",21215.07]
[605844,"Bueiro metálico sem interrupção de tráfego - D = 3,00 m - chapa com epóxi - escavado em material de 1ª categoria - aterro ferroviário máximo = 4,70 m","m",22502.36]
[605580,"Bueiro metálico sem interrupção de tráfego - D = 3,00 m - chapa com epóxi - escavado em material de 1ª categoria - aterro rodoviário máximo = 3,60 m","m",17847.5]
[605887,"Bueiro metálico sem interrupção de tráfego - D = 3,00 m - chapa com epóxi - escavado em material de 2ª categoria - aterro ferroviário máximo = 4,70 m","m",24968.83]
[605591,"Bueiro metálico sem interrupção de tráfego - D = 3,00 m - chapa com epóxi - escavado em material de 2ª categoria - aterro rodoviário máximo = 3,60 m","m",20313.96]
[605902,"Bueiro metálico sem interrupção de tráfego - D = 3,00 m - chapa com epóxi - escavado em material de 3ª categoria - aterro ferroviário máximo = 4,70 m","m",28922.17]
[605602,"Bueiro metálico sem interrupção de tráfego - D = 3,00 m - chapa com epóxi - escavado em material de 3ª categoria - aterro rodoviário máximo = 3,60 m","m",24267.3]
[605748,"Bueiro metálico sem interrupção de tráfego - D = 3,00 m - chapa galvanizada - escavado em material de 1ª categoria - aterro ferroviário máximo = 4,70 m","m",21303.07]
[605513,"Bueiro metálico sem interrupção de tráfego - D = 3,00 m - chapa galvanizada - escavado em material de 1ª categoria - aterro rodoviário máximo = 3,60 m","m",17081.64]
[605804,"Bueiro metálico sem interrupção de tráfego - D = 3,00 m - chapa galvanizada - escavado em material de 2ª categoria - aterro ferroviário máximo = 4,70 m","m",23769.53]
[605533,"Bueiro metálico sem interrupção de tráfego - D = 3,00 m - chapa galvanizada - escavado em material de 2ª categoria - aterro rodoviário máximo = 3,60 m","m",19548.099999999999]
[605824,"Bueiro metálico sem interrupção de tráfego - D = 3,00 m - chapa galvanizada - escavado em material de 3ª categoria - aterro ferroviário máximo = 4,70 m","m",27722.87]
[605553,"Bueiro metálico sem interrupção de tráfego - D = 3,00 m - chapa galvanizada - escavado em material de 3ª categoria - aterro rodoviário máximo = 3,60 m","m",23501.439999999999]
[605845,"Bueiro metálico sem interrupção de tráfego - D = 3,20 m - chapa com epóxi - escavado em material de 1ª categoria - aterro ferroviário máximo = 4,00 m","m",24377.22]
[605581,"Bueiro metálico sem interrupção de tráfego - D = 3,20 m - chapa com epóxi - escavado em material de 1ª categoria - aterro rodoviário máximo = 4,80 m","m",21346.39]
[605888,"Bueiro metálico sem interrupção de tráfego - D = 3,20 m - chapa com epóxi - escavado em material de 2ª categoria - aterro ferroviário máximo = 4,00 m","m",27161.62]
[605592,"Bueiro metálico sem interrupção de tráfego - D = 3,20 m - chapa com epóxi - escavado em material de 2ª categoria - aterro rodoviário máximo = 4,80 m","m",24130.799999999999]
[605903,"Bueiro metálico sem interrupção de tráfego - D = 3,20 m - chapa com epóxi - escavado em material de 3ª categoria - aterro ferroviário máximo = 4,00 m","m",31624.57]
[605603,"Bueiro metálico sem interrupção de tráfego - D = 3,20 m - chapa com epóxi - escavado em material de 3ª categoria - aterro rodoviário máximo = 4,80 m","m",28593.74]
[605771,"Bueiro metálico sem interrupção de tráfego - D = 3,20 m - chapa galvanizada - escavado em material de 1ª categoria - aterro ferroviário máximo = 4,00 m","m",23105.23]
[605514,"Bueiro metálico sem interrupção de tráfego - D = 3,20 m - chapa galvanizada - escavado em material de 1ª categoria - aterro rodoviário máximo = 4,80 m","m",20678.73]
[605805,"Bueiro metálico sem interrupção de tráfego - D = 3,20 m - chapa galvanizada - escavado em material de 2ª categoria - aterro ferroviário máximo = 4,00 m","m",25889.64]
[605534,"Bueiro metálico sem interrupção de tráfego - D = 3,20 m - chapa galvanizada - escavado em material de 2ª categoria - aterro rodoviário máximo = 4,80 m","m",23463.14]
[605825,"Bueiro metálico sem interrupção de tráfego - D = 3,20 m - chapa galvanizada - escavado em material de 3ª categoria - aterro ferroviário máximo = 4,00 m","m",30352.58]
[605554,"Bueiro metálico sem interrupção de tráfego - D = 3,20 m - chapa galvanizada - escavado em material de 3ª categoria - aterro rodoviário máximo = 4,80 m","m",27926.09]
[605772,"Bueiro metálico sem interrupção de tráfego - D = 3,40 m - chapa galvanizada - escavado em material de 1ª categoria - aterro ferroviário máximo = 7,00 m","m",27021.63]
[605515,"Bueiro metálico sem interrupção de tráfego - D = 3,40 m - chapa galvanizada - escavado em material de 1ª categoria - aterro rodoviário máximo = 4,50 m","m",22472.1]
[605806,"Bueiro metálico sem interrupção de tráfego - D = 3,40 m - chapa galvanizada - escavado em material de 2ª categoria - aterro ferroviário máximo = 7,00 m","m",30143.25]
[605535,"Bueiro metálico sem interrupção de tráfego - D = 3,40 m - chapa galvanizada - escavado em material de 2ª categoria - aterro rodoviário máximo = 4,50 m","m",25593.72]
[605826,"Bueiro metálico sem interrupção de tráfego - D = 3,40 m - chapa galvanizada - escavado em material de 3ª categoria - aterro ferroviário máximo = 7,00 m","m",35146.69]
[605555,"Bueiro metálico sem interrupção de tráfego - D = 3,40 m - chapa galvanizada - escavado em material de 3ª categoria - aterro rodoviário máximo = 4,50 m","m",30597.16]
[605773,"Bueiro metálico sem interrupção de tráfego - D = 3,60 m - chapa galvanizada - escavado em material de 1ª categoria - aterro ferroviário máximo = 6,60 m","m",28670.43]
[605516,"Bueiro metálico sem interrupção de tráfego - D = 3,60 m - chapa galvanizada - escavado em material de 1ª categoria - aterro rodoviário máximo = 4,30 m","m",23818.66]
[605807,"Bueiro metálico sem interrupção de tráfego - D = 3,60 m - chapa galvanizada - escavado em material de 2ª categoria - aterro ferroviário máximo = 6,60 m","m",32148.53]
[605536,"Bueiro metálico sem interrupção de tráfego - D = 3,60 m - chapa galvanizada - escavado em material de 2ª categoria - aterro rodoviário máximo = 4,30 m","m",27296.76]
[605827,"Bueiro metálico sem interrupção de tráfego - D = 3,60 m - chapa galvanizada - escavado em material de 3ª categoria - aterro ferroviário máximo = 6,60 m","m",37723.360000000001]
[605556,"Bueiro metálico sem interrupção de tráfego - D = 3,60 m - chapa galvanizada - escavado em material de 3ª categoria - aterro rodoviário máximo = 4,30 m","m",32871.589999999997]
[605774,"Bueiro metálico sem interrupção de tráfego - D = 3,80 m - chapa galvanizada - escavado em material de 1ª categoria - aterro ferroviário máximo = 6,20 m","m",30816.15]
[605517,"Bueiro metálico sem interrupção de tráfego - D = 3,80 m - chapa galvanizada - escavado em material de 1ª categoria - aterro rodoviário máximo = 4,00 m","m",25592.79]
[605808,"Bueiro metálico sem interrupção de tráfego - D = 3,80 m - chapa galvanizada - escavado em material de 2ª categoria - aterro ferroviário máximo = 6,20 m","m",34670]
[605537,"Bueiro metálico sem interrupção de tráfego - D = 3,80 m - chapa galvanizada - escavado em material de 2ª categoria - aterro rodoviário máximo = 4,00 m","m",29446.639999999999]
[605828,"Bueiro metálico sem interrupção de tráfego - D = 3,80 m - chapa galvanizada - escavado em material de 3ª categoria - aterro ferroviário máximo = 6,20 m","m",40847.089999999997]
[605557,"Bueiro metálico sem interrupção de tráfego - D = 3,80 m - chapa galvanizada - escavado em material de 3ª categoria - aterro rodoviário máximo = 4,00 m","m",35623.730000000003]
[605775,"Bueiro metálico sem interrupção de tráfego - D = 4,00 m - chapa galvanizada - escavado em material de 1ª categoria - aterro ferroviário máximo = 5,10 m","m",32441.96]
[605518,"Bueiro metálico sem interrupção de tráfego - D = 4,00 m - chapa galvanizada - escavado em material de 1ª categoria - aterro rodoviário máximo = 3,10 m","m",27052.63]
[605809,"Bueiro metálico sem interrupção de tráfego - D = 4,00 m - chapa galvanizada - escavado em material de 2ª categoria - aterro ferroviário máximo = 5,10 m","m",36690.83]
[605538,"Bueiro metálico sem interrupção de tráfego - D = 4,00 m - chapa galvanizada - escavado em material de 2ª categoria - aterro rodoviário máximo = 3,10 m","m",31301.5]
[605829,"Bueiro metálico sem interrupção de tráfego - D = 4,00 m - chapa galvanizada - escavado em material de 3ª categoria - aterro ferroviário máximo = 5,10 m","m",43501.07]
[605558,"Bueiro metálico sem interrupção de tráfego - D = 4,00 m - chapa galvanizada - escavado em material de 3ª categoria - aterro rodoviário máximo = 3,10 m","m",38111.74]
[605776,"Bueiro metálico sem interrupção de tráfego - D = 4,20 m - chapa galvanizada - escavado em material de 1ª categoria - aterro ferroviário máximo = 4,80 m","m",34575.14]
[605519,"Bueiro metálico sem interrupção de tráfego - D = 4,20 m - chapa galvanizada - escavado em material de 1ª categoria - aterro rodoviário máximo = 4,40 m","m",32143.91]
[605810,"Bueiro metálico sem interrupção de tráfego - D = 4,20 m - chapa galvanizada - escavado em material de 2ª categoria - aterro ferroviário máximo = 4,80 m","m",39238.300000000003]
[605539,"Bueiro metálico sem interrupção de tráfego - D = 4,20 m - chapa galvanizada - escavado em material de 2ª categoria - aterro rodoviário máximo = 4,40 m","m",36807.07]
[605830,"Bueiro metálico sem interrupção de tráfego - D = 4,20 m - chapa galvanizada - escavado em material de 3ª categoria - aterro ferroviário máximo = 4,80 m","m",46712.58]
[605559,"Bueiro metálico sem interrupção de tráfego - D = 4,20 m - chapa galvanizada - escavado em material de 3ª categoria - aterro rodoviário máximo = 4,40 m","m",44281.35]
[605777,"Bueiro metálico sem interrupção de tráfego - D = 4,40 m - chapa galvanizada - escavado em material de 1ª categoria - aterro ferroviário máximo = 4,20 m","m",36860.58]
[605520,"Bueiro metálico sem interrupção de tráfego - D = 4,40 m - chapa galvanizada - escavado em material de 1ª categoria - aterro rodoviário máximo = 4,20 m","m",34262.06]
[605811,"Bueiro metálico sem interrupção de tráfego - D = 4,40 m - chapa galvanizada - escavado em material de 2ª categoria - aterro ferroviário máximo = 4,20 m","m",41957.3]
[605540,"Bueiro metálico sem interrupção de tráfego - D = 4,40 m - chapa galvanizada - escavado em material de 2ª categoria - aterro rodoviário máximo = 4,20 m","m",39358.78]
[605831,"Bueiro metálico sem interrupção de tráfego - D = 4,40 m - chapa galvanizada - escavado em material de 3ª categoria - aterro ferroviário máximo = 4,20 m","m",50126.51]
[605560,"Bueiro metálico sem interrupção de tráfego - D = 4,40 m - chapa galvanizada - escavado em material de 3ª categoria - aterro rodoviário máximo = 4,20 m","m",47527.98]
[605778,"Bueiro metálico sem interrupção de tráfego - D = 4,60 m - chapa galvanizada - escavado em material de 1ª categoria - aterro ferroviário máximo = 4,00 m","m",39046.559999999998]
[605521,"Bueiro metálico sem interrupção de tráfego - D = 4,60 m - chapa galvanizada - escavado em material de 1ª categoria - aterro rodoviário máximo = 4,00 m","m",36405.129999999997]
[605812,"Bueiro metálico sem interrupção de tráfego - D = 4,60 m - chapa galvanizada - escavado em material de 2ª categoria - aterro ferroviário máximo = 4,00 m","m",44596.1]
[605541,"Bueiro metálico sem interrupção de tráfego - D = 4,60 m - chapa galvanizada - escavado em material de 2ª categoria - aterro rodoviário máximo = 4,00 m","m",41954.67]
[605832,"Bueiro metálico sem interrupção de tráfego - D = 4,60 m - chapa galvanizada - escavado em material de 3ª categoria - aterro ferroviário máximo = 4,00 m","m",53491.11]
[605561,"Bueiro metálico sem interrupção de tráfego - D = 4,60 m - chapa galvanizada - escavado em material de 3ª categoria - aterro rodoviário máximo = 4,00 m","m",50849.68]
[605779,"Bueiro metálico sem interrupção de tráfego - D = 4,80 m - chapa galvanizada - escavado em material de 1ª categoria - aterro ferroviário máximo = 5,10 m","m",45277.72]
[605522,"Bueiro metálico sem interrupção de tráfego - D = 4,80 m - chapa galvanizada - escavado em material de 1ª categoria - aterro rodoviário máximo = 5,50 m","m",40908.43]
[605813,"Bueiro metálico sem interrupção de tráfego - D = 4,80 m - chapa galvanizada - escavado em material de 2ª categoria - aterro ferroviário máximo = 5,10 m","m",51299.360000000001]
[605542,"Bueiro metálico sem interrupção de tráfego - D = 4,80 m - chapa galvanizada - escavado em material de 2ª categoria - aterro rodoviário máximo = 5,50 m","m",46930.07]
[605833,"Bueiro metálico sem interrupção de tráfego - D = 4,80 m - chapa galvanizada - escavado em material de 3ª categoria - aterro ferroviário máximo = 5,10 m","m",60951.06]
[605562,"Bueiro metálico sem interrupção de tráfego - D = 4,80 m - chapa galvanizada - escavado em material de 3ª categoria - aterro rodoviário máximo = 5,50 m","m",56581.77]
[605780,"Bueiro metálico sem interrupção de tráfego - D = 5,00 m - chapa galvanizada - escavado em material de 1ª categoria - aterro ferroviário máximo = 4,80 m","m",47874.46]
[605523,"Bueiro metálico sem interrupção de tráfego - D = 5,00 m - chapa galvanizada - escavado em material de 1ª categoria - aterro rodoviário máximo = 5,30 m","m",43276.97]
[605814,"Bueiro metálico sem interrupção de tráfego - D = 5,00 m - chapa galvanizada - escavado em material de 2ª categoria - aterro ferroviário máximo = 4,80 m","m",54387.47]
[605543,"Bueiro metálico sem interrupção de tráfego - D = 5,00 m - chapa galvanizada - escavado em material de 2ª categoria - aterro rodoviário máximo = 5,30 m","m",49789.98]
[605834,"Bueiro metálico sem interrupção de tráfego - D = 5,00 m - chapa galvanizada - escavado em material de 3ª categoria - aterro ferroviário máximo = 4,80 m","m",64826.75]
[605563,"Bueiro metálico sem interrupção de tráfego - D = 5,00 m - chapa galvanizada - escavado em material de 3ª categoria - aterro rodoviário máximo = 5,30 m","m",60229.27]
[605606,"Sistema de escoramento telescópico regulável para tunnel liner","m³",14.29]
[705314,"Boca de BDCC 1,50 x 1,50 m - esconsidade 0° - areia e brita comerciais","un",13789.73]
[705312,"Boca de BDCC 1,50 x 1,50 m - esconsidade 0° - areia extraída e brita produzida","un",12604.31]
[705316,"Boca de BDCC 1,50 x 1,50 m - esconsidade 15° - areia e brita comerciais","un",15112.18]
[705315,"Boca de BDCC 1,50 x 1,50 m - esconsidade 15° - areia extraída e brita produzida","un",13835.29]
[705318,"Boca de BDCC 1,50 x 1,50 m - esconsidade 30° - areia e brita comerciais","un",16141.05]
[705317,"Boca de BDCC 1,50 x 1,50 m - esconsidade 30° - areia extraída e brita produzida","un",14701.91]
[705320,"Boca de BDCC 1,50 x 1,50 m - esconsidade 45° - areia e brita comerciais","un",20239.47]
[705319,"Boca de BDCC 1,50 x 1,50 m - esconsidade 45° - areia extraída e brita produzida","un",18478.23]
[705322,"Boca de BDCC 2,00 x 2,00 m - esconsidade 0° - areia e brita comerciais","un",21278.47]
[705321,"Boca de BDCC 2,00 x 2,00 m - esconsidade 0° - areia extraída e brita produzida","un",19286.39]
[705324,"Boca de BDCC 2,00 x 2,00 m - esconsidade 15° - areia e brita comerciais","un",23355.14]
[705323,"Boca de BDCC 2,00 x 2,00 m - esconsidade 15° - areia extraída e brita produzida","un",21223.08]
[705326,"Boca de BDCC 2,00 x 2,00 m - esconsidade 30° - areia e brita comerciais","un",25099.47]
[705325,"Boca de BDCC 2,00 x 2,00 m - esconsidade 30° - areia extraída e brita produzida","un",22765.69]
[705328,"Boca de BDCC 2,00 x 2,00 m - esconsidade 45° - areia e brita comerciais","un",31849.86]
[705327,"Boca de BDCC 2,00 x 2,00 m - esconsidade 45° - areia extraída e brita produzida","un",28954.54]
[705330,"Boca de BDCC 2,50 x 2,50 m - esconsidade 0° - areia e brita comerciais","un",29709.3]
[705329,"Boca de BDCC 2,50 x 2,50 m - esconsidade 0° - areia extraída e brita produzida","un",26810.51]
[705332,"Boca de BDCC 2,50 x 2,50 m - esconsidade 15° - areia e brita comerciais","un",32136.62]
[705331,"Boca de BDCC 2,50 x 2,50 m - esconsidade 15° - areia extraída e brita produzida","un",29184.53]
[705334,"Boca de BDCC 2,50 x 2,50 m - esconsidade 30° - areia e brita comerciais","un",34135.39]
[705333,"Boca de BDCC 2,50 x 2,50 m - esconsidade 30° - areia extraída e brita produzida","un",31210.68]
[705336,"Boca de BDCC 2,50 x 2,50 m - esconsidade 45° - areia e brita comerciais","un",45988.14]
[705335,"Boca de BDCC 2,50 x 2,50 m - esconsidade 45° - areia extraída e brita produzida","un",41911.07]
[705338,"Boca de BDCC 3,00 x 3,00 m - esconsidade 0° - areia e brita comerciais","un",42835.32]
[705337,"Boca de BDCC 3,00 x 3,00 m - esconsidade 0° - areia extraída e brita produzida","un",38611.22]
[705340,"Boca de BDCC 3,00 x 3,00 m - esconsidade 15° - areia e brita comerciais","un",46184.06]
[705339,"Boca de BDCC 3,00 x 3,00 m - esconsidade 15° - areia extraída e brita produzida","un",41921.629999999997]
[705342,"Boca de BDCC 3,00 x 3,00 m - esconsidade 30° - areia e brita comerciais","un",52400.480000000003]
[705341,"Boca de BDCC 3,00 x 3,00 m - esconsidade 30° - areia extraída e brita produzida","un",47659.57]
[705344,"Boca de BDCC 3,00 x 3,00 m - esconsidade 45° - areia e brita comerciais","un",66384.61]
[705343,"Boca de BDCC 3,00 x 3,00 m - esconsidade 45° - areia extraída e brita produzida","un",60577.32]
[705225,"Boca de BSCC 1,50 x 1,50 m - esconsidade 0° - areia e brita comerciais","un",11826.22]
[705224,"Boca de BSCC 1,50 x 1,50 m - esconsidade 0° - areia extraída e brita produzida","un",10731.93]
[705227,"Boca de BSCC 1,50 x 1,50 m - esconsidade 15° - areia e brita comerciais","un",12227.48]
[705226,"Boca de BSCC 1,50 x 1,50 m - esconsidade 15° - areia extraída e brita produzida","un",11227.78]
[705229,"Boca de BSCC 1,50 x 1,50 m - esconsidade 30° - areia e brita comerciais","un",13169.52]
[705228,"Boca de BSCC 1,50 x 1,50 m - esconsidade 30° - areia extraída e brita produzida","un",12015.36]
[705231,"Boca de BSCC 1,50 x 1,50 m - esconsidade 45° - areia e brita comerciais","un",16400.71]
[705230,"Boca de BSCC 1,50 x 1,50 m - esconsidade 45° - areia extraída e brita produzida","un",15049.71]
[705233,"Boca de BSCC 2,00 x 2,00 m - esconsidade 0° - areia e brita comerciais","un",18367.560000000001]
[705232,"Boca de BSCC 2,00 x 2,00 m - esconsidade 0° - areia extraída e brita produzida","un",16627.099999999999]
[705235,"Boca de BSCC 2,00 x 2,00 m - esconsidade 15° - areia e brita comerciais","un",18849.73]
[705234,"Boca de BSCC 2,00 x 2,00 m - esconsidade 15° - areia extraída e brita produzida","un",17230.95]
[705237,"Boca de BSCC 2,00 x 2,00 m - esconsidade 30° - areia e brita comerciais","un",20414.27]
[705236,"Boca de BSCC 2,00 x 2,00 m - esconsidade 30° - areia extraída e brita produzida","un",18597.43]
[705239,"Boca de BSCC 2,00 x 2,00 m - esconsidade 45° - areia e brita comerciais","un",26053.200000000001]
[705238,"Boca de BSCC 2,00 x 2,00 m - esconsidade 45° - areia extraída e brita produzida","un",23781.71]
[705241,"Boca de BSCC 2,50 x 2,50 m - esconsidade 0° - areia e brita comerciais","un",24799.279999999999]
[705240,"Boca de BSCC 2,50 x 2,50 m - esconsidade 0° - areia extraída e brita produzida","un",22409.21]
[705243,"Boca de BSCC 2,50 x 2,50 m - esconsidade 15° - areia e brita comerciais","un",26252.14]
[705242,"Boca de BSCC 2,50 x 2,50 m - esconsidade 15° - areia extraída e brita produzida","un",23862.82]
[705245,"Boca de BSCC 2,50 x 2,50 m - esconsidade 30° - areia e brita comerciais","un",29107.200000000001]
[705244,"Boca de BSCC 2,50 x 2,50 m - esconsidade 30° - areia extraída e brita produzida","un",26558.33]
[705247,"Boca de BSCC 2,50 x 2,50 m - esconsidade 45° - areia e brita comerciais","un",36829.07]
[705246,"Boca de BSCC 2,50 x 2,50 m - esconsidade 45° - areia extraída e brita produzida","un",33706.39]
[705249,"Boca de BSCC 3,00 x 3,00 m - esconsidade 0° - areia e brita comerciais","un",35154.730000000003]
[705248,"Boca de BSCC 3,00 x 3,00 m - esconsidade 0° - areia extraída e brita produzida","un",31687.83]
[705251,"Boca de BSCC 3,00 x 3,00 m - esconsidade 15° - areia e brita comerciais","un",37166.480000000003]
[705250,"Boca de BSCC 3,00 x 3,00 m - esconsidade 15° - areia extraída e brita produzida","un",33699.96]
[705253,"Boca de BSCC 3,00 x 3,00 m - esconsidade 30° - areia e brita comerciais","un",40670.17]
[705252,"Boca de BSCC 3,00 x 3,00 m - esconsidade 30° - areia extraída e brita produzida","un",36900.04]
[705255,"Boca de BSCC 3,00 x 3,00 m - esconsidade 45° - areia e brita comerciais","un",51402.58]
[705254,"Boca de BSCC 3,00 x 3,00 m - esconsidade 45° - areia extraída e brita produzida","un",46844.32]
[705403,"Boca de BTCC 1,50 x 1,50 m - esconsidade 0° - areia e brita comerciais","un",17219.11]
[705402,"Boca de BTCC 1,50 x 1,50 m - esconsidade 0° - areia extraída e brita produzida","un",15631.36]
[705405,"Boca de BTCC 1,50 x 1,50 m - esconsidade 15° - areia e brita comerciais","un",18621.63]
[705404,"Boca de BTCC 1,50 x 1,50 m - esconsidade 15° - areia extraída e brita produzida","un",17017.310000000001]
[705407,"Boca de BTCC 1,50 x 1,50 m - esconsidade 30° - areia e brita comerciais","un",19529.29]
[705406,"Boca de BTCC 1,50 x 1,50 m - esconsidade 30° - areia extraída e brita produzida","un",17742.29]
[705409,"Boca de BTCC 1,50 x 1,50 m - esconsidade 45° - areia e brita comerciais","un",24585.279999999999]
[705408,"Boca de BTCC 1,50 x 1,50 m - esconsidade 45° - areia extraída e brita produzida","un",22383.93]
[705411,"Boca de BTCC 2,00 x 2,00 m - esconsidade 0° - areia e brita comerciais","un",26058.85]
[705410,"Boca de BTCC 2,00 x 2,00 m - esconsidade 0° - areia extraída e brita produzida","un",23499.29]
[705413,"Boca de BTCC 2,00 x 2,00 m - esconsidade 15° - areia e brita comerciais","un",28058.34]
[705412,"Boca de BTCC 2,00 x 2,00 m - esconsidade 15° - areia extraída e brita produzida","un",25498.29]
[705415,"Boca de BTCC 2,00 x 2,00 m - esconsidade 30° - areia e brita comerciais","un",30907.02]
[705414,"Boca de BTCC 2,00 x 2,00 m - esconsidade 30° - areia extraída e brita produzida","un",28022.33]
[705417,"Boca de BTCC 2,00 x 2,00 m - esconsidade 45° - areia e brita comerciais","un",39130.559999999998]
[705416,"Boca de BTCC 2,00 x 2,00 m - esconsidade 45° - areia extraída e brita produzida","un",35580.080000000002]
[705419,"Boca de BTCC 2,50 x 2,50 m - esconsidade 0° - areia e brita comerciais","un",36838.83]
[705418,"Boca de BTCC 2,50 x 2,50 m - esconsidade 0° - areia extraída e brita produzida","un",33262.129999999997]
[705421,"Boca de BTCC 2,50 x 2,50 m - esconsidade 15° - areia e brita comerciais","un",39662.78]
[705420,"Boca de BTCC 2,50 x 2,50 m - esconsidade 15° - areia extraída e brita produzida","un",36072.32]
[705423,"Boca de BTCC 2,50 x 2,50 m - esconsidade 30° - areia e brita comerciais","un",45127.4]
[705422,"Boca de BTCC 2,50 x 2,50 m - esconsidade 30° - areia extraída e brita produzida","un",41110.03]
[705425,"Boca de BTCC 2,50 x 2,50 m - esconsidade 45° - areia e brita comerciais","un",57113.71]
[705424,"Boca de BTCC 2,50 x 2,50 m - esconsidade 45° - areia extraída e brita produzida","un",52184.2]
[705427,"Boca de BTCC 3,00 x 3,00 m - esconsidade 0° - areia e brita comerciais","un",51972.86]
[705426,"Boca de BTCC 3,00 x 3,00 m - esconsidade 0° - areia extraída e brita produzida","un",46799.49]
[705429,"Boca de BTCC 3,00 x 3,00 m - esconsidade 15° - areia e brita comerciais","un",53832.800000000003]
[705428,"Boca de BTCC 3,00 x 3,00 m - esconsidade 15° - areia extraída e brita produzida","un",48747.5]
[705431,"Boca de BTCC 3,00 x 3,00 m - esconsidade 30° - areia e brita comerciais","un",64730.42]
[705430,"Boca de BTCC 3,00 x 3,00 m - esconsidade 30° - areia extraída e brita produzida","un",59055.34]
[705433,"Boca de BTCC 3,00 x 3,00 m - esconsidade 45° - areia e brita comerciais","un",82054.600000000006]
[705432,"Boca de BTCC 3,00 x 3,00 m - esconsidade 45° - areia extraída e brita produzida","un",75025.52]
[705257,"Corpo de BDCC 1,50 x 1,50 m - moldado no local - altura do aterro 0,00 a 1,00 m - areia e brita comerciais","m",4027.04]
[705256,"Corpo de BDCC 1,50 x 1,50 m - moldado no local - altura do aterro 0,00 a 1,00 m - areia extraída e brita produzida","m",3705.16]
[705259,"Corpo de BDCC 1,50 x 1,50 m - moldado no local - altura do aterro 1,00 a 2,50 m - areia e brita comerciais","m",3515.81]
[705258,"Corpo de BDCC 1,50 x 1,50 m - moldado no local - altura do aterro 1,00 a 2,50 m - areia extraída e brita produzida","m",3193.93]
[705267,"Corpo de BDCC 1,50 x 1,50 m - moldado no local - altura do aterro 10,00 a 12,50 m - areia e brita comerciais","m",5048.8]
[705266,"Corpo de BDCC 1,50 x 1,50 m - moldado no local - altura do aterro 10,00 a 12,50 m - areia extraída e brita produzida","m",4622.6099999999997]
[705269,"Corpo de BDCC 1,50 x 1,50 m - moldado no local - altura do aterro 12,50 a 15,00 m - areia e brita comerciais","m",5298.66]
[705268,"Corpo de BDCC 1,50 x 1,50 m - moldado no local - altura do aterro 12,50 a 15,00 m - areia extraída e brita produzida","m",4872.4799999999996]
[705261,"Corpo de BDCC 1,50 x 1,50 m - moldado no local - altura do aterro 2,50 a 5,00 m - areia e brita comerciais","m",3753.56]
[705260,"Corpo de BDCC 1,50 x 1,50 m - moldado no local - altura do aterro 2,50 a 5,00 m - areia extraída e brita produzida","m",3431.68]
[705263,"Corpo de BDCC 1,50 x 1,50 m - moldado no local - altura do aterro 5,00 a 7,50 m - areia e brita comerciais","m",4223.46]
[705262,"Corpo de BDCC 1,50 x 1,50 m - moldado no local - altura do aterro 5,00 a 7,50 m - areia extraída e brita produzida","m",3901.58]
[705265,"Corpo de BDCC 1,50 x 1,50 m - moldado no local - altura do aterro 7,50 a 10,00 m - areia e brita comerciais","m",4627.3500000000004]
[705264,"Corpo de BDCC 1,50 x 1,50 m - moldado no local - altura do aterro 7,50 a 10,00 m - areia extraída e brita produzida","m",4305.47]
[705271,"Corpo de BDCC 2,00 x 2,00 m - moldado no local - altura do aterro 0,00 a 1,00 m - areia e brita comerciais","m",5784.37]
[705270,"Corpo de BDCC 2,00 x 2,00 m - moldado no local - altura do aterro 0,00 a 1,00 m - areia extraída e brita produzida","m",5368.24]
[705273,"Corpo de BDCC 2,00 x 2,00 m - moldado no local - altura do aterro 1,00 a 2,50 m - areia e brita comerciais","m",5158.5200000000004]
[705272,"Corpo de BDCC 2,00 x 2,00 m - moldado no local - altura do aterro 1,00 a 2,50 m - areia extraída e brita produzida","m",4742.3900000000003]
[705281,"Corpo de BDCC 2,00 x 2,00 m - moldado no local - altura do aterro 10,00 a 12,50 m - areia e brita comerciais","m",7917.89]
[705280,"Corpo de BDCC 2,00 x 2,00 m - moldado no local - altura do aterro 10,00 a 12,50 m - areia extraída e brita produzida","m",7246.67]
[705283,"Corpo de BDCC 2,00 x 2,00 m - moldado no local - altura do aterro 12,50 a 15,00 m - areia e brita comerciais","m",8113.72]
[705282,"Corpo de BDCC 2,00 x 2,00 m - moldado no local - altura do aterro 12,50 a 15,00 m - areia extraída e brita produzida","m",7442.5]
[705275,"Corpo de BDCC 2,00 x 2,00 m - moldado no local - altura do aterro 2,50 a 5,00 m - areia e brita comerciais","m",5773.88]
[705274,"Corpo de BDCC 2,00 x 2,00 m - moldado no local - altura do aterro 2,50 a 5,00 m - areia extraída e brita produzida","m",5357.76]
[705277,"Corpo de BDCC 2,00 x 2,00 m - moldado no local - altura do aterro 5,00 a 7,50 m - areia e brita comerciais","m",6485.99]
[705276,"Corpo de BDCC 2,00 x 2,00 m - moldado no local - altura do aterro 5,00 a 7,50 m - areia extraída e brita produzida","m",5941.58]
[705279,"Corpo de BDCC 2,00 x 2,00 m - moldado no local - altura do aterro 7,50 a 10,00 m - areia e brita comerciais","m",7347.44]
[705278,"Corpo de BDCC 2,00 x 2,00 m - moldado no local - altura do aterro 7,50 a 10,00 m - areia extraída e brita produzida","m",6803.04]
[705285,"Corpo de BDCC 2,50 x 2,50 m - moldado no local - altura do aterro 0,00 a 1,00 m - areia e brita comerciais","m",7443.29]
[705284,"Corpo de BDCC 2,50 x 2,50 m - moldado no local - altura do aterro 0,00 a 1,00 m - areia extraída e brita produzida","m",6920.22]
[705287,"Corpo de BDCC 2,50 x 2,50 m - moldado no local - altura do aterro 1,00 a 2,50 m - areia e brita comerciais","m",6824.58]
[705286,"Corpo de BDCC 2,50 x 2,50 m - moldado no local - altura do aterro 1,00 a 2,50 m - areia extraída e brita produzida","m",6301.51]
[705295,"Corpo de BDCC 2,50 x 2,50 m - moldado no local - altura do aterro 10,00 a 12,50 m - areia e brita comerciais","m",10373.07]
[705294,"Corpo de BDCC 2,50 x 2,50 m - moldado no local - altura do aterro 10,00 a 12,50 m - areia extraída e brita produzida","m",9565.2999999999993]
[705297,"Corpo de BDCC 2,50 x 2,50 m - moldado no local - altura do aterro 12,50 a 15,00 m - areia e brita comerciais","m",11183.42]
[705296,"Corpo de BDCC 2,50 x 2,50 m - moldado no local - altura do aterro 12,50 a 15,00 m - areia extraída e brita produzida","m",10375.64]
[705289,"Corpo de BDCC 2,50 x 2,50 m - moldado no local - altura do aterro 2,50 a 5,00 m - areia e brita comerciais","m",7696.26]
[705288,"Corpo de BDCC 2,50 x 2,50 m - moldado no local - altura do aterro 2,50 a 5,00 m - areia extraída e brita produzida","m",7033.63]
[705291,"Corpo de BDCC 2,50 x 2,50 m - moldado no local - altura do aterro 5,00 a 7,50 m - areia e brita comerciais","m",8733.2000000000007]
[705290,"Corpo de BDCC 2,50 x 2,50 m - moldado no local - altura do aterro 5,00 a 7,50 m - areia extraída e brita produzida","m",8070.57]
[705293,"Corpo de BDCC 2,50 x 2,50 m - moldado no local - altura do aterro 7,50 a 10,00 m - areia e brita comerciais","m",9420.08]
[705292,"Corpo de BDCC 2,50 x 2,50 m - moldado no local - altura do aterro 7,50 a 10,00 m - areia extraída e brita produzida","m",8612.31]
[705299,"Corpo de BDCC 3,00 x 3,00 m - moldado no local - altura do aterro 0,00 a 1,00 m - areia e brita comerciais","m",9581.41]
[705298,"Corpo de BDCC 3,00 x 3,00 m - moldado no local - altura do aterro 0,00 a 1,00 m - areia extraída e brita produzida","m",8800.57]
[705301,"Corpo de BDCC 3,00 x 3,00 m - moldado no local - altura do aterro 1,00 a 2,50 m - areia e brita comerciais","m",8992.01]
[705300,"Corpo de BDCC 3,00 x 3,00 m - moldado no local - altura do aterro 1,00 a 2,50 m - areia extraída e brita produzida","m",8211.17]
[705309,"Corpo de BDCC 3,00 x 3,00 m - moldado no local - altura do aterro 10,00 a 12,50 m - areia e brita comerciais","m",14386.52]
[705308,"Corpo de BDCC 3,00 x 3,00 m - moldado no local - altura do aterro 10,00 a 12,50 m - areia extraída e brita produzida","m",13218.03]
[705311,"Corpo de BDCC 3,00 x 3,00 m - moldado no local - altura do aterro 12,50 a 15,00 m - areia e brita comerciais","m",14293.92]
[705310,"Corpo de BDCC 3,00 x 3,00 m - moldado no local - altura do aterro 12,50 a 15,00 m - areia extraída e brita produzida","m",13125.43]
[705303,"Corpo de BDCC 3,00 x 3,00 m - moldado no local - altura do aterro 2,50 a 5,00 m - areia e brita comerciais","m",9670.82]
[705302,"Corpo de BDCC 3,00 x 3,00 m - moldado no local - altura do aterro 2,50 a 5,00 m - areia extraída e brita produzida","m",8719.4500000000007]
[705305,"Corpo de BDCC 3,00 x 3,00 m - moldado no local - altura do aterro 5,00 a 7,50 m - areia e brita comerciais","m",11714.71]
[705304,"Corpo de BDCC 3,00 x 3,00 m - moldado no local - altura do aterro 5,00 a 7,50 m - areia extraída e brita produzida","m",10763.34]
[705307,"Corpo de BDCC 3,00 x 3,00 m - moldado no local - altura do aterro 7,50 a 10,00 m - areia e brita comerciais","m",12914.27]
[705306,"Corpo de BDCC 3,00 x 3,00 m - moldado no local - altura do aterro 7,50 a 10,00 m - areia extraída e brita produzida","m",11745.78]
[705169,"Corpo de BSCC 1,50 x 1,50 m - moldado no local - altura do aterro 0,00 a 1,00 m - areia e brita comerciais","m",2414.15]
[705168,"Corpo de BSCC 1,50 x 1,50 m - moldado no local - altura do aterro 0,00 a 1,00 m - areia extraída e brita produzida","m",2233.6799999999998]
[705171,"Corpo de BSCC 1,50 x 1,50 m - moldado no local - altura do aterro 1,00 a 2,50 m - areia e brita comerciais","m",2142.5100000000002]
[705170,"Corpo de BSCC 1,50 x 1,50 m - moldado no local - altura do aterro 1,00 a 2,50 m - areia extraída e brita produzida","m",1962.04]
[705179,"Corpo de BSCC 1,50 x 1,50 m - moldado no local - altura do aterro 10,00 a 12,50 m - areia e brita comerciais","m",3027.18]
[705178,"Corpo de BSCC 1,50 x 1,50 m - moldado no local - altura do aterro 10,00 a 12,50 m - areia extraída e brita produzida","m",2788.94]
[705181,"Corpo de BSCC 1,50 x 1,50 m - moldado no local - altura do aterro 12,50 a 15,00 m - areia e brita comerciais","m",3160.51]
[705180,"Corpo de BSCC 1,50 x 1,50 m - moldado no local - altura do aterro 12,50 a 15,00 m - areia extraída e brita produzida","m",2922.27]
[705173,"Corpo de BSCC 1,50 x 1,50 m - moldado no local - altura do aterro 2,50 a 5,00 m - areia e brita comerciais","m",2331.96]
[705172,"Corpo de BSCC 1,50 x 1,50 m - moldado no local - altura do aterro 2,50 a 5,00 m - areia extraída e brita produzida","m",2151.4899999999998]
[705175,"Corpo de BSCC 1,50 x 1,50 m - moldado no local - altura do aterro 5,00 a 7,50 m - areia e brita comerciais","m",2592.9299999999998]
[705174,"Corpo de BSCC 1,50 x 1,50 m - moldado no local - altura do aterro 5,00 a 7,50 m - areia extraída e brita produzida","m",2412.46]
[705177,"Corpo de BSCC 1,50 x 1,50 m - moldado no local - altura do aterro 7,50 a 10,00 m - areia e brita comerciais","m",2916.63]
[705176,"Corpo de BSCC 1,50 x 1,50 m - moldado no local - altura do aterro 7,50 a 10,00 m - areia extraída e brita produzida","m",2678.39]
[705183,"Corpo de BSCC 2,00 x 2,00 m - moldado no local - altura do aterro 0,00 a 1,00 m - areia e brita comerciais","m",3371.11]
[705182,"Corpo de BSCC 2,00 x 2,00 m - moldado no local - altura do aterro 0,00 a 1,00 m - areia extraída e brita produzida","m",3139.16]
[705185,"Corpo de BSCC 2,00 x 2,00 m - moldado no local - altura do aterro 1,00 a 2,50 m - areia e brita comerciais","m",3056.25]
[705184,"Corpo de BSCC 2,00 x 2,00 m - moldado no local - altura do aterro 1,00 a 2,50 m - areia extraída e brita produzida","m",2824.3]
[705193,"Corpo de BSCC 2,00 x 2,00 m - moldado no local - altura do aterro 10,00 a 12,50 m - areia e brita comerciais","m",4610.6000000000004]
[705192,"Corpo de BSCC 2,00 x 2,00 m - moldado no local - altura do aterro 10,00 a 12,50 m - areia extraída e brita produzida","m",4236.32]
[705195,"Corpo de BSCC 2,00 x 2,00 m - moldado no local - altura do aterro 12,50 a 15,00 m - areia e brita comerciais","m",4930.21]
[705194,"Corpo de BSCC 2,00 x 2,00 m - moldado no local - altura do aterro 12,50 a 15,00 m - areia extraída e brita produzida","m",4555.93]
[705187,"Corpo de BSCC 2,00 x 2,00 m - moldado no local - altura do aterro 2,50 a 5,00 m - areia e brita comerciais","m",3464.37]
[705186,"Corpo de BSCC 2,00 x 2,00 m - moldado no local - altura do aterro 2,50 a 5,00 m - areia extraída e brita produzida","m",3160.55]
[705189,"Corpo de BSCC 2,00 x 2,00 m - moldado no local - altura do aterro 5,00 a 7,50 m - areia e brita comerciais","m",3879.62]
[705188,"Corpo de BSCC 2,00 x 2,00 m - moldado no local - altura do aterro 5,00 a 7,50 m - areia extraída e brita produzida","m",3575.8]
[705191,"Corpo de BSCC 2,00 x 2,00 m - moldado no local - altura do aterro 7,50 a 10,00 m - areia e brita comerciais","m",4248.25]
[705190,"Corpo de BSCC 2,00 x 2,00 m - moldado no local - altura do aterro 7,50 a 10,00 m - areia extraída e brita produzida","m",3873.98]
[705197,"Corpo de BSCC 2,50 x 2,50 m - moldado no local - altura do aterro 0,00 a 1,00 m - areia e brita comerciais","m",4600.6499999999996]
[705196,"Corpo de BSCC 2,50 x 2,50 m - moldado no local - altura do aterro 0,00 a 1,00 m - areia extraída e brita produzida","m",4230.08]
[705199,"Corpo de BSCC 2,50 x 2,50 m - moldado no local - altura do aterro 1,00 a 2,50 m - areia e brita comerciais","m",4362.46]
[705198,"Corpo de BSCC 2,50 x 2,50 m - moldado no local - altura do aterro 1,00 a 2,50 m - areia extraída e brita produzida","m",3991.9]
[705207,"Corpo de BSCC 2,50 x 2,50 m - moldado no local - altura do aterro 10,00 a 12,50 m - areia e brita comerciais","m",6520.05]
[705206,"Corpo de BSCC 2,50 x 2,50 m - moldado no local - altura do aterro 10,00 a 12,50 m - areia extraída e brita produzida","m",5967.67]
[705209,"Corpo de BSCC 2,50 x 2,50 m - moldado no local - altura do aterro 12,50 a 15,00 m - areia e brita comerciais","m",7387.48]
[705208,"Corpo de BSCC 2,50 x 2,50 m - moldado no local - altura do aterro 12,50 a 15,00 m - areia extraída e brita produzida","m",6743.49]
[705201,"Corpo de BSCC 2,50 x 2,50 m - moldado no local - altura do aterro 2,50 a 5,00 m - areia e brita comerciais","m",4988.4799999999996]
[705200,"Corpo de BSCC 2,50 x 2,50 m - moldado no local - altura do aterro 2,50 a 5,00 m - areia extraída e brita produzida","m",4617.92]
[705203,"Corpo de BSCC 2,50 x 2,50 m - moldado no local - altura do aterro 5,00 a 7,50 m - areia e brita comerciais","m",5478.08]
[705202,"Corpo de BSCC 2,50 x 2,50 m - moldado no local - altura do aterro 5,00 a 7,50 m - areia extraída e brita produzida","m",5022.95]
[705205,"Corpo de BSCC 2,50 x 2,50 m - moldado no local - altura do aterro 7,50 a 10,00 m - areia e brita comerciais","m",5979.79]
[705204,"Corpo de BSCC 2,50 x 2,50 m - moldado no local - altura do aterro 7,50 a 10,00 m - areia extraída e brita produzida","m",5524.66]
[705211,"Corpo de BSCC 3,00 x 3,00 m - moldado no local - altura do aterro 0,00 a 1,00 m - areia e brita comerciais","m",5880.68]
[705210,"Corpo de BSCC 3,00 x 3,00 m - moldado no local - altura do aterro 0,00 a 1,00 m - areia extraída e brita produzida","m",5345.88]
[705213,"Corpo de BSCC 3,00 x 3,00 m - moldado no local - altura do aterro 1,00 a 2,50 m - areia e brita comerciais","m",5809.03]
[705212,"Corpo de BSCC 3,00 x 3,00 m - moldado no local - altura do aterro 1,00 a 2,50 m - areia extraída e brita produzida","m",5274.22]
[705221,"Corpo de BSCC 3,00 x 3,00 m - moldado no local - altura do aterro 10,00 a 12,50 m - areia e brita comerciais","m",8954.9699999999993]
[705220,"Corpo de BSCC 3,00 x 3,00 m - moldado no local - altura do aterro 10,00 a 12,50 m - areia extraída e brita produzida","m",8203.1]
[705223,"Corpo de BSCC 3,00 x 3,00 m - moldado no local - altura do aterro 12,50 a 15,00 m - areia e brita comerciais","m",9673.6299999999992]
[705222,"Corpo de BSCC 3,00 x 3,00 m - moldado no local - altura do aterro 12,50 a 15,00 m - areia extraída e brita produzida","m",8807.58]
[705215,"Corpo de BSCC 3,00 x 3,00 m - moldado no local - altura do aterro 2,50 a 5,00 m - areia e brita comerciais","m",6860.77]
[705214,"Corpo de BSCC 3,00 x 3,00 m - moldado no local - altura do aterro 2,50 a 5,00 m - areia extraída e brita produzida","m",6213.2]
[705217,"Corpo de BSCC 3,00 x 3,00 m - moldado no local - altura do aterro 5,00 a 7,50 m - areia e brita comerciais","m",7601.48]
[705216,"Corpo de BSCC 3,00 x 3,00 m - moldado no local - altura do aterro 5,00 a 7,50 m - areia extraída e brita produzida","m",6953.91]
[705219,"Corpo de BSCC 3,00 x 3,00 m - moldado no local - altura do aterro 7,50 a 10,00 m - areia e brita comerciais","m",8271.31]
[705218,"Corpo de BSCC 3,00 x 3,00 m - moldado no local - altura do aterro 7,50 a 10,00 m - areia extraída e brita produzida","m",7519.44]
[705346,"Corpo de BTCC 1,50 x 1,50 m - moldado no local - altura do aterro 0,00 a 1,00 m - areia e brita comerciais","m",5539.93]
[705345,"Corpo de BTCC 1,50 x 1,50 m - moldado no local - altura do aterro 0,00 a 1,00 m - areia extraída e brita produzida","m",5076.84]
[705348,"Corpo de BTCC 1,50 x 1,50 m - moldado no local - altura do aterro 1,00 a 2,50 m - areia e brita comerciais","m",4989.3100000000004]
[705347,"Corpo de BTCC 1,50 x 1,50 m - moldado no local - altura do aterro 1,00 a 2,50 m - areia extraída e brita produzida","m",4526.22]
[705356,"Corpo de BTCC 1,50 x 1,50 m - moldado no local - altura do aterro 10,00 a 12,50 m - areia e brita comerciais","m",7347.85]
[705355,"Corpo de BTCC 1,50 x 1,50 m - moldado no local - altura do aterro 10,00 a 12,50 m - areia extraída e brita produzida","m",6731.15]
[705358,"Corpo de BTCC 1,50 x 1,50 m - moldado no local - altura do aterro 12,50 a 15,00 m - areia e brita comerciais","m",7459.48]
[705357,"Corpo de BTCC 1,50 x 1,50 m - moldado no local - altura do aterro 12,50 a 15,00 m - areia extraída e brita produzida","m",6842.78]
[705350,"Corpo de BTCC 1,50 x 1,50 m - moldado no local - altura do aterro 2,50 a 5,00 m - areia e brita comerciais","m",5439.35]
[705349,"Corpo de BTCC 1,50 x 1,50 m - moldado no local - altura do aterro 2,50 a 5,00 m - areia extraída e brita produzida","m",4976.26]
[705352,"Corpo de BTCC 1,50 x 1,50 m - moldado no local - altura do aterro 5,00 a 7,50 m - areia e brita comerciais","m",5823.72]
[705351,"Corpo de BTCC 1,50 x 1,50 m - moldado no local - altura do aterro 5,00 a 7,50 m - areia extraída e brita produzida","m",5360.63]
[705354,"Corpo de BTCC 1,50 x 1,50 m - moldado no local - altura do aterro 7,50 a 10,00 m - areia e brita comerciais","m",6404.76]
[705353,"Corpo de BTCC 1,50 x 1,50 m - moldado no local - altura do aterro 7,50 a 10,00 m - areia extraída e brita produzida","m",5941.67]
[705360,"Corpo de BTCC 2,00 x 2,00 m - moldado no local - altura do aterro 0,00 a 1,00 m - areia e brita comerciais","m",7962.44]
[705359,"Corpo de BTCC 2,00 x 2,00 m - moldado no local - altura do aterro 0,00 a 1,00 m - areia extraída e brita produzida","m",7364.91]
[705362,"Corpo de BTCC 2,00 x 2,00 m - moldado no local - altura do aterro 1,00 a 2,50 m - areia e brita comerciais","m",7251.92]
[705361,"Corpo de BTCC 2,00 x 2,00 m - moldado no local - altura do aterro 1,00 a 2,50 m - areia extraída e brita produzida","m",6654.39]
[705370,"Corpo de BTCC 2,00 x 2,00 m - moldado no local - altura do aterro 10,00 a 12,50 m - areia e brita comerciais","m",10787.54]
[705369,"Corpo de BTCC 2,00 x 2,00 m - moldado no local - altura do aterro 10,00 a 12,50 m - areia extraída e brita produzida","m",9832.02]
[705372,"Corpo de BTCC 2,00 x 2,00 m - moldado no local - altura do aterro 12,50 a 15,00 m - areia e brita comerciais","m",11483.33]
[705371,"Corpo de BTCC 2,00 x 2,00 m - moldado no local - altura do aterro 12,50 a 15,00 m - areia extraída e brita produzida","m",10527.81]
[705364,"Corpo de BTCC 2,00 x 2,00 m - moldado no local - altura do aterro 2,50 a 5,00 m - areia e brita comerciais","m",8202.2800000000007]
[705363,"Corpo de BTCC 2,00 x 2,00 m - moldado no local - altura do aterro 2,50 a 5,00 m - areia extraída e brita produzida","m",7604.75]
[705366,"Corpo de BTCC 2,00 x 2,00 m - moldado no local - altura do aterro 5,00 a 7,50 m - areia e brita comerciais","m",8956.25]
[705365,"Corpo de BTCC 2,00 x 2,00 m - moldado no local - altura do aterro 5,00 a 7,50 m - areia extraída e brita produzida","m",8169.85]
[705368,"Corpo de BTCC 2,00 x 2,00 m - moldado no local - altura do aterro 7,50 a 10,00 m - areia e brita comerciais","m",10031.129999999999]
[705367,"Corpo de BTCC 2,00 x 2,00 m - moldado no local - altura do aterro 7,50 a 10,00 m - areia extraída e brita produzida","m",9244.73]
[705374,"Corpo de BTCC 2,50 x 2,50 m - moldado no local - altura do aterro 0,00 a 1,00 m - areia e brita comerciais","m",10523.71]
[705373,"Corpo de BTCC 2,50 x 2,50 m - moldado no local - altura do aterro 0,00 a 1,00 m - areia extraída e brita produzida","m",9765.18]
[705376,"Corpo de BTCC 2,50 x 2,50 m - moldado no local - altura do aterro 1,00 a 2,50 m - areia e brita comerciais","m",9444.49]
[705375,"Corpo de BTCC 2,50 x 2,50 m - moldado no local - altura do aterro 1,00 a 2,50 m - areia extraída e brita produzida","m",8685.9599999999991]
[705384,"Corpo de BTCC 2,50 x 2,50 m - moldado no local - altura do aterro 10,00 a 12,50 m - areia e brita comerciais","m",14283.13]
[705383,"Corpo de BTCC 2,50 x 2,50 m - moldado no local - altura do aterro 10,00 a 12,50 m - areia extraída e brita produzida","m",13121.49]
[705386,"Corpo de BTCC 2,50 x 2,50 m - moldado no local - altura do aterro 12,50 a 15,00 m - areia e brita comerciais","m",15387.87]
[705385,"Corpo de BTCC 2,50 x 2,50 m - moldado no local - altura do aterro 12,50 a 15,00 m - areia extraída e brita produzida","m",14226.23]
[705378,"Corpo de BTCC 2,50 x 2,50 m - moldado no local - altura do aterro 2,50 a 5,00 m - areia e brita comerciais","m",10718.19]
[705377,"Corpo de BTCC 2,50 x 2,50 m - moldado no local - altura do aterro 2,50 a 5,00 m - areia extraída e brita produzida","m",9760.92]
[705380,"Corpo de BTCC 2,50 x 2,50 m - moldado no local - altura do aterro 5,00 a 7,50 m - areia e brita comerciais","m",12143.19]
[705379,"Corpo de BTCC 2,50 x 2,50 m - moldado no local - altura do aterro 5,00 a 7,50 m - areia extraída e brita produzida","m",11185.93]
[705382,"Corpo de BTCC 2,50 x 2,50 m - moldado no local - altura do aterro 7,50 a 10,00 m - areia e brita comerciais","m",13366.25]
[705381,"Corpo de BTCC 2,50 x 2,50 m - moldado no local - altura do aterro 7,50 a 10,00 m - areia extraída e brita produzida","m",12204.61]
[705388,"Corpo de BTCC 3,00 x 3,00 m - moldado no local - altura do aterro 0,00 a 1,00 m - areia e brita comerciais","m",13238.14]
[705387,"Corpo de BTCC 3,00 x 3,00 m - moldado no local - altura do aterro 0,00 a 1,00 m - areia extraída e brita produzida","m",12111.18]
[705390,"Corpo de BTCC 3,00 x 3,00 m - moldado no local - altura do aterro 1,00 a 2,50 m - areia e brita comerciais","m",12474.68]
[705389,"Corpo de BTCC 3,00 x 3,00 m - moldado no local - altura do aterro 1,00 a 2,50 m - areia extraída e brita produzida","m",11347.72]
[705399,"Corpo de BTCC 3,00 x 3,00 m - moldado no local - altura do aterro 10,00 a 12,50 m - areia e brita comerciais","m",19156.13]
[705398,"Corpo de BTCC 3,00 x 3,00 m - moldado no local - altura do aterro 10,00 a 12,50 m - areia extraída e brita produzida","m",17465.310000000001]
[705401,"Corpo de BTCC 3,00 x 3,00 m - moldado no local - altura do aterro 12,50 a 15,00 m - areia e brita comerciais","m",20652.259999999998]
[705400,"Corpo de BTCC 3,00 x 3,00 m - moldado no local - altura do aterro 12,50 a 15,00 m - areia extraída e brita produzida","m",18961.43]
[705392,"Corpo de BTCC 3,00 x 3,00 m - moldado no local - altura do aterro 2,50 a 5,00 m - areia e brita comerciais","m",14206.86]
[705391,"Corpo de BTCC 3,00 x 3,00 m - moldado no local - altura do aterro 2,50 a 5,00 m - areia extraída e brita produzida","m",12840.27]
[705395,"Corpo de BTCC 3,00 x 3,00 m - moldado no local - altura do aterro 5,00 a 7,50 m - areia e brita comerciais","m",16191.62]
[705394,"Corpo de BTCC 3,00 x 3,00 m - moldado no local - altura do aterro 5,00 a 7,50 m - areia extraída e brita produzida","m",14825.03]
[705397,"Corpo de BTCC 3,00 x 3,00 m - moldado no local - altura do aterro 7,50 a 10,00 m - areia e brita comerciais","m",17727.810000000001]
[705396,"Corpo de BTCC 3,00 x 3,00 m - moldado no local - altura do aterro 7,50 a 10,00 m - areia extraída e brita produzida","m",16036.99]
[804213,"Boca de BDTC D = 0,80 m - esconsidade 0° - areia e brita comerciais - alas retas","un",1585.24]
[804212,"Boca de BDTC D = 0,80 m - esconsidade 0° - areia extraída e brita produzida - alas retas","un",1309.29]
[804217,"Boca de BDTC D = 0,80 m - esconsidade 10° - areia e brita comerciais - alas retas","un",1594.57]
[804216,"Boca de BDTC D = 0,80 m - esconsidade 10° - areia extraída e brita produzida - alas retas","un",1318.04]
[804219,"Boca de BDTC D = 0,80 m - esconsidade 15° - areia e brita comerciais - alas retas","un",1606.38]
[804218,"Boca de BDTC D = 0,80 m - esconsidade 15° - areia extraída e brita produzida - alas retas","un",1329.3]
[804221,"Boca de BDTC D = 0,80 m - esconsidade 20° - areia e brita comerciais - alas retas","un",1625.39]
[804220,"Boca de BDTC D = 0,80 m - esconsidade 20° - areia extraída e brita produzida - alas retas","un",1347.32]
[804223,"Boca de BDTC D = 0,80 m - esconsidade 25° - areia e brita comerciais - alas retas","un",1650.31]
[804222,"Boca de BDTC D = 0,80 m - esconsidade 25° - areia extraída e brita produzida - alas retas","un",1370.97]
[804225,"Boca de BDTC D = 0,80 m - esconsidade 30° - areia e brita comerciais - alas retas","un",1683.18]
[804224,"Boca de BDTC D = 0,80 m - esconsidade 30° - areia extraída e brita produzida - alas retas","un",1402.43]
[804227,"Boca de BDTC D = 0,80 m - esconsidade 35° - areia e brita comerciais - alas retas","un",1727.77]
[804226,"Boca de BDTC D = 0,80 m - esconsidade 35° - areia extraída e brita produzida - alas retas","un",1445.33]
[804229,"Boca de BDTC D = 0,80 m - esconsidade 40° - areia e brita comerciais - alas retas","un",1786.12]
[804228,"Boca de BDTC D = 0,80 m - esconsidade 40° - areia extraída e brita produzida - alas retas","un",1501.84]
[804231,"Boca de BDTC D = 0,80 m - esconsidade 45° - areia e brita comerciais - alas retas","un",1866.18]
[804230,"Boca de BDTC D = 0,80 m - esconsidade 45° - areia extraída e brita produzida - alas retas","un",1579.79]
[804215,"Boca de BDTC D = 0,80 m - esconsidade 5° - areia e brita comerciais - alas retas","un",1587.37]
[804214,"Boca de BDTC D = 0,80 m - esconsidade 5° - areia extraída e brita produzida - alas retas","un",1311.27]
[804417,"Boca de BDTC D = 1,00 m - esconsidade 0° - areia e brita comerciais - alas esconsas","un",4099.05]
[804233,"Boca de BDTC D = 1,00 m - esconsidade 0° - areia e brita comerciais - alas retas","un",2352.59]
[804416,"Boca de BDTC D = 1,00 m - esconsidade 0° - areia extraída e brita produzida - alas esconsas","un",3379.06]
[804232,"Boca de BDTC D = 1,00 m - esconsidade 0° - areia extraída e brita produzida - alas retas","un",1924.35]
[804237,"Boca de BDTC D = 1,00 m - esconsidade 10° - areia e brita comerciais - alas retas","un",2366.62]
[804236,"Boca de BDTC D = 1,00 m - esconsidade 10° - areia extraída e brita produzida - alas retas","un",1937.39]
[804419,"Boca de BDTC D = 1,00 m - esconsidade 15° - areia e brita comerciais - alas esconsas","un",4287.67]
[804239,"Boca de BDTC D = 1,00 m - esconsidade 15° - areia e brita comerciais - alas retas","un",2384.89]
[804418,"Boca de BDTC D = 1,00 m - esconsidade 15° - areia extraída e brita produzida - alas esconsas","un",3533.27]
[804238,"Boca de BDTC D = 1,00 m - esconsidade 15° - areia extraída e brita produzida - alas retas","un",1954.39]
[804241,"Boca de BDTC D = 1,00 m - esconsidade 20° - areia e brita comerciais - alas retas","un",2411.19]
[804240,"Boca de BDTC D = 1,00 m - esconsidade 20° - areia extraída e brita produzida - alas retas","un",1978.99]
[804243,"Boca de BDTC D = 1,00 m - esconsidade 25° - areia e brita comerciais - alas retas","un",2447.1799999999998]
[804242,"Boca de BDTC D = 1,00 m - esconsidade 25° - areia extraída e brita produzida - alas retas","un",2012.87]
[804421,"Boca de BDTC D = 1,00 m - esconsidade 30° - areia e brita comerciais - alas esconsas","un",4784.1000000000004]
[804245,"Boca de BDTC D = 1,00 m - esconsidade 30° - areia e brita comerciais - alas retas","un",2495.8200000000002]
[804420,"Boca de BDTC D = 1,00 m - esconsidade 30° - areia extraída e brita produzida - alas esconsas","un",3939.87]
[804244,"Boca de BDTC D = 1,00 m - esconsidade 30° - areia extraída e brita produzida - alas retas","un",2058.83]
[804247,"Boca de BDTC D = 1,00 m - esconsidade 35° - areia e brita comerciais - alas retas","un",2559.5100000000002]
[804246,"Boca de BDTC D = 1,00 m - esconsidade 35° - areia extraída e brita produzida - alas retas","un",2119.56]
[804249,"Boca de BDTC D = 1,00 m - esconsidade 40° - areia e brita comerciais - alas retas","un",2645]
[804248,"Boca de BDTC D = 1,00 m - esconsidade 40° - areia extraída e brita produzida - alas retas","un",2201.52]
[804423,"Boca de BDTC D = 1,00 m - esconsidade 45° - areia e brita comerciais - alas esconsas","un",5922.05]
[804251,"Boca de BDTC D = 1,00 m - esconsidade 45° - areia e brita comerciais - alas retas","un",2759.21]
[804422,"Boca de BDTC D = 1,00 m - esconsidade 45° - areia extraída e brita produzida - alas esconsas","un",4868.71]
[804250,"Boca de BDTC D = 1,00 m - esconsidade 45° - areia extraída e brita produzida - alas retas","un",2312.06]
[804235,"Boca de BDTC D = 1,00 m - esconsidade 5° - areia e brita comerciais - alas retas","un",2356.0100000000002]
[804234,"Boca de BDTC D = 1,00 m - esconsidade 5° - areia extraída e brita produzida - alas retas","un",1927.48]
[804425,"Boca de BDTC D = 1,20 m - esconsidade 0° - areia e brita comerciais - alas esconsas","un",5932.53]
[804253,"Boca de BDTC D = 1,20 m - esconsidade 0° - areia e brita comerciais - alas retas","un",3266.15]
[804424,"Boca de BDTC D = 1,20 m - esconsidade 0° - areia extraída e brita produzida - alas esconsas","un",4820.1000000000004]
[804252,"Boca de BDTC D = 1,20 m - esconsidade 0° - areia extraída e brita produzida - alas retas","un",2644.57]
[804257,"Boca de BDTC D = 1,20 m - esconsidade 10° - areia e brita comerciais - alas retas","un",3286.71]
[804256,"Boca de BDTC D = 1,20 m - esconsidade 10° - areia extraída e brita produzida - alas retas","un",2663.17]
[804427,"Boca de BDTC D = 1,20 m - esconsidade 15° - areia e brita comerciais - alas esconsas","un",6219.44]
[804259,"Boca de BDTC D = 1,20 m - esconsidade 15° - areia e brita comerciais - alas retas","un",3312.82]
[804426,"Boca de BDTC D = 1,20 m - esconsidade 15° - areia extraída e brita produzida - alas esconsas","un",5050.6099999999997]
[804258,"Boca de BDTC D = 1,20 m - esconsidade 15° - areia extraída e brita produzida - alas retas","un",2686.87]
[804261,"Boca de BDTC D = 1,20 m - esconsidade 20° - areia e brita comerciais - alas retas","un",3351.28]
[804260,"Boca de BDTC D = 1,20 m - esconsidade 20° - areia extraída e brita produzida - alas retas","un",2721.95]
[804263,"Boca de BDTC D = 1,20 m - esconsidade 25° - areia e brita comerciais - alas retas","un",3403.77]
[804262,"Boca de BDTC D = 1,20 m - esconsidade 25° - areia extraída e brita produzida - alas retas","un",2770.07]
[804429,"Boca de BDTC D = 1,20 m - esconsidade 30° - areia e brita comerciais - alas esconsas","un",6941.54]
[804265,"Boca de BDTC D = 1,20 m - esconsidade 30° - areia e brita comerciais - alas retas","un",3473.98]
[804428,"Boca de BDTC D = 1,20 m - esconsidade 30° - areia extraída e brita produzida - alas esconsas","un",5632.26]
[804264,"Boca de BDTC D = 1,20 m - esconsidade 30° - areia extraída e brita produzida - alas retas","un",2835.07]
[804267,"Boca de BDTC D = 1,20 m - esconsidade 35° - areia e brita comerciais - alas retas","un",3563.95]
[804266,"Boca de BDTC D = 1,20 m - esconsidade 35° - areia extraída e brita produzida - alas retas","un",2919.12]
[804269,"Boca de BDTC D = 1,20 m - esconsidade 40° - areia e brita comerciais - alas retas","un",3683.75]
[804268,"Boca de BDTC D = 1,20 m - esconsidade 40° - areia extraída e brita produzida - alas retas","un",3032]
[804431,"Boca de BDTC D = 1,20 m - esconsidade 45° - areia e brita comerciais - alas esconsas","un",8605.56]
[804271,"Boca de BDTC D = 1,20 m - esconsidade 45° - areia e brita comerciais - alas retas","un",3844.08]
[804430,"Boca de BDTC D = 1,20 m - esconsidade 45° - areia extraída e brita produzida - alas esconsas","un",6968.85]
[804270,"Boca de BDTC D = 1,20 m - esconsidade 45° - areia extraída e brita produzida - alas retas","un",3184.72]
[804255,"Boca de BDTC D = 1,20 m - esconsidade 5° - areia e brita comerciais - alas retas","un",3271.31]
[804254,"Boca de BDTC D = 1,20 m - esconsidade 5° - areia extraída e brita produzida - alas retas","un",2649.17]
[804433,"Boca de BDTC D = 1,50 m - esconsidade 0° - areia e brita comerciais - alas esconsas","un",10460.19]
[804273,"Boca de BDTC D = 1,50 m - esconsidade 0° - areia e brita comerciais - alas retas","un",5598.96]
[804432,"Boca de BDTC D = 1,50 m - esconsidade 0° - areia extraída e brita produzida - alas esconsas","un",8325.58]
[804272,"Boca de BDTC D = 1,50 m - esconsidade 0° - areia extraída e brita produzida - alas retas","un",4487.09]
[804277,"Boca de BDTC D = 1,50 m - esconsidade 10° - areia e brita comerciais - alas retas","un",5629.94]
[804276,"Boca de BDTC D = 1,50 m - esconsidade 10° - areia extraída e brita produzida - alas retas","un",4514.6899999999996]
[804435,"Boca de BDTC D = 1,50 m - esconsidade 15° - areia e brita comerciais - alas esconsas","un",10978]
[804279,"Boca de BDTC D = 1,50 m - esconsidade 15° - areia e brita comerciais - alas retas","un",5668.67]
[804434,"Boca de BDTC D = 1,50 m - esconsidade 15° - areia extraída e brita produzida - alas esconsas","un",8734.25]
[804278,"Boca de BDTC D = 1,50 m - esconsidade 15° - areia extraída e brita produzida - alas retas","un",4549.1899999999996]
[804281,"Boca de BDTC D = 1,50 m - esconsidade 20° - areia e brita comerciais - alas retas","un",5725.76]
[804280,"Boca de BDTC D = 1,50 m - esconsidade 20° - areia extraída e brita produzida - alas retas","un",4600.5]
[804283,"Boca de BDTC D = 1,50 m - esconsidade 25° - areia e brita comerciais - alas retas","un",5803.69]
[804282,"Boca de BDTC D = 1,50 m - esconsidade 25° - areia extraída e brita produzida - alas retas","un",4671.1000000000004]
[804437,"Boca de BDTC D = 1,50 m - esconsidade 30° - areia e brita comerciais - alas esconsas","un",12293.76]
[804285,"Boca de BDTC D = 1,50 m - esconsidade 30° - areia e brita comerciais - alas retas","un",5906.27]
[804436,"Boca de BDTC D = 1,50 m - esconsidade 30° - areia extraída e brita produzida - alas esconsas","un",9773.07]
[804284,"Boca de BDTC D = 1,50 m - esconsidade 30° - areia extraída e brita produzida - alas retas","un",4764.6499999999996]
[804287,"Boca de BDTC D = 1,50 m - esconsidade 35° - areia e brita comerciais - alas retas","un",6039.58]
[804286,"Boca de BDTC D = 1,50 m - esconsidade 35° - areia extraída e brita produzida - alas retas","un",4887.67]
[804289,"Boca de BDTC D = 1,50 m - esconsidade 40° - areia e brita comerciais - alas retas","un",6214.53]
[804288,"Boca de BDTC D = 1,50 m - esconsidade 40° - areia extraída e brita produzida - alas retas","un",5050.78]
[804439,"Boca de BDTC D = 1,50 m - esconsidade 45° - areia e brita comerciais - alas esconsas","un",15307.4]
[804291,"Boca de BDTC D = 1,50 m - esconsidade 45° - areia e brita comerciais - alas retas","un",6446.37]
[804438,"Boca de BDTC D = 1,50 m - esconsidade 45° - areia extraída e brita produzida - alas esconsas","un",12145.67]
[804290,"Boca de BDTC D = 1,50 m - esconsidade 45° - areia extraída e brita produzida - alas retas","un",5269.64]
[804275,"Boca de BDTC D = 1,50 m - esconsidade 5° - areia e brita comerciais - alas retas","un",5606.7]
[804274,"Boca de BDTC D = 1,50 m - esconsidade 5° - areia extraída e brita produzida - alas retas","un",4493.99]
[804061,"Boca de BSTC D = 0,40 m - esconsidade 0° - areia e brita comerciais - alas retas","un",384.78]
[804060,"Boca de BSTC D = 0,40 m - esconsidade 0° - areia extraída e brita produzida - alas retas","un",325.13]
[804065,"Boca de BSTC D = 0,40 m - esconsidade 10° - areia e brita comerciais - alas retas","un",386.44]
[804064,"Boca de BSTC D = 0,40 m - esconsidade 10° - areia extraída e brita produzida - alas retas","un",326.8]
[804067,"Boca de BSTC D = 0,40 m - esconsidade 15° - areia e brita comerciais - alas retas","un",388.11]
[804066,"Boca de BSTC D = 0,40 m - esconsidade 15° - areia extraída e brita produzida - alas retas","un",328.46]
[804069,"Boca de BSTC D = 0,40 m - esconsidade 20° - areia e brita comerciais - alas retas","un",391.06]
[804068,"Boca de BSTC D = 0,40 m - esconsidade 20° - areia extraída e brita produzida - alas retas","un",331.27]
[804071,"Boca de BSTC D = 0,40 m - esconsidade 25° - areia e brita comerciais - alas retas","un",395.22]
[804070,"Boca de BSTC D = 0,40 m - esconsidade 25° - areia extraída e brita produzida - alas retas","un",335.43]
[804073,"Boca de BSTC D = 0,40 m - esconsidade 30° - areia e brita comerciais - alas retas","un",400.66]
[804072,"Boca de BSTC D = 0,40 m - esconsidade 30° - areia extraída e brita produzida - alas retas","un",340.74]
[804075,"Boca de BSTC D = 0,40 m - esconsidade 35° - areia e brita comerciais - alas retas","un",408.15]
[804074,"Boca de BSTC D = 0,40 m - esconsidade 35° - areia extraída e brita produzida - alas retas","un",348.22]
[804077,"Boca de BSTC D = 0,40 m - esconsidade 40° - areia e brita comerciais - alas retas","un",417.75]
[804076,"Boca de BSTC D = 0,40 m - esconsidade 40° - areia extraída e brita produzida - alas retas","un",357.68]
[804079,"Boca de BSTC D = 0,40 m - esconsidade 45° - areia e brita comerciais - alas retas","un",432.35]
[804078,"Boca de BSTC D = 0,40 m - esconsidade 45° - areia extraída e brita produzida - alas retas","un",372.13]
[804063,"Boca de BSTC D = 0,40 m - esconsidade 5° - areia e brita comerciais - alas retas","un",385.61]
[804062,"Boca de BSTC D = 0,40 m - esconsidade 5° - areia extraída e brita produzida - alas retas","un",325.95999999999998]
[804377,"Boca de BSTC D = 0,60 m - esconsidade 0° - areia e brita comerciais - alas esconsas","un",1149.25]
[804081,"Boca de BSTC D = 0,60 m - esconsidade 0° - areia e brita comerciais - alas retas","un",774.99]
[804376,"Boca de BSTC D = 0,60 m - esconsidade 0° - areia extraída e brita produzida - alas esconsas","un",986.67]
[804080,"Boca de BSTC D = 0,60 m - esconsidade 0° - areia extraída e brita produzida - alas retas","un",643.57000000000005]
[804085,"Boca de BSTC D = 0,60 m - esconsidade 10° - areia e brita comerciais - alas retas","un",777.95]
[804084,"Boca de BSTC D = 0,60 m - esconsidade 10° - areia extraída e brita produzida - alas retas","un",646.39]
[804379,"Boca de BSTC D = 0,60 m - esconsidade 15° - areia e brita comerciais - alas esconsas","un",960.47]
[804087,"Boca de BSTC D = 0,60 m - esconsidade 15° - areia e brita comerciais - alas retas","un",781.27]
[804378,"Boca de BSTC D = 0,60 m - esconsidade 15° - areia extraída e brita produzida - alas esconsas","un",788.72]
[804086,"Boca de BSTC D = 0,60 m - esconsidade 15° - areia extraída e brita produzida - alas retas","un",649.71]
[804089,"Boca de BSTC D = 0,60 m - esconsidade 20° - areia e brita comerciais - alas retas","un",786.72]
[804088,"Boca de BSTC D = 0,60 m - esconsidade 20° - areia extraída e brita produzida - alas retas","un",655.02]
[804091,"Boca de BSTC D = 0,60 m - esconsidade 25° - areia e brita comerciais - alas retas","un",793.83]
[804090,"Boca de BSTC D = 0,60 m - esconsidade 25° - areia extraída e brita produzida - alas retas","un",661.99]
[804381,"Boca de BSTC D = 0,60 m - esconsidade 30° - areia e brita comerciais - alas esconsas","un",1358.33]
[804093,"Boca de BSTC D = 0,60 m - esconsidade 30° - areia e brita comerciais - alas retas","un",803.9]
[804380,"Boca de BSTC D = 0,60 m - esconsidade 30° - areia extraída e brita produzida - alas esconsas","un",1163.73]
[804092,"Boca de BSTC D = 0,60 m - esconsidade 30° - areia extraída e brita produzida - alas retas","un",671.77]
[804095,"Boca de BSTC D = 0,60 m - esconsidade 35° - areia e brita comerciais - alas retas","un",817.66]
[804094,"Boca de BSTC D = 0,60 m - esconsidade 35° - areia extraída e brita produzida - alas retas","un",685.39]
[804097,"Boca de BSTC D = 0,60 m - esconsidade 40° - areia e brita comerciais - alas retas","un",835.21]
[804096,"Boca de BSTC D = 0,60 m - esconsidade 40° - areia extraída e brita produzida - alas retas","un",702.66]
[804383,"Boca de BSTC D = 0,60 m - esconsidade 45° - areia e brita comerciais - alas esconsas","un",1679.28]
[804099,"Boca de BSTC D = 0,60 m - esconsidade 45° - areia e brita comerciais - alas retas","un",860.24]
[804382,"Boca de BSTC D = 0,60 m - esconsidade 45° - areia extraída e brita produzida - alas esconsas","un",1436.46]
[804098,"Boca de BSTC D = 0,60 m - esconsidade 45° - areia extraída e brita produzida - alas retas","un",727.4]
[804083,"Boca de BSTC D = 0,60 m - esconsidade 5° - areia e brita comerciais - alas retas","un",775.83]
[804082,"Boca de BSTC D = 0,60 m - esconsidade 5° - areia extraída e brita produzida - alas retas","un",644.4]
[804385,"Boca de BSTC D = 0,80 m - esconsidade 0° - areia e brita comerciais - alas esconsas","un",1912.11]
[804101,"Boca de BSTC D = 0,80 m - esconsidade 0° - areia e brita comerciais - alas retas","un",1311.86]
[804384,"Boca de BSTC D = 0,80 m - esconsidade 0° - areia extraída e brita produzida - alas esconsas","un",1610.35]
[804100,"Boca de BSTC D = 0,80 m - esconsidade 0° - areia extraída e brita produzida - alas retas","un",1083.56]
[804105,"Boca de BSTC D = 0,80 m - esconsidade 10° - areia e brita comerciais - alas retas","un",1316.47]
[804104,"Boca de BSTC D = 0,80 m - esconsidade 10° - areia extraída e brita produzida - alas retas","un",1088.04]
[804387,"Boca de BSTC D = 0,80 m - esconsidade 15° - areia e brita comerciais - alas esconsas","un",2014.73]
[804107,"Boca de BSTC D = 0,80 m - esconsidade 15° - areia e brita comerciais - alas retas","un",1322.75]
[804386,"Boca de BSTC D = 0,80 m - esconsidade 15° - areia extraída e brita produzida - alas esconsas","un",1695.77]
[804106,"Boca de BSTC D = 0,80 m - esconsidade 15° - areia extraída e brita produzida - alas retas","un",1094.18]
[804109,"Boca de BSTC D = 0,80 m - esconsidade 20° - areia e brita comerciais - alas retas","un",1332.36]
[804108,"Boca de BSTC D = 0,80 m - esconsidade 20° - areia extraída e brita produzida - alas retas","un",1103.6400000000001]
[804111,"Boca de BSTC D = 0,80 m - esconsidade 25° - areia e brita comerciais - alas retas","un",1344.92]
[804110,"Boca de BSTC D = 0,80 m - esconsidade 25° - areia extraída e brita produzida - alas retas","un",1115.92]
[804389,"Boca de BSTC D = 0,80 m - esconsidade 30° - areia e brita comerciais - alas esconsas","un",2250.11]
[804113,"Boca de BSTC D = 0,80 m - esconsidade 30° - areia e brita comerciais - alas retas","un",1362.09]
[804388,"Boca de BSTC D = 0,80 m - esconsidade 30° - areia extraída e brita produzida - alas esconsas","un",1892.09]
[804112,"Boca de BSTC D = 0,80 m - esconsidade 30° - areia extraída e brita produzida - alas retas","un",1132.67]
[804115,"Boca de BSTC D = 0,80 m - esconsidade 35° - areia e brita comerciais - alas retas","un",1385.92]
[804114,"Boca de BSTC D = 0,80 m - esconsidade 35° - areia extraída e brita produzida - alas retas","un",1156.07]
[804117,"Boca de BSTC D = 0,80 m - esconsidade 40° - areia e brita comerciais - alas retas","un",1417.23]
[804116,"Boca de BSTC D = 0,80 m - esconsidade 40° - areia extraída e brita produzida - alas retas","un",1186.96]
[804391,"Boca de BSTC D = 0,80 m - esconsidade 45° - areia e brita comerciais - alas esconsas","un",2792.79]
[804119,"Boca de BSTC D = 0,80 m - esconsidade 45° - areia e brita comerciais - alas retas","un",1460.18]
[804390,"Boca de BSTC D = 0,80 m - esconsidade 45° - areia extraída e brita produzida - alas esconsas","un",2343.25]
[804118,"Boca de BSTC D = 0,80 m - esconsidade 45° - areia extraída e brita produzida - alas retas","un",1229.48]
[804103,"Boca de BSTC D = 0,80 m - esconsidade 5° - areia e brita comerciais - alas retas","un",1313.52]
[804102,"Boca de BSTC D = 0,80 m - esconsidade 5° - areia extraída e brita produzida - alas retas","un",1085.23]
[804393,"Boca de BSTC D = 1,00 m - esconsidade 0° - areia e brita comerciais - alas esconsas","un",2942.85]
[804121,"Boca de BSTC D = 1,00 m - esconsidade 0° - areia e brita comerciais - alas retas","un",1960.1]
[804392,"Boca de BSTC D = 1,00 m - esconsidade 0° - areia extraída e brita produzida - alas esconsas","un",2439.87]
[804120,"Boca de BSTC D = 1,00 m - esconsidade 0° - areia extraída e brita produzida - alas retas","un",1605.6]
[804125,"Boca de BSTC D = 1,00 m - esconsidade 10° - areia e brita comerciais - alas retas","un",1966.38]
[804124,"Boca de BSTC D = 1,00 m - esconsidade 10° - areia extraída e brita produzida - alas retas","un",1611.74]
[804395,"Boca de BSTC D = 1,00 m - esconsidade 15° - areia e brita comerciais - alas esconsas","un",3090.86]
[804127,"Boca de BSTC D = 1,00 m - esconsidade 15° - areia e brita comerciais - alas retas","un",1975.62]
[804394,"Boca de BSTC D = 1,00 m - esconsidade 15° - areia extraída e brita produzida - alas esconsas","un",2561.08]
[804126,"Boca de BSTC D = 1,00 m - esconsidade 15° - areia extraída e brita produzida - alas retas","un",1620.69]
[804129,"Boca de BSTC D = 1,00 m - esconsidade 20° - areia e brita comerciais - alas retas","un",1988.63]
[804128,"Boca de BSTC D = 1,00 m - esconsidade 20° - areia extraída e brita produzida - alas retas","un",1633.29]
[804131,"Boca de BSTC D = 1,00 m - esconsidade 25° - areia e brita comerciais - alas retas","un",2006.64]
[804130,"Boca de BSTC D = 1,00 m - esconsidade 25° - areia extraída e brita produzida - alas retas","un",1650.87]
[804397,"Boca de BSTC D = 1,00 m - esconsidade 30° - areia e brita comerciais - alas esconsas","un",3444.72]
[804133,"Boca de BSTC D = 1,00 m - esconsidade 30° - areia e brita comerciais - alas retas","un",2031.76]
[804396,"Boca de BSTC D = 1,00 m - esconsidade 30° - areia extraída e brita produzida - alas esconsas","un",2851.78]
[804132,"Boca de BSTC D = 1,00 m - esconsidade 30° - areia extraída e brita produzida - alas retas","un",1675.43]
[804135,"Boca de BSTC D = 1,00 m - esconsidade 35° - areia e brita comerciais - alas retas","un",2064.36]
[804134,"Boca de BSTC D = 1,00 m - esconsidade 35° - areia extraída e brita produzida - alas retas","un",1707.46]
[804137,"Boca de BSTC D = 1,00 m - esconsidade 40° - areia e brita comerciais - alas retas","un",2026.75]
[804136,"Boca de BSTC D = 1,00 m - esconsidade 40° - areia extraída e brita produzida - alas retas","un",1669.15]
[804399,"Boca de BSTC D = 1,00 m - esconsidade 45° - areia e brita comerciais - alas esconsas","un",4286.42]
[804139,"Boca de BSTC D = 1,00 m - esconsidade 45° - areia e brita comerciais - alas retas","un",2171.6799999999998]
[804398,"Boca de BSTC D = 1,00 m - esconsidade 45° - areia extraída e brita produzida - alas esconsas","un",3540.05]
[804138,"Boca de BSTC D = 1,00 m - esconsidade 45° - areia extraída e brita produzida - alas retas","un",1813.23]
[804123,"Boca de BSTC D = 1,00 m - esconsidade 5° - areia e brita comerciais - alas retas","un",1960.94]
[804122,"Boca de BSTC D = 1,00 m - esconsidade 5° - areia extraída e brita produzida - alas retas","un",1606.44]
[804401,"Boca de BSTC D = 1,20 m - esconsidade 0° - areia e brita comerciais - alas esconsas","un",4247.12]
[804141,"Boca de BSTC D = 1,20 m - esconsidade 0° - areia e brita comerciais - alas retas","un",2720.24]
[804400,"Boca de BSTC D = 1,20 m - esconsidade 0° - areia extraída e brita produzida - alas esconsas","un",3470.72]
[804140,"Boca de BSTC D = 1,20 m - esconsidade 0° - areia extraída e brita produzida - alas retas","un",2207.2399999999998]
[804145,"Boca de BSTC D = 1,20 m - esconsidade 10° - areia e brita comerciais - alas retas","un",2730.39]
[804144,"Boca de BSTC D = 1,20 m - esconsidade 10° - areia extraída e brita produzida - alas retas","un",2216.83]
[804403,"Boca de BSTC D = 1,20 m - esconsidade 15° - areia e brita comerciais - alas esconsas","un",4472.4399999999996]
[804147,"Boca de BSTC D = 1,20 m - esconsidade 15° - areia e brita comerciais - alas retas","un",2743.04]
[804402,"Boca de BSTC D = 1,20 m - esconsidade 15° - areia extraída e brita produzida - alas esconsas","un",3651.9]
[804146,"Boca de BSTC D = 1,20 m - esconsidade 15° - areia extraída e brita produzida - alas retas","un",2228.91]
[804149,"Boca de BSTC D = 1,20 m - esconsidade 20° - areia e brita comerciais - alas retas","un",2762.05]
[804148,"Boca de BSTC D = 1,20 m - esconsidade 20° - areia extraída e brita produzida - alas retas","un",2246.94]
[804151,"Boca de BSTC D = 1,20 m - esconsidade 25° - areia e brita comerciais - alas retas","un",2788.17]
[804150,"Boca de BSTC D = 1,20 m - esconsidade 25° - areia extraída e brita produzida - alas retas","un",2271.94]
[804405,"Boca de BSTC D = 1,20 m - esconsidade 30° - areia e brita comerciais - alas esconsas","un",4998.9799999999996]
[804153,"Boca de BSTC D = 1,20 m - esconsidade 30° - areia e brita comerciais - alas retas","un",2823.53]
[804404,"Boca de BSTC D = 1,20 m - esconsidade 30° - areia extraída e brita produzida - alas esconsas","un",4077.34]
[804152,"Boca de BSTC D = 1,20 m - esconsidade 30° - areia extraída e brita produzida - alas retas","un",2305.88]
[804155,"Boca de BSTC D = 1,20 m - esconsidade 35° - areia e brita comerciais - alas retas","un",2869.33]
[804154,"Boca de BSTC D = 1,20 m - esconsidade 35° - areia extraída e brita produzida - alas retas","un",2350.13]
[804157,"Boca de BSTC D = 1,20 m - esconsidade 40° - areia e brita comerciais - alas retas","un",2932.67]
[804156,"Boca de BSTC D = 1,20 m - esconsidade 40° - areia extraída e brita produzida - alas retas","un",2411.63]
[804407,"Boca de BSTC D = 1,20 m - esconsidade 45° - areia e brita comerciais - alas esconsas","un",6227.4]
[804159,"Boca de BSTC D = 1,20 m - esconsidade 45° - areia e brita comerciais - alas retas","un",3017.25]
[804406,"Boca de BSTC D = 1,20 m - esconsidade 45° - areia extraída e brita produzida - alas esconsas","un",5065.05]
[804158,"Boca de BSTC D = 1,20 m - esconsidade 45° - areia extraída e brita produzida - alas retas","un",2494.25]
[804143,"Boca de BSTC D = 1,20 m - esconsidade 5° - areia e brita comerciais - alas retas","un",2723.19]
[804142,"Boca de BSTC D = 1,20 m - esconsidade 5° - areia extraída e brita produzida - alas retas","un",2210.06]
[804409,"Boca de BSTC D = 1,50 m - esconsidade 0° - areia e brita comerciais - alas esconsas","un",7673.11]
[804161,"Boca de BSTC D = 1,50 m - esconsidade 0° - areia e brita comerciais - alas retas","un",4676.33]
[804408,"Boca de BSTC D = 1,50 m - esconsidade 0° - areia extraída e brita produzida - alas esconsas","un",6148.79]
[804160,"Boca de BSTC D = 1,50 m - esconsidade 0° - areia extraída e brita produzida - alas retas","un",3761.59]
[804165,"Boca de BSTC D = 1,50 m - esconsidade 10° - areia e brita comerciais - alas retas","un",4690.26]
[804164,"Boca de BSTC D = 1,50 m - esconsidade 10° - areia extraída e brita produzida - alas retas","un",3774.83]
[804411,"Boca de BSTC D = 1,50 m - esconsidade 15° - areia e brita comerciais - alas esconsas","un",8092.35]
[804167,"Boca de BSTC D = 1,50 m - esconsidade 15° - areia e brita comerciais - alas retas","un",4708.4399999999996]
[804410,"Boca de BSTC D = 1,50 m - esconsidade 15° - areia extraída e brita produzida - alas esconsas","un",6480.46]
[804166,"Boca de BSTC D = 1,50 m - esconsidade 15° - areia extraída e brita produzida - alas retas","un",3792.02]
[804169,"Boca de BSTC D = 1,50 m - esconsidade 20° - areia e brita comerciais - alas retas","un",4735.03]
[804168,"Boca de BSTC D = 1,50 m - esconsidade 20° - areia extraída e brita produzida - alas retas","un",3817.34]
[804171,"Boca de BSTC D = 1,50 m - esconsidade 25° - areia e brita comerciais - alas retas","un",4771.3100000000004]
[804170,"Boca de BSTC D = 1,50 m - esconsidade 25° - areia extraída e brita produzida - alas retas","un",3851.92]
[804413,"Boca de BSTC D = 1,50 m - esconsidade 30° - areia e brita comerciais - alas esconsas","un",9068.65]
[804173,"Boca de BSTC D = 1,50 m - esconsidade 30° - areia e brita comerciais - alas retas","un",4820.1400000000003]
[804412,"Boca de BSTC D = 1,50 m - esconsidade 30° - areia extraída e brita produzida - alas esconsas","un",7254.14]
[804172,"Boca de BSTC D = 1,50 m - esconsidade 30° - areia extraída e brita produzida - alas retas","un",3898.78]
[804175,"Boca de BSTC D = 1,50 m - esconsidade 35° - areia e brita comerciais - alas retas","un",4885.6899999999996]
[804174,"Boca de BSTC D = 1,50 m - esconsidade 35° - areia extraída e brita produzida - alas retas","un",3962.08]
[804177,"Boca de BSTC D = 1,50 m - esconsidade 40° - areia e brita comerciais - alas retas","un",4973.41]
[804176,"Boca de BSTC D = 1,50 m - esconsidade 40° - areia extraída e brita produzida - alas retas","un",4047.11]
[804415,"Boca de BSTC D = 1,50 m - esconsidade 45° - areia e brita comerciais - alas esconsas","un",11366.37]
[804179,"Boca de BSTC D = 1,50 m - esconsidade 45° - areia e brita comerciais - alas retas","un",5093.63]
[804414,"Boca de BSTC D = 1,50 m - esconsidade 45° - areia extraída e brita produzida - alas esconsas","un",9067.48]
[804178,"Boca de BSTC D = 1,50 m - esconsidade 45° - areia extraída e brita produzida - alas retas","un",4164.38]
[804163,"Boca de BSTC D = 1,50 m - esconsidade 5° - areia e brita comerciais - alas retas","un",4680.1099999999997]
[804162,"Boca de BSTC D = 1,50 m - esconsidade 5° - areia extraída e brita produzida - alas retas","un",3765.24]
[804441,"Boca de BTTC D = 1,00 m - esconsidade 0° - areia e brita comerciais - alas esconsas","un",5255.26]
[804317,"Boca de BTTC D = 1,00 m - esconsidade 0° - areia e brita comerciais - alas retas","un",2860.43]
[804440,"Boca de BTTC D = 1,00 m - esconsidade 0° - areia extraída e brita produzida - alas esconsas","un",4318.25]
[804316,"Boca de BTTC D = 1,00 m - esconsidade 0° - areia extraída e brita produzida - alas retas","un",2323.04]
[804321,"Boca de BTTC D = 1,00 m - esconsidade 10° - areia e brita comerciais - alas retas","un",2880.91]
[804320,"Boca de BTTC D = 1,00 m - esconsidade 10° - areia extraída e brita produzida - alas retas","un",2341.83]
[804443,"Boca de BTTC D = 1,00 m - esconsidade 15° - areia e brita comerciais - alas esconsas","un",5484.03]
[804323,"Boca de BTTC D = 1,00 m - esconsidade 15° - areia e brita comerciais - alas retas","un",2908.22]
[804442,"Boca de BTTC D = 1,00 m - esconsidade 15° - areia extraída e brita produzida - alas esconsas","un",4505.1400000000003]
[804322,"Boca de BTTC D = 1,00 m - esconsidade 15° - areia extraída e brita produzida - alas retas","un",2366.88]
[804325,"Boca de BTTC D = 1,00 m - esconsidade 20° - areia e brita comerciais - alas retas","un",2947.8]
[804324,"Boca de BTTC D = 1,00 m - esconsidade 20° - areia extraída e brita produzida - alas retas","un",2403.5]
[804327,"Boca de BTTC D = 1,00 m - esconsidade 25° - areia e brita comerciais - alas retas","un",3002.24]
[804326,"Boca de BTTC D = 1,00 m - esconsidade 25° - areia extraída e brita produzida - alas retas","un",2453.9899999999998]
[804445,"Boca de BTTC D = 1,00 m - esconsidade 30° - areia e brita comerciais - alas esconsas","un",6119.6]
[804329,"Boca de BTTC D = 1,00 m - esconsidade 30° - areia e brita comerciais - alas retas","un",3074.77]
[804444,"Boca de BTTC D = 1,00 m - esconsidade 30° - areia extraída e brita produzida - alas esconsas","un",5024.5200000000004]
[804328,"Boca de BTTC D = 1,00 m - esconsidade 30° - areia extraída e brita produzida - alas retas","un",2521.87]
[804331,"Boca de BTTC D = 1,00 m - esconsidade 35° - areia e brita comerciais - alas retas","un",3168.72]
[804330,"Boca de BTTC D = 1,00 m - esconsidade 35° - areia extraída e brita produzida - alas retas","un",2610.46]
[804333,"Boca de BTTC D = 1,00 m - esconsidade 40° - areia e brita comerciais - alas retas","un",3294.53]
[804332,"Boca de BTTC D = 1,00 m - esconsidade 40° - areia extraída e brita produzida - alas retas","un",2730.07]
[804447,"Boca de BTTC D = 1,00 m - esconsidade 45° - areia e brita comerciais - alas esconsas","un",7569.58]
[804335,"Boca de BTTC D = 1,00 m - esconsidade 45° - areia e brita comerciais - alas retas","un",3461.25]
[804446,"Boca de BTTC D = 1,00 m - esconsidade 45° - areia extraída e brita produzida - alas esconsas","un",6208.41]
[804334,"Boca de BTTC D = 1,00 m - esconsidade 45° - areia extraída e brita produzida - alas retas","un",2890.02]
[804319,"Boca de BTTC D = 1,00 m - esconsidade 5° - areia e brita comerciais - alas retas","un",2865.14]
[804318,"Boca de BTTC D = 1,00 m - esconsidade 5° - areia extraída e brita produzida - alas retas","un",2327.3200000000002]
[804449,"Boca de BTTC D = 1,20 m - esconsidade 0° - areia e brita comerciais - alas esconsas","un",7617.1]
[804337,"Boca de BTTC D = 1,20 m - esconsidade 0° - areia e brita comerciais - alas retas","un",3911.26]
[804448,"Boca de BTTC D = 1,20 m - esconsidade 0° - areia extraída e brita produzida - alas esconsas","un",6168.64]
[804336,"Boca de BTTC D = 1,20 m - esconsidade 0° - areia extraída e brita produzida - alas retas","un",3136.13]
[804341,"Boca de BTTC D = 1,20 m - esconsidade 10° - areia e brita comerciais - alas retas","un",3942.24]
[804340,"Boca de BTTC D = 1,20 m - esconsidade 10° - areia extraída e brita produzida - alas retas","un",3163.73]
[804451,"Boca de BTTC D = 1,20 m - esconsidade 15° - areia e brita comerciais - alas esconsas","un",7966.44]
[804343,"Boca de BTTC D = 1,20 m - esconsidade 15° - areia e brita comerciais - alas retas","un",3981.8]
[804450,"Boca de BTTC D = 1,20 m - esconsidade 15° - areia extraída e brita produzida - alas esconsas","un",6449.31]
[804342,"Boca de BTTC D = 1,20 m - esconsidade 15° - areia extraída e brita produzida - alas retas","un",3199.05]
[804345,"Boca de BTTC D = 1,20 m - esconsidade 20° - areia e brita comerciais - alas retas","un",4039.72]
[804344,"Boca de BTTC D = 1,20 m - esconsidade 20° - areia extraída e brita produzida - alas retas","un",3251.19]
[804347,"Boca de BTTC D = 1,20 m - esconsidade 25° - areia e brita comerciais - alas retas","un",4118.95]
[804346,"Boca de BTTC D = 1,20 m - esconsidade 25° - areia extraída e brita produzida - alas retas","un",3322.95]
[804453,"Boca de BTTC D = 1,20 m - esconsidade 30° - areia e brita comerciais - alas esconsas","un",8880.57]
[804349,"Boca de BTTC D = 1,20 m - esconsidade 30° - areia e brita comerciais - alas retas","un",4223.18]
[804452,"Boca de BTTC D = 1,20 m - esconsidade 30° - areia extraída e brita produzida - alas esconsas","un",7182.95]
[804348,"Boca de BTTC D = 1,20 m - esconsidade 30° - areia extraída e brita produzida - alas retas","un",3418.16]
[804351,"Boca de BTTC D = 1,20 m - esconsidade 35° - areia e brita comerciais - alas retas","un",4357.79]
[804350,"Boca de BTTC D = 1,20 m - esconsidade 35° - areia extraída e brita produzida - alas retas","un",3542.33]
[804353,"Boca de BTTC D = 1,20 m - esconsidade 40° - areia e brita comerciais - alas retas","un",4535.24]
[804352,"Boca de BTTC D = 1,20 m - esconsidade 40° - areia extraída e brita produzida - alas retas","un",3707.93]
[804455,"Boca de BTTC D = 1,20 m - esconsidade 45° - areia e brita comerciais - alas esconsas","un",10991.72]
[804355,"Boca de BTTC D = 1,20 m - esconsidade 45° - areia e brita comerciais - alas retas","un",4769.66]
[804454,"Boca de BTTC D = 1,20 m - esconsidade 45° - areia extraída e brita produzida - alas esconsas","un",8878.9699999999993]
[804354,"Boca de BTTC D = 1,20 m - esconsidade 45° - areia extraída e brita produzida - alas retas","un",3929.1]
[804339,"Boca de BTTC D = 1,20 m - esconsidade 5° - areia e brita comerciais - alas retas","un",3919]
[804338,"Boca de BTTC D = 1,20 m - esconsidade 5° - areia extraída e brita produzida - alas retas","un",3143.03]
[804457,"Boca de BTTC D = 1,50 m - esconsidade 0° - areia e brita comerciais - alas esconsas","un",13297.68]
[804357,"Boca de BTTC D = 1,50 m - esconsidade 0° - areia e brita comerciais - alas retas","un",6587.88]
[804456,"Boca de BTTC D = 1,50 m - esconsidade 0° - areia extraída e brita produzida - alas esconsas","un",10545.73]
[804356,"Boca de BTTC D = 1,50 m - esconsidade 0° - areia extraída e brita produzida - alas retas","un",5215.43]
[804361,"Boca de BTTC D = 1,50 m - esconsidade 10° - areia e brita comerciais - alas retas","un",6635.45]
[804360,"Boca de BTTC D = 1,50 m - esconsidade 10° - areia extraída e brita produzida - alas retas","un",5257.08]
[804459,"Boca de BTTC D = 1,50 m - esconsidade 15° - areia e brita comerciais - alas esconsas","un",13916.28]
[804363,"Boca de BTTC D = 1,50 m - esconsidade 15° - areia e brita comerciais - alas retas","un",6696.39]
[804458,"Boca de BTTC D = 1,50 m - esconsidade 15° - areia extraída e brita produzida - alas esconsas","un",11033.19]
[804362,"Boca de BTTC D = 1,50 m - esconsidade 15° - areia extraída e brita produzida - alas retas","un",5310.54]
[804365,"Boca de BTTC D = 1,50 m - esconsidade 20° - areia e brita comerciais - alas retas","un",6784.44]
[804364,"Boca de BTTC D = 1,50 m - esconsidade 20° - areia extraída e brita produzida - alas retas","un",5388.15]
[804367,"Boca de BTTC D = 1,50 m - esconsidade 25° - areia e brita comerciais - alas retas","un",6904.12]
[804366,"Boca de BTTC D = 1,50 m - esconsidade 25° - areia extraída e brita produzida - alas retas","un",5494.59]
[804461,"Boca de BTTC D = 1,50 m - esconsidade 30° - areia e brita comerciais - alas esconsas","un",15558.9]
[804369,"Boca de BTTC D = 1,50 m - esconsidade 30° - areia e brita comerciais - alas retas","un",7060.44]
[804460,"Boca de BTTC D = 1,50 m - esconsidade 30° - areia extraída e brita produzida - alas esconsas","un",12327.65]
[804371,"Boca de BTTC D = 1,50 m - esconsidade 35° - areia e brita comerciais - alas retas","un",7262.43]
[804370,"Boca de BTTC D = 1,50 m - esconsidade 35° - areia extraída e brita produzida - alas retas","un",5818.21]
[804373,"Boca de BTTC D = 1,50 m - esconsidade 40° - areia e brita comerciais - alas retas","un",7523.79]
[804372,"Boca de BTTC D = 1,50 m - esconsidade 40° - areia extraída e brita produzida - alas retas","un",6058.56]
[804463,"Boca de BTTC D = 1,50 m - esconsidade 45° - areia e brita comerciais - alas esconsas","un",19321.13]
[804375,"Boca de BTTC D = 1,50 m - esconsidade 45° - areia e brita comerciais - alas retas","un",7868.62]
[804462,"Boca de BTTC D = 1,50 m - esconsidade 45° - areia extraída e brita produzida - alas esconsas","un",15285.99]
[804374,"Boca de BTTC D = 1,50 m - esconsidade 45° - areia extraída e brita produzida - alas retas","un",6379.98]
[804359,"Boca de BTTC D = 1,50 m - esconsidade 5° - areia e brita comerciais - alas retas","un",6599.96]
[804358,"Boca de BTTC D = 1,50 m - esconsidade 5° - areia extraída e brita produzida - alas retas","un",5226.1000000000004]
[804368,"Boca de BTTC D = 1,50 m esconsidade 30° - areia extraída e brita produzida - alas retas","un",5634.83]
[804465,"Confecção de tubos de concreto armado D = 0,60 m PA1 - areia e brita comerciais","m",128.83000000000001]
[804464,"Confecção de tubos de concreto armado D = 0,60 m PA1 - areia extraída e brita produzida","m",109.81]
[804475,"Confecção de tubos de concreto armado D = 0,60 m PA2 - areia e brita comerciais","m",142.47999999999999]
[804474,"Confecção de tubos de concreto armado D = 0,60 m PA2 - areia extraída e brita produzida","m",123.47]
[804485,"Confecção de tubos de concreto armado D = 0,60 m PA3 - areia e brita comerciais","m",210.68]
[804484,"Confecção de tubos de concreto armado D = 0,60 m PA3 - areia extraída e brita produzida","m",191.77]
[804495,"Confecção de tubos de concreto armado D = 0,60 m PA4 - areia e brita comerciais","m",263.22000000000003]
[804494,"Confecção de tubos de concreto armado D = 0,60 m PA4 - areia extraída e brita produzida","m",240.79]
[804467,"Confecção de tubos de concreto armado D = 0,80 m PA1 - areia e brita comerciais","m",196.36]
[804466,"Confecção de tubos de concreto armado D = 0,80 m PA1 - areia extraída e brita produzida","m",166.06]
[804477,"Confecção de tubos de concreto armado D = 0,80 m PA2 - areia e brita comerciais","m",250.92]
[804476,"Confecção de tubos de concreto armado D = 0,80 m PA2 - areia extraída e brita produzida","m",220.7]
[804487,"Confecção de tubos de concreto armado D = 0,80 m PA3 - areia e brita comerciais","m",358.57]
[804486,"Confecção de tubos de concreto armado D = 0,80 m PA3 - areia extraída e brita produzida","m",324.74]
[804497,"Confecção de tubos de concreto armado D = 0,80 m PA4 - areia e brita comerciais","m",422.9]
[804496,"Confecção de tubos de concreto armado D = 0,80 m PA4 - areia extraída e brita produzida","m",381.94]
[804469,"Confecção de tubos de concreto armado D = 1,00 m PA1 - areia e brita comerciais","m",347.36]
[804468,"Confecção de tubos de concreto armado D = 1,00 m PA1 - areia extraída e brita produzida","m",305.82]
[804479,"Confecção de tubos de concreto armado D = 1,00 m PA2 - areia e brita comerciais","m",401.93]
[804478,"Confecção de tubos de concreto armado D = 1,00 m PA2 - areia extraída e brita produzida","m",360.46]
[804489,"Confecção de tubos de concreto armado D = 1,00 m PA3 - areia e brita comerciais","m",507.77]
[804488,"Confecção de tubos de concreto armado D = 1,00 m PA3 - areia extraída e brita produzida","m",454.84]
[804499,"Confecção de tubos de concreto armado D = 1,00 m PA4 - areia e brita comerciais","m",646.05999999999995]
[804498,"Confecção de tubos de concreto armado D = 1,00 m PA4 - areia extraída e brita produzida","m",584.33000000000004]
[804471,"Confecção de tubos de concreto armado D = 1,20 m PA1 - areia e brita comerciais","m",471.08]
[804470,"Confecção de tubos de concreto armado D = 1,20 m PA1 - areia extraída e brita produzida","m",410.59]
[804481,"Confecção de tubos de concreto armado D = 1,20 m PA2 - areia e brita comerciais","m",593.85]
[804480,"Confecção de tubos de concreto armado D = 1,20 m PA2 - areia extraída e brita produzida","m",533.52]
[804491,"Confecção de tubos de concreto armado D = 1,20 m PA3 - areia e brita comerciais","m",783.14]
[804490,"Confecção de tubos de concreto armado D = 1,20 m PA3 - areia extraída e brita produzida","m",702.57]
[804501,"Confecção de tubos de concreto armado D = 1,20 m PA4 - areia e brita comerciais","m",941.53]
[804500,"Confecção de tubos de concreto armado D = 1,20 m PA4 - areia extraída e brita produzida","m",850.19]
[804473,"Confecção de tubos de concreto armado D = 1,50 m PA1 - areia e brita comerciais","m",762.13]
[804472,"Confecção de tubos de concreto armado D = 1,50 m PA1 - areia extraída e brita produzida","m",667.65]
[804483,"Confecção de tubos de concreto armado D = 1,50 m PA2 - areia e brita comerciais","m",953.11]
[804482,"Confecção de tubos de concreto armado D = 1,50 m PA2 - areia extraída e brita produzida","m",858.89]
[804493,"Confecção de tubos de concreto armado D = 1,50 m PA3 - areia e brita comerciais","m",1258]
[804492,"Confecção de tubos de concreto armado D = 1,50 m PA3 - areia extraída e brita produzida","m",1133.28]
[804503,"Confecção de tubos de concreto armado D = 1,50 m PA4 - areia e brita comerciais","m",1504.6]
[804502,"Confecção de tubos de concreto armado D = 1,50 m PA4 - areia extraída e brita produzida","m",1375.67]
[804180,"Corpo de BDTC D = 0,80 m PA1 - areia extraída e brita e pedra de mão produzidas","m",972.52]
[804181,"Corpo de BDTC D = 0,80 m PA1 - areia, brita e pedra de mão comerciais","m",1066.68]
[804182,"Corpo de BDTC D = 0,80 m PA2 - areia extraída e brita e pedra de mão produzidas","m",1011.86]
[804183,"Corpo de BDTC D = 0,80 m PA2 - areia, brita e pedra de mão comerciais","m",1106.01]
[804184,"Corpo de BDTC D = 0,80 m PA3 - areia extraída e brita e pedra de mão produzidas","m",1116.9000000000001]
[804185,"Corpo de BDTC D = 0,80 m PA3 - areia, brita e pedra de mão comerciais","m",1211.05]
[804186,"Corpo de BDTC D = 0,80 m PA4 - areia extraída e brita e pedra de mão produzidas","m",1228.04]
[804187,"Corpo de BDTC D = 0,80 m PA4 - areia, brita e pedra de mão comerciais","m",1322.19]
[804188,"Corpo de BDTC D = 1,00 m PA1 - areia extraída e brita e pedra de mão produzidas","m",1310.23]
[804189,"Corpo de BDTC D = 1,00 m PA1 - areia, brita e pedra de mão comerciais","m",1436.17]
[804190,"Corpo de BDTC D = 1,00 m PA2 - areia extraída e brita e pedra de mão produzidas","m",1384.98]
[804191,"Corpo de BDTC D = 1,00 m PA2 - areia, brita e pedra de mão comerciais","m",1510.92]
[804192,"Corpo de BDTC D = 1,00 m PA3 - areia extraída e brita e pedra de mão produzidas","m",1474.94]
[804193,"Corpo de BDTC D = 1,00 m PA3 - areia, brita e pedra de mão comerciais","m",1600.87]
[804194,"Corpo de BDTC D = 1,00 m PA4 - areia extraída e brita e pedra de mão produzidas","m",1528.95]
[804195,"Corpo de BDTC D = 1,00 m PA4 - areia, brita e pedra de mão comerciais","m",1654.89]
[804196,"Corpo de BDTC D = 1,20 m PA1 - areia extraída e brita e pedra de mão produzidas","m",1775.96]
[804197,"Corpo de BDTC D = 1,20 m PA1 - areia, brita e pedra de mão comerciais","m",1936.35]
[804198,"Corpo de BDTC D = 1,20 m PA2 - areia extraída e brita e pedra de mão produzidas","m",1913.9]
[804199,"Corpo de BDTC D = 1,20 m PA2 - areia, brita e pedra de mão comerciais","m",2074.29]
[804200,"Corpo de BDTC D = 1,20 m PA3 - areia extraída e brita e pedra de mão produzidas","m",2206.34]
[804201,"Corpo de BDTC D = 1,20 m PA3 - areia, brita e pedra de mão comerciais","m",2366.73]
[804202,"Corpo de BDTC D = 1,20 m PA4 - areia extraída e brita e pedra de mão produzidas","m",2392.4]
[804203,"Corpo de BDTC D = 1,20 m PA4 - areia, brita e pedra de mão comerciais","m",2552.79]
[804204,"Corpo de BDTC D = 1,50 m PA1 - areia extraída e brita e pedra de mão produzidas","m",2927.32]
[804205,"Corpo de BDTC D = 1,50 m PA1 - areia, brita e pedra de mão comerciais","m",3134.19]
[804206,"Corpo de BDTC D = 1,50 m PA2 - areia extraída e brita e pedra de mão produzidas","m",3007.74]
[804207,"Corpo de BDTC D = 1,50 m PA2 - areia, brita e pedra de mão comerciais","m",3214.61]
[804208,"Corpo de BDTC D = 1,50 m PA3 - areia extraída e brita e pedra de mão produzidas","m",3155.31]
[804209,"Corpo de BDTC D = 1,50 m PA3 - areia, brita e pedra de mão comerciais","m",3362.18]
[804210,"Corpo de BDTC D = 1,50 m PA4 - areia extraída e brita e pedra de mão produzidas","m",3237.49]
[804211,"Corpo de BDTC D = 1,50 m PA4 - areia, brita e pedra de mão comerciais","m",3444.37]
[804012,"Corpo de BSTC D = 0,40 m PA1 - areia extraída e brita e pedra de mão produzidas","m",224.4]
[804013,"Corpo de BSTC D = 0,40 m PA1 - areia, brita e pedra de mão comerciais","m",247.34]
[804014,"Corpo de BSTC D = 0,40 m PA2 - areia extraída e brita e pedra de mão produzidas","m",233.46]
[804015,"Corpo de BSTC D = 0,40 m PA2 - areia, brita e pedra de mão comerciais","m",256.39999999999998]
[804016,"Corpo de BSTC D = 0,40 m PA3 - areia extraída e brita e pedra de mão produzidas","m",238.14]
[804017,"Corpo de BSTC D = 0,40 m PA3 - areia, brita e pedra de mão comerciais","m",261.08]
[804018,"Corpo de BSTC D = 0,40 m PA4 - areia extraída e brita e pedra de mão produzidas","m",286.02999999999997]
[804019,"Corpo de BSTC D = 0,40 m PA4 - areia, brita e pedra de mão comerciais","m",308.97000000000003]
[804020,"Corpo de BSTC D = 0,60 m PA1 - areia extraída e brita e pedra de mão produzidas","m",350.76]
[804021,"Corpo de BSTC D = 0,60 m PA1 - areia, brita e pedra de mão comerciais","m",385.19]
[804022,"Corpo de BSTC D = 0,60 m PA2 - areia extraída e brita e pedra de mão produzidas","m",379.88]
[804023,"Corpo de BSTC D = 0,60 m PA2 - areia, brita e pedra de mão comerciais","m",414.3]
[804024,"Corpo de BSTC D = 0,60 m PA3 - areia extraída e brita e pedra de mão produzidas","m",392.26]
[804025,"Corpo de BSTC D = 0,60 m PA3 - areia, brita e pedra de mão comerciais","m",426.69]
[804026,"Corpo de BSTC D = 0,60 m PA4 - areia extraída e brita e pedra de mão produzidas","m",431.14]
[804027,"Corpo de BSTC D = 0,60 m PA4 - areia, brita e pedra de mão comerciais","m",465.57]
[804028,"Corpo de BSTC D = 0,80 m PA1 - areia extraída e brita e pedra de mão produzidas","m",515.36]
[804029,"Corpo de BSTC D = 0,80 m PA1 - areia, brita e pedra de mão comerciais","m",562.42999999999995]
[804030,"Corpo de BSTC D = 0,80 m PA2 - areia extraída e brita e pedra de mão produzidas","m",535.03]
[804031,"Corpo de BSTC D = 0,80 m PA2 - areia, brita e pedra de mão comerciais","m",582.1]
[804032,"Corpo de BSTC D = 0,80 m PA3 - areia extraída e brita e pedra de mão produzidas","m",587.54999999999995]
[804033,"Corpo de BSTC D = 0,80 m PA3 - areia, brita e pedra de mão comerciais","m",634.62]
[804034,"Corpo de BSTC D = 0,80 m PA4 - areia extraída e brita e pedra de mão produzidas","m",643.12]
[804035,"Corpo de BSTC D = 0,80 m PA4 - areia, brita e pedra de mão comerciais","m",690.19]
[804036,"Corpo de BSTC D = 1,00 m PA1 - areia extraída e brita e pedra de mão produzidas","m",685.8]
[804037,"Corpo de BSTC D = 1,00 m PA1 - areia, brita e pedra de mão comerciais","m",747.27]
[804038,"Corpo de BSTC D = 1,00 m PA2 - areia extraída e brita e pedra de mão produzidas","m",723.18]
[804039,"Corpo de BSTC D = 1,00 m PA2 - areia, brita e pedra de mão comerciais","m",784.64]
[804040,"Corpo de BSTC D = 1,00 m PA3 - areia extraída e brita e pedra de mão produzidas","m",768.15]
[804041,"Corpo de BSTC D = 1,00 m PA3 - areia, brita e pedra de mão comerciais","m",829.62]
[804042,"Corpo de BSTC D = 1,00 m PA4 - areia extraída e brita e pedra de mão produzidas","m",795.16]
[804043,"Corpo de BSTC D = 1,00 m PA4 - areia, brita e pedra de mão comerciais","m",856.63]
[804044,"Corpo de BSTC D = 1,20 m PA1 - areia extraída e brita e pedra de mão produzidas","m",919.48]
[804045,"Corpo de BSTC D = 1,20 m PA1 - areia, brita e pedra de mão comerciais","m",996.21]
[804046,"Corpo de BSTC D = 1,20 m PA2 - areia extraída e brita e pedra de mão produzidas","m",988.45]
[804047,"Corpo de BSTC D = 1,20 m PA2 - areia, brita e pedra de mão comerciais","m",1065.18]
[804048,"Corpo de BSTC D = 1,20 m PA3 - areia extraída e brita e pedra de mão produzidas","m",1134.67]
[804049,"Corpo de BSTC D = 1,20 m PA3 - areia, brita e pedra de mão comerciais","m",1211.4000000000001]
[804050,"Corpo de BSTC D = 1,20 m PA4 - areia extraída e brita e pedra de mão produzidas","m",1227.7]
[804051,"Corpo de BSTC D = 1,20 m PA4 - areia, brita e pedra de mão comerciais","m",1304.43]
[804052,"Corpo de BSTC D = 1,50 m PA1 - areia extraída e brita e pedra de mão produzidas","m",1498.8]
[804053,"Corpo de BSTC D = 1,50 m PA1 - areia, brita e pedra de mão comerciais","m",1598.47]
[804054,"Corpo de BSTC D = 1,50 m PA2 - areia extraída e brita e pedra de mão produzidas","m",1539.01]
[804055,"Corpo de BSTC D = 1,50 m PA2 - areia, brita e pedra de mão comerciais","m",1638.68]
[804056,"Corpo de BSTC D = 1,50 m PA3 - areia extraída e brita e pedra de mão produzidas","m",1612.79]
[804057,"Corpo de BSTC D = 1,50 m PA3 - areia, brita e pedra de mão comerciais","m",1712.47]
[804058,"Corpo de BSTC D = 1,50 m PA4 - areia extraída e brita e pedra de mão produzidas","m",1653.89]
[804059,"Corpo de BSTC D = 1,50 m PA4 - areia, brita e pedra de mão comerciais","m",1753.56]
[804292,"Corpo de BTTC D = 1,00 m PA1 - areia extraída e brita e pedra de mão produzidas","m",1934.66]
[804293,"Corpo de BTTC D = 1,00 m PA1 - areia, brita e pedra de mão comerciais","m",2125.08]
[804294,"Corpo de BTTC D = 1,00 m PA2 - areia extraída e brita e pedra de mão produzidas","m",2046.79]
[804295,"Corpo de BTTC D = 1,00 m PA2 - areia, brita e pedra de mão comerciais","m",2237.21]
[804296,"Corpo de BTTC D = 1,00 m PA3 - areia extraída e brita e pedra de mão produzidas","m",2181.7199999999998]
[804297,"Corpo de BTTC D = 1,00 m PA3 - areia, brita e pedra de mão comerciais","m",2372.13]
[804298,"Corpo de BTTC D = 1,00 m PA4 - areia extraída e brita e pedra de mão produzidas","m",2262.75]
[804299,"Corpo de BTTC D = 1,00 m PA4 - areia, brita e pedra de mão comerciais","m",2453.16]
[804300,"Corpo de BTTC D = 1,20 m PA1 - areia extraída e brita e pedra de mão produzidas","m",2632.19]
[804301,"Corpo de BTTC D = 1,20 m PA1 - areia, brita e pedra de mão comerciais","m",2876.08]
[804302,"Corpo de BTTC D = 1,20 m PA2 - areia extraída e brita e pedra de mão produzidas","m",2839.1]
[804303,"Corpo de BTTC D = 1,20 m PA2 - areia, brita e pedra de mão comerciais","m",3082.99]
[804304,"Corpo de BTTC D = 1,20 m PA3 - areia extraída e brita e pedra de mão produzidas","m",3277.75]
[804305,"Corpo de BTTC D = 1,20 m PA3 - areia, brita e pedra de mão comerciais","m",3521.65]
[804306,"Corpo de BTTC D = 1,20 m PA4 - areia extraída e brita e pedra de mão produzidas","m",3556.84]
[804307,"Corpo de BTTC D = 1,20 m PA4 - areia, brita e pedra de mão comerciais","m",3800.74]
[804308,"Corpo de BTTC D = 1,50 m PA1 - areia extraída e brita e pedra de mão produzidas","m",4356.09]
[804309,"Corpo de BTTC D = 1,50 m PA1 - areia, brita e pedra de mão comerciais","m",4670.3100000000004]
[804310,"Corpo de BTTC D = 1,50 m PA2 - areia extraída e brita e pedra de mão produzidas","m",4476.7299999999996]
[804311,"Corpo de BTTC D = 1,50 m PA2 - areia, brita e pedra de mão comerciais","m",4790.95]
[804312,"Corpo de BTTC D = 1,50 m PA3 - areia extraída e brita e pedra de mão produzidas","m",4698.07]
[804313,"Corpo de BTTC D = 1,50 m PA3 - areia, brita e pedra de mão comerciais","m",5012.3]
[804314,"Corpo de BTTC D = 1,50 m PA4 - areia extraída e brita e pedra de mão produzidas","m",4821.3599999999997]
[804315,"Corpo de BTTC D = 1,50 m PA4 - areia, brita e pedra de mão comerciais","m",5135.58]
[805446,"Dentes para bueiros duplos D = 0,80 m - areia extraída e brita e pedra de mão produzidas","un",40.200000000000003]
[805447,"Dentes para bueiros duplos D = 0,80 m - areia, brita e pedra de mão comerciais","un",54.65]
[805448,"Dentes para bueiros duplos D = 1,00 m - areia extraída e brita e pedra de mão produzidas","un",48.19]
[805449,"Dentes para bueiros duplos D = 1,00 m - areia, brita e pedra de mão comerciais","un",65.5]
[805450,"Dentes para bueiros duplos D = 1,20 m - areia extraída e brita e pedra de mão produzidas","un",55.92]
[805451,"Dentes para bueiros duplos D = 1,20 m - areia, brita e pedra de mão comerciais","un",75.94]
[805452,"Dentes para bueiros duplos D = 1,50 m - areia extraída e brita e pedra de mão produzidas","un",65.45]
[805453,"Dentes para bueiros duplos D = 1,50 m - areia, brita e pedra de mão comerciais","un",89.24]
[805434,"Dentes para bueiros simples D = 0,40 m - areia extraída e brita e pedra de mão produzidas","un",13.66]
[805435,"Dentes para bueiros simples D = 0,40 m - areia, brita e pedra de mão comerciais","un",18.03]
[805436,"Dentes para bueiros simples D = 0,60 m - areia extraída e brita e pedra de mão produzidas","un",15.98]
[805437,"Dentes para bueiros simples D = 0,60 m - areia, brita e pedra de mão comerciais","un",21.7]
[805438,"Dentes para bueiros simples D = 0,80 m - areia extraída e brita e pedra de mão produzidas","un",21.65]
[805439,"Dentes para bueiros simples D = 0,80 m - areia, brita e pedra de mão comerciais","un",28.88]
[805440,"Dentes para bueiros simples D = 1,00 m - areia extraída e brita e pedra de mão produzidas","un",24.22]
[805441,"Dentes para bueiros simples D = 1,00 m - areia, brita e pedra de mão comerciais","un",32.950000000000003]
[805442,"Dentes para bueiros simples D = 1,20 m - areia extraída e brita e pedra de mão produzidas","un",29.38]
[805443,"Dentes para bueiros simples D = 1,20 m - areia, brita e pedra de mão comerciais","un",39.32]
[805444,"Dentes para bueiros simples D = 1,50 m - areia extraída e brita e pedra de mão produzidas","un",32.72]
[805445,"Dentes para bueiros simples D = 1,50 m - areia, brita e pedra de mão comerciais","un",44.62]
[805454,"Dentes para bueiros triplos D = 1,00 m - areia extraída e brita e pedra de mão produzidas","un",72.41]
[805455,"Dentes para bueiros triplos D = 1,00 m - areia, brita e pedra de mão comerciais","un",98.45]
[805456,"Dentes para bueiros triplos D = 1,20 m - areia extraída e brita e pedra de mão produzidas","un",82.2]
[805457,"Dentes para bueiros triplos D = 1,20 m - areia, brita e pedra de mão comerciais","un",112.16]
[805458,"Dentes para bueiros triplos D = 1,50 m - areia extraída e brita e pedra de mão produzidas","un",98.43]
[805459,"Dentes para bueiros triplos D = 1,50 m - areia, brita e pedra de mão comerciais","un",134.26]
[909620,"Alvenaria de blocos de concreto 19 x 19 x 39 cm com espessura de 20 cm com argamassa traço 1:0,5:3,5 - areia comercial","m²",130.02000000000001]
[909621,"Alvenaria de blocos de concreto 19 x 19 x 39 cm com espessura de 20 cm com argamassa traço 1:0,5:3,5 - areia extraída","m²",128.58000000000001]
[903802,"Bacia de contenção para tanque de emulsão de 30.000 l - inclusive demolição","un",14593.91]
[919113,"Canaleta perfil cartola 50 x 70 x 3 mm - aba 20 mm","m",145.41]
[903788,"Chapisco com argamassa de cimento e areia 1:3 - aplicação manual","m²",4.09]
[919247,"Cobertura em chapas zincadas com espessura de 0,43 mm - utilização 2 vezes","m²",35.549999999999997]
[919016,"Depósito de óleo para oficina - inclusive demolição","un",7656.82]
[919078,"Dique de contenção para usina de asfalto a quente - inclusive demolição","un",35137.269999999997]
[903789,"Emboço com argamassa de cimento, cal hidratada e areia 1:2:8 com espessura de 2 cm - aplicação manual","m²",30.13]
[919250,"Fornecimento e instalação de extintor de espuma 10 l","un",618.82000000000005]
[903807,"Instalação da central de britagem com capacidade de 80 m³/h","un",107868.65]
[903806,"Instalação da central de concreto com capacidade de 150 m³/h","un",183726.58]
[903804,"Instalação da central de concreto com capacidade de 30 m³/h","un",68515.34]
[903805,"Instalação da central de concreto com capacidade de 40 m³/h","un",79293.67]
[903810,"Instalação da usina de asfalto a quente capacidade de 120 t/h","un",193884.52]
[903809,"Instalação da usina de pré-misturado a frio com capacidade de 60 t/h","un",124130.9]
[903808,"Instalação da usina misturadora de solos com capacidade de 300 t/h","un",116119.15]
[903845,"Lastro de brita comercial - espalhamento mecânico","m³",151.93]
[919009,"Montagem e desmontagem da central de britagem com capacidade de 80 m³/h - inclusive construção de aterro, construção e demolição de rampa e bases","un",63109.2]
[919007,"Montagem e desmontagem da central de concreto com capacidade de 150 m³/h - inclusive construção e demolição de bases, rampas e depósitos de agregados","un",119911.54]
[919011,"Montagem e desmontagem da central de concreto com capacidade de 30 m³/h - inclusive construção e demolição de bases, rampas e depósitos de agregados","un",34152.6]
[919246,"Montagem e desmontagem da central de concreto com capacidade de 40 m³/h - inclusive construção e demolição de bases, rampas e depósitos de agregados","un",46888.51]
[919013,"Montagem e desmontagem da usina de asfalto a quente com capacidade de 120 t/h - inclusive construção e demolição de bases, rampas, depósitos de agregados e dique de contenção","un",129358.53]
[919008,"Montagem e desmontagem da usina de pré-misturado a frio com capacidade de 60 t/h - inclusive construção e demolição de bases, rampas, depósitos de agregados e bacia de contenção","un",93699.93]
[919012,"Montagem e desmontagem da usina misturadora de solos com capacidade de 300 t/h - inclusive construção e demolição de bases, rampas e depósitos de agregados","un",61808.959999999999]
[903848,"Muro em alvenaria de blocos de concreto com espessura de 0,20 m h = 1,0 m","m",173.99]
[919002,"Posto de combustível - com reaproveitamento de 2 vezes do tanque/bomba/cobertura - inclusive demolição","un",39279.11]
[919210,"Rampa de lavagem - inclusive demolição","un",22724.19]
[909612,"Rampa para acesso do misturador de agregados para centrais de 30 m³ e 40 m³ - inclusive demolição","un",13041.4]
[909613,"Rampa para acesso do misturador de agregados para central de 150 m³ - inclusive demolição","un",21419.53]
[909614,"Rampa para acesso do misturador de agregados para central de britagem - inclusive demolição","un",46719.08]
[909616,"Rampa para acesso do misturador de agregados para PMF - inclusive demolição","un",37345.78]
[909617,"Rampa para acesso do misturador de agregados para usina de asfalto a quente - inclusive demolição","un",22084.240000000002]
[909615,"Rampa para acesso do misturador de agregados para usina de solos - inclusive demolição","un",16954.439999999999]
[903860,"Selador acrílico - camada de fundo com aplicação manual","m²",2.85]
[919101,"Sistema separador água e óleo, inclusive demolição","un",1855.02]
[903818,"Tinta látex - duas camadas com aplicação manual","m²",14.75]
[1100657,"Adensamento de concreto por vibrador de imersão","m³",3.2]
[1108055,"Argamassa autoadensável para reparos e grauteamento - confecção em misturador e lançamento manual","m³",3844]
[1109665,"Argamassa de cimento e areia 1:1 - confecção em betoneira e lançamento manual - areia comercial","m³",781.81]
[1109664,"Argamassa de cimento e areia 1:1 - confecção em betoneira e lançamento manual - areia extraída","m³",725.5]
[1109667,"Argamassa de cimento e areia 1:2 - confecção em betoneira e lançamento manual - areia comercial","m³",593.6]
[1109666,"Argamassa de cimento e areia 1:2 - confecção em betoneira e lançamento manual - areia extraída","m³",496.02]
[1109669,"Argamassa de cimento e areia 1:3 - confecção em betoneira e lançamento manual - areia comercial","m³",501.2]
[1109668,"Argamassa de cimento e areia 1:3 - confecção em betoneira e lançamento manual - areia extraída","m³",384.14]
[1108060,"Argamassa de cimento e areia 1:3 com 8% de microssílica - confecção em betoneira e lançamento manual - areia comercial","m³",607.33000000000004]
[1109626,"Argamassa de cimento e areia 1:3 com 8% de microssílica - confecção em betoneira e lançamento manual - areia extraída","m³",487.62]
[1109671,"Argamassa de cimento e areia 1:4 - confecção em betoneira e lançamento manual - areia comercial","m³",454.39]
[1109670,"Argamassa de cimento e areia 1:4 - confecção em betoneira e lançamento manual - areia extraída","m³",325.99]
[1109672,"Argamassa de cimento e areia com aditivo aglutinante 1:8 - confecção em betoneira e lançamento manual - areia comercial","m³",364.91]
[1109624,"Argamassa de cimento e areia com aditivo aglutinante 1:8 - confecção em betoneira e lançamento manual - areia extraída","m³",216.96]
[1109622,"Argamassa de cimento, cal hidratada e areia 1:0,5:3,5 - confecção em betoneira e lançamento manual - areia comercial","m³",458.72]
[1109623,"Argamassa de cimento, cal hidratada e areia 1:0,5:3,5 - confecção em betoneira e lançamento manual - areia extraída","m³",363.07]
[1109697,"Argamassa de cimento, cal hidratada e areia 1:0,5:8 - confecção em betoneira e lançamento manual - areia comercial","m³",340.51]
[1109698,"Argamassa de cimento, cal hidratada e areia 1:0,5:8 - confecção em betoneira e lançamento manual - areia extraída","m³",219.36]
[1109679,"Argamassa de cimento, cal hidratada e areia 1:1:6 - confecção em betoneira e lançamento manual - areia comercial","m³",397.35]
[1109625,"Argamassa de cimento, cal hidratada e areia 1:1:6 - confecção em betoneira e lançamento manual - areia extraída","m³",287.47000000000003]
[1109678,"Argamassa de cimento, cal hidratada e areia 1:2:10 - confecção em betoneira e lançamento manual - areia comercial","m³",364.79]
[1109694,"Argamassa de cimento, cal hidratada e areia 1:2:10 - confecção em betoneira e lançamento manual - areia extraída","m³",246.98]
[1109673,"Argamassa de cimento, cal hidratada e areia 1:2:6 - confecção em betoneira e lançamento manual - areia comercial","m³",439.95]
[1109690,"Argamassa de cimento, cal hidratada e areia 1:2:6 - confecção em betoneira e lançamento manual - areia extraída","m³",337.35]
[1109674,"Argamassa de cimento, cal hidratada e areia 1:2:7 - confecção em betoneira e lançamento manual - areia comercial","m³",414.65]
[1109691,"Argamassa de cimento, cal hidratada e areia 1:2:7 - confecção em betoneira e lançamento manual - areia extraída","m³",306.92]
[1109675,"Argamassa de cimento, cal hidratada e areia 1:2:8 - confecção em betoneira e lançamento manual - areia comercial","m³",394.49]
[1109692,"Argamassa de cimento, cal hidratada e areia 1:2:8 - confecção em betoneira e lançamento manual - areia extraída","m³",282.7]
[1109676,"Argamassa de cimento, cal hidratada e areia 1:2:9 - confecção em betoneira e lançamento manual - areia comercial","m³",378.18]
[1109693,"Argamassa de cimento, cal hidratada e areia 1:2:9 - confecção em betoneira e lançamento manual - areia extraída","m³",263.10000000000002]
[1109680,"Argamassa para reparos e grauteamento - confecção em misturador e lançamento manual","m³",3843.65]
[1107748,"Argamassa polimérica de alto desempenho projetada para reparos superficiais e reforços estruturais - confecção em misturador e lançamento projetado","m³",12941.68]
[1110000,"Concreto","m³",0]
[1106059,"Concreto autoadensável com silicato de alumínio fck = 20 MPa - confecção em betoneira e lançamento manual - areia e brita comerciais","m³",609.02]
[1106060,"Concreto autoadensável com silicato de alumínio fck = 20 MPa - confecção em betoneira e lançamento manual - areia extraída e brita produzida","m³",468.95]
[1100658,"Concreto autoadensável com silicato de alumínio fck = 20 MPa - confecção em central dosadora de 30 m³/h - areia e brita comerciais","m³",531.16]
[1106159,"Concreto autoadensável com silicato de alumínio fck = 25 MPa - confecção em central dosadora de 30 m³/h - areia e brita comerciais","m³",566.6]
[1107902,"Concreto autoadensável com silicato de alumínio fck = 30 MPa - confecção em central dosadora de 30 m³/h - areia e brita comerciais","m³",606.16999999999996]
[1107906,"Concreto autoadensável com silicato de alumínio fck = 35 MPa - confecção em central dosadora de 30 m³/h - areia e brita comerciais","m³",650.39]
[1107910,"Concreto autoadensável com silicato de alumínio fck = 40 MPa - confecção em central dosadora de 30 m³/h - areia e brita comerciais","m³",699.81]
[1107911,"Concreto autoadensável com silicato de alumínio fck = 45 MPa - confecção em central dosadora de 30 m³/h - areia e brita comerciais","m³",755.05]
[1107912,"Concreto autoadensável com silicato de alumínio fck = 50 MPa - confecção em central dosadora de 30 m³/h - areia e brita comerciais","m³",832.66]
[1106164,"Concreto ciclópico fck = 20 MPa - confecção em betoneira e lançamento manual - areia extraída, brita e pedra de mão produzidas","m³",257.14]
[1106165,"Concreto ciclópico fck = 20 MPa - confecção em betoneira e lançamento manual - areia, brita e pedra de mão comerciais","m³",407.69]
[1106156,"Concreto com 10% de microssílica fck = 45 MPa - confecção em central dosadora de 30 m³/h - areia e brita comerciais","m³",585.28]
[1107932,"Concreto com 10% de microssílica fck = 50 MPa - confecção em central dosadora de 30 m³/h - areia e brita comerciais","m³",626.66999999999996]
[1108111,"Concreto com 8% de microssílica fck = 25 MPa - confecção em central dosadora de 30 m³/h - areia e brita comerciais","m³",466.58]
[1108112,"Concreto com 8% de microssílica fck = 30 MPa - confecção em central dosadora de 30 m³/h - areia e brita comerciais","m³",477.64]
[1108113,"Concreto com 8% de microssílica fck = 35 MPa - confecção em central dosadora de 30 m³/h - areia e brita comerciais","m³",506.38]
[1108114,"Concreto com 8% de microssílica fck = 40 MPa - confecção em central dosadora de 30 m³/h - areia e brita comerciais","m³",538.45000000000005]
[1108061,"Concreto com látex SBR fck = 25 MPa - confecção em betoneira e lançamento manual - areia e brita comerciais","m³",949.44]
[1108064,"Concreto com látex SBR fck = 30 MPa - confecção em betoneira e lançamento manual - areia e brita comerciais","m³",1028.3800000000001]
[1107888,"Concreto fck = 15 MPa - confecção em betoneira e lançamento manual - areia e brita comerciais","m³",440.43]
[1107889,"Concreto fck = 15 MPa - confecção em betoneira e lançamento manual - areia extraída e brita produzida","m³",297.45999999999998]
[1107892,"Concreto fck = 20 MPa - confecção em betoneira e lançamento manual - areia e brita comerciais","m³",459.55]
[1107891,"Concreto fck = 20 MPa - confecção em betoneira e lançamento manual - areia extraída e brita produzida","m³",318.54000000000002]
[1107928,"Concreto fck = 20 MPa - confecção em central dosadora de 30 m³/h - areia e brita comerciais","m³",402.87]
[1107929,"Concreto fck = 20 MPa - confecção em central dosadora de 30 m³/h - areia extraída e brita produzida","m³",261.37]
[1106109,"Concreto fck = 20 MPa - confecção em central dosadora de 40 m³/h - areia e brita comerciais","m³",383.37]
[1106117,"Concreto fck = 20 MPa - confecção em central dosadora de 40 m³/h - areia extraída e brita produzida","m³",241.87]
[1107896,"Concreto fck = 25 MPa - confecção em betoneira e lançamento manual - areia e brita comerciais","m³",480.98]
[1107895,"Concreto fck = 25 MPa - confecção em betoneira e lançamento manual - areia extraída e brita produzida","m³",342.16]
[1119528,"Concreto fck = 25 MPa - confecção em central dosadora de 30 m³/h - areia e brita comerciais","m³",417.22]
[1106135,"Concreto fck = 25 MPa - confecção em central dosadora de 30 m³/h - areia extraída e brita produzida","m³",277.22000000000003]
[1106136,"Concreto fck = 25 MPa - confecção em central dosadora de 40 m³/h - areia e brita comerciais","m³",396.44]
[1106137,"Concreto fck = 25 MPa - confecção em central dosadora de 40 m³/h - areia extraída e brita produzida","m³",256.44]
[1116127,"Concreto fck = 25 MPa para pré-moldados (mourões) - confecção em betoneira e lançamento manual - areia e brita comerciais","m³",499.08]
[1116126,"Concreto fck = 25 MPa para pré-moldados (mourões) - confecção em betoneira e lançamento manual - areia extraída e brita produzida","m³",368.02]
[1107900,"Concreto fck = 30 MPa - confecção em betoneira e lançamento manual - areia e brita comerciais","m³",504.86]
[1107899,"Concreto fck = 30 MPa - confecção em betoneira e lançamento manual - areia extraída e brita produzida","m³",368.48]
[1107890,"Concreto fck = 30 MPa - confecção em central dosadora de 30 m³/h - areia e brita comerciais","m³",435.94]
[1106138,"Concreto fck = 30 MPa - confecção em central dosadora de 30 m³/h - areia extraída e brita produzida","m³",297.91000000000003]
[1106139,"Concreto fck = 30 MPa - confecção em central dosadora de 40 m³/h - areia e brita comerciais","m³",413.57]
[1106140,"Concreto fck = 30 MPa - confecção em central dosadora de 40 m³/h - areia extraída e brita produzida","m³",275.55]
[1107904,"Concreto fck = 35 MPa - confecção em betoneira e lançamento manual - areia e brita comerciais","m³",531.6]
[1107903,"Concreto fck = 35 MPa - confecção em betoneira e lançamento manual - areia extraída e brita produzida","m³",397.94]
[1107908,"Concreto fck = 40 MPa - confecção em betoneira e lançamento manual - areia e brita comerciais","m³",561.39]
[1107907,"Concreto fck = 40 MPa - confecção em betoneira e lançamento manual - areia extraída e brita produzida","m³",430.79]
[1107871,"Concreto fctm,k = 4,5 MPa - confecção em central dosadora de 30 m³/h - areia e brita comerciais","m³",468.45]
[1107870,"Concreto fctm,k = 4,5 MPa - confecção em central dosadora de 30 m³/h - areia extraída e brita produzida","m³",334.23]
[1106057,"Concreto magro - confecção em betoneira e lançamento manual - areia e brita comerciais","m³",447.11]
[1106058,"Concreto magro - confecção em betoneira e lançamento manual - areia extraída e brita produzida","m³",310.5]
[1106380,"Concreto para bombeamento fck = 25 MPa - confecção em central dosadora de 30 m³/h - areia e brita comerciais","m³",442.92]
[1106378,"Concreto para bombeamento fck = 25 MPa - confecção em central dosadora de 30 m³/h - areia extraída e brita produzida","m³",310.5]
[1116263,"Concreto para bombeamento fck = 25 MPa - confecção em central dosadora de 40 m³/h - areia e brita comerciais","m³",419.48]
[1116267,"Concreto para bombeamento fck = 25 MPa - confecção em central dosadora de 40 m³/h - areia extraída e brita produzida","m³",287.06]
[1106280,"Concreto para bombeamento fck = 30 MPa - confecção em central dosadora de 30 m³/h - areia e brita comerciais","m³",464.96]
[1106289,"Concreto para bombeamento fck = 30 MPa - confecção em central dosadora de 30 m³/h - areia extraída e brita produzida","m³",334.83]
[1116264,"Concreto para bombeamento fck = 30 MPa - confecção em central dosadora de 40 m³/h - areia e brita comerciais","m³",439.66]
[1116268,"Concreto para bombeamento fck = 30 MPa - confecção em central dosadora de 40 m³/h - areia extraída e brita produzida","m³",309.54000000000002]
[1106281,"Concreto para bombeamento fck = 35 MPa - confecção em central dosadora de 30 m³/h - areia e brita comerciais","m³",493.35]
[1106382,"Concreto para bombeamento fck = 35 MPa - confecção em central dosadora de 30 m³/h - areia extraída e brita produzida","m³",366.18]
[1116265,"Concreto para bombeamento fck = 35 MPa - confecção em central dosadora de 40 m³/h - areia e brita comerciais","m³",465.59]
[1116269,"Concreto para bombeamento fck = 35 MPa - confecção em central dosadora de 40 m³/h - areia extraída e brita produzida","m³",338.42]
[1106282,"Concreto para bombeamento fck = 40 MPa - confecção em central dosadora de 30 m³/h - areia e brita comerciais","m³",525.04]
[1106384,"Concreto para bombeamento fck = 40 MPa - confecção em central dosadora de 30 m³/h - areia extraída e brita produzida","m³",401.16]
[1116266,"Concreto para bombeamento fck = 40 MPa - confecção em central dosadora de 40 m³/h - areia e brita comerciais","m³",494.56]
[1116270,"Concreto para bombeamento fck = 40 MPa - confecção em central dosadora de 40 m³/h - areia extraída e brita produzida","m³",370.69]
[1107868,"Concreto para sub-base adensado por vibração fck = 7,5 MPa - confecção em central dosadora de 30 m³/h - areia e brita comerciais","m³",355.26]
[1107869,"Concreto para sub-base adensado por vibração fck = 7,5 MPa - confecção em central dosadora de 30 m³/h - areia extraída e brita produzida","m³",208.74]
[1103853,"Concreto poroso para tubos de drenagem fck = 25 MPa - confecção em betoneira e lançamento manual - areia e brita comerciais","m³",453.37]
[1103852,"Concreto poroso para tubos de drenagem fck = 25 MPa - confecção em betoneira e lançamento manual - areia extraída e brita produzida","m³",356.17]
[1106284,"Concreto submerso fck = 20 MPa - confecção em central dosadora de 30 m³/h - areia e brita comerciais","m³",466.94]
[1108116,"Concreto submerso fck = 25 MPa - confecção em central dosadora de 30 m³/h - areia e brita comerciais","m³",471.81]
[1108118,"Concreto submerso fck = 30 MPa - confecção em central dosadora de 30 m³/h - areia e brita comerciais","m³",494.76]
[1106158,"Concreto submerso fck = 35 MPa - confecção em central dosadora de 30 m³/h - areia e brita comerciais","m³",526.34]
[1108120,"Concreto submerso fck = 40 MPa - confecção em central dosadora de 30 m³/h - areia e brita comerciais","m³",561.63]
[1106050,"Lançamento livre de concreto usinado por meio de caminhão betoneira - confecção em central dosadora de 30 m³/h","m³",45.74]
[1106051,"Lançamento livre de concreto usinado por meio de caminhão betoneira - confecção em central dosadora de 40 m³/h","m³",38.28]
[1106061,"Lançamento manual de concreto usinado - confecção em central dosadora de 30 m³/h","m³",52.7]
[1106087,"Lançamento manual de concreto usinado - confecção em central dosadora de 40 m³/h","m³",45.46]
[1107860,"Lançamento mecânico de concreto com bomba lança sobre chassi com capacidade de 50 m³/h - confecção em central dosadora de 40 m³/h","m³",53.82]
[1106088,"Lançamento mecânico de concreto com bomba rebocável com capacidade de 30 m³/h - confecção em central dosadora de 30 m³/h","m³",56.42]
[1106128,"Lançamento mecânico de concreto com bomba rebocável com capacidade de 41 m³/h - confecção em central dosadora de 40 m³/h","m³",46.49]
[1108056,"Microconcreto autoadensável para reparos e grauteamento - confecção em misturador e lançamento manual","m³",3324.28]
[1108059,"Microconcreto para reparos e grauteamento - confecção em misturador e lançamento manual","m³",3475.5]
[1207700,"Concreto fck = 20 MPa para projeção via seca - confecção em betoneira - areia e brita comerciais","m³",579.16999999999996]
[1207701,"Concreto fck = 25 MPa para projeção via seca - confecção em betoneira - areia e brita comerciais","m³",616.17999999999995]
[1207702,"Concreto fck = 30 MPa para projeção via seca - confecção em betoneira - areia e brita comerciais","m³",657.58]
[1207708,"Concreto fck = 30 MPa para projeção via úmida - confecção em central dosadora de 30 m³/h - areia e brita comerciais","m³",599.83000000000004]
[1207703,"Concreto fck = 40 MPa para projeção via seca - confecção em betoneira - areia e brita comerciais","m³",755.64]
[1207709,"Concreto fck = 40 MPa para projeção via úmida - confecção em central dosadora de 30 m³/h - areia e brita comerciais","m³",689.89]
[1207710,"Concreto projetado via seca fck = 20 MPa aplicado em pisos","m³",890.9]
[1207711,"Concreto projetado via seca fck = 20 MPa aplicado em superfícies inclinadas e verticais","m³",1110.9000000000001]
[1207713,"Concreto projetado via seca fck = 20 MPa aplicado em teto","m³",1680.46]
[1207714,"Concreto projetado via seca fck = 25 MPa aplicado em pisos","m³",934.44]
[1207715,"Concreto projetado via seca fck = 25 MPa aplicado em superfícies inclinadas e verticais","m³",1163.78]
[1207717,"Concreto projetado via seca fck = 25 MPa aplicado em teto","m³",1754.48]
[1207718,"Concreto projetado via seca fck = 30 MPa aplicado em pisos","m³",983.15]
[1207719,"Concreto projetado via seca fck = 30 MPa aplicado em superfícies inclinadas e verticais","m³",1222.92]
[1207721,"Concreto projetado via seca fck = 30 MPa aplicado em teto","m³",1837.28]
[1207722,"Concreto projetado via seca fck = 40 MPa aplicado em pisos","m³",1098.51]
[1207723,"Concreto projetado via seca fck = 40 MPa aplicado em superfícies inclinadas e verticais","m³",1363]
[1207725,"Concreto projetado via seca fck = 40 MPa via seca aplicado em teto","m³",2033.4]
[1207728,"Concreto projetado via úmida fck = 30 MPa aplicado em túneis classe I com seção de 20 a 40 m²","m³",857.06]
[1207727,"Concreto projetado via úmida fck = 30 MPa aplicado em túneis classe I com seção de 40 a 60 m²","m³",841.05]
[1207726,"Concreto projetado via úmida fck = 30 MPa aplicado em túneis classe I com seção de 60 a 90 m²","m³",828.26]
[1208329,"Concreto projetado via úmida fck = 30 MPa aplicado em túneis classe I com seção superior a 90 m²","m³",813.52]
[1207685,"Concreto projetado via úmida fck = 30 MPa aplicado em túneis classe II com seção de 20 a 40 m²","m³",897.99]
[1207684,"Concreto projetado via úmida fck = 30 MPa aplicado em túneis classe II com seção de 40 a 60 m²","m³",876.85]
[1207683,"Concreto projetado via úmida fck = 30 MPa aplicado em túneis classe II com seção de 60 a 90 m²","m³",860.73]
[1208337,"Concreto projetado via úmida fck = 30 MPa aplicado em túneis classe II com seção superior a 90 m²","m³",843.6]
[1207691,"Concreto projetado via úmida fck = 30 MPa aplicado em túneis classe III com seção de 20 a 40 m²","m³",946.62]
[1207690,"Concreto projetado via úmida fck = 30 MPa aplicado em túneis classe III com seção de 40 a 60 m²","m³",917.83]
[1207689,"Concreto projetado via úmida fck = 30 MPa aplicado em túneis classe III com seção de 60 a 90 m²","m³",893.62]
[1208345,"Concreto projetado via úmida fck = 30 MPa aplicado em túneis classe III com seção superior a 90 m²","m³",873.67]
[1207697,"Concreto projetado via úmida fck = 30 MPa aplicado em túneis classe IV com seção de 20 a 40 m²","m³",1006.87]
[1207696,"Concreto projetado via úmida fck = 30 MPa aplicado em túneis classe IV com seção de 40 a 60 m²","m³",965.72]
[1207695,"Concreto projetado via úmida fck = 30 MPa aplicado em túneis classe IV com seção de 60 a 90 m²","m³",937.73]
[1208353,"Concreto projetado via úmida fck = 30 MPa aplicado em túneis classe IV com seção superior a 90 m²","m³",909.59]
[1207663,"Concreto projetado via úmida fck = 30 MPa aplicado em túneis classe V com seção de 20 a 40 m²","m³",1188.8699999999999]
[1207662,"Concreto projetado via úmida fck = 30 MPa aplicado em túneis classe V com seção de 40 a 60 m²","m³",1159.68]
[1207661,"Concreto projetado via úmida fck = 30 MPa aplicado em túneis classe V com seção de 60 a 90 m²","m³",1136.3399999999999]
[1208361,"Concreto projetado via úmida fck = 30 MPa aplicado em túneis classe V com seção superior a 90 m²","m³",1101.31]
[1207669,"Concreto projetado via úmida fck = 30 MPa aplicado em túneis classe VI com seção de 20 a 40 m²","m³",1320.45]
[1207668,"Concreto projetado via úmida fck = 30 MPa aplicado em túneis classe VI com seção de 40 a 60 m²","m³",1284.21]
[1207667,"Concreto projetado via úmida fck = 30 MPa aplicado em túneis classe VI com seção de 60 a 90 m²","m³",1229.8699999999999]
[1208369,"Concreto projetado via úmida fck = 30 MPa aplicado em túneis classe VI com seção superior a 90 m²","m³",1175.52]
[1207682,"Concreto projetado via úmida fck = 40 MPa aplicado em túneis classe I com seção de 20 a 40 m²","m³",963.01]
[1207681,"Concreto projetado via úmida fck = 40 MPa aplicado em túneis classe I com seção de 40 a 60 m²","m³",947]
[1207729,"Concreto projetado via úmida fck = 40 MPa aplicado em túneis classe I com seção de 60 a 90 m²","m³",934.21]
[1208333,"Concreto projetado via úmida fck = 40 MPa aplicado em túneis classe I com seção superior a 90 m²","m³",919.47]
[1207688,"Concreto projetado via úmida fck = 40 MPa aplicado em túneis classe II com seção de 20 a 40 m²","m³",1007.16]
[1207687,"Concreto projetado via úmida fck = 40 MPa aplicado em túneis classe II com seção de 40 a 60 m²","m³",986.01]
[1207686,"Concreto projetado via úmida fck = 40 MPa aplicado em túneis classe II com seção de 60 a 90 m²","m³",969.9]
[1208341,"Concreto projetado via úmida fck = 40 MPa aplicado em túneis classe II com seção superior a 90 m²","m³",952.76]
[1207694,"Concreto projetado via úmida fck = 40 MPa aplicado em túneis classe III com seção de 20 a 40 m²","m³",1059.19]
[1207693,"Concreto projetado via úmida fck = 40 MPa aplicado em túneis classe III com seção de 40 a 60 m²","m³",1030.4000000000001]
[1207692,"Concreto projetado via úmida fck = 40 MPa aplicado em túneis classe III com seção de 60 a 90 m²","m³",1006.2]
[1208349,"Concreto projetado via úmida fck = 40 MPa aplicado em túneis classe III com seção superior a 90 m²","m³",986.24]
[1207660,"Concreto projetado via úmida fck = 40 MPa aplicado em túneis classe IV com seção de 20 a 40 m²","m³",1123.08]
[1207699,"Concreto projetado via úmida fck = 40 MPa aplicado em túneis classe IV com seção de 40 a 60 m²","m³",1081.93]
[1207698,"Concreto projetado via úmida fck = 40 MPa aplicado em túneis classe IV com seção de 60 a 90 m²","m³",1053.94]
[1208357,"Concreto projetado via úmida fck = 40 MPa aplicado em túneis classe IV com seção superior a 90 m²","m³",1025.8]
[1207666,"Concreto projetado via úmida fck = 40 MPa aplicado em túneis classe V com seção de 20 a 40 m²","m³",1308.95]
[1207665,"Concreto projetado via úmida fck = 40 MPa aplicado em túneis classe V com seção de 40 a 60 m²","m³",1279.76]
[1207664,"Concreto projetado via úmida fck = 40 MPa aplicado em túneis classe V com seção de 60 a 90 m²","m³",1256.4100000000001]
[1208365,"Concreto projetado via úmida fck = 40 MPa aplicado em túneis classe V com seção superior a 90 m²","m³",1221.3900000000001]
[1207672,"Concreto projetado via úmida fck = 40 MPa aplicado em túneis classe VI com seção de 20 a 40 m²","m³",1444.67]
[1207671,"Concreto projetado via úmida fck = 40 MPa aplicado em túneis classe VI com seção de 40 a 60 m²","m³",1408.43]
[1207670,"Concreto projetado via úmida fck = 40 MPa aplicado em túneis classe VI com seção de 60 a 90 m²","m³",1354.09]
[1208373,"Concreto projetado via úmida fck = 40 MPa aplicado em túneis classe VI com seção superior a 90 m²","m³",1299.74]
[1400976,"Corte a plasma CNC em chapa com espessura de 6,3 a 10 mm","m",5.95]
[1400970,"Corte a plasma manual em chapa de aço-carbono com espessura de 4 a 8 mm","m",2.15]
[1400971,"Corte a plasma manual em chapa de aço-carbono com espessura de 9 a 25 mm","m",9.39]
[1400972,"Corte a plasma manual em chapa de alumínio com espessura de 1,5 mm","m",2.0699999999999998]
[1416201,"Corte de barras de aço CA-50 com maçarico oxiacetileno","cm²",0.28000000000000003]
[1400969,"Corte de cantoneira de alumínio","un",0.14000000000000001]
[1400975,"Corte de chapa de aço com guilhotina hidráulica","m",4.08]
[1416141,"Corte de chapas de aço com espessura de 12,5 mm com maçarico oxiacetileno","m",4.34]
[1416142,"Corte de chapas de aço com espessura de 16 mm com maçarico oxiacetileno","m",6.78]
[1400973,"Corte de chapas de aço com espessura de 3 mm com maçarico oxiacetileno","m",1.76]
[1400974,"Corte de chapas de aço com espessura de 5 mm com maçarico oxiacetileno","m",2.09]
[1416139,"Corte de chapas de aço com espessura de 6,3 mm com maçarico oxiacetileno","m",2.35]
[1416202,"Corte de chapas de aço com espessura de 8 mm com maçarico oxiacetileno","m",2.74]
[1416140,"Corte de chapas de aço com espessura de 9,5 mm com maçarico oxiacetileno","m",3.17]
[1419543,"Corte de perfil metálico com máquina policorte com espessura de até 1/8\"","un",0.17]
[1408173,"Corte de perfis metálicos com maçarico oxiacetileno","cm²",7.0000000000000007E-2]
[1407063,"Corte de trilho TR45 com utilização de equipamento leve","un",7.78]
[1407064,"Corte de trilho TR57 com utilização de equipamento leve","un",8.0299999999999994]
[1407065,"Corte de trilho TR68 com utilização de equipamento leve","un",8.2100000000000009]
[1407066,"Corte de trilho UIC60 com utilização de equipamento leve","un",8.08]
[1400977,"Dobramento de chapas metálicas com espessuras de até 10 mm","m",3.45]
[1407067,"Furação de trilho TR45 com utilização de equipamento leve","un",2.91]
[1407068,"Furação de trilho TR57 com utilização de equipamento leve","un",3.27]
[1407069,"Furação de trilho TR68 com utilização de equipamento leve","un",3.55]
[1407070,"Furação de trilho UIC60 com utilização de equipamento leve","un",3.39]
[1400987,"Perfuração de chapas metálicas com espessura de até 3 mm - D = 25 mm","un",1.34]
[1416257,"Solda com maçarico oxiacetileno de chapas de aço de 12,5 mm","m",336.5]
[1416253,"Solda com maçarico oxiacetileno de chapas de aço de 16 mm","m",798.77]
[1416254,"Solda com maçarico oxiacetileno de chapas de aço de 6,3 mm","m",60.71]
[1416255,"Solda com maçarico oxiacetileno de chapas de aço de 8 mm","m",108.69]
[1416256,"Solda com maçarico oxiacetileno de chapas de aço de 9,5 mm","m",170.63]
[1408028,"Solda elétrica manual de perfis metálicos e chapas de aço com eletrodo E70XX para beneficiamento de aço naval","kg",202.39]
[1408027,"Solda tipo MIG/MAG automatizada","kg",112.16]
[1400978,"Solda tipo MIG/MAG manual","kg",179.44]
[1513941,"Contenção em areia-cimento ensacada com mistura de areia com 8% de cimento - confecção e assentamento","m³",503.94]
[1513940,"Contenção em solo-cimento ensacado com mistura de solo de jazida com 8% de cimento - confecção e assentamento","m³",348.99]
[1505879,"Enrocamento de pedra arrumada manualmente - pedra de mão comercial - fornecimento e assentamento","m³",285.58999999999997]
[1505878,"Enrocamento de pedra arrumada manualmente - pedra de mão produzida - confecção e assentamento","m³",167.31]
[1505877,"Enrocamento de pedra espalhada e compactada mecanicamente - pedra de mão comercial - fornecimento e assentamento","m³",191.9]
[1505860,"Enrocamento de pedra jogada - pedra de mão comercial - fornecimento e assentamento","m³",190.46]
[1505859,"Enrocamento de pedra jogada - pedra de mão produzida - confecção e assentamento","m³",91.9]
[1516204,"Fabricação de blocos segmentais de face pré-moldados - C = 40 cm, L = 40 cm e H = 20 cm - massa de 25 kg","un",6.03]
[1516312,"Geocélula em PEAD, paredes perfuradas, soldadas - altura de 100 mm e 1.206 cm² de área de célula - fornecimento e instalação","m²",43.08]
[1516304,"Geocélula em PEAD, paredes perfuradas, soldadas - altura de 100 mm e 289 cm² de área de célula - fornecimento e instalação","m²",54.02]
[1516308,"Geocélula em PEAD, paredes perfuradas, soldadas - altura de 100 mm e 460 cm² de área de célula - fornecimento e instalação","m²",44.1]
[1516313,"Geocélula em PEAD, paredes perfuradas, soldadas - altura de 150 mm e 1.206 cm² de área de célula - fornecimento e instalação","m²",49.53]
[1516305,"Geocélula em PEAD, paredes perfuradas, soldadas - altura de 150 mm e 289 cm² de área de célula - fornecimento e instalação","m²",65.02]
[1516309,"Geocélula em PEAD, paredes perfuradas, soldadas - altura de 150 mm e 460 cm² de área de célula - fornecimento e instalação","m²",53.1]
[1516314,"Geocélula em PEAD, paredes perfuradas, soldadas - altura de 200 mm e 1.206 cm² de área de célula - fornecimento e instalação","m²",58.36]
[1516306,"Geocélula em PEAD, paredes perfuradas, soldadas - altura de 200 mm e 289 cm² de área de célula - fornecimento e instalação","m²",77.13]
[1516310,"Geocélula em PEAD, paredes perfuradas, soldadas - altura de 200 mm e 460 cm² de área de célula - fornecimento e instalação","m²",62.62]
[1516311,"Geocélula em PEAD, paredes perfuradas, soldadas - altura de 75 mm e 1.206 cm² de área de célula - fornecimento e instalação","m²",31.89]
[1516303,"Geocélula em PEAD, paredes perfuradas, soldadas - altura de 75 mm e 289 cm² de área de célula - fornecimento e instalação","m²",43.06]
[1516307,"Geocélula em PEAD, paredes perfuradas, soldadas - altura de 75 mm e 460 cm² de área de célula - fornecimento e instalação","m²",35.590000000000003]
[1516298,"Geogrelha unidirecional com resistência à tração de 100 kN/m - fornecimento e instalação","m²",32.58]
[1516299,"Geogrelha unidirecional com resistência à tração de 150 kN/m - fornecimento e instalação","m²",34.799999999999997]
[1516300,"Geogrelha unidirecional com resistência à tração de 200 kN/m - fornecimento e instalação","m²",45.39]
[1516301,"Geogrelha unidirecional com resistência à tração de 300 kN/m - fornecimento e instalação","m²",66.650000000000006]
[1516302,"Geogrelha unidirecional com resistência à tração de 400 kN/m - fornecimento e instalação","m²",87.78]
[1516296,"Geogrelha unidirecional com resistência à tração de 50 kN/m - fornecimento e instalação","m²",24.72]
[1516297,"Geogrelha unidirecional com resistência à tração de 90 kN/m - fornecimento e instalação","m²",31.53]
[1505847,"Muro em blocos segmentais de face pré-moldados - C = 40 cm, L = 40 cm, e H = 20 cm com altura de 4 a 6 m - confecção e assentamento","m²",180.81]
[1505848,"Muro em blocos segmentais de face pré-moldados - C = 40 cm, L = 40 cm, e H = 20 cm com altura de 6 a 8 m - confecção e assentamento","m²",176.39]
[1505849,"Muro em blocos segmentais de face pré-moldados - C = 40 cm, L = 40 cm, e H = 20 cm com altura de 8 a 10 m - confecção e assentamento","m²",173.93]
[1505930,"Muro em blocos segmentais de face pré-moldados - C = 40 cm, L = 40 cm, e H = 20 cm com altura de até 4 m - confecção e assentamento","m²",204.04]
[1506055,"Pedra argamassada com cimento e areia 1:3 - areia e pedra de mão comercial - fornecimento e assentamento","m³",436.41]
[1506056,"Pedra argamassada com cimento e areia 1:3 - areia extraída e pedra de mão produzida - confecção e assentamento","m³",281.19]
[1513943,"Proteção de taludes rochosos com telas metálicas - resistência longitudinal à tração de 121 kN/m - fornecimento e posicionamento - inclusive cabos de aço, grampos e clipes de junção","m²",203.14]
[1516318,"Tela metálica dobrada em L para muro em solo reforçado - C = 200 cm, L = 40 cm e H = 40 cm - fornecimento e instalação","m²",541.13]
[1516317,"Tela metálica dobrada em L para muro em solo reforçado - C = 200 cm, L = 50 cm e H = 50 cm - fornecimento e instalação","m²",472.87]
[1600965,"Abertura em muro de alvenaria de pedra argamassada com martelete","m³",95.23]
[1600408,"Apicoamento manual de concreto","m²",17.12]
[1600990,"Demolição de concreto armado com martelete e corte oxiacetileno","m³",755.3]
[1600989,"Demolição de concreto simples com martelete","m³",388.65]
[1600438,"Demolição manual de concreto armado","m³",545.67999999999995]
[1600436,"Demolição manual de concreto simples","m³",374]
[1600895,"Demolição manual de construções provisórias de madeira - sem reaproveitamento","m²",13.03]
[1600897,"Demolição manual de construções provisórias de madeira, sem fechamento lateral e sem pavimentação","m²",3.5]
[1619004,"Demolição mecânica de alvenaria com carregadeira de pneus","m³",7.56]
[1600896,"Demolição mecânica de alvenaria com escavadeira hidráulica","m²",15.29]
[1619003,"Demolição mecânica de concreto armado com escavadeira hidráulica","m³",63.27]
[1619006,"Demolição mecânica de concreto simples com escavadeira hidráulica","m³",44.18]
[1600414,"Fresagem de piso de concreto","m²",1.0900000000000001]
[1608148,"Perfuração em concreto com coroa diamantada - D = 100 mm","m",209.9]
[1608021,"Perfuração em concreto com coroa diamantada - D = 16 mm","m",67.040000000000006]
[1608024,"Perfuração em concreto com coroa diamantada - D = 20 mm","m",70.36]
[1608026,"Perfuração em concreto com coroa diamantada - D = 25 mm","m",80.08]
[1608142,"Perfuração em concreto com coroa diamantada - D = 32 mm","m",91.55]
[1608143,"Perfuração em concreto com coroa diamantada - D = 38 mm","m",94.85]
[1608144,"Perfuração em concreto com coroa diamantada - D = 44 mm","m",102.37]
[1608145,"Perfuração em concreto com coroa diamantada - D = 50 mm","m",108.76]
[1608146,"Perfuração em concreto com coroa diamantada - D = 63 mm","m",126.09]
[1608147,"Perfuração em concreto com coroa diamantada - D = 75 mm","m",160.43]
[1608019,"Perfuração em concreto com martelete elétrico - D = 10 mm","m",18]
[1608020,"Perfuração em concreto com martelete elétrico - D = 13,0 mm","m",28.98]
[1608025,"Perfuração em concreto com martelete elétrico - D = 14 mm","m",35.46]
[1600966,"Remoção de cerca com mourões de concreto","m",0.7]
[1600898,"Remoção de painel publicitário, tipo outdoor, com estrutura e suportes em madeira","m²",11.49]
[1600441,"Remoção de paralelepípedos","m²",3.73]
[1600404,"Remoção de tubos de concreto com diâmetro de 0,40 m a 1,00 m em valas e bueiros","m",9.59]
[1600405,"Remoção de tubos de concreto com diâmetro de 1,20 m a 1,50 m em valas e bueiros","m",10.62]
[1716605,"Derrocagem subaquática de material de 3ª categoria - carga e limpeza - plataforma com clamshell - flutuante e batelão rebocado de 100 t montado na obra - DMT até 200 m","m³",114.31]
[1716610,"Derrocagem subaquática de material de 3ª categoria - carga e limpeza - plataforma com clamshell - flutuante e batelão rebocado de 100 t montado na obra - DMT de 1.000 a 1200 m","m³",118.69]
[1716611,"Derrocagem subaquática de material de 3ª categoria - carga e limpeza - plataforma com clamshell - flutuante e batelão rebocado de 100 t montado na obra - DMT de 1.200 a 1.400 m","m³",119.24]
[1716612,"Derrocagem subaquática de material de 3ª categoria - carga e limpeza - plataforma com clamshell - flutuante e batelão rebocado de 100 t montado na obra - DMT de 1.400 a 1.600 m","m³",119.79]
[1716613,"Derrocagem subaquática de material de 3ª categoria - carga e limpeza - plataforma com clamshell - flutuante e batelão rebocado de 100 t montado na obra - DMT de 1.600 a 1.800 m","m³",120.33]
[1716614,"Derrocagem subaquática de material de 3ª categoria - carga e limpeza - plataforma com clamshell - flutuante e batelão rebocado de 100 t montado na obra - DMT de 1.800 a 2.000 m","m³",121.43]
[1716615,"Derrocagem subaquática de material de 3ª categoria - carga e limpeza - plataforma com clamshell - flutuante e batelão rebocado de 100 t montado na obra - DMT de 2.000 a 2.500 m","m³",122.52]
[1716616,"Derrocagem subaquática de material de 3ª categoria - carga e limpeza - plataforma com clamshell - flutuante e batelão rebocado de 100 t montado na obra - DMT de 2.500 a 3.000 m","m³",124.17]
[1716606,"Derrocagem subaquática de material de 3ª categoria - carga e limpeza - plataforma com clamshell - flutuante e batelão rebocado de 100 t montado na obra - DMT de 200 a 400 m","m³",115.96]
[1716617,"Derrocagem subaquática de material de 3ª categoria - carga e limpeza - plataforma com clamshell - flutuante e batelão rebocado de 100 t montado na obra - DMT de 3.000 m","m³",125.26]
[1716607,"Derrocagem subaquática de material de 3ª categoria - carga e limpeza - plataforma com clamshell - flutuante e batelão rebocado de 100 t montado na obra - DMT de 400 a 600 m","m³",116.5]
[1716608,"Derrocagem subaquática de material de 3ª categoria - carga e limpeza - plataforma com clamshell - flutuante e batelão rebocado de 100 t montado na obra - DMT de 600 a 800 m","m³",117.6]
[1716609,"Derrocagem subaquática de material de 3ª categoria - carga e limpeza - plataforma com clamshell - flutuante e batelão rebocado de 100 t montado na obra - DMT de 800 a 1.000 m","m³",118.14]
[1716604,"Derrocagem subaquática de material de 3ª categoria - carga e limpeza - plataforma com clamshell - flutuante montado na obra - sem transporte","m³",65.569999999999993]
[1716623,"Derrocagem subaquática de material de 3ª categoria - carga e limpeza - plataforma flutuante com clamshell - sem transporte","m³",64.260000000000005]
[1716624,"Derrocagem subaquática de material de 3ª categoria - carga e limpeza - plataforma flutuante com clamshell e batelão rebocado de 100 t - DMT até 200 m","m³",113]
[1716629,"Derrocagem subaquática de material de 3ª categoria - carga e limpeza - plataforma flutuante com clamshell e batelão rebocado de 100 t - DMT de 1.000 a 1.200 m","m³",117.38]
[1716630,"Derrocagem subaquática de material de 3ª categoria - carga e limpeza - plataforma flutuante com clamshell e batelão rebocado de 100 t - DMT de 1.200 a 1.400 m","m³",117.93]
[1716631,"Derrocagem subaquática de material de 3ª categoria - carga e limpeza - plataforma flutuante com clamshell e batelão rebocado de 100 t - DMT de 1.400 a 1.600 m","m³",118.48]
[1716632,"Derrocagem subaquática de material de 3ª categoria - carga e limpeza - plataforma flutuante com clamshell e batelão rebocado de 100 t - DMT de 1.600 a 1.800 m","m³",119.02]
[1716633,"Derrocagem subaquática de material de 3ª categoria - carga e limpeza - plataforma flutuante com clamshell e batelão rebocado de 100 t - DMT de 1.800 a 2.000 m","m³",120.12]
[1716634,"Derrocagem subaquática de material de 3ª categoria - carga e limpeza - plataforma flutuante com clamshell e batelão rebocado de 100 t - DMT de 2.000 a 2.500 m","m³",121.21]
[1716635,"Derrocagem subaquática de material de 3ª categoria - carga e limpeza - plataforma flutuante com clamshell e batelão rebocado de 100 t - DMT de 2.500 a 3.000 m","m³",122.86]
[1716625,"Derrocagem subaquática de material de 3ª categoria - carga e limpeza - plataforma flutuante com clamshell e batelão rebocado de 100 t - DMT de 200 a 400 m","m³",114.64]
[1716636,"Derrocagem subaquática de material de 3ª categoria - carga e limpeza - plataforma flutuante com clamshell e batelão rebocado de 100 t - DMT de 3.000 m","m³",123.95]
[1716626,"Derrocagem subaquática de material de 3ª categoria - carga e limpeza - plataforma flutuante com clamshell e batelão rebocado de 100 t - DMT de 400 a 600 m","m³",115.19]
[1716627,"Derrocagem subaquática de material de 3ª categoria - carga e limpeza - plataforma flutuante com clamshell e batelão rebocado de 100 t - DMT de 600 a 800 m","m³",116.29]
[1716628,"Derrocagem subaquática de material de 3ª categoria - carga e limpeza - plataforma flutuante com clamshell e batelão rebocado de 100 t - DMT de 800 a 1.000 m","m³",116.83]
[1716640,"Derrocagem subaquática de material de 3ª categoria - carga e limpeza com draga backhoe de 7 m³ - sem transporte","m³",42.15]
[1716641,"Derrocagem subaquática de material de 3ª categoria - carga e limpeza com draga backhoe de 7 m³ - transporte com batelão autopropelido de 300 m³ - DMT até 200 m","m³",51.57]
[1716646,"Derrocagem subaquática de material de 3ª categoria - carga e limpeza com draga backhoe de 7 m³ - transporte com batelão autopropelido de 300 m³ - DMT de 1.000 a 1.200 m","m³",52.17]
[1716647,"Derrocagem subaquática de material de 3ª categoria - carga e limpeza com draga backhoe de 7 m³ - transporte com batelão autopropelido de 300 m³ - DMT de 1.200 a 1.400 m","m³",52.23]
[1716648,"Derrocagem subaquática de material de 3ª categoria - carga e limpeza com draga backhoe de 7 m³ - transporte com batelão autopropelido de 300 m³ - DMT de 1.400 a 1.600 m","m³",52.35]
[1716649,"Derrocagem subaquática de material de 3ª categoria - carga e limpeza com draga backhoe de 7 m³ - transporte com batelão autopropelido de 300 m³ - DMT de 1.600 a 1.800 m","m³",52.41]
[1716650,"Derrocagem subaquática de material de 3ª categoria - carga e limpeza com draga backhoe de 7 m³ - transporte com batelão autopropelido de 300 m³ - DMT de 1.800 a 2.000 m","m³",52.53]
[1716651,"Derrocagem subaquática de material de 3ª categoria - carga e limpeza com draga backhoe de 7 m³ - transporte com batelão autopropelido de 300 m³ - DMT de 2.000 a 2.500 m","m³",52.65]
[1716652,"Derrocagem subaquática de material de 3ª categoria - carga e limpeza com draga backhoe de 7 m³ - transporte com batelão autopropelido de 300 m³ - DMT de 2.500 a 3.000 m","m³",52.89]
[1716642,"Derrocagem subaquática de material de 3ª categoria - carga e limpeza com draga backhoe de 7 m³ - transporte com batelão autopropelido de 300 m³ - DMT de 200 a 400 m","m³",51.75]
[1716653,"Derrocagem subaquática de material de 3ª categoria - carga e limpeza com draga backhoe de 7 m³ - transporte com batelão autopropelido de 300 m³ - DMT de 3.000 m","m³",53.08]
[1716643,"Derrocagem subaquática de material de 3ª categoria - carga e limpeza com draga backhoe de 7 m³ - transporte com batelão autopropelido de 300 m³ - DMT de 400 a 600 m","m³",51.87]
[1716644,"Derrocagem subaquática de material de 3ª categoria - carga e limpeza com draga backhoe de 7 m³ - transporte com batelão autopropelido de 300 m³ - DMT de 600 a 800 m","m³",51.99]
[1716645,"Derrocagem subaquática de material de 3ª categoria - carga e limpeza com draga backhoe de 7 m³ - transporte com batelão autopropelido de 300 m³ - DMT de 800 a 1.000 m","m³",52.05]
[1716622,"Derrocagem subaquática de material de 3ª categoria - malha de 1,5 m² - perfuração e detonação - plataforma autoelevatória com três torres de perfuração","m³",90.79]
[1716603,"Derrocagem subaquática de material de 3ª categoria - malha de 1,5 m² - perfuração e detonação - plataforma autoelevatória montada na obra com três torres de perfuração","m³",90.79]
[1716620,"Derrocagem subaquática de material de 3ª categoria - malha de 1,5 m² - perfuração e detonação - plataforma flutuante com duas torres de perfuração","m³",123.29]
[1716621,"Derrocagem subaquática de material de 3ª categoria - malha de 1,5 m² - perfuração e detonação - plataforma flutuante com três torres de perfuração","m³",97.32]
[1716619,"Derrocagem subaquática de material de 3ª categoria - malha de 1,5 m² - perfuração e detonação - plataforma flutuante com uma torre de perfuração","m³",201.26]
[1716601,"Derrocagem subaquática de material de 3ª categoria - malha de 1,5 m² - perfuração e detonação - plataforma montada na obra com duas torres de perfuração","m³",125.05]
[1716602,"Derrocagem subaquática de material de 3ª categoria - malha de 1,5 m² - perfuração e detonação - plataforma montada na obra com três torres de perfuração","m³",98.49]
[1716600,"Derrocagem subaquática de material de 3ª categoria - malha de 1,5 m² - perfuração e detonação - plataforma montada na obra com uma torre de perfuração","m³",204.77]
[1716655,"Derrocagem subaquática de material de 3ª categoria - malha de 2,5 m² - perfuração e detonação - plataforma com duas torres de perfuração","m³",72.7]
[1716639,"Derrocagem subaquática de material de 3ª categoria - malha de 4,0 m² - perfuração e detonação - plataforma com duas torres de perfuração","m³",51.42]
[1801636,"Levantamento batimétrico monofeixe longitudinal","km",19.63]
[1801637,"Levantamento batimétrico monofeixe transversal","km",26.17]
[1817720,"Levantamento batimétrico multifeixe","km",99.36]
[1817723,"Levantamento hidrométrico com ADCP em rios com velocidade de corrente acima de 1,5 m/s","km",47.67]
[1817721,"Levantamento hidrométrico com ADCP em rios com velocidade de corrente de 0,5 a 1,0 m/s","km",143]
[1817722,"Levantamento hidrométrico com ADCP em rios com velocidade de corrente de 1,0 a 1,5 m/s","km",71.5]
[1917483,"Dragagem de areia fina com draga de sucção e recalque - bomba de 1.350 kW e cortador de 170 kW - distância de recalque de 1.100 a 1.300 m","m³",4.9800000000000004]
[1917484,"Dragagem de areia fina com draga de sucção e recalque - bomba de 1.350 kW e cortador de 170 kW - distância de recalque de 1.300 a 1.500 m","m³",5.17]
[1917485,"Dragagem de areia fina com draga de sucção e recalque - bomba de 1.350 kW e cortador de 170 kW - distância de recalque de 1.500 a 1.700 m","m³",5.74]
[1917486,"Dragagem de areia fina com draga de sucção e recalque - bomba de 1.350 kW e cortador de 170 kW - distância de recalque de 1.700 a 1.900 m","m³",5.97]
[1917487,"Dragagem de areia fina com draga de sucção e recalque - bomba de 1.350 kW e cortador de 170 kW - distância de recalque de 1.900 a 2.100 m","m³",6.28]
[1917528,"Dragagem de areia fina com draga de sucção e recalque - bomba de 1.350 kW e cortador de 170 kW - distância de recalque de 10.100 a 10.300 m","m³",32.799999999999997]
[1917529,"Dragagem de areia fina com draga de sucção e recalque - bomba de 1.350 kW e cortador de 170 kW - distância de recalque de 10.300 a 10.500 m","m³",33.89]
[1917530,"Dragagem de areia fina com draga de sucção e recalque - bomba de 1.350 kW e cortador de 170 kW - distância de recalque de 10.500 a 10.700 m","m³",35.67]
[1917531,"Dragagem de areia fina com draga de sucção e recalque - bomba de 1.350 kW e cortador de 170 kW - distância de recalque de 10.700 a 10.900 m","m³",37.53]
[1917532,"Dragagem de areia fina com draga de sucção e recalque - bomba de 1.350 kW e cortador de 170 kW - distância de recalque de 10.900 a 11.100 m","m³",39.619999999999997]
[1917533,"Dragagem de areia fina com draga de sucção e recalque - bomba de 1.350 kW e cortador de 170 kW - distância de recalque de 11.100 a 11.300 m","m³",40.75]
[1917534,"Dragagem de areia fina com draga de sucção e recalque - bomba de 1.350 kW e cortador de 170 kW - distância de recalque de 11.300 a 11.500 m","m³",41.92]
[1917535,"Dragagem de areia fina com draga de sucção e recalque - bomba de 1.350 kW e cortador de 170 kW - distância de recalque de 11.500 a 11.700 m","m³",43.49]
[1917536,"Dragagem de areia fina com draga de sucção e recalque - bomba de 1.350 kW e cortador de 170 kW - distância de recalque de 11.700 a 11.900 m","m³",44.82]
[1917537,"Dragagem de areia fina com draga de sucção e recalque - bomba de 1.350 kW e cortador de 170 kW - distância de recalque de 11.900 a 12.100 m","m³",46.19]
[1917488,"Dragagem de areia fina com draga de sucção e recalque - bomba de 1.350 kW e cortador de 170 kW - distância de recalque de 2.100 a 2.300 m","m³",6.52]
[1917489,"Dragagem de areia fina com draga de sucção e recalque - bomba de 1.350 kW e cortador de 170 kW - distância de recalque de 2.300 a 2.500 m","m³",6.82]
[1917490,"Dragagem de areia fina com draga de sucção e recalque - bomba de 1.350 kW e cortador de 170 kW - distância de recalque de 2.500 a 2.700 m","m³",7.35]
[1917491,"Dragagem de areia fina com draga de sucção e recalque - bomba de 1.350 kW e cortador de 170 kW - distância de recalque de 2.700 a 2.900 m","m³",7.68]
[1917492,"Dragagem de areia fina com draga de sucção e recalque - bomba de 1.350 kW e cortador de 170 kW - distância de recalque de 2.900 a 3.100 m","m³",7.94]
[1917493,"Dragagem de areia fina com draga de sucção e recalque - bomba de 1.350 kW e cortador de 170 kW - distância de recalque de 3.100 a 3.300 m","m³",8.2899999999999991]
[1917494,"Dragagem de areia fina com draga de sucção e recalque - bomba de 1.350 kW e cortador de 170 kW - distância de recalque de 3.300 a 3.500 m","m³",8.65]
[1917495,"Dragagem de areia fina com draga de sucção e recalque - bomba de 1.350 kW e cortador de 170 kW - distância de recalque de 3.500 a 3.700 m","m³",9.23]
[1917496,"Dragagem de areia fina com draga de sucção e recalque - bomba de 1.350 kW e cortador de 170 kW - distância de recalque de 3.700 a 3.900 m","m³",9.57]
[1917497,"Dragagem de areia fina com draga de sucção e recalque - bomba de 1.350 kW e cortador de 170 kW - distância de recalque de 3.900 a 4.100 m","m³",9.91]
[1917498,"Dragagem de areia fina com draga de sucção e recalque - bomba de 1.350 kW e cortador de 170 kW - distância de recalque de 4.100 a 4.300 m","m³",10.26]
[1917499,"Dragagem de areia fina com draga de sucção e recalque - bomba de 1.350 kW e cortador de 170 kW - distância de recalque de 4.300 a 4.500 m","m³",10.54]
[1917500,"Dragagem de areia fina com draga de sucção e recalque - bomba de 1.350 kW e cortador de 170 kW - distância de recalque de 4.500 a 4.700 m","m³",11.19]
[1917501,"Dragagem de areia fina com draga de sucção e recalque - bomba de 1.350 kW e cortador de 170 kW - distância de recalque de 4.700 a 4.900 m","m³",11.55]
[1917502,"Dragagem de areia fina com draga de sucção e recalque - bomba de 1.350 kW e cortador de 170 kW - distância de recalque de 4.900 a 5.100 m","m³",11.91]
[1917503,"Dragagem de areia fina com draga de sucção e recalque - bomba de 1.350 kW e cortador de 170 kW - distância de recalque de 5.100 a 5.300 m","m³",12.28]
[1917504,"Dragagem de areia fina com draga de sucção e recalque - bomba de 1.350 kW e cortador de 170 kW - distância de recalque de 5.300 a 5.500 m","m³",12.66]
[1917505,"Dragagem de areia fina com draga de sucção e recalque - bomba de 1.350 kW e cortador de 170 kW - distância de recalque de 5.500 a 5.700 m","m³",13.33]
[1917506,"Dragagem de areia fina com draga de sucção e recalque - bomba de 1.350 kW e cortador de 170 kW - distância de recalque de 5.700 a 5.900 m","m³",13.7]
[1917507,"Dragagem de areia fina com draga de sucção e recalque - bomba de 1.350 kW e cortador de 170 kW - distância de recalque de 5.900 a 6.100 m","m³",14.08]
[1917480,"Dragagem de areia fina com draga de sucção e recalque - bomba de 1.350 kW e cortador de 170 kW - distância de recalque de 500 a 700 m","m³",4.34]
[1917508,"Dragagem de areia fina com draga de sucção e recalque - bomba de 1.350 kW e cortador de 170 kW - distância de recalque de 6.100 a 6.300 m","m³",14.47]
[1917509,"Dragagem de areia fina com draga de sucção e recalque - bomba de 1.350 kW e cortador de 170 kW - distância de recalque de 6.300 a 6.500 m","m³",14.95]
[1917510,"Dragagem de areia fina com draga de sucção e recalque - bomba de 1.350 kW e cortador de 170 kW - distância de recalque de 6.500 a 6.700 m","m³",15.66]
[1917511,"Dragagem de areia fina com draga de sucção e recalque - bomba de 1.350 kW e cortador de 170 kW - distância de recalque de 6.700 a 6.900 m","m³",16.09]
[1917512,"Dragagem de areia fina com draga de sucção e recalque - bomba de 1.350 kW e cortador de 170 kW - distância de recalque de 6.900 a 7.100 m","m³",16.61]
[1917513,"Dragagem de areia fina com draga de sucção e recalque - bomba de 1.350 kW e cortador de 170 kW - distância de recalque de 7.100 a 7.300 m","m³",17.079999999999998]
[1917514,"Dragagem de areia fina com draga de sucção e recalque - bomba de 1.350 kW e cortador de 170 kW - distância de recalque de 7.300 a 7.500 m","m³",17.66]
[1917515,"Dragagem de areia fina com draga de sucção e recalque - bomba de 1.350 kW e cortador de 170 kW - distância de recalque de 7.500 a 7.700 m","m³",18.55]
[1917516,"Dragagem de areia fina com draga de sucção e recalque - bomba de 1.350 kW e cortador de 170 kW - distância de recalque de 7.700 a 7.900 m","m³",19.16]
[1917517,"Dragagem de areia fina com draga de sucção e recalque - bomba de 1.350 kW e cortador de 170 kW - distância de recalque de 7.900 a 8.100 m","m³",20.02]
[1917481,"Dragagem de areia fina com draga de sucção e recalque - bomba de 1.350 kW e cortador de 170 kW - distância de recalque de 700 a 900 m","m³",4.53]
[1917518,"Dragagem de areia fina com draga de sucção e recalque - bomba de 1.350 kW e cortador de 170 kW - distância de recalque de 8.100 a 8.300 m","m³",20.84]
[1917519,"Dragagem de areia fina com draga de sucção e recalque - bomba de 1.350 kW e cortador de 170 kW - distância de recalque de 8.300 a 8.500 m","m³",21.89]
[1917520,"Dragagem de areia fina com draga de sucção e recalque - bomba de 1.350 kW e cortador de 170 kW - distância de recalque de 8.500 a 8.700 m","m³",23.12]
[1917521,"Dragagem de areia fina com draga de sucção e recalque - bomba de 1.350 kW e cortador de 170 kW - distância de recalque de 8.700 a 8.900 m","m³",24.12]
[1917522,"Dragagem de areia fina com draga de sucção e recalque - bomba de 1.350 kW e cortador de 170 kW - distância de recalque de 8.900 a 9.100 m","m³",25.23]
[1917523,"Dragagem de areia fina com draga de sucção e recalque - bomba de 1.350 kW e cortador de 170 kW - distância de recalque de 9.100 a 9.300 m","m³",26.36]
[1917524,"Dragagem de areia fina com draga de sucção e recalque - bomba de 1.350 kW e cortador de 170 kW - distância de recalque de 9.300 a 9.500 m","m³",27.57]
[1917525,"Dragagem de areia fina com draga de sucção e recalque - bomba de 1.350 kW e cortador de 170 kW - distância de recalque de 9.500 a 9.700 m","m³",29.07]
[1917526,"Dragagem de areia fina com draga de sucção e recalque - bomba de 1.350 kW e cortador de 170 kW - distância de recalque de 9.700 a 9.900 m","m³",30.19]
[1917527,"Dragagem de areia fina com draga de sucção e recalque - bomba de 1.350 kW e cortador de 170 kW - distância de recalque de 9.900 a 10.100 m","m³",31.31]
[1917482,"Dragagem de areia fina com draga de sucção e recalque - bomba de 1.350 kW e cortador de 170 kW - distância de recalque de 900 a 1.100 m","m³",4.71]
[1917737,"Dragagem de areia fina com draga de sucção e recalque - bomba de 1.350 kW e cortador de 170 kW - distância de recalque de até 500 m","m³",4.3099999999999996]
[1917220,"Dragagem de areia fina com draga de sucção e recalque - bomba de 294 kW e cortador de 30 kW - distância de recalque de 1.100 a 1.300 m","m³",7.02]
[1917221,"Dragagem de areia fina com draga de sucção e recalque - bomba de 294 kW e cortador de 30 kW - distância de recalque de 1.300 a 1.500 m","m³",7.52]
[1917222,"Dragagem de areia fina com draga de sucção e recalque - bomba de 294 kW e cortador de 30 kW - distância de recalque de 1.500 a 1.700 m","m³",8.1300000000000008]
[1917223,"Dragagem de areia fina com draga de sucção e recalque - bomba de 294 kW e cortador de 30 kW - distância de recalque de 1.700 a 1.900 m","m³",8.5]
[1917224,"Dragagem de areia fina com draga de sucção e recalque - bomba de 294 kW e cortador de 30 kW - distância de recalque de 1.900 a 2.100 m","m³",8.91]
[1917225,"Dragagem de areia fina com draga de sucção e recalque - bomba de 294 kW e cortador de 30 kW - distância de recalque de 2.100 a 2.300 m","m³",9.3800000000000008]
[1917226,"Dragagem de areia fina com draga de sucção e recalque - bomba de 294 kW e cortador de 30 kW - distância de recalque de 2.300 a 2.500 m","m³",9.83]
[1917227,"Dragagem de areia fina com draga de sucção e recalque - bomba de 294 kW e cortador de 30 kW - distância de recalque de 2.500 a 2.700 m","m³",10.47]
[1917228,"Dragagem de areia fina com draga de sucção e recalque - bomba de 294 kW e cortador de 30 kW - distância de recalque de 2.700 a 2.900 m","m³",11.01]
[1917229,"Dragagem de areia fina com draga de sucção e recalque - bomba de 294 kW e cortador de 30 kW - distância de recalque de 2.900 a 3.100 m","m³",11.47]
[1917230,"Dragagem de areia fina com draga de sucção e recalque - bomba de 294 kW e cortador de 30 kW - distância de recalque de 3.100 a 3.300 m","m³",12]
[1917231,"Dragagem de areia fina com draga de sucção e recalque - bomba de 294 kW e cortador de 30 kW - distância de recalque de 3.300 a 3.500 m","m³",12.55]
[1917232,"Dragagem de areia fina com draga de sucção e recalque - bomba de 294 kW e cortador de 30 kW - distância de recalque de 3.500 a 3.700 m","m³",13.3]
[1917233,"Dragagem de areia fina com draga de sucção e recalque - bomba de 294 kW e cortador de 30 kW - distância de recalque de 3.700 a 3.900 m","m³",13.88]
[1917234,"Dragagem de areia fina com draga de sucção e recalque - bomba de 294 kW e cortador de 30 kW - distância de recalque de 3.900 a 4.100 m","m³",14.56]
[1917217,"Dragagem de areia fina com draga de sucção e recalque - bomba de 294 kW e cortador de 30 kW - distância de recalque de 500 a 700 m","m³",5.72]
[1917218,"Dragagem de areia fina com draga de sucção e recalque - bomba de 294 kW e cortador de 30 kW - distância de recalque de 700 a 900 m","m³",5.96]
[1917219,"Dragagem de areia fina com draga de sucção e recalque - bomba de 294 kW e cortador de 30 kW - distância de recalque de 900 a 1.100 m","m³",6.43]
[1917724,"Dragagem de areia fina com draga de sucção e recalque - bomba de 294 kW e cortador de 30 kW - distância de recalque de até 500 m","m³",5.58]
[1917274,"Dragagem de areia fina com draga de sucção e recalque - bomba de 483 kW e cortador de 55 kW - distância de recalque de 1.100 a 1.300 m","m³",5.23]
[1917275,"Dragagem de areia fina com draga de sucção e recalque - bomba de 483 kW e cortador de 55 kW - distância de recalque de 1.300 a 1.500 m","m³",5.56]
[1917276,"Dragagem de areia fina com draga de sucção e recalque - bomba de 483 kW e cortador de 55 kW - distância de recalque de 1.500 a 1.700 m","m³",6.13]
[1917277,"Dragagem de areia fina com draga de sucção e recalque - bomba de 483 kW e cortador de 55 kW - distância de recalque de 1.700 a 1.900 m","m³",6.56]
[1917278,"Dragagem de areia fina com draga de sucção e recalque - bomba de 483 kW e cortador de 55 kW - distância de recalque de 1.900 a 2.100 m","m³",6.8]
[1917279,"Dragagem de areia fina com draga de sucção e recalque - bomba de 483 kW e cortador de 55 kW - distância de recalque de 2.100 a 2.300 m","m³",7.23]
[1917280,"Dragagem de areia fina com draga de sucção e recalque - bomba de 483 kW e cortador de 55 kW - distância de recalque de 2.300 a 2.500 m","m³",7.64]
[1917281,"Dragagem de areia fina com draga de sucção e recalque - bomba de 483 kW e cortador de 55 kW - distância de recalque de 2.500 a 2.700 m","m³",8.24]
[1917282,"Dragagem de areia fina com draga de sucção e recalque - bomba de 483 kW e cortador de 55 kW - distância de recalque de 2.700 a 2.900 m","m³",8.65]
[1917283,"Dragagem de areia fina com draga de sucção e recalque - bomba de 483 kW e cortador de 55 kW - distância de recalque de 2.900 a 3.100 m","m³",9.08]
[1917284,"Dragagem de areia fina com draga de sucção e recalque - bomba de 483 kW e cortador de 55 kW - distância de recalque de 3.100 a 3.300 m","m³",9.4600000000000009]
[1917285,"Dragagem de areia fina com draga de sucção e recalque - bomba de 483 kW e cortador de 55 kW - distância de recalque de 3.300 a 3.500 m","m³",9.9]
[1917286,"Dragagem de areia fina com draga de sucção e recalque - bomba de 483 kW e cortador de 55 kW - distância de recalque de 3.500 a 3.700 m","m³",10.65]
[1917287,"Dragagem de areia fina com draga de sucção e recalque - bomba de 483 kW e cortador de 55 kW - distância de recalque de 3.700 a 3.900 m","m³",11.13]
[1917288,"Dragagem de areia fina com draga de sucção e recalque - bomba de 483 kW e cortador de 55 kW - distância de recalque de 3.900 a 4.100 m","m³",11.62]
[1917289,"Dragagem de areia fina com draga de sucção e recalque - bomba de 483 kW e cortador de 55 kW - distância de recalque de 4.100 a 4.300 m","m³",12.18]
[1917290,"Dragagem de areia fina com draga de sucção e recalque - bomba de 483 kW e cortador de 55 kW - distância de recalque de 4.300 a 4.500 m","m³",12.75]
[1917291,"Dragagem de areia fina com draga de sucção e recalque - bomba de 483 kW e cortador de 55 kW - distância de recalque de 4.500 a 4.700 m","m³",13.58]
[1917292,"Dragagem de areia fina com draga de sucção e recalque - bomba de 483 kW e cortador de 55 kW - distância de recalque de 4.700 a 4.900 m","m³",14.21]
[1917293,"Dragagem de areia fina com draga de sucção e recalque - bomba de 483 kW e cortador de 55 kW - distância de recalque de 4.900 a 5.100 m","m³",14.87]
[1917294,"Dragagem de areia fina com draga de sucção e recalque - bomba de 483 kW e cortador de 55 kW - distância de recalque de 5.100 a 5.300 m","m³",15.75]
[1917295,"Dragagem de areia fina com draga de sucção e recalque - bomba de 483 kW e cortador de 55 kW - distância de recalque de 5.300 a 5.500 m","m³",16.61]
[1917296,"Dragagem de areia fina com draga de sucção e recalque - bomba de 483 kW e cortador de 55 kW - distância de recalque de 5.500 a 5.700 m","m³",17.829999999999998]
[1917297,"Dragagem de areia fina com draga de sucção e recalque - bomba de 483 kW e cortador de 55 kW - distância de recalque de 5.700 a 5.900 m","m³",18.96]
[1917298,"Dragagem de areia fina com draga de sucção e recalque - bomba de 483 kW e cortador de 55 kW - distância de recalque de 5.900 a 6.100 m","m³",20.170000000000002]
[1917271,"Dragagem de areia fina com draga de sucção e recalque - bomba de 483 kW e cortador de 55 kW - distância de recalque de 500 a 700 m","m³",4.3899999999999997]
[1917299,"Dragagem de areia fina com draga de sucção e recalque - bomba de 483 kW e cortador de 55 kW - distância de recalque de 6.100 a 6.300 m","m³",21.62]
[1917300,"Dragagem de areia fina com draga de sucção e recalque - bomba de 483 kW e cortador de 55 kW - distância de recalque de 6.300 a 6.500 m","m³",23.2]
[1917301,"Dragagem de areia fina com draga de sucção e recalque - bomba de 483 kW e cortador de 55 kW - distância de recalque de 6.500 a 6.700 m","m³",25.31]
[1917302,"Dragagem de areia fina com draga de sucção e recalque - bomba de 483 kW e cortador de 55 kW - distância de recalque de 6.700 a 6.900 m","m³",27.31]
[1917303,"Dragagem de areia fina com draga de sucção e recalque - bomba de 483 kW e cortador de 55 kW - distância de recalque de 6.900 a 7.100 m","m³",29.18]
[1917304,"Dragagem de areia fina com draga de sucção e recalque - bomba de 483 kW e cortador de 55 kW - distância de recalque de 7.100 a 7.300 m","m³",31.03]
[1917305,"Dragagem de areia fina com draga de sucção e recalque - bomba de 483 kW e cortador de 55 kW - distância de recalque de 7.300 a 7.500 m","m³",33.08]
[1917306,"Dragagem de areia fina com draga de sucção e recalque - bomba de 483 kW e cortador de 55 kW - distância de recalque de 7.500 a 7.700 m","m³",35.590000000000003]
[1917307,"Dragagem de areia fina com draga de sucção e recalque - bomba de 483 kW e cortador de 55 kW - distância de recalque de 7.700 a 7.900 m","m³",37.46]
[1917272,"Dragagem de areia fina com draga de sucção e recalque - bomba de 483 kW e cortador de 55 kW - distância de recalque de 700 a 900 m","m³",4.62]
[1917273,"Dragagem de areia fina com draga de sucção e recalque - bomba de 483 kW e cortador de 55 kW - distância de recalque de 900 a 1.100 m","m³",4.8600000000000003]
[1917729,"Dragagem de areia fina com draga de sucção e recalque - bomba de 483 kW e cortador de 55 kW - distância de recalque de até 500 m","m³",4.33]
[1917367,"Dragagem de areia fina com draga de sucção e recalque - bomba de 746 kW e cortador de 110 kW - distância de recalque de 1.100 a 1.300 m","m³",4.97]
[1917368,"Dragagem de areia fina com draga de sucção e recalque - bomba de 746 kW e cortador de 110 kW - distância de recalque de 1.300 a 1.500 m","m³",5.31]
[1917369,"Dragagem de areia fina com draga de sucção e recalque - bomba de 746 kW e cortador de 110 kW - distância de recalque de 1.500 a 1.700 m","m³",5.82]
[1917370,"Dragagem de areia fina com draga de sucção e recalque - bomba de 746 kW e cortador de 110 kW - distância de recalque de 1.700 a 1.900 m","m³",6.13]
[1917371,"Dragagem de areia fina com draga de sucção e recalque - bomba de 746 kW e cortador de 110 kW - distância de recalque de 1.900 a 2.100 m","m³",6.43]
[1917372,"Dragagem de areia fina com draga de sucção e recalque - bomba de 746 kW e cortador de 110 kW - distância de recalque de 2.100 a 2.300 m","m³",6.73]
[1917373,"Dragagem de areia fina com draga de sucção e recalque - bomba de 746 kW e cortador de 110 kW - distância de recalque de 2.300 a 2.500 m","m³",6.96]
[1917374,"Dragagem de areia fina com draga de sucção e recalque - bomba de 746 kW e cortador de 110 kW - distância de recalque de 2.500 a 2.700 m","m³",7.54]
[1917375,"Dragagem de areia fina com draga de sucção e recalque - bomba de 746 kW e cortador de 110 kW - distância de recalque de 2.700 a 2.900 m","m³",7.81]
[1917376,"Dragagem de areia fina com draga de sucção e recalque - bomba de 746 kW e cortador de 110 kW - distância de recalque de 2.900 a 3.100 m","m³",8.1]
[1917377,"Dragagem de areia fina com draga de sucção e recalque - bomba de 746 kW e cortador de 110 kW - distância de recalque de 3.100 a 3.300 m","m³",8.3800000000000008]
[1917378,"Dragagem de areia fina com draga de sucção e recalque - bomba de 746 kW e cortador de 110 kW - distância de recalque de 3.300 a 3.500 m","m³",8.67]
[1917379,"Dragagem de areia fina com draga de sucção e recalque - bomba de 746 kW e cortador de 110 kW - distância de recalque de 3.500 a 3.700 m","m³",9.27]
[1917380,"Dragagem de areia fina com draga de sucção e recalque - bomba de 746 kW e cortador de 110 kW - distância de recalque de 3.700 a 3.900 m","m³",9.6199999999999992]
[1917381,"Dragagem de areia fina com draga de sucção e recalque - bomba de 746 kW e cortador de 110 kW - distância de recalque de 3.900 a 4.100 m","m³",9.99]
[1917382,"Dragagem de areia fina com draga de sucção e recalque - bomba de 746 kW e cortador de 110 kW - distância de recalque de 4.100 a 4.300 m","m³",10.44]
[1917383,"Dragagem de areia fina com draga de sucção e recalque - bomba de 746 kW e cortador de 110 kW - distância de recalque de 4.300 a 4.500 m","m³",10.83]
[1917384,"Dragagem de areia fina com draga de sucção e recalque - bomba de 746 kW e cortador de 110 kW - distância de recalque de 4.500 a 4.700 m","m³",11.49]
[1917385,"Dragagem de areia fina com draga de sucção e recalque - bomba de 746 kW e cortador de 110 kW - distância de recalque de 4.700 a 4.900 m","m³",11.99]
[1917386,"Dragagem de areia fina com draga de sucção e recalque - bomba de 746 kW e cortador de 110 kW - distância de recalque de 4.900 a 5.100 m","m³",12.5]
[1917387,"Dragagem de areia fina com draga de sucção e recalque - bomba de 746 kW e cortador de 110 kW - distância de recalque de 5.100 a 5.300 m","m³",13.04]
[1917388,"Dragagem de areia fina com draga de sucção e recalque - bomba de 746 kW e cortador de 110 kW - distância de recalque de 5.300 a 5.500 m","m³",13.6]
[1917389,"Dragagem de areia fina com draga de sucção e recalque - bomba de 746 kW e cortador de 110 kW - distância de recalque de 5.500 a 5.700 m","m³",14.45]
[1917390,"Dragagem de areia fina com draga de sucção e recalque - bomba de 746 kW e cortador de 110 kW - distância de recalque de 5.700 a 5.900 m","m³",15.23]
[1917391,"Dragagem de areia fina com draga de sucção e recalque - bomba de 746 kW e cortador de 110 kW - distância de recalque de 5.900 a 6.100 m","m³",16.05]
[1917364,"Dragagem de areia fina com draga de sucção e recalque - bomba de 746 kW e cortador de 110 kW - distância de recalque de 500 a 700 m","m³",3.97]
[1917392,"Dragagem de areia fina com draga de sucção e recalque - bomba de 746 kW e cortador de 110 kW - distância de recalque de 6.100 a 6.300 m","m³",17.09]
[1917393,"Dragagem de areia fina com draga de sucção e recalque - bomba de 746 kW e cortador de 110 kW - distância de recalque de 6.300 a 6.500 m","m³",18.18]
[1917394,"Dragagem de areia fina com draga de sucção e recalque - bomba de 746 kW e cortador de 110 kW - distância de recalque de 6.500 a 6.700 m","m³",19.72]
[1917395,"Dragagem de areia fina com draga de sucção e recalque - bomba de 746 kW e cortador de 110 kW - distância de recalque de 6.700 a 6.900 m","m³",20.79]
[1917396,"Dragagem de areia fina com draga de sucção e recalque - bomba de 746 kW e cortador de 110 kW - distância de recalque de 6.900 a 7.100 m","m³",22.03]
[1917397,"Dragagem de areia fina com draga de sucção e recalque - bomba de 746 kW e cortador de 110 kW - distância de recalque de 7.100 a 7.300 m","m³",23.46]
[1917398,"Dragagem de areia fina com draga de sucção e recalque - bomba de 746 kW e cortador de 110 kW - distância de recalque de 7.300 a 7.500 m","m³",24.71]
[1917399,"Dragagem de areia fina com draga de sucção e recalque - bomba de 746 kW e cortador de 110 kW - distância de recalque de 7.500 a 7.700 m","m³",26.47]
[1917400,"Dragagem de areia fina com draga de sucção e recalque - bomba de 746 kW e cortador de 110 kW - distância de recalque de 7.700 a 7.900 m","m³",28.09]
[1917401,"Dragagem de areia fina com draga de sucção e recalque - bomba de 746 kW e cortador de 110 kW - distância de recalque de 7.900 a 8.100 m","m³",29.55]
[1917365,"Dragagem de areia fina com draga de sucção e recalque - bomba de 746 kW e cortador de 110 kW - distância de recalque de 700 a 900 m","m³",4.3600000000000003]
[1917402,"Dragagem de areia fina com draga de sucção e recalque - bomba de 746 kW e cortador de 110 kW - distância de recalque de 8.100 a 8.300 m","m³",31.28]
[1917403,"Dragagem de areia fina com draga de sucção e recalque - bomba de 746 kW e cortador de 110 kW - distância de recalque de 8.300 a 8.500 m","m³",33.21]
[1917404,"Dragagem de areia fina com draga de sucção e recalque - bomba de 746 kW e cortador de 110 kW - distância de recalque de 8.500 a 8.700 m","m³",35.18]
[1917405,"Dragagem de areia fina com draga de sucção e recalque - bomba de 746 kW e cortador de 110 kW - distância de recalque de 8.700 a 8.900 m","m³",37.07]
[1917406,"Dragagem de areia fina com draga de sucção e recalque - bomba de 746 kW e cortador de 110 kW - distância de recalque de 8.900 a 9.100 m","m³",39.18]
[1917407,"Dragagem de areia fina com draga de sucção e recalque - bomba de 746 kW e cortador de 110 kW - distância de recalque de 9.100 a 9.300 m","m³",41.6]
[1917408,"Dragagem de areia fina com draga de sucção e recalque - bomba de 746 kW e cortador de 110 kW - distância de recalque de 9.300 a 9.500 m","m³",44.27]
[1917409,"Dragagem de areia fina com draga de sucção e recalque - bomba de 746 kW e cortador de 110 kW - distância de recalque de 9.500 a 9.700 m","m³",46.4]
[1917410,"Dragagem de areia fina com draga de sucção e recalque - bomba de 746 kW e cortador de 110 kW - distância de recalque de 9.700 a 9.900 m","m³",48.36]
[1917411,"Dragagem de areia fina com draga de sucção e recalque - bomba de 746 kW e cortador de 110 kW - distância de recalque de 9.900 a 10.100 m","m³",50.56]
[1917366,"Dragagem de areia fina com draga de sucção e recalque - bomba de 746 kW e cortador de 110 kW - distância de recalque de 900 a 1.100 m","m³",4.63]
[1917732,"Dragagem de areia fina com draga de sucção e recalque - bomba de 746 kW e cortador de 110 kW - distância de recalque de até 500 m","m³",3.72]
[1917043,"Dragagem de areia fina com draga hopper - capacidade da cisterna de 1.000 m³ - DMT de 1.500 a 1.800 m","m³",18.010000000000002]
[1917044,"Dragagem de areia fina com draga hopper - capacidade da cisterna de 1.000 m³ - DMT de 1.800 a 2.100 m","m³",18.32]
[1917045,"Dragagem de areia fina com draga hopper - capacidade da cisterna de 1.000 m³ - DMT de 2.100 a 2.400 m","m³",18.64]
[1917046,"Dragagem de areia fina com draga hopper - capacidade da cisterna de 1.000 m³ - DMT de 2.400 a 2.700 m","m³",18.98]
[1917047,"Dragagem de areia fina com draga hopper - capacidade da cisterna de 1.000 m³ - DMT de 2.700 a 3.000 m","m³",19.34]
[1917048,"Dragagem de areia fina com draga hopper - capacidade da cisterna de 1.000 m³ - DMT de 3.000 m","m³",19.52]
[1901518,"Dragagem de areia fina com draga hopper - capacidade da cisterna de 10.000 m³ - DMT de 1.500 a 1.800 m","m³",11.15]
[1901519,"Dragagem de areia fina com draga hopper - capacidade da cisterna de 10.000 m³ - DMT de 1.800 a 2.100 m","m³",11.23]
[1901520,"Dragagem de areia fina com draga hopper - capacidade da cisterna de 10.000 m³ - DMT de 2.100 a 2.400 m","m³",11.32]
[1901521,"Dragagem de areia fina com draga hopper - capacidade da cisterna de 10.000 m³ - DMT de 2.400 a 2.700 m","m³",11.41]
[1901522,"Dragagem de areia fina com draga hopper - capacidade da cisterna de 10.000 m³ - DMT de 2.700 a 3.000 m","m³",11.51]
[1901517,"Dragagem de areia fina com draga hopper - capacidade da cisterna de 10.000 m³ - DMT de 3.000 m","m³",11.56]
[1901523,"Dragagem de areia fina com draga hopper - capacidade da cisterna de 15.000 m³ - DMT de 1.500 a 1.800 m","m³",14.74]
[1901524,"Dragagem de areia fina com draga hopper - capacidade da cisterna de 15.000 m³ - DMT de 1.800 a 2.100 m","m³",14.82]
[1901525,"Dragagem de areia fina com draga hopper - capacidade da cisterna de 15.000 m³ - DMT de 2.100 a 2.400 m","m³",14.9]
[1901526,"Dragagem de areia fina com draga hopper - capacidade da cisterna de 15.000 m³ - DMT de 2.400 a 2.700 m","m³",14.99]
[1901527,"Dragagem de areia fina com draga hopper - capacidade da cisterna de 15.000 m³ - DMT de 2.700 a 3.000 m","m³",15.08]
[1901528,"Dragagem de areia fina com draga hopper - capacidade da cisterna de 15.000 m³ - DMT de 3.000 m","m³",15.13]
[1917079,"Dragagem de areia fina com draga hopper - capacidade da cisterna de 2.000 m³ - DMT de 1.500 a 1.800 m","m³",12.32]
[1917080,"Dragagem de areia fina com draga hopper - capacidade da cisterna de 2.000 m³ - DMT de 1.800 a 2.100 m","m³",12.5]
[1917081,"Dragagem de areia fina com draga hopper - capacidade da cisterna de 2.000 m³ - DMT de 2.100 a 2.400 m","m³",12.7]
[1917082,"Dragagem de areia fina com draga hopper - capacidade da cisterna de 2.000 m³ - DMT de 2.400 a 2.700 m","m³",12.9]
[1917083,"Dragagem de areia fina com draga hopper - capacidade da cisterna de 2.000 m³ - DMT de 2.700 a 3.000 m","m³",13.12]
[1917084,"Dragagem de areia fina com draga hopper - capacidade da cisterna de 2.000 m³ - DMT de 3.000 m","m³",13.23]
[1901529,"Dragagem de areia fina com draga hopper - capacidade da cisterna de 20.000 m³ - DMT de 1.500 a 1.800 m","m³",18.41]
[1901530,"Dragagem de areia fina com draga hopper - capacidade da cisterna de 20.000 m³ - DMT de 1.800 a 2.100 m","m³",18.489999999999998]
[1901531,"Dragagem de areia fina com draga hopper - capacidade da cisterna de 20.000 m³ - DMT de 2.100 a 2.400 m","m³",18.57]
[1901532,"Dragagem de areia fina com draga hopper - capacidade da cisterna de 20.000 m³ - DMT de 2.400 a 2.700 m","m³",18.649999999999999]
[1901533,"Dragagem de areia fina com draga hopper - capacidade da cisterna de 20.000 m³ - DMT de 2.700 a 3.000 m","m³",18.739999999999998]
[1901534,"Dragagem de areia fina com draga hopper - capacidade da cisterna de 20.000 m³ - DMT de 3.000 m","m³",18.79]
[1917115,"Dragagem de areia fina com draga hopper - capacidade da cisterna de 3.000 m³ - DMT de 1.500 a 1.800 m","m³",11.55]
[1917116,"Dragagem de areia fina com draga hopper - capacidade da cisterna de 3.000 m³ - DMT de 1.800 a 2.100 m","m³",11.7]
[1917117,"Dragagem de areia fina com draga hopper - capacidade da cisterna de 3.000 m³ - DMT de 2.100 a 2.400 m","m³",11.86]
[1917118,"Dragagem de areia fina com draga hopper - capacidade da cisterna de 3.000 m³ - DMT de 2.400 a 2.700 m","m³",12.02]
[1917119,"Dragagem de areia fina com draga hopper - capacidade da cisterna de 3.000 m³ - DMT de 2.700 a 3.000 m","m³",12.19]
[1917120,"Dragagem de areia fina com draga hopper - capacidade da cisterna de 3.000 m³ - DMT de 3.000 m","m³",12.28]
[1917151,"Dragagem de areia fina com draga hopper - capacidade da cisterna de 4.000 m³ - DMT de 1.500 a 1.800 m","m³",10.89]
[1917152,"Dragagem de areia fina com draga hopper - capacidade da cisterna de 4.000 m³ - DMT de 1.800 a 2.100 m","m³",11.02]
[1917153,"Dragagem de areia fina com draga hopper - capacidade da cisterna de 4.000 m³ - DMT de 2.100 a 2.400 m","m³",11.15]
[1917154,"Dragagem de areia fina com draga hopper - capacidade da cisterna de 4.000 m³ - DMT de 2.400 a 2.700 m","m³",11.29]
[1917155,"Dragagem de areia fina com draga hopper - capacidade da cisterna de 4.000 m³ - DMT de 2.700 a 3.000 m","m³",11.44]
[1917156,"Dragagem de areia fina com draga hopper - capacidade da cisterna de 4.000 m³ - DMT de 3.000 m","m³",11.52]
[1917187,"Dragagem de areia fina com draga hopper - capacidade da cisterna de 5.000 m³ - DMT de 1.500 a 1.800 m","m³",12.03]
[1917188,"Dragagem de areia fina com draga hopper - capacidade da cisterna de 5.000 m³ - DMT de 1.800 a 2.100 m","m³",12.15]
[1917189,"Dragagem de areia fina com draga hopper - capacidade da cisterna de 5.000 m³ - DMT de 2.100 a 2.400 m","m³",12.27]
[1917190,"Dragagem de areia fina com draga hopper - capacidade da cisterna de 5.000 m³ - DMT de 2.400 a 2.700 m","m³",12.39]
[1917191,"Dragagem de areia fina com draga hopper - capacidade da cisterna de 5.000 m³ - DMT de 2.700 a 3.000 m","m³",12.52]
[1917192,"Dragagem de areia fina com draga hopper - capacidade da cisterna de 5.000 m³ - DMT de 3.000 m","m³",12.59]
[1917007,"Dragagem de areia fina com draga hopper - capacidade da cisterna de 750 m³ - DMT de 1.500 a 1.800 m","m³",24.8]
[1917008,"Dragagem de areia fina com draga hopper - capacidade da cisterna de 750 m³ - DMT de 1.800 a 2.100 m","m³",25.25]
[1917009,"Dragagem de areia fina com draga hopper - capacidade da cisterna de 750 m³ - DMT de 2.100 a 2.400 m","m³",25.72]
[1917010,"Dragagem de areia fina com draga hopper - capacidade da cisterna de 750 m³ - DMT de 2.400 a 2.700 m","m³",26.21]
[1917011,"Dragagem de areia fina com draga hopper - capacidade da cisterna de 750 m³ - DMT de 2.700 a 3.000 m","m³",26.72]
[1917012,"Dragagem de areia fina com draga hopper - capacidade da cisterna de 750 m³ - DMT de 3.000 m","m³",27]
[1917578,"Dragagem de areia grossa com draga de sucção e recalque - bomba de 1.350 kW e cortador de 170 kW - distância de recalque de 1.100 a 1.300 m","m³",6.95]
[1917579,"Dragagem de areia grossa com draga de sucção e recalque - bomba de 1.350 kW e cortador de 170 kW - distância de recalque de 1.300 a 1.500 m","m³",7.44]
[1917580,"Dragagem de areia grossa com draga de sucção e recalque - bomba de 1.350 kW e cortador de 170 kW - distância de recalque de 1.500 a 1.700 m","m³",7.83]
[1917581,"Dragagem de areia grossa com draga de sucção e recalque - bomba de 1.350 kW e cortador de 170 kW - distância de recalque de 1.700 a 1.900 m","m³",8.3000000000000007]
[1917582,"Dragagem de areia grossa com draga de sucção e recalque - bomba de 1.350 kW e cortador de 170 kW - distância de recalque de 1.900 a 2.100 m","m³",8.98]
[1917583,"Dragagem de areia grossa com draga de sucção e recalque - bomba de 1.350 kW e cortador de 170 kW - distância de recalque de 2.100 a 2.300 m","m³",9.5]
[1917584,"Dragagem de areia grossa com draga de sucção e recalque - bomba de 1.350 kW e cortador de 170 kW - distância de recalque de 2.300 a 2.500 m","m³",9.9499999999999993]
[1917585,"Dragagem de areia grossa com draga de sucção e recalque - bomba de 1.350 kW e cortador de 170 kW - distância de recalque de 2.500 a 2.700 m","m³",10.62]
[1917586,"Dragagem de areia grossa com draga de sucção e recalque - bomba de 1.350 kW e cortador de 170 kW - distância de recalque de 2.700 a 2.900 m","m³",11.63]
[1917587,"Dragagem de areia grossa com draga de sucção e recalque - bomba de 1.350 kW e cortador de 170 kW - distância de recalque de 2.900 a 3.100 m","m³",12.39]
[1917588,"Dragagem de areia grossa com draga de sucção e recalque - bomba de 1.350 kW e cortador de 170 kW - distância de recalque de 3.100 a 3.300 m","m³",13.24]
[1917589,"Dragagem de areia grossa com draga de sucção e recalque - bomba de 1.350 kW e cortador de 170 kW - distância de recalque de 3.300 a 3.500 m","m³",14.94]
[1917590,"Dragagem de areia grossa com draga de sucção e recalque - bomba de 1.350 kW e cortador de 170 kW - distância de recalque de 3.500 a 3.700 m","m³",17.34]
[1917591,"Dragagem de areia grossa com draga de sucção e recalque - bomba de 1.350 kW e cortador de 170 kW - distância de recalque de 3.700 a 3.900 m","m³",19.46]
[1917592,"Dragagem de areia grossa com draga de sucção e recalque - bomba de 1.350 kW e cortador de 170 kW - distância de recalque de 3.900 a 4.100 m","m³",22.17]
[1917593,"Dragagem de areia grossa com draga de sucção e recalque - bomba de 1.350 kW e cortador de 170 kW - distância de recalque de 4.100 a 4.300 m","m³",24.98]
[1917594,"Dragagem de areia grossa com draga de sucção e recalque - bomba de 1.350 kW e cortador de 170 kW - distância de recalque de 4.300 a 4.500 m","m³",28.41]
[1917595,"Dragagem de areia grossa com draga de sucção e recalque - bomba de 1.350 kW e cortador de 170 kW - distância de recalque de 4.500 a 4.700 m","m³",32.07]
[1917596,"Dragagem de areia grossa com draga de sucção e recalque - bomba de 1.350 kW e cortador de 170 kW - distância de recalque de 4.700 a 4.900 m","m³",35.4]
[1917597,"Dragagem de areia grossa com draga de sucção e recalque - bomba de 1.350 kW e cortador de 170 kW - distância de recalque de 4.900 a 5.100 m","m³",40]
[1917598,"Dragagem de areia grossa com draga de sucção e recalque - bomba de 1.350 kW e cortador de 170 kW - distância de recalque de 5.100 a 5.300 m","m³",44.25]
[1917599,"Dragagem de areia grossa com draga de sucção e recalque - bomba de 1.350 kW e cortador de 170 kW - distância de recalque de 5.300 a 5.500 m","m³",49.09]
[1917600,"Dragagem de areia grossa com draga de sucção e recalque - bomba de 1.350 kW e cortador de 170 kW - distância de recalque de 5.500 a 5.700 m","m³",55.3]
[1917601,"Dragagem de areia grossa com draga de sucção e recalque - bomba de 1.350 kW e cortador de 170 kW - distância de recalque de 5.700 a 5.900 m","m³",58.12]
[1917575,"Dragagem de areia grossa com draga de sucção e recalque - bomba de 1.350 kW e cortador de 170 kW - distância de recalque de 500 a 700 m","m³",5.42]
[1917576,"Dragagem de areia grossa com draga de sucção e recalque - bomba de 1.350 kW e cortador de 170 kW - distância de recalque de 700 a 900 m","m³",5.79]
[1917577,"Dragagem de areia grossa com draga de sucção e recalque - bomba de 1.350 kW e cortador de 170 kW - distância de recalque de 900 a 1.100 m","m³",6.26]
[1917739,"Dragagem de areia grossa com draga de sucção e recalque - bomba de 1.350 kW e cortador de 170 kW - distância de recalque de até 500 m","m³",5.33]
[1917253,"Dragagem de areia grossa com draga de sucção e recalque - bomba de 294 kW e cortador de 30 kW - distância de recalque de 1.100 a 1.300 m","m³",8.3800000000000008]
[1917254,"Dragagem de areia grossa com draga de sucção e recalque - bomba de 294 kW e cortador de 30 kW - distância de recalque de 1.300 a 1.500 m","m³",8.99]
[1917255,"Dragagem de areia grossa com draga de sucção e recalque - bomba de 294 kW e cortador de 30 kW - distância de recalque de 1.500 a 1.700 m","m³",9.75]
[1917256,"Dragagem de areia grossa com draga de sucção e recalque - bomba de 294 kW e cortador de 30 kW - distância de recalque de 1.700 a 1.900 m","m³",10.55]
[1917257,"Dragagem de areia grossa com draga de sucção e recalque - bomba de 294 kW e cortador de 30 kW - distância de recalque de 1.900 a 2.100 m","m³",11.65]
[1917258,"Dragagem de areia grossa com draga de sucção e recalque - bomba de 294 kW e cortador de 30 kW - distância de recalque de 2.100 a 2.300 m","m³",12.76]
[1917259,"Dragagem de areia grossa com draga de sucção e recalque - bomba de 294 kW e cortador de 30 kW - distância de recalque de 2.300 a 2.500 m","m³",15.93]
[1917250,"Dragagem de areia grossa com draga de sucção e recalque - bomba de 294 kW e cortador de 30 kW - distância de recalque de 500 a 700 m","m³",6.27]
[1917251,"Dragagem de areia grossa com draga de sucção e recalque - bomba de 294 kW e cortador de 30 kW - distância de recalque de 700 a 900 m","m³",6.64]
[1917252,"Dragagem de areia grossa com draga de sucção e recalque - bomba de 294 kW e cortador de 30 kW - distância de recalque de 900 a 1.100 m","m³",7.44]
[1917726,"Dragagem de areia grossa com draga de sucção e recalque - bomba de 294 kW e cortador de 30 kW - distância de recalque de até 500 m","m³",6.12]
[1917335,"Dragagem de areia grossa com draga de sucção e recalque - bomba de 483 kW e cortador de 55 kW - distância de recalque de 1.100 a 1.300 m","m³",6.19]
[1917336,"Dragagem de areia grossa com draga de sucção e recalque - bomba de 483 kW e cortador de 55 kW - distância de recalque de 1.300 a 1.500 m","m³",7.05]
[1917337,"Dragagem de areia grossa com draga de sucção e recalque - bomba de 483 kW e cortador de 55 kW - distância de recalque de 1.500 a 1.700 m","m³",7.69]
[1917338,"Dragagem de areia grossa com draga de sucção e recalque - bomba de 483 kW e cortador de 55 kW - distância de recalque de 1.700 a 1.900 m","m³",8.5]
[1917339,"Dragagem de areia grossa com draga de sucção e recalque - bomba de 483 kW e cortador de 55 kW - distância de recalque de 1.900 a 2.100 m","m³",9.5]
[1917340,"Dragagem de areia grossa com draga de sucção e recalque - bomba de 483 kW e cortador de 55 kW - distância de recalque de 2.100 a 2.300 m","m³",11.07]
[1917341,"Dragagem de areia grossa com draga de sucção e recalque - bomba de 483 kW e cortador de 55 kW - distância de recalque de 2.300 a 2.500 m","m³",14.1]
[1917342,"Dragagem de areia grossa com draga de sucção e recalque - bomba de 483 kW e cortador de 55 kW - distância de recalque de 2.500 a 2.700 m","m³",17.55]
[1917343,"Dragagem de areia grossa com draga de sucção e recalque - bomba de 483 kW e cortador de 55 kW - distância de recalque de 2.700 a 2.900 m","m³",21.95]
[1917344,"Dragagem de areia grossa com draga de sucção e recalque - bomba de 483 kW e cortador de 55 kW - distância de recalque de 2.900 a 3.100 m","m³",26.61]
[1917345,"Dragagem de areia grossa com draga de sucção e recalque - bomba de 483 kW e cortador de 55 kW - distância de recalque de 3.100 a 3.300 m","m³",33.159999999999997]
[1917346,"Dragagem de areia grossa com draga de sucção e recalque - bomba de 483 kW e cortador de 55 kW - distância de recalque de 3.300 a 3.500 m","m³",39.619999999999997]
[1917347,"Dragagem de areia grossa com draga de sucção e recalque - bomba de 483 kW e cortador de 55 kW - distância de recalque de 3.500 a 3.700 m","m³",51.88]
[1917332,"Dragagem de areia grossa com draga de sucção e recalque - bomba de 483 kW e cortador de 55 kW - distância de recalque de 500 a 700 m","m³",5.0599999999999996]
[1917333,"Dragagem de areia grossa com draga de sucção e recalque - bomba de 483 kW e cortador de 55 kW - distância de recalque de 700 a 900 m","m³",5.39]
[1917334,"Dragagem de areia grossa com draga de sucção e recalque - bomba de 483 kW e cortador de 55 kW - distância de recalque de 900 a 1.100 m","m³",5.73]
[1917331,"Dragagem de areia grossa com draga de sucção e recalque - bomba de 483 kW e cortador de 55 kW - distância de recalque de até 500 m","m³",4.6399999999999997]
[1917443,"Dragagem de areia grossa com draga de sucção e recalque - bomba de 746 kW e cortador de 110 kW - distância de recalque de 1.100 a 1.300 m","m³",6.9]
[1917444,"Dragagem de areia grossa com draga de sucção e recalque - bomba de 746 kW e cortador de 110 kW - distância de recalque de 1.300 a 1.500 m","m³",7.45]
[1917445,"Dragagem de areia grossa com draga de sucção e recalque - bomba de 746 kW e cortador de 110 kW - distância de recalque de 1.500 a 1.700 m","m³",8.07]
[1917446,"Dragagem de areia grossa com draga de sucção e recalque - bomba de 746 kW e cortador de 110 kW - distância de recalque de 1.700 a 1.900 m","m³",8.6999999999999993]
[1917447,"Dragagem de areia grossa com draga de sucção e recalque - bomba de 746 kW e cortador de 110 kW - distância de recalque de 1.900 a 2.100 m","m³",9.67]
[1917448,"Dragagem de areia grossa com draga de sucção e recalque - bomba de 746 kW e cortador de 110 kW - distância de recalque de 2.100 a 2.300 m","m³",10.49]
[1917449,"Dragagem de areia grossa com draga de sucção e recalque - bomba de 746 kW e cortador de 110 kW - distância de recalque de 2.300 a 2.500 m","m³",11.57]
[1917450,"Dragagem de areia grossa com draga de sucção e recalque - bomba de 746 kW e cortador de 110 kW - distância de recalque de 2.500 a 2.700 m","m³",12.88]
[1917451,"Dragagem de areia grossa com draga de sucção e recalque - bomba de 746 kW e cortador de 110 kW - distância de recalque de 2.700 a 2.900 m","m³",15.77]
[1917452,"Dragagem de areia grossa com draga de sucção e recalque - bomba de 746 kW e cortador de 110 kW - distância de recalque de 2.900 a 3.100 m","m³",18.62]
[1917453,"Dragagem de areia grossa com draga de sucção e recalque - bomba de 746 kW e cortador de 110 kW - distância de recalque de 3.100 a 3.300 m","m³",22.06]
[1917454,"Dragagem de areia grossa com draga de sucção e recalque - bomba de 746 kW e cortador de 110 kW - distância de recalque de 3.300 a 3.500 m","m³",25.83]
[1917455,"Dragagem de areia grossa com draga de sucção e recalque - bomba de 746 kW e cortador de 110 kW - distância de recalque de 3.500 a 3.700 m","m³",30.68]
[1917456,"Dragagem de areia grossa com draga de sucção e recalque - bomba de 746 kW e cortador de 110 kW - distância de recalque de 3.700 a 3.900 m","m³",35.92]
[1917457,"Dragagem de areia grossa com draga de sucção e recalque - bomba de 746 kW e cortador de 110 kW - distância de recalque de 3.900 a 4.100 m","m³",40.61]
[1917458,"Dragagem de areia grossa com draga de sucção e recalque - bomba de 746 kW e cortador de 110 kW - distância de recalque de 4.100 a 4.300 m","m³",46.85]
[1917459,"Dragagem de areia grossa com draga de sucção e recalque - bomba de 746 kW e cortador de 110 kW - distância de recalque de 4.300 a 4.500 m","m³",49.36]
[1917440,"Dragagem de areia grossa com draga de sucção e recalque - bomba de 746 kW e cortador de 110 kW - distância de recalque de 500 a 700 m","m³",4.82]
[1917441,"Dragagem de areia grossa com draga de sucção e recalque - bomba de 746 kW e cortador de 110 kW - distância de recalque de 700 a 900 m","m³",5.44]
[1917442,"Dragagem de areia grossa com draga de sucção e recalque - bomba de 746 kW e cortador de 110 kW - distância de recalque de 900 a 1.100 m","m³",6.05]
[1917734,"Dragagem de areia grossa com draga de sucção e recalque - bomba de 746 kW e cortador de 110 kW - distância de recalque de até 500 m","m³",4.47]
[1917055,"Dragagem de areia grossa com draga hopper - capacidade da cisterna de 1.000 m³ - DMT de 1.500 a 1.800 m","m³",16.41]
[1917056,"Dragagem de areia grossa com draga hopper - capacidade da cisterna de 1.000 m³ - DMT de 1.800 a 2.100 m","m³",16.71]
[1917057,"Dragagem de areia grossa com draga hopper - capacidade da cisterna de 1.000 m³ - DMT de 2.100 a 2.400 m","m³",17.03]
[1917058,"Dragagem de areia grossa com draga hopper - capacidade da cisterna de 1.000 m³ - DMT de 2.400 a 2.700 m","m³",17.350000000000001]
[1917059,"Dragagem de areia grossa com draga hopper - capacidade da cisterna de 1.000 m³ - DMT de 2.700 a 3.000 m","m³",17.7]
[1917060,"Dragagem de areia grossa com draga hopper - capacidade da cisterna de 1.000 m³ - DMT de 3.000 m","m³",17.89]
[1901536,"Dragagem de areia grossa com draga hopper - capacidade da cisterna de 10.000 m³ - DMT de 1.500 a 1.800 m","m³",10.02]
[1901537,"Dragagem de areia grossa com draga hopper - capacidade da cisterna de 10.000 m³ - DMT de 1.800 a 2.100 m","m³",10.1]
[1901538,"Dragagem de areia grossa com draga hopper - capacidade da cisterna de 10.000 m³ - DMT de 2.100 a 2.400 m","m³",10.18]
[1901539,"Dragagem de areia grossa com draga hopper - capacidade da cisterna de 10.000 m³ - DMT de 2.400 a 2.700 m","m³",10.27]
[1901540,"Dragagem de areia grossa com draga hopper - capacidade da cisterna de 10.000 m³ - DMT de 2.700 a 3.000 m","m³",10.37]
[1901535,"Dragagem de areia grossa com draga hopper - capacidade da cisterna de 10.000 m³ - DMT de 3.000 m","m³",10.42]
[1901542,"Dragagem de areia grossa com draga hopper - capacidade da cisterna de 15.000 m³ - DMT de 1.500 a 1.800 m","m³",13.16]
[1901543,"Dragagem de areia grossa com draga hopper - capacidade da cisterna de 15.000 m³ - DMT de 1.800 a 2.100 m","m³",13.24]
[1901544,"Dragagem de areia grossa com draga hopper - capacidade da cisterna de 15.000 m³ - DMT de 2.100 a 2.400 m","m³",13.32]
[1901545,"Dragagem de areia grossa com draga hopper - capacidade da cisterna de 15.000 m³ - DMT de 2.400 a 2.700 m","m³",13.41]
[1901546,"Dragagem de areia grossa com draga hopper - capacidade da cisterna de 15.000 m³ - DMT de 2.700 a 3.000 m","m³",13.49]
[1901541,"Dragagem de areia grossa com draga hopper - capacidade da cisterna de 15.000 m³ - DMT de 3.000 m","m³",13.54]
[1917091,"Dragagem de areia grossa com draga hopper - capacidade da cisterna de 2.000 m³ - DMT de 1.500 a 1.800 m","m³",11.2]
[1917092,"Dragagem de areia grossa com draga hopper - capacidade da cisterna de 2.000 m³ - DMT de 1.800 a 2.100 m","m³",11.39]
[1917093,"Dragagem de areia grossa com draga hopper - capacidade da cisterna de 2.000 m³ - DMT de 2.100 a 2.400 m","m³",11.58]
[1917094,"Dragagem de areia grossa com draga hopper - capacidade da cisterna de 2.000 m³ - DMT de 2.400 a 2.700 m","m³",11.77]
[1917095,"Dragagem de areia grossa com draga hopper - capacidade da cisterna de 2.000 m³ - DMT de 2.700 a 3.000 m","m³",11.98]
[1917096,"Dragagem de areia grossa com draga hopper - capacidade da cisterna de 2.000 m³ - DMT de 3.000 m","m³",12.1]
[1901548,"Dragagem de areia grossa com draga hopper - capacidade da cisterna de 20.000 m³ - DMT de 1.500 a 1.800 m","m³",16.39]
[1901549,"Dragagem de areia grossa com draga hopper - capacidade da cisterna de 20.000 m³ - DMT de 1.800 a 2.100 m","m³",16.47]
[1901550,"Dragagem de areia grossa com draga hopper - capacidade da cisterna de 20.000 m³ - DMT de 2.100 a 2.400 m","m³",16.55]
[1901551,"Dragagem de areia grossa com draga hopper - capacidade da cisterna de 20.000 m³ - DMT de 2.400 a 2.700 m","m³",16.63]
[1901552,"Dragagem de areia grossa com draga hopper - capacidade da cisterna de 20.000 m³ - DMT de 2.700 a 3.000 m","m³",16.71]
[1901547,"Dragagem de areia grossa com draga hopper - capacidade da cisterna de 20.000 m³ - DMT de 3.000 m","m³",16.760000000000002]
[1917127,"Dragagem de areia grossa com draga hopper - capacidade da cisterna de 3.000 m³ - DMT de 1.500 a 1.800 m","m³",10.47]
[1917128,"Dragagem de areia grossa com draga hopper - capacidade da cisterna de 3.000 m³ - DMT de 1.800 a 2.100 m","m³",10.62]
[1917129,"Dragagem de areia grossa com draga hopper - capacidade da cisterna de 3.000 m³ - DMT de 2.100 a 2.400 m","m³",10.77]
[1917130,"Dragagem de areia grossa com draga hopper - capacidade da cisterna de 3.000 m³ - DMT de 2.400 a 2.700 m","m³",10.93]
[1917131,"Dragagem de areia grossa com draga hopper - capacidade da cisterna de 3.000 m³ - DMT de 2.700 a 3.000 m","m³",11.09]
[1917132,"Dragagem de areia grossa com draga hopper - capacidade da cisterna de 3.000 m³ - DMT de 3.000 m","m³",11.18]
[1917163,"Dragagem de areia grossa com draga hopper - capacidade da cisterna de 4.000 m³ - DMT de 1.500 a 1.800 m","m³",9.85]
[1917164,"Dragagem de areia grossa com draga hopper - capacidade da cisterna de 4.000 m³ - DMT de 1.800 a 2.100 m","m³",9.98]
[1917165,"Dragagem de areia grossa com draga hopper - capacidade da cisterna de 4.000 m³ - DMT de 2.100 a 2.400 m","m³",10.11]
[1917166,"Dragagem de areia grossa com draga hopper - capacidade da cisterna de 4.000 m³ - DMT de 2.400 a 2.700 m","m³",10.25]
[1917167,"Dragagem de areia grossa com draga hopper - capacidade da cisterna de 4.000 m³ - DMT de 2.700 a 3.000 m","m³",10.4]
[1917168,"Dragagem de areia grossa com draga hopper - capacidade da cisterna de 4.000 m³ - DMT de 3.000 m","m³",10.48]
[1917199,"Dragagem de areia grossa com draga hopper - capacidade da cisterna de 5.000 m³ - DMT de 1.500 a 1.800 m","m³",10.84]
[1917200,"Dragagem de areia grossa com draga hopper - capacidade da cisterna de 5.000 m³ - DMT de 1.800 a 2.100 m","m³",10.95]
[1917201,"Dragagem de areia grossa com draga hopper - capacidade da cisterna de 5.000 m³ - DMT de 2.100 a 2.400 m","m³",11.07]
[1917202,"Dragagem de areia grossa com draga hopper - capacidade da cisterna de 5.000 m³ - DMT de 2.400 a 2.700 m","m³",11.19]
[1917203,"Dragagem de areia grossa com draga hopper - capacidade da cisterna de 5.000 m³ - DMT de 2.700 a 3.000 m","m³",11.32]
[1917204,"Dragagem de areia grossa com draga hopper - capacidade da cisterna de 5.000 m³ - DMT de 3.000 m","m³",11.39]
[1917019,"Dragagem de areia grossa com draga hopper - capacidade da cisterna de 750 m³ - DMT de 1.500 a 1.800 m","m³",22.55]
[1917020,"Dragagem de areia grossa com draga hopper - capacidade da cisterna de 750 m³ - DMT de 1.800 a 2.100 m","m³",23]
[1917021,"Dragagem de areia grossa com draga hopper - capacidade da cisterna de 750 m³ - DMT de 2.100 a 2.400 m","m³",23.45]
[1917022,"Dragagem de areia grossa com draga hopper - capacidade da cisterna de 750 m³ - DMT de 2.400 a 2.700 m","m³",23.92]
[1917023,"Dragagem de areia grossa com draga hopper - capacidade da cisterna de 750 m³ - DMT de 2.700 a 3.000 m","m³",24.43]
[1917024,"Dragagem de areia grossa com draga hopper - capacidade da cisterna de 750 m³ - DMT de 3.000 m","m³",24.69]
[1917541,"Dragagem de areia média com draga de sucção e recalque - bomba de 1.350 kW e cortador de 170 kW - distância de recalque de 1.100 a 1.300 m","m³",5.92]
[1917542,"Dragagem de areia média com draga de sucção e recalque - bomba de 1.350 kW e cortador de 170 kW - distância de recalque de 1.300 a 1.500 m","m³",6.61]
[1917543,"Dragagem de areia média com draga de sucção e recalque - bomba de 1.350 kW e cortador de 170 kW - distância de recalque de 1.500 a 1.700 m","m³",6.93]
[1917544,"Dragagem de areia média com draga de sucção e recalque - bomba de 1.350 kW e cortador de 170 kW - distância de recalque de 1.700 a 1.900 m","m³",7.25]
[1917545,"Dragagem de areia média com draga de sucção e recalque - bomba de 1.350 kW e cortador de 170 kW - distância de recalque de 1.900 a 2.100 m","m³",7.68]
[1917546,"Dragagem de areia média com draga de sucção e recalque - bomba de 1.350 kW e cortador de 170 kW - distância de recalque de 2.100 a 2.300 m","m³",8.02]
[1917547,"Dragagem de areia média com draga de sucção e recalque - bomba de 1.350 kW e cortador de 170 kW - distância de recalque de 2.300 a 2.500 m","m³",8.76]
[1917548,"Dragagem de areia média com draga de sucção e recalque - bomba de 1.350 kW e cortador de 170 kW - distância de recalque de 2.500 a 2.700 m","m³",9.2100000000000009]
[1917549,"Dragagem de areia média com draga de sucção e recalque - bomba de 1.350 kW e cortador de 170 kW - distância de recalque de 2.700 a 2.900 m","m³",9.67]
[1917550,"Dragagem de areia média com draga de sucção e recalque - bomba de 1.350 kW e cortador de 170 kW - distância de recalque de 2.900 a 3.100 m","m³",10.17]
[1917551,"Dragagem de areia média com draga de sucção e recalque - bomba de 1.350 kW e cortador de 170 kW - distância de recalque de 3.100 a 3.300 m","m³",10.99]
[1917552,"Dragagem de areia média com draga de sucção e recalque - bomba de 1.350 kW e cortador de 170 kW - distância de recalque de 3.300 a 3.500 m","m³",11.54]
[1917553,"Dragagem de areia média com draga de sucção e recalque - bomba de 1.350 kW e cortador de 170 kW - distância de recalque de 3.500 a 3.700 m","m³",11.35]
[1917554,"Dragagem de areia média com draga de sucção e recalque - bomba de 1.350 kW e cortador de 170 kW - distância de recalque de 3.700 a 3.900 m","m³",12.57]
[1917555,"Dragagem de areia média com draga de sucção e recalque - bomba de 1.350 kW e cortador de 170 kW - distância de recalque de 3.900 a 4.100 m","m³",13.16]
[1917556,"Dragagem de areia média com draga de sucção e recalque - bomba de 1.350 kW e cortador de 170 kW - distância de recalque de 4.100 a 4.300 m","m³",14.14]
[1917557,"Dragagem de areia média com draga de sucção e recalque - bomba de 1.350 kW e cortador de 170 kW - distância de recalque de 4.300 a 4.500 m","m³",14.79]
[1917558,"Dragagem de areia média com draga de sucção e recalque - bomba de 1.350 kW e cortador de 170 kW - distância de recalque de 4.500 a 4.700 m","m³",15.73]
[1917559,"Dragagem de areia média com draga de sucção e recalque - bomba de 1.350 kW e cortador de 170 kW - distância de recalque de 4.700 a 4.900 m","m³",17.309999999999999]
[1917560,"Dragagem de areia média com draga de sucção e recalque - bomba de 1.350 kW e cortador de 170 kW - distância de recalque de 4.900 a 5.100 m","m³",19.329999999999998]
[1917561,"Dragagem de areia média com draga de sucção e recalque - bomba de 1.350 kW e cortador de 170 kW - distância de recalque de 5.100 a 5.300 m","m³",21.31]
[1917562,"Dragagem de areia média com draga de sucção e recalque - bomba de 1.350 kW e cortador de 170 kW - distância de recalque de 5.300 a 5.500 m","m³",23.58]
[1917563,"Dragagem de areia média com draga de sucção e recalque - bomba de 1.350 kW e cortador de 170 kW - distância de recalque de 5.500 a 5.700 m","m³",25.66]
[1917564,"Dragagem de areia média com draga de sucção e recalque - bomba de 1.350 kW e cortador de 170 kW - distância de recalque de 5.700 a 5.900 m","m³",27.89]
[1917565,"Dragagem de areia média com draga de sucção e recalque - bomba de 1.350 kW e cortador de 170 kW - distância de recalque de 5.900 a 6.100 m","m³",30.9]
[1917538,"Dragagem de areia média com draga de sucção e recalque - bomba de 1.350 kW e cortador de 170 kW - distância de recalque de 500 a 700 m","m³",4.92]
[1917566,"Dragagem de areia média com draga de sucção e recalque - bomba de 1.350 kW e cortador de 170 kW - distância de recalque de 6.100 a 6.300 m","m³",33.92]
[1917567,"Dragagem de areia média com draga de sucção e recalque - bomba de 1.350 kW e cortador de 170 kW - distância de recalque de 6.300 a 6.500 m","m³",37.119999999999997]
[1917568,"Dragagem de areia média com draga de sucção e recalque - bomba de 1.350 kW e cortador de 170 kW - distância de recalque de 6.500 a 6.700 m","m³",40.200000000000003]
[1917569,"Dragagem de areia média com draga de sucção e recalque - bomba de 1.350 kW e cortador de 170 kW - distância de recalque de 6.700 a 6.900 m","m³",44.01]
[1917570,"Dragagem de areia média com draga de sucção e recalque - bomba de 1.350 kW e cortador de 170 kW - distância de recalque de 6.900 a 7.100 m","m³",47.51]
[1917571,"Dragagem de areia média com draga de sucção e recalque - bomba de 1.350 kW e cortador de 170 kW - distância de recalque de 7.100 a 7.300 m","m³",51.66]
[1917572,"Dragagem de areia média com draga de sucção e recalque - bomba de 1.350 kW e cortador de 170 kW - distância de recalque de 7.300 a 7.500 m","m³",56.3]
[1917573,"Dragagem de areia média com draga de sucção e recalque - bomba de 1.350 kW e cortador de 170 kW - distância de recalque de 7.500 a 7.700 m","m³",61.34]
[1917574,"Dragagem de areia média com draga de sucção e recalque - bomba de 1.350 kW e cortador de 170 kW - distância de recalque de 7.700 a 7.900 m","m³",65.98]
[1917539,"Dragagem de areia média com draga de sucção e recalque - bomba de 1.350 kW e cortador de 170 kW - distância de recalque de 700 a 900 m","m³",5.22]
[1917540,"Dragagem de areia média com draga de sucção e recalque - bomba de 1.350 kW e cortador de 170 kW - distância de recalque de 900 a 1.100 m","m³",5.61]
[1917738,"Dragagem de areia média com draga de sucção e recalque - bomba de 1.350 kW e cortador de 170 kW - distância de recalque de até 500 m","m³",4.84]
[1917238,"Dragagem de areia média com draga de sucção e recalque - bomba de 294 kW e cortador de 30 kW - distância de recalque de 1.100 a 1.300 m","m³",7.46]
[1917239,"Dragagem de areia média com draga de sucção e recalque - bomba de 294 kW e cortador de 30 kW - distância de recalque de 1.300 a 1.500 m","m³",8.18]
[1917240,"Dragagem de areia média com draga de sucção e recalque - bomba de 294 kW e cortador de 30 kW - distância de recalque de 1.500 a 1.700 m","m³",8.75]
[1917241,"Dragagem de areia média com draga de sucção e recalque - bomba de 294 kW e cortador de 30 kW - distância de recalque de 1.700 a 1.900 m","m³",9.2799999999999994]
[1917242,"Dragagem de areia média com draga de sucção e recalque - bomba de 294 kW e cortador de 30 kW - distância de recalque de 1.900 a 2.100 m","m³",9.7899999999999991]
[1917243,"Dragagem de areia média com draga de sucção e recalque - bomba de 294 kW e cortador de 30 kW - distância de recalque de 2.100 a 2.300 m","m³",10.28]
[1917244,"Dragagem de areia média com draga de sucção e recalque - bomba de 294 kW e cortador de 30 kW - distância de recalque de 2.300 a 2.500 m","m³",10.96]
[1917245,"Dragagem de areia média com draga de sucção e recalque - bomba de 294 kW e cortador de 30 kW - distância de recalque de 2.500 a 2.700 m","m³",11.55]
[1917246,"Dragagem de areia média com draga de sucção e recalque - bomba de 294 kW e cortador de 30 kW - distância de recalque de 2.700 a 2.900 m","m³",12.17]
[1917247,"Dragagem de areia média com draga de sucção e recalque - bomba de 294 kW e cortador de 30 kW - distância de recalque de 2.900 a 3.100 m","m³",13.19]
[1917248,"Dragagem de areia média com draga de sucção e recalque - bomba de 294 kW e cortador de 30 kW - distância de recalque de 3.100 a 3.300 m","m³",15.11]
[1917249,"Dragagem de areia média com draga de sucção e recalque - bomba de 294 kW e cortador de 30 kW - distância de recalque de 3.300 a 3.500 m","m³",18.14]
[1917235,"Dragagem de areia média com draga de sucção e recalque - bomba de 294 kW e cortador de 30 kW - distância de recalque de 500 a 700 m","m³",5.91]
[1917236,"Dragagem de areia média com draga de sucção e recalque - bomba de 294 kW e cortador de 30 kW - distância de recalque de 700 a 900 m","m³",6.32]
[1917237,"Dragagem de areia média com draga de sucção e recalque - bomba de 294 kW e cortador de 30 kW - distância de recalque de 900 a 1.100 m","m³",6.83]
[1917725,"Dragagem de areia média com draga de sucção e recalque - bomba de 294 kW e cortador de 30 kW - distância de recalque de até 500 m","m³",5.76]
[1917311,"Dragagem de areia média com draga de sucção e recalque - bomba de 483 kW e cortador de 55 kW - distância de recalque de 1.100 a 1.300 m","m³",5.88]
[1917312,"Dragagem de areia média com draga de sucção e recalque - bomba de 483 kW e cortador de 55 kW - distância de recalque de 1.300 a 1.500 m","m³",6.65]
[1917313,"Dragagem de areia média com draga de sucção e recalque - bomba de 483 kW e cortador de 55 kW - distância de recalque de 1.500 a 1.700 m","m³",7.15]
[1917314,"Dragagem de areia média com draga de sucção e recalque - bomba de 483 kW e cortador de 55 kW - distância de recalque de 1.700 a 1.900 m","m³",7.62]
[1917315,"Dragagem de areia média com draga de sucção e recalque - bomba de 483 kW e cortador de 55 kW - distância de recalque de 1.900 a 2.100 m","m³",8.19]
[1917316,"Dragagem de areia média com draga de sucção e recalque - bomba de 483 kW e cortador de 55 kW - distância de recalque de 2.100 a 2.300 m","m³",8.75]
[1917317,"Dragagem de areia média com draga de sucção e recalque - bomba de 483 kW e cortador de 55 kW - distância de recalque de 2.300 a 2.500 m","m³",9.65]
[1917318,"Dragagem de areia média com draga de sucção e recalque - bomba de 483 kW e cortador de 55 kW - distância de recalque de 2.500 a 2.700 m","m³",10.44]
[1917319,"Dragagem de areia média com draga de sucção e recalque - bomba de 483 kW e cortador de 55 kW - distância de recalque de 2.700 a 2.900 m","m³",11.17]
[1917320,"Dragagem de areia média com draga de sucção e recalque - bomba de 483 kW e cortador de 55 kW - distância de recalque de 2.900 a 3.100 m","m³",11.96]
[1917321,"Dragagem de areia média com draga de sucção e recalque - bomba de 483 kW e cortador de 55 kW - distância de recalque de 3.100 a 3.300 m","m³",14.66]
[1917322,"Dragagem de areia média com draga de sucção e recalque - bomba de 483 kW e cortador de 55 kW - distância de recalque de 3.300 a 3.500 m","m³",16.989999999999998]
[1917323,"Dragagem de areia média com draga de sucção e recalque - bomba de 483 kW e cortador de 55 kW - distância de recalque de 3.500 a 3.700 m","m³",19.989999999999998]
[1917324,"Dragagem de areia média com draga de sucção e recalque - bomba de 483 kW e cortador de 55 kW - distância de recalque de 3.700 a 3.900 m","m³",23.16]
[1917325,"Dragagem de areia média com draga de sucção e recalque - bomba de 483 kW e cortador de 55 kW - distância de recalque de 3.900 a 4.100 m","m³",26.91]
[1917326,"Dragagem de areia média com draga de sucção e recalque - bomba de 483 kW e cortador de 55 kW - distância de recalque de 4.100 a 4.300 m","m³",32.01]
[1917327,"Dragagem de areia média com draga de sucção e recalque - bomba de 483 kW e cortador de 55 kW - distância de recalque de 4.300 a 4.500 m","m³",37.18]
[1917328,"Dragagem de areia média com draga de sucção e recalque - bomba de 483 kW e cortador de 55 kW - distância de recalque de 4.500 a 4.700 m","m³",43.13]
[1917329,"Dragagem de areia média com draga de sucção e recalque - bomba de 483 kW e cortador de 55 kW - distância de recalque de 4.700 a 4.900 m","m³",47.23]
[1917330,"Dragagem de areia média com draga de sucção e recalque - bomba de 483 kW e cortador de 55 kW - distância de recalque de 4.900 a 5.100 m","m³",52.28]
[1917308,"Dragagem de areia média com draga de sucção e recalque - bomba de 483 kW e cortador de 55 kW - distância de recalque de 500 a 700 m","m³",4.83]
[1917309,"Dragagem de areia média com draga de sucção e recalque - bomba de 483 kW e cortador de 55 kW - distância de recalque de 700 a 900 m","m³",5.13]
[1917310,"Dragagem de areia média com draga de sucção e recalque - bomba de 483 kW e cortador de 55 kW - distância de recalque de 900 a 1.100 m","m³",5.45]
[1917730,"Dragagem de areia média com draga de sucção e recalque - bomba de 483 kW e cortador de 55 kW - distância de recalque de até 500 m","m³",4.76]
[1917415,"Dragagem de areia média com draga de sucção e recalque - bomba de 746 kW e cortador de 110 kW - distância de recalque de 1.100 a 1.300 m","m³",5.88]
[1917416,"Dragagem de areia média com draga de sucção e recalque - bomba de 746 kW e cortador de 110 kW - distância de recalque de 1.300 a 1.500 m","m³",6.59]
[1917417,"Dragagem de areia média com draga de sucção e recalque - bomba de 746 kW e cortador de 110 kW - distância de recalque de 1.500 a 1.700 m","m³",7.06]
[1917418,"Dragagem de areia média com draga de sucção e recalque - bomba de 746 kW e cortador de 110 kW - distância de recalque de 1.700 a 1.900 m","m³",7.5]
[1917419,"Dragagem de areia média com draga de sucção e recalque - bomba de 746 kW e cortador de 110 kW - distância de recalque de 1.900 a 2.100 m","m³",7.88]
[1917420,"Dragagem de areia média com draga de sucção e recalque - bomba de 746 kW e cortador de 110 kW - distância de recalque de 2.100 a 2.300 m","m³",8.35]
[1917421,"Dragagem de areia média com draga de sucção e recalque - bomba de 746 kW e cortador de 110 kW - distância de recalque de 2.300 a 2.500 m","m³",9.09]
[1917422,"Dragagem de areia média com draga de sucção e recalque - bomba de 746 kW e cortador de 110 kW - distância de recalque de 2.500 a 2.700 m","m³",9.5299999999999994]
[1917423,"Dragagem de areia média com draga de sucção e recalque - bomba de 746 kW e cortador de 110 kW - distância de recalque de 2.700 a 2.900 m","m³",9.98]
[1917424,"Dragagem de areia média com draga de sucção e recalque - bomba de 746 kW e cortador de 110 kW - distância de recalque de 2.900 a 3.100 m","m³",10.45]
[1917425,"Dragagem de areia média com draga de sucção e recalque - bomba de 746 kW e cortador de 110 kW - distância de recalque de 3.100 a 3.300 m","m³",11.37]
[1917426,"Dragagem de areia média com draga de sucção e recalque - bomba de 746 kW e cortador de 110 kW - distância de recalque de 3.300 a 3.500 m","m³",12.35]
[1917427,"Dragagem de areia média com draga de sucção e recalque - bomba de 746 kW e cortador de 110 kW - distância de recalque de 3.500 a 3.700 m","m³",14.11]
[1917428,"Dragagem de areia média com draga de sucção e recalque - bomba de 746 kW e cortador de 110 kW - distância de recalque de 3.700 a 3.900 m","m³",16.18]
[1917429,"Dragagem de areia média com draga de sucção e recalque - bomba de 746 kW e cortador de 110 kW - distância de recalque de 3.900 a 4.100 m","m³",18.350000000000001]
[1917430,"Dragagem de areia média com draga de sucção e recalque - bomba de 746 kW e cortador de 110 kW - distância de recalque de 4.100 a 4.300 m","m³",21.25]
[1917431,"Dragagem de areia média com draga de sucção e recalque - bomba de 746 kW e cortador de 110 kW - distância de recalque de 4.300 a 4.500 m","m³",23.8]
[1917432,"Dragagem de areia média com draga de sucção e recalque - bomba de 746 kW e cortador de 110 kW - distância de recalque de 4.500 a 4.700 m","m³",27.09]
[1917433,"Dragagem de areia média com draga de sucção e recalque - bomba de 746 kW e cortador de 110 kW - distância de recalque de 4.700 a 4.900 m","m³",30.49]
[1917434,"Dragagem de areia média com draga de sucção e recalque - bomba de 746 kW e cortador de 110 kW - distância de recalque de 4.900 a 5.100 m","m³",34.520000000000003]
[1917435,"Dragagem de areia média com draga de sucção e recalque - bomba de 746 kW e cortador de 110 kW - distância de recalque de 5.100 a 5.300 m","m³",39.35]
[1917436,"Dragagem de areia média com draga de sucção e recalque - bomba de 746 kW e cortador de 110 kW - distância de recalque de 5.300 a 5.500 m","m³",43.72]
[1917437,"Dragagem de areia média com draga de sucção e recalque - bomba de 746 kW e cortador de 110 kW - distância de recalque de 5.500 a 5.700 m","m³",49.33]
[1917438,"Dragagem de areia média com draga de sucção e recalque - bomba de 746 kW e cortador de 110 kW - distância de recalque de 5.700 a 5.900 m","m³",53.25]
[1917439,"Dragagem de areia média com draga de sucção e recalque - bomba de 746 kW e cortador de 110 kW - distância de recalque de 5.900 a 6.100 m","m³",56.73]
[1917412,"Dragagem de areia média com draga de sucção e recalque - bomba de 746 kW e cortador de 110 kW - distância de recalque de 500 a 700 m","m³",4.45]
[1917413,"Dragagem de areia média com draga de sucção e recalque - bomba de 746 kW e cortador de 110 kW - distância de recalque de 700 a 900 m","m³",4.97]
[1917414,"Dragagem de areia média com draga de sucção e recalque - bomba de 746 kW e cortador de 110 kW - distância de recalque de 900 a 1.100 m","m³",5.48]
[1917733,"Dragagem de areia média com draga de sucção e recalque - bomba de 746 kW e cortador de 110 kW - distância de recalque de até 500 m","m³",4.1500000000000004]
[1917049,"Dragagem de areia média com draga hopper - capacidade da cisterna de 1.000 m³ - DMT de 1.500 a 1.800 m","m³",16.95]
[1917050,"Dragagem de areia média com draga hopper - capacidade da cisterna de 1.000 m³ - DMT de 1.800 a 2.100 m","m³",17.260000000000002]
[1917051,"Dragagem de areia média com draga hopper - capacidade da cisterna de 1.000 m³ - DMT de 2.100 a 2.400 m","m³",17.579999999999998]
[1917052,"Dragagem de areia média com draga hopper - capacidade da cisterna de 1.000 m³ - DMT de 2.400 a 2.700 m","m³",17.91]
[1917053,"Dragagem de areia média com draga hopper - capacidade da cisterna de 1.000 m³ - DMT de 2.700 a 3.000 m","m³",18.260000000000002]
[1917054,"Dragagem de areia média com draga hopper - capacidade da cisterna de 1.000 m³ - DMT de 3.000 m","m³",18.45]
[1901553,"Dragagem de areia média com draga hopper - capacidade da cisterna de 10.000 m³ - DMT de 1.500 a 1.800 m","m³",10.4]
[1901554,"Dragagem de areia média com draga hopper - capacidade da cisterna de 10.000 m³ - DMT de 1.800 a 2.100 m","m³",10.48]
[1901555,"Dragagem de areia média com draga hopper - capacidade da cisterna de 10.000 m³ - DMT de 2.100 a 2.400 m","m³",10.57]
[1901556,"Dragagem de areia média com draga hopper - capacidade da cisterna de 10.000 m³ - DMT de 2.400 a 2.700 m","m³",10.66]
[1901557,"Dragagem de areia média com draga hopper - capacidade da cisterna de 10.000 m³ - DMT de 2.700 a 3.000 m","m³",10.75]
[1901558,"Dragagem de areia média com draga hopper - capacidade da cisterna de 10.000 m³ - DMT de 3.000 m","m³",10.8]
[1901560,"Dragagem de areia média com draga hopper - capacidade da cisterna de 15.000 m³ - DMT de 1.500 a 1.800 m","m³",13.69]
[1901561,"Dragagem de areia média com draga hopper - capacidade da cisterna de 15.000 m³ - DMT de 1.800 a 2.100 m","m³",13.77]
[1901562,"Dragagem de areia média com draga hopper - capacidade da cisterna de 15.000 m³ - DMT de 2.100 a 2.400 m","m³",13.85]
[1901563,"Dragagem de areia média com draga hopper - capacidade da cisterna de 15.000 m³ - DMT de 2.400 a 2.700 m","m³",13.94]
[1901564,"Dragagem de areia média com draga hopper - capacidade da cisterna de 15.000 m³ - DMT de 2.700 a 3.000 m","m³",14.03]
[1901559,"Dragagem de areia média com draga hopper - capacidade da cisterna de 15.000 m³ - DMT de 3.000 m","m³",14.08]
[1917085,"Dragagem de areia média com draga hopper - capacidade da cisterna de 2.000 m³ - DMT de 1.500 a 1.800 m","m³",11.58]
[1917086,"Dragagem de areia média com draga hopper - capacidade da cisterna de 2.000 m³ - DMT de 1.800 a 2.100 m","m³",11.77]
[1917087,"Dragagem de areia média com draga hopper - capacidade da cisterna de 2.000 m³ - DMT de 2.100 a 2.400 m","m³",11.96]
[1917088,"Dragagem de areia média com draga hopper - capacidade da cisterna de 2.000 m³ - DMT de 2.400 a 2.700 m","m³",12.16]
[1917089,"Dragagem de areia média com draga hopper - capacidade da cisterna de 2.000 m³ - DMT de 2.700 a 3.000 m","m³",12.37]
[1917090,"Dragagem de areia média com draga hopper - capacidade da cisterna de 2.000 m³ - DMT de 3.000 m","m³",12.48]
[1901566,"Dragagem de areia média com draga hopper - capacidade da cisterna de 20.000 m³ - DMT de 1.500 a 1.800 m","m³",17.07]
[1901567,"Dragagem de areia média com draga hopper - capacidade da cisterna de 20.000 m³ - DMT de 1.800 a 2.100 m","m³",17.149999999999999]
[1901568,"Dragagem de areia média com draga hopper - capacidade da cisterna de 20.000 m³ - DMT de 2.100 a 2.400 m","m³",17.22]
[1901569,"Dragagem de areia média com draga hopper - capacidade da cisterna de 20.000 m³ - DMT de 2.400 a 2.700 m","m³",17.309999999999999]
[1901570,"Dragagem de areia média com draga hopper - capacidade da cisterna de 20.000 m³ - DMT de 2.700 a 3.000 m","m³",17.39]
[1901565,"Dragagem de areia média com draga hopper - capacidade da cisterna de 20.000 m³ - DMT de 3.000 m","m³",17.440000000000001]
[1917121,"Dragagem de areia média com draga hopper - capacidade da cisterna de 3.000 m³ - DMT de 1.500 a 1.800 m","m³",10.84]
[1917122,"Dragagem de areia média com draga hopper - capacidade da cisterna de 3.000 m³ - DMT de 1.800 a 2.100 m","m³",10.99]
[1917123,"Dragagem de areia média com draga hopper - capacidade da cisterna de 3.000 m³ - DMT de 2.100 a 2.400 m","m³",11.14]
[1917124,"Dragagem de areia média com draga hopper - capacidade da cisterna de 3.000 m³ - DMT de 2.400 a 2.700 m","m³",11.3]
[1917125,"Dragagem de areia média com draga hopper - capacidade da cisterna de 3.000 m³ - DMT de 2.700 a 3.000 m","m³",11.47]
[1917126,"Dragagem de areia média com draga hopper - capacidade da cisterna de 3.000 m³ - DMT de 3.000 m","m³",11.56]
[1917157,"Dragagem de areia média com draga hopper - capacidade da cisterna de 4.000 m³ - DMT de 1.500 a 1.800 m","m³",10.210000000000001]
[1917158,"Dragagem de areia média com draga hopper - capacidade da cisterna de 4.000 m³ - DMT de 1.800 a 2.100 m","m³",10.33]
[1917159,"Dragagem de areia média com draga hopper - capacidade da cisterna de 4.000 m³ - DMT de 2.100 a 2.400 m","m³",10.47]
[1917160,"Dragagem de areia média com draga hopper - capacidade da cisterna de 4.000 m³ - DMT de 2.400 a 2.700 m","m³",10.61]
[1917161,"Dragagem de areia média com draga hopper - capacidade da cisterna de 4.000 m³ - DMT de 2.700 a 3.000 m","m³",10.75]
[1917162,"Dragagem de areia média com draga hopper - capacidade da cisterna de 4.000 m³ - DMT de 3.000 m","m³",10.83]
[1917193,"Dragagem de areia média com draga hopper - capacidade da cisterna de 5.000 m³ - DMT de 1.500 a 1.800 m","m³",11.24]
[1917194,"Dragagem de areia média com draga hopper - capacidade da cisterna de 5.000 m³ - DMT de 1.800 a 2.100 m","m³",11.36]
[1917195,"Dragagem de areia média com draga hopper - capacidade da cisterna de 5.000 m³ - DMT de 2.100 a 2.400 m","m³",11.47]
[1917196,"Dragagem de areia média com draga hopper - capacidade da cisterna de 5.000 m³ - DMT de 2.400 a 2.700 m","m³",11.6]
[1917197,"Dragagem de areia média com draga hopper - capacidade da cisterna de 5.000 m³ - DMT de 2.700 a 3.000 m","m³",11.73]
[1917198,"Dragagem de areia média com draga hopper - capacidade da cisterna de 5.000 m³ - DMT de 3.000 m","m³",11.8]
[1917013,"Dragagem de areia média com draga hopper - capacidade da cisterna de 750 m³ - DMT de 1.500 a 1.800 m","m³",23.32]
[1917014,"Dragagem de areia média com draga hopper - capacidade da cisterna de 750 m³ - DMT de 1.800 a 2.100 m","m³",23.77]
[1917015,"Dragagem de areia média com draga hopper - capacidade da cisterna de 750 m³ - DMT de 2.100 a 2.400 m","m³",24.22]
[1917016,"Dragagem de areia média com draga hopper - capacidade da cisterna de 750 m³ - DMT de 2.400 a 2.700 m","m³",24.7]
[1917017,"Dragagem de areia média com draga hopper - capacidade da cisterna de 750 m³ - DMT de 2.700 a 3.000 m","m³",25.21]
[1917018,"Dragagem de areia média com draga hopper - capacidade da cisterna de 750 m³ - DMT de 3.000 m","m³",25.48]
[1917623,"Dragagem de cascalho com draga de sucção e recalque - bomba de 1.350 kW e cortador de 170 kW - distância de recalque de 1.100 a 1.300 m","m³",20.48]
[1917624,"Dragagem de cascalho com draga de sucção e recalque - bomba de 1.350 kW e cortador de 170 kW - distância de recalque de 1.300 a 1.500 m","m³",25.84]
[1917625,"Dragagem de cascalho com draga de sucção e recalque - bomba de 1.350 kW e cortador de 170 kW - distância de recalque de 1.500 a 1.700 m","m³",32.42]
[1917626,"Dragagem de cascalho com draga de sucção e recalque - bomba de 1.350 kW e cortador de 170 kW - distância de recalque de 1.700 a 1.900 m","m³",39.68]
[1917627,"Dragagem de cascalho com draga de sucção e recalque - bomba de 1.350 kW e cortador de 170 kW - distância de recalque de 1.900 a 2.100 m","m³",47.74]
[1917628,"Dragagem de cascalho com draga de sucção e recalque - bomba de 1.350 kW e cortador de 170 kW - distância de recalque de 2.100 a 2.300 m","m³",55.88]
[1917620,"Dragagem de cascalho com draga de sucção e recalque - bomba de 1.350 kW e cortador de 170 kW - distância de recalque de 500 a 700 m","m³",9.59]
[1917621,"Dragagem de cascalho com draga de sucção e recalque - bomba de 1.350 kW e cortador de 170 kW - distância de recalque de 700 a 900 m","m³",11.15]
[1917622,"Dragagem de cascalho com draga de sucção e recalque - bomba de 1.350 kW e cortador de 170 kW - distância de recalque de 900 a 1.100 m","m³",13.91]
[1917741,"Dragagem de cascalho com draga de sucção e recalque - bomba de 1.350 kW e cortador de 170 kW - distância de recalque de até 500 m","m³",8.8699999999999992]
[1917269,"Dragagem de cascalho com draga de sucção e recalque - bomba de 294 kW e cortador de 30 kW - distância de recalque de 1.100 a 1.300 m","m³",24.48]
[1917270,"Dragagem de cascalho com draga de sucção e recalque - bomba de 294 kW e cortador de 30 kW - distância de recalque de 1.300 a 1.500 m","m³",33.03]
[1917266,"Dragagem de cascalho com draga de sucção e recalque - bomba de 294 kW e cortador de 30 kW - distância de recalque de 500 a 700 m","m³",8.01]
[1917267,"Dragagem de cascalho com draga de sucção e recalque - bomba de 294 kW e cortador de 30 kW - distância de recalque de 700 a 900 m","m³",11.63]
[1917268,"Dragagem de cascalho com draga de sucção e recalque - bomba de 294 kW e cortador de 30 kW - distância de recalque de 900 a 1.100 m","m³",17.75]
[1917728,"Dragagem de cascalho com draga de sucção e recalque - bomba de 294 kW e cortador de 30 kW - distância de recalque de até 500 m","m³",7.39]
[1917358,"Dragagem de cascalho com draga de sucção e recalque - bomba de 483 kW e cortador de 55 kW - distância de recalque até 500 m","m³",7.54]
[1917362,"Dragagem de cascalho com draga de sucção e recalque - bomba de 483 kW e cortador de 55 kW - distância de recalque de 1.100 a 1.300 m","m³",36.36]
[1917363,"Dragagem de cascalho com draga de sucção e recalque - bomba de 483 kW e cortador de 55 kW - distância de recalque de 1.300 a 1.500 m","m³",44.35]
[1917359,"Dragagem de cascalho com draga de sucção e recalque - bomba de 483 kW e cortador de 55 kW - distância de recalque de 500 a 700 m","m³",10.62]
[1917360,"Dragagem de cascalho com draga de sucção e recalque - bomba de 483 kW e cortador de 55 kW - distância de recalque de 700 a 900 m","m³",17.39]
[1917361,"Dragagem de cascalho com draga de sucção e recalque - bomba de 483 kW e cortador de 55 kW - distância de recalque de 900 a 1.100 m","m³",26.05]
[1917476,"Dragagem de cascalho com draga de sucção e recalque - bomba de 746 kW e cortador de 110 kW - distância de recalque de 1.100 a 1.300 m","m³",27.37]
[1917477,"Dragagem de cascalho com draga de sucção e recalque - bomba de 746 kW e cortador de 110 kW - distância de recalque de 1.300 a 1.500 m","m³",35.29]
[1917478,"Dragagem de cascalho com draga de sucção e recalque - bomba de 746 kW e cortador de 110 kW - distância de recalque de 1.500 a 1.700 m","m³",45.37]
[1917479,"Dragagem de cascalho com draga de sucção e recalque - bomba de 746 kW e cortador de 110 kW - distância de recalque de 1.700 a 1.900 m","m³",49.37]
[1917473,"Dragagem de cascalho com draga de sucção e recalque - bomba de 746 kW e cortador de 110 kW - distância de recalque de 500 a 700 m","m³",12.51]
[1917474,"Dragagem de cascalho com draga de sucção e recalque - bomba de 746 kW e cortador de 110 kW - distância de recalque de 700 a 900 m","m³",16.079999999999998]
[1917475,"Dragagem de cascalho com draga de sucção e recalque - bomba de 746 kW e cortador de 110 kW - distância de recalque de 900 a 1.100 m","m³",20.62]
[1917736,"Dragagem de cascalho com draga de sucção e recalque - bomba de 746 kW e cortador de 110 kW - distância de recalque de até 500 m","m³",9]
[1917067,"Dragagem de cascalho com draga hopper - capacidade da cisterna de 1.000 m³ - DMT de 1.500 a 1.800 m","m³",15.84]
[1917068,"Dragagem de cascalho com draga hopper - capacidade da cisterna de 1.000 m³ - DMT de 1.800 a 2.100 m","m³",16.149999999999999]
[1917069,"Dragagem de cascalho com draga hopper - capacidade da cisterna de 1.000 m³ - DMT de 2.100 a 2.400 m","m³",16.48]
[1917070,"Dragagem de cascalho com draga hopper - capacidade da cisterna de 1.000 m³ - DMT de 2.400 a 2.700 m","m³",16.82]
[1917071,"Dragagem de cascalho com draga hopper - capacidade da cisterna de 1.000 m³ - DMT de 2.700 a 3.000 m","m³",17.18]
[1917072,"Dragagem de cascalho com draga hopper - capacidade da cisterna de 1.000 m³ - DMT de 3.000 m","m³",17.37]
[1901572,"Dragagem de cascalho com draga hopper - capacidade da cisterna de 10.000 m³ - DMT de 1.500 a 1.800 m","m³",9.52]
[1901573,"Dragagem de cascalho com draga hopper - capacidade da cisterna de 10.000 m³ - DMT de 1.800 a 2.100 m","m³",9.6]
[1901574,"Dragagem de cascalho com draga hopper - capacidade da cisterna de 10.000 m³ - DMT de 2.100 a 2.400 m","m³",9.69]
[1901575,"Dragagem de cascalho com draga hopper - capacidade da cisterna de 10.000 m³ - DMT de 2.400 a 2.700 m","m³",9.7799999999999994]
[1901576,"Dragagem de cascalho com draga hopper - capacidade da cisterna de 10.000 m³ - DMT de 2.700 a 3.000 m","m³",9.8800000000000008]
[1901571,"Dragagem de cascalho com draga hopper - capacidade da cisterna de 10.000 m³ - DMT de 3.000 m","m³",9.93]
[1901578,"Dragagem de cascalho com draga hopper - capacidade da cisterna de 15.000 m³ - DMT de 1.500 a 1.800 m","m³",12.42]
[1901579,"Dragagem de cascalho com draga hopper - capacidade da cisterna de 15.000 m³ - DMT de 1.800 a 2.100 m","m³",12.5]
[1901580,"Dragagem de cascalho com draga hopper - capacidade da cisterna de 15.000 m³ - DMT de 2.100 a 2.400 m","m³",12.59]
[1901581,"Dragagem de cascalho com draga hopper - capacidade da cisterna de 15.000 m³ - DMT de 2.400 a 2.700 m","m³",12.67]
[1901582,"Dragagem de cascalho com draga hopper - capacidade da cisterna de 15.000 m³ - DMT de 2.700 a 3.000 m","m³",12.76]
[1901577,"Dragagem de cascalho com draga hopper - capacidade da cisterna de 15.000 m³ - DMT de 3.000 m","m³",12.81]
[1917103,"Dragagem de cascalho com draga hopper - capacidade da cisterna de 2.000 m³ - DMT de 1.500 a 1.800 m","m³",10.8]
[1917104,"Dragagem de cascalho com draga hopper - capacidade da cisterna de 2.000 m³ - DMT de 1.800 a 2.100 m","m³",10.99]
[1917105,"Dragagem de cascalho com draga hopper - capacidade da cisterna de 2.000 m³ - DMT de 2.100 a 2.400 m","m³",11.18]
[1917106,"Dragagem de cascalho com draga hopper - capacidade da cisterna de 2.000 m³ - DMT de 2.400 a 2.700 m","m³",11.39]
[1917107,"Dragagem de cascalho com draga hopper - capacidade da cisterna de 2.000 m³ - DMT de 2.700 a 3.000 m","m³",11.6]
[1917108,"Dragagem de cascalho com draga hopper - capacidade da cisterna de 2.000 m³ - DMT de 3.000 m","m³",11.72]
[1901583,"Dragagem de cascalho com draga hopper - capacidade da cisterna de 20.000 m³ - DMT de 1.500 a 1.800 m","m³",15.41]
[1901584,"Dragagem de cascalho com draga hopper - capacidade da cisterna de 20.000 m³ - DMT de 1.800 a 2.100 m","m³",15.49]
[1901585,"Dragagem de cascalho com draga hopper - capacidade da cisterna de 20.000 m³ - DMT de 2.100 a 2.400 m","m³",15.57]
[1901586,"Dragagem de cascalho com draga hopper - capacidade da cisterna de 20.000 m³ - DMT de 2.400 a 2.700 m","m³",15.65]
[1901587,"Dragagem de cascalho com draga hopper - capacidade da cisterna de 20.000 m³ - DMT de 2.700 a 3.000 m","m³",15.74]
[1901588,"Dragagem de cascalho com draga hopper - capacidade da cisterna de 20.000 m³ - DMT de 3.000 m","m³",15.79]
[1917139,"Dragagem de cascalho com draga hopper - capacidade da cisterna de 3.000 m³ - DMT de 1.500 a 1.800 m","m³",10.050000000000001]
[1917140,"Dragagem de cascalho com draga hopper - capacidade da cisterna de 3.000 m³ - DMT de 1.800 a 2.100 m","m³",10.199999999999999]
[1917141,"Dragagem de cascalho com draga hopper - capacidade da cisterna de 3.000 m³ - DMT de 2.100 a 2.400 m","m³",10.36]
[1917142,"Dragagem de cascalho com draga hopper - capacidade da cisterna de 3.000 m³ - DMT de 2.400 a 2.700 m","m³",10.52]
[1917143,"Dragagem de cascalho com draga hopper - capacidade da cisterna de 3.000 m³ - DMT de 2.700 a 3.000 m","m³",10.69]
[1917144,"Dragagem de cascalho com draga hopper - capacidade da cisterna de 3.000 m³ - DMT de 3.000 m","m³",10.79]
[1917175,"Dragagem de cascalho com draga hopper - capacidade da cisterna de 4.000 m³ - DMT de 1.500 a 1.800 m","m³",9.44]
[1917176,"Dragagem de cascalho com draga hopper - capacidade da cisterna de 4.000 m³ - DMT de 1.800 a 2.100 m","m³",9.58]
[1917177,"Dragagem de cascalho com draga hopper - capacidade da cisterna de 4.000 m³ - DMT de 2.100 a 2.400 m","m³",9.7100000000000009]
[1917178,"Dragagem de cascalho com draga hopper - capacidade da cisterna de 4.000 m³ - DMT de 2.400 a 2.700 m","m³",9.85]
[1917179,"Dragagem de cascalho com draga hopper - capacidade da cisterna de 4.000 m³ - DMT de 2.700 a 3.000 m","m³",10]
[1917180,"Dragagem de cascalho com draga hopper - capacidade da cisterna de 4.000 m³ - DMT de 3.000 m","m³",10.09]
[1917211,"Dragagem de cascalho com draga hopper - capacidade da cisterna de 5.000 m³ - DMT de 1.500 a 1.800 m","m³",10.33]
[1917212,"Dragagem de cascalho com draga hopper - capacidade da cisterna de 5.000 m³ - DMT de 1.800 a 2.100 m","m³",10.45]
[1917213,"Dragagem de cascalho com draga hopper - capacidade da cisterna de 5.000 m³ - DMT de 2.100 a 2.400 m","m³",10.57]
[1917214,"Dragagem de cascalho com draga hopper - capacidade da cisterna de 5.000 m³ - DMT de 2.400 a 2.700 m","m³",10.69]
[1917215,"Dragagem de cascalho com draga hopper - capacidade da cisterna de 5.000 m³ - DMT de 2.700 a 3.000 m","m³",10.83]
[1917216,"Dragagem de cascalho com draga hopper - capacidade da cisterna de 5.000 m³ - DMT de 3.000 m","m³",10.9]
[1917031,"Dragagem de cascalho com draga hopper - capacidade da cisterna de 750 m³ - DMT de 1.500 a 1.800 m","m³",21.72]
[1917032,"Dragagem de cascalho com draga hopper - capacidade da cisterna de 750 m³ - DMT de 1.800 a 2.100 m","m³",22.18]
[1917033,"Dragagem de cascalho com draga hopper - capacidade da cisterna de 750 m³ - DMT de 2.100 a 2.400 m","m³",22.65]
[1917034,"Dragagem de cascalho com draga hopper - capacidade da cisterna de 750 m³ - DMT de 2.400 a 2.700 m","m³",23.14]
[1917035,"Dragagem de cascalho com draga hopper - capacidade da cisterna de 750 m³ - DMT de 2.700 a 3.000 m","m³",23.66]
[1917036,"Dragagem de cascalho com draga hopper - capacidade da cisterna de 750 m³ - DMT de 3.000 m","m³",23.94]
[1917605,"Dragagem de cascalho fino com draga de sucção e recalque - bomba de 1.350 kW e cortador de 170 kW - distância de recalque de 1.100 a 1.300 m","m³",8.98]
[1917606,"Dragagem de cascalho fino com draga de sucção e recalque - bomba de 1.350 kW e cortador de 170 kW - distância de recalque de 1.300 a 1.500 m","m³",9.68]
[1917607,"Dragagem de cascalho fino com draga de sucção e recalque - bomba de 1.350 kW e cortador de 170 kW - distância de recalque de 1.500 a 1.700 m","m³",10.37]
[1917608,"Dragagem de cascalho fino com draga de sucção e recalque - bomba de 1.350 kW e cortador de 170 kW - distância de recalque de 1.700 a 1.900 m","m³",11.56]
[1917609,"Dragagem de cascalho fino com draga de sucção e recalque - bomba de 1.350 kW e cortador de 170 kW - distância de recalque de 1.900 a 2.100 m","m³",13.19]
[1917610,"Dragagem de cascalho fino com draga de sucção e recalque - bomba de 1.350 kW e cortador de 170 kW - distância de recalque de 2.100 a 2.300 m","m³",15.64]
[1917611,"Dragagem de cascalho fino com draga de sucção e recalque - bomba de 1.350 kW e cortador de 170 kW - distância de recalque de 2.300 a 2.500 m","m³",18.399999999999999]
[1917612,"Dragagem de cascalho fino com draga de sucção e recalque - bomba de 1.350 kW e cortador de 170 kW - distância de recalque de 2.500 a 2.700 m","m³",21.66]
[1917613,"Dragagem de cascalho fino com draga de sucção e recalque - bomba de 1.350 kW e cortador de 170 kW - distância de recalque de 2.700 a 2.900 m","m³",25.28]
[1917614,"Dragagem de cascalho fino com draga de sucção e recalque - bomba de 1.350 kW e cortador de 170 kW - distância de recalque de 2.900 a 3.100 m","m³",29.27]
[1917615,"Dragagem de cascalho fino com draga de sucção e recalque - bomba de 1.350 kW e cortador de 170 kW - distância de recalque de 3.100 a 3.300 m","m³",33.79]
[1917616,"Dragagem de cascalho fino com draga de sucção e recalque - bomba de 1.350 kW e cortador de 170 kW - distância de recalque de 3.300 a 3.500 m","m³",39.229999999999997]
[1917617,"Dragagem de cascalho fino com draga de sucção e recalque - bomba de 1.350 kW e cortador de 170 kW - distância de recalque de 3.500 a 3.700 m","m³",44.04]
[1917618,"Dragagem de cascalho fino com draga de sucção e recalque - bomba de 1.350 kW e cortador de 170 kW - distância de recalque de 3.700 a 3.900 m","m³",50.28]
[1917619,"Dragagem de cascalho fino com draga de sucção e recalque - bomba de 1.350 kW e cortador de 170 kW - distância de recalque de 3.900 a 4.100 m","m³",54.55]
[1917602,"Dragagem de cascalho fino com draga de sucção e recalque - bomba de 1.350 kW e cortador de 170 kW - distância de recalque de 500 a 700 m","m³",6.62]
[1917603,"Dragagem de cascalho fino com draga de sucção e recalque - bomba de 1.350 kW e cortador de 170 kW - distância de recalque de 700 a 900 m","m³",7.35]
[1917604,"Dragagem de cascalho fino com draga de sucção e recalque - bomba de 1.350 kW e cortador de 170 kW - distância de recalque de 900 a 1.100 m","m³",7.98]
[1917740,"Dragagem de cascalho fino com draga de sucção e recalque - bomba de 1.350 kW e cortador de 170 kW - distância de recalque de até 500 m","m³",6.37]
[1917263,"Dragagem de cascalho fino com draga de sucção e recalque - bomba de 294 kW e cortador de 30 kW - distância de recalque de 1.100 a 1.300 m","m³",11.3]
[1917264,"Dragagem de cascalho fino com draga de sucção e recalque - bomba de 294 kW e cortador de 30 kW - distância de recalque de 1.300 a 1.500 m","m³",14.03]
[1917265,"Dragagem de cascalho fino com draga de sucção e recalque - bomba de 294 kW e cortador de 30 kW - distância de recalque de 1.500 a 1.700 m","m³",18.2]
[1917260,"Dragagem de cascalho fino com draga de sucção e recalque - bomba de 294 kW e cortador de 30 kW - distância de recalque de 500 a 700 m","m³",6.86]
[1917261,"Dragagem de cascalho fino com draga de sucção e recalque - bomba de 294 kW e cortador de 30 kW - distância de recalque de 700 a 900 m","m³",7.64]
[1917262,"Dragagem de cascalho fino com draga de sucção e recalque - bomba de 294 kW e cortador de 30 kW - distância de recalque de 900 a 1.100 m","m³",9.0500000000000007]
[1917727,"Dragagem de cascalho fino com draga de sucção e recalque - bomba de 294 kW e cortador de 30 kW - distância de recalque de até 500 m","m³",6.63]
[1917351,"Dragagem de cascalho fino com draga de sucção e recalque - bomba de 483 kW e cortador de 55 kW - distância de recalque de 1.100 a 1.300 m","m³",9.91]
[1917352,"Dragagem de cascalho fino com draga de sucção e recalque - bomba de 483 kW e cortador de 55 kW - distância de recalque de 1.300 a 1.500 m","m³",13.11]
[1917353,"Dragagem de cascalho fino com draga de sucção e recalque - bomba de 483 kW e cortador de 55 kW - distância de recalque de 1.500 a 1.700 m","m³",16.87]
[1917354,"Dragagem de cascalho fino com draga de sucção e recalque - bomba de 483 kW e cortador de 55 kW - distância de recalque de 1.700 a 1.900 m","m³",21.96]
[1917355,"Dragagem de cascalho fino com draga de sucção e recalque - bomba de 483 kW e cortador de 55 kW - distância de recalque de 1.900 a 2.100 m","m³",28.34]
[1917356,"Dragagem de cascalho fino com draga de sucção e recalque - bomba de 483 kW e cortador de 55 kW - distância de recalque de 2.100 a 2.300 m","m³",34.78]
[1917357,"Dragagem de cascalho fino com draga de sucção e recalque - bomba de 483 kW e cortador de 55 kW - distância de recalque de 2.300 a 2.500 m","m³",39.78]
[1917348,"Dragagem de cascalho fino com draga de sucção e recalque - bomba de 483 kW e cortador de 55 kW - distância de recalque de 500 a 700 m","m³",6]
[1917349,"Dragagem de cascalho fino com draga de sucção e recalque - bomba de 483 kW e cortador de 55 kW - distância de recalque de 700 a 900 m","m³",6.49]
[1917350,"Dragagem de cascalho fino com draga de sucção e recalque - bomba de 483 kW e cortador de 55 kW - distância de recalque de 900 a 1.100 m","m³",7.37]
[1917731,"Dragagem de cascalho fino com draga de sucção e recalque - bomba de 483 kW e cortador de 55 kW - distância de recalque de até 500 m","m³",5.87]
[1917463,"Dragagem de cascalho fino com draga de sucção e recalque - bomba de 746 kW e cortador de 110 kW - distância de recalque de 1.100 a 1.300 m","m³",10.15]
[1917464,"Dragagem de cascalho fino com draga de sucção e recalque - bomba de 746 kW e cortador de 110 kW - distância de recalque de 1.300 a 1.500 m","m³",11.75]
[1917465,"Dragagem de cascalho fino com draga de sucção e recalque - bomba de 746 kW e cortador de 110 kW - distância de recalque de 1.500 a 1.700 m","m³",13.55]
[1917466,"Dragagem de cascalho fino com draga de sucção e recalque - bomba de 746 kW e cortador de 110 kW - distância de recalque de 1.700 a 1.900 m","m³",16.14]
[1917467,"Dragagem de cascalho fino com draga de sucção e recalque - bomba de 746 kW e cortador de 110 kW - distância de recalque de 1.900 a 2.100 m","m³",20.03]
[1917468,"Dragagem de cascalho fino com draga de sucção e recalque - bomba de 746 kW e cortador de 110 kW - distância de recalque de 2.100 a 2.300 m","m³",24.48]
[1917469,"Dragagem de cascalho fino com draga de sucção e recalque - bomba de 746 kW e cortador de 110 kW - distância de recalque de 2.300 a 2.500 m","m³",29.38]
[1917470,"Dragagem de cascalho fino com draga de sucção e recalque - bomba de 746 kW e cortador de 110 kW - distância de recalque de 2.500 a 2.700 m","m³",35.11]
[1917471,"Dragagem de cascalho fino com draga de sucção e recalque - bomba de 746 kW e cortador de 110 kW - distância de recalque de 2.700 a 2.900 m","m³",41.9]
[1917472,"Dragagem de cascalho fino com draga de sucção e recalque - bomba de 746 kW e cortador de 110 kW - distância de recalque de 2.900 a 3.100 m","m³",44.86]
[1917460,"Dragagem de cascalho fino com draga de sucção e recalque - bomba de 746 kW e cortador de 110 kW - distância de recalque de 500 a 700 m","m³",5.9]
[1917461,"Dragagem de cascalho fino com draga de sucção e recalque - bomba de 746 kW e cortador de 110 kW - distância de recalque de 700 a 900 m","m³",6.99]
[1917462,"Dragagem de cascalho fino com draga de sucção e recalque - bomba de 746 kW e cortador de 110 kW - distância de recalque de 900 a 1.100 m","m³",8.31]
[1917735,"Dragagem de cascalho fino com draga de sucção e recalque - bomba de 746 kW e cortador de 110 kW - distância de recalque de até 500 m","m³",5.25]
[1917061,"Dragagem de cascalho fino com draga hopper - capacidade da cisterna de 1.000 m³ - DMT de 1.500 a 1.800 m","m³",16.010000000000002]
[1917062,"Dragagem de cascalho fino com draga hopper - capacidade da cisterna de 1.000 m³ - DMT de 1.800 a 2.100 m","m³",16.329999999999998]
[1917063,"Dragagem de cascalho fino com draga hopper - capacidade da cisterna de 1.000 m³ - DMT de 2.100 a 2.400 m","m³",16.64]
[1917064,"Dragagem de cascalho fino com draga hopper - capacidade da cisterna de 1.000 m³ - DMT de 2.400 a 2.700 m","m³",16.98]
[1917065,"Dragagem de cascalho fino com draga hopper - capacidade da cisterna de 1.000 m³ - DMT de 2.700 a 3.000 m","m³",17.329999999999998]
[1917066,"Dragagem de cascalho fino com draga hopper - capacidade da cisterna de 1.000 m³ - DMT de 3.000 m","m³",17.52]
[1901590,"Dragagem de cascalho fino com draga hopper - capacidade da cisterna de 10.000 m³ - DMT de 1.500 a 1.800 m","m³",9.69]
[1901591,"Dragagem de cascalho fino com draga hopper - capacidade da cisterna de 10.000 m³ - DMT de 1.800 a 2.100 m","m³",9.77]
[1901592,"Dragagem de cascalho fino com draga hopper - capacidade da cisterna de 10.000 m³ - DMT de 2.100 a 2.400 m","m³",9.86]
[1901593,"Dragagem de cascalho fino com draga hopper - capacidade da cisterna de 10.000 m³ - DMT de 2.400 a 2.700 m","m³",9.9499999999999993]
[1901594,"Dragagem de cascalho fino com draga hopper - capacidade da cisterna de 10.000 m³ - DMT de 2.700 a 3.000 m","m³",10.050000000000001]
[1901589,"Dragagem de cascalho fino com draga hopper - capacidade da cisterna de 10.000 m³ - DMT de 3.000 m","m³",10.1]
[1901596,"Dragagem de cascalho fino com draga hopper - capacidade da cisterna de 15.000 m³ - DMT de 1.500 a 1.800 m","m³",12.69]
[1901597,"Dragagem de cascalho fino com draga hopper - capacidade da cisterna de 15.000 m³ - DMT de 1.800 a 2.100 m","m³",12.77]
[1901598,"Dragagem de cascalho fino com draga hopper - capacidade da cisterna de 15.000 m³ - DMT de 2.100 a 2.400 m","m³",12.85]
[1901599,"Dragagem de cascalho fino com draga hopper - capacidade da cisterna de 15.000 m³ - DMT de 2.400 a 2.700 m","m³",12.93]
[1901600,"Dragagem de cascalho fino com draga hopper - capacidade da cisterna de 15.000 m³ - DMT de 2.700 a 3.000 m","m³",13.02]
[1901595,"Dragagem de cascalho fino com draga hopper - capacidade da cisterna de 15.000 m³ - DMT de 3.000 m","m³",13.07]
[1917097,"Dragagem de cascalho fino com draga hopper - capacidade da cisterna de 2.000 m³ - DMT de 1.500 a 1.800 m","m³",10.93]
[1917098,"Dragagem de cascalho fino com draga hopper - capacidade da cisterna de 2.000 m³ - DMT de 1.800 a 2.100 m","m³",11.11]
[1917099,"Dragagem de cascalho fino com draga hopper - capacidade da cisterna de 2.000 m³ - DMT de 2.100 a 2.400 m","m³",11.31]
[1917100,"Dragagem de cascalho fino com draga hopper - capacidade da cisterna de 2.000 m³ - DMT de 2.400 a 2.700 m","m³",11.51]
[1917101,"Dragagem de cascalho fino com draga hopper - capacidade da cisterna de 2.000 m³ - DMT de 2.700 a 3.000 m","m³",11.72]
[1917102,"Dragagem de cascalho fino com draga hopper - capacidade da cisterna de 2.000 m³ - DMT de 3.000 m","m³",11.83]
[1901601,"Dragagem de cascalho fino com draga hopper - capacidade da cisterna de 20.000 m³ - DMT de 1.500 a 1.800 m","m³",15.77]
[1901602,"Dragagem de cascalho fino com draga hopper - capacidade da cisterna de 20.000 m³ - DMT de 1.800 a 2.100 m","m³",15.84]
[1901603,"Dragagem de cascalho fino com draga hopper - capacidade da cisterna de 20.000 m³ - DMT de 2.100 a 2.400 m","m³",15.92]
[1901604,"Dragagem de cascalho fino com draga hopper - capacidade da cisterna de 20.000 m³ - DMT de 2.400 a 2.700 m","m³",16]
[1901605,"Dragagem de cascalho fino com draga hopper - capacidade da cisterna de 20.000 m³ - DMT de 2.700 a 3.000 m","m³",16.09]
[1901606,"Dragagem de cascalho fino com draga hopper - capacidade da cisterna de 20.000 m³ - DMT de 3.000 m","m³",16.14]
[1917133,"Dragagem de cascalho fino com draga hopper - capacidade da cisterna de 3.000 m³ - DMT de 1.500 a 1.800 m","m³",10.19]
[1917134,"Dragagem de cascalho fino com draga hopper - capacidade da cisterna de 3.000 m³ - DMT de 1.800 a 2.100 m","m³",10.34]
[1917135,"Dragagem de cascalho fino com draga hopper - capacidade da cisterna de 3.000 m³ - DMT de 2.100 a 2.400 m","m³",10.49]
[1917136,"Dragagem de cascalho fino com draga hopper - capacidade da cisterna de 3.000 m³ - DMT de 2.400 a 2.700 m","m³",10.65]
[1917137,"Dragagem de cascalho fino com draga hopper - capacidade da cisterna de 3.000 m³ - DMT de 2.700 a 3.000 m","m³",10.82]
[1917138,"Dragagem de cascalho fino com draga hopper - capacidade da cisterna de 3.000 m³ - DMT de 3.000 m","m³",10.91]
[1917169,"Dragagem de cascalho fino com draga hopper - capacidade da cisterna de 4.000 m³ - DMT de 1.500 a 1.800 m","m³",9.58]
[1917170,"Dragagem de cascalho fino com draga hopper - capacidade da cisterna de 4.000 m³ - DMT de 1.800 a 2.100 m","m³",9.7100000000000009]
[1917171,"Dragagem de cascalho fino com draga hopper - capacidade da cisterna de 4.000 m³ - DMT de 2.100 a 2.400 m","m³",9.84]
[1917172,"Dragagem de cascalho fino com draga hopper - capacidade da cisterna de 4.000 m³ - DMT de 2.400 a 2.700 m","m³",9.98]
[1917173,"Dragagem de cascalho fino com draga hopper - capacidade da cisterna de 4.000 m³ - DMT de 2.700 a 3.000 m","m³",10.130000000000001]
[1917174,"Dragagem de cascalho fino com draga hopper - capacidade da cisterna de 4.000 m³ - DMT de 3.000 m","m³",10.210000000000001]
[1917205,"Dragagem de cascalho fino com draga hopper - capacidade da cisterna de 5.000 m³ - DMT de 1.500 a 1.800 m","m³",10.51]
[1917206,"Dragagem de cascalho fino com draga hopper - capacidade da cisterna de 5.000 m³ - DMT de 1.800 a 2.100 m","m³",10.62]
[1917207,"Dragagem de cascalho fino com draga hopper - capacidade da cisterna de 5.000 m³ - DMT de 2.100 a 2.400 m","m³",10.74]
[1917208,"Dragagem de cascalho fino com draga hopper - capacidade da cisterna de 5.000 m³ - DMT de 2.400 a 2.700 m","m³",10.86]
[1917209,"Dragagem de cascalho fino com draga hopper - capacidade da cisterna de 5.000 m³ - DMT de 2.700 a 3.000 m","m³",10.99]
[1917210,"Dragagem de cascalho fino com draga hopper - capacidade da cisterna de 5.000 m³ - DMT de 3.000 m","m³",11.06]
[1917025,"Dragagem de cascalho fino com draga hopper - capacidade da cisterna de 750 m³ - DMT de 1.500 a 1.800 m","m³",21.99]
[1917026,"Dragagem de cascalho fino com draga hopper - capacidade da cisterna de 750 m³ - DMT de 1.800 a 2.100 m","m³",22.44]
[1917027,"Dragagem de cascalho fino com draga hopper - capacidade da cisterna de 750 m³ - DMT de 2.100 a 2.400 m","m³",22.9]
[1917028,"Dragagem de cascalho fino com draga hopper - capacidade da cisterna de 750 m³ - DMT de 2.400 a 2.700 m","m³",23.38]
[1917029,"Dragagem de cascalho fino com draga hopper - capacidade da cisterna de 750 m³ - DMT de 2.700 a 3.000 m","m³",23.89]
[1917030,"Dragagem de cascalho fino com draga hopper - capacidade da cisterna de 750 m³ - DMT de 3.000 m","m³",24.16]
[1917629,"Dragagem de material de 1ª categoria com clamshell sobre pontão flutuante - capacidade da caçamba de 4,6 m³ - transporte com batelão sem propulsão com capacidade de 100 t - DMT 0 a 300 m","m³",14.1]
[1917633,"Dragagem de material de 1ª categoria com clamshell sobre pontão flutuante - capacidade da caçamba de 4,6 m³ - transporte com batelão sem propulsão com capacidade de 100 t - DMT 1.200 a 1.500 m","m³",15.8]
[1917634,"Dragagem de material de 1ª categoria com clamshell sobre pontão flutuante - capacidade da caçamba de 4,6 m³ - transporte com batelão sem propulsão com capacidade de 100 t - DMT 1.500 a 1.800 m","m³",16.100000000000001]
[1917635,"Dragagem de material de 1ª categoria com clamshell sobre pontão flutuante - capacidade da caçamba de 4,6 m³ - transporte com batelão sem propulsão com capacidade de 100 t - DMT 1.800 a 2.100 m","m³",16.41]
[1917636,"Dragagem de material de 1ª categoria com clamshell sobre pontão flutuante - capacidade da caçamba de 4,6 m³ - transporte com batelão sem propulsão com capacidade de 100 t - DMT 2.100 a 2.400 m","m³",18.309999999999999]
[1917637,"Dragagem de material de 1ª categoria com clamshell sobre pontão flutuante - capacidade da caçamba de 4,6 m³ - transporte com batelão sem propulsão com capacidade de 100 t - DMT 2.400 a 2.700 m","m³",18.72]
[1917638,"Dragagem de material de 1ª categoria com clamshell sobre pontão flutuante - capacidade da caçamba de 4,6 m³ - transporte com batelão sem propulsão com capacidade de 100 t - DMT 2.700 a 3.000 m","m³",19.13]
[1917630,"Dragagem de material de 1ª categoria com clamshell sobre pontão flutuante - capacidade da caçamba de 4,6 m³ - transporte com batelão sem propulsão com capacidade de 100 t - DMT 300 a 600 m","m³",14.64]
[1917631,"Dragagem de material de 1ª categoria com clamshell sobre pontão flutuante - capacidade da caçamba de 4,6 m³ - transporte com batelão sem propulsão com capacidade de 100 t - DMT 600 a 900 m","m³",15.1]
[1917632,"Dragagem de material de 1ª categoria com clamshell sobre pontão flutuante - capacidade da caçamba de 4,6 m³ - transporte com batelão sem propulsão com capacidade de 100 t - DMT 900 a 1.200 m","m³",15.41]
[1917639,"Dragagem de material de 1ª categoria com clamshell sobre pontão flutuante - capacidade da caçamba de 4,6 m³ - transporte com batelão sem propulsão com capacidade de 100 t - DMT de 3.000 m","m³",19.34]
[1917646,"Dragagem de material de 1ª categoria com dragline - caçamba de 2,1 m³ - caminho de serviço em leito natural - DMT 1.000 a 1.200 m - com caminhão de 14 m³ e carregadeira","m³",19.64]
[1917647,"Dragagem de material de 1ª categoria com dragline - caçamba de 2,1 m³ - caminho de serviço em leito natural - DMT 1.200 a 1.400 m - com caminhão de 14 m³ e carregadeira","m³",19.93]
[1917648,"Dragagem de material de 1ª categoria com dragline - caçamba de 2,1 m³ - caminho de serviço em leito natural - DMT 1.400 a 1.600 m - com caminhão de 14 m³ e carregadeira","m³",20.16]
[1917649,"Dragagem de material de 1ª categoria com dragline - caçamba de 2,1 m³ - caminho de serviço em leito natural - DMT 1.600 a 1.800 m - com caminhão de 14 m³ e carregadeira","m³",20.45]
[1917650,"Dragagem de material de 1ª categoria com dragline - caçamba de 2,1 m³ - caminho de serviço em leito natural - DMT 1.800 a 2.000 m - com caminhão de 14 m³ e carregadeira","m³",20.75]
[1917651,"Dragagem de material de 1ª categoria com dragline - caçamba de 2,1 m³ - caminho de serviço em leito natural - DMT 2.000 a 2.500 m - com caminhão de 14 m³ e carregadeira","m³",21.19]
[1917652,"Dragagem de material de 1ª categoria com dragline - caçamba de 2,1 m³ - caminho de serviço em leito natural - DMT 2.500 a 3.000 m - com caminhão de 14 m³ e carregadeira","m³",23.5]
[1917642,"Dragagem de material de 1ª categoria com dragline - caçamba de 2,1 m³ - caminho de serviço em leito natural - DMT 200 a 400 m - com caminhão de 14 m³ e carregadeira","m³",18.38]
[1917643,"Dragagem de material de 1ª categoria com dragline - caçamba de 2,1 m³ - caminho de serviço em leito natural - DMT 400 a 600 m - com caminhão de 14 m³ e carregadeira","m³",18.75]
[1917641,"Dragagem de material de 1ª categoria com dragline - caçamba de 2,1 m³ - caminho de serviço em leito natural - DMT 50 a 200 m - com caminhão de 14 m³ e carregadeira","m³",16.440000000000001]
[1917644,"Dragagem de material de 1ª categoria com dragline - caçamba de 2,1 m³ - caminho de serviço em leito natural - DMT 600 a 800 m - com caminhão de 14 m³ e carregadeira","m³",19.12]
[1917645,"Dragagem de material de 1ª categoria com dragline - caçamba de 2,1 m³ - caminho de serviço em leito natural - DMT 800 a 1.000 m - com caminhão de 14 m³ e carregadeira","m³",19.34]
[1917653,"Dragagem de material de 1ª categoria com dragline - caçamba de 2,1 m³ - caminho de serviço em leito natural - DMT de 3.000 m - com caminhão de 14 m³ e carregadeira","m³",23.83]
[1917659,"Dragagem de material de 1ª categoria com dragline - caçamba de 2,1 m³ - caminho de serviço em revestimento primário - DMT 1.000 a 1.200 m - com caminhão de 14 m³ e carregadeira","m³",18.82]
[1917660,"Dragagem de material de 1ª categoria com dragline - caçamba de 2,1 m³ - caminho de serviço em revestimento primário - DMT 1.200 a 1.400 m - com caminhão de 14 m³ e carregadeira","m³",18.97]
[1917661,"Dragagem de material de 1ª categoria com dragline - caçamba de 2,1 m³ - caminho de serviço em revestimento primário - DMT 1.400 a 1.600 m - com caminhão de 14 m³ e carregadeira","m³",19.12]
[1917662,"Dragagem de material de 1ª categoria com dragline - caçamba de 2,1 m³ - caminho de serviço em revestimento primário - DMT 1.600 a 1.800 m - com caminhão de 14 m³ e carregadeira","m³",19.27]
[1917663,"Dragagem de material de 1ª categoria com dragline - caçamba de 2,1 m³ - caminho de serviço em revestimento primário - DMT 1.800 a 2.000 m - com caminhão de 14 m³ e carregadeira","m³",19.489999999999998]
[1917664,"Dragagem de material de 1ª categoria com dragline - caçamba de 2,1 m³ - caminho de serviço em revestimento primário - DMT 2.000 a 2.500 m - com caminhão de 14 m³ e carregadeira","m³",19.78]
[1917665,"Dragagem de material de 1ª categoria com dragline - caçamba de 2,1 m³ - caminho de serviço em revestimento primário - DMT 2.500 a 3.000 m - com caminhão de 14 m³ e carregadeira","m³",20.23]
[1917655,"Dragagem de material de 1ª categoria com dragline - caçamba de 2,1 m³ - caminho de serviço em revestimento primário - DMT 200 a 400 m - com caminhão de 14 m³ e carregadeira","m³",16.440000000000001]
[1917656,"Dragagem de material de 1ª categoria com dragline - caçamba de 2,1 m³ - caminho de serviço em revestimento primário - DMT 400 a 600 m - com caminhão de 14 m³ e carregadeira","m³",18.23]
[1917654,"Dragagem de material de 1ª categoria com dragline - caçamba de 2,1 m³ - caminho de serviço em revestimento primário - DMT 50 a 200 m - com caminhão de 14 m³ e carregadeira","m³",16.190000000000001]
[1917657,"Dragagem de material de 1ª categoria com dragline - caçamba de 2,1 m³ - caminho de serviço em revestimento primário - DMT 600 a 800 m - com caminhão de 14 m³ e carregadeira","m³",18.45]
[1917658,"Dragagem de material de 1ª categoria com dragline - caçamba de 2,1 m³ - caminho de serviço em revestimento primário - DMT 800 a 1.000 m - com caminhão de 14 m³ e carregadeira","m³",18.600000000000001]
[1917666,"Dragagem de material de 1ª categoria com dragline - caçamba de 2,1 m³ - caminho de serviço em revestimento primário - DMT de 3.000 m - com caminhão de 14 m³ e carregadeira","m³",20.53]
[1917672,"Dragagem de material de 1ª categoria com dragline - caçamba de 2,1 m³ - caminho de serviço pavimentado - DMT 1.000 a 1.200 m - com caminhão de 14 m³ e carregadeira","m³",18.75]
[1917673,"Dragagem de material de 1ª categoria com dragline - caçamba de 2,1 m³ - caminho de serviço pavimentado - DMT 1.200 a 1.400 m - com caminhão de 14 m³ e carregadeira","m³",18.97]
[1917674,"Dragagem de material de 1ª categoria com dragline - caçamba de 2,1 m³ - caminho de serviço pavimentado - DMT 1.400 a 1.600 m - com caminhão de 14 m³ e carregadeira","m³",19.12]
[1917675,"Dragagem de material de 1ª categoria com dragline - caçamba de 2,1 m³ - caminho de serviço pavimentado - DMT 1.600 a 1.800 m - com caminhão de 14 m³ e carregadeira","m³",19.27]
[1917676,"Dragagem de material de 1ª categoria com dragline - caçamba de 2,1 m³ - caminho de serviço pavimentado - DMT 1.800 a 2.000 m - com caminhão de 14 m³ e carregadeira","m³",19.41]
[1917677,"Dragagem de material de 1ª categoria com dragline - caçamba de 2,1 m³ - caminho de serviço pavimentado - DMT 2.000 a 2.500 m - com caminhão de 14 m³ e carregadeira","m³",19.71]
[1917678,"Dragagem de material de 1ª categoria com dragline - caçamba de 2,1 m³ - caminho de serviço pavimentado - DMT 2.500 a 3.000 m - com caminhão de 14 m³ e carregadeira","m³",20.16]
[1917668,"Dragagem de material de 1ª categoria com dragline - caçamba de 2,1 m³ - caminho de serviço pavimentado - DMT 200 a 400 m - com caminhão de 14 m³ e carregadeira","m³",18.079999999999998]
[1917669,"Dragagem de material de 1ª categoria com dragline - caçamba de 2,1 m³ - caminho de serviço pavimentado - DMT 400 a 600 m - com caminhão de 14 m³ e carregadeira","m³",18.23]
[1917667,"Dragagem de material de 1ª categoria com dragline - caçamba de 2,1 m³ - caminho de serviço pavimentado - DMT 50 a 200 m - com caminhão de 14 m³ e carregadeira","m³",16.260000000000002]
[1917670,"Dragagem de material de 1ª categoria com dragline - caçamba de 2,1 m³ - caminho de serviço pavimentado - DMT 600 a 800 m - com caminhão de 14 m³ e carregadeira","m³",18.45]
[1917671,"Dragagem de material de 1ª categoria com dragline - caçamba de 2,1 m³ - caminho de serviço pavimentado - DMT 800 a 1.000 m - com caminhão de 14 m³ e carregadeira","m³",18.600000000000001]
[1917679,"Dragagem de material de 1ª categoria com dragline - caçamba de 2,1 m³ - caminho de serviço pavimentado - DMT de 3.000 m - com caminhão de 14 m³ e carregadeira","m³",20.38]
[1917640,"Dragagem de material de 1ª categoria com dragline - caçamba de 2,1 m³ - DMT até 50 m","m³",8.65]
[1917686,"Dragagem de material de 1ª categoria com escavadeira hidráulica - capacidade de caçamba de 1,56 m³ - caminho de serviço em leito natural - DMT 1.000 a 1.200 m","m³",10.49]
[1917687,"Dragagem de material de 1ª categoria com escavadeira hidráulica - capacidade de caçamba de 1,56 m³ - caminho de serviço em leito natural - DMT 1.200 a 1.400 m","m³",10.78]
[1917688,"Dragagem de material de 1ª categoria com escavadeira hidráulica - capacidade de caçamba de 1,56 m³ - caminho de serviço em leito natural - DMT 1.400 a 1.600 m","m³",11.81]
[1917689,"Dragagem de material de 1ª categoria com escavadeira hidráulica - capacidade de caçamba de 1,56 m³ - caminho de serviço em leito natural - DMT 1.600 a 1.800 m","m³",12.12]
[1917690,"Dragagem de material de 1ª categoria com escavadeira hidráulica - capacidade de caçamba de 1,56 m³ - caminho de serviço em leito natural - DMT 1.800 a 2.000 m","m³",12.35]
[1917691,"Dragagem de material de 1ª categoria com escavadeira hidráulica - capacidade de caçamba de 1,56 m³ - caminho de serviço em leito natural - DMT 2.000 a 2.500 m","m³",12.82]
[1917692,"Dragagem de material de 1ª categoria com escavadeira hidráulica - capacidade de caçamba de 1,56 m³ - caminho de serviço em leito natural - DMT 2.500 a 3.000 m","m³",14.41]
[1917682,"Dragagem de material de 1ª categoria com escavadeira hidráulica - capacidade de caçamba de 1,56 m³ - caminho de serviço em leito natural - DMT 200 a 400 m","m³",9.27]
[1917693,"Dragagem de material de 1ª categoria com escavadeira hidráulica - capacidade de caçamba de 1,56 m³ - caminho de serviço em leito natural - DMT 3.000 m","m³",14.8]
[1917683,"Dragagem de material de 1ª categoria com escavadeira hidráulica - capacidade de caçamba de 1,56 m³ - caminho de serviço em leito natural - DMT 400 a 600 m","m³",9.61]
[1917681,"Dragagem de material de 1ª categoria com escavadeira hidráulica - capacidade de caçamba de 1,56 m³ - caminho de serviço em leito natural - DMT 50 a 200 m","m³",8]
[1917684,"Dragagem de material de 1ª categoria com escavadeira hidráulica - capacidade de caçamba de 1,56 m³ - caminho de serviço em leito natural - DMT 600 a 800 m","m³",9.91]
[1917685,"Dragagem de material de 1ª categoria com escavadeira hidráulica - capacidade de caçamba de 1,56 m³ - caminho de serviço em leito natural - DMT 800 a 1.000 m","m³",10.199999999999999]
[1917699,"Dragagem de material de 1ª categoria com escavadeira hidráulica - capacidade de caçamba de 1,56 m³ - caminho de serviço em revestimento primário - DMT 1.000 a 1.200 m","m³",9.61]
[1917700,"Dragagem de material de 1ª categoria com escavadeira hidráulica - capacidade de caçamba de 1,56 m³ - caminho de serviço em revestimento primário - DMT 1.200 a 1.400 m","m³",9.7899999999999991]
[1917701,"Dragagem de material de 1ª categoria com escavadeira hidráulica - capacidade de caçamba de 1,56 m³ - caminho de serviço em revestimento primário - DMT 1.400 a 1.600 m","m³",9.9600000000000009]
[1917702,"Dragagem de material de 1ª categoria com escavadeira hidráulica - capacidade de caçamba de 1,56 m³ - caminho de serviço em revestimento primário - DMT 1.600 a 1.800 m","m³",10.14]
[1917703,"Dragagem de material de 1ª categoria com escavadeira hidráulica - capacidade de caçamba de 1,56 m³ - caminho de serviço em revestimento primário - DMT 1.800 a 2.000 m","m³",10.31]
[1917704,"Dragagem de material de 1ª categoria com escavadeira hidráulica - capacidade de caçamba de 1,56 m³ - caminho de serviço em revestimento primário - DMT 2.000 a 2.500 m","m³",10.6]
[1917705,"Dragagem de material de 1ª categoria com escavadeira hidráulica - capacidade de caçamba de 1,56 m³ - caminho de serviço em revestimento primário - DMT 2.500 a 3.000 m","m³",11.89]
[1917695,"Dragagem de material de 1ª categoria com escavadeira hidráulica - capacidade de caçamba de 1,56 m³ - caminho de serviço em revestimento primário - DMT 200 a 400 m","m³",8]
[1917706,"Dragagem de material de 1ª categoria com escavadeira hidráulica - capacidade de caçamba de 1,56 m³ - caminho de serviço em revestimento primário - DMT 3.000 m","m³",12.2]
[1917696,"Dragagem de material de 1ª categoria com escavadeira hidráulica - capacidade de caçamba de 1,56 m³ - caminho de serviço em revestimento primário - DMT 400 a 600 m","m³",9.0299999999999994]
[1917694,"Dragagem de material de 1ª categoria com escavadeira hidráulica - capacidade de caçamba de 1,56 m³ - caminho de serviço em revestimento primário - DMT 50 a 200 m","m³",7.73]
[1917697,"Dragagem de material de 1ª categoria com escavadeira hidráulica - capacidade de caçamba de 1,56 m³ - caminho de serviço em revestimento primário - DMT 600 a 800 m","m³",9.27]
[1917698,"Dragagem de material de 1ª categoria com escavadeira hidráulica - capacidade de caçamba de 1,56 m³ - caminho de serviço em revestimento primário - DMT 800 a 1.000 m","m³",9.44]
[1917712,"Dragagem de material de 1ª categoria com escavadeira hidráulica - capacidade de caçamba de 1,56 m³ - caminho de serviço pavimentado - DMT 1.000 a 1.200 m","m³",9.61]
[1917713,"Dragagem de material de 1ª categoria com escavadeira hidráulica - capacidade de caçamba de 1,56 m³ - caminho de serviço pavimentado - DMT 1.200 a 1.400 m","m³",9.7899999999999991]
[1917714,"Dragagem de material de 1ª categoria com escavadeira hidráulica - capacidade de caçamba de 1,56 m³ - caminho de serviço pavimentado - DMT 1.400 a 1.600 m","m³",9.9600000000000009]
[1917715,"Dragagem de material de 1ª categoria com escavadeira hidráulica - capacidade de caçamba de 1,56 m³ - caminho de serviço pavimentado - DMT 1.600 a 1.800 m","m³",10.08]
[1917716,"Dragagem de material de 1ª categoria com escavadeira hidráulica - capacidade de caçamba de 1,56 m³ - caminho de serviço pavimentado - DMT 1.800 a 2.000 m","m³",10.25]
[1917717,"Dragagem de material de 1ª categoria com escavadeira hidráulica - capacidade de caçamba de 1,56 m³ - caminho de serviço pavimentado - DMT 2.000 a 2.500 m","m³",10.55]
[1917718,"Dragagem de material de 1ª categoria com escavadeira hidráulica - capacidade de caçamba de 1,56 m³ - caminho de serviço pavimentado - DMT 2.500 a 3.000 m","m³",11.73]
[1917708,"Dragagem de material de 1ª categoria com escavadeira hidráulica - capacidade de caçamba de 1,56 m³ - caminho de serviço pavimentado - DMT 200 a 400 m","m³",8.86]
[1917719,"Dragagem de material de 1ª categoria com escavadeira hidráulica - capacidade de caçamba de 1,56 m³ - caminho de serviço pavimentado - DMT 3.000 m","m³",12.04]
[1917709,"Dragagem de material de 1ª categoria com escavadeira hidráulica - capacidade de caçamba de 1,56 m³ - caminho de serviço pavimentado - DMT 400 a 600 m","m³",9.09]
[1917707,"Dragagem de material de 1ª categoria com escavadeira hidráulica - capacidade de caçamba de 1,56 m³ - caminho de serviço pavimentado - DMT 50 a 200 m","m³",7.85]
[1917710,"Dragagem de material de 1ª categoria com escavadeira hidráulica - capacidade de caçamba de 1,56 m³ - caminho de serviço pavimentado - DMT 600 a 800 m","m³",9.27]
[1917711,"Dragagem de material de 1ª categoria com escavadeira hidráulica - capacidade de caçamba de 1,56 m³ - caminho de serviço pavimentado - DMT 800 a 1.000 m","m³",9.44]
[1917680,"Dragagem de material de 1ª categoria com escavadeira hidráulica - capacidade de caçamba de 1,56 m³ - DMT 0 a 50 m","m³",2.57]
[1901607,"Dragagem de material de 1ª categoria com escavadeira hidráulica sobre pontão flutuante - capacidade da caçamba de 1,56 m³ - transporte com batelão sem propulsão com capacidade de 100 t - DMT 0 a 300 m","m³",14.33]
[1901611,"Dragagem de material de 1ª categoria com escavadeira hidráulica sobre pontão flutuante - capacidade da caçamba de 1,56 m³ - transporte com batelão sem propulsão com capacidade de 100 t - DMT 1.200 a 1.500 m","m³",18.04]
[1901612,"Dragagem de material de 1ª categoria com escavadeira hidráulica sobre pontão flutuante - capacidade da caçamba de 1,56 m³ - transporte com batelão sem propulsão com capacidade de 100 t - DMT 1.500 a 1.800 m","m³",18.46]
[1901613,"Dragagem de material de 1ª categoria com escavadeira hidráulica sobre pontão flutuante - capacidade da caçamba de 1,56 m³ - transporte com batelão sem propulsão com capacidade de 100 t - DMT 1.800 a 2.100 m","m³",18.78]
[1901614,"Dragagem de material de 1ª categoria com escavadeira hidráulica sobre pontão flutuante - capacidade da caçamba de 1,56 m³ - transporte com batelão sem propulsão com capacidade de 100 t - DMT 2.100 a 2.400 m","m³",19.09]
[1901615,"Dragagem de material de 1ª categoria com escavadeira hidráulica sobre pontão flutuante - capacidade da caçamba de 1,56 m³ - transporte com batelão sem propulsão com capacidade de 100 t - DMT 2.400 a 2.700 m","m³",19.52]
[1901616,"Dragagem de material de 1ª categoria com escavadeira hidráulica sobre pontão flutuante - capacidade da caçamba de 1,56 m³ - transporte com batelão sem propulsão com capacidade de 100 t - DMT 2.700 a 3.000 m","m³",19.829999999999998]
[1901608,"Dragagem de material de 1ª categoria com escavadeira hidráulica sobre pontão flutuante - capacidade da caçamba de 1,56 m³ - transporte com batelão sem propulsão com capacidade de 100 t - DMT 300 a 600 m","m³",14.82]
[1901609,"Dragagem de material de 1ª categoria com escavadeira hidráulica sobre pontão flutuante - capacidade da caçamba de 1,56 m³ - transporte com batelão sem propulsão com capacidade de 100 t - DMT 600 a 900 m","m³",15.24]
[1901610,"Dragagem de material de 1ª categoria com escavadeira hidráulica sobre pontão flutuante - capacidade da caçamba de 1,56 m³ - transporte com batelão sem propulsão com capacidade de 100 t - DMT 900 a 1.200 m","m³",17.72]
[1901617,"Dragagem de material de 1ª categoria com escavadeira hidráulica sobre pontão flutuante - capacidade da caçamba de 1,56 m³ - transporte com batelão sem propulsão com capacidade de 100 t - DMT de 3.000 m","m³",20.05]
[1917037,"Dragagem de silte com draga hopper - capacidade da cisterna de 1.000 m³ - DMT de 1.500 a 1.800 m","m³",26.65]
[1917038,"Dragagem de silte com draga hopper - capacidade da cisterna de 1.000 m³ - DMT de 1.800 a 2.100 m","m³",27.55]
[1917039,"Dragagem de silte com draga hopper - capacidade da cisterna de 1.000 m³ - DMT de 2.100 a 2.400 m","m³",28.47]
[1917040,"Dragagem de silte com draga hopper - capacidade da cisterna de 1.000 m³ - DMT de 2.400 a 2.700 m","m³",29.43]
[1917041,"Dragagem de silte com draga hopper - capacidade da cisterna de 1.000 m³ - DMT de 2.700 a 3.000 m","m³",30.46]
[1917042,"Dragagem de silte com draga hopper - capacidade da cisterna de 1.000 m³ - DMT de 3.000 m","m³",31]
[1901619,"Dragagem de silte com draga hopper - capacidade da cisterna de 10.000 m³ - DMT de 1.500 a 1.800 m","m³",13.41]
[1901620,"Dragagem de silte com draga hopper - capacidade da cisterna de 10.000 m³ - DMT de 1.800 a 2.100 m","m³",13.65]
[1901621,"Dragagem de silte com draga hopper - capacidade da cisterna de 10.000 m³ - DMT de 2.100 a 2.400 m","m³",13.9]
[1901622,"Dragagem de silte com draga hopper - capacidade da cisterna de 10.000 m³ - DMT de 2.400 a 2.700 m","m³",14.16]
[1901623,"Dragagem de silte com draga hopper - capacidade da cisterna de 10.000 m³ - DMT de 2.700 a 3.000 m","m³",14.44]
[1901618,"Dragagem de silte com draga hopper - capacidade da cisterna de 10.000 m³ - DMT de 3.000 m","m³",14.59]
[1901625,"Dragagem de silte com draga hopper - capacidade da cisterna de 15.000 m³ - DMT de 1.500 a 1.800 m","m³",16.03]
[1901626,"Dragagem de silte com draga hopper - capacidade da cisterna de 15.000 m³ - DMT de 1.800 a 2.100 m","m³",16.25]
[1901627,"Dragagem de silte com draga hopper - capacidade da cisterna de 15.000 m³ - DMT de 2.100 a 2.400 m","m³",16.489999999999998]
[1901628,"Dragagem de silte com draga hopper - capacidade da cisterna de 15.000 m³ - DMT de 2.400 a 2.700 m","m³",16.739999999999998]
[1901629,"Dragagem de silte com draga hopper - capacidade da cisterna de 15.000 m³ - DMT de 2.700 a 3.000 m","m³",17]
[1901624,"Dragagem de silte com draga hopper - capacidade da cisterna de 15.000 m³ - DMT de 3.000 m","m³",17.14]
[1917073,"Dragagem de silte com draga hopper - capacidade da cisterna de 2.000 m³ - DMT de 1.500 a 1.800 m","m³",17.850000000000001]
[1917074,"Dragagem de silte com draga hopper - capacidade da cisterna de 2.000 m³ - DMT de 1.800 a 2.100 m","m³",18.39]
[1917075,"Dragagem de silte com draga hopper - capacidade da cisterna de 2.000 m³ - DMT de 2.100 a 2.400 m","m³",18.95]
[1917076,"Dragagem de silte com draga hopper - capacidade da cisterna de 2.000 m³ - DMT de 2.400 a 2.700 m","m³",19.53]
[1917077,"Dragagem de silte com draga hopper - capacidade da cisterna de 2.000 m³ - DMT de 2.700 a 3.000 m","m³",20.149999999999999]
[1917078,"Dragagem de silte com draga hopper - capacidade da cisterna de 2.000 m³ - DMT de 3.000 m","m³",20.47]
[1901631,"Dragagem de silte com draga hopper - capacidade da cisterna de 20.000 m³ - DMT de 1.500 a 1.800 m","m³",18.84]
[1901632,"Dragagem de silte com draga hopper - capacidade da cisterna de 20.000 m³ - DMT de 1.800 a 2.100 m","m³",19.059999999999999]
[1901633,"Dragagem de silte com draga hopper - capacidade da cisterna de 20.000 m³ - DMT de 2.100 a 2.400 m","m³",19.29]
[1901634,"Dragagem de silte com draga hopper - capacidade da cisterna de 20.000 m³ - DMT de 2.400 a 2.700 m","m³",19.53]
[1901635,"Dragagem de silte com draga hopper - capacidade da cisterna de 20.000 m³ - DMT de 2.700 a 3.000 m","m³",19.79]
[1901630,"Dragagem de silte com draga hopper - capacidade da cisterna de 20.000 m³ - DMT de 3.000 m","m³",19.920000000000002]
[1917109,"Dragagem de silte com draga hopper - capacidade da cisterna de 3.000 m³ - DMT de 1.500 a 1.800 m","m³",15.93]
[1917110,"Dragagem de silte com draga hopper - capacidade da cisterna de 3.000 m³ - DMT de 1.800 a 2.100 m","m³",16.36]
[1917111,"Dragagem de silte com draga hopper - capacidade da cisterna de 3.000 m³ - DMT de 2.100 a 2.400 m","m³",16.8]
[1917112,"Dragagem de silte com draga hopper - capacidade da cisterna de 3.000 m³ - DMT de 2.400 a 2.700 m","m³",17.27]
[1917113,"Dragagem de silte com draga hopper - capacidade da cisterna de 3.000 m³ - DMT de 2.700 a 3.000 m","m³",17.760000000000002]
[1917114,"Dragagem de silte com draga hopper - capacidade da cisterna de 3.000 m³ - DMT de 3.000 m","m³",18.02]
[1917145,"Dragagem de silte com draga hopper - capacidade da cisterna de 4.000 m³ - DMT de 1.500 a 1.800 m","m³",14.71]
[1917146,"Dragagem de silte com draga hopper - capacidade da cisterna de 4.000 m³ - DMT de 1.800 a 2.100 m","m³",15.09]
[1917147,"Dragagem de silte com draga hopper - capacidade da cisterna de 4.000 m³ - DMT de 2.100 a 2.400 m","m³",15.47]
[1917148,"Dragagem de silte com draga hopper - capacidade da cisterna de 4.000 m³ - DMT de 2.400 a 2.700 m","m³",15.88]
[1917149,"Dragagem de silte com draga hopper - capacidade da cisterna de 4.000 m³ - DMT de 2.700 a 3.000 m","m³",16.309999999999999]
[1917150,"Dragagem de silte com draga hopper - capacidade da cisterna de 4.000 m³ - DMT de 3.000 m","m³",16.54]
[1917181,"Dragagem de silte com draga hopper - capacidade da cisterna de 5.000 m³ - DMT de 1.500 a 1.800 m","m³",15.15]
[1917182,"Dragagem de silte com draga hopper - capacidade da cisterna de 5.000 m³ - DMT de 1.800 a 2.100 m","m³",15.48]
[1917183,"Dragagem de silte com draga hopper - capacidade da cisterna de 5.000 m³ - DMT de 2.100 a 2.400 m","m³",15.82]
[1917184,"Dragagem de silte com draga hopper - capacidade da cisterna de 5.000 m³ - DMT de 2.400 a 2.700 m","m³",16.170000000000002]
[1917185,"Dragagem de silte com draga hopper - capacidade da cisterna de 5.000 m³ - DMT de 2.700 a 3.000 m","m³",16.55]
[1917186,"Dragagem de silte com draga hopper - capacidade da cisterna de 5.000 m³ - DMT de 3.000 m","m³",16.75]
[1917001,"Dragagem de silte com draga hopper - capacidade da cisterna de 750 m³ - DMT de 1.500 a 1.800 m","m³",35.74]
[1917002,"Dragagem de silte com draga hopper - capacidade da cisterna de 750 m³ - DMT de 1.800 a 2.100 m","m³",37.049999999999997]
[1917003,"Dragagem de silte com draga hopper - capacidade da cisterna de 750 m³ - DMT de 2.100 a 2.400 m","m³",38.369999999999997]
[1917004,"Dragagem de silte com draga hopper - capacidade da cisterna de 750 m³ - DMT de 2.400 a 2.700 m","m³",39.78]
[1917005,"Dragagem de silte com draga hopper - capacidade da cisterna de 750 m³ - DMT de 2.700 a 3.000 m","m³",41.25]
[1917006,"Dragagem de silte com draga hopper - capacidade da cisterna de 750 m³ - DMT de 3.000 m","m³",42.04]
[2009619,"Alvenaria de blocos de concreto 19 x 19 x 39 cm com espessura de 20 cm - areia comercial","m²",128.25]
[2009618,"Alvenaria de blocos de concreto 19 x 19 x 39 cm com espessura de 20 cm - areia extraída","m²",126.43]
[2003866,"Aplicação de geotêxtil não-tecido agulhado com resistência à tração longitudinal de 14 kN/m","m²",8.2200000000000006]
[2003867,"Aplicação de geotêxtil não-tecido agulhado com resistência à tração longitudinal de 31 kN/m","m²",17.47]
[2003622,"Boca de lobo combinada - chapéu e grelha simples - BLC 01 - areia e brita comerciais","un",2499.4699999999998]
[2003621,"Boca de lobo combinada - chapéu e grelha simples - BLC 01 - areia extraída e brita produzida","un",2394.87]
[2003624,"Boca de lobo combinada - chapéu e grelha simples - BLC 02 - areia e brita comerciais","un",2916.98]
[2003623,"Boca de lobo combinada - chapéu e grelha simples - BLC 02 - areia extraída e brita produzida","un",2800.95]
[2003634,"Boca de lobo dupla - grelha de concreto - BLDG 01 - areia e brita comerciais","un",1876.5]
[2003633,"Boca de lobo dupla - grelha de concreto - BLDG 01 - areia extraída e brita produzida","un",1771.89]
[2003636,"Boca de lobo dupla - grelha de concreto - BLDG 02 - areia e brita comerciais","un",2294]
[2003635,"Boca de lobo dupla - grelha de concreto - BLDG 02 - areia extraída e brita produzida","un",2177.98]
[2003638,"Boca de lobo dupla - grelha de concreto - BLDG 03 - areia e brita comerciais","un",2716.52]
[2003637,"Boca de lobo dupla - grelha de concreto - BLDG 03 - areia extraída e brita produzida","un",2587.9]
[2003640,"Boca de lobo dupla - grelha de concreto - BLDG 04 - areia e brita comerciais","un",3134.03]
[2003639,"Boca de lobo dupla - grelha de concreto - BLDG 04 - areia extraída e brita produzida","un",2993.98]
[2003618,"Boca de lobo simples - BLS 01 - areia e brita comerciais","un",1045.48]
[2003617,"Boca de lobo simples - BLS 01 - areia extraída e brita produzida","un",987.94]
[2003620,"Boca de lobo simples - BLS 02 - areia e brita comerciais","un",1300.3399999999999]
[2003619,"Boca de lobo simples - BLS 02 - areia extraída e brita produzida","un",1235.8900000000001]
[2003626,"Boca de lobo simples - grelha de concreto - BLSG 01 - areia e brita comerciais","un",973.06]
[2003625,"Boca de lobo simples - grelha de concreto - BLSG 01 - areia extraída e brita produzida","un",915.53]
[2003628,"Boca de lobo simples - grelha de concreto - BLSG 02 - areia e brita comerciais","un",1227.93]
[2003627,"Boca de lobo simples - grelha de concreto - BLSG 02 - areia extraída e brita produzida","un",1163.47]
[2003630,"Boca de lobo simples - grelha de concreto - BLSG 03 - areia e brita comerciais","un",1482.79]
[2003629,"Boca de lobo simples - grelha de concreto - BLSG 03 - areia extraída e brita produzida","un",1411.42]
[2003632,"Boca de lobo simples - grelha de concreto - BLSG 04 - areia e brita comerciais","un",1737.66]
[2003631,"Boca de lobo simples - grelha de concreto - BLSG 04 - areia extraída e brita produzida","un",1659.37]
[2003599,"Boca de saída para dreno longitudinal profundo - BSD 01 - tubo de concreto perfurado - areia e brita comerciais","un",218.02]
[2003598,"Boca de saída para dreno longitudinal profundo - BSD 01 - tubo de concreto perfurado - areia extraída e brita produzida","un",196.02]
[2003919,"Boca de saída para dreno longitudinal profundo - BSD 01 - tubo de PEAD - areia e brita comerciais","un",218.02]
[2003918,"Boca de saída para dreno longitudinal profundo - BSD 01 - tubo de PEAD - areia extraída e brita produzida","un",196.02]
[2003601,"Boca de saída para dreno longitudinal profundo - BSD 02 - tubo de concreto perfurado - areia e brita comerciais","un",273.33]
[2003600,"Boca de saída para dreno longitudinal profundo - BSD 02 - tubo de concreto perfurado - areia extraída e brita produzida","un",244.56]
[2003921,"Boca de saída para dreno longitudinal profundo - BSD 02 - tubo de PEAD - areia e brita comerciais","un",273.33]
[2003920,"Boca de saída para dreno longitudinal profundo - BSD 02 - tubo de PEAD - areia extraída e brita produzida","un",244.56]
[2003616,"Boca de saída para dreno sub-horizontal em material de 1ª categoria - BSD 04 - areia e brita comerciais","un",22.95]
[2003615,"Boca de saída para dreno sub-horizontal em material de 1ª categoria - BSD 04 - areia extraída e brita produzida","un",19.850000000000001]
[2003927,"Boca de saída para dreno sub-horizontal em material de 2ª categoria - BSD 04 - areia e brita comerciais","un",23.77]
[2003926,"Boca de saída para dreno sub-horizontal em material de 2ª categoria - BSD 04 - areia extraída e brita produzida","un",20.66]
[2003613,"Boca de saída para dreno subsuperficial - BSD 03 - areia e brita comerciais","un",156.36000000000001]
[2003612,"Boca de saída para dreno subsuperficial - BSD 03 - areia extraída e brita produzida","un",142.82]
[2003477,"Caixa coletora de sarjeta - CCS 200-60 A - com grelha de concreto - areia e brita comerciais","un",4773.2299999999996]
[2003476,"Caixa coletora de sarjeta - CCS 200-60 A - com grelha de concreto - areia extraída e brita produzida","un",4402.75]
[2003517,"Caixa coletora de sarjeta - CCS 200-60 B - com grelha de aço - areia e brita comerciais","un",4961.7700000000004]
[2003516,"Caixa coletora de sarjeta - CCS 200-60 B - com grelha de aço - areia extraída e brita produzida","un",4601.6400000000003]
[2003479,"Caixa coletora de sarjeta - CCS 200-80 A - com grelha de concreto - areia e brita comerciais","un",4741.8999999999996]
[2003478,"Caixa coletora de sarjeta - CCS 200-80 A - com grelha de concreto - areia extraída e brita produzida","un",4377.62]
[2003519,"Caixa coletora de sarjeta - CCS 200-80 B - com grelha de aço - areia e brita comerciais","un",4930.43]
[2003518,"Caixa coletora de sarjeta - CCS 200-80 B - com grelha de aço - areia extraída e brita produzida","un",4576.51]
[2003489,"Caixa coletora de sarjeta - CCS 250-100 A - com grelha de concreto - areia e brita comerciais","un",5791.65]
[2003488,"Caixa coletora de sarjeta - CCS 250-100 A - com grelha de concreto - areia extraída e brita produzida","un",5343.53]
[2003529,"Caixa coletora de sarjeta - CCS 250-100 B - com grelha de aço - areia e brita comerciais","un",5980.18]
[2003528,"Caixa coletora de sarjeta - CCS 250-100 B - com grelha de aço - areia extraída e brita produzida","un",5542.43]
[2003491,"Caixa coletora de sarjeta - CCS 250-120 A - com grelha de concreto - areia e brita comerciais","un",6583.51]
[2003490,"Caixa coletora de sarjeta - CCS 250-120 A - com grelha de concreto - areia extraída e brita produzida","un",6070.57]
[2003531,"Caixa coletora de sarjeta - CCS 250-120 B - com grelha de aço - areia e brita comerciais","un",6800.86]
[2003530,"Caixa coletora de sarjeta - CCS 250-120 B - com grelha de aço - areia extraída e brita produzida","un",6300.8]
[2003485,"Caixa coletora de sarjeta - CCS 250-60 A - com grelha de concreto - areia e brita comerciais","un",5863.27]
[2003484,"Caixa coletora de sarjeta - CCS 250-60 A - com grelha de concreto - areia extraída e brita produzida","un",5400.98]
[2003525,"Caixa coletora de sarjeta - CCS 250-60 B - com grelha de aço - areia e brita comerciais","un",6051.81]
[2003524,"Caixa coletora de sarjeta - CCS 250-60 B - com grelha de aço - areia extraída e brita produzida","un",5599.87]
[2003487,"Caixa coletora de sarjeta - CCS 250-80 A - com grelha de concreto - areia e brita comerciais","un",5831.94]
[2003486,"Caixa coletora de sarjeta - CCS 250-80 A - com grelha de concreto - areia extraída e brita produzida","un",5375.85]
[2003527,"Caixa coletora de sarjeta - CCS 250-80 B - com grelha de aço - areia e brita comerciais","un",6020.47]
[2003526,"Caixa coletora de sarjeta - CCS 250-80 B - com grelha de aço - areia extraída e brita produzida","un",5574.74]
[2003497,"Caixa coletora de sarjeta - CCS 300-100 A - com grelha de concreto - areia e brita comerciais","un",6838.95]
[2003496,"Caixa coletora de sarjeta - CCS 300-100 A - com grelha de concreto - areia extraída e brita produzida","un",6316.1]
[2003537,"Caixa coletora de sarjeta - CCS 300-100 B - com grelha de aço - areia e brita comerciais","un",7027.48]
[2003536,"Caixa coletora de sarjeta - CCS 300-100 B - com grelha de aço - areia extraída e brita produzida","un",6514.99]
[2003499,"Caixa coletora de sarjeta - CCS 300-120 A - com grelha de concreto - areia e brita comerciais","un",7760.1]
[2003498,"Caixa coletora de sarjeta - CCS 300-120 A - com grelha de concreto - areia extraída e brita produzida","un",7162.55]
[2003539,"Caixa coletora de sarjeta - CCS 300-120 B - com grelha de aço - areia e brita comerciais","un",7977.45]
[2003538,"Caixa coletora de sarjeta - CCS 300-120 B - com grelha de aço - areia extraída e brita produzida","un",7392.78]
[2003493,"Caixa coletora de sarjeta - CCS 300-60 A - com grelha de concreto - areia e brita comerciais","un",6910.57]
[2003492,"Caixa coletora de sarjeta - CCS 300-60 A - com grelha de concreto - areia extraída e brita produzida","un",6373.54]
[2003533,"Caixa coletora de sarjeta - CCS 300-60 B - com grelha de aço - areia e brita comerciais","un",7099.11]
[2003532,"Caixa coletora de sarjeta - CCS 300-60 B - com grelha de aço - areia extraída e brita produzida","un",6572.43]
[2003495,"Caixa coletora de sarjeta - CCS 300-80 A - com grelha de concreto - areia e brita comerciais","un",6879.24]
[2003494,"Caixa coletora de sarjeta - CCS 300-80 A - com grelha de concreto - areia extraída e brita produzida","un",6348.41]
[2003535,"Caixa coletora de sarjeta - CCS 300-80 B - com grelha de aço - areia e brita comerciais","un",7067.77]
[2003534,"Caixa coletora de sarjeta - CCS 300-80 B - com grelha de aço - areia extraída e brita produzida","un",6547.3]
[2003505,"Caixa coletora de sarjeta - CCS 350-100 A - com grelha de concreto - areia e brita comerciais","un",7824.21]
[2003504,"Caixa coletora de sarjeta - CCS 350-100 A - com grelha de concreto - areia extraída e brita produzida","un",7226.62]
[2003545,"Caixa coletora de sarjeta - CCS 350-100 B - com grelha de aço - areia e brita comerciais","un",8012.74]
[2003544,"Caixa coletora de sarjeta - CCS 350-100 B - com grelha de aço - areia extraída e brita produzida","un",7425.52]
[2003507,"Caixa coletora de sarjeta - CCS 350-120 A - com grelha de concreto - areia e brita comerciais","un",8870.2800000000007]
[2003506,"Caixa coletora de sarjeta - CCS 350-120 A - com grelha de concreto - areia extraída e brita produzida","un",8188.13]
[2003547,"Caixa coletora de sarjeta - CCS 350-120 B - com grelha de aço - areia e brita comerciais","un",9087.6299999999992]
[2003546,"Caixa coletora de sarjeta - CCS 350-120 B - com grelha de aço - areia extraída e brita produzida","un",8418.36]
[2003501,"Caixa coletora de sarjeta - CCS 350-60 A - com grelha de concreto - areia e brita comerciais","un",7895.84]
[2003500,"Caixa coletora de sarjeta - CCS 350-60 A - com grelha de concreto - areia extraída e brita produzida","un",7284.07]
[2003541,"Caixa coletora de sarjeta - CCS 350-60 B - com grelha de aço - areia e brita comerciais","un",8084.37]
[2003540,"Caixa coletora de sarjeta - CCS 350-60 B - com grelha de aço - areia extraída e brita produzida","un",7482.96]
[2003503,"Caixa coletora de sarjeta - CCS 350-80 A - com grelha de concreto - areia e brita comerciais","un",7864.5]
[2003502,"Caixa coletora de sarjeta - CCS 350-80 A - com grelha de concreto - areia extraída e brita produzida","un",7258.94]
[2003543,"Caixa coletora de sarjeta - CCS 350-80 B - com grelha de aço - areia e brita comerciais","un",8053.04]
[2003542,"Caixa coletora de sarjeta - CCS 350-80 B - com grelha de aço - areia extraída e brita produzida","un",7457.83]
[2003513,"Caixa coletora de sarjeta - CCS 400-100 A - com grelha de concreto - areia e brita comerciais","un",8871.51]
[2003512,"Caixa coletora de sarjeta - CCS 400-100 A - com grelha de concreto - areia extraída e brita produzida","un",8199.19]
[2003553,"Caixa coletora de sarjeta - CCS 400-100 B - com grelha de aço - areia e brita comerciais","un",9060.0400000000009]
[2003552,"Caixa coletora de sarjeta - CCS 400-100 B - com grelha de aço - areia extraída e brita produzida","un",8398.08]
[2003515,"Caixa coletora de sarjeta - CCS 400-120 A - com grelha de concreto - areia e brita comerciais","un",10046.870000000001]
[2003514,"Caixa coletora de sarjeta - CCS 400-120 A - com grelha de concreto - areia extraída e brita produzida","un",9280.11]
[2003555,"Caixa coletora de sarjeta - CCS 400-120 B - com grelha de aço - areia e brita comerciais","un",10264.23]
[2003554,"Caixa coletora de sarjeta - CCS 400-120 B - com grelha de aço - areia extraída e brita produzida","un",9510.34]
[2003509,"Caixa coletora de sarjeta - CCS 400-60 A - com grelha de concreto - areia e brita comerciais","un",8943.1299999999992]
[2003508,"Caixa coletora de sarjeta - CCS 400-60 A - com grelha de concreto - areia extraída e brita produzida","un",8256.6299999999992]
[2003549,"Caixa coletora de sarjeta - CCS 400-60 B - com grelha de aço - areia e brita comerciais","un",9131.67]
[2003548,"Caixa coletora de sarjeta - CCS 400-60 B - com grelha de aço - areia extraída e brita produzida","un",8455.52]
[2003511,"Caixa coletora de sarjeta - CCS 400-80 A - com grelha de concreto - areia e brita comerciais","un",8911.7999999999993]
[2003510,"Caixa coletora de sarjeta - CCS 400-80 A - com grelha de concreto - areia extraída e brita produzida","un",8231.5]
[2003551,"Caixa coletora de sarjeta - CCS 400-80 B - com grelha de aço - areia e brita comerciais","un",9100.33]
[2003550,"Caixa coletora de sarjeta - CCS 400-80 B - com grelha de aço - areia extraída e brita produzida","un",8430.39]
[2003728,"Caixa coletora de talvegue - CCT 01 - areia e brita comerciais","un",3637.83]
[2003727,"Caixa coletora de talvegue - CCT 01 - areia extraída e brita produzida","un",3319.14]
[2003730,"Caixa coletora de talvegue - CCT 02 - areia e brita comerciais","un",3591.87]
[2003729,"Caixa coletora de talvegue - CCT 02 - areia extraída e brita produzida","un",3287.29]
[2003732,"Caixa coletora de talvegue - CCT 03 - areia e brita comerciais","un",3550.51]
[2003731,"Caixa coletora de talvegue - CCT 03 - areia extraída e brita produzida","un",3258.62]
[2003734,"Caixa coletora de talvegue - CCT 04 - areia e brita comerciais","un",3499.96]
[2003733,"Caixa coletora de talvegue - CCT 04 - areia extraída e brita produzida","un",3223.58]
[2003736,"Caixa coletora de talvegue - CCT 05 - areia e brita comerciais","un",4757.1400000000003]
[2003735,"Caixa coletora de talvegue - CCT 05 - areia extraída e brita produzida","un",4360.8999999999996]
[2003738,"Caixa coletora de talvegue - CCT 06 - areia e brita comerciais","un",4711.18]
[2003737,"Caixa coletora de talvegue - CCT 06 - areia extraída e brita produzida","un",4329.05]
[2003740,"Caixa coletora de talvegue - CCT 07 - areia e brita comerciais","un",4669.83]
[2003739,"Caixa coletora de talvegue - CCT 07 - areia extraída e brita produzida","un",4300.38]
[2003742,"Caixa coletora de talvegue - CCT 08 - areia e brita comerciais","un",4803.09]
[2003741,"Caixa coletora de talvegue - CCT 08 - areia extraída e brita produzida","un",4392.76]
[2003744,"Caixa coletora de talvegue - CCT 09 - areia e brita comerciais","un",5724.2]
[2003743,"Caixa coletora de talvegue - CCT 09 - areia extraída e brita produzida","un",5250.41]
[2003746,"Caixa coletora de talvegue - CCT 10 - areia e brita comerciais","un",5678.25]
[2003745,"Caixa coletora de talvegue - CCT 10 - areia extraída e brita produzida","un",5218.5600000000004]
[2003748,"Caixa coletora de talvegue - CCT 11 - areia e brita comerciais","un",5636.89]
[2003747,"Caixa coletora de talvegue - CCT 11 - areia extraída e brita produzida","un",5189.8900000000003]
[2003750,"Caixa coletora de talvegue - CCT 12 - areia e brita comerciais","un",5586.34]
[2003749,"Caixa coletora de talvegue - CCT 12 - areia extraída e brita produzida","un",5154.8500000000004]
[2003752,"Caixa coletora de talvegue - CCT 13 - areia e brita comerciais","un",6894.51]
[2003751,"Caixa coletora de talvegue - CCT 13 - areia extraída e brita produzida","un",6343.16]
[2003754,"Caixa coletora de talvegue - CCT 14 - areia e brita comerciais","un",6848.55]
[2003753,"Caixa coletora de talvegue - CCT 14 - areia extraída e brita produzida","un",6311.31]
[2003756,"Caixa coletora de talvegue - CCT 15 - areia e brita comerciais","un",6807.19]
[2003755,"Caixa coletora de talvegue - CCT 15 - areia extraída e brita produzida","un",6282.64]
[2003758,"Caixa coletora de talvegue - CCT 16 - areia e brita comerciais","un",6756.64]
[2003757,"Caixa coletora de talvegue - CCT 16 - areia extraída e brita produzida","un",6247.6]
[2003760,"Caixa coletora de talvegue - CCT 17 - areia e brita comerciais","un",6891.2]
[2003759,"Caixa coletora de talvegue - CCT 17 - areia extraída e brita produzida","un",6572.52]
[2003762,"Caixa coletora de talvegue - CCT 18 - areia e brita comerciais","un",7856.26]
[2003761,"Caixa coletora de talvegue - CCT 18 - areia extraída e brita produzida","un",7241.45]
[2003764,"Caixa coletora de talvegue - CCT 19 - areia e brita comerciais","un",7814.9]
[2003763,"Caixa coletora de talvegue - CCT 19 - areia extraída e brita produzida","un",7212.79]
[2003766,"Caixa coletora de talvegue - CCT 20 - areia e brita comerciais","un",7764.35]
[2003765,"Caixa coletora de talvegue - CCT 20 - areia extraída e brita produzida","un",7177.75]
[2003642,"Caixa de ligação e passagem - CLP 01 - areia e brita comerciais","un",1696]
[2003641,"Caixa de ligação e passagem - CLP 01 - areia extraída e brita produzida","un",1497.17]
[2003644,"Caixa de ligação e passagem - CLP 02 - areia e brita comerciais","un",1668.42]
[2003643,"Caixa de ligação e passagem - CLP 02 - areia extraída e brita produzida","un",1478.06]
[2003646,"Caixa de ligação e passagem - CLP 03 - areia e brita comerciais","un",2279.86]
[2003645,"Caixa de ligação e passagem - CLP 03 - areia extraída e brita produzida","un",2006.3]
[2003648,"Caixa de ligação e passagem - CLP 04 - areia e brita comerciais","un",2941.09]
[2003647,"Caixa de ligação e passagem - CLP 04 - areia extraída e brita produzida","un",2597.0300000000002]
[2003650,"Caixa de ligação e passagem - CLP 05 - areia e brita comerciais","un",3504.25]
[2003649,"Caixa de ligação e passagem - CLP 05 - areia extraída e brita produzida","un",3106.6]
[2003652,"Caixa de ligação e passagem - CLP 06 - areia e brita comerciais","un",4507.68]
[2003651,"Caixa de ligação e passagem - CLP 06 - areia extraída e brita produzida","un",4026.84]
[2003654,"Caixa de ligação e passagem - CLP 07 - areia e brita comerciais","un",2027.92]
[2003653,"Caixa de ligação e passagem - CLP 07 - areia extraída e brita produzida","un",1791.03]
[2003656,"Caixa de ligação e passagem - CLP 08 - areia e brita comerciais","un",1995.76]
[2003655,"Caixa de ligação e passagem - CLP 08 - areia extraída e brita produzida","un",1768.73]
[2003658,"Caixa de ligação e passagem - CLP 09 - areia e brita comerciais","un",2660.14]
[2003657,"Caixa de ligação e passagem - CLP 09 - areia extraída e brita produzida","un",2340.0500000000002]
[2003660,"Caixa de ligação e passagem - CLP 10 - areia e brita comerciais","un",3347.2]
[2003659,"Caixa de ligação e passagem - CLP 10 - areia extraída e brita produzida","un",2953.78]
[2003662,"Caixa de ligação e passagem - CLP 11 - areia e brita comerciais","un",3940.77]
[2003661,"Caixa de ligação e passagem - CLP 11 - areia extraída e brita produzida","un",3489.54]
[2003664,"Caixa de ligação e passagem - CLP 12 - areia e brita comerciais","un",4872.3599999999997]
[2003663,"Caixa de ligação e passagem - CLP 12 - areia extraída e brita produzida","un",4333.7]
[2003666,"Caixa de ligação e passagem - CLP 13 - areia e brita comerciais","un",2364.4499999999998]
[2003665,"Caixa de ligação e passagem - CLP 13 - areia extraída e brita produzida","un",2088.0700000000002]
[2003668,"Caixa de ligação e passagem - CLP 14 - areia e brita comerciais","un",2336.88]
[2003667,"Caixa de ligação e passagem - CLP 14 - areia extraída e brita produzida","un",2068.96]
[2003670,"Caixa de ligação e passagem - CLP 15 - areia e brita comerciais","un",3054.22]
[2003669,"Caixa de ligação e passagem - CLP 15 - areia extraída e brita produzida","un",2683.36]
[2003672,"Caixa de ligação e passagem - CLP 16 - areia e brita comerciais","un",3776.28]
[2003671,"Caixa de ligação e passagem - CLP 16 - areia extraída e brita produzida","un",3326.46]
[2003674,"Caixa de ligação e passagem - CLP 17 - areia e brita comerciais","un",4395.67]
[2003673,"Caixa de ligação e passagem - CLP 17 - areia extraída e brita produzida","un",3885.22]
[2003676,"Caixa de ligação e passagem - CLP 18 - areia e brita comerciais","un",5375.18]
[2003675,"Caixa de ligação e passagem - CLP 18 - areia extraída e brita produzida","un",4770.24]
[2003854,"Camada drenante para proteção de muros de contenção - areia comercial","m³",134.52000000000001]
[2003855,"Camada drenante para proteção de muros de contenção - areia extraída","m³",16.73]
[2003856,"Camada drenante para proteção de muros de contenção - brita comercial","m³",171.13]
[2003857,"Camada drenante para proteção de muros de contenção - brita produzida","m³",69.900000000000006]
[2019782,"Canal em polietileno e polipropileno com efeito autolimpante e abertura de captação em ferro fundido dúctil - carga de controle de 900 kN - 100,0 x 21,0 x 57,9 cm - fornecimento e instalação em pavimento de asfalto","m",1177.29]
[2019783,"Canal em polietileno e polipropileno com efeito autolimpante e abertura de captação em ferro fundido dúctil - carga de controle de 900 kN - 100,0 x 25,2 x 66,5 cm - fornecimento e instalação em pavimento de asfalto","m",1837.84]
[2019784,"Canal em polietileno e polipropileno com efeito autolimpante e abertura de captação em ferro fundido dúctil - carga de controle de 900 kN - 100,0 x 42,0 x 95,0 cm - fornecimento e instalação em pavimento de asfalto","m",2370.5500000000002]
[2019785,"Canal em polietileno e polipropileno com efeito autolimpante e abertura de captação em ferro fundido dúctil - carga de controle de 900 kN - 114,2 x 78,0 x 106,0 cm - fornecimento e instalação em pavimento de asfalto","m",3147.26]
[2019776,"Canal em polietileno e polipropileno com efeito autolimpante e grelha de encaixe em ferro fundido dúctil - carga de controle de 400 kN - 100,0 x 14,7 x 18,6 cm - fornecimento e instalação em pavimento de asfalto","m",536.02]
[2019777,"Canal em polietileno e polipropileno com efeito autolimpante e grelha de encaixe em ferro fundido dúctil - carga de controle de 400 kN - 100,0 x 24,7 x 23,6 cm - fornecimento e instalação em pavimento de asfalto","m",1378.97]
[2019778,"Canal em polietileno e polipropileno com efeito autolimpante e grelha de encaixe em ferro fundido dúctil - carga de controle de 400 kN - 100,0 x 34,9 x 29,4 cm - fornecimento e instalação em pavimento de asfalto","m",2316.64]
[2019779,"Canal em polietileno e polipropileno com efeito autolimpante e grelha de encaixe em ferro fundido dúctil - carga de controle de 600 kN - 100,0 x 16,0 x 15,0 cm - fornecimento e instalação em pavimento de asfalto","m",816.58]
[2019780,"Canal em polietileno e polipropileno com efeito autolimpante e grelha de encaixe em ferro fundido dúctil - carga de controle de 600 kN - 100,0 x 21,2 x 21,0 cm - fornecimento e instalação em pavimento de asfalto","m",998.08]
[2019781,"Canal em polietileno e polipropileno com efeito autolimpante e grelha de encaixe em ferro fundido dúctil - carga de controle de 600 kN - 100,0 x 26,2 x 20,0 cm - fornecimento e instalação em pavimento de asfalto","m",1257.54]
[2019773,"Canal em polietileno e polipropileno com efeito autolimpante e grelha de encaixe em poliamida reforçada - carga de controle de 250 kN - 100,0 x 16,0 x 15,0 cm - fornecimento e instalação em pavimento de asfalto","m",357.54]
[2019774,"Canal em polietileno e polipropileno com efeito autolimpante e grelha de encaixe em poliamida reforçada - carga de controle de 250 kN - 100,0 x 16,0 x 20,0 cm - fornecimento e instalação em pavimento de asfalto","m",382.84]
[2019775,"Canal em polietileno e polipropileno com efeito autolimpante e grelha de encaixe em poliamida reforçada - carga de controle de 250 kN - 100,0 x 16,0 x 7,5 cm - fornecimento e instalação em pavimento de asfalto","m",331.3]
[2019755,"Canal monobloco com corpo e grelha em concreto polímero com efeito autolimpante - carga de controle de 400 kN - 100,0 x 15,0 x 23,0 cm - fornecimento e instalação em pavimento de asfalto","m",453.27]
[2019764,"Canal monobloco com corpo e grelha em concreto polímero com efeito autolimpante - carga de controle de 400 kN - 100,0 x 15,0 x 23,0 cm - fornecimento e instalação em pavimento de concreto","m",477.63]
[2019756,"Canal monobloco com corpo e grelha em concreto polímero com efeito autolimpante - carga de controle de 400 kN - 100,0 x 25,0 x 32,0 cm - fornecimento e instalação em pavimento de asfalto","m",830.4]
[2019765,"Canal monobloco com corpo e grelha em concreto polímero com efeito autolimpante - carga de controle de 400 kN - 100,0 x 25,0 x 32,0 cm - fornecimento e instalação em pavimento de concreto","m",854.77]
[2019757,"Canal monobloco com corpo e grelha em concreto polímero com efeito autolimpante - carga de controle de 900 kN - 100,0 x 16,0 x 26,5 cm - fornecimento e instalação em pavimento de asfalto","m",836.91]
[2019766,"Canal monobloco com corpo e grelha em concreto polímero com efeito autolimpante - carga de controle de 900 kN - 100,0 x 16,0 x 26,5 cm - fornecimento e instalação em pavimento de concreto","m",896.6]
[2019758,"Canal monobloco com corpo e grelha em concreto polímero com efeito autolimpante - carga de controle de 900 kN - 100,0 x 21,0 x 28,0 cm - fornecimento e instalação em pavimento de asfalto","m",891.15]
[2019767,"Canal monobloco com corpo e grelha em concreto polímero com efeito autolimpante - carga de controle de 900 kN - 100,0 x 21,0 x 28,0 cm - fornecimento e instalação em pavimento de concreto","m",951.32]
[2019759,"Canal monobloco com corpo e grelha em concreto polímero com efeito autolimpante - carga de controle de 900 kN - 100,0 x 21,0 x 38,0 cm - fornecimento e instalação em pavimento de asfalto","m",1009.03]
[2019768,"Canal monobloco com corpo e grelha em concreto polímero com efeito autolimpante - carga de controle de 900 kN - 100,0 x 21,0 x 38,0 cm - fornecimento e instalação em pavimento de concreto","m",1078.81]
[2019760,"Canal monobloco com corpo e grelha em concreto polímero com efeito autolimpante - carga de controle de 900 kN - 100,0 x 21,0 x 48,0 cm - fornecimento e instalação em pavimento de asfalto","m",1254.08]
[2019769,"Canal monobloco com corpo e grelha em concreto polímero com efeito autolimpante - carga de controle de 900 kN - 100,0 x 21,0 x 48,0 cm - fornecimento e instalação em pavimento de concreto","m",1333.49]
[2019761,"Canal monobloco com corpo e grelha em concreto polímero com efeito autolimpante - carga de controle de 900 kN - 100,0 x 26,0 x 33,0 cm - fornecimento e instalação em pavimento de asfalto","m",1243.99]
[2019770,"Canal monobloco com corpo e grelha em concreto polímero com efeito autolimpante - carga de controle de 900 kN - 100,0 x 26,0 x 33,0 cm - fornecimento e instalação em pavimento de concreto","m",1308.97]
[2019762,"Canal monobloco com corpo e grelha em concreto polímero com efeito autolimpante - carga de controle de 900 kN - 100,0 x 26,0 x 53,0 cm - fornecimento e instalação em pavimento de asfalto","m",1432.43]
[2019771,"Canal monobloco com corpo e grelha em concreto polímero com efeito autolimpante - carga de controle de 900 kN - 100,0 x 26,0 x 53,0 cm - fornecimento e instalação em pavimento de concreto","m",1516.65]
[2019763,"Canal monobloco com corpo e grelha em concreto polímero com efeito autolimpante - carga de controle de 900 kN - 200,0 x 40,0 x 59,5 cm - fornecimento e instalação em pavimento de asfalto","m",4950.84]
[2019772,"Canal monobloco com corpo e grelha em concreto polímero com efeito autolimpante - carga de controle de 900 kN - 200,0 x 40,0 x 59,5 cm - fornecimento e instalação em pavimento de concreto","m",5033.6099999999997]
[2003811,"Canaleta de concreto - CAU 01 - seção de 20 x 20 cm - espessura de 10 cm - apoiada em toda a extensão","m",146.38]
[2003812,"Canaleta de concreto - CAU 02 - seção de 25 x 25 cm - espessura de 10 cm - apoiada em toda a extensão","m",173.41]
[2003813,"Canaleta de concreto - CAU 03 - seção de 30 x 30 cm - espessura de 10 cm - apoiada em toda a extensão","m",206.78]
[2003814,"Canaleta de concreto - CAU 04 - seção de 35 x 35 cm - espessura de 10 cm - apoiada em toda a extensão","m",235.92]
[2003815,"Canaleta de concreto - CAU 05 - seção de 40 x 40 cm - espessura de 10 cm - apoiada em toda a extensão","m",265.07]
[2003816,"Canaleta de concreto - CAU 06 - seção de 50 x 50 cm - espessura de 10 cm - apoiada em toda a extensão","m",327.58]
[2003817,"Canaleta de concreto - CAU 07 - seção de 60 x 60 cm - espessura de 10 cm - apoiada em toda a extensão","m",383.76]
[2003799,"Canaleta meia cana D = 0,30 m assente sobre lastro de areia - areia e brita comerciais - fornecimento e instalação","m",56.7]
[2003798,"Canaleta meia cana D = 0,30 m assente sobre lastro de areia - areia extraída e brita produzida - fornecimento e instalação","m",48.07]
[2003801,"Canaleta meia cana D = 0,40 m assente sobre lastro de areia - areia e brita comerciais - fornecimento e instalação","m",71.959999999999994]
[2003800,"Canaleta meia cana D = 0,40 m assente sobre lastro de areia - areia extraída e brita produzida - fornecimento e instalação","m",59.77]
[2003714,"Chaminé dos poços de visita - CPV 01 - areia e brita comerciais","un",1565.1]
[2003713,"Chaminé dos poços de visita - CPV 01 - areia extraída e brita produzida","un",1524.13]
[2003716,"Chaminé dos poços de visita - CPV 02 - areia e brita comerciais","un",1838.78]
[2003715,"Chaminé dos poços de visita - CPV 02 - areia extraída e brita produzida","un",1791.31]
[2003718,"Chaminé dos poços de visita - CPV 03 - areia e brita comerciais","un",2106.16]
[2003717,"Chaminé dos poços de visita - CPV 03 - areia extraída e brita produzida","un",2053.39]
[2003720,"Chaminé dos poços de visita - CPV 04 - areia e brita comerciais","un",2379.8000000000002]
[2003719,"Chaminé dos poços de visita - CPV 04 - areia extraída e brita produzida","un",2320.54]
[2003722,"Chaminé dos poços de visita - CPV 05 - areia e brita comerciais","un",2647.19]
[2003721,"Chaminé dos poços de visita - CPV 05 - areia extraída e brita produzida","un",2582.61]
[2003724,"Chaminé dos poços de visita - CPV 06 - areia e brita comerciais","un",2920.87]
[2003723,"Chaminé dos poços de visita - CPV 06 - areia extraída e brita produzida","un",2849.8]
[2003726,"Chaminé dos poços de visita - CPV 07 - areia e brita comerciais","un",3188.26]
[2003725,"Chaminé dos poços de visita - CPV 07 - areia extraída e brita produzida","un",3111.88]
[2003859,"Colchão drenante com espalhamento e compactação mecânicos - brita produzida","m³",67]
[2003861,"Coluna drenante D = 20 cm - areia comercial","m",23.71]
[2003862,"Coluna drenante D = 20 cm - areia extraída","m",20.350000000000001]
[2003411,"Descida d'água de aterros em degraus - DAD 110-26 - areia e brita comerciais","m",782.32]
[2003410,"Descida d'água de aterros em degraus - DAD 110-26 - areia extraída e brita produzida","m",722.96]
[2003415,"Descida d'água de aterros em degraus - DAD 125-30 - areia e brita comerciais","m",859.6]
[2003414,"Descida d'água de aterros em degraus - DAD 125-30 - areia extraída e brita produzida","m",793.84]
[2003419,"Descida d'água de aterros em degraus - DAD 170-35 - areia e brita comerciais","m",1040.0899999999999]
[2003418,"Descida d'água de aterros em degraus - DAD 170-35 - areia extraída e brita produzida","m",957.52]
[2003423,"Descida d'água de aterros em degraus - DAD 200-40 - areia e brita comerciais","m",1192.51]
[2003422,"Descida d'água de aterros em degraus - DAD 200-40 - areia extraída e brita produzida","m",1098.1600000000001]
[2003427,"Descida d'água de aterros em degraus - DAD 240-54 - areia e brita comerciais","m",1417.69]
[2003426,"Descida d'água de aterros em degraus - DAD 240-54 - areia extraída e brita produzida","m",1305.1500000000001]
[2003431,"Descida d'água de aterros em degraus - DAD 320-35 - areia e brita comerciais","m",1565.29]
[2003430,"Descida d'água de aterros em degraus - DAD 320-35 - areia extraída e brita produzida","m",1432.29]
[2003435,"Descida d'água de aterros em degraus - DAD 370-45 - areia e brita comerciais","m",1810]
[2003434,"Descida d'água de aterros em degraus - DAD 370-45 - areia extraída e brita produzida","m",1656.81]
[2003439,"Descida d'água de aterros em degraus - DAD 435-55 - areia e brita comerciais","m",2116.8200000000002]
[2003438,"Descida d'água de aterros em degraus - DAD 435-55 - areia extraída e brita produzida","m",1938.4]
[2003167,"Descida d'água de aterros em degraus - DAD 470-35 - areia e brita comerciais","m",2076.79]
[2003168,"Descida d'água de aterros em degraus - DAD 470-35 - areia extraída e brita produzida","m",1893.38]
[2003407,"Descida d'água de aterros em degraus - DAD 60-36 - areia e brita comerciais","m",672.29]
[2003406,"Descida d'água de aterros em degraus - DAD 60-36 - areia extraída e brita produzida","m",626.35]
[2003169,"Descida d'água de aterros em degraus - DAD 608-50 - areia e brita comerciais","m",2681.67]
[2003170,"Descida d'água de aterros em degraus - DAD 608-50 - areia extraída e brita produzida","m",2446.79]
[2003389,"Descida d'água de aterros tipo rápido - DAR 40-20 - areia e brita comerciais","m",220.54]
[2003388,"Descida d'água de aterros tipo rápido - DAR 40-20 - areia extraída e brita produzida","m",200.91]
[2003393,"Descida d'água de aterros tipo rápido - DAR 60-30 - areia e brita comerciais","m",363.17]
[2003392,"Descida d'água de aterros tipo rápido - DAR 60-30 - areia extraída e brita produzida","m",336.36]
[2003173,"Descida d'água de cortes em degraus - DCD 100-50 - areia e brita comerciais","m",873.19]
[2003174,"Descida d'água de cortes em degraus - DCD 100-50 - areia extraída e brita produzida","m",812.02]
[2003171,"Descida d'água de cortes em degraus - DCD 40-40 - areia e brita comerciais","m",606.91999999999996]
[2003172,"Descida d'água de cortes em degraus - DCD 40-40 - areia extraída e brita produzida","m",568.62]
[2003399,"Descida d'água de cortes em degraus - DCD 60-30 - areia e brita comerciais","m",613.54]
[2003398,"Descida d'água de cortes em degraus - DCD 60-30 - areia extraída e brita produzida","m",571.95000000000005]
[2003403,"Descida d'água de cortes em degraus - DCD 80-40 - areia e brita comerciais","m",748.41]
[2003402,"Descida d'água de cortes em degraus - DCD 80-40 - areia extraída e brita produzida","m",697.01]
[2003452,"Dissipador de energia - DEB 180-263 - areia extraída e brita e pedra de mão produzidas","un",786]
[2003453,"Dissipador de energia - DEB 180-263 - areia, brita e pedra de mão comerciais","un",963.8]
[2003454,"Dissipador de energia - DEB 240-316 - areia extraída e brita e pedra de mão produzidas","un",1096.23]
[2003455,"Dissipador de energia - DEB 240-316 - areia, brita e pedra de mão comerciais","un",1368.57]
[2003456,"Dissipador de energia - DEB 300-366 - areia extraída e brita e pedra de mão produzidas","un",1443.22]
[2003457,"Dissipador de energia - DEB 300-366 - areia, brita e pedra de mão comerciais","un",1826.88]
[2003462,"Dissipador de energia - DEB 300-511 - areia extraída e brita e pedra de mão produzidas","un",1841.3]
[2003463,"Dissipador de energia - DEB 300-511 - areia, brita e pedra de mão comerciais","un",2363.86]
[2003468,"Dissipador de energia - DEB 300-666 - areia extraída e brita e pedra de mão produzidas","un",2266.66]
[2003469,"Dissipador de energia - DEB 300-666 - areia, brita e pedra de mão comerciais","un",2937.58]
[2003458,"Dissipador de energia - DEB 360-414 - areia extraída e brita e pedra de mão produzidas","un",1824.76]
[2003459,"Dissipador de energia - DEB 360-414 - areia, brita e pedra de mão comerciais","un",2335.13]
[2003464,"Dissipador de energia - DEB 360-584 - areia extraída e brita e pedra de mão produzidas","un",2362.85]
[2003465,"Dissipador de energia - DEB 360-584 - areia, brita e pedra de mão comerciais","un",3066.4]
[2003470,"Dissipador de energia - DEB 360-754 - areia extraída e brita e pedra de mão produzidas","un",2902.72]
[2003471,"Dissipador de energia - DEB 360-754 - areia, brita e pedra de mão comerciais","un",3800.19]
[2003460,"Dissipador de energia - DEB 450-551 - areia extraída e brita e pedra de mão produzidas","un",2722.15]
[2003461,"Dissipador de energia - DEB 450-551 - areia, brita e pedra de mão comerciais","un",3547.66]
[2003466,"Dissipador de energia - DEB 450-746 - areia extraída e brita e pedra de mão produzidas","un",3465.34]
[2003467,"Dissipador de energia - DEB 450-746 - areia, brita e pedra de mão comerciais","un",4565.67]
[2003472,"Dissipador de energia - DEB 450-956 - areia extraída e brita e pedra de mão produzidas","un",4264.92]
[2003473,"Dissipador de energia - DEB 450-956 - areia, brita e pedra de mão comerciais","un",5661.64]
[2003176,"Dissipador de energia - DED 01 A - areia extraída e brita e pedra de mão produzidas","un",582.01]
[2003175,"Dissipador de energia - DED 01 A - areia, brita e pedra de mão comerciais","un",689.73]
[2003201,"Dissipador de energia - DED 01 B - areia e brita comerciais","un",671.23]
[2003202,"Dissipador de energia - DED 01 B - areia extraída e brita produzida","un",603.87]
[2003178,"Dissipador de energia - DED 02 A - areia extraída e brita e pedra de mão produzidas","un",370.29]
[2003177,"Dissipador de energia - DED 02 A - areia, brita e pedra de mão comerciais","un",428.21]
[2003203,"Dissipador de energia - DED 02 B - areia e brita comerciais","un",481.62]
[2003204,"Dissipador de energia - DED 02 B - areia extraída e brita produzida","un",434.09]
[2003180,"Dissipador de energia - DED 03 A - areia extraída e brita e pedra de mão produzidas","un",580.87]
[2003179,"Dissipador de energia - DED 03 A - areia, brita e pedra de mão comerciais","un",688.15]
[2003205,"Dissipador de energia - DED 03 B - areia e brita comerciais","un",1580.47]
[2003206,"Dissipador de energia - DED 03 B - areia extraída e brita produzida","un",1459.88]
[2003182,"Dissipador de energia - DED 04 A - areia extraída e brita e pedra de mão produzidas","un",715.1]
[2003181,"Dissipador de energia - DED 04 A - areia, brita e pedra de mão comerciais","un",863.64]
[2003207,"Dissipador de energia - DED 04 B - areia e brita comerciais","un",1808.84]
[2003208,"Dissipador de energia - DED 04 B - areia extraída e brita produzida","un",1668.58]
[2003184,"Dissipador de energia - DED 05 A - areia extraída e brita e pedra de mão produzidas","un",925.96]
[2003183,"Dissipador de energia - DED 05 A - areia, brita e pedra de mão comerciais","un",1132.22]
[2003209,"Dissipador de energia - DED 05 B - areia e brita comerciais","un",2800.01]
[2003210,"Dissipador de energia - DED 05 B - areia extraída e brita produzida","un",2574.91]
[2003186,"Dissipador de energia - DED 06 A - areia extraída e brita e pedra de mão produzidas","un",1185.3499999999999]
[2003185,"Dissipador de energia - DED 06 A - areia, brita e pedra de mão comerciais","un",1471.73]
[2003211,"Dissipador de energia - DED 06 B - areia e brita comerciais","un",3538.12]
[2003212,"Dissipador de energia - DED 06 B - areia extraída e brita produzida","un",3242.61]
[2003188,"Dissipador de energia - DED 07 A - areia extraída e brita e pedra de mão produzidas","un",1458.9]
[2003187,"Dissipador de energia - DED 07 A - areia, brita e pedra de mão comerciais","un",1830.23]
[2003213,"Dissipador de energia - DED 07 B - areia e brita comerciais","un",5115.78]
[2003214,"Dissipador de energia - DED 07 B - areia extraída e brita produzida","un",4668.72]
[2003190,"Dissipador de energia - DED 08 A - areia extraída e brita e pedra de mão produzidas","un",1812.5]
[2003189,"Dissipador de energia - DED 08 A - areia, brita e pedra de mão comerciais","un",2298.34]
[2003215,"Dissipador de energia - DED 08 B - areia e brita comerciais","un",8448.4]
[2003216,"Dissipador de energia - DED 08 B - areia extraída e brita produzida","un",7678.76]
[2003192,"Dissipador de energia - DED 09 A - areia extraída e brita e pedra de mão produzidas","un",1959.54]
[2003191,"Dissipador de energia - DED 09 A - areia, brita e pedra de mão comerciais","un",2491.73]
[2003217,"Dissipador de energia - DED 09 B - areia e brita comerciais","un",5850.57]
[2003218,"Dissipador de energia - DED 09 B - areia extraída e brita produzida","un",5315.29]
[2003194,"Dissipador de energia - DED 10 A - areia extraída e brita e pedra de mão produzidas","un",2382.08]
[2003193,"Dissipador de energia - DED 10 A - areia, brita e pedra de mão comerciais","un",3054.62]
[2003219,"Dissipador de energia - DED 10 B - areia e brita comerciais","un",7919.17]
[2003220,"Dissipador de energia - DED 10 B - areia extraída e brita produzida","un",7166.4]
[2003196,"Dissipador de energia - DED 11 A - areia extraída e brita e pedra de mão produzidas","un",2927.12]
[2003195,"Dissipador de energia - DED 11 A - areia, brita e pedra de mão comerciais","un",3783.79]
[2003221,"Dissipador de energia - DED 11 B - areia e brita comerciais","un",11947.33]
[2003222,"Dissipador de energia - DED 11 B - areia extraída e brita produzida","un",10764.17]
[2003198,"Dissipador de energia - DED 12 A - areia extraída e brita e pedra de mão produzidas","un",2735]
[2003197,"Dissipador de energia - DED 12 A - areia, brita e pedra de mão comerciais","un",3512.33]
[2003223,"Dissipador de energia - DED 12 B - areia e brita comerciais","un",8123.97]
[2003224,"Dissipador de energia - DED 12 B - areia extraída e brita produzida","un",7364.74]
[2003200,"Dissipador de energia - DED 13 A - areia extraída e brita e pedra de mão produzidas","un",3169.54]
[2003199,"Dissipador de energia - DED 13 A - areia, brita e pedra de mão comerciais","un",4131.51]
[2003225,"Dissipador de energia - DED 13 B - areia e brita comerciais","un",11624.64]
[2003226,"Dissipador de energia - DED 13 B - areia extraída e brita produzida","un",10482.34]
[2003238,"Dissipador de energia - DES 100-300 - areia extraída e brita e pedra de mão produzidas","un",679.06]
[2003237,"Dissipador de energia - DES 100-300 - areia, brita e pedra de mão comerciais","un",809.82]
[2003236,"Dissipador de energia - DES 108-324 - areia extraída e brita e pedra de mão produzidas","un",753.33]
[2003235,"Dissipador de energia - DES 108-324 - areia, brita e pedra de mão comerciais","un",903.58]
[2003234,"Dissipador de energia - DES 120-360 - areia extraída e brita e pedra de mão produzidas","un",876.81]
[2003233,"Dissipador de energia - DES 120-360 - areia, brita e pedra de mão comerciais","un",1062.31]
[2003232,"Dissipador de energia - DES 125-375 - areia extraída e brita e pedra de mão produzidas","un",921.73]
[2003231,"Dissipador de energia - DES 125-375 - areia, brita e pedra de mão comerciais","un",1117.8800000000001]
[2003230,"Dissipador de energia - DES 150-450 - areia extraída e brita e pedra de mão produzidas","un",1195.49]
[2003229,"Dissipador de energia - DES 150-450 - areia, brita e pedra de mão comerciais","un",1469.76]
[2003228,"Dissipador de energia - DES 160-480 - areia extraída e brita e pedra de mão produzidas","un",1321.04]
[2003227,"Dissipador de energia - DES 160-480 - areia, brita e pedra de mão comerciais","un",1634.83]
[2003248,"Dissipador de energia - DES 60-180 - areia extraída e brita e pedra de mão produzidas","un",355.3]
[2003247,"Dissipador de energia - DES 60-180 - areia, brita e pedra de mão comerciais","un",411.3]
[2003246,"Dissipador de energia - DES 73-219 - areia extraída e brita e pedra de mão produzidas","un",450.39]
[2003245,"Dissipador de energia - DES 73-219 - areia, brita e pedra de mão comerciais","un",525.66]
[2003244,"Dissipador de energia - DES 80-240 - areia extraída e brita e pedra de mão produzidas","un",507.24]
[2003243,"Dissipador de energia - DES 80-240 - areia, brita e pedra de mão comerciais","un",595.14]
[2003242,"Dissipador de energia - DES 88-264 - areia extraída e brita e pedra de mão produzidas","un",572.84]
[2003241,"Dissipador de energia - DES 88-264 - areia, brita e pedra de mão comerciais","un",677.2]
[2003240,"Dissipador de energia - DES 90-270 - areia extraída e brita e pedra de mão produzidas","un",594.6]
[2003239,"Dissipador de energia - DES 90-270 - areia, brita e pedra de mão comerciais","un",706.85]
[2004516,"Dreno de pavimento em microvala com geocomposto drenante H = 0,40 m - inclusive corte, enchimento com areia e selo asfáltico","m",35.18]
[2004517,"Dreno de pavimento em microvala com geocomposto drenante H = 0,60 m - inclusive corte, enchimento com areia e selo asfáltico","m",70.86]
[2007971,"Dreno de PVC D = 100 mm para OAE - fornecimento e instalação","m",84.55]
[2008091,"Dreno de PVC D = 150 mm para OAE - fornecimento e instalação","m",90.73]
[2006408,"Dreno de PVC D = 75 mm para OAE - fornecimento e instalação","m",69.58]
[2015642,"Dreno em tubo de aço galvanizado D = 100 mm em OAE - fornecimento e instalação","m",153.57]
[2015641,"Dreno em tubo de aço galvanizado D = 80 mm em OAE - fornecimento e instalação","m",140.97]
[2004509,"Dreno longitudinal de pavimento H = 0,40 m - com geocomposto drenante","m",40.15]
[2004510,"Dreno longitudinal de pavimento H = 0,60 m - com geocomposto drenante","m",49.35]
[2004511,"Dreno longitudinal de pavimento H = 1,00 m - com geocomposto drenante","m",67.72]
[2004512,"Dreno longitudinal de pavimento H = 1,50 m - com geocomposto drenante","m",90.68]
[2003843,"Dreno longitudinal profundo em tubo de concreto D = 0,40 m em vala de H = 1,10 m e L = 1,00 m com brita envolta em geotêxtil","m",335.1]
[2003915,"Dreno longitudinal profundo para corte em rocha - DPR 01 - tubo de concreto perfurado e brita comercial","m",111.37]
[2003914,"Dreno longitudinal profundo para corte em rocha - DPR 01 - tubo de concreto perfurado e brita produzida","m",95.36]
[2003589,"Dreno longitudinal profundo para corte em rocha - DPR 01 - tubo PEAD e brita comercial","m",124.8]
[2003588,"Dreno longitudinal profundo para corte em rocha - DPR 01 - tubo PEAD e brita produzida","m",112]
[2003917,"Dreno longitudinal profundo para corte em rocha - DPR 02 - tubo de concreto perfurado e brita comercial","m",126.39]
[2003916,"Dreno longitudinal profundo para corte em rocha - DPR 02 - tubo de concreto perfurado e brita produzida","m",110.39]
[2003591,"Dreno longitudinal profundo para corte em rocha - DPR 02 - tubo PEAD e brita comercial","m",139.82]
[2003590,"Dreno longitudinal profundo para corte em rocha - DPR 02 - tubo PEAD e brita produzida","m",127.02]
[2003593,"Dreno longitudinal profundo para corte em rocha - DPR 03 - brita comercial","m",87.09]
[2003592,"Dreno longitudinal profundo para corte em rocha - DPR 03 - brita produzida","m",68.81]
[2003595,"Dreno longitudinal profundo para corte em rocha - DPR 04 - brita comercial","m",72.069999999999993]
[2003594,"Dreno longitudinal profundo para corte em rocha - DPR 04 - brita produzida","m",53.79]
[2003597,"Dreno longitudinal profundo para corte em rocha - DPR 05 - tubo de concreto poroso e areia comercial","m",106.47]
[2003596,"Dreno longitudinal profundo para corte em rocha - DPR 05 - tubo de concreto poroso e areia extraída","m",89.01]
[2003572,"Dreno longitudinal profundo para corte em solo - DPS 01 - tubo PEAD e areia comercial","m",121.49]
[2003580,"Dreno longitudinal profundo para corte em solo - DPS 01 - tubo PEAD e areia extraída","m",65.73]
[2003573,"Dreno longitudinal profundo para corte em solo - DPS 02 - tubo PEAD e areia comercial","m",128.51]
[2003581,"Dreno longitudinal profundo para corte em solo - DPS 02 - tubo PEAD e areia extraída","m",64.03]
[2003561,"Dreno longitudinal profundo para corte em solo - DPS 03 - tubo de concreto perfurado, areia e brita comerciais - madeira com utilização de 5 vezes","m",196.61]
[2003560,"Dreno longitudinal profundo para corte em solo - DPS 03 - tubo de concreto perfurado, areia extraída e brita produzida - madeira com utilização de 5 vezes","m",117.2]
[2003574,"Dreno longitudinal profundo para corte em solo - DPS 03 - tubo PEAD, areia e brita comerciais - madeira com utilização de 5 vezes","m",182.97]
[2003582,"Dreno longitudinal profundo para corte em solo - DPS 03 - tubo PEAD, areia extraída e brita produzida - madeira com utilização de 5 vezes","m",125.38]
[2003563,"Dreno longitudinal profundo para corte em solo - DPS 04 - tubo de concreto perfurado, areia e brita comerciais - madeira com utilização de 5 vezes","m",206.98]
[2003562,"Dreno longitudinal profundo para corte em solo - DPS 04 - tubo de concreto perfurado, areia extraída e brita produzida - madeira com utilização de 5 vezes","m",114.49]
[2003575,"Dreno longitudinal profundo para corte em solo - DPS 04 - tubo PEAD, areia e brita comerciais - madeira com utilização de 5 vezes","m",190.23]
[2003583,"Dreno longitudinal profundo para corte em solo - DPS 04 - tubo PEAD, areia extraída e brita produzida - madeira com utilização de 5 vezes","m",123.49]
[2003565,"Dreno longitudinal profundo para corte em solo - DPS 05 - dreno cego - brita comercial","m",141.22999999999999]
[2003564,"Dreno longitudinal profundo para corte em solo - DPS 05 - dreno cego - brita produzida","m",84.55]
[2003567,"Dreno longitudinal profundo para corte em solo - DPS 06 - dreno cego - brita comercial","m",161.08000000000001]
[2003566,"Dreno longitudinal profundo para corte em solo - DPS 06 - dreno cego - brita produzida","m",92.52]
[2003569,"Dreno longitudinal profundo para corte em solo - DPS 07 - tubo de concreto perfurado e brita comercial","m",180.33]
[2003568,"Dreno longitudinal profundo para corte em solo - DPS 07 - tubo de concreto perfurado e brita produzida","m",125.93]
[2003578,"Dreno longitudinal profundo para corte em solo - DPS 07 - tubo PEAD e brita comercial","m",180.01]
[2003586,"Dreno longitudinal profundo para corte em solo - DPS 07 - tubo PEAD e brita produzida","m",135.02000000000001]
[2003571,"Dreno longitudinal profundo para corte em solo - DPS 08 - tubo de concreto perfurado e brita comercial","m",200.18]
[2003570,"Dreno longitudinal profundo para corte em solo - DPS 08 - tubo de concreto perfurado e brita produzida","m",133.9]
[2003579,"Dreno longitudinal profundo para corte em solo - DPS 08 - tubo PEAD e brita comercial","m",196.34]
[2003587,"Dreno longitudinal profundo para corte em solo - DPS 08 - tubo PEAD e brita produzida","m",142.21]
[2004506,"Dreno profundo H = 1,0 m - com geocomposto drenante - inclusive escavação e reaterro","m",74.44]
[2004507,"Dreno profundo H = 1,5 m - com geocomposto drenante - inclusive escavação e reaterro","m",100.83]
[2003614,"Dreno sub-horizontal - DSH 01 - material de 1ª categoria","m",128.83000000000001]
[2003865,"Dreno sub-horizontal - DSH 01 - material de 2ª categoria","m",144.47999999999999]
[2003923,"Dreno subsuperficial - DSS 01 - tubo de concreto perfurado e areia comercial","m",55.57]
[2003922,"Dreno subsuperficial - DSS 01 - tubo de concreto perfurado e areia extraída","m",34.94]
[2003605,"Dreno subsuperficial - DSS 01 - tubo PEAD e areia comercial","m",43.98]
[2003604,"Dreno subsuperficial - DSS 01 - tubo PEAD e areia extraída","m",26.56]
[2003607,"Dreno subsuperficial - DSS 02 - brita comercial","m",43.59]
[2003606,"Dreno subsuperficial - DSS 02 - brita produzida","m",28.96]
[2003609,"Dreno subsuperficial - DSS 03 - brita comercial","m",27.44]
[2003608,"Dreno subsuperficial - DSS 03 - brita produzida","m",12.82]
[2003925,"Dreno subsuperficial - DSS 04 - tubo de concreto perfurado e brita comercial","m",78.650000000000006]
[2003924,"Dreno subsuperficial - DSS 04 - tubo de concreto perfurado e brita produzida","m",60.82]
[2003611,"Dreno subsuperficial - DSS 04 - tubo PEAD e brita comercial","m",67.069999999999993]
[2003610,"Dreno subsuperficial - DSS 04 - tubo PEAD e brita produzida","m",52.44]
[2003820,"Dreno tipo barbacã - DRB 01 - D = 75 mm em estrutura de contenção de encosta - excluso o tubo de drenagem","un",18.87]
[2003821,"Dreno tipo barbacã - DRB 02 - D = 50 mm em estrutura de contenção de encosta - excluso o tubo de drenagem","un",16.48]
[2003842,"Enchimento de junta de concreto com argamassa asfáltica de densidade 1.700 kg/m³ - espessura de 1 cm","kg",67.459999999999994]
[2003103,"Entrada para descida d'água - EDA 01 A - areia e brita comerciais","un",199.61]
[2003104,"Entrada para descida d'água - EDA 01 A - areia extraída e brita produzida","un",174.35]
[2003115,"Entrada para descida d'água - EDA 01 B - areia e brita comerciais","un",293.87]
[2003116,"Entrada para descida d'água - EDA 01 B - areia extraída e brita produzida","un",255.15]
[2003105,"Entrada para descida d'água - EDA 02 A - areia e brita comerciais","un",212.16]
[2003106,"Entrada para descida d'água - EDA 02 A - areia extraída e brita produzida","un",185.84]
[2003117,"Entrada para descida d'água - EDA 02 B - areia e brita comerciais","un",311.60000000000002]
[2003118,"Entrada para descida d'água - EDA 02 B - areia extraída e brita produzida","un",271.37]
[2003107,"Entrada para descida d'água - EDA 03 A - areia e brita comerciais","un",187.18]
[2003108,"Entrada para descida d'água - EDA 03 A - areia extraída e brita produzida","un",164.72]
[2003119,"Entrada para descida d'água - EDA 03 B - areia e brita comerciais","un",271.36]
[2003120,"Entrada para descida d'água - EDA 03 B - areia extraída e brita produzida","un",238.16]
[2003109,"Entrada para descida d'água - EDA 04 A - areia e brita comerciais","un",197.62]
[2003110,"Entrada para descida d'água - EDA 04 A - areia extraída e brita produzida","un",174.35]
[2003121,"Entrada para descida d'água - EDA 04 B - areia e brita comerciais","un",286.18]
[2003122,"Entrada para descida d'água - EDA 04 B - areia extraída e brita produzida","un",251.85]
[2003111,"Entrada para descida d'água - EDA 05 A - areia e brita comerciais","un",210.08]
[2003112,"Entrada para descida d'água - EDA 05 A - areia extraída e brita produzida","un",185.86]
[2003123,"Entrada para descida d'água - EDA 05 B - areia e brita comerciais","un",304]
[2003124,"Entrada para descida d'água - EDA 05 B - areia extraída e brita produzida","un",268.31]
[2003113,"Entrada para descida d'água - EDA 06 A - areia e brita comerciais","un",220.51]
[2003114,"Entrada para descida d'água - EDA 06 A - areia extraída e brita produzida","un",195.49]
[2003125,"Entrada para descida d'água - EDA 06 B - areia e brita comerciais","un",318.82]
[2003126,"Entrada para descida d'água - EDA 06 B - areia extraída e brita produzida","un",282]
[2003127,"Entrada para descida d'água - EDA 07 A - areia e brita comerciais","un",830.37]
[2003128,"Entrada para descida d'água - EDA 07 A - areia extraída e brita produzida","un",705.97]
[2003147,"Entrada para descida d'água - EDA 07 B - areia e brita comerciais","un",1135.3]
[2003148,"Entrada para descida d'água - EDA 07 B - areia extraída e brita produzida","un",956.71]
[2003129,"Entrada para descida d'água - EDA 08 A - areia e brita comerciais","un",835.44]
[2003130,"Entrada para descida d'água - EDA 08 A - areia extraída e brita produzida","un",709.75]
[2003149,"Entrada para descida d'água - EDA 08 B - areia e brita comerciais","un",1144.1500000000001]
[2003150,"Entrada para descida d'água - EDA 08 B - areia extraída e brita produzida","un",963.32]
[2003131,"Entrada para descida d'água - EDA 09 A - areia e brita comerciais","un",850.85]
[2003132,"Entrada para descida d'água - EDA 09 A - areia extraída e brita produzida","un",721.27]
[2003151,"Entrada para descida d'água - EDA 09 B - areia e brita comerciais","un",1171.08]
[2003152,"Entrada para descida d'água - EDA 09 B - areia extraída e brita produzida","un",983.42]
[2003133,"Entrada para descida d'água - EDA 10 A - areia e brita comerciais","un",853.96]
[2003134,"Entrada para descida d'água - EDA 10 A - areia extraída e brita produzida","un",723.58]
[2003153,"Entrada para descida d'água - EDA 10 B - areia e brita comerciais","un",1176.47]
[2003154,"Entrada para descida d'água - EDA 10 B - areia extraída e brita produzida","un",987.45]
[2003135,"Entrada para descida d'água - EDA 11 A - areia e brita comerciais","un",860.92]
[2003136,"Entrada para descida d'água - EDA 11 A - areia extraída e brita produzida","un",728.78]
[2003155,"Entrada para descida d'água - EDA 11 B - areia e brita comerciais","un",1188.6600000000001]
[2003156,"Entrada para descida d'água - EDA 11 B - areia extraída e brita produzida","un",996.55]
[2003137,"Entrada para descida d'água - EDA 12 A - areia e brita comerciais","un",1118.73]
[2003138,"Entrada para descida d'água - EDA 12 A - areia extraída e brita produzida","un",974.24]
[2003157,"Entrada para descida d'água - EDA 12 B - areia e brita comerciais","un",1506.29]
[2003158,"Entrada para descida d'água - EDA 12 B - areia extraída e brita produzida","un",1301.81]
[2003139,"Entrada para descida d'água - EDA 13 A - areia e brita comerciais","un",1123.8]
[2003140,"Entrada para descida d'água - EDA 13 A - areia extraída e brita produzida","un",978.02]
[2003159,"Entrada para descida d'água - EDA 13 B - areia e brita comerciais","un",1515.14]
[2003160,"Entrada para descida d'água - EDA 13 B - areia extraída e brita produzida","un",1308.42]
[2003141,"Entrada para descida d'água - EDA 14 A - areia e brita comerciais","un",1139.21]
[2003142,"Entrada para descida d'água - EDA 14 A - areia extraída e brita produzida","un",989.53]
[2003161,"Entrada para descida d'água - EDA 14 B - areia e brita comerciais","un",1542.07]
[2003162,"Entrada para descida d'água - EDA 14 B - areia extraída e brita produzida","un",1328.52]
[2003143,"Entrada para descida d'água - EDA 15 A - areia e brita comerciais","un",1142.32]
[2003144,"Entrada para descida d'água - EDA 15 A - areia extraída e brita produzida","un",991.85]
[2003163,"Entrada para descida d'água - EDA 15 B - areia e brita comerciais","un",1547.47]
[2003164,"Entrada para descida d'água - EDA 15 B - areia extraída e brita produzida","un",1332.55]
[2003145,"Entrada para descida d'água - EDA 16 A - areia e brita comerciais","un",1149.28]
[2003146,"Entrada para descida d'água - EDA 16 A - areia extraída e brita produzida","un",997.05]
[2003165,"Entrada para descida d'água - EDA 16 B - areia e brita comerciais","un",1559.65]
[2003166,"Entrada para descida d'água - EDA 16 B - areia extraída e brita produzida","un",1341.65]
[2003819,"Envelope de brita para tubos com diâmetro externo de 75 a 110 mm - L = 15 cm e H = 15 cm","m",6.78]
[2004504,"Escavação mecânica de vala para drenagem com valetadeira em material de 1ª categoria","m³",17.75]
[2004519,"Escavação mecânica de vala trapezoidal ou triangular em material de 1ª categoria para drenagem superficial com retroescavadeira - 0,10 m² ≤ seção < 0,15 m²","m³",25.63]
[2004520,"Escavação mecânica de vala trapezoidal ou triangular em material de 1ª categoria para drenagem superficial com retroescavadeira - 0,15 m² ≤ seção < 0,20 m²","m³",21.15]
[2004521,"Escavação mecânica de vala trapezoidal ou triangular em material de 1ª categoria para drenagem superficial com retroescavadeira - 0,20 m² ≤ seção < 0,30 m²","m³",14.46]
[2004522,"Escavação mecânica de vala trapezoidal ou triangular em material de 1ª categoria para drenagem superficial com retroescavadeira - 0,30 m² ≤ seção < 0,50 m²","m³",10.57]
[2004518,"Escavação mecânica de vala trapezoidal ou triangular em material de 1ª categoria para drenagem superficial com retroescavadeira - seção < 0,10 m²","m³",44.52]
[2003864,"Esgotamento de água com bomba submersa","h",13.39]
[2003863,"Esgotamento de dreno horizontal profundo a vácuo","h",22.54]
[2004508,"Geodreno vertical para tratamento de solos moles","m",12.21]
[2003316,"Grelha de concreto 54 x 100 cm para boca-de-lobo - areia e brita comerciais - sobrecarga do trem tipo TB 45","un",107.78]
[2003317,"Grelha de concreto 54 x 100 cm para boca-de-lobo - areia extraída e brita produzida - sobrecarga do trem tipo TB 45","un",102.61]
[2003767,"Lastro de areia comercial - espalhamento manual","m³",121.74]
[2003844,"Lastro de areia comercial - espalhamento mecânico","m³",119.1]
[2003576,"Lastro de areia extraída - espalhamento manual","m³",14.66]
[2003858,"Lastro de areia extraída - espalhamento mecânico","m³",12.02]
[2003850,"Lastro de brita comercial compactado com soquete vibratório - espalhamento manual","m³",169.16]
[2003849,"Lastro de brita produzida compactado com soquete vibratório - espalhamento manual","m³",73.819999999999993]
[2003868,"Lastro de pedra de mão ou rachão - espalhamento manual","m³",156.22]
[2003369,"Meio-fio de concreto - MFC 01 - areia e brita comerciais - fôrma de madeira","m",112.27]
[2003368,"Meio-fio de concreto - MFC 01 - areia extraída e brita produzida - fôrma de madeira","m",97.81]
[2003939,"Meio-fio de concreto - MFC 01 moldado no local com extrusora e concreto usinado - areia e brita comerciais","m",64.53]
[2003940,"Meio-fio de concreto - MFC 01 moldado no local com extrusora e concreto usinado - areia extraída e brita produzida","m",50.03]
[2003371,"Meio-fio de concreto - MFC 02 - areia e brita comerciais - fôrma de madeira","m",81.33]
[2003370,"Meio-fio de concreto - MFC 02 - areia extraída e brita produzida - fôrma de madeira","m",69.11]
[2003941,"Meio-fio de concreto - MFC 02 moldado no local com extrusora e concreto usinado - areia e brita comerciais","m",55.14]
[2003942,"Meio-fio de concreto - MFC 02 moldado no local com extrusora e concreto usinado - areia extraída e brita produzida","m",42.88]
[2003373,"Meio-fio de concreto - MFC 03 - areia e brita comerciais - fôrma de madeira","m",67.25]
[2003372,"Meio-fio de concreto - MFC 03 - areia extraída e brita produzida - fôrma de madeira","m",61.32]
[2003943,"Meio-fio de concreto - MFC 03 moldado no local com extrusora e concreto usinado - areia e brita comerciais","m",26.04]
[2003944,"Meio-fio de concreto - MFC 03 moldado no local com extrusora e concreto usinado - areia extraída e brita produzida","m",20.100000000000001]
[2003375,"Meio-fio de concreto - MFC 04 - areia e brita comerciais - fôrma de madeira","m",42.84]
[2003374,"Meio-fio de concreto - MFC 04 - areia extraída e brita produzida - fôrma de madeira","m",38.47]
[2003945,"Meio-fio de concreto - MFC 04 moldado no local com extrusora e concreto usinado - areia e brita comerciais","m",19.48]
[2003946,"Meio-fio de concreto - MFC 04 moldado no local com extrusora e concreto usinado - areia extraída e brita produzida","m",15.11]
[2003377,"Meio-fio de concreto - MFC 05 - areia e brita comerciais - fôrma de madeira","m",58.87]
[2003376,"Meio-fio de concreto - MFC 05 - areia extraída e brita produzida - fôrma de madeira","m",54.15]
[2003947,"Meio-fio de concreto - MFC 05 moldado no local com extrusora e concreto usinado - areia e brita comerciais","m",20.47]
[2003948,"Meio-fio de concreto - MFC 05 moldado no local com extrusora e concreto usinado - areia extraída e brita produzida","m",15.74]
[2003379,"Meio-fio de concreto - MFC 06 - areia e brita comerciais - fôrma de madeira","m",33.58]
[2003378,"Meio-fio de concreto - MFC 06 - areia extraída e brita produzida - fôrma de madeira","m",30.39]
[2003949,"Meio-fio de concreto - MFC 06 moldado no local com extrusora e concreto usinado - areia e brita comerciais","m",14.03]
[2003950,"Meio-fio de concreto - MFC 06 moldado no local com extrusora e concreto usinado - areia extraída e brita produzida","m",10.84]
[2003381,"Meio-fio de concreto - MFC 07 - areia e brita comerciais - fôrma de madeira","m",56.26]
[2003380,"Meio-fio de concreto - MFC 07 - areia extraída e brita produzida - fôrma de madeira","m",50.81]
[2003951,"Meio-fio de concreto - MFC 07 moldado no local com extrusora e concreto usinado - areia e brita comerciais","m",23.88]
[2003952,"Meio-fio de concreto - MFC 07 moldado no local com extrusora e concreto usinado - areia extraída e brita produzida","m",18.420000000000002]
[2003383,"Meio-fio de concreto - MFC 08 - areia e brita comerciais - fôrma de madeira","m",94.31]
[2003382,"Meio-fio de concreto - MFC 08 - areia extraída e brita produzida - fôrma de madeira","m",84.13]
[2003953,"Meio-fio de concreto - MFC 08 moldado no local com extrusora e concreto usinado - areia e brita comerciais","m",43.46]
[2003954,"Meio-fio de concreto - MFC 08 moldado no local com extrusora e concreto usinado - areia extraída e brita produzida","m",33.26]
[2004514,"Microvala para dreno de pavimento com geocomposto drenante H = 0,4 m","m",15.03]
[2004515,"Microvala para dreno de pavimento com geocomposto drenante H = 0,6 m","m",39.57]
[2005759,"Perfuração para dreno sub-horizontal em material de 1ª categoria com D = 75 mm (linha NW)","m",54.75]
[2005764,"Perfuração para dreno sub-horizontal em material de 2ª categoria com D = 75 mm (linha NW)","m",70.400000000000006]
[2003678,"Poço de visita - PVI 01 - areia e brita comerciais","un",2283.77]
[2003677,"Poço de visita - PVI 01 - areia extraída e brita produzida","un",2038.42]
[2003680,"Poço de visita - PVI 02 - areia e brita comerciais","un",2251.61]
[2003679,"Poço de visita - PVI 02 - areia extraída e brita produzida","un",2016.12]
[2003682,"Poço de visita - PVI 03 - areia e brita comerciais","un",2578.23]
[2003681,"Poço de visita - PVI 03 - areia extraída e brita produzida","un",2284.9299999999998]
[2003684,"Poço de visita - PVI 04 - areia e brita comerciais","un",3086.28]
[2003683,"Poço de visita - PVI 04 - areia extraída e brita produzida","un",2736.58]
[2003686,"Poço de visita - PVI 05 - areia e brita comerciais","un",3643.96]
[2003685,"Poço de visita - PVI 05 - areia extraída e brita produzida","un",3236.44]
[2003688,"Poço de visita - PVI 06 - areia e brita comerciais","un",4551.34]
[2003687,"Poço de visita - PVI 06 - areia extraída e brita produzida","un",4057.81]
[2003690,"Poço de visita - PVI 07 - areia e brita comerciais","un",2649.84]
[2003689,"Poço de visita - PVI 07 - areia extraída e brita produzida","un",2363.59]
[2003692,"Poço de visita - PVI 08 - areia e brita comerciais","un",2622.26]
[2003691,"Poço de visita - PVI 08 - areia extraída e brita produzida","un",2344.4699999999998]
[2003694,"Poço de visita - PVI 09 - areia e brita comerciais","un",2971.43]
[2003693,"Poço de visita - PVI 09 - areia extraída e brita produzida","un",2630.18]
[2003696,"Poço de visita - PVI 10 - areia e brita comerciais","un",3329.04]
[2003695,"Poço de visita - PVI 10 - areia extraída e brita produzida","un",2928.57]
[2003698,"Poço de visita - PVI 11 - areia e brita comerciais","un",4080.48]
[2003697,"Poço de visita - PVI 11 - areia extraída e brita produzida","un",3619.37]
[2003700,"Poço de visita - PVI 12 - areia e brita comerciais","un",5031.1899999999996]
[2003699,"Poço de visita - PVI 12 - areia extraída e brita produzida","un",4478.43]
[2003702,"Poço de visita - PVI 13 - areia e brita comerciais","un",3034.28]
[2003701,"Poço de visita - PVI 13 - areia extraída e brita produzida","un",2701.5]
[2003704,"Poço de visita - PVI 14 - areia e brita comerciais","un",3006.71]
[2003703,"Poço de visita - PVI 14 - areia extraída e brita produzida","un",2682.38]
[2003706,"Poço de visita - PVI 15 - areia e brita comerciais","un",3383.01]
[2003705,"Poço de visita - PVI 15 - areia extraída e brita produzida","un",2988.18]
[2003708,"Poço de visita - PVI 16 - areia e brita comerciais","un",3926.07]
[2003707,"Poço de visita - PVI 16 - areia extraída e brita produzida","un",3469.2]
[2003710,"Poço de visita - PVI 17 - areia e brita comerciais","un",4535.38]
[2003709,"Poço de visita - PVI 17 - areia extraída e brita produzida","un",4015.05]
[2003712,"Poço de visita - PVI 18 - areia e brita comerciais","un",5529.41]
[2003711,"Poço de visita - PVI 18 - areia extraída e brita produzida","un",4911.79]
[2004505,"Reaterro e compactação em vala de dreno com geocomposto","m³",17.510000000000002]
[2003353,"Sarjeta trapezoidal de canteiro central de concreto - SZCC 100-25 - areia e brita comerciais","m",69.069999999999993]
[2003352,"Sarjeta trapezoidal de canteiro central de concreto - SZCC 100-25 - areia extraída e brita produzida","m",49.46]
[2003979,"Sarjeta trapezoidal de canteiro central de concreto - SZCC 100-25 moldada no local com extrusora e concreto usinado - areia e brita comerciais","m",79.959999999999994]
[2003980,"Sarjeta trapezoidal de canteiro central de concreto - SZCC 100-25 moldada no local com extrusora e concreto usinado - areia extraída e brita produzida","m",60.29]
[2003355,"Sarjeta trapezoidal de canteiro central de concreto - SZCC 140-35 - areia e brita comerciais","m",92.9]
[2003354,"Sarjeta trapezoidal de canteiro central de concreto - SZCC 140-35 - areia extraída e brita produzida","m",66.459999999999994]
[2003981,"Sarjeta trapezoidal de canteiro central de concreto - SZCC 140-35 moldada no local com extrusora e concreto usinado - areia e brita comerciais","m",107.74]
[2003982,"Sarjeta trapezoidal de canteiro central de concreto - SZCC 140-35 moldada no local com extrusora e concreto usinado - areia extraída e brita produzida","m",81.239999999999995]
[2003345,"Sarjeta trapezoidal de concreto - SZC 60-20 - escavação mecânica - areia e brita comerciais","m",55.72]
[2003344,"Sarjeta trapezoidal de concreto - SZC 60-20 - escavação mecânica - areia extraída e brita produzida","m",42.33]
[2003973,"Sarjeta trapezoidal de concreto - SZC 60-20 moldada no local com extrusora e concreto usinado - escavação mecânica - areia e brita comerciais","m",63.38]
[2003974,"Sarjeta trapezoidal de concreto - SZC 60-20 moldada no local com extrusora e concreto usinado - escavação mecânica - areia extraída e brita produzida","m",49.95]
[2003343,"Sarjeta trapezoidal de concreto - SZC 90-30 - escavação mecânica - areia e brita comerciais","m",75.72]
[2003342,"Sarjeta trapezoidal de concreto - SZC 90-30 - escavação mecânica - areia extraída e brita produzida","m",56.94]
[2003971,"Sarjeta trapezoidal de concreto - SZC 90-30 moldada no local com extrusora e concreto usinado - escavação mecânica - areia e brita comerciais","m",86.69]
[2003972,"Sarjeta trapezoidal de concreto - SZC 90-30 moldada no local com extrusora e concreto usinado - escavação mecânica - areia extraída e brita produzida","m",67.849999999999994]
[2003347,"Sarjeta trapezoidal de grama - SZG 60-20 - escavação mecânica","m",14.45]
[2003346,"Sarjeta trapezoidal de grama - SZG 90-30 - escavação mecânica","m",20.14]
[2003933,"Sarjeta trapezoidal sem revestimento - SZT 60-20 - escavação mecânica","m",7.01]
[2003932,"Sarjeta trapezoidal sem revestimento - SZT 90-30 - escavação mecânica","m",8.98]
[2003349,"Sarjeta triangular de canteiro central de concreto - STCC 100-25 - areia e brita comerciais","m",53.45]
[2003348,"Sarjeta triangular de canteiro central de concreto - STCC 100-25 - areia extraída e brita produzida","m",38.58]
[2003975,"Sarjeta triangular de canteiro central de concreto - STCC 100-25 moldada no local com extrusora e concreto usinado - areia e brita comerciais","m",60.63]
[2003976,"Sarjeta triangular de canteiro central de concreto - STCC 100-25 moldada no local com extrusora e concreto usinado - areia extraída e brita produzida","m",45.71]
[2003351,"Sarjeta triangular de canteiro central de concreto - STCC 140-35 - areia e brita comerciais","m",71.37]
[2003350,"Sarjeta triangular de canteiro central de concreto - STCC 140-35 - areia extraída e brita produzida","m",51.44]
[2003977,"Sarjeta triangular de canteiro central de concreto - STCC 140-35 moldada no local com extrusora e concreto usinado - areia e brita comerciais","m",81.22]
[2003978,"Sarjeta triangular de canteiro central de concreto - STCC 140-35 moldada no local com extrusora e concreto usinado - areia extraída e brita produzida","m",61.24]
[2003291,"Sarjeta triangular de canteiro central de grama - STCG 100-25 - escavação mecânica","m",10.87]
[2003292,"Sarjeta triangular de canteiro central de grama - STCG 140-35 - escavação mecânica","m",15.21]
[2003293,"Sarjeta triangular de canteiro central de grama - STCG 200-25 - escavação mecânica","m",20.04]
[2003294,"Sarjeta triangular de canteiro central de grama - STCG 300-37,5 - escavação mecânica","m",30.06]
[2003257,"Sarjeta triangular de concreto - STC 100-20 - escavação mecânica - areia e brita comerciais","m",57.42]
[2003258,"Sarjeta triangular de concreto - STC 100-20 - escavação mecânica - areia extraída e brita produzida","m",44.06]
[2003259,"Sarjeta triangular de concreto - STC 100-20 moldada no local com extrusora e concreto usinado - escavação mecânica - areia e brita comerciais","m",64.19]
[2003260,"Sarjeta triangular de concreto - STC 100-20 moldada no local com extrusora e concreto usinado - escavação mecânica - areia extraída e brita produzida","m",50.81]
[2003281,"Sarjeta triangular de concreto - STC 100-21 - escavação mecânica - areia e brita comerciais","m",57.43]
[2003282,"Sarjeta triangular de concreto - STC 100-21 - escavação mecânica - areia extraída e brita produzida","m",43.76]
[2003283,"Sarjeta triangular de concreto - STC 100-21 moldada no local com extrusora e concreto usinado - escavação mecânica - areia e brita comerciais","m",64.38]
[2003284,"Sarjeta triangular de concreto - STC 100-21 moldada no local com extrusora e concreto usinado - escavação mecânica - areia extraída e brita produzida","m",50.68]
[2003327,"Sarjeta triangular de concreto - STC 108-25 - escavação mecânica - areia e brita comerciais","m",65.260000000000005]
[2003326,"Sarjeta triangular de concreto - STC 108-25 - escavação mecânica - areia extraída e brita produzida","m",49.78]
[2003963,"Sarjeta triangular de concreto - STC 108-25 moldada no local com extrusora e concreto usinado - escavação mecânica - areia e brita comerciais","m",73.16]
[2003964,"Sarjeta triangular de concreto - STC 108-25 moldada no local com extrusora e concreto usinado - escavação mecânica - areia extraída e brita produzida","m",57.64]
[2003319,"Sarjeta triangular de concreto - STC 125-25 - escavação mecânica - areia e brita comerciais","m",69.599999999999994]
[2003318,"Sarjeta triangular de concreto - STC 125-25 - escavação mecânica - areia extraída e brita produzida","m",53.12]
[2003955,"Sarjeta triangular de concreto - STC 125-25 moldada no local com extrusora e concreto usinado - escavação mecânica - areia e brita comerciais","m",78.040000000000006]
[2003956,"Sarjeta triangular de concreto - STC 125-25 moldada no local com extrusora e concreto usinado - escavação mecânica - areia extraída e brita produzida","m",61.51]
[2003277,"Sarjeta triangular de concreto - STC 125-27 - escavação mecânica - areia e brita comerciais","m",71.650000000000006]
[2003278,"Sarjeta triangular de concreto - STC 125-27 - escavação mecânica - areia extraída e brita produzida","m",54.7]
[2003279,"Sarjeta triangular de concreto - STC 125-27 moldada no local com extrusora e concreto usinado - escavação mecânica - areia e brita comerciais","m",80.34]
[2003280,"Sarjeta triangular de concreto - STC 125-27 moldada no local com extrusora e concreto usinado - escavação mecânica - areia extraída e brita produzida","m",63.35]
[2003253,"Sarjeta triangular de concreto - STC 150-30 - escavação mecânica - areia e brita comerciais","m",81.81]
[2003254,"Sarjeta triangular de concreto - STC 150-30 - escavação mecânica - areia extraída e brita produzida","m",62.21]
[2003255,"Sarjeta triangular de concreto - STC 150-30 moldada no local com extrusora e concreto usinado - escavação mecânica - areia e brita comerciais","m",91.9]
[2003256,"Sarjeta triangular de concreto - STC 150-30 moldada no local com extrusora e concreto usinado - escavação mecânica - areia extraída e brita produzida","m",72.239999999999995]
[2003273,"Sarjeta triangular de concreto - STC 150-32 - escavação mecânica - areia e brita comerciais","m",83.98]
[2003274,"Sarjeta triangular de concreto - STC 150-32 - escavação mecânica - areia extraída e brita produzida","m",63.88]
[2003275,"Sarjeta triangular de concreto - STC 150-32 moldada no local com extrusora e concreto usinado - escavação mecânica - areia e brita comerciais","m",94.35]
[2003276,"Sarjeta triangular de concreto - STC 150-32 moldada no local com extrusora e concreto usinado - escavação mecânica - areia extraída e brita produzida","m",74.19]
[2003269,"Sarjeta triangular de concreto - STC 73-15 - escavação mecânica - areia e brita comerciais","m",44.42]
[2003270,"Sarjeta triangular de concreto - STC 73-15 - escavação mecânica - areia extraída e brita produzida","m",34.14]
[2003271,"Sarjeta triangular de concreto - STC 73-15 moldada no local com extrusora e concreto usinado - escavação mecânica - areia e brita comerciais","m",49.57]
[2003272,"Sarjeta triangular de concreto - STC 73-15 moldada no local com extrusora e concreto usinado - escavação mecânica - areia extraída e brita produzida","m",39.270000000000003]
[2003261,"Sarjeta triangular de concreto - STC 80-15 - escavação mecânica - areia e brita comerciais","m",46.61]
[2003262,"Sarjeta triangular de concreto - STC 80-15 - escavação mecânica - areia extraída e brita produzida","m",35.840000000000003]
[2003263,"Sarjeta triangular de concreto - STC 80-15 moldada no local com extrusora e concreto usinado - escavação mecânica - areia e brita comerciais","m",52.02]
[2003264,"Sarjeta triangular de concreto - STC 80-15 moldada no local com extrusora e concreto usinado - escavação mecânica - areia extraída e brita produzida","m",41.22]
[2003285,"Sarjeta triangular de concreto - STC 80-17 - escavação mecânica - areia e brita comerciais","m",48.13]
[2003286,"Sarjeta triangular de concreto - STC 80-17 - escavação mecânica - areia extraída e brita produzida","m",37.03]
[2003287,"Sarjeta triangular de concreto - STC 80-17 moldada no local com extrusora e concreto usinado - escavação mecânica - areia e brita comerciais","m",53.72]
[2003288,"Sarjeta triangular de concreto - STC 80-17 moldada no local com extrusora e concreto usinado - escavação mecânica - areia extraída e brita produzida","m",42.6]
[2003265,"Sarjeta triangular de concreto - STC 88-20 - escavação mecânica - areia e brita comerciais","m",54.1]
[2003266,"Sarjeta triangular de concreto - STC 88-20 - escavação mecânica - areia extraída e brita produzida","m",41.49]
[2003267,"Sarjeta triangular de concreto - STC 88-20 moldada no local com extrusora e concreto usinado - escavação mecânica - areia e brita comerciais","m",60.48]
[2003268,"Sarjeta triangular de concreto - STC 88-20 moldada no local com extrusora e concreto usinado - escavação mecânica - areia extraída e brita produzida","m",47.84]
[2003289,"Sarjeta triangular de grama - STG 100-20 - escavação mecânica","m",18.309999999999999]
[2003338,"Sarjeta triangular de grama - STG 125-25 - escavação mecânica","m",22.99]
[2003290,"Sarjeta triangular de grama - STG 80-15 - escavação mecânica","m",15.17]
[2003300,"Sarjeta triangular sem revestimento - STT 100-20 - escavação mecânica","m",7.55]
[2003299,"Sarjeta triangular sem revestimento - STT 125-25 - escavação mecânica","m",9.5399999999999991]
[2003301,"Sarjeta triangular sem revestimento - STT 80-15 - escavação mecânica","m",6.63]
[2004513,"Selo asfáltico de microvala para dreno de pavimento com geocomposto","m",0.12]
[2003365,"Transposição de segmentos de sarjeta - TSS 120 - areia e brita comerciais","m",1057.28]
[2003364,"Transposição de segmentos de sarjeta - TSS 120 - areia extraída e brita produzida","m",915.43]
[2003097,"Transposição de segmentos de sarjeta - TSS 130 - areia e brita comerciais","m",1108.48]
[2003098,"Transposição de segmentos de sarjeta - TSS 130 - areia extraída e brita produzida","m",962.72]
[2003363,"Transposição de segmentos de sarjeta - TSS 140 - areia e brita comerciais","m",1148.1199999999999]
[2003362,"Transposição de segmentos de sarjeta - TSS 140 - areia extraída e brita produzida","m",1001.78]
[2003099,"Transposição de segmentos de sarjeta - TSS 150 - areia e brita comerciais","m",1203.43]
[2003100,"Transposição de segmentos de sarjeta - TSS 150 - areia extraída e brita produzida","m",1052.02]
[2003361,"Transposição de segmentos de sarjeta - TSS 170 - areia e brita comerciais","m",1371.06]
[2003360,"Transposição de segmentos de sarjeta - TSS 170 - areia extraída e brita produzida","m",1213.81]
[2003101,"Transposição de segmentos de sarjeta - TSS 200 - areia e brita comerciais","m",1533.68]
[2003102,"Transposição de segmentos de sarjeta - TSS 200 - areia extraída e brita produzida","m",1365.53]
[2003869,"Tubo de concreto PA1 comercial para drenagem - D = 0,50 m - fornecimento e instalação","m",195.64]
[2003822,"Tubo de concreto PA1 comercial para drenagem - D = 0,60 m - fornecimento e instalação","m",232.27]
[2003826,"Tubo de concreto PA1 comercial para drenagem - D = 0,80 m - fornecimento e instalação","m",353.88]
[2003830,"Tubo de concreto PA1 comercial para drenagem - D = 1,00 m - fornecimento e instalação","m",478.62]
[2003834,"Tubo de concreto PA1 comercial para drenagem - D = 1,20 m - fornecimento e instalação","m",666.41]
[2003838,"Tubo de concreto PA1 comercial para drenagem - D = 1,50 m - fornecimento e instalação","m",1181.33]
[2003768,"Tubo de concreto PA1 produzido na obra para drenagem - D = 0,60 m - areia e brita comerciais - fornecimento e instalação","m",177.7]
[2003873,"Tubo de concreto PA1 produzido na obra para drenagem - D = 0,60 m - areia extraída e brita produzida - fornecimento e instalação","m",158.16999999999999]
[2003772,"Tubo de concreto PA1 produzido na obra para drenagem - D = 0,80 m - areia e brita comerciais - fornecimento e instalação","m",261.39999999999998]
[2003877,"Tubo de concreto PA1 produzido na obra para drenagem - D = 0,80 m - areia extraída e brita produzida - fornecimento e instalação","m",230.46]
[2003776,"Tubo de concreto PA1 produzido na obra para drenagem - D = 1,00 m - areia e brita comerciais - fornecimento e instalação","m",428.9]
[2003881,"Tubo de concreto PA1 produzido na obra para drenagem - D = 1,00 m - areia extraída e brita produzida - fornecimento e instalação","m",386.5]
[2003780,"Tubo de concreto PA1 produzido na obra para drenagem - D = 1,20 m - areia e brita comerciais - fornecimento e instalação","m",570.78]
[2003885,"Tubo de concreto PA1 produzido na obra para drenagem - D = 1,20 m - areia extraída e brita produzida - fornecimento e instalação","m",508.82]
[2003784,"Tubo de concreto PA1 produzido na obra para drenagem - D = 1,50 m - areia e brita comerciais - fornecimento e instalação","m",889.52]
[2003889,"Tubo de concreto PA1 produzido na obra para drenagem - D = 1,50 m - areia extraída e brita produzida - fornecimento e instalação","m",792.56]
[2003870,"Tubo de concreto PA2 comercial para drenagem - D = 0,50 m - fornecimento e instalação","m",207.25]
[2003823,"Tubo de concreto PA2 comercial para drenagem - D = 0,60 m - fornecimento e instalação","m",261.38]
[2003827,"Tubo de concreto PA2 comercial para drenagem - D = 0,80 m - fornecimento e instalação","m",373.54]
[2003831,"Tubo de concreto PA2 comercial para drenagem - D = 1,00 m - fornecimento e instalação","m",515.99]
[2003835,"Tubo de concreto PA2 comercial para drenagem - D = 1,20 m - fornecimento e instalação","m",735.38]
[2003839,"Tubo de concreto PA2 comercial para drenagem - D = 1,50 m - fornecimento e instalação","m",1221.54]
[2003769,"Tubo de concreto PA2 produzido na obra para drenagem - D = 0,60 m - areia e brita comerciais - fornecimento e instalação","m",191.35]
[2003874,"Tubo de concreto PA2 produzido na obra para drenagem - D = 0,60 m - areia extraída e brita produzida - fornecimento e instalação","m",171.83]
[2003773,"Tubo de concreto PA2 produzido na obra para drenagem - D = 0,80 m - areia e brita comerciais - fornecimento e instalação","m",315.95999999999998]
[2003878,"Tubo de concreto PA2 produzido na obra para drenagem - D = 0,80 m - areia extraída e brita produzida - fornecimento e instalação","m",285.10000000000002]
[2003777,"Tubo de concreto PA2 produzido na obra para drenagem - D = 1,00 m - areia e brita comerciais - fornecimento e instalação","m",483.47]
[2003882,"Tubo de concreto PA2 produzido na obra para drenagem - D = 1,00 m - areia extraída e brita produzida - fornecimento e instalação","m",441.14]
[2003781,"Tubo de concreto PA2 produzido na obra para drenagem - D = 1,20 m - areia e brita comerciais - fornecimento e instalação","m",693.55]
[2003886,"Tubo de concreto PA2 produzido na obra para drenagem - D = 1,20 m - areia extraída e brita produzida - fornecimento e instalação","m",631.75]
[2003785,"Tubo de concreto PA2 produzido na obra para drenagem - D = 1,50 m - areia e brita comerciais - fornecimento e instalação","m",1080.5]
[2003890,"Tubo de concreto PA2 produzido na obra para drenagem - D = 1,50 m - areia extraída e brita produzida - fornecimento e instalação","m",983.8]
[2003871,"Tubo de concreto PA3 comercial para drenagem - D = 0,50 m - fornecimento e instalação","m",216.91]
[2003824,"Tubo de concreto PA3 comercial para drenagem - D = 0,60 m - fornecimento e instalação","m",273.76]
[2003828,"Tubo de concreto PA3 comercial para drenagem - D = 0,80 m - fornecimento e instalação","m",426.36]
[2003832,"Tubo de concreto PA3 comercial para drenagem - D = 1,00 m - fornecimento e instalação","m",562.01]
[2003836,"Tubo de concreto PA3 comercial para drenagem - D = 1,20 m - fornecimento e instalação","m",883.82]
[2003840,"Tubo de concreto PA3 comercial para drenagem - D = 1,50 m - fornecimento e instalação","m",1299.44]
[2003770,"Tubo de concreto PA3 produzido na obra para drenagem - D = 0,60 m - areia e brita comerciais - fornecimento e instalação","m",259.55]
[2003875,"Tubo de concreto PA3 produzido na obra para drenagem - D = 0,60 m - areia extraída e brita produzida - fornecimento e instalação","m",240.13]
[2003774,"Tubo de concreto PA3 produzido na obra para drenagem - D = 0,80 m - areia e brita comerciais - fornecimento e instalação","m",423.91]
[2003879,"Tubo de concreto PA3 produzido na obra para drenagem - D = 0,80 m - areia extraída e brita produzida - fornecimento e instalação","m",389.36]
[2003778,"Tubo de concreto PA3 produzido na obra para drenagem - D = 1,00 m - areia e brita comerciais - fornecimento e instalação","m",590.34]
[2003883,"Tubo de concreto PA3 produzido na obra para drenagem - D = 1,00 m - areia extraída e brita produzida - fornecimento e instalação","m",536.30999999999995]
[2003782,"Tubo de concreto PA3 produzido na obra para drenagem - D = 1,20 m - areia e brita comerciais - fornecimento e instalação","m",885.06]
[2003887,"Tubo de concreto PA3 produzido na obra para drenagem - D = 1,20 m - areia extraída e brita produzida - fornecimento e instalação","m",802.51]
[2003786,"Tubo de concreto PA3 produzido na obra para drenagem - D = 1,50 m - areia e brita comerciais - fornecimento e instalação","m",1389.51]
[2003891,"Tubo de concreto PA3 produzido na obra para drenagem - D = 1,50 m - areia extraída e brita produzida - fornecimento e instalação","m",1261.3499999999999]
[2003872,"Tubo de concreto PA4 comercial para drenagem - D = 0,50 m - fornecimento e instalação","m",297.27999999999997]
[2003825,"Tubo de concreto PA4 comercial para drenagem - D = 0,60 m - fornecimento e instalação","m",313.52]
[2003829,"Tubo de concreto PA4 comercial para drenagem - D = 0,80 m - fornecimento e instalação","m",482.58]
[2003833,"Tubo de concreto PA4 comercial para drenagem - D = 1,00 m - fornecimento e instalação","m",589.98]
[2003837,"Tubo de concreto PA4 comercial para drenagem - D = 1,20 m - fornecimento e instalação","m",978.28]
[2003841,"Tubo de concreto PA4 comercial para drenagem - D = 1,50 m - fornecimento e instalação","m",1341.23]
[2003771,"Tubo de concreto PA4 produzido na obra para drenagem - D = 0,60 m - areia e brita comerciais - fornecimento e instalação","m",312.95999999999998]
[2003876,"Tubo de concreto PA4 produzido na obra para drenagem - D = 0,60 m - areia extraída e brita produzida - fornecimento e instalação","m",289.83]
[2003775,"Tubo de concreto PA4 produzido na obra para drenagem - D = 0,80 m - areia e brita comerciais - fornecimento e instalação","m",488.89]
[2003880,"Tubo de concreto PA4 produzido na obra para drenagem - D = 0,80 m - areia extraída e brita produzida - fornecimento e instalação","m",447.06]
[2003779,"Tubo de concreto PA4 produzido na obra para drenagem - D = 1,00 m - areia e brita comerciais - fornecimento e instalação","m",729.6]
[2003884,"Tubo de concreto PA4 produzido na obra para drenagem - D = 1,00 m - areia extraída e brita produzida - fornecimento e instalação","m",666.54]
[2003783,"Tubo de concreto PA4 produzido na obra para drenagem - D = 1,20 m - areia e brita comerciais - fornecimento e instalação","m",1044.8900000000001]
[2003888,"Tubo de concreto PA4 produzido na obra para drenagem - D = 1,20 m - areia extraída e brita produzida - fornecimento e instalação","m",951.23]
[2003787,"Tubo de concreto PA4 produzido na obra para drenagem - D = 1,50 m - areia e brita comerciais - fornecimento e instalação","m",1636.8]
[2003892,"Tubo de concreto PA4 produzido na obra para drenagem - D = 1,50 m - areia extraída e brita produzida - fornecimento e instalação","m",1504.27]
[2003851,"Tubo de concreto perfurado produzido na obra para drenagem - D = 0,40 m - fornecimento e instalação","m",89.59]
[2003935,"Tubo de PVC para dreno tipo barbacã - D = 50 mm - fornecimento e instalação","m",9.83]
[2003934,"Tubo de PVC para dreno tipo barbacã - D = 75 mm - fornecimento e instalação","m",14.22]
[2003990,"Tubo PEAD para drenagem - D = 1.000 mm - fornecimento e instalação","m",1615.19]
[2003991,"Tubo PEAD para drenagem - D = 1.050 mm - fornecimento e instalação","m",1659.33]
[2003992,"Tubo PEAD para drenagem - D = 1.200 mm - fornecimento e instalação","m",2277.65]
[2003993,"Tubo PEAD para drenagem - D = 1.500 mm - fornecimento e instalação","m",2573.84]
[2003983,"Tubo PEAD para drenagem - D = 400 mm - fornecimento e instalação","m",254.86]
[2003984,"Tubo PEAD para drenagem - D = 450 mm - fornecimento e instalação","m",326.64]
[2003985,"Tubo PEAD para drenagem - D = 500 mm - fornecimento e instalação","m",421.76]
[2003986,"Tubo PEAD para drenagem - D = 600 mm - fornecimento e instalação","m",613.91999999999996]
[2003987,"Tubo PEAD para drenagem - D = 750 mm - fornecimento e instalação","m",861.04]
[2003988,"Tubo PEAD para drenagem - D = 800 mm - fornecimento e instalação","m",919.76]
[2003989,"Tubo PEAD para drenagem - D = 900 mm - fornecimento e instalação","m",1160.4100000000001]
[2003298,"Valeta de proteção de aterro sem revestimento - VPAT 120-30 - escavação mecânica","m",12.15]
[2003297,"Valeta de proteção de aterro sem revestimento - VPAT 160-30 - escavação mecânica","m",14.94]
[2003315,"Valeta de proteção de aterros com revestimento de concreto - VPAC 120-30 - escavação mecânica - areia e brita comerciais","m",95.89]
[2003314,"Valeta de proteção de aterros com revestimento de concreto - VPAC 120-30 - escavação mecânica - areia extraída e brita produzida","m",77.88]
[2003313,"Valeta de proteção de aterros com revestimento de concreto - VPAC 160-30 - escavação mecânica - areia e brita comerciais","m",120.17]
[2003312,"Valeta de proteção de aterros com revestimento de concreto - VPAC 160-30 - escavação mecânica - areia extraída e brita produzida","m",97.65]
[2003311,"Valeta de proteção de aterros com revestimento vegetal - VPAG 120-30 - escavação mecânica","m",40.31]
[2003310,"Valeta de proteção de aterros com revestimento vegetal - VPAG 160-30 - escavação mecânica","m",50.87]
[2003296,"Valeta de proteção de corte sem revestimento - VPCT 120-30 - escavação mecânica","m",12.15]
[2003295,"Valeta de proteção de corte sem revestimento - VPCT 160-30 - escavação mecânica","m",14.94]
[2003309,"Valeta de proteção de cortes com revestimento de concreto - VPCC 120-30 - escavação mecânica - areia e brita comerciais","m",95.89]
[2003308,"Valeta de proteção de cortes com revestimento de concreto - VPCC 120-30 - escavação mecânica - areia extraída e brita produzida","m",77.88]
[2003307,"Valeta de proteção de cortes com revestimento de concreto - VPCC 160-30 - escavação mecânica - areia e brita comerciais","m",120.17]
[2003306,"Valeta de proteção de cortes com revestimento de concreto - VPCC 160-30 - escavação mecânica - areia extraída e brita produzida","m",97.65]
[2003305,"Valeta de proteção de cortes com revestimento vegetal - VPCG 120-30 - escavação mecânica","m",40.31]
[2003304,"Valeta de proteção de cortes com revestimento vegetal - VPCG 160-30 - escavação mecânica","m",50.87]
[2105846,"Escoramento com estacas de perfis metálicos W 250 x 38,5 kg/m, espaçadas em 1,5 m, intercaladas com prancha de madeira com espessura de 5 cm e ficha de 0 a 0,2 H - sem reaproveitamento - fornecimento e instalação","m²",536.39]
[2105929,"Escoramento com estacas de perfis metálicos W 250 x 38,5 kg/m, espaçadas em 1,5 m, intercaladas com prancha de madeira com espessura de 5 cm e ficha de 0,20 a 0,4 H - sem reaproveitamento - fornecimento e instalação","m²",606.53]
[2105933,"Escoramento com estacas de perfis metálicos W 250 x 38,5 kg/m, espaçadas em 1,5 m, intercaladas com prancha de madeira com espessura de 5 cm e ficha de 0,40 a 0,6 H - sem reaproveitamento - fornecimento e instalação","m²",676.68]
[2106293,"Escoramento com perfis metálicos W 150 x 18,0 kg/m a cada metro e chapas de aço - estroncas a cada 2 m não incluídas - profundidade de até 10 m - aço com utilização de 20 vezes - fornecimento, instalação e retirada","m²",196.24]
[2108165,"Escoramento com pontaletes D = 10 cm - utilização de 1 vez - confecção, instalação e retirada","m³",35.68]
[2108166,"Escoramento com pontaletes D = 10 cm - utilização de 2 vezes - confecção, instalação e retirada","m³",24.47]
[2108167,"Escoramento com pontaletes D = 10 cm - utilização de 3 vezes - confecção, instalação e retirada","m³",21.52]
[2108168,"Escoramento com pontaletes D = 10 cm - utilização de 5 vezes - confecção, instalação e retirada","m³",20.58]
[2108169,"Escoramento com pontaletes D = 15 cm - utilização de 1 vez - confecção e instalação","m³",62.95]
[2108170,"Escoramento com pontaletes D = 15 cm - utilização de 2 vezes - confecção, instalação e retirada","m³",42.45]
[2108171,"Escoramento com pontaletes D = 15 cm - utilização de 3 vezes - confecção, instalação e retirada","m³",37.24]
[2108172,"Escoramento com pontaletes D = 15 cm - utilização de 5 vezes - confecção, instalação e retirada","m³",35.85]
[2106292,"Escoramento contínuo de valas com tábuas de 2,5 x 30 cm e longarinas de 6 x 16 cm - estroncas a cada metro não incluídas - profundidade de até 4 m - madeira com utilização de 3 vezes - confecção, instalação e retirada","m²",143.21]
[2106291,"Escoramento contínuo de valas com tábuas de 2,5 x 30 cm e longarinas de 6 x 16 cm - estroncas a cada metro não incluídas - profundidade de até 4 m - madeira sem reaproveitamento - confecção e instalação","m²",214.06]
[2106235,"Escoramento metálico com quadro tubular contraventado - capacidade de carga até 3,8 t/m² - quadro de 1,0 x 1,0 x 1,25 m - utilização de 50 vezes - fornecimento, instalação e retirada","m³",3.15]
[2106232,"Escoramento metálico tubular galvanizado para formas com capacidade de 2.100 a 750 kg por unidade - regulável de 3,0 a 4,5 m - utilização de 20 vezes - fornecimento, instalação e retirada","un",18.46]
[2106233,"Escoramento metálico tubular galvanizado para formas com capacidade de 3.200 a 1.600 kg por unidade - regulável de 1,8 a 3,0 m - utilização de 20 vezes - fornecimento, instalação e retirada","un",14.29]
[2105605,"Escoramento para corpo de bueiros celulares - utilização de 3 vezes - confecção, instalação e retirada","m³",63.46]
[2106298,"Estroncas em perfil metálico W 150 x 18,0 kg/m - utilização de 20 vezes","m",34.36]
[2106295,"Estroncas para valas com D = 15 cm - madeira com utilização de 3 vezes","m",17.93]
[2106294,"Estroncas para valas com D = 15 cm - madeira sem reaproveitamento","m",24.26]
[2106297,"Estroncas para valas com D = 20 cm - madeira com utilização de 3 vezes","m",29.15]
[2106296,"Estroncas para valas com D = 20 cm - madeira sem reaproveitamento","m",48.65]
[2306731,"Apoio náutico para a colocação da armação em camisa metálica","kg",0.65]
[2306728,"Apoio náutico para a escavação com perfuratriz tipo Wirth em rocha com média dureza e média abrasão - resistência à compressão menor que 80 MPa - D = 600 a 1.800 mm","m",1609.99]
[2306729,"Apoio náutico para a escavação com perfuratriz tipo Wirth em rocha de alta dureza e alta abrasão - resistência à compressão acima de 80 MPa - D = 600 a 1.800 mm","m",1961.46]
[2306727,"Apoio náutico para a escavação com perfuratriz tipo Wirth em solo D = 600 a 1.800 mm","m",376.74]
[2306730,"Apoio náutico para a execução da concretagem de camisas metálicas","m³",127.35]
[2306726,"Apoio náutico para a execução da cravação de camisa metálica D = 600 a 1.800 mm","m",246.22]
[2306076,"Armação de estaca escavada ou estaca barrete em aço CA-50 com apoio de guindaste - fornecimento, preparo e colocação","kg",12.12]
[2306247,"Arrasamento de estacas de concreto com seção de até 900 cm²","m³",229.07]
[2306248,"Arrasamento de estacas de concreto com seção superior à 900 cm²","m³",534.83000000000004]
[2306279,"Berço para pré-moldagem de estacas protendidas com capacidade de 19 m³, inclusive formas metálicas - utilização de 100 vezes","m³",88.35]
[2306651,"Camisa metálica com espessura de 12,5 mm D = 1.400 mm - cravada com martelo vibratório - sem escavação - cravação","m",7158.11]
[2306678,"Camisa metálica com espessura de 12,5 mm D = 1.400 mm - para passagem de lâmina d'água - posicionamento","m",6897.15]
[2306652,"Camisa metálica com espessura de 12,5 mm D = 1.500 mm - cravada com martelo vibratório - sem escavação - cravação","m",7231.21]
[2306679,"Camisa metálica com espessura de 12,5 mm D = 1.500 mm - para passagem de lâmina d'água - posicionamento","m",6960.59]
[2306653,"Camisa metálica com espessura de 12,5 mm D = 1.600 mm - cravada com martelo vibratório - sem escavação - cravação","m",7307.17]
[2306680,"Camisa metálica com espessura de 12,5 mm D = 1.600 mm - para passagem de lâmina d'água - posicionamento","m",7026.14]
[2306654,"Camisa metálica com espessura de 12,5 mm D = 1.700 mm - cravada com martelo vibratório - sem escavação - cravação","m",7381.99]
[2306681,"Camisa metálica com espessura de 12,5 mm D = 1.700 mm - para passagem de lâmina d'água - posicionamento","m",7089.72]
[2306655,"Camisa metálica com espessura de 12,5 mm D = 1.800 mm - cravada com martelo vibratório - sem escavação - cravação","m",7457.91]
[2306682,"Camisa metálica com espessura de 12,5 mm D = 1.800 mm - para passagem de lâmina d'água - posicionamento","m",7153.46]
[2306656,"Camisa metálica com espessura de 16 mm D = 1.500 mm - cravada com martelo vibratório - sem escavação - cravação","m",10509.41]
[2306683,"Camisa metálica com espessura de 16 mm D = 1.500 mm - para passagem de lâmina d'água - posicionamento","m",10238.790000000001]
[2306657,"Camisa metálica com espessura de 16 mm D = 1.600 mm - cravada com martelo vibratório - sem escavação - cravação","m",10668.04]
[2306684,"Camisa metálica com espessura de 16 mm D = 1.600 mm - para passagem de lâmina d'água - posicionamento","m",10387.02]
[2306658,"Camisa metálica com espessura de 16 mm D = 1.700 mm - cravada com martelo vibratório - sem escavação - cravação","m",10822.97]
[2306685,"Camisa metálica com espessura de 16 mm D = 1.700 mm - para passagem de lâmina d'água - posicionamento","m",10530.7]
[2306659,"Camisa metálica com espessura de 16 mm D = 1.800 mm - cravada com martelo vibratório - sem escavação - cravação","m",10983.53]
[2306686,"Camisa metálica com espessura de 16 mm D = 1.800 mm - para passagem de lâmina d'água - posicionamento","m",10679.08]
[2306637,"Camisa metálica com espessura de 6,3 mm D = 1.000 mm - cravada com martelo vibratório - sem escavação - cravação","m",2372.12]
[2306664,"Camisa metálica com espessura de 6,3 mm D = 1.000 mm - para passagem de lâmina d'água - posicionamento","m",2143.79]
[2306732,"Camisa metálica com espessura de 6,3 mm D = 400 mm - cravada com martelo vibratório - sem escavação - cravação","m",991.72]
[2306733,"Camisa metálica com espessura de 6,3 mm D = 400 mm - para passagem de lâmina d'água - posicionamento","m",799.44]
[2306734,"Camisa metálica com espessura de 6,3 mm D = 500 mm - cravada com martelo vibratório - sem escavação - cravação","m",1190.9100000000001]
[2306735,"Camisa metálica com espessura de 6,3 mm D = 500 mm - para passagem de lâmina d'água - posicionamento","m",993.43]
[2306633,"Camisa metálica com espessura de 6,3 mm D = 600 mm - cravada com martelo vibratório - sem escavação - cravação","m",1345.61]
[2306660,"Camisa metálica com espessura de 6,3 mm D = 600 mm - para passagem de lâmina d'água - posicionamento","m",1142.6500000000001]
[2306634,"Camisa metálica com espessura de 6,3 mm D = 700 mm - cravada com martelo vibratório - sem escavação - cravação","m",1554.86]
[2306661,"Camisa metálica com espessura de 6,3 mm D = 700 mm - para passagem de lâmina d'água - posicionamento","m",1346.1]
[2306635,"Camisa metálica com espessura de 6,3 mm D = 800 mm - cravada com martelo vibratório - sem escavação - cravação","m",1858.05]
[2306662,"Camisa metálica com espessura de 6,3 mm D = 800 mm - para passagem de lâmina d'água - posicionamento","m",1643.15]
[2306636,"Camisa metálica com espessura de 6,3 mm D = 900 mm - cravada com martelo vibratório - sem escavação - cravação","m",1880.02]
[2306663,"Camisa metálica com espessura de 6,3 mm D = 900 mm - para passagem de lâmina d'água - posicionamento","m",1658.6]
[2306641,"Camisa metálica com espessura de 8 mm D = 1.000 mm - cravada com martelo vibratório - sem escavação - cravação","m",3014.94]
[2306668,"Camisa metálica com espessura de 8 mm D = 1.000 mm - para passagem de lâmina d'água - posicionamento","m",2786.6]
[2306642,"Camisa metálica com espessura de 8 mm D = 1.100 mm - cravada com martelo vibratório - sem escavação - cravação","m",3046.41]
[2306669,"Camisa metálica com espessura de 8 mm D = 1.100 mm - para passagem de lâmina d'água - posicionamento","m",2810.71]
[2306643,"Camisa metálica com espessura de 8 mm D = 1.200 mm - cravada com martelo vibratório - sem escavação - cravação","m",3077.92]
[2306670,"Camisa metálica com espessura de 8 mm D = 1.200 mm - para passagem de lâmina d'água - posicionamento","m",2834.36]
[2306638,"Camisa metálica com espessura de 8 mm D = 700 mm - cravada com martelo vibratório - sem escavação - cravação","m",1969.11]
[2306665,"Camisa metálica com espessura de 8 mm D = 700 mm - para passagem de lâmina d'água - posicionamento","m",1760.34]
[2306639,"Camisa metálica com espessura de 8 mm D = 800 mm - cravada com martelo vibratório - sem escavação - cravação","m",2356.9299999999998]
[2306666,"Camisa metálica com espessura de 8 mm D = 800 mm - para passagem de lâmina d'água - posicionamento","m",2142.0300000000002]
[2306640,"Camisa metálica com espessura de 8 mm D = 900 mm - cravada com martelo vibratório - sem escavação - cravação","m",2387.48]
[2306667,"Camisa metálica com espessura de 8 mm D = 900 mm - para passagem de lâmina d'água - posicionamento","m",2166.06]
[2306645,"Camisa metálica com espessura de 9,5 mm D = 1.000 mm - cravada com martelo vibratório - sem escavação - cravação","m",3637.61]
[2306672,"Camisa metálica com espessura de 9,5 mm D = 1.000 mm - para passagem de lâmina d'água - posicionamento","m",3409.27]
[2306646,"Camisa metálica com espessura de 9,5 mm D = 1.100 mm - cravada com martelo vibratório - sem escavação - cravação","m",3680.32]
[2306673,"Camisa metálica com espessura de 9,5 mm D = 1.100 mm - para passagem de lâmina d'água - posicionamento","m",3444.62]
[2306647,"Camisa metálica com espessura de 9,5 mm D = 1.200 mm - cravada com martelo vibratório - sem escavação - cravação","m",3722.59]
[2306674,"Camisa metálica com espessura de 9,5 mm D = 1.200 mm - para passagem de lâmina d'água - posicionamento","m",3479.04]
[2306648,"Camisa metálica com espessura de 9,5 mm D = 1.300 mm - cravada com martelo vibratório - sem escavação - cravação","m",5183.3]
[2306675,"Camisa metálica com espessura de 9,5 mm D = 1.300 mm - para passagem de lâmina d'água - posicionamento","m",4931.34]
[2306649,"Camisa metálica com espessura de 9,5 mm D = 1.400 mm - cravada com martelo vibratório - sem escavação - cravação","m",5227.8599999999997]
[2306676,"Camisa metálica com espessura de 9,5 mm D = 1.400 mm - para passagem de lâmina d'água - posicionamento","m",4966.91]
[2306650,"Camisa metálica com espessura de 9,5 mm D = 1.500 mm - cravada com martelo vibratório - sem escavação - cravação","m",5272.05]
[2306677,"Camisa metálica com espessura de 9,5 mm D = 1.500 mm - para passagem de lâmina d'água - posicionamento","m",5001.43]
[2306644,"Camisa metálica com espessura de 9,5 mm D = 900 mm - cravada com martelo vibratório - sem escavação - cravação","m",2887.4]
[2306671,"Camisa metálica com espessura de 9,5 mm D = 900 mm - para passagem de lâmina d'água - posicionamento","m",2665.98]
[2306141,"Coluna de brita D = 50 cm executada com perfuratriz tipo bottom feed - brita comercial - confecção e cravação","m",79.25]
[2306145,"Coluna de brita D = 50 cm executada com perfuratriz tipo bottom feed - brita produzida - confecção e cravação","m",59.64]
[2306142,"Coluna de brita D = 60 cm executada com perfuratriz tipo bottom feed - brita comercial - confecção e cravação","m",97.62]
[2306146,"Coluna de brita D = 60 cm executada com perfuratriz tipo bottom feed - brita produzida - confecção e cravação","m",69.38]
[2306143,"Coluna de brita D = 70 cm executada com perfuratriz tipo bottom feed - brita comercial - confecção e cravação","m",118.97]
[2306147,"Coluna de brita D = 70 cm executada com perfuratriz tipo bottom feed - brita produzida - confecção e cravação","m",80.540000000000006]
[2306144,"Coluna de brita D = 80 cm executada com perfuratriz tipo bottom feed - brita comercial - confecção e cravação","m",144.33000000000001]
[2306148,"Coluna de brita D = 80 cm executada com perfuratriz tipo bottom feed - brita produzida - confecção e cravação","m",94.13]
[2306624,"Confecção de camisa metálica em aço ASTM A36 com espessura de 12,5 mm - D = 1.400 mm","m",6857.58]
[2306625,"Confecção de camisa metálica em aço ASTM A36 com espessura de 12,5 mm - D = 1.500 mm","m",6919.04]
[2306626,"Confecção de camisa metálica em aço ASTM A36 com espessura de 12,5 mm - D = 1.600 mm","m",6982.51]
[2306627,"Confecção de camisa metálica em aço ASTM A36 com espessura de 12,5 mm - D = 1.700 mm","m",7043.97]
[2306628,"Confecção de camisa metálica em aço ASTM A36 com espessura de 12,5 mm - D = 1.800 mm","m",7105.5]
[2306629,"Confecção de camisa metálica em aço ASTM A36 com espessura de 16 mm - D = 1.500 mm","m",10189.67]
[2306630,"Confecção de camisa metálica em aço ASTM A36 com espessura de 16 mm - D = 1.600 mm","m",10335.32]
[2306631,"Confecção de camisa metálica em aço ASTM A36 com espessura de 16 mm - D = 1.700 mm","m",10476.4]
[2306632,"Confecção de camisa metálica em aço ASTM A36 com espessura de 16 mm - D = 1.800 mm","m",10622.04]
[2306610,"Confecção de camisa metálica em aço ASTM A36 com espessura de 6,3 mm - D = 1.000 mm","m",2118.8000000000002]
[2306604,"Confecção de camisa metálica em aço ASTM A36 com espessura de 6,3 mm - D = 400 mm","m",780.27]
[2306605,"Confecção de camisa metálica em aço ASTM A36 com espessura de 6,3 mm - D = 500 mm","m",973.37]
[2306606,"Confecção de camisa metálica em aço ASTM A36 com espessura de 6,3 mm - D = 600 mm","m",1121.67]
[2306607,"Confecção de camisa metálica em aço ASTM A36 com espessura de 6,3 mm - D = 700 mm","m",1324.16]
[2306608,"Confecção de camisa metálica em aço ASTM A36 com espessura de 6,3 mm - D = 800 mm","m",1620.23]
[2306609,"Confecção de camisa metálica em aço ASTM A36 com espessura de 6,3 mm - D = 900 mm","m",1634.66]
[2306614,"Confecção de camisa metálica em aço ASTM A36 com espessura de 8 mm - D = 1.000 mm","m",2759.9]
[2306615,"Confecção de camisa metálica em aço ASTM A36 com espessura de 8 mm - D = 1.100 mm","m",2782.73]
[2306616,"Confecção de camisa metálica em aço ASTM A36 com espessura de 8 mm - D = 1.200 mm","m",2805.09]
[2306611,"Confecção de camisa metálica em aço ASTM A36 com espessura de 8 mm - D = 700 mm","m",1737.19]
[2306612,"Confecção de camisa metálica em aço ASTM A36 com espessura de 8 mm - D = 800 mm","m",2117.73]
[2306613,"Confecção de camisa metálica em aço ASTM A36 com espessura de 8 mm - D = 900 mm","m",2140.5700000000002]
[2306618,"Confecção de camisa metálica em aço ASTM A36 com espessura de 9,5 mm - D = 1.000 mm","m",3380.91]
[2306619,"Confecção de camisa metálica em aço ASTM A36 com espessura de 9,5 mm - D = 1.100 mm","m",3414.82]
[2306620,"Confecção de camisa metálica em aço ASTM A36 com espessura de 9,5 mm - D = 1.200 mm","m",3447.78]
[2306621,"Confecção de camisa metálica em aço ASTM A36 com espessura de 9,5 mm - D = 1.300 mm","m",4898.58]
[2306622,"Confecção de camisa metálica em aço ASTM A36 com espessura de 9,5 mm - D = 1.400 mm","m",4932.5600000000004]
[2306623,"Confecção de camisa metálica em aço ASTM A36 com espessura de 9,5 mm - D = 1.500 mm","m",4965.46]
[2306617,"Confecção de camisa metálica em aço ASTM A36 com espessura de 9,5 mm - D = 900 mm","m",2638.99]
[2306014,"Contraventamento de grupo de estacas submersas em aço ASTM A36 - confecção e instalação","kg",13.08]
[2306700,"Escavação com perfuratriz tipo Wirth em rocha com média dureza e média abrasão - resistência à compressão menor que 80 MPa - D = 1.000 mm","m",2222.06]
[2306703,"Escavação com perfuratriz tipo Wirth em rocha com média dureza e média abrasão - resistência à compressão menor que 80 MPa - D = 1.100 mm","m",2304.9899999999998]
[2306706,"Escavação com perfuratriz tipo Wirth em rocha com média dureza e média abrasão - resistência à compressão menor que 80 MPa - D = 1.200 mm","m",2424.9899999999998]
[2306709,"Escavação com perfuratriz tipo Wirth em rocha com média dureza e média abrasão - resistência à compressão menor que 80 MPa - D = 1.300 mm","m",2623.87]
[2306712,"Escavação com perfuratriz tipo Wirth em rocha com média dureza e média abrasão - resistência à compressão menor que 80 MPa - D = 1.400 mm","m",2713.42]
[2306715,"Escavação com perfuratriz tipo Wirth em rocha com média dureza e média abrasão - resistência à compressão menor que 80 MPa - D = 1.500 mm","m",2839.46]
[2306718,"Escavação com perfuratriz tipo Wirth em rocha com média dureza e média abrasão - resistência à compressão menor que 80 MPa - D = 1.600 mm","m",3024.66]
[2306721,"Escavação com perfuratriz tipo Wirth em rocha com média dureza e média abrasão - resistência à compressão menor que 80 MPa - D = 1.700 mm","m",3111.12]
[2306724,"Escavação com perfuratriz tipo Wirth em rocha com média dureza e média abrasão - resistência à compressão menor que 80 MPa - D = 1.800 mm","m",3279.16]
[2306688,"Escavação com perfuratriz tipo Wirth em rocha com média dureza e média abrasão - resistência à compressão menor que 80 MPa - D = 600 mm","m",1758.86]
[2306691,"Escavação com perfuratriz tipo Wirth em rocha com média dureza e média abrasão - resistência à compressão menor que 80 MPa - D = 700 mm","m",1859.9]
[2306694,"Escavação com perfuratriz tipo Wirth em rocha com média dureza e média abrasão - resistência à compressão menor que 80 MPa - D = 800 mm","m",1992.67]
[2306697,"Escavação com perfuratriz tipo Wirth em rocha com média dureza e média abrasão - resistência à compressão menor que 80 MPa - D = 900 mm","m",2085.59]
[2306701,"Escavação com perfuratriz tipo Wirth em rocha de alta dureza e alta abrasão - resistência à compressão acima de 80 MPa - D = 1.000 mm","m",4420.42]
[2306704,"Escavação com perfuratriz tipo Wirth em rocha de alta dureza e alta abrasão - resistência à compressão acima de 80 MPa - D = 1.100 mm","m",4702.93]
[2306707,"Escavação com perfuratriz tipo Wirth em rocha de alta dureza e alta abrasão - resistência à compressão acima de 80 MPa - D = 1.200 mm","m",4882.53]
[2306710,"Escavação com perfuratriz tipo Wirth em rocha de alta dureza e alta abrasão - resistência à compressão acima de 80 MPa - D = 1.300 mm","m",5134.03]
[2306713,"Escavação com perfuratriz tipo Wirth em rocha de alta dureza e alta abrasão - resistência à compressão acima de 80 MPa - D = 1.400 mm","m",5268.33]
[2306716,"Escavação com perfuratriz tipo Wirth em rocha de alta dureza e alta abrasão - resistência à compressão acima de 80 MPa - D = 1.500 mm","m",5577.17]
[2306719,"Escavação com perfuratriz tipo Wirth em rocha de alta dureza e alta abrasão - resistência à compressão acima de 80 MPa - D = 1.600 mm","m",6084.96]
[2306722,"Escavação com perfuratriz tipo Wirth em rocha de alta dureza e alta abrasão - resistência à compressão acima de 80 MPa - D = 1.700 mm","m",6352.67]
[2306725,"Escavação com perfuratriz tipo Wirth em rocha de alta dureza e alta abrasão - resistência à compressão acima de 80 MPa - D = 1.800 mm","m",6669.76]
[2306689,"Escavação com perfuratriz tipo Wirth em rocha de alta dureza e alta abrasão - resistência à compressão acima de 80 MPa - D = 600 mm","m",3482.08]
[2306692,"Escavação com perfuratriz tipo Wirth em rocha de alta dureza e alta abrasão - resistência à compressão acima de 80 MPa - D = 700 mm","m",3670.99]
[2306695,"Escavação com perfuratriz tipo Wirth em rocha de alta dureza e alta abrasão - resistência à compressão acima de 80 MPa - D = 800 mm","m",3864.9]
[2306698,"Escavação com perfuratriz tipo Wirth em rocha de alta dureza e alta abrasão - resistência à compressão acima de 80 MPa - D = 900 mm","m",4092.11]
[2306699,"Escavação com perfuratriz tipo Wirth em solo - D = 1.000 mm","m",335.86]
[2306702,"Escavação com perfuratriz tipo Wirth em solo - D = 1.100 mm","m",347.14]
[2306705,"Escavação com perfuratriz tipo Wirth em solo - D = 1.200 mm","m",365.58]
[2306708,"Escavação com perfuratriz tipo Wirth em solo - D = 1.300 mm","m",378.99]
[2306711,"Escavação com perfuratriz tipo Wirth em solo - D = 1.400 mm","m",393.43]
[2306714,"Escavação com perfuratriz tipo Wirth em solo - D = 1.500 mm","m",409.01]
[2306717,"Escavação com perfuratriz tipo Wirth em solo - D = 1.600 mm","m",426.98]
[2306720,"Escavação com perfuratriz tipo Wirth em solo - D = 1.700 mm","m",445.39]
[2306723,"Escavação com perfuratriz tipo Wirth em solo - D = 1.800 mm","m",455.21]
[2306687,"Escavação com perfuratriz tipo Wirth em solo - D = 600 mm","m",279.60000000000002]
[2306690,"Escavação com perfuratriz tipo Wirth em solo - D = 700 mm","m",292.45999999999998]
[2306693,"Escavação com perfuratriz tipo Wirth em solo - D = 800 mm","m",305.44]
[2306696,"Escavação com perfuratriz tipo Wirth em solo - D = 900 mm","m",319.61]
[2306239,"Estaca barrete escavada com uso de fluido estabilizante - confecção","m³",269.89]
[2306090,"Estaca broca manual D = 25 cm - confecção","m",39.39]
[2306091,"Estaca broca manual D = 30 cm - confecção","m",52.52]
[2306072,"Estaca circular tipo estacão escavada com uso de fluido estabilizante - confecção","m³",891.12]
[2306133,"Estaca duplo perfil metálico W 250 x 17,9 - com emenda - fornecimento e cravação","m",520.61]
[2306114,"Estaca duplo trilho TR 25 - com emenda - fornecimento e cravação","m",302.29000000000002]
[2306115,"Estaca duplo trilho TR 37 - com emenda - fornecimento e cravação","m",440.94]
[2306116,"Estaca duplo trilho TR 45 - com emenda - fornecimento e cravação","m",525.48]
[2306118,"Estaca duplo trilho TR 57 - com emenda - fornecimento e cravação","m",660.56]
[2306122,"Estaca duplo trilho TR 68 - com emenda - fornecimento e cravação","m",782.76]
[2306078,"Estaca Franki com fuste apiloado D = 35 cm - confecção","m",125.67]
[2306080,"Estaca Franki com fuste apiloado D = 40 cm - confecção","m",137.09]
[2306082,"Estaca Franki com fuste apiloado D = 45 cm - confecção","m",150.80000000000001]
[2306084,"Estaca Franki com fuste apiloado D = 52 cm - confecção","m",175.35]
[2306086,"Estaca Franki com fuste apiloado D = 60 cm - confecção","m",215.43]
[2309088,"Estaca Franki com fuste apiloado D = 70 cm - confecção","m",301.61]
[2306074,"Estaca hélice contínua - confecção","m³",238.4]
[2306095,"Estaca hélice de deslocamento - confecção","m³",285.85000000000002]
[2306132,"Estaca perfil metálico W 150 x 22,5 (H) - fornecimento e cravação","m",334.49]
[2306015,"Estaca prancha metálica - fornecimento e cravação até 12 metros","kg",17.690000000000001]
[2306019,"Estaca prancha metálica com apoio de flutuante - fornecimento e cravação de 12 metros","kg",18.29]
[2306018,"Estaca prancha metálica com apoio de flutuante e utilização de 10 vezes - fornecimento, cravação até 12 metros","kg",2.98]
[2306016,"Estaca prancha metálica com utilização de 10 vezes - fornecimento, cravação até 12 metros","kg",2.09]
[2305999,"Estaca pré-moldada de concreto armado centrifugado com compressão admissível de 100 t - sem emenda - fornecimento e cravação","m",390.58]
[2306000,"Estaca pré-moldada de concreto armado centrifugado com compressão admissível de 125 t - sem emenda - fornecimento e cravação","m",459.1]
[2306001,"Estaca pré-moldada de concreto armado centrifugado com compressão admissível de 170 t - sem emenda - fornecimento e cravação","m",636.77]
[2306002,"Estaca pré-moldada de concreto armado centrifugado com compressão admissível de 230 t - sem emenda - fornecimento e cravação","m",877.77]
[2306003,"Estaca pré-moldada de concreto armado centrifugado com compressão admissível de 300 t - sem emenda - fornecimento e cravação","m",977]
[2305997,"Estaca pré-moldada de concreto armado centrifugado com compressão admissível de 55 t - sem emenda - fornecimento e cravação","m",266.16000000000003]
[2305998,"Estaca pré-moldada de concreto armado centrifugado com compressão admissível de 80 t - sem emenda - fornecimento e cravação","m",333.84]
[2306101,"Estaca pré-moldada de concreto protendido 15 x 15 cm - produzida - sem emenda - cravação","m",71.47]
[2306102,"Estaca pré-moldada de concreto protendido 17 x 17 cm - produzida - sem emenda - cravação","m",76.12]
[2306103,"Estaca pré-moldada de concreto protendido 20 x 20 cm - produzida - sem emenda - cravação","m",85.89]
[2306104,"Estaca pré-moldada de concreto protendido 21 x 21 cm - produzida - sem emenda - cravação","m",91.22]
[2306105,"Estaca pré-moldada de concreto protendido 23 x 23 cm - produzida - sem emenda - cravação","m",96.87]
[2306106,"Estaca pré-moldada de concreto protendido 25 x 25 cm - produzida - sem emenda - cravação","m",105.59]
[2306107,"Estaca pré-moldada de concreto protendido 26 x 26 cm - produzida - sem emenda - cravação","m",108.63]
[2306269,"Estaca pré-moldada de concreto protendido 30 x 30 cm - produzida - sem emenda - cravação","m",122.43]
[2306270,"Estaca pré-moldada de concreto protendido 33 x 33 cm - produzida - sem emenda - cravação","m",136.84]
[2306271,"Estaca pré-moldada de concreto protendido 35 x 35 cm - produzida - sem emenda - cravação","m",150.51]
[2306272,"Estaca pré-moldada de concreto protendido 38 x 38 cm - produzida - sem emenda - cravação","m",159.21]
[2306273,"Estaca pré-moldada de concreto protendido 40 x 40 cm - produzida - sem emenda - cravação","m",178.7]
[2306274,"Estaca pré-moldada de concreto protendido 42 x 42 cm - produzida - sem emenda - cravação","m",191.41]
[2306275,"Estaca pré-moldada de concreto protendido 45 x 45 cm - produzida - sem emenda - cravação","m",221.77]
[2306100,"Estaca pré-moldada de concreto protendido com compressão admissível de 100 t - comercial - sem emenda - fornecimento e cravação","m",360.19]
[2306004,"Estaca pré-moldada de concreto protendido com compressão admissível de 25 t - comercial - sem emenda - fornecimento e cravação","m",129.82]
[2306097,"Estaca pré-moldada de concreto protendido com compressão admissível de 35 t - comercial - sem emenda - fornecimento e cravação","m",162.33000000000001]
[2306098,"Estaca pré-moldada de concreto protendido com compressão admissível de 60 t - comercial - sem emenda - fornecimento e cravação","m",174.68]
[2306007,"Estaca pré-moldada de concreto protendido com compressão admissível de 75 t - comercial - sem emenda - fornecimento e cravação","m",256.64999999999998]
[2306067,"Estaca raiz perfurada na rocha com D = 16 cm - confecção","m",497.7]
[2306068,"Estaca raiz perfurada na rocha com D = 20 cm - confecção","m",628.46]
[2306069,"Estaca raiz perfurada na rocha com D = 25 cm - confecção","m",850.93]
[2306070,"Estaca raiz perfurada na rocha com D = 31 cm - confecção","m",1307.31]
[2306071,"Estaca raiz perfurada na rocha com D = 40 cm - confecção","m",1967.92]
[2306181,"Estaca raiz perfurada na rocha com D = 45 cm - confecção","m",1981.72]
[2306062,"Estaca raiz perfurada no solo com D = 16 cm - confecção","m",87.96]
[2306063,"Estaca raiz perfurada no solo com D = 20 cm - confecção","m",105.87]
[2306064,"Estaca raiz perfurada no solo com D = 25 cm - confecção","m",130.65]
[2306065,"Estaca raiz perfurada no solo com D = 31 cm - confecção","m",169.34]
[2306066,"Estaca raiz perfurada no solo com D = 40 cm - confecção","m",238.79]
[2306180,"Estaca raiz perfurada no solo com D = 45 cm - confecção","m",269.83999999999997]
[2306009,"Estaca Strauss D = 25 cm - confecção","m",15.73]
[2306010,"Estaca Strauss D = 32 cm - confecção","m",19.600000000000001]
[2306011,"Estaca Strauss D = 38 cm - confecção","m",22.32]
[2306012,"Estaca Strauss D = 45 cm - confecção","m",26.13]
[2306108,"Estaca trilho TR 25 - fornecimento e cravação","m",161.09]
[2306110,"Estaca trilho TR 37 - fornecimento e cravação","m",230.63]
[2306111,"Estaca trilho TR 45 - fornecimento e cravação","m",272.52999999999997]
[2306112,"Estaca trilho TR 57 - fornecimento e cravação","m",339.87]
[2306113,"Estaca trilho TR 68 - fornecimento e cravação","m",400.82]
[2306123,"Estaca triplo trilho TR 25 - com emenda - fornecimento e cravação","m",442.17]
[2306124,"Estaca triplo trilho TR 37 - com emenda - fornecimento e cravação","m",649.54]
[2306125,"Estaca triplo trilho TR 45 - com emenda - fornecimento e cravação","m",775.92]
[2306126,"Estaca triplo trilho TR 57 - com emenda - fornecimento e cravação","m",977.96]
[2306127,"Estaca triplo trilho TR 68 - com emenda - fornecimento e cravação","m",1160.6099999999999]
[2306300,"Fabricação de estaca pré-moldada de concreto protendida seção 15 x 15 cm","m",34.11]
[2306301,"Fabricação de estaca pré-moldada de concreto protendida seção 17 x 17 cm","m",36.86]
[2306302,"Fabricação de estaca pré-moldada de concreto protendida seção 20 x 20 cm","m",44.36]
[2306303,"Fabricação de estaca pré-moldada de concreto protendida seção 21 x 21 cm","m",48.13]
[2306304,"Fabricação de estaca pré-moldada de concreto protendida seção 23 x 23 cm","m",51.43]
[2306305,"Fabricação de estaca pré-moldada de concreto protendida seção 25 x 25 cm","m",57.87]
[2306306,"Fabricação de estaca pré-moldada de concreto protendida seção 26 x 26 cm","m",59.32]
[2306307,"Fabricação de estaca pré-moldada de concreto protendida seção 30 x 30 cm","m",69.03]
[2306308,"Fabricação de estaca pré-moldada de concreto protendida seção 33 x 33 cm","m",77.930000000000007]
[2306309,"Fabricação de estaca pré-moldada de concreto protendida seção 35 x 35 cm","m",88.21]
[2306310,"Fabricação de estaca pré-moldada de concreto protendida seção 38 x 38 cm","m",93.44]
[2306311,"Fabricação de estaca pré-moldada de concreto protendida seção 40 x 40 cm","m",107.79]
[2306312,"Fabricação de estaca pré-moldada de concreto protendida seção 42 x 42 cm","m",116.62]
[2306313,"Fabricação de estaca pré-moldada de concreto protendida seção 45 x 45 cm","m",140.84]
[2306013,"Gabarito de cravação de estacas submersas em aço ASTM A36 - confecção e instalação","kg",12.98]
[2306243,"Muro guia para estaca barrete com duas cortinas de 10 x 110 cm","m",634.04999999999995]
[2408149,"Estrutura em perfil de aço ASTM A36 corte, solda e montagem - fornecimento e instalação","kg",16.37]
[2407972,"Fornecimento e aplicação de adesivo estrutural à base de resina epóxi","kg",70.2]
[2407973,"Hidrojateamento em superfície de aço grau WJ-2","m²",29.83]
[2408075,"Jateamento abrasivo em chapa de aço por esteira contínua","m²",5.99]
[2408069,"Jateamento de chapa de aço com o uso de granalhas de aço grau Sa 2","m²",5.77]
[2419790,"Jateamento de chapa de aço com o uso de granalhas de aço grau Sa 2 1/2","m²",10.41]
[2407976,"Jateamento de chapa de aço com o uso de granalhas de aço grau Sa 2 1/2 - em espaço confinado","m²",11.93]
[2408068,"Jateamento de chapa de aço com o uso de granalhas de aço grau Sa 3","m²",16.22]
[2419705,"Pintura com epóxi de dois componentes com pistola a ar comprimido, uma demão, espessura de 120 µm","m²",11.16]
[2419704,"Pintura com primer epóxi de dois componentes com pistola a ar comprimido, uma demão, espessura de 70 µm","m²",13.15]
[2407981,"Pintura com selante epóxi vinílico com pistola airless, uma demão, espessura de 80 µm","m²",18.93]
[2407982,"Pintura com tinta anti-incrustante com pistola airless, uma demão, espessura de 125 µm","m²",39.799999999999997]
[2419703,"Pintura com tinta anticorrosiva à base de epóxi poliamida de dois componentes com pistola a ar comprimido, uma demão, espessura de 150 µm","m²",16.13]
[2408080,"Pintura de acabamento com esmalte epóxi com pistola a ar comprimido, uma demão, espessura de 40 µm","m²",7.92]
[2408078,"Pintura de acabamento com esmalte sintético com pistola a ar comprimido, uma demão, espessura de 30 µm","m²",3.08]
[2407979,"Pintura de acabamento com tinta de poliuretano acrílico de dois componentes com pistola airless, uma demão, espessura de 70 µm","m²",14.29]
[2407980,"Pintura de acabamento com tinta de poliuretano acrílico de dois componentes com pistola airless, uma demão, espessura de 70 µm - em espaço confinado","m²",14.33]
[2408077,"Pintura de fundo com tinta alquídica com pistola a ar comprimido, uma demão, espessura de 30 µm","m²",7.6]
[2407983,"Pintura de fundo com tinta anticorrosiva à base de epóxi poliamida de dois componentes com pistola airless, uma demão, espessura de 100 µm - em espaço confinado","m²",8.73]
[2407977,"Pintura de fundo com tinta anticorrosiva à base de epóxi poliamida de dois componentes com pistola airless, uma demão, espessura de 160 µm","m²",17.02]
[2407978,"Pintura de fundo com tinta anticorrosiva à base de epóxi poliamida de dois componentes com pistola airless, uma demão, espessura de 160 µm - em espaço confinado","m²",17.059999999999999]
[2408079,"Pintura de fundo com tinta epóxi com pistola a ar comprimido, uma demão, espessura de 120 µm","m²",49.47]
[2408076,"Pintura shop primer em chapa de aço por esteira contínua","m²",10.46]
[2408057,"Solda elétrica de perfis metálicos e chapas de aço com eletrodo E60XX","kg",94.61]
[2408058,"Solda elétrica de perfis metálicos e chapas de aço com eletrodo E70XX","kg",62.75]
[2407974,"Tratamento de superfície de aço com ferramenta mecânica grau SP-11","m²",356.59]
[2407975,"Tratamento de superfície de aço com ferramenta mecânica grau SP-11 - em espaço confinado","m²",363.59]
[2419789,"Tratamento em chapa de aço por esteira contínua","m²",9.58]
[2607183,"Alinhamento manual da grade do AMV para qualquer abertura e qualquer bitola","un",300.45999999999998]
[2607226,"Assentamento dos materiais metálicos do AMV 1:10, TR 45, bitola larga","un",477698.77]
[2607209,"Assentamento dos materiais metálicos do AMV 1:10, TR 45, bitola métrica","un",416706.68]
[2607161,"Assentamento dos materiais metálicos do AMV 1:10, TR 45, bitola mista","un",577061.63]
[2607148,"Assentamento dos materiais metálicos do AMV 1:10, TR 57, bitola larga","un",607922.63]
[2607213,"Assentamento dos materiais metálicos do AMV 1:10, TR 57, bitola métrica","un",530578.6]
[2607165,"Assentamento dos materiais metálicos do AMV 1:10, TR 57, bitola mista","un",734891.47]
[2607152,"Assentamento dos materiais metálicos do AMV 1:10, TR 68, bitola larga","un",729534.53]
[2607217,"Assentamento dos materiais metálicos do AMV 1:10, TR 68, bitola métrica","un",624269.5]
[2607169,"Assentamento dos materiais metálicos do AMV 1:10, TR 68, bitola mista","un",871938.11]
[2607156,"Assentamento dos materiais metálicos do AMV 1:10, UIC 60, bitola larga","un",633620.88]
[2607221,"Assentamento dos materiais metálicos do AMV 1:10, UIC 60, bitola métrica","un",552135]
[2607173,"Assentamento dos materiais metálicos do AMV 1:10, UIC 60, bitola mista","un",763980.31]
[2607227,"Assentamento dos materiais metálicos do AMV 1:12, TR 45, bitola larga","un",524578.1]
[2607210,"Assentamento dos materiais metálicos do AMV 1:12, TR 45, bitola métrica","un",457453.97]
[2607162,"Assentamento dos materiais metálicos do AMV 1:12, TR 45, bitola mista","un",633400.07999999996]
[2607149,"Assentamento dos materiais metálicos do AMV 1:12, TR 57, bitola larga","un",667300.99]
[2607214,"Assentamento dos materiais metálicos do AMV 1:12, TR 57, bitola métrica","un",577085.35]
[2607166,"Assentamento dos materiais metálicos do AMV 1:12, TR 57, bitola mista","un",806279.79]
[2607153,"Assentamento dos materiais metálicos do AMV 1:12, TR 68, bitola larga","un",791890.16]
[2607218,"Assentamento dos materiais metálicos do AMV 1:12, TR 68, bitola métrica","un",690918.56]
[2607170,"Assentamento dos materiais metálicos do AMV 1:12, TR 68, bitola mista","un",948693.63]
[2607157,"Assentamento dos materiais metálicos do AMV 1:12, UIC 60, bitola larga","un",701250.01]
[2607222,"Assentamento dos materiais metálicos do AMV 1:12, UIC 60, bitola métrica","un",606457.56999999995]
[2607174,"Assentamento dos materiais metálicos do AMV 1:12, UIC 60, bitola mista","un",839128.04]
[2607228,"Assentamento dos materiais metálicos do AMV 1:14, TR 45, bitola larga","un",576118.93999999994]
[2607211,"Assentamento dos materiais metálicos do AMV 1:14, TR 45, bitola métrica","un",507834.12]
[2607163,"Assentamento dos materiais metálicos do AMV 1:14, TR 45, bitola mista","un",703224.12]
[2607150,"Assentamento dos materiais metálicos do AMV 1:14, TR 57, bitola larga","un",740541.97]
[2607215,"Assentamento dos materiais metálicos do AMV 1:14, TR 57, bitola métrica","un",633823.24]
[2607167,"Assentamento dos materiais metálicos do AMV 1:14, TR 57, bitola mista","un",876386.1]
[2607154,"Assentamento dos materiais metálicos do AMV 1:14, TR 68, bitola larga","un",878024.83]
[2607219,"Assentamento dos materiais metálicos do AMV 1:14, TR 68, bitola métrica","un",758588.82]
[2607171,"Assentamento dos materiais metálicos do AMV 1:14, TR 68, bitola mista","un",1057584.8999999999]
[2607158,"Assentamento dos materiais metálicos do AMV 1:14, UIC 60, bitola larga","un",769989.92]
[2607223,"Assentamento dos materiais metálicos do AMV 1:14, UIC 60, bitola métrica","un",666186.4]
[2607175,"Assentamento dos materiais metálicos do AMV 1:14, UIC 60, bitola mista","un",921734.53]
[2607151,"Assentamento dos materiais metálicos do AMV 1:20, TR 57, bitola larga","un",884365.52]
[2607216,"Assentamento dos materiais metálicos do AMV 1:20, TR 57, bitola métrica","un",771833.92]
[2607168,"Assentamento dos materiais metálicos do AMV 1:20, TR 57, bitola mista","un",1081505.72]
[2607155,"Assentamento dos materiais metálicos do AMV 1:20, TR 68, bitola larga","un",1056282.04]
[2607220,"Assentamento dos materiais metálicos do AMV 1:20, TR 68, bitola métrica","un",907683.89]
[2607172,"Assentamento dos materiais metálicos do AMV 1:20, TR 68, bitola mista","un",1263926.76]
[2607159,"Assentamento dos materiais metálicos do AMV 1:20, UIC 60, bitola larga","un",921510.01]
[2607224,"Assentamento dos materiais metálicos do AMV 1:20, UIC 60, bitola métrica","un",802903.58]
[2607176,"Assentamento dos materiais metálicos do AMV 1:20, UIC 60, bitola mista","un",1119234.22]
[2607225,"Assentamento dos materiais metálicos do AMV 1:8, TR 45, bitola larga","un",435057.83]
[2607208,"Assentamento dos materiais metálicos do AMV 1:8, TR 45, bitola métrica","un",379646.45]
[2607160,"Assentamento dos materiais metálicos do AMV 1:8, TR 45, bitola mista","un",525806.59]
[2607229,"Assentamento dos materiais metálicos do AMV 1:8, TR 57, bitola larga","un",553874.02]
[2607212,"Assentamento dos materiais metálicos do AMV 1:8, TR 57, bitola métrica","un",483645.15]
[2607164,"Assentamento dos materiais metálicos do AMV 1:8, TR 57, bitola mista","un",662050.43999999994]
[2607207,"Lançamento manual de lastro em AMV com descarga da brita por caminhão","m³",179.79]
[2607206,"Lançamento mecânico de lastro em AMV com descarga da brita por caminhão e espalhamento com carregadeira de pneus","m³",175.76]
[2607344,"Nivelamento de AMV com socaria com grupo vibrador e levante de até 10 cm, abertura 1:10, bitola larga, dormente de madeira ou concreto","un",220.8]
[2607339,"Nivelamento de AMV com socaria com grupo vibrador e levante de até 10 cm, abertura 1:10, bitola métrica, dormente de madeira ou concreto","un",151.69]
[2607349,"Nivelamento de AMV com socaria com grupo vibrador e levante de até 10 cm, abertura 1:10, bitola mista, dormente de madeira ou concreto","un",337.09]
[2607345,"Nivelamento de AMV com socaria com grupo vibrador e levante de até 10 cm, abertura 1:12, bitola larga, dormente de madeira ou concreto","un",251.95]
[2607340,"Nivelamento de AMV com socaria com grupo vibrador e levante de até 10 cm, abertura 1:12, bitola métrica, dormente de madeira ou concreto","un",173.18]
[2607350,"Nivelamento de AMV com socaria com grupo vibrador e levante de até 10 cm, abertura 1:12, bitola mista, dormente de madeira ou concreto","un",385.04]
[2607346,"Nivelamento de AMV com socaria com grupo vibrador e levante de até 10 cm, abertura 1:14, bitola larga, dormente de madeira ou concreto","un",292.64]
[2607341,"Nivelamento de AMV com socaria com grupo vibrador e levante de até 10 cm, abertura 1:14, bitola métrica, dormente de madeira ou concreto","un",204.31]
[2607351,"Nivelamento de AMV com socaria com grupo vibrador e levante de até 10 cm, abertura 1:14, bitola mista, dormente de madeira ou concreto","un",447.26]
[2607347,"Nivelamento de AMV com socaria com grupo vibrador e levante de até 10 cm, abertura 1:20, bitola larga, dormente de madeira ou concreto","un",386.1]
[2607342,"Nivelamento de AMV com socaria com grupo vibrador e levante de até 10 cm, abertura 1:20, bitola métrica, dormente de madeira ou concreto","un",251.95]
[2607352,"Nivelamento de AMV com socaria com grupo vibrador e levante de até 10 cm, abertura 1:20, bitola mista, dormente de madeira ou concreto","un",588.48]
[2607343,"Nivelamento de AMV com socaria com grupo vibrador e levante de até 10 cm, abertura 1:8, bitola larga, dormente de madeira","un",177.26]
[2607338,"Nivelamento de AMV com socaria com grupo vibrador e levante de até 10 cm, abertura 1:8, bitola métrica, dormente de madeira","un",129.69999999999999]
[2607348,"Nivelamento de AMV com socaria com grupo vibrador e levante de até 10 cm, abertura 1:8, bitola mista, dormente de madeira","un",270.81]
[2607329,"Nivelamento de AMV com socaria manual e levante de até 10 cm, abertura 1:10, bitola larga, dormente de madeira ou concreto","un",499.56]
[2607324,"Nivelamento de AMV com socaria manual e levante de até 10 cm, abertura 1:10, bitola métrica, dormente de madeira ou concreto","un",341.06]
[2607334,"Nivelamento de AMV com socaria manual e levante de até 10 cm, abertura 1:10, bitola mista, dormente de madeira ou concreto","un",724.3]
[2607330,"Nivelamento de AMV com socaria manual e levante de até 10 cm, abertura 1:12, bitola larga, dormente de madeira ou concreto","un",571.24]
[2607325,"Nivelamento de AMV com socaria manual e levante de até 10 cm, abertura 1:12, bitola métrica, dormente de madeira ou concreto","un",391.68]
[2607335,"Nivelamento de AMV com socaria manual e levante de até 10 cm, abertura 1:12, bitola mista, dormente de madeira ou concreto","un",827.65]
[2607331,"Nivelamento de AMV com socaria manual e levante de até 10 cm, abertura 1:14, bitola larga, dormente de madeira ou concreto","un",664.09]
[2607326,"Nivelamento de AMV com socaria manual e levante de até 10 cm, abertura 1:14, bitola métrica, dormente de madeira ou concreto","un",463.36]
[2607336,"Nivelamento de AMV com socaria manual e levante de até 10 cm, abertura 1:14, bitola mista, dormente de madeira ou concreto","un",962.74]
[2607332,"Nivelamento de AMV com socaria manual e levante de até 10 cm, abertura 1:20, bitola larga, dormente de madeira ou concreto","un",879.18]
[2607327,"Nivelamento de AMV com socaria manual e levante de até 10 cm, abertura 1:20, bitola métrica, dormente de madeira ou concreto","un",571.24]
[2607337,"Nivelamento de AMV com socaria manual e levante de até 10 cm, abertura 1:20, bitola mista, dormente de madeira ou concreto","un",1272.8699999999999]
[2607328,"Nivelamento de AMV com socaria manual e levante de até 10 cm, abertura 1:8, bitola larga, dormente de madeira","un",400.74]
[2607323,"Nivelamento de AMV com socaria manual e levante de até 10 cm, abertura 1:8, bitola métrica, dormente de madeira","un",292.8]
[2607333,"Nivelamento de AMV com socaria manual e levante de até 10 cm, abertura 1:8, bitola mista, dormente de madeira","un",580.23]
[2607106,"Posicionamento de jogo de dormentes de concreto para AMV 1:10, bitola larga","jg",101582.53]
[2607102,"Posicionamento de jogo de dormentes de concreto para AMV 1:10, bitola métrica","jg",49904.09]
[2607261,"Posicionamento de jogo de dormentes de concreto para AMV 1:10, bitola mista","jg",101582.53]
[2607107,"Posicionamento de jogo de dormentes de concreto para AMV 1:12, bitola larga","jg",115937.28]
[2607103,"Posicionamento de jogo de dormentes de concreto para AMV 1:12, bitola métrica","jg",56795.31]
[2607262,"Posicionamento de jogo de dormentes de concreto para AMV 1:12, bitola mista","jg",115937.28]
[2607108,"Posicionamento de jogo de dormentes de concreto para AMV 1:14, bitola larga","jg",135054.13]
[2607104,"Posicionamento de jogo de dormentes de concreto para AMV 1:14, bitola métrica","jg",67109.210000000006]
[2607263,"Posicionamento de jogo de dormentes de concreto para AMV 1:14, bitola mista","jg",135054.13]
[2607109,"Posicionamento de jogo de dormentes de concreto para AMV 1:20, bitola larga","jg",178072.72]
[2607105,"Posicionamento de jogo de dormentes de concreto para AMV 1:20, bitola métrica","jg",83458.649999999994]
[2607264,"Posicionamento de jogo de dormentes de concreto para AMV 1:20, bitola mista","jg",178072.72]
[2607093,"Posicionamento de jogo de dormentes de madeira para AMV 1:10, bitola larga","jg",53742.5]
[2607088,"Posicionamento de jogo de dormentes de madeira para AMV 1:10, bitola métrica","jg",22123.14]
[2607098,"Posicionamento de jogo de dormentes de madeira para AMV 1:10, bitola mista","jg",54063.38]
[2607094,"Posicionamento de jogo de dormentes de madeira para AMV 1:12, bitola larga","jg",60574.35]
[2607089,"Posicionamento de jogo de dormentes de madeira para AMV 1:12, bitola métrica","jg",25328.99]
[2607099,"Posicionamento de jogo de dormentes de madeira para AMV 1:12, bitola mista","jg",60939.91]
[2607095,"Posicionamento de jogo de dormentes de madeira para AMV 1:14, bitola larga","jg",71158.47]
[2607090,"Posicionamento de jogo de dormentes de madeira para AMV 1:14, bitola métrica","jg",30846.76]
[2607260,"Posicionamento de jogo de dormentes de madeira para AMV 1:14, bitola mista","jg",71583.039999999994]
[2607096,"Posicionamento de jogo de dormentes de madeira para AMV 1:20, bitola larga","jg",93805.68]
[2607091,"Posicionamento de jogo de dormentes de madeira para AMV 1:20, bitola métrica","jg",38755.85]
[2607101,"Posicionamento de jogo de dormentes de madeira para AMV 1:20, bitola mista","jg",94365.25]
[2607092,"Posicionamento de jogo de dormentes de madeira para AMV 1:8, bitola larga","jg",42763.74]
[2607087,"Posicionamento de jogo de dormentes de madeira para AMV 1:8, bitola métrica","jg",18464.79]
[2607097,"Posicionamento de jogo de dormentes de madeira para AMV 1:8, bitola mista","jg",43020.639999999999]
[2607198,"Regularização manual do lastro do AMV para qualquer abertura e qualquer bitola","un",302.05]
[2809170,"Demolição de AMV 1:10 TR 37, em bitola métrica, dormente de madeira, com separação e empilhamento","un",1903.14]
[2809183,"Demolição de AMV 1:10 TR 45, em bitola larga, dormente de madeira, com separação e empilhamento","un",2767.85]
[2809174,"Demolição de AMV 1:10 TR 45, em bitola métrica, dormente de madeira, com separação e empilhamento","un",2000.54]
[2809196,"Demolição de AMV 1:10 TR 45, em bitola mista, dormente de madeira, com separação e empilhamento","un",2910.71]
[2809187,"Demolição de AMV 1:10 TR 57, em bitola larga, dormente de madeira, com separação e empilhamento","un",2915.68]
[2809178,"Demolição de AMV 1:10 TR 57, em bitola métrica, dormente de madeira, com separação e empilhamento","un",2146.5]
[2809200,"Demolição de AMV 1:10 TR 57, em bitola mista, dormente de madeira, com separação e empilhamento","un",3064.67]
[2809191,"Demolição de AMV 1:10 TR 68, em bitola larga, dormente de madeira, com separação e empilhamento","un",3051.24]
[2809204,"Demolição de AMV 1:10 TR 68, em bitola mista, dormente de madeira, com separação e empilhamento","un",3205.62]
[2809171,"Demolição de AMV 1:12 TR 37, em bitola métrica, dormente de madeira, com separação e empilhamento","un",2147.69]
[2809184,"Demolição de AMV 1:12 TR 45, em bitola larga, dormente de madeira, com separação e empilhamento","un",3121.08]
[2809175,"Demolição de AMV 1:12 TR 45, em bitola métrica, dormente de madeira, com separação e empilhamento","un",2254.83]
[2809197,"Demolição de AMV 1:12 TR 45, em bitola mista, dormente de madeira, com separação e empilhamento","un",3278.77]
[2809188,"Demolição de AMV 1:12 TR 57, em bitola larga, dormente de madeira, com separação e empilhamento","un",3283.69]
[2809179,"Demolição de AMV 1:12 TR 57, em bitola métrica, dormente de madeira, com separação e empilhamento","un",2415.38]
[2809201,"Demolição de AMV 1:12 TR 57, em bitola mista, dormente de madeira, com separação e empilhamento","un",3448.13]
[2809192,"Demolição de AMV 1:12 TR 68, em bitola larga, dormente de madeira, com separação e empilhamento","un",3432.81]
[2809205,"Demolição de AMV 1:12 TR 68, em bitola mista, dormente de madeira, com separação e empilhamento","un",3603.17]
[2809172,"Demolição de AMV 1:14 TR 37, em bitola métrica, dormente de madeira, com separação e empilhamento","un",2509.73]
[2809185,"Demolição de AMV 1:14 TR 45, em bitola larga, dormente de madeira, com separação e empilhamento","un",3591.94]
[2809176,"Demolição de AMV 1:14 TR 45, em bitola métrica, dormente de madeira, com separação e empilhamento","un",2627.58]
[2809198,"Demolição de AMV 1:14 TR 45, em bitola mista, dormente de madeira, com separação e empilhamento","un",3768.51]
[2809189,"Demolição de AMV 1:14 TR 57, em bitola larga, dormente de madeira, com separação e empilhamento","un",3770.8]
[2809180,"Demolição de AMV 1:14 TR 57, em bitola métrica, dormente de madeira, com separação e empilhamento","un",2804.19]
[2809202,"Demolição de AMV 1:14 TR 57, em bitola mista, dormente de madeira, com separação e empilhamento","un",3954.8]
[2809193,"Demolição de AMV 1:14 TR 68, em bitola larga, dormente de madeira, com separação e empilhamento","un",3934.84]
[2809206,"Demolição de AMV 1:14 TR 68, em bitola mista, dormente de madeira, com separação e empilhamento","un",4125.3500000000004]
[2809190,"Demolição de AMV 1:20 TR 57, em bitola larga, dormente de madeira, com separação e empilhamento","un",4879.12]
[2809181,"Demolição de AMV 1:20 TR 57, em bitola métrica, dormente de madeira, com separação e empilhamento","un",3446.05]
[2809203,"Demolição de AMV 1:20 TR 57, em bitola mista, dormente de madeira, com separação e empilhamento","un",5102.18]
[2809194,"Demolição de AMV 1:20 TR 68, em bitola larga, dormente de madeira, com separação e empilhamento","un",5075.96]
[2809207,"Demolição de AMV 1:20 TR 68, em bitola mista, dormente de madeira, com separação e empilhamento","un",5306.84]
[2809169,"Demolição de AMV 1:8 TR 37, em bitola métrica, dormente de madeira, com separação e empilhamento","un",1637.51]
[2809182,"Demolição de AMV 1:8 TR 45, em bitola larga, dormente de madeira, com separação e empilhamento","un",2281.98]
[2809173,"Demolição de AMV 1:8 TR 45, em bitola métrica, dormente de madeira, com separação e empilhamento","un",1726.05]
[2809195,"Demolição de AMV 1:8 TR 45, em bitola mista, dormente de madeira, com separação e empilhamento","un",2389.27]
[2809186,"Demolição de AMV 1:8 TR 57, em bitola larga, dormente de madeira, com separação e empilhamento","un",2416.37]
[2809177,"Demolição de AMV 1:8 TR 57, em bitola métrica, dormente de madeira, com separação e empilhamento","un",1858.74]
[2809199,"Demolição de AMV 1:8 TR 57, em bitola mista, dormente de madeira, com separação e empilhamento","un",2529.2399999999998]
[2809219,"Demolição de via, bitola larga, 1.667 dormentes de madeira/km, trilho TR 45, barra com 12 m de comprimento, com separação e empilhamento","km",22761.33]
[2809220,"Demolição de via, bitola larga, 1.667 dormentes de madeira/km, trilho TR 57, barra com 12 m de comprimento, com separação e empilhamento","km",24305.61]
[2809221,"Demolição de via, bitola larga, 1.667 dormentes de madeira/km, trilho TR 68, barra com 12 m de comprimento, com separação e empilhamento","km",25057.439999999999]
[2809163,"Demolição de via, bitola larga, 1.750 dormentes de madeira/km, trilho TR 45, barra com 12 m de comprimento, com separação e empilhamento","km",23762.93]
[2809164,"Demolição de via, bitola larga, 1.750 dormentes de madeira/km, trilho TR 57, barra com 12 m de comprimento, com separação e empilhamento","km",25363.99]
[2809165,"Demolição de via, bitola larga, 1.750 dormentes de madeira/km, trilho TR 68, barra com 12 m de comprimento, com separação e empilhamento","km",26136.959999999999]
[2809216,"Demolição de via, bitola métrica, 1.667 dormentes de madeira/km, trilho TR 37, barra com 12 m de comprimento, com separação e empilhamento","km",20989.64]
[2809217,"Demolição de via, bitola métrica, 1.667 dormentes de madeira/km, trilho TR 45, barra com 12 m de comprimento, com separação e empilhamento","km",21380.42]
[2809218,"Demolição de via, bitola métrica, 1.667 dormentes de madeira/km, trilho TR 57, barra com 12 m de comprimento, com separação e empilhamento","km",22902.19]
[2809160,"Demolição de via, bitola métrica, 1.750 dormentes de madeira/km, trilho TR 37, barra com 12 m de comprimento, com separação e empilhamento","km",21922.21]
[2809161,"Demolição de via, bitola métrica, 1.750 dormentes de madeira/km, trilho TR 45, barra com 12 m de comprimento, com separação e empilhamento","km",22315.83]
[2809162,"Demolição de via, bitola métrica, 1.750 dormentes de madeira/km, trilho TR 57, barra com 12 m de comprimento, com separação e empilhamento","km",23893.919999999998]
[2809222,"Demolição de via, bitola mista, 1.667 dormentes de madeira/km, trilho TR 45, barra com 12 m de comprimento, com separação e empilhamento","km",20901.47]
[2809223,"Demolição de via, bitola mista, 1.667 dormentes de madeira/km, trilho TR 57, barra com 12 m de comprimento, com separação e empilhamento","km",26761.13]
[2809224,"Demolição de via, bitola mista, 1.667 dormentes de madeira/km, trilho TR 68, barra com 12 m de comprimento, com separação e empilhamento","km",27888.880000000001]
[2809166,"Demolição de via, bitola mista, 1.750 dormentes de madeira/km, trilho TR 45, barra com 12 m de comprimento, com separação e empilhamento","km",21747.040000000001]
[2809167,"Demolição de via, bitola mista, 1.750 dormentes de madeira/km, trilho TR 57, barra com 12 m de comprimento, com separação e empilhamento","km",27892.080000000002]
[2809168,"Demolição de via, bitola mista, 1.750 dormentes de madeira/km, trilho TR 68, barra com 12 m de comprimento, com separação e empilhamento","km",29051.52]
[2809158,"Retirada manual de dormente de madeira, bitola larga ou mista, com separação e empilhamento","un",10.199999999999999]
[2809159,"Retirada manual de dormente de madeira, bitola métrica, com separação e empilhamento","un",7.68]
[2909152,"Aferição da geometria da via com carro controle","km",119.6]
[2909153,"Capina química da plataforma ferroviária","km",164.82]
[2909151,"Estabilização dinâmica da via","km",72]
[2909145,"Nivelamento de junta com socaria manual da via","un",10.02]
[2909379,"Nivelamento de via com grupo gerador/vibrador e levante de até 10 cm - bitola métrica ou larga com dormente de madeira ou concreto e taxa de dormentação de 1.667 un/km","km",5615]
[2909381,"Nivelamento de via com grupo gerador/vibrador e levante de até 10 cm - bitola métrica ou larga com dormente de madeira ou concreto e taxa de dormentação de 1.750 un/km","km",5875.59]
[2909388,"Nivelamento de via com grupo gerador/vibrador e levante de até 10 cm - bitola métrica ou larga com dormente de madeira ou concreto e taxa de dormentação de 1.850 un/km","km",6190.51]
[2909380,"Nivelamento de via com grupo gerador/vibrador e levante de até 10 cm - bitola mista com dormente de madeira ou concreto e taxa de dormentação de 1.667 un/km","km",8230.44]
[2909382,"Nivelamento de via com grupo gerador/vibrador e levante de até 10 cm - bitola mista com dormente de madeira ou concreto e taxa de dormentação de 1.750 un/km","km",8620.4699999999993]
[2909387,"Nivelamento de via com grupo gerador/vibrador e levante de até 10 cm - bitola mista com dormente de madeira ou concreto e taxa de dormentação de 1.850 un/km","km",9094.8700000000008]
[2909375,"Nivelamento de via com socaria manual e levante de até 10 cm - bitola métrica ou larga com dormente de madeira ou concreto e taxa de dormentação de 1.667 un/km","km",8936.9599999999991]
[2909377,"Nivelamento de via com socaria manual e levante de até 10 cm - bitola métrica ou larga com dormente de madeira ou concreto e taxa de dormentação de 1.750 un/km","km",9354.31]
[2909386,"Nivelamento de via com socaria manual e levante de até 10 cm - bitola métrica ou larga com dormente de madeira ou concreto e taxa de dormentação de 1.850 un/km","km",9857.6299999999992]
[2909376,"Nivelamento de via com socaria manual e levante de até 10 cm - bitola mista com dormente de madeira ou concreto e taxa de dormentação de 1.667 un/km","km",13126.28]
[2909378,"Nivelamento de via com socaria manual e levante de até 10 cm - bitola mista com dormente de madeira ou concreto e taxa de dormentação de 1.750 un/km","km",13757.35]
[2909385,"Nivelamento de via com socaria manual e levante de até 10 cm - bitola mista com dormente de madeira ou concreto e taxa de dormentação de 1.850 un/km","km",14507.99]
[2909383,"Nivelamento e alinhamento de via com socadora automática e levante de até 10 cm - qualquer bitola ou dormente e taxa de dormentação de 1.667 un/km","km",6155.78]
[2909384,"Nivelamento e alinhamento de via com socadora automática e levante de até 10 cm - qualquer bitola ou dormente e taxa de dormentação de 1.750 un/km","km",6462.3]
[2909148,"Regularização do lastro com reguladora de lastro","km",435.69]
[2909389,"Regularização manual do lastro em via corrida, bitola larga, com qualquer tipo de dormente","km",3250.68]
[2909390,"Regularização manual do lastro em via corrida, bitola métrica, com qualquer tipo de dormente","km",2289.2199999999998]
[2909391,"Regularização manual do lastro em via corrida, bitola mista, com qualquer tipo de dormente","km",3901.07]
[3009336,"Alívio de tensão, com martelo de bronze, em TLS com 120 de comprimento de TR45, taxa de dormentação de 1.667 un/km, para qualquer bitola e fixação elástica","un",91.17]
[3009337,"Alívio de tensão, com martelo de bronze, em TLS com 120 de comprimento de TR45, taxa de dormentação de 1.750 un/km, para qualquer bitola e fixação elástica","un",93.58]
[3009340,"Alívio de tensão, com martelo de bronze, em TLS com 120 de comprimento de TR57, taxa de dormentação de 1.667 un/km, para qualquer bitola e fixação elástica","un",173.89]
[3009341,"Alívio de tensão, com martelo de bronze, em TLS com 120 de comprimento de TR57, taxa de dormentação de 1.750 un/km, para qualquer bitola e fixação elástica","un",178.7]
[3009344,"Alívio de tensão, com martelo de bronze, em TLS com 120 de comprimento de TR68, taxa de dormentação de 1.667 un/km, para qualquer bitola e fixação elástica","un",91.6]
[3009345,"Alívio de tensão, com martelo de bronze, em TLS com 120 de comprimento de TR68, taxa de dormentação de 1.750 un/km, para qualquer bitola e fixação elástica","un",94.01]
[3009348,"Alívio de tensão, com martelo de bronze, em TLS com 120 de comprimento de UIC60, taxa de dormentação de 1.667 un/km, para qualquer bitola e fixação elástica","un",173.94]
[3009349,"Alívio de tensão, com martelo de bronze, em TLS com 120 de comprimento de UIC60, taxa de dormentação de 1.750 un/km, para qualquer bitola e fixação elástica","un",178.75]
[3009338,"Alívio de tensão, com martelo de bronze, em TLS com 240 de comprimento de TR45, taxa de dormentação de 1.667 un/km, para qualquer bitola e fixação elástica","un",91.17]
[3009339,"Alívio de tensão, com martelo de bronze, em TLS com 240 de comprimento de TR45, taxa de dormentação de 1.750 un/km, para qualquer bitola e fixação elástica","un",93.58]
[3009342,"Alívio de tensão, com martelo de bronze, em TLS com 240 de comprimento de TR57, taxa de dormentação de 1.667 un/km, para qualquer bitola e fixação elástica","un",173.89]
[3009343,"Alívio de tensão, com martelo de bronze, em TLS com 240 de comprimento de TR57, taxa de dormentação de 1.750 un/km, para qualquer bitola e fixação elástica","un",178.7]
[3009346,"Alívio de tensão, com martelo de bronze, em TLS com 240 de comprimento de TR68, taxa de dormentação de 1.667 un/km, para qualquer bitola e fixação elástica","un",91.6]
[3009347,"Alívio de tensão, com martelo de bronze, em TLS com 240 de comprimento de TR68, taxa de dormentação de 1.750 un/km, para qualquer bitola e fixação elástica","un",94.01]
[3009350,"Alívio de tensão, com martelo de bronze, em TLS com 240 de comprimento de UIC60, taxa de dormentação de 1.667 un/km, para qualquer bitola e fixação elástica","un",173.94]
[3009351,"Alívio de tensão, com martelo de bronze, em TLS com 240 de comprimento de UIC60, taxa de dormentação de 1.750 un/km, para qualquer bitola e fixação elástica","un",178.75]
[3009080,"Colocação manual de grampo elástico Pandrol","un",0.13]
[3009075,"Colocação manual de retensor para trilho TR45","un",55.62]
[3009076,"Colocação manual de retensor para trilho TR57","un",57.44]
[3009077,"Colocação manual de retensor para trilho TR68","un",60.64]
[3009078,"Colocação manual de retensor para trilho UIC60","un",63.08]
[3009087,"Colocação mecanizada de grampo elástico Pandrol","un",0.09]
[3009085,"Contratrilho TR45, comprimento de 12 m, sobre dormente de madeira, taxa de dormentação de 1.750 un/km, tala de junção de 6 furos e fixação rígida - posicionamento e assentamento manual","m",1058.3399999999999]
[3009086,"Contratrilho TR57, comprimento de 12 m, sobre dormente de madeira, taxa de dormentação de 1.750 un/km, tala de junção de 6 furos e fixação rígida - posicionamento e assentamento manual","m",1397.15]
[3009089,"Contratrilho TR68, comprimento de 12 m, sobre dormente de madeira, taxa de dormentação de 1.750 un/km, tala de junção de 6 furos e fixação rígida - posicionamento e assentamento manual","m",1706.96]
[3009090,"Contratrilho UIC60, comprimento de 12 m, sobre dormente de madeira, taxa de dormentação de 1.750 un/km, tala de junção de 6 furos e fixação rígida - posicionamento e assentamento manual","m",1543.69]
[3009004,"Dormente de concreto monobloco protendido bitola larga - confecção","un",447.21]
[3009002,"Dormente de concreto monobloco protendido bitola métrica - confecção","un",337.93]
[3009006,"Dormente de concreto monobloco protendido bitola mista - confecção","un",608.23]
[3009335,"Dormente de concreto monobloco protendido para AMV bitola larga ou mista - confecção","un",1170.29]
[3009334,"Dormente de concreto monobloco protendido para AMV bitola métrica - confecção","un",834.05]
[3009280,"Dormente de concreto monobloco, bitola larga, taxa de dormentação de 1.667 un/km, fixação elástica Pandrol - posicionamento mecanizado com carregadeira","km",768749.79]
[3009281,"Dormente de concreto monobloco, bitola larga, taxa de dormentação de 1.667 un/km, fixação elástica Pandrol - posicionamento mecanizado com pórtico","km",760991.6]
[3009061,"Dormente de concreto monobloco, bitola larga, taxa de dormentação de 1.750 un/km, fixação elástica Pandrol - posicionamento mecanizado com carregadeira","km",807026.89]
[3009062,"Dormente de concreto monobloco, bitola larga, taxa de dormentação de 1.750 un/km, fixação elástica Pandrol - posicionamento mecanizado com pórtico","km",798881.34]
[3009278,"Dormente de concreto monobloco, bitola métrica, taxa de dormentação de 1.667 un/km, fixação elástica Pandrol - posicionamento mecanizado com carregadeira","km",581467.84]
[3009279,"Dormente de concreto monobloco, bitola métrica, taxa de dormentação de 1.667 un/km, fixação elástica Pandrol - posicionamento mecanizado com pórtico","km",575761.27]
[3009059,"Dormente de concreto monobloco, bitola métrica, taxa de dormentação de 1.750 un/km, fixação elástica Pandrol - posicionamento mecanizado com carregadeira","km",610420.16]
[3009060,"Dormente de concreto monobloco, bitola métrica, taxa de dormentação de 1.750 un/km, fixação elástica Pandrol - posicionamento mecanizado com pórtico","km",604428.4]
[3009282,"Dormente de concreto monobloco, bitola mista, taxa de dormentação de 1.667 un/km, fixação elástica Pandrol - posicionamento mecanizado com carregadeira","km",1037170.96]
[3009283,"Dormente de concreto monobloco, bitola mista, taxa de dormentação de 1.667 un/km, fixação elástica Pandrol - posicionamento mecanizado com pórtico","km",1029409.1]
[3009063,"Dormente de concreto monobloco, bitola mista, taxa de dormentação de 1.750 un/km, fixação elástica Pandrol - posicionamento mecanizado com carregadeira","km",1088812.76]
[3009064,"Dormente de concreto monobloco, bitola mista, taxa de dormentação de 1.750 un/km, fixação elástica Pandrol - posicionamento mecanizado com pórtico","km",1080663.3700000001]
[3009081,"Dormente de madeira para ponte, bitola métrica ou larga, para TR45, fixação rígida - posicionamento e assentamento mecanizado","un",817.92]
[3009082,"Dormente de madeira para ponte, bitola métrica ou larga, para TR57, fixação rígida - posicionamento e assentamento mecanizado","un",915.67]
[3009083,"Dormente de madeira para ponte, bitola métrica ou larga, para TR68, fixação rígida - posicionamento e assentamento mecanizado","un",956.77]
[3009084,"Dormente de madeira para ponte, bitola métrica ou larga, para UIC60, fixação rígida - posicionamento e assentamento mecanizado","un",982.22]
[3009070,"Dormente de madeira, bitola larga ou mista - posicionamento manual","un",472.69]
[3009285,"Dormente de madeira, bitola larga ou mista, taxa de dormentação de 1.667 un/km - posicionamento mecanizado com carregadeira","km",770169.95]
[3009072,"Dormente de madeira, bitola larga ou mista, taxa de dormentação de 1.750 un/km - posicionamento mecanizado com carregadeira","km",808517.75]
[3009069,"Dormente de madeira, bitola métrica - posicionamento manual","un",269.81]
[3009284,"Dormente de madeira, bitola métrica, taxa de dormentação de 1.667 un/km - posicionamento mecanizado com carregadeira","km",436425.15]
[3009071,"Dormente de madeira, bitola métrica, taxa de dormentação de 1.750 un/km - posicionamento mecanizado com carregadeira","km",458155.79]
[3009091,"Lançamento de lastro, 10 cm de altura, primeiro levante, descarga de pedra britada de caminhões","m³",190.26]
[3009058,"Lubrificador de trilhos e de flanges de rodas","un",92736.52]
[3009229,"Posicionamento mecanizado de trilhos","km",199.02]
[3009132,"Pré-alinhamento manual da grade com dormente de madeira","km",1201.8399999999999]
[3009133,"Pré-alinhamento mecanizado da grade","km",1756.07]
[3009321,"Solda aluminotérmica para TR45 com cadinho descartável, executada no campo, para formação de trilho longo soldado (TLS)","un",1532.42]
[3009322,"Solda aluminotérmica para TR57 com cadinho descartável, executada no campo, para formação de trilho longo soldado (TLS)","un",1572.34]
[3009323,"Solda aluminotérmica para TR68 com cadinho descartável, executada no campo, para formação de trilho longo soldado (TLS)","un",1641.89]
[3009324,"Solda aluminotérmica para UIC60 com cadinho descartável, executada no campo, para formação de trilho longo soldado (TLS)","un",1589.57]
[3009096,"Solda elétrica por caldeamento para qualquer perfil de trilho, comprimento de 12 m, em estaleiro para formação de trilho longo soldado","un",271.47000000000003]
[3009330,"Solda elétrica por caldeamento para trilho TR45, comprimento de até 24 m, em via com dormente de concreto para formação de barra ou trilho longo soldado","un",222.3]
[3009326,"Solda elétrica por caldeamento para trilho TR45, comprimento de até 24 m, em via com dormente de madeira para formação de barra ou trilho longo soldado","un",228.3]
[3009234,"Trilho TR45, comprimento de 12 m, sobre dormente de concreto, bitola métrica ou larga, taxa de dormentação de 1.667 un/km, tala de junção de 6 furos e fixação elástica Pandrol - posicionamento e assentamento manual","km",1103004.53]
[3009022,"Trilho TR45, comprimento de 12 m, sobre dormente de concreto, bitola métrica ou larga, taxa de dormentação de 1.750 un/km, tala de junção de 6 furos e fixação elástica Pandrol - posicionamento e assentamento manual","km",1109730.23]
[3009230,"Trilho TR45, comprimento de 12 m, sobre dormente de concreto, bitola mista, taxa de dormentação de 1.667 un/km, tala de junção de 6 furos e fixação elástica Pandrol - posicionamento e assentamento manual","km",1654657.14]
[3009018,"Trilho TR45, comprimento de 12 m, sobre dormente de concreto, bitola mista, taxa de dormentação de 1.750 un/km, tala de junção de 6 furos e fixação elástica Pandrol - posicionamento e assentamento manual","km",1664745.7]
[3009288,"Trilho TR45, comprimento de 12 m, sobre dormente de madeira, bitola métrica ou larga, taxa de dormentação de 1.667 un/km, tala de junção de 6 furos e fixação rígida - posicionamento e assentamento manual","km",1403522.31]
[3009013,"Trilho TR45, comprimento de 12 m, sobre dormente de madeira, bitola métrica ou larga, taxa de dormentação de 1.750 un/km, tala de junção de 6 furos e fixação rígida - posicionamento e assentamento manual","km",1425012.46]
[3009292,"Trilho TR45, comprimento de 12 m, sobre dormente de madeira, bitola mista, taxa de dormentação de 1.667 un/km, tala de junção de 6 furos e fixação rígida - posicionamento e assentamento manual","km",2105286]
[3009225,"Trilho TR45, comprimento de 12 m, sobre dormente de madeira, bitola mista, taxa de dormentação de 1.750 un/km, tala de junção de 6 furos e fixação rígida - posicionamento e assentamento manual","km",2137521.38]
[3009100,"Trilho TR45, comprimento de 120 m (TLS), formado por trilhos curtos de 12 m soldados por caldeamento - confecção em estaleiro","un",49800.46]
[3009238,"Trilho TR45, comprimento de 120 m (TLS), sobre dormente de concreto, bitola métrica ou larga, taxa de dormentação de 1.667 un/km, tala de junção de 6 furos e fixação elástica Pandrol - posicionamento e assentamento mecanizado","km",986129.44]
[3009304,"Trilho TR45, comprimento de 120 m (TLS), sobre dormente de concreto, bitola mista, taxa de dormentação de 1.667 un/km, tala de junção de 6 furos e fixação elástica Pandrol - posicionamento e assentamento mecanizado","km",1479094.47]
[3009030,"Trilho TR45, comprimento de 120 m (TLS), sobre dormente de concreto, bitola mista, taxa de dormentação de 1.750 un/km, tala de junção de 6 furos e fixação elástica Pandrol - posicionamento e assentamento mecanizado","km",1489175.68]
[3009254,"Trilho TR45, comprimento de 120 m (TLS), sobre dormente de madeira, bitola métrica ou larga, taxa de dormentação de 1.667 un/km, tala de junção de 6 furos e fixação elástica Pandrol - posicionamento e assentamento mecanizado","km",1483195.04]
[3009262,"Trilho TR45, comprimento de 120 m (TLS), sobre dormente de madeira, bitola métrica ou larga, taxa de dormentação de 1.667 un/km, tala de junção de 6 furos e fixação rígida - posicionamento e assentamento mecanizado","km",1285281.8500000001]
[3009034,"Trilho TR45, comprimento de 120 m (TLS), sobre dormente de madeira, bitola métrica ou larga, taxa de dormentação de 1.750 un/km, tala de junção de 6 furos e fixação elástica Pandrol - posicionamento e assentamento mecanizado","km",1514925.38]
[3009042,"Trilho TR45, comprimento de 120 m (TLS), sobre dormente de madeira, bitola métrica ou larga, taxa de dormentação de 1.750 un/km, tala de junção de 6 furos e fixação rígida - posicionamento e assentamento mecanizado","km",1307157.93]
[3009270,"Trilho TR45, comprimento de 120 m (TLS), sobre dormente de madeira, bitola mista, taxa de dormentação de 1.667 un/km, tala de junção de 6 furos e fixação elástica Pandrol - posicionamento e assentamento mecanizado","km",2225418.81]
[3009050,"Trilho TR45, comprimento de 120 m (TLS), sobre dormente de madeira, bitola mista, taxa de dormentação de 1.750 un/km, tala de junção de 6 furos e fixação elástica Pandrol - posicionamento e assentamento mecanizado","km",2273050.89]
[3009101,"Trilho TR45, comprimento de 240 m (TLS), formado por trilhos curtos de 12 m soldados por caldeamento - confecção em estaleiro","un",99872.4]
[3009246,"Trilho TR45, comprimento de 240 m (TLS), sobre dormente de concreto, bitola métrica ou larga, taxa de dormentação de 1.667 un/km, tala de junção de 6 furos e fixação elástica Pandrol - posicionamento e assentamento mecanizado","km",980100.69]
[3009208,"Trilho TR45, comprimento de 240 m (TLS), sobre dormente de concreto, bitola métrica ou larga, taxa de dormentação de 1.750 un/km, tala de junção de 6 furos e fixação elástica Pandrol - posicionamento e assentamento mecanizado","km",986821.69]
[3009308,"Trilho TR45, comprimento de 240 m (TLS), sobre dormente de concreto, bitola mista, taxa de dormentação de 1.667 un/km, tala de junção de 6 furos e fixação elástica Pandrol - posicionamento e assentamento mecanizado","km",1470052.03]
[3009212,"Trilho TR45, comprimento de 240 m (TLS), sobre dormente de concreto, bitola mista, taxa de dormentação de 1.750 un/km, tala de junção de 6 furos e fixação elástica Pandrol - posicionamento e assentamento mecanizado","km",1480133.52]
[3009258,"Trilho TR45, comprimento de 240 m (TLS), sobre dormente de madeira, bitola métrica ou larga, taxa de dormentação de 1.667 un/km, tala de junção de 6 furos e fixação elástica Pandrol - posicionamento e assentamento mecanizado","km",1477221.4]
[3009266,"Trilho TR45, comprimento de 240 m (TLS), sobre dormente de madeira, bitola métrica ou larga, taxa de dormentação de 1.667 un/km, tala de junção de 6 furos e fixação rígida - posicionamento e assentamento mecanizado","km",1279308.21]
[3009038,"Trilho TR45, comprimento de 240 m (TLS), sobre dormente de madeira, bitola métrica ou larga, taxa de dormentação de 1.750 un/km, tala de junção de 6 furos e fixação elástica Pandrol - posicionamento e assentamento mecanizado","km",1508951.74]
[3009046,"Trilho TR45, comprimento de 240 m (TLS), sobre dormente de madeira, bitola métrica ou larga, taxa de dormentação de 1.750 un/km, tala de junção de 6 furos e fixação rígida - posicionamento e assentamento mecanizado","km",1301184.3]
[3009274,"Trilho TR45, comprimento de 240 m (TLS), sobre dormente de madeira, bitola mista, taxa de dormentação de 1.667 un/km, tala de junção de 6 furos e fixação elástica Pandrol - posicionamento e assentamento mecanizado","km",2216459.11]
[3009054,"Trilho TR45, comprimento de 240 m (TLS), sobre dormente de madeira, bitola mista, taxa de dormentação de 1.750 un/km, tala de junção de 6 furos e fixação elástica Pandrol - posicionamento e assentamento mecanizado","km",2264091.19]
[3009235,"Trilho TR57, comprimento de 12 m, sobre dormente de concreto, bitola métrica ou larga, taxa de dormentação de 1.667 un/km, tala de junção de 6 furos e fixação elástica Pandrol - posicionamento e assentamento manual","km",1442284.58]
[3009023,"Trilho TR57, comprimento de 12 m, sobre dormente de concreto, bitola métrica ou larga, taxa de dormentação de 1.750 un/km, tala de junção de 6 furos e fixação elástica Pandrol - posicionamento e assentamento manual","km",1448809.98]
[3009231,"Trilho TR57, comprimento de 12 m, sobre dormente de concreto, bitola mista, taxa de dormentação de 1.667 un/km, tala de junção de 6 furos e fixação elástica Pandrol - posicionamento e assentamento manual","km",2161739.7400000002]
[3009019,"Trilho TR57, comprimento de 12 m, sobre dormente de concreto, bitola mista, taxa de dormentação de 1.750 un/km, tala de junção de 6 furos e fixação elástica Pandrol - posicionamento e assentamento manual","km",2173816.04]
[3009289,"Trilho TR57, comprimento de 12 m, sobre dormente de madeira, bitola métrica ou larga, taxa de dormentação de 1.667 un/km, tala de junção de 6 furos e fixação rígida - posicionamento e assentamento manual","km",1905496.94]
[3009014,"Trilho TR57, comprimento de 12 m, sobre dormente de madeira, bitola métrica ou larga, taxa de dormentação de 1.750 un/km, tala de junção de 6 furos e fixação rígida - posicionamento e assentamento manual","km",1935366.09]
[3009293,"Trilho TR57, comprimento de 12 m, sobre dormente de madeira, bitola mista, taxa de dormentação de 1.667 un/km, tala de junção de 6 furos e fixação rígida - posicionamento e assentamento manual","km",2858248.03]
[3009226,"Trilho TR57, comprimento de 12 m, sobre dormente de madeira, bitola mista, taxa de dormentação de 1.750 un/km, tala de junção de 6 furos e fixação rígida - posicionamento e assentamento manual","km",2903052.02]
[3009102,"Trilho TR57, comprimento de 120 m (TLS), formado por trilhos curtos de 12 m soldados por caldeamento - confecção em estaleiro","un",69655.210000000006]
[3009297,"Trilho TR57, comprimento de 120 m (TLS), sobre dormente de concreto, bitola métrica ou larga, taxa de dormentação de 1.667 un/km, tala de junção de 6 furos e fixação elástica Pandrol - posicionamento e assentamento mecanizado","km",1317801.04]
[3009027,"Trilho TR57, comprimento de 120 m (TLS), sobre dormente de concreto, bitola métrica ou larga, taxa de dormentação de 1.750 un/km, tala de junção de 6 furos e fixação elástica Pandrol - posicionamento e assentamento mecanizado","km",1324521.95]
[3009305,"Trilho TR57, comprimento de 120 m (TLS), sobre dormente de concreto, bitola mista, taxa de dormentação de 1.667 un/km, tala de junção de 6 furos e fixação elástica Pandrol - posicionamento e assentamento mecanizado","km",1976601.77]
[3009031,"Trilho TR57, comprimento de 120 m (TLS), sobre dormente de concreto, bitola mista, taxa de dormentação de 1.750 un/km, tala de junção de 6 furos e fixação elástica Pandrol - posicionamento e assentamento mecanizado","km",1986682.98]
[3009255,"Trilho TR57, comprimento de 120 m (TLS), sobre dormente de madeira, bitola métrica ou larga, taxa de dormentação de 1.667 un/km, tala de junção de 6 furos e fixação elástica Pandrol - posicionamento e assentamento mecanizado","km",1885274.64]
[3009263,"Trilho TR57, comprimento de 120 m (TLS), sobre dormente de madeira, bitola métrica ou larga, taxa de dormentação de 1.667 un/km, tala de junção de 6 furos e fixação rígida - posicionamento e assentamento mecanizado","km",1779907.45]
[3009035,"Trilho TR57, comprimento de 120 m (TLS), sobre dormente de madeira, bitola métrica ou larga, taxa de dormentação de 1.750 un/km, tala de junção de 6 furos e fixação elástica Pandrol - posicionamento e assentamento mecanizado","km",1920510.6]
[3009043,"Trilho TR57, comprimento de 120 m (TLS), sobre dormente de madeira, bitola métrica ou larga, taxa de dormentação de 1.750 un/km, tala de junção de 6 furos e fixação rígida - posicionamento e assentamento mecanizado","km",1809897.02]
[3009271,"Trilho TR57, comprimento de 120 m (TLS), sobre dormente de madeira, bitola mista, taxa de dormentação de 1.667 un/km, tala de junção de 6 furos e fixação elástica Pandrol - posicionamento e assentamento mecanizado","km",2828538.11]
[3009051,"Trilho TR57, comprimento de 120 m (TLS), sobre dormente de madeira, bitola mista, taxa de dormentação de 1.750 un/km, tala de junção de 6 furos e fixação elástica Pandrol - posicionamento e assentamento mecanizado","km",2881428.62]
[3009103,"Trilho TR57, comprimento de 240 m (TLS), formado por trilhos curtos de 12 m soldados por caldeamento - confecção em estaleiro","un",139581.9]
[3009247,"Trilho TR57, comprimento de 240 m (TLS), sobre dormente de concreto, bitola métrica ou larga, taxa de dormentação de 1.667 un/km, tala de junção de 6 furos e fixação elástica Pandrol - posicionamento e assentamento mecanizado","km",1311392.72]
[3009209,"Trilho TR57, comprimento de 240 m (TLS), sobre dormente de concreto, bitola métrica ou larga, taxa de dormentação de 1.750 un/km, tala de junção de 6 furos e fixação elástica Pandrol - posicionamento e assentamento mecanizado","km",1318113.72]
[3009309,"Trilho TR57, comprimento de 240 m (TLS), sobre dormente de concreto, bitola mista, taxa de dormentação de 1.667 un/km, tala de junção de 6 furos e fixação elástica Pandrol - posicionamento e assentamento mecanizado","km",1966990.27]
[3009213,"Trilho TR57, comprimento de 240 m (TLS), sobre dormente de concreto, bitola mista, taxa de dormentação de 1.750 un/km, tala de junção de 6 furos e fixação elástica Pandrol - posicionamento e assentamento mecanizado","km",1977071.77]
[3009259,"Trilho TR57, comprimento de 240 m (TLS), sobre dormente de madeira, bitola métrica ou larga, taxa de dormentação de 1.667 un/km, tala de junção de 6 furos e fixação elástica Pandrol - posicionamento e assentamento mecanizado","km",1878921.44]
[3009267,"Trilho TR57, comprimento de 240 m (TLS), sobre dormente de madeira, bitola métrica ou larga, taxa de dormentação de 1.667 un/km, tala de junção de 6 furos e fixação rígida - posicionamento e assentamento mecanizado","km",1773554.25]
[3009039,"Trilho TR57, comprimento de 240 m (TLS), sobre dormente de madeira, bitola métrica ou larga, taxa de dormentação de 1.750 un/km, tala de junção de 6 furos e fixação elástica Pandrol - posicionamento e assentamento mecanizado","km",1914157.4]
[3009047,"Trilho TR57, comprimento de 240 m (TLS), sobre dormente de madeira, bitola métrica ou larga, taxa de dormentação de 1.750 un/km, tala de junção de 6 furos e fixação rígida - posicionamento e assentamento mecanizado","km",1803543.82]
[3009275,"Trilho TR57, comprimento de 240 m (TLS), sobre dormente de madeira, bitola mista, taxa de dormentação de 1.667 un/km, tala de junção de 6 furos e fixação elástica Pandrol - posicionamento e assentamento mecanizado","km",2819009.36]
[3009055,"Trilho TR57, comprimento de 240 m (TLS), sobre dormente de madeira, bitola mista, taxa de dormentação de 1.750 un/km, tala de junção de 6 furos e fixação elástica Pandrol - posicionamento e assentamento mecanizado","km",2871899.87]
[3009236,"Trilho TR68, comprimento de 12 m, sobre dormente de concreto, bitola métrica ou larga, taxa de dormentação de 1.667 un/km, tala de junção de 6 furos e fixação elástica Pandrol - posicionamento e assentamento manual","km",1753450.43]
[3009024,"Trilho TR68, comprimento de 12 m, sobre dormente de concreto, bitola métrica ou larga, taxa de dormentação de 1.750 un/km, tala de junção de 6 furos e fixação elástica Pandrol - posicionamento e assentamento manual","km",1758488.87]
[3009232,"Trilho TR68, comprimento de 12 m, sobre dormente de concreto, bitola mista, taxa de dormentação de 1.667 un/km, tala de junção de 6 furos e fixação elástica Pandrol - posicionamento e assentamento manual","km",2626458.38]
[3009020,"Trilho TR68, comprimento de 12 m, sobre dormente de concreto, bitola mista, taxa de dormentação de 1.750 un/km, tala de junção de 6 furos e fixação elástica Pandrol - posicionamento e assentamento manual","km",2636196.4]
[3009290,"Trilho TR68, comprimento de 12 m, sobre dormente de madeira, bitola métrica ou larga, taxa de dormentação de 1.667 un/km, tala de junção de 6 furos e fixação rígida - posicionamento e assentamento manual","km",2283687.87]
[3009015,"Trilho TR68, comprimento de 12 m, sobre dormente de madeira, bitola métrica ou larga, taxa de dormentação de 1.750 un/km, tala de junção de 6 furos e fixação rígida - posicionamento e assentamento manual","km",2316968.23]
[3009294,"Trilho TR68, comprimento de 12 m, sobre dormente de madeira, bitola mista, taxa de dormentação de 1.667 un/km, tala de junção de 6 furos e fixação rígida - posicionamento e assentamento manual","km",3425534.42]
[3009227,"Trilho TR68, comprimento de 12 m, sobre dormente de madeira, bitola mista, taxa de dormentação de 1.750 un/km, tala de junção de 6 furos e fixação rígida - posicionamento e assentamento manual","km",3475455.23]
[3009104,"Trilho TR68, comprimento de 120 m (TLS), formado por trilhos curtos de 12 m soldados por caldeamento - confecção em estaleiro","un",86312.88]
[3009240,"Trilho TR68, comprimento de 120 m (TLS), sobre dormente de concreto, bitola métrica ou larga, taxa de dormentação de 1.667 un/km, tala de junção de 6 furos e fixação elástica Pandrol - posicionamento e assentamento mecanizado","km",1598527.23]
[3009028,"Trilho TR68, comprimento de 120 m (TLS), sobre dormente de concreto, bitola métrica ou larga, taxa de dormentação de 1.750 un/km, tala de junção de 6 furos e fixação elástica Pandrol - posicionamento e assentamento mecanizado","km",1605248.14]
[3009306,"Trilho TR68, comprimento de 120 m (TLS), sobre dormente de concreto, bitola mista, taxa de dormentação de 1.667 un/km, tala de junção de 6 furos e fixação elástica Pandrol - posicionamento e assentamento mecanizado","km",2397690.98]
[3009032,"Trilho TR68, comprimento de 120 m (TLS), sobre dormente de concreto, bitola mista, taxa de dormentação de 1.750 un/km, tala de junção de 6 furos e fixação elástica Pandrol - posicionamento e assentamento mecanizado","km",2407772.19]
[3009256,"Trilho TR68, comprimento de 120 m (TLS), sobre dormente de madeira, bitola métrica ou larga, taxa de dormentação de 1.667 un/km, tala de junção de 6 furos e fixação elástica Pandrol - posicionamento e assentamento mecanizado","km",2231458.34]
[3009264,"Trilho TR68, comprimento de 120 m (TLS), sobre dormente de madeira, bitola métrica ou larga, taxa de dormentação de 1.667 un/km, tala de junção de 6 furos e fixação rígida - posicionamento e assentamento mecanizado","km",2129145.6800000002]
[3009036,"Trilho TR68, comprimento de 120 m (TLS), sobre dormente de madeira, bitola métrica ou larga, taxa de dormentação de 1.750 un/km, tala de junção de 6 furos e fixação elástica Pandrol - posicionamento e assentamento mecanizado","km",2269953.4300000002]
[3009044,"Trilho TR68, comprimento de 120 m (TLS), sobre dormente de madeira, bitola métrica ou larga, taxa de dormentação de 1.750 un/km, tala de junção de 6 furos e fixação rígida - posicionamento e assentamento mecanizado","km",2162546.46]
[3009272,"Trilho TR68, comprimento de 120 m (TLS), sobre dormente de madeira, bitola mista, taxa de dormentação de 1.667 un/km, tala de junção de 6 furos e fixação elástica Pandrol - posicionamento e assentamento mecanizado","km",3347813.58]
[3009052,"Trilho TR68, comprimento de 120 m (TLS), sobre dormente de madeira, bitola mista, taxa de dormentação de 1.750 un/km, tala de junção de 6 furos e fixação elástica Pandrol - posicionamento e assentamento mecanizado","km",3405592.79]
[3009105,"Trilho TR68, comprimento de 240 m (TLS), formado por trilhos curtos de 12 m soldados por caldeamento - confecção em estaleiro","un",172897.24]
[3009248,"Trilho TR68, comprimento de 240 m (TLS), sobre dormente de concreto, bitola métrica ou larga, taxa de dormentação de 1.667 un/km, tala de junção de 6 furos e fixação elástica Pandrol - posicionamento e assentamento mecanizado","km",1590575]
[3009210,"Trilho TR68, comprimento de 240 m (TLS), sobre dormente de concreto, bitola métrica ou larga, taxa de dormentação de 1.750 un/km, tala de junção de 6 furos e fixação elástica Pandrol - posicionamento e assentamento mecanizado","km",1597296]
[3009310,"Trilho TR68, comprimento de 240 m (TLS), sobre dormente de concreto, bitola mista, taxa de dormentação de 1.667 un/km, tala de junção de 6 furos e fixação elástica Pandrol - posicionamento e assentamento mecanizado","km",2385763.86]
[3009214,"Trilho TR68, comprimento de 240 m (TLS), sobre dormente de concreto, bitola mista, taxa de dormentação de 1.750 un/km, tala de junção de 6 furos e fixação elástica Pandrol - posicionamento e assentamento mecanizado","km",2395845.36]
[3009260,"Trilho TR68, comprimento de 240 m (TLS), sobre dormente de madeira, bitola métrica ou larga, taxa de dormentação de 1.667 un/km, tala de junção de 6 furos e fixação elástica Pandrol - posicionamento e assentamento mecanizado","km",2223561.23]
[3009268,"Trilho TR68, comprimento de 240 m (TLS), sobre dormente de madeira, bitola métrica ou larga, taxa de dormentação de 1.667 un/km, tala de junção de 6 furos e fixação rígida - posicionamento e assentamento mecanizado","km",2121248.56]
[3009040,"Trilho TR68, comprimento de 240 m (TLS), sobre dormente de madeira, bitola métrica ou larga, taxa de dormentação de 1.750 un/km, tala de junção de 6 furos e fixação elástica Pandrol - posicionamento e assentamento mecanizado","km",2262056.3199999998]
[3009048,"Trilho TR68, comprimento de 240 m (TLS), sobre dormente de madeira, bitola métrica ou larga, taxa de dormentação de 1.750 un/km, tala de junção de 6 furos e fixação rígida - posicionamento e assentamento mecanizado","km",2154649.35]
[3009276,"Trilho TR68, comprimento de 240 m (TLS), sobre dormente de madeira, bitola mista, taxa de dormentação de 1.667 un/km, tala de junção de 6 furos e fixação elástica Pandrol - posicionamento e assentamento mecanizado","km",3335969.21]
[3009056,"Trilho TR68, comprimento de 240 m (TLS), sobre dormente de madeira, bitola mista, taxa de dormentação de 1.750 un/km, tala de junção de 6 furos e fixação elástica Pandrol - posicionamento e assentamento mecanizado","km",3393748.42]
[3009237,"Trilho UIC60, comprimento de 12 m, sobre dormente de concreto, bitola métrica ou larga, taxa de dormentação de 1.667 un/km, tala de junção de 6 furos e fixação elástica Pandrol - posicionamento e assentamento manual","km",1590242.72]
[3009025,"Trilho UIC60, comprimento de 12 m, sobre dormente de concreto, bitola métrica ou larga, taxa de dormentação de 1.750 un/km, tala de junção de 6 furos e fixação elástica Pandrol - posicionamento e assentamento manual","km",1595381.32]
[3009319,"Trilho UIC60, comprimento de 12 m, sobre dormente de concreto, bitola mista, taxa de dormentação de 1.667 un/km, tala de junção de 6 furos e fixação elástica Pandrol - posicionamento e assentamento manual","km",2383584.48]
[3009021,"Trilho UIC60, comprimento de 12 m, sobre dormente de concreto, bitola mista, taxa de dormentação de 1.750 un/km, tala de junção de 6 furos e fixação elástica Pandrol - posicionamento e assentamento manual","km",2391585.14]
[3009291,"Trilho UIC60, comprimento de 12 m, sobre dormente de madeira, bitola métrica ou larga, taxa de dormentação de 1.667 un/km, tala de junção de 6 furos e fixação rígida - posicionamento e assentamento manual","km",2162905.86]
[3009016,"Trilho UIC60, comprimento de 12 m, sobre dormente de madeira, bitola métrica ou larga, taxa de dormentação de 1.750 un/km, tala de junção de 6 furos e fixação rígida - posicionamento e assentamento manual","km",2198298.6]
[3009295,"Trilho UIC60, comprimento de 12 m, sobre dormente de madeira, bitola mista, taxa de dormentação de 1.667 un/km, tala de junção de 6 furos e fixação rígida - posicionamento e assentamento manual","km",3244361.41]
[3009228,"Trilho UIC60, comprimento de 12 m, sobre dormente de madeira, bitola mista, taxa de dormentação de 1.750 un/km, tala de junção de 6 furos e fixação rígida - posicionamento e assentamento manual","km",3297450.79]
[3009106,"Trilho UIC60, comprimento de 120 m (TLS), formado por trilhos curtos de 12 m soldados por caldeamento - confecção em estaleiro","un",77349.899999999994]
[3009299,"Trilho UIC60, comprimento de 120 m (TLS), sobre dormente de concreto, bitola métrica ou larga, taxa de dormentação de 1.667 un/km, tala de junção de 6 furos e fixação elástica Pandrol - posicionamento e assentamento mecanizado","km",1447811.06]
[3009029,"Trilho UIC60, comprimento de 120 m (TLS), sobre dormente de concreto, bitola métrica ou larga, taxa de dormentação de 1.750 un/km, tala de junção de 6 furos e fixação elástica Pandrol - posicionamento e assentamento mecanizado","km",1454531.97]
[3009245,"Trilho UIC60, comprimento de 120 m (TLS), sobre dormente de concreto, bitola mista, taxa de dormentação de 1.667 un/km, tala de junção de 6 furos e fixação elástica Pandrol - posicionamento e assentamento mecanizado","km",2171616.7599999998]
[3009033,"Trilho UIC60, comprimento de 120 m (TLS), sobre dormente de concreto, bitola mista, taxa de dormentação de 1.750 un/km, tala de junção de 6 furos e fixação elástica Pandrol - posicionamento e assentamento mecanizado","km",2181697.9700000002]
[3009257,"Trilho UIC60, comprimento de 120 m (TLS), sobre dormente de madeira, bitola métrica ou larga, taxa de dormentação de 1.667 un/km, tala de junção de 6 furos e fixação elástica Pandrol - posicionamento e assentamento mecanizado","km",2063984.32]
[3009265,"Trilho UIC60, comprimento de 120 m (TLS), sobre dormente de madeira, bitola métrica ou larga, taxa de dormentação de 1.667 un/km, tala de junção de 6 furos e fixação rígida - posicionamento e assentamento mecanizado","km",2020855.21]
[3009037,"Trilho UIC60, comprimento de 120 m (TLS), sobre dormente de madeira, bitola métrica ou larga, taxa de dormentação de 1.750 un/km, tala de junção de 6 furos e fixação elástica Pandrol - posicionamento e assentamento mecanizado","km",2101645.0299999998]
[3009045,"Trilho UIC60, comprimento de 120 m (TLS), sobre dormente de madeira, bitola métrica ou larga, taxa de dormentação de 1.750 un/km, tala de junção de 6 furos e fixação rígida - posicionamento e assentamento mecanizado","km",2056368.37]
[3009273,"Trilho UIC60, comprimento de 120 m (TLS), sobre dormente de madeira, bitola mista, taxa de dormentação de 1.667 un/km, tala de junção de 6 furos e fixação elástica Pandrol - posicionamento e assentamento mecanizado","km",3096602.59]
[3009053,"Trilho UIC60, comprimento de 120 m (TLS), sobre dormente de madeira, bitola mista, taxa de dormentação de 1.750 un/km, tala de junção de 6 furos e fixação elástica Pandrol - posicionamento e assentamento mecanizado","km",3153130.24]
[3009107,"Trilho UIC60, comprimento de 240 m (TLS), formado por trilhos curtos de 12 m soldados por caldeamento - confecção em estaleiro","un",154971.28]
[3009249,"Trilho UIC60, comprimento de 240 m (TLS), sobre dormente de concreto, bitola métrica ou larga, taxa de dormentação de 1.667 un/km, tala de junção de 6 furos e fixação elástica Pandrol - posicionamento e assentamento mecanizado","km",1440525.66]
[3009211,"Trilho UIC60, comprimento de 240 m (TLS), sobre dormente de concreto, bitola métrica ou larga, taxa de dormentação de 1.750 un/km, tala de junção de 6 furos e fixação elástica Pandrol - posicionamento e assentamento mecanizado","km",1447246.65]
[3009253,"Trilho UIC60, comprimento de 240 m (TLS), sobre dormente de concreto, bitola mista, taxa de dormentação de 1.667 un/km, tala de junção de 6 furos e fixação elástica Pandrol - posicionamento e assentamento mecanizado","km",2160689.75]
[3009215,"Trilho UIC60, comprimento de 240 m (TLS), sobre dormente de concreto, bitola mista, taxa de dormentação de 1.750 un/km, tala de junção de 6 furos e fixação elástica Pandrol - posicionamento e assentamento mecanizado","km",2170771.25]
[3009261,"Trilho UIC60, comprimento de 240 m (TLS), sobre dormente de madeira, bitola métrica ou larga, taxa de dormentação de 1.667 un/km, tala de junção de 6 furos e fixação elástica Pandrol - posicionamento e assentamento mecanizado","km",2056754.03]
[3009269,"Trilho UIC60, comprimento de 240 m (TLS), sobre dormente de madeira, bitola métrica ou larga, taxa de dormentação de 1.667 un/km, tala de junção de 6 furos e fixação rígida - posicionamento e assentamento mecanizado","km",2013624.92]
[3009041,"Trilho UIC60, comprimento de 240 m (TLS), sobre dormente de madeira, bitola métrica ou larga, taxa de dormentação de 1.750 un/km, tala de junção de 6 furos e fixação elástica Pandrol - posicionamento e assentamento mecanizado","km",2094414.75]
[3009049,"Trilho UIC60, comprimento de 240 m (TLS), sobre dormente de madeira, bitola métrica ou larga, taxa de dormentação de 1.750 un/km, tala de junção de 6 furos e fixação rígida - posicionamento e assentamento mecanizado","km",2049138.08]
[3009277,"Trilho UIC60, comprimento de 240 m (TLS), sobre dormente de madeira, bitola mista, taxa de dormentação de 1.667 un/km, tala de junção de 6 furos e fixação elástica Pandrol - posicionamento e assentamento mecanizado","km",3085758.32]
[3009057,"Trilho UIC60, comprimento de 240 m (TLS), sobre dormente de madeira, bitola mista, taxa de dormentação de 1.750 un/km, tala de junção de 6 furos e fixação elástica Pandrol - posicionamento e assentamento mecanizado","km",3142285.97]
[3108073,"Confecção de fôrma metálica em chapa 1/8\" para poita trapezoidal","m²",321.7]
[3107965,"Confecção de forma metálica em chapa 3/16\" para poita trapezoidal","m²",523.95000000000005]
[3105941,"Fôrma em chapa metálica 1/8\" para cabeça de tirantes - utilização de 50 vezes - confecção, instalação e retirada","m²",27.18]
[3108150,"Fôrma metálica curva em chapa 3/16\" reforçada com nervuras de 40 mm x 3/16\" dispostas em grelhas de 40 x 60 cm - utilização de 100 vezes - confecção, instalação e retirada","m²",17.68]
[3108071,"Fôrma metálica em chapa 1/8\" para poita trapezoidal - utilização de 50 vezes - montagem, instalação e retirada","m²",12.91]
[3107967,"Fôrma metálica em chapa 1/8\" reforçada com nervuras de 40 mm x 1/8\" dispostas em grelhas de 40 x 60 cm - utilização de 100 vezes - confecção, instalação e retirada","m²",9.8000000000000007]
[3107966,"Fôrma metálica em chapa 3/16\" para poita trapezoidal - utilização de 50 vezes - montagem, instalação e retirada","m²",25.76]
[3108072,"Fôrma metálica em chapa 3/16\" reforçada com nervuras de 40 mm x 3/16\" dispostas em grelhas de 40 x 60 cm - utilização de 100 vezes - confecção, instalação e retirada","m²",14.44]
[3117750,"Fôrma metálica para aduelas de bueiros celulares de concreto pré-moldados - utilização de 100 vezes - confecção, instalação e retirada","m²",17.28]
[3117749,"Fôrma metálica para guarda-corpo de concreto - utilização de 50 vezes - confecção","m²",14.47]
[3107964,"Fôrma metálica para pavimento de concreto - utilização de 100 vezes - confecção, instalação e retirada","m²",15.15]
[3106551,"Fôrma metálica para tetrápode - utilização de 100 vezes - confecção, instalação e retirada","m²",10.81]
[3106427,"Fôrma metálica para viga de concreto pré-moldada protendida para OAE - utilização de 20 vezes - confecção, instalação e retirada","m²",38.26]
[3106552,"Fôrma metálica para Xbloc - utilização de 100 vezes - confecção, instalação e retirada","m²",10.06]
[3107969,"Fôrmas curvas de compensado plastificado 10 mm - uso geral - utilização de 2 vezes - confecção, instalação e retirada","m²",126.03]
[3107970,"Fôrmas curvas de compensado resinado 10 mm - uso geral - utilização de 2 vezes - confecção, instalação e retirada","m²",119.74]
[3108007,"Fôrmas de compensado plastificado 10 mm - uso geral - utilização de 1 vez - confecção, instalação e retirada","m²",154.25]
[3108008,"Fôrmas de compensado plastificado 10 mm - uso geral - utilização de 2 vezes - confecção, instalação e retirada","m²",98.27]
[3108009,"Fôrmas de compensado plastificado 10 mm - uso geral - utilização de 3 vezes - confecção, instalação e retirada","m²",80.97]
[3108011,"Fôrmas de compensado plastificado 12 mm - uso geral - utilização de 1 vez - confecção, instalação e retirada","m²",160.9]
[3108012,"Fôrmas de compensado plastificado 12 mm - uso geral - utilização de 2 vezes - confecção, instalação e retirada","m²",101.76]
[3108013,"Fôrmas de compensado plastificado 12 mm - uso geral - utilização de 3 vezes - confecção, instalação e retirada","m²",83.41]
[3108015,"Fôrmas de compensado plastificado 14 mm - uso geral - utilização de 1 vez - confecção, instalação e retirada","m²",168.39]
[3108016,"Fôrmas de compensado plastificado 14 mm - uso geral - utilização de 2 vezes - confecção, instalação e retirada","m²",105.69]
[3108017,"Fôrmas de compensado plastificado 14 mm - uso geral - utilização de 3 vezes - confecção, instalação e retirada","m²",86.16]
[3107995,"Fôrmas de compensado resinado 10 mm - uso geral - utilização de 1 vez - confecção, instalação e retirada","m²",143.21]
[3107996,"Fôrmas de compensado resinado 10 mm - uso geral - utilização de 2 vezes - confecção, instalação e retirada","m²",92.52]
[3107997,"Fôrmas de compensado resinado 10 mm - uso geral - utilização de 3 vezes - confecção, instalação e retirada","m²",76.97]
[3107999,"Fôrmas de compensado resinado 12 mm - uso geral - utilização de 1 vez - confecção, instalação e retirada","m²",149.72999999999999]
[3108000,"Fôrmas de compensado resinado 12 mm - uso geral - utilização de 2 vezes - confecção, instalação e retirada","m²",95.94]
[3108001,"Fôrmas de compensado resinado 12 mm - uso geral - utilização de 3 vezes - confecção, instalação e retirada","m²",79.37]
[3108003,"Fôrmas de compensado resinado 14 mm - uso geral - utilização de 1 vez - confecção, instalação e retirada","m²",154.80000000000001]
[3108004,"Fôrmas de compensado resinado 14 mm - uso geral - utilização de 2 vezes - confecção, instalação e retirada","m²",98.6]
[3108005,"Fôrmas de compensado resinado 14 mm - uso geral - utilização de 3 vezes - confecção, instalação e retirada","m²",81.23]
[3106119,"Fôrmas de tábuas de pinho - utilização de 1 vez - confecção, instalação e retirada","m²",198.38]
[3106120,"Fôrmas de tábuas de pinho - utilização de 2 vezes - confecção, instalação e retirada","m²",128.46]
[3106121,"Fôrmas de tábuas de pinho - utilização de 3 vezes - confecção, instalação e retirada","m²",106.81]
[3103302,"Fôrmas de tábuas de pinho para dispositivos de drenagem - utilização de 3 vezes - confecção, instalação e retirada","m²",83.14]
[3103303,"Fôrmas de tábuas de pinho para drenos - utilização de 5 vezes - confecção, instalação e retirada","m²",43.71]
[3106759,"Fôrmas de tábuas de pinho para elementos estruturais dos arcos metálicos - utilização de 3 vezes - confecção, instalação e retirada","m²",127.38]
[3108023,"Guia de madeira de 2,5 x 10,0 cm - confecção e instalação","m",8.07]
[3108018,"Guia de madeira de 2,5 x 7,0 cm - confecção e instalação","m",5.78]
[3108022,"Guia de madeira de 2,5 x 8,0 cm - confecção e instalação","m",6.54]
[3205864,"Gabião caixa 2 x 1 x 0,50 m - Zn/Al + PVC - D = 2,4 mm - pedra de mão comercial - fornecimento e assentamento","m³",1011.28]
[3205863,"Gabião caixa 2 x 1 x 0,50 m - Zn/Al + PVC - D = 2,4 mm - pedra de mão produzida - confecção e assentamento","m³",897.94]
[3205868,"Gabião caixa 2 x 1 x 0,50 m Zn/Al - D = 2,7 mm - pedra de mão comercial - fornecimento e assentamento","m³",862.24]
[3205867,"Gabião caixa 2 x 1 x 0,50 m Zn/Al - D = 2,7 mm - pedra de mão produzida - confecção e assentamento","m³",748.89]
[3205866,"Gabião caixa 2 x 1 x 1,00 m - Zn/Al + PVC - D = 2,4 mm - pedra de mão comercial - fornecimento e assentamento","m³",779.58]
[3205865,"Gabião caixa 2 x 1 x 1,00 m - Zn/Al + PVC - D = 2,4 mm - pedra de mão produzida - confecção e assentamento","m³",666.24]
[3205870,"Gabião caixa 2 x 1 x 1,00 m Zn/Al - D = 2,7 mm - pedra de mão comercial - fornecimento e assentamento","m³",706.27]
[3205869,"Gabião caixa 2 x 1 x 1,00 m Zn/Al - D = 2,7 mm - pedra de mão produzida - confecção e assentamento","m³",592.91999999999996]
[3205872,"Gabião colchão espessura 0,17 m - Zn/Al + PVC - D = 2,0 mm - pedra de mão comercial - fornecimento e assentamento","m²",245.59]
[3205871,"Gabião colchão espessura 0,17 m - Zn/Al + PVC - D = 2,0 mm - pedra de mão produzida - confecção e assentamento","m²",226.32]
[3205874,"Gabião colchão espessura 0,23 m - Zn/Al + PVC - D = 2,0 mm - pedra de mão comercial - fornecimento e assentamento","m²",270.05]
[3205873,"Gabião colchão espessura 0,23 m - Zn/Al + PVC - D = 2,0 mm - pedra de mão produzida - confecção e assentamento","m²",243.99]
[3205876,"Gabião colchão espessura 0,30 m - Zn/Al + PVC - D = 2,0 mm - pedra de mão comercial - fornecimento e assentamento","m²",315.5]
[3205875,"Gabião colchão espessura 0,30 m - Zn/Al + PVC - D = 2,0 mm - pedra de mão produzida - confecção e assentamento","m²",281.49]
[3205862,"Gabião saco - diâmetro = 0,65 m - Zn/Al + PVC - D = 2,4 mm - pedra de mão comercial - fornecimento e assentamento","m³",802.35]
[3205861,"Gabião saco - diâmetro = 0,65 m - Zn/Al + PVC - D = 2,4 mm - pedra de mão produzida - confecção e assentamento","m³",689.01]
[3606579,"Carga, transporte e descarga de material pétreo para molhes com o uso de batelões e escavadeira hidráulica - DMT de 0 a 300 m","m³",22.02]
[3606583,"Carga, transporte e descarga de material pétreo para molhes com o uso de batelões e escavadeira hidráulica - DMT de 1.200 a 1.500 m","m³",22.86]
[3606584,"Carga, transporte e descarga de material pétreo para molhes com o uso de batelões e escavadeira hidráulica - DMT de 1.500 a 1.800 m","m³",22.98]
[3606585,"Carga, transporte e descarga de material pétreo para molhes com o uso de batelões e escavadeira hidráulica - DMT de 1.800 a 2.100 m","m³",23.1]
[3606586,"Carga, transporte e descarga de material pétreo para molhes com o uso de batelões e escavadeira hidráulica - DMT de 2.100 a 2.400 m","m³",23.34]
[3606587,"Carga, transporte e descarga de material pétreo para molhes com o uso de batelões e escavadeira hidráulica - DMT de 2.400 a 2.700 m","m³",23.58]
[3606588,"Carga, transporte e descarga de material pétreo para molhes com o uso de batelões e escavadeira hidráulica - DMT de 2.700 a 3.000 m","m³",23.7]
[3606589,"Carga, transporte e descarga de material pétreo para molhes com o uso de batelões e escavadeira hidráulica - DMT de 3.000 m","m³",23.82]
[3606580,"Carga, transporte e descarga de material pétreo para molhes com o uso de batelões e escavadeira hidráulica - DMT de 300 a 600 m","m³",22.26]
[3606581,"Carga, transporte e descarga de material pétreo para molhes com o uso de batelões e escavadeira hidráulica - DMT de 600 a 900 m","m³",22.5]
[3606582,"Carga, transporte e descarga de material pétreo para molhes com o uso de batelões e escavadeira hidráulica - DMT de 900 a 1.200 m","m³",22.62]
[3606527,"Escavação, carga e transporte de material pétreo para a subcarapaça - caminho de serviço em leito natural - DMT de 1.000 a 1.200 m - com caminhão basculante de 8 m³","m³",52.45]
[3606528,"Escavação, carga e transporte de material pétreo para a subcarapaça - caminho de serviço em leito natural - DMT de 1.200 a 1.400 m - com caminhão basculante de 8 m³","m³",53.21]
[3606529,"Escavação, carga e transporte de material pétreo para a subcarapaça - caminho de serviço em leito natural - DMT de 1.400 a 1.600 m - com caminhão basculante de 8 m³","m³",53.83]
[3606530,"Escavação, carga e transporte de material pétreo para a subcarapaça - caminho de serviço em leito natural - DMT de 1.600 a 1.800 m - com caminhão basculante de 8 m³","m³",54.59]
[3606531,"Escavação, carga e transporte de material pétreo para a subcarapaça - caminho de serviço em leito natural - DMT de 1.800 a 2.000 m - com caminhão basculante de 8 m³","m³",55.36]
[3606532,"Escavação, carga e transporte de material pétreo para a subcarapaça - caminho de serviço em leito natural - DMT de 2.000 a 2.500 m - com caminhão basculante de 8 m³","m³",56.58]
[3606533,"Escavação, carga e transporte de material pétreo para a subcarapaça - caminho de serviço em leito natural - DMT de 2.500 a 3.000 m - com caminhão basculante de 8 m³","m³",60.58]
[3606534,"Escavação, carga e transporte de material pétreo para a subcarapaça - caminho de serviço em leito natural - DMT de 3.000 m - com caminhão basculante de 8 m³","m³",61.6]
[3606535,"Escavação, carga e transporte de material pétreo para a subcarapaça - caminho de serviço em revestimento primário - DMT de 1.000 a 1.200 m - com caminhão basculante de 8 m³","m³",48.2]
[3606536,"Escavação, carga e transporte de material pétreo para a subcarapaça - caminho de serviço em revestimento primário - DMT de 1.200 a 1.400 m - com caminhão basculante de 8 m³","m³",48.6]
[3606537,"Escavação, carga e transporte de material pétreo para a subcarapaça - caminho de serviço em revestimento primário - DMT de 1.400 a 1.600 m - com caminhão basculante de 8 m³","m³",49.12]
[3606538,"Escavação, carga e transporte de material pétreo para a subcarapaça - caminho de serviço em revestimento primário - DMT de 1.600 a 1.800 m - com caminhão basculante de 8 m³","m³",49.52]
[3606539,"Escavação, carga e transporte de material pétreo para a subcarapaça - caminho de serviço em revestimento primário - DMT de 1.800 a 2.000 m - com caminhão basculante de 8 m³","m³",50.04]
[3606540,"Escavação, carga e transporte de material pétreo para a subcarapaça - caminho de serviço em revestimento primário - DMT de 2.000 a 2.500 m - com caminhão basculante de 8 m³","m³",52.75]
[3606541,"Escavação, carga e transporte de material pétreo para a subcarapaça - caminho de serviço em revestimento primário - DMT de 2.500 a 3.000 m - com caminhão basculante de 8 m³","m³",54.13]
[3606542,"Escavação, carga e transporte de material pétreo para a subcarapaça - caminho de serviço em revestimento primário - DMT de 3.000 m - com caminhão basculante de 8 m³","m³",54.75]
[3606543,"Escavação, carga e transporte de material pétreo para a subcarapaça - caminho de serviço pavimentado - DMT de 1.000 a 1.200 m - com caminhão basculante de 8 m³","m³",47.48]
[3606544,"Escavação, carga e transporte de material pétreo para a subcarapaça - caminho de serviço pavimentado - DMT de 1.200 a 1.400 m - com caminhão basculante de 8 m³","m³",47.79]
[3606545,"Escavação, carga e transporte de material pétreo para a subcarapaça - caminho de serviço pavimentado - DMT de 1.400 a 1.600 m - com caminhão basculante de 8 m³","m³",48.2]
[3606546,"Escavação, carga e transporte de material pétreo para a subcarapaça - caminho de serviço pavimentado - DMT de 1.600 a 1.800 m - com caminhão basculante de 8 m³","m³",48.6]
[3606547,"Escavação, carga e transporte de material pétreo para a subcarapaça - caminho de serviço pavimentado - DMT de 1.800 a 2.000 m - com caminhão basculante de 8 m³","m³",48.91]
[3606548,"Escavação, carga e transporte de material pétreo para a subcarapaça - caminho de serviço pavimentado - DMT de 2.000 a 2.500 m - com caminhão basculante de 8 m³","m³",49.63]
[3606549,"Escavação, carga e transporte de material pétreo para a subcarapaça - caminho de serviço pavimentado - DMT de 2.500 a 3.000 m - com caminhão basculante de 8 m³","m³",52.6]
[3606550,"Escavação, carga e transporte de material pétreo para a subcarapaça - caminho de serviço pavimentado - DMT de 3.000 m - com caminhão basculante de 8 m³","m³",53.21]
[3606500,"Escavação, carga e transporte de material pétreo para o núcleo - caminho de serviço em leito natural - DMT de 1.000 a 1.200 m - com caminhão basculante de 8 m³","m³",48.36]
[3606501,"Escavação, carga e transporte de material pétreo para o núcleo - caminho de serviço em leito natural - DMT de 1.200 a 1.400 m - com caminhão basculante de 8 m³","m³",49.13]
[3606502,"Escavação, carga e transporte de material pétreo para o núcleo - caminho de serviço em leito natural - DMT de 1.400 a 1.600 m - com caminhão basculante de 8 m³","m³",49.74]
[3606503,"Escavação, carga e transporte de material pétreo para o núcleo - caminho de serviço em leito natural - DMT de 1.600 a 1.800 m - com caminhão basculante de 8 m³","m³",50.51]
[3606504,"Escavação, carga e transporte de material pétreo para o núcleo - caminho de serviço em leito natural - DMT de 1.800 a 2.000 m - com caminhão basculante de 8 m³","m³",51.27]
[3606505,"Escavação, carga e transporte de material pétreo para o núcleo - caminho de serviço em leito natural - DMT de 2.000 a 2.500 m - com caminhão basculante de 8 m³","m³",52.5]
[3606506,"Escavação, carga e transporte de material pétreo para o núcleo - caminho de serviço em leito natural - DMT de 2.500 a 3.000 m - com caminhão basculante de 8 m³","m³",56.39]
[3606507,"Escavação, carga e transporte de material pétreo para o núcleo - caminho de serviço em leito natural - DMT de 3.000 m - com caminhão basculante de 8 m³","m³",57.62]
[3606509,"Escavação, carga e transporte de material pétreo para o núcleo - caminho de serviço em revestimento primário - DMT de 1.000 a 1.200 m - com caminhão basculante de 8 m³","m³",44.11]
[3606510,"Escavação, carga e transporte de material pétreo para o núcleo - caminho de serviço em revestimento primário - DMT de 1.200 a 1.400 m - com caminhão basculante de 8 m³","m³",44.62]
[3606511,"Escavação, carga e transporte de material pétreo para o núcleo - caminho de serviço em revestimento primário - DMT de 1.400 a 1.600 m - com caminhão basculante de 8 m³","m³",45.03]
[3606512,"Escavação, carga e transporte de material pétreo para o núcleo - caminho de serviço em revestimento primário - DMT de 1.600 a 1.800 m - com caminhão basculante de 8 m³","m³",45.44]
[3606513,"Escavação, carga e transporte de material pétreo para o núcleo - caminho de serviço em revestimento primário - DMT de 1.800 a 2.000 m - com caminhão basculante de 8 m³","m³",47.9]
[3606514,"Escavação, carga e transporte de material pétreo para o núcleo - caminho de serviço em revestimento primário - DMT de 2.000 a 2.500 m - com caminhão basculante de 8 m³","m³",48.82]
[3606515,"Escavação, carga e transporte de material pétreo para o núcleo - caminho de serviço em revestimento primário - DMT de 2.500 a 3.000 m - com caminhão basculante de 8 m³","m³",50.05]
[3606516,"Escavação, carga e transporte de material pétreo para o núcleo - caminho de serviço em revestimento primário - DMT de 3.000 m - com caminhão basculante de 8 m³","m³",50.66]
[3606518,"Escavação, carga e transporte de material pétreo para o núcleo - caminho de serviço pavimentado - DMT de 1.000 a 1.200 m - com caminhão basculante de 8 m³","m³",43.39]
[3606519,"Escavação, carga e transporte de material pétreo para o núcleo - caminho de serviço pavimentado - DMT de 1.200 a 1.400 m - com caminhão basculante de 8 m³","m³",43.8]
[3606520,"Escavação, carga e transporte de material pétreo para o núcleo - caminho de serviço pavimentado - DMT de 1.400 a 1.600 m - com caminhão basculante de 8 m³","m³",44.11]
[3606521,"Escavação, carga e transporte de material pétreo para o núcleo - caminho de serviço pavimentado - DMT de 1.600 a 1.800 m - com caminhão basculante de 8 m³","m³",44.52]
[3606522,"Escavação, carga e transporte de material pétreo para o núcleo - caminho de serviço pavimentado - DMT de 1.800 a 2.000 m - com caminhão basculante de 8 m³","m³",44.82]
[3606523,"Escavação, carga e transporte de material pétreo para o núcleo - caminho de serviço pavimentado - DMT de 2.000 a 2.500 m - com caminhão basculante de 8 m³","m³",45.54]
[3606524,"Escavação, carga e transporte de material pétreo para o núcleo - caminho de serviço pavimentado - DMT de 2.500 a 3.000 m - com caminhão basculante de 8 m³","m³",48.67]
[3606525,"Escavação, carga e transporte de material pétreo para o núcleo - caminho de serviço pavimentado - DMT de 3.000 m - com caminhão basculante de 8 m³","m³",49.13]
[3606577,"Espalhamento e conformação de material pétreo para núcleo","m³",11.16]
[3606576,"Espalhamento e conformação de material pétreo para subcarapaça","m³",4.22]
[3606561,"Fabricação de tetrápode de 10 t - concreto fck = 20 MPa - areia e brita comerciais","un",2173.4899999999998]
[3606556,"Fabricação de tetrápode de 10 t - concreto fck = 20 MPa - areia extraída e brita produzida","un",1583.91]
[3606562,"Fabricação de tetrápode de 11 t - concreto fck = 20 MPa - areia e brita comerciais","un",2377.5]
[3606557,"Fabricação de tetrápode de 11 t - concreto fck = 20 MPa - areia extraída e brita produzida","un",1728.96]
[3606563,"Fabricação de tetrápode de 12 t - concreto fck = 20 MPa - areia e brita comerciais","un",2590.0700000000002]
[3606558,"Fabricação de tetrápode de 12 t - concreto fck = 20 MPa - areia extraída e brita produzida","un",1882.57]
[3606559,"Fabricação de tetrápode de 8 t - concreto fck = 20 MPa - areia e brita comerciais","un",1739.36]
[3606554,"Fabricação de tetrápode de 8 t - concreto fck = 20 MPa - areia extraída e brita produzida","un",1267.7]
[3606560,"Fabricação de tetrápode de 9 t - concreto fck = 20 MPa - areia e brita comerciais","un",1944.2]
[3606555,"Fabricação de tetrápode de 9 t - concreto fck = 20 MPa - areia extraída e brita produzida","un",1413.58]
[3606571,"Fabricação de Xbloc de 10 t - concreto fck = 20 MPa - areia e brita comerciais","un",2140.33]
[3606566,"Fabricação de Xbloc de 10 t - concreto fck = 20 MPa - areia extraída e brita produzida","un",1550.74]
[3606572,"Fabricação de Xbloc de 11 t - concreto fck = 20 MPa - areia e brita comerciais","un",2347.02]
[3606567,"Fabricação de Xbloc de 11 t - concreto fck = 20 MPa - areia extraída e brita produzida","un",1698.48]
[3606573,"Fabricação de Xbloc de 12 t - concreto fck = 20 MPa - areia e brita comerciais","un",2553.3000000000002]
[3606568,"Fabricação de Xbloc de 12 t - concreto fck = 20 MPa - areia extraída e brita produzida","un",1845.8]
[3606569,"Fabricação de Xbloc de 8 t - concreto fck = 20 MPa - areia e brita comerciais","un",1725.43]
[3606564,"Fabricação de Xbloc de 8 t - concreto fck = 20 MPa - areia extraída e brita produzida","un",1253.77]
[3606570,"Fabricação de Xbloc de 9 t - concreto fck = 20 MPa - areia e brita comerciais","un",1933.15]
[3606565,"Fabricação de Xbloc de 9 t - concreto fck = 20 MPa - areia extraída e brita produzida","un",1402.53]
[3606578,"Lançamento de blocos artificias de concreto","un",119.81]
[3606575,"Seleção de material pétreo para a carapaça e subcarapaça","m³",1.65]
[3606574,"Seleção de material pétreo para o núcleo","m³",0.82]
[3713603,"Ancoragem de defensa maleável dupla - fornecimento e implantação","m",1041.7]
[3713601,"Ancoragem de defensa maleável simples - fornecimento e implantação","m",792.24]
[3713607,"Ancoragem de defensa semimaleável dupla - fornecimento e implantação","m",664.56]
[3713605,"Ancoragem de defensa semimaleável simples - fornecimento e implantação","m",434.41]
[3719530,"Barreira dupla de concreto, armada, pré-moldada (perfil New Jersey) - L > 3,00 m e H = 1.070 mm","m",311.76]
[3713828,"Barreira dupla de concreto, armada, pré-moldada (perfil New Jersey) - L > 3,00 m e H = 810 mm","m",232.65]
[3713875,"Barreira dupla de concreto, não armada, moldada no local (perfil F) - H = 810 + 100 mm","m",66.38]
[3713619,"Barreira dupla de concreto, não armada, moldada no local (perfil New Jersey) - H = 810 + 100 mm","m",66.8]
[3713876,"Barreira dupla de concreto, não armada, moldada no local, com extrusora (perfil F) - H = 810 + 100 mm","m",92.61]
[3713827,"Barreira dupla de concreto, não armada, moldada no local, com extrusora (perfil New Jersey) - H = 810 + 100 mm","m",90.99]
[3713904,"Barreira simples de concreto, armada, pré-moldada (perfil New Jersey) - L > 3,00 m e H = 1.070 mm","m",269.45999999999998]
[3719529,"Barreira simples de concreto, armada, pré-moldada (perfil New Jersey) - L > 3,00 m e H = 810 mm","m",196.55]
[3713878,"Barreira simples de concreto, não armada, moldada no local (perfil F) - H = 810 + 100 mm","m",66.010000000000005]
[3713617,"Barreira simples de concreto, não armada, moldada no local (perfil New Jersey) - H = 810 + 100 mm","m",66.22]
[3713879,"Barreira simples de concreto, não armada, moldada no local, com extrusora (perfil F) - H = 810 + 100 mm","m",82.79]
[3713826,"Barreira simples de concreto, não armada, moldada no local, com extrusora (perfil New Jersey) - H = 810 + 100 mm","m",78.83]
[3713610,"Cerca com 4 fios de arame farpado e mourão de concreto de seção quadrada de 11 cm a cada 2,5 m e esticador de 15 cm a cada 50 m - areia e brita comerciais","m",32.18]
[3713609,"Cerca com 4 fios de arame farpado e mourão de concreto de seção quadrada de 11 cm a cada 2,5 m e esticador de 15 cm a cada 50 m - areia extraída e brita produzida","m",30.65]
[3713612,"Cerca com 4 fios de arame farpado e mourão de concreto de seção triangular de 11 cm a cada 2,5 m e esticador de 15 cm a cada 50 m - areia e brita comerciais","m",26.14]
[3713611,"Cerca com 4 fios de arame farpado e mourão de concreto de seção triangular de 11 cm a cada 2,5 m e esticador de 15 cm a cada 50 m - areia extraída e brita produzida","m",25.48]
[3713608,"Cerca com 4 fios de arame farpado e mourão de madeira a cada 2,5 m e esticador a cada 50 m","m",21.12]
[3713613,"Cerca com 4 fios de arame liso galvanizado e mourão de madeira a cada 2,5 m e esticador a cada 50 m","m",19.38]
[3713822,"Confecção de barreira dupla de concreto, armada, pré-moldada (perfil New Jersey) - L > 3,00 m e H = 1.070 mm","m",305.26]
[3713824,"Confecção de barreira dupla de concreto, armada, pré-moldada (perfil New Jersey) - L > 3,00 m e H = 810 mm","m",226.15]
[3713825,"Confecção de barreira simples de concreto, armada, pré-moldada (perfil New Jersey) - L > 3,00 m e H = 1.070 mm","m",262.95999999999998]
[3713823,"Confecção de barreira simples de concreto, armada, pré-moldada (perfil New Jersey) - L > 3,00 m e H = 810 mm","m",190.05]
[3713602,"Defensa maleável dupla - fornecimento e implantação","m",964.55]
[3713600,"Defensa maleável simples - fornecimento e implantação","m",728.37]
[3713606,"Defensa semimaleável dupla - fornecimento e implantação","m",587.41]
[3713604,"Defensa semimaleável simples - fornecimento e implantação","m",381.56]
[3716129,"Fabricação de mourão de concreto esticador - seção quadrada de 15 cm - areia e brita comerciais","un",50.55]
[3716128,"Fabricação de mourão de concreto esticador - seção quadrada de 15 cm - areia extraída e brita produzida","un",44.07]
[3716133,"Fabricação de mourão de concreto esticador - seção triangular de 15 cm - areia e brita comercias","un",30]
[3716132,"Fabricação de mourão de concreto esticador - seção triangular de 15 cm - areia extraída e brita produzida","un",27.19]
[3716131,"Fabricação de mourão de concreto suporte - seção quadrada de 11 cm - areia e brita comerciais","un",33.01]
[3716130,"Fabricação de mourão de concreto suporte - seção quadrada de 11 cm - areia extraída e brita produzida","un",29.68]
[3716135,"Fabricação de mourão de concreto suporte - seção triangular de 11 cm - areia e brita comerciais","un",20.82]
[3716134,"Fabricação de mourão de concreto suporte - seção triangular de 11 cm - areia extraída e brita produzida","un",19.38]
[3713698,"Fornecimento e implantação de amortecedor retrátil (v <= 100 km/h) tipo TAU II afunilado - fixado em barreira de concreto, com largura de âncora traseira de 1.830 mm","un",327760.36]
[3713699,"Fornecimento e implantação de amortecedor retrátil (v <= 100 km/h) tipo TAU II afunilado - fixado em barreira de concreto, com largura de âncora traseira de 1.980 mm","un",329154.78999999998]
[3713700,"Fornecimento e implantação de amortecedor retrátil (v <= 100 km/h) tipo TAU II afunilado - fixado em barreira de concreto, com largura de âncora traseira de 2.130 mm","un",330154.65000000002]
[3713701,"Fornecimento e implantação de amortecedor retrátil (v <= 100 km/h) tipo TAU II afunilado - fixado em barreira de concreto, com largura de âncora traseira de 2.290 mm","un",336088.42]
[3713702,"Fornecimento e implantação de amortecedor retrátil (v <= 100 km/h) tipo TAU II afunilado - fixado em barreira de concreto, com largura de âncora traseira de 2.440 mm","un",342125.88]
[3713693,"Fornecimento e implantação de amortecedor retrátil (v <= 100 km/h) tipo TAU II combinado - fixado em barreira de concreto, com largura de âncora traseira de 1.060 mm","un",270213.17]
[3713694,"Fornecimento e implantação de amortecedor retrátil (v <= 100 km/h) tipo TAU II combinado - fixado em barreira de concreto, com largura de âncora traseira de 1.220 mm","un",284373.44]
[3713695,"Fornecimento e implantação de amortecedor retrátil (v <= 100 km/h) tipo TAU II combinado - fixado em barreira de concreto, com largura de âncora traseira de 1.370 mm","un",302891.87]
[3713696,"Fornecimento e implantação de amortecedor retrátil (v <= 100 km/h) tipo TAU II combinado - fixado em barreira de concreto, com largura de âncora traseira de 1.520 mm","un",311108.07]
[3713697,"Fornecimento e implantação de amortecedor retrátil (v <= 100 km/h) tipo TAU II combinado - fixado em barreira de concreto, com largura de âncora traseira de 1.680 mm","un",317482.23999999999]
[3713692,"Fornecimento e implantação de amortecedor retrátil (v <= 100 km/h) tipo TAU II combinado - fixado em barreira de concreto, com largura de âncora traseira de 900 mm","un",229529.28]
[3713691,"Fornecimento e implantação de amortecedor retrátil (v <= 100 km/h) tipo TAU II paralelo - fixado em barreira de concreto, com largura de âncora traseira de até 700 mm","un",215478.97]
[3713873,"Módulo de transição de defensa metálica para barreira rígida - fornecimento e implantação","un",6949.96]
[3713705,"Remoção de defensa metálica","m",21.96]
[3713902,"Terminal absorvedor de energia de abertura com nível de contenção TL3 para defensa metálica - fornecimento e implantação","un",16047.26]
[3713903,"Terminal absorvedor de energia de não abertura com nível de contenção TL3 para defensa metálica - fornecimento e implantação","un",64442.01]
[3713689,"Terminal aéreo de defensa metálica - tipo A - fornecimento e implantação","un",395.45]
[3713690,"Terminal de ancoragem de defensa metálica em barreira New Jersey - fornecimento e implantação","un",489]
[3713897,"Terminal de ancoragem para barreira dupla de concreto, moldada no local (perfil F) - H = 810 + 250 mm","m",290.94]
[3713893,"Terminal de ancoragem para barreira dupla de concreto, moldada no local (perfil New Jersey) - H = 810 + 250 mm","m",294.94]
[3713898,"Terminal de ancoragem para barreira dupla de concreto, moldada no local, com extrusora (perfil F) - H = 810 + 250 mm","m",311.24]
[3713894,"Terminal de ancoragem para barreira dupla de concreto, moldada no local, com extrusora (perfil New Jersey) - H = 810 + 250 mm","m",312.66000000000003]
[3713895,"Terminal de ancoragem para barreira simples de concreto, moldada no local (perfil F) - H = 810 + 250 mm","m",270.23]
[3713891,"Terminal de ancoragem para barreira simples de concreto, moldada no local (perfil New Jersey) - H = 810 + 250 mm","m",269.01]
[3713896,"Terminal de ancoragem para barreira simples de concreto, moldada no local, com extrusora (perfil F) - H = 810 + 250 mm","m",283.64999999999998]
[3713892,"Terminal de ancoragem para barreira simples de concreto, moldada no local, com extrusora (perfil New Jersey) - H = 810 + 250 mm","m",278.32]
[3806412,"Abertura de janela em estrutura de concreto existente para inspeção com espessura até 0,20 m e seção 0,49 m²","un",61.81]
[3806413,"Apicoamento mecanizado de concreto","m²",21.5]
[3807863,"Chumbador de expansão controlada por torque para concreto D = 12,5 mm - fornecimento e instalação","un",12.42]
[3807864,"Chumbador de expansão controlada por torque para concreto D = 16 mm - fornecimento e instalação","un",13.55]
[3807865,"Chumbador de expansão controlada por torque para concreto D = 20 mm - fornecimento e instalação","un",18.71]
[3807861,"Chumbador de expansão controlada por torque para concreto D = 6,3 mm - fornecimento e instalação","un",2.94]
[3807862,"Chumbador de expansão controlada por torque para concreto D = 8 mm - fornecimento e instalação","un",4.26]
[3807752,"Corte linear em superfície de concreto para fixação de barras de aço de 10 mm - L = 12 mm e H = 12 mm","m",8.15]
[3807753,"Corte linear em superfície de concreto para fixação de barras de aço de 12,5 mm - L = 15 mm e H = 15 mm","m",11.7]
[3807750,"Corte linear em superfície de concreto para fixação de barras de aço de 6,3 mm - L = 8 mm e H = 8 mm","m",4.78]
[3807751,"Corte linear em superfície de concreto para fixação de barras de aço de 8 mm - L = 10 mm e H = 10 mm","m",6.26]
[3806415,"Demolição controlada de concreto com martelete","m³",634.91]
[3806416,"Elevação de estruturas até 496 kN para substituição de aparelho de apoio com a utilização de macaco hidráulico","un",76.709999999999994]
[3806419,"Elevação de estruturas de 1.390 a 1.859 kN para substituição de aparelho de apoio com a utilização de macaco hidráulico","un",103.56]
[3806417,"Elevação de estruturas de 496 a 929 kN para substituição de aparelho de apoio com a utilização de macaco hidráulico","un",86.64]
[3806418,"Elevação de estruturas de 929 a 1.390 kN para substituição de aparelho de apoio com a utilização de macaco hidráulico","un",102.26]
[3808207,"Escada tubular multidirecional em aço galvanizado - utilização de 100 vezes - fornecimento, instalação e retirada","m",160.97]
[3806400,"Fabricação de superestrutura metálica para passarela PL-15 - exceto piso de concreto","un",161703.37]
[3806399,"Fabricação de superestrutura metálica para passarela PL-20 - exceto piso de concreto","un",230063.25]
[3806387,"Fabricação de superestrutura metálica para passarela PL-25 - exceto piso de concreto","un",287799]
[3806397,"Fabricação de superestrutura metálica para passarela PL-30 - exceto piso de concreto","un",386015.34]
[3806396,"Fabricação de superestrutura metálica para passarela PL-35 - exceto piso de concreto","un",444493.42]
[3816118,"Guarda-corpo de concreto - fabricação - areia e brita comerciais","m",98.06]
[3816117,"Guarda-corpo de concreto - fabricação - areia extraída e brita produzida","m",90.38]
[3806386,"Guarda-corpo e corrimão metálico para passarelas para pedestres - fornecimento e instalação","m",684.34]
[3816196,"Injeção de nata de cimento","m³",1048.8399999999999]
[3806426,"Lançamento de pré-laje com utilização de guindauto","t",59.28]
[3806401,"Lançamento de superestrutura de passarela metálica de 12 a 24 t com utilização de guindaste","un",16854.04]
[3806423,"Lançamento de viga pré-moldada de 1.000 a 1.250 kN com utilização de guindaste","un",11459.66]
[3806421,"Lançamento de viga pré-moldada de 500 a 750 kN com utilização de guindaste","un",5686.63]
[3806422,"Lançamento de viga pré-moldada de 750 a 1.000 kN com utilização de guindaste","un",10313.719999999999]
[3806425,"Lançamento de viga pré-moldada de 980 a 1.225 kN com utilização de treliça lançadeira","un",3277.74]
[3806424,"Lançamento de viga pré-moldada de 980 a 1.225 kN com utilização de treliça lançadeira e carrelone","un",5430.19]
[3806420,"Lançamento de viga pré-moldada de até 500 kN com utilização de guindaste","un",4975.82]
[3806405,"Limpeza de aparelhos de apoio em obras de arte especiais - exclusa a plataforma","un",131.91]
[3806404,"Limpeza de material retido em fundações submersas de obras de arte especiais","m³",131.62]
[3806406,"Limpeza em junta de dilatação","m",5.71]
[3806403,"Limpeza em superfície de concreto com jateamento abrasivo com uso de granalhas de aço","m²",9.1199999999999992]
[3806402,"Limpeza em superfície de concreto com jateamento d'água sob pressão","m²",2.2799999999999998]
[3806407,"Pingadeira de elastômero perfil 40 x 40 mm com aba inclinada e fixada com adesivo estrutural e pinos - fornecimento e instalação - exclusa a plataforma","m",183.46]
[3808043,"Pintura manual com nata de cimento - 3 demãos","m²",4.01]
[3806431,"Placa de aço de apoio para protensão externa em reforço de viga de OAE - confecção e instalação","un",5571.77]
[3806432,"Placa de aço de desvio para protensão externa em reforço de viga de OAE - confecção e instalação","un",2926.22]
[3806429,"Plataforma de trabalho em aço tubular apoiada no solo - altura de 4 a 6 m - utilização de 100 vezes - fornecimento, instalação e retirada","m³",17]
[3806430,"Plataforma de trabalho em aço tubular apoiada no solo - altura de 6 a 8 m - utilização de 100 vezes - fornecimento, instalação e retirada","m³",10.58]
[3806428,"Plataforma de trabalho em aço tubular apoiada no solo - altura de até 4 m - utilização de 100 vezes - fornecimento, instalação e retirada","m³",39.6]
[3816198,"Plataforma de trabalho em madeira apoiada no solo - altura de 6 a 12 m - utilização de 5 vezes - confecção, instalação e retirada","m³",72.87]
[3816197,"Plataforma de trabalho em madeira apoiada no solo - altura de até 6 m - utilização de 5 vezes - confecção, instalação e retirada","m³",68.22]
[3806410,"Plataforma de trabalho suspensa sob tabuleiro de pontes com treliças metálicas e tábuas - utilização de 100 vezes - confecção, instalação e retirada","m²",61.65]
[3806411,"Plataforma mecanizada de inspeção sob pontes com capacidade de 500 kg e alcance de 15 m","h",749.77]
[3815644,"Recomposição de dreno em tubo de aço galvanizado D = 100 mm em OAE - fornecimento e instalação","un",101.54]
[3815643,"Recomposição de dreno em tubo de aço galvanizado D = 80 mm em OAE - fornecimento e instalação","un",94.86]
[3815706,"Recomposição de guarda-corpo com agregados comerciais - instalação","m",130.4]
[3815597,"Recomposição de guarda-corpo com agregados produzidos - instalação","m",122.72]
[3815600,"Recuperação de guarda-corpo metálico em ambiente agressivo","m²",75.72]
[3815601,"Recuperação de guarda-corpo metálico em ambiente muito agressivo","m²",71.040000000000006]
[3815599,"Recuperação de guarda-corpo metálico em ambiente pouco agressivo","m²",28.52]
[3806414,"Remoção de concreto com jateamento d'água sob alta pressão","m³",586.95000000000005]
[3806409,"Restauração de berços de apoio para junta de dilatação - fornecimento e instalação","m",62.25]
[3815602,"Substituição de junta de dilatação e lábios poliméricos - fornecimento e instalação","m",33.1]
[4011444,"Areia asfalto a quente - faixa A - areia comercial","t",192.69]
[4011443,"Areia asfalto a quente - faixa A - areia extraída","t",127.82]
[4011446,"Areia asfalto a quente - faixa B - areia comercial","t",182.19]
[4011445,"Areia asfalto a quente - faixa B - areia extraída","t",115.9]
[4011448,"Areia asfalto a quente com asfalto polímero - faixa A - areia comercial","t",184.83]
[4011447,"Areia asfalto a quente com asfalto polímero - faixa A - areia extraída","t",116.67]
[4011450,"Areia asfalto a quente com asfalto polímero - faixa B - areia comercial","t",190.76]
[4011449,"Areia asfalto a quente com asfalto polímero - faixa B - areia extraída","t",123.82]
[4011452,"Areia asfalto a quente com asfalto polímero - faixa C - areia comercial","t",194.62]
[4011451,"Areia asfalto a quente com asfalto polímero - faixa C - areia extraída","t",128.53]
[4011219,"Base de solo estabilizado granulometricamente sem mistura com material de jazida - 100% Proctor modificado","m³",14.58]
[4011291,"Base de solo melhorado com 3% de cimento e mistura em usina com material de jazida - 100% Proctor modificado","m³",67.819999999999993]
[4011287,"Base de solo melhorado com 3% de cimento e mistura na pista com material de jazida - 100% Proctor modificado","m³",57.97]
[4011305,"Base de solo-cal com 7% de cal e mistura na pista com material de jazida - 100% Proctor intermediário","m³",91.89]
[4011221,"Base estabilizada granulometricamente com mistura de solos na pista com material de jazida - 100% Proctor modificado","m³",15.37]
[4011226,"Base estabilizada granulometricamente com mistura solo areia (70% - 30%) em usina com material de jazida e areia extraída - 100% Proctor modificado","m³",34.32]
[4011276,"Base ou sub-base de brita graduada com brita comercial - 100% Proctor modificado","m³",252.82]
[4011275,"Base ou sub-base de brita graduada com brita produzida - 100% Proctor modificado","m³",113.35]
[4011549,"Base ou sub-base de brita graduada executada com vibroacabadora - brita comercial - 100% Proctor modificado","m³",253.4]
[4011548,"Base ou sub-base de brita graduada executada com vibroacabadora - brita produzida - 100% Proctor modificado","m³",113.93]
[4011278,"Base ou sub-base de brita graduada tratada com cimento com brita comercial - 100% Proctor modificado","m³",302.64999999999998]
[4011277,"Base ou sub-base de brita graduada tratada com cimento com brita produzida - 100% Proctor modificado","m³",164.82]
[4011561,"Base ou sub-base de brita graduada tratada com cimento executada com vibroacabadora - brita comercial - 100% Proctor modificado","m³",303.23]
[4011560,"Base ou sub-base de brita graduada tratada com cimento executada com vibroacabadora - brita produzida - 100% Proctor modificado","m³",165.4]
[4011282,"Base ou sub-base de macadame hidráulico com brita comercial - 100% Proctor modificado","m³",222.36]
[4011281,"Base ou sub-base de macadame hidráulico com brita produzida - 100% Proctor modificado","m³",101.64]
[4011279,"Base ou sub-base de macadame seco com brita comercial - 100% Proctor modificado","m³",214.49]
[4011280,"Base ou sub-base de macadame seco com brita produzida - 100% Proctor modificado","m³",93.76]
[4011314,"Base ou sub-base de solo-cimento com 7% de cimento e mistura em usina com material de jazida - 100% Proctor normal","m³",116.51]
[4011315,"Base ou sub-base de solo-cimento com 7% de cimento e mistura na pista com material de jazida - 100% Proctor normal","m³",111.61]
[4011316,"Base ou sub-base estabilizada granulometricamente com mistura solo brita (70% - 30%) com 3% de cimento em usina com material de jazida e brita comercial - 100% Proctor modificado","m³",130.5]
[4011317,"Base ou sub-base estabilizada granulometricamente com mistura solo brita (70% - 30%) com 3% de cimento em usina com material de jazida e brita produzida - 100% Proctor modificado","m³",93.66]
[4011318,"Base ou sub-base estabilizada granulometricamente com mistura solo brita (70% - 30%) em usina com material de jazida e brita comercial - 100% Proctor modificado","m³",90.46]
[4011319,"Base ou sub-base estabilizada granulometricamente com mistura solo brita (70% - 30%) em usina com material de jazida e brita produzida - 100% Proctor modificado","m³",52.49]
[4011320,"Base ou sub-base estabilizada granulometricamente com mistura solo brita (70% - 30%) na pista com material de jazida e brita comercial - 100% Proctor modificado","m³",76.39]
[4011321,"Base ou sub-base estabilizada granulometricamente com mistura solo brita (70% - 30%) na pista com material de jazida e brita produzida - 100% Proctor modificado","m³",38.42]
[4011327,"Base ou sub-base estabilizada granulometricamente com mistura solo escória de aciaria (50%-50%) em usina com material de jazida - 100% Proctor intermediário","m³",39.35]
[4011325,"Base ou sub-base estabilizada granulometricamente com mistura solo escória de aciaria (50%-50%) na pista com material de jazida - 100% Proctor intermediário","m³",25.26]
[4011454,"Concreto asfáltico - faixa A-25 - areia e brita comerciais","t",193.67]
[4011453,"Concreto asfáltico - faixa A-25 - areia extraída e brita produzida","t",133.6]
[4011455,"Concreto asfáltico - faixa A-25 - massa comercial","t",17.45]
[4011459,"Concreto asfáltico - faixa B-19 - areia e brita comerciais","t",193.38]
[4011458,"Concreto asfáltico - faixa B-19 - areia extraída e brita produzida","t",133.72999999999999]
[4011494,"Concreto asfáltico - faixa B-19 - massa comercial","t",17.940000000000001]
[4011463,"Concreto asfáltico - faixa C-12,5 - areia e brita comerciais","t",192.65]
[4011462,"Concreto asfáltico - faixa C-12,5 - areia extraída e brita produzida","t",133.34]
[4011464,"Concreto asfáltico - faixa C-12,5 - massa comercial","t",17.940000000000001]
[4011495,"Concreto asfáltico - faixa D-9,5 - areia e brita comerciais","t",191.34]
[4011496,"Concreto asfáltico - faixa D-9,5 - areia extraída e brita produzida","t",133.38]
[4011497,"Concreto asfáltico - faixa D-9,5 - massa comercial","t",17.940000000000001]
[4011457,"Concreto asfáltico com asfalto polímero - faixa A - areia e brita comerciais","t",204.34]
[4011456,"Concreto asfáltico com asfalto polímero - faixa A - areia extraída e brita produzida","t",139.27000000000001]
[4011461,"Concreto asfáltico com asfalto polímero - faixa B - areia e brita comerciais","t",205.6]
[4011460,"Concreto asfáltico com asfalto polímero - faixa B - areia extraída e brita produzida","t",142.06]
[4011466,"Concreto asfáltico com asfalto polímero - faixa C - areia e brita comerciais","t",208.82]
[4011465,"Concreto asfáltico com asfalto polímero - faixa C - areia extraída e brita produzida","t",144.71]
[4011469,"Concreto asfáltico com borracha - faixa A - brita comercial","t",248.73]
[4011473,"Concreto asfáltico com borracha - faixa A - brita produzida","t",192.11]
[4011470,"Concreto asfáltico com borracha - faixa B - brita comercial","t",252.56]
[4011474,"Concreto asfáltico com borracha - faixa B - brita produzida","t",196.39]
[4011471,"Concreto asfáltico com borracha - faixa C - brita comercial","t",253.82]
[4011475,"Concreto asfáltico com borracha - faixa C - brita produzida","t",198.51]
[4011472,"Concreto asfáltico com borracha - faixa GAP GRADED - brita comercial","t",252.01]
[4011476,"Concreto asfáltico com borracha - faixa GAP GRADED - brita produzida","t",191.94]
[4011478,"Concreto asfáltico reciclado em usina com adição de asfalto - brita comercial","t",180.05]
[4011477,"Concreto asfáltico reciclado em usina com adição de asfalto - brita produzida","t",143.29]
[4011539,"Cura com pintura asfáltica para camadas granulares com adição de cimento","m²",0.21]
[4011538,"Cura com pintura asfáltica para pavimento de concreto compactado com rolo","m²",0.32]
[4016096,"Escavação e carga de material de jazida com escavadeira hidráulica de 1,56 m³","m³",1.35]
[4016008,"Escavação e carga de material de jazida com trator de 127 kW e carregadeira de 3,4 m³","m³",4.42]
[4016007,"Escavação e carga de material de jazida com trator de 97 kW e carregadeira de 1,72 m³","m³",5.05]
[4015612,"Execução de revestimento primário com material de jazida - 100% Proctor intermediário","m³",13.42]
[4011562,"Geogrelha bidirecional com resistência à tração de 30 kN/m - deformação < 5% - malha de 36 x 34 mm - para reforço de base granular","m²",39.72]
[4011351,"Imprimação com asfalto diluído","m²",0.37]
[4011352,"Imprimação com emulsão asfáltica","m²",0.4]
[4011402,"Lama asfáltica - faixa I - areia e brita comerciais","m²",0.9]
[4011401,"Lama asfáltica - faixa I - areia extraída e brita produzida","m²",0.59]
[4011404,"Lama asfáltica - faixa II - areia e brita comerciais","m²",0.63]
[4011403,"Lama asfáltica - faixa II - areia extraída e brita produzida","m²",0.41]
[4011406,"Lama asfáltica - faixa III - areia e brita comerciais","m²",1.18]
[4011405,"Lama asfáltica - faixa III - areia extraída e brita produzida","m²",0.78]
[4011392,"Macadame betuminoso por penetração - faixa A - brita comercial","m³",245.74]
[4011391,"Macadame betuminoso por penetração - faixa A - brita produzida","m³",128.24]
[4011394,"Macadame betuminoso por penetração - faixa B - brita comercial","m³",246.29]
[4011393,"Macadame betuminoso por penetração - faixa B - brita produzida","m³",128.84]
[4011396,"Macadame betuminoso por penetração - faixa C - brita comercial","m³",249.96]
[4011395,"Macadame betuminoso por penetração - faixa C - brita produzida","m³",129.53]
[4011398,"Macadame betuminoso por penetração - faixa D - brita comercial","m³",252.82]
[4011397,"Macadame betuminoso por penetração - faixa D - brita produzida","m³",129.81]
[4011400,"Macadame betuminoso por penetração com asfalto com polímero - faixa A - brita comercial","m³",262.33999999999997]
[4011399,"Macadame betuminoso por penetração com asfalto com polímero - faixa A - brita produzida","m³",147.38]
[4011490,"Manta sintética para recapeamento asfáltico com geotêxtil RT - 09 - fornecimento e aplicação","m²",5.82]
[4011536,"Membrana plástica isolante e impermeabilizante com espessura de 0,2 mm - fornecimento e instalação","m²",1.74]
[4011415,"Micro pré-misturado a quente com asfalto polímero - brita comercial","t",197.43]
[4011416,"Micro pré-misturado a quente com asfalto polímero - brita produzida","t",142.09]
[4011408,"Microrrevestimento a frio com emulsão modificada com polímero de 0,8 cm - faixa II - brita comercial","m²",2.4700000000000002]
[4011407,"Microrrevestimento a frio com emulsão modificada com polímero de 0,8 cm - faixa II - brita produzida","m²",1.76]
[4011410,"Microrrevestimento a frio com emulsão modificada com polímero de 1,5 cm - faixa III - brita comercial","m²",4.7699999999999996]
[4011409,"Microrrevestimento a frio com emulsão modificada com polímero de 1,5 cm - faixa III - brita produzida","m²",3.44]
[4011412,"Microrrevestimento a frio com emulsão modificada com polímero de 2,0 cm - faixa III - brita comercial","m²",6.36]
[4011411,"Microrrevestimento a frio com emulsão modificada com polímero de 2,0 cm - faixa III - brita produzida","m²",4.59]
[4011520,"Pavimento de concreto com equipamento de pequeno porte - areia e brita comerciais","m³",567.54]
[4011507,"Pavimento de concreto com equipamento de pequeno porte - areia extraída e brita produzida","m³",433.32]
[4011535,"Pavimento de concreto com equipamento fôrma-trilho - areia e brita comerciais","m³",442.53]
[4011534,"Pavimento de concreto com equipamento fôrma-trilho - areia extraída e brita produzida","m³",318.5]
[4011533,"Pavimento de concreto com fôrmas deslizantes - areia e brita comerciais","m³",452.33]
[4011532,"Pavimento de concreto com fôrmas deslizantes - areia extraída e brita produzida","m³",328.3]
[4011492,"Pavimento de concreto compactado com rolo - brita comercial","m³",372.91]
[4011491,"Pavimento de concreto compactado com rolo - brita produzida","m³",238.37]
[4011353,"Pintura de ligação","m²",0.28000000000000003]
[4011354,"Pintura de ligação - emulsão com polímero","m²",0.28000000000000003]
[4011418,"Pré-misturado a frio - faixa A - areia e brita comerciais","m³",338.74]
[4011417,"Pré-misturado a frio - faixa A - areia extraída e brita produzida","m³",190.6]
[4011420,"Pré-misturado a frio - faixa B - areia e brita comerciais","m³",343.31]
[4011419,"Pré-misturado a frio - faixa B - areia extraída e brita produzida","m³",187.32]
[4011422,"Pré-misturado a frio - faixa C - areia e brita comerciais","m³",350.84]
[4011421,"Pré-misturado a frio - faixa C - areia extraída e brita produzida","m³",202.55]
[4011424,"Pré-misturado a frio - faixa D - areia e brita comerciais","m³",356.12]
[4011423,"Pré-misturado a frio - faixa D - areia extraída e brita produzida","m³",199.27]
[4011426,"Pré-misturado a frio com emulsão asfáltica com polímero - faixa A - areia e brita comerciais","m³",338.74]
[4011425,"Pré-misturado a frio com emulsão asfáltica com polímero - faixa A - areia extraída e brita produzida","m³",190.6]
[4011428,"Pré-misturado a frio com emulsão asfáltica com polímero - faixa B - areia e brita comerciais","m³",343.31]
[4011427,"Pré-misturado a frio com emulsão asfáltica com polímero - faixa B - areia extraída e brita produzida","m³",187.32]
[4011430,"Pré-misturado a frio com emulsão asfáltica com polímero - faixa C - areia e brita comerciais","m³",349.58]
[4011429,"Pré-misturado a frio com emulsão asfáltica com polímero - faixa C - areia extraída e brita produzida","m³",201.99]
[4011432,"Pré-misturado a frio com emulsão asfáltica com polímero - faixa D - areia e brita comerciais","m³",354.84]
[4011431,"Pré-misturado a frio com emulsão asfáltica com polímero - faixa D - areia extraída e brita produzida","m³",198.73]
[4011434,"Pré-misturado a quente com asfalto polímero - faixa I - camada porosa de atrito - areia e brita comerciais","t",205.81]
[4011433,"Pré-misturado a quente com asfalto polímero - faixa I - camada porosa de atrito - areia extraída e brita produzida","t",138.52000000000001]
[4011436,"Pré-misturado a quente com asfalto polímero - faixa II - camada porosa de atrito - areia e brita comerciais","t",197.6]
[4011435,"Pré-misturado a quente com asfalto polímero - faixa II - camada porosa de atrito - areia extraída e brita produzida","t",128.74]
[4011438,"Pré-misturado a quente com asfalto polímero - faixa III - camada porosa de atrito - areia e brita comerciais","t",204.15]
[4011437,"Pré-misturado a quente com asfalto polímero - faixa III - camada porosa de atrito - areia extraída e brita produzida","t",136.69999999999999]
[4011440,"Pré-misturado a quente com asfalto polímero - faixa IV - camada porosa de atrito - areia e brita comerciais","t",210.13]
[4011439,"Pré-misturado a quente com asfalto polímero - faixa IV - camada porosa de atrito - areia extraída e brita produzida","t",143.11000000000001]
[4011442,"Pré-misturado a quente com asfalto polímero - faixa V - camada porosa de atrito - areia e brita comerciais","t",208.32]
[4011441,"Pré-misturado a quente com asfalto polímero - faixa V - camada porosa de atrito - areia extraída e brita produzida","t",142.68]
[4011482,"Reciclagem com incorporação do revestimento asfáltico à base e adição de 3% de cimento - 100% Proctor modificado","m³",80.48]
[4011486,"Reciclagem com incorporação do revestimento asfáltico à base e adição de 3% de cimento e de brita comercial - 100% Proctor modificado","m³",121.94]
[4011485,"Reciclagem com incorporação do revestimento asfáltico à base e adição de 3% de cimento e de brita produzida - 100% Proctor modificado","m³",98.94]
[4011484,"Reciclagem com incorporação do revestimento asfáltico à base e adição de brita comercial - 100% Proctor modificado","m³",78.28]
[4011483,"Reciclagem com incorporação do revestimento asfáltico à base e adição de brita produzida - 100% Proctor modificado","m³",55.27]
[4011488,"Reciclagem com incorporação do revestimento asfáltico à base e adição de espuma asfáltica e cimento - 100% Proctor modificado","m³",57.25]
[4011487,"Reciclagem com incorporação do revestimento asfáltico à base e adição de espuma asfáltica, cimento e pó de pedra comercial - 100% Proctor modificado","m³",89.06]
[4011489,"Reciclagem de revestimento asfáltico em usina com adição de espuma asfáltica, pó de pedra comercial e cimento - 100% Proctor modificado","m³",151.58000000000001]
[4011493,"Reciclagem de revestimento asfáltico em usina com adição de espuma asfáltica, pó de pedra produzido e cimento - 100% Proctor modificado","m³",103.87]
[4011481,"Reciclagem simples com incorporação do revestimento asfáltico à base - 100% Proctor modificado","m³",36.81]
[4011347,"Reestabilização de camada de base com adição de 3% de cimento - 100% Proctor modificado","m³",67.48]
[4011342,"Reestabilização de camada de base com adição de 30% de brita comercial - 100% Proctor modificado","m³",92.37]
[4011344,"Reestabilização de camada de base com adição de 30% de brita produzida - 100% Proctor modificado","m³",54.4]
[4011341,"Reestabilização de camada de base com adição de 30% de material fresado retirado da pista - 100% Proctor modificado","m³",14.9]
[4011346,"Reestabilização de camada de base sem adição de material - 100% Proctor modificado","m³",11.19]
[4011211,"Reforço do subleito com material de jazida - 100% Proctor intermediário","m³",13.42]
[4011304,"Reforço do subleito de solo melhorado com 4% de cal e mistura na pista com material de jazida - 100% Proctor intermediário","m³",59.32]
[4011209,"Regularização do subleito - 100% Proctor intermediário","m²",1.53]
[4011210,"Regularização do subleito com fresagem corte e controle automático de greide - 100% Proctor intermediário","m²",1.63]
[4011537,"Serragem de juntas em pavimento de concreto, limpeza e enchimento com selante a frio","m",19.690000000000001]
[4011218,"Sub-base de concreto adensado por vibração - areia e brita comerciais","m³",448.17]
[4011217,"Sub-base de concreto adensado por vibração - areia extraída e brita produzida","m³",301.64999999999998]
[4011214,"Sub-base de concreto compactado com rolo - brita comercial","m³",320.54000000000002]
[4011213,"Sub-base de concreto compactado com rolo - brita produzida","m³",179.88]
[4011227,"Sub-base de solo estabilizado granulometricamente sem mistura com material de jazida - 100% Proctor intermediário","m³",13.42]
[4011302,"Sub-base de solo melhorado com 3% de cimento e mistura em usina com material de jazida - 100% Proctor intermediário","m³",65.56]
[4011300,"Sub-base de solo melhorado com 3% de cimento e mistura na pista com material de jazida - 100% Proctor intermediário","m³",57.59]
[4011306,"Sub-base de solo-cal com 7% de cal e mistura na pista com material de jazida - 100% Proctor normal","m³",90.02]
[4011228,"Sub-base estabilizada granulometricamente com mistura de solos na pista com material de jazida - 100% Proctor intermediário","m³",14.99]
[4011229,"Sub-base estabilizada granulometricamente com mistura solo areia (70% - 30%) em usina com material de jazida e areia extraída - 100% Proctor intermediário","m³",32.06]
[4011372,"Tratamento superficial duplo com banho diluído - brita comercial","m²",6.22]
[4011371,"Tratamento superficial duplo com banho diluído - brita produzida","m²",4.0199999999999996]
[4011378,"Tratamento superficial duplo com banho diluído com emulsão com polímero - brita comercial","m²",6.22]
[4011377,"Tratamento superficial duplo com banho diluído com emulsão com polímero - brita produzida","m²",4.0199999999999996]
[4011368,"Tratamento superficial duplo com CAP - brita comercial","m²",5.09]
[4011367,"Tratamento superficial duplo com CAP - brita produzida","m²",2.9]
[4011374,"Tratamento superficial duplo com CAP com polímero - brita comercial","m²",5.09]
[4011373,"Tratamento superficial duplo com CAP com polímero - brita produzida","m²",2.9]
[4011370,"Tratamento superficial duplo com emulsão - brita comercial","m²",5.7]
[4011369,"Tratamento superficial duplo com emulsão - brita produzida","m²",3.51]
[4011376,"Tratamento superficial duplo com emulsão com polímero - brita comercial","m²",5.7]
[4011375,"Tratamento superficial duplo com emulsão com polímero - brita produzida","m²",3.51]
[4011360,"Tratamento superficial simples com banho diluído - brita comercial","m²",2.2000000000000002]
[4011359,"Tratamento superficial simples com banho diluído - brita produzida","m²",1.46]
[4011366,"Tratamento superficial simples com banho diluído com emulsão com polímero - brita comercial","m²",2.2000000000000002]
[4011365,"Tratamento superficial simples com banho diluído com emulsão com polímero - brita produzida","m²",1.46]
[4011356,"Tratamento superficial simples com CAP - brita comercial","m²",1.74]
[4011355,"Tratamento superficial simples com CAP - brita produzida","m²",1]
[4011362,"Tratamento superficial simples com CAP com polímero - brita comercial","m²",1.74]
[4011361,"Tratamento superficial simples com CAP com polímero - brita produzida","m²",1]
[4011358,"Tratamento superficial simples com emulsão - brita comercial","m²",1.98]
[4011357,"Tratamento superficial simples com emulsão - brita produzida","m²",1.24]
[4011364,"Tratamento superficial simples com emulsão com polímero - brita comercial","m²",1.98]
[4011363,"Tratamento superficial simples com emulsão com polímero - brita produzida","m²",1.24]
[4011384,"Tratamento superficial triplo com banho diluído - brita comercial","m²",6.91]
[4011383,"Tratamento superficial triplo com banho diluído - brita produzida","m²",4.41]
[4011390,"Tratamento superficial triplo com banho diluído - emulsão com polímero - brita comercial","m²",6.91]
[4011389,"Tratamento superficial triplo com banho diluído - emulsão com polímero - brita produzida","m²",4.41]
[4011380,"Tratamento superficial triplo com CAP - brita comercial","m²",5.79]
[4011379,"Tratamento superficial triplo com CAP - brita produzida","m²",3.28]
[4011386,"Tratamento superficial triplo com CAP com polímero - brita comercial","m²",5.79]
[4011385,"Tratamento superficial triplo com CAP com polímero - brita produzida","m²",3.28]
[4011382,"Tratamento superficial triplo com emulsão - brita comercial","m²",6.4]
[4011381,"Tratamento superficial triplo com emulsão - brita produzida","m²",3.9]
[4011388,"Tratamento superficial triplo com emulsão com polímero - brita comercial","m²",6.4]
[4011387,"Tratamento superficial triplo com emulsão com polímero - brita produzida","m²",3.9]
[4011212,"Varredura da superfície para execução de revestimento asfáltico","m²",7.0000000000000007E-2]
[4208197,"Ancoragem fixa para estais de 12 cordoalhas D = 15,7 mm - inclusive injeção de cera","un",13745.47]
[4208158,"Ancoragem fixa para estais de 19 cordoalhas D = 15,7 mm - inclusive injeção de cera","un",18133.439999999999]
[4208198,"Ancoragem fixa para estais de 22 cordoalhas D = 15,7 mm - inclusive injeção de cera","un",21507.25]
[4208159,"Ancoragem fixa para estais de 31 cordoalhas D = 15,7 mm - inclusive injeção de cera","un",29052.6]
[4208160,"Ancoragem fixa para estais de 37 cordoalhas D = 15,7 mm - inclusive injeção de cera","un",34444.06]
[4208199,"Ancoragem fixa para estais de 43 cordoalhas D = 15,7 mm - inclusive injeção de cera","un",39847.53]
[4208161,"Ancoragem fixa para estais de 55 cordoalhas D = 15,7 mm - inclusive injeção de cera","un",50312.54]
[4208162,"Ancoragem fixa para estais de 61 cordoalhas D = 15,7 mm - inclusive injeção de cera","un",55490.18]
[4208163,"Ancoragem fixa para estais de 73 cordoalhas D = 15,7 mm - inclusive injeção de cera","un",66012.929999999993]
[4208200,"Ancoragem fixa para estais de 85 cordoalhas D = 15,7 mm - inclusive injeção de cera","un",76908.41]
[4208164,"Ancoragem fixa para estais de 91 cordoalhas D = 15,7 mm - inclusive injeção de cera","un",81919.25]
[4208201,"Ancoragem regulável para estais de 12 cordoalhas D = 15,7 mm - inclusive protensão, injeção de cera e regulagem final","un",24062.41]
[4208151,"Ancoragem regulável para estais de 19 cordoalhas D = 15,7 mm - inclusive protensão, injeção de cera e regulagem final","un",31454.34]
[4208202,"Ancoragem regulável para estais de 22 cordoalhas D = 15,7 mm - inclusive protensão, injeção de cera e regulagem final","un",37314.769999999997]
[4208152,"Ancoragem regulável para estais de 31 cordoalhas D = 15,7 mm - inclusive protensão, injeção de cera e regulagem final","un",50255.86]
[4208153,"Ancoragem regulável para estais de 37 cordoalhas D = 15,7 mm - inclusive protensão, injeção de cera e regulagem final","un",59583.99]
[4208203,"Ancoragem regulável para estais de 43 cordoalhas D = 15,7 mm - inclusive protensão, injeção de cera e regulagem final","un",68991.63]
[4208154,"Ancoragem regulável para estais de 55 cordoalhas D = 15,7 mm - inclusive protensão, injeção de cera e regulagem final","un",87097.82]
[4208155,"Ancoragem regulável para estais de 61 cordoalhas D = 15,7 mm - inclusive protensão, injeção de cera e regulagem final","un",96636.15]
[4208156,"Ancoragem regulável para estais de 73 cordoalhas D = 15,7 mm - inclusive protensão, injeção de cera e regulagem final","un",115037.25]
[4208204,"Ancoragem regulável para estais de 85 cordoalhas D = 15,7 mm - inclusive protensão, injeção de cera e regulagem final","un",133863.87]
[4208157,"Ancoragem regulável para estais de 91 cordoalhas D = 15,7 mm - inclusive protensão, injeção de cera e regulagem final","un",142955.26]
[4208127,"Cordoalha para estais CP 177 RB D = 15,7 mm - fornecimento, preparo e colocação","kg",28.12]
[4208196,"Elevador de cremalheira - ascensão e ancoragem da torre a partir de 16 m com cada elevação de até 9 m - utilização de 50 vezes - inclusive desmontagem","un",2526.09]
[4208209,"Elevador de cremalheira - montagem e desmontagem até a altura de 16 m - exceto fundações","un",11538.33]
[4208206,"Elevador de cremalheira com cabine simples, com capacidade de 1.500 kg e altura de até 100 m - operação","h",124.84]
[4208210,"Grua fixa - montagem e desmontagem até a altura de 60 m - exceto fundações","un",25730.25]
[4208195,"Grua fixa - telescopagem e ancoragem da torre a partir de 60 m com cada elevação de até 18 m - inclusive desmontagem","un",13731.4]
[4208208,"Grua fixa com altura de 60 a 102 m, com alcance de 60 m e capacidade de 1.500 kg na ponta da lança - operação","h",607.79999999999995]
[4208135,"Tubo antivandalismo em aço galvanizado para estais de 12 cordoalhas D = 15,7 mm - fornecimento e instalação","m",1768.41]
[4208136,"Tubo antivandalismo em aço galvanizado para estais de 19 cordoalhas D = 15,7 mm - fornecimento e instalação","m",2016.17]
[4208137,"Tubo antivandalismo em aço galvanizado para estais de 22 cordoalhas D = 15,7 mm - fornecimento e instalação","m",2314.6999999999998]
[4208138,"Tubo antivandalismo em aço galvanizado para estais de 31 cordoalhas D = 15,7 mm - fornecimento e instalação","m",2607.2600000000002]
[4208139,"Tubo antivandalismo em aço galvanizado para estais de 37 cordoalhas D = 15,7 mm - fornecimento e instalação","m",2614.4299999999998]
[4208140,"Tubo antivandalismo em aço galvanizado para estais de 43 cordoalhas D = 15,7 mm - fornecimento e instalação","m",3250.57]
[4208141,"Tubo antivandalismo em aço galvanizado para estais de 55 cordoalhas D = 15,7 mm - fornecimento e instalação","m",3267.29]
[4208212,"Tubo antivandalismo em aço galvanizado para estais de 61 cordoalhas D = 15,7 mm - fornecimento e instalação","m",3268.87]
[4208213,"Tubo antivandalismo em aço galvanizado para estais de 73 cordoalhas D = 15,7 mm - fornecimento e instalação","m",3761.55]
[4208214,"Tubo antivandalismo em aço galvanizado para estais de 85 cordoalhas D = 15,7 mm - fornecimento e instalação","m",4251.6899999999996]
[4208215,"Tubo antivandalismo em aço galvanizado para estais de 91 cordoalhas D = 15,7 mm - fornecimento e instalação","m",4265.5600000000004]
[4208216,"Tubo fôrma lado fixo em aço galvanizado para estais de 12 cordoalhas D = 15,7 mm - fornecimento e instalação","m",2369.66]
[4208217,"Tubo fôrma lado fixo em aço galvanizado para estais de 19 cordoalhas D = 15,7 mm - fornecimento e instalação","m",2700.28]
[4208218,"Tubo fôrma lado fixo em aço galvanizado para estais de 22 cordoalhas D = 15,7 mm - fornecimento e instalação","m",3527.17]
[4208219,"Tubo fôrma lado fixo em aço galvanizado para estais de 31 cordoalhas D = 15,7 mm - fornecimento e instalação","m",4555.6400000000003]
[4208220,"Tubo fôrma lado fixo em aço galvanizado para estais de 37 cordoalhas D = 15,7 mm - fornecimento e instalação","m",4835.75]
[4208221,"Tubo fôrma lado fixo em aço galvanizado para estais de 43 cordoalhas D = 15,7 mm - fornecimento e instalação","m",6364.91]
[4208222,"Tubo fôrma lado fixo em aço galvanizado para estais de 55 cordoalhas D = 15,7 mm - fornecimento e instalação","m",8021.12]
[4208223,"Tubo fôrma lado fixo em aço galvanizado para estais de 61 cordoalhas D = 15,7 mm - fornecimento e instalação","m",8023.55]
[4208224,"Tubo fôrma lado fixo em aço galvanizado para estais de 73 cordoalhas D = 15,7 mm - fornecimento e instalação","m",9372.92]
[4208225,"Tubo fôrma lado fixo em aço galvanizado para estais de 85 cordoalhas D = 15,7 mm - fornecimento e instalação","m",10525.17]
[4208226,"Tubo fôrma lado fixo em aço galvanizado para estais de 91 cordoalhas D = 15,7 mm - fornecimento e instalação","m",10774.12]
[4208227,"Tubo fôrma lado regulável em aço galvanizado para estais de 12 cordoalhas D = 15,7 mm - fornecimento e instalação","m",1546.8]
[4208228,"Tubo fôrma lado regulável em aço galvanizado para estais de 19 cordoalhas D = 15,7 mm - fornecimento e instalação","m",1787.51]
[4208229,"Tubo fôrma lado regulável em aço galvanizado para estais de 22 cordoalhas D = 15,7 mm - fornecimento e instalação","m",2318.7399999999998]
[4208230,"Tubo fôrma lado regulável em aço galvanizado para estais de 31 cordoalhas D = 15,7 mm - fornecimento e instalação","m",2996.05]
[4208231,"Tubo fôrma lado regulável em aço galvanizado para estais de 37 cordoalhas D = 15,7 mm - fornecimento e instalação","m",3185.02]
[4208232,"Tubo fôrma lado regulável em aço galvanizado para estais de 43 cordoalhas D = 15,7 mm - fornecimento e instalação","m",4185.38]
[4208233,"Tubo fôrma lado regulável em aço galvanizado para estais de 55 cordoalhas D = 15,7 mm - fornecimento e instalação","m",5265.97]
[4208234,"Tubo fôrma lado regulável em aço galvanizado para estais de 61 cordoalhas D = 15,7 mm - fornecimento e instalação","m",5268.2]
[4208235,"Tubo fôrma lado regulável em aço galvanizado para estais de 73 cordoalhas D = 15,7 mm - fornecimento e instalação","m",6171.27]
[4208236,"Tubo fôrma lado regulável em aço galvanizado para estais de 85 cordoalhas D = 15,7 mm - fornecimento e instalação","m",7026.13]
[4208237,"Tubo fôrma lado regulável em aço galvanizado para estais de 91 cordoalhas D = 15,7 mm - fornecimento e instalação","m",7113.53]
[4208128,"Tubo PEAD para estais - D = 110 mm - fornecimento e instalação","m",258.83]
[4208129,"Tubo PEAD para estais - D = 140 mm - fornecimento e instalação","m",288.02999999999997]
[4208130,"Tubo PEAD para estais - D = 160 mm - fornecimento e instalação","m",331.61]
[4208131,"Tubo PEAD para estais - D = 180 mm - fornecimento e instalação","m",385.85]
[4208132,"Tubo PEAD para estais - D = 200 mm - fornecimento e instalação","m",440.19]
[4208133,"Tubo PEAD para estais - D = 225 mm - fornecimento e instalação","m",500.07]
[4208134,"Tubo PEAD para estais - D = 250 mm - fornecimento e instalação","m",560.74]
[4208238,"Tubo PEAD para estais - D = 280 mm - fornecimento e instalação","m",592.51]
[4208239,"Tubo PEAD para estais - D = 315 mm - fornecimento e instalação","m",644.29999999999995]
[4413920,"Adubação de cobertura por equipamento de hidrossemeadura em áreas de semeadura via seca ou de hidrossemeadura","m²",0.47]
[4413024,"Adubação manual de cobertura em áreas de enleivamento ou de plantio de mudas de gramíneas","m²",0.36]
[4413022,"Adubação manual de cobertura em áreas de semeadura via seca ou de hidrossemeadura","m²",0.54]
[4413020,"Barreira arbórea para tratamento acústico das áreas lindeiras da faixa de domínio – densidade de plantio de 1,0 m entre mudas","m",38.82]
[4413013,"Cerca de passagem de fauna com tela de alambrado sobre mureta de blocos de concreto - H = 20 cm - mourões de madeira a cada 2,5 m e esticador a cada 50 m","m",81.59]
[4413019,"Cerca viva para tratamento acústico das áreas lindeiras da faixa de domínio – densidade de plantio de 1,0 m entre mudas","m",34.270000000000003]
[4413026,"Dique de bambu para controle de erosão de taludes","m²",277.13]
[4413996,"Enleivamento","m²",9.7200000000000006]
[4413942,"Espalhamento de material em bota-fora","m³",1.96]
[4413018,"Fixação de tela eletrossoldada em talude para lançamento de argamassa ou concreto projetado","kg",13.45]
[4413905,"Hidrossemeadura","m²",6.33]
[4413987,"Irrigação de área plantada para proteção vegetal do corpo estradal","m²",0.34]
[4413995,"Obtenção de grama para replantio","m²",2.74]
[4413994,"Passagem aérea de animais com rede de cabos de aço e sisal apoiadas em 6 postes de concreto de 15 m - extensão total de 100 m","m",678.15]
[4413200,"Plantio de grama comercial em placas","m²",16.53]
[4413990,"Plantio de muda de arbusto com altura até 0,50 m em cova de 0,40 x 0,40 x 0,40 m","un",34.270000000000003]
[4413989,"Plantio de muda de árvore com altura de 0,30 a 0,80 m em cova de 0,60 x 0,60 x 0,60 m","un",38.82]
[4413951,"Plantio de muda de árvore frutífera com altura até 1,00 m em cova de 0,60 x 0,60 x 0,60 m","un",52.65]
[4413950,"Plantio de muda de árvore frutífera com altura de 1,00 a 2,00 m em cova de 0,60 x 0,60 x 0,60 m","un",101.64]
[4413949,"Plantio de muda de árvore frutífera com altura de 2,00 a 3,00 m em cova de 0,60 x 0,60 x 0,60 m","un",241.03]
[4413948,"Plantio de muda de árvore ornamental com altura até 1,00 m em cova de 0,60 x 0,60 x 0,60 m","un",54.68]
[4413947,"Plantio de muda de árvore ornamental com altura de 1,00 a 2,00 m em cova de 0,60 x 0,60 x 0,60 m","un",93.15]
[4413946,"Plantio de muda de árvore ornamental com altura de 2,00 a 3,00 m em cova de 0,60 x 0,60 x 0,60 m","un",122.29]
[4413952,"Plantio de tapete de floríferas com altura até 0,50 m","m²",72.67]
[4413012,"Preenchimento de erosão em talude com terra vegetal e sementes de gramíneas ensacadas","m³",362.26]
[4413014,"Recuperação ambiental de pedreiras ou áreas degradadas com biomanta vegetal de fibras de coco","m²",16.149999999999999]
[4413016,"Recuperação ambiental de pedreiras ou áreas degradadas com biomanta vegetal de fibras de palha em áreas com inclinação máxima de 1:1,5","m²",10.1]
[4413984,"Regularização de bota-fora com espalhamento e compactação","m³",3.8]
[4413986,"Regularização de superfície com motoniveladora","m²",7.0000000000000007E-2]
[4413985,"Regularização manual de taludes de cortes e aterros","m²",20.309999999999999]
[4413017,"Retentores de sedimentos em fibras vegetais - D = 20 cm","m",70.430000000000007]
[4415673,"Revestimento vegetal com grama em mudas em superfícies inclinadas","m²",7.37]
[4415684,"Revestimento vegetal com grama em mudas em superfícies planas","m²",4.17]
[4413993,"Revestimento vegetal por semeadura a lanço manual de gramíneas e leguminosas","m²",0.52]
[4507754,"Ancoragem ativa com 10 cordoalhas aderentes D = 12,7 mm - fornecimento e instalação","un",892.18]
[4507738,"Ancoragem ativa com 10 cordoalhas aderentes D = 15,2 mm - fornecimento e instalação","un",1208.1500000000001]
[4507755,"Ancoragem ativa com 12 cordoalhas aderentes D = 12,7 mm - fornecimento e instalação","un",1116.3699999999999]
[4507756,"Ancoragem ativa com 12 cordoalhas aderentes D = 15,2 mm - fornecimento e instalação","un",1465.89]
[4507757,"Ancoragem ativa com 15 cordoalhas aderentes D = 12,7 mm - fornecimento e instalação","un",1550.38]
[4507758,"Ancoragem ativa com 15 cordoalhas aderentes D = 15,2 mm - fornecimento e instalação","un",1923.82]
[4507759,"Ancoragem ativa com 19 cordoalhas aderentes D = 12,7 mm - fornecimento e instalação","un",1955.31]
[4507760,"Ancoragem ativa com 19 cordoalhas aderentes D = 15,2 mm - fornecimento e instalação","un",2485.09]
[4507761,"Ancoragem ativa com 22 cordoalhas aderentes D = 12,7 mm - fornecimento e instalação","un",2522.2399999999998]
[4507762,"Ancoragem ativa com 22 cordoalhas aderentes D = 15,2 mm - fornecimento e instalação","un",3210.99]
[4507763,"Ancoragem ativa com 27 cordoalhas aderentes D = 12,7 mm - fornecimento e instalação","un",3063.22]
[4507764,"Ancoragem ativa com 27 cordoalhas aderentes D = 15,2 mm - fornecimento e instalação","un",4178.32]
[4507765,"Ancoragem ativa com 31 cordoalhas aderentes D = 12,7 mm - fornecimento e instalação","un",3242.89]
[4508192,"Ancoragem ativa com 31 cordoalhas aderentes D = 15,2 mm - fornecimento e instalação","un",5495.33]
[4507766,"Ancoragem ativa com 4 cordoalhas aderentes D = 12,7 mm - fornecimento e instalação","un",421.54]
[4507767,"Ancoragem ativa com 4 cordoalhas aderentes D = 15,2 mm - fornecimento e instalação","un",515.35]
[4507768,"Ancoragem ativa com 6 cordoalhas aderentes D = 12,7 mm - fornecimento e instalação","un",538.57000000000005]
[4507769,"Ancoragem ativa com 6 cordoalhas aderentes D = 15,2 mm - fornecimento e instalação","un",678.51]
[4507770,"Ancoragem ativa com 7 cordoalhas aderentes D = 12,7 mm - fornecimento e instalação","un",616.82000000000005]
[4507771,"Ancoragem ativa com 7 cordoalhas aderentes D = 15,2 mm - fornecimento e instalação","un",791.64]
[4507772,"Ancoragem ativa com 8 cordoalhas aderentes D = 12,7 mm - fornecimento e instalação","un",791.05]
[4508193,"Ancoragem ativa com 8 cordoalhas aderentes D = 15,2 mm - fornecimento e instalação","un",912.06]
[4507773,"Ancoragem ativa com 9 cordoalhas aderentes D = 12,7 mm - fornecimento e instalação","un",808.5]
[4507774,"Ancoragem ativa com 9 cordoalhas aderentes D = 15,2 mm - fornecimento e instalação","un",1081.6300000000001]
[4507775,"Ancoragem ativa para lajes com 1 cordoalha aderente D = 12,7 mm - fornecimento e instalação","un",95.54]
[4507776,"Ancoragem ativa para lajes com 1 cordoalha aderente D = 15,2 mm - fornecimento e instalação","un",106.58]
[4507783,"Ancoragem ativa para lajes com 1 cordoalha engraxada D = 12,7 mm - fornecimento e instalação","un",81.23]
[4507784,"Ancoragem ativa para lajes com 1 cordoalha engraxada D = 15,2 mm - fornecimento e instalação","un",114.07]
[4507777,"Ancoragem ativa para lajes com 2 cordoalhas aderentes D = 12,7 mm - fornecimento e instalação","un",188.24]
[4507778,"Ancoragem ativa para lajes com 2 cordoalhas aderentes D = 15,2 mm - fornecimento e instalação","un",233.7]
[4507779,"Ancoragem ativa para lajes com 3 cordoalhas aderentes D = 12,7 mm - fornecimento e instalação","un",262.52999999999997]
[4507780,"Ancoragem ativa para lajes com 3 cordoalhas aderentes D = 15,2 mm - fornecimento e instalação","un",285.43]
[4507781,"Ancoragem ativa para lajes com 4 cordoalhas aderentes D = 12,7 mm - fornecimento e instalação","un",343.1]
[4507782,"Ancoragem ativa para lajes com 4 cordoalhas aderentes D = 15,2 mm - fornecimento e instalação","un",410.14]
[4507785,"Ancoragem passiva com 10 cordoalhas aderentes D = 12,7 mm - fornecimento e instalação","un",148.03]
[4508194,"Ancoragem passiva com 10 cordoalhas aderentes D = 15,2 mm - fornecimento e instalação","un",169.57]
[4507786,"Ancoragem passiva com 12 cordoalhas aderentes D = 12,7 mm - fornecimento e instalação","un",171.59]
[4507787,"Ancoragem passiva com 12 cordoalhas aderentes D = 15,2 mm - fornecimento e instalação","un",196.08]
[4507788,"Ancoragem passiva com 15 cordoalhas aderentes D = 12,7 mm - fornecimento e instalação","un",232.91]
[4507789,"Ancoragem passiva com 15 cordoalhas aderentes D = 15,2 mm - fornecimento e instalação","un",271.37]
[4507790,"Ancoragem passiva com 19 cordoalhas aderentes D = 12,7 mm - fornecimento e instalação","un",285.47000000000003]
[4507791,"Ancoragem passiva com 19 cordoalhas aderentes D = 15,2 mm - fornecimento e instalação","un",288.89]
[4507792,"Ancoragem passiva com 22 cordoalhas aderentes D = 12,7 mm - fornecimento e instalação","un",347.56]
[4507793,"Ancoragem passiva com 22 cordoalhas aderentes D = 15,2 mm - fornecimento e instalação","un",380.67]
[4507794,"Ancoragem passiva com 27 cordoalhas aderentes D = 12,7 mm - fornecimento e instalação","un",474.29]
[4507795,"Ancoragem passiva com 27 cordoalhas aderentes D = 15,2 mm - fornecimento e instalação","un",536.59]
[4507796,"Ancoragem passiva com 31 cordoalhas aderentes D = 12,7 mm - fornecimento e instalação","un",546.72]
[4508190,"Ancoragem passiva com 31 cordoalhas aderentes D = 15,2 mm - fornecimento e instalação","un",655.42]
[4507797,"Ancoragem passiva com 4 cordoalhas aderentes D = 12,7 mm - fornecimento e instalação","un",65.3]
[4507798,"Ancoragem passiva com 4 cordoalhas aderentes D = 15,2 mm - fornecimento e instalação","un",67.91]
[4507799,"Ancoragem passiva com 6 cordoalhas aderentes D = 12,7 mm - fornecimento e instalação","un",95.6]
[4507800,"Ancoragem passiva com 6 cordoalhas aderentes D = 15,2 mm - fornecimento e instalação","un",99.46]
[4507801,"Ancoragem passiva com 7 cordoalhas aderentes D = 12,7 mm - fornecimento e instalação","un",114.75]
[4507802,"Ancoragem passiva com 7 cordoalhas aderentes D = 15,2 mm - fornecimento e instalação","un",118.62]
[4507803,"Ancoragem passiva com 8 cordoalhas aderentes D = 12,7 mm - fornecimento e instalação","un",115.15]
[4508191,"Ancoragem passiva com 8 cordoalhas aderentes D = 15,2 mm - fornecimento e instalação","un",119.02]
[4507804,"Ancoragem passiva com 9 cordoalhas aderentes D = 12,7 mm - fornecimento e instalação","un",142.91999999999999]
[4507805,"Ancoragem passiva com 9 cordoalhas aderentes D = 15,2 mm - fornecimento e instalação","un",145.29]
[4507806,"Ancoragem passiva para lajes com 1 cordoalha aderente D = 12,7 mm - fornecimento e instalação","un",27.12]
[4507807,"Ancoragem passiva para lajes com 1 cordoalha aderente D = 15,2 mm - fornecimento e instalação","un",32.69]
[4507866,"Ancoragem passiva para lajes com 1 cordoalha engraxada D = 12,7 mm - fornecimento e instalação","un",76.06]
[4507867,"Ancoragem passiva para lajes com 1 cordoalha engraxada D = 15,2 mm - fornecimento e instalação","un",108.9]
[4507808,"Ancoragem passiva para lajes com 2 cordoalhas aderentes D = 12,7 mm - fornecimento e instalação","un",29.62]
[4507809,"Ancoragem passiva para lajes com 2 cordoalhas aderentes D = 15,2 mm - fornecimento e instalação","un",36.43]
[4507810,"Ancoragem passiva para lajes com 3 cordoalhas aderentes D = 12,7 mm - fornecimento e instalação","un",50.32]
[4507811,"Ancoragem passiva para lajes com 3 cordoalhas aderentes D = 15,2 mm - fornecimento e instalação","un",58.11]
[4507812,"Ancoragem passiva para lajes com 4 cordoalhas aderentes D = 12,7 mm - fornecimento e instalação","un",55.79]
[4507813,"Ancoragem passiva para lajes com 4 cordoalhas aderentes D = 15,2 mm - fornecimento e instalação","un",66.33]
[4507851,"Bainha metálica ovalizada seção 19 x 36 mm para 1 cordoalha D = 12,7 mm - fornecimento, instalação e injeção de nata de cimento","m",23.04]
[4507852,"Bainha metálica ovalizada seção 19 x 36 mm para 2 cordoalhas D = 12,7 mm - fornecimento, instalação e injeção de nata de cimento","m",22.89]
[4507853,"Bainha metálica ovalizada seção 19 x 48 mm para 3 cordoalhas D = 12,7 mm - fornecimento, instalação e injeção de nata de cimento","m",26.19]
[4507854,"Bainha metálica ovalizada seção 19 x 62 mm para 4 cordoalhas D = 12,7 mm - fornecimento, instalação e injeção de nata de cimento","m",27.9]
[4507855,"Bainha metálica ovalizada seção 22 x 32 mm para 1 cordoalha D = 15,2 mm - fornecimento, instalação e injeção de nata de cimento","m",23.13]
[4507856,"Bainha metálica ovalizada seção 22 x 32 mm para 2 cordoalhas D = 15,2 mm - fornecimento, instalação e injeção de nata de cimento","m",22.93]
[4507857,"Bainha metálica ovalizada seção 22 x 55 mm para 3 cordoalhas D = 15,2 mm - fornecimento, instalação e injeção de nata de cimento","m",27.78]
[4507858,"Bainha metálica ovalizada seção 22 x 73 mm para 4 cordoalhas D = 15,2 mm - fornecimento, instalação e injeção de nata de cimento","m",30.71]
[4508177,"Bainha metálica redonda D = 100 mm para 21 cordoalhas D = 15,2 mm - fornecimento, instalação e injeção de nata de cimento","m",59.9]
[4508178,"Bainha metálica redonda D = 100 mm para 22 cordoalhas D = 15,2 mm - fornecimento, instalação e injeção de nata de cimento","m",59.69]
[4507821,"Bainha metálica redonda D = 100 mm para 24 cordoalhas D = 15,2 mm - fornecimento, instalação e injeção de nata de cimento","m",59.28]
[4507822,"Bainha metálica redonda D = 100 mm para 25 cordoalhas D = 15,2 mm - fornecimento, instalação e injeção de nata de cimento","m",59.08]
[4507823,"Bainha metálica redonda D = 100 mm para 30 cordoalhas D = 12,7 mm - fornecimento, instalação e injeção de nata de cimento","m",59.91]
[4508188,"Bainha metálica redonda D = 100 mm para 31 cordoalhas D = 12,7 mm - fornecimento, instalação e injeção de nata de cimento","m",59.77]
[4507824,"Bainha metálica redonda D = 110 mm para 27 cordoalhas D = 15,2 mm - fornecimento, instalação e injeção de nata de cimento","m",66.040000000000006]
[4507825,"Bainha metálica redonda D = 110 mm para 37 cordoalhas D = 12,7 mm - fornecimento, instalação e injeção de nata de cimento","m",66.28]
[4507826,"Bainha metálica redonda D = 120 mm para 30 cordoalhas D = 15,2 mm - fornecimento, instalação e injeção de nata de cimento","m",71.7]
[4508179,"Bainha metálica redonda D = 120 mm para 31 cordoalhas D = 15,2 mm - fornecimento, instalação e injeção de nata de cimento","m",71.489999999999995]
[4507827,"Bainha metálica redonda D = 130 mm para 37 cordoalhas D = 15,2 mm - fornecimento, instalação e injeção de nata de cimento","m",76.44]
[4508180,"Bainha metálica redonda D = 30 mm para 2 cordoalhas D = 12,7 mm - fornecimento, instalação e injeção de nata de cimento","m",22.57]
[4507739,"Bainha metálica redonda D = 35 mm para 2 cordoalhas D = 15,2 mm - fornecimento, instalação e injeção de nata de cimento","m",23.89]
[4508181,"Bainha metálica redonda D = 35 mm para 3 cordoalhas D = 12,7 mm - fornecimento, instalação e injeção de nata de cimento","m",23.87]
[4508125,"Bainha metálica redonda D = 40 mm para 3 cordoalhas D = 15,2 mm - fornecimento, instalação e injeção de nata de cimento","m",25.84]
[4507828,"Bainha metálica redonda D = 40 mm para 4 cordoalhas D = 12,7 mm - fornecimento, instalação e injeção de nata de cimento","m",25.89]
[4507829,"Bainha metálica redonda D = 45 mm para 4 cordoalhas D = 15,2 mm - fornecimento, instalação e injeção de nata de cimento","m",28.07]
[4508182,"Bainha metálica redonda D = 45 mm para 5 cordoalhas D = 12,7 mm - fornecimento, instalação e injeção de nata de cimento","m",28.18]
[4508092,"Bainha metálica redonda D = 50 mm para 5 cordoalhas D = 15,2 mm - fornecimento, instalação e injeção de nata de cimento","m",30.15]
[4507830,"Bainha metálica redonda D = 50 mm para 6 cordoalhas D = 12,7 mm - fornecimento, instalação e injeção de nata de cimento","m",30.31]
[4508183,"Bainha metálica redonda D = 55 mm para 7 cordoalhas D = 12,7 mm - fornecimento, instalação e injeção de nata de cimento","m",35.54]
[4507831,"Bainha metálica redonda D = 55 mm para 8 cordoalhas D = 12,7 mm - fornecimento, instalação e injeção de nata de cimento","m",32.630000000000003]
[4507832,"Bainha metálica redonda D = 60 mm para 6 cordoalhas D = 15,2 mm - fornecimento, instalação e injeção de nata de cimento","m",36.17]
[4507833,"Bainha metálica redonda D = 60 mm para 9 cordoalhas D = 12,7 mm - fornecimento, instalação e injeção de nata de cimento","m",36.11]
[4507834,"Bainha metálica redonda D = 65 mm para 10 cordoalhas D = 12,7 mm - fornecimento, instalação e injeção de nata de cimento","m",38.18]
[4508184,"Bainha metálica redonda D = 65 mm para 11 cordoalhas D = 12,7 mm - fornecimento, instalação e injeção de nata de cimento","m",38.04]
[4507835,"Bainha metálica redonda D = 65 mm para 12 cordoalhas D = 12,7 mm - fornecimento, instalação e injeção de nata de cimento","m",37.89]
[4508174,"Bainha metálica redonda D = 65 mm para 7 cordoalhas D = 15,2 mm - fornecimento, instalação e injeção de nata de cimento","m",38.18]
[4507836,"Bainha metálica redonda D = 65 mm para 8 cordoalhas D = 15,2 mm - fornecimento, instalação e injeção de nata de cimento","m",37.97]
[4507837,"Bainha metálica redonda D = 70 mm para 15 cordoalhas D = 12,7 mm - fornecimento, instalação e injeção de nata de cimento","m",40.49]
[4507838,"Bainha metálica redonda D = 70 mm para 9 cordoalhas D = 15,2 mm - fornecimento, instalação e injeção de nata de cimento","m",40.799999999999997]
[4507839,"Bainha metálica redonda D = 75 mm para 10 cordoalhas D = 15,2 mm - fornecimento, instalação e injeção de nata de cimento","m",42.68]
[4508175,"Bainha metálica redonda D = 75 mm para 11 cordoalhas D = 15,2 mm - fornecimento, instalação e injeção de nata de cimento","m",42.47]
[4507840,"Bainha metálica redonda D = 75 mm para 16 cordoalhas D = 12,7 mm - fornecimento, instalação e injeção de nata de cimento","m",42.44]
[4507841,"Bainha metálica redonda D = 75 mm para 18 cordoalhas D = 12,7 mm - fornecimento, instalação e injeção de nata de cimento","m",42.15]
[4507842,"Bainha metálica redonda D = 80 mm para 12 cordoalhas D = 15,2 mm - fornecimento, instalação e injeção de nata de cimento","m",46.04]
[4508185,"Bainha metálica redonda D = 80 mm para 19 cordoalhas D = 12,7 mm - fornecimento, instalação e injeção de nata de cimento","m",45.79]
[4507843,"Bainha metálica redonda D = 80 mm para 20 cordoalhas D = 12,7 mm - fornecimento, instalação e injeção de nata de cimento","m",45.64]
[4507844,"Bainha metálica redonda D = 85 mm para 15 cordoalhas D = 15,2 mm - fornecimento, instalação e injeção de nata de cimento","m",48.57]
[4508186,"Bainha metálica redonda D = 85 mm para 21 cordoalhas D = 12,7 mm - fornecimento, instalação e injeção de nata de cimento","m",48.64]
[4508187,"Bainha metálica redonda D = 85 mm para 22 cordoalhas D = 12,7 mm - fornecimento, instalação e injeção de nata de cimento","m",48.49]
[4507845,"Bainha metálica redonda D = 85 mm para 24 cordoalhas D = 12,7 mm - fornecimento, instalação e injeção de nata de cimento","m",48.21]
[4507846,"Bainha metálica redonda D = 85 mm para 25 cordoalhas D = 12,7 mm - fornecimento, instalação e injeção de nata de cimento","m",48.06]
[4507847,"Bainha metálica redonda D = 90 mm para 16 cordoalhas D = 15,2 mm - fornecimento, instalação e injeção de nata de cimento","m",54.19]
[4507848,"Bainha metálica redonda D = 90 mm para 18 cordoalhas D = 15,2 mm - fornecimento, instalação e injeção de nata de cimento","m",53.78]
[4507849,"Bainha metálica redonda D = 90 mm para 27 cordoalhas D = 12,7 mm - fornecimento, instalação e injeção de nata de cimento","m",53.6]
[4508176,"Bainha metálica redonda D = 95 mm para 19 cordoalhas D = 15,2 mm - fornecimento, instalação e injeção de nata de cimento","m",55.45]
[4507850,"Bainha metálica redonda D = 95 mm para 20 cordoalhas D = 15,2 mm - fornecimento, instalação e injeção de nata de cimento","m",55.24]
[4507956,"Cordoalha CP 190 RB D = 12,7 mm - fornecimento e instalação","kg",11.38]
[4507957,"Cordoalha CP 190 RB D = 15,2 mm - fornecimento e instalação","kg",11.37]
[4507958,"Cordoalha engraxada CP 190 RB D = 12,7 mm - fornecimento e instalação","kg",15.71]
[4507959,"Cordoalha engraxada CP 190 RB D = 15,2 mm - fornecimento e instalação","kg",15.71]
[4516138,"Gaiola metálica em cantoneira para armazenamento e manipulação de cordoalha - confecção","kg",9.76]
[4516137,"Nicho de madeira para dispositivo de ancoragem de protensão - confecção e instalação","m²",134.44]
[4805755,"Apiloamento manual","m³",29.99]
[4805756,"Apiloamento manual de superfície com espessura de 15 cm","m²",4.5]
[4816020,"Areia extraída com draga de sucção tipo bomba","m³",11.53]
[4816019,"Areia extraída com escavadeira hidráulica de longo alcance","m³",7.24]
[4816018,"Areia extraída com trator e carregadeira","m³",4.95]
[4816012,"Brita produzida em central de britagem de 80 m³/h","m³",55.57]
[4815805,"Calandragem de chapa metálica com espessura de 3 mm","m²",13.6]
[4815802,"Calandragem de chapa metálica com espessura de 5 mm","m²",20.079999999999998]
[4805754,"Compactação manual com soquete vibratório","m³",6.4]
[4816145,"Confecção de canaleta meia cana D = 0,30 m - areia e brita comerciais","m",26.13]
[4816144,"Confecção de canaleta meia cana D = 0,30 m - areia extraída e brita produzida","m",23.84]
[4816147,"Confecção de canaleta meia cana D = 0,40 m - areia e brita comerciais","m",36.299999999999997]
[4816146,"Confecção de canaleta meia cana D = 0,40 m - areia extraída e brita produzida","m",32.17]
[4816121,"Confecção de tubos de concreto D = 0,20 m - areia e brita comerciais","m",30.33]
[4816120,"Confecção de tubos de concreto D = 0,20 m - areia extraída e brita produzida","m",27.12]
[4816123,"Confecção de tubos de concreto D = 0,30 m - areia e brita comerciais","m",39.93]
[4816122,"Confecção de tubos de concreto D = 0,30 m - areia extraída e brita produzida","m",35.340000000000003]
[4816125,"Confecção de tubos de concreto D = 0,40 m - areia e brita comerciais","m",56.81]
[4816124,"Confecção de tubos de concreto D = 0,40 m - areia extraída e brita produzida","m",48.55]
[4816022,"Confecção de tubos de concreto D = 0,50 m - areia e brita comerciais","m",76.45]
[4816021,"Confecção de tubos de concreto D = 0,50 m - areia extraída e brita produzida","m",63.63]
[4816106,"Confecção de tubos de concreto perfurado D = 0,20 m - areia e brita comerciais","m",31.33]
[4816105,"Confecção de tubos de concreto perfurado D = 0,20 m - areia extraída e brita produzida","m",28.12]
[4816108,"Confecção de tubos de concreto perfurado D = 0,30 m - areia e brita comerciais","m",40.93]
[4816107,"Confecção de tubos de concreto perfurado D = 0,30 m - areia extraída e brita produzida","m",36.340000000000003]
[4816110,"Confecção de tubos de concreto perfurado D = 0,40 m - areia e brita comerciais","m",57.81]
[4816109,"Confecção de tubos de concreto perfurado D = 0,40 m - areia extraída e brita produzida","m",49.55]
[4816100,"Confecção de tubos de concreto poroso D = 0,20 m - areia e brita comerciais","m",31.19]
[4816099,"Confecção de tubos de concreto poroso D = 0,20 m - areia extraída e brita produzida","m",28.97]
[4816102,"Confecção de tubos de concreto poroso D = 0,30 m - areia e brita comerciais","m",39.85]
[4816101,"Confecção de tubos de concreto poroso D = 0,30 m - areia extraída e brita produzida","m",37.57]
[4816104,"Confecção de tubos de concreto poroso D = 0,40 m - areia e brita comerciais","m",56.76]
[4816103,"Confecção de tubos de concreto poroso D = 0,40 m - areia extraída e brita produzida","m",51.07]
[4815804,"Dobramento de chapas de alumínio com espessura de 1,5 mm e comprimento de dobra de até 500 mm","un",0.5]
[4816002,"Escavação de tunnel liner em material de 3ª categoria","m³",1264.99]
[4805765,"Escavação de vala em material de 3ª categoria","m³",192.09]
[4816000,"Escavação manual de tunnel liner em material de 1ª categoria","m³",429.84]
[4816001,"Escavação manual de tunnel liner em material de 2ª categoria","m³",730.73]
[4805749,"Escavação manual de vala em material de 1ª categoria","m³",67.69]
[4805751,"Escavação manual em material de 1ª categoria na profundidade de 1 a 2 m","m³",50.77]
[4805752,"Escavação manual em material de 1ª categoria na profundidade de 2 a 3 m","m³",60.92]
[4805753,"Escavação manual em material de 1ª categoria na profundidade de 3 a 4 m","m³",71.08]
[4805750,"Escavação manual em material de 1ª categoria na profundidade de até 1 m","m³",40.619999999999997]
[4805767,"Escavação manual em material de 2ª categoria na profundidade de 1 a 2 m","m³",70.34]
[4805769,"Escavação manual em material de 2ª categoria na profundidade de 2 a 3 m","m³",83.73]
[4805770,"Escavação manual em material de 2ª categoria na profundidade de 3 a 4 m","m³",97.13]
[4805760,"Escavação manual em material de 2ª categoria na profundidade de até 1 m","m³",56.94]
[4805757,"Escavação mecânica de vala em material de 1ª categoria","m³",6.48]
[4805762,"Escavação mecânica de vala em material de 2ª categoria","m³",8.02]
[4806395,"Fixação de parafuso em estrutura metálica","un",5.13]
[4816003,"Iluminação provisória para tunnel liner","m",41.99]
[4816017,"Material pétreo produzido em britador de mandíbulas móvel - camada final de aterro em rocha","m³",22.21]
[4816023,"Operação de mergulho autônomo em profundidade de até 20 m","h",247.81]
[4816025,"Operação de mergulho dependente em profundidade de 30 a 50 m - inclusive descompressão","h",456.51]
[4816024,"Operação de mergulho dependente em profundidade de até 30 m - inclusive descompressão","h",320.29000000000002]
[4816005,"Pedra de mão produzida manualmente","m³",81.38]
[4800400,"Preparo e regularização de terreno em desnível","m²",4.72]
[4816016,"Rachão ou pedra de mão produzida","m³",41.4]
[4800412,"Raspagem e limpeza de terreno plano","m²",4.0599999999999996]
[4815671,"Reaterro e compactação com soquete vibratório","m³",15.87]
[4815803,"Rebordeamento de chapa metálica com espessura de 5 mm","m",7.5]
[4816011,"Recarga de cilindro com ar respirável para atividades de mergulho","m³",1580.28]
[4816014,"Rocha para britagem com perfuratriz manual","m³",49.88]
[4816010,"Rocha para britagem com perfuratriz sobre esteira","m³",37.28]
[4816015,"Rocha para britagem com perfuratriz sobre esteira - camada final de aterro em rocha","m³",22.33]
[4816119,"Selo de argila apiloado (solo local)","m³",33.979999999999997]
[4816004,"Ventilação provisória para tunnel liner","m",52.16]
[4915652,"Bico de adesão para injeção de adesivo estrutural à base de resina epóxi - fornecimento, instalação e retirada","un",7.98]
[4915651,"Bico de perfuração para injeção de adesivo estrutural à base de resina epóxi - fornecimento, instalação e retirada","un",9.4499999999999993]
[4915723,"Caiação manual com fixador de cal","m²",3]
[4915724,"Caiação mecanizada com fixador de cal","m²",1.87]
[4915637,"Capa selante - areia comercial","m²",0.96]
[4915779,"Capa selante - areia extraída","m²",0.64]
[4915638,"Capa selante - brita produzida","m²",0.76]
[4915636,"Capa selante - pedrisco comercial","m²",1.07]
[4915744,"Capina manual","m²",0.68]
[4915700,"Combate à exsudação - areia comercial","m²",1.1200000000000001]
[4915590,"Combate à exsudação - areia extraída","m²",0.77]
[4915591,"Combate à exsudação - brita produzida","m²",0.9]
[4915701,"Combate à exsudação - pedrisco comercial","m²",1.23]
[4915703,"Correção de defeitos com mistura betuminosa","m³",100.15]
[4915705,"Correção de defeitos por fresagem descontínua do revestimento asfáltico - espessura de 5 cm","m³",118.26]
[4915743,"Corte e limpeza de áreas gramadas","m²",0.08]
[4915768,"Corte e remoção de árvores","m³",14.3]
[4915713,"Desobstrução de bueiro","m³",59.97]
[4915655,"Fresagem contínua de revestimento asfáltico - espessura de 3 cm","m³",85.77]
[4915656,"Fresagem contínua de revestimento asfáltico - espessura de 4 cm","m³",67.42]
[4915657,"Fresagem contínua de revestimento asfáltico - espessura de 5 cm","m³",56.4]
[4915658,"Fresagem contínua de revestimento asfáltico - espessura de 6 cm","m³",49.22]
[4915659,"Fresagem contínua de revestimento asfáltico - espessura de 7 cm","m³",44.2]
[4915660,"Fresagem contínua de revestimento asfáltico - espessura de 8 cm","m³",40.64]
[4915661,"Fresagem descontínua de revestimento asfáltico - espessura de 3 cm","m³",111.78]
[4915662,"Fresagem descontínua de revestimento asfáltico - espessura de 4 cm","m³",88.36]
[4915663,"Fresagem descontínua de revestimento asfáltico - espessura de 5 cm","m³",73.19]
[4915664,"Fresagem descontínua de revestimento asfáltico - espessura de 6 cm","m³",64.39]
[4915665,"Fresagem descontínua de revestimento asfáltico - espessura de 7 cm","m³",58.38]
[4915666,"Fresagem descontínua de revestimento asfáltico - espessura de 8 cm","m³",54.03]
[4915650,"Injeção de adesivo estrutural à base de resina epóxi de baixa viscosidade para tratamento de fissuras em estruturas de concreto - fornecimento e aplicação manual","kg",277.62]
[4915645,"Injeção de adesivo estrutural à base de resina epóxi de baixa viscosidade para tratamento de fissuras em estruturas de concreto - fornecimento e aplicação mecanizada","kg",206.1]
[4915712,"Limpeza de bueiro","m³",19.989999999999998]
[4915711,"Limpeza de descida d'água","m",1.33]
[4915790,"Limpeza de emulsão asfáltica ou asfalto diluído derramados na pista - remoção com minicarregadeira com vassoura e descarga livre","t",225.68]
[4915793,"Limpeza de líquidos combustíveis derramados na pista - remoção com minicarregadeira com vassoura e descarga livre","t",175.82]
[4915792,"Limpeza de material asfáltico derramado fora da pista - remoção com escavadeira hidráulica e caminhão basculante","t",73.69]
[4915718,"Limpeza de placa de sinalização","m²",8.64]
[4915672,"Limpeza de ponte","m",4]
[4915708,"Limpeza de sarjeta e meio-fio","m",0.67]
[4915710,"Limpeza de vala de drenagem","m",4]
[4915709,"Limpeza de valeta de corte","m",1]
[4915686,"Limpeza e desobstrução de dispositivos de drenagem em OAE","un",4]
[4915687,"Limpeza e desobstrução de drenos de obras de contenção","un",2.5]
[4915634,"Limpeza e desobstrução mecanizada de bueiros com diâmetro acima de 1,00 até 1,50 m","m",58.92]
[4915633,"Limpeza e desobstrução mecanizada de bueiros com diâmetro de até 1,00 m","m",19.440000000000001]
[4915714,"Limpeza e enchimento com resina epóxi de fissuras niveladas com abertura máxima de 0,4 mm e profundidade de 20 mm em pavimento de concreto que não atravessam toda a espessura da placa","m",2.85]
[4915759,"Limpeza e remoção de vegetação junto aos aparelhos de apoio de OAE com o uso de herbicida","un",6.75]
[4915758,"Limpeza e remoção de vegetação nas juntas de dilatação com o uso de herbicida","m",4.0199999999999996]
[4915640,"Limpeza e remoção manual de material retido em terra firme em OAE","m³",19.989999999999998]
[4915639,"Limpeza em superfície de concreto com escova de aço","m²",4]
[4915695,"Limpeza, serragem e enchimento de fissuras niveladas com abertura entre 0,4 mm e 1,0 mm e profundidade de 25 mm em pavimento de concreto com CAP","m",6.81]
[4915696,"Limpeza, serragem e enchimento de fissuras niveladas com abertura entre 0,4 mm e 1,0 mm e profundidade de 25 mm em pavimento de concreto com CAP com polímero","m",6.81]
[4915694,"Limpeza, serragem e enchimento de fissuras niveladas com abertura entre 0,4 mm e 1,0 mm e profundidade de 25 mm em pavimento de concreto com selante elástico a frio","m",29.43]
[4915654,"Lixamento mecanizado em superfície de concreto","m²",11.57]
[4900001,"Material de base","m³",0]
[4915801,"Mistura betuminosa","m³",0]
[4916290,"Mistura betuminosa a frio executada em betoneira - faixa C - areia e brita comerciais","m³",366.97]
[4915765,"Poda de árvores com 5,0 m a 7,5 m de altura","m³",196.65]
[4915766,"Poda de árvores com 7,5 m a 10 m de altura","m³",115.43]
[4915764,"Poda de árvores com até 5 m de altura","m³",353.98]
[4915767,"Poda de árvores com mais de 10 m de altura","m³",75.849999999999994]
[4915777,"Reassentamento manual de meio-fio com material arrancado da pista","m",13.05]
[4915618,"Recomposição de camada granular do pavimento com material de jazida - 100% Proctor modificado","m²",4.0599999999999996]
[4915774,"Recomposição de erosão em corte ou aterro com material de jazida","m³",22.34]
[4915719,"Recomposição de placa de sinalização","m²",32.229999999999997]
[4915611,"Recomposição de revestimento primário com material de jazida - 100% Proctor intermediário","m³",10.29]
[4915733,"Recomposição manual de aterro com material de jazida","m³",36.78]
[4915734,"Recomposição mecanizada de aterro com material de jazida","m³",11.65]
[4915727,"Recomposição parcial de cerca com mourão de concreto - arame","m",9.8000000000000007]
[4915726,"Recomposição parcial de cerca com mourão de concreto seção quadrada - mourão - areia e brita comerciais","m",23.99]
[4915594,"Recomposição parcial de cerca com mourão de concreto seção quadrada - mourão - areia extraída e brita produzida","m",22.46]
[4915729,"Recomposição parcial de cerca com mourão de concreto seção triangular - mourão - areia e brita comerciais","m",18.46]
[4915596,"Recomposição parcial de cerca com mourão de concreto seção triangular - mourão - areia extraída e brita comercial","m",17.8]
[4915732,"Recomposição parcial de cerca com mourão de madeira - arame","m",7.51]
[4915731,"Recomposição parcial de cerca com mourão de madeira - mourão","m",17.48]
[4915725,"Recomposição total de cerca com mourão de concreto seção quadrada - areia e brita comerciais","m",28.61]
[4915593,"Recomposição total de cerca com mourão de concreto seção quadrada - areia extraída e brita produzida","m",27.09]
[4915728,"Recomposição total de cerca com mourão de concreto seção triangular - areia e brita comerciais","m",27.89]
[4915595,"Recomposição total de cerca com mourão de concreto seção triangular - areia extraída e brita produzida","m",27.23]
[4915730,"Recomposição total de cerca com mourão de madeira","m",24.22]
[4915598,"Reconformação da plataforma","m²",0.1]
[4915748,"Recuperação de desgaste superficial em pavimentos de concreto","m²",232.64]
[4915608,"Regularização de taludes e valas com soquete vibratório","m²",2.42]
[4915613,"Regularização mecânica da faixa de domínio","m²",0.17]
[4915692,"Remendo profundo com imprimação com asfalto diluído - demolição manual","m³",343.85]
[4915746,"Remendo profundo com imprimação com asfalto diluído - demolição mecânica e corte com serra","m³",269.02999999999997]
[4915630,"Remendo profundo com imprimação com emulsão asfáltica - demolição manual","m³",343.85]
[4915631,"Remendo profundo com imprimação com emulsão asfáltica - demolição mecânica e corte com serra","m³",269.02999999999997]
[4915785,"Remoção de animais de grande porte mortos em rodovia - carga e descarga com guindauto","t",382.14]
[4915786,"Remoção de animais de pequeno porte mortos em rodovia - carga manual","t",153.78]
[4915795,"Remoção de emborrachados de pneus em rodovia","t",328.7]
[4915800,"Remoção de espécimes arbóreos de 20 a 40 m tombados na pista","t",49.98]
[4915799,"Remoção de espécimes arbóreos de até 20 m tombados na pista","t",39.29]
[4915698,"Remoção de grãos, agregados e solos derramados na pista em rodovias","t",18.77]
[4915794,"Remoção de sucatas derramadas em rodovia - cinta com utilização de 100 vezes","t",576.1]
[4915789,"Remoção de veículos de grande porte incendiados em rodovia - carga e descarga com guindaste - cinta com utilização de 100 vezes","un",1803.97]
[4915798,"Remoção de veículos de grande porte tombados em rodovia - cinta com utilização de 100 vezes","un",1551.14]
[4915788,"Remoção de veículos de médio porte incendiados em rodovia - carga e descarga com guindaste - cinta com utilização de 100 vezes","un",1636.09]
[4915797,"Remoção de veículos de médio porte tombados em rodovia - cinta com utilização de 100 vezes","un",757.09]
[4915787,"Remoção de veículos de pequeno porte incendiados em rodovia - carga e descarga com guindauto - cinta com utilização de 100 vezes","un",862.72]
[4915796,"Remoção de veículos de pequeno porte tombados em rodovia - cinta com utilização de 100 vezes","un",302.02]
[4915760,"Remoção de vestígios de óleo ou graxa na superfície do revestimento do pavimento","m²",53.29]
[4915699,"Remoção de vidros, caixas e engradados derramados na pista em rodovia","t",29.07]
[4915736,"Remoção manual de barreira em rocha","m³",15.03]
[4915735,"Remoção manual de barreira em solo","m³",12.18]
[4915670,"Remoção manual de camada granular do pavimento","m³",178.72]
[4915668,"Remoção manual de revestimento asfáltico","m³",279.92]
[4915761,"Remoção manual de vegetação daninha","m²",4]
[4915762,"Remoção manual de vegetação daninha em frestas","m",2]
[4915738,"Remoção mecanizada de barreira em rocha","m³",5.68]
[4915737,"Remoção mecanizada de barreira em solo","m³",4.7300000000000004]
[4915669,"Remoção mecanizada de camada granular do pavimento","m³",7.51]
[4915667,"Remoção mecanizada de revestimento asfáltico","m³",12.05]
[4915632,"Reparo localizado com pintura de ligação - demolição mecânica e corte com serra","m³",400.15]
[4915753,"Reparo no interior de placa de pavimento de concreto","m³",1370.67]
[4915776,"Roçada com roçadeira costal","ha",729.9]
[4915740,"Roçada manual","ha",1692.32]
[4915741,"Roçada manual de capim colonião","ha",4061.57]
[4915775,"Roçada mecanizada com roçadeira articulada","ha",727.6]
[4915742,"Roçada mecanizada com roçadeira de arraste","ha",450.11]
[4915626,"Selagem de trincas mecanizada em pavimento flexível com emulsão - areia comercial","m",2.0099999999999998]
[4915653,"Selagem superficial de fissuras com adesivo estrutural à base de resina epóxi de alta viscosidade, inclusive limpeza superficial - fornecimento e aplicação","kg",72.19]
[4915623,"Solo brita para base de remendo profundo - brita comercial","m³",65.87]
[4915625,"Solo melhorado com cimento para base de remendo profundo","m³",46.29]
[4915621,"Solo para base de remendo profundo","m³",4.5]
[4915720,"Substituição de balizador - areia e brita comerciais","un",29.99]
[4915592,"Substituição de balizador - areia extraída e brita produzida","un",29.26]
[4913703,"Substituição de cartucho de absorção de energia tipo A - fornecimento e instalação, e reposicionamento do amortecedor retrátil","un",5582.83]
[4913704,"Substituição de cartucho de absorção de energia tipo B - fornecimento, instalação e reposicionamento do amortecedor retrátil","un",5462.85]
[4915757,"Tapa buraco com pintura de ligação - demolição com serra corta piso","m³",412.56]
[4915678,"Tapa buraco com pintura de ligação - demolição manual","m³",350.69]
[4919547,"Tela de proteção para roçada em tubo galvanizado 4,0 X 1,5 m - confecção","un",503.9]
[4915716,"Tratamento de fissuras do tipo rendilhado em pavimentos de concreto","m²",12.32]
[4915750,"Tratamento de fissuras transversais com abertura maior que 1,0 mm em pavimentos de concreto","m",203.72]
[4915769,"Trituração de galhos e troncos com diâmetro de até 350 mm","m³",31.8]
[5213836,"Balizador cônico refletivo em polietileno semiflexível de 114 x 11 x 40 cm - utilização de 150 ciclos - fornecimento, 01 implantação e 01 retirada diária","un.dia",1.28]
[5213368,"Balizador de concreto - areia e brita comerciais - fornecimento e implantação","un",19.34]
[5213367,"Balizador de concreto - areia extraída e brita produzida - fornecimento e implantação","un",18.07]
[5213385,"Barreira de sinalização tipo I de direcionamento ou bloqueio - confecção","un",372.54]
[5213343,"Barreira de sinalização tipo I de direcionamento ou bloqueio - utilização de 150 ciclos - fornecimento, 01 implantação e 01 retirada diária","un.dia",3.92]
[5213390,"Barreira de sinalização tipo I de direcionamento ou bloqueio contínua - confecção","m",320.36]
[5213344,"Barreira de sinalização tipo I de direcionamento ou bloqueio contínua - utilização de 150 ciclos - fornecimento, 01 implantação e 01 retirada diária","m.dia",3.43]
[5213386,"Barreira de sinalização tipo II de direcionamento ou bloqueio - confecção","un",606.88]
[5213345,"Barreira de sinalização tipo II de direcionamento ou bloqueio - utilização de 150 ciclos - fornecimento, 01 implantação e 01 retirada diária","un.dia",5.81]
[5213387,"Barreira de sinalização tipo III de direcionamento ou bloqueio - confecção","un",869.7]
[5213346,"Barreira de sinalização tipo III de direcionamento ou bloqueio - utilização de 150 ciclos - fornecimento, 01 implantação e 01 retirada diária","un.dia",8.15]
[5213843,"Barreira plástica articulável modular 240 x 100 cm na cor amarela - utilização de 600 ciclos - fornecimento, 01 implantação e 01 retirada diária","m.dia",1]
[5213833,"Barreira plástica monobloco para canalização de trânsito - 101 x 50 x 55 cm - utilização de 600 ciclos - fornecimento, 01 implantação e 01 retirada diária","un.dia",9.89]
[5213834,"Barreira plástica para canalização de trânsito - 60 x 45 x 60 cm - utilização de 600 ciclos - fornecimento, 01 implantação e 01 retirada diária","un.dia",6.52]
[5219544,"Cavalete em perfil metálico para placa de sinalização - 1,00 m x 1,00 m - confecção","un",226.89]
[5213383,"Cavalete em polietileno zebrado com faixa refletiva - H = 1,00 m - utilização de 600 ciclos - fornecimento, 01 implantação e 01 retirada diária","un.dia",0.8]
[5213380,"Cavalete em polietileno zebrado com faixa refletiva e com sinalizador a LED com bateria - H = 1,00 m - utilização de 600 ciclos - fornecimento, 01 implantação e 01 retirada diária","un.dia",1.9]
[5213838,"Cilindro canalizador de tráfego com base quadrada de 111 x 56 x 56 cm - utilização de 600 ciclos - fornecimento, 01 implantação e 01 retirada diária","un.dia",4.45]
[5213837,"Cilindro flexível delimitador de tráfego com duas faixas refletivas e chumbador - D = 20 cm e H = 80 cm","un",180.07]
[5213835,"Cone plástico para canalização de trânsito - utilização de 150 ciclos - fornecimento, 01 implantação e 01 retirada diária","un.dia",0.77]
[5213839,"Dispositivo de direcionamento ou bloqueio tipo tapume - confecção","m²",340.66]
[5213347,"Dispositivo de direcionamento ou bloqueio tipo tapume - utilização de 150 ciclos - fornecimento, 01 implantação e 01 retirada diária","m².dia",7.12]
[5213840,"Dispositivo de direcionamento ou bloqueio tipo tela plástica com suporte fixo - confecção","m²",44.17]
[5213349,"Dispositivo de direcionamento ou bloqueio tipo tela plástica com suporte fixo - utilização de 150 ciclos - fornecimento, 01 implantação e 01 retirada diária","m².dia",0.71]
[5213841,"Dispositivo de direcionamento ou bloqueio tipo tela plástica com suporte móvel afixado em bloco de concreto - confecção","m²",75.38]
[5213348,"Dispositivo de direcionamento ou bloqueio tipo tela plástica com suporte móvel afixado em bloco de concreto - utilização de 150 ciclos - fornecimento, 01 implantação e 01 retirada diária","m².dia",0.83]
[5216116,"Fabricação de balizador de concreto - seção circular de 10 cm - areia e brita comerciais","un",16.62]
[5216115,"Fabricação de balizador de concreto - seção circular de 10 cm - areia extraída e brita produzida","un",15.89]
[5213842,"Fita zebrada para dispositivos de canalização de trânsito - fornecimento, implantação e retirada","m",0.12]
[5213358,"Laminado elastoplástico para sinalização horizontal - espessura de 1,5 mm - fornecimento e implantação","m²",210.49]
[5213848,"Luz de advertência e bateria para dispositivos de sinalização - utilização de 200 ciclos - fornecimento, 01 implantação e 01 retirada diária","un.dia",1.1000000000000001]
[5214012,"Manutenção/recomposição de sinalização - pintura de faixa com tinta acrílica - espessura de 0,4 mm","m²",21.98]
[5213356,"Manutenção/recomposição de sinalização - pintura de faixa com tinta acrílica - espessura de 0,6 mm","m²",30.41]
[5214011,"Manutenção/recomposição de sinalização - pintura de faixa com tinta acrílica emulsionada em água - espessura de 0,3 mm","m²",13.34]
[5213354,"Manutenção/recomposição de sinalização - pintura de faixa com tinta acrílica emulsionada em água - espessura de 0,4 mm","m²",16.02]
[5213355,"Manutenção/recomposição de sinalização - pintura de faixa com tinta acrílica emulsionada em água - espessura de 0,5 mm","m²",18.73]
[5213850,"Operação de sinalização por bandeirola de tecido ou com placa metálica","h",19.989999999999998]
[5213846,"Painel com seta luminosa montado em chassi de caminhão com prancha","h",5.56]
[5213847,"Painel com seta luminosa montado em chassi de caminhão com prancha e amortecedor retrátil","h",98.73]
[5213845,"Painel de mensagens variáveis, portátil móvel, LED, com banco fotovoltaico de energia e montado em chassi com engate","h",27.34]
[5213412,"Pintura de faixa com plástico a frio bicomponente à base de resinas metacrílicas por dispersão (estrutura)","m²",119.08]
[5213411,"Pintura de faixa com plástico a frio bicomponente à base de resinas metacrílicas por extrusão (alto relevo)","m²",211.7]
[5214009,"Pintura de faixa com plástico a frio bicomponente à base de resinas metacrílicas por extrusão (plano) - espessura de 1,5 mm","m²",119.08]
[5214010,"Pintura de faixa com plástico a frio bicomponente à base de resinas metacrílicas por extrusão (plano) - espessura de 3,0 mm","m²",219.76]
[5213413,"Pintura de faixa com plástico a frio tricomponente à base de resinas metacrílicas por aspersão - espessura de 0,6 mm","m²",69.69]
[5213410,"Pintura de faixa com termoplástico em alto relevo tipo I por extrusão - relevo duplo com base","m²",143.13999999999999]
[5214004,"Pintura de faixa com termoplástico em alto relevo tipo II por extrusão - relevo simples ranhurado com base","m²",173.41]
[5214005,"Pintura de faixa com termoplástico em alto relevo tipo III por extrusão - relevo simples com base","m²",154.76]
[5214006,"Pintura de faixa com termoplástico em alto relevo tipo IV por extrusão - relevo simples sem base","m²",96.94]
[5214007,"Pintura de faixa com termoplástico em alto relevo tipo V por extrusão - relevo multipontos sem base (gotas)","m²",81.8]
[5214008,"Pintura de faixa com termoplástico em alto relevo tipo VI por extrusão - relevo multipontos sem base (calotas)","m²",80.180000000000007]
[5213408,"Pintura de faixa com termoplástico por aspersão - espessura de 1,5 mm","m²",48.14]
[5213400,"Pintura de faixa com tinta acrílica - espessura de 0,4 mm","m²",22.23]
[5213401,"Pintura de faixa com tinta acrílica - espessura de 0,6 mm","m²",30.71]
[5214001,"Pintura de faixa com tinta acrílica emulsionada em água - espessura de 0,3 mm","m²",13.58]
[5213402,"Pintura de faixa com tinta acrílica emulsionada em água - espessura de 0,4 mm","m²",16.27]
[5213403,"Pintura de faixa com tinta acrílica emulsionada em água - espessura de 0,5 mm","m²",19]
[5214003,"Pintura de setas e zebrados com termoplástico por aspersão - espessura de 1,5 mm","m²",58.21]
[5213409,"Pintura de setas e zebrados com termoplástico por extrusão - espessura de 3,0 mm","m²",102.39]
[5213404,"Pintura de setas e zebrados com tinta acrílica - espessura de 0,4 mm","m²",35.119999999999997]
[5213405,"Pintura de setas e zebrados com tinta acrílica - espessura de 0,6 mm","m²",43.11]
[5214002,"Pintura de setas e zebrados com tinta acrílica emulsionada em água - espessura de 0,3 mm","m²",26.66]
[5213406,"Pintura de setas e zebrados com tinta acrílica emulsionada em água - espessura de 0,4 mm","m²",29.16]
[5213407,"Pintura de setas e zebrados com tinta acrílica emulsionada em água - espessura de 0,5 mm","m²",31.66]
[5212552,"Pintura eletrostática a pó com tinta poliéster em chapa de aço","m²",17.16]
[5213464,"Placa de advertência em aço, lado de 0,60 m - película retrorrefletiva tipo I + SI - fornecimento e implantação","un",266.58999999999997]
[5213465,"Placa de advertência em aço, lado de 0,80 m - película retrorrefletiva tipo I + SI - fornecimento e implantação","un",461.64]
[5213466,"Placa de advertência em aço, lado de 1,00 m - película retrorrefletiva tipo I + SI - fornecimento e implantação","un",649.82000000000005]
[5213467,"Placa de advertência em aço, lado de 1,20 m - película retrorrefletiva tipo III + SI - fornecimento e implantação","un",1016.56]
[5213468,"Placa de advertência em fibra, lado de 0,60 m - película retrorrefletiva tipo I + SI - fornecimento e implantação","un",256.14999999999998]
[5213469,"Placa de advertência em fibra, lado de 0,80 m - película retrorrefletiva tipo I + SI - fornecimento e implantação","un",441.76]
[5213470,"Placa de advertência em fibra, lado de 1,00 m - película retrorrefletiva tipo I + SI - fornecimento e implantação","un",620.83000000000004]
[5213471,"Placa de advertência em fibra, lado de 1,20 m - película retrorrefletiva tipo III + SI - fornecimento e implantação","un",974.82]
[5212560,"Placa de advertência para sinalização de obras montada em suporte metálico móvel, lado 1,00 m - utilização de 600 ciclos - fornecimento, 01 implantação e 01 retirada diária","un.dia",3.84]
[5213472,"Placa de marco quilométrico em aço - 0,60 x 0,865 m - película retrorrefletiva tipo I + I - fornecimento e implantação","un",298.02999999999997]
[5213473,"Placa de marco quilométrico em aço - 0,70 x 1,00 m - película retrorrefletiva tipo I + III - fornecimento e implantação","un",393.63]
[5213474,"Placa de marco quilométrico em fibra - 0,60 x 0,865 m - película retrorrefletiva tipo I + I - fornecimento e implantação","un",280.64]
[5213475,"Placa de marco quilométrico em fibra - 0,70 x 1,00 m - película retrorrefletiva tipo I + III - fornecimento e implantação","un",371.89]
[5213440,"Placa de regulamentação em aço D = 0,60 m - película retrorrefletiva tipo I + SI - fornecimento e implantação","un",266.56]
[5213441,"Placa de regulamentação em aço D = 0,80 m - película retrorrefletiva tipo I + SI - fornecimento e implantação","un",461.68]
[5213442,"Placa de regulamentação em aço D = 1,00 m - película retrorrefletiva tipo I + SI - fornecimento e implantação","un",649.82000000000005]
[5213443,"Placa de regulamentação em aço D = 1,20 m - película retrorrefletiva tipo III + SI - fornecimento e implantação","un",1016.58]
[5213444,"Placa de regulamentação em aço, R1 lado 0,248 m - película retrorrefletiva tipo I + SI - fornecimento e implantação","un",266.62]
[5213445,"Placa de regulamentação em aço, R1 lado 0,331 m - película retrorrefletiva tipo I + SI - fornecimento e implantação","un",461.6]
[5213446,"Placa de regulamentação em aço, R1 lado 0,414 m - película retrorrefletiva tipo I + SI - fornecimento e implantação","un",649.82000000000005]
[5213447,"Placa de regulamentação em aço, R1 lado 0,497 m - película retrorrefletiva tipo III + SI - fornecimento e implantação","un",1016.63]
[5213448,"Placa de regulamentação em aço, R2 lado 0,60 m - película retrorrefletiva tipo I + SI - fornecimento e implantação","un",181.68]
[5213449,"Placa de regulamentação em aço, R2 lado 0,80 m - película retrorrefletiva tipo I + SI - fornecimento e implantação","un",290.52]
[5213450,"Placa de regulamentação em aço, R2 lado 1,00 m - película retrorrefletiva tipo I + SI - fornecimento e implantação","un",410.28]
[5213451,"Placa de regulamentação em aço, R2 lado 1,20 m - película retrorrefletiva tipo III + SI - fornecimento e implantação","un",587.41]
[5213452,"Placa de regulamentação em fibra, D = 0,60 m - película retrorrefletiva tipo I + SI - fornecimento e implantação","un",256.12]
[5213453,"Placa de regulamentação em fibra, D = 0,80 m - película retrorrefletiva tipo I + SI - fornecimento e implantação","un",441.8]
[5213454,"Placa de regulamentação em fibra, D = 1,00 m - película retrorrefletiva tipo I + SI - fornecimento e implantação","un",620.83000000000004]
[5213455,"Placa de regulamentação em fibra, D = 1,20 m - película retrorrefletiva tipo III + SI - fornecimento e implantação","un",974.83]
[5213456,"Placa de regulamentação em fibra, R1 lado 0,248 m - película retrorrefletiva tipo I + SI - fornecimento e implantação","un",256.18]
[5213457,"Placa de regulamentação em fibra, R1 lado 0,331 m - película retrorrefletiva tipo I + SI - fornecimento e implantação","un",441.73]
[5213458,"Placa de regulamentação em fibra, R1 lado 0,414 m - película retrorrefletiva tipo I + SI - fornecimento e implantação","un",620.83000000000004]
[5213459,"Placa de regulamentação em fibra, R1 lado 0,497 m - película retrorrefletiva tipo III + SI - fornecimento e implantação","un",974.89]
[5213460,"Placa de regulamentação em fibra, R2 lado 0,60 m - película retrorrefletiva tipo I + SI - fornecimento e implantação","un",175.35]
[5213461,"Placa de regulamentação em fibra, R2 lado 0,80 m - película retrorrefletiva tipo I + SI - fornecimento e implantação","un",278.93]
[5213462,"Placa de regulamentação em fibra, R2 lado 1,00 m - película retrorrefletiva tipo I + SI - fornecimento e implantação","un",392.89]
[5213463,"Placa de regulamentação em fibra, R2 lado 1,20 m - película retrorrefletiva tipo I + SI - fornecimento e implantação","un",506.85]
[5212557,"Placa de regulamentação para sinalização de obras montada em suporte metálico móvel - D = 1,00 m - utilização de 600 ciclos - fornecimento, 01 implantação e 01 retirada diária","un.dia",3.61]
[5212558,"Placa de regulamentação para sinalização de obras montada em suporte metálico móvel, R1 lado 0,414 m - utilização de 600 ciclos - fornecimento, 01 implantação e 01 retirada diária","un.dia",3.66]
[5212559,"Placa de regulamentação para sinalização de obras montada em suporte metálico móvel, R2 lado 1,00 m - utilização de 600 ciclos - fornecimento, 01 implantação e 01 retirada diária","un.dia",3.23]
[5213477,"Placa delineador em aço - 0,30 x 0,90 m - película retrorrefletiva tipo I + IV - fornecimento e implantação","un",160.47]
[5213476,"Placa delineador em aço - 0,50 x 0,60 m - película retrorrefletiva tipo I + IV - fornecimento e implantação","un",172.63]
[5213479,"Placa delineador em fibra - 0,30 x 0,90 m - película retrorrefletiva tipo I + IV - fornecimento e implantação","un",152.63999999999999]
[5213478,"Placa delineador em fibra - 0,50 x 0,60 m - película retrorrefletiva tipo I + IV - fornecimento e implantação","un",163.93]
[5213489,"Placa em aço - 2,00 x 1,00 m - película retrorrefletiva tipo I + I - fornecimento e implantação","un",899.9]
[5213498,"Placa em aço - 2,00 x 1,00 m - película retrorrefletiva tipo I + III - fornecimento e implantação","un",990.12]
[5213365,"Placa em aço - 2,00 x 1,00 m - película retrorrefletiva tipo I + X - fornecimento e implantação","un",1130.3599999999999]
[5213507,"Placa em aço - 2,00 x 1,00 m - película retrorrefletiva tipo III + III - fornecimento e implantação","un",1215.68]
[5213372,"Placa em aço - 2,00 x 1,00 m - película retrorrefletiva tipo III + X - fornecimento e implantação","un",1355.9]
[5213490,"Placa em aço - 3,00 x 1,50 m - película retrorrefletiva tipo I + I - fornecimento e implantação","un",1929.1]
[5213499,"Placa em aço - 3,00 x 1,50 m - película retrorrefletiva tipo I + III - fornecimento e implantação","un",2132.09]
[5213366,"Placa em aço - 3,00 x 1,50 m - película retrorrefletiva tipo I + X - fornecimento e implantação","un",2447.63]
[5213508,"Placa em aço - 3,00 x 1,50 m - película retrorrefletiva tipo III + III - fornecimento e implantação","un",2639.6]
[5213373,"Placa em aço - 3,00 x 1,50 m - película retrorrefletiva tipo III + X - fornecimento e implantação","un",2955.1]
[5213491,"Placa em aço - 3,00 x 2,00 m - película retrorrefletiva tipo I + I - fornecimento e implantação","un",2546.62]
[5213500,"Placa em aço - 3,00 x 2,00 m - película retrorrefletiva tipo I + III - fornecimento e implantação","un",2817.28]
[5213369,"Placa em aço - 3,00 x 2,00 m - película retrorrefletiva tipo I + X - fornecimento e implantação","un",3238]
[5213509,"Placa em aço - 3,00 x 2,00 m - película retrorrefletiva tipo III + III - fornecimento e implantação","un",3493.96]
[5213374,"Placa em aço - 3,00 x 2,00 m - película retrorrefletiva tipo III + X - fornecimento e implantação","un",3914.62]
[5213492,"Placa em aço - 4,00 x 2,00 m - película retrorrefletiva tipo I + I - fornecimento e implantação","un",3446.52]
[5213501,"Placa em aço - 4,00 x 2,00 m - película retrorrefletiva tipo I + III - fornecimento e implantação","un",3807.4]
[5213370,"Placa em aço - 4,00 x 2,00 m - película retrorrefletiva tipo I + X - fornecimento e implantação","un",4368.3599999999997]
[5213510,"Placa em aço - 4,00 x 2,00 m - película retrorrefletiva tipo III + III - fornecimento e implantação","un",4709.6400000000003]
[5213375,"Placa em aço - 4,00 x 2,00 m - película retrorrefletiva tipo III + X - fornecimento e implantação","un",5270.52]
[5213494,"Placa em aço - 4,00 x 3,00 m - película retrorrefletiva tipo I + I - fornecimento e implantação","un",5093.24]
[5213503,"Placa em aço - 4,00 x 3,00 m - película retrorrefletiva tipo I + III - fornecimento e implantação","un",5634.56]
[5213371,"Placa em aço - 4,00 x 3,00 m - película retrorrefletiva tipo I + X - fornecimento e implantação","un",6476]
[5213512,"Placa em aço - 4,00 x 3,00 m - película retrorrefletiva tipo III + III - fornecimento e implantação","un",6987.92]
[5213376,"Placa em aço - 4,00 x 3,00 m - película retrorrefletiva tipo III + X - fornecimento e implantação","un",7829.24]
[5213377,"Placa em aço - película I + I - chapa recuperada - fornecimento e implantação","m²",318.64]
[5213570,"Placa em aço - película I + I - fornecimento e implantação","m²",462.71]
[5213378,"Placa em aço - película I + III - chapa recuperada - fornecimento e implantação","m²",363.75]
[5213571,"Placa em aço - película I + III - fornecimento e implantação","m²",507.82]
[5213379,"Placa em aço - película III + III - chapa recuperada - fornecimento e implantação","m²",476.53]
[5213572,"Placa em aço - película III + III - fornecimento e implantação","m²",620.6]
[5212553,"Placa em aço nº 16 galvanizado com película retrorrefletiva tipo I + I - chapa recuperada - confecção","m²",267.61]
[5213416,"Placa em aço nº 16 galvanizado com película retrorrefletiva tipo I + I - confecção","m²",411.68]
[5212554,"Placa em aço nº 16 galvanizado com película retrorrefletiva tipo I + III - chapa recuperada - confecção","m²",312.72000000000003]
[5213417,"Placa em aço nº 16 galvanizado com película retrorrefletiva tipo I + III - confecção","m²",456.79]
[5213421,"Placa em aço nº 16 galvanizado com película retrorrefletiva tipo I + IV - confecção","m²",405.35]
[5213414,"Placa em aço nº 16 galvanizado com película retrorrefletiva tipo I + SI - confecção","m²",598.79]
[5213419,"Placa em aço nº 16 galvanizado com película retrorrefletiva tipo I + X - confecção","m²",526.91]
[5212555,"Placa em aço nº 16 galvanizado com película retrorrefletiva tipo III + III - chapa recuperada - confecção","m²",425.5]
[5213418,"Placa em aço nº 16 galvanizado com película retrorrefletiva tipo III + III - confecção","m²",569.57000000000005]
[5213415,"Placa em aço nº 16 galvanizado com película retrorrefletiva tipo III + SI - confecção","m²",670.51]
[5213420,"Placa em aço nº 16 galvanizado com película retrorrefletiva tipo III + X - confecção","m²",639.67999999999995]
[5213543,"Placa em aço, modulada - 2,00 x 1,00 m - película retrorrefletiva tipo I + I - fornecimento e implantação","un",1126.78]
[5213552,"Placa em aço, modulada - 2,00 x 1,00 m - película retrorrefletiva tipo I + III - fornecimento e implantação","un",1217]
[5213561,"Placa em aço, modulada - 2,00 x 1,00 m - película retrorrefletiva tipo III + III - fornecimento e implantação","un",1442.54]
[5213544,"Placa em aço, modulada - 3,00 x 1,50 m - película retrorrefletiva tipo I + I - fornecimento e implantação","un",2439.58]
[5213553,"Placa em aço, modulada - 3,00 x 1,50 m - película retrorrefletiva tipo I + III - fornecimento e implantação","un",2642.57]
[5213562,"Placa em aço, modulada - 3,00 x 1,50 m - película retrorrefletiva tipo III + III - fornecimento e implantação","un",3150.04]
[5213545,"Placa em aço, modulada - 3,00 x 2,00 m - película retrorrefletiva tipo I + I - fornecimento e implantação","un",3227.26]
[5213554,"Placa em aço, modulada - 3,00 x 2,00 m - película retrorrefletiva tipo I + III - fornecimento e implantação","un",3497.92]
[5213563,"Placa em aço, modulada - 3,00 x 2,00 m - película retrorrefletiva tipo III + III - fornecimento e implantação","un",4174.54]
[5213546,"Placa em aço, modulada - 4,00 x 2,00 m - película retrorrefletiva tipo I + I - fornecimento e implantação","un",4354.04]
[5213555,"Placa em aço, modulada - 4,00 x 2,00 m - película retrorrefletiva tipo I + III - fornecimento e implantação","un",4714.92]
[5213564,"Placa em aço, modulada - 4,00 x 2,00 m - película retrorrefletiva tipo III + III - fornecimento e implantação","un",5617.08]
[5213548,"Placa em aço, modulada - 4,00 x 3,00 m - película retrorrefletiva tipo I + I - fornecimento e implantação","un",6454.52]
[5213557,"Placa em aço, modulada - 4,00 x 3,00 m - película retrorrefletiva tipo I + III - fornecimento e implantação","un",6995.84]
[5213566,"Placa em aço, modulada - 4,00 x 3,00 m - película retrorrefletiva tipo III + III - fornecimento e implantação","un",8349.08]
[5213576,"Placa em aço, modulada - acima de 2 m² - película I + I - fornecimento e implantação","m²",576.15]
[5213577,"Placa em aço, modulada - acima de 2 m² - película I + III - fornecimento e implantação","m²",621.26]
[5213578,"Placa em aço, modulada - acima de 2 m² - película III + III - fornecimento e implantação","m²",734.03]
[5213425,"Placa em alumínio composto de 3 mm, modulada, aérea, com película retrorrefletiva tipo I + III - confecção","m²",612]
[5213426,"Placa em alumínio composto de 3 mm, modulada, aérea, com película retrorrefletiva tipo III + III - confecção","m²",724.77]
[5213427,"Placa em alumínio composto de 3 mm, modulada, aérea, com película retrorrefletiva tipo III + X - confecção","m²",794.88]
[5213567,"Placa em alumínio composto de 3 mm, modulada, aérea, com película retrorrefletiva tipo X + SI - confecção","m²",930.7]
[5213486,"Placa em alumínio composto, espessura de 3,0 mm, modulada, aérea - película retrorrefletiva tipo I + III - fornecimento e implantação","m²",958.08]
[5213487,"Placa em alumínio composto, espessura de 3,0 mm, modulada, aérea - película retrorrefletiva tipo III + III - fornecimento e implantação","m²",1070.8499999999999]
[5213488,"Placa em alumínio composto, espessura de 3,0 mm, modulada, aérea - película retrorrefletiva tipo III + X - fornecimento e implantação","m²",1140.96]
[5213568,"Placa em alumínio composto, espessura de 3,0 mm, modulada, aérea - película retrorrefletiva tipo X + SI - fornecimento e implantação","m²",1276.78]
[5213483,"Placa em alumínio, espessura de 1,5 mm, modulada, aérea - película retrorrefletiva tipo I + III - fornecimento e implantação","m²",972.31]
[5213484,"Placa em alumínio, espessura de 1,5 mm, modulada, aérea - película retrorrefletiva tipo III + III - fornecimento e implantação","m²",1085.0899999999999]
[5213485,"Placa em alumínio, espessura de 1,5 mm, modulada, aérea - película retrorrefletiva tipo III + X - fornecimento e implantação","m²",1155.2]
[5213434,"Placa em alumínio, espessura de 1,5 mm, modulada, aérea, com película retrorrefletiva tipo I + III - confecção","m²",626.23]
[5213435,"Placa em alumínio, espessura de 1,5 mm, modulada, aérea, com película retrorrefletiva tipo III + III - confecção","m²",739.01]
[5213436,"Placa em alumínio, espessura de 1,5 mm, modulada, aérea, com película retrorrefletiva tipo III + X - confecção","m²",809.12]
[5213430,"Placa em chapa de poliéster reforçada com fibra de vidro com película retrorrefletiva tipo I + I - confecção","m²",382.69]
[5213431,"Placa em chapa de poliéster reforçada com fibra de vidro com película retrorrefletiva tipo I + III - confecção","m²",427.8]
[5213433,"Placa em chapa de poliéster reforçada com fibra de vidro com película retrorrefletiva tipo I + IV - confecção","m²",376.36]
[5213428,"Placa em chapa de poliéster reforçada com fibra de vidro com película retrorrefletiva tipo I + SI - confecção","m²",569.79999999999995]
[5213432,"Placa em chapa de poliéster reforçada com fibra de vidro com película retrorrefletiva tipo III + III - confecção","m²",540.58000000000004]
[5213429,"Placa em chapa de poliéster reforçada com fibra de vidro com película retrorrefletiva tipo III + SI - confecção","m²",641.52]
[5213516,"Placa em fibra - 2,00 x 1,00 m - película retrorrefletiva tipo I + I - fornecimento e implantação","un",841.92]
[5213525,"Placa em fibra - 2,00 x 1,00 m - película retrorrefletiva tipo I + III - fornecimento e implantação","un",932.14]
[5213534,"Placa em fibra - 2,00 x 1,00 m - película retrorrefletiva tipo III + III - fornecimento e implantação","un",1157.7]
[5213517,"Placa em fibra - 3,00 x 1,50 m - película retrorrefletiva tipo I + I - fornecimento e implantação","un",1798.64]
[5213526,"Placa em fibra - 3,00 x 1,50 m - película retrorrefletiva tipo I + III - fornecimento e implantação","un",2001.64]
[5213535,"Placa em fibra - 3,00 x 1,50 m - película retrorrefletiva tipo III + III - fornecimento e implantação","un",2509.15]
[5213518,"Placa em fibra - 3,00 x 2,00 m - película retrorrefletiva tipo I + I - fornecimento e implantação","un",2372.6799999999998]
[5213527,"Placa em fibra - 3,00 x 2,00 m - película retrorrefletiva tipo I + III - fornecimento e implantação","un",2643.34]
[5213536,"Placa em fibra - 3,00 x 2,00 m - película retrorrefletiva tipo III + III - fornecimento e implantação","un",3320.02]
[5213519,"Placa em fibra - 4,00 x 2,00 m - película retrorrefletiva tipo I + I - fornecimento e implantação","un",3214.6]
[5213528,"Placa em fibra - 4,00 x 2,00 m - película retrorrefletiva tipo I + III - fornecimento e implantação","un",3575.48]
[5213537,"Placa em fibra - 4,00 x 2,00 m - película retrorrefletiva tipo III + III - fornecimento e implantação","un",4477.72]
[5213521,"Placa em fibra - 4,00 x 3,00 m - película retrorrefletiva tipo I + I - fornecimento e implantação","un",4745.3599999999997]
[5213530,"Placa em fibra - 4,00 x 3,00 m - película retrorrefletiva tipo I + III - fornecimento e implantação","un",5286.68]
[5213539,"Placa em fibra - 4,00 x 3,00 m - película retrorrefletiva tipo III + III - fornecimento e implantação","un",6640.04]
[5213573,"Placa em fibra - película I + I - fornecimento e implantação","m²",433.72]
[5213574,"Placa em fibra - película I + III - fornecimento e implantação","m²",478.83]
[5213575,"Placa em fibra - película III + III - fornecimento e implantação","m²",591.61]
[5213480,"Placa em fibra, modulada, aérea - película retrorrefletiva tipo I + III - fornecimento e implantação","m²",883.82]
[5213481,"Placa em fibra, modulada, aérea - película retrorrefletiva tipo III + III - fornecimento e implantação","m²",996.6]
[5213482,"Placa em fibra, modulada, aérea - película retrorrefletiva tipo III + X - fornecimento e implantação","m²",1066.71]
[5213422,"Placa modulada em aço nº 18 galvanizado com película retrorrefletiva tipo I + I - confecção","m²",525.12]
[5213423,"Placa modulada em aço nº 18 galvanizado com película retrorrefletiva tipo I + III - confecção","m²",570.23]
[5213424,"Placa modulada em aço nº 18 galvanizado com película retrorrefletiva tipo III + III - confecção","m²",683]
[5213437,"Placa modulada em chapa de poliéster reforçada com fibra de vidro, aérea, com película retrorrefletiva tipo I + III - confecção","m²",537.74]
[5213438,"Placa modulada em chapa de poliéster reforçada com fibra de vidro, aérea, com película retrorrefletiva tipo III + III - confecção","m²",650.52]
[5213439,"Placa modulada em chapa de poliéster reforçada com fibra de vidro, aérea, com película retrorrefletiva tipo III + X - confecção","m²",720.63]
[5212556,"Placa para sinalização de obras montada em cavalete metálico - 1,00 x 1,00 m - utilização de 600 ciclos - fornecimento, 01 implantação e 01 retirada diária","un.dia",1.91]
[5213649,"Pórtico metálico com vão de 15,9 m, vento de 35 m/s e área de exposição de até 23,85 m² - fornecimento e implantação - areia e brita comerciais","un",102795.88]
[5213591,"Pórtico metálico com vão de 15,9 m, vento de 35 m/s e área de exposição de até 23,85 m² - fornecimento e implantação - areia extraída e brita produzida","un",102795.88]
[5213718,"Pórtico metálico com vão de 15,9 m, vento de 40 m/s e área de exposição de até 23,85 m² - fornecimento e implantação - areia e brita comerciais","un",113600.79]
[5213741,"Pórtico metálico com vão de 15,9 m, vento de 40 m/s e área de exposição de até 23,85 m² - fornecimento e implantação - areia extraída e brita produzida","un",113600.79]
[5213776,"Pórtico metálico com vão de 15,9 m, vento de 45 m/s e área de exposição de até 23,85 m² - fornecimento e implantação - areia e brita comerciais","un",121032.76]
[5213799,"Pórtico metálico com vão de 15,9 m, vento de 45 m/s e área de exposição de até 23,85 m² - fornecimento e implantação - areia extraída e brita produzida","un",121032.76]
[5213363,"Recuperação de chapa em aço para placa de sinalização","m²",34.22]
[5213667,"Remoção da estrutura de pórtico metálico","un",330.18]
[5213683,"Remoção da estrutura de semipórtico duplo metálico","un",235.64]
[5213660,"Remoção da estrutura de semipórtico metálico","un",196.37]
[5213364,"Remoção de placa de sinalização","m²",19.399999999999999]
[5213832,"Remoção de sinalização horizontal com maçarico","m²",3.63]
[5213830,"Remoção de sinalização horizontal por fresagem","m²",4.8600000000000003]
[5213831,"Remoção de sinalização horizontal tipo pintura acrílica por jateamento abrasivo úmido com vidro - utilização de 3 vezes","m²",61.73]
[5213849,"Semáforo móvel com 3 lentes D = 200 mm","h",3.27]
[5213636,"Semipórtico duplo metálico com vão de 2 x 8,3 m, vento de 35 m/s e área de exposição de até 2 x 12,45 m² - fornecimento e implantação - areia e brita comerciais","un",100381.73]
[5213642,"Semipórtico duplo metálico com vão de 2 x 8,3 m, vento de 35 m/s e área de exposição de até 2 x 12,45 m² - fornecimento e implantação - areia extraída e brita produzida","un",100381.73]
[5213757,"Semipórtico duplo metálico com vão de 2 x 8,3 m, vento de 40 m/s e área de exposição de até 2 x 12,45 m² - fornecimento e implantação - areia e brita comerciais","un",111218.14]
[5213763,"Semipórtico duplo metálico com vão de 2 x 8,3 m, vento de 40 m/s e área de exposição de até 2 x 12,45 m² - fornecimento e implantação - areia extraída e brita produzida","un",111218.14]
[5213815,"Semipórtico duplo metálico com vão de 2 x 8,3 m, vento de 45 m/s e área de exposição de até 2 x 12,45 m² - fornecimento e implantação - areia e brita comerciais","un",122054.56]
[5213821,"Semipórtico duplo metálico com vão de 2 x 8,3 m, vento de 45 m/s e área de exposição de até 2 x 12,45 m² - fornecimento e implantação - areia extraída e brita produzida","un",122054.56]
[5213630,"Semipórtico metálico com vão de 8,3 m, vento de 35 m/s e área de exposição de até 12,45 m² - fornecimento e implantação - areia e brita comerciais","un",62700.08]
[5213584,"Semipórtico metálico com vão de 8,3 m, vento de 35 m/s e área de exposição de até 12,45 m² - fornecimento e implantação - areia extraída e brita produzida","un",62700.08]
[5213711,"Semipórtico metálico com vão de 8,3 m, vento de 40 m/s e área de exposição de até 12,45 m² - fornecimento e implantação - areia e brita comerciais","un",66841.2]
[5213734,"Semipórtico metálico com vão de 8,3 m, vento de 40 m/s e área de exposição de até 12,45 m² - fornecimento e implantação - areia extraída e brita produzida","un",66841.2]
[5213769,"Semipórtico metálico com vão de 8,3 m, vento de 45 m/s e área de exposição de até 12,45 m² - fornecimento e implantação - areia e brita comerciais","un",73386.880000000005]
[5213792,"Semipórtico metálico com vão de 8,3 m, vento de 45 m/s e área de exposição de até 12,45 m² - fornecimento e implantação - areia extraída e brita produzida","un",73386.880000000005]
[5213844,"Sinalizador direcional móvel, LED, com banco fotovoltaico de energia e montado em chassi com engate","h",3.62]
[5213869,"Suporte duplo metálico galvanizado para placas - 3,00 x 1,50 m - fornecimento e implantação","un",2457]
[5213870,"Suporte duplo metálico galvanizado para placas - 3,00 x 2,00 m - fornecimento e implantação","un",3378.51]
[5213871,"Suporte duplo metálico galvanizado para placas - 4,00 x 2,00 m - fornecimento e implantação","un",3453.76]
[5213872,"Suporte duplo metálico galvanizado para placas - 4,00 x 3,00 m - fornecimento e implantação","un",5471]
[5213867,"Suporte metálico galvanizado para marco quilométrico - fornecimento e implantação","un",576.38]
[5213863,"Suporte metálico galvanizado para placa de advertência ou regulamentação - lado ou diâmetro de 0,60 m - fornecimento e implantação","un",461.4]
[5213864,"Suporte metálico galvanizado para placa de advertência ou regulamentação - lado ou diâmetro de 0,80 m - fornecimento e implantação","un",491.43]
[5213865,"Suporte metálico galvanizado para placa de advertência ou regulamentação - lado ou diâmetro de 1,00 m - fornecimento e implantação","un",521.63]
[5213866,"Suporte metálico galvanizado para placa de advertência ou regulamentação - lado ou diâmetro de 1,20 m - fornecimento e implantação","un",589.14]
[5213855,"Suporte metálico galvanizado para placa de regulamentação - R1 - lado de 0,248 m - fornecimento e implantação","un",414.71]
[5213856,"Suporte metálico galvanizado para placa de regulamentação - R1 - lado de 0,331 m - fornecimento e implantação","un",430.15]
[5213857,"Suporte metálico galvanizado para placa de regulamentação - R1 - lado de 0,414 m - fornecimento e implantação","un",445]
[5213858,"Suporte metálico galvanizado para placa de regulamentação - R1 - lado de 0,497 m - fornecimento e implantação","un",460.63]
[5213859,"Suporte metálico galvanizado para placa de regulamentação - R2 - lado de 0,60 m - fornecimento e implantação","un",456.66]
[5213860,"Suporte metálico galvanizado para placa de regulamentação - R2 - lado de 0,80 m - fornecimento e implantação","un",472.05]
[5213861,"Suporte metálico galvanizado para placa de regulamentação - R2 - lado de 1,00 m - fornecimento e implantação","un",501.06]
[5213862,"Suporte metálico galvanizado para placa de regulamentação - R2 - lado de 1,20 m - fornecimento e implantação","un",568.23]
[5213868,"Suporte metálico galvanizado para placas - 2,00 x 1,00 m - fornecimento e implantação","un",1134.6199999999999]
[5219546,"Suporte metálico móvel para placa de sinalização - confecção","un",348.58]
[5216111,"Suporte para placa de sinalização em madeira de lei tratada 8 x 8 cm - fornecimento e implantação","un",114.64]
[5213351,"Suporte polimérico ecológico maciço colapsível D = 6,5 cm para placa de sinalização - fornecimento e implantação","un",756.53]
[5213350,"Suporte polimérico ecológico maciço colapsível quadrado de 10 cm para placa de sinalização - fornecimento e implantação","un",1892.72]
[5213352,"Suporte polimérico ecológico maciço colapsível quadrado de 8 cm para placa de sinalização - fornecimento e implantação","un",1117.72]
[5213353,"Suporte polimérico ecológico maciço colapsível retangular de 7 x 15 cm para placa de sinalização - fornecimento e implantação","un",3201.92]
[5213360,"Tacha refletiva em plástico injetado - bidirecional tipo I - com um pino - fornecimento e colocação","un",31.13]
[5219605,"Tacha refletiva em plástico injetado - bidirecional tipo I - fornecimento e colocação","un",28.04]
[5219606,"Tacha refletiva em plástico injetado - bidirecional tipo II - com um pino - fornecimento e colocação","un",37.89]
[5219607,"Tacha refletiva em plástico injetado - bidirecional tipo II - fornecimento e colocação","un",31.51]
[5219608,"Tacha refletiva em plástico injetado - bidirecional tipo III - com um pino - fornecimento e colocação","un",37.89]
[5219609,"Tacha refletiva em plástico injetado - bidirecional tipo III - fornecimento e colocação","un",31.51]
[5219610,"Tacha refletiva em plástico injetado - bidirecional tipo IV - com um pino - fornecimento e colocação","un",40.369999999999997]
[5219611,"Tacha refletiva em plástico injetado - bidirecional tipo IV - fornecimento e colocação","un",36.65]
[5213359,"Tacha refletiva em plástico injetado - monodirecional tipo I - com um pino - fornecimento e colocação","un",27.38]
[5219612,"Tacha refletiva em plástico injetado - monodirecional tipo I - fornecimento e colocação","un",25.02]
[5219613,"Tacha refletiva em plástico injetado - monodirecional tipo II - com um pino - fornecimento e colocação","un",31.3]
[5219614,"Tacha refletiva em plástico injetado - monodirecional tipo II - fornecimento e colocação","un",29.02]
[5219615,"Tacha refletiva em plástico injetado - monodirecional tipo III - com um pino - fornecimento e colocação","un",32.15]
[5219616,"Tacha refletiva em plástico injetado - monodirecional tipo III - fornecimento e colocação","un",29.49]
[5219617,"Tacha refletiva em plástico injetado - monodirecional tipo IV - com um pino - fornecimento e colocação","un",37.99]
[5219618,"Tacha refletiva em plástico injetado - monodirecional tipo IV - fornecimento e colocação","un",35.64]
[5219619,"Tacha refletiva em resina sintética - bidirecional tipo I - com um pino - fornecimento e colocação","un",40.71]
[5219620,"Tacha refletiva em resina sintética - bidirecional tipo I - fornecimento e colocação","un",38.380000000000003]
[5219621,"Tacha refletiva em resina sintética - bidirecional tipo II - com um pino - fornecimento e colocação","un",48.64]
[5219622,"Tacha refletiva em resina sintética - bidirecional tipo II - fornecimento e colocação","un",46.36]
[5219623,"Tacha refletiva em resina sintética - bidirecional tipo III - com um pino - fornecimento e colocação","un",52.65]
[5219624,"Tacha refletiva em resina sintética - bidirecional tipo III - fornecimento e colocação","un",50.28]
[5219625,"Tacha refletiva em resina sintética - bidirecional tipo IV - com um pino - fornecimento e colocação","un",52.91]
[5219626,"Tacha refletiva em resina sintética - bidirecional tipo IV - fornecimento e colocação","un",50.28]
[5219627,"Tacha refletiva em resina sintética - monodirecional tipo I - com um pino - fornecimento e colocação","un",37.82]
[5219628,"Tacha refletiva em resina sintética - monodirecional tipo I - fornecimento e colocação","un",35.409999999999997]
[5219629,"Tacha refletiva em resina sintética - monodirecional tipo II - com um pino - fornecimento e colocação","un",43.94]
[5219630,"Tacha refletiva em resina sintética - monodirecional tipo II - fornecimento e colocação","un",41.52]
[5219631,"Tacha refletiva em resina sintética - monodirecional tipo III - com um pino - fornecimento e colocação","un",47.61]
[5219632,"Tacha refletiva em resina sintética - monodirecional tipo III - fornecimento e colocação","un",45.11]
[5219633,"Tacha refletiva em resina sintética - monodirecional tipo IV - com um pino - fornecimento e colocação","un",51.58]
[5219634,"Tacha refletiva em resina sintética - monodirecional tipo IV - fornecimento e colocação","un",48.99]
[5213395,"Tacha refletiva metálica - bidirecional tipo II - com dois pinos - fornecimento e colocação","un",38.78]
[5213394,"Tacha refletiva metálica - bidirecional tipo II - com um pino - fornecimento e colocação","un",34.340000000000003]
[5219635,"Tacha refletiva metálica - bidirecional tipo III - com dois pinos - fornecimento e colocação","un",35.79]
[5219636,"Tacha refletiva metálica - bidirecional tipo III - com um pino - fornecimento e colocação","un",30.94]
[5219637,"Tacha refletiva metálica - bidirecional tipo IV - com dois pinos - fornecimento e colocação","un",69.34]
[5219638,"Tacha refletiva metálica - bidirecional tipo IV - com um pino - fornecimento e colocação","un",66.2]
[5213393,"Tacha refletiva metálica - monodirecional tipo II - com dois pinos - fornecimento e colocação","un",33.729999999999997]
[5213392,"Tacha refletiva metálica - monodirecional tipo II - com um pino - fornecimento e colocação","un",28.36]
[5219639,"Tacha refletiva metálica - monodirecional tipo III - com dois pinos - fornecimento e colocação","un",32.24]
[5219640,"Tacha refletiva metálica - monodirecional tipo III - com um pino - fornecimento e colocação","un",27.29]
[5219641,"Tacha refletiva metálica - monodirecional tipo IV - com dois pinos - fornecimento e colocação","un",61.36]
[5219642,"Tacha refletiva metálica - monodirecional tipo IV - com um pino - fornecimento e colocação","un",61.42]
[5213362,"Tachão refletivo em plástico injetado - bidirecional - fornecimento e colocação","un",87.59]
[5213361,"Tachão refletivo em plástico injetado - monodirecional - fornecimento e colocação","un",86.32]
[5219643,"Tachão refletivo em resina sintética - bidirecional - fornecimento e colocação","un",77.36]
[5219644,"Tachão refletivo em resina sintética - monodirecional - fornecimento e colocação","un",76.36]
[5214000,"Termoplástico pré-formado para sinalização horizontal - espessura de 2 mm - fornecimento e implantação","m²",352.14]
[5301014,"Comboio balizador em deslocamento","km",144.59]
[5300995,"Confecção de corpo de boia flutuante cilíndrico D = 1,10m","un",2603.0500000000002]
[5300996,"Confecção de corpo de boia flutuante cilíndrico D = 1,10m - com lastro","un",3405.2]
[5300998,"Confecção de corpo de boia flutuante cilíndrico D = 1,42m - boia de amarração","un",6686.95]
[5300997,"Confecção de corpo de boia flutuante cilíndrico D = 1,43m - com lastro","un",5577.88]
[5300999,"Confecção de mangrulho H = 0,90m","un",879.14]
[5301000,"Confecção de mangrulho H = 1,50m","un",1327.41]
[5301001,"Confecção de marca de tope de bombordo","un",618.16]
[5301002,"Confecção de marca de tope de boreste","un",386.46]
[5301003,"Confecção de marca de tope especial","un",379.07]
[5301064,"Fornecimento e implantação de suporte duplo em madeira com travessa para placa de sinalização náutica em margem - altura total de 4,0 m","un",613.54999999999995]
[5301046,"Fornecimento e implantação de suporte duplo em madeira com travessa para placa de sinalização náutica em margem - altura total de 4,0 m - com embarcação","un",1273.3499999999999]
[5301065,"Fornecimento e implantação de suporte duplo em madeira com travessa para placa de sinalização náutica em margem - altura total de 5,0 m","un",1082.9100000000001]
[5301047,"Fornecimento e implantação de suporte duplo em madeira com travessa para placa de sinalização náutica em margem - altura total de 5,0 m - com embarcação","un",2166.5]
[5301066,"Fornecimento e implantação de suporte duplo em madeira com travessa para placa de sinalização náutica em margem - altura total de 5,5 m","un",1213.6500000000001]
[5301048,"Fornecimento e implantação de suporte duplo em madeira com travessa para placa de sinalização náutica em margem - altura total de 5,5 m - com embarcação","un",2358.3200000000002]
[5301040,"Fornecimento e implantação de suporte duplo metálico galvanizado para placa de sinalização náutica em margem - altura total de 4 m - com embarcação","un",2306.17]
[5301058,"Fornecimento e implantação de suporte duplo metálico galvanizado para placa de sinalização náutica em margem - altura total de 4,0 m","un",1639.47]
[5301041,"Fornecimento e implantação de suporte duplo metálico galvanizado para placa de sinalização náutica em margem - altura total de 5 m - com embarcação","un",5142.74]
[5301059,"Fornecimento e implantação de suporte duplo metálico galvanizado para placa de sinalização náutica em margem - altura total de 5,0 m","un",4038.92]
[5301060,"Fornecimento e implantação de suporte duplo metálico galvanizado para placa de sinalização náutica em margem - altura total de 5,5 m","un",4470.57]
[5301042,"Fornecimento e implantação de suporte duplo metálico galvanizado para placa de sinalização náutica em margem - altura total de 5,5 m - com embarcação","un",5637.1]
[5301072,"Fornecimento e implantação de suporte duplo polimérico ecológico maciço quadrado de 10 cm para placa de sinalização náutica em margem - altura total de 5,5 m","un",5332.45]
[5301054,"Fornecimento e implantação de suporte duplo polimérico ecológico maciço quadrado de 10 cm para placa de sinalização náutica em margem - altura total de 5,5 m - com embarcação","un",5888.29]
[5301070,"Fornecimento e implantação de suporte duplo polimérico ecológico maciço quadrado de 8 cm para placa de sinalização náutica em margem - altura total de 4,0 m","un",2568.66]
[5301052,"Fornecimento e implantação de suporte duplo polimérico ecológico maciço quadrado de 8 cm para placa de sinalização náutica em margem - altura total de 4,0 m - com embarcação","un",3099.08]
[5301071,"Fornecimento e implantação de suporte duplo polimérico ecológico maciço quadrado de 8 cm para placa de sinalização náutica em margem - altura total de 5,0 m","un",3406.18]
[5301053,"Fornecimento e implantação de suporte duplo polimérico ecológico maciço quadrado de 8 cm para placa de sinalização náutica em margem - altura total de 5,0 m - com embarcação","un",3936.96]
[5301061,"Fornecimento e implantação de suporte simples em madeira com travessa para placa de sinalização náutica em margem - altura total de 4 m","un",187.49]
[5301043,"Fornecimento e implantação de suporte simples em madeira com travessa para placa de sinalização náutica em margem - altura total de 4 m - com embarcação","un",711.91]
[5301062,"Fornecimento e implantação de suporte simples em madeira com travessa para placa de sinalização náutica em margem - altura total de 5 m","un",314.81]
[5301044,"Fornecimento e implantação de suporte simples em madeira com travessa para placa de sinalização náutica em margem - altura total de 5 m - com embarcação","un",1061.53]
[5301063,"Fornecimento e implantação de suporte simples em madeira com travessa para placa de sinalização náutica em margem - altura total de 5,5 m","un",365.08]
[5301045,"Fornecimento e implantação de suporte simples em madeira com travessa para placa de sinalização náutica em margem - altura total de 5,5 m - com embarcação","un",1164.49]
[5301037,"Fornecimento e implantação de suporte simples metálico galvanizado para placa de sinalização náutica em margem - altura total de 4 m - com embarcação","un",1216.17]
[5301055,"Fornecimento e implantação de suporte simples metálico galvanizado para placa de sinalização náutica em margem - altura total de 4,0 m","un",688.21]
[5301038,"Fornecimento e implantação de suporte simples metálico galvanizado para placa de sinalização náutica em margem - altura total de 5 m - com embarcação","un",2524.7199999999998]
[5301056,"Fornecimento e implantação de suporte simples metálico galvanizado para placa de sinalização náutica em margem - altura total de 5,0 m","un",1767.54]
[5301057,"Fornecimento e implantação de suporte simples metálico galvanizado para placa de sinalização náutica em margem - altura total de 5,5 m","un",1965.2]
[5301039,"Fornecimento e implantação de suporte simples metálico galvanizado para placa de sinalização náutica em margem - altura total de 5,5 m - com embarcação","un",2776.5]
[5301069,"Fornecimento e implantação de suporte simples polimérico ecológico maciço quadrado de 10 cm para placa de sinalização náutica em margem - altura total de 5,5 m","un",2413.67]
[5301051,"Fornecimento e implantação de suporte simples polimérico ecológico maciço quadrado de 10 cm para placa de sinalização náutica em margem - altura total de 5,5 m - com embarcação","un",2869.29]
[5301067,"Fornecimento e implantação de suporte simples polimérico ecológico maciço quadrado de 8 cm para placa de sinalização náutica em margem - altura total de 4 m","un",1163.7]
[5301049,"Fornecimento e implantação de suporte simples polimérico ecológico maciço quadrado de 8 cm para placa de sinalização náutica em margem - altura total de 4 m - com embarcação","un",1618.49]
[5301068,"Fornecimento e implantação de suporte simples polimérico ecológico maciço quadrado de 8 cm para placa de sinalização náutica em margem - altura total de 5 m","un",1472.06]
[5301050,"Fornecimento e implantação de suporte simples polimérico ecológico maciço quadrado de 8 cm para placa de sinalização náutica em margem - altura total de 5 m - com embarcação","un",1927.03]
[5301022,"Fornecimento e instalação de conjunto de acessórios para sistema de fundeio de boia de amarração náutica com 4 manilhas","un",976.02]
[5301021,"Fornecimento e instalação de conjunto de acessórios para sistema de fundeio de boia de sinalização náutica com 7 manilhas","un",619.89]
[5301020,"Fornecimento e instalação de corrente 1\" para sistema de fundeio de boia de sinalização náutica","m",314.35000000000002]
[5301018,"Fornecimento e instalação de corrente 1/2\" para sistema de fundeio de boia de sinalização náutica","m",88.18]
[5301019,"Fornecimento e instalação de corrente 3/4\" para sistema de fundeio de boia de sinalização náutica","m",205.45]
[5301077,"Fornecimento e instalação de lanterna de sinalização náutica com alcance luminoso de 2 MN em obra de arte especial - com embarcação","un",5272.88]
[5301078,"Fornecimento e instalação de lanterna de sinalização náutica com alcance luminoso de 3 MN em obra de arte especial - com embarcação","un",5881.52]
[5301079,"Fornecimento e instalação de lanterna de sinalização náutica com alcance luminoso de 4 MN em obra de arte especial - com embarcação","un",8354.92]
[5301080,"Fornecimento e instalação de lanterna de sinalização náutica com alcance luminoso de 5 MN em obra de arte especial - com embarcação","un",9997.52]
[5301081,"Fornecimento e instalação de lanterna de sinalização náutica com alcance luminoso de 8 MN em obra de arte especial - com embarcação","un",12236.21]
[5301023,"Fornecimento e instalação de suporte e lanterna de sinalização náutica com alcance luminoso de 2 MN em boia","un",4079.65]
[5301024,"Fornecimento e instalação de suporte e lanterna de sinalização náutica com alcance luminoso de 3 MN em boia","un",4688.28]
[5301025,"Fornecimento e instalação de suporte e lanterna de sinalização náutica com alcance luminoso de 4 MN em boia","un",7161.68]
[5301026,"Fornecimento e instalação de suporte e lanterna de sinalização náutica com alcance luminoso de 5 MN em boia","un",8804.2800000000007]
[5301027,"Fornecimento e instalação de suporte e lanterna de sinalização náutica com alcance luminoso de 8 MN em boia","un",11042.97]
[5301028,"Fornecimento e substituição de lanterna de sinalização náutica com alcance luminoso de 2 MN em boia","un",4019.93]
[5301082,"Fornecimento e substituição de lanterna de sinalização náutica com alcance luminoso de 2 MN em obra de arte especial - com embarcação","un",5118.71]
[5301029,"Fornecimento e substituição de lanterna de sinalização náutica com alcance luminoso de 3 MN em boia","un",4628.5600000000004]
[5301083,"Fornecimento e substituição de lanterna de sinalização náutica com alcance luminoso de 3 MN em obra de arte especial - com embarcação","un",5727.35]
[5301030,"Fornecimento e substituição de lanterna de sinalização náutica com alcance luminoso de 4 MN em boia","un",7101.96]
[5301084,"Fornecimento e substituição de lanterna de sinalização náutica com alcance luminoso de 4 MN em obra de arte especial - com embarcação","un",8200.74]
[5301031,"Fornecimento e substituição de lanterna de sinalização náutica com alcance luminoso de 5 MN em boia","un",8744.56]
[5301085,"Fornecimento e substituição de lanterna de sinalização náutica com alcance luminoso de 5 MN em obra de arte especial - com embarcação","un",9843.34]
[5301032,"Fornecimento e substituição de lanterna de sinalização náutica com alcance luminoso de 8 MN em boia","un",10983.26]
[5301086,"Fornecimento e substituição de lanterna de sinalização náutica com alcance luminoso de 8 MN em obra de arte especial - com embarcação","un",12082.04]
[5301033,"Implantação de placa de sinalização náutica em margem - equipamentos e mão de obra","un",71.73]
[5301034,"Implantação de placa de sinalização náutica em margem - equipamentos e mão de obra - com embarcação","un",579.91999999999996]
[5301073,"Implantação de placa de sinalização náutica em obra de arte especial - equipamentos e mão de obra","un",442.46]
[5301074,"Implantação de placa de sinalização náutica em obra de arte especial - equipamentos e mão de obra - com embarcação","un",1675.06]
[5301015,"Lançamento de boia de sinalização náutica com sistema de fundeio - equipamentos e mão de obra","un",1059.51]
[5300992,"Pintura com epóxi óxido de ferro em chapa metálica com pistola a ar comprimido, uma demão, espessura de 35 µm","m²",15.03]
[5300994,"Pintura com esmalte poliuretano de dois componentes em chapa metálica com pistola a ar comprimido, uma demão, espessura de 35 µm","m²",14.13]
[5300993,"Pintura com fundo fosfatizante, uma demão, em chapa de alumínio com pistola a ar comprimido","m²",10.82]
[5301088,"Poita de concreto com 1.000 kg para boia de sinalização náutica","un",346.49]
[5301004,"Poita de concreto com 1.500 kg para boia de sinalização náutica","un",494.04]
[5301087,"Poita de concreto com 500 kg para boia de sinalização náutica","un",202.8]
[5301005,"Reforma de corpo de boia flutuante cilíndrico D = 1,10m","un",406.03]
[5301006,"Reforma de corpo de boia flutuante cilíndrico D = 1,10m - com lastro","un",501.59]
[5301008,"Reforma de corpo de boia flutuante cilíndrico D = 1,42m - boia de amarração","un",909.7]
[5301007,"Reforma de corpo de boia flutuante cilíndrico D = 1,43m - com lastro","un",830.45]
[5301009,"Reforma de mangrulho H = 0,90m","un",253.59]
[5301010,"Reforma de mangrulho H = 1,50m","un",387.67]
[5301011,"Reforma de marca de tope de bombordo","un",315.05]
[5301012,"Reforma de marca de tope de boreste","un",221.29]
[5301013,"Reforma de marca de tope especial","un",189.04]
[5301016,"Substituição de boia de sinalização náutica com sistema de fundeio - equipamentos e mão de obra","un",1757.69]
[5301017,"Substituição de boia de sinalização náutica sem sistema de fundeio - equipamentos e mão de obra","un",1282.9000000000001]
[5301035,"Substituição de placa de sinalização náutica em margem - equipamentos e mão de obra","un",102.05]
[5301036,"Substituição de placa de sinalização náutica em margem - equipamentos e mão de obra - com embarcação","un",1159.8399999999999]
[5301075,"Substituição de placa de sinalização náutica em obra de arte especial - equipamentos e mão de obra","un",508.81]
[5301076,"Substituição de placa de sinalização náutica em obra de arte especial - equipamentos e mão de obra - com embarcação","un",1854.9]
[5405977,"Aterro compactado em solo reforçado com fita metálica galvanizada - taxa 1,65 kg/m³ - material de jazida","m³",37.86]
[5406044,"Aterro compactado em solo reforçado com fita metálica galvanizada - taxa 12,40 kg/m³ - material de jazida","m³",214.7]
[5406045,"Aterro compactado em solo reforçado com fita metálica galvanizada - taxa 13,23 kg/m³ - material de jazida","m³",228.35]
[5406046,"Aterro compactado em solo reforçado com fita metálica galvanizada - taxa 14,88 kg/m³ - material de jazida","m³",255.49]
[5406047,"Aterro compactado em solo reforçado com fita metálica galvanizada - taxa 19,84 kg/m³ - material de jazida","m³",337.08]
[5405978,"Aterro compactado em solo reforçado com fita metálica galvanizada - taxa 3,31 kg/m³ - material de jazida","m³",65.17]
[5405982,"Aterro compactado em solo reforçado com fita metálica galvanizada - taxa 4,13 kg/m³ - material de jazida","m³",78.66]
[5405983,"Aterro compactado em solo reforçado com fita metálica galvanizada - taxa 4,96 kg/m³ - material de jazida","m³",92.31]
[5405984,"Aterro compactado em solo reforçado com fita metálica galvanizada - taxa 6,61 kg/m³ - material de jazida","m³",119.45]
[5405985,"Aterro compactado em solo reforçado com fita metálica galvanizada - taxa 8,27 kg/m³ - material de jazida","m³",146.76]
[5406043,"Aterro compactado em solo reforçado com fita metálica galvanizada - taxa 9,92 kg/m³ - material de jazida","m³",173.9]
[5405975,"Escoramento da primeira linha de escamas de concreto armado em solo reforçado com fita metálica – utilização de 3 vezes - confecção, instalação e retirada","m²",38.49]
[5405970,"Fabricação de escama de concreto armado para solo reforçado com fita metálica - 2 a 5 ligações - areia e brita comerciais","m³",1466.02]
[5405972,"Fabricação de escama de concreto armado para solo reforçado com fita metálica - 2 a 5 ligações - areia extraída e brita produzida","m³",1327.2]
[5405971,"Fabricação de escama de concreto armado para solo reforçado com fita metálica - 6 a 8 ligações - areia e brita comerciais","m³",1662.09]
[5405973,"Fabricação de escama de concreto armado para solo reforçado com fita metálica - 6 a 8 ligações - areia extraída e brita produzida","m³",1523.27]
[5405986,"Moldes metálicos para escama de concreto armado para solo reforçado com fita metálica - formato cruciforme de 1,50 x 1,50 m - utilização de 100 vezes","m²",9.11]
[5405976,"Montagem das escamas de concreto armado em solo reforçado com fita metálica","m²",123.58]
[5406023,"Muro de escama de concreto armado em solo reforçado com fita metálica com altura até 4 m - tipo 1 - areia e brita comerciais","m²",350.47]
[5406033,"Muro de escama de concreto armado em solo reforçado com fita metálica com altura até 4 m - tipo 1 - areia extraída e brita produzida","m²",331.04]
[5406024,"Muro de escama de concreto armado em solo reforçado com fita metálica com altura até 4 m - tipo 2 - areia e brita comerciais","m²",377.92]
[5406034,"Muro de escama de concreto armado em solo reforçado com fita metálica com altura até 4 m - tipo 2 - areia extraída e brita produzida","m²",358.49]
[5406031,"Muro de escama de concreto armado em solo reforçado com fita metálica com altura de 10,0 a 12 m - tipo 1 - areia e brita comerciais","m²",332.76]
[5406041,"Muro de escama de concreto armado em solo reforçado com fita metálica com altura de 10,0 a 12 m - tipo 1 - areia extraída e brita produzida","m²",313.32]
[5406032,"Muro de escama de concreto armado em solo reforçado com fita metálica com altura de 10,0 a 12 m - tipo 2 - areia e brita comerciais","m²",360.21]
[5406042,"Muro de escama de concreto armado em solo reforçado com fita metálica com altura de 10,0 a 12 m - tipo 2 - areia extraída e brita produzida","m²",340.77]
[5406025,"Muro de escama de concreto armado em solo reforçado com fita metálica com altura de 4,0 a 6 m - tipo 1 - areia e brita comerciais","m²",337.48]
[5406035,"Muro de escama de concreto armado em solo reforçado com fita metálica com altura de 4,0 a 6 m - tipo 1 - areia extraída e brita produzida","m²",318.05]
[5406026,"Muro de escama de concreto armado em solo reforçado com fita metálica com altura de 4,0 a 6 m - tipo 2 - areia e brita comerciais","m²",364.93]
[5406036,"Muro de escama de concreto armado em solo reforçado com fita metálica com altura de 4,0 a 6 m - tipo 2 - areia extraída e brita produzida","m²",345.5]
[5406027,"Muro de escama de concreto armado em solo reforçado com fita metálica com altura de 6,0 a 8 m - tipo 1 - areia e brita comerciais","m²",335.01]
[5406037,"Muro de escama de concreto armado em solo reforçado com fita metálica com altura de 6,0 a 8 m - tipo 1 - areia extraída e brita produzida","m²",315.57]
[5406028,"Muro de escama de concreto armado em solo reforçado com fita metálica com altura de 6,0 a 8 m - tipo 2 - areia e brita comerciais","m²",362.46]
[5406038,"Muro de escama de concreto armado em solo reforçado com fita metálica com altura de 6,0 a 8 m - tipo 2 - areia extraída e brita produzida","m²",343.02]
[5406029,"Muro de escama de concreto armado em solo reforçado com fita metálica com altura de 8,0 a 10 m - tipo 1 - areia e brita comerciais","m²",333.63]
[5406039,"Muro de escama de concreto armado em solo reforçado com fita metálica com altura de 8,0 a 10 m - tipo 1 - areia extraída e brita produzida","m²",314.2]
[5406030,"Muro de escama de concreto armado em solo reforçado com fita metálica com altura de 8,0 a 10 m - tipo 2 - areia e brita comerciais","m²",361.08]
[5406040,"Muro de escama de concreto armado em solo reforçado com fita metálica com altura de 8,0 a 10 m - tipo 2 - areia extraída e brita produzida","m²",341.65]
[5405987,"Travador de madeira para escama de concreto armado - utilização de 10 vezes","un",8.68]
[5405979,"Travamento e nivelamento de escama de concreto armado em solo reforçado com fita metálica","m²",15.08]
[5502806,"Camada drenante com conformação de trator de esteira - areia comercial","m³",132.82]
[5502807,"Camada drenante com conformação de trator de esteira - areia extraída","m³",15.03]
[5503041,"Compactação de aterros a 100% do Proctor intermediário","m³",5.69]
[5502978,"Compactação de aterros a 100% do Proctor normal","m³",4.9400000000000004]
[5502822,"Compactação de camada final de aterro de rocha","m³",40.619999999999997]
[5502979,"Construção de corpo de aterro com material de 3ª categoria oriundo de corte","m³",16.489999999999998]
[5501700,"Desmatamento, destocamento e limpeza de área com árvores de diâmetro até 0,15 m","m²",0.53]
[5500991,"Desmonte de blocos de rocha com martelete pneumático","m³",151.31]
[5515739,"Desmonte de matacões ou bloco de rocha por meio de explosivos","m³",43.47]
[5505766,"Desmonte de material de 3ª categoria a frio com argamassa expansiva a céu aberto","m³",352.86]
[5501701,"Destocamento de árvores com diâmetro de 0,15 a 0,30 m","un",38.85]
[5501702,"Destocamento de árvores com diâmetro maior que 0,30 m","un",97.12]
[5502972,"Escavação de vala em material de 3ª categoria - resistência à compressão acima de 110 MPa - com escavadeira e rompedor hidráulico 1.700 kg","m³",205.33]
[5502968,"Escavação de vala em material de 3ª categoria - resistência à compressão até 50 MPa - com escavadeira e rompedor hidráulico 1.700 kg","m³",23.17]
[5502969,"Escavação de vala em material de 3ª categoria - resistência à compressão de 50 a 70 MPa - com escavadeira e rompedor hidráulico 1.700 kg","m³",29.23]
[5502970,"Escavação de vala em material de 3ª categoria - resistência à compressão de 70 a 90 MPa - com escavadeira e rompedor hidráulico 1.700 kg","m³",53.54]
[5502971,"Escavação de vala em material de 3ª categoria - resistência à compressão de 90 a 110 MPa - com escavadeira e rompedor hidráulico 1.700 kg","m³",99.67]
[5502663,"Escavação e transporte de material de 3ª categoria - DMT de 0 a 50 m","m³",33.909999999999997]
[5502993,"Escavação em material de 3ª categoria","m³",25.46]
[5502967,"Escavação em material de 3ª categoria - resistência à compressão acima de 110 MPa - com escavadeira e rompedor hidráulico 1.700 kg","m³",113.62]
[5502963,"Escavação em material de 3ª categoria - resistência à compressão até 50 MPa - com escavadeira e rompedor hidráulico 1.700 kg","m³",13.87]
[5502964,"Escavação em material de 3ª categoria - resistência à compressão de 50 a 70 MPa - com escavadeira e rompedor hidráulico 1.700 kg","m³",17.37]
[5502965,"Escavação em material de 3ª categoria - resistência à compressão de 70 a 90 MPa - com escavadeira e rompedor hidráulico 1.700 kg","m³",31.27]
[5502966,"Escavação em material de 3ª categoria - resistência à compressão de 90 a 110 MPa - com escavadeira e rompedor hidráulico 1.700 kg","m³",57.33]
[5501706,"Escavação mecânica com retroescavadeira em material de 1ª categoria","m³",6.48]
[5501880,"Escavação, carga e transporte de material de 1ª categoria - DMT de 1.000 a 1.200 m - caminho de serviço em leito natural - com carregadeira e caminhão basculante de 14 m³","m³",11.94]
[5502114,"Escavação, carga e transporte de material de 1ª categoria - DMT de 1.000 a 1.200 m - caminho de serviço em leito natural - com escavadeira e caminhão basculante de 14 m³","m³",7.92]
[5501906,"Escavação, carga e transporte de material de 1ª categoria - DMT de 1.000 a 1.200 m - caminho de serviço em revestimento primário - com carregadeira e caminhão basculante de 14 m³","m³",10.67]
[5502140,"Escavação, carga e transporte de material de 1ª categoria - DMT de 1.000 a 1.200 m - caminho de serviço em revestimento primário - com escavadeira e caminhão basculante de 14 m³","m³",6.65]
[5501932,"Escavação, carga e transporte de material de 1ª categoria - DMT de 1.000 a 1.200 m - caminho de serviço pavimentado - com carregadeira e caminhão basculante de 14 m³","m³",10.67]
[5502166,"Escavação, carga e transporte de material de 1ª categoria - DMT de 1.000 a 1.200 m - caminho de serviço pavimentado - com escavadeira e caminhão basculante de 14 m³","m³",7.06]
[5501881,"Escavação, carga e transporte de material de 1ª categoria - DMT de 1.200 a 1.400 m - caminho de serviço em leito natural - com carregadeira e caminhão basculante de 14 m³","m³",12.21]
[5502115,"Escavação, carga e transporte de material de 1ª categoria - DMT de 1.200 a 1.400 m - caminho de serviço em leito natural - com escavadeira e caminhão basculante de 14 m³","m³",8.6]
[5501907,"Escavação, carga e transporte de material de 1ª categoria - DMT de 1.200 a 1.400 m - caminho de serviço em revestimento primário - com carregadeira e caminhão basculante de 14 m³","m³",10.85]
[5502141,"Escavação, carga e transporte de material de 1ª categoria - DMT de 1.200 a 1.400 m - caminho de serviço em revestimento primário - com escavadeira e caminhão basculante de 14 m³","m³",7.2]
[5501933,"Escavação, carga e transporte de material de 1ª categoria - DMT de 1.200 a 1.400 m - caminho de serviço pavimentado - com carregadeira e caminhão basculante de 14 m³","m³",10.85]
[5502167,"Escavação, carga e transporte de material de 1ª categoria - DMT de 1.200 a 1.400 m - caminho de serviço pavimentado - com escavadeira e caminhão basculante de 14 m³","m³",7.2]
[5501882,"Escavação, carga e transporte de material de 1ª categoria - DMT de 1.400 a 1.600 m - caminho de serviço em leito natural - com carregadeira e caminhão basculante de 14 m³","m³",12.48]
[5502116,"Escavação, carga e transporte de material de 1ª categoria - DMT de 1.400 a 1.600 m - caminho de serviço em leito natural - com escavadeira e caminhão basculante de 14 m³","m³",8.83]
[5501908,"Escavação, carga e transporte de material de 1ª categoria - DMT de 1.400 a 1.600 m - caminho de serviço em revestimento primário - com carregadeira e caminhão basculante de 14 m³","m³",11.03]
[5502142,"Escavação, carga e transporte de material de 1ª categoria - DMT de 1.400 a 1.600 m - caminho de serviço em revestimento primário - com escavadeira e caminhão basculante de 14 m³","m³",7.39]
[5501934,"Escavação, carga e transporte de material de 1ª categoria - DMT de 1.400 a 1.600 m - caminho de serviço pavimentado - com carregadeira e caminhão basculante de 14 m³","m³",10.99]
[5502168,"Escavação, carga e transporte de material de 1ª categoria - DMT de 1.400 a 1.600 m - caminho de serviço pavimentado - com escavadeira e caminhão basculante de 14 m³","m³",7.35]
[5501883,"Escavação, carga e transporte de material de 1ª categoria - DMT de 1.600 a 1.800 m - caminho de serviço em leito natural - com carregadeira e caminhão basculante de 14 m³","m³",12.75]
[5502117,"Escavação, carga e transporte de material de 1ª categoria - DMT de 1.600 a 1.800 m - caminho de serviço em leito natural - com escavadeira e caminhão basculante de 14 m³","m³",9.1199999999999992]
[5501909,"Escavação, carga e transporte de material de 1ª categoria - DMT de 1.600 a 1.800 m - caminho de serviço em revestimento primário - com carregadeira e caminhão basculante de 14 m³","m³",11.22]
[5502143,"Escavação, carga e transporte de material de 1ª categoria - DMT de 1.600 a 1.800 m - caminho de serviço em revestimento primário - com escavadeira e caminhão basculante de 14 m³","m³",7.59]
[5501935,"Escavação, carga e transporte de material de 1ª categoria - DMT de 1.600 a 1.800 m - caminho de serviço pavimentado - com carregadeira e caminhão basculante de 14 m³","m³",11.17]
[5502169,"Escavação, carga e transporte de material de 1ª categoria - DMT de 1.600 a 1.800 m - caminho de serviço pavimentado - com escavadeira e caminhão basculante de 14 m³","m³",7.54]
[5501884,"Escavação, carga e transporte de material de 1ª categoria - DMT de 1.800 a 2.000 m - caminho de serviço em leito natural - com carregadeira e caminhão basculante de 14 m³","m³",13.39]
[5502118,"Escavação, carga e transporte de material de 1ª categoria - DMT de 1.800 a 2.000 m - caminho de serviço em leito natural - com escavadeira e caminhão basculante de 14 m³","m³",9.41]
[5501910,"Escavação, carga e transporte de material de 1ª categoria - DMT de 1.800 a 2.000 m - caminho de serviço em revestimento primário - com carregadeira e caminhão basculante de 14 m³","m³",11.4]
[5502144,"Escavação, carga e transporte de material de 1ª categoria - DMT de 1.800 a 2.000 m - caminho de serviço em revestimento primário - com escavadeira e caminhão basculante de 14 m³","m³",7.73]
[5501936,"Escavação, carga e transporte de material de 1ª categoria - DMT de 1.800 a 2.000 m - caminho de serviço pavimentado - com carregadeira e caminhão basculante de 14 m³","m³",11.31]
[5502170,"Escavação, carga e transporte de material de 1ª categoria - DMT de 1.800 a 2.000 m - caminho de serviço pavimentado - com escavadeira e caminhão basculante de 14 m³","m³",7.68]
[5501885,"Escavação, carga e transporte de material de 1ª categoria - DMT de 2.000 a 2.500 m - caminho de serviço em leito natural - com carregadeira e caminhão basculante de 14 m³","m³",13.89]
[5502119,"Escavação, carga e transporte de material de 1ª categoria - DMT de 2.000 a 2.500 m - caminho de serviço em leito natural - com escavadeira e caminhão basculante de 14 m³","m³",10.28]
[5501911,"Escavação, carga e transporte de material de 1ª categoria - DMT de 2.000 a 2.500 m - caminho de serviço em revestimento primário - com carregadeira e caminhão basculante de 14 m³","m³",12.05]
[5502145,"Escavação, carga e transporte de material de 1ª categoria - DMT de 2.000 a 2.500 m - caminho de serviço em revestimento primário - com escavadeira e caminhão basculante de 14 m³","m³",8.06]
[5501937,"Escavação, carga e transporte de material de 1ª categoria - DMT de 2.000 a 2.500 m - caminho de serviço pavimentado - com carregadeira e caminhão basculante de 14 m³","m³",11.99]
[5502171,"Escavação, carga e transporte de material de 1ª categoria - DMT de 2.000 a 2.500 m - caminho de serviço pavimentado - com escavadeira e caminhão basculante de 14 m³","m³",7.97]
[5501886,"Escavação, carga e transporte de material de 1ª categoria - DMT de 2.500 a 3.000 m - caminho de serviço em leito natural - com carregadeira e caminhão basculante de 14 m³","m³",15]
[5502120,"Escavação, carga e transporte de material de 1ª categoria - DMT de 2.500 a 3.000 m - caminho de serviço em leito natural - com escavadeira e caminhão basculante de 14 m³","m³",11.4]
[5501912,"Escavação, carga e transporte de material de 1ª categoria - DMT de 2.500 a 3.000 m - caminho de serviço em revestimento primário - com carregadeira e caminhão basculante de 14 m³","m³",12.54]
[5502146,"Escavação, carga e transporte de material de 1ª categoria - DMT de 2.500 a 3.000 m - caminho de serviço em revestimento primário - com escavadeira e caminhão basculante de 14 m³","m³",8.9499999999999993]
[5501938,"Escavação, carga e transporte de material de 1ª categoria - DMT de 2.500 a 3.000 m - caminho de serviço pavimentado - com carregadeira e caminhão basculante de 14 m³","m³",12.43]
[5502172,"Escavação, carga e transporte de material de 1ª categoria - DMT de 2.500 a 3.000 m - caminho de serviço pavimentado - com escavadeira e caminhão basculante de 14 m³","m³",8.83]
[5501876,"Escavação, carga e transporte de material de 1ª categoria - DMT de 200 a 400 m - caminho de serviço em leito natural - com carregadeira e caminhão basculante de 14 m³","m³",9.93]
[5502110,"Escavação, carga e transporte de material de 1ª categoria - DMT de 200 a 400 m - caminho de serviço em leito natural - com escavadeira e caminhão basculante de 14 m³","m³",6.26]
[5501902,"Escavação, carga e transporte de material de 1ª categoria - DMT de 200 a 400 m - caminho de serviço em revestimento primário - com carregadeira e caminhão basculante de 14 m³","m³",9.5]
[5502136,"Escavação, carga e transporte de material de 1ª categoria - DMT de 200 a 400 m - caminho de serviço em revestimento primário - com escavadeira e caminhão basculante de 14 m³","m³",5.84]
[5501928,"Escavação, carga e transporte de material de 1ª categoria - DMT de 200 a 400 m - caminho de serviço pavimentado - com carregadeira e caminhão basculante de 14 m³","m³",9.57]
[5502162,"Escavação, carga e transporte de material de 1ª categoria - DMT de 200 a 400 m - caminho de serviço pavimentado - com escavadeira e caminhão basculante de 14 m³","m³",5.92]
[5501877,"Escavação, carga e transporte de material de 1ª categoria - DMT de 400 a 600 m - caminho de serviço em leito natural - com carregadeira e caminhão basculante de 14 m³","m³",10.67]
[5502111,"Escavação, carga e transporte de material de 1ª categoria - DMT de 400 a 600 m - caminho de serviço em leito natural - com escavadeira e caminhão basculante de 14 m³","m³",6.65]
[5501903,"Escavação, carga e transporte de material de 1ª categoria - DMT de 400 a 600 m - caminho de serviço em revestimento primário - com carregadeira e caminhão basculante de 14 m³","m³",9.75]
[5502137,"Escavação, carga e transporte de material de 1ª categoria - DMT de 400 a 600 m - caminho de serviço em revestimento primário - com escavadeira e caminhão basculante de 14 m³","m³",6.07]
[5501929,"Escavação, carga e transporte de material de 1ª categoria - DMT de 400 a 600 m - caminho de serviço pavimentado - com carregadeira e caminhão basculante de 14 m³","m³",9.7899999999999991]
[5502163,"Escavação, carga e transporte de material de 1ª categoria - DMT de 400 a 600 m - caminho de serviço pavimentado - com escavadeira e caminhão basculante de 14 m³","m³",6.11]
[5501875,"Escavação, carga e transporte de material de 1ª categoria - DMT de 50 a 200 m - caminho de serviço em leito natural - com carregadeira e caminhão basculante de 14 m³","m³",9.5]
[5502109,"Escavação, carga e transporte de material de 1ª categoria - DMT de 50 a 200 m - caminho de serviço em leito natural - com escavadeira e caminhão basculante de 14 m³","m³",5.84]
[5501901,"Escavação, carga e transporte de material de 1ª categoria - DMT de 50 a 200 m - caminho de serviço em revestimento primário - com carregadeira e caminhão basculante de 14 m³","m³",8.84]
[5502135,"Escavação, carga e transporte de material de 1ª categoria - DMT de 50 a 200 m - caminho de serviço em revestimento primário - com escavadeira e caminhão basculante de 14 m³","m³",5.15]
[5501927,"Escavação, carga e transporte de material de 1ª categoria - DMT de 50 a 200 m - caminho de serviço pavimentado - com carregadeira e caminhão basculante de 14 m³","m³",9.32]
[5502161,"Escavação, carga e transporte de material de 1ª categoria - DMT de 50 a 200 m - caminho de serviço pavimentado - com escavadeira e caminhão basculante de 14 m³","m³",5.24]
[5501878,"Escavação, carga e transporte de material de 1ª categoria - DMT de 600 a 800 m - caminho de serviço em leito natural - com carregadeira e caminhão basculante de 14 m³","m³",10.99]
[5502112,"Escavação, carga e transporte de material de 1ª categoria - DMT de 600 a 800 m - caminho de serviço em leito natural - com escavadeira e caminhão basculante de 14 m³","m³",7.35]
[5501904,"Escavação, carga e transporte de material de 1ª categoria - DMT de 600 a 800 m - caminho de serviço em revestimento primário - com carregadeira e caminhão basculante de 14 m³","m³",9.93]
[5502138,"Escavação, carga e transporte de material de 1ª categoria - DMT de 600 a 800 m - caminho de serviço em revestimento primário - com escavadeira e caminhão basculante de 14 m³","m³",6.3]
[5501930,"Escavação, carga e transporte de material de 1ª categoria - DMT de 600 a 800 m - caminho de serviço pavimentado - com carregadeira e caminhão basculante de 14 m³","m³",9.9700000000000006]
[5502164,"Escavação, carga e transporte de material de 1ª categoria - DMT de 600 a 800 m - caminho de serviço pavimentado - com escavadeira e caminhão basculante de 14 m³","m³",6.3]
[5501879,"Escavação, carga e transporte de material de 1ª categoria - DMT de 800 a 1.000 m - caminho de serviço em leito natural - com carregadeira e caminhão basculante de 14 m³","m³",11.31]
[5502113,"Escavação, carga e transporte de material de 1ª categoria - DMT de 800 a 1.000 m - caminho de serviço em leito natural - com escavadeira e caminhão basculante de 14 m³","m³",7.63]
[5501905,"Escavação, carga e transporte de material de 1ª categoria - DMT de 800 a 1.000 m - caminho de serviço em revestimento primário - com carregadeira e caminhão basculante de 14 m³","m³",10.15]
[5502139,"Escavação, carga e transporte de material de 1ª categoria - DMT de 800 a 1.000 m - caminho de serviço em revestimento primário - com escavadeira e caminhão basculante de 14 m³","m³",6.49]
[5501931,"Escavação, carga e transporte de material de 1ª categoria - DMT de 800 a 1.000 m - caminho de serviço pavimentado - com carregadeira e caminhão basculante de 14 m³","m³",10.54]
[5502165,"Escavação, carga e transporte de material de 1ª categoria - DMT de 800 a 1.000 m - caminho de serviço pavimentado - com escavadeira e caminhão basculante de 14 m³","m³",6.49]
[5502825,"Escavação, carga e transporte de material de 1ª categoria na distância de 3.000 m - caminho de serviço em leito natural - com carregadeira e caminhão basculante de 14 m³","m³",15.82]
[5502834,"Escavação, carga e transporte de material de 1ª categoria na distância de 3.000 m - caminho de serviço em leito natural - com escavadeira e caminhão basculante de 14 m³","m³",11.86]
[5502826,"Escavação, carga e transporte de material de 1ª categoria na distância de 3.000 m - caminho de serviço em revestimento primário - com carregadeira e caminhão basculante de 14 m³","m³",12.81]
[5502835,"Escavação, carga e transporte de material de 1ª categoria na distância de 3.000 m - caminho de serviço em revestimento primário - com escavadeira e caminhão basculante de 14 m³","m³",9.23]
[5502827,"Escavação, carga e transporte de material de 1ª categoria na distância de 3.000 m - caminho de serviço pavimentado - com carregadeira e caminhão basculante de 14 m³","m³",12.64]
[5502836,"Escavação, carga e transporte de material de 1ª categoria na distância de 3.000 m - caminho de serviço pavimentado - com escavadeira e caminhão basculante de 14 m³","m³",9.06]
[5502356,"Escavação, carga e transporte de material de 2ª categoria - DMT de 1.000 a 1.200 m - caminho de serviço em leito natural - com carregadeira e caminhão basculante de 14 m³","m³",18.3]
[5502590,"Escavação, carga e transporte de material de 2ª categoria - DMT de 1.000 a 1.200 m - caminho de serviço em leito natural - com escavadeira e caminhão basculante de 14 m³","m³",10.71]
[5502382,"Escavação, carga e transporte de material de 2ª categoria - DMT de 1.000 a 1.200 m - caminho de serviço em revestimento primário - com carregadeira e caminhão basculante de 14 m³","m³",16.84]
[5502616,"Escavação, carga e transporte de material de 2ª categoria - DMT de 1.000 a 1.200 m - caminho de serviço em revestimento primário - com escavadeira e caminhão basculante de 14 m³","m³",9.11]
[5502408,"Escavação, carga e transporte de material de 2ª categoria - DMT de 1.000 a 1.200 m - caminho de serviço pavimentado - com carregadeira e caminhão basculante de 14 m³","m³",16.84]
[5502642,"Escavação, carga e transporte de material de 2ª categoria - DMT de 1.000 a 1.200 m - caminho de serviço pavimentado - com escavadeira e caminhão basculante de 14 m³","m³",9.06]
[5502357,"Escavação, carga e transporte de material de 2ª categoria - DMT de 1.200 a 1.400 m - caminho de serviço em leito natural - com carregadeira e caminhão basculante de 14 m³","m³",18.600000000000001]
[5502591,"Escavação, carga e transporte de material de 2ª categoria - DMT de 1.200 a 1.400 m - caminho de serviço em leito natural - com escavadeira e caminhão basculante de 14 m³","m³",11.04]
[5502383,"Escavação, carga e transporte de material de 2ª categoria - DMT de 1.200 a 1.400 m - caminho de serviço em revestimento primário - com carregadeira e caminhão basculante de 14 m³","m³",17.04]
[5502617,"Escavação, carga e transporte de material de 2ª categoria - DMT de 1.200 a 1.400 m - caminho de serviço em revestimento primário - com escavadeira e caminhão basculante de 14 m³","m³",9.26]
[5502409,"Escavação, carga e transporte de material de 2ª categoria - DMT de 1.200 a 1.400 m - caminho de serviço pavimentado - com carregadeira e caminhão basculante de 14 m³","m³",16.989999999999998]
[5502643,"Escavação, carga e transporte de material de 2ª categoria - DMT de 1.200 a 1.400 m - caminho de serviço pavimentado - com escavadeira e caminhão basculante de 14 m³","m³",9.26]
[5502358,"Escavação, carga e transporte de material de 2ª categoria - DMT de 1.400 a 1.600 m - caminho de serviço em leito natural - com carregadeira e caminhão basculante de 14 m³","m³",18.91]
[5502592,"Escavação, carga e transporte de material de 2ª categoria - DMT de 1.400 a 1.600 m - caminho de serviço em leito natural - com escavadeira e caminhão basculante de 14 m³","m³",11.3]
[5502384,"Escavação, carga e transporte de material de 2ª categoria - DMT de 1.400 a 1.600 m - caminho de serviço em revestimento primário - com carregadeira e caminhão basculante de 14 m³","m³",17.239999999999998]
[5502618,"Escavação, carga e transporte de material de 2ª categoria - DMT de 1.400 a 1.600 m - caminho de serviço em revestimento primário - com escavadeira e caminhão basculante de 14 m³","m³",10.18]
[5502410,"Escavação, carga e transporte de material de 2ª categoria - DMT de 1.400 a 1.600 m - caminho de serviço pavimentado - com carregadeira e caminhão basculante de 14 m³","m³",17.190000000000001]
[5502644,"Escavação, carga e transporte de material de 2ª categoria - DMT de 1.400 a 1.600 m - caminho de serviço pavimentado - com escavadeira e caminhão basculante de 14 m³","m³",10.11]
[5502359,"Escavação, carga e transporte de material de 2ª categoria - DMT de 1.600 a 1.800 m - caminho de serviço em leito natural - com carregadeira e caminhão basculante de 14 m³","m³",19.22]
[5502593,"Escavação, carga e transporte de material de 2ª categoria - DMT de 1.600 a 1.800 m - caminho de serviço em leito natural - com escavadeira e caminhão basculante de 14 m³","m³",11.64]
[5502385,"Escavação, carga e transporte de material de 2ª categoria - DMT de 1.600 a 1.800 m - caminho de serviço em revestimento primário - com carregadeira e caminhão basculante de 14 m³","m³",17.43]
[5502619,"Escavação, carga e transporte de material de 2ª categoria - DMT de 1.600 a 1.800 m - caminho de serviço em revestimento primário - com escavadeira e caminhão basculante de 14 m³","m³",10.38]
[5502411,"Escavação, carga e transporte de material de 2ª categoria - DMT de 1.600 a 1.800 m - caminho de serviço pavimentado - com carregadeira e caminhão basculante de 14 m³","m³",17.38]
[5502645,"Escavação, carga e transporte de material de 2ª categoria - DMT de 1.600 a 1.800 m - caminho de serviço pavimentado - com escavadeira e caminhão basculante de 14 m³","m³",10.31]
[5502360,"Escavação, carga e transporte de material de 2ª categoria - DMT de 1.800 a 2.000 m - caminho de serviço em leito natural - com carregadeira e caminhão basculante de 14 m³","m³",19.989999999999998]
[5502594,"Escavação, carga e transporte de material de 2ª categoria - DMT de 1.800 a 2.000 m - caminho de serviço em leito natural - com escavadeira e caminhão basculante de 14 m³","m³",12.63]
[5502386,"Escavação, carga e transporte de material de 2ª categoria - DMT de 1.800 a 2.000 m - caminho de serviço em revestimento primário - com carregadeira e caminhão basculante de 14 m³","m³",18.11]
[5502620,"Escavação, carga e transporte de material de 2ª categoria - DMT de 1.800 a 2.000 m - caminho de serviço em revestimento primário - com escavadeira e caminhão basculante de 14 m³","m³",10.51]
[5502412,"Escavação, carga e transporte de material de 2ª categoria - DMT de 1.800 a 2.000 m - caminho de serviço pavimentado - com carregadeira e caminhão basculante de 14 m³","m³",18.05]
[5502646,"Escavação, carga e transporte de material de 2ª categoria - DMT de 1.800 a 2.000 m - caminho de serviço pavimentado - com escavadeira e caminhão basculante de 14 m³","m³",10.44]
[5502361,"Escavação, carga e transporte de material de 2ª categoria - DMT de 2.000 a 2.500 m - caminho de serviço em leito natural - com carregadeira e caminhão basculante de 14 m³","m³",20.51]
[5502595,"Escavação, carga e transporte de material de 2ª categoria - DMT de 2.000 a 2.500 m - caminho de serviço em leito natural - com escavadeira e caminhão basculante de 14 m³","m³",13.13]
[5502387,"Escavação, carga e transporte de material de 2ª categoria - DMT de 2.000 a 2.500 m - caminho de serviço em revestimento primário - com carregadeira e caminhão basculante de 14 m³","m³",18.48]
[5502621,"Escavação, carga e transporte de material de 2ª categoria - DMT de 2.000 a 2.500 m - caminho de serviço em revestimento primário - com escavadeira e caminhão basculante de 14 m³","m³",10.91]
[5502413,"Escavação, carga e transporte de material de 2ª categoria - DMT de 2.000 a 2.500 m - caminho de serviço pavimentado - com carregadeira e caminhão basculante de 14 m³","m³",18.36]
[5502647,"Escavação, carga e transporte de material de 2ª categoria - DMT de 2.000 a 2.500 m - caminho de serviço pavimentado - com escavadeira e caminhão basculante de 14 m³","m³",10.77]
[5502362,"Escavação, carga e transporte de material de 2ª categoria - DMT de 2.500 a 3.000 m - caminho de serviço em leito natural - com carregadeira e caminhão basculante de 14 m³","m³",21.91]
[5502596,"Escavação, carga e transporte de material de 2ª categoria - DMT de 2.500 a 3.000 m - caminho de serviço em leito natural - com escavadeira e caminhão basculante de 14 m³","m³",13.96]
[5502388,"Escavação, carga e transporte de material de 2ª categoria - DMT de 2.500 a 3.000 m - caminho de serviço em revestimento primário - com carregadeira e caminhão basculante de 14 m³","m³",18.97]
[5502622,"Escavação, carga e transporte de material de 2ª categoria - DMT de 2.500 a 3.000 m - caminho de serviço em revestimento primário - com escavadeira e caminhão basculante de 14 m³","m³",11.44]
[5502414,"Escavação, carga e transporte de material de 2ª categoria - DMT de 2.500 a 3.000 m - caminho de serviço pavimentado - com carregadeira e caminhão basculante de 14 m³","m³",18.850000000000001]
[5502648,"Escavação, carga e transporte de material de 2ª categoria - DMT de 2.500 a 3.000 m - caminho de serviço pavimentado - com escavadeira e caminhão basculante de 14 m³","m³",11.3]
[5502352,"Escavação, carga e transporte de material de 2ª categoria - DMT de 200 a 400 m - caminho de serviço em leito natural - com carregadeira e caminhão basculante de 14 m³","m³",16.399999999999999]
[5502586,"Escavação, carga e transporte de material de 2ª categoria - DMT de 200 a 400 m - caminho de serviço em leito natural - com escavadeira e caminhão basculante de 14 m³","m³",8.67]
[5502378,"Escavação, carga e transporte de material de 2ª categoria - DMT de 200 a 400 m - caminho de serviço em revestimento primário - com carregadeira e caminhão basculante de 14 m³","m³",15.41]
[5502612,"Escavação, carga e transporte de material de 2ª categoria - DMT de 200 a 400 m - caminho de serviço em revestimento primário - com escavadeira e caminhão basculante de 14 m³","m³",8.17]
[5502404,"Escavação, carga e transporte de material de 2ª categoria - DMT de 200 a 400 m - caminho de serviço pavimentado - com carregadeira e caminhão basculante de 14 m³","m³",15.49]
[5502638,"Escavação, carga e transporte de material de 2ª categoria - DMT de 200 a 400 m - caminho de serviço pavimentado - com escavadeira e caminhão basculante de 14 m³","m³",8.27]
[5502353,"Escavação, carga e transporte de material de 2ª categoria - DMT de 400 a 600 m - caminho de serviço em leito natural - com carregadeira e caminhão basculante de 14 m³","m³",16.79]
[5502587,"Escavação, carga e transporte de material de 2ª categoria - DMT de 400 a 600 m - caminho de serviço em leito natural - com escavadeira e caminhão basculante de 14 m³","m³",9.06]
[5502379,"Escavação, carga e transporte de material de 2ª categoria - DMT de 400 a 600 m - caminho de serviço em revestimento primário - com carregadeira e caminhão basculante de 14 m³","m³",15.71]
[5502613,"Escavação, carga e transporte de material de 2ª categoria - DMT de 400 a 600 m - caminho de serviço em revestimento primário - com escavadeira e caminhão basculante de 14 m³","m³",8.4700000000000006]
[5502405,"Escavação, carga e transporte de material de 2ª categoria - DMT de 400 a 600 m - caminho de serviço pavimentado - com carregadeira e caminhão basculante de 14 m³","m³",16.25]
[5502639,"Escavação, carga e transporte de material de 2ª categoria - DMT de 400 a 600 m - caminho de serviço pavimentado - com escavadeira e caminhão basculante de 14 m³","m³",8.52]
[5502351,"Escavação, carga e transporte de material de 2ª categoria - DMT de 50 a 200 m - caminho de serviço em leito natural - com carregadeira e caminhão basculante de 14 m³","m³",15.41]
[5502585,"Escavação, carga e transporte de material de 2ª categoria - DMT de 50 a 200 m - caminho de serviço em leito natural - com escavadeira e caminhão basculante de 14 m³","m³",8.17]
[5502377,"Escavação, carga e transporte de material de 2ª categoria - DMT de 50 a 200 m - caminho de serviço em revestimento primário - com carregadeira e caminhão basculante de 14 m³","m³",15.12]
[5502611,"Escavação, carga e transporte de material de 2ª categoria - DMT de 50 a 200 m - caminho de serviço em revestimento primário - com escavadeira e caminhão basculante de 14 m³","m³",7.87]
[5502403,"Escavação, carga e transporte de material de 2ª categoria - DMT de 50 a 200 m - caminho de serviço pavimentado - com carregadeira e caminhão basculante de 14 m³","m³",15.23]
[5502637,"Escavação, carga e transporte de material de 2ª categoria - DMT de 50 a 200 m - caminho de serviço pavimentado - com escavadeira e caminhão basculante de 14 m³","m³",7.97]
[5502187,"Escavação, carga e transporte de material de 2ª categoria - DMT de 50 m","m³",7.19]
[5502354,"Escavação, carga e transporte de material de 2ª categoria - DMT de 600 a 800 m - caminho de serviço em leito natural - com carregadeira e caminhão basculante de 14 m³","m³",17.190000000000001]
[5502588,"Escavação, carga e transporte de material de 2ª categoria - DMT de 600 a 800 m - caminho de serviço em leito natural - com escavadeira e caminhão basculante de 14 m³","m³",10.11]
[5502380,"Escavação, carga e transporte de material de 2ª categoria - DMT de 600 a 800 m - caminho de serviço em revestimento primário - com carregadeira e caminhão basculante de 14 m³","m³",16.45]
[5502614,"Escavação, carga e transporte de material de 2ª categoria - DMT de 600 a 800 m - caminho de serviço em revestimento primário - com escavadeira e caminhão basculante de 14 m³","m³",8.67]
[5502406,"Escavação, carga e transporte de material de 2ª categoria - DMT de 600 a 800 m - caminho de serviço pavimentado - com carregadeira e caminhão basculante de 14 m³","m³",16.45]
[5502640,"Escavação, carga e transporte de material de 2ª categoria - DMT de 600 a 800 m - caminho de serviço pavimentado - com escavadeira e caminhão basculante de 14 m³","m³",8.7200000000000006]
[5502355,"Escavação, carga e transporte de material de 2ª categoria - DMT de 800 a 1.000 m - caminho de serviço em leito natural - com carregadeira e caminhão basculante de 14 m³","m³",17.48]
[5502589,"Escavação, carga e transporte de material de 2ª categoria - DMT de 800 a 1.000 m - caminho de serviço em leito natural - com escavadeira e caminhão basculante de 14 m³","m³",10.44]
[5502381,"Escavação, carga e transporte de material de 2ª categoria - DMT de 800 a 1.000 m - caminho de serviço em revestimento primário - com carregadeira e caminhão basculante de 14 m³","m³",16.649999999999999]
[5502615,"Escavação, carga e transporte de material de 2ª categoria - DMT de 800 a 1.000 m - caminho de serviço em revestimento primário - com escavadeira e caminhão basculante de 14 m³","m³",8.92]
[5502407,"Escavação, carga e transporte de material de 2ª categoria - DMT de 800 a 1.000 m - caminho de serviço pavimentado - com carregadeira e caminhão basculante de 14 m³","m³",16.649999999999999]
[5502641,"Escavação, carga e transporte de material de 2ª categoria - DMT de 800 a 1.000 m - caminho de serviço pavimentado - com escavadeira e caminhão basculante de 14 m³","m³",8.92]
[5502880,"Escavação, carga e transporte de material de 2ª categoria na distância de 3.000 m - caminho de serviço em leito natural - com escavadeira e caminhão basculante de 14 m³","m³",15.09]
[5502857,"Escavação, carga e transporte de material de 2ª categoria na distância de 3.000 m - caminho de serviço em leito natural com carregadeira e caminhão basculante de 14 m³","m³",22.35]
[5502881,"Escavação, carga e transporte de material de 2ª categoria na distância de 3.000 m - caminho de serviço em revestimento primário - com escavadeira e caminhão basculante de 14 m³","m³",11.7]
[5502859,"Escavação, carga e transporte de material de 2ª categoria na distância de 3.000 m - caminho de serviço pavimentado - com carregadeira e caminhão basculante de 14 m³","m³",19.09]
[5502882,"Escavação, carga e transporte de material de 2ª categoria na distância de 3.000 m - caminho de serviço pavimentado - com escavadeira e caminhão basculante de 14 m³","m³",11.57]
[5502858,"Escavação, carga e transporte de material de 2ª categoria na distância de 3.000 m -caminho de serviço com revestimento primário com carregadeira e caminhão basculante de 14 m³","m³",19.77]
[5502747,"Escavação, carga e transporte de material de 3ª categoria - DMT de 1.000 a 1.200 m - caminho de serviço em leito natural com caminhão basculante de 12 m³","m³",46.8]
[5502773,"Escavação, carga e transporte de material de 3ª categoria - DMT de 1.000 a 1.200 m - caminho de serviço em revestimento primário - com caminhão basculante de 12 m³","m³",45.26]
[5502799,"Escavação, carga e transporte de material de 3ª categoria - DMT de 1.000 a 1.200 m - caminho de serviço pavimentado - com caminhão basculante de 12 m³","m³",44.78]
[5502748,"Escavação, carga e transporte de material de 3ª categoria - DMT de 1.200 a 1.400 m - caminho de serviço em leito natural com caminhão basculante de 12 m³","m³",47.29]
[5502774,"Escavação, carga e transporte de material de 3ª categoria - DMT de 1.200 a 1.400 m - caminho de serviço em revestimento primário - com caminhão basculante de 12 m³","m³",45.55]
[5502800,"Escavação, carga e transporte de material de 3ª categoria - DMT de 1.200 a 1.400 m - caminho de serviço pavimentado - com caminhão basculante de 12 m³","m³",45.07]
[5502749,"Escavação, carga e transporte de material de 3ª categoria - DMT de 1.400 a 1.600 m - caminho de serviço em leito natural com caminhão basculante de 12 m³","m³",47.67]
[5502775,"Escavação, carga e transporte de material de 3ª categoria - DMT de 1.400 a 1.600 m - caminho de serviço em revestimento primário - com caminhão basculante de 12 m³","m³",45.84]
[5502801,"Escavação, carga e transporte de material de 3ª categoria - DMT de 1.400 a 1.600 m - caminho de serviço pavimentado - com caminhão basculante de 12 m³","m³",45.26]
[5502750,"Escavação, carga e transporte de material de 3ª categoria - DMT de 1.600 a 1.800 m - caminho de serviço em leito natural com caminhão basculante de 12 m³","m³",49.71]
[5502776,"Escavação, carga e transporte de material de 3ª categoria - DMT de 1.600 a 1.800 m - caminho de serviço em revestimento primário - com caminhão basculante de 12 m³","m³",46.13]
[5502802,"Escavação, carga e transporte de material de 3ª categoria - DMT de 1.600 a 1.800 m - caminho de serviço pavimentado - com caminhão basculante de 12 m³","m³",45.55]
[5502751,"Escavação, carga e transporte de material de 3ª categoria - DMT de 1.800 a 2.000 m - caminho de serviço em leito natural com caminhão basculante de 12 m³","m³",50.22]
[5502777,"Escavação, carga e transporte de material de 3ª categoria - DMT de 1.800 a 2.000 m - caminho de serviço em revestimento primário - com caminhão basculante de 12 m³","m³",46.42]
[5502803,"Escavação, carga e transporte de material de 3ª categoria - DMT de 1.800 a 2.000 m - caminho de serviço pavimentado - com caminhão basculante de 12 m³","m³",45.74]
[5502752,"Escavação, carga e transporte de material de 3ª categoria - DMT de 2.000 a 2.500 m - caminho de serviço em leito natural com caminhão basculante de 12 m³","m³",51]
[5502778,"Escavação, carga e transporte de material de 3ª categoria - DMT de 2.000 a 2.500 m - caminho de serviço em revestimento primário - com caminhão basculante de 12 m³","m³",47]
[5502804,"Escavação, carga e transporte de material de 3ª categoria - DMT de 2.000 a 2.500 m - caminho de serviço pavimentado - com caminhão basculante de 12 m³","m³",46.22]
[5502753,"Escavação, carga e transporte de material de 3ª categoria - DMT de 2.500 a 3.000 m - caminho de serviço em leito natural com caminhão basculante de 12 m³","m³",52.28]
[5502779,"Escavação, carga e transporte de material de 3ª categoria - DMT de 2.500 a 3.000 m - caminho de serviço em revestimento primário - com caminhão basculante de 12 m³","m³",49.45]
[5502805,"Escavação, carga e transporte de material de 3ª categoria - DMT de 2.500 a 3.000 m - caminho de serviço pavimentado - com caminhão basculante de 12 m³","m³",46.9]
[5502743,"Escavação, carga e transporte de material de 3ª categoria - DMT de 200 a 400 m - caminho de serviço em leito natural com caminhão basculante de 12 m³","m³",44.58]
[5502769,"Escavação, carga e transporte de material de 3ª categoria - DMT de 200 a 400 m - caminho de serviço em revestimento primário - com caminhão basculante de 12 m³","m³",42.29]
[5502795,"Escavação, carga e transporte de material de 3ª categoria - DMT de 200 a 400 m - caminho de serviço pavimentado - com caminhão basculante de 12 m³","m³",42.1]
[5502744,"Escavação, carga e transporte de material de 3ª categoria - DMT de 400 a 600 m - caminho de serviço em leito natural com caminhão basculante de 12 m³","m³",45.26]
[5502770,"Escavação, carga e transporte de material de 3ª categoria - DMT de 400 a 600 m - caminho de serviço em revestimento primário - com caminhão basculante de 12 m³","m³",42.74]
[5502796,"Escavação, carga e transporte de material de 3ª categoria - DMT de 400 a 600 m - caminho de serviço pavimentado - com caminhão basculante de 12 m³","m³",42.42]
[5502742,"Escavação, carga e transporte de material de 3ª categoria - DMT de 50 a 200 m - caminho de serviço em leito natural com caminhão basculante de 12 m³","m³",42.29]
[5502768,"Escavação, carga e transporte de material de 3ª categoria - DMT de 50 a 200 m - caminho de serviço em revestimento primário - com caminhão basculante de 12 m³","m³",41.84]
[5502794,"Escavação, carga e transporte de material de 3ª categoria - DMT de 50 a 200 m - caminho de serviço pavimentado - com caminhão basculante de 12 m³","m³",41.65]
[5502745,"Escavação, carga e transporte de material de 3ª categoria - DMT de 600 a 800 m - caminho de serviço em leito natural com caminhão basculante de 12 m³","m³",45.84]
[5502771,"Escavação, carga e transporte de material de 3ª categoria - DMT de 600 a 800 m - caminho de serviço em revestimento primário - com caminhão basculante de 12 m³","m³",44.68]
[5502797,"Escavação, carga e transporte de material de 3ª categoria - DMT de 600 a 800 m - caminho de serviço pavimentado - com caminhão basculante de 12 m³","m³",42.67]
[5502746,"Escavação, carga e transporte de material de 3ª categoria - DMT de 800 a 1.000 m - caminho de serviço em leito natural com caminhão basculante de 12 m³","m³",46.32]
[5502772,"Escavação, carga e transporte de material de 3ª categoria - DMT de 800 a 1.000 m - caminho de serviço em revestimento primário - com caminhão basculante de 12 m³","m³",44.97]
[5502798,"Escavação, carga e transporte de material de 3ª categoria - DMT de 800 a 1.000 m - caminho de serviço pavimentado - com caminhão basculante de 12 m³","m³",43]
[5502886,"Escavação, carga e transporte de material de 3ª categoria na distância de 3.000 m - caminho de serviço em leito natural com caminhão basculante de 12 m³","m³",54.58]
[5502887,"Escavação, carga e transporte de material de 3ª categoria na distância de 3.000 m - caminho de serviço em revestimento primário - com caminhão basculante de 12 m³","m³",49.84]
[5502888,"Escavação, carga e transporte de material de 3ª categoria na distância de 3.000 m - caminho de serviço pavimentado - com caminhão basculante de 12 m³","m³",47.29]
[5502820,"Escavação, carga e transporte de solos moles - DMT de 0 a 50 m","m³",6.6]
[5502904,"Escavação, carga e transporte de solos moles - DMT de 1.000 a 1.200 m - caminho de serviço em leito natural - com caminhão basculante de 14 m³","m³",19.97]
[5502930,"Escavação, carga e transporte de solos moles - DMT de 1.000 a 1.200 m - caminho de serviço em revestimento primário - com caminhão basculante de 14 m³","m³",18.91]
[5502956,"Escavação, carga e transporte de solos moles - DMT de 1.000 a 1.200 m - caminho de serviço pavimentado - com caminhão basculante de 14 m³","m³",18.52]
[5502905,"Escavação, carga e transporte de solos moles - DMT de 1.200 a 1.400 m - caminho de serviço em leito natural - com caminhão basculante de 14 m³","m³",22.3]
[5502931,"Escavação, carga e transporte de solos moles - DMT de 1.200 a 1.400 m - caminho de serviço em revestimento primário - com caminhão basculante de 14 m³","m³",19.100000000000001]
[5502957,"Escavação, carga e transporte de solos moles - DMT de 1.200 a 1.400 m - caminho de serviço pavimentado - com caminhão basculante de 14 m³","m³",18.71]
[5502906,"Escavação, carga e transporte de solos moles - DMT de 1.400 a 1.600 m - caminho de serviço em leito natural - com caminhão basculante de 14 m³","m³",22.59]
[5502932,"Escavação, carga e transporte de solos moles - DMT de 1.400 a 1.600 m - caminho de serviço em revestimento primário - com caminhão basculante de 14 m³","m³",19.29]
[5502958,"Escavação, carga e transporte de solos moles - DMT de 1.400 a 1.600 m - caminho de serviço pavimentado - com caminhão basculante de 14 m³","m³",18.91]
[5502907,"Escavação, carga e transporte de solos moles - DMT de 1.600 a 1.800 m - caminho de serviço em leito natural - com caminhão basculante de 14 m³","m³",23.03]
[5502933,"Escavação, carga e transporte de solos moles - DMT de 1.600 a 1.800 m - caminho de serviço em revestimento primário - com caminhão basculante de 14 m³","m³",19.579999999999998]
[5502959,"Escavação, carga e transporte de solos moles - DMT de 1.600 a 1.800 m - caminho de serviço pavimentado - com caminhão basculante de 14 m³","m³",19.100000000000001]
[5502908,"Escavação, carga e transporte de solos moles - DMT de 1.800 a 2.000 m - caminho de serviço em leito natural - com caminhão basculante de 14 m³","m³",23.32]
[5502934,"Escavação, carga e transporte de solos moles - DMT de 1.800 a 2.000 m - caminho de serviço em revestimento primário - com caminhão basculante de 14 m³","m³",19.78]
[5502960,"Escavação, carga e transporte de solos moles - DMT de 1.800 a 2.000 m - caminho de serviço pavimentado - com caminhão basculante de 14 m³","m³",19.2]
[5502909,"Escavação, carga e transporte de solos moles - DMT de 2.000 a 2.500 m - caminho de serviço em leito natural - com caminhão basculante de 14 m³","m³",23.9]
[5502935,"Escavação, carga e transporte de solos moles - DMT de 2.000 a 2.500 m - caminho de serviço em revestimento primário - com caminhão basculante de 14 m³","m³",20.16]
[5502961,"Escavação, carga e transporte de solos moles - DMT de 2.000 a 2.500 m - caminho de serviço pavimentado - com caminhão basculante de 14 m³","m³",19.579999999999998]
[5502910,"Escavação, carga e transporte de solos moles - DMT de 2.500 a 3.000 m - caminho de serviço em leito natural - com caminhão basculante de 14 m³","m³",24.92]
[5502936,"Escavação, carga e transporte de solos moles - DMT de 2.500 a 3.000 m - caminho de serviço em revestimento primário - com caminhão basculante de 14 m³","m³",22.74]
[5502962,"Escavação, carga e transporte de solos moles - DMT de 2.500 a 3.000 m - caminho de serviço pavimentado - com caminhão basculante de 14 m³","m³",20.07]
[5502900,"Escavação, carga e transporte de solos moles - DMT de 200 a 400 m - caminho de serviço em leito natural - com caminhão basculante de 14 m³","m³",18.420000000000002]
[5502926,"Escavação, carga e transporte de solos moles - DMT de 200 a 400 m - caminho de serviço em revestimento primário - com caminhão basculante de 14 m³","m³",17.84]
[5502952,"Escavação, carga e transporte de solos moles - DMT de 200 a 400 m - caminho de serviço pavimentado - com caminhão basculante de 14 m³","m³",17.649999999999999]
[5502901,"Escavação, carga e transporte de solos moles - DMT de 400 a 600 m - caminho de serviço em leito natural - com caminhão basculante de 14 m³","m³",18.809999999999999]
[5502927,"Escavação, carga e transporte de solos moles - DMT de 400 a 600 m - caminho de serviço em revestimento primário - com caminhão basculante de 14 m³","m³",18.13]
[5502953,"Escavação, carga e transporte de solos moles - DMT de 400 a 600 m - caminho de serviço pavimentado - com caminhão basculante de 14 m³","m³",17.940000000000001]
[5502899,"Escavação, carga e transporte de solos moles - DMT de 50 a 200 m - caminho de serviço em leito natural - com caminhão basculante de 14 m³","m³",17.84]
[5502925,"Escavação, carga e transporte de solos moles - DMT de 50 a 200 m - caminho de serviço em revestimento primário - com caminhão basculante de 14 m³","m³",17.55]
[5502951,"Escavação, carga e transporte de solos moles - DMT de 50 a 200 m - caminho de serviço pavimentado - com caminhão basculante de 14 m³","m³",17.36]
[5502902,"Escavação, carga e transporte de solos moles - DMT de 600 a 800 m - caminho de serviço em leito natural - com caminhão basculante de 14 m³","m³",19.29]
[5502928,"Escavação, carga e transporte de solos moles - DMT de 600 a 800 m - caminho de serviço em revestimento primário - com caminhão basculante de 14 m³","m³",18.420000000000002]
[5502954,"Escavação, carga e transporte de solos moles - DMT de 600 a 800 m - caminho de serviço pavimentado - com caminhão basculante de 14 m³","m³",18.13]
[5502903,"Escavação, carga e transporte de solos moles - DMT de 800 a 1.000 m - caminho de serviço em leito natural - com caminhão basculante de 14 m³","m³",19.579999999999998]
[5502929,"Escavação, carga e transporte de solos moles - DMT de 800 a 1.000 m - caminho de serviço em revestimento primário - com caminhão basculante de 14 m³","m³",18.62]
[5502955,"Escavação, carga e transporte de solos moles - DMT de 800 a 1.000 m - caminho de serviço pavimentado - com caminhão basculante de 14 m³","m³",18.32]
[5502889,"Escavação, carga e transporte de solos moles na distância de 3.000 m - caminho de serviço em leito natural - com caminhão basculante de 14 m³","m³",25.35]
[5502996,"Escavação, carga e transporte de solos moles na distância de 3.000 m - caminho de serviço em revestimento primário - com caminhão basculante de 14 m³","m³",23.03]
[5502997,"Escavação, carga e transporte de solos moles na distância de 3.000 m - caminho de serviço pavimentado - com caminhão basculante de 14 m³","m³",22.3]
[5501716,"Escavação, carga e transporte em material de 1ª categoria - DMT de 1.000 a 1.200 m com motoscraper","m³",20.9]
[5501717,"Escavação, carga e transporte em material de 1ª categoria - DMT de 1.200 a 1.400 m com motoscraper","m³",23.57]
[5501712,"Escavação, carga e transporte em material de 1ª categoria - DMT de 200 a 400 m com motoscraper","m³",12.1]
[5501713,"Escavação, carga e transporte em material de 1ª categoria - DMT de 400 a 600 m com motoscraper","m³",13.42]
[5501711,"Escavação, carga e transporte em material de 1ª categoria - DMT de 50 a 200 m com motoscraper","m³",9.68]
[5501710,"Escavação, carga e transporte em material de 1ª categoria - DMT de 50 m","m³",2.78]
[5501714,"Escavação, carga e transporte em material de 1ª categoria - DMT de 600 a 800 m com motoscraper","m³",15.81]
[5501715,"Escavação, carga e transporte em material de 1ª categoria - DMT de 800 a 1.000 m com motoscraper","m³",18.23]
[5502986,"Expurgo de jazida","m³",3.15]
[5502977,"Fragmentação de blocos de rocha com escavadeira e rompedor hidráulico 1.700 kg","m³",8.93]
[5502985,"Limpeza mecanizada da camada vegetal","m²",0.56000000000000005]
[5503018,"Manutenção de caminho de serviço","km",65.790000000000006]
[5505768,"Pré-fissuramento de material de 3ª categoria","m²",87.62]
[5503020,"Umedecimento de caminho de serviço","km",287.51]
[5605798,"Chumbador de aço CA-50 - D = 20 mm com perfuratriz sobre pneus - ancorado na rocha com cartucho de cimento - fornecimento, perfuração e instalação","m",92.21]
[5605925,"Chumbador de aço CA-50 - D = 20 mm com perfuratriz sobre pneus - ancorado na rocha com injeção de nata de cimento - fornecimento, perfuração e instalação","m",85.97]
[5605799,"Chumbador de aço CA-50 - D = 22 mm com perfuratriz sobre pneus - ancorado na rocha com cartucho de cimento - fornecimento, perfuração e instalação","m",102.93]
[5605800,"Chumbador de aço CA-50 - D = 25 mm com perfuratriz sobre pneus - ancorado na rocha com cartucho de cimento - fornecimento, perfuração e instalação","m",116.86]
[5613944,"Chumbador de aço CA-50 - D = 32 mm com martelete perfurador manual - ancorado na rocha com cartucho de cimento - fornecimento, perfuração e instalação","m",136.26]
[5605894,"Grampo de aço CA-50 D = 12,5 mm para solo grampeado com capacidade de 30 kN - fornecimento, perfuração e instalação","m",51.66]
[5605895,"Grampo de aço CA-50 D = 16 mm para solo grampeado com capacidade de 50 kN - fornecimento, perfuração e instalação","m",55.85]
[5605896,"Grampo de aço CA-50 D = 20 mm para solo grampeado com capacidade de 80 kN - fornecimento, perfuração e instalação","m",62.17]
[5605911,"Perfuração para tirante permanente protendido autoinjetável em material de 1ª categoria com diâmetro de até 120 mm","m",41.57]
[5605912,"Perfuração para tirante permanente protendido autoinjetável em material de 2ª categoria com diâmetro de até 87 mm","m",68.48]
[5605938,"Perfuração para tirantes em material de 1ª categoria com diâmetro de até 120 mm","m",23.99]
[5605939,"Perfuração para tirantes em material de 2ª categoria com diâmetro de até 120 mm","m",28.83]
[5605940,"Perfuração para tirantes em material de 3ª categoria com diâmetro de até 120 mm","m",64.760000000000005]
[5605942,"Pintura eletrostática com tinta em pó à base de resina epóxi - E = 200 µm","m²",52]
[5605955,"Protensão de tirante com 10 cordoalhas D = 12,7 mm aço CP 190 RB, com capacidade de 860 kN - inclusive ancoragem e grauteamento da cabeça","un",705.22]
[5605956,"Protensão de tirante com 12 cordoalhas D = 12,7 mm aço CP 190 RB, com capacidade de 1.040 kN - inclusive ancoragem e grauteamento da cabeça","un",848.36]
[5605953,"Protensão de tirante com 6 cordoalhas D = 12,7 mm aço CP 190 RB, com capacidade de 520 kN - inclusive ancoragem e grauteamento da cabeça","un",499.98]
[5605954,"Protensão de tirante com 8 cordoalhas D = 12,7 mm aço CP 190 RB, com capacidade de 690 kN - inclusive ancoragem e grauteamento da cabeça","un",609.55999999999995]
[5605909,"Protensão de tirante permanente autoinjetável de aço D = 40 mm, seção de 684 mm², tensão de escoamento = 440 MPa e tensão de ruptura = 580 MPa - inclusive ancoragem e grauteamento da cabeça","un",470.2]
[5605908,"Protensão de tirante permanente autoinjetável de aço D = 40 mm, seção de 822 mm², tensão de escoamento = 470 MPa e tensão de ruptura = 600 MPa - inclusive ancoragem e grauteamento da cabeça","un",470.2]
[5605907,"Protensão de tirante permanente autoinjetável de aço D = 40 mm, seção de 936 mm², tensão de escoamento = 700 MPa e tensão de ruptura = 830 MPa - inclusive ancoragem e grauteamento da cabeça","un",501.92]
[5605906,"Protensão de tirante permanente autoinjetável de aço D = 50 mm, seção de 1.330 mm², tensão de escoamento = 630 MPa e tensão de ruptura = 740 MPa - inclusive ancoragem e grauteamento da cabeça","un",605]
[5605905,"Protensão de tirante permanente autoinjetável de aço D = 50 mm, seção de 1.569 mm², tensão de escoamento = 630 MPa e tensão de ruptura = 740 MP - inclusive ancoragem e grauteamento da cabeça","un",704.25]
[5605944,"Protensão de tirante permanente protendido de aço D = 30 mm, tensão de escoamento = 600 MPa e tensão de ruptura = 720 MPa - inclusive ancoragem e grauteamento da cabeça","un",422.08]
[5605910,"Protensão de tirante permanente protendido de aço D = 32 mm, tensão de escoamento = 520 MPa e tensão de ruptura = 690 MPa - inclusive ancoragem e grauteamento da cabeça","un",496.51]
[5605945,"Protensão de tirante permanente protendido de aço D = 32 mm, tensão de escoamento = 950 MPa e tensão de ruptura = 1.050 MPa - inclusive ancoragem e grauteamento da cabeça","un",527.77]
[5605946,"Protensão de tirante permanente protendido de aço D = 40 mm, tensão de escoamento = 600 MPa e tensão de ruptura = 720 MPa - inclusive ancoragem e grauteamento da cabeça","un",501.92]
[5605947,"Protensão de tirante permanente protendido de aço D = 44 mm, tensão de escoamento = 680 MPa e tensão de ruptura = 870 MPa - inclusive ancoragem e grauteamento da cabeça","un",563.59]
[5605948,"Protensão de tirante permanente protendido de aço D = 50 mm, tensão de escoamento = 600 MPa e tensão de ruptura = 720 MPa - inclusive ancoragem e grauteamento da cabeça","un",704.25]
[5605949,"Protensão de tirante permanente protendido de aço D = 53 mm, tensão de escoamento = 600 MPa e tensão de ruptura = 720 MPa - inclusive ancoragem e grauteamento da cabeça","un",1003.25]
[5605950,"Protensão de tirante permanente protendido de aço D = 57 mm, tensão de escoamento = 600 MPa e tensão de ruptura = 720 MPa - inclusive ancoragem e grauteamento da cabeça","un",1028.26]
[5605951,"Protensão de tirante permanente protendido de aço D = 63 mm, tensão de escoamento = 600 MPa e tensão de ruptura = 720 MPa - inclusive ancoragem e grauteamento da cabeça","un",1628.44]
[5605952,"Protensão de tirante permanente protendido de aço D = 69 mm, tensão de escoamento = 600 MPa e tensão de ruptura = 720 MPa - inclusive ancoragem e grauteamento da cabeça","un",2474.91]
[5605932,"Tirante de barra de aço ancorado na rocha com resina de poliéster, D = 19 mm, tensão de escoamento = 700 MPa e tensão de ruptura = 800 MPa - fornecimento, perfuração e instalação","m",131.16]
[5605934,"Tirante de barra de aço ancorado na rocha com resina de poliéster, D = 22 mm, tensão de escoamento = 700 MPa e tensão de ruptura = 800 MPa - fornecimento, perfuração e instalação","m",141.79]
[5605928,"Tirante de barra de aço ancorado na rocha com resina de poliéster, D = 25 mm, tensão de escoamento = 520 MPa e tensão de ruptura = 690 MPa - fornecimento, perfuração e instalação","m",169.25]
[5605935,"Tirante de barra de aço ancorado na rocha com resina de poliéster, D = 25 mm, tensão de escoamento = 700 MPa, tensão de ruptura = 800 MPa - fornecimento, perfuração e instalação","m",155.66]
[5605936,"Tirante de barra de aço ancorado na rocha com resina de poliéster, D = 32 mm, tensão de escoamento = 700 MPa, tensão de ruptura = 800 MPa - fornecimento, perfuração e instalação","m",236.54]
[5605937,"Tirante de barra de aço ancorado na rocha com resina de poliéster, D = 36 mm, tensão de escoamento = 700 MPa e tensão de ruptura = 800 MPa - fornecimento, perfuração e instalação","m",292.37]
[5605957,"Tirante permanente protendido autoinjetável de aço D = 40 mm, seção de 684 mm², tensão de escoamento = 440 MPa e tensão de ruptura = 580 MPa - exceto perfuração","m",212.15]
[5605958,"Tirante permanente protendido autoinjetável de aço D = 40 mm, seção de 822 mm², tensão de escoamento = 470 MPa e tensão de ruptura = 600 MPa - exceto perfuração","m",243.27]
[5605959,"Tirante permanente protendido autoinjetável de aço D = 40 mm, seção de 936 mm², tensão de escoamento = 700 MPa e tensão de ruptura = 830 MPa - exceto perfuração","m",295.33999999999997]
[5605960,"Tirante permanente protendido autoinjetável de aço D = 50 mm, seção de 1.330 mm², tensão de escoamento = 630 MPa e tensão de ruptura = 740 MPa - exceto perfuração","m",387.21]
[5605961,"Tirante permanente protendido autoinjetável de aço D = 50 mm, seção de 1.569 mm², tensão de escoamento = 630 MPa e tensão de ruptura = 740 MPa - exceto perfuração","m",441.97]
[5605885,"Tirante permanente protendido com 10 cordoalhas D = 12,7 mm, aço CP 190 RB, com capacidade de 860 kN - exceto perfuração","m",225.63]
[5605886,"Tirante permanente protendido com 12 cordoalhas D = 12,7 mm, aço CP 190 RB, com capacidade de 1.030 kN - exceto perfuração","m",244.82]
[5605883,"Tirante permanente protendido com 6 cordoalhas D = 12,7 mm, aço CP 190 RB, com capacidade de 510 kN - exceto perfuração","m",182.56]
[5605884,"Tirante permanente protendido com 8 cordoalhas D = 12,7 mm, aço CP 190 RB, com capacidade de 690 kN - exceto perfuração","m",201.74]
[5605962,"Tirante permanente protendido de aço D = 30 mm, tensão de escoamento = 600 MPa e tensão de ruptura = 720 MPa - exceto perfuração","m",153.34]
[5605881,"Tirante permanente protendido de aço D = 32 mm, tensão de escoamento = 520 MPa e tensão de ruptura = 690 MPa - exceto perfuração","m",223.19]
[5605882,"Tirante permanente protendido de aço D = 32 mm, tensão de escoamento = 950 MPa e tensão de ruptura = 1.050 MPa - exceto perfuração","m",376.78]
[5605963,"Tirante permanente protendido de aço D = 40 mm, tensão de escoamento = 600 MPa e tensão de ruptura = 720 MPa - exceto perfuração","m",241.97]
[5605964,"Tirante permanente protendido de aço D = 44 mm, tensão de escoamento = 680 MPa e tensão de ruptura = 870 MPa - exceto perfuração","m",309.74]
[5605965,"Tirante permanente protendido de aço D = 50 mm, tensão de escoamento = 600 MPa e tensão de ruptura = 720 MPa - exceto perfuração","m",366.09]
[5605966,"Tirante permanente protendido de aço D = 53mm, tensão de escoamento = 600 MPa e tensão de ruptura = 720 MPa - exceto perfuração","m",407.72]
[5605967,"Tirante permanente protendido de aço D = 57 mm, tensão de escoamento = 600 MPa e tensão de ruptura = 720 MPa - exceto perfuração","m",458.52]
[5605968,"Tirante permanente protendido de aço D = 63 mm, tensão de escoamento = 600 MPa e tensão de ruptura = 720 MPa - exceto perfuração","m",561.4]
[5605969,"Tirante permanente protendido de aço D = 69 mm, tensão de escoamento = 600 MPa e tensão de ruptura = 720 MPa - exceto perfuração","m",679.88]
[5909130,"Carga e manobra de aduelas de concreto pré-moldadas em cavalo mecânico com semirreboque 22 t - carga com caminhão guindauto de 45 t.m","t",25.16]
[5914703,"Carga e manobra de brita para lastro com locomotiva diesel-elétrica em vagão hopper aberto com capacidade de 45 m³ - carga com carregadeira e descarga automática - bitola métrica","t",5.65]
[5914704,"Carga e manobra de brita para lastro com locomotiva diesel-elétrica em vagão hopper aberto com capacidade de 63 m³ - carga com carregadeira e descarga automática - bitola larga","t",5.75]
[5914710,"Carga e manobra de dormentes de concreto de bitola larga com locomotiva diesel-elétrica e vagão plataforma com capacidade de 98 t - carga com carregadeira - bitola larga","t",11.03]
[5914711,"Carga e manobra de dormentes de concreto de bitola métrica com locomotiva diesel-elétrica e vagão plataforma com capacidade de 82 t - carga com carregadeira - bitola métrica","t",9.8800000000000008]
[5914712,"Carga e manobra de dormentes de concreto de bitola mista com locomotiva diesel-elétrica e vagão plataforma com capacidade de 98 t - carga com carregadeira - bitola larga","t",10]
[5915369,"Carga, descarga e manobra de vigas pré-moldadas de 1.000 a 1.250 kN em cavalo mecânico com reboques de 5 e 4 eixos com capacidade de 130 t","un",7988.93]
[5915401,"Carga, descarga e manobra de vigas pré-moldadas de 500 a 750 kN em cavalo mecânico com dollys de 3 e 4 eixos com capacidade de 77 t","un",7344.2]
[5915402,"Carga, descarga e manobra de vigas pré-moldadas de 750 a 1.000 kN em cavalo mecânico com dollys de 5 e 4 eixos com capacidade de 111 t","un",4320.3500000000004]
[5915400,"Carga, descarga e manobra de vigas pré-moldadas de até 500 kN em cavalo mecânico com dolly de 4 eixos com capacidade de 57 t","un",3879.94]
[5914651,"Carga, manobra e descarga de agregados ou solos em caminhão basculante de 10 m³ - carga com carregadeira de 3,40 m³ (exclusa) e descarga em distribuidor autopropelido","t",2.6]
[5914648,"Carga, manobra e descarga de agregados ou solos em caminhão basculante de 10 m³ - carga com carregadeira de 3,40 m³ (exclusa) e descarga em distribuidor rebocável","t",7.85]
[5914647,"Carga, manobra e descarga de agregados ou solos em caminhão basculante de 10 m³ - carga com carregadeira de 3,40 m³ (exclusa) e descarga livre","t",1.81]
[5915411,"Carga, manobra e descarga de agregados ou solos em caminhão basculante de 10 m³ - carga com carregadeira de 3,40 m³ e descarga em distribuidor autopropelido","t",3.59]
[5915409,"Carga, manobra e descarga de agregados ou solos em caminhão basculante de 10 m³ - carga com carregadeira de 3,40 m³ e descarga em distribuidor rebocável","t",8.84]
[5915407,"Carga, manobra e descarga de agregados ou solos em caminhão basculante de 10 m³ - carga com carregadeira de 3,40 m³ e descarga livre","t",2.8]
[5914354,"Carga, manobra e descarga de agregados ou solos em caminhão basculante de 10 m³ - carga com escavadeira de 1,56 m³ (exclusa) e descarga livre","t",1.88]
[5915406,"Carga, manobra e descarga de agregados ou solos em caminhão basculante de 10 m³ - carga em usina de 60 t/h (PMF) e descarga livre","t",9.57]
[5914652,"Carga, manobra e descarga de agregados ou solos em caminhão basculante de 10 m³ - carga em usina de solos de 300 t/h e descarga em distribuidor autopropelido","t",3.47]
[5915417,"Carga, manobra e descarga de agregados ou solos em caminhão basculante de 10 m³ - carga em usina de solos de 300 t/h e descarga em vibroacabadora","t",5.48]
[5915414,"Carga, manobra e descarga de agregados ou solos em caminhão basculante de 10 m³ - carga em usina de solos de 300 t/h e descarga livre","t",2.87]
[5914351,"Carga, manobra e descarga de agregados ou solos em caminhão basculante de 14 m³ - carga com carregadeira de 3,40 m³ e descarga livre","t",2.67]
[5914645,"Carga, manobra e descarga de agregados ou solos em caminhão basculante de 6 m³ - carga com carregadeira de 1,72 m³ (exclusa) e descarga em distribuidor autopropelido","t",2.81]
[5914642,"Carga, manobra e descarga de agregados ou solos em caminhão basculante de 6 m³ - carga com carregadeira de 1,72 m³ (exclusa) e descarga em distribuidor rebocável","t",5.46]
[5914641,"Carga, manobra e descarga de agregados ou solos em caminhão basculante de 6 m³ - carga com carregadeira de 1,72 m³ (exclusa) e descarga livre","t",1.95]
[5915456,"Carga, manobra e descarga de agregados ou solos em caminhão basculante de 6 m³ - carga com carregadeira de 1,72 m³ e descarga em distribuidor autopropelido","t",3.71]
[5915454,"Carga, manobra e descarga de agregados ou solos em caminhão basculante de 6 m³ - carga com carregadeira de 1,72 m³ e descarga em distribuidor rebocável","t",6.36]
[5915399,"Carga, manobra e descarga de agregados ou solos em caminhão basculante de 6 m³ - carga com carregadeira de 1,72 m³ e descarga livre","t",2.85]
[5914353,"Carga, manobra e descarga de agregados ou solos em caminhão basculante de 6 m³ - carga com escavadeira de 1,56 m³ (exclusa) e descarga livre","t",1.46]
[5915470,"Carga, manobra e descarga de agregados ou solos em caminhão basculante de 6 m³ - carga com escavadeira de 1,56 m³ e descarga livre","t",2.13]
[5915459,"Carga, manobra e descarga de agregados ou solos em caminhão basculante de 6 m³ - carga com minicarregadeira de 0,45 m³ e descarga livre","t",7.32]
[5915476,"Carga, manobra e descarga de agregados ou solos em caminhão basculante de 6 m³ - carga manual e descarga livre","t",27.57]
[5914702,"Carga, manobra e descarga de barras de trilho de 12 m com locomotiva diesel-elétrica em vagão plataforma com capacidade de 82 t - carga e descarga com carregadeira - bitola métrica","t",14.68]
[5914701,"Carga, manobra e descarga de barras de trilho de 12 m com locomotiva diesel-elétrica em vagão plataforma com capacidade de 98 t - carga e descarga com carregadeira - bitola larga","t",15.21]
[5915018,"Carga, manobra e descarga de barras de trilho de 12 m em cavalo mecânico com semirreboque com capacidade de 30 t - carga e descarga com carregadeira","t",9.64]
[5906592,"Carga, manobra e descarga de blocos artificiais de concreto com 10 a 12 t para molhe em cavalo mecânico com semirreboque com capacidade de 30 t - carga e descarga com guindaste com pinça","un",32.81]
[5906591,"Carga, manobra e descarga de blocos artificiais de concreto com 8 a 9 t para molhe em cavalo mecânico com semirreboque com capacidade de 30 t - carga e descarga com guindaste com pinça","un",31.2]
[5914653,"Carga, manobra e descarga de blocos de rocha em caminhão basculante de 8 m³ - carga com carregadeira de 1,72 m³ (exclusa) e descarga livre","t",3.46]
[5915405,"Carga, manobra e descarga de blocos de rocha em caminhão basculante de 8 m³ - carga com carregadeira de 1,72 m³ e descarga livre","t",5.62]
[5914657,"Carga, manobra e descarga de blocos de rocha em caminhão basculante de 8 m³ - carga com retroescavadeira de 0,29 m³ e descarga livre","t",17.09]
[5914363,"Carga, manobra e descarga de cimento ou cal hidratada a granel em caminhão silo de 30 m³","t",17.41]
[5914646,"Carga, manobra e descarga de concreto asfáltico com borracha em caminhão basculante de 10 m³ - carga em usina de asfalto 100/140 t/h e descarga em vibroacabadora","t",8.9]
[5919535,"Carga, manobra e descarga de concreto com caminhão betoneira - carga em central de concreto de 30 m³/h e descarga em extrusora de barreira de concreto","t",19.07]
[5919533,"Carga, manobra e descarga de concreto com caminhão betoneira - carga em central de concreto de 30 m³/h e descarga em extrusora de meio-fio","t",63.79]
[5919534,"Carga, manobra e descarga de concreto com caminhão betoneira - carga em central de concreto de 30 m³/h e descarga em extrusora de sarjeta","t",58.25]
[5909007,"Carga, manobra e descarga de concreto com caminhão betoneira - carga em central de concreto de 30 m³/h e descarga livre","t",17.63]
[5919538,"Carga, manobra e descarga de concreto com caminhão betoneira - carga em central de concreto de 40 m³/h e descarga livre","t",14.88]
[5919540,"Carga, manobra e descarga de concreto de cimento em caminhão basculante de 7 m³ - carga em central de concreto de 150 m³/h e descarga em vibroacabadora","t",3.38]
[5914705,"Carga, manobra e descarga de dormentes de concreto de bitola larga com locomotiva diesel-elétrica e vagão plataforma com capacidade de 98 t - carga e descarga com carregadeira - bitola larga","t",22.05]
[5914706,"Carga, manobra e descarga de dormentes de concreto de bitola métrica com locomotiva diesel-elétrica e vagão plataforma com capacidade de 82 t - carga e descarga com carregadeira - bitola métrica","t",19.760000000000002]
[5914707,"Carga, manobra e descarga de dormentes de concreto de bitola mista com locomotiva diesel-elétrica e vagão plataforma com capacidade de 98 t - carga e descarga com carregadeira - bitola larga","t",20]
[5914677,"Carga, manobra e descarga de dormentes de madeira com locomotiva diesel-elétrica em vagão plataforma com capacidade de 82 t - carga e descarga com carregadeira - bitola métrica","t",29.47]
[5914676,"Carga, manobra e descarga de dormentes de madeira com locomotiva diesel-elétrica em vagão plataforma com capacidade de 98 t - carga e descarga com carregadeira - bitola larga","t",25.1]
[5915016,"Carga, manobra e descarga de dormentes de madeira de bitola larga ou mista em cavalo mecânico com semirreboque com capacidade de 30 t - carga e descarga com carregadeira","t",15.5]
[5915017,"Carga, manobra e descarga de dormentes de madeira de bitola métrica em cavalo mecânico com semirreboque com capacidade de 30 t - carga e descarga com carregadeira","t",18.75]
[5914678,"Carga, manobra e descarga de jogo de dormentes de concreto para AMV de bitola larga ou mista, qualquer abertura, com locomotiva diesel-elétrica em vagão plataforma com capacidade de 98 t - carga e descarga com carregadeira - bitola larga","t",35.65]
[5914679,"Carga, manobra e descarga de jogo de dormentes de concreto para AMV de bitola métrica, qualquer abertura, com locomotiva diesel-elétrica em vagão plataforma com capacidade de 82 t - carga e descarga com carregadeira - bitola métrica","t",56.19]
[5914681,"Carga, manobra e descarga de jogo de dormentes de madeira para AMV bitola métrica, qualquer abertura, com locomotiva diesel-elétrica em vagão plataforma com capacidade de 82 t - carga e descarga com carregadeira - bitola métrica","t",67.040000000000006]
[5914680,"Carga, manobra e descarga de jogo de dormentes de madeira para AMV de bitola larga ou mista, qualquer abertura, com locomotiva diesel-elétrica em vagão plataforma com capacidade de 98 t - carga e descarga com carregadeira - bitola larga","t",47.16]
[5915015,"Carga, manobra e descarga de materiais diversos em caminhão carroceria com capacidade de 11 t e com guindauto de 45 t.m","t",20.05]
[5915373,"Carga, manobra e descarga de materiais diversos em caminhão carroceria com capacidade de 7 t e com guindauto de 20 t.m","t",17.489999999999998]
[5914333,"Carga, manobra e descarga de materiais diversos em caminhão carroceria de 15 t - carga e descarga com caminhão guindauto de 20 t.m","t",31.73]
[5914655,"Carga, manobra e descarga de materiais diversos em caminhão carroceria de 15 t - carga e descarga manuais","t",31.55]
[5915474,"Carga, manobra e descarga de materiais diversos em caminhão carroceria de 5 t - carga e descarga manuais","t",28.97]
[5914654,"Carga, manobra e descarga de materiais diversos em caminhão carroceria de 9 t - carga e descarga manuais","t",26.19]
[5914686,"Carga, manobra e descarga de materiais metálicos e acessórios diversos com locomotiva diesel-elétrica em vagão fechado com capacidade de 64 t - carga e descarga com carregadeira - bitola métrica","t",24.83]
[5914685,"Carga, manobra e descarga de materiais metálicos e acessórios diversos com locomotiva diesel-elétrica em vagão fechado com capacidade de 99 t - carga e descarga com carregadeira - bitola larga","t",25.26]
[5914682,"Carga, manobra e descarga de materiais metálicos para AMV de bitola larga, qualquer abertura, com locomotiva diesel-elétrica em vagão plataforma com capacidade de 98 t - carga e descarga com carregadeira - bitola larga","t",32.450000000000003]
[5915019,"Carga, manobra e descarga de materiais metálicos para AMV de bitola larga, qualquer abertura, em cavalo mecânico com semirreboque com capacidade de 30 t - carga e descarga com carregadeira","t",13.14]
[5914683,"Carga, manobra e descarga de materiais metálicos para AMV de bitola métrica, qualquer abertura, com locomotiva diesel-elétrica em vagão plataforma com capacidade de 82 t - carga e descarga com carregadeira - bitola métrica","t",36.869999999999997]
[5915020,"Carga, manobra e descarga de materiais metálicos para AMV de bitola métrica, qualquer abertura, em cavalo mecânico com semirreboque com capacidade de 30 t - carga e descarga com carregadeira","t",15.11]
[5914684,"Carga, manobra e descarga de materiais metálicos para AMV de bitola mista, qualquer abertura, com locomotiva diesel-elétrica e vagão plataforma com capacidade de 98 t - carga e descarga com carregadeira","t",28.12]
[5915021,"Carga, manobra e descarga de materiais metálicos para AMV de bitola mista, qualquer abertura, em cavalo mecânico com semirreboque com capacidade de 30 t - carga e descarga com carregadeira","t",11.39]
[5914675,"Carga, manobra e descarga de material demolido em caminhão basculante de 6 m³ - carga com carregadeira de 1,72 m³ e descarga livre","t",3.02]
[5915433,"Carga, manobra e descarga de material demolido em caminhão basculante de 6 m³ - carga manual e descarga livre","t",33.340000000000003]
[5914304,"Carga, manobra e descarga de material fresado em caminhão basculante de 10 m³ - fresagem contínua em espessura de 3 cm - carga com fresadora e descarga livre","t",3.64]
[5914305,"Carga, manobra e descarga de material fresado em caminhão basculante de 10 m³ - fresagem contínua em espessura de 4 cm - carga com fresadora e descarga livre","t",3.58]
[5915440,"Carga, manobra e descarga de material fresado em caminhão basculante de 10 m³ - fresagem contínua em espessura de 5 cm - carga com fresadora e descarga livre","t",3.2]
[5914306,"Carga, manobra e descarga de material fresado em caminhão basculante de 10 m³ - fresagem contínua em espessura de 6 cm - carga com fresadora e descarga livre","t",2.98]
[5914307,"Carga, manobra e descarga de material fresado em caminhão basculante de 10 m³ - fresagem contínua em espessura de 7 cm - carga com fresadora e descarga livre","t",2.82]
[5914308,"Carga, manobra e descarga de material fresado em caminhão basculante de 10 m³ - fresagem contínua em espessura de 8 cm - carga com fresadora e descarga livre","t",2.73]
[5914309,"Carga, manobra e descarga de material fresado em caminhão basculante de 10 m³ - fresagem descontínua em espessura de 3 cm - carga com fresadora e descarga livre","t",6.04]
[5914310,"Carga, manobra e descarga de material fresado em caminhão basculante de 10 m³ - fresagem descontínua em espessura de 4 cm - carga com fresadora e descarga livre","t",5.04]
[5914352,"Carga, manobra e descarga de material fresado em caminhão basculante de 10 m³ - fresagem descontínua em espessura de 5 cm - carga com fresadora e descarga livre","t",4.49]
[5914311,"Carga, manobra e descarga de material fresado em caminhão basculante de 10 m³ - fresagem descontínua em espessura de 6 cm - carga com fresadora e descarga livre","t",4.13]
[5914312,"Carga, manobra e descarga de material fresado em caminhão basculante de 10 m³ - fresagem descontínua em espessura de 7 cm - carga com fresadora e descarga livre","t",3.91]
[5914313,"Carga, manobra e descarga de material fresado em caminhão basculante de 10 m³ - fresagem descontínua em espessura de 8 cm - carga com fresadora e descarga livre","t",3.74]
[5914339,"Carga, manobra e descarga de material fresado em caminhão basculante de 6 m³ - fresagem descontínua em espessura de 5 cm - carga com fresadora e descarga livre","t",9.24]
[5914650,"Carga, manobra e descarga de mistura betuminosa a frio em caminhão basculante de 10 m³ - carga em usina de 60 t/h (PMF) e descarga em vibroacabadora","t",11.48]
[5914358,"Carga, manobra e descarga de mistura betuminosa a frio em caminhão basculante de 6 m³ - carga em usina de 60 t/h (PMF) e descarga em vibroacabadora","t",8.7100000000000009]
[5915421,"Carga, manobra e descarga de mistura betuminosa a frio em caminhão basculante de 6 m³ - carga em usina de 60 t/h (PMF) e descarga manual","t",24.91]
[5914649,"Carga, manobra e descarga de mistura betuminosa a quente em caminhão basculante de 10 m³ - carga em usina de asfalto 100/140 t/h e descarga em vibroacabadora","t",7.96]
[5914643,"Carga, manobra e descarga de mistura betuminosa a quente em caminhão basculante de 6 m³ - carga em usina de asfalto 100/140 t/h e descarga em vibroacabadora","t",5.27]
[5914328,"Carga, manobra e descarga de mistura betuminosa a quente em caminhão basculante de 6 m³ - carga em usina de asfalto 100/140 t/h e descarga manual","t",25.76]
[5914610,"Carga, manobra e descarga de mistura betuminosa a quente em caminhão com caçamba térmica de 6 m³ - carga em usina de asfalto de 100/140 t/h e descarga manual","t",35.15]
[5915408,"Carga, manobra e descarga de mistura reciclada com espuma de asfalto em caminhão basculante de 10 m³ - carga em usina de reciclagem a frio e descarga em vibroacabadora","t",5.74]
[5915306,"Carga, manobra e descarga de tetrápodes em cavalo mecânico com semirreboque com capacidade de 30 t - carga e descarga com guindaste","un",35.83]
[5914708,"Carga, manobra e descarga de TLS de TR45 de 120 m com locomotiva diesel-elétrica em vagão plataforma com capacidade de 82 t - carga e descarga com manipulador de TLS - bitola métrica","t",41.13]
[5914687,"Carga, manobra e descarga de TLS de TR45 de 120 m com locomotiva diesel-elétrica em vagão plataforma com capacidade de 98 t - carga e descarga com manipulador de TLS - bitola larga","t",41.57]
[5914709,"Carga, manobra e descarga de TLS de TR45 de 240 m com locomotiva diesel-elétrica em vagão plataforma com capacidade de 82 t - carga e descarga com manipulador de TLS - bitola métrica","t",45.27]
[5914688,"Carga, manobra e descarga de TLS de TR45 de 240 m com locomotiva diesel-elétrica em vagão plataforma com capacidade de 98 t - carga e descarga com manipulador de TLS - bitola larga","t",45.18]
[5914695,"Carga, manobra e descarga de TLS de TR57 de 120 m com locomotiva diesel-elétrica em vagão plataforma com capacidade de 82 t - carga e descarga com manipulador de TLS - bitola métrica","t",32.28]
[5914689,"Carga, manobra e descarga de TLS de TR57 de 120 m com locomotiva diesel-elétrica em vagão plataforma com capacidade de 98 t - carga e descarga com manipulador de TLS - bitola larga","t",32.619999999999997]
[5914696,"Carga, manobra e descarga de TLS de TR57 de 240 m com locomotiva diesel-elétrica em vagão plataforma com capacidade de 82 t - carga e descarga com manipulador de TLS - bitola métrica","t",35.520000000000003]
[5914690,"Carga, manobra e descarga de TLS de TR57 de 240 m com locomotiva diesel-elétrica em vagão plataforma com capacidade de 98 t - carga e descarga com manipulador de TLS - bitola larga","t",35.450000000000003]
[5914697,"Carga, manobra e descarga de TLS de TR68 de 120 m com locomotiva diesel-elétrica em vagão plataforma com capacidade de 82 t - carga e descarga com manipulador de TLS - bitola métrica","t",27.25]
[5914691,"Carga, manobra e descarga de TLS de TR68 de 120 m com locomotiva diesel-elétrica em vagão plataforma com capacidade de 98 t - carga e descarga com manipulador de TLS - bitola larga","t",27.54]
[5914698,"Carga, manobra e descarga de TLS de TR68 de 240 m com locomotiva diesel-elétrica em vagão plataforma com capacidade de 82 t - carga e descarga com manipulador de TLS - bitola métrica","t",29.98]
[5914692,"Carga, manobra e descarga de TLS de TR68 de 240 m com locomotiva diesel-elétrica em vagão plataforma com capacidade de 98 t - carga e descarga com manipulador de TLS - bitola larga","t",29.93]
[5914699,"Carga, manobra e descarga de TLS de UIC60 de 120 m com locomotiva diesel-elétrica em vagão plataforma com capacidade de 82 t - carga e descarga com manipulador de TLS - bitola métrica","t",30.5]
[5914693,"Carga, manobra e descarga de TLS de UIC60 de 120 m com locomotiva diesel-elétrica em vagão plataforma com capacidade de 98 t - carga e descarga com manipulador de TLS - bitola larga","t",30.83]
[5914700,"Carga, manobra e descarga de TLS de UIC60 de 240 m com locomotiva diesel-elétrica em vagão plataforma com capacidade de 82 t - carga e descarga com manipulador de TLS - bitola métrica","t",33.57]
[5914694,"Carga, manobra e descarga de TLS de UIC60 de 240 m com locomotiva diesel-elétrica em vagão plataforma com capacidade de 98 t - carga e descarga com manipulador de TLS - bitola larga","t",33.51]
[5915441,"Carga, manobra e descarga de trituração de galhos e troncos em caminhão basculante de 6 m³ - carga com trituradora e descarga livre","t",97.85]
[5901639,"Transporte com caminhão basculante com caçamba estanque com capacidade de 14 m³ - rodovia em leito natural","tkm",0.89]
[5901638,"Transporte com caminhão basculante com caçamba estanque com capacidade de 14 m³ - rodovia em revestimento primário","tkm",0.71]
[5901640,"Transporte com caminhão basculante com caçamba estanque com capacidade de 14 m³ - rodovia pavimentada","tkm",0.65]
[5914359,"Transporte com caminhão basculante de 10 m³ - rodovia em leito natural","tkm",1.25]
[5914374,"Transporte com caminhão basculante de 10 m³ - rodovia em revestimento primário","tkm",1]
[5914389,"Transporte com caminhão basculante de 10 m³ - rodovia pavimentada","tkm",0.82]
[5915319,"Transporte com caminhão basculante de 14 m³ - rodovia em leito natural","tkm",0.89]
[5915320,"Transporte com caminhão basculante de 14 m³ - rodovia em revestimento primário","tkm",0.71]
[5915321,"Transporte com caminhão basculante de 14 m³ - rodovia pavimentada","tkm",0.65]
[5914314,"Transporte com caminhão basculante de 6 m³ - rodovia em leito natural","tkm",1.24]
[5914329,"Transporte com caminhão basculante de 6 m³ - rodovia em revestimento primário","tkm",0.99]
[5914344,"Transporte com caminhão basculante de 6 m³ - rodovia pavimentada","tkm",0.81]
[5914539,"Transporte com caminhão betoneira - rodovia em leito natural","tkm",0.97]
[5914554,"Transporte com caminhão betoneira - rodovia em revestimento primário","tkm",0.78]
[5914569,"Transporte com caminhão betoneira - rodovia pavimentada","tkm",0.64]
[5915012,"Transporte com caminhão carroceria com capacidade de 11 t e com guindauto de 45 t.m - rodovia em leito natural","tkm",2.02]
[5915013,"Transporte com caminhão carroceria com capacidade de 11 t e com guindauto de 45 t.m - rodovia em revestimento primário","tkm",1.61]
[5915014,"Transporte com caminhão carroceria com capacidade de 11 t e com guindauto de 45 t.m - rodovia pavimentada","tkm",1.32]
[5914584,"Transporte com caminhão carroceria com capacidade de 7 t e com guindauto de 20 t.m - rodovia em leito natural","tkm",2.61]
[5914599,"Transporte com caminhão carroceria com capacidade de 7 t e com guindauto de 20 t.m - rodovia em revestimento primário","tkm",2.09]
[5914614,"Transporte com caminhão carroceria com capacidade de 7 t e com guindauto de 20 t.m - rodovia pavimentada","tkm",1.72]
[5914581,"Transporte com caminhão carroceria com capacidade de 9 t e com guindauto de 10 t.m - rodovia em leito natural","tkm",2.3199999999999998]
[5914582,"Transporte com caminhão carroceria com capacidade de 9 t e com guindauto de 10 t.m - rodovia em revestimento primário","tkm",1.85]
[5914583,"Transporte com caminhão carroceria com capacidade de 9 t e com guindauto de 10 t.m - rodovia pavimentada","tkm",1.52]
[5914449,"Transporte com caminhão carroceria de 15 t - rodovia em leito natural","tkm",1.04]
[5914464,"Transporte com caminhão carroceria de 15 t - rodovia em revestimento primário","tkm",0.83]
[5914479,"Transporte com caminhão carroceria de 15 t - rodovia pavimentada","tkm",0.68]
[5915322,"Transporte com caminhão carroceria de 5 t - rodovia em leito natural","tkm",1.76]
[5915323,"Transporte com caminhão carroceria de 5 t - rodovia em revestimento primário","tkm",1.41]
[5915324,"Transporte com caminhão carroceria de 5 t - rodovia pavimentada","tkm",1.1499999999999999]
[5914404,"Transporte com caminhão carroceria de 9 t - rodovia em leito natural","tkm",1.1200000000000001]
[5914419,"Transporte com caminhão carroceria de 9 t - rodovia em revestimento primário","tkm",0.89]
[5914434,"Transporte com caminhão carroceria de 9 t - rodovia pavimentada","tkm",0.73]
[5914635,"Transporte com cavalo mecânico com semirreboque com capacidade de 22 t - rodovia em leito natural","tkm",1.08]
[5914636,"Transporte com cavalo mecânico com semirreboque com capacidade de 22 t - rodovia em revestimento primário","tkm",0.86]
[5914637,"Transporte com cavalo mecânico com semirreboque com capacidade de 22 t - rodovia pavimentada","tkm",0.71]
[5914638,"Transporte com cavalo mecânico com semirreboque com capacidade de 30 t - rodovia em leito natural","tkm",0.86]
[5914639,"Transporte com cavalo mecânico com semirreboque com capacidade de 30 t - rodovia em revestimento primário","tkm",0.69]
[5914640,"Transporte com cavalo mecânico com semirreboque com capacidade de 30 t - rodovia pavimentada","tkm",0.56000000000000005]
[5915466,"Transporte de água com caminhão tanque de 10.000 l - rodovia em leito natural","tkm",1.95]
[5915467,"Transporte de água com caminhão tanque de 10.000 l - rodovia em revestimento primário","tkm",1.56]
[5915468,"Transporte de água com caminhão tanque de 10.000 l - rodovia pavimentada","tkm",1.28]
[5914617,"Transporte de água com caminhão tanque de 13.000 l - rodovia em leito natural","tkm",1.51]
[5914618,"Transporte de água com caminhão tanque de 13.000 l - rodovia em revestimento primário","tkm",1.21]
[5914619,"Transporte de água com caminhão tanque de 13.000 l - rodovia pavimentada","tkm",0.99]
[5915451,"Transporte de água com caminhão tanque de 6.000 l - rodovia em leito natural","tkm",2.5099999999999998]
[5915452,"Transporte de água com caminhão tanque de 6.000 l - rodovia em revestimento primário","tkm",2.0099999999999998]
[5915453,"Transporte de água com caminhão tanque de 6.000 l - rodovia pavimentada","tkm",1.65]
[5915448,"Transporte de água com caminhão tanque de 8.000 l - rodovia em leito natural","tkm",1.93]
[5915449,"Transporte de água com caminhão tanque de 8.000 l - rodovia em revestimento primário","tkm",1.54]
[5915450,"Transporte de água com caminhão tanque de 8.000 l - rodovia pavimentada","tkm",1.26]
[5901641,"Transporte de areia fina com draga hopper - capacidade da cisterna de 1.000 m³","m³km",1.29]
[5901642,"Transporte de areia fina com draga hopper - capacidade da cisterna de 10.000 m³","m³km",0.35]
[5901643,"Transporte de areia fina com draga hopper - capacidade da cisterna de 15.000 m³","m³km",0.33]
[5901644,"Transporte de areia fina com draga hopper - capacidade da cisterna de 2.000 m³","m³km",0.78]
[5901645,"Transporte de areia fina com draga hopper - capacidade da cisterna de 20.000 m³","m³km",0.32]
[5901646,"Transporte de areia fina com draga hopper - capacidade da cisterna de 3.000 m³","m³km",0.62]
[5901647,"Transporte de areia fina com draga hopper - capacidade da cisterna de 4.000 m³","m³km",0.54]
[5901648,"Transporte de areia fina com draga hopper - capacidade da cisterna de 5.000 m³","m³km",0.48]
[5901649,"Transporte de areia fina com draga hopper - capacidade da cisterna de 750 m³","m³km",1.86]
[5901650,"Transporte de areia grossa com draga hopper - capacidade da cisterna de 1.000 m³","m³km",1.26]
[5901651,"Transporte de areia grossa com draga hopper - capacidade da cisterna de 10.000 m³","m³km",0.34]
[5901652,"Transporte de areia grossa com draga hopper - capacidade da cisterna de 15.000 m³","m³km",0.32]
[5901653,"Transporte de areia grossa com draga hopper - capacidade da cisterna de 2.000 m³","m³km",0.76]
[5901654,"Transporte de areia grossa com draga hopper - capacidade da cisterna de 20.000 m³","m³km",0.31]
[5901655,"Transporte de areia grossa com draga hopper - capacidade da cisterna de 3.000 m³","m³km",0.61]
[5901656,"Transporte de areia grossa com draga hopper - capacidade da cisterna de 4.000 m³","m³km",0.53]
[5901657,"Transporte de areia grossa com draga hopper - capacidade da cisterna de 5.000 m³","m³km",0.47]
[5901658,"Transporte de areia grossa com draga hopper - capacidade da cisterna de 750 m³","m³km",1.81]
[5901659,"Transporte de areia média com draga hopper - capacidade da cisterna de 1.000 m³","m³km",1.27]
[5901660,"Transporte de areia média com draga hopper - capacidade da cisterna de 10.000 m³","m³km",0.35]
[5901661,"Transporte de areia média com draga hopper - capacidade da cisterna de 15.000 m³","m³km",0.33]
[5901662,"Transporte de areia média com draga hopper - capacidade da cisterna de 2.000 m³","m³km",0.77]
[5901663,"Transporte de areia média com draga hopper - capacidade da cisterna de 20.000 m³","m³km",0.32]
[5901664,"Transporte de areia média com draga hopper - capacidade da cisterna de 3.000 m³","m³km",0.61]
[5901665,"Transporte de areia média com draga hopper - capacidade da cisterna de 4.000 m³","m³km",0.53]
[5901666,"Transporte de areia média com draga hopper - capacidade da cisterna de 5.000 m³","m³km",0.47]
[5901667,"Transporte de areia média com draga hopper - capacidade da cisterna de 750 m³","m³km",1.83]
[5914511,"Transporte de barras de trilho de 12 m com locomotiva diesel-elétrica em vagão plataforma com capacidade de 82 t - bitola métrica","tkm",0.27]
[5914510,"Transporte de barras de trilho de 12 m com locomotiva diesel-elétrica em vagão plataforma com capacidade de 98 t - bitola larga","tkm",0.25]
[5906597,"Transporte de blocos artificiais de concreto com 10 a 12 t para a execução de molhe com cavalo mecânico com semirreboque com capacidade de 30 t - rodovia em leito natural","unkm",12.65]
[5906598,"Transporte de blocos artificiais de concreto com 10 a 12 t para a execução de molhe com cavalo mecânico com semirreboque com capacidade de 30 t - rodovia em revestimento primário","unkm",10.119999999999999]
[5906599,"Transporte de blocos artificiais de concreto com 10 a 12 t para a execução de molhe com cavalo mecânico com semirreboque com capacidade de 30 t - rodovia pavimentada","unkm",8.3000000000000007]
[5906594,"Transporte de blocos artificiais de concreto com 8 a 9 t para a execução de molhe com cavalo mecânico com semirreboque com capacidade de 30 t - rodovia em leito natural","unkm",8.43]
[5906595,"Transporte de blocos artificiais de concreto com 8 a 9 t para a execução de molhe com cavalo mecânico com semirreboque com capacidade de 30 t - rodovia em revestimento primário","unkm",6.75]
[5906596,"Transporte de blocos artificiais de concreto com 8 a 9 t para a execução de molhe com cavalo mecânico com semirreboque com capacidade de 30 t - rodovia pavimentada","unkm",5.53]
[5901668,"Transporte de cascalho com draga hopper - capacidade da cisterna de 1.000 m³","m³km",1.3]
[5901669,"Transporte de cascalho com draga hopper - capacidade da cisterna de 10.000 m³","m³km",0.36]
[5901670,"Transporte de cascalho com draga hopper - capacidade da cisterna de 15.000 m³","m³km",0.33]
[5901671,"Transporte de cascalho com draga hopper - capacidade da cisterna de 2.000 m³","m³km",0.79]
[5901672,"Transporte de cascalho com draga hopper - capacidade da cisterna de 20.000 m³","m³km",0.33]
[5901673,"Transporte de cascalho com draga hopper - capacidade da cisterna de 3.000 m³","m³km",0.63]
[5901674,"Transporte de cascalho com draga hopper - capacidade da cisterna de 4.000 m³","m³km",0.55000000000000004]
[5901675,"Transporte de cascalho com draga hopper - capacidade da cisterna de 5.000 m³","m³km",0.48]
[5901676,"Transporte de cascalho com draga hopper - capacidade da cisterna de 750 m³","m³km",1.88]
[5901677,"Transporte de cascalho fino com draga hopper - capacidade da cisterna de 1.000 m³","m³km",1.28]
[5901678,"Transporte de cascalho fino com draga hopper - capacidade da cisterna de 10.000 m³","m³km",0.35]
[5901679,"Transporte de cascalho fino com draga hopper - capacidade da cisterna de 15.000 m³","m³km",0.33]
[5901680,"Transporte de cascalho fino com draga hopper - capacidade da cisterna de 2.000 m³","m³km",0.77]
[5901681,"Transporte de cascalho fino com draga hopper - capacidade da cisterna de 20.000 m³","m³km",0.32]
[5901682,"Transporte de cascalho fino com draga hopper - capacidade da cisterna de 3.000 m³","m³km",0.62]
[5901683,"Transporte de cascalho fino com draga hopper - capacidade da cisterna de 4.000 m³","m³km",0.54]
[5901684,"Transporte de cascalho fino com draga hopper - capacidade da cisterna de 5.000 m³","m³km",0.47]
[5901685,"Transporte de cascalho fino com draga hopper - capacidade da cisterna de 750 m³","m³km",1.84]
[5914360,"Transporte de cimento com caminhão distribuidor de 17 m³ - rodovia em leito natural","tkm",1.1399999999999999]
[5914361,"Transporte de cimento com caminhão distribuidor de 17 m³ - rodovia em revestimento primário","tkm",0.91]
[5914362,"Transporte de cimento com caminhão distribuidor de 17 m³ - rodovia pavimentada","tkm",0.75]
[5914364,"Transporte de cimento ou cal hidratada a granel com caminhão silo de 30 m³ - rodovia em leito natural","tkm",0.88]
[5914365,"Transporte de cimento ou cal hidratada a granel com caminhão silo de 30 m³ - rodovia em revestimento primário","tkm",0.71]
[5914366,"Transporte de cimento ou cal hidratada a granel com caminhão silo de 30 m³ - rodovia pavimentada","tkm",0.57999999999999996]
[5914315,"Transporte de concreto com caminhão basculante de 7 m³ - rodovia em leito natural","tkm",1.1100000000000001]
[5914330,"Transporte de concreto com caminhão basculante de 7 m³ - rodovia em revestimento primário","tkm",0.89]
[5914345,"Transporte de concreto com caminhão basculante de 7 m³ - rodovia pavimentada","tkm",0.73]
[5914367,"Transporte de detritos com caminhão de hidrojateamento de alta pressão e vácuo de 9 m³ - rodovia em leito natural","tkm",1.65]
[5914368,"Transporte de detritos com caminhão de hidrojateamento de alta pressão e vácuo de 9 m³ - rodovia em revestimento primário","tkm",1.32]
[5914369,"Transporte de detritos com caminhão de hidrojateamento de alta pressão e vácuo de 9 m³ - rodovia pavimentada","tkm",1.08]
[5914489,"Transporte de dormentes de concreto monobloco protendido de bitola larga com locomotiva diesel-elétrica em vagão plataforma com capacidade de 98 t - bitola larga","tkm",0.25]
[5914491,"Transporte de dormentes de concreto monobloco protendido de bitola métrica com locomotiva diesel-elétrica em vagão plataforma com capacidade de 82 t - bitola métrica","tkm",0.28000000000000003]
[5914490,"Transporte de dormentes de concreto monobloco protendido de bitola mista com locomotiva diesel-elétrica em vagão plataforma com capacidade de 98 t - bitola larga","tkm",0.25]
[5914495,"Transporte de dormentes de concreto monobloco protendido para AMV de bitola larga ou mista com locomotiva diesel-elétrica em vagão plataforma com capacidade de 98 t - bitola larga","tkm",1.61]
[5914494,"Transporte de dormentes de concreto monobloco protendido para AMV de bitola métrica com locomotiva diesel-elétrica em vagão plataforma com capacidade de 82 t - bitola métrica","tkm",3.54]
[5914487,"Transporte de dormentes de madeira de bitola larga com locomotiva diesel-elétrica em vagão plataforma com capacidade de 98 t - bitola larga","tkm",0.25]
[5914488,"Transporte de dormentes de madeira de bitola métrica com locomotiva diesel-elétrica em vagão plataforma com capacidade de 82 t - bitola métrica","tkm",0.28000000000000003]
[5914493,"Transporte de dormentes de madeira para AMV de bitola larga ou mista com locomotiva diesel-elétrica em vagão plataforma com capacidade de 98 t - bitola larga","tkm",5.95]
[5914492,"Transporte de dormentes de madeira para AMV de bitola métrica com locomotiva diesel-elétrica em vagão plataforma com capacidade de 82 t - bitola métrica","tkm",14.07]
[5914482,"Transporte de lastro de brita com locomotiva diesel-elétrica em vagão hopper aberto com capacidade de 45 m³ - bitola métrica","tkm",0.63]
[5914483,"Transporte de lastro de brita com locomotiva diesel-elétrica em vagão hopper aberto com capacidade de 63 m³ - bitola larga","tkm",0.46]
[5914480,"Transporte de materiais metálicos e acessórios diversos com locomotiva diesel-elétrica em vagão fechado com capacidade de 64 t - bitola métrica","tkm",0.65]
[5914481,"Transporte de materiais metálicos e acessórios diversos com locomotiva diesel-elétrica em vagão fechado com capacidade de 99 t - bitola larga","tkm",0.43]
[5914485,"Transporte de materiais metálicos para AMV de bitola larga com locomotiva diesel-elétrica em vagão plataforma com capacidade de 98 t - bitola larga","tkm",4.0999999999999996]
[5914486,"Transporte de materiais metálicos para AMV de bitola métrica com locomotiva diesel-elétrica em vagão plataforma com capacidade de 82 t - bitola métrica","tkm",5.0599999999999996]
[5914484,"Transporte de materiais metálicos para AMV de bitola mista com locomotiva diesel-elétrica em vagão plataforma com capacidade de 98 t - bitola larga","tkm",3.55]
[5914620,"Transporte de material betuminoso com caminhão tanque distribuidor - rodovia em leito natural","tkm",2.62]
[5914621,"Transporte de material betuminoso com caminhão tanque distribuidor - rodovia em revestimento primário","tkm",2.1]
[5914622,"Transporte de material betuminoso com caminhão tanque distribuidor - rodovia pavimentada","tkm",1.72]
[5901695,"Transporte de material de 1ª categoria com batelão autopropelido com capacidade de 300 m³","m³km",0.77]
[5901696,"Transporte de material de 1ª categoria com batelão autopropelido com capacidade de 500 m³","m³km",0.56999999999999995]
[5901697,"Transporte de material de 1ª categoria com batelão rebocado com capacidade de 66 m³","m³km",2.3199999999999998]
[5901698,"Transporte de material de 1ª categoria com batelão rebocado montado na obra com capacidade de 66 m³","m³km",2.3199999999999998]
[5916654,"Transporte de material de 3ª categoria com batelão autopropelido com capacidade de 300 m³","m³km",1.38]
[5916637,"Transporte de material de 3ª categoria com batelão rebocado com capacidade de 66 m³","m³km",6.83]
[5916618,"Transporte de material de 3ª categoria com batelão rebocado montado na obra com capacidade de 66 m³","m³km",6.83]
[5914334,"Transporte de material de 3ª categoria com caminhão basculante de 12 m³ para rocha - rodovia em leito natural","tkm",1.17]
[5914335,"Transporte de material de 3ª categoria com caminhão basculante de 12 m³ para rocha - rodovia em revestimento primário","tkm",0.93]
[5914336,"Transporte de material de 3ª categoria com caminhão basculante de 12 m³ para rocha - rodovia pavimentada","tkm",0.77]
[5914346,"Transporte de material de 3ª categoria com caminhão basculante de 8 m³ para rocha - rodovia em leito natural","tkm",1.66]
[5914347,"Transporte de material de 3ª categoria com caminhão basculante de 8 m³ para rocha - rodovia em revestimento primário","tkm",1.33]
[5914348,"Transporte de material de 3ª categoria com caminhão basculante de 8 m³ para rocha - rodovia pavimentada","tkm",1.0900000000000001]
[5914611,"Transporte de mistura betuminosa a quente com caminhão com caçamba térmica de 6 m³ - rodovia em leito natural","tkm",1.78]
[5914613,"Transporte de mistura betuminosa a quente com caminhão com caçamba térmica de 6 m³ - rodovia em revestimento primário","tkm",1.43]
[5914612,"Transporte de mistura betuminosa a quente com caminhão com caçamba térmica de 6 m³ - rodovia pavimentada","tkm",1.17]
[5901686,"Transporte de silte com draga hopper - capacidade da cisterna de 1.000 m³","m³km",3.7]
[5901687,"Transporte de silte com draga hopper - capacidade da cisterna de 10.000 m³","m³km",1.01]
[5901688,"Transporte de silte com draga hopper - capacidade da cisterna de 15.000 m³","m³km",0.95]
[5901689,"Transporte de silte com draga hopper - capacidade da cisterna de 2.000 m³","m³km",2.23]
[5901690,"Transporte de silte com draga hopper - capacidade da cisterna de 20.000 m³","m³km",0.92]
[5901691,"Transporte de silte com draga hopper - capacidade da cisterna de 3.000 m³","m³km",1.78]
[5901692,"Transporte de silte com draga hopper - capacidade da cisterna de 4.000 m³","m³km",1.56]
[5901693,"Transporte de silte com draga hopper - capacidade da cisterna de 5.000 m³","m³km",1.37]
[5901694,"Transporte de silte com draga hopper - capacidade da cisterna de 750 m³","m³km",5.33]
[5914512,"Transporte de TLS TR45 de 120 m com locomotiva diesel-elétrica em vagão plataforma com capacidade de 82 t - bitola métrica","tkm",1.49]
[5914496,"Transporte de TLS TR45 de 120 m com locomotiva diesel-elétrica em vagão plataforma com capacidade de 98 t - bitola larga","tkm",1.18]
[5914513,"Transporte de TLS TR45 de 240 m com locomotiva diesel-elétrica em vagão plataforma com capacidade de 82 t - bitola métrica","tkm",0.83]
[5914497,"Transporte de TLS TR45 de 240 m com locomotiva diesel-elétrica em vagão plataforma com capacidade de 98 t - bitola larga","tkm",0.65]
[5914500,"Transporte de TLS TR57 de 120 m com locomotiva diesel-elétrica em vagão plataforma com capacidade de 82 t - bitola métrica","tkm",1.17]
[5914498,"Transporte de TLS TR57 de 120 m com locomotiva diesel-elétrica em vagão plataforma com capacidade de 98 t - bitola larga","tkm",0.92]
[5914501,"Transporte de TLS TR57 de 240 m com locomotiva diesel-elétrica em vagão plataforma com capacidade de 82 t - bitola métrica","tkm",0.65]
[5914499,"Transporte de TLS TR57 de 240 m com locomotiva diesel-elétrica em vagão plataforma com capacidade de 98 t - bitola larga","tkm",0.51]
[5914504,"Transporte de TLS TR68 de 120 m com locomotiva diesel-elétrica em vagão plataforma com capacidade de 82 t - bitola métrica","tkm",0.99]
[5914502,"Transporte de TLS TR68 de 120 m com locomotiva diesel-elétrica em vagão plataforma com capacidade de 98 t - bitola larga","tkm",0.78]
[5914505,"Transporte de TLS TR68 de 240 m com locomotiva diesel-elétrica em vagão plataforma com capacidade de 82 t - bitola métrica","tkm",0.55000000000000004]
[5914503,"Transporte de TLS TR68 de 240 m com locomotiva diesel-elétrica em vagão plataforma com capacidade de 98 t - bitola larga","tkm",0.43]
[5914508,"Transporte de TLS UIC60 de 120 m com locomotiva diesel-elétrica em vagão plataforma com capacidade de 82 t - bitola métrica","tkm",1.1100000000000001]
[5914506,"Transporte de TLS UIC60 de 120 m com locomotiva diesel-elétrica em vagão plataforma com capacidade de 98 t - bitola larga","tkm",0.87]
[5914509,"Transporte de TLS UIC60 de 240 m com locomotiva diesel-elétrica em vagão plataforma com capacidade de 82 t - bitola métrica","tkm",0.62]
[5914507,"Transporte de TLS UIC60 de 240 m com locomotiva diesel-elétrica em vagão plataforma com capacidade de 98 t - bitola larga","tkm",0.48]
[5915491,"Transporte de veículos de médio porte com guincho de resgate de 20 t - rodovia em leito natural","km",17.88]
[5915492,"Transporte de veículos de médio porte com guincho de resgate de 20 t - rodovia em revestimento primário","km",14.3]
[5915493,"Transporte de veículos de médio porte com guincho de resgate de 20 t - rodovia pavimentada","km",11.73]
[5915488,"Transporte de veículos leves com guincho de resgate de 4 t - rodovia em leito natural","km",12.8]
[5915489,"Transporte de veículos leves com guincho de resgate de 4 t - rodovia em revestimento primário","km",10.24]
[5915490,"Transporte de veículos leves com guincho de resgate de 4 t - rodovia pavimentada","km",8.4]
[5915494,"Transporte de veículos pesados com guincho de resgate de 35 t - rodovia em leito natural","km",30.41]
[5915495,"Transporte de veículos pesados com guincho de resgate de 35 t - rodovia em revestimento primário","km",24.33]
[5915496,"Transporte de veículos pesados com guincho de resgate de 35 t - rodovia pavimentada","km",19.96]
[5915325,"Transporte em cavalo mecânico com dolly de 4 eixos com capacidade de 57 t - rodovia em leito natural","km",66.19]
[5915326,"Transporte em cavalo mecânico com dolly de 4 eixos com capacidade de 57 t - rodovia em revestimento primário","km",52.93]
[5915327,"Transporte em cavalo mecânico com dolly de 4 eixos com capacidade de 57 t - rodovia pavimentada","km",43.44]
[5915328,"Transporte em cavalo mecânico com dollys de 3 e 4 eixos com capacidade de 77 t - rodovia em leito natural","km",79.31]
[5915329,"Transporte em cavalo mecânico com dollys de 3 e 4 eixos com capacidade de 77 t - rodovia em revestimento primário","km",63.42]
[5915330,"Transporte em cavalo mecânico com dollys de 3 e 4 eixos com capacidade de 77 t - rodovia pavimentada","km",52.05]
[5915331,"Transporte em cavalo mecânico com dollys de 5 e 4 eixos com capacidade de 111 t - rodovia em leito natural","km",155.66999999999999]
[5915332,"Transporte em cavalo mecânico com dollys de 5 e 4 eixos com capacidade de 111 t - rodovia em revestimento primário","km",124.48]
[5915333,"Transporte em cavalo mecânico com dollys de 5 e 4 eixos com capacidade de 111 t - rodovia pavimentada","km",102.16]
[5915364,"Transporte em cavalo mecânico com reboques de 5 e 4 eixos com capacidade de 130 t - rodovia em leito natural","km",188.47]
[5915365,"Transporte em cavalo mecânico com reboques de 5 e 4 eixos com capacidade de 130 t - rodovia em revestimento primário","km",150.71]
[5915361,"Transporte em cavalo mecânico com reboques de 5 e 4 eixos com capacidade de 130 t - rodovia pavimentada","km",123.69]
[5919716,"Transporte fluvial de materiais diversos com pontão flutuante - capacidade de 500 t","km",200.02]
[5919717,"Transporte fluvial do flutuante","km",173.7]
[6106220,"Armação de fuste de tubulão em aço CA-50 com apoio de guindaste - fornecimento, preparo e colocação","kg",11.97]
[6106183,"Escavação manual de base alargada de tubulão a céu aberto em material de 1ª categoria na profundidade de 10 a 15 m","m³",286.93]
[6106182,"Escavação manual de base alargada de tubulão a céu aberto em material de 1ª categoria na profundidade de até 10 m","m³",245.94]
[6106194,"Escavação manual de base alargada de tubulão a céu aberto em material de 2ª categoria na profundidade até 10 m","m³",706.35]
[6106195,"Escavação manual de base alargada de tubulão a céu aberto em material de 2ª categoria na profundidade de 10 a 15 m","m³",782.95]
[6106331,"Escavação manual de base alargada de tubulão a céu aberto em material de 3ª categoria a frio na profundidade até 10 m","m³",1769.12]
[6106332,"Escavação manual de base alargada de tubulão a céu aberto em material de 3ª categoria a frio na profundidade de 10 a 15 m","m³",1881.81]
[6106206,"Escavação manual de base alargada de tubulão a céu aberto em material de 3ª categoria na profundidade até 10 m","m³",2073.29]
[6106207,"Escavação manual de base alargada de tubulão a céu aberto em material de 3ª categoria na profundidade de 10 a 15 m","m³",2209.0300000000002]
[6106222,"Escavação manual de fuste de tubulão a céu aberto em material de 1ª categoria na profundidade de 10 a 15 m","m³",286.93]
[6106221,"Escavação manual de fuste de tubulão a céu aberto em material de 1ª categoria na profundidade de até 10 m","m³",245.94]
[6106224,"Escavação manual de fuste de tubulão a céu aberto em material de 2ª categoria na profundidade até 10 m","m³",706.35]
[6106225,"Escavação manual de fuste de tubulão a céu aberto em material de 2ª categoria na profundidade de 10 a 15 m","m³",782.95]
[6106228,"Escavação manual de fuste de tubulão a céu aberto em material de 3ª categoria na profundidade até 10 m","m³",1847.32]
[6106229,"Escavação manual de fuste de tubulão a céu aberto em material de 3ª categoria na profundidade de 10 a 15 m","m³",1966.92]
[6106328,"Escavação mecânica de fuste de tubulão com caçamba para rocha em material de 2ª categoria","m³",139.63999999999999]
[6106330,"Escavação mecânica de fuste de tubulão com caçamba para rocha em material de 3ª categoria","m³",694.13]
[6106326,"Escavação mecânica de fuste de tubulão com caçamba para solos em material de 1ª categoria","m³",57.62]
[6106324,"Escavação mecânica de fuste de tubulão com Hammer Grab em material de 1ª categoria","m³",35.03]
[6106327,"Escavação mecânica de fuste de tubulão com trado para rocha em material de 2ª categoria","m³",139.35]
[6106329,"Escavação mecânica de fuste de tubulão com trado para rocha em material de 3ª categoria","m³",693.83]
[6106325,"Escavação mecânica de fuste de tubulão com trado para solos em material de 1ª categoria","m³",57.66]
[6208126,"Armação de tela de aço eletrossoldada em túneis com auxílio de plataforma pantográfica - confecção e instalação","kg",21]
[6205797,"Cambotas metálicas treliçadas - confecção e instalação","kg",12.93]
[6205791,"Coluna de jet grouting horizontal CCPH em solo - D = 40 cm - perfuração e injeção","m",397]
[6205792,"Coluna de jet grouting horizontal CCPH em solo - D = 50 cm - perfuração e injeção","m",476.13]
[6205793,"Coluna de jet grouting horizontal CCPH em solo - D = 60 cm - perfuração e injeção","m",559.54]
[6205796,"Coluna de jet grouting vertical em solo - D = 100 cm - perfuração e injeção","m",993.38]
[6219451,"Coluna de jet grouting vertical em solo - D = 110 cm - perfuração e injeção","m",1068.0999999999999]
[6219452,"Coluna de jet grouting vertical em solo - D = 120 cm - perfuração e injeção","m",1147.0999999999999]
[6205794,"Coluna de jet grouting vertical em solo - D = 80 cm - perfuração e injeção","m",856.74]
[6205795,"Coluna de jet grouting vertical em solo - D = 90 cm - perfuração e injeção","m",922.92]
[6219521,"Desmonte a frio e carga de rocha em túnel com cunha hidráulica - DMT de 0 a 200 m","m³",164.48]
[6219527,"Drenagem de túnel com manta drenante de malha de polietileno e geotêxtil em face revestida com argamassa polimérica com espessura de 25 mm","m²",480.99]
[6219526,"Dreno filtrante em tubos de PVC D = 40 mm aplicado em paredes e tetos de túnel - fornecimento e instalação","m",57.56]
[6219525,"Dreno não filtrante em tubos de PVC D = 40 mm aplicado em paredes e tetos de túnel - fornecimento e instalação","m",53.63]
[6219508,"Enfilagem tubular sistema autoperfurante - D = 76 mm","m",399.87]
[6219511,"Enfilagem tubular sistema convencional schedule 40 - D = 65 mm","m",271.07]
[6219500,"Escavação subterrânea e carregamento do material da calota em túnel classe I - DMT de 0 a 200 m - seção acima de 90 m²","m³",145.54]
[6219418,"Escavação subterrânea e carregamento do material da calota em túnel classe I - DMT de 0 a 200 m - seção de 20 a 40 m²","m³",318.19]
[6219412,"Escavação subterrânea e carregamento do material da calota em túnel classe I - DMT de 0 a 200 m - seção de 40 a 60 m²","m³",222.83]
[6219406,"Escavação subterrânea e carregamento do material da calota em túnel classe I - DMT de 0 a 200 m - seção de 60 a 90 m²","m³",156.4]
[6219501,"Escavação subterrânea e carregamento do material da calota em túnel classe II - DMT de 0 a 200 m - seção acima de 90 m²","m³",157.59]
[6219419,"Escavação subterrânea e carregamento do material da calota em túnel classe II - DMT de 0 a 200 m - seção de 20 a 40 m²","m³",350.42]
[6219413,"Escavação subterrânea e carregamento do material da calota em túnel classe II - DMT de 0 a 200 m - seção de 40 a 60 m²","m³",243.43]
[6219407,"Escavação subterrânea e carregamento do material da calota em túnel classe II - DMT de 0 a 200 m - seção de 60 a 90 m²","m³",169.57]
[6219502,"Escavação subterrânea e carregamento do material da calota em túnel classe III - DMT de 0 a 200 m - seção acima de 90 m²","m³",170.36]
[6219420,"Escavação subterrânea e carregamento do material da calota em túnel classe III - DMT de 0 a 200 m - seção de 20 a 40 m²","m³",392.57]
[6219414,"Escavação subterrânea e carregamento do material da calota em túnel classe III - DMT de 0 a 200 m - seção de 40 a 60 m²","m³",267.85000000000002]
[6219408,"Escavação subterrânea e carregamento do material da calota em túnel classe III - DMT de 0 a 200 m - seção de 60 a 90 m²","m³",183.26]
[6219503,"Escavação subterrânea e carregamento do material da calota em túnel classe IV - DMT de 0 a 200 m - seção acima de 90 m²","m³",197.3]
[6219421,"Escavação subterrânea e carregamento do material da calota em túnel classe IV - DMT de 0 a 200 m - seção de 20 a 40 m²","m³",467.06]
[6219415,"Escavação subterrânea e carregamento do material da calota em túnel classe IV - DMT de 0 a 200 m - seção de 40 a 60 m²","m³",313.19]
[6219409,"Escavação subterrânea e carregamento do material da calota em túnel classe IV - DMT de 0 a 200 m - seção de 60 a 90 m²","m³",213.81]
[6219518,"Escavação subterrânea e carregamento do material do rebaixo em túnel classe I a IV - DMT de 0 a 200 m","m³",53.87]
[6219504,"Escavação subterrânea e carregamento em túnel classe V - DMT de 0 a 200 m - seção acima de 90 m²","m³",106.84]
[6219422,"Escavação subterrânea e carregamento em túnel classe V - DMT de 0 a 200 m - seção de 20 a 40 m²","m³",238.16]
[6219416,"Escavação subterrânea e carregamento em túnel classe V - DMT de 0 a 200 m - seção de 40 a 60 m²","m³",182.82]
[6219410,"Escavação subterrânea e carregamento em túnel classe V - DMT de 0 a 200 m - seção de 60 a 90 m²","m³",127.53]
[6219505,"Escavação subterrânea e carregamento em túnel classe VI - DMT de 0 a 200 m - seção acima de 90 m²","m³",100.57]
[6219423,"Escavação subterrânea e carregamento em túnel classe VI - DMT de 0 a 200 m - seção de 20 a 40 m²","m³",236.08]
[6219417,"Escavação subterrânea e carregamento em túnel classe VI - DMT de 0 a 200 m - seção de 40 a 60 m²","m³",178.86]
[6219411,"Escavação subterrânea e carregamento em túnel classe VI - DMT de 0 a 200 m - seção de 60 a 90 m²","m³",121.73]
[6219520,"Pré-fissuramento em túnel","m²",58.94]
[6219433,"Pregagem da frente com vergalhão de fibra de vidro D = 25 mm com perfuração em D = 75 mm e injeção de calda de cimento","m",117.28]
[6205801,"Pregagem da frente em tubo de PVC D = 50 mm com perfuração em D = 100 mm e injeção de argamassa de cimento e areia 1:1","m",77.849999999999994]
[6219524,"Prego guia para controle de espessura de concreto projetado D = 16 mm em túnel - fornecimento e instalação","un",11.62]
[6416036,"Usinagem de agregados para microrrevestimento a frio - faixa II - brita comercial","m³",157.87]
[6416038,"Usinagem de agregados para microrrevestimento a frio - faixa II - brita produzida","m³",70.069999999999993]
[6416037,"Usinagem de agregados para microrrevestimento a frio - faixa III - brita comercial","m³",167.25]
[6416035,"Usinagem de agregados para microrrevestimento a frio - faixa III - brita produzida","m³",78.989999999999995]
[6416076,"Usinagem de areia-asfalto a quente - faixa A - areia comercial","t",174.24]
[6416075,"Usinagem de areia-asfalto a quente - faixa A - areia extraída","t",109.37]
[6416226,"Usinagem de areia-asfalto a quente - faixa B - areia comercial","t",163.74]
[6416225,"Usinagem de areia-asfalto a quente - faixa B - areia extraída","t",97.45]
[6416084,"Usinagem de areia-asfalto a quente com asfalto polímero - faixa A - areia comercial","t",166.38]
[6416083,"Usinagem de areia-asfalto a quente com asfalto polímero - faixa A - areia extraída","t",98.22]
[6416234,"Usinagem de areia-asfalto a quente com asfalto polímero - faixa B - areia comercial","t",172.31]
[6416233,"Usinagem de areia-asfalto a quente com asfalto polímero - faixa B - areia extraída","t",105.37]
[6416236,"Usinagem de areia-asfalto a quente com asfalto polímero - faixa C - areia comercial","t",176.17]
[6416235,"Usinagem de areia-asfalto a quente com asfalto polímero - faixa C - areia extraída","t",110.08]
[6416040,"Usinagem de brita graduada com brita comercial em usina de 300 t/h","m³",236.75]
[6416039,"Usinagem de brita graduada com brita produzida em usina de 300 t/h","m³",97.28]
[6416042,"Usinagem de brita graduada tratada com cimento e brita comercial em usina de 300 t/h","m³",286.58]
[6416041,"Usinagem de brita graduada tratada com cimento e brita produzida em usina de 300 t/h","m³",148.75]
[6416080,"Usinagem de concreto asfáltico - faixa A-25 - areia e brita comerciais","t",176.22]
[6416079,"Usinagem de concreto asfáltico - faixa A-25 - areia extraída e brita produzida","t",116.15]
[6416143,"Usinagem de concreto asfáltico - faixa B-19 - areia e brita comerciais","t",175.44]
[6416262,"Usinagem de concreto asfáltico - faixa B-19 - areia extraída e brita produzida","t",115.79]
[6416078,"Usinagem de concreto asfáltico - faixa C-12,5 - areia e brita comerciais","t",174.71]
[6416077,"Usinagem de concreto asfáltico - faixa C-12,5 - areia extraída e brita produzida","t",115.4]
[6416071,"Usinagem de concreto asfáltico - faixa D-9,5 - areia e brita comerciais","t",173.4]
[6416072,"Usinagem de concreto asfáltico - faixa D-9,5 - areia extraída e brita produzida","t",115.44]
[6416088,"Usinagem de concreto asfáltico com asfalto polímero - faixa A - areia e brita comerciais","t",186.4]
[6416087,"Usinagem de concreto asfáltico com asfalto polímero - faixa A - areia extraída e brita produzida","t",121.33]
[6416246,"Usinagem de concreto asfáltico com asfalto polímero - faixa B - areia e brita comerciais","t",187.66]
[6416245,"Usinagem de concreto asfáltico com asfalto polímero - faixa B - areia extraída e brita produzida","t",124.12]
[6416248,"Usinagem de concreto asfáltico com asfalto polímero - faixa C - areia e brita comerciais","t",190.88]
[6416247,"Usinagem de concreto asfáltico com asfalto polímero - faixa C - areia extraída e brita produzida","t",126.77]
[6416214,"Usinagem de concreto asfáltico com borracha (Gap Graded) - brita comercial","t",231.42]
[6416218,"Usinagem de concreto asfáltico com borracha (Gap Graded) - brita produzida","t",171.35]
[6416211,"Usinagem de concreto asfáltico com borracha - faixa A - brita comercial","t",228.54]
[6416215,"Usinagem de concreto asfáltico com borracha - faixa A - brita produzida","t",171.92]
[6416212,"Usinagem de concreto asfáltico com borracha - faixa B - brita comercial","t",232.37]
[6416216,"Usinagem de concreto asfáltico com borracha - faixa B - brita produzida","t",176.2]
[6416213,"Usinagem de concreto asfáltico com borracha - faixa C - brita comercial","t",233.63]
[6416217,"Usinagem de concreto asfáltico com borracha - faixa C - brita produzida","t",178.32]
[6416289,"Usinagem de concreto asfáltico reciclado a frio com espuma de asfalto, agregado comercial e cimento","m³",127.16]
[6416288,"Usinagem de concreto asfáltico reciclado a frio com espuma de asfalto, agregado produzido e cimento","m³",79.45]
[6416098,"Usinagem de concreto asfáltico reciclado em usina fixa com adição de material fresado e brita comercial","t",162.11000000000001]
[6416097,"Usinagem de concreto asfáltico reciclado em usina fixa com adição de material fresado e brita produzida","t",125.35]
[6416258,"Usinagem de micro pré-misturado a quente com asfalto polímero - brita comercial","t",179.49]
[6416259,"Usinagem de micro pré-misturado a quente com asfalto polímero - brita produzida","t",124.15]
[6416074,"Usinagem de pré-misturado a frio - faixa A - areia e brita comerciais","m³",271.76]
[6416073,"Usinagem de pré-misturado a frio - faixa A - areia extraída e brita produzida","m³",123.62]
[6416220,"Usinagem de pré-misturado a frio - faixa B - areia e brita comerciais","m³",276.33]
[6416219,"Usinagem de pré-misturado a frio - faixa B - areia extraída e brita produzida","m³",120.34]
[6416222,"Usinagem de pré-misturado a frio - faixa C - areia e brita comerciais","m³",283.86]
[6416221,"Usinagem de pré-misturado a frio - faixa C - areia extraída e brita produzida","m³",135.57]
[6416224,"Usinagem de pré-misturado a frio - faixa D - areia e brita comerciais","m³",289.14]
[6416223,"Usinagem de pré-misturado a frio - faixa D - areia extraída e brita produzida","m³",132.29]
[6416082,"Usinagem de pré-misturado a frio com asfalto polímero - faixa A - areia e brita comerciais","m³",271.76]
[6416081,"Usinagem de pré-misturado a frio com asfalto polímero - faixa A - areia extraída e brita produzida","m³",123.62]
[6416228,"Usinagem de pré-misturado a frio com asfalto polímero - faixa B - areia e brita comerciais","m³",276.33]
[6416227,"Usinagem de pré-misturado a frio com asfalto polímero - faixa B - areia extraída e brita produzida","m³",120.34]
[6416230,"Usinagem de pré-misturado a frio com asfalto polímero - faixa C - areia e brita comerciais","m³",282.60000000000002]
[6416229,"Usinagem de pré-misturado a frio com asfalto polímero - faixa C - areia extraída e brita produzida","m³",135.01]
[6416232,"Usinagem de pré-misturado a frio com asfalto polímero - faixa D - areia e brita comerciais","m³",287.86]
[6416231,"Usinagem de pré-misturado a frio com asfalto polímero - faixa D - areia extraída e brita produzida","m³",131.75]
[6416086,"Usinagem de pré-misturado a quente com asfalto polímero - faixa I - camada porosa de atrito - areia e brita comerciais","t",188.31]
[6416085,"Usinagem de pré-misturado a quente com asfalto polímero - faixa I - camada porosa de atrito - areia extraída e brita produzida","t",121.02]
[6416238,"Usinagem de pré-misturado a quente com asfalto polímero - faixa II - camada porosa de atrito - areia e brita comerciais","t",180.1]
[6416237,"Usinagem de pré-misturado a quente com asfalto polímero - faixa II - camada porosa de atrito - areia extraída e brita produzida","t",111.24]
[6416240,"Usinagem de pré-misturado a quente com asfalto polímero - faixa III - camada porosa de atrito - areia e brita comerciais","t",186.65]
[6416239,"Usinagem de pré-misturado a quente com asfalto polímero - faixa III - camada porosa de atrito - areia extraída e brita produzida","t",119.2]
[6416242,"Usinagem de pré-misturado a quente com asfalto polímero - faixa IV - camada porosa de atrito - areia e brita comerciais","t",192.63]
[6416241,"Usinagem de pré-misturado a quente com asfalto polímero - faixa IV - camada porosa de atrito - areia extraída e brita produzida","t",125.61]
[6416244,"Usinagem de pré-misturado a quente com asfalto polímero - faixa V - camada porosa de atrito - areia e brita comerciais","t",190.82]
[6416243,"Usinagem de pré-misturado a quente com asfalto polímero - faixa V - camada porosa de atrito - areia extraída e brita produzida","t",125.18]
[6416250,"Usinagem de solo areia (70% - 30%) - material de jazida e areia comercial","m³",62.78]
[6416153,"Usinagem de solo areia (70% - 30%) - material de jazida e areia extraída","m³",17.14]
[6416185,"Usinagem de solo brita (70% - 30%) com 3% cimento - material de jazida e brita comercial","m³",113.32]
[6416184,"Usinagem de solo brita (70% - 30%) com 3% cimento - material de jazida e brita produzida","m³",76.48]
[6416030,"Usinagem de solo brita (70% - 30%) com material de jazida e brita comercial em usina de 300 t/h","m³",73.28]
[6416029,"Usinagem de solo brita (70% - 30%) com material de jazida e brita produzida em usina de 300 t/h","m³",35.31]
[6416056,"Usinagem de solo cimento com 7% de cimento com material de jazida em usina de 300 t/h","m³",101.97]
[6416278,"Usinagem de solo escória de aciaria (50% - 50%) com material de jazida em usina de 300 t/h","m³",24.43]
[6416047,"Usinagem de solo melhorado com 3% de cimento com material de jazida em usina de 300 t/h","m³",50.64]
[6416090,"Usinagem para pavimento de concreto com fôrmas deslizantes - areia e brita comerciais","m³",416.14]
[6416089,"Usinagem para pavimento de concreto com fôrmas deslizantes - areia extraída e brita produzida","m³",292.11]
[6416094,"Usinagem para pavimento de concreto compactado com rolo - brita comercial","m³",359.17]
[6416093,"Usinagem para pavimento de concreto compactado com rolo - brita produzida","m³",224.63]
[6416092,"Usinagem para sub-base de concreto compactado com rolo - brita comercial","m³",306.82]
[6416091,"Usinagem para sub-base de concreto compactado com rolo - brita produzida","m³",166.16]
[6817809,"Confecção de BSCC - seção canal de 1,5 x 1,5 m - areia e brita comerciais","m",1063.0999999999999]
[6817810,"Confecção de BSCC - seção canal de 1,5 x 1,5 m - areia extraída e brita produzida","m",956.7]
[6817811,"Confecção de BSCC - seção canal de 2,0 x 1,5 m - areia e brita comerciais","m",1136.8900000000001]
[6817812,"Confecção de BSCC - seção canal de 2,0 x 1,5 m - areia extraída e brita produzida","m",1019.29]
[6817813,"Confecção de BSCC - seção canal de 2,0 x 2,0 m - tipo I - areia e brita comerciais","m",1777.69]
[6817814,"Confecção de BSCC - seção canal de 2,0 x 2,0 m - tipo I - areia extraída e brita produzida","m",1592.89]
[6817815,"Confecção de BSCC - seção canal de 2,0 x 2,0 m - tipo II - areia e brita comerciais","m",1502.78]
[6817816,"Confecção de BSCC - seção canal de 2,0 x 2,0 m - tipo II - areia extraída e brita produzida","m",1317.98]
[6817817,"Confecção de BSCC - seção canal de 2,5 x 1,5 m - areia e brita comerciais","m",1221.74]
[6817818,"Confecção de BSCC - seção canal de 2,5 x 1,5 m - areia extraída e brita produzida","m",1094.3399999999999]
[6817819,"Confecção de BSCC - seção canal de 2,5 x 2,0 m - tipo I - areia e brita comerciais","m",1868.05]
[6817820,"Confecção de BSCC - seção canal de 2,5 x 2,0 m - tipo I - areia extraída e brita produzida","m",1669.25]
[6817821,"Confecção de BSCC - seção canal de 2,5 x 2,0 m - tipo II - areia e brita comerciais","m",1602.22]
[6817822,"Confecção de BSCC - seção canal de 2,5 x 2,0 m - tipo II - areia extraída e brita produzida","m",1403.42]
[6817823,"Confecção de BSCC - seção canal de 3,0 x 1,5 m - areia e brita comerciais","m",1311.22]
[6817824,"Confecção de BSCC - seção canal de 3,0 x 1,5 m - areia extraída e brita produzida","m",1172.6199999999999]
[6817825,"Confecção de BSCC - seção canal de 3,0 x 2,0 m - tipo I - areia e brita comerciais","m",1898.18]
[6817826,"Confecção de BSCC - seção canal de 3,0 x 2,0 m - tipo I - areia extraída e brita produzida","m",1685.38]
[6817827,"Confecção de BSCC - seção canal de 3,0 x 2,0 m - tipo II - areia e brita comerciais","m",1701.64]
[6817828,"Confecção de BSCC - seção canal de 3,0 x 2,0 m - tipo II - areia extraída e brita produzida","m",1488.84]
[6817753,"Confecção de BSCC - seção fechada de 1,5 x 1,5 m - altura do aterro de 0,25 a 1,00 m - areia e brita comerciais","m",1442.48]
[6817754,"Confecção de BSCC - seção fechada de 1,5 x 1,5 m - altura do aterro de 0,25 a 1,00 m - areia extraída e brita produzida","m",1292.68]
[6817755,"Confecção de BSCC - seção fechada de 1,5 x 1,5 m - altura do aterro de 1,00 a 2,50 m - areia e brita comerciais","m",1381.75]
[6817756,"Confecção de BSCC - seção fechada de 1,5 x 1,5 m - altura do aterro de 1,00 a 2,50 m - areia extraída e brita produzida","m",1231.95]
[6817763,"Confecção de BSCC - seção fechada de 1,5 x 1,5 m - altura do aterro de 10,00 a 12,50 m - areia e brita comerciais","m",1741.42]
[6817764,"Confecção de BSCC - seção fechada de 1,5 x 1,5 m - altura do aterro de 10,00 a 12,50 m - areia extraída e brita produzida","m",1542.66]
[6817765,"Confecção de BSCC - seção fechada de 1,5 x 1,5 m - altura do aterro de 12,50 a 15,00 m - areia e brita comerciais","m",2018.94]
[6817766,"Confecção de BSCC - seção fechada de 1,5 x 1,5 m - altura do aterro de 12,50 a 15,00 m - areia extraída e brita produzida","m",1835.81]
[6817757,"Confecção de BSCC - seção fechada de 1,5 x 1,5 m - altura do aterro de 2,50 a 5,00 m - areia e brita comerciais","m",1381.75]
[6817758,"Confecção de BSCC - seção fechada de 1,5 x 1,5 m - altura do aterro de 2,50 a 5,00 m - areia extraída e brita produzida","m",1231.95]
[6817759,"Confecção de BSCC - seção fechada de 1,5 x 1,5 m - altura do aterro de 5,00 a 7,50 m - areia e brita comerciais","m",1502.69]
[6817760,"Confecção de BSCC - seção fechada de 1,5 x 1,5 m - altura do aterro de 5,00 a 7,50 m - areia extraída e brita produzida","m",1355]
[6817761,"Confecção de BSCC - seção fechada de 1,5 x 1,5 m - altura do aterro de 7,50 a 10,00 m - areia e brita comerciais","m",1842.22]
[6817762,"Confecção de BSCC - seção fechada de 1,5 x 1,5 m - altura do aterro de 7,50 a 10,00 m - areia extraída e brita produzida","m",1643.46]
[6817767,"Confecção de BSCC - seção fechada de 2,0 x 2,0 m - altura do aterro de 0,25 a 1,00 m - areia e brita comerciais","m",2100.48]
[6817768,"Confecção de BSCC - seção fechada de 2,0 x 2,0 m - altura do aterro de 0,25 a 1,00 m - areia extraída e brita produzida","m",1908.68]
[6817769,"Confecção de BSCC - seção fechada de 2,0 x 2,0 m - altura do aterro de 1,00 a 2,50 m - areia e brita comerciais","m",1774.17]
[6817770,"Confecção de BSCC - seção fechada de 2,0 x 2,0 m - altura do aterro de 1,00 a 2,50 m - areia extraída e brita produzida","m",1582.37]
[6817777,"Confecção de BSCC - seção fechada de 2,0 x 2,0 m - altura do aterro de 10,00 a 12,50 m - areia e brita comerciais","m",2907.08]
[6817778,"Confecção de BSCC - seção fechada de 2,0 x 2,0 m - altura do aterro de 10,00 a 12,50 m - areia extraída e brita produzida","m",2679.15]
[6817779,"Confecção de BSCC - seção fechada de 2,0 x 2,0 m - altura do aterro de 12,50 a 15,00 m - areia e brita comerciais","m",3433.5]
[6817780,"Confecção de BSCC - seção fechada de 2,0 x 2,0 m - altura do aterro de 12,50 a 15,00 m - areia extraída e brita produzida","m",3144.86]
[6817771,"Confecção de BSCC - seção fechada de 2,0 x 2,0 m - altura do aterro de 2,50 a 5,00 m - areia e brita comerciais","m",2030.6]
[6817772,"Confecção de BSCC - seção fechada de 2,0 x 2,0 m - altura do aterro de 2,50 a 5,00 m - areia extraída e brita produzida","m",1841.49]
[6817773,"Confecção de BSCC - seção fechada de 2,0 x 2,0 m - altura do aterro de 5,00 a 7,50 m - areia e brita comerciais","m",2439.91]
[6817774,"Confecção de BSCC - seção fechada de 2,0 x 2,0 m - altura do aterro de 5,00 a 7,50 m - areia extraída e brita produzida","m",2185.94]
[6817775,"Confecção de BSCC - seção fechada de 2,0 x 2,0 m - altura do aterro de 7,50 a 10,00 m - areia e brita comerciais","m",2674.14]
[6817776,"Confecção de BSCC - seção fechada de 2,0 x 2,0 m - altura do aterro de 7,50 a 10,00 m - areia extraída e brita produzida","m",2440.15]
[6817781,"Confecção de BSCC - seção fechada de 2,5 x 2,5 m - altura do aterro de 0,25 a 1,00 m - areia e brita comerciais","m",2864.13]
[6817782,"Confecção de BSCC - seção fechada de 2,5 x 2,5 m - altura do aterro de 0,25 a 1,00 m - areia extraída e brita produzida","m",2630.33]
[6817783,"Confecção de BSCC - seção fechada de 2,5 x 2,5 m - altura do aterro de 1,00 a 2,50 m - areia e brita comerciais","m",2345.12]
[6817784,"Confecção de BSCC - seção fechada de 2,5 x 2,5 m - altura do aterro de 1,00 a 2,50 m - areia extraída e brita produzida","m",2111.3200000000002]
[6817791,"Confecção de BSCC - seção fechada de 2,5 x 2,5 m - altura do aterro de 10,00 a 12,50 m - areia e brita comerciais","m",4253.0200000000004]
[6817792,"Confecção de BSCC - seção fechada de 2,5 x 2,5 m - altura do aterro de 10,00 a 12,50 m - areia extraída e brita produzida","m",3902.44]
[6817793,"Confecção de BSCC - seção fechada de 2,5 x 2,5 m - altura do aterro de 12,50 a 15,00 m - areia e brita comerciais","m",4824.91]
[6817794,"Confecção de BSCC - seção fechada de 2,5 x 2,5 m - altura do aterro de 12,50 a 15,00 m - areia extraída e brita produzida","m",4474.33]
[6817785,"Confecção de BSCC - seção fechada de 2,5 x 2,5 m - altura do aterro de 2,50 a 5,00 m - areia e brita comerciais","m",2988.97]
[6817786,"Confecção de BSCC - seção fechada de 2,5 x 2,5 m - altura do aterro de 2,50 a 5,00 m - areia extraída e brita produzida","m",2679.79]
[6817787,"Confecção de BSCC - seção fechada de 2,5 x 2,5 m - altura do aterro de 5,00 a 7,50 m - areia e brita comerciais","m",3454.94]
[6817788,"Confecção de BSCC - seção fechada de 2,5 x 2,5 m - altura do aterro de 5,00 a 7,50 m - areia extraída e brita produzida","m",3170.08]
[6817789,"Confecção de BSCC - seção fechada de 2,5 x 2,5 m - altura do aterro de 7,50 a 10,00 m - areia e brita comerciais","m",3858.52]
[6817790,"Confecção de BSCC - seção fechada de 2,5 x 2,5 m - altura do aterro de 7,50 a 10,00 m - areia extraída e brita produzida","m",3581.03]
[6817795,"Confecção de BSCC - seção fechada de 3,0 x 3,0 m - altura do aterro de 0,25 a 1,00 m - areia e brita comerciais","m",3685.12]
[6817796,"Confecção de BSCC - seção fechada de 3,0 x 3,0 m - altura do aterro de 0,25 a 1,00 m - areia extraída e brita produzida","m",3413.2]
[6817797,"Confecção de BSCC - seção fechada de 3,0 x 3,0 m - altura do aterro de 1,00 a 2,50 m - areia e brita comerciais","m",3145.21]
[6817798,"Confecção de BSCC - seção fechada de 3,0 x 3,0 m - altura do aterro de 1,00 a 2,50 m - areia extraída e brita produzida","m",2873.29]
[6817805,"Confecção de BSCC - seção fechada de 3,0 x 3,0 m - altura do aterro de 10,00 a 12,50 m - areia e brita comerciais","m",5971.4]
[6817806,"Confecção de BSCC - seção fechada de 3,0 x 3,0 m - altura do aterro de 10,00 a 12,50 m - areia extraída e brita produzida","m",5558.88]
[6817807,"Confecção de BSCC - seção fechada de 3,0 x 3,0 m - altura do aterro de 12,50 a 15,00 m - areia e brita comerciais","m",6604.91]
[6817808,"Confecção de BSCC - seção fechada de 3,0 x 3,0 m - altura do aterro de 12,50 a 15,00 m - areia extraída e brita produzida","m",6192.38]
[6817799,"Confecção de BSCC - seção fechada de 3,0 x 3,0 m - altura do aterro de 2,50 a 5,00 m - areia e brita comerciais","m",3933.12]
[6817800,"Confecção de BSCC - seção fechada de 3,0 x 3,0 m - altura do aterro de 2,50 a 5,00 m - areia extraída e brita produzida","m",3568.72]
[6817801,"Confecção de BSCC - seção fechada de 3,0 x 3,0 m - altura do aterro de 5,00 a 7,50 m - areia e brita comerciais","m",4777.3500000000004]
[6817802,"Confecção de BSCC - seção fechada de 3,0 x 3,0 m - altura do aterro de 5,00 a 7,50 m - areia extraída e brita produzida","m",4450.3]
[6817803,"Confecção de BSCC - seção fechada de 3,0 x 3,0 m - altura do aterro de 7,50 a 10,00 m - areia e brita comerciais","m",5406.73]
[6817804,"Confecção de BSCC - seção fechada de 3,0 x 3,0 m - altura do aterro de 7,50 a 10,00 m - areia extraída e brita produzida","m",4994.21]
[6817885,"Corpo de BSCC - seção canal de 1,5 x 1,5 m - pré-moldado - areia e brita comerciais","m",1325.53]
[6817886,"Corpo de BSCC - seção canal de 1,5 x 1,5 m - pré-moldado - areia extraída e brita produzida","m",1180.18]
[6817887,"Corpo de BSCC - seção canal de 2,0 x 1,5 m - pré-moldado - areia e brita comerciais","m",1442.56]
[6817888,"Corpo de BSCC - seção canal de 2,0 x 1,5 m - pré-moldado - areia extraída e brita produzida","m",1276.78]
[6817889,"Corpo de BSCC - seção canal de 2,0 x 2,0 m - pré-moldado - tipo I - areia e brita comerciais","m",2126.5300000000002]
[6817890,"Corpo de BSCC - seção canal de 2,0 x 2,0 m - pré-moldado - tipo I - areia extraída e brita produzida","m",1891.93]
[6817891,"Corpo de BSCC - seção canal de 2,0 x 2,0 m - pré-moldado - tipo II - areia e brita comerciais","m",1851.62]
[6817892,"Corpo de BSCC - seção canal de 2,0 x 2,0 m - pré-moldado - tipo II - areia extraída e brita produzida","m",1617.02]
[6817893,"Corpo de BSCC - seção canal de 2,5 x 1,5 m - pré-moldado - areia e brita comerciais","m",1612]
[6817894,"Corpo de BSCC - seção canal de 2,5 x 1,5 m - pré-moldado - areia extraída e brita produzida","m",1424.65]
[6817895,"Corpo de BSCC - seção canal de 2,5 x 2,0 m - pré-moldado - tipo I - areia e brita comerciais","m",2286.39]
[6817896,"Corpo de BSCC - seção canal de 2,5 x 2,0 m - pré-moldado - tipo I - areia extraída e brita produzida","m",2027.39]
[6817897,"Corpo de BSCC - seção canal de 2,5 x 2,0 m - pré-moldado - tipo II - areia e brita comerciais","m",2020.56]
[6817898,"Corpo de BSCC - seção canal de 2,5 x 2,0 m - pré-moldado - tipo II - areia extraída e brita produzida","m",1761.56]
[6817899,"Corpo de BSCC - seção canal de 3,0 x 1,5 m - pré-moldado - areia e brita comerciais","m",1770.43]
[6817900,"Corpo de BSCC - seção canal de 3,0 x 1,5 m - pré-moldado - areia extraída e brita produzida","m",1561.29]
[6817901,"Corpo de BSCC - seção canal de 3,0 x 2,0 m - pré-moldado - tipo I - areia e brita comerciais","m",2389.9499999999998]
[6817902,"Corpo de BSCC - seção canal de 3,0 x 2,0 m - pré-moldado - tipo I - areia extraída e brita produzida","m",2104.9899999999998]
[6817903,"Corpo de BSCC - seção canal de 3,0 x 2,0 m - pré-moldado - tipo II - areia e brita comerciais","m",2193.41]
[6817904,"Corpo de BSCC - seção canal de 3,0 x 2,0 m - pré-moldado - tipo II - areia extraída e brita produzida","m",1908.45]
[6817829,"Corpo de BSCC - seção fechada de 1,5 x 1,5 m - pré-moldado - altura do aterro de 0,25 a 1,00 m - areia e brita comerciais","m",1770.51]
[6817830,"Corpo de BSCC - seção fechada de 1,5 x 1,5 m - pré-moldado - altura do aterro de 0,25 a 1,00 m - areia extraída e brita produzida","m",1581.41]
[6817831,"Corpo de BSCC - seção fechada de 1,5 x 1,5 m - pré-moldado - altura do aterro de 1,00 a 2,50 m - areia e brita comerciais","m",1709.78]
[6817832,"Corpo de BSCC - seção fechada de 1,5 x 1,5 m - pré-moldado - altura do aterro de 1,00 a 2,50 m - areia extraída e brita produzida","m",1520.68]
[6817839,"Corpo de BSCC - seção fechada de 1,5 x 1,5 m - pré-moldado - altura do aterro de 10,00 a 12,50 m - areia e brita comerciais","m",2075.64]
[6817840,"Corpo de BSCC - seção fechada de 1,5 x 1,5 m - pré-moldado - altura do aterro de 10,00 a 12,50 m - areia extraída e brita produzida","m",1836.18]
[6817841,"Corpo de BSCC - seção fechada de 1,5 x 1,5 m - pré-moldado - altura do aterro de 12,50 a 15,00 m - areia e brita comerciais","m",2353.16]
[6817842,"Corpo de BSCC - seção fechada de 1,5 x 1,5 m - pré-moldado - altura do aterro de 12,50 a 15,00 m - areia extraída e brita produzida","m",2129.33]
[6817833,"Corpo de BSCC - seção fechada de 1,5 x 1,5 m - pré-moldado - altura do aterro de 2,50 a 5,00 m - areia e brita comerciais","m",1709.78]
[6817834,"Corpo de BSCC - seção fechada de 1,5 x 1,5 m - pré-moldado - altura do aterro de 2,50 a 5,00 m - areia extraída e brita produzida","m",1520.68]
[6817835,"Corpo de BSCC - seção fechada de 1,5 x 1,5 m - pré-moldado - altura do aterro de 5,00 a 7,50 m - areia e brita comerciais","m",1830.72]
[6817836,"Corpo de BSCC - seção fechada de 1,5 x 1,5 m - pré-moldado - altura do aterro de 5,00 a 7,50 m - areia extraída e brita produzida","m",1643.73]
[6817837,"Corpo de BSCC - seção fechada de 1,5 x 1,5 m - pré-moldado - altura do aterro de 7,50 a 10,00 m - areia e brita comerciais","m",2176.44]
[6817838,"Corpo de BSCC - seção fechada de 1,5 x 1,5 m - pré-moldado - altura do aterro de 7,50 a 10,00 m - areia extraída e brita produzida","m",1936.98]
[6817843,"Corpo de BSCC - seção fechada de 2,0 x 2,0 m - pré-moldado - altura do aterro de 0,25 a 1,00 m - areia e brita comerciais","m",2497.0100000000002]
[6817844,"Corpo de BSCC - seção fechada de 2,0 x 2,0 m - pré-moldado - altura do aterro de 0,25 a 1,00 m - areia extraída e brita produzida","m",2256.34]
[6817845,"Corpo de BSCC - seção fechada de 2,0 x 2,0 m - pré-moldado - altura do aterro de 1,00 a 2,50 m - areia e brita comerciais","m",2170.6999999999998]
[6817846,"Corpo de BSCC - seção fechada de 2,0 x 2,0 m - pré-moldado - altura do aterro de 1,00 a 2,50 m - areia extraída e brita produzida","m",1930.03]
[6817853,"Corpo de BSCC - seção fechada de 2,0 x 2,0 m - pré-moldado - altura do aterro de 10,00 a 12,50 m - areia e brita comerciais","m",3314.27]
[6817854,"Corpo de BSCC - seção fechada de 2,0 x 2,0 m - pré-moldado - altura do aterro de 10,00 a 12,50 m - areia extraída e brita produzida","m",3034.7]
[6817855,"Corpo de BSCC - seção fechada de 2,0 x 2,0 m - pré-moldado - altura do aterro de 12,50 a 15,00 m - areia e brita comerciais","m",3842.41]
[6817856,"Corpo de BSCC - seção fechada de 2,0 x 2,0 m - pré-moldado - altura do aterro de 12,50 a 15,00 m - areia extraída e brita produzida","m",3502.1]
[6817847,"Corpo de BSCC - seção fechada de 2,0 x 2,0 m - pré-moldado - altura do aterro de 2,50 a 5,00 m - areia e brita comerciais","m",2431.6]
[6817848,"Corpo de BSCC - seção fechada de 2,0 x 2,0 m - pré-moldado - altura do aterro de 2,50 a 5,00 m - areia extraída e brita produzida","m",2192.2600000000002]
[6817849,"Corpo de BSCC - seção fechada de 2,0 x 2,0 m - pré-moldado - altura do aterro de 5,00 a 7,50 m - areia e brita comerciais","m",2842.63]
[6817850,"Corpo de BSCC - seção fechada de 2,0 x 2,0 m - pré-moldado - altura do aterro de 5,00 a 7,50 m - areia extraída e brita produzida","m",2538.39]
[6817851,"Corpo de BSCC - seção fechada de 2,0 x 2,0 m - pré-moldado - altura do aterro de 7,50 a 10,00 m - areia e brita comerciais","m",3081.33]
[6817852,"Corpo de BSCC - seção fechada de 2,0 x 2,0 m - pré-moldado - altura do aterro de 7,50 a 10,00 m - areia extraída e brita produzida","m",2795.7]
[6817857,"Corpo de BSCC - seção fechada de 2,5 x 2,5 m - pré-moldado - altura do aterro de 0,25 a 1,00 m - areia e brita comerciais","m",3338.65]
[6817858,"Corpo de BSCC - seção fechada de 2,5 x 2,5 m - pré-moldado - altura do aterro de 0,25 a 1,00 m - areia extraída e brita produzida","m",3043.87]
[6817859,"Corpo de BSCC - seção fechada de 2,5 x 2,5 m - pré-moldado - altura do aterro de 1,00 a 2,50 m - areia e brita comerciais","m",2819.64]
[6817860,"Corpo de BSCC - seção fechada de 2,5 x 2,5 m - pré-moldado - altura do aterro de 1,00 a 2,50 m - areia extraída e brita produzida","m",2524.86]
[6817867,"Corpo de BSCC - seção fechada de 2,5 x 2,5 m - pré-moldado - altura do aterro de 10,00 a 12,50 m - areia e brita comerciais","m",4739.92]
[6817868,"Corpo de BSCC - seção fechada de 2,5 x 2,5 m - pré-moldado - altura do aterro de 10,00 a 12,50 m - areia extraída e brita produzida","m",4325.5600000000004]
[6817869,"Corpo de BSCC - seção fechada de 2,5 x 2,5 m - pré-moldado - altura do aterro de 12,50 a 15,00 m - areia e brita comerciais","m",5316.28]
[6817870,"Corpo de BSCC - seção fechada de 2,5 x 2,5 m - pré-moldado - altura do aterro de 12,50 a 15,00 m - areia extraída e brita produzida","m",4900.55]
[6817861,"Corpo de BSCC - seção fechada de 2,5 x 2,5 m - pré-moldado - altura do aterro de 2,50 a 5,00 m - areia e brita comerciais","m",3465.21]
[6817862,"Corpo de BSCC - seção fechada de 2,5 x 2,5 m - pré-moldado - altura do aterro de 2,50 a 5,00 m - areia extraída e brita produzida","m",3095.01]
[6817863,"Corpo de BSCC - seção fechada de 2,5 x 2,5 m - pré-moldado - altura do aterro de 5,00 a 7,50 m - areia e brita comerciais","m",3935.65]
[6817864,"Corpo de BSCC - seção fechada de 2,5 x 2,5 m - pré-moldado - altura do aterro de 5,00 a 7,50 m - areia extraída e brita produzida","m",3588.41]
[6817865,"Corpo de BSCC - seção fechada de 2,5 x 2,5 m - pré-moldado - altura do aterro de 7,50 a 10,00 m - areia e brita comerciais","m",4339.2299999999996]
[6817866,"Corpo de BSCC - seção fechada de 2,5 x 2,5 m - pré-moldado - altura do aterro de 7,50 a 10,00 m - areia extraída e brita produzida","m",3999.36]
[6817871,"Corpo de BSCC - seção fechada de 3,0 x 3,0 m - pré-moldado - altura do aterro de 0,25 a 1,00 m - areia e brita comerciais","m",4259.16]
[6817872,"Corpo de BSCC - seção fechada de 3,0 x 3,0 m - pré-moldado - altura do aterro de 0,25 a 1,00 m - areia extraída e brita produzida","m",3915.32]
[6817873,"Corpo de BSCC - seção fechada de 3,0 x 3,0 m - pré-moldado - altura do aterro de 1,00 a 2,50 m - areia e brita comerciais","m",3719.25]
[6817874,"Corpo de BSCC - seção fechada de 3,0 x 3,0 m - pré-moldado - altura do aterro de 1,00 a 2,50 m - areia extraída e brita produzida","m",3375.41]
[6817881,"Corpo de BSCC - seção fechada de 3,0 x 3,0 m - pré-moldado - altura do aterro de 10,00 a 12,50 m - areia e brita comerciais","m",6557.7]
[6817882,"Corpo de BSCC - seção fechada de 3,0 x 3,0 m - pré-moldado - altura do aterro de 10,00 a 12,50 m - areia extraída e brita produzida","m",6070.49]
[6817883,"Corpo de BSCC - seção fechada de 3,0 x 3,0 m - pré-moldado - altura do aterro de 12,50 a 15,00 m - areia e brita comerciais","m",7195.68]
[6817884,"Corpo de BSCC - seção fechada de 3,0 x 3,0 m - pré-moldado - altura do aterro de 12,50 a 15,00 m - areia extraída e brita produzida","m",6707.1]
[6817875,"Corpo de BSCC - seção fechada de 3,0 x 3,0 m - pré-moldado - altura do aterro de 2,50 a 5,00 m - areia e brita comerciais","m",4513.3500000000004]
[6817876,"Corpo de BSCC - seção fechada de 3,0 x 3,0 m - pré-moldado - altura do aterro de 2,50 a 5,00 m - areia extraída e brita produzida","m",4075.63]
[6817877,"Corpo de BSCC - seção fechada de 3,0 x 3,0 m - pré-moldado - altura do aterro de 5,00 a 7,50 m - areia e brita comerciais","m",5357.58]
[6817878,"Corpo de BSCC - seção fechada de 3,0 x 3,0 m - pré-moldado - altura do aterro de 5,00 a 7,50 m - areia extraída e brita produzida","m",4957.21]
[6817879,"Corpo de BSCC - seção fechada de 3,0 x 3,0 m - pré-moldado - altura do aterro de 7,50 a 10,00 m - areia e brita comerciais","m",5993.15]
[6817880,"Corpo de BSCC - seção fechada de 3,0 x 3,0 m - pré-moldado - altura do aterro de 7,50 a 10,00 m - areia extraída e brita produzida","m",5505.91]
[7119788,"Administração local do Estaleiro Padrão","mês",280527.09999999998]
[7119714,"Amarração do sistema de fundeio - profundidade de até 50 m","un",2231.7800000000002]
[7119715,"Ânodo de sacrifício para proteção do casco - fornecimento e instalação","un",1508.37]
[7119678,"Beneficiamento de aço naval para construção de instalações portuárias de pequeno porte - excluso o aço naval","t",8612.74]
[7119712,"Cabo de segurança para conexão da ponte - fornecimento e instalação","un",11309.61]
[7119694,"Confecção de morto de concreto de 13 t","un",8445.19]
[7119695,"Confecção de morto de concreto de 14 t","un",9144.4500000000007]
[7119696,"Confecção de morto de concreto de 22 t","un",14416.02]
[7119697,"Confecção de morto de concreto de 36 t","un",22829.919999999998]
[7119698,"Confecção de morto de concreto de 48 t","un",29161.26]
[7119688,"Confecção de poita de concreto com garras metálicas de 13,3 t (peso submerso = 8 t)","un",8378.8799999999992]
[7119689,"Confecção de poita de concreto com garras metálicas de 25 t (peso submerso = 15 t)","un",16107.08]
[7119690,"Confecção de poita de concreto com garras metálicas de 30 t (peso submerso = 18 t)","un",19227.29]
[7119691,"Confecção de poita de concreto com garras metálicas de 41,7 t (peso submerso = 25 t)","un",26642.51]
[7119692,"Confecção de poita de concreto com garras metálicas de 45,8 t (peso submerso = 27,5 t)","un",29288.66]
[7119693,"Confecção de poita de concreto com garras metálicas de 58,3 t (peso submerso = 35 t)","un",37219.19]
[7119687,"Confecção de poita de concreto com garras metálicas de 6,7 t (peso submerso = 4 t)","un",4398.1899999999996]
[7119681,"Confecção de poita de concreto de 13,3 t (peso submerso = 8 t)","un",9079.01]
[7119682,"Confecção de poita de concreto de 25 t (peso submerso = 15 t)","un",17376.98]
[7119683,"Confecção de poita de concreto de 30 t (peso submerso = 18 t)","un",20741.09]
[7119684,"Confecção de poita de concreto de 41,7 t (peso submerso = 25 t)","un",28716.81]
[7119685,"Confecção de poita de concreto de 45,8 t (peso submerso = 27,5 t)","un",31562.5]
[7119686,"Confecção de poita de concreto de 58,3 t (peso submerso = 35 t)","un",40094.620000000003]
[7119680,"Confecção de poita de concreto de 6,7 t (peso submerso = 4 t)","un",4761.53]
[7119710,"Defensa de pneus para proteção do flutuante - confecção e instalação","un",731.48]
[7107375,"Fornecimento e instalação de reservatório metálico tipo taça de 10.000 litros pintura interna e externa com escada de acesso e base de concreto armado - areia e brita comerciais","un",28857.56]
[7107376,"Fornecimento e instalação de reservatório metálico tipo taça de 20.000 litros pintura interna e externa com escada de acesso e base de concreto armado - areia e brita comerciais","un",46283.64]
[7107377,"Fornecimento e instalação de reservatório metálico tipo taça de 30.000 litros pintura interna e externa com escada de acesso e base de concreto armado - areia e brita comerciais","un",64089.06]
[7107374,"Fornecimento e instalação de reservatório metálico tipo taça de 5.000 litros pintura interna e externa com escada de acesso e base de concreto armado - areia e brita comerciais","un",20474.03]
[7119708,"Guincho manual para sistema de fundeio com capacidade de tração de 100 kN - fornecimento e instalação","un",173027.32]
[7119709,"Guincho manual para sistema de fundeio com capacidade de tração de 200 kN - fornecimento e instalação","un",260342.56]
[7119706,"Implantação do sistema naval tipo I - ponte móvel e flutuante principal","un",51929.45]
[7119707,"Implantação do sistema naval tipo II - pontes móveis, flutuante intermediário e flutuante principal","un",123992.77]
[7119787,"Instalações do Estaleiro Padrão para o beneficiamento de estruturas navais, inclusive mobiliário, equipamentos de informática e de segurança","m²",366.3]
[7119647,"Lançamento da embarcação sobre carreira em água","un",2607]
[7119679,"Lançamento de poita de concreto - peso submerso","t",47.27]
[7119711,"Mancal de conexão - confecção e instalação","un",877.96]
[7107379,"Manutenção de tratamento superficial e pintura da área interna do flutuante (tanques de reserva de flutuabilidade)","m²",52.05]
[7107381,"Manutenção de tratamento superficial e pintura da parte externa do flutuante (costados e espelhos de proa e popa) - exceto fundo","m²",54.1]
[7107380,"Manutenção de tratamento superficial e pintura da ponte, convés, casarias e demais estruturas metálicas navais sobre os flutuantes","m²",58.74]
[7107382,"Manutenção de tratamento superficial e pintura do fundo do flutuante","m²",138.34]
[7119713,"Molinete manual para sistema de fundeio com capacidade de tração de 70 kN - fornecimento e instalação","un",284106.42]
[7119646,"Transporte interno em estaleiro para movimentação de peças","t",1156.6300000000001]
[7107384,"Tratamento superficial e pintura da ponte e demais estruturas metálicas navais - exceto fundo do flutuante","m²",92.45]
[7107378,"Tratamento superficial e pintura do fundo do flutuante","m²",162.4]

{"sheet":"INSUMOS SINAPI","index":18,"n_rows":4847,"n_cols":5,"rows_kept":4847,"cut":false,"hidden":true,"merged":[]}
["SINAPI - Sistema Nacional de Pesquisa de Custos e Índices da Construção Civil"]
["RELATÓRIO DE PREÇOS DE INSUMOS - ENGARGOS SOCIAIS SEM DESONERAÇÃO"]
["Mês de Referência:","04/2025"]
["Data de emissão:","09/05/2025",null,null,"PB"]
[{"$nulls":4},"JOAO PESSOA"]
["Origem de preço:","C = COLETADO","CR = COEFICIENTE DE REPRESENTATIVIDADE",null,1.1359999999999999]
["Preço em branco para determinado estado significa que não houve coleta mínima de preços no mês de referência",null,null,null,0.69850000000000001]
[]
["Acessar Fichas de Especificação Técnico dos Insumos"]
["Código do\nInsumo","Descrição do Insumo","Unidade","Origem de\nPreço","PB"]
[45333,"ABERTURA PARA ENCAIXE DE CUBA OU LAVATORIO EM BANCADA DE MARMORE/ GRANITO OU OUTRO TIPO DE PEDRA NATURAL","UN","CR",142.15]
[11270,"ABRACADEIRA DE LATAO PARA FIXACAO DE CABO PARA-RAIO, DIMENSOES 32 X 24 X 24 MM","UN","CR"]
[412,"ABRACADEIRA DE NYLON PARA AMARRACAO DE CABOS, COMPRIMENTO DE *230* X *7,6* MM","UN","CR",0.97]
[414,"ABRACADEIRA DE NYLON PARA AMARRACAO DE CABOS, COMPRIMENTO DE 100 X 2,5 MM","UN","CR",0.06]
[410,"ABRACADEIRA DE NYLON PARA AMARRACAO DE CABOS, COMPRIMENTO DE 150 X *3,6* MM","UN","CR",0.15]
[411,"ABRACADEIRA DE NYLON PARA AMARRACAO DE CABOS, COMPRIMENTO DE 200 X *4,6* MM","UN","C",0.19]
[408,"ABRACADEIRA DE NYLON PARA AMARRACAO DE CABOS, COMPRIMENTO DE 390 X *4,6* MM","UN","CR",0.94]
[39131,"ABRACADEIRA EM ACO PARA AMARRACAO DE ELETRODUTOS, TIPO D, COM 1 1/2\" E CUNHA DE FIXACAO","UN","CR",4.25]
[394,"ABRACADEIRA EM ACO PARA AMARRACAO DE ELETRODUTOS, TIPO D, COM 1 1/2\" E PARAFUSO DE FIXACAO","UN","CR",4.3]
[39130,"ABRACADEIRA EM ACO PARA AMARRACAO DE ELETRODUTOS, TIPO D, COM 1 1/4\" E CUNHA DE FIXACAO","UN","CR",3.88]
[395,"ABRACADEIRA EM ACO PARA AMARRACAO DE ELETRODUTOS, TIPO D, COM 1 1/4\" E PARAFUSO DE FIXACAO","UN","CR",4.1399999999999997]
[39129,"ABRACADEIRA EM ACO PARA AMARRACAO DE ELETRODUTOS, TIPO D, COM 1\" E CUNHA DE FIXACAO","UN","CR",2.39]
[393,"ABRACADEIRA EM ACO PARA AMARRACAO DE ELETRODUTOS, TIPO D, COM 1\" E PARAFUSO DE FIXACAO","UN","C",2.5]
[39127,"ABRACADEIRA EM ACO PARA AMARRACAO DE ELETRODUTOS, TIPO D, COM 1/2\" E CUNHA DE FIXACAO","UN","CR"